{"text_format":"1","workbook":"xlsx","n_sheets":17,"sheets":["Solicitud de Cotización General","Detalle Especificaciones","Detalle Bienes de Aseo y Caf","Resumen - CSV","Cotizacion Bienes de Aseo y Ca","Cotizacion","Inicio","BienesPrioritarios","Minimos","ConsolidadoServicios","solCotizacionCSV_es","Listas","ClasifiPersonal","Maximos","TablaDinamica","temp","Precios"],"not_rendered":{"charts":0,"images":18,"macros":1,"external_links":2,"defined_names":44,"comments":1,"pivot_tables":3},"unopened":[],"bounds":{"document_bytes":16777216,"sheet_cells":100000,"rows_first":2000,"rows_last":500,"rows_between":2000,"halvings":0,"cell_chars":16384,"cell_head_chars":4096},"cells_cut":0,"cells_raw":0,"read":"whole","date_system":"1900"}

{"sheet":"Solicitud de Cotización General","index":0,"n_rows":87,"n_cols":13,"rows_kept":87,"cut":false,"hidden":false,"merged":[[15,0,15,1],[19,0,19,1],[0,2,0,7],[2,1,2,7],[1,1,1,7],[4,0,4,7],[3,0,3,7],[6,0,6,1],[34,0,34,1],[22,0,22,1],[25,5,25,7],[24,0,24,1],[23,0,23,7],[24,5,24,7],[25,0,25,1],[15,2,15,7],[16,0,16,1],[11,0,11,1],[11,3,11,4],[6,2,6,7],[7,0,7,1],[7,2,7,5],[9,0,9,1],[9,2,9,7],[39,0,39,1],[35,0,35,1],[40,4,40,5],[34,5,34,7],[18,0,18,1],[8,0,8,1],[8,2,8,3],[18,2,18,7],[19,2,19,6],[40,6,40,7],[10,3,10,4],[13,0,13,7],[20,0,20,1],[10,0,10,1],[22,5,22,7],[28,0,28,7],[38,0,38,7],[32,0,32,1],[27,0,27,1],[64,1,64,2],[64,5,65,7],[49,6,50,7],[52,0,52,7],[57,0,57,7],[40,0,40,1],[17,0,17,1],[16,2,16,7],[17,2,17,7],[41,4,41,5],[42,4,42,7],[47,5,47,7],[43,3,43,7],[45,0,45,7],[47,0,47,2],[43,0,43,2],[41,0,41,1],[41,6,41,7],[27,5,27,7],[36,0,36,1],[36,4,36,7],[39,4,39,5],[33,0,33,7],[32,5,32,7],[20,3,20,6],[84,3,84,4],[50,4,50,5],[82,1,82,4],[83,1,83,4],[54,0,54,1],[55,0,55,1],[65,1,65,2],[61,0,61,1],[56,0,56,1],[62,0,62,1],[61,2,61,3],[61,4,62,7],[49,0,50,2],[49,4,49,5],[62,2,62,3],[72,0,77,7],[69,0,70,7],[64,0,65,0],[59,0,59,5],[54,3,54,7],[22,12,23,12],[27,12,28,12],[32,12,33,12],[38,12,39,12],[22,10,23,10],[27,10,28,10],[32,10,33,10],[38,10,39,10],[22,11,23,11],[27,11,28,11],[32,11,33,11],[38,11,39,11],[22,9,23,9],[27,9,28,9],[38,9,39,9],[30,0,30,1],[29,0,29,1],[29,5,29,7],[30,5,30,7],[32,9,33,9],[39,6,39,7],[35,5,35,7]]}
[null,null,"SOLICITUD DE COTIZACIÓN"]
[null,"Solicitud de cotización - Información general "]
[null,"Acuerdo Marco para la prestaciòn del Servicio Integral de Aseo y Cafetería"]
["Versión: 42 ---- 14/05/2024"]
["1. Información básica de la Entidad Compradora"]
[]
["Nombre de la Entidad Compradora",null,"PROCURADURIA GENERAL DE  LA NACION"]
["Dirección",null,"CARRERA 5 15-80 PISO 3",null,null,null,"Teléfono",3006267621]
["Departamento",null,"BOGOTA",null,"Municipio","BOGOTA","Región",10]
["Correo Electrónico",null,"jlgalvis2010@procuraduria.gov.co"]
["Vigencia del contrato en meses",null,7,"Fecha estimada de inicio: dd/mm/aaaa",null,"2024-09-09","¿Recargo por dotación especial?",{"$f":"IF(COUNTIF($J$21:$J$21,\"Sí\")>0,\"Sí\",\"No\")","v":"No"}]
["¿Requiere el servicio para otras sedes? ",null,"Sí","N° de sedes",null,4]
[]
["2. Personal ",null,null,null,null,null,null,null,null,"Detalle Sede","Detalle Sede","Detalle Sede","Detalle Sede"]
[]
["Campo Informativo",null,"Descripción",null,null,null,null,null,null,"Sede 1","Sede 2","Sede 3","Sede 4"]
["Dotación clima frío",null,"¿La entidad requiere Dotación para clima frio de acuerdo con lo descrito en el Anexo 2?",null,null,null,null,null,null,"No","No","No","No"]
["Compra a pequeños productores agropecuarios locales",null,"En caso de adquirir café social, ¿requiere que esta adquisición se realice a pequeños productores locales y productores locales agropecuarios?",null,null,null,null,null,null,"No","No","No","No"]
["Gestión de residuos peligrosos",null,"En caso de que la entidad no contemple dentro de su Plan de Gestión Ambiental un protocolo para la gestión de residuos peligrosos ¿requiere que el proveedor realice la disposición final de los residuos peligrosos generados en virtud de la prestación del Servicio?",null,null,null,null,null,null,"No","No","No","No"]
["Horas extras",null,"¿La entidad requiere horas extras?",null,null,null,null,"No"]
["Dotación especial",null,"Observaciones:",null,null,null,null,"¿La entidad requiere dotación especial?",null,"No","No","No","No"]
[]
["Perfil del operario que requiere la sede",null,"Total requerido ","Días de trabajo","Horario","Observaciones",null,null,null,{"$f":"J16","v":"Sede 1"},{"$f":"K16","v":"Sede 2"},{"$f":"L16","v":"Sede 3"},{"$f":"M16","v":"Sede 4"}]
["Tiempo completo"]
["Operario de aseo y cafetería",null,{"$f":"SUM(J25:M25)","v":4},null,null,"Horario según normas legales vigentes",null,null,{"$f":"IF(ISBLANK(A25),0,\"msg\")","v":"msg"},1,1,1,1]
["1. Si requiere agregue o elimine filas de Personal TC",null,{"$f":"SUM(C25:C25)","v":4},null,null,null,null,null,null,{"$f":"SUM(J25:J25)","v":1},{"$f":"SUM(K25:K25)","v":1},{"$f":"SUM(L25:L25)","v":1},{"$f":"SUM(M25:M25)","v":1}]
[null,null,{"$f":"SUM(C25:C26)","v":8}]
["Perfil del operario que requiere la sede",null,"Total requerido ","Días de trabajo","Horario","Observaciones",null,null,null,{"$f":"J23","v":"Sede 1"},{"$f":"K23","v":"Sede 2"},{"$f":"L23","v":"Sede 3"},{"$f":"M23","v":"Sede 4"}]
["Medio Tiempo"]
[null,null,{"$f":"SUM(J30:M30)","v":0},null,null,null,null,null,{"$f":"IF(ISBLANK(A30),0,\"msg\")","v":0}]
["1. Si requiere agregue o elimine filas de Personal MT",null,{"$f":"SUM(C30:C30)","v":0},null,null,null,null,null,null,{"$f":"SUM(J30:J30)","v":0},{"$f":"SUM(K30:K30)","v":0},{"$f":"SUM(L30:L30)","v":0},{"$f":"SUM(M30:M30)","v":0}]
[null,null,{"$f":"SUM(C30:C31)","v":0}]
["Perfil del operario que requiere la sede",null,"Total requerido ","Días de trabajo","Horario","Observaciones",null,null,null,{"$f":"J28","v":"Sede 1"},{"$f":"K28","v":"Sede 2"},{"$f":"L28","v":"Sede 3"},{"$f":"M28","v":"Sede 4"}]
["Personal por Turnos"]
[null,null,{"$f":"SUM(J35:M35)","v":0},null,null,null,null,null,{"$f":"IF(ISBLANK(A35),0,\"msg\")","v":0}]
["1. Si requiere agregue o elimine filas de Personal Turno",null,{"$f":"SUM(C35:C35)","v":0},null,null,null,null,null,null,{"$f":"SUM(J35:J35)","v":0},{"$f":"SUM(K35:K35)","v":0},{"$f":"SUM(L35:L35)","v":0},{"$f":"SUM(M35:M35)","v":0}]
["Total N° de operarios requeridos: ",null,{"$f":"C26+C31+C36","v":4}]
[]
["Disminución del personal",null,null,null,null,null,null,null,null,{"$f":"J33","v":"Sede 1"},{"$f":"K33","v":"Sede 2"},{"$f":"L33","v":"Sede 3"},{"$f":"M33","v":"Sede 4"}]
["perfil de operario",null,"Total requerido ","cantidad","fecha inicial",null,"fecha final"]
[null,null,{"$f":"SUM(J41:M41)","v":0}]
["1. Si requiere agregue o elimine filas de Disminución Personal",null,{"$f":"SUM(C41:C41)","v":0},null,null,null,null,null,null,{"$f":"SUM(J41:J41)","v":0},{"$f":"SUM(K41:K41)","v":0},{"$f":"SUM(L41:L41)","v":0},{"$f":"SUM(M41:M41)","v":0}]
[]
["Otras observaciones sobre la dotación del personal",null,null,"Dotación según norma slegales vigentes"]
[]
["3. Bienes de Aseo y Cafetería "]
[]
["¿Requiere Bienes de Aseo y Cafetería?",null,null,"Sí",null,{"$f":"IF(D48=\"Sí\",HYPERLINK(\"#'Detalle Bienes de Aseo y Caf'!F10\",\"Seleccionar Bienes de Aseo y Cafetería\"),\"Sin Bienes\")","v":"Seleccionar Bienes de Aseo y Cafetería"}]
[]
["Rango mensual de tiempo para la entrega de los Bienes de Aseo y Cafetería (mínimo 3 y máximo 5 días)",null,null,"Iniciando el día ","N° de días hábiles ",null,"De cada mes entre las 8:00 a.m. y las 5:00 p.m."]
[null,null,null,1,3]
[]
["4. Servicios Especiales",null,null,null,null,null,null,null,null,"Detalle Sede","Detalle Sede","Detalle Sede","Detalle Sede"]
[]
["Jardinería",null,{"$f":"IF($C56<100,\"No\",\"Sí\")","v":"No"},null,null,null,null,null,null,{"$f":"J23","v":"Sede 1"},{"$f":"K23","v":"Sede 2"},{"$f":"L23","v":"Sede 3"},{"$f":"M23","v":"Sede 4"}]
["Área total de la zona verde a mantener en m2: "]
[]
["5. Visita técnica"]
[]
["Determine el tiempo en el cual la Entidad Compradora recibirá a los Proveedores que quieran realizar la visita técnica "]
[]
["Fecha 1 (dd/mm/aaaa)",null,"2024-08-15",null,"*Debe establecerse dentro de los cinco (5) días hábiles siguientes a la generación de la solicitud de cotización, dos (2) días disponibles para la realización de la visita."]
["Fecha 2 (dd/mm/aaaa)",null,"2024-08-26"]
[]
["Hora ","Entre las ",null,"08:00:00","a.m.","* Debe establecerse un rango de tiempo de mínimo tres (3) horas"]
[null,"y las ",null,"12:00:00","p.m."]
[]
["La visita técnica es opcional y sus costos corren por cuenta del Proveedor. "]
[]
["6. Observaciones generales"]
[]
[]
[]
[]
[]
[]
[]
[]
[]
["Gravámenes adicionales*"]
[]
["Gravámenes adicionales (estampillas)"]
["No","Descripción",null,null,null,"Porcentaje"]
[1]
[null,null,null,"Total porcentaje:",null,{"$f":"SUM(F84:F84)","v":0}]
[null,"Filas a agregar o eliminar Gravámenes:"]
[null,1]

{"sheet":"Detalle Especificaciones","index":1,"n_rows":137,"n_cols":36,"rows_kept":137,"cut":false,"hidden":false,"merged":[[131,0,131,1],[134,3,134,4],[135,3,135,4],[136,3,136,4],[137,0,137,1],[132,0,132,1],[132,3,132,4],[133,0,133,1],[133,3,133,4],[134,0,134,1],[135,0,135,1],[56,6,56,7],[50,6,50,7],[51,1,51,3],[51,6,51,7],[45,1,45,3],[44,1,44,3],[44,6,44,7],[45,6,45,7],[47,6,47,7],[48,1,48,3],[48,6,48,7],[55,1,55,3],[55,6,55,7],[49,1,49,3],[49,6,49,7],[50,1,50,3],[40,1,40,3],[40,6,40,7],[41,1,41,3],[41,6,41,7],[42,1,42,3],[38,1,38,3],[38,6,38,7],[46,6,46,7],[46,1,46,3],[42,6,42,7],[37,0,37,3],[28,4,28,7],[24,0,24,1],[28,0,28,1],[26,4,26,7],[26,0,26,1],[29,0,29,1],[29,4,29,7],[31,0,32,7],[35,0,35,1],[35,2,35,3],[27,4,27,7],[14,6,14,7],[8,6,8,7],[10,0,11,7],[38,0,57,0],[56,1,56,3],[47,1,47,3],[37,6,37,7],[43,1,43,3],[43,6,43,7],[39,1,39,3],[39,6,39,7],[14,0,14,2],[16,0,16,2],[16,4,16,5],[16,6,16,7],[14,4,14,5],[27,0,27,1],[22,0,22,1],[22,4,22,7],[23,0,23,1],[23,4,23,7],[24,4,24,7],[25,0,25,1],[25,4,25,7],[63,1,63,3],[63,6,63,7],[64,1,64,3],[64,6,64,7],[65,1,65,3],[65,6,65,7],[62,0,64,0],[1,0,1,7],[21,0,21,1],[21,4,21,7],[18,0,18,1],[18,4,18,7],[19,0,19,1],[19,4,19,7],[20,0,20,1],[20,4,20,7],[3,0,4,7],[6,0,6,1],[6,2,6,7],[7,0,7,1],[15,0,15,2],[15,4,15,5],[15,6,15,7],[7,2,7,5],[69,6,69,7],[66,6,66,7],[98,6,98,7],[94,1,94,3],[94,6,94,7],[94,0,96,0],[91,1,91,3],[91,6,91,7],[85,6,85,7],[86,0,88,0],[86,1,86,3],[88,6,88,7],[68,0,69,0],[69,1,69,3],[66,1,66,3],[65,0,67,0],[71,0,71,3],[71,6,71,7],[68,6,68,7],[67,1,67,3],[67,6,67,7],[68,1,68,3],[76,1,76,3],[97,6,97,7],[98,1,98,3],[100,1,100,3],[100,6,100,7],[93,0,93,7],[101,1,101,3],[89,0,90,0],[89,1,89,3],[89,6,89,7],[90,1,90,3],[129,0,129,1],[129,3,129,4],[129,5,136,7],[130,0,130,1],[130,3,130,4],[136,0,136,1],[105,6,105,7],[108,0,109,0],[124,0,124,1],[108,1,108,3],[108,6,108,7],[109,1,109,3],[109,6,109,7],[111,0,112,7],[122,0,122,1],[122,5,122,7],[113,0,116,7],[118,0,119,7],[123,0,123,1],[123,5,125,7],[125,0,125,1],[107,6,107,7],[101,0,105,0],[131,3,131,4],[104,1,104,3],[104,6,104,7],[105,1,105,3],[126,0,126,1],[128,0,128,1],[128,3,128,4],[95,1,95,3],[95,6,95,7],[96,1,96,3],[96,6,96,7],[106,6,106,7],[99,1,99,3],[99,6,99,7],[106,0,107,0],[106,1,106,3],[107,1,107,3],[128,5,128,7],[102,6,102,7],[103,1,103,3],[103,6,103,7],[101,6,101,7],[102,1,102,3],[97,0,100,0],[97,1,97,3],[75,6,75,7],[74,1,74,3],[74,6,74,7],[85,1,85,3],[80,6,80,7],[72,0,75,0],[72,1,72,3],[72,6,72,7],[73,1,73,3],[73,6,73,7],[78,6,78,7],[83,1,83,3],[83,6,83,7],[84,1,84,3],[84,6,84,7],[80,0,80,3],[75,1,75,3],[88,1,88,3],[90,6,90,7],[81,0,81,7],[82,1,82,3],[82,6,82,7],[83,0,84,0],[86,6,86,7],[87,1,87,3],[76,0,78,0],[76,6,76,7],[77,1,77,3],[77,6,77,7],[78,1,78,3],[87,6,87,7],[0,0,0,7],[62,1,62,3],[58,0,59,0],[59,6,59,7],[60,0,61,0],[60,1,60,3],[52,1,52,3],[52,6,52,7],[53,1,53,3],[53,6,53,7],[54,1,54,3],[54,6,54,7],[60,6,60,7],[61,1,61,3],[61,6,61,7],[58,1,58,3],[58,6,58,7],[59,1,59,3],[57,1,57,3],[57,6,57,7],[62,6,62,7],[8,0,8,1],[8,2,8,3],[8,4,8,5],[0,10,0,17],[1,10,1,17],[3,10,4,17],[6,10,6,11],[6,12,6,17],[7,10,7,11],[7,12,7,15],[8,10,8,11],[8,12,8,13],[8,14,8,15],[8,16,8,17],[10,10,11,17],[14,10,14,12],[14,14,14,15],[14,16,14,17],[15,10,15,12],[15,14,15,15],[15,16,15,17],[16,10,16,12],[16,14,16,15],[16,16,16,17],[18,10,18,11],[18,14,18,17],[19,10,19,11],[19,14,19,17],[20,10,20,11],[20,14,20,17],[21,10,21,11],[21,14,21,17],[22,10,22,11],[22,14,22,17],[23,10,23,11],[23,14,23,17],[24,10,24,11],[24,14,24,17],[25,10,25,11],[25,14,25,17],[26,10,26,11],[26,14,26,17],[27,10,27,11],[27,14,27,17],[28,10,28,11],[28,14,28,17],[29,10,29,11],[29,14,29,17],[31,10,32,17],[35,10,35,11],[35,12,35,13],[37,10,37,13],[37,16,37,17],[54,11,54,13],[55,11,55,13],[56,11,56,13],[57,11,57,13],[58,10,59,10],[58,11,58,13],[59,11,59,13],[50,11,50,13],[51,11,51,13],[52,11,52,13],[53,11,53,13],[38,10,57,10],[38,11,38,13],[39,11,39,13],[40,11,40,13],[41,11,41,13],[42,11,42,13],[43,11,43,13],[44,11,44,13],[45,11,45,13],[46,11,46,13],[47,11,47,13],[48,11,48,13],[49,11,49,13],[65,10,67,10],[65,11,65,13],[66,11,66,13],[67,11,67,13],[68,10,69,10],[68,11,68,13],[69,11,69,13],[60,10,61,10],[60,11,60,13],[61,11,61,13],[62,10,64,10],[62,11,62,13],[63,11,63,13],[64,11,64,13],[76,10,78,10],[76,11,76,13],[77,11,77,13],[78,11,78,13],[80,10,80,13],[80,16,80,17],[71,10,71,13],[71,16,71,17],[72,10,75,10],[72,11,72,13],[73,11,73,13],[74,11,74,13],[75,11,75,13],[86,10,88,10],[86,11,86,13],[87,11,87,13],[88,11,88,13],[89,10,90,10],[89,11,89,13],[90,11,90,13],[81,10,81,17],[82,11,82,13],[83,10,84,10],[83,11,83,13],[84,11,84,13],[85,11,85,13],[97,10,100,10],[97,11,97,13],[98,11,98,13],[99,11,99,13],[100,11,100,13],[91,11,91,13],[93,10,93,17],[94,10,96,10],[94,11,94,13],[95,11,95,13],[96,11,96,13],[106,10,107,10],[106,11,106,13],[107,11,107,13],[108,10,109,10],[108,11,108,13],[109,11,109,13],[101,10,105,10],[101,11,101,13],[102,11,102,13],[103,11,103,13],[104,11,104,13],[105,11,105,13],[111,10,112,17],[113,10,116,17],[118,10,119,17],[122,10,122,11],[122,15,122,17],[123,10,123,11],[123,15,125,17],[124,10,124,11],[125,10,125,11],[126,10,126,11],[128,10,128,11],[128,13,128,14],[128,15,128,17],[129,10,129,11],[129,13,129,14],[129,15,136,17],[130,10,130,11],[130,13,130,14],[131,10,131,11],[131,13,131,14],[132,10,132,11],[132,13,132,14],[133,10,133,11],[133,13,133,14],[134,10,134,11],[134,13,134,14],[135,10,135,11],[135,13,135,14],[136,10,136,11],[136,13,136,14],[137,10,137,11],[0,19,0,26],[1,19,1,26],[3,19,4,26],[6,19,6,20],[6,21,6,26],[7,19,7,20],[7,21,7,24],[8,19,8,20],[8,21,8,22],[8,23,8,24],[8,25,8,26],[10,19,11,26],[14,19,14,21],[14,23,14,24],[14,25,14,26],[15,19,15,21],[15,23,15,24],[15,25,15,26],[16,19,16,21],[16,23,16,24],[16,25,16,26],[18,19,18,20],[18,23,18,26],[19,19,19,20],[19,23,19,26],[20,19,20,20],[20,23,20,26],[21,19,21,20],[21,23,21,26],[22,19,22,20],[22,23,22,26],[23,19,23,20],[23,23,23,26],[24,19,24,20],[24,23,24,26],[25,19,25,20],[25,23,25,26],[26,19,26,20],[26,23,26,26],[27,19,27,20],[27,23,27,26],[28,19,28,20],[28,23,28,26],[46,20,46,22],[47,20,47,22],[48,20,48,22],[49,20,49,22],[50,20,50,22],[29,19,29,20],[29,23,29,26],[31,19,32,26],[35,19,35,20],[35,21,35,22],[37,19,37,22],[37,25,37,26],[38,19,57,19],[38,20,38,22],[39,20,39,22],[40,20,40,22],[41,20,41,22],[42,20,42,22],[43,20,43,22],[44,20,44,22],[45,20,45,22],[56,20,56,22],[57,20,57,22],[58,19,59,19],[58,20,58,22],[59,20,59,22],[51,20,51,22],[52,20,52,22],[53,20,53,22],[54,20,54,22],[55,20,55,22],[65,19,67,19],[65,20,65,22],[66,20,66,22],[67,20,67,22],[68,19,69,19],[68,20,68,22],[69,20,69,22],[60,19,61,19],[60,20,60,22],[61,20,61,22],[62,19,64,19],[62,20,62,22],[63,20,63,22],[64,20,64,22],[76,19,78,19],[76,20,76,22],[77,20,77,22],[78,20,78,22],[80,19,80,22],[80,25,80,26],[71,19,71,22],[71,25,71,26],[72,19,75,19],[72,20,72,22],[73,20,73,22],[74,20,74,22],[75,20,75,22],[86,19,88,19],[86,20,86,22],[87,20,87,22],[88,20,88,22],[89,19,90,19],[89,20,89,22],[90,20,90,22],[81,19,81,26],[82,20,82,22],[83,19,84,19],[83,20,83,22],[84,20,84,22],[85,20,85,22],[97,19,100,19],[97,20,97,22],[98,20,98,22],[99,20,99,22],[100,20,100,22],[91,20,91,22],[93,19,93,26],[94,19,96,19],[94,20,94,22],[95,20,95,22],[96,20,96,22],[106,19,107,19],[106,20,106,22],[107,20,107,22],[108,19,109,19],[108,20,108,22],[109,20,109,22],[101,19,105,19],[101,20,101,22],[102,20,102,22],[103,20,103,22],[104,20,104,22],[105,20,105,22],[111,19,112,26],[113,19,116,26],[118,19,119,26],[122,19,122,20],[122,24,122,26],[123,19,123,20],[123,24,125,26],[124,19,124,20],[125,19,125,20],[126,19,126,20],[128,19,128,20],[128,22,128,23],[128,24,128,26],[129,19,129,20],[129,22,129,23],[129,24,136,26],[130,19,130,20],[130,22,130,23],[131,19,131,20],[131,22,131,23],[132,19,132,20],[132,22,132,23],[133,19,133,20],[133,22,133,23],[134,19,134,20],[134,22,134,23],[135,19,135,20],[135,22,135,23],[136,19,136,20],[136,22,136,23],[137,19,137,20],[0,28,0,35],[1,28,1,35],[3,28,4,35],[6,28,6,29],[6,30,6,35],[7,28,7,29],[7,30,7,33],[8,28,8,29],[8,30,8,31],[8,32,8,33],[8,34,8,35],[10,28,11,35],[14,28,14,30],[14,32,14,33],[14,34,14,35],[15,28,15,30],[15,32,15,33],[15,34,15,35],[16,28,16,30],[16,32,16,33],[16,34,16,35],[18,28,18,29],[18,32,18,35],[19,28,19,29],[19,32,19,35],[20,28,20,29],[20,32,20,35],[21,28,21,29],[21,32,21,35],[22,28,22,29],[22,32,22,35],[23,28,23,29],[23,32,23,35],[24,28,24,29],[24,32,24,35],[25,28,25,29],[25,32,25,35],[26,28,26,29],[26,32,26,35],[27,28,27,29],[27,32,27,35],[28,28,28,29],[28,32,28,35],[46,29,46,31],[47,29,47,31],[48,29,48,31],[49,29,49,31],[50,29,50,31],[29,28,29,29],[29,32,29,35],[31,28,32,35],[35,28,35,29],[35,30,35,31],[37,28,37,31],[37,34,37,35],[38,28,57,28],[38,29,38,31],[39,29,39,31],[40,29,40,31],[41,29,41,31],[42,29,42,31],[43,29,43,31],[44,29,44,31],[45,29,45,31],[56,29,56,31],[57,29,57,31],[58,28,59,28],[58,29,58,31],[59,29,59,31],[51,29,51,31],[52,29,52,31],[53,29,53,31],[54,29,54,31],[55,29,55,31],[65,28,67,28],[65,29,65,31],[66,29,66,31],[67,29,67,31],[68,28,69,28],[68,29,68,31],[69,29,69,31],[60,28,61,28],[60,29,60,31],[61,29,61,31],[62,28,64,28],[62,29,62,31],[63,29,63,31],[64,29,64,31],[76,28,78,28],[76,29,76,31],[77,29,77,31],[78,29,78,31],[80,28,80,31],[80,34,80,35],[71,28,71,31],[71,34,71,35],[72,28,75,28],[72,29,72,31],[73,29,73,31],[74,29,74,31],[75,29,75,31],[86,28,88,28],[86,29,86,31],[87,29,87,31],[88,29,88,31],[89,28,90,28],[89,29,89,31],[90,29,90,31],[81,28,81,35],[82,29,82,31],[83,28,84,28],[83,29,83,31],[84,29,84,31],[85,29,85,31],[97,28,100,28],[97,29,97,31],[98,29,98,31],[99,29,99,31],[100,29,100,31],[91,29,91,31],[93,28,93,35],[94,28,96,28],[94,29,94,31],[95,29,95,31],[96,29,96,31],[106,28,107,28],[106,29,106,31],[107,29,107,31],[108,28,109,28],[108,29,108,31],[109,29,109,31],[101,28,105,28],[101,29,101,31],[102,29,102,31],[103,29,103,31],[104,29,104,31],[105,29,105,31],[111,28,112,35],[113,28,116,35],[118,28,119,35],[122,28,122,29],[122,33,122,35],[123,28,123,29],[123,33,125,35],[124,28,124,29],[125,28,125,29],[137,28,137,29],[126,28,126,29],[128,28,128,29],[128,31,128,32],[128,33,128,35],[129,28,129,29],[129,31,129,32],[129,33,136,35],[130,28,130,29],[130,31,130,32],[131,28,131,29],[131,31,131,32],[132,28,132,29],[132,31,132,32],[133,28,133,29],[133,31,133,32],[134,28,134,29],[134,31,134,32],[135,28,135,29],[135,31,135,32],[136,28,136,29],[136,31,136,32]]}
["DETALLE ESPECIFICACIONES",null,null,null,null,null,null,null,null,null,"DETALLE ESPECIFICACIONES",null,null,null,null,null,null,null,null,"DETALLE ESPECIFICACIONES",null,null,null,null,null,null,null,null,"DETALLE ESPECIFICACIONES"]
["Especificaciones del servicio - Sede 1",null,null,null,null,null,null,null,null,null,"Especificaciones del servicio - Sede 2",null,null,null,null,null,null,null,null,"Especificaciones del servicio - Sede 3",null,null,null,null,null,null,null,null,"Especificaciones del servicio - Sede 4"]
[]
["Información básica",null,null,null,null,null,null,null,null,null,"Información básica",null,null,null,null,null,null,null,null,"Información básica",null,null,null,null,null,null,null,null,"Información básica"]
[]
[]
["Nombre de la Sede",null,"PROCURADURIA PROVINCIAL DE TIIERRAS",null,null,null,null,null,null,null,"Nombre de la Sede",null,"Judiciales Administrativas",null,null,null,null,null,null,"Nombre de la Sede",null,"Judiciales Penales,  Coordinacion Adtiva, Agraria y Familia",null,null,null,null,null,null,"Nombre de la Sede",null,"Procuraduria Regional Guaviare"]
["Dirección",null,"CALLE 38 No. 31-58 Piso 2 Edificio Centro Bancario y Comercial.",null,null,null,"Telefono",3115585856,null,null,"Dirección",null,"CALLE 38 No. 30A-25 Piso 2 Edificio Banco Popular.",null,null,null,"Telefono",3115585856,null,"Dirección",null,"Calle 38 No. 30A-64 Piso 12 Edificio Davivienda",null,null,null,"Telefono",3115585856,null,"Dirección",null,"Calle 9 No. 23-74 Barrio El Centro",null,null,null,"Telefono",3115585856]
["Departamento",null,"META",null,"Municipio",null,"VILLAVICENCIO",null,null,null,"Departamento",null,"META",null,"Municipio",null,"VILLAVICENCIO",null,null,"Departamento",null,"META",null,"Municipio",null,"VILLAVICENCIO",null,null,"Departamento",null,"GUAVIARE",null,"Municipio",null,"SAN JOSE DEL GUAVIARE"]
[]
["Información de las instalaciones de la sede",null,null,null,null,null,null,null,null,null,"Información de las instalaciones de la sede",null,null,null,null,null,null,null,null,"Información de las instalaciones de la sede",null,null,null,null,null,null,null,null,"Información de las instalaciones de la sede"]
[]
[]
[]
["Tipo de instalación:",null,null,"Edificio administrativo","Si seleccionó otro, indique cuál:",null,null,null,null,null,"Tipo de instalación:",null,null,"Edificio administrativo","Si seleccionó otro, indique cuál:",null,null,null,null,"Tipo de instalación:",null,null,"Edificio administrativo","Si seleccionó otro, indique cuál:",null,null,null,null,"Tipo de instalación:",null,null,"Edificio administrativo","Si seleccionó otro, indique cuál:"]
["N° de pisos:",null,null,1,"Área total aproximada en m2:",null,506,null,null,null,"N° de pisos:",null,null,1,"Área total aproximada en m2:",null,309,null,null,"N° de pisos:",null,null,1,"Área total aproximada en m2:",null,265,null,null,"N° de pisos:",null,null,2,"Área total aproximada en m2:",null,252]
["N° de personas trabajando en las intalaciones:",null,null,34,"N° estimado de visitantes por día:",null,50,null,null,null,"N° de personas trabajando en las intalaciones:",null,null,20,"N° estimado de visitantes por día:",null,50,null,null,"N° de personas trabajando en las intalaciones:",null,null,12,"N° estimado de visitantes por día:",null,25,null,null,"N° de personas trabajando en las intalaciones:",null,null,10,"N° estimado de visitantes por día:",null,25]
[]
["Tipo de área ",null,"Cantidad","Área total estimada en m2","Observaciones",null,null,null,null,null,"Tipo de área ",null,"Cantidad","Área total estimada en m2","Observaciones",null,null,null,null,"Tipo de área ",null,"Cantidad","Área total estimada en m2","Observaciones",null,null,null,null,"Tipo de área ",null,"Cantidad","Área total estimada en m2","Observaciones"]
["Ascensores",null,null,null,null,null,null,null,null,null,"Ascensores",null,null,null,null,null,null,null,null,"Ascensores",null,null,null,null,null,null,null,null,"Ascensores"]
["Auditorios",null,null,null,null,null,null,null,null,null,"Auditorios",null,null,null,null,null,null,null,null,"Auditorios",null,null,null,null,null,null,null,null,"Auditorios"]
["Baños",null,null,null,null,null,null,null,null,null,"Baños",null,null,null,null,null,null,null,null,"Baños",null,null,null,null,null,null,null,null,"Baños",null,4,8]
["Oficinas (N° de cubículos)",null,null,null,null,null,null,null,null,null,"Oficinas (N° de cubículos)",null,null,null,null,null,null,null,null,"Oficinas (N° de cubículos)",null,null,null,null,null,null,null,null,"Oficinas (N° de cubículos)",null,12,113]
["Parqueadero/sótano",null,null,null,null,null,null,null,null,null,"Parqueadero/sótano",null,null,null,null,null,null,null,null,"Parqueadero/sótano",null,null,null,null,null,null,null,null,"Parqueadero/sótano",null,1,35]
["Salones comunes",null,null,null,null,null,null,null,null,null,"Salones comunes",null,null,null,null,null,null,null,null,"Salones comunes",null,null,null,null,null,null,null,null,"Salones comunes"]
["Terrazas",null,null,null,null,null,null,null,null,null,"Terrazas",null,null,null,null,null,null,null,null,"Terrazas",null,null,null,null,null,null,null,null,"Terrazas"]
["Zonas comunes",null,null,null,null,null,null,null,null,null,"Zonas comunes",null,null,null,null,null,null,null,null,"Zonas comunes",null,null,null,null,null,null,null,null,"Zonas comunes"]
["Zonas de cafetería",null,null,null,null,null,null,null,null,null,"Zonas de cafetería",null,null,null,null,null,null,null,null,"Zonas de cafetería",null,null,null,null,null,null,null,null,"Zonas de cafetería",null,1,6]
["Zonas verdes",null,null,null,null,null,null,null,null,null,"Zonas verdes",null,null,null,null,null,null,null,null,"Zonas verdes",null,null,null,null,null,null,null,null,"Zonas verdes",null,1,90]
["Otro:",null,1,506,null,null,null,null,null,null,"Otro:",null,1,309,null,null,null,null,null,"Otro:",null,1,265,null,null,null,null,null,"Otro:"]
[]
["Actividades a desarrollar",null,null,null,null,null,null,null,null,null,"Actividades a desarrollar",null,null,null,null,null,null,null,null,"Actividades a desarrollar",null,null,null,null,null,null,null,null,"Actividades a desarrollar"]
[]
[]
[]
["Tipo de servicio requerido en la sede:",null,"Aseo y cafetería",null,null,null,null,null,null,null,"Tipo de servicio requerido en la sede:",null,{"$f":"C36","v":"Aseo y cafetería"},null,null,null,null,null,null,"Tipo de servicio requerido en la sede:",null,{"$f":"C36","v":"Aseo y cafetería"},null,null,null,null,null,null,"Tipo de servicio requerido en la sede:",null,{"$f":"C36","v":"Aseo y cafetería"}]
[]
["Actividades de servicio de aseo",null,null,null,"Marque con una X","Frecuencia","Observaciones",null,null,null,"Actividades de servicio de aseo",null,null,null,"Marque con una X","Frecuencia","Observaciones",null,null,"Actividades de servicio de aseo",null,null,null,"Marque con una X","Frecuencia","Observaciones",null,null,"Actividades de servicio de aseo",null,null,null,"Marque con una X","Frecuencia","Observaciones"]
["Áreas Comunes ","Limpieza de pasillos, salas de reunión, áreas de archivo y almacenaje, bibliotecas, bodegas y otras áreas comunes solicitadas por la Entidad Compradora. ",null,null,"X","COORDINADO",null,null,null,null,"Áreas Comunes ","Limpieza de pasillos, salas de reunión, áreas de archivo y almacenaje, bibliotecas, bodegas y otras áreas comunes solicitadas por la Entidad Compradora. ",null,null,{"$f":"E39","v":"X"},{"$f":"F39","v":"COORDINADO"},{"$f":"G39","v":0},null,null,"Áreas Comunes ","Limpieza de pasillos, salas de reunión, áreas de archivo y almacenaje, bibliotecas, bodegas y otras áreas comunes solicitadas por la Entidad Compradora. ",null,null,{"$f":"E39","v":"X"},{"$f":"F39","v":"COORDINADO"},{"$f":"G39","v":0},null,null,"Áreas Comunes ","Limpieza de pasillos, salas de reunión, áreas de archivo y almacenaje, bibliotecas, bodegas y otras áreas comunes solicitadas por la Entidad Compradora. ",null,null,{"$f":"E39","v":"X"},{"$f":"F39","v":"COORDINADO"},{"$f":"G39","v":0}]
[null,"Limpieza, aspirado, brillo y cuidado de sillas, muebles, poltronas y mesas. ",null,null,"X","COORDINADO",null,null,null,null,null,"Limpieza, aspirado, brillo y cuidado de sillas, muebles, poltronas y mesas. ",null,null,{"$f":"E40","v":"X"},{"$f":"F40","v":"COORDINADO"},{"$f":"G40","v":0},null,null,null,"Limpieza, aspirado, brillo y cuidado de sillas, muebles, poltronas y mesas. ",null,null,{"$f":"E40","v":"X"},{"$f":"F40","v":"COORDINADO"},{"$f":"G40","v":0},null,null,null,"Limpieza, aspirado, brillo y cuidado de sillas, muebles, poltronas y mesas. ",null,null,{"$f":"E40","v":"X"},{"$f":"F40","v":"COORDINADO"},{"$f":"G40","v":0}]
[null,"Limpieza de persianas, cortinas, cortinas tipo blackout, acrílicos, techos y rejillas de ventilación.",null,null,"X","COORDINADO",null,null,null,null,null,"Limpieza de persianas, cortinas, cortinas tipo blackout, acrílicos, techos y rejillas de ventilación.",null,null,"X","COORDINADO",0,null,null,null,"Limpieza de persianas, cortinas, cortinas tipo blackout, acrílicos, techos y rejillas de ventilación.",null,null,"X","COORDINADO",0,null,null,null,"Limpieza de persianas, cortinas, cortinas tipo blackout, acrílicos, techos y rejillas de ventilación.",null,null,"X","COORDINADO",0]
[null,"Limpieza de ventanas y vidrios interiores de oficinas, módulos, salas de reunión, zonas comunes y puertas,.",null,null,"X","COORDINADO",null,null,null,null,null,"Limpieza de ventanas y vidrios interiores de oficinas, módulos, salas de reunión, zonas comunes y puertas,.",null,null,"X","COORDINADO",0,null,null,null,"Limpieza de ventanas y vidrios interiores de oficinas, módulos, salas de reunión, zonas comunes y puertas,.",null,null,"X","COORDINADO",0,null,null,null,"Limpieza de ventanas y vidrios interiores de oficinas, módulos, salas de reunión, zonas comunes y puertas,.",null,null,"X","COORDINADO",0]
[null,"Limpieza de paredes, barandas, escaleras, muros y divisiones modulares.",null,null,"X","COORDINADO",null,null,null,null,null,"Limpieza de paredes, barandas, escaleras, muros y divisiones modulares.",null,null,"X","COORDINADO",0,null,null,null,"Limpieza de paredes, barandas, escaleras, muros y divisiones modulares.",null,null,"X","COORDINADO",0,null,null,null,"Limpieza de paredes, barandas, escaleras, muros y divisiones modulares.",null,null,"X","COORDINADO",0]
[null,"Limpieza de cuadros, elementos decorativos, lámparas de escritorios, lámparas fluorescentes, marcos, enchufes e interruptores.",null,null,"X","COORDINADO",null,null,null,null,null,"Limpieza de cuadros, elementos decorativos, lámparas de escritorios, lámparas fluorescentes, marcos, enchufes e interruptores.",null,null,"X","COORDINADO",0,null,null,null,"Limpieza de cuadros, elementos decorativos, lámparas de escritorios, lámparas fluorescentes, marcos, enchufes e interruptores.",null,null,"X","COORDINADO",0,null,null,null,"Limpieza de cuadros, elementos decorativos, lámparas de escritorios, lámparas fluorescentes, marcos, enchufes e interruptores.",null,null,"X","COORDINADO",0]
[null,"Limpieza y brillo de placas, ceniceros, letreros, plantas interiores, elementos decorativos que lo requieran, lámparas colgantes y otras lámparas que lo requieran.",null,null,"X","COORDINADO",null,null,null,null,null,"Limpieza y brillo de placas, ceniceros, letreros, plantas interiores, elementos decorativos que lo requieran, lámparas colgantes y otras lámparas que lo requieran.",null,null,"X","COORDINADO",0,null,null,null,"Limpieza y brillo de placas, ceniceros, letreros, plantas interiores, elementos decorativos que lo requieran, lámparas colgantes y otras lámparas que lo requieran.",null,null,"X","COORDINADO",0,null,null,null,"Limpieza y brillo de placas, ceniceros, letreros, plantas interiores, elementos decorativos que lo requieran, lámparas colgantes y otras lámparas que lo requieran.",null,null,"X","COORDINADO",0]
[null,"Limpieza, aspirado, desmanchado y brillo de ascensores",null,null,"X","COORDINADO",null,null,null,null,null,"Limpieza, aspirado, desmanchado y brillo de ascensores",null,null,"X","COORDINADO",0,null,null,null,"Limpieza, aspirado, desmanchado y brillo de ascensores",null,null,"X","COORDINADO",0,null,null,null,"Limpieza, aspirado, desmanchado y brillo de ascensores",null,null,"X","COORDINADO",0]
[null,"Lavado de limpiones y paños. Lavado ocasional de manteles, servilletas y banderas en máquina lavadora.",null,null,"X","COORDINADO",null,null,null,null,null,"Lavado de limpiones y paños. Lavado ocasional de manteles, servilletas y banderas en máquina lavadora.",null,null,"X","COORDINADO",0,null,null,null,"Lavado de limpiones y paños. Lavado ocasional de manteles, servilletas y banderas en máquina lavadora.",null,null,"X","COORDINADO",0,null,null,null,"Lavado de limpiones y paños. Lavado ocasional de manteles, servilletas y banderas en máquina lavadora.",null,null,"X","COORDINADO",0]
[null,"Limpieza y vaciado de contenedores de basuras, canecas, ceniceros y papeleras. Cambio de bolsa plástica. ",null,null,"X","COORDINADO",null,null,null,null,null,"Limpieza y vaciado de contenedores de basuras, canecas, ceniceros y papeleras. Cambio de bolsa plástica. ",null,null,"X","COORDINADO",0,null,null,null,"Limpieza y vaciado de contenedores de basuras, canecas, ceniceros y papeleras. Cambio de bolsa plástica. ",null,null,"X","COORDINADO",0,null,null,null,"Limpieza y vaciado de contenedores de basuras, canecas, ceniceros y papeleras. Cambio de bolsa plástica. ",null,null,"X","COORDINADO",0]
[null,"Limpieza de los implementos, equipos y utensilios empleados para el servicio de cafetería, entre ellos, microondas, neveras, grecas, dispensadores, estufas, así como las instalaciones físicas de las cafeterías. ",null,null,"X","COORDINADO",null,null,null,null,null,"Limpieza de los implementos, equipos y utensilios empleados para el servicio de cafetería, entre ellos, microondas, neveras, grecas, dispensadores, estufas, así como las instalaciones físicas de las cafeterías. ",null,null,"X","COORDINADO",0,null,null,null,"Limpieza de los implementos, equipos y utensilios empleados para el servicio de cafetería, entre ellos, microondas, neveras, grecas, dispensadores, estufas, así como las instalaciones físicas de las cafeterías. ",null,null,"X","COORDINADO",0,null,null,null,"Limpieza de los implementos, equipos y utensilios empleados para el servicio de cafetería, entre ellos, microondas, neveras, grecas, dispensadores, estufas, así como las instalaciones físicas de las cafeterías. ",null,null,"X","COORDINADO",0]
[null,"Apoyo en la limpieza y organización de elementos luego de comidas, reuniones de trabajo o eventos especiales realizados por la Entidad Compradora",null,null,"X","COORDINADO",null,null,null,null,null,"Apoyo en la limpieza y organización de elementos luego de comidas, reuniones de trabajo o eventos especiales realizados por la Entidad Compradora",null,null,"X","COORDINADO",0,null,null,null,"Apoyo en la limpieza y organización de elementos luego de comidas, reuniones de trabajo o eventos especiales realizados por la Entidad Compradora",null,null,"X","COORDINADO",0,null,null,null,"Apoyo en la limpieza y organización de elementos luego de comidas, reuniones de trabajo o eventos especiales realizados por la Entidad Compradora",null,null,"X","COORDINADO",0]
[null,"Evacuación diaria de desechos de las zonas objeto de la prestación del servicio: Introducción en empaques adecuados y disposición en los lugares destinados para su posterior recolección.",null,null,"X","COORDINADO",null,null,null,null,null,"Evacuación diaria de desechos de las zonas objeto de la prestación del servicio: Introducción en empaques adecuados y disposición en los lugares destinados para su posterior recolección.",null,null,"X","COORDINADO",0,null,null,null,"Evacuación diaria de desechos de las zonas objeto de la prestación del servicio: Introducción en empaques adecuados y disposición en los lugares destinados para su posterior recolección.",null,null,"X","COORDINADO",0,null,null,null,"Evacuación diaria de desechos de las zonas objeto de la prestación del servicio: Introducción en empaques adecuados y disposición en los lugares destinados para su posterior recolección.",null,null,"X","COORDINADO",0]
[null,"Limpieza básica de tanques, fuentes y piletas (máximo 5000 litros). No incluye insumos especializados.",null,null,"X","COORDINADO",null,null,null,null,null,"Limpieza básica de tanques, fuentes y piletas (máximo 5000 litros). No incluye insumos especializados.",null,null,"X","COORDINADO",0,null,null,null,"Limpieza básica de tanques, fuentes y piletas (máximo 5000 litros). No incluye insumos especializados.",null,null,"X","COORDINADO",0,null,null,null,"Limpieza básica de tanques, fuentes y piletas (máximo 5000 litros). No incluye insumos especializados.",null,null,"X","COORDINADO",0]
[null,"Limpieza de parqueaderos, terrazas, sótanos y casetas de seguridad. No debe requerir maquinar adicional a la establecida en el Anexo 4 del pliego de condicioenes.",null,null,"X","COORDINADO",null,null,null,null,null,"Limpieza de parqueaderos, terrazas, sótanos y casetas de seguridad. No debe requerir maquinar adicional a la establecida en el Anexo 4 del pliego de condicioenes.",null,null,"X","COORDINADO",0,null,null,null,"Limpieza de parqueaderos, terrazas, sótanos y casetas de seguridad. No debe requerir maquinar adicional a la establecida en el Anexo 4 del pliego de condicioenes.",null,null,"X","COORDINADO",0,null,null,null,"Limpieza de parqueaderos, terrazas, sótanos y casetas de seguridad. No debe requerir maquinar adicional a la establecida en el Anexo 4 del pliego de condicioenes.",null,null,"X","COORDINADO",0]
[null,"Limpieza y riego las plantas y jardines interiores, y riego de los jardines exteriores aledaños a las instalaciones Entidad Compradora",null,null,"X","COORDINADO",null,null,null,null,null,"Limpieza y riego las plantas y jardines interiores, y riego de los jardines exteriores aledaños a las instalaciones Entidad Compradora",null,null,"X","COORDINADO",0,null,null,null,"Limpieza y riego las plantas y jardines interiores, y riego de los jardines exteriores aledaños a las instalaciones Entidad Compradora",null,null,"X","COORDINADO",0,null,null,null,"Limpieza y riego las plantas y jardines interiores, y riego de los jardines exteriores aledaños a las instalaciones Entidad Compradora",null,null,"X","COORDINADO",0]
[null,"Eliminación de suciedad acumulada, hongos, maleza, hierbas y tierra entre las hendiduras de baldosas o ladrillos. ",null,null,"X","COORDINADO",null,null,null,null,null,"Eliminación de suciedad acumulada, hongos, maleza, hierbas y tierra entre las hendiduras de baldosas o ladrillos. ",null,null,"X","COORDINADO",0,null,null,null,"Eliminación de suciedad acumulada, hongos, maleza, hierbas y tierra entre las hendiduras de baldosas o ladrillos. ",null,null,"X","COORDINADO",0,null,null,null,"Eliminación de suciedad acumulada, hongos, maleza, hierbas y tierra entre las hendiduras de baldosas o ladrillos. ",null,null,"X","COORDINADO",0]
[null,"Lavado las fachadas y vidrios exteriores de las instalaciones de la Entidad Compradora a una altura menor a 1,5 metros. ",null,null,"X","COORDINADO",null,null,null,null,null,"Lavado las fachadas y vidrios exteriores de las instalaciones de la Entidad Compradora a una altura menor a 1,5 metros. ",null,null,"X","COORDINADO",0,null,null,null,"Lavado las fachadas y vidrios exteriores de las instalaciones de la Entidad Compradora a una altura menor a 1,5 metros. ",null,null,"X","COORDINADO",0,null,null,null,"Lavado las fachadas y vidrios exteriores de las instalaciones de la Entidad Compradora a una altura menor a 1,5 metros. ",null,null,"X","COORDINADO",0]
[null,"Realización de brigadas de aseo.",null,null,"X","COORDINADO",null,null,null,null,null,"Realización de brigadas de aseo.",null,null,"X","COORDINADO",0,null,null,null,"Realización de brigadas de aseo.",null,null,"X","COORDINADO",0,null,null,null,"Realización de brigadas de aseo.",null,null,"X","COORDINADO",0]
[null,"Limpieza de los elementos, equipos y utensilios empleados para el servicio de aseo. ",null,null,"X","COORDINADO",null,null,null,null,null,"Limpieza de los elementos, equipos y utensilios empleados para el servicio de aseo. ",null,null,"X","COORDINADO",0,null,null,null,"Limpieza de los elementos, equipos y utensilios empleados para el servicio de aseo. ",null,null,"X","COORDINADO",0,null,null,null,"Limpieza de los elementos, equipos y utensilios empleados para el servicio de aseo. ",null,null,"X","COORDINADO",0]
["Oficinas","Limpieza de oficinas, divisiones, escritorios, mesas, libros, cuadros, objetos decorativos, sillas, estanterías, repisas, archivadores y cajoneras. ",null,null,"X","COORDINADO",null,null,null,null,"Oficinas","Limpieza de oficinas, divisiones, escritorios, mesas, libros, cuadros, objetos decorativos, sillas, estanterías, repisas, archivadores y cajoneras. ",null,null,"X","COORDINADO",0,null,null,"Oficinas","Limpieza de oficinas, divisiones, escritorios, mesas, libros, cuadros, objetos decorativos, sillas, estanterías, repisas, archivadores y cajoneras. ",null,null,"X","COORDINADO",0,null,null,"Oficinas","Limpieza de oficinas, divisiones, escritorios, mesas, libros, cuadros, objetos decorativos, sillas, estanterías, repisas, archivadores y cajoneras. ",null,null,"X","COORDINADO",0]
[null,"Limpieza exterior de computadores, teléfonos, impresoras, fotocopiadoras, consolas, fax, y demás equipos para uso administrativo con sus componentes que tenga la Entidad Compradora.",null,null,"X","COORDINADO",null,null,null,null,null,"Limpieza exterior de computadores, teléfonos, impresoras, fotocopiadoras, consolas, fax, y demás equipos para uso administrativo con sus componentes que tenga la Entidad Compradora.",null,null,"X","COORDINADO",0,null,null,null,"Limpieza exterior de computadores, teléfonos, impresoras, fotocopiadoras, consolas, fax, y demás equipos para uso administrativo con sus componentes que tenga la Entidad Compradora.",null,null,"X","COORDINADO",0,null,null,null,"Limpieza exterior de computadores, teléfonos, impresoras, fotocopiadoras, consolas, fax, y demás equipos para uso administrativo con sus componentes que tenga la Entidad Compradora.",null,null,"X","COORDINADO",0]
["Pisos y tapizados ","Decapado, limpieza, brillo, sellado y mantenimiento del brillo de pisos, escaleras y estantes. ",null,null,"X","COORDINADO",null,null,null,null,"Pisos y tapizados ","Decapado, limpieza, brillo, sellado y mantenimiento del brillo de pisos, escaleras y estantes. ",null,null,"X","COORDINADO",0,null,null,"Pisos y tapizados ","Decapado, limpieza, brillo, sellado y mantenimiento del brillo de pisos, escaleras y estantes. ",null,null,"X","COORDINADO",0,null,null,"Pisos y tapizados ","Decapado, limpieza, brillo, sellado y mantenimiento del brillo de pisos, escaleras y estantes. ",null,null,"X","COORDINADO",0]
[null,"Limpieza, lavado, aspirado y desmanchado de alfombras, tapetes y tapizados. No incluye despegue de los tapetes o alfombras para lavado especializado. ",null,null,"X","COORDINADO",null,null,null,null,null,"Limpieza, lavado, aspirado y desmanchado de alfombras, tapetes y tapizados. No incluye despegue de los tapetes o alfombras para lavado especializado. ",null,null,"X","COORDINADO",0,null,null,null,"Limpieza, lavado, aspirado y desmanchado de alfombras, tapetes y tapizados. No incluye despegue de los tapetes o alfombras para lavado especializado. ",null,null,"X","COORDINADO",0,null,null,null,"Limpieza, lavado, aspirado y desmanchado de alfombras, tapetes y tapizados. No incluye despegue de los tapetes o alfombras para lavado especializado. ",null,null,"X","COORDINADO",0]
["Baños","Limpieza y desinfección de sanitarios, orinales lavamanos, duchas, griferías, dispensadores, secadores, accesorios, espejos, paredes, puertas y divisiones, pisos y papeleras. Aplicación de ambientadores y productos para el control del mal olor.  ",null,null,"X","COORDINADO",null,null,null,null,"Baños","Limpieza y desinfección de sanitarios, orinales lavamanos, duchas, griferías, dispensadores, secadores, accesorios, espejos, paredes, puertas y divisiones, pisos y papeleras. Aplicación de ambientadores y productos para el control del mal olor.  ",null,null,"X","COORDINADO",0,null,null,"Baños","Limpieza y desinfección de sanitarios, orinales lavamanos, duchas, griferías, dispensadores, secadores, accesorios, espejos, paredes, puertas y divisiones, pisos y papeleras. Aplicación de ambientadores y productos para el control del mal olor.  ",null,null,"X","COORDINADO",0,null,null,"Baños","Limpieza y desinfección de sanitarios, orinales lavamanos, duchas, griferías, dispensadores, secadores, accesorios, espejos, paredes, puertas y divisiones, pisos y papeleras. Aplicación de ambientadores y productos para el control del mal olor.  ",null,null,"X","COORDINADO",0]
[null,"Desatasco de sanitarios, orinales, duchas, sifones y lavamanos. ",null,null,"X","COORDINADO",null,null,null,null,null,"Desatasco de sanitarios, orinales, duchas, sifones y lavamanos. ",null,null,"X","COORDINADO",0,null,null,null,"Desatasco de sanitarios, orinales, duchas, sifones y lavamanos. ",null,null,"X","COORDINADO",0,null,null,null,"Desatasco de sanitarios, orinales, duchas, sifones y lavamanos. ",null,null,"X","COORDINADO",0]
[null,"Abastecimiento de los baños de papel higiénico, toallas de papel, bolsas de basura, jabón de manos y otros elementos requeridos para su uso.",null,null,"X","COORDINADO",null,null,null,null,null,"Abastecimiento de los baños de papel higiénico, toallas de papel, bolsas de basura, jabón de manos y otros elementos requeridos para su uso.",null,null,"X","COORDINADO",0,null,null,null,"Abastecimiento de los baños de papel higiénico, toallas de papel, bolsas de basura, jabón de manos y otros elementos requeridos para su uso.",null,null,"X","COORDINADO",0,null,null,null,"Abastecimiento de los baños de papel higiénico, toallas de papel, bolsas de basura, jabón de manos y otros elementos requeridos para su uso.",null,null,"X","COORDINADO",0]
["Zonas exteriores","Limpieza de patios, aceras, entradas, jardines, antejardines, zonas verdes y zonas exteriores aledañas a las instalaciones de la Entidad Compradora. ",null,null,"X","COORDINADO",null,null,null,null,"Zonas exteriores","Limpieza de patios, aceras, entradas, jardines, antejardines, zonas verdes y zonas exteriores aledañas a las instalaciones de la Entidad Compradora. ",null,null,"X","COORDINADO",0,null,null,"Zonas exteriores","Limpieza de patios, aceras, entradas, jardines, antejardines, zonas verdes y zonas exteriores aledañas a las instalaciones de la Entidad Compradora. ",null,null,"X","COORDINADO",0,null,null,"Zonas exteriores","Limpieza de patios, aceras, entradas, jardines, antejardines, zonas verdes y zonas exteriores aledañas a las instalaciones de la Entidad Compradora. ",null,null,"X","COORDINADO",0]
[null,"Recolección de hojas y limpieza de canalizaciones en caso de obstrucción. ",null,null,"X","COORDINADO",null,null,null,null,null,"Recolección de hojas y limpieza de canalizaciones en caso de obstrucción. ",null,null,"X","COORDINADO",0,null,null,null,"Recolección de hojas y limpieza de canalizaciones en caso de obstrucción. ",null,null,"X","COORDINADO",0,null,null,null,"Recolección de hojas y limpieza de canalizaciones en caso de obstrucción. ",null,null,"X","COORDINADO",0]
[null,"Limpieza y vaciado de contenedores, canecas y ceniceros exteriores. ",null,null,"X","COORDINADO",null,null,null,null,null,"Limpieza y vaciado de contenedores, canecas y ceniceros exteriores. ",null,null,"X","COORDINADO",0,null,null,null,"Limpieza y vaciado de contenedores, canecas y ceniceros exteriores. ",null,null,"X","COORDINADO",0,null,null,null,"Limpieza y vaciado de contenedores, canecas y ceniceros exteriores. ",null,null,"X","COORDINADO",0]
["Buenas prácticas de aseo","Clasificación  y envase de materiales y basuras y puesta a disposición de estos en los lugares de las instalaciones físicas de la Entidad Compradora  indicados para su recolección y posterior reciclaje. ",null,null,"X","COORDINADO",null,null,null,null,"Buenas prácticas de aseo","Clasificación  y envase de materiales y basuras y puesta a disposición de estos en los lugares de las instalaciones físicas de la Entidad Compradora  indicados para su recolección y posterior reciclaje. ",null,null,"X","COORDINADO",0,null,null,"Buenas prácticas de aseo","Clasificación  y envase de materiales y basuras y puesta a disposición de estos en los lugares de las instalaciones físicas de la Entidad Compradora  indicados para su recolección y posterior reciclaje. ",null,null,"X","COORDINADO",0,null,null,"Buenas prácticas de aseo","Clasificación  y envase de materiales y basuras y puesta a disposición de estos en los lugares de las instalaciones físicas de la Entidad Compradora  indicados para su recolección y posterior reciclaje. ",null,null,"X","COORDINADO",0]
[null,"Utilización de las señales de seguridad peatonal o equipos de seguridad industrial para evitar accidentes, de acuerdo a las instrucciones de la Entidad Compradora.",null,null,"X","COORDINADO",null,null,null,null,null,"Utilización de las señales de seguridad peatonal o equipos de seguridad industrial para evitar accidentes, de acuerdo a las instrucciones de la Entidad Compradora.",null,null,"X","COORDINADO",0,null,null,null,"Utilización de las señales de seguridad peatonal o equipos de seguridad industrial para evitar accidentes, de acuerdo a las instrucciones de la Entidad Compradora.",null,null,"X","COORDINADO",0,null,null,null,"Utilización de las señales de seguridad peatonal o equipos de seguridad industrial para evitar accidentes, de acuerdo a las instrucciones de la Entidad Compradora.",null,null,"X","COORDINADO",0]
[]
["Actividades de servicio de cafetería ",null,null,null,"Marque con una X","Frecuencia","Observaciones",null,null,null,"Actividades de servicio de cafetería ",null,null,null,"Marque con una X","Frecuencia","Observaciones",null,null,"Actividades de servicio de cafetería ",null,null,null,"Marque con una X","Frecuencia","Observaciones",null,null,"Actividades de servicio de cafetería ",null,null,null,"Marque con una X","Frecuencia","Observaciones"]
["Servicio de bebidas y atención de eventos ","Preparación de bebidas calientes y frías según las especificaciones de la Entidad Compradora ",null,null,"X","COORDINADO",null,null,null,null,"Servicio de bebidas y atención de eventos ","Preparación de bebidas calientes y frías según las especificaciones de la Entidad Compradora ",null,null,{"$f":"E73","v":"X"},{"$f":"F73","v":"COORDINADO"},{"$f":"G73","v":0},null,null,"Servicio de bebidas y atención de eventos ","Preparación de bebidas calientes y frías según las especificaciones de la Entidad Compradora ",null,null,{"$f":"E73","v":"X"},{"$f":"F73","v":"COORDINADO"},{"$f":"G73","v":0},null,null,"Servicio de bebidas y atención de eventos ","Preparación de bebidas calientes y frías según las especificaciones de la Entidad Compradora ",null,null,{"$f":"E73","v":"X"},{"$f":"F73","v":"COORDINADO"},{"$f":"G73","v":0}]
[null,"Ofrecimiento de bebidas calientes y frías en los horarios indicados por la Entidad Compradora.  Realización de recorridos periódicos para recoger los elementos utilizados para el consumo de productos. ",null,null,"X","COORDINADO",null,null,null,null,null,"Ofrecimiento de bebidas calientes y frías en los horarios indicados por la Entidad Compradora.  Realización de recorridos periódicos para recoger los elementos utilizados para el consumo de productos. ",null,null,{"$f":"E74","v":"X"},{"$f":"F74","v":"COORDINADO"},{"$f":"G74","v":0},null,null,null,"Ofrecimiento de bebidas calientes y frías en los horarios indicados por la Entidad Compradora.  Realización de recorridos periódicos para recoger los elementos utilizados para el consumo de productos. ",null,null,{"$f":"E74","v":"X"},{"$f":"F74","v":"COORDINADO"},{"$f":"G74","v":0},null,null,null,"Ofrecimiento de bebidas calientes y frías en los horarios indicados por la Entidad Compradora.  Realización de recorridos periódicos para recoger los elementos utilizados para el consumo de productos. ",null,null,{"$f":"E74","v":"X"},{"$f":"F74","v":"COORDINADO"},{"$f":"G74","v":0}]
[null,"Preparación de termos con café, té, aromática y agua fría y caliente en el lugar y horarios que indique la Entidad Compradora. Lo anterior con la respectiva dotación de té, aromática, azúcar, mezcladores, servilletas, vasos y crema. ",null,null,"X","COORDINADO",null,null,null,null,null,"Preparación de termos con café, té, aromática y agua fría y caliente en el lugar y horarios que indique la Entidad Compradora. Lo anterior con la respectiva dotación de té, aromática, azúcar, mezcladores, servilletas, vasos y crema. ",null,null,"X","COORDINADO",0,null,null,null,"Preparación de termos con café, té, aromática y agua fría y caliente en el lugar y horarios que indique la Entidad Compradora. Lo anterior con la respectiva dotación de té, aromática, azúcar, mezcladores, servilletas, vasos y crema. ",null,null,"X","COORDINADO",0,null,null,null,"Preparación de termos con café, té, aromática y agua fría y caliente en el lugar y horarios que indique la Entidad Compradora. Lo anterior con la respectiva dotación de té, aromática, azúcar, mezcladores, servilletas, vasos y crema. ",null,null,"X","COORDINADO",0]
[null,"Atención a reuniones de trabajo o eventos especiales de la Entidad Compradora. ",null,null,"X","COORDINADO",null,null,null,null,null,"Atención a reuniones de trabajo o eventos especiales de la Entidad Compradora. ",null,null,"X","COORDINADO",0,null,null,null,"Atención a reuniones de trabajo o eventos especiales de la Entidad Compradora. ",null,null,"X","COORDINADO",0,null,null,null,"Atención a reuniones de trabajo o eventos especiales de la Entidad Compradora. ",null,null,"X","COORDINADO",0]
["Limpieza y cuidado ","Limpieza y desinfección del área de cafetería y del menaje, elementos y equipos empleados para la prestación del servicio, entre ellos, microondas, neveras, grecas, dispensadores, estufas, así como las instalaciones físicas de las cafeterías. ",null,null,"X","COORDINADO",null,null,null,null,"Limpieza y cuidado ","Limpieza y desinfección del área de cafetería y del menaje, elementos y equipos empleados para la prestación del servicio, entre ellos, microondas, neveras, grecas, dispensadores, estufas, así como las instalaciones físicas de las cafeterías. ",null,null,"X","COORDINADO",0,null,null,"Limpieza y cuidado ","Limpieza y desinfección del área de cafetería y del menaje, elementos y equipos empleados para la prestación del servicio, entre ellos, microondas, neveras, grecas, dispensadores, estufas, así como las instalaciones físicas de las cafeterías. ",null,null,"X","COORDINADO",0,null,null,"Limpieza y cuidado ","Limpieza y desinfección del área de cafetería y del menaje, elementos y equipos empleados para la prestación del servicio, entre ellos, microondas, neveras, grecas, dispensadores, estufas, así como las instalaciones físicas de las cafeterías. ",null,null,"X","COORDINADO",0]
[null,"Abastecimiento del área de cafetería de los insumos requeridos para la prestación del servicio de cafetería. ",null,null,"X","COORDINADO",null,null,null,null,null,"Abastecimiento del área de cafetería de los insumos requeridos para la prestación del servicio de cafetería. ",null,null,"X","COORDINADO",0,null,null,null,"Abastecimiento del área de cafetería de los insumos requeridos para la prestación del servicio de cafetería. ",null,null,"X","COORDINADO",0,null,null,null,"Abastecimiento del área de cafetería de los insumos requeridos para la prestación del servicio de cafetería. ",null,null,"X","COORDINADO",0]
[null,"Realización del inventario y cuidado del menaje, elementos y equipos empleados en la prestación del servicio. Cuidado de las instalaciones físicas de las cafeterías dispuestas para la prestación del servicio. ",null,null,"X","COORDINADO",null,null,null,null,null,"Realización del inventario y cuidado del menaje, elementos y equipos empleados en la prestación del servicio. Cuidado de las instalaciones físicas de las cafeterías dispuestas para la prestación del servicio. ",null,null,"X","COORDINADO",0,null,null,null,"Realización del inventario y cuidado del menaje, elementos y equipos empleados en la prestación del servicio. Cuidado de las instalaciones físicas de las cafeterías dispuestas para la prestación del servicio. ",null,null,"X","COORDINADO",0,null,null,null,"Realización del inventario y cuidado del menaje, elementos y equipos empleados en la prestación del servicio. Cuidado de las instalaciones físicas de las cafeterías dispuestas para la prestación del servicio. ",null,null,"X","COORDINADO",0]
[]
["Actividades de mantenimiento locativo básico",null,null,null,"Marque con una X","Frecuencia","Observaciones",null,null,null,"Actividades de mantenimiento locativo básico",null,null,null,"Marque con una X","Frecuencia","Observaciones",null,null,"Actividades de mantenimiento locativo básico",null,null,null,"Marque con una X","Frecuencia","Observaciones",null,null,"Actividades de mantenimiento locativo básico",null,null,null,"Marque con una X","Frecuencia","Observaciones"]
["Mantenimiento preventivo",null,null,null,null,null,null,null,null,null,"Mantenimiento preventivo",null,null,null,null,null,null,null,null,"Mantenimiento preventivo",null,null,null,null,null,null,null,null,"Mantenimiento preventivo"]
["Plomería","Inspección de tuberías, sanitarios, orinales, lavaplatos, duchas, sifones, canalizaciones, cunetas, cañerías, piletas y fuentes para verificar su buen funcionamiento. Aviso al supervisor del contrato sobre cualquier falla o anomalía.",null,null,null,null,null,null,null,null,"Plomería","Inspección de tuberías, sanitarios, orinales, lavaplatos, duchas, sifones, canalizaciones, cunetas, cañerías, piletas y fuentes para verificar su buen funcionamiento. Aviso al supervisor del contrato sobre cualquier falla o anomalía.",null,null,{"$f":"E83","v":0},{"$f":"F83","v":0},{"$f":"G83","v":0},null,null,"Plomería","Inspección de tuberías, sanitarios, orinales, lavaplatos, duchas, sifones, canalizaciones, cunetas, cañerías, piletas y fuentes para verificar su buen funcionamiento. Aviso al supervisor del contrato sobre cualquier falla o anomalía.",null,null,{"$f":"E83","v":0},{"$f":"F83","v":0},{"$f":"G83","v":0},null,null,"Plomería","Inspección de tuberías, sanitarios, orinales, lavaplatos, duchas, sifones, canalizaciones, cunetas, cañerías, piletas y fuentes para verificar su buen funcionamiento. Aviso al supervisor del contrato sobre cualquier falla o anomalía.",null,null,{"$f":"E83","v":0},{"$f":"F83","v":0},{"$f":"G83","v":0}]
["Mantenimiento eléctrico ","Limpieza de luminarias, lámparas, reflectores, balastos, transformadores (externa), fusibles, tubos de descarga, cebadores (starter), casquillos, bombillos, interruptores automáticos (breakers), tomas de corriente, extensiones y cableado eléctrico.",null,null,null,null,null,null,null,null,"Mantenimiento eléctrico ","Limpieza de luminarias, lámparas, reflectores, balastos, transformadores (externa), fusibles, tubos de descarga, cebadores (starter), casquillos, bombillos, interruptores automáticos (breakers), tomas de corriente, extensiones y cableado eléctrico.",null,null,{"$f":"E84","v":0},{"$f":"F84","v":0},{"$f":"G84","v":0},null,null,"Mantenimiento eléctrico ","Limpieza de luminarias, lámparas, reflectores, balastos, transformadores (externa), fusibles, tubos de descarga, cebadores (starter), casquillos, bombillos, interruptores automáticos (breakers), tomas de corriente, extensiones y cableado eléctrico.",null,null,{"$f":"E84","v":0},{"$f":"F84","v":0},{"$f":"G84","v":0},null,null,"Mantenimiento eléctrico ","Limpieza de luminarias, lámparas, reflectores, balastos, transformadores (externa), fusibles, tubos de descarga, cebadores (starter), casquillos, bombillos, interruptores automáticos (breakers), tomas de corriente, extensiones y cableado eléctrico.",null,null,{"$f":"E84","v":0},{"$f":"F84","v":0},{"$f":"G84","v":0}]
[null,"Revisión externa de transformadores, cableado e instalaciones eléctricas. Aviso al supervisor del contrato sobre cualquier falla o anomalía.",null,null,null,null,null,null,null,null,null,"Revisión externa de transformadores, cableado e instalaciones eléctricas. Aviso al supervisor del contrato sobre cualquier falla o anomalía.",null,null,0,0,0,null,null,null,"Revisión externa de transformadores, cableado e instalaciones eléctricas. Aviso al supervisor del contrato sobre cualquier falla o anomalía.",null,null,0,0,0,null,null,null,"Revisión externa de transformadores, cableado e instalaciones eléctricas. Aviso al supervisor del contrato sobre cualquier falla o anomalía.",null,null,0,0,0]
["Reparaciones locativas menores.","Inspección de cortinas, cortinas tipo blackout, persianas, tapetes, marcos, puertas, casilleros, vidrios, ventanas, estanterías, repisas, mesas, muebles de oficina, cerraduras, chapas, bisagras, manijas y fallebas para verificar su buen funcionamiento. Aviso al supervisor del contrato sobre cualquier falla o anomalía.",null,null,null,null,null,null,null,null,"Reparaciones locativas menores.","Inspección de cortinas, cortinas tipo blackout, persianas, tapetes, marcos, puertas, casilleros, vidrios, ventanas, estanterías, repisas, mesas, muebles de oficina, cerraduras, chapas, bisagras, manijas y fallebas para verificar su buen funcionamiento. Aviso al supervisor del contrato sobre cualquier falla o anomalía.",null,null,0,0,0,null,null,"Reparaciones locativas menores.","Inspección de cortinas, cortinas tipo blackout, persianas, tapetes, marcos, puertas, casilleros, vidrios, ventanas, estanterías, repisas, mesas, muebles de oficina, cerraduras, chapas, bisagras, manijas y fallebas para verificar su buen funcionamiento. Aviso al supervisor del contrato sobre cualquier falla o anomalía.",null,null,0,0,0,null,null,"Reparaciones locativas menores.","Inspección de cortinas, cortinas tipo blackout, persianas, tapetes, marcos, puertas, casilleros, vidrios, ventanas, estanterías, repisas, mesas, muebles de oficina, cerraduras, chapas, bisagras, manijas y fallebas para verificar su buen funcionamiento. Aviso al supervisor del contrato sobre cualquier falla o anomalía.",null,null,0,0,0]
["Mantenimiento de elementos y equipos ","Inspección de secadores de manos y dispensadores de jabón, líquido antibacterial, papel higiénico, toallas de papel, ambientador y desodorizador de sanitarios para verificar su buen funcionamiento. Aviso al supervisor del contrato sobre cualquier falla o anomalía. ",null,null,null,null,null,null,null,null,"Mantenimiento de elementos y equipos ","Inspección de secadores de manos y dispensadores de jabón, líquido antibacterial, papel higiénico, toallas de papel, ambientador y desodorizador de sanitarios para verificar su buen funcionamiento. Aviso al supervisor del contrato sobre cualquier falla o anomalía. ",null,null,0,0,0,null,null,"Mantenimiento de elementos y equipos ","Inspección de secadores de manos y dispensadores de jabón, líquido antibacterial, papel higiénico, toallas de papel, ambientador y desodorizador de sanitarios para verificar su buen funcionamiento. Aviso al supervisor del contrato sobre cualquier falla o anomalía. ",null,null,0,0,0,null,null,"Mantenimiento de elementos y equipos ","Inspección de secadores de manos y dispensadores de jabón, líquido antibacterial, papel higiénico, toallas de papel, ambientador y desodorizador de sanitarios para verificar su buen funcionamiento. Aviso al supervisor del contrato sobre cualquier falla o anomalía. ",null,null,0,0,0]
[null,"Inspección de estufas, grecas y purificadores de agua para verificar su buen funcionamiento. Aviso al supervisor del contrato sobre cualquier falla o anomalía. ",null,null,null,null,null,null,null,null,null,"Inspección de estufas, grecas y purificadores de agua para verificar su buen funcionamiento. Aviso al supervisor del contrato sobre cualquier falla o anomalía. ",null,null,0,0,0,null,null,null,"Inspección de estufas, grecas y purificadores de agua para verificar su buen funcionamiento. Aviso al supervisor del contrato sobre cualquier falla o anomalía. ",null,null,0,0,0,null,null,null,"Inspección de estufas, grecas y purificadores de agua para verificar su buen funcionamiento. Aviso al supervisor del contrato sobre cualquier falla o anomalía. ",null,null,0,0,0]
[null,"Limpieza interna y extena de los elementos y equipos anteriores. Lubricación de sus partes mecánicas, cambio de filtros, escobillas y resistencias cuando sea necesario y revisión de las conexiones eléctricas. ",null,null,null,null,null,null,null,null,null,"Limpieza interna y extena de los elementos y equipos anteriores. Lubricación de sus partes mecánicas, cambio de filtros, escobillas y resistencias cuando sea necesario y revisión de las conexiones eléctricas. ",null,null,0,0,0,null,null,null,"Limpieza interna y extena de los elementos y equipos anteriores. Lubricación de sus partes mecánicas, cambio de filtros, escobillas y resistencias cuando sea necesario y revisión de las conexiones eléctricas. ",null,null,0,0,0,null,null,null,"Limpieza interna y extena de los elementos y equipos anteriores. Lubricación de sus partes mecánicas, cambio de filtros, escobillas y resistencias cuando sea necesario y revisión de las conexiones eléctricas. ",null,null,0,0,0]
["Limpieza en lugares de difícil acceso","Inspección y limpieza de ventanas,  persianas, cortinas, cortinas tipo balckout, acrílicos, techos, rejillas, canales de ventilación y otros lugares de difícil acceso. Aviso al supervisor del contrato sobre cualquier falla o anomalía. ",null,null,null,null,null,null,null,null,"Limpieza en lugares de difícil acceso","Inspección y limpieza de ventanas,  persianas, cortinas, cortinas tipo balckout, acrílicos, techos, rejillas, canales de ventilación y otros lugares de difícil acceso. Aviso al supervisor del contrato sobre cualquier falla o anomalía. ",null,null,0,0,0,null,null,"Limpieza en lugares de difícil acceso","Inspección y limpieza de ventanas,  persianas, cortinas, cortinas tipo balckout, acrílicos, techos, rejillas, canales de ventilación y otros lugares de difícil acceso. Aviso al supervisor del contrato sobre cualquier falla o anomalía. ",null,null,0,0,0,null,null,"Limpieza en lugares de difícil acceso","Inspección y limpieza de ventanas,  persianas, cortinas, cortinas tipo balckout, acrílicos, techos, rejillas, canales de ventilación y otros lugares de difícil acceso. Aviso al supervisor del contrato sobre cualquier falla o anomalía. ",null,null,0,0,0]
[null,"Limpieza de la fachada de la Entidad Compradora siempre que el operario no implique trabajo en alturas.  ",null,null,null,null,null,null,null,null,null,"Limpieza de la fachada de la Entidad Compradora siempre que el operario no implique trabajo en alturas.  ",null,null,0,0,0,null,null,null,"Limpieza de la fachada de la Entidad Compradora siempre que el operario no implique trabajo en alturas.  ",null,null,0,0,0,null,null,null,"Limpieza de la fachada de la Entidad Compradora siempre que el operario no implique trabajo en alturas.  ",null,null,0,0,0]
["General","Apoyo en las brigadas de mantenimiento que programe la Entidad Compradora. Las actividades ejecutadas por los operarios auxiliar y de mantenimiento deben incluir únicamente las establecidas en este Anexo. ",null,null,null,null,null,null,null,null,"General","Apoyo en las brigadas de mantenimiento que programe la Entidad Compradora. Las actividades ejecutadas por los operarios auxiliar y de mantenimiento deben incluir únicamente las establecidas en este Anexo. ",null,null,0,0,0,null,null,"General","Apoyo en las brigadas de mantenimiento que programe la Entidad Compradora. Las actividades ejecutadas por los operarios auxiliar y de mantenimiento deben incluir únicamente las establecidas en este Anexo. ",null,null,0,0,0,null,null,"General","Apoyo en las brigadas de mantenimiento que programe la Entidad Compradora. Las actividades ejecutadas por los operarios auxiliar y de mantenimiento deben incluir únicamente las establecidas en este Anexo. ",null,null,0,0,0]
[]
["Mantenimiento correctivo ",null,null,null,null,null,null,null,null,null,"Mantenimiento correctivo ",null,null,null,null,null,null,null,null,"Mantenimiento correctivo ",null,null,null,null,null,null,null,null,"Mantenimiento correctivo "]
["Plomería ","Reparación de fugas menores en tuberías, sanitarios, orinales, lavamanos, lavaplatos, duchas, piletas y fuentes.",null,null,null,null,null,null,null,null,"Plomería ","Reparación de fugas menores en tuberías, sanitarios, orinales, lavamanos, lavaplatos, duchas, piletas y fuentes.",null,null,{"$f":"E95","v":0},{"$f":"F95","v":0},{"$f":"G95","v":0},null,null,"Plomería ","Reparación de fugas menores en tuberías, sanitarios, orinales, lavamanos, lavaplatos, duchas, piletas y fuentes.",null,null,{"$f":"E95","v":0},{"$f":"F95","v":0},{"$f":"G95","v":0},null,null,"Plomería ","Reparación de fugas menores en tuberías, sanitarios, orinales, lavamanos, lavaplatos, duchas, piletas y fuentes.",null,null,{"$f":"E95","v":0},{"$f":"F95","v":0},{"$f":"G95","v":0}]
[null,"Reemplazo de piezas dañadas de tuberías, sanitarios, orinales, lavamanos, lavaplatos y duchas.",null,null,null,null,null,null,null,null,null,"Reemplazo de piezas dañadas de tuberías, sanitarios, orinales, lavamanos, lavaplatos y duchas.",null,null,{"$f":"E96","v":0},{"$f":"F96","v":0},{"$f":"G96","v":0},null,null,null,"Reemplazo de piezas dañadas de tuberías, sanitarios, orinales, lavamanos, lavaplatos y duchas.",null,null,{"$f":"E96","v":0},{"$f":"F96","v":0},{"$f":"G96","v":0},null,null,null,"Reemplazo de piezas dañadas de tuberías, sanitarios, orinales, lavamanos, lavaplatos y duchas.",null,null,{"$f":"E96","v":0},{"$f":"F96","v":0},{"$f":"G96","v":0}]
[null,"Reparación de taponamientos en tuberías, sanitarios, orinales, lavaplatos, duchas, sifones, canalizaciones, cunetas, cañerías, piletas y fuentes.  ",null,null,null,null,null,null,null,null,null,"Reparación de taponamientos en tuberías, sanitarios, orinales, lavaplatos, duchas, sifones, canalizaciones, cunetas, cañerías, piletas y fuentes.  ",null,null,0,0,0,null,null,null,"Reparación de taponamientos en tuberías, sanitarios, orinales, lavaplatos, duchas, sifones, canalizaciones, cunetas, cañerías, piletas y fuentes.  ",null,null,0,0,0,null,null,null,"Reparación de taponamientos en tuberías, sanitarios, orinales, lavaplatos, duchas, sifones, canalizaciones, cunetas, cañerías, piletas y fuentes.  ",null,null,0,0,0]
["Mantenimiento eléctrico ","Instalación, reparación, reemplazo y limpieza de luminarias, lámparas, reflectores, balastos, tubos de descarga, cebadores (starter), casquillos, bombillos, interruptores automáticos (breakers), tomas de corriente y fusibles. Reemplazo de insumos y repuestos requeridos para todo lo anterior. ",null,null,null,null,null,null,null,null,"Mantenimiento eléctrico ","Instalación, reparación, reemplazo y limpieza de luminarias, lámparas, reflectores, balastos, tubos de descarga, cebadores (starter), casquillos, bombillos, interruptores automáticos (breakers), tomas de corriente y fusibles. Reemplazo de insumos y repuestos requeridos para todo lo anterior. ",null,null,0,0,0,null,null,"Mantenimiento eléctrico ","Instalación, reparación, reemplazo y limpieza de luminarias, lámparas, reflectores, balastos, tubos de descarga, cebadores (starter), casquillos, bombillos, interruptores automáticos (breakers), tomas de corriente y fusibles. Reemplazo de insumos y repuestos requeridos para todo lo anterior. ",null,null,0,0,0,null,null,"Mantenimiento eléctrico ","Instalación, reparación, reemplazo y limpieza de luminarias, lámparas, reflectores, balastos, tubos de descarga, cebadores (starter), casquillos, bombillos, interruptores automáticos (breakers), tomas de corriente y fusibles. Reemplazo de insumos y repuestos requeridos para todo lo anterior. ",null,null,0,0,0]
[null,"Reparación de cortos menores. ",null,null,null,null,null,null,null,null,null,"Reparación de cortos menores. ",null,null,0,0,0,null,null,null,"Reparación de cortos menores. ",null,null,0,0,0,null,null,null,"Reparación de cortos menores. ",null,null,0,0,0]
[null,"Instalación y traslado de salidas eléctricas. ",null,null,null,null,null,null,null,null,null,"Instalación y traslado de salidas eléctricas. ",null,null,0,0,0,null,null,null,"Instalación y traslado de salidas eléctricas. ",null,null,0,0,0,null,null,null,"Instalación y traslado de salidas eléctricas. ",null,null,0,0,0]
[null,"Reparación de la señal de televisión por daños menores.",null,null,null,null,null,null,null,null,null,"Reparación de la señal de televisión por daños menores.",null,null,0,0,0,null,null,null,"Reparación de la señal de televisión por daños menores.",null,null,0,0,0,null,null,null,"Reparación de la señal de televisión por daños menores.",null,null,0,0,0]
["Reparaciones locativas menores ","Reparaciones menores de resane, enchape y pintura de parades, pisos y techos interiores de las instalaciones.",null,null,null,null,null,null,null,null,"Reparaciones locativas menores ","Reparaciones menores de resane, enchape y pintura de parades, pisos y techos interiores de las instalaciones.",null,null,0,0,0,null,null,"Reparaciones locativas menores ","Reparaciones menores de resane, enchape y pintura de parades, pisos y techos interiores de las instalaciones.",null,null,0,0,0,null,null,"Reparaciones locativas menores ","Reparaciones menores de resane, enchape y pintura de parades, pisos y techos interiores de las instalaciones.",null,null,0,0,0]
[null,"Ajuste y desmonte de marcos, puertas, vidrios y ventanas.",null,null,null,null,null,null,null,null,null,"Ajuste y desmonte de marcos, puertas, vidrios y ventanas.",null,null,0,0,0,null,null,null,"Ajuste y desmonte de marcos, puertas, vidrios y ventanas.",null,null,0,0,0,null,null,null,"Ajuste y desmonte de marcos, puertas, vidrios y ventanas.",null,null,0,0,0]
[null,"Instalación o reparaciones de persianas, cortinas, cortinas tipo blackout y tapetes. ",null,null,null,null,null,null,null,null,null,"Instalación o reparaciones de persianas, cortinas, cortinas tipo blackout y tapetes. ",null,null,0,0,0,null,null,null,"Instalación o reparaciones de persianas, cortinas, cortinas tipo blackout y tapetes. ",null,null,0,0,0,null,null,null,"Instalación o reparaciones de persianas, cortinas, cortinas tipo blackout y tapetes. ",null,null,0,0,0]
[null,"Instalación o reparaciones de repisas, estanterías, casilleros, sillas, mesas y otros muebles de oficina. ",null,null,null,null,null,null,null,null,null,"Instalación o reparaciones de repisas, estanterías, casilleros, sillas, mesas y otros muebles de oficina. ",null,null,0,0,0,null,null,null,"Instalación o reparaciones de repisas, estanterías, casilleros, sillas, mesas y otros muebles de oficina. ",null,null,0,0,0,null,null,null,"Instalación o reparaciones de repisas, estanterías, casilleros, sillas, mesas y otros muebles de oficina. ",null,null,0,0,0]
[null,"Instalación o reparaciones de cerraduras, chapas, manijas, bisagras y fallebas de puertas, escritorios, archivadores, casilleros y similares. Cambio de todo tipo de guardas y cerraduras si es requerido.",null,null,null,null,null,null,null,null,null,"Instalación o reparaciones de cerraduras, chapas, manijas, bisagras y fallebas de puertas, escritorios, archivadores, casilleros y similares. Cambio de todo tipo de guardas y cerraduras si es requerido.",null,null,0,0,0,null,null,null,"Instalación o reparaciones de cerraduras, chapas, manijas, bisagras y fallebas de puertas, escritorios, archivadores, casilleros y similares. Cambio de todo tipo de guardas y cerraduras si es requerido.",null,null,0,0,0,null,null,null,"Instalación o reparaciones de cerraduras, chapas, manijas, bisagras y fallebas de puertas, escritorios, archivadores, casilleros y similares. Cambio de todo tipo de guardas y cerraduras si es requerido.",null,null,0,0,0]
["Mantenimiento de elementos y equipos ","Instalación o reemplazo de secadores de manos y dispensadores de jabón, líquido antibacterial, papel higiénico, toallas de papel, ambientador y desodorizador de sanitarios. Reemplazo de insumos y repuestos requeridos para todo lo anterior. ",null,null,null,null,null,null,null,null,"Mantenimiento de elementos y equipos ","Instalación o reemplazo de secadores de manos y dispensadores de jabón, líquido antibacterial, papel higiénico, toallas de papel, ambientador y desodorizador de sanitarios. Reemplazo de insumos y repuestos requeridos para todo lo anterior. ",null,null,0,0,0,null,null,"Mantenimiento de elementos y equipos ","Instalación o reemplazo de secadores de manos y dispensadores de jabón, líquido antibacterial, papel higiénico, toallas de papel, ambientador y desodorizador de sanitarios. Reemplazo de insumos y repuestos requeridos para todo lo anterior. ",null,null,0,0,0,null,null,"Mantenimiento de elementos y equipos ","Instalación o reemplazo de secadores de manos y dispensadores de jabón, líquido antibacterial, papel higiénico, toallas de papel, ambientador y desodorizador de sanitarios. Reemplazo de insumos y repuestos requeridos para todo lo anterior. ",null,null,0,0,0]
[null,"Instalación, reparación o reemplazo de grecas, estufas y purificadores de agua. Reemplazo de sus insumos y repuestos. ",null,null,null,null,null,null,null,null,null,"Instalación, reparación o reemplazo de grecas, estufas y purificadores de agua. Reemplazo de sus insumos y repuestos. ",null,null,0,0,0,null,null,null,"Instalación, reparación o reemplazo de grecas, estufas y purificadores de agua. Reemplazo de sus insumos y repuestos. ",null,null,0,0,0,null,null,null,"Instalación, reparación o reemplazo de grecas, estufas y purificadores de agua. Reemplazo de sus insumos y repuestos. ",null,null,0,0,0]
["Traslado de materiales y adecuación de espacios","Traslado de muebles, instalación, reparación y adecuación de páneles y módulos de oficina (puestos de trabajo).",null,null,null,null,null,null,null,null,"Traslado de materiales y adecuación de espacios","Traslado de muebles, instalación, reparación y adecuación de páneles y módulos de oficina (puestos de trabajo).",null,null,0,0,0,null,null,"Traslado de materiales y adecuación de espacios","Traslado de muebles, instalación, reparación y adecuación de páneles y módulos de oficina (puestos de trabajo).",null,null,0,0,0,null,null,"Traslado de materiales y adecuación de espacios","Traslado de muebles, instalación, reparación y adecuación de páneles y módulos de oficina (puestos de trabajo).",null,null,0,0,0]
[null,"Habilitar bodegas, lugares de archivo, salas de reunión, auditorios y salones comunes según lo requiera la Entidad Compradora.",null,null,null,null,null,null,null,null,null,"Habilitar bodegas, lugares de archivo, salas de reunión, auditorios y salones comunes según lo requiera la Entidad Compradora.",null,null,0,0,0,null,null,null,"Habilitar bodegas, lugares de archivo, salas de reunión, auditorios y salones comunes según lo requiera la Entidad Compradora.",null,null,0,0,0,null,null,null,"Habilitar bodegas, lugares de archivo, salas de reunión, auditorios y salones comunes según lo requiera la Entidad Compradora.",null,null,0,0,0]
[]
["Describa los elementos, equipos y maquinaria que requiere la sede de la Entidad Compradora para las actividades de mantenimiento básico locativo, de acuerdo con lo establecido en el Acuerdo Marco de Precios",null,null,null,null,null,null,null,null,null,"Describa los elementos, equipos y maquinaria que requiere la sede de la Entidad Compradora para las actividades de mantenimiento básico locativo, de acuerdo con lo establecido en el Acuerdo Marco de Precios",null,null,null,null,null,null,null,null,"Describa los elementos, equipos y maquinaria que requiere la sede de la Entidad Compradora para las actividades de mantenimiento básico locativo, de acuerdo con lo establecido en el Acuerdo Marco de Precios",null,null,null,null,null,null,null,null,"Describa los elementos, equipos y maquinaria que requiere la sede de la Entidad Compradora para las actividades de mantenimiento básico locativo, de acuerdo con lo establecido en el Acuerdo Marco de Precios"]
[]
[]
[]
[]
[]
[]
["Servicios Especiales",null,null,null,null,null,null,null,null,null,"Servicios Especiales",null,null,null,null,null,null,null,null,"Servicios Especiales",null,null,null,null,null,null,null,null,"Servicios Especiales"]
[]
[]
[]
["Fumigación",null,"Marque con una X","M2 de área interior","M2 de área exterior","Detalles y observaciones",null,null,null,null,"Fumigación",null,"Marque con una X","M2 de área interior","M2 de área exterior","Detalles y observaciones",null,null,null,"Fumigación",null,"Marque con una X","M2 de área interior","M2 de área exterior","Detalles y observaciones",null,null,null,"Fumigación",null,"Marque con una X","M2 de área interior","M2 de área exterior","Detalles y observaciones"]
["Roedores",null,null,null,null,null,null,null,null,null,"Roedores",null,{"$f":"C124","v":0},null,null,null,null,null,null,"Roedores",null,{"$f":"C124","v":0},null,null,null,null,null,null,"Roedores",null,{"$f":"C124","v":0}]
["Insectos rastreros y voladores",null,null,null,null,null,null,null,null,null,"Insectos rastreros y voladores",null,{"$f":"C125","v":0},null,null,null,null,null,null,"Insectos rastreros y voladores",null,{"$f":"C125","v":0},null,null,null,null,null,null,"Insectos rastreros y voladores",null,{"$f":"C125","v":0}]
["Desinfección ambiental",null,null,null,null,null,null,null,null,null,"Desinfección ambiental",null,{"$f":"C126","v":0},null,null,null,null,null,null,"Desinfección ambiental",null,{"$f":"C126","v":0},null,null,null,null,null,null,"Desinfección ambiental",null,{"$f":"C126","v":0}]
[]
[]
["Jardinería ",null,"Marque con una X","Equipos o materiales",null,"Detalles y observaciones",null,null,null,null,"Jardinería ",null,"Marque con una X","Equipos o materiales",null,"Detalles y observaciones",null,null,null,"Jardinería ",null,"Marque con una X","Equipos o materiales",null,"Detalles y observaciones",null,null,null,"Jardinería ",null,"Marque con una X","Equipos o materiales",null,"Detalles y observaciones"]
["Poda de prado, bordes, cercas vivas y plantas (no incluye trabajo en alturas). ",null,null,null,null,null,null,null,null,null,"Poda de prado, bordes, cercas vivas y plantas (no incluye trabajo en alturas). ",null,{"$f":"C130","v":0},null,null,null,null,null,null,"Poda de prado, bordes, cercas vivas y plantas (no incluye trabajo en alturas). ",null,{"$f":"C130","v":0},null,null,null,null,null,null,"Poda de prado, bordes, cercas vivas y plantas (no incluye trabajo en alturas). ",null,{"$f":"C130","v":0}]
["Aplicación de fertilizantes de uso común (la tarifa debe incluir un estimado 500 gramos de fertilizante al año por metro cuadrado). ",null,null,null,null,null,null,null,null,null,"Aplicación de fertilizantes de uso común (la tarifa debe incluir un estimado 500 gramos de fertilizante al año por metro cuadrado). ",null,0,null,null,null,null,null,null,"Aplicación de fertilizantes de uso común (la tarifa debe incluir un estimado 500 gramos de fertilizante al año por metro cuadrado). ",null,0,null,null,null,null,null,null,"Aplicación de fertilizantes de uso común (la tarifa debe incluir un estimado 500 gramos de fertilizante al año por metro cuadrado). ",null,0]
["Remoción de tierra para oxigenación. ",null,null,null,null,null,null,null,null,null,"Remoción de tierra para oxigenación. ",null,0,null,null,null,null,null,null,"Remoción de tierra para oxigenación. ",null,0,null,null,null,null,null,null,"Remoción de tierra para oxigenación. ",null,0]
["Trasplante y reemplazo de plantas. (No incluye trasplante de árboles, ni arbustos con una altura superior a un metro, no incluye suministro de plantas)",null,null,null,null,null,null,null,null,null,"Trasplante y reemplazo de plantas. (No incluye trasplante de árboles, ni arbustos con una altura superior a un metro, no incluye suministro de plantas)",null,0,null,null,null,null,null,null,"Trasplante y reemplazo de plantas. (No incluye trasplante de árboles, ni arbustos con una altura superior a un metro, no incluye suministro de plantas)",null,0,null,null,null,null,null,null,"Trasplante y reemplazo de plantas. (No incluye trasplante de árboles, ni arbustos con una altura superior a un metro, no incluye suministro de plantas)",null,0]
["Traslado, mantenimiento y limpieza de macetas, jardineras y soportes. Descarte de agua de los recipientes recibidores.  ",null,null,null,null,null,null,null,null,null,"Traslado, mantenimiento y limpieza de macetas, jardineras y soportes. Descarte de agua de los recipientes recibidores.  ",null,0,null,null,null,null,null,null,"Traslado, mantenimiento y limpieza de macetas, jardineras y soportes. Descarte de agua de los recipientes recibidores.  ",null,0,null,null,null,null,null,null,"Traslado, mantenimiento y limpieza de macetas, jardineras y soportes. Descarte de agua de los recipientes recibidores.  ",null,0]
["Revisión de humedad y riego de plantas, prados y árboles.",null,null,null,null,null,null,null,null,null,"Revisión de humedad y riego de plantas, prados y árboles.",null,0,null,null,null,null,null,null,"Revisión de humedad y riego de plantas, prados y árboles.",null,0,null,null,null,null,null,null,"Revisión de humedad y riego de plantas, prados y árboles.",null,0]
["Aplicación de plaguicidas y funguicidas de uso común.",null,null,null,null,null,null,null,null,null,"Aplicación de plaguicidas y funguicidas de uso común.",null,0,null,null,null,null,null,null,"Aplicación de plaguicidas y funguicidas de uso común.",null,0,null,null,null,null,null,null,"Aplicación de plaguicidas y funguicidas de uso común.",null,0]
["Empaque y traslado de desechos producto de la prestación del servicio hasta los lugares de recolección. ",null,null,null,null,null,null,null,null,null,"Empaque y traslado de desechos producto de la prestación del servicio hasta los lugares de recolección. ",null,0,null,null,null,null,null,null,"Empaque y traslado de desechos producto de la prestación del servicio hasta los lugares de recolección. ",null,0,null,null,null,null,null,null,"Empaque y traslado de desechos producto de la prestación del servicio hasta los lugares de recolección. ",null,0]

{"sheet":"Detalle Bienes de Aseo y Caf","index":2,"n_rows":423,"n_cols":12,"rows_kept":423,"cut":false,"hidden":false,"merged":[[421,0,421,5],[1,0,1,6],[2,0,2,4],[6,2,8,4],[3,0,3,4],[6,0,8,1]]}
[]
["FORMATO DE COTIZACIÓN"]
[]
["3. Bienes de Aseo y Cafetería"]
[]
[]
["Observaciones"]
[]
[]
[]
[null,null,null,null,null,null,null,null,"Detalle Sede","Detalle Sede","Detalle Sede","Detalle Sede"]
[]
["No.","Bien","Especificación ","Presentación ","Cantidad Mensual","Precio unitario","Total",null,"Sede 1","Sede 2","Sede 3","Sede 4"]
[0,"Jardineria mt2","Servicio especializado de jardinería en metros cuadrados.","Metros cuadrados",{"$f":"SUM(I14:L14)","v":0},null,null,null,{"$f":"'Solicitud de Cotización General'!J56","v":0},{"$f":"'Solicitud de Cotización General'!K56","v":0},{"$f":"'Solicitud de Cotización General'!L56","v":0},{"$f":"'Solicitud de Cotización General'!M56","v":0}]
[1,"Jabón para loza 1 (Compra)","- Con agente(s) tensoactivo(s) principal(es) con efecto limpiador y desengrasante en una concentración mínima del 8%.\n- Disponible en mínimo (2) dos fragancias\n- El envase debe estar correctamente etiquetado bajo los parámetros establecidos en el sistema globalmente armonizado (Decreto 1496 de 2018) indicando: nombre comercial del producto, pictogramas de los compuestos peligrosos si aplica e instrucciones de uso de acuerdo con los tiempos de transición descritos en el artículo 24 de la Resolución 773 de 2021.\n- Debe contener concentraciones de fósforo iguales o inferiores a 0.65% de fósforo (Resolución 0689 de 2016)","Líquido, en recipiente plástico con capacidad mínima de 3.785 ml",{"$f":"SUM(I15:L15)","v":0}]
[2,"Jabón para loza 2 (Compra)","- Con agente(s) tensoactivo(s) principal(es) con efecto limpiador y desengrasante en una concentración mínima del 8%.\n- Disponible en mínimo (2) dos fragancias\n- El envase debe estar correctamente etiquetado bajo los parámetros establecidos en el sistema globalmente armonizado (Decreto 1496 de 2018) indicando: nombre comercial del producto, pictogramas de los compuestos peligrosos si aplica e instrucciones de uso de acuerdo con los tiempos de transición descritos en el artículo 24 de la Resolución 773 de 2021.\n- Debe contener concentraciones de fósforo iguales o inferiores a 0.65% de fósforo (Resolución 0689 de 2016)","Líquido, en recipiente plástico de mínimo 500 ml",4,null,null,null,1,1,1,1]
[3,"Jabón para loza 3 (Compra)"," - Con agente(s) tensoactivo(s) principal(es) con efecto limpiador y desengrasante en una concentración mínima del 15%.\n - Disponible en mínimo (2) dos fragancias\n- El envase debe estar correctamente etiquetados bajo los parámetros establecidos en el sistema globalmente armonizado (Decreto 1496 de 2018) indicando: nombre comercial del producto, pictogramas de los compuestos peligrosos si aplica e instrucciones de uso.\n- Debe contener concentraciones de fósforo iguales o inferiores a 0.65% de fósforo (Resolución 0689 de 2016)","Crema, en recipiente plástico de mínimo 850 g",0]
[4,"Jabón para loza 4 (Compra)","- Con agente(s) tensoactivo(s) con efecto limpiador y desengrasante. \n- Disponible en múltiples fragancias. \n- El envase debe estar correctamente etiquetado bajo los parámetros establecidos en el sistema globalmente armonizado (Decreto 1496 de 2018) indicando: nombre comercial del producto, pictogramas de los compuestos peligrosos si aplica e instrucciones de uso de acuerdo con los tiempos de transición descritos en el artículo 24 de la Resolución 773 de 2021.\n- Elaborado en material reciclable\n- Con etiqueta de amigable con el ambiente\n- Debe contener concentraciones de fósforo iguales o inferiores a 0.65% de fósforo (Resolución 0689 de 2016)","Crema, en recipiente plástico de mínimo 1000 g",0]
[5,"Jabón en barra (Compra)","-Composición de ácidos grasos de mínimo 50%.\n- Debe contener concentraciones de fósforo iguales o inferiores a 0.65% de fósforo (Resolución 0689 de 2016)","Barra, unidad con peso mínimo de 250 g en\nenvoltura individual",8,null,null,null,2,2,2,2]
[6,"Jabón en barra azul (Compra)","- Todo tipo de uso\n- Biodegradable\n- No debe contener PVC o Poliestireno expandido u otros plásticos de un solo uso tanto en el envase como en el embalaje.\n- Debe contener concentraciones de fósforo iguales o inferiores a 0.65% de fósforo (Resolución 0689 de 2016)","Barra, unidad con peso mínimo de 250 g en\nenvoltura individual",0]
[7,"Jabón abrasivo (Compra)","-Con agente(s) tensoactivo(s) pincipal(es) con efecto limpiador, pulidor y desengrasante\n- Con agente activo mínimo del 5%\n- Debe contener concentraciones de fósforo iguales o inferiores a 0.65% de fósforo (Resolución 0689 de 2016)","En polvo, en tarro de mínimo 500 g",4,null,null,null,1,1,1,1]
[8,"Jabón de tocador 1 (Compra)"," - Elaborado con grasas vegetales\n - Con agente humectante\n - pH modificar entre PH 5,5 a 7\n - Disponible en mínimo (2) dos fragancias\n - Debe estar  correctamente etiquetados bajo los parámetros indicando: nombre comercial del producto, pictogramas de los compuestos peligrosos e instrucciones de uso\n- Debe contener concentraciones de fósforo iguales o inferiores a 0.65% de fósforo (Resolución 0689 de 2016)","Barra, unidad con peso mínimo de 125 g en envoltura individual",0]
[9,"Jabón de tocador 2 (Compra)","- Jabón de tocador para manos en espuma\n- Líquido para manos en bolsa para dispensador spray y con boquilla especial de dispensador\n- Tapa tipo válvula, para dispensador, antibacterial y antiséptico \n- Con agente limpiador en una concentración mínima del 6%\n- Con agente humectante en una concentración mínima del 3%\n- Disponible en múltiples fragancias\n- Producto biodegradable basado en ingredientes orgánicos\n- El envase debe estar correctamente etiquetado bajo los parámetros establecidos en el sistema globalmente armonizado (Decreto 1496 de 2018) indicando: nombre comercial del producto, pictogramas de los compuestos peligrosos si aplica e instrucciones de uso de acuerdo con los tiempos de transición descritos en el artículo 24 de la Resolución 773 de 2021.\n- Elaborado en material reciclable\n- No debe contener PVC, Poliestireno expandido u otros plásticos de un solo uso tanto en el envase como en el embalaje.\n- Debe contener concentraciones de fósforo iguales o inferiores a 0.65% de fósforo (Resolución 0689 de 2016)","Líquido, en bolsa  con capacidad mínima de 800 ml",0]
[10,"Jabón de dispensador para manos 1 (Compra)","- Con agente limpiador en una concentración mínima del 6%\n- Con agente humectante en una concentración mínima del 3%\n- pH entre 5,5 a 7\n- Disponible en mínimo (2) dos fragancias\n- Debe contener concentraciones de fósforo iguales o inferiores a 0.65% de fósforo (Resolución 0689 de 2016)","Líquido, en recipiente plástico con dispensador y capacidad mínima de 500 ml",4,null,null,null,1,1,1,1]
[11,"Jabón de dispensador para manos 2 (Compra)","- Con agente limpiador en una concentración mínima del 6%\n- Con agente humectante en una concentración mínima del 3%\n- pH entre 5,5 a 7\n- Disponible en mínimo (2) dos fragancias\n- Debe contener concentraciones de fósforo iguales o inferiores a 0.65% de fósforo (Resolución 0689 de 2016)","Líquido, en recipiente plástico con capacidad mínima de 3.785 ml",0]
[12,"Jabón de dispensador para manos 3 (Compra)","- Con agente limpiador en una concentración mínima del 6%.\n- Con agente antibacterial en una concentración mínima del 0,2%\n- Con agente humectante en una concentración mínima del 3%\n- pH entre 5,5 a 7\n- Disponible en mínimo (2) dos fragancias\n- Debe contener concentraciones de fósforo iguales o inferiores a 0.65% de fósforo (Resolución 0689 de 2016)","Líquido, en recipiente plástico con capacidad mínima de 3.785 ml",0]
[13,"Gel antibacterial para manos (Compra)","- Con agente antibacterial en una concentración mínima del 0,2%\n- Con agente humectante\n- pH entre 5, 5 a 7\n- Con fragancia","Gel, en recipiente plástico con capacidad mínima de 3.785 ml",0]
[14,"Dispensador de gel antibacterial para manos (Compra)","- Material: Plástico\n- Tipo de instalación: De pared\n- Incluye Chazos y tornillos\n- Con visor para determinar el nivel del líquido\n- Con ventanilla en la parte superior para añadir el gel \n- Funcionamiento: Manual","Recipiente con capacidad mínima de 500 ml (Unidad)",0]
[15,"Limpiador multiusos 1 (Compra)","- Con agente(s) tensoactivo(s) principal(es) con efecto limpiador en una concentración mínima del 8%\n- Disponible en mínimo (2) dos fragancias\n- El envase debe estar correctamente etiquetado bajo los parámetros establecidos en el sistema globalmente armonizado (Decreto 1496 de 2018) indicando: nombre comercial del producto, pictogramas de los compuestos peligrosos si aplica e instrucciones de uso de acuerdo con los tiempos de transición descritos en el artículo 24 de la Resolución 773 de 2021.","Líquido, en recipiente plástico con capacidad mínima de 3.785 ml ",0]
[16,"Limpiador multiusos 2 (Compra)","- Con agente(s) tensoactivo(s) principal(es) con efecto limpiador y desengrasante en una concentración mínima del 8%\n- Disponible en mínimo (2) dos fragancias\n- El envase debe estar correctamente etiquetado bajo los parámetros establecidos en el sistema globalmente armonizado (Decreto 1496 de 2018) indicando: nombre comercial del producto, pictogramas de los compuestos peligrosos si aplica e instrucciones de uso de acuerdo con los tiempos de transición descritos en el artículo 24 de la Resolución 773 de 2021.","Líquido, en recipiente plástico con capacidad mínima de 500 ml, con\natomizador de pistola.",4,null,null,null,1,1,1,1]
[17,"Limpiador multiusos 3 (Compra)","- Con agente(s) tensoactivo(s) principal(es) con efecto limpiador y desengrasante en una concentración mínima del 8%\n- Disponible en mínimo (2) dos fragancias\n- El envase debe estar correctamente etiquetado bajo los parámetros establecidos en el sistema globalmente armonizado (Decreto 1496 de 2018) indicando: nombre comercial del producto, pictogramas de los compuestos peligrosos si aplica e instrucciones de uso de acuerdo con los tiempos de transición descritos en el artículo 24 de la Resolución 773 de 2021.","Líquido, en recipiente plástico de repuesto  con capacidad mínima de 500 ml",4,null,null,null,1,1,1,1]
[18,"Limpiador desinfectante para pisos (Compra)","- Apariencia: Líquido transparente\n- Color y olor: De acuerdo a la fragancia\n- Producto biodegradable que no afectas la capa de ozono\n- Solubilidad: Total en agua\n- PH: 7.5 - 8.5\n- Composición: Tensoactivos, espesante, coadyuvante, colorante \n- El envase debe estar correctamente etiquetado bajo los parámetros establecidos en el sistema globalmente armonizado (Decreto 1496 de 2018) indicando: nombre comercial del producto, pictogramas de los compuestos peligrosos si aplica e instrucciones de uso de acuerdo con los tiempos de transición descritos en el artículo 24 de la Resolución 773 de 2021.\n- Elaborado en material reciclable\n- No debe contener PVC, poliestireno expandido u otros plásticos de un solo uso tanto en el envase como en el embalaje.","Líquido, en garrafa  con capacidad mínima de 3.785 ml",0]
[19,"Líquido desengrasante (Compra)"," - Con agente(s) tensoactivo(s) principal(es) con efecto limpiador y desengrasante en una concentración mínima del 10%\n- El envase debe estar correctamente etiquetado bajo los parámetros establecidos en el sistema globalmente armonizado (Decreto 1496 de 2018) indicando: nombre comercial del producto, pictogramas de los compuestos peligrosos si aplica e instrucciones de uso de acuerdo con los tiempos de transición descritos en el artículo 24 de la Resolución 773 de 2021.\n- Debe contener concentraciones de fósforo iguales o inferiores a 0.65% de fósforo (Resolución 0689 de 2016)","Líquido, en recipiente plástico con capacidad mínima de 3.785 ml",0]
[20,"Crema desengrasante (Compra)","- Disponible en múltiples fragancias \n- Limpia y desengrasa todos los metales, plásticos, gomas, vidrio, cerámica y madera \n- El envase debe estar correctamente etiquetado bajo los parámetros establecidos en el sistema globalmente armonizado (Decreto 1496 de 2018) indicando: nombre comercial del producto, pictogramas de los compuestos peligrosos si aplica e instrucciones de uso de acuerdo con los tiempos de transición descritos en el artículo 24 de la Resolución 773 de 2021.\n- Elaborado en material reciclable o biodegradable\n- No debe contener PVC o Poliestireno expandido u otros plásticos de un solo uso tanto en el envase como en el embalaje. ","Crema, en recipiente reciclable o biodegadable con capacidad mínima de 500 g",0]
[21,"Detergente multiusos en polvo (Compra)"," - Con agente tensoactivo de mínimo 60% de biodegradabilidad\n  -Con efecto limpiador de mínimo 9%.\n -  El  envase del producto deberá estar correctamente etiquetado bajo los parámetros: nombre comercial del producto, pictogramas de los compuestos peligrosos e instrucciones de uso\n- Debe contener concentraciones de fósforo iguales o inferiores a 0.65% de fósforo (Resolución 0689 de 2016)\n","Polvo, en bolsa plástica o recipiente plástico\ncon un peso de 1.000 g",0]
[22,"Limpiador desinfectante para uso general 1 (Compra)","- Con agente(s) tensoactivo(s) con efecto antibacterial en una concentración mínima del 0,2%\n- Con agente(s) tensoactivo(s) con efecto limpiador y desengrasante en una concentración mínima del 1,5%\n- El envase debe estar correctamente etiquetado bajo los parámetros establecidos en el sistema globalmente armonizado (Decreto 1496 de 2018) indicando: nombre comercial del producto, pictogramas de los compuestos peligrosos si aplica e instrucciones de uso de acuerdo con los tiempos de transición descritos en el artículo 24 de la Resolución 773 de 2021.","Líquido, en recipiente plástico con capacidad mínima de 3.785 ml",0]
[23,"Limpiador desinfectante para uso general 2 (Compra)","- Con agente(s) tensoactivo(s) con efecto antibacterial en una concentración mínima del 0,2%\n- Con agente(s) tensoactivo(s) con efecto limpiador y desengrasante en una concentración mínima del 1,5%\n- El envase debe estar correctamente etiquetado bajo los parámetros establecidos en el sistema globalmente armonizado (Decreto 1496 de 2018) indicando: nombre comercial del producto, pictogramas de los compuestos peligrosos si aplica e instrucciones de uso de acuerdo con los tiempos de transición descritos en el artículo 24 de la Resolución 773 de 2021.","Líquido, en recipiente plástico con capacidad mínima de 500 ml, con atomizador de pistola.",4,null,null,null,1,1,1,1]
[24,"Limpiador desinfectante para uso general 3 (Compra)","- Con agente(s) tensoactivo(s) con efecto antibacterial en una concentración mínima del 0,2%\n- Con agente(s) tensoactivo(s) con efecto limpiador y desengrasante en una concentración mínima del 1,5%\n- El envase debe estar correctamente etiquetado bajo los parámetros establecidos en el sistema globalmente armonizado (Decreto 1496 de 2018) indicando: nombre comercial del producto, pictogramas de los compuestos peligrosos si aplica e instrucciones de uso de acuerdo con los tiempos de transición descritos en el artículo 24 de la Resolución 773 de 2021.","Líquido, en recipiente plástico con capacidad mínima de 500 ml",0]
[25,"Desinfectante de alto nivel de desinfección para uso hospitalario (Compra)"," - Con agentes bactericidas, fungicidas, tubercolicidas, esporicidas y virucidas.\n - Sin fragacia\n- El envase debe estar correctamente etiquetado bajo los parámetros establecidos en el sistema globalmente armonizado (Decreto 1496 de 2018) indicando: nombre comercial del producto, pictogramas de los compuestos peligrosos si aplica e instrucciones de uso de acuerdo con los tiempos de transición descritos en el artículo 24 de la Resolución 773 de 2021.","Líquido, en recipiente plástico con capacidad\nmínima de 3.785 ml",0]
[26,"Pastilla desinfectante para sanitario (Compra)","- Con agentes bactericidas, fungicidas y virucidas.","Unidad con peso mínimo de 45 g",12,null,null,null,3,3,3,3]
[27,"Líquido para limpiar vidrios 1 (Compra)","- Con agente(s) principal(es) con efecto limpiador y desengrasante en una concentración mínima del 4%\n- Disponible mínimo en dos (2) fragancias\n - El envase debe estar  correctamente etiquetados bajo los parámetros establecidos en el sistema globalmente armonizado indicando: nombre comercial del producto, pictogramas de los compuestos peligrosos e instrucciones de uso","Líquido, en recipiente plástico con capacidad mínima de 3.785 ml",0]
[28,"Líquido para limpiar vidrios 2 (Compra)","- Con agente(s) principal(es) con efecto limpiador y desengrasante en una concentración mínima del 4%\n- Disponible mínimo en dos (2) fragancias\n- El envase debe estar correctamente etiquetado bajo los parámetros establecidos en el sistema globalmente armonizado (Decreto 1496 de 2018) indicando: nombre comercial del producto, pictogramas de los compuestos peligrosos si aplica e instrucciones de uso de acuerdo con los tiempos de transición descritos en el artículo 24 de la Resolución 773 de 2021.","Líquido, en recipiente plástico con capacidad mínima de 500 ml, con\natomizador de pistola.",4,null,null,null,1,1,1,1]
[29,"Líquido para limpiar vidrios 3 (Compra)","- Con agente(s) principal(es) con efecto limpiador y desengrasante en una concentración mínima del 4%\n- Disponible mínimo en dos (2) fragancias\n- El envase debe estar correctamente etiquetado bajo los parámetros establecidos en el sistema globalmente armonizado (Decreto 1496 de 2018) indicando: nombre comercial del producto, pictogramas de los compuestos peligrosos si aplica e instrucciones de uso de acuerdo con los tiempos de transición descritos en el artículo 24 de la Resolución 773 de 2021.","Líquido, en recipiente plástico de repuesto con capacidad mínima\nde 500 ml",0]
[30,"Blanqueador o hipoclorito 1 (Compra)","- Solución con una concentración mínima del 5%\n - El  envase del producto deberá estar correctamente etiquetado, indicando: nombre comercial del producto, pictogramas de los compuestos peligrosos e instrucciones de uso\n- El envase debe estar correctamente etiquetado bajo los parámetros establecidos en el sistema globalmente armonizado (Decreto 1496 de 2018) indicando: nombre comercial del producto, pictogramas de los compuestos peligrosos si aplica e instrucciones de uso de acuerdo con los tiempos de transición descritos en el artículo 24 de la Resolución 773 de 2021.","Líquido, en recipiente plástico con capacidad\nmínima de 3.785 ml",4,null,null,null,1,1,1,1]
[31,"Blanqueador o hipoclorito 2 (Compra)","- Solución con una concentración mínima del 5%\n - El  envase del producto deberá estar correctamente etiquetado, indicando: nombre comercial del producto, pictogramas de los compuestos peligrosos e instrucciones de uso\n- El envase debe estar correctamente etiquetado bajo los parámetros establecidos en el sistema globalmente armonizado (Decreto 1496 de 2018) indicando: nombre comercial del producto, pictogramas de los compuestos peligrosos si aplica e instrucciones de uso de acuerdo con los tiempos de transición descritos en el artículo 24 de la Resolución 773 de 2021.","Líquido, en recipiente plástico con capacidad\nmínima de 1.000 ml",0]
[32,"Blanqueador o hipoclorito 3 (Compra)","- Granulado con una concentración mínima del 90%\n - El  envase del producto deberá estar correctamente etiquetado, indicando: nombre comercial del producto, pictogramas de los compuestos peligrosos e instrucciones de uso\n- El envase debe estar correctamente etiquetado bajo los parámetros establecidos en el sistema globalmente armonizado (Decreto 1496 de 2018) indicando: nombre comercial del producto, pictogramas de los compuestos peligrosos si aplica e instrucciones de uso de acuerdo con los tiempos de transición descritos en el artículo 24 de la Resolución 773 de 2021.","ganulado, en bolsa plástica de mínimo\n1.000 g",0]
[33,"Alcohol industrial 1 (Compra)"," - Solución acuosa de alcohol etílico desnaturalizado con una concentración mínima de 70%\n - Desnaturalizado","Líquido, en recipiente plástico con capacidad mínima de 3.785 ml",0]
[34,"Alcohol industrial 2 (Compra)","- Solución acuosa de alcohol etílico desnaturalizado con una concentración mínima de 70%\n- Desnaturalizado","Líquido, en recipiente plástico con capacidad mínima de 1000ml",0]
[35,"Creolina 1 (Compra)","- Solución con una concentración mínima de fenoles de 4%","Líquido, en recipiente\nplástico con capacidad mínima de 500 ml",0]
[36,"Creolina 2 (Compra)","- Solución con una concentración mínima de fenoles de 4%","Líquido, en recipiente plástico con capacidad\nmínima de 3.785 ml",0]
[37,"Líquido para limpiar equipos de oficina 1 (Compra)"," - Con agente(s) principal(es) con efecto limpiador, desengrasante y desinfectante en una concentración mínima del 4%\n- El envase debe estar correctamente etiquetado bajo los parámetros establecidos en el sistema globalmente armonizado (Decreto 1496 de 2018) indicando: nombre comercial del producto, pictogramas de los compuestos peligrosos si aplica e instrucciones de uso de acuerdo con los tiempos de transición descritos en el artículo 24 de la Resolución 773 de 2021.","Líquido, en recipiente plástico con capacidad mínima de 500 ml con\natomizador",4,null,null,null,1,1,1,1]
[38,"Líquido para limpiar equipos de oficina 2 (Compra)"," - Con agente(s) principal(es) con efecto limpiador, desengrasante y desinfectante en una concentración mínima del 4%\n- El envase debe estar correctamente etiquetado bajo los parámetros establecidos en el sistema globalmente armonizado (Decreto 1496 de 2018) indicando: nombre comercial del producto, pictogramas de los compuestos peligrosos si aplica e instrucciones de uso de acuerdo con los tiempos de transición descritos en el artículo 24 de la Resolución 773 de 2021.","Líquido, en recipiente plástico con capacidad\nmínima de 500 ml",0]
[39,"Champú para alfombras y tapizados 1 (Compra)","- Con agente(s) principal(es) con efecto limpiador en una concentración mínima del 8%\n - El envase debe estar  correctamente etiquetado: nombre comercial del producto, pictogramas de los compuestos peligrosos e instrucciones de uso","Líquido, en recipiente plástico con capacidad\nmínima de 3.785 ml",0]
[40,"Champú para alfombras y tapizados 2 (Compra)","- Con agente(s) principal(es) con efecto limpiador en una concentración mínima del 8%\n- Con agente espumante para la generación de espuma seca\n - El envase debe estar  correctamente etiquetados: nombre comercial del producto, pictogramas de los compuestos peligrosos e instrucciones de uso","Líquido, en recipiente plástico con capacidad mínima de 3.785 ml ",0]
[41,"Lustrador de muebles (Compra)"," - Con agentes limpiadores y abrillantadores en una concentración mínima del 5%\n- El envase debe estar correctamente etiquetado bajo los parámetros establecidos en el sistema globalmente armonizado (Decreto 1496 de 2018) indicando: nombre comercial del producto, pictogramas de los compuestos peligrosos si aplica e instrucciones de uso de acuerdo con los tiempos de transición descritos en el artículo 24 de la Resolución 773 de 2021.","Líquido, en recipiente plástico con capacidad mínima de 200 ml",4,null,null,null,1,1,1,1]
[42,"Líquido cubre rasguños para madera (Compra)","- Con agentes limpiadores y abrillantadores en una concentración mínima del 5%\n- De color oscuro para coayudar a cubrir rasguños en maderas oscuras","En recipiente plástico\ncon capacidad mínima de 200 ml",0]
[43,"Crema para cuero (Compra)"," - Con agentes limpiadores y abrillantadores en una concentración mínima del 5% ","Crema, en recipiente plástico con capacidad\nmínima de 200 ml",0]
[44,"Cera polimérica (Compra)","- Polimérica autobrillante.\n- Con polímeros acrílicos, nivelantes y plastificantes.\n- Neutra (para pisos de todos los colores)\n- Contenido mínimo de sólidos del 10%","Líquido, en recipiente plástico con capacidad mínima de 3.785 ml",0]
[45,"Cera emulsionada Neutra (Compra)","- Emulsionada\n- Neutra (para pisos de todos los colores)\n- Contenido mínimo de sólidos del 5%","Líquido, en recipiente plástico con capacidad\nmínima de 3.785 ml",0]
[46,"Cera emulsionada roja (Compra)","- Emulsionada\n- Roja\n- Contenido mínimo de sólidos del 5%\n- Antideslizante","Líquido, en recipiente plástico con capacidad mínima de 3.785 ml",0]
[47,"Cera solvente (Compra)","- Solvente\n- Contenido mínimo de sólidos del 10%","Líquido, en recipiente plástico con capacidad\nmínima de 3.785 ml",0]
[48,"Sellante para pisos (Compra)","- Polimérico autobrillante.\n- Con polímeros acrílicos, nivelantes y plastificantes.\n- Contenido mínimo de sólidos del 20%\n- El envase debe estar correctamente etiquetado bajo los parámetros establecidos en el sistema globalmente armonizado (Decreto 1496 de 2018) indicando: nombre comercial del producto, pictogramas de los compuestos peligrosos si aplica e instrucciones de uso de acuerdo con los tiempos de transición descritos en el artículo 24 de la Resolución 773 de 2021.","Líquido, en recipiente plástico con capacidad mínima de 3.785 ml",0]
[49,"Mantenedor de pisos (Compra)","- Polimérico autobrillante.\n- Con polímeros acrílicos, nivelantes y plastificantes.\n- Contenido mínimo de sólidos del 8%","Líquido, en recipiente\nplástico con capacidad mínima de 3.785 ml",0]
[50,"Removedor de cera (Compra)","- Con agente activo alcalino en una concentración mínima del 9%\n- pH entre 11 y 14","Líquido, en recipiente plástico con capacidad mínima de 3.785 ml",0]
[51,"Abrillantador para piso laminado (Compra)","- Con agente(s) con efecto limpiador y brillador.","Líquido, en recipiente\nplástico con capacidad mínima de 3.785 ml",0]
[52,"Jabón neutro para pisos 1 (Compra)"," - Jabón multiusos\n - PH Neutro, \n - No corrosivo ni tóxico\n- Debe contener concentraciones de fósforo iguales o inferiores a 0.65% de fósforo (Resolución 0689 de 2016)","Líquido, en recipiente\nplástico con capacidad mínima de 3.785 ml",0]
[53,"Jabón neutro para pisos 2 (Compra)","- Jabón neutro biodegradable multiusos\n- PH Neutro\n- No es corrosivo ni tóxico\n- Color: Azul claro \n- El envase debe estar correctamente etiquetado bajo los parámetros establecidos en el sistema globalmente armonizado (Decreto 1496 de 2018) indicando: nombre comercial del producto, pictogramas de los compuestos peligrosos si aplica e instrucciones de uso de acuerdo con los tiempos de transición descritos en el artículo 24 de la Resolución 773 de 2021.\n- Elaborado en material reciclable, no debe contener PVC, Poliestireno expandido u otros plásticos de un solo uso tanto en el envase como en el embalaje.\n- Debe contener concentraciones de fósforo iguales o inferiores a 0.65% de fósforo (Resolución 0689 de 2016)","Líquido, en cuñete con capacidad de 20 L",0]
[54,"Varsol  ecológico 1 (Compra)","- Solución con agentes desinfectantes, desmanchadores y desengrasantes  en concentración mínima del 15%.\n- Biodegradable mínimo en un 95%","Líquido, en recipiente plástico con capacidad mínima de 1000 ml",0]
[55,"Varsol ecológico 2 (Compra)","- Solución con agentes desinfectantes, desmanchadores y desengrasantes  en concentración mínima del 15%.\n- Biodegradable mínimo en un 95%","Líquido, en recipiente plástico con capacidad mínima de 3.785 ml",0]
[56,"Desmanchador multiusos (Compra)","- Con agente(s) tensoactivo(s) con efecto limpiador y desengrasante\n- Para superficies de todo tipo.","Crema, en bolsa plástica de mínimo 500 g",0]
[57,"Brillametal en crema (Compra)","- Con agentes con efecto limpiador, pulidor y brillador.\n- Para todo tipo de metales\n - El  envase del producto deberá estar correctamente etiquetado, indicando: nombre comercial del producto, pictogramas de los compuestos peligrosos e instrucciones de uso","En crema de mínimo 70 g",0]
[58,"Brillametal líquido (Compra)","- Con agentes con efecto limpiador, pulidor y brillador.\n- Para todo tipo de metales","Líquido , en recipiente plástico con capacidad mínima de 200 ml",0]
[59,"Betún (Compra)","- Contenido mínimo de sólidos del 30%\n- Color negro\n- No debe contener ningún material que sea cancerígeno ( Clasificación 1 y 2a por la IARC), Mutagénico, Tóxico, Contaminante peligroso del aire o que sea agotador de la capa de ozono \n- El envase debe estar correctamente etiquetado bajo los parámetros establecidos en el sistema globalmente armonizado (Decreto 1496 de 2018) indicando: nombre comercial del producto, pictogramas de los compuestos peligrosos si aplica e instrucciones de uso de acuerdo con los tiempos de transición descritos en el artículo 24 de la Resolución 773 de 2021.","Tarro de mínimo 100 g",0]
[60,"Ambientador 1 (Compra)","- Solución con alcohol etílico y solventes.\n- Con fragancia en una concentración del 1,5%\n- En múltiples fragancias\n- El envase debe estar correctamente etiquetado bajo los parámetros establecidos en el sistema globalmente armonizado (Decreto 1496 de 2018) indicando: nombre comercial del producto, pictogramas de los compuestos peligrosos si aplica e instrucciones de uso de acuerdo con los tiempos de transición descritos en el artículo 24 de la Resolución 773 de 2021.","Líquido, en recipiente plástico con capacidad\nmínima de 3.785 ml",0]
[61,"Ambientador 2 (Compra)","- Solución con alcohol etílico y solventes.\n- Con fragancia en una concentración del 1,5%\n- En múltiples fragancias\n- libre de CFC\n - Envase correctamente etiquetado bajo los parámetros establecidos indicando: nombre comercial del producto, pictogramas de los compuestos peligrosos e instrucciones de uso.\n- Elaborado en material reciclable","Líquido, en aerosol seguro para la capa de ozono con capacidad mínima de 400 ml",4,null,null,null,1,1,1,1]
[62,"Insecticida 1 (Compra)","- Para eliminar insectos rastreros.\n-  Con acción residual hasta por 4 semanas o de larga duración\n- Sin fuertes olores químicos\n- Libre de CFC\n - El  envase del producto deberá estar correctamente etiquetado, indicando: nombre comercial del producto, pictogramas de los compuestos peligrosos e instrucciones de uso","Líquido, en aerosol seguro para la capa de ozono con capacidad\nmínima de 350 ml",4,null,null,null,1,1,1,1]
[63,"Insecticida 2 (Compra)","- Para eliminar insectos voladores\n-  Con acción residual hasta por 4 semanas o de larga duración\n- Sin fuertes olores químicos\n- Libre de CFC\n - El  envase del producto deberá estar correctamente etiquetado, indicando: nombre comercial del producto, pictogramas de los compuestos peligrosos e instrucciones de uso","Líquido, en aerosol seguro para la capa de ozono con capacidad\nmínima de 350 ml",0]
[64,"Limpiones 1 (Compra)","- En tela de toalla fileteada\n- Color blanco sin estampado\n- Tamaño mínimo de 45cm de largo por 45cm de ancho.","Unidad",8,null,null,null,2,2,2,2]
[65,"Limpiones 2 (Compra)","- En tela de toalla fileteada\n- Color blanco sin estampado\n-Tamaño mínimo de 100 cm de largo por 70 cm de ancho","Unidad",{"$f":"SUM(I79:L79)","v":0}]
[66,"Limpiones 3 (Compra)","- En tela fileteada\n- Color blanco sin estampado\n- Tamaño mínimo de 45 cm de largo por 45 cm de ancho","Unidad",0]
[67,"Limpiones 4 (Compra)","- En tela fileteada\n- Color blanco sin estampado\n-Tamaño mínimo de 100 cm de largo por 70 cm de ancho","Unidad",0]
[68,"Limpiones 5 (Compra)","- En tela tipo galleta fileteada\n- Color blanco o beige sin estampado\n-Tamaño mínimo de 100 cm de largo por 70 cm de ancho","Unidad",0]
[69,"Bayetilla 1 (Compra)"," - En tela fileteada\n -  100% algodón y fibra natural \n- Color blanco sin estampado\n-Tamaño mínimo de 100 cm de largo por 70 cm de ancho","Unidad",4,null,null,null,1,1,1,1]
[70,"Bayetilla 2 (Compra)"," - En tela fileteada\n - 100% algodón y fibra natural \n - Color rojo sin estampado\n -Tamaño mínimo de 100 cm de largo por 70 cm de ancho","Unidad",4,null,null,null,1,1,1,1]
[71,"Toalla en tela blanca para pisos por metro (repuesto de haraganes) (Compra)"," - Elaborado  en microfibras\n - Color blanco\n - Tamaño mínimo de 100 cm de largo por 70 cm de ancho","Unidad",4,null,null,null,1,1,1,1]
[72,"Paño absorbente multiusos 1 (Compra)","- Retira el polvo sin dejar residuos ni pelusas\n- Antibacterial reutilizable\n- Tela con microporos\n- Tamaño mínimo de 60 cm de largo por 33 cm de ancho","Paquete X 6 unidades",0]
[73,"Paño absorbente multiusos 2 (Compra)","- Retira el polvo sin dejar residuos ni pelusas\n- Antibacterial reutilizable\n- Tela con microporos\n- Tamaño mínimo de 25 cm de largo por 45 cm de ancho","Rollo X 40 unidades",8,null,null,null,2,2,2,2]
[74,"Estopa (Compra)","- Hecha 100% de hilos de algodón blanco peinado.\n-Suave al tacto, para lustrar\n- No debe contener PVC o Poliestireno expandido u otros plásticos de un solo uso tanto en el envase como en el embalaje.","Bolsa de mínimo 400 g",0]
[75,"Esponjilla 1 (Compra)","- Espuma enmallada\n- Tamaño mínimo de 7 cm de largo por 10 cm de ancho","Unidad",0]
[76,"Esponjilla 2 (Compra)","- Doble uso (material de esponjilla blanda y abrasiva)\n- Tamaño mínimo de 7 cm de largo por 10 cm de ancho\n- No debe contener PVC o Poliestireno expandido u otros plásticos de un solo uso tanto en el envase como en el embalaje","Unidad",0]
[77,"Esponjilla 3 (Compra)","- Abrasiva\n- Tamaño mínimo de 9 cm de largo por 12 cm de","Unidad",0]
[78,"Esponjilla 4 (Compra)","- Elaborada con fibra de acero inoxidable para dar brillo\n- Tamaño mínimo de 5 cm de largo por 5 cm de ancho","Paquete X 6 unidades",0]
[79,"Esponjilla 5 (Compra)","- Elaborada con alambre de acero inoxidable\n- Tamaño mínimo de 7 cm de largo por 10 cm de ancho","Unidad",0]
[80,"Esponjilla 6 (Compra)","- Espuma enmallada\n- Tamaño mínimo de 7 cm de largo por 10 cm de ancho\n- No debe contener PVC o Poliestireno expandido u otros plásticos de un solo uso tanto en el envase como en el embalaje.","Unidad",0]
[81,"Esponjilla 7 (Compra)","- Abrasiva\n- Tamaño mínimo de 9 cm de largo por 12 cm de ancho\n- No debe contener PVC o Poliestireno expandido u otros plásticos de un solo uso tanto en el envase como en el embalaje.","Unidad",0]
[82,"Escoba 1 (Compra)","- Cerdas suaves elaboradas con PET calibre entre 0,3 y 0,4 mm.\n- Área de barrido mínima de 25 cm de largo por 8 cm de ancho por 10 cm de alto\n- Material de base en plástico con acople tipo rosca\n","Unidad",0]
[83,"Escoba 2 (Compra)","- Cerdas duras elaboradas con PET calibre entre 0,4 y 0,6 mm.\n- Área de barrido mínima de 25 cm de largo por 8 cm de ancho por 10 cm de alto\n- Material de base en plástico con acople tipo rosca\n","Unidad",0]
[84,"Escoba 3 (Compra)","- Cerdas suaves elaboradas con PET calibre entre 0,3 y 0,4 mm.\n- Área de barrido mínima de 35 cm de largo por 8 cm de ancho por 10 cm de alto\n- Material de base en plástico con acople tipo rosca\n","Unidad",4,null,null,null,1,1,1,1]
[85,"Escoba 4 (Compra)","- Cerdas duras elaboradas con PET calibre entre 0,4 y 0,6 mm.\n- Área de barrido mínima de 35 cm de largo por 8 cm de ancho por 10 cm de alto\n- Material de base en plástico con acople tipo rosca\n","Unidad",0]
[86,"Escoba 5 (Compra)","- Cerdas suaves elaboradas con PET calibre entre 0,3 y 0,4 mm.\n- Área de barrido mínima de 35 cm de largo por 8 cm de ancho por 10 cm de alto\n- Mango de madera proveniente de explotación forestal sostenible certificada ( FSC, PEFC o equivalentes) y/o Mango y Fibra de plástico (reciclado o nuevo) de polipropileno (PP) o polietileno (PE) y/o cabo metálico que no contenga material plastificado\n- No debe contener PVC u otros plásticos con cloro. \n- Cabo de madera 140cm elaborada con fibra natural, con soporte para colgar, con capucha plástica protectora que evita que se desprendan las fibras o se deformen\n","Unidad",0]
[87,"Mango metálico escoba 1 (Compra)","- Extensión mínima de 140 cm\n -Acople plástico o rosca para palos de escoba\n ","Unidad",0]
[88,"Mango madera escoba 1 (Compra)","- Extensión mínima de 140 cm\n -Acople plástico o rosca para palos de escoba\n ","Unidad",0]
[89,"Cepillos 1 (Compra)","- Tipo plancha, con mango de plástico\n- Cuerpo elaborado en plástico\n- Cerdas duras en fibra plástica\n- Tamaño mínimo de 15 cm de largo por 5cm de ancho por 6 cm de alto.","Unidad",0]
[90,"Cepillos 2 (Compra)","- Para pisos\n- Cuerpo elaborado en plástico\n- Cerdas duras en fibra plástica\n- Tamaño mínimo de 23 cm de largo por 6 cm de ancho por 7 cm de alto.\n- Mango metálico con una extensión mínima de\n140 cm","Unidad",0]
[91,"Cepillos 3 (Compra)","- Para pisos\n- Cuerpo elaborado en plástico\n- Cerdas duras en fibra plástica\n- Tamaño mínimo de 35 cm de largo por 6 cm de ancho por 7 cm de alto.\n- Mango metálico con una extensión mínima de\n140 cm","Unidad",0]
[92,"Trapero 1 (Compra)"," - Elaborado con hilaza de algodón natural\n - Mecha con peso mínimo 250 gr y extensión mínima de 32 cm de  largo\n - Material de base en plástico con acople tipo rosca\n","Unidad",0]
[93,"Trapero 2 (Compra)","- Elaborado con hilaza de algodón natural\n- Mecha con peso mínimo de 350 gr y extensión mínima de 32 cm de largo\n- Material de base en plástico con acople tipo rosca\n","Unidad",0]
[94,"Trapero 3 (Compra)","- Elaborado con hilaza de algodón natural\n- Mecha con peso mínimo de 435 gr y extensión mínima de 32 cm de largo\n- Material de base en plástico con acople tipo rosca","Unidad",0]
[95,"Trapero 4 (Compra)","- Trapero en hilo encabado o con cabo en madera \n- Mecha con peso mínimo de 400 gr y extensión mínima de 1.40 cm de largo\n- Mango de madera proveniente de explotación forestal sostenible certificada ( FSC, PEFC o equivalentes) y/o cabo metálico que no contenga material plastificado\n- Fibras en tela , algodón o pabilo de fibra de Rayón. \n- No debe contener PVC o Poliestireno expandido u otros plásticos de un solo uso tanto en el envase como en el embalaje.","Unidad",4,null,null,null,1,1,1,1]
[96,"Mango metálico trapero (Compra)","- Extensión mínima de 140 cm\n- Acople plástico o rosca para palos de escoba\n ","Unidad",0]
[97,"Mango madera trapero (Compra)","- Extensión mínima de 140 cm\n- Acople plástico o rosca para palos de escoba\n ","Unidad",0]
[98,"Cepillo para sanitario (churrusco) (Compra)","- Cerdas duras elaboradas en fibras plásticas\n- Extensión mínima de las cerdas es de 2,5 cm\n- Base y mango elaborados en plástico\n- Mango con longitud mínima de 33 cm","Unidad",0]
[99,"Pads 1 (Compra)","- Para brillo\n- Diámetro mínimo de 16 pulgadas\n- Rojo o blanco","Unidad",0]
[100,"Pads 2 (Compra)","- Para remoción\n- Diámetro mínimo de 16 pulgadas\n- Café o negro","Unidad",0]
[101,"Pads 3 (Compra)","- Para brillo\n- Diámetro mínimo de 20 pulgadas\n- Rojo o blanco","Unidad",0]
[102,"Pads 4 (Compra)","- Para remoción\n- Diámetro mínimo de 20 pulgadas\n- Café o negro","Unidad",0]
[103,"Pads 5 (Compra)","- Pad de fibras para máquinas de baja densidad para lavado suave de mantención, remueve marcas, suciedad y derrames. \n- Diámetro: 17\" \n- Color: blanco. \n- No debe contener PVC o Poliestireno expandido u otros plásticos de un solo uso tanto en el envase como en el embalaje.","Unidad",0]
[104,"Boneth 1 (Compra)","- Diámetro mínimo de 16 pulgadas\n- Elaborado en hilaza de algodón","Unidad",0]
[105,"Boneth 2 (Compra)","- Diámetro mínimo de 20 pulgadas\n- Elaborado en hilaza de algodón","Unidad",0]
[106,"Bolsas plásticas 1 (Compra)","- Elaborada en polietileno de baja densidad\n- De color negro\n- Calibre de mínimo 1\n- Tamaño de 40 cm de ancho por 55 cm de largo","Paquete de mínimo 6",0]
[107,"Bolsas plásticas 2 (Compra)","- Elaborada en polietileno de baja densidad\n- De color verde\n- Calibre de mínimo 1\n- Tamaño de 40 cm de ancho por 55 cm de largo","Paquete de mínimo 6",0]
[108,"Bolsas plásticas 3 (Compra)","- Elaborada en polietileno de baja densidad\n- De color blanco\n- Calibre de mínimo 1\n- Tamaño de 40 cm de ancho por 55 cm de largo","Paquete de mínimo 6",0]
[109,"Bolsas plásticas 4 (Compra)","- Elaborada en polietileno de baja densidad\n- De color rojo\n- Calibre de mínimo 1\n- Tamaño de 40 cm de ancho por 55 cm de largo\n - Con impresión de aviso de riesgo biológico","Paquete de mínimo 6",0]
[110,"Bolsas plásticas 5 (Compra)","- Elaborada en polietileno de baja densidad\n- De color azul\n- Calibre de mínimo 1\n- Tamaño de 40 cm de ancho por 55 cm de largo","Paquete de mínimo 6",0]
[111,"Bolsas plásticas 7 (Compra)","- Elaborada en polietileno de baja densidad\n- De color amarillo\n- Calibre de mínimo 1\n- Tamaño de 40 cm de ancho por 55 cm de largo","Paquete de mínimo 6",0]
[112,"Bolsas plásticas 8 (Compra)","- Elaborada en polietileno de baja densidad\n- De color negro\n-Calibre de mínimo 2\n- Tamaño de 60 cm de ancho por 70 cm de largo","Paquete de mínimo 6",12,null,null,null,3,3,3,3]
[113,"Bolsas plásticas 9 (Compra)","- Elaborada en polietileno de baja densidad\n- De color verde\n- Calibre de mínimo 2\n- Tamaño de 60 cm de ancho por 70 cm de largo","Paquete de mínimo 6",0]
[114,"Bolsas plásticas 10 (Compra)","- Elaborada en polietileno de baja densidad\n- De color blanco\n- Calibre de mínimo 2\n- Tamaño de 60 cm de ancho por 70 cm de largo","Paquete de mínimo 6",0]
[115,"Bolsas plásticas 11 (Compra)","- Elaborada en polietileno de baja densidad\n- De color rojo\n- Calibre de mínimo 2\n- Tamaño de 60 cm de ancho por 70 cm de largo\n- Con impresión de aviso de riesgo biológico","Paquete de mínimo 6",0]
[116,"Bolsas plásticas 12 (Compra)","- Elaborada en polietileno de baja densidad\n- De color azul\n- Calibre de mínimo 2\n- Tamaño de 60 cm de ancho por 70 cm de largo\n","Paquete de mínimo 6",0]
[117,"Bolsas plásticas 14 (Compra)","- Elaborada en polietileno de baja densidad\n- De color amarillo\n- Calibre de mínimo 2\n- Tamaño de 60 cm de ancho por 70 cm de largo\n","Paquete de mínimo 6",0]
[118,"Bolsas plásticas 15 (Compra)","- Elaborada en polietileno de baja densidad\n- De color negro\n- Calibre de mínimo 2\n- Tamaño de 70 cm de ancho por 90 cm de largo","Paquete de mínimo 6",0]
[119,"Bolsas plásticas 16 (Compra)","- Elaborada en polietileno de baja densidad\n- De color verde\n- Calibre de mínimo 2\n- Tamaño de 70 cm de ancho por 90 cm de largo","Paquete de mínimo 6",0]
[120,"Bolsas plásticas 17 (Compra)","- Elaborada en polietileno de baja densidad\n- De color blanco\n- Calibre de mínimo 2\n- Tamaño de 70 cm de ancho por 90 cm de largo","Paquete de mínimo 6",0]
[121,"Bolsas plásticas 18 (Compra)","- Elaborada en polietileno de baja densidad\n- De color rojo\n- Calibre de mínimo 2\n- Tamaño de 70 cm de ancho por 90 cm de largo\n- Con impresión de aviso de riesgo biológico","Paquete de mínimo 6",0]
[122,"Bolsas plásticas 19 (Compra)","- Elaborada en polietileno de baja densidad\n- De color azul\n- Calibre de mínimo 2\n- Tamaño de 70 cm de ancho por 90 cm de largo\n","Paquete de mínimo 6",0]
[123,"Bolsas plásticas 20 (Compra)","- Elaborada en polietileno de baja densidad\n- De color amarillo\n- Calibre de mínimo 2\n- Tamaño de 70 cm de ancho por 90 cm de largo\n","Paquete de mínimo 6",0]
[124,"Bolsas plásticas 21 (Compra)","- Elaborada en polietileno de baja densidad\n- De color negro\n- Calibre de mínimo 3\n- Tamaño de 80 cm de ancho por 110 cm de largo","Paquete de mínimo 6",20,null,null,null,13,0,0,7]
[125,"Bolsas plásticas 22 (Compra)","- Elaborada en polietileno de baja densidad\n- De color verde\n- Calibre de mínimo 3\n- Tamaño de 80 cm de ancho por 110 cm de largo","Paquete de mínimo 6",20,null,null,null,13,0,0,7]
[126,"Bolsas plásticas 23 (Compra)","- Elaborada en polietileno de baja densidad\n- De color blanco\n-Calibre de mínimo 3\n- Tamaño de 80 cm de ancho por 110 cm de largo","Paquete de mínimo 6",20,null,null,null,13,0,0,7]
[127,"Bolsas plásticas 24 (Compra)","- Elaborada en polietileno de baja densidad\n- De color rojo\n-Calibre de mínimo 3\n- Tamaño de 80 cm de ancho por 110 cm de largo\n- Con impresión de aviso de riesgo biológico","Paquete de mínimo 6",0]
[128,"Bolsas plásticas 25 (Compra)","- Elaborada en polietileno de baja densidad\n- De color azul\n-Calibre de mínimo 3\n- Tamaño de 80 cm de ancho por 110 cm de largo\n","Paquete de mínimo 6",0]
[129,"Bolsas plásticas 26 (Compra)","- Elaborada en polietileno de baja densidad\n- De color amarilla\n-Calibre de mínimo 3\n- Tamaño de 80 cm de ancho por 110 cm de largo\n","Paquete de mínimo 6",{"$f":"SUM(I143:L143)","v":0}]
[130,"Guantes 1 (Compra)","- Tipo doméstico\n- Elaborados en látex\n- Calibre mínimo de 18\n- Tallas 7 a 9 o S a XL\n- Color amarillo","Par",0]
[131,"Guantes 2 (Compra)","- Tipo doméstico\n- Elaborados en látex\n- Calibre mínimo de 18\n- Tallas 7 a 9 o S a XL\n- Color negro","Par",0]
[132,"Guantes 3 (Compra)","- Tipo doméstico\n- Elaborados en látex\n- Calibre mínimo de 25\n- Tallas 7 a 9 o S a XL\n- Color negro","Par",0]
[133,"Guantes 4 (Compra)","- Tipo doméstico\n- Elaborados en látex\n- Calibre mínimo de 25\n- Tallas 7 a 9 o S a XL\n- Color rojo","Par",0]
[134,"Guantes 5 (Compra)","- Tipo industrial\n- Elaborados en látex\n- Calibre mínimo de 35\n- Tallas 7 a 9 o S a XL\n- Color negro","Par",0]
[135,"Guantes 6 (Compra)","- Elaborados en látex desechable (tipo cirugía)\n- Empovaldos\n- Tallas XS a XXL","Caja de mínimo 100 unidades",0]
[136,"Guantes 7 (Compra)","- Elaborados en carnaza\n- Tallas 7 a 9 o S a XL","Par",0]
[137,"Guantes 8 (Compra)","- Tipo mosquetero\n- Calibre mínimo de 40\n- Tallas 7 a 9 o S a XL\n- Color negro","Par",0]
[138,"Guantes 9 (Compra)","- Elaborados en hilaza\n- Tallas 7 a 9 o S a XL","Par",0]
[139,"Tapabocas 1 (Compra)","- Elaborado en tela no tejida\n- Desechable\n- Con tiras elásticas","Caja de mínimo 50 unidades",0]
[140,"Tapabocas 2 (Compra)","- Elaborado en tela no tejida de Polipropileno y Poliéster\n- Desechable\n- Con tiras elásticas\n- Con soporte nasal","Caja de mínimo 50 unidades",0]
[141,"Papel higiénico 1 (Compra)"," - Rollo con longitud mínima de 20 metros\n - Doble hoja blanca\n - Sin fragancia","Rollo",0]
[142,"Papel higiénico 2 (Compra)","- Rollo con longitud mínima de 250 metros\n- Doble hoja de color natural\n- Sin fragancia","Rollo",4,null,null,null,1,1,1,1]
[143,"Papel higiénico 3 (Compra)","- Rollo con longitud mínima de 250 metros\n- Doble hoja blanca\n- Sin fragancia","Rollo",0]
[144,"Papel higiénico 4 (Compra)","- Rollo con longitud mínima de 400 metros\n- Hoja sencilla de color natural\n- Sinfragancia","Rollo",0]
[145,"Papel higiénico 5 (Compra)"," - Rollo con longitud mínima de 400 metros\n - Hoja sencilla de color blanco\n - Sin fragancia","Rollo",4,null,null,null,1,1,1,1]
[146,"Toallas para manos 1 (Compra)","- Rollo con longitud mínima de 100 metros\n- Doble hoja con un tamaño mínimo 15 cm de ancho\n- Disponibles en color blanco","Rollo",0]
[147,"Toallas para manos 2 (Compra)","- Rollo con longitud mínima de 100 metros\n- Doble hoja con un tamaño mínimo 15 cm de ancho\n- Disponibles en color natural","Rollo",0]
[148,"Toallas para manos 3 (Compra)"," - Rollo con longitud mínima de 150 metros\n - Doble hoja con un tamaño mínimo 15 cm de ancho\n - Disponibles en color blanco\n - Sin olor o fragancia","Rollo",0]
[149,"Toallas para manos 4 (Compra)"," - Rollo con longitud mínima de 150 metros\n - Doble hoja con un tamaño mínimo 15 cm de ancho\n - Disponibles en color natural\n - Sin fragancia","Rollo",4,null,null,null,1,1,1,1]
[150,"Toallas para manos 5 (Compra)","- Toallas interdobladas, paquete con mínimo 150 unidades\n- Doble hoja con un tamaño mínimo de 20 cm de largo por 15 cm de ancho\n - Hoja color natural","Unidad",0]
[151,"Toallas para manos 6 (Compra)","- Toallas interdobladas, paquete con mínimo 150 unidades\n- Doble hoja con un tamaño mínimo de 20 cm de largo por 15 cm de ancho\n - Hoja color blanco","Unidad",4,null,null,null,1,1,1,1]
[152,"Toallas para manos 7 (Compra)","- Toallas con precorte\n- Rollo con longitud mínima de 100 metros\n- Doble hoja con tamaño mínimo de 15 cms de ancho\n- Color Blanco\n- Sin fragancia","Unidad",0]
[153,"Toallas para manos 8 (Compra)","- Toallas con precorte\n- Rollo con longitud mínima de 100 metros\n- Doble hoja con tamaño mínimo de 15 cms de ancho\n- Color Natural\n- Sin fragancia","Unidad",0]
[154,"Pañuelos (Compra)","- Doble hoja\n- Color blanco","Caja de mínimo 50 unidades",0]
[155,"Vasos biodegradables 1 (Compra)"," - Elaborado en cartón 97% biodegradable\n- Capacidad mínima de 4 oz","Paquete de mínimo 50 unidades",0]
[156,"Vasos biodegradables 2 (Compra)"," - Elaborado en cartón 97% biodegradable\n - Capacidad mínima de 6 oz","Paquete de mínimo 50",4,null,null,null,1,1,1,1]
[157,"Vasos biodegradables 3 (Compra)"," - Elaborado en cartón 97% biodegradable\n- Capacidad mínima de 9 oz","Paquete de mínimo 40 unidades",0]
[158,"Vasos biodegradables 4 (Compra)","- Capacidad mínima de 9 onzas \n- Sin tapa \n- Liso\n- Biodegradable y compostable.\n- Elaborado en polyboard (cartón)  y/ocon la fibra de caña de azúcar o almidón de maíz","Paquete de mínimo 50 unidades",0]
[159,"Mezclador 1 (Compra)","- Mezcladores  elaborados en madera y/o apartir de recursos renovables como la caña de azucar y/o almidón de maíz\n- Longitud mínima de 11 cm","Paquete de mínimo 500",0]
[160,"Servilleta papel (Compra)","- Tipo cafetería\n - Dobe hoja\n- Color blanco\n- Dimensiones mínimas de 21,5 cm de largo y 14 cm de ancho\n- 100% Biodegradable \n- Elaborado a base de papel reciclado no clorado\n- No debe contener PVC o Poliestireno expandido u otros plásticos de un solo uso tanto en el envase como en el embalaje.","Paquete de mínimo 100 unidades",0]
[161,"Filtro para greca 1 (Compra)","- Elaborada en tela\n- Para greca\n- Capacidad de media libra\n- No debe contener PVC o Poliestireno expandido u otros plásticos de un solo uso tanto en el envase como en el embalaje","Unidad",0]
[162,"Filtro para greca 2 (Compra)","- Elaborada en tela\n- Para greca\n- Capacidad de una 1 libra\n- No debe contener PVC o Poliestireno expandido u otros plásticos de un solo uso tanto en el envase como en el embalaje.","Unidad",0]
[163,"Filtro para greca 3 (Compra)","- Elaborada en tela\n- Para greca\n- Capacidad de dos 2 libras\n- No debe contener PVC o Poliestireno expandido u otros plásticos de un solo uso tanto en el envase como en el embalaje.","Unidad",0]
[164,"Churrusco para tubos de greca (Compra)","- Cepillo para lavado y fregado de grecas.  \n- No debe contener PVC, Poliestireno expandido u otros plásticos de un solo uso tanto en el envase como en el embalaje.\n- Base y mango elaborados en alambre","Unidad",0]
[165,"Papel Aluminio 1 (Compra)","- Longitud mínima del rollo de 40 metros\n- Ancho mínimo del rollo de 27 cm","Caja de carton con un 1 rollo de mínimo 40 metros de largo y 27\ncm de ancho",0]
[166,"Papel Aluminio 2 (Compra)","- Longitud mínima del rollo de 100 metros\n- Ancho mínimo del rollo de 27 cm","Caja de carton con un 1 rollo de mínimo 100 metros de largo y 27\ncm de ancho",0]
[167,"Película transparente para alimentos (Compra)","- Longitud mínima del rollo de 50 metros\n- Ancho mínimo del rollo de 27 cm","Caja de carton con un 1 rollo",0]
[168,"Termo para café 1 (Compra)","- Elaborado en plástico\n- Capacidad mínima de 1 litro","Unidad",0]
[169,"Termo para café 2 (Compra)"," - Térmico, con bomba tipo dispensador. Portatil.  \n - Bomba manual para dispensar la bebida.  \n - Acero inoxidable y plastico. \n - Agarradera plastica, tapa con empaque, bomba manual. \n - Capacidad mínima de 3 litros","Unidad",0]
[170,"Café 1 (Compra)","- 100% café tostado y molido.   \n- Tostión media.                                          \n- Puntaje en taza mayor o igual a 80 puntos catación SCA y/o Denominación de Origen (Anexo 6)\n- Empacada en bolsa de polipropileno aluminizada resistente a la humedad y al oxígeno.  \n- Debe cumplir con las Resoluciones 333 de 2011 y 2674 de 2013 hasta la entrada en vigencia de la Resolución 810 de 2021 y aquellas que la modifiquen, adicionen o deroguen.","Libra",20,null,null,null,8,4,4,4]
[171,"Café 2 (Compra)","- Tostión media\n- Descafeinado\n- Empacado en bolsa de polipropileno aluminizada resistente a la humedad y al oxigeno\n- Debe cumplir con las Resoluciones 333 de 2011 y 2674 de 2013 y aquellas que la modifiquen, adicionen o deroguen.","Libra",0]
[172,"Café 3 (Compra)","- Instantáneo, para máquinas automáticas\n- Tostión media\n- Empacada en bolsa de polipropileno aluminizada resistente a la humedad y al oxígeno.  \n- Debe cumplir con las Resoluciones 333 de 2011 y 2674 de 2013 hasta la entrada en vigencia de la Resolución 810 de 2021 y aquellas que la modifiquen, adicionen o deroguen.                          ","Bolsa de mínimo 500 g",0]
[173,"Café Social (Compra)","- Diferentes tostiones\n- Puntaje en taza mayor o igual a a 82 puntos catación SCA y/o orgánico y/o artesanal y/o con Denominación de Origen\n- Empacada en bolsa de polipropileno aluminizada resistente a la humedad y al oxígeno.  \n- Debe cumplir con las Resoluciones 333 de 2011 y 2674 de 2013 hasta la entrada en vigencia de la Resolución 810 de 2021 y aquellas que la modifiquen, adicionen o deroguen\n","Bolsa de mínimo 500 g",0]
[174,"Crema para café (Compra)","- No láctea\n- Debe cumplir con Resolución 333 de 2011 sobre rotulado y etiquetado nutricional y las normas que la modifiquen","Bolsas de mínimo 100 sobres de mínimo 4 g",0]
[175,"Azúcar 1 (Compra)","- Blanca\n- Empaque elaborado en materiales atóxicos\n- Debe cumplir con Resolución 333 de 2011 sobre rotulado y etiquetado nutricional y las normas que la modifiquen","Bolsa de mínimo 200 sobres o tubipacks de 5 g",5,null,null,null,2,1,1,1]
[176,"Azúcar 2 (Compra)","- Blanca\n- Empaque elaborado en materiales atóxicos\n- Debe cumplir con Resolución 333 de 2011 sobre rotulado y etiquetado nutricional y las normas que la modifiquen","Bolsa de mínimo 200 sobres o tubipacks de 3,5 g",0]
[177,"Azúcar 3 (Compra)","- Blanca\n- Empaque elaborado en materiales atóxicos\n- Debe cumplir con Resolución 333 de 2011 sobre rotulado y etiquetado nutricional y las normas que la modifiquen","Libra",0]
[178,"Azúcar 4 (Compra)","- Morena\n- Empaque elaborado en materiales atóxicos\n- Debe cumplir con Resolución 333 de 2011 sobre rotulado y etiquetado nutricional y las normas que la modifiquen","Libra",0]
[179,"Endulzante (Compra)","- Sin calorías\n- Empaque elaborado en materiales atóxicos\n- Debe cumplir con Resolución 333 de 2011 sobre rotulado y etiquetado nutricional y las normas que la modifiquen","Caja de mínimo 100 sobres",0]
[180,"Panela (Compra)","- Panela instantánes pulverizada, deshidratada\n- Debe cumplir con la NTC 1311 sobreo productos agrícolas\n- Empaque elaborado en materiales atóxicos\n- Debe cumplir con la Resolucion 779 de 2006\n- Debe cumplir con Resolución 333 de 2011 sobre rotulado y etiquetado nutricional y las normas que la modifiquen","Bolsa de mínimo 100 sobres de mínimo 5 g",0]
[181,"Sal 1 (Compra)","- Refinada, con un 99,9% de pureza\n- Con adiciones de yodo y flúor\n- Debe cumplir con Resolución 333 de 2011 sobre rotulado y etiquetado nutricional y las normas que la modifiquen","Libra (500 g)",0]
[182,"Sal 2 (Compra)","- Refinada, con un 99,9% de pureza\n- Con adiciones de yodo y flúor\n- Debe cumplir con Resolución 333 de 2011 sobre rotulado y etiquetado nutricional y las normas que la modifiquen","1 kg (1.000 g)",0]
[183,"Sal 3 (Compra)","- Refinada, con un 99,9% de pureza\n- Con adiciones de yodo y flúor\n- Debe cumplir con Resolución 333 de 2011 sobre rotulado y etiquetado nutricional y las normas que la modifiquen","Salero de mínimo 130 g",0]
[184,"Aromática (Compra)","- Para infusión\n- Cajas disponbiles en mínimo tres (3) sabores\n- 100% naturales","Cajas de mínimo 20 en sobres.",4,null,null,null,1,1,1,1]
[185,"Aromática de panela (Compra)","- Para infusión\n- Cajas disponbiles en sabor limón, yerbabuena, canela y naranja\n- Panela 100% natural y ecológica\n- Embalaje en cartón corrugado  \n- Debe cumplir con la NTC 1311 sobre productos agrícolas \n- Empaque elaborado en materiales atóxicos \n- Debe cumplir con la Resolucion 779 de 2006 \n- Debe cumplir con Resolución 333 de 2011 sobre rotulado y etiquetado nutricional y las normas que la modifiquen. \n- Uso: Panela instantánea soluble al agua \n- Azúcares reductores expresados en glucosa, mínimo 5,74%; azúcares no reductores expresados en sacarosa, máximo 90%; proteínas, mínimo 0,2%; cenizas, mínimo 1%; humedad, máximo 5%; plomo expresado como As en mg/kg, máximo 0,1;\n- No debe contener PVC o Poliestireno expandido u otros plásticos de un solo uso tanto en el envase como en el embalaje.","Cajas de mínimo 20 en sobres.",4,null,null,null,1,1,1,1]
[186,"Bebida de frutas (Compra)","- En jarabe\n- Cajas disponbiles en mínimo tres (3) sabores","Caja de mínimo 20 sobres",4,null,null,null,1,1,1,1]
[187,"Bebida de panela (Compra)","- Bebida instantánea granulada\n- Cajas disponbiles en mínimo tres (3) sabores","Caja de mínimo 25 sobres",0]
[188,"Té (Compra)","- Para infusión\n- Cajas disponbiles en mínimo tres (3) sabores\n- 100% naturales","Caja x 20 mínimo sobres",0]
[189,"Infusión frutal (Compra)"," - Para infusión\n - 100% naturales\n - Sabores surtidos","Caja x 20 mínimo sobres",0]
[190,"Agua potable 1 (Compra)","- Agua potable purificada sin gas","Botella plástica de\nmínimo 250 ml",0]
[191,"Agua potable 2 (Compra)"," - Agua potable purificada sin gas","Botella plástica de\nmínimo 500 ml",0]
[192,"Agua potable 3 (Compra)"," - Agua potable purificada\n-  Con gas","Botella plástica de\nmínimo 500 ml",0]
[193,"Agua potable 4 (Compra)","- Agua potable potable purificada","Botellón de mínimo 18.9 L",{"$f":"SUM(I207:L207)","v":44},null,null,null,24,4,8,8]
[194,"Válvula dispensadora para botellón de agua (Compra)","-Válvula en material plástico con boquilla ajustable a los diferentes tipos de botellones","Unidad",0]
[195,"Servilleta de tela (Compra)","- Elaborada en tela\n- Color blanco\n- Dimensiones mínimas de 40 cm de largo y 40 cm de ancho.","Unidad",0]
[196,"Cepillo para paredes y techos (Compra)"," - Cuerpo elaborado en plástico\n - Cerdas duras en fibra plástica\n - Largo mínimo de 140 cm","Unidad",0]
[197,"Brillador 1 (Compra)","- Mopa elaborada en algodón\n- Área de barrido mínima de 100 cm de largo por 16cm de ancho\n- Armazón y mango metálico","Unidad",0]
[198,"Brillador 2 (Compra)","- Mopa elaborada en algodón\n- Área de barrido mínima de 60 cm de largo por 16cm de ancho\n- Armazón y mango metálico","Unidad",0]
[199,"Repuestos brillador 1 (Compra)","- Mopa elaborada en algodón\n- Área de barrido mínima de 100 cm de largo por 16 cm de ancho","Unidad",0]
[200,"Repuestos brillador 2 (Compra)","- Mopa elaborada en algodón\n- Área de barrido mínima de 60 cm de largo por 16 cm de ancho","Unidad",0]
[201,"Destapador para sanitario (chupa) (Compra)","- Tipo campana\n- Chupa elaborada en caucho\n- Diámetro mínimo de 12 cm\n- Mango elaborado en madera\n- Mango con longitud mínima de 33 cm","Unidad",0]
[202,"Plumero o limpia polvo (Compra)","- Fibras sintéticas\n- Mango de plástico\n- Largo total mínimo de 65 cm\n- Electrostático","Unidad",0]
[203,"Rastrillo 1 (Compra)","- Barra dentada plástica con mínimo 18 dientes\n- Mango metálico  plastificado con longitud mínima de 120 cm","Unidad",0]
[204,"Rastrillo 2 (Compra)","- Barra dentada metálica con mínimo 18 dientes\n- Mango metálico plastificado con longitud mínima de 120 cm","Unidad",0]
[205,"Recogedor de basura 1 (Compra)","- Elaborado en plástico\n- Con banda de goma y dientas barrescobas\n- Mango con longitud mínima de 70 cm","Unidad",0]
[206,"Recogedor de basura 2 (Compra)"," - Elaborado en plástico\n - Plegable, con tapa que abre y cierra","Unidad",0]
[207,"Atomizadores (Compra)","- Elaborado en plástico\n- Reutilizable\n- Capacidad mínima de 500 cc\n- con pistola","Unidad",4,null,null,null,1,1,1,1]
[208,"Caneca para almacenar ropa sucia  (Arrendamiento)","- Elaborado en plástico\n- Dimensiones mínimas de 50 cm de alto por 30 cm de ancho\n- Incluye tapa\n- En colores variados","Unidad",0]
[209,"Caneca para almacenar ropa sucia  (Compra)","- Elaborado en plástico\n- Dimensiones mínimas de 50 cm de alto por 30 cm de ancho\n- Incluye tapa\n- En colores variados","Unidad",0]
[210,"Vasos  1 (Arrendamiento)","- Elaborado en vidrio\n- Cilíndrico\n- Capacidad mínima de 9 oz","Unidad",0]
[211,"Vasos  1 (Compra)","- Elaborado en vidrio\n- Cilíndrico\n- Capacidad mínima de 9 oz","Unidad",0]
[212,"Vasos  2 (Arrendamiento)","- Elaborado en vidrio\n- Cilíndrico\n- Capacidad mínima de 12 oz","Unidad",0]
[213,"Vasos  2 (Compra)","- Elaborado en vidrio\n- Cilíndrico\n- Capacidad mínima de 12 oz","Unidad",0]
[214,"Cuchara  (Compra)","- Elaboradas en acero inoxidable\n- Longitud total mínima de 17 cm","Unidad",0]
[215,"Tenedor  (Compra)","- Elaborados en acero inoxidable\n- lisos\n- Longitud total mínima de 17 cm","Unidad",0]
[216,"Cuchillo  (Compra)","- Elaborados en acero inoxidable\n- lisos\n- Longitud total mínima de 20 cm","Unidad",0]
[217,"Cuchara pequeña  (Compra)","- Elaborados en acero inoxidable\n- lisos\n- Longitud total mínima de 12 cm","Unidad",0]
[218,"Platos  1 (Arrendamiento)","- Elaborados en porcelana blanca\n- Llanos\n- Color blanco sin diseño\n- Diámetro mínimo de 26 cm\n- Apto para uso en horno microondas","Unidad",0]
[219,"Platos  1 (Compra)","- Elaborados en porcelana blanca\n- Llanos\n- Color blanco sin diseño\n- Diámetro mínimo de 26 cm\n- Apto para uso en horno microondas","Unidad",0]
[220,"Platos  2 (Arrendamiento)","- Elaborados en porcelana blanca\n- Llanos\n- Color blanco sin diseño\n- Diámetro mínimo de 22 cm\n- Apto para uso en horno microondas","Unidad",0]
[221,"Platos  2 (Compra)","- Elaborados en porcelana blanca\n- Llanos\n- Color blanco sin diseño\n- Diámetro mínimo de 22 cm\n- Apto para uso en horno microondas","Unidad",0]
[222,"Platos  3 (Arrendamiento)","- Elaborados en porcelana blanca\n- Llanos\n- Color blanco sin diseño\n- Diámetro mínimo de 16 cm\n- Apto para uso en horno microondas","Unidad",0]
[223,"Platos  3 (Compra)","- Elaborados en porcelana blanca\n- Llanos\n- Color blanco sin diseño\n- Diámetro mínimo de 16 cm\n- Apto para uso en horno microondas","Unidad",0]
[224,"Platos  4 (Arrendamiento)","- Elaborados en porcelana blanca\n- Hondo\n- Color blanco sin diseño\n- Diámetro mínimo de 17 cm\n- Apto para uso en horno microondas","Unidad",0]
[225,"Platos  4 (Compra)","- Elaborados en porcelana blanca\n- Hondo\n- Color blanco sin diseño\n- Diámetro mínimo de 17 cm\n- Apto para uso en horno microondas","Unidad",0]
[226,"Platos  5 (Arrendamiento)","- Elaborados en porcelana blanca\n- Hondo\n- Color blanco  sin diseño\n- Diámetro mínimo de 22 cm\n- Apto para uso en horno microondas","Unidad",0]
[227,"Platos  5 (Compra)","- Elaborados en porcelana blanca\n- Hondo\n- Color blanco  sin diseño\n- Diámetro mínimo de 22 cm\n- Apto para uso en horno microondas","Unidad",0]
[228,"Pocillos  (Arrendamiento)","- Elaborado en porcelana blanca para café\n- Sin diseño\n- De mínimo 150 cc\n- No se debe rayar con el uso de cubiertos\n- Debe ser apta para uso en microondas","Unidad",0]
[229,"Pocillos  (Compra)","- Elaborado en porcelana blanca para café\n- Sin diseño\n- De mínimo 150 cc\n- No se debe rayar con el uso de cubiertos\n- Debe ser apta para uso en microondas","Unidad",0]
[230,"Juego de cubiertos  (Compra)","- Elaborados en acero inoxidable\n- Incluye cuchillo (longitud mínima de 20 cm), tenedor (longitud mínima de 17 cm), cuchara (longitud mínima de 17 cm), cuchara pequeña para postre (longitud mínima de 12 cm) y tenedor pequeño (longitud mínima de 12 cm).","Juego de 6 puestos",0]
[231,"Terno para café (Arrendamiento)","-Pocillo y plato de porcelana blanca para café.\n- Sin diseño\n- Plato de mínimo 12 cm de diámetro y pocillo de mínimo 150 cc\n- No se debe rayar con el uso de los cubiertos y\ndebe ser apta para uso en horno microondas.","Juego",0]
[232,"Terno para café (Compra)","-Pocillo y plato de porcelana blanca para café.\n- Sin diseño\n- Plato de mínimo 12 cm de diámetro y pocillo de mínimo 150 cc\n- No se debe rayar con el uso de los cubiertos y\ndebe ser apta para uso en horno microondas.","Juego",0]
[233,"Vajilla  1 (Arrendamiento)","- Elaborada en porcelana\n- Sin diseño\n- Compuesta de 8 puestos y cuatro piezas por puesto:\n- Plato para cena (diámetro mínimo de 26 cm)\n- Plato hondo (diámetro mínimo de 20 cm)\n- Plato auxiliar (diámetro mínimo de 16 cm)\n- Taza (capacidad mínima es de 280 cc)\n- Apta para uso en horno microondas.","Juego",0]
[234,"Vajilla  1 (Compra)","- Elaborada en porcelana\n- Sin diseño\n- Compuesta de 8 puestos y cuatro piezas por puesto:\n- Plato para cena (diámetro mínimo de 26 cm)\n- Plato hondo (diámetro mínimo de 20 cm)\n- Plato auxiliar (diámetro mínimo de 16 cm)\n- Taza (capacidad mínima es de 280 cc)\n- Apta para uso en horno microondas.","Juego",0]
[235,"Vajilla  2 (Arrendamiento)","- Elaborada en porcelana\n- Sin diseño\n- Compuesta de 4 puestos y cuatro piezas por puesto:\n- Plato para cena (diámetro mínimo de 26 cm)\n- Plato hondo (diámetro mínimo de 20 cm)\n- Plato auxiliar (diámetro mínimo de 16 cm)\n- Taza (capacidad mínima es de 280 cc)\n- Apta para uso en horno microondas.","Juego",0]
[236,"Vajilla  2 (Compra)","- Elaborada en porcelana\n- Sin diseño\n- Compuesta de 4 puestos y cuatro piezas por puesto:\n- Plato para cena (diámetro mínimo de 26 cm)\n- Plato hondo (diámetro mínimo de 20 cm)\n- Plato auxiliar (diámetro mínimo de 16 cm)\n- Taza (capacidad mínima es de 280 cc)\n- Apta para uso en horno microondas.","Juego",0]
[237,"Cuchillo de cocina  (Compra)","- Hoja elaborada en acero inoxidable de mínimo 20 cm de largo y 2 cm de ancho.\n- Mango liso elaborado en polipropileno negro","Unidad",0]
[238,"Tijeras de cocina  (Compra)","- Hojas elaborada en acero inoxidable de mínimo 20 cm de largo\n- Mango de plástico liso","Unidad",0]
[239,"Jarra  (Arrendamiento)","- Elaborada en vidrio\n- Sin diseño\n- Capacidad mínima de 1,5 litros","Unidad",0]
[240,"Jarra  (Compra)","- Elaborada en vidrio\n- Sin diseño\n- Capacidad mínima de 1,5 litros","Unidad",0]
[241,"Combustible para Cortadora de césped, sopladora de hojas y guadañas (Compra)"," - Gasolina ","Galón",0]
[242,"Organizador  porta escobas  (Compra)","- Con capacidad para organizar mínimo 4 escobas de manera simultánea","Unidad",0]
[243,"Espátula  (Compra)","- Metálica con mango de plástico\n- Con hoja de mínimo 2 pulgadas de largo","Unidad",0]
[244,"Haraganes 1  (Compra)","- Para limpiar vidrios\n- Con banda de goma con longitud mínima de 25 cm.\n- Mango con longitud mínima de 60 cm","Unidad",0]
[245,"Haraganes 2  (Compra)","- Para limpiar vidrios\n- Con banda de goma con longitud mínima de 50 cm.\n- Mango metálico extensible con longitud mínima\nde 60 cm y máxima de 150 cm","Unidad",0]
[246,"Haraganes 3  (Compra)","- Para escurrir pisos\n- Con banda de goma con longitud mínima de 35 cm","Unidad",0]
[247,"Haraganes 4  (Compra)","- Para escurrir pisos\n-Con banda de goma con longitud mínima de 50 cm.","Unidad",0]
[248,"Balde (Arrendamiento)","- Capacidad mínima de 10 litros\n- Con manija móvil\n- Con \"pico\" antiderrames\n- Disponibles en diferentes colores\n- Elaborado en material reciclable\n- Marcado de acuerdo con la norma ISO 11469 y ISO 1043. ","Unidad",0]
[249,"Balde (Compra)","- Capacidad mínima de 10 litros\n- Con manija móvil\n- Con \"pico\" antiderrames\n- Disponibles en diferentes colores\n- Elaborado en material reciclable\n- Marcado de acuerdo con la norma ISO 11469 y ISO 1043. ","Unidad",0]
[250,"Plato Biodegradable 1 (Compra)","- Plato pando, circular, sin divisiones \n- Biodegradable  \n-Tamaño: 15 cm\n- Sin ala\n- Elaborado con la fibra de caña de azúcar o almidón de maíz\n- No debe contener PVC o Poliestireno expandido u otros plásticos de un solo uso tanto en el envase como en el embalaje.","Unidad",0]
[251,"Plato Biodegradable 2 (Compra)","- Plato pando, circular, sin divisiones \n- Biodegradable  \n-Tamaño: 18 cm\n- Sin ala\n- Elaborado con la fibra de caña de azúcar o almidón de maíz\n- No debe contener PVC o Poliestireno expandido u otros plásticos de un solo uso tanto en el envase como en el embalaje.","Unidad",0]
[252,"Pocillos 1 (Arrendamiento)","- Elaborado en porcelana blanca para café\n- De mínimo 170 cc\n- No se debe rayar con el uso de cubiertos\n- Debe ser apta para uso en microondas","Unidad",0]
[253,"Pocillos 1 (Compra)","- Elaborado en porcelana blanca para café\n- De mínimo 170 cc\n- No se debe rayar con el uso de cubiertos\n- Debe ser apta para uso en microondas","Unidad",0]
[254,"Terno para café  (Arrendamiento)","-Pocillo y plato de porcelana blanca para café.\n- Plato de mínimo 13 cm de diámetro y pocillo de mínimo 170 cc\n- No se debe rayar con el uso de los cubiertos y\ndebe ser apta para uso en horno microondas.","Juego",0]
[255,"Terno para café  (Compra)","-Pocillo y plato de porcelana blanca para café.\n- Plato de mínimo 13 cm de diámetro y pocillo de mínimo 170 cc\n- No se debe rayar con el uso de los cubiertos y\ndebe ser apta para uso en horno microondas.","Juego",0]
[256,"Cafetera 1 (Arrendamiento)"," - Capacidad mínima de 12 tazas\n - 120 voltios\n - Potencia mínima de 900 w\n - Filtro permanente\n - Material plástico\n - Jarra de vidrio","Unidad",0]
[257,"Cafetera 1 (Compra)"," - Capacidad mínima de 12 tazas\n - 120 voltios\n - Potencia mínima de 900 w\n - Filtro permanente\n - Material plástico\n - Jarra de vidrio","Unidad",{"$f":"SUM(I271:L271)","v":0}]
[258,"Vajilla  3 (Arrendamiento)","- Elaborada en porcelana\n- Compuesta de 8 puestos y cuatro piezas por puesto:\n- Plato para cena (diámetro mínimo de 26 cm)\n- Plato hondo (diámetro mínimo de 20 cm)\n- Plato auxiliar (diámetro mínimo de 17 cm)\n- Taza (capacidad mínima es de 280 cc)\n- Apta para uso en horno microondas","Juego",0]
[259,"Vajilla  3 (Compra)","- Elaborada en porcelana\n- Compuesta de 8 puestos y cuatro piezas por puesto:\n- Plato para cena (diámetro mínimo de 26 cm)\n- Plato hondo (diámetro mínimo de 20 cm)\n- Plato auxiliar (diámetro mínimo de 17 cm)\n- Taza (capacidad mínima es de 280 cc)\n- Apta para uso en horno microondas","Juego",0]
[260,"Vajilla  4 (Arrendamiento)","- Elaborada en porcelana\n- Compuesta de 4 puestos y cuatro piezas por puesto:\n- Plato para cena (diámetro mínimo de 26 cm)\n- Plato hondo (diámetro mínimo de 20 cm)\n- Plato auxiliar (diámetro mínimo de 17 cm)\n- Taza (capacidad mínima es de 280 cc)\n- Apta para uso en horno microondas","Juego",0]
[261,"Vajilla  4 (Compra)","- Elaborada en porcelana\n- Compuesta de 4 puestos y cuatro piezas por puesto:\n- Plato para cena (diámetro mínimo de 26 cm)\n- Plato hondo (diámetro mínimo de 20 cm)\n- Plato auxiliar (diámetro mínimo de 17 cm)\n- Taza (capacidad mínima es de 280 cc)\n- Apta para uso en horno microondas","Juego",0]
[262,"Portavasos (Arrendamiento)","- Elaborado en acero inoxidable\n- Diámetro mínimo de 12 cm","Unidad",0]
[263,"Portavasos (Compra)","- Elaborado en acero inoxidable\n- Diámetro mínimo de 12 cm","Unidad",0]
[264,"Bandeja 1 (Arrendamiento)","- Elaborada en acero inoxidable\n- Sin diseño\n- Dimensiones mínimas de 37 cm de largo por 27 cm de ancho","Unidad",0]
[265,"Bandeja 1 (Compra)","- Elaborada en acero inoxidable\n- Sin diseño\n- Dimensiones mínimas de 37 cm de largo por 27 cm de ancho","Unidad",0]
[266,"Bandeja 2 (Arrendamiento)","- Elaborada en acero inoxidable\n- Sin diseño\n- Dimensiones mínimas de 50 cm de largo por 33 cm de ancho","Unidad",0]
[267,"Bandeja 2 (Compra)","- Elaborada en acero inoxidable\n- Sin diseño\n- Dimensiones mínimas de 50 cm de largo por 33 cm de ancho","Unidad",0]
[268,"Bandeja 3 (Arrendamiento)","- Elaborada en plástico\n- Superficie antideslizante\n- Diseño sencillo\n- Dimensiones mínimas de 37cm de largo por 27 cm de ancho\n- Color blanco o beige","Unidad",0]
[269,"Bandeja 3 (Compra)","- Elaborada en plástico\n- Superficie antideslizante\n- Diseño sencillo\n- Dimensiones mínimas de 37cm de largo por 27 cm de ancho\n- Color blanco o beige","Unidad",0]
[270,"Bandeja 4 (Arrendamiento)","- Elaborada en plástico\n- Superficie antideslizante\n- Diseño sencillo\n- Dimensiones mínimas de 45 cm de largo por 35 cm de ancho\n- Color blanco o beige","Unidad",0]
[271,"Bandeja 4 (Compra)","- Elaborada en plástico\n- Superficie antideslizante\n- Diseño sencillo\n- Dimensiones mínimas de 45 cm de largo por 35 cm de ancho\n- Color blanco o beige","Unidad",0]
[272,"Olleta (Arrendamiento)","- Elaborada en aluminio\n- Capacidad mínima de 2 litros","Unidad",0]
[273,"Olleta (Compra)","- Elaborada en aluminio\n- Capacidad mínima de 2 litros","Unidad",0]
[274,"Olla 1 (Arrendamiento)","- Elaborada en aluminio\n- Con tapa en aluminio\n- Capacidad mínima de 3 litros","Unidad",0]
[275,"Olla 1 (Compra)","- Elaborada en aluminio\n- Con tapa en aluminio\n- Capacidad mínima de 3 litros","Unidad",0]
[276,"Olla 2 (Arrendamiento)","- Elaborada en aluminio\n- Con tapa en aluminio\n- Capacidad mínima de 5 litros","Unidad",0]
[277,"Olla 2 (Compra)","- Elaborada en aluminio\n- Con tapa en aluminio\n- Capacidad mínima de 5 litros","Unidad",0]
[278,"Escurridor para platos (Arrendamiento)","- Elaborado en plástico\n- Con rejilla, portacubiertos y bandeja plástica de goteo\n- Dimensiones mínimas de 40 cm de largo y 30 cm de ancho","Unidad",0]
[279,"Escurridor para platos (Compra)","- Elaborado en plástico\n- Con rejilla, portacubiertos y bandeja plástica de goteo\n- Dimensiones mínimas de 40 cm de largo y 30 cm de ancho","Unidad",0]
[280,"Soporte para Botellón de agua (Compra)"," - Metálico\n- Plegable","Unidad",0]
[281,"Carro exprimidor de trapero 1 (Arrendamiento)"," - Elaborado en plástico\n - Capacidad mínima de 24 litros\n - Con cuatro ruedas y manija de escurridor","Unidad",0]
[282,"Carro exprimidor de trapero 1 (Compra)"," - Elaborado en plástico\n - Capacidad mínima de 24 litros\n - Con cuatro ruedas y manija de escurridor","Unidad",0]
[283,"Carro exprimidor de trapero 2 (Arrendamiento)","- Elaborado en plástico\n- Capacidad mínima de 35 litros\n- Con cuatro ruedas y manija de escurridor","Unidad",0]
[284,"Carro exprimidor de trapero 2 (Compra)","- Elaborado en plástico\n- Capacidad mínima de 35 litros\n- Con cuatro ruedas y manija de escurridor","Unidad",0]
[285,"Carros para limpieza (Arrendamiento)","- Tamaño mínimo de 70 cm de largo por 50 cm de ancho por 95 cm de alto\n- Mínimo dos bandejas de servicio\n- Con mínimo una bolsa de limpieza\n- Con plataforma para balde escurridor\n- Con cuatro ruedas antirayones\n- Ruedas delanteras con ángulo de giro de 360 grados","Unidad",0]
[286,"Carros para limpieza (Compra)","- Tamaño mínimo de 70 cm de largo por 50 cm de ancho por 95 cm de alto\n- Mínimo dos bandejas de servicio\n- Con mínimo una bolsa de limpieza\n- Con plataforma para balde escurridor\n- Con cuatro ruedas antirayones\n- Ruedas delanteras con ángulo de giro de 360 grados","Unidad",0]
[287,"Carro de bebidas (Arrendamiento)","- Elaborado en plástico\n- Mínimo dos estantes para distribución de bebidas\n- Tamaño mínimo de 80 cm de largo por 47 cm de ancho por 90 cm de alto","Unidad",0]
[288,"Carro de bebidas (Compra)","- Elaborado en plástico\n- Mínimo dos estantes para distribución de bebidas\n- Tamaño mínimo de 80 cm de largo por 47 cm de ancho por 90 cm de alto","Unidad",0]
[289,"Escalera 1 (Arrendamiento)"," - Cuerpo plástico\n- Altura mínima de mínimo dos pasos.","Unidad",0]
[290,"Escalera 1 (Compra)"," - Cuerpo plástico\n- Altura mínima de mínimo dos pasos.","Unidad",0]
[291,"Escalera 2 (Arrendamiento)"," - Cuerpo Metálico\n- Altura mínima de  mínimo dos pasos.","Unidad",0]
[292,"Escalera 2 (Compra)"," - Cuerpo Metálico\n- Altura mínima de  mínimo dos pasos.","Unidad",0]
[293,"Escalera 3 (Arrendamiento)"," - Cuerpo Metálico\n- Altura mínima de mínimo cuatro pasos.","Unidad",0]
[294,"Escalera 3 (Compra)"," - Cuerpo Metálico\n- Altura mínima de mínimo cuatro pasos.","Unidad",0]
[295,"Escalera 4 (Arrendamiento)"," - Cuerpo Metálico\n- Altura mínima de mínimo seis pasos. ","Unidad",0]
[296,"Escalera 4 (Compra)"," - Cuerpo Metálico\n- Altura mínima de mínimo seis pasos. ","Unidad",0]
[297,"Escalera de tipo industrial (Arrendamiento)","Cuerpo en aluminio, tipo tijera\n- Altura mínima de 5 escalones\n- Con capacidad de resistencia a una carga concentrada en cualquier punto del escalón de 127 kg\n- Con tapones de caucho antideslizantes","Unidad",0]
[298,"Escalera de tipo industrial (Compra)","Cuerpo en aluminio, tipo tijera\n- Altura mínima de 5 escalones\n- Con capacidad de resistencia a una carga concentrada en cualquier punto del escalón de 127 kg\n- Con tapones de caucho antideslizantes","Unidad",0]
[299,"Mangueras 1 (Arrendamiento)"," - Longitud mínima de 20 metros\n - Elaborada en PVC\n - Con terminales roscadas en ambos extremos\n - Incluye accesorios: acoples y pistola ","Unidad",0]
[300,"Mangueras 1 (Compra)"," - Longitud mínima de 20 metros\n - Elaborada en PVC\n - Con terminales roscadas en ambos extremos\n - Incluye accesorios: acoples y pistola ","Unidad",0]
[301,"Mangueras 2 (Arrendamiento)","- Longitud mínima de 30 metros\n- Elaborada en PVC\n- Con terminales roscadas en ambos extremos\n- Incluye accesorios: acoples y pistola","Unidad",0]
[302,"Mangueras 2 (Compra)","- Longitud mínima de 30 metros\n- Elaborada en PVC\n- Con terminales roscadas en ambos extremos\n- Incluye accesorios: acoples y pistola","Unidad",0]
[303,"Mangueras 3 (Arrendamiento)","- Longitud mínima de 50 metros\n- Elaborada en PVC\n- Con terminales roscadas en ambos extremos\n- Incluye accesorios: acoples y pistola","Unidad",0]
[304,"Mangueras 3 (Compra)","- Longitud mínima de 50 metros\n- Elaborada en PVC\n- Con terminales roscadas en ambos extremos\n- Incluye accesorios: acoples y pistola","Unidad",0]
[305,"Contenedor de basura 1 (Compra)","- Elaborado en plástico\n- Tapa con pedal\n- Capacidad mínima de 10 litros\n- Color negro\n- Impresión de la palabra \"Plásticos\" en la cara delantera del contenedor","Unidad",0]
[306,"Contenedor de basura 2 (Compra)","- Elaborado en plástico\n- Tapa con pedal\n- Capacidad mínima de 10 litros\n- Color blanco\n- Impresión de las palabras \"Papel y cartón\" en la cara delantera del contenedor","Unidad",0]
[307,"Contenedor de basura 3 (Compra)","- Elaborado en plástico\n- Tapa con pedal\n- Capacidad mínima de 10 litros\n- Color verde\n- Impresión de las palabras  \"No reciclables\" u \"Orgánicos\" u \"Ordinarios\" en la cara delantera del contenedor","Unidad",0]
[308,"Contenedor de basura 4 (Compra)","- Elaborado en plástico\n- Tapa con pedal\n- Capacidad mínima de 10 litros\n- Color rojo\n- Impresión de las palabras \"Riesgo biológico\" o \"Residuos peligrosos\" en la cara delantera del contenedor","Unidad",0]
[309,"Contenedor de basura 5 (Compra)","- Elaborado en plástico\n- Tapa con pedal\n- Capacidad mínima de 20 litros\n- Color negro\n- Impresión de la palabra \"Plásticos\" en la cara delantera del contenedor","Unidad",0]
[310,"Contenedor de basura 6 (Compra)","- Elaborado en plástico\n- Tapa con pedal\n- Capacidad mínima de 20 litros\n- Color blanco\n- Impresión de las palabras \"Papel y cartón\" en la cara delantera del contenedor","Unidad",0]
[311,"Contenedor de basura 7 (Compra)","- Elaborado en plástico\n- Tapa con pedal\n- Capacidad mínima de 20 litros\n- Color verde\n- Impresión de las palabras  \"No reciclables\" u \"Orgánicos\" u \"Ordinarios\" en la cara delantera del contenedor","Unidad",0]
[312,"Contenedor de basura 8 (Compra)","- Elaborado en plástico\n- Tapa con pedal\n- Capacidad mínima de 20 litros\n- Color rojo\n- Impresión de las palabras \"Riesgo biológico\" o \"Residuos peligrosos\" en la cara delantera del\ncontenedor","Unidad",0]
[313,"Contenedor de basura 9 (Compra)","- Elaborado en plástico\n- Con tapa en vaivén\n- Capacidad mínima de 50 litros\n- Color negro\n- Impresión de la palabra \"Plásticos\" en la cara delantera del contenedor","Unidad",0]
[314,"Contenedor de basura 10 (Compra)","- Elaborado en plástico\n- Con tapa en vaivén\n- Capacidad mínima de 50 litros\n- Color blanco\n- Impresión de las palabras \"Papel y cartón\" en la cara delantera del contenedor","Unidad",0]
[315,"Contenedor de basura 11 (Compra)","- Elaborado en plástico\n- Con tapa en vaivén\n- Capacidad mínima de 50 litros\n- Color verde\n- Impresión de las palabras  \"No reciclables\" u \"Orgánicos\" u \"Ordinarios\" en la cara delantera del contenedor","Unidad",0]
[316,"Contenedor de basura 12 (Compra)","- Elaborado en plástico\n- Con tapa en vaivén\n- Capacidad mínima de 50 litros\n- Color rojo\n- Impresión de las palabras \"Riesgo biológico\" o \"Residuos peligrosos\" en la cara delantera del contenedor","Unidad",0]
[317,"Contenedor de basura 13 (Compra)","- Elaborado en plástico\n-- Con tapa en vaivén\n- Capacidad mínima de 120 litros\n- Color negro\n- Impresión de la palabra \"Plásticos\" en la cara delantera del contenedor","Unidad",0]
[318,"Contenedor de basura 14 (Compra)","- Elaborado en plástico\n- Con tapa en vaivén\n- Capacidad mínima de 120 litros\n- Color blanco\n- Impresión de las palabras \"Papel y cartón\" en la cara delantera del contenedor","Unidad",0]
[319,"Contenedor de basura 15 (Compra)","- Elaborado en plástico\n- Con tapa en vaivén\n- Capacidad mínima de 120 litros\n- Color verde\n- Impresión de las palabras \"No reciclables\" u \"Orgánicos\" u \"Ordinarios\" en la cara delantera del contenedor","Unidad",0]
[320,"Contenedor de basura 16 (Compra)","- Elaborado en plástico\n- Con tapa en vaivén\n- Capacidad mínima de 120 litros\n- Color rojo\n- Impresión de las palabras \"Riesgo biológico\" o\n\"Residuos peligrosos\" en la cara delantera del contenedor","Unidad",0]
[321,"Contenedor de basura 17 (Compra)","- Elaborado en plástico\n- Con tapa\n- Capacidad mínima de 180 litros\n- Color negro\n- Con ruedas traseras macizas y manijas","Unidad",{"$f":"SUM(I335:L335)","v":0}]
[322,"Contenedor de basura 18 (Compra)","- Elaborado en plástico\n- Con tapa\n- Capacidad mínima de 180 litros\n- Color verde\n- Con ruedas traseras macizas y manijas","Unidad",0]
[323,"Contenedor de basura 19 (Compra)","- Elaborado en plástico\n- Con tapa\n- Capacidad mínima de 180 litros\n- Color blanco\n- Con ruedas traseras macizas y manijas","Unidad",0]
[324,"Contenedor de basura 20 (Compra)","- Elaborado en plástico\n- Con tapa\n- Capacidad mínima de 240 litros\n- Color negro\n- Con ruedas traseras macizas y manijas","Unidad",0]
[325,"Contenedor de basura 21 (Compra)","- Elaborado en plástico\n- Con tapa\n- Capacidad mínima de 240 litros\n- Color verde\n- Con ruedas traseras macizas y manijas","Unidad",0]
[326,"Contenedor de basura 22 (Compra)","- Elaborado en plástico\n- Con tapa\n- Capacidad mínima de 240 litros\n- Color blanco\n- Con ruedas traseras macizas y manijas","Unidad",0]
[327,"Contenedor de basura 23 (Compra)","- Elaborado en plástico\n- Con tapa\n- Capacidad mínima de 340 litros\n- Color negro\n- Con ruedas traseras macizas y manijas","Unidad",0]
[328,"Contenedor de basura 24 (Compra)","- Elaborado en plástico\n- Con tapa\n- Capacidad mínima de 340 litros\n- Color verde\n- Con ruedas traseras macizas y manijas","Unidad",0]
[329,"Contenedor de basura 25 (Compra)","- Elaborado en plástico\n- Con tapa\n- Capacidad mínima de 340 litros\n- Color blanco\n- Con ruedas traseras macizas y manijas","Unidad",0]
[330,"Contenedor de basura 26 (Compra)","- Elaborado en plástico\n- Con tapa\n- Capacidad mínima de 760 litros\n- Color negro\n- Con ruedas traseras macizas y manijas","Unidad",0]
[331,"Contenedor de basura 27 (Compra)","- Elaborado en plástico\n- Con tapa\n- Capacidad mínima de 760 litros\n- Color verde\n- Con ruedas traseras macizas y manijas","Unidad",0]
[332,"Contenedor de basura 28 (Compra)","- Elaborado en plástico\n- Con tapa\n- Capacidad mínima de 760 litros\n- Color blanco\n- Con ruedas traseras macizas y manijas","Unidad",0]
[333,"Contenedor de basura 29 (Compra)","- Elaborado en plástico\n- Con tapa\n- Capacidad mínima de 1.000 litros\n- Color blanco\n- Con ruedas traseras macizas y manijas","Unidad",0]
[334,"Contenedor de basura 30 (Compra)","- Elaborado en plástico\n- Con tapa\n- Capacidad mínima de 1.000 litros\n- Color verde\n- Con ruedas traseras macizas y manijas","Unidad",0]
[335,"Punto Ecológico 1 (Compra)","- Base metálica\n- Mínimo tres contenedores así:\n- Contenedor color verde con palabras \"residuos orgánicos aprovechables: restos de comida, desechos agrícolas\" en la cara frontal\n- Contenedor color blanco con palabras \"residuos aprovechables como plástico, vidrio, metales, multicapa, papel y cartón\" en la cara frontal\n- Contenedor color negro con las palabaras \"residuos no aprovechables: papel higiénico, servilletas, papeles y cartones contaminados con comida, papeles metalizados\" en la cara frontal\n- Capacidad mínima de 20 litros para cada contenedor\n- Contenedores elaborados en plástico\n- Debe cumplir con lo estipualdo en el artíuculo 4° de la Resolución 2184 del 26 de diciembre de 2019","Unidad",0]
[336,"Punto Ecológico 2 (Compra)","- Base metálica\n- Mínimo tres contenedores así:\n- Contenedor color verde con palabras \"residuos orgánicos aprovechables: restos de comida, desechos agrícolas\" en la cara frontal\n- Contenedor color blanco con palabras \"residuos aprovechables como plástico, vidrio, metales, multicapa, papel y cartón\" en la cara frontal\n- Contenedor color negro con las palabaras \"residuos no aprovechables: papel higiénico, servilletas, papeles y cartones contaminados con comida, papeles metalizados\" en la cara frontal\n- Capacidad mínima de 35 litros para cada contenedor\n- Contenedores elaborados en plástico\n- Debe cumplir con lo estipualdo en el artíuclo 4° de la Resolución 2184 del 26 de diciembre de 2019","Unidad",0]
[337,"Punto Ecológico 3 (Compra)","- Base metálica con techo en material metálico\n- Mínimo tres contenedores así:\n- Contenedor color verde con palabras \"residuos orgánicos aprovechables: restos de comida, desechos agrícolas\" en la cara frontal\n- Contenedor color blanco con palabras \"residuos aprovechables como plástico, vidrio, metales, multicapa, papel y cartón\" en la cara frontal\n- Contenedor color negro con las palabaras \"residuos no aprovechables: papel higiénico, servilletas, papeles y cartones contaminados con comida, papeles metalizados\" en la cara frontal\n- Capacidad mínima de 35 litros para cada contenedor\n- Contenedores elaborados en plástico\n- Debe cumplir con lo estipualdo en el artíuclo 4° de la Resolución 2184 del 26 de diciembre de 2019","Unidad",0]
[338,"Punto Ecológico 4 (Compra)","- Base metálica\n- Mínimo tres contenedores así:\n- Contenedor color verde con palabras \"residuos orgánicos aprovechables: restos de comida, desechos agrícolas\" en la cara frontal\n- Contenedor color blanco con palabras \"residuos aprovechables como plástico, vidrio, metales, multicapa, papel y cartón\" en la cara frontal\n- Contenedor color negro con las palabaras \"residuos no aprovechables: papel higiénico, servilletas, papeles y cartones contaminados con comida, papeles metalizados\" en la cara frontal\n- Capacidad mínima de 50 litros para cada contenedor\n- Contenedores elaborados en plástico\n- Debe cumplir con lo estipualdo en el artíuclo 4° de la Resolución 2184 del 26 de diciembre de 2019","Unidad",0]
[339,"Punto Ecológico 5 (Compra)","- Base metálica con techo en material metálico\n- Mínimo tres contenedores así:\n- Contenedor color verde con palabras \"residuos orgánicos aprovechables: restos de comida, desechos agrícolas\" en la cara frontal\n- Contenedor color blanco con palabras \"residuos aprovechables como plástico, vidrio, metales, multicapa, papel y cartón\" en la cara frontal\n- Contenedor color negro con las palabaras \"residuos no aprovechables: papel higiénico, servilletas, papeles y cartones contaminados con comida, papeles metalizados\" en la cara frontal\n- Capacidad mínima de 50 litros para cada contenedor\n- Contenedores elaborados en plástico\n- Debe cumplir con lo estipualdo en el artíuclo 4° de la Resolución 2184 del 26 de diciembre de 2019","Unidad",0]
[340,"Punto Ecológico 6 (Compra)","- Base metálica\n- Mínimo tres contenedores así:\n- Contenedor color verde con palabras \"residuos orgánicos aprovechables: restos de comida, desechos agrícolas\" en la cara frontal\n- Contenedor color blanco con palabras \"residuos aprovechables como plástico, vidrio, metales, multicapa, papel y cartón\" en la cara frontal\n- Contenedor color negro con las palabaras \"residuos no aprovechables: papel higiénico, servilletas, papeles y cartones contaminados con comida, papeles metalizados\" en la cara frontal\n- Capacidad mínima de 100 litros para cada contenedor\n- Contenedores elaborados en plástico\n- Debe cumplir con lo estipualdo en el artíuclo 4° de la Resolución 2184 del 26 de diciembre de 2019","Unidad",0]
[341,"Papelera 1 (Compra)","- Cuerpo metálico enmallado sin tapa\n- Con capacidad mínima de 10 litros\n- Diseño para oficina","Unidad",0]
[342,"Papelera 2 (Compra)","- Cuerpo plástico\n- Con mecanismo de pedal para abrir y cerrar tapa\n- Con capacidad mínima de 10 litros\n- Diseño para baño","Unidad",0]
[343,"Papelera 3 (Compra)","- Cuerpo plástico sin tapa\n- Con capacidad mínima de 10 litros\n- Diseño para baño","Unidad",0]
[344,"Papelera 4 (Compra)","- Papelera de oficina de plástico reciclado\n- Color gris o negro\n- Con capacidad de 5 litros\n- Diámetro: 22 cm aproxi. Largo: 24 cm. \nNo debe contener PVC o Poliestireno expandido u otros plásticos de un solo uso tanto en el envase como en el embalaje.","Unidad",0]
[345,"Papelera residuos peligrosos 1 (Compra)","- Cuerpo plástico\n- Con mecanismo de pedal para abrir y cerrar tapa\n- Con capacidad mínima de 10 litros\n- Diseño para baño\n- Color rojo\n- Con las palabras \"Riesgo biológico\" en la cara frontal","Unidad",0]
[346,"Papelera residuos peligrosos 2 (Compra)","- Cuerpo plástico\n- Con mecanismo de pedal para abrir y cerrar tapa\n- Con capacidad mínima de 20 litros\n- Diseño para baño\n- Color rojo\n- Con las palabras \"Riesgo biológico\" en la cara frontal","Unidad",0]
[347,"Señales peatonales de prevención y atención 1 (Compra)","- Elaborado en plástico\n- Tipo tijera, plegable\n- Tamaño mínimo de 25 cm de ancho por 60 cm de alto por 22 cm de largo.\n- Impresión en las dos caras con las palabras \"Cerrado\" o \"Área cerrada\" o \"No pasar\".\n- Color amarillo","Unidad",0]
[348,"Señales peatonales de prevención y atención 2 (Compra)","- Elaborado en plástico\n- Tipo tijera, plegable\n- Tamaño mínimo de 25 cm de ancho por 60 cm de alto por 22 cm de largo.\n- Impresión en las dos caras con las palabras \"Cuidado\".\n- Color amarillo\n- Acordes con la reglamentación establecida por la NTC 1461","Unidad",0]
[349,"Señales peatonales de prevención y atención 3 (Compra)","- Elaborado en plástico\n- Tipo tijera, plegable\n- Tamaño mínimo de 25 cm de ancho por 60 cm de alto por 22 cm de largo.\n- Impresión en las dos caras con las palabras \"Piso húmedo o \"Piso mojado\"\".\n- Color amarillo\n- Acordes con la reglamentación establecida por la NTC 1461","Unidad",0]
[350,"Dispensador para papel higiénico 1 (Compra)","- Elaborado en plástico ABS blanco\n- Para rollo de 250 metros y 400 metros\n- Con visor para ver el estado del rollo\n- Con cerradura y llave\n- Incluye los elementos necesarios para realizar la instalación en pared\n-Incluye el costo de instalación.","Unidad",0]
[351,"Dispensador para papel higiénico 2 (Compra)","- Elaborado en acero inoxidable\n- Para rollo de 250 metros y 400 metros\n- Con visor para ver el estado del rollo\n- Con cerradura y llave\n- Incluye los elementos necesarios para realizar la instalación en pared\n-Incluye el costo de instalación.","Unidad",0]
[352,"Dispensador de toallas de manos 1 (Compra)","- Elaborado en plástico ABS\n- Para toallas de papel en rollo de 150 metros y 250 metros\n- Con mecanismo accionador de palanca, perilla giratoria o para halar con la mano.\n- Con cuchilla serrada para cortar la toalla de manos\n- Con cerradura y llave\n- Incluye los elementos necesarios para realizar la instalación en pared\n - Incluye el costo de instalación","Unidad",0]
[353,"Dispensador de toallas de manos 2 (Compra)","- Elaborado en plástico ABS\n- Para toallas de papel interdobladas con capacidad mínima de 300 toallas\n- Con mecanismo para halar con la mano.\n- Con cerradura y llave\n- Incluye los elementos necesarios para realizar la instalación en pared\n-Incluye el costo de instalación","Unidad",0]
[354,"Dispensador de toallas de manos 3 (Compra)","- Elaborado en acero inoxidable\n- Para toallas de papel interdobladas con capacidad mínima de 300 toallas\n- Con mecanismo para halar con la mano.\n- Con cerradura y llave\n- Incluye los elementos necesarios para realizar la instalación en pared\n-Incluye el costo de instalación","Unidad",0]
[355,"Dispensador de jabón líquido 1 (Compra)","- Elaborado en plástico ABS blanco\n- Con válvula manual anticorrosiva.\n- Uso habilitado para cualquier jabón líquido con capacidad mínima de 500 cc\n- Incluye los elementos necesarios para realizar la instalación en pared\n-Incluye el costo de instalación","Unidad",0]
[356,"Dispensador de jabón líquido 2 (Compra)","- Elaborado en plástico ABS blanco\n- Con sensor para suministro de jabón\n- Uso habilitado para cualquier jabón líquido con capacidad mínima de 500 ml\n- Incluye los elementos necesarios para realizar la instalación en pared\n -Incluye el costo de instalación'","Unidad",0]
[357,"Dispensador de jabón líquido 3 (Compra)","- Elaborado en acero inoxidable\n- Con válvula manual anticorrosiva.\n- Uso habilitado para cualquier jabón líquido con capacidad mínima de 800 ml\n- Con cerradura y llave\n- Incluye los elementos necesarios para realizar la instalación en pared\n -Incluye el el costo de instalación'","Unidad",0]
[358,"Dispensador de jabón líquido 4 (Compra)","- Elaborado en acero inoxidable\n- Con sensor para suministro de jabón\n- Uso habilitado para cualquier jabón líquido con capacidad mínima de 800 ml\n- Con cerradura y llave\n- Incluye los elementos necesarios para realizar la instalación en pared\n -Incluye el costo de instalación'","Unidad",0]
[359,"Dispensador para ambientador (Compra)"," - Elaborado en plástico ABS blanco\n - Con dispersión programable de líquido ambientador\n - Capacidad mínima de 250 ml\n- Incluye los elementos necesarios para realizar la instalación en pared\n- Incluye aerosol para recarga mensual\n-Incluye el costo de instalación","Unidad",0]
[360,"Dispensador goteo por gravedad y recarga (Compra)","- Elaborado en PVC blanco\n- Goteo programable para desodorizar sanitarios y orinales\n- Incluye manguera plástica de goteo\n- Incluye los elementos necesarios para realizar la instalación en pared\n- Incluye líquido para recarga mensual con agentes tensoactivos","Unidad",0]
[361,"Dispensador de agua (Compra)","- Dispensador de agua fría y caliente\n- Sistema de filtración multinivel\n- Uso de gas refrigerante seguro para la capa de ozono\n\n","Unidad",0]
[362,"Dispensador de agua con botellón (Compra)","- Dispensador de agua fría y caliente\n- Uso de gas refrigerante seguro para la capa de ozono\n","Unidad",0]
[363,"Greca para tintos 1 (Arrendamiento)","- Eléctrica de 110 v\n- Cuerpo elaborada en lámina de acero inoxidable de calibre 24 como mínimo\n- Resistencias elaboradas en cobre\n- Terminales elaboradas en cobre remplazables con soldadura\n- Mínimo dos servicios\n- Con su respectivo filtro y aro\n - Con capacidad para 30 tintos","Unidad",1,null,null,null,null,null,null,1]
[364,"Greca para tintos 1 (Compra)","- Eléctrica de 110 v\n- Cuerpo elaborada en lámina de acero inoxidable de calibre 24 como mínimo\n- Resistencias elaboradas en cobre\n- Terminales elaboradas en cobre remplazables con soldadura\n- Mínimo dos servicios\n- Con su respectivo filtro y aro\n - Con capacidad para 30 tintos","Unidad",0]
[365,"Greca para tintos 2 (Arrendamiento)","- Eléctrica de 110 v\n- Cuerpo elaborada en lámina de acero inoxidable de calibre 24 como mínimo, grado alimento\n- Resistencias elaboradas en cobre\n- Terminales elaboradas en cobre remplazables sin soldadura\n- Mínimo 2 servicios\n -Con su respectivo filtro y aro\n- Con capacidad para 60 tintos","Unidad",0]
[366,"Greca para tintos 2 (Compra)","- Eléctrica de 110 v\n- Cuerpo elaborada en lámina de acero inoxidable de calibre 24 como mínimo, grado alimento\n- Resistencias elaboradas en cobre\n- Terminales elaboradas en cobre remplazables sin soldadura\n- Mínimo 2 servicios\n -Con su respectivo filtro y aro\n- Con capacidad para 60 tintos","Unidad",0]
[367,"Greca para tintos 3 (Arrendamiento)","- Eléctrica de 110 v\n- Cuerpo elaborada en lámina de acero inoxidable de calibre 24 como mínimo, grado alimento\n- Resistencias elaboradas en cobre\n- Terminales elaboradas en cobre remplazables sin soldadura\n- Mínimo dos servicios\n -Con su respectivo filtro y aro\n - Con capacidad para 120 tintos","Unidad",0]
[368,"Greca para tintos 3 (Compra)","- Eléctrica de 110 v\n- Cuerpo elaborada en lámina de acero inoxidable de calibre 24 como mínimo, grado alimento\n- Resistencias elaboradas en cobre\n- Terminales elaboradas en cobre remplazables sin soldadura\n- Mínimo dos servicios\n -Con su respectivo filtro y aro\n - Con capacidad para 120 tintos","Unidad",0]
[369,"Máquina de filtrado para café (Compra)","- Cafetera de método filtrado de café por goteo con conexión directamente a la red de agua o con opción de usarse completamente portátil sin requerir conexión directa a la red de agua\n- Grifo para dispensar agua caliente\n- Capacidad para termos de 1.9 a 3L, capacidad de 14 litros hora\n- Incluye termo con capacidad de mantener la bebida caliente, conservando la calidad de la taza de café durante mínimo 3 horas\n- Revestimiento de acero inoxidable con bomba tipo dispensador \n- Capacidad de 2,5 0 3,0 litros.","Unidad",0]
[370,"Horno microondas (Arrendamiento)","- Potencia mínima de 900 w\n- Tamaño mínimo de 30 cm de ancho por 25 cm de alto por 35 cm de profundidad.\n- Con bandera giratoria de cristal templado\n- Con programas automáticos","Unidad",0]
[371,"Horno microondas (Compra)","- Potencia mínima de 900 w\n- Tamaño mínimo de 30 cm de ancho por 25 cm de alto por 35 cm de profundidad.\n- Con bandera giratoria de cristal templado\n- Con programas automáticos","Unidad",0]
[372,"Horno microondas de tipo industrial (Arrendamiento)","- Potencia mínima de 1000 w\n- Tamaño mínimo de 30 cm de ancho por 30 cm de alto por 40 cm de profundidad.\n- Descongelamiento automático\n- Con programas automáticos","Unidad",0]
[373,"Horno microondas de tipo industrial (Compra)","- Potencia mínima de 1000 w\n- Tamaño mínimo de 30 cm de ancho por 30 cm de alto por 40 cm de profundidad.\n- Descongelamiento automático\n- Con programas automáticos","Unidad",0]
[374,"Estufa 1 (Arrendamiento)","- De dos puestos\n- Lámina esmaltada\n- Eléctrica\n- Con perilla para graduar mínimo 3 niveles de calor","Unidad",0]
[375,"Estufa 1 (Compra)","- De dos puestos\n- Lámina esmaltada\n- Eléctrica\n- Con perilla para graduar mínimo 3 niveles de calor","Unidad",0]
[376,"Estufa 2 (Arrendamiento)","- De dos puestos\n- Lámina esmaltada- A gas\n- Con perilla y quemador para graduar la llama\n- Con parrilla","Unidad",0]
[377,"Estufa 2 (Compra)","- De dos puestos\n- Lámina esmaltada\n- A gas\n- Con perilla y quemador para graduar la llama\n- Con parrilla","Unidad",0]
[378,"Extensión eléctrica 1 (Compra)","- De mínimo 25 metros de longitud \n- Tipo industrial\n- Recubierta en plástico PVC\n- Con clavijas\n- Calibre 12","Unidad",0]
[379,"Extensión eléctrica 2 (Compra)","- De mínimo 30 metros de longitud\n- Recubierta en plástico PVC\n- Con clavijas\n- Tipo industrial\n- Calibre 12","Unidad",0]
[380,"Aspiradora 1 (Arrendamiento)","- De uso industrial para aspirado en seco y húmedo\n- Motor con potencia 1200 w y 1400 w\n- Capacidad entre 15 y 20 litros\n- Cable de potencia con longitud mínima de 5m\n- Accesorios mínimos: manguera puntera, 2 tubos para extensión, cepillos para tapizados","Unidad",0]
[381,"Aspiradora 1 (Compra)","- De uso industrial para aspirado en seco y húmedo\n- Motor con potencia 1200 w y 1400 w\n- Capacidad entre 15 y 20 litros\n- Cable de potencia con longitud mínima de 5m\n- Accesorios mínimos: manguera puntera, 2 tubos para extensión, cepillos para tapizados","Unidad",0]
[382,"Aspiradora 2 (Arrendamiento)","- De uso industrial para aspirado en seco y húmedo\n- Motor con potencia entre 1200 w y 1400 w\n- Capacidad entre 45 y 55 litros\n- Cable de potencia con longitud mínima de 5m\n- Accesorios mínimos: manguera puntera, 2 tubos para extensión, cepillos para tapizados","Unidad",0]
[383,"Aspiradora 2 (Compra)","- De uso industrial para aspirado en seco y húmedo\n- Motor con potencia entre 1200 w y 1400 w\n- Capacidad entre 45 y 55 litros\n- Cable de potencia con longitud mínima de 5m\n- Accesorios mínimos: manguera puntera, 2 tubos para extensión, cepillos para tapizados","Unidad",0]
[384,"Lavabrilladora de pisos 1 (Arrendamiento)","- De uso industrial\n- Motores con potencia mínima de 1,5 hp y velocidad mínima de 175 rpm.\n- Con manijas dobles\n- Con interruptor de apagado de seguridad\n- Diámetro mínimo de 16\"\n- Cable de potencia con longitud mínima de 8m\n- Accesorios mínimos portapad, cepillo suave y duro","Unidad ",0]
[385,"Lavabrilladora de pisos 1 (Compra)","- De uso industrial\n- Motores con potencia mínima de 1,5 hp y velocidad mínima de 175 rpm.\n- Con manijas dobles\n- Con interruptor de apagado de seguridad\n- Diámetro mínimo de 16\"\n- Cable de potencia con longitud mínima de 8m\n- Accesorios mínimos portapad, cepillo suave y duro","Unidad ",{"$f":"SUM(I399:L399)","v":0}]
[386,"Lavabrilladora de pisos 2 (Arrendamiento)","- De uso industrial\n- Motores con potencia mínima de 1,5 hp y velocidad mínima de 175 rpm.\n- Con manijas dobles\n- Con interruptor de apagado de seguridad\n- Diámetro mínimo de 20\"\n- Cable de potencia con longitud mínima de 8m\n- Accesorios mínimos portapad, cepillo suave y duro","Unidad",0]
[387,"Lavabrilladora de pisos 2 (Compra)","- De uso industrial\n- Motores con potencia mínima de 1,5 hp y velocidad mínima de 175 rpm.\n- Con manijas dobles\n- Con interruptor de apagado de seguridad\n- Diámetro mínimo de 20\"\n- Cable de potencia con longitud mínima de 8m\n- Accesorios mínimos portapad, cepillo suave y duro","Unidad",0]
[388,"Brilladora de alta revolución (Arrendamiento)","- De uso industrial\n- Motores con potencia mínima de 1,5 hp y velocidad mínima de 1500 rpm.\n- Con manijas dobles\n- Con interruptor de apagado de seguridad\n- Diámetro mínimo de 20\"\n- Cable de potencia con longitud mínima de 8m\n- Accesorios mínimos - portapad","Unidad",0]
[389,"Brilladora de alta revolución (Compra)","- De uso industrial\n- Motores con potencia mínima de 1,5 hp y velocidad mínima de 1500 rpm.\n- Con manijas dobles\n- Con interruptor de apagado de seguridad\n- Diámetro mínimo de 20\"\n- Cable de potencia con longitud mínima de 8m\n- Accesorios mínimos - portapad","Unidad",0]
[390,"Lavadora de alfombras y tapetes 1 (Arrendamiento)"," - Motor con potencia de mínimo 1100 w y velocidad mínima de 175 revoluciones por minuto.\n- Capacidad mínima de 5 litros\n- Cable de potencia con longitud mínima de 8m\n- Para lavar en seco o a vapor\n- Diámetro mínimo de 16\"","Unidad",0]
[391,"Lavadora de alfombras y tapetes 1 (Compra)"," - Motor con potencia de mínimo 1100 w y velocidad mínima de 175 revoluciones por minuto.\n- Capacidad mínima de 5 litros\n- Cable de potencia con longitud mínima de 8m\n- Para lavar en seco o a vapor\n- Diámetro mínimo de 16\"","Unidad",0]
[392,"Lavadora de alfombras y tapetes 2 (Arrendamiento)","- De inyección y extracción con dos motores, cada uno con una potencia entre 1200 w y 1400 w.\n- Capacidad mínima de 30 litros\n- Cable de potencia con longitud mínima de 8m\n- Diámetro mínimo de 20\"","Unidad",0]
[393,"Lavadora de alfombras y tapetes 2 (Compra)","- De inyección y extracción con dos motores, cada uno con una potencia entre 1200 w y 1400 w.\n- Capacidad mínima de 30 litros\n- Cable de potencia con longitud mínima de 8m\n- Diámetro mínimo de 20\"","Unidad",0]
[394,"Hidrolavadora Industrial (Arrendamiento)"," - Motor eléctrico y potencia de mínimo 2.2 Kw - 1.450 RPM y entre 2.5 HP y 3.5 HP.\n - Presión de salida de agua entre 900 psi y 1900 psi.\n - Con ruedas","Unidad",0]
[395,"Hidrolavadora Industrial (Compra)"," - Motor eléctrico y potencia de mínimo 2.2 Kw - 1.450 RPM y entre 2.5 HP y 3.5 HP.\n - Presión de salida de agua entre 900 psi y 1900 psi.\n - Con ruedas","Unidad",0]
[396,"Sopladora de hojas (Arrendamiento)"," - Potenciado por motor a gasolina o eléctrico inalámbrico\n - Caudal mínimo de 380 cfm / 645m3/h\n - Autonomía mínima de 30 minutos\n - Intensidad máxima de sonido de 100dB\n - Incluye combustible para su funcionamiento (Máximo 3 galones)","Unidad",0]
[397,"Sopladora de hojas (Compra)"," - Potenciado por motor a gasolina o eléctrico inalámbrico\n - Caudal mínimo de 380 cfm / 645m3/h\n - Autonomía mínima de 30 minutos\n - Intensidad máxima de sonido de 100dB\n - Incluye combustible para su funcionamiento (Máximo 3 galones)","Unidad",0]
[398,"Sonda para inodoro (Arrendamiento)","-Sonda de mínimo 3''\n-Cubierta de vinilo para proteger la porcelana.\n- Cable de 1/2\" (12,7 mm) con núcleo interno recubierto por compresión, resistente al retorcimiento.\n-Mangos grandes y de diseño ergonómico.\n-Funcional en inodoros ahorradores de agua\n-Peso entre 1,9 kg y 2,5 kg","Unidad",0]
[399,"Sonda para inodoro (Compra)","-Sonda de mínimo 3''\n-Cubierta de vinilo para proteger la porcelana.\n- Cable de 1/2\" (12,7 mm) con núcleo interno recubierto por compresión, resistente al retorcimiento.\n-Mangos grandes y de diseño ergonómico.\n-Funcional en inodoros ahorradores de agua\n-Peso entre 1,9 kg y 2,5 kg","Unidad",0]
[400,"Girador Manual (Compra)","-Para destapar desagües entre 1/2\" a 1 1/2\".\n-Collar antideslizante que agarra y suelta el cable\n-Cable de núcleo hueco de mpinimo 5/16\" × 25 pies (7,6 m) con barrena de cabeza de bulbo.\n-Tambor rotativo de plástico moldeado\n-Diseño de tambor abierto que permite el acceso al cable","Unidad",0]
[401,"Sonda para fregaderos (Compra)","Sonda Eléctrica para desagües de 3/4” (20 mm) a 2-1/2” (64 mm)\n-El equipo propulsor de velocidad variable gira el cable a 0-600 RPM.\n-Capacidad del tambor: 50 pies (15 m) de 5⁄16\" (8 mm) o 35 pies (11 m) de 3⁄8\" (10 mm).\n-El núcleo interior revestido de vinilo impide que se oxide por contacto con el resorte.","Unidad",0]
[402,"Cortadora de cesped  (Arrendamiento)","-Cuenta con una cuchilla de 32 a 38 cm.\n-Chasis de acero con recolector o salida lateral.\n-Ruedas de 135 mm\n-Con  potencia entre 5 hp a 25 hp\n-Ancho de corte de 18 a 183 cm.\n-Peso entre 10 kg y 13,5 kg\n-Tiene manilla de seguridad\n-Incluye combustible para su funcionamiento (Máximo 3 galones)","Unidad",0]
[403,"Cortadora de cesped  (Compra)","-Cuenta con una cuchilla de 32 a 38 cm.\n-Chasis de acero con recolector o salida lateral.\n-Ruedas de 135 mm\n-Con  potencia entre 5 hp a 25 hp\n-Ancho de corte de 18 a 183 cm.\n-Peso entre 10 kg y 13,5 kg\n-Tiene manilla de seguridad\n-Incluye combustible para su funcionamiento (Máximo 3 galones)","Unidad",0]
[404,"Guadañas (Arrendamiento)"," -Guadaña de Eje Rígido\n - Viene cilindrada con apróximadamente 30 a 51,6 cm3.\n-Peso promedio entre 6,5 Kg y 7,7 Kg.\n-Cuchilla de 80 puntas\n-Capacidad del tanque de combustible entre 0,65 Lt y 1 Lt.\n-Cuenta con un sistema de arranque manual.\n-Cuenta con un sistema de ignición electrónico\n - Incluye el combustible para su funcioamiento (Máximo 3 galones)","Unidad",0]
[405,"Guadañas (Compra)"," -Guadaña de Eje Rígido\n - Viene cilindrada con apróximadamente 30 a 51,6 cm3.\n-Peso promedio entre 6,5 Kg y 7,7 Kg.\n-Cuchilla de 80 puntas\n-Capacidad del tanque de combustible entre 0,65 Lt y 1 Lt.\n-Cuenta con un sistema de arranque manual.\n-Cuenta con un sistema de ignición electrónico\n - Incluye el combustible para su funcioamiento (Máximo 3 galones)","Unidad",0]
[406,"Motobombas (Arrendamiento)","-Motobomba eléctrica\n-Fabricada en Hierro\n-Cuenta con una potencia de 2 hp a 111 hp\n-Velocidades desde 1800 RPM a 3450 RPM.\n-Peso promedio de 30 Kg.\n-Las medidas de succión por descarga van de 2 x 2 pulgadas a 12 x 12 pulgadas.","Unidad",0]
[407,"Motobombas (Compra)","-Motobomba eléctrica\n-Fabricada en Hierro\n-Cuenta con una potencia de 2 hp a 111 hp\n-Velocidades desde 1800 RPM a 3450 RPM.\n-Peso promedio de 30 Kg.\n-Las medidas de succión por descarga van de 2 x 2 pulgadas a 12 x 12 pulgadas.","Unidad",0]
["   "]
[null,null,null,null,null,null,{"$f":"#REF!+#REF!","v":{"$error":"#REF!"}}]

{"sheet":"Resumen - CSV","index":3,"n_rows":56,"n_cols":16,"rows_kept":56,"cut":false,"hidden":false,"merged":[[0,1,0,14],[2,1,2,2],[2,3,2,4],[51,12,51,13],[5,1,5,8],[5,9,5,14],[48,12,48,13],[50,12,50,13],[47,12,47,13],[49,2,55,9],[46,12,46,13]]}
[null,"RESUMEN DE COTIZACIÓN"]
[null,{"$f":"+'Solicitud de Cotización General'!A4","v":"Versión: 42 ---- 14/05/2024"}]
[null,"Región de Cobertura: ",null,{"$f":"'Solicitud de Cotización General'!H9","v":10}]
[]
[]
[null,"Paquete de Servicios",null,null,null,null,null,null,null,"Valores"]
[null,"Item","Categoría","Servicio","Característica 1","Disponibilidad","Cantidad","Unidad","Vigencia / Unidad","Valor unitario","Nuevo precio cláusula 8","Valor Mensual / Valor X Unidad","Recargo por Trabajo nocturno, extra, dominical y festivo","Recargo por dotación especial","Valor Total","NomCoupa"]
[null,1,"Servicio de Personal","Operario de aseo y cafetería","Operario de aseo y cafetería","Tiempo Completo",4,"Mes",7,{"$f":"VLOOKUP(D8,Precios!$F:$K,6,0)","v":2465868},{"$f":"ROUND(J8/(1-VLOOKUP(\"Total porcentaje:\",'Solicitud de Cotización General'!D:F,3,0)),2)","v":2465868},{"$f":"ROUND(G8*K8,2)","v":9863472},null,null,{"$f":"ROUND(I8*L8,2)","v":69044304},{"$f":"IF($C8=\"Bienes de Aseo y Cafetería\",\"Bienes de Aseo y Cafetería\",IF($C8=\"Servicios Especiales\",$D8&\" - \"&G8,$E8&\" \"&$F8&\" - \"&G8))","v":"Operario de aseo y cafetería Tiempo Completo - 4"}]
[null,{"$f":"B8+1","v":2},"Bienes de Aseo y Cafetería","Jabón para loza 2 (Compra)","Jabón para loza 2 (Compra)",null,4,"Und",7,2934,{"$f":"ROUND(J9/(1-VLOOKUP(\"Total porcentaje:\",'Solicitud de Cotización General'!D:F,3,0)),2)","v":2934},{"$f":"ROUND(G9*K9,2)","v":11736},null,null,{"$f":"ROUND(I9*L9,2)","v":82152},{"$f":"IF($C9=\"Servicios Especiales\",$D9&\" - \"&G9,$E9&\" \"&$F9&\" - \"&G9)","v":"Jabón para loza 2 (Compra)  - 4"}]
[null,3,"Bienes de Aseo y Cafetería","Jabón en barra (Compra)","Jabón en barra (Compra)",null,8,"Und",7,3309,{"$f":"ROUND(J10/(1-VLOOKUP(\"Total porcentaje:\",'Solicitud de Cotización General'!D:F,3,0)),2)","v":3309},26472,null,null,185304,"Jabón en barra (Compra)  - 8"]
[null,4,"Bienes de Aseo y Cafetería","Jabón abrasivo (Compra)","Jabón abrasivo (Compra)",null,4,"Und",7,4225,{"$f":"ROUND(J11/(1-VLOOKUP(\"Total porcentaje:\",'Solicitud de Cotización General'!D:F,3,0)),2)","v":4225},16900,null,null,118300,"Jabón abrasivo (Compra)  - 4"]
[null,5,"Bienes de Aseo y Cafetería","Jabón de dispensador para manos 1 (Compra)","Jabón de dispensador para manos 1 (Compra)",null,4,"Und",7,2459,{"$f":"ROUND(J12/(1-VLOOKUP(\"Total porcentaje:\",'Solicitud de Cotización General'!D:F,3,0)),2)","v":2459},9836,null,null,68852,"Jabón de dispensador para manos 1 (Compra)  - 4"]
[null,6,"Bienes de Aseo y Cafetería","Limpiador multiusos 2 (Compra)","Limpiador multiusos 2 (Compra)",null,4,"Und",7,2183,{"$f":"ROUND(J13/(1-VLOOKUP(\"Total porcentaje:\",'Solicitud de Cotización General'!D:F,3,0)),2)","v":2183},8732,null,null,61124,"Limpiador multiusos 2 (Compra)  - 4"]
[null,7,"Bienes de Aseo y Cafetería","Limpiador multiusos 3 (Compra)","Limpiador multiusos 3 (Compra)",null,4,"Und",7,1946,{"$f":"ROUND(J14/(1-VLOOKUP(\"Total porcentaje:\",'Solicitud de Cotización General'!D:F,3,0)),2)","v":1946},7784,null,null,54488,"Limpiador multiusos 3 (Compra)  - 4"]
[null,8,"Bienes de Aseo y Cafetería","Limpiador desinfectante para uso general 2 (Compra)","Limpiador desinfectante para uso general 2 (Compra)",null,4,"Und",7,2976,{"$f":"ROUND(J15/(1-VLOOKUP(\"Total porcentaje:\",'Solicitud de Cotización General'!D:F,3,0)),2)","v":2976},11904,null,null,83328,"Limpiador desinfectante para uso general 2 (Compra)  - 4"]
[null,9,"Bienes de Aseo y Cafetería","Pastilla desinfectante para sanitario (Compra)","Pastilla desinfectante para sanitario (Compra)",null,12,"Und",7,3522,{"$f":"ROUND(J16/(1-VLOOKUP(\"Total porcentaje:\",'Solicitud de Cotización General'!D:F,3,0)),2)","v":3522},42264,null,null,295848,"Pastilla desinfectante para sanitario (Compra)  - 12"]
[null,10,"Bienes de Aseo y Cafetería","Líquido para limpiar vidrios 2 (Compra)","Líquido para limpiar vidrios 2 (Compra)",null,4,"Und",7,3082,{"$f":"ROUND(J17/(1-VLOOKUP(\"Total porcentaje:\",'Solicitud de Cotización General'!D:F,3,0)),2)","v":3082},12328,null,null,86296,"Líquido para limpiar vidrios 2 (Compra)  - 4"]
[null,11,"Bienes de Aseo y Cafetería","Blanqueador o hipoclorito 1 (Compra)","Blanqueador o hipoclorito 1 (Compra)",null,4,"Und",7,5812,{"$f":"ROUND(J18/(1-VLOOKUP(\"Total porcentaje:\",'Solicitud de Cotización General'!D:F,3,0)),2)","v":5812},23248,null,null,162736,"Blanqueador o hipoclorito 1 (Compra)  - 4"]
[null,12,"Bienes de Aseo y Cafetería","Líquido para limpiar equipos de oficina 1 (Compra)","Líquido para limpiar equipos de oficina 1 (Compra)",null,4,"Und",7,3606,{"$f":"ROUND(J19/(1-VLOOKUP(\"Total porcentaje:\",'Solicitud de Cotización General'!D:F,3,0)),2)","v":3606},14424,null,null,100968,"Líquido para limpiar equipos de oficina 1 (Compra)  - 4"]
[null,13,"Bienes de Aseo y Cafetería","Lustrador de muebles (Compra)","Lustrador de muebles (Compra)",null,4,"Und",7,1992,{"$f":"ROUND(J20/(1-VLOOKUP(\"Total porcentaje:\",'Solicitud de Cotización General'!D:F,3,0)),2)","v":1992},7968,null,null,55776,"Lustrador de muebles (Compra)  - 4"]
[null,14,"Bienes de Aseo y Cafetería","Ambientador 2 (Compra)","Ambientador 2 (Compra)",null,4,"Und",7,8436,{"$f":"ROUND(J21/(1-VLOOKUP(\"Total porcentaje:\",'Solicitud de Cotización General'!D:F,3,0)),2)","v":8436},33744,null,null,236208,"Ambientador 2 (Compra)  - 4"]
[null,15,"Bienes de Aseo y Cafetería","Insecticida 1 (Compra)","Insecticida 1 (Compra)",null,4,"Und",7,12139,{"$f":"ROUND(J22/(1-VLOOKUP(\"Total porcentaje:\",'Solicitud de Cotización General'!D:F,3,0)),2)","v":12139},48556,null,null,339892,"Insecticida 1 (Compra)  - 4"]
[null,16,"Bienes de Aseo y Cafetería","Limpiones 1 (Compra)","Limpiones 1 (Compra)",null,8,"Und",7,1314,{"$f":"ROUND(J23/(1-VLOOKUP(\"Total porcentaje:\",'Solicitud de Cotización General'!D:F,3,0)),2)","v":1314},10512,null,null,73584,"Limpiones 1 (Compra)  - 8"]
[null,17,"Bienes de Aseo y Cafetería","Bayetilla 1 (Compra)","Bayetilla 1 (Compra)",null,4,"Und",7,1622,{"$f":"ROUND(J24/(1-VLOOKUP(\"Total porcentaje:\",'Solicitud de Cotización General'!D:F,3,0)),2)","v":1622},6488,null,null,45416,"Bayetilla 1 (Compra)  - 4"]
[null,18,"Bienes de Aseo y Cafetería","Bayetilla 2 (Compra)","Bayetilla 2 (Compra)",null,4,"Und",7,1622,{"$f":"ROUND(J25/(1-VLOOKUP(\"Total porcentaje:\",'Solicitud de Cotización General'!D:F,3,0)),2)","v":1622},6488,null,null,45416,"Bayetilla 2 (Compra)  - 4"]
[null,19,"Bienes de Aseo y Cafetería","Toalla en tela blanca para pisos por metro (repuesto de haraganes) (Compra)","Toalla en tela blanca para pisos por metro (repuesto de haraganes) (Compra)",null,4,"Und",7,3894,{"$f":"ROUND(J26/(1-VLOOKUP(\"Total porcentaje:\",'Solicitud de Cotización General'!D:F,3,0)),2)","v":3894},15576,null,null,109032,"Toalla en tela blanca para pisos por metro (repuesto de haraganes) (Compra)  - 4"]
[null,20,"Bienes de Aseo y Cafetería","Paño absorbente multiusos 2 (Compra)","Paño absorbente multiusos 2 (Compra)",null,8,"Und",7,1299,{"$f":"ROUND(J27/(1-VLOOKUP(\"Total porcentaje:\",'Solicitud de Cotización General'!D:F,3,0)),2)","v":1299},10392,null,null,72744,"Paño absorbente multiusos 2 (Compra)  - 8"]
[null,21,"Bienes de Aseo y Cafetería","Escoba 3 (Compra)","Escoba 3 (Compra)",null,4,"Und",7,4054,{"$f":"ROUND(J28/(1-VLOOKUP(\"Total porcentaje:\",'Solicitud de Cotización General'!D:F,3,0)),2)","v":4054},16216,null,null,113512,"Escoba 3 (Compra)  - 4"]
[null,22,"Bienes de Aseo y Cafetería","Trapero 4 (Compra)","Trapero 4 (Compra)",null,4,"Und",7,6309,{"$f":"ROUND(J29/(1-VLOOKUP(\"Total porcentaje:\",'Solicitud de Cotización General'!D:F,3,0)),2)","v":6309},25236,null,null,176652,"Trapero 4 (Compra)  - 4"]
[null,23,"Bienes de Aseo y Cafetería","Bolsas plásticas 8 (Compra)","Bolsas plásticas 8 (Compra)",null,12,"Und",7,1764,{"$f":"ROUND(J30/(1-VLOOKUP(\"Total porcentaje:\",'Solicitud de Cotización General'!D:F,3,0)),2)","v":1764},21168,null,null,148176,"Bolsas plásticas 8 (Compra)  - 12"]
[null,24,"Bienes de Aseo y Cafetería","Bolsas plásticas 21 (Compra)","Bolsas plásticas 21 (Compra)",null,20,"Und",7,4843,{"$f":"ROUND(J31/(1-VLOOKUP(\"Total porcentaje:\",'Solicitud de Cotización General'!D:F,3,0)),2)","v":4843},96860,null,null,678020,"Bolsas plásticas 21 (Compra)  - 20"]
[null,25,"Bienes de Aseo y Cafetería","Bolsas plásticas 22 (Compra)","Bolsas plásticas 22 (Compra)",null,20,"Und",7,3697,{"$f":"ROUND(J32/(1-VLOOKUP(\"Total porcentaje:\",'Solicitud de Cotización General'!D:F,3,0)),2)","v":3697},73940,null,null,517580,"Bolsas plásticas 22 (Compra)  - 20"]
[null,26,"Bienes de Aseo y Cafetería","Bolsas plásticas 23 (Compra)","Bolsas plásticas 23 (Compra)",null,20,"Und",7,3697,{"$f":"ROUND(J33/(1-VLOOKUP(\"Total porcentaje:\",'Solicitud de Cotización General'!D:F,3,0)),2)","v":3697},73940,null,null,517580,"Bolsas plásticas 23 (Compra)  - 20"]
[null,27,"Bienes de Aseo y Cafetería","Papel higiénico 2 (Compra)","Papel higiénico 2 (Compra)",null,4,"Und",7,11403,{"$f":"ROUND(J34/(1-VLOOKUP(\"Total porcentaje:\",'Solicitud de Cotización General'!D:F,3,0)),2)","v":11403},45612,null,null,319284,"Papel higiénico 2 (Compra)  - 4"]
[null,28,"Bienes de Aseo y Cafetería","Papel higiénico 5 (Compra)","Papel higiénico 5 (Compra)",null,4,"Und",7,11809,{"$f":"ROUND(J35/(1-VLOOKUP(\"Total porcentaje:\",'Solicitud de Cotización General'!D:F,3,0)),2)","v":11809},47236,null,null,330652,"Papel higiénico 5 (Compra)  - 4"]
[null,29,"Bienes de Aseo y Cafetería","Toallas para manos 4 (Compra)","Toallas para manos 4 (Compra)",null,4,"Und",7,24364,{"$f":"ROUND(J36/(1-VLOOKUP(\"Total porcentaje:\",'Solicitud de Cotización General'!D:F,3,0)),2)","v":24364},97456,null,null,682192,"Toallas para manos 4 (Compra)  - 4"]
[null,30,"Bienes de Aseo y Cafetería","Toallas para manos 6 (Compra)","Toallas para manos 6 (Compra)",null,4,"Und",7,6092,{"$f":"ROUND(J37/(1-VLOOKUP(\"Total porcentaje:\",'Solicitud de Cotización General'!D:F,3,0)),2)","v":6092},24368,null,null,170576,"Toallas para manos 6 (Compra)  - 4"]
[null,31,"Bienes de Aseo y Cafetería","Vasos biodegradables 2 (Compra)","Vasos biodegradables 2 (Compra)",null,4,"Und",7,8839,{"$f":"ROUND(J38/(1-VLOOKUP(\"Total porcentaje:\",'Solicitud de Cotización General'!D:F,3,0)),2)","v":8839},35356,null,null,247492,"Vasos biodegradables 2 (Compra)  - 4"]
[null,32,"Bienes de Aseo y Cafetería","Café 1 (Compra)","Café 1 (Compra)",null,20,"Und",7,16725,{"$f":"ROUND(J39/(1-VLOOKUP(\"Total porcentaje:\",'Solicitud de Cotización General'!D:F,3,0)),2)","v":16725},334500,null,null,2341500,"Café 1 (Compra)  - 20"]
[null,33,"Bienes de Aseo y Cafetería","Azúcar 1 (Compra)","Azúcar 1 (Compra)",null,5,"Und",7,8540,{"$f":"ROUND(J40/(1-VLOOKUP(\"Total porcentaje:\",'Solicitud de Cotización General'!D:F,3,0)),2)","v":8540},42700,null,null,298900,"Azúcar 1 (Compra)  - 5"]
[null,34,"Bienes de Aseo y Cafetería","Aromática (Compra)","Aromática (Compra)",null,4,"Und",7,1496,{"$f":"ROUND(J41/(1-VLOOKUP(\"Total porcentaje:\",'Solicitud de Cotización General'!D:F,3,0)),2)","v":1496},5984,null,null,41888,"Aromática (Compra)  - 4"]
[null,35,"Bienes de Aseo y Cafetería","Aromática de panela (Compra)","Aromática de panela (Compra)",null,4,"Und",7,3701,{"$f":"ROUND(J42/(1-VLOOKUP(\"Total porcentaje:\",'Solicitud de Cotización General'!D:F,3,0)),2)","v":3701},14804,null,null,103628,"Aromática de panela (Compra)  - 4"]
[null,36,"Bienes de Aseo y Cafetería","Bebida de frutas (Compra)","Bebida de frutas (Compra)",null,4,"Und",7,9639,{"$f":"ROUND(J43/(1-VLOOKUP(\"Total porcentaje:\",'Solicitud de Cotización General'!D:F,3,0)),2)","v":9639},38556,null,null,269892,"Bebida de frutas (Compra)  - 4"]
[null,37,"Bienes de Aseo y Cafetería","Agua potable 4 (Compra)","Agua potable 4 (Compra)",null,44,"Und",7,10903,{"$f":"ROUND(J44/(1-VLOOKUP(\"Total porcentaje:\",'Solicitud de Cotización General'!D:F,3,0)),2)","v":10903},479732,null,null,3358124,"Agua potable 4 (Compra)  - 44"]
[null,38,"Bienes de Aseo y Cafetería","Atomizadores (Compra)","Atomizadores (Compra)",null,4,"Und",7,1566,{"$f":"ROUND(J45/(1-VLOOKUP(\"Total porcentaje:\",'Solicitud de Cotización General'!D:F,3,0)),2)","v":1566},6264,null,null,43848,"Atomizadores (Compra)  - 4"]
[null,39,"Bienes de Aseo y Cafetería","Greca para tintos 1 (Arrendamiento)","Greca para tintos 1 (Arrendamiento)",null,1,"Und",7,36331,{"$f":"ROUND(J46/(1-VLOOKUP(\"Total porcentaje:\",'Solicitud de Cotización General'!D:F,3,0)),2)","v":36331},36331,null,null,254317,"Greca para tintos 1 (Arrendamiento)  - 1"]
[null,"1. Si requiere agregue o elimine filas",null,null,null,null,null,null,null,null,null,null,"Recargo por Trabajo nocturno, extra, dominical y festivo",{"$f":"SUM(L8:L8)","v":9863472},{"$f":"SUM(M8:M8)","v":0},{"$f":"IF($C47=\"Servicios Especiales\",$D47&\" - \"&G47,$E47&\" \"&$F47&\" - \"&G47)","v":"  - "}]
[null,null,null,null,null,null,null,null,null,null,null,null,"Recargo por dotación especial",null,{"$f":"SUM(N8:N8)","v":0},"  - "]
[null,null,null,null,null,null,null,null,null,null,null,null,"Subtotal",null,{"$f":"SUM(O8:O48)","v":81935581},"  - "]
[null,null,"NOTA: para realizar la solicitud de cotización la Entidad Compradora debe cargar en la plantilla de cotización: \n\n1. Este archivo del Excel con todo el detalle de las especificaciones del servicio. Este archivo se carga como un anexo en la sección \"Anexos\" de la plantilla. \n\n2. Los ítems que requiere y que se generan en la plantilla creando el archivo CSV al seleccionar el botón \"Generar Solicitud\" de esta pestaña. Los ítems deben cargarse en la plantilla en la sección \"Artículos y lotes\" seleccionando \"agregar nuevo\" y luego \"agregar desde CSV\". ",null,null,null,null,null,null,null,null,null,"% AIU",{"$f":"VLOOKUP(\"Porcentaje de AIU\",Precios!$F:$K,6,0)","v":0.1},{"$f":"ROUND(O49*N50,2)","v":8193558.0999999996},"  - "]
[null,null,null,null,null,null,null,null,null,null,null,null,"IVA",null,{"$f":"IF($D$3<>12,ROUND(IF(N50<10%,(O49*10%)*19%,(O49*N50)*19%),0),0)","v":1556776},"  - "]
[null,null,null,null,null,null,null,null,null,null,null,null,"Total",null,{"$f":"SUM(O49:O51)","v":91685915.099999994},"  - "]
[null,null,null,null,null,null,null,null,null,null,null,null,null,null,null,"  - "]
[null,null,null,null,null,null,null,null,null,null,null,null,null,null,null,"  - "]
[null,null,null,null,null,null,null,null,null,null,null,null,null,null,null,"  - "]
[null,null,null,null,null,null,null,null,null,null,null,null,null,null,null,"  - "]

{"sheet":"Cotizacion Bienes de Aseo y Ca","index":4,"n_rows":422,"n_cols":16,"rows_kept":422,"cut":false,"hidden":false,"merged":[[1,0,1,10],[2,0,2,4],[3,0,3,10],[6,0,8,1],[4,0,4,1],[5,0,5,1],[6,5,6,8],[7,5,7,8],[5,5,5,8],[8,5,8,8],[6,2,8,2]]}
[]
["FORMATO DE COTIZACIÓN BIENES DE ASEO Y CAFETERÍA"]
[]
["3. Bienes de Aseo y Cafetería"]
["Regional",null,{"$f":"Cotizacion!D3","v":10},null,null,null,null,null,null,"Items","Porcentaje"]
["Proveedor",null,{"$f":"Cotizacion!D4","v":"CONSORCIO KIOS"},null,null,"Total Items a cotizar",null,null,null,{"$f":"COUNTIF(E14:$E$421,\">0\")","v":38},1]
["Observaciones",null,null,null,null,"Items con descuento hasta 25%",null,null,null,{"$f":"COUNTIF(H14:$H$421,\">\"&0.2)","v":19},{"$f":"IFERROR(J7/J6,0)","v":0.5}]
[null,null,null,null,null,"Items con descuento hasta 20%",null,null,null,{"$f":"COUNTIFS(H14:$H$421,\"<=\"&0.2,H14:$H$421,\"<>0\")","v":19},{"$f":"IFERROR(J8/J6,0)","v":0.5}]
[null,null,null,null,null,"Items pendientes de cotizar",null,null,null,{"$f":"J6-J7-J8","v":0},{"$f":"IFERROR(J9/J6,0)","v":0}]
[]
["A. Insumos",null,null,null,null,null,null,null,null,{"$f":"IFERROR(IF(ISEVEN($J$6),IF($K$7<=0.5,0.2501,0.2),IF(($J$7-1)<((($J$6-1)/2)+1),0.2501,0.2)),0)","v":0.25009999999999999},null,null,"Detalle Sede","Detalle Sede","Detalle Sede","Detalle Sede"]
[]
["No.","Bien","Especificación ","Presentación ","Cantidad Mensual","Precio unitario","Precio Mínimo","Descuento sobre precio mínimo","Descuento %","Precio Unitario con Descuento","Total","Minimo","Sede 1","Sede 2","Sede 3","Sede 4"]
[0,"Jardineria mt2","Servicio especializado de jardinería en metros cuadrados.","Metros cuadrados",{"$f":"SUM(M14:P14)","v":0},{"$f":"IF(E14>0,(VLOOKUP($C$5&$C$6&B14,ConsolidadoServicios!$A:$K,11,0)),0)","v":0},{"$f":"IF(E14>0,(VLOOKUP(B14,Minimos!$A:$B,2,0)),0)","v":0},{"$f":"IF(E14>0,IF(I14>0,(G14-J14)/G14,0),0)","v":0},null,{"$f":"ROUND((F14*(1-I14)),2)","v":0},{"$f":"J14*E14","v":0},{"$f":"ROUND(VLOOKUP($C$5&B14,ConsolidadoServicios!P:Q,2,0)*80%,2)","v":0},{"$f":"'Detalle Bienes de Aseo y Caf'!I14","v":0},{"$f":"'Detalle Bienes de Aseo y Caf'!J14","v":0},{"$f":"'Detalle Bienes de Aseo y Caf'!K14","v":0},{"$f":"'Detalle Bienes de Aseo y Caf'!L14","v":0}]
[1,"Jabón para loza 1 (Compra)","- Con agente(s) tensoactivo(s) principal(es) con efecto limpiador y desengrasante en una concentración mínima del 8%.\n- Disponible en mínimo (2) dos fragancias\n- El envase debe estar correctamente etiquetado bajo los parámetros establecidos en el sistema globalmente armonizado (Decreto 1496 de 2018) indicando: nombre comercial del producto, pictogramas de los compuestos peligrosos si aplica e instrucciones de uso de acuerdo con los tiempos de transición descritos en el artículo 24 de la Resolución 773 de 2021.\n- Debe contener concentraciones de fósforo iguales o inferiores a 0.65% de fósforo (Resolución 0689 de 2016)","Líquido, en recipiente plástico con capacidad mínima de 3.785 ml",{"$f":"SUM(M15:P15)","v":0},{"$f":"IF(E15>0,(VLOOKUP($C$5&$C$6&B15,ConsolidadoServicios!$A:$K,11,0)),0)","v":0},{"$f":"IF(E15>0,(VLOOKUP(B15,Minimos!$A:$B,2,0)),0)","v":0},{"$f":"IF(E15>0,IF(I15>0,(G15-J15)/G15,0),0)","v":0},null,{"$f":"ROUND((F15*(1-I15)),2)","v":0},{"$f":"J15*E15","v":0},{"$f":"ROUND(VLOOKUP($C$5&B15,ConsolidadoServicios!P:Q,2,0)*80%,2)","v":0},{"$f":"'Detalle Bienes de Aseo y Caf'!I15","v":0},{"$f":"'Detalle Bienes de Aseo y Caf'!J15","v":0},{"$f":"'Detalle Bienes de Aseo y Caf'!K15","v":0},{"$f":"'Detalle Bienes de Aseo y Caf'!L15","v":0}]
[2,"Jabón para loza 2 (Compra)","- Con agente(s) tensoactivo(s) principal(es) con efecto limpiador y desengrasante en una concentración mínima del 8%.\n- Disponible en mínimo (2) dos fragancias\n- El envase debe estar correctamente etiquetado bajo los parámetros establecidos en el sistema globalmente armonizado (Decreto 1496 de 2018) indicando: nombre comercial del producto, pictogramas de los compuestos peligrosos si aplica e instrucciones de uso de acuerdo con los tiempos de transición descritos en el artículo 24 de la Resolución 773 de 2021.\n- Debe contener concentraciones de fósforo iguales o inferiores a 0.65% de fósforo (Resolución 0689 de 2016)","Líquido, en recipiente plástico de mínimo 500 ml",4,{"$f":"IF(E16>0,(VLOOKUP($C$5&$C$6&B16,ConsolidadoServicios!$A:$K,11,0)),0)","v":4573},{"$f":"IF(E16>0,(VLOOKUP(B16,Minimos!$A:$B,2,0)),0)","v":2934},{"$f":"IF(E16>0,IF(I16>0,(G16-J16)/G16,0),0)","v":0.20000000000000007},0.48672643778701102,{"$f":"ROUND((F16*(1-I16)),2)","v":2347.1999999999998},{"$f":"J16*E16","v":9388.7999999999993},{"$f":"ROUND(VLOOKUP($C$5&B16,ConsolidadoServicios!P:Q,2,0)*80%,2)","v":0},{"$f":"'Detalle Bienes de Aseo y Caf'!I16","v":1},{"$f":"'Detalle Bienes de Aseo y Caf'!J16","v":1},{"$f":"'Detalle Bienes de Aseo y Caf'!K16","v":1},{"$f":"'Detalle Bienes de Aseo y Caf'!L16","v":1}]
[3,"Jabón para loza 3 (Compra)"," - Con agente(s) tensoactivo(s) principal(es) con efecto limpiador y desengrasante en una concentración mínima del 15%.\n - Disponible en mínimo (2) dos fragancias\n- El envase debe estar correctamente etiquetados bajo los parámetros establecidos en el sistema globalmente armonizado (Decreto 1496 de 2018) indicando: nombre comercial del producto, pictogramas de los compuestos peligrosos si aplica e instrucciones de uso.\n- Debe contener concentraciones de fósforo iguales o inferiores a 0.65% de fósforo (Resolución 0689 de 2016)","Crema, en recipiente plástico de mínimo 850 g",0,{"$f":"IF(E17>0,(VLOOKUP($C$5&$C$6&B17,ConsolidadoServicios!$A:$K,11,0)),0)","v":0},{"$f":"IF(E17>0,(VLOOKUP(B17,Minimos!$A:$B,2,0)),0)","v":0},0,null,0,0,{"$f":"ROUND(VLOOKUP($C$5&B17,ConsolidadoServicios!P:Q,2,0)*80%,2)","v":0},{"$f":"'Detalle Bienes de Aseo y Caf'!I17","v":0},{"$f":"'Detalle Bienes de Aseo y Caf'!J17","v":0},{"$f":"'Detalle Bienes de Aseo y Caf'!K17","v":0},{"$f":"'Detalle Bienes de Aseo y Caf'!L17","v":0}]
[4,"Jabón para loza 4 (Compra)","- Con agente(s) tensoactivo(s) con efecto limpiador y desengrasante. \n- Disponible en múltiples fragancias. \n- El envase debe estar correctamente etiquetado bajo los parámetros establecidos en el sistema globalmente armonizado (Decreto 1496 de 2018) indicando: nombre comercial del producto, pictogramas de los compuestos peligrosos si aplica e instrucciones de uso de acuerdo con los tiempos de transición descritos en el artículo 24 de la Resolución 773 de 2021.\n- Elaborado en material reciclable\n- Con etiqueta de amigable con el ambiente\n- Debe contener concentraciones de fósforo iguales o inferiores a 0.65% de fósforo (Resolución 0689 de 2016)","Crema, en recipiente plástico de mínimo 1000 g",0,{"$f":"IF(E18>0,(VLOOKUP($C$5&$C$6&B18,ConsolidadoServicios!$A:$K,11,0)),0)","v":0},{"$f":"IF(E18>0,(VLOOKUP(B18,Minimos!$A:$B,2,0)),0)","v":0},0,null,0,0,{"$f":"ROUND(VLOOKUP($C$5&B18,ConsolidadoServicios!P:Q,2,0)*80%,2)","v":0},{"$f":"'Detalle Bienes de Aseo y Caf'!I18","v":0},{"$f":"'Detalle Bienes de Aseo y Caf'!J18","v":0},{"$f":"'Detalle Bienes de Aseo y Caf'!K18","v":0},{"$f":"'Detalle Bienes de Aseo y Caf'!L18","v":0}]
[5,"Jabón en barra (Compra)","-Composición de ácidos grasos de mínimo 50%.\n- Debe contener concentraciones de fósforo iguales o inferiores a 0.65% de fósforo (Resolución 0689 de 2016)","Barra, unidad con peso mínimo de 250 g en\nenvoltura individual",8,{"$f":"IF(E19>0,(VLOOKUP($C$5&$C$6&B19,ConsolidadoServicios!$A:$K,11,0)),0)","v":3856},{"$f":"IF(E19>0,(VLOOKUP(B19,Minimos!$A:$B,2,0)),0)","v":2086},0.25,0.59426867219917001,1564.5,12516,{"$f":"ROUND(VLOOKUP($C$5&B19,ConsolidadoServicios!P:Q,2,0)*80%,2)","v":0},{"$f":"'Detalle Bienes de Aseo y Caf'!I19","v":2},{"$f":"'Detalle Bienes de Aseo y Caf'!J19","v":2},{"$f":"'Detalle Bienes de Aseo y Caf'!K19","v":2},{"$f":"'Detalle Bienes de Aseo y Caf'!L19","v":2}]
[6,"Jabón en barra azul (Compra)","- Todo tipo de uso\n- Biodegradable\n- No debe contener PVC o Poliestireno expandido u otros plásticos de un solo uso tanto en el envase como en el embalaje.\n- Debe contener concentraciones de fósforo iguales o inferiores a 0.65% de fósforo (Resolución 0689 de 2016)","Barra, unidad con peso mínimo de 250 g en\nenvoltura individual",0,{"$f":"IF(E20>0,(VLOOKUP($C$5&$C$6&B20,ConsolidadoServicios!$A:$K,11,0)),0)","v":0},{"$f":"IF(E20>0,(VLOOKUP(B20,Minimos!$A:$B,2,0)),0)","v":0},0,null,0,0,{"$f":"ROUND(VLOOKUP($C$5&B20,ConsolidadoServicios!P:Q,2,0)*80%,2)","v":0},{"$f":"'Detalle Bienes de Aseo y Caf'!I20","v":0},{"$f":"'Detalle Bienes de Aseo y Caf'!J20","v":0},{"$f":"'Detalle Bienes de Aseo y Caf'!K20","v":0},{"$f":"'Detalle Bienes de Aseo y Caf'!L20","v":0}]
[7,"Jabón abrasivo (Compra)","-Con agente(s) tensoactivo(s) pincipal(es) con efecto limpiador, pulidor y desengrasante\n- Con agente activo mínimo del 5%\n- Debe contener concentraciones de fósforo iguales o inferiores a 0.65% de fósforo (Resolución 0689 de 2016)","En polvo, en tarro de mínimo 500 g",4,{"$f":"IF(E21>0,(VLOOKUP($C$5&$C$6&B21,ConsolidadoServicios!$A:$K,11,0)),0)","v":5326},{"$f":"IF(E21>0,(VLOOKUP(B21,Minimos!$A:$B,2,0)),0)","v":3446},0.19999999999999996,0.48238828389034899,2756.8,11027.2,{"$f":"ROUND(VLOOKUP($C$5&B21,ConsolidadoServicios!P:Q,2,0)*80%,2)","v":0},{"$f":"'Detalle Bienes de Aseo y Caf'!I21","v":1},{"$f":"'Detalle Bienes de Aseo y Caf'!J21","v":1},{"$f":"'Detalle Bienes de Aseo y Caf'!K21","v":1},{"$f":"'Detalle Bienes de Aseo y Caf'!L21","v":1}]
[8,"Jabón de tocador 1 (Compra)"," - Elaborado con grasas vegetales\n - Con agente humectante\n - pH modificar entre PH 5,5 a 7\n - Disponible en mínimo (2) dos fragancias\n - Debe estar  correctamente etiquetados bajo los parámetros indicando: nombre comercial del producto, pictogramas de los compuestos peligrosos e instrucciones de uso\n- Debe contener concentraciones de fósforo iguales o inferiores a 0.65% de fósforo (Resolución 0689 de 2016)","Barra, unidad con peso mínimo de 125 g en envoltura individual",0,{"$f":"IF(E22>0,(VLOOKUP($C$5&$C$6&B22,ConsolidadoServicios!$A:$K,11,0)),0)","v":0},{"$f":"IF(E22>0,(VLOOKUP(B22,Minimos!$A:$B,2,0)),0)","v":0},0,null,0,0,{"$f":"ROUND(VLOOKUP($C$5&B22,ConsolidadoServicios!P:Q,2,0)*80%,2)","v":0},{"$f":"'Detalle Bienes de Aseo y Caf'!I22","v":0},{"$f":"'Detalle Bienes de Aseo y Caf'!J22","v":0},{"$f":"'Detalle Bienes de Aseo y Caf'!K22","v":0},{"$f":"'Detalle Bienes de Aseo y Caf'!L22","v":0}]
[9,"Jabón de tocador 2 (Compra)","- Jabón de tocador para manos en espuma\n- Líquido para manos en bolsa para dispensador spray y con boquilla especial de dispensador\n- Tapa tipo válvula, para dispensador, antibacterial y antiséptico \n- Con agente limpiador en una concentración mínima del 6%\n- Con agente humectante en una concentración mínima del 3%\n- Disponible en múltiples fragancias\n- Producto biodegradable basado en ingredientes orgánicos\n- El envase debe estar correctamente etiquetado bajo los parámetros establecidos en el sistema globalmente armonizado (Decreto 1496 de 2018) indicando: nombre comercial del producto, pictogramas de los compuestos peligrosos si aplica e instrucciones de uso de acuerdo con los tiempos de transición descritos en el artículo 24 de la Resolución 773 de 2021.\n- Elaborado en material reciclable\n- No debe contener PVC, Poliestireno expandido u otros plásticos de un solo uso tanto en el envase como en el embalaje.\n- Debe contener concentraciones de fósforo iguales o inferiores a 0.65% de fósforo (Resolución 0689 de 2016)","Líquido, en bolsa  con capacidad mínima de 800 ml",0,{"$f":"IF(E23>0,(VLOOKUP($C$5&$C$6&B23,ConsolidadoServicios!$A:$K,11,0)),0)","v":0},{"$f":"IF(E23>0,(VLOOKUP(B23,Minimos!$A:$B,2,0)),0)","v":0},0,null,0,0,{"$f":"ROUND(VLOOKUP($C$5&B23,ConsolidadoServicios!P:Q,2,0)*80%,2)","v":0},{"$f":"'Detalle Bienes de Aseo y Caf'!I23","v":0},{"$f":"'Detalle Bienes de Aseo y Caf'!J23","v":0},{"$f":"'Detalle Bienes de Aseo y Caf'!K23","v":0},{"$f":"'Detalle Bienes de Aseo y Caf'!L23","v":0}]
[10,"Jabón de dispensador para manos 1 (Compra)","- Con agente limpiador en una concentración mínima del 6%\n- Con agente humectante en una concentración mínima del 3%\n- pH entre 5,5 a 7\n- Disponible en mínimo (2) dos fragancias\n- Debe contener concentraciones de fósforo iguales o inferiores a 0.65% de fósforo (Resolución 0689 de 2016)","Líquido, en recipiente plástico con dispensador y capacidad mínima de 500 ml",4,{"$f":"IF(E24>0,(VLOOKUP($C$5&$C$6&B24,ConsolidadoServicios!$A:$K,11,0)),0)","v":5043},{"$f":"IF(E24>0,(VLOOKUP(B24,Minimos!$A:$B,2,0)),0)","v":2459},0.19999999999999998,0.60991473329367396,1967.2,7868.8,{"$f":"ROUND(VLOOKUP($C$5&B24,ConsolidadoServicios!P:Q,2,0)*80%,2)","v":0},{"$f":"'Detalle Bienes de Aseo y Caf'!I24","v":1},{"$f":"'Detalle Bienes de Aseo y Caf'!J24","v":1},{"$f":"'Detalle Bienes de Aseo y Caf'!K24","v":1},{"$f":"'Detalle Bienes de Aseo y Caf'!L24","v":1}]
[11,"Jabón de dispensador para manos 2 (Compra)","- Con agente limpiador en una concentración mínima del 6%\n- Con agente humectante en una concentración mínima del 3%\n- pH entre 5,5 a 7\n- Disponible en mínimo (2) dos fragancias\n- Debe contener concentraciones de fósforo iguales o inferiores a 0.65% de fósforo (Resolución 0689 de 2016)","Líquido, en recipiente plástico con capacidad mínima de 3.785 ml",0,{"$f":"IF(E25>0,(VLOOKUP($C$5&$C$6&B25,ConsolidadoServicios!$A:$K,11,0)),0)","v":0},{"$f":"IF(E25>0,(VLOOKUP(B25,Minimos!$A:$B,2,0)),0)","v":0},0,null,0,0,{"$f":"ROUND(VLOOKUP($C$5&B25,ConsolidadoServicios!P:Q,2,0)*80%,2)","v":0},{"$f":"'Detalle Bienes de Aseo y Caf'!I25","v":0},{"$f":"'Detalle Bienes de Aseo y Caf'!J25","v":0},{"$f":"'Detalle Bienes de Aseo y Caf'!K25","v":0},{"$f":"'Detalle Bienes de Aseo y Caf'!L25","v":0}]
[12,"Jabón de dispensador para manos 3 (Compra)","- Con agente limpiador en una concentración mínima del 6%.\n- Con agente antibacterial en una concentración mínima del 0,2%\n- Con agente humectante en una concentración mínima del 3%\n- pH entre 5,5 a 7\n- Disponible en mínimo (2) dos fragancias\n- Debe contener concentraciones de fósforo iguales o inferiores a 0.65% de fósforo (Resolución 0689 de 2016)","Líquido, en recipiente plástico con capacidad mínima de 3.785 ml",0,{"$f":"IF(E26>0,(VLOOKUP($C$5&$C$6&B26,ConsolidadoServicios!$A:$K,11,0)),0)","v":0},{"$f":"IF(E26>0,(VLOOKUP(B26,Minimos!$A:$B,2,0)),0)","v":0},0,null,0,0,{"$f":"ROUND(VLOOKUP($C$5&B26,ConsolidadoServicios!P:Q,2,0)*80%,2)","v":0},{"$f":"'Detalle Bienes de Aseo y Caf'!I26","v":0},{"$f":"'Detalle Bienes de Aseo y Caf'!J26","v":0},{"$f":"'Detalle Bienes de Aseo y Caf'!K26","v":0},{"$f":"'Detalle Bienes de Aseo y Caf'!L26","v":0}]
[13,"Gel antibacterial para manos (Compra)","- Con agente antibacterial en una concentración mínima del 0,2%\n- Con agente humectante\n- pH entre 5, 5 a 7\n- Con fragancia","Gel, en recipiente plástico con capacidad mínima de 3.785 ml",0,{"$f":"IF(E27>0,(VLOOKUP($C$5&$C$6&B27,ConsolidadoServicios!$A:$K,11,0)),0)","v":0},{"$f":"IF(E27>0,(VLOOKUP(B27,Minimos!$A:$B,2,0)),0)","v":0},0,null,0,0,{"$f":"ROUND(VLOOKUP($C$5&B27,ConsolidadoServicios!P:Q,2,0)*80%,2)","v":0},{"$f":"'Detalle Bienes de Aseo y Caf'!I27","v":0},{"$f":"'Detalle Bienes de Aseo y Caf'!J27","v":0},{"$f":"'Detalle Bienes de Aseo y Caf'!K27","v":0},{"$f":"'Detalle Bienes de Aseo y Caf'!L27","v":0}]
[14,"Dispensador de gel antibacterial para manos (Compra)","- Material: Plástico\n- Tipo de instalación: De pared\n- Incluye Chazos y tornillos\n- Con visor para determinar el nivel del líquido\n- Con ventanilla en la parte superior para añadir el gel \n- Funcionamiento: Manual","Recipiente con capacidad mínima de 500 ml (Unidad)",0,{"$f":"IF(E28>0,(VLOOKUP($C$5&$C$6&B28,ConsolidadoServicios!$A:$K,11,0)),0)","v":0},{"$f":"IF(E28>0,(VLOOKUP(B28,Minimos!$A:$B,2,0)),0)","v":0},0,null,0,0,{"$f":"ROUND(VLOOKUP($C$5&B28,ConsolidadoServicios!P:Q,2,0)*80%,2)","v":0},{"$f":"'Detalle Bienes de Aseo y Caf'!I28","v":0},{"$f":"'Detalle Bienes de Aseo y Caf'!J28","v":0},{"$f":"'Detalle Bienes de Aseo y Caf'!K28","v":0},{"$f":"'Detalle Bienes de Aseo y Caf'!L28","v":0}]
[15,"Limpiador multiusos 1 (Compra)","- Con agente(s) tensoactivo(s) principal(es) con efecto limpiador en una concentración mínima del 8%\n- Disponible en mínimo (2) dos fragancias\n- El envase debe estar correctamente etiquetado bajo los parámetros establecidos en el sistema globalmente armonizado (Decreto 1496 de 2018) indicando: nombre comercial del producto, pictogramas de los compuestos peligrosos si aplica e instrucciones de uso de acuerdo con los tiempos de transición descritos en el artículo 24 de la Resolución 773 de 2021.","Líquido, en recipiente plástico con capacidad mínima de 3.785 ml ",0,{"$f":"IF(E29>0,(VLOOKUP($C$5&$C$6&B29,ConsolidadoServicios!$A:$K,11,0)),0)","v":0},{"$f":"IF(E29>0,(VLOOKUP(B29,Minimos!$A:$B,2,0)),0)","v":0},0,null,0,0,{"$f":"ROUND(VLOOKUP($C$5&B29,ConsolidadoServicios!P:Q,2,0)*80%,2)","v":0},{"$f":"'Detalle Bienes de Aseo y Caf'!I29","v":0},{"$f":"'Detalle Bienes de Aseo y Caf'!J29","v":0},{"$f":"'Detalle Bienes de Aseo y Caf'!K29","v":0},{"$f":"'Detalle Bienes de Aseo y Caf'!L29","v":0}]
[16,"Limpiador multiusos 2 (Compra)","- Con agente(s) tensoactivo(s) principal(es) con efecto limpiador y desengrasante en una concentración mínima del 8%\n- Disponible en mínimo (2) dos fragancias\n- El envase debe estar correctamente etiquetado bajo los parámetros establecidos en el sistema globalmente armonizado (Decreto 1496 de 2018) indicando: nombre comercial del producto, pictogramas de los compuestos peligrosos si aplica e instrucciones de uso de acuerdo con los tiempos de transición descritos en el artículo 24 de la Resolución 773 de 2021.","Líquido, en recipiente plástico con capacidad mínima de 500 ml, con\natomizador de pistola.",4,{"$f":"IF(E30>0,(VLOOKUP($C$5&$C$6&B30,ConsolidadoServicios!$A:$K,11,0)),0)","v":4724},{"$f":"IF(E30>0,(VLOOKUP(B30,Minimos!$A:$B,2,0)),0)","v":2183},0.19999999999999996,0.63031329381879797,1746.4,6985.6,{"$f":"ROUND(VLOOKUP($C$5&B30,ConsolidadoServicios!P:Q,2,0)*80%,2)","v":0},{"$f":"'Detalle Bienes de Aseo y Caf'!I30","v":1},{"$f":"'Detalle Bienes de Aseo y Caf'!J30","v":1},{"$f":"'Detalle Bienes de Aseo y Caf'!K30","v":1},{"$f":"'Detalle Bienes de Aseo y Caf'!L30","v":1}]
[17,"Limpiador multiusos 3 (Compra)","- Con agente(s) tensoactivo(s) principal(es) con efecto limpiador y desengrasante en una concentración mínima del 8%\n- Disponible en mínimo (2) dos fragancias\n- El envase debe estar correctamente etiquetado bajo los parámetros establecidos en el sistema globalmente armonizado (Decreto 1496 de 2018) indicando: nombre comercial del producto, pictogramas de los compuestos peligrosos si aplica e instrucciones de uso de acuerdo con los tiempos de transición descritos en el artículo 24 de la Resolución 773 de 2021.","Líquido, en recipiente plástico de repuesto  con capacidad mínima de 500 ml",4,{"$f":"IF(E31>0,(VLOOKUP($C$5&$C$6&B31,ConsolidadoServicios!$A:$K,11,0)),0)","v":3647},{"$f":"IF(E31>0,(VLOOKUP(B31,Minimos!$A:$B,2,0)),0)","v":1946},0.2,0.57312859884836798,1556.8,6227.2,{"$f":"ROUND(VLOOKUP($C$5&B31,ConsolidadoServicios!P:Q,2,0)*80%,2)","v":0},{"$f":"'Detalle Bienes de Aseo y Caf'!I31","v":1},{"$f":"'Detalle Bienes de Aseo y Caf'!J31","v":1},{"$f":"'Detalle Bienes de Aseo y Caf'!K31","v":1},{"$f":"'Detalle Bienes de Aseo y Caf'!L31","v":1}]
[18,"Limpiador desinfectante para pisos (Compra)","- Apariencia: Líquido transparente\n- Color y olor: De acuerdo a la fragancia\n- Producto biodegradable que no afectas la capa de ozono\n- Solubilidad: Total en agua\n- PH: 7.5 - 8.5\n- Composición: Tensoactivos, espesante, coadyuvante, colorante \n- El envase debe estar correctamente etiquetado bajo los parámetros establecidos en el sistema globalmente armonizado (Decreto 1496 de 2018) indicando: nombre comercial del producto, pictogramas de los compuestos peligrosos si aplica e instrucciones de uso de acuerdo con los tiempos de transición descritos en el artículo 24 de la Resolución 773 de 2021.\n- Elaborado en material reciclable\n- No debe contener PVC, poliestireno expandido u otros plásticos de un solo uso tanto en el envase como en el embalaje.","Líquido, en garrafa  con capacidad mínima de 3.785 ml",0,{"$f":"IF(E32>0,(VLOOKUP($C$5&$C$6&B32,ConsolidadoServicios!$A:$K,11,0)),0)","v":0},{"$f":"IF(E32>0,(VLOOKUP(B32,Minimos!$A:$B,2,0)),0)","v":0},0,null,0,0,{"$f":"ROUND(VLOOKUP($C$5&B32,ConsolidadoServicios!P:Q,2,0)*80%,2)","v":0},{"$f":"'Detalle Bienes de Aseo y Caf'!I32","v":0},{"$f":"'Detalle Bienes de Aseo y Caf'!J32","v":0},{"$f":"'Detalle Bienes de Aseo y Caf'!K32","v":0},{"$f":"'Detalle Bienes de Aseo y Caf'!L32","v":0}]
[19,"Líquido desengrasante (Compra)"," - Con agente(s) tensoactivo(s) principal(es) con efecto limpiador y desengrasante en una concentración mínima del 10%\n- El envase debe estar correctamente etiquetado bajo los parámetros establecidos en el sistema globalmente armonizado (Decreto 1496 de 2018) indicando: nombre comercial del producto, pictogramas de los compuestos peligrosos si aplica e instrucciones de uso de acuerdo con los tiempos de transición descritos en el artículo 24 de la Resolución 773 de 2021.\n- Debe contener concentraciones de fósforo iguales o inferiores a 0.65% de fósforo (Resolución 0689 de 2016)","Líquido, en recipiente plástico con capacidad mínima de 3.785 ml",0,{"$f":"IF(E33>0,(VLOOKUP($C$5&$C$6&B33,ConsolidadoServicios!$A:$K,11,0)),0)","v":0},{"$f":"IF(E33>0,(VLOOKUP(B33,Minimos!$A:$B,2,0)),0)","v":0},0,null,0,0,{"$f":"ROUND(VLOOKUP($C$5&B33,ConsolidadoServicios!P:Q,2,0)*80%,2)","v":0},{"$f":"'Detalle Bienes de Aseo y Caf'!I33","v":0},{"$f":"'Detalle Bienes de Aseo y Caf'!J33","v":0},{"$f":"'Detalle Bienes de Aseo y Caf'!K33","v":0},{"$f":"'Detalle Bienes de Aseo y Caf'!L33","v":0}]
[20,"Crema desengrasante (Compra)","- Disponible en múltiples fragancias \n- Limpia y desengrasa todos los metales, plásticos, gomas, vidrio, cerámica y madera \n- El envase debe estar correctamente etiquetado bajo los parámetros establecidos en el sistema globalmente armonizado (Decreto 1496 de 2018) indicando: nombre comercial del producto, pictogramas de los compuestos peligrosos si aplica e instrucciones de uso de acuerdo con los tiempos de transición descritos en el artículo 24 de la Resolución 773 de 2021.\n- Elaborado en material reciclable o biodegradable\n- No debe contener PVC o Poliestireno expandido u otros plásticos de un solo uso tanto en el envase como en el embalaje. ","Crema, en recipiente reciclable o biodegadable con capacidad mínima de 500 g",0,{"$f":"IF(E34>0,(VLOOKUP($C$5&$C$6&B34,ConsolidadoServicios!$A:$K,11,0)),0)","v":0},{"$f":"IF(E34>0,(VLOOKUP(B34,Minimos!$A:$B,2,0)),0)","v":0},0,null,0,0,{"$f":"ROUND(VLOOKUP($C$5&B34,ConsolidadoServicios!P:Q,2,0)*80%,2)","v":0},{"$f":"'Detalle Bienes de Aseo y Caf'!I34","v":0},{"$f":"'Detalle Bienes de Aseo y Caf'!J34","v":0},{"$f":"'Detalle Bienes de Aseo y Caf'!K34","v":0},{"$f":"'Detalle Bienes de Aseo y Caf'!L34","v":0}]
[21,"Detergente multiusos en polvo (Compra)"," - Con agente tensoactivo de mínimo 60% de biodegradabilidad\n  -Con efecto limpiador de mínimo 9%.\n -  El  envase del producto deberá estar correctamente etiquetado bajo los parámetros: nombre comercial del producto, pictogramas de los compuestos peligrosos e instrucciones de uso\n- Debe contener concentraciones de fósforo iguales o inferiores a 0.65% de fósforo (Resolución 0689 de 2016)\n","Polvo, en bolsa plástica o recipiente plástico\ncon un peso de 1.000 g",0,{"$f":"IF(E35>0,(VLOOKUP($C$5&$C$6&B35,ConsolidadoServicios!$A:$K,11,0)),0)","v":0},{"$f":"IF(E35>0,(VLOOKUP(B35,Minimos!$A:$B,2,0)),0)","v":0},0,null,0,0,{"$f":"ROUND(VLOOKUP($C$5&B35,ConsolidadoServicios!P:Q,2,0)*80%,2)","v":0},{"$f":"'Detalle Bienes de Aseo y Caf'!I35","v":0},{"$f":"'Detalle Bienes de Aseo y Caf'!J35","v":0},{"$f":"'Detalle Bienes de Aseo y Caf'!K35","v":0},{"$f":"'Detalle Bienes de Aseo y Caf'!L35","v":0}]
[22,"Limpiador desinfectante para uso general 1 (Compra)","- Con agente(s) tensoactivo(s) con efecto antibacterial en una concentración mínima del 0,2%\n- Con agente(s) tensoactivo(s) con efecto limpiador y desengrasante en una concentración mínima del 1,5%\n- El envase debe estar correctamente etiquetado bajo los parámetros establecidos en el sistema globalmente armonizado (Decreto 1496 de 2018) indicando: nombre comercial del producto, pictogramas de los compuestos peligrosos si aplica e instrucciones de uso de acuerdo con los tiempos de transición descritos en el artículo 24 de la Resolución 773 de 2021.","Líquido, en recipiente plástico con capacidad mínima de 3.785 ml",0,{"$f":"IF(E36>0,(VLOOKUP($C$5&$C$6&B36,ConsolidadoServicios!$A:$K,11,0)),0)","v":0},{"$f":"IF(E36>0,(VLOOKUP(B36,Minimos!$A:$B,2,0)),0)","v":0},0,null,0,0,{"$f":"ROUND(VLOOKUP($C$5&B36,ConsolidadoServicios!P:Q,2,0)*80%,2)","v":0},{"$f":"'Detalle Bienes de Aseo y Caf'!I36","v":0},{"$f":"'Detalle Bienes de Aseo y Caf'!J36","v":0},{"$f":"'Detalle Bienes de Aseo y Caf'!K36","v":0},{"$f":"'Detalle Bienes de Aseo y Caf'!L36","v":0}]
[23,"Limpiador desinfectante para uso general 2 (Compra)","- Con agente(s) tensoactivo(s) con efecto antibacterial en una concentración mínima del 0,2%\n- Con agente(s) tensoactivo(s) con efecto limpiador y desengrasante en una concentración mínima del 1,5%\n- El envase debe estar correctamente etiquetado bajo los parámetros establecidos en el sistema globalmente armonizado (Decreto 1496 de 2018) indicando: nombre comercial del producto, pictogramas de los compuestos peligrosos si aplica e instrucciones de uso de acuerdo con los tiempos de transición descritos en el artículo 24 de la Resolución 773 de 2021.","Líquido, en recipiente plástico con capacidad mínima de 500 ml, con atomizador de pistola.",4,{"$f":"IF(E37>0,(VLOOKUP($C$5&$C$6&B37,ConsolidadoServicios!$A:$K,11,0)),0)","v":5031},{"$f":"IF(E37>0,(VLOOKUP(B37,Minimos!$A:$B,2,0)),0)","v":2976},0.19999999999999993,0.52677400119260598,2380.8000000000002,9523.2000000000007,{"$f":"ROUND(VLOOKUP($C$5&B37,ConsolidadoServicios!P:Q,2,0)*80%,2)","v":0},{"$f":"'Detalle Bienes de Aseo y Caf'!I37","v":1},{"$f":"'Detalle Bienes de Aseo y Caf'!J37","v":1},{"$f":"'Detalle Bienes de Aseo y Caf'!K37","v":1},{"$f":"'Detalle Bienes de Aseo y Caf'!L37","v":1}]
[24,"Limpiador desinfectante para uso general 3 (Compra)","- Con agente(s) tensoactivo(s) con efecto antibacterial en una concentración mínima del 0,2%\n- Con agente(s) tensoactivo(s) con efecto limpiador y desengrasante en una concentración mínima del 1,5%\n- El envase debe estar correctamente etiquetado bajo los parámetros establecidos en el sistema globalmente armonizado (Decreto 1496 de 2018) indicando: nombre comercial del producto, pictogramas de los compuestos peligrosos si aplica e instrucciones de uso de acuerdo con los tiempos de transición descritos en el artículo 24 de la Resolución 773 de 2021.","Líquido, en recipiente plástico con capacidad mínima de 500 ml",0,{"$f":"IF(E38>0,(VLOOKUP($C$5&$C$6&B38,ConsolidadoServicios!$A:$K,11,0)),0)","v":0},{"$f":"IF(E38>0,(VLOOKUP(B38,Minimos!$A:$B,2,0)),0)","v":0},0,null,0,0,{"$f":"ROUND(VLOOKUP($C$5&B38,ConsolidadoServicios!P:Q,2,0)*80%,2)","v":0},{"$f":"'Detalle Bienes de Aseo y Caf'!I38","v":0},{"$f":"'Detalle Bienes de Aseo y Caf'!J38","v":0},{"$f":"'Detalle Bienes de Aseo y Caf'!K38","v":0},{"$f":"'Detalle Bienes de Aseo y Caf'!L38","v":0}]
[25,"Desinfectante de alto nivel de desinfección para uso hospitalario (Compra)"," - Con agentes bactericidas, fungicidas, tubercolicidas, esporicidas y virucidas.\n - Sin fragacia\n- El envase debe estar correctamente etiquetado bajo los parámetros establecidos en el sistema globalmente armonizado (Decreto 1496 de 2018) indicando: nombre comercial del producto, pictogramas de los compuestos peligrosos si aplica e instrucciones de uso de acuerdo con los tiempos de transición descritos en el artículo 24 de la Resolución 773 de 2021.","Líquido, en recipiente plástico con capacidad\nmínima de 3.785 ml",0,{"$f":"IF(E39>0,(VLOOKUP($C$5&$C$6&B39,ConsolidadoServicios!$A:$K,11,0)),0)","v":0},{"$f":"IF(E39>0,(VLOOKUP(B39,Minimos!$A:$B,2,0)),0)","v":0},0,null,0,0,{"$f":"ROUND(VLOOKUP($C$5&B39,ConsolidadoServicios!P:Q,2,0)*80%,2)","v":0},{"$f":"'Detalle Bienes de Aseo y Caf'!I39","v":0},{"$f":"'Detalle Bienes de Aseo y Caf'!J39","v":0},{"$f":"'Detalle Bienes de Aseo y Caf'!K39","v":0},{"$f":"'Detalle Bienes de Aseo y Caf'!L39","v":0}]
[26,"Pastilla desinfectante para sanitario (Compra)","- Con agentes bactericidas, fungicidas y virucidas.","Unidad con peso mínimo de 45 g",12,{"$f":"IF(E40>0,(VLOOKUP($C$5&$C$6&B40,ConsolidadoServicios!$A:$K,11,0)),0)","v":7084},{"$f":"IF(E40>0,(VLOOKUP(B40,Minimos!$A:$B,2,0)),0)","v":3522},0.25,0.62711744776962197,2641.5,31698,{"$f":"ROUND(VLOOKUP($C$5&B40,ConsolidadoServicios!P:Q,2,0)*80%,2)","v":0},{"$f":"'Detalle Bienes de Aseo y Caf'!I40","v":3},{"$f":"'Detalle Bienes de Aseo y Caf'!J40","v":3},{"$f":"'Detalle Bienes de Aseo y Caf'!K40","v":3},{"$f":"'Detalle Bienes de Aseo y Caf'!L40","v":3}]
[27,"Líquido para limpiar vidrios 1 (Compra)","- Con agente(s) principal(es) con efecto limpiador y desengrasante en una concentración mínima del 4%\n- Disponible mínimo en dos (2) fragancias\n - El envase debe estar  correctamente etiquetados bajo los parámetros establecidos en el sistema globalmente armonizado indicando: nombre comercial del producto, pictogramas de los compuestos peligrosos e instrucciones de uso","Líquido, en recipiente plástico con capacidad mínima de 3.785 ml",0,{"$f":"IF(E41>0,(VLOOKUP($C$5&$C$6&B41,ConsolidadoServicios!$A:$K,11,0)),0)","v":0},{"$f":"IF(E41>0,(VLOOKUP(B41,Minimos!$A:$B,2,0)),0)","v":0},0,null,0,0,{"$f":"ROUND(VLOOKUP($C$5&B41,ConsolidadoServicios!P:Q,2,0)*80%,2)","v":0},{"$f":"'Detalle Bienes de Aseo y Caf'!I41","v":0},{"$f":"'Detalle Bienes de Aseo y Caf'!J41","v":0},{"$f":"'Detalle Bienes de Aseo y Caf'!K41","v":0},{"$f":"'Detalle Bienes de Aseo y Caf'!L41","v":0}]
[28,"Líquido para limpiar vidrios 2 (Compra)","- Con agente(s) principal(es) con efecto limpiador y desengrasante en una concentración mínima del 4%\n- Disponible mínimo en dos (2) fragancias\n- El envase debe estar correctamente etiquetado bajo los parámetros establecidos en el sistema globalmente armonizado (Decreto 1496 de 2018) indicando: nombre comercial del producto, pictogramas de los compuestos peligrosos si aplica e instrucciones de uso de acuerdo con los tiempos de transición descritos en el artículo 24 de la Resolución 773 de 2021.","Líquido, en recipiente plástico con capacidad mínima de 500 ml, con\natomizador de pistola.",4,{"$f":"IF(E42>0,(VLOOKUP($C$5&$C$6&B42,ConsolidadoServicios!$A:$K,11,0)),0)","v":5090},{"$f":"IF(E42>0,(VLOOKUP(B42,Minimos!$A:$B,2,0)),0)","v":3082},0.20000000000000004,0.51559921414538301,2465.6,9862.4,{"$f":"ROUND(VLOOKUP($C$5&B42,ConsolidadoServicios!P:Q,2,0)*80%,2)","v":0},{"$f":"'Detalle Bienes de Aseo y Caf'!I42","v":1},{"$f":"'Detalle Bienes de Aseo y Caf'!J42","v":1},{"$f":"'Detalle Bienes de Aseo y Caf'!K42","v":1},{"$f":"'Detalle Bienes de Aseo y Caf'!L42","v":1}]
[29,"Líquido para limpiar vidrios 3 (Compra)","- Con agente(s) principal(es) con efecto limpiador y desengrasante en una concentración mínima del 4%\n- Disponible mínimo en dos (2) fragancias\n- El envase debe estar correctamente etiquetado bajo los parámetros establecidos en el sistema globalmente armonizado (Decreto 1496 de 2018) indicando: nombre comercial del producto, pictogramas de los compuestos peligrosos si aplica e instrucciones de uso de acuerdo con los tiempos de transición descritos en el artículo 24 de la Resolución 773 de 2021.","Líquido, en recipiente plástico de repuesto con capacidad mínima\nde 500 ml",0,{"$f":"IF(E43>0,(VLOOKUP($C$5&$C$6&B43,ConsolidadoServicios!$A:$K,11,0)),0)","v":0},{"$f":"IF(E43>0,(VLOOKUP(B43,Minimos!$A:$B,2,0)),0)","v":0},0,null,0,0,{"$f":"ROUND(VLOOKUP($C$5&B43,ConsolidadoServicios!P:Q,2,0)*80%,2)","v":0},{"$f":"'Detalle Bienes de Aseo y Caf'!I43","v":0},{"$f":"'Detalle Bienes de Aseo y Caf'!J43","v":0},{"$f":"'Detalle Bienes de Aseo y Caf'!K43","v":0},{"$f":"'Detalle Bienes de Aseo y Caf'!L43","v":0}]
[30,"Blanqueador o hipoclorito 1 (Compra)","- Solución con una concentración mínima del 5%\n - El  envase del producto deberá estar correctamente etiquetado, indicando: nombre comercial del producto, pictogramas de los compuestos peligrosos e instrucciones de uso\n- El envase debe estar correctamente etiquetado bajo los parámetros establecidos en el sistema globalmente armonizado (Decreto 1496 de 2018) indicando: nombre comercial del producto, pictogramas de los compuestos peligrosos si aplica e instrucciones de uso de acuerdo con los tiempos de transición descritos en el artículo 24 de la Resolución 773 de 2021.","Líquido, en recipiente plástico con capacidad\nmínima de 3.785 ml",4,{"$f":"IF(E44>0,(VLOOKUP($C$5&$C$6&B44,ConsolidadoServicios!$A:$K,11,0)),0)","v":9696},{"$f":"IF(E44>0,(VLOOKUP(B44,Minimos!$A:$B,2,0)),0)","v":5812},0.25,0.55043316831683198,4359,17436,{"$f":"ROUND(VLOOKUP($C$5&B44,ConsolidadoServicios!P:Q,2,0)*80%,2)","v":0},{"$f":"'Detalle Bienes de Aseo y Caf'!I44","v":1},{"$f":"'Detalle Bienes de Aseo y Caf'!J44","v":1},{"$f":"'Detalle Bienes de Aseo y Caf'!K44","v":1},{"$f":"'Detalle Bienes de Aseo y Caf'!L44","v":1}]
[31,"Blanqueador o hipoclorito 2 (Compra)","- Solución con una concentración mínima del 5%\n - El  envase del producto deberá estar correctamente etiquetado, indicando: nombre comercial del producto, pictogramas de los compuestos peligrosos e instrucciones de uso\n- El envase debe estar correctamente etiquetado bajo los parámetros establecidos en el sistema globalmente armonizado (Decreto 1496 de 2018) indicando: nombre comercial del producto, pictogramas de los compuestos peligrosos si aplica e instrucciones de uso de acuerdo con los tiempos de transición descritos en el artículo 24 de la Resolución 773 de 2021.","Líquido, en recipiente plástico con capacidad\nmínima de 1.000 ml",0,{"$f":"IF(E45>0,(VLOOKUP($C$5&$C$6&B45,ConsolidadoServicios!$A:$K,11,0)),0)","v":0},{"$f":"IF(E45>0,(VLOOKUP(B45,Minimos!$A:$B,2,0)),0)","v":0},0,null,0,0,{"$f":"ROUND(VLOOKUP($C$5&B45,ConsolidadoServicios!P:Q,2,0)*80%,2)","v":0},{"$f":"'Detalle Bienes de Aseo y Caf'!I45","v":0},{"$f":"'Detalle Bienes de Aseo y Caf'!J45","v":0},{"$f":"'Detalle Bienes de Aseo y Caf'!K45","v":0},{"$f":"'Detalle Bienes de Aseo y Caf'!L45","v":0}]
[32,"Blanqueador o hipoclorito 3 (Compra)","- Granulado con una concentración mínima del 90%\n - El  envase del producto deberá estar correctamente etiquetado, indicando: nombre comercial del producto, pictogramas de los compuestos peligrosos e instrucciones de uso\n- El envase debe estar correctamente etiquetado bajo los parámetros establecidos en el sistema globalmente armonizado (Decreto 1496 de 2018) indicando: nombre comercial del producto, pictogramas de los compuestos peligrosos si aplica e instrucciones de uso de acuerdo con los tiempos de transición descritos en el artículo 24 de la Resolución 773 de 2021.","ganulado, en bolsa plástica de mínimo\n1.000 g",0,{"$f":"IF(E46>0,(VLOOKUP($C$5&$C$6&B46,ConsolidadoServicios!$A:$K,11,0)),0)","v":0},{"$f":"IF(E46>0,(VLOOKUP(B46,Minimos!$A:$B,2,0)),0)","v":0},0,null,0,0,{"$f":"ROUND(VLOOKUP($C$5&B46,ConsolidadoServicios!P:Q,2,0)*80%,2)","v":0},{"$f":"'Detalle Bienes de Aseo y Caf'!I46","v":0},{"$f":"'Detalle Bienes de Aseo y Caf'!J46","v":0},{"$f":"'Detalle Bienes de Aseo y Caf'!K46","v":0},{"$f":"'Detalle Bienes de Aseo y Caf'!L46","v":0}]
[33,"Alcohol industrial 1 (Compra)"," - Solución acuosa de alcohol etílico desnaturalizado con una concentración mínima de 70%\n - Desnaturalizado","Líquido, en recipiente plástico con capacidad mínima de 3.785 ml",0,{"$f":"IF(E47>0,(VLOOKUP($C$5&$C$6&B47,ConsolidadoServicios!$A:$K,11,0)),0)","v":0},{"$f":"IF(E47>0,(VLOOKUP(B47,Minimos!$A:$B,2,0)),0)","v":0},0,null,0,0,{"$f":"ROUND(VLOOKUP($C$5&B47,ConsolidadoServicios!P:Q,2,0)*80%,2)","v":0},{"$f":"'Detalle Bienes de Aseo y Caf'!I47","v":0},{"$f":"'Detalle Bienes de Aseo y Caf'!J47","v":0},{"$f":"'Detalle Bienes de Aseo y Caf'!K47","v":0},{"$f":"'Detalle Bienes de Aseo y Caf'!L47","v":0}]
[34,"Alcohol industrial 2 (Compra)","- Solución acuosa de alcohol etílico desnaturalizado con una concentración mínima de 70%\n- Desnaturalizado","Líquido, en recipiente plástico con capacidad mínima de 1000ml",0,{"$f":"IF(E48>0,(VLOOKUP($C$5&$C$6&B48,ConsolidadoServicios!$A:$K,11,0)),0)","v":0},{"$f":"IF(E48>0,(VLOOKUP(B48,Minimos!$A:$B,2,0)),0)","v":0},0,null,0,0,{"$f":"ROUND(VLOOKUP($C$5&B48,ConsolidadoServicios!P:Q,2,0)*80%,2)","v":0},{"$f":"'Detalle Bienes de Aseo y Caf'!I48","v":0},{"$f":"'Detalle Bienes de Aseo y Caf'!J48","v":0},{"$f":"'Detalle Bienes de Aseo y Caf'!K48","v":0},{"$f":"'Detalle Bienes de Aseo y Caf'!L48","v":0}]
[35,"Creolina 1 (Compra)","- Solución con una concentración mínima de fenoles de 4%","Líquido, en recipiente\nplástico con capacidad mínima de 500 ml",0,{"$f":"IF(E49>0,(VLOOKUP($C$5&$C$6&B49,ConsolidadoServicios!$A:$K,11,0)),0)","v":0},{"$f":"IF(E49>0,(VLOOKUP(B49,Minimos!$A:$B,2,0)),0)","v":0},0,null,0,0,{"$f":"ROUND(VLOOKUP($C$5&B49,ConsolidadoServicios!P:Q,2,0)*80%,2)","v":0},{"$f":"'Detalle Bienes de Aseo y Caf'!I49","v":0},{"$f":"'Detalle Bienes de Aseo y Caf'!J49","v":0},{"$f":"'Detalle Bienes de Aseo y Caf'!K49","v":0},{"$f":"'Detalle Bienes de Aseo y Caf'!L49","v":0}]
[36,"Creolina 2 (Compra)","- Solución con una concentración mínima de fenoles de 4%","Líquido, en recipiente plástico con capacidad\nmínima de 3.785 ml",0,{"$f":"IF(E50>0,(VLOOKUP($C$5&$C$6&B50,ConsolidadoServicios!$A:$K,11,0)),0)","v":0},{"$f":"IF(E50>0,(VLOOKUP(B50,Minimos!$A:$B,2,0)),0)","v":0},0,null,0,0,{"$f":"ROUND(VLOOKUP($C$5&B50,ConsolidadoServicios!P:Q,2,0)*80%,2)","v":0},{"$f":"'Detalle Bienes de Aseo y Caf'!I50","v":0},{"$f":"'Detalle Bienes de Aseo y Caf'!J50","v":0},{"$f":"'Detalle Bienes de Aseo y Caf'!K50","v":0},{"$f":"'Detalle Bienes de Aseo y Caf'!L50","v":0}]
[37,"Líquido para limpiar equipos de oficina 1 (Compra)"," - Con agente(s) principal(es) con efecto limpiador, desengrasante y desinfectante en una concentración mínima del 4%\n- El envase debe estar correctamente etiquetado bajo los parámetros establecidos en el sistema globalmente armonizado (Decreto 1496 de 2018) indicando: nombre comercial del producto, pictogramas de los compuestos peligrosos si aplica e instrucciones de uso de acuerdo con los tiempos de transición descritos en el artículo 24 de la Resolución 773 de 2021.","Líquido, en recipiente plástico con capacidad mínima de 500 ml con\natomizador",4,{"$f":"IF(E51>0,(VLOOKUP($C$5&$C$6&B51,ConsolidadoServicios!$A:$K,11,0)),0)","v":6267},{"$f":"IF(E51>0,(VLOOKUP(B51,Minimos!$A:$B,2,0)),0)","v":3269},0.20000000000000007,0.58270304771022796,2615.1999999999998,10460.799999999999,{"$f":"ROUND(VLOOKUP($C$5&B51,ConsolidadoServicios!P:Q,2,0)*80%,2)","v":0},{"$f":"'Detalle Bienes de Aseo y Caf'!I51","v":1},{"$f":"'Detalle Bienes de Aseo y Caf'!J51","v":1},{"$f":"'Detalle Bienes de Aseo y Caf'!K51","v":1},{"$f":"'Detalle Bienes de Aseo y Caf'!L51","v":1}]
[38,"Líquido para limpiar equipos de oficina 2 (Compra)"," - Con agente(s) principal(es) con efecto limpiador, desengrasante y desinfectante en una concentración mínima del 4%\n- El envase debe estar correctamente etiquetado bajo los parámetros establecidos en el sistema globalmente armonizado (Decreto 1496 de 2018) indicando: nombre comercial del producto, pictogramas de los compuestos peligrosos si aplica e instrucciones de uso de acuerdo con los tiempos de transición descritos en el artículo 24 de la Resolución 773 de 2021.","Líquido, en recipiente plástico con capacidad\nmínima de 500 ml",0,{"$f":"IF(E52>0,(VLOOKUP($C$5&$C$6&B52,ConsolidadoServicios!$A:$K,11,0)),0)","v":0},{"$f":"IF(E52>0,(VLOOKUP(B52,Minimos!$A:$B,2,0)),0)","v":0},0,null,0,0,{"$f":"ROUND(VLOOKUP($C$5&B52,ConsolidadoServicios!P:Q,2,0)*80%,2)","v":0},{"$f":"'Detalle Bienes de Aseo y Caf'!I52","v":0},{"$f":"'Detalle Bienes de Aseo y Caf'!J52","v":0},{"$f":"'Detalle Bienes de Aseo y Caf'!K52","v":0},{"$f":"'Detalle Bienes de Aseo y Caf'!L52","v":0}]
[39,"Champú para alfombras y tapizados 1 (Compra)","- Con agente(s) principal(es) con efecto limpiador en una concentración mínima del 8%\n - El envase debe estar  correctamente etiquetado: nombre comercial del producto, pictogramas de los compuestos peligrosos e instrucciones de uso","Líquido, en recipiente plástico con capacidad\nmínima de 3.785 ml",0,{"$f":"IF(E53>0,(VLOOKUP($C$5&$C$6&B53,ConsolidadoServicios!$A:$K,11,0)),0)","v":0},{"$f":"IF(E53>0,(VLOOKUP(B53,Minimos!$A:$B,2,0)),0)","v":0},0,null,0,0,{"$f":"ROUND(VLOOKUP($C$5&B53,ConsolidadoServicios!P:Q,2,0)*80%,2)","v":0},{"$f":"'Detalle Bienes de Aseo y Caf'!I53","v":0},{"$f":"'Detalle Bienes de Aseo y Caf'!J53","v":0},{"$f":"'Detalle Bienes de Aseo y Caf'!K53","v":0},{"$f":"'Detalle Bienes de Aseo y Caf'!L53","v":0}]
[40,"Champú para alfombras y tapizados 2 (Compra)","- Con agente(s) principal(es) con efecto limpiador en una concentración mínima del 8%\n- Con agente espumante para la generación de espuma seca\n - El envase debe estar  correctamente etiquetados: nombre comercial del producto, pictogramas de los compuestos peligrosos e instrucciones de uso","Líquido, en recipiente plástico con capacidad mínima de 3.785 ml ",0,{"$f":"IF(E54>0,(VLOOKUP($C$5&$C$6&B54,ConsolidadoServicios!$A:$K,11,0)),0)","v":0},{"$f":"IF(E54>0,(VLOOKUP(B54,Minimos!$A:$B,2,0)),0)","v":0},0,null,0,0,{"$f":"ROUND(VLOOKUP($C$5&B54,ConsolidadoServicios!P:Q,2,0)*80%,2)","v":0},{"$f":"'Detalle Bienes de Aseo y Caf'!I54","v":0},{"$f":"'Detalle Bienes de Aseo y Caf'!J54","v":0},{"$f":"'Detalle Bienes de Aseo y Caf'!K54","v":0},{"$f":"'Detalle Bienes de Aseo y Caf'!L54","v":0}]
[41,"Lustrador de muebles (Compra)"," - Con agentes limpiadores y abrillantadores en una concentración mínima del 5%\n- El envase debe estar correctamente etiquetado bajo los parámetros establecidos en el sistema globalmente armonizado (Decreto 1496 de 2018) indicando: nombre comercial del producto, pictogramas de los compuestos peligrosos si aplica e instrucciones de uso de acuerdo con los tiempos de transición descritos en el artículo 24 de la Resolución 773 de 2021.","Líquido, en recipiente plástico con capacidad mínima de 200 ml",4,{"$f":"IF(E55>0,(VLOOKUP($C$5&$C$6&B55,ConsolidadoServicios!$A:$K,11,0)),0)","v":4636},{"$f":"IF(E55>0,(VLOOKUP(B55,Minimos!$A:$B,2,0)),0)","v":1992},0.20000000000000004,0.65625539257981003,1593.6,6374.4,{"$f":"ROUND(VLOOKUP($C$5&B55,ConsolidadoServicios!P:Q,2,0)*80%,2)","v":0},{"$f":"'Detalle Bienes de Aseo y Caf'!I55","v":1},{"$f":"'Detalle Bienes de Aseo y Caf'!J55","v":1},{"$f":"'Detalle Bienes de Aseo y Caf'!K55","v":1},{"$f":"'Detalle Bienes de Aseo y Caf'!L55","v":1}]
[42,"Líquido cubre rasguños para madera (Compra)","- Con agentes limpiadores y abrillantadores en una concentración mínima del 5%\n- De color oscuro para coayudar a cubrir rasguños en maderas oscuras","En recipiente plástico\ncon capacidad mínima de 200 ml",0,{"$f":"IF(E56>0,(VLOOKUP($C$5&$C$6&B56,ConsolidadoServicios!$A:$K,11,0)),0)","v":0},{"$f":"IF(E56>0,(VLOOKUP(B56,Minimos!$A:$B,2,0)),0)","v":0},0,null,0,0,{"$f":"ROUND(VLOOKUP($C$5&B56,ConsolidadoServicios!P:Q,2,0)*80%,2)","v":0},{"$f":"'Detalle Bienes de Aseo y Caf'!I56","v":0},{"$f":"'Detalle Bienes de Aseo y Caf'!J56","v":0},{"$f":"'Detalle Bienes de Aseo y Caf'!K56","v":0},{"$f":"'Detalle Bienes de Aseo y Caf'!L56","v":0}]
[43,"Crema para cuero (Compra)"," - Con agentes limpiadores y abrillantadores en una concentración mínima del 5% ","Crema, en recipiente plástico con capacidad\nmínima de 200 ml",0,{"$f":"IF(E57>0,(VLOOKUP($C$5&$C$6&B57,ConsolidadoServicios!$A:$K,11,0)),0)","v":0},{"$f":"IF(E57>0,(VLOOKUP(B57,Minimos!$A:$B,2,0)),0)","v":0},0,null,0,0,{"$f":"ROUND(VLOOKUP($C$5&B57,ConsolidadoServicios!P:Q,2,0)*80%,2)","v":0},{"$f":"'Detalle Bienes de Aseo y Caf'!I57","v":0},{"$f":"'Detalle Bienes de Aseo y Caf'!J57","v":0},{"$f":"'Detalle Bienes de Aseo y Caf'!K57","v":0},{"$f":"'Detalle Bienes de Aseo y Caf'!L57","v":0}]
[44,"Cera polimérica (Compra)","- Polimérica autobrillante.\n- Con polímeros acrílicos, nivelantes y plastificantes.\n- Neutra (para pisos de todos los colores)\n- Contenido mínimo de sólidos del 10%","Líquido, en recipiente plástico con capacidad mínima de 3.785 ml",0,{"$f":"IF(E58>0,(VLOOKUP($C$5&$C$6&B58,ConsolidadoServicios!$A:$K,11,0)),0)","v":0},{"$f":"IF(E58>0,(VLOOKUP(B58,Minimos!$A:$B,2,0)),0)","v":0},0,null,0,0,{"$f":"ROUND(VLOOKUP($C$5&B58,ConsolidadoServicios!P:Q,2,0)*80%,2)","v":0},{"$f":"'Detalle Bienes de Aseo y Caf'!I58","v":0},{"$f":"'Detalle Bienes de Aseo y Caf'!J58","v":0},{"$f":"'Detalle Bienes de Aseo y Caf'!K58","v":0},{"$f":"'Detalle Bienes de Aseo y Caf'!L58","v":0}]
[45,"Cera emulsionada Neutra (Compra)","- Emulsionada\n- Neutra (para pisos de todos los colores)\n- Contenido mínimo de sólidos del 5%","Líquido, en recipiente plástico con capacidad\nmínima de 3.785 ml",0,{"$f":"IF(E59>0,(VLOOKUP($C$5&$C$6&B59,ConsolidadoServicios!$A:$K,11,0)),0)","v":0},{"$f":"IF(E59>0,(VLOOKUP(B59,Minimos!$A:$B,2,0)),0)","v":0},0,null,0,0,{"$f":"ROUND(VLOOKUP($C$5&B59,ConsolidadoServicios!P:Q,2,0)*80%,2)","v":0},{"$f":"'Detalle Bienes de Aseo y Caf'!I59","v":0},{"$f":"'Detalle Bienes de Aseo y Caf'!J59","v":0},{"$f":"'Detalle Bienes de Aseo y Caf'!K59","v":0},{"$f":"'Detalle Bienes de Aseo y Caf'!L59","v":0}]
[46,"Cera emulsionada roja (Compra)","- Emulsionada\n- Roja\n- Contenido mínimo de sólidos del 5%\n- Antideslizante","Líquido, en recipiente plástico con capacidad mínima de 3.785 ml",0,{"$f":"IF(E60>0,(VLOOKUP($C$5&$C$6&B60,ConsolidadoServicios!$A:$K,11,0)),0)","v":0},{"$f":"IF(E60>0,(VLOOKUP(B60,Minimos!$A:$B,2,0)),0)","v":0},0,null,0,0,{"$f":"ROUND(VLOOKUP($C$5&B60,ConsolidadoServicios!P:Q,2,0)*80%,2)","v":0},{"$f":"'Detalle Bienes de Aseo y Caf'!I60","v":0},{"$f":"'Detalle Bienes de Aseo y Caf'!J60","v":0},{"$f":"'Detalle Bienes de Aseo y Caf'!K60","v":0},{"$f":"'Detalle Bienes de Aseo y Caf'!L60","v":0}]
[47,"Cera solvente (Compra)","- Solvente\n- Contenido mínimo de sólidos del 10%","Líquido, en recipiente plástico con capacidad\nmínima de 3.785 ml",0,{"$f":"IF(E61>0,(VLOOKUP($C$5&$C$6&B61,ConsolidadoServicios!$A:$K,11,0)),0)","v":0},{"$f":"IF(E61>0,(VLOOKUP(B61,Minimos!$A:$B,2,0)),0)","v":0},0,null,0,0,{"$f":"ROUND(VLOOKUP($C$5&B61,ConsolidadoServicios!P:Q,2,0)*80%,2)","v":0},{"$f":"'Detalle Bienes de Aseo y Caf'!I61","v":0},{"$f":"'Detalle Bienes de Aseo y Caf'!J61","v":0},{"$f":"'Detalle Bienes de Aseo y Caf'!K61","v":0},{"$f":"'Detalle Bienes de Aseo y Caf'!L61","v":0}]
[48,"Sellante para pisos (Compra)","- Polimérico autobrillante.\n- Con polímeros acrílicos, nivelantes y plastificantes.\n- Contenido mínimo de sólidos del 20%\n- El envase debe estar correctamente etiquetado bajo los parámetros establecidos en el sistema globalmente armonizado (Decreto 1496 de 2018) indicando: nombre comercial del producto, pictogramas de los compuestos peligrosos si aplica e instrucciones de uso de acuerdo con los tiempos de transición descritos en el artículo 24 de la Resolución 773 de 2021.","Líquido, en recipiente plástico con capacidad mínima de 3.785 ml",0,{"$f":"IF(E62>0,(VLOOKUP($C$5&$C$6&B62,ConsolidadoServicios!$A:$K,11,0)),0)","v":0},{"$f":"IF(E62>0,(VLOOKUP(B62,Minimos!$A:$B,2,0)),0)","v":0},0,null,0,0,{"$f":"ROUND(VLOOKUP($C$5&B62,ConsolidadoServicios!P:Q,2,0)*80%,2)","v":0},{"$f":"'Detalle Bienes de Aseo y Caf'!I62","v":0},{"$f":"'Detalle Bienes de Aseo y Caf'!J62","v":0},{"$f":"'Detalle Bienes de Aseo y Caf'!K62","v":0},{"$f":"'Detalle Bienes de Aseo y Caf'!L62","v":0}]
[49,"Mantenedor de pisos (Compra)","- Polimérico autobrillante.\n- Con polímeros acrílicos, nivelantes y plastificantes.\n- Contenido mínimo de sólidos del 8%","Líquido, en recipiente\nplástico con capacidad mínima de 3.785 ml",0,{"$f":"IF(E63>0,(VLOOKUP($C$5&$C$6&B63,ConsolidadoServicios!$A:$K,11,0)),0)","v":0},{"$f":"IF(E63>0,(VLOOKUP(B63,Minimos!$A:$B,2,0)),0)","v":0},0,null,0,0,{"$f":"ROUND(VLOOKUP($C$5&B63,ConsolidadoServicios!P:Q,2,0)*80%,2)","v":0},{"$f":"'Detalle Bienes de Aseo y Caf'!I63","v":0},{"$f":"'Detalle Bienes de Aseo y Caf'!J63","v":0},{"$f":"'Detalle Bienes de Aseo y Caf'!K63","v":0},{"$f":"'Detalle Bienes de Aseo y Caf'!L63","v":0}]
[50,"Removedor de cera (Compra)","- Con agente activo alcalino en una concentración mínima del 9%\n- pH entre 11 y 14","Líquido, en recipiente plástico con capacidad mínima de 3.785 ml",0,{"$f":"IF(E64>0,(VLOOKUP($C$5&$C$6&B64,ConsolidadoServicios!$A:$K,11,0)),0)","v":0},{"$f":"IF(E64>0,(VLOOKUP(B64,Minimos!$A:$B,2,0)),0)","v":0},0,null,0,0,{"$f":"ROUND(VLOOKUP($C$5&B64,ConsolidadoServicios!P:Q,2,0)*80%,2)","v":0},{"$f":"'Detalle Bienes de Aseo y Caf'!I64","v":0},{"$f":"'Detalle Bienes de Aseo y Caf'!J64","v":0},{"$f":"'Detalle Bienes de Aseo y Caf'!K64","v":0},{"$f":"'Detalle Bienes de Aseo y Caf'!L64","v":0}]
[51,"Abrillantador para piso laminado (Compra)","- Con agente(s) con efecto limpiador y brillador.","Líquido, en recipiente\nplástico con capacidad mínima de 3.785 ml",0,{"$f":"IF(E65>0,(VLOOKUP($C$5&$C$6&B65,ConsolidadoServicios!$A:$K,11,0)),0)","v":0},{"$f":"IF(E65>0,(VLOOKUP(B65,Minimos!$A:$B,2,0)),0)","v":0},0,null,0,0,{"$f":"ROUND(VLOOKUP($C$5&B65,ConsolidadoServicios!P:Q,2,0)*80%,2)","v":0},{"$f":"'Detalle Bienes de Aseo y Caf'!I65","v":0},{"$f":"'Detalle Bienes de Aseo y Caf'!J65","v":0},{"$f":"'Detalle Bienes de Aseo y Caf'!K65","v":0},{"$f":"'Detalle Bienes de Aseo y Caf'!L65","v":0}]
[52,"Jabón neutro para pisos 1 (Compra)"," - Jabón multiusos\n - PH Neutro, \n - No corrosivo ni tóxico\n- Debe contener concentraciones de fósforo iguales o inferiores a 0.65% de fósforo (Resolución 0689 de 2016)","Líquido, en recipiente\nplástico con capacidad mínima de 3.785 ml",0,{"$f":"IF(E66>0,(VLOOKUP($C$5&$C$6&B66,ConsolidadoServicios!$A:$K,11,0)),0)","v":0},{"$f":"IF(E66>0,(VLOOKUP(B66,Minimos!$A:$B,2,0)),0)","v":0},0,null,0,0,{"$f":"ROUND(VLOOKUP($C$5&B66,ConsolidadoServicios!P:Q,2,0)*80%,2)","v":0},{"$f":"'Detalle Bienes de Aseo y Caf'!I66","v":0},{"$f":"'Detalle Bienes de Aseo y Caf'!J66","v":0},{"$f":"'Detalle Bienes de Aseo y Caf'!K66","v":0},{"$f":"'Detalle Bienes de Aseo y Caf'!L66","v":0}]
[53,"Jabón neutro para pisos 2 (Compra)","- Jabón neutro biodegradable multiusos\n- PH Neutro\n- No es corrosivo ni tóxico\n- Color: Azul claro \n- El envase debe estar correctamente etiquetado bajo los parámetros establecidos en el sistema globalmente armonizado (Decreto 1496 de 2018) indicando: nombre comercial del producto, pictogramas de los compuestos peligrosos si aplica e instrucciones de uso de acuerdo con los tiempos de transición descritos en el artículo 24 de la Resolución 773 de 2021.\n- Elaborado en material reciclable, no debe contener PVC, Poliestireno expandido u otros plásticos de un solo uso tanto en el envase como en el embalaje.\n- Debe contener concentraciones de fósforo iguales o inferiores a 0.65% de fósforo (Resolución 0689 de 2016)","Líquido, en cuñete con capacidad de 20 L",0,{"$f":"IF(E67>0,(VLOOKUP($C$5&$C$6&B67,ConsolidadoServicios!$A:$K,11,0)),0)","v":0},{"$f":"IF(E67>0,(VLOOKUP(B67,Minimos!$A:$B,2,0)),0)","v":0},0,null,0,0,{"$f":"ROUND(VLOOKUP($C$5&B67,ConsolidadoServicios!P:Q,2,0)*80%,2)","v":0},{"$f":"'Detalle Bienes de Aseo y Caf'!I67","v":0},{"$f":"'Detalle Bienes de Aseo y Caf'!J67","v":0},{"$f":"'Detalle Bienes de Aseo y Caf'!K67","v":0},{"$f":"'Detalle Bienes de Aseo y Caf'!L67","v":0}]
[54,"Varsol  ecológico 1 (Compra)","- Solución con agentes desinfectantes, desmanchadores y desengrasantes  en concentración mínima del 15%.\n- Biodegradable mínimo en un 95%","Líquido, en recipiente plástico con capacidad mínima de 1000 ml",0,{"$f":"IF(E68>0,(VLOOKUP($C$5&$C$6&B68,ConsolidadoServicios!$A:$K,11,0)),0)","v":0},{"$f":"IF(E68>0,(VLOOKUP(B68,Minimos!$A:$B,2,0)),0)","v":0},0,null,0,0,{"$f":"ROUND(VLOOKUP($C$5&B68,ConsolidadoServicios!P:Q,2,0)*80%,2)","v":0},{"$f":"'Detalle Bienes de Aseo y Caf'!I68","v":0},{"$f":"'Detalle Bienes de Aseo y Caf'!J68","v":0},{"$f":"'Detalle Bienes de Aseo y Caf'!K68","v":0},{"$f":"'Detalle Bienes de Aseo y Caf'!L68","v":0}]
[55,"Varsol ecológico 2 (Compra)","- Solución con agentes desinfectantes, desmanchadores y desengrasantes  en concentración mínima del 15%.\n- Biodegradable mínimo en un 95%","Líquido, en recipiente plástico con capacidad mínima de 3.785 ml",0,{"$f":"IF(E69>0,(VLOOKUP($C$5&$C$6&B69,ConsolidadoServicios!$A:$K,11,0)),0)","v":0},{"$f":"IF(E69>0,(VLOOKUP(B69,Minimos!$A:$B,2,0)),0)","v":0},0,null,0,0,{"$f":"ROUND(VLOOKUP($C$5&B69,ConsolidadoServicios!P:Q,2,0)*80%,2)","v":0},{"$f":"'Detalle Bienes de Aseo y Caf'!I69","v":0},{"$f":"'Detalle Bienes de Aseo y Caf'!J69","v":0},{"$f":"'Detalle Bienes de Aseo y Caf'!K69","v":0},{"$f":"'Detalle Bienes de Aseo y Caf'!L69","v":0}]
[56,"Desmanchador multiusos (Compra)","- Con agente(s) tensoactivo(s) con efecto limpiador y desengrasante\n- Para superficies de todo tipo.","Crema, en bolsa plástica de mínimo 500 g",0,{"$f":"IF(E70>0,(VLOOKUP($C$5&$C$6&B70,ConsolidadoServicios!$A:$K,11,0)),0)","v":0},{"$f":"IF(E70>0,(VLOOKUP(B70,Minimos!$A:$B,2,0)),0)","v":0},0,null,0,0,{"$f":"ROUND(VLOOKUP($C$5&B70,ConsolidadoServicios!P:Q,2,0)*80%,2)","v":0},{"$f":"'Detalle Bienes de Aseo y Caf'!I70","v":0},{"$f":"'Detalle Bienes de Aseo y Caf'!J70","v":0},{"$f":"'Detalle Bienes de Aseo y Caf'!K70","v":0},{"$f":"'Detalle Bienes de Aseo y Caf'!L70","v":0}]
[57,"Brillametal en crema (Compra)","- Con agentes con efecto limpiador, pulidor y brillador.\n- Para todo tipo de metales\n - El  envase del producto deberá estar correctamente etiquetado, indicando: nombre comercial del producto, pictogramas de los compuestos peligrosos e instrucciones de uso","En crema de mínimo 70 g",0,{"$f":"IF(E71>0,(VLOOKUP($C$5&$C$6&B71,ConsolidadoServicios!$A:$K,11,0)),0)","v":0},{"$f":"IF(E71>0,(VLOOKUP(B71,Minimos!$A:$B,2,0)),0)","v":0},0,null,0,0,{"$f":"ROUND(VLOOKUP($C$5&B71,ConsolidadoServicios!P:Q,2,0)*80%,2)","v":0},{"$f":"'Detalle Bienes de Aseo y Caf'!I71","v":0},{"$f":"'Detalle Bienes de Aseo y Caf'!J71","v":0},{"$f":"'Detalle Bienes de Aseo y Caf'!K71","v":0},{"$f":"'Detalle Bienes de Aseo y Caf'!L71","v":0}]
[58,"Brillametal líquido (Compra)","- Con agentes con efecto limpiador, pulidor y brillador.\n- Para todo tipo de metales","Líquido , en recipiente plástico con capacidad mínima de 200 ml",0,{"$f":"IF(E72>0,(VLOOKUP($C$5&$C$6&B72,ConsolidadoServicios!$A:$K,11,0)),0)","v":0},{"$f":"IF(E72>0,(VLOOKUP(B72,Minimos!$A:$B,2,0)),0)","v":0},0,null,0,0,{"$f":"ROUND(VLOOKUP($C$5&B72,ConsolidadoServicios!P:Q,2,0)*80%,2)","v":0},{"$f":"'Detalle Bienes de Aseo y Caf'!I72","v":0},{"$f":"'Detalle Bienes de Aseo y Caf'!J72","v":0},{"$f":"'Detalle Bienes de Aseo y Caf'!K72","v":0},{"$f":"'Detalle Bienes de Aseo y Caf'!L72","v":0}]
[59,"Betún (Compra)","- Contenido mínimo de sólidos del 30%\n- Color negro\n- No debe contener ningún material que sea cancerígeno ( Clasificación 1 y 2a por la IARC), Mutagénico, Tóxico, Contaminante peligroso del aire o que sea agotador de la capa de ozono \n- El envase debe estar correctamente etiquetado bajo los parámetros establecidos en el sistema globalmente armonizado (Decreto 1496 de 2018) indicando: nombre comercial del producto, pictogramas de los compuestos peligrosos si aplica e instrucciones de uso de acuerdo con los tiempos de transición descritos en el artículo 24 de la Resolución 773 de 2021.","Tarro de mínimo 100 g",0,{"$f":"IF(E73>0,(VLOOKUP($C$5&$C$6&B73,ConsolidadoServicios!$A:$K,11,0)),0)","v":0},{"$f":"IF(E73>0,(VLOOKUP(B73,Minimos!$A:$B,2,0)),0)","v":0},0,null,0,0,{"$f":"ROUND(VLOOKUP($C$5&B73,ConsolidadoServicios!P:Q,2,0)*80%,2)","v":0},{"$f":"'Detalle Bienes de Aseo y Caf'!I73","v":0},{"$f":"'Detalle Bienes de Aseo y Caf'!J73","v":0},{"$f":"'Detalle Bienes de Aseo y Caf'!K73","v":0},{"$f":"'Detalle Bienes de Aseo y Caf'!L73","v":0}]
[60,"Ambientador 1 (Compra)","- Solución con alcohol etílico y solventes.\n- Con fragancia en una concentración del 1,5%\n- En múltiples fragancias\n- El envase debe estar correctamente etiquetado bajo los parámetros establecidos en el sistema globalmente armonizado (Decreto 1496 de 2018) indicando: nombre comercial del producto, pictogramas de los compuestos peligrosos si aplica e instrucciones de uso de acuerdo con los tiempos de transición descritos en el artículo 24 de la Resolución 773 de 2021.","Líquido, en recipiente plástico con capacidad\nmínima de 3.785 ml",0,{"$f":"IF(E74>0,(VLOOKUP($C$5&$C$6&B74,ConsolidadoServicios!$A:$K,11,0)),0)","v":0},{"$f":"IF(E74>0,(VLOOKUP(B74,Minimos!$A:$B,2,0)),0)","v":0},0,null,0,0,{"$f":"ROUND(VLOOKUP($C$5&B74,ConsolidadoServicios!P:Q,2,0)*80%,2)","v":0},{"$f":"'Detalle Bienes de Aseo y Caf'!I74","v":0},{"$f":"'Detalle Bienes de Aseo y Caf'!J74","v":0},{"$f":"'Detalle Bienes de Aseo y Caf'!K74","v":0},{"$f":"'Detalle Bienes de Aseo y Caf'!L74","v":0}]
[61,"Ambientador 2 (Compra)","- Solución con alcohol etílico y solventes.\n- Con fragancia en una concentración del 1,5%\n- En múltiples fragancias\n- libre de CFC\n - Envase correctamente etiquetado bajo los parámetros establecidos indicando: nombre comercial del producto, pictogramas de los compuestos peligrosos e instrucciones de uso.\n- Elaborado en material reciclable","Líquido, en aerosol seguro para la capa de ozono con capacidad mínima de 400 ml",4,{"$f":"IF(E75>0,(VLOOKUP($C$5&$C$6&B75,ConsolidadoServicios!$A:$K,11,0)),0)","v":15205},{"$f":"IF(E75>0,(VLOOKUP(B75,Minimos!$A:$B,2,0)),0)","v":8436},0.25,0.58388687931601402,6327,25308,{"$f":"ROUND(VLOOKUP($C$5&B75,ConsolidadoServicios!P:Q,2,0)*80%,2)","v":0},{"$f":"'Detalle Bienes de Aseo y Caf'!I75","v":1},{"$f":"'Detalle Bienes de Aseo y Caf'!J75","v":1},{"$f":"'Detalle Bienes de Aseo y Caf'!K75","v":1},{"$f":"'Detalle Bienes de Aseo y Caf'!L75","v":1}]
[62,"Insecticida 1 (Compra)","- Para eliminar insectos rastreros.\n-  Con acción residual hasta por 4 semanas o de larga duración\n- Sin fuertes olores químicos\n- Libre de CFC\n - El  envase del producto deberá estar correctamente etiquetado, indicando: nombre comercial del producto, pictogramas de los compuestos peligrosos e instrucciones de uso","Líquido, en aerosol seguro para la capa de ozono con capacidad\nmínima de 350 ml",4,{"$f":"IF(E76>0,(VLOOKUP($C$5&$C$6&B76,ConsolidadoServicios!$A:$K,11,0)),0)","v":22160},{"$f":"IF(E76>0,(VLOOKUP(B76,Minimos!$A:$B,2,0)),0)","v":10137},0.25,0.65691561371841201,7602.75,30411,{"$f":"ROUND(VLOOKUP($C$5&B76,ConsolidadoServicios!P:Q,2,0)*80%,2)","v":0},{"$f":"'Detalle Bienes de Aseo y Caf'!I76","v":1},{"$f":"'Detalle Bienes de Aseo y Caf'!J76","v":1},{"$f":"'Detalle Bienes de Aseo y Caf'!K76","v":1},{"$f":"'Detalle Bienes de Aseo y Caf'!L76","v":1}]
[63,"Insecticida 2 (Compra)","- Para eliminar insectos voladores\n-  Con acción residual hasta por 4 semanas o de larga duración\n- Sin fuertes olores químicos\n- Libre de CFC\n - El  envase del producto deberá estar correctamente etiquetado, indicando: nombre comercial del producto, pictogramas de los compuestos peligrosos e instrucciones de uso","Líquido, en aerosol seguro para la capa de ozono con capacidad\nmínima de 350 ml",0,{"$f":"IF(E77>0,(VLOOKUP($C$5&$C$6&B77,ConsolidadoServicios!$A:$K,11,0)),0)","v":0},{"$f":"IF(E77>0,(VLOOKUP(B77,Minimos!$A:$B,2,0)),0)","v":0},0,null,0,0,{"$f":"ROUND(VLOOKUP($C$5&B77,ConsolidadoServicios!P:Q,2,0)*80%,2)","v":0},{"$f":"'Detalle Bienes de Aseo y Caf'!I77","v":0},{"$f":"'Detalle Bienes de Aseo y Caf'!J77","v":0},{"$f":"'Detalle Bienes de Aseo y Caf'!K77","v":0},{"$f":"'Detalle Bienes de Aseo y Caf'!L77","v":0}]
[64,"Limpiones 1 (Compra)","- En tela de toalla fileteada\n- Color blanco sin estampado\n- Tamaño mínimo de 45cm de largo por 45cm de ancho.","Unidad",8,{"$f":"IF(E78>0,(VLOOKUP($C$5&$C$6&B78,ConsolidadoServicios!$A:$K,11,0)),0)","v":6020},{"$f":"IF(E78>0,(VLOOKUP(B78,Minimos!$A:$B,2,0)),0)","v":1314},0.19999999999999996,0.82538205980066504,1051.2,8409.6,{"$f":"ROUND(VLOOKUP($C$5&B78,ConsolidadoServicios!P:Q,2,0)*80%,2)","v":0},{"$f":"'Detalle Bienes de Aseo y Caf'!I78","v":2},{"$f":"'Detalle Bienes de Aseo y Caf'!J78","v":2},{"$f":"'Detalle Bienes de Aseo y Caf'!K78","v":2},{"$f":"'Detalle Bienes de Aseo y Caf'!L78","v":2}]
[65,"Limpiones 2 (Compra)","- En tela de toalla fileteada\n- Color blanco sin estampado\n-Tamaño mínimo de 100 cm de largo por 70 cm de ancho","Unidad",{"$f":"SUM(M79:P79)","v":0},{"$f":"IF(E79>0,(VLOOKUP($C$5&$C$6&B79,ConsolidadoServicios!$A:$K,11,0)),0)","v":0},{"$f":"IF(E79>0,(VLOOKUP(B79,Minimos!$A:$B,2,0)),0)","v":0},0,null,0,0,{"$f":"ROUND(VLOOKUP($C$5&B79,ConsolidadoServicios!P:Q,2,0)*80%,2)","v":0},{"$f":"'Detalle Bienes de Aseo y Caf'!I79","v":0},{"$f":"'Detalle Bienes de Aseo y Caf'!J79","v":0},{"$f":"'Detalle Bienes de Aseo y Caf'!K79","v":0},{"$f":"'Detalle Bienes de Aseo y Caf'!L79","v":0}]
[66,"Limpiones 3 (Compra)","- En tela fileteada\n- Color blanco sin estampado\n- Tamaño mínimo de 45 cm de largo por 45 cm de ancho","Unidad",0,{"$f":"IF(E80>0,(VLOOKUP($C$5&$C$6&B80,ConsolidadoServicios!$A:$K,11,0)),0)","v":0},{"$f":"IF(E80>0,(VLOOKUP(B80,Minimos!$A:$B,2,0)),0)","v":0},{"$f":"IF(E80>0,IF(I80>0,(G80-J80)/G80,0),0)","v":0},null,{"$f":"ROUND((F80*(1-I80)),2)","v":0},{"$f":"J80*E80","v":0},{"$f":"ROUND(VLOOKUP($C$5&B80,ConsolidadoServicios!P:Q,2,0)*80%,2)","v":0},{"$f":"'Detalle Bienes de Aseo y Caf'!I80","v":0},{"$f":"'Detalle Bienes de Aseo y Caf'!J80","v":0},{"$f":"'Detalle Bienes de Aseo y Caf'!K80","v":0},{"$f":"'Detalle Bienes de Aseo y Caf'!L80","v":0}]
[67,"Limpiones 4 (Compra)","- En tela fileteada\n- Color blanco sin estampado\n-Tamaño mínimo de 100 cm de largo por 70 cm de ancho","Unidad",0,{"$f":"IF(E81>0,(VLOOKUP($C$5&$C$6&B81,ConsolidadoServicios!$A:$K,11,0)),0)","v":0},{"$f":"IF(E81>0,(VLOOKUP(B81,Minimos!$A:$B,2,0)),0)","v":0},0,null,0,0,{"$f":"ROUND(VLOOKUP($C$5&B81,ConsolidadoServicios!P:Q,2,0)*80%,2)","v":0},{"$f":"'Detalle Bienes de Aseo y Caf'!I81","v":0},{"$f":"'Detalle Bienes de Aseo y Caf'!J81","v":0},{"$f":"'Detalle Bienes de Aseo y Caf'!K81","v":0},{"$f":"'Detalle Bienes de Aseo y Caf'!L81","v":0}]
[68,"Limpiones 5 (Compra)","- En tela tipo galleta fileteada\n- Color blanco o beige sin estampado\n-Tamaño mínimo de 100 cm de largo por 70 cm de ancho","Unidad",0,{"$f":"IF(E82>0,(VLOOKUP($C$5&$C$6&B82,ConsolidadoServicios!$A:$K,11,0)),0)","v":0},{"$f":"IF(E82>0,(VLOOKUP(B82,Minimos!$A:$B,2,0)),0)","v":0},0,null,0,0,{"$f":"ROUND(VLOOKUP($C$5&B82,ConsolidadoServicios!P:Q,2,0)*80%,2)","v":0},{"$f":"'Detalle Bienes de Aseo y Caf'!I82","v":0},{"$f":"'Detalle Bienes de Aseo y Caf'!J82","v":0},{"$f":"'Detalle Bienes de Aseo y Caf'!K82","v":0},{"$f":"'Detalle Bienes de Aseo y Caf'!L82","v":0}]
[69,"Bayetilla 1 (Compra)"," - En tela fileteada\n -  100% algodón y fibra natural \n- Color blanco sin estampado\n-Tamaño mínimo de 100 cm de largo por 70 cm de ancho","Unidad",4,{"$f":"IF(E83>0,(VLOOKUP($C$5&$C$6&B83,ConsolidadoServicios!$A:$K,11,0)),0)","v":9890},{"$f":"IF(E83>0,(VLOOKUP(B83,Minimos!$A:$B,2,0)),0)","v":1622},0.20000000000000007,0.86879676440849296,1297.5999999999999,5190.3999999999996,{"$f":"ROUND(VLOOKUP($C$5&B83,ConsolidadoServicios!P:Q,2,0)*80%,2)","v":0},{"$f":"'Detalle Bienes de Aseo y Caf'!I83","v":1},{"$f":"'Detalle Bienes de Aseo y Caf'!J83","v":1},{"$f":"'Detalle Bienes de Aseo y Caf'!K83","v":1},{"$f":"'Detalle Bienes de Aseo y Caf'!L83","v":1}]
[70,"Bayetilla 2 (Compra)"," - En tela fileteada\n - 100% algodón y fibra natural \n - Color rojo sin estampado\n -Tamaño mínimo de 100 cm de largo por 70 cm de ancho","Unidad",4,{"$f":"IF(E84>0,(VLOOKUP($C$5&$C$6&B84,ConsolidadoServicios!$A:$K,11,0)),0)","v":9890},{"$f":"IF(E84>0,(VLOOKUP(B84,Minimos!$A:$B,2,0)),0)","v":1622},0.20000000000000007,0.86879676440849296,1297.5999999999999,5190.3999999999996,{"$f":"ROUND(VLOOKUP($C$5&B84,ConsolidadoServicios!P:Q,2,0)*80%,2)","v":0},{"$f":"'Detalle Bienes de Aseo y Caf'!I84","v":1},{"$f":"'Detalle Bienes de Aseo y Caf'!J84","v":1},{"$f":"'Detalle Bienes de Aseo y Caf'!K84","v":1},{"$f":"'Detalle Bienes de Aseo y Caf'!L84","v":1}]
[71,"Toalla en tela blanca para pisos por metro (repuesto de haraganes) (Compra)"," - Elaborado  en microfibras\n - Color blanco\n - Tamaño mínimo de 100 cm de largo por 70 cm de ancho","Unidad",4,{"$f":"IF(E85>0,(VLOOKUP($C$5&$C$6&B85,ConsolidadoServicios!$A:$K,11,0)),0)","v":16528},{"$f":"IF(E85>0,(VLOOKUP(B85,Minimos!$A:$B,2,0)),0)","v":3894},0.20000000000000004,0.81151984511132602,3115.2,12460.8,{"$f":"ROUND(VLOOKUP($C$5&B85,ConsolidadoServicios!P:Q,2,0)*80%,2)","v":0},{"$f":"'Detalle Bienes de Aseo y Caf'!I85","v":1},{"$f":"'Detalle Bienes de Aseo y Caf'!J85","v":1},{"$f":"'Detalle Bienes de Aseo y Caf'!K85","v":1},{"$f":"'Detalle Bienes de Aseo y Caf'!L85","v":1}]
[72,"Paño absorbente multiusos 1 (Compra)","- Retira el polvo sin dejar residuos ni pelusas\n- Antibacterial reutilizable\n- Tela con microporos\n- Tamaño mínimo de 60 cm de largo por 33 cm de ancho","Paquete X 6 unidades",0,{"$f":"IF(E86>0,(VLOOKUP($C$5&$C$6&B86,ConsolidadoServicios!$A:$K,11,0)),0)","v":0},{"$f":"IF(E86>0,(VLOOKUP(B86,Minimos!$A:$B,2,0)),0)","v":0},0,null,0,0,{"$f":"ROUND(VLOOKUP($C$5&B86,ConsolidadoServicios!P:Q,2,0)*80%,2)","v":0},{"$f":"'Detalle Bienes de Aseo y Caf'!I86","v":0},{"$f":"'Detalle Bienes de Aseo y Caf'!J86","v":0},{"$f":"'Detalle Bienes de Aseo y Caf'!K86","v":0},{"$f":"'Detalle Bienes de Aseo y Caf'!L86","v":0}]
[73,"Paño absorbente multiusos 2 (Compra)","- Retira el polvo sin dejar residuos ni pelusas\n- Antibacterial reutilizable\n- Tela con microporos\n- Tamaño mínimo de 25 cm de largo por 45 cm de ancho","Rollo X 40 unidades",8,{"$f":"IF(E87>0,(VLOOKUP($C$5&$C$6&B87,ConsolidadoServicios!$A:$K,11,0)),0)","v":31065},{"$f":"IF(E87>0,(VLOOKUP(B87,Minimos!$A:$B,2,0)),0)","v":1299},0.19999999999999996,0.96654756156446198,1039.2,8313.6,{"$f":"ROUND(VLOOKUP($C$5&B87,ConsolidadoServicios!P:Q,2,0)*80%,2)","v":0},{"$f":"'Detalle Bienes de Aseo y Caf'!I87","v":2},{"$f":"'Detalle Bienes de Aseo y Caf'!J87","v":2},{"$f":"'Detalle Bienes de Aseo y Caf'!K87","v":2},{"$f":"'Detalle Bienes de Aseo y Caf'!L87","v":2}]
[74,"Estopa (Compra)","- Hecha 100% de hilos de algodón blanco peinado.\n-Suave al tacto, para lustrar\n- No debe contener PVC o Poliestireno expandido u otros plásticos de un solo uso tanto en el envase como en el embalaje.","Bolsa de mínimo 400 g",0,{"$f":"IF(E88>0,(VLOOKUP($C$5&$C$6&B88,ConsolidadoServicios!$A:$K,11,0)),0)","v":0},{"$f":"IF(E88>0,(VLOOKUP(B88,Minimos!$A:$B,2,0)),0)","v":0},0,null,0,0,{"$f":"ROUND(VLOOKUP($C$5&B88,ConsolidadoServicios!P:Q,2,0)*80%,2)","v":0},{"$f":"'Detalle Bienes de Aseo y Caf'!I88","v":0},{"$f":"'Detalle Bienes de Aseo y Caf'!J88","v":0},{"$f":"'Detalle Bienes de Aseo y Caf'!K88","v":0},{"$f":"'Detalle Bienes de Aseo y Caf'!L88","v":0}]
[75,"Esponjilla 1 (Compra)","- Espuma enmallada\n- Tamaño mínimo de 7 cm de largo por 10 cm de ancho","Unidad",0,{"$f":"IF(E89>0,(VLOOKUP($C$5&$C$6&B89,ConsolidadoServicios!$A:$K,11,0)),0)","v":0},{"$f":"IF(E89>0,(VLOOKUP(B89,Minimos!$A:$B,2,0)),0)","v":0},0,null,0,0,{"$f":"ROUND(VLOOKUP($C$5&B89,ConsolidadoServicios!P:Q,2,0)*80%,2)","v":0},{"$f":"'Detalle Bienes de Aseo y Caf'!I89","v":0},{"$f":"'Detalle Bienes de Aseo y Caf'!J89","v":0},{"$f":"'Detalle Bienes de Aseo y Caf'!K89","v":0},{"$f":"'Detalle Bienes de Aseo y Caf'!L89","v":0}]
[76,"Esponjilla 2 (Compra)","- Doble uso (material de esponjilla blanda y abrasiva)\n- Tamaño mínimo de 7 cm de largo por 10 cm de ancho\n- No debe contener PVC o Poliestireno expandido u otros plásticos de un solo uso tanto en el envase como en el embalaje","Unidad",0,{"$f":"IF(E90>0,(VLOOKUP($C$5&$C$6&B90,ConsolidadoServicios!$A:$K,11,0)),0)","v":0},{"$f":"IF(E90>0,(VLOOKUP(B90,Minimos!$A:$B,2,0)),0)","v":0},0,null,0,0,{"$f":"ROUND(VLOOKUP($C$5&B90,ConsolidadoServicios!P:Q,2,0)*80%,2)","v":0},{"$f":"'Detalle Bienes de Aseo y Caf'!I90","v":0},{"$f":"'Detalle Bienes de Aseo y Caf'!J90","v":0},{"$f":"'Detalle Bienes de Aseo y Caf'!K90","v":0},{"$f":"'Detalle Bienes de Aseo y Caf'!L90","v":0}]
[77,"Esponjilla 3 (Compra)","- Abrasiva\n- Tamaño mínimo de 9 cm de largo por 12 cm de","Unidad",0,{"$f":"IF(E91>0,(VLOOKUP($C$5&$C$6&B91,ConsolidadoServicios!$A:$K,11,0)),0)","v":0},{"$f":"IF(E91>0,(VLOOKUP(B91,Minimos!$A:$B,2,0)),0)","v":0},0,null,0,0,{"$f":"ROUND(VLOOKUP($C$5&B91,ConsolidadoServicios!P:Q,2,0)*80%,2)","v":0},{"$f":"'Detalle Bienes de Aseo y Caf'!I91","v":0},{"$f":"'Detalle Bienes de Aseo y Caf'!J91","v":0},{"$f":"'Detalle Bienes de Aseo y Caf'!K91","v":0},{"$f":"'Detalle Bienes de Aseo y Caf'!L91","v":0}]
[78,"Esponjilla 4 (Compra)","- Elaborada con fibra de acero inoxidable para dar brillo\n- Tamaño mínimo de 5 cm de largo por 5 cm de ancho","Paquete X 6 unidades",0,{"$f":"IF(E92>0,(VLOOKUP($C$5&$C$6&B92,ConsolidadoServicios!$A:$K,11,0)),0)","v":0},{"$f":"IF(E92>0,(VLOOKUP(B92,Minimos!$A:$B,2,0)),0)","v":0},0,null,0,0,{"$f":"ROUND(VLOOKUP($C$5&B92,ConsolidadoServicios!P:Q,2,0)*80%,2)","v":0},{"$f":"'Detalle Bienes de Aseo y Caf'!I92","v":0},{"$f":"'Detalle Bienes de Aseo y Caf'!J92","v":0},{"$f":"'Detalle Bienes de Aseo y Caf'!K92","v":0},{"$f":"'Detalle Bienes de Aseo y Caf'!L92","v":0}]
[79,"Esponjilla 5 (Compra)","- Elaborada con alambre de acero inoxidable\n- Tamaño mínimo de 7 cm de largo por 10 cm de ancho","Unidad",0,{"$f":"IF(E93>0,(VLOOKUP($C$5&$C$6&B93,ConsolidadoServicios!$A:$K,11,0)),0)","v":0},{"$f":"IF(E93>0,(VLOOKUP(B93,Minimos!$A:$B,2,0)),0)","v":0},0,null,0,0,{"$f":"ROUND(VLOOKUP($C$5&B93,ConsolidadoServicios!P:Q,2,0)*80%,2)","v":0},{"$f":"'Detalle Bienes de Aseo y Caf'!I93","v":0},{"$f":"'Detalle Bienes de Aseo y Caf'!J93","v":0},{"$f":"'Detalle Bienes de Aseo y Caf'!K93","v":0},{"$f":"'Detalle Bienes de Aseo y Caf'!L93","v":0}]
[80,"Esponjilla 6 (Compra)","- Espuma enmallada\n- Tamaño mínimo de 7 cm de largo por 10 cm de ancho\n- No debe contener PVC o Poliestireno expandido u otros plásticos de un solo uso tanto en el envase como en el embalaje.","Unidad",0,{"$f":"IF(E94>0,(VLOOKUP($C$5&$C$6&B94,ConsolidadoServicios!$A:$K,11,0)),0)","v":0},{"$f":"IF(E94>0,(VLOOKUP(B94,Minimos!$A:$B,2,0)),0)","v":0},0,null,0,0,{"$f":"ROUND(VLOOKUP($C$5&B94,ConsolidadoServicios!P:Q,2,0)*80%,2)","v":0},{"$f":"'Detalle Bienes de Aseo y Caf'!I94","v":0},{"$f":"'Detalle Bienes de Aseo y Caf'!J94","v":0},{"$f":"'Detalle Bienes de Aseo y Caf'!K94","v":0},{"$f":"'Detalle Bienes de Aseo y Caf'!L94","v":0}]
[81,"Esponjilla 7 (Compra)","- Abrasiva\n- Tamaño mínimo de 9 cm de largo por 12 cm de ancho\n- No debe contener PVC o Poliestireno expandido u otros plásticos de un solo uso tanto en el envase como en el embalaje.","Unidad",0,{"$f":"IF(E95>0,(VLOOKUP($C$5&$C$6&B95,ConsolidadoServicios!$A:$K,11,0)),0)","v":0},{"$f":"IF(E95>0,(VLOOKUP(B95,Minimos!$A:$B,2,0)),0)","v":0},0,null,0,0,{"$f":"ROUND(VLOOKUP($C$5&B95,ConsolidadoServicios!P:Q,2,0)*80%,2)","v":0},{"$f":"'Detalle Bienes de Aseo y Caf'!I95","v":0},{"$f":"'Detalle Bienes de Aseo y Caf'!J95","v":0},{"$f":"'Detalle Bienes de Aseo y Caf'!K95","v":0},{"$f":"'Detalle Bienes de Aseo y Caf'!L95","v":0}]
[82,"Escoba 1 (Compra)","- Cerdas suaves elaboradas con PET calibre entre 0,3 y 0,4 mm.\n- Área de barrido mínima de 25 cm de largo por 8 cm de ancho por 10 cm de alto\n- Material de base en plástico con acople tipo rosca\n","Unidad",0,{"$f":"IF(E96>0,(VLOOKUP($C$5&$C$6&B96,ConsolidadoServicios!$A:$K,11,0)),0)","v":0},{"$f":"IF(E96>0,(VLOOKUP(B96,Minimos!$A:$B,2,0)),0)","v":0},0,null,0,0,{"$f":"ROUND(VLOOKUP($C$5&B96,ConsolidadoServicios!P:Q,2,0)*80%,2)","v":0},{"$f":"'Detalle Bienes de Aseo y Caf'!I96","v":0},{"$f":"'Detalle Bienes de Aseo y Caf'!J96","v":0},{"$f":"'Detalle Bienes de Aseo y Caf'!K96","v":0},{"$f":"'Detalle Bienes de Aseo y Caf'!L96","v":0}]
[83,"Escoba 2 (Compra)","- Cerdas duras elaboradas con PET calibre entre 0,4 y 0,6 mm.\n- Área de barrido mínima de 25 cm de largo por 8 cm de ancho por 10 cm de alto\n- Material de base en plástico con acople tipo rosca\n","Unidad",0,{"$f":"IF(E97>0,(VLOOKUP($C$5&$C$6&B97,ConsolidadoServicios!$A:$K,11,0)),0)","v":0},{"$f":"IF(E97>0,(VLOOKUP(B97,Minimos!$A:$B,2,0)),0)","v":0},0,null,0,0,{"$f":"ROUND(VLOOKUP($C$5&B97,ConsolidadoServicios!P:Q,2,0)*80%,2)","v":0},{"$f":"'Detalle Bienes de Aseo y Caf'!I97","v":0},{"$f":"'Detalle Bienes de Aseo y Caf'!J97","v":0},{"$f":"'Detalle Bienes de Aseo y Caf'!K97","v":0},{"$f":"'Detalle Bienes de Aseo y Caf'!L97","v":0}]
[84,"Escoba 3 (Compra)","- Cerdas suaves elaboradas con PET calibre entre 0,3 y 0,4 mm.\n- Área de barrido mínima de 35 cm de largo por 8 cm de ancho por 10 cm de alto\n- Material de base en plástico con acople tipo rosca\n","Unidad",4,{"$f":"IF(E98>0,(VLOOKUP($C$5&$C$6&B98,ConsolidadoServicios!$A:$K,11,0)),0)","v":6455},{"$f":"IF(E98>0,(VLOOKUP(B98,Minimos!$A:$B,2,0)),0)","v":3489},0.20000000000000004,0.56759101471727302,2791.2,11164.8,{"$f":"ROUND(VLOOKUP($C$5&B98,ConsolidadoServicios!P:Q,2,0)*80%,2)","v":0},{"$f":"'Detalle Bienes de Aseo y Caf'!I98","v":1},{"$f":"'Detalle Bienes de Aseo y Caf'!J98","v":1},{"$f":"'Detalle Bienes de Aseo y Caf'!K98","v":1},{"$f":"'Detalle Bienes de Aseo y Caf'!L98","v":1}]
[85,"Escoba 4 (Compra)","- Cerdas duras elaboradas con PET calibre entre 0,4 y 0,6 mm.\n- Área de barrido mínima de 35 cm de largo por 8 cm de ancho por 10 cm de alto\n- Material de base en plástico con acople tipo rosca\n","Unidad",0,{"$f":"IF(E99>0,(VLOOKUP($C$5&$C$6&B99,ConsolidadoServicios!$A:$K,11,0)),0)","v":0},{"$f":"IF(E99>0,(VLOOKUP(B99,Minimos!$A:$B,2,0)),0)","v":0},0,null,0,0,{"$f":"ROUND(VLOOKUP($C$5&B99,ConsolidadoServicios!P:Q,2,0)*80%,2)","v":0},{"$f":"'Detalle Bienes de Aseo y Caf'!I99","v":0},{"$f":"'Detalle Bienes de Aseo y Caf'!J99","v":0},{"$f":"'Detalle Bienes de Aseo y Caf'!K99","v":0},{"$f":"'Detalle Bienes de Aseo y Caf'!L99","v":0}]
[86,"Escoba 5 (Compra)","- Cerdas suaves elaboradas con PET calibre entre 0,3 y 0,4 mm.\n- Área de barrido mínima de 35 cm de largo por 8 cm de ancho por 10 cm de alto\n- Mango de madera proveniente de explotación forestal sostenible certificada ( FSC, PEFC o equivalentes) y/o Mango y Fibra de plástico (reciclado o nuevo) de polipropileno (PP) o polietileno (PE) y/o cabo metálico que no contenga material plastificado\n- No debe contener PVC u otros plásticos con cloro. \n- Cabo de madera 140cm elaborada con fibra natural, con soporte para colgar, con capucha plástica protectora que evita que se desprendan las fibras o se deformen\n","Unidad",0,{"$f":"IF(E100>0,(VLOOKUP($C$5&$C$6&B100,ConsolidadoServicios!$A:$K,11,0)),0)","v":0},{"$f":"IF(E100>0,(VLOOKUP(B100,Minimos!$A:$B,2,0)),0)","v":0},0,null,0,0,{"$f":"ROUND(VLOOKUP($C$5&B100,ConsolidadoServicios!P:Q,2,0)*80%,2)","v":0},{"$f":"'Detalle Bienes de Aseo y Caf'!I100","v":0},{"$f":"'Detalle Bienes de Aseo y Caf'!J100","v":0},{"$f":"'Detalle Bienes de Aseo y Caf'!K100","v":0},{"$f":"'Detalle Bienes de Aseo y Caf'!L100","v":0}]
[87,"Mango metálico escoba 1 (Compra)","- Extensión mínima de 140 cm\n -Acople plástico o rosca para palos de escoba\n ","Unidad",0,{"$f":"IF(E101>0,(VLOOKUP($C$5&$C$6&B101,ConsolidadoServicios!$A:$K,11,0)),0)","v":0},{"$f":"IF(E101>0,(VLOOKUP(B101,Minimos!$A:$B,2,0)),0)","v":0},0,null,0,0,{"$f":"ROUND(VLOOKUP($C$5&B101,ConsolidadoServicios!P:Q,2,0)*80%,2)","v":0},{"$f":"'Detalle Bienes de Aseo y Caf'!I101","v":0},{"$f":"'Detalle Bienes de Aseo y Caf'!J101","v":0},{"$f":"'Detalle Bienes de Aseo y Caf'!K101","v":0},{"$f":"'Detalle Bienes de Aseo y Caf'!L101","v":0}]
[88,"Mango madera escoba 1 (Compra)","- Extensión mínima de 140 cm\n -Acople plástico o rosca para palos de escoba\n ","Unidad",0,{"$f":"IF(E102>0,(VLOOKUP($C$5&$C$6&B102,ConsolidadoServicios!$A:$K,11,0)),0)","v":0},{"$f":"IF(E102>0,(VLOOKUP(B102,Minimos!$A:$B,2,0)),0)","v":0},0,null,0,0,{"$f":"ROUND(VLOOKUP($C$5&B102,ConsolidadoServicios!P:Q,2,0)*80%,2)","v":0},{"$f":"'Detalle Bienes de Aseo y Caf'!I102","v":0},{"$f":"'Detalle Bienes de Aseo y Caf'!J102","v":0},{"$f":"'Detalle Bienes de Aseo y Caf'!K102","v":0},{"$f":"'Detalle Bienes de Aseo y Caf'!L102","v":0}]
[89,"Cepillos 1 (Compra)","- Tipo plancha, con mango de plástico\n- Cuerpo elaborado en plástico\n- Cerdas duras en fibra plástica\n- Tamaño mínimo de 15 cm de largo por 5cm de ancho por 6 cm de alto.","Unidad",0,{"$f":"IF(E103>0,(VLOOKUP($C$5&$C$6&B103,ConsolidadoServicios!$A:$K,11,0)),0)","v":0},{"$f":"IF(E103>0,(VLOOKUP(B103,Minimos!$A:$B,2,0)),0)","v":0},0,null,0,0,{"$f":"ROUND(VLOOKUP($C$5&B103,ConsolidadoServicios!P:Q,2,0)*80%,2)","v":0},{"$f":"'Detalle Bienes de Aseo y Caf'!I103","v":0},{"$f":"'Detalle Bienes de Aseo y Caf'!J103","v":0},{"$f":"'Detalle Bienes de Aseo y Caf'!K103","v":0},{"$f":"'Detalle Bienes de Aseo y Caf'!L103","v":0}]
[90,"Cepillos 2 (Compra)","- Para pisos\n- Cuerpo elaborado en plástico\n- Cerdas duras en fibra plástica\n- Tamaño mínimo de 23 cm de largo por 6 cm de ancho por 7 cm de alto.\n- Mango metálico con una extensión mínima de\n140 cm","Unidad",0,{"$f":"IF(E104>0,(VLOOKUP($C$5&$C$6&B104,ConsolidadoServicios!$A:$K,11,0)),0)","v":0},{"$f":"IF(E104>0,(VLOOKUP(B104,Minimos!$A:$B,2,0)),0)","v":0},0,null,0,0,{"$f":"ROUND(VLOOKUP($C$5&B104,ConsolidadoServicios!P:Q,2,0)*80%,2)","v":0},{"$f":"'Detalle Bienes de Aseo y Caf'!I104","v":0},{"$f":"'Detalle Bienes de Aseo y Caf'!J104","v":0},{"$f":"'Detalle Bienes de Aseo y Caf'!K104","v":0},{"$f":"'Detalle Bienes de Aseo y Caf'!L104","v":0}]
[91,"Cepillos 3 (Compra)","- Para pisos\n- Cuerpo elaborado en plástico\n- Cerdas duras en fibra plástica\n- Tamaño mínimo de 35 cm de largo por 6 cm de ancho por 7 cm de alto.\n- Mango metálico con una extensión mínima de\n140 cm","Unidad",0,{"$f":"IF(E105>0,(VLOOKUP($C$5&$C$6&B105,ConsolidadoServicios!$A:$K,11,0)),0)","v":0},{"$f":"IF(E105>0,(VLOOKUP(B105,Minimos!$A:$B,2,0)),0)","v":0},0,null,0,0,{"$f":"ROUND(VLOOKUP($C$5&B105,ConsolidadoServicios!P:Q,2,0)*80%,2)","v":0},{"$f":"'Detalle Bienes de Aseo y Caf'!I105","v":0},{"$f":"'Detalle Bienes de Aseo y Caf'!J105","v":0},{"$f":"'Detalle Bienes de Aseo y Caf'!K105","v":0},{"$f":"'Detalle Bienes de Aseo y Caf'!L105","v":0}]
[92,"Trapero 1 (Compra)"," - Elaborado con hilaza de algodón natural\n - Mecha con peso mínimo 250 gr y extensión mínima de 32 cm de  largo\n - Material de base en plástico con acople tipo rosca\n","Unidad",0,{"$f":"IF(E106>0,(VLOOKUP($C$5&$C$6&B106,ConsolidadoServicios!$A:$K,11,0)),0)","v":0},{"$f":"IF(E106>0,(VLOOKUP(B106,Minimos!$A:$B,2,0)),0)","v":0},0,null,0,0,{"$f":"ROUND(VLOOKUP($C$5&B106,ConsolidadoServicios!P:Q,2,0)*80%,2)","v":0},{"$f":"'Detalle Bienes de Aseo y Caf'!I106","v":0},{"$f":"'Detalle Bienes de Aseo y Caf'!J106","v":0},{"$f":"'Detalle Bienes de Aseo y Caf'!K106","v":0},{"$f":"'Detalle Bienes de Aseo y Caf'!L106","v":0}]
[93,"Trapero 2 (Compra)","- Elaborado con hilaza de algodón natural\n- Mecha con peso mínimo de 350 gr y extensión mínima de 32 cm de largo\n- Material de base en plástico con acople tipo rosca\n","Unidad",0,{"$f":"IF(E107>0,(VLOOKUP($C$5&$C$6&B107,ConsolidadoServicios!$A:$K,11,0)),0)","v":0},{"$f":"IF(E107>0,(VLOOKUP(B107,Minimos!$A:$B,2,0)),0)","v":0},0,null,0,0,{"$f":"ROUND(VLOOKUP($C$5&B107,ConsolidadoServicios!P:Q,2,0)*80%,2)","v":0},{"$f":"'Detalle Bienes de Aseo y Caf'!I107","v":0},{"$f":"'Detalle Bienes de Aseo y Caf'!J107","v":0},{"$f":"'Detalle Bienes de Aseo y Caf'!K107","v":0},{"$f":"'Detalle Bienes de Aseo y Caf'!L107","v":0}]
[94,"Trapero 3 (Compra)","- Elaborado con hilaza de algodón natural\n- Mecha con peso mínimo de 435 gr y extensión mínima de 32 cm de largo\n- Material de base en plástico con acople tipo rosca","Unidad",0,{"$f":"IF(E108>0,(VLOOKUP($C$5&$C$6&B108,ConsolidadoServicios!$A:$K,11,0)),0)","v":0},{"$f":"IF(E108>0,(VLOOKUP(B108,Minimos!$A:$B,2,0)),0)","v":0},0,null,0,0,{"$f":"ROUND(VLOOKUP($C$5&B108,ConsolidadoServicios!P:Q,2,0)*80%,2)","v":0},{"$f":"'Detalle Bienes de Aseo y Caf'!I108","v":0},{"$f":"'Detalle Bienes de Aseo y Caf'!J108","v":0},{"$f":"'Detalle Bienes de Aseo y Caf'!K108","v":0},{"$f":"'Detalle Bienes de Aseo y Caf'!L108","v":0}]
[95,"Trapero 4 (Compra)","- Trapero en hilo encabado o con cabo en madera \n- Mecha con peso mínimo de 400 gr y extensión mínima de 1.40 cm de largo\n- Mango de madera proveniente de explotación forestal sostenible certificada ( FSC, PEFC o equivalentes) y/o cabo metálico que no contenga material plastificado\n- Fibras en tela , algodón o pabilo de fibra de Rayón. \n- No debe contener PVC o Poliestireno expandido u otros plásticos de un solo uso tanto en el envase como en el embalaje.","Unidad",4,{"$f":"IF(E109>0,(VLOOKUP($C$5&$C$6&B109,ConsolidadoServicios!$A:$K,11,0)),0)","v":22295},{"$f":"IF(E109>0,(VLOOKUP(B109,Minimos!$A:$B,2,0)),0)","v":4573},0.25,0.84616505943036602,3429.75,13719,{"$f":"ROUND(VLOOKUP($C$5&B109,ConsolidadoServicios!P:Q,2,0)*80%,2)","v":0},{"$f":"'Detalle Bienes de Aseo y Caf'!I109","v":1},{"$f":"'Detalle Bienes de Aseo y Caf'!J109","v":1},{"$f":"'Detalle Bienes de Aseo y Caf'!K109","v":1},{"$f":"'Detalle Bienes de Aseo y Caf'!L109","v":1}]
[96,"Mango metálico trapero (Compra)","- Extensión mínima de 140 cm\n- Acople plástico o rosca para palos de escoba\n ","Unidad",0,{"$f":"IF(E110>0,(VLOOKUP($C$5&$C$6&B110,ConsolidadoServicios!$A:$K,11,0)),0)","v":0},{"$f":"IF(E110>0,(VLOOKUP(B110,Minimos!$A:$B,2,0)),0)","v":0},0,null,0,0,{"$f":"ROUND(VLOOKUP($C$5&B110,ConsolidadoServicios!P:Q,2,0)*80%,2)","v":0},{"$f":"'Detalle Bienes de Aseo y Caf'!I110","v":0},{"$f":"'Detalle Bienes de Aseo y Caf'!J110","v":0},{"$f":"'Detalle Bienes de Aseo y Caf'!K110","v":0},{"$f":"'Detalle Bienes de Aseo y Caf'!L110","v":0}]
[97,"Mango madera trapero (Compra)","- Extensión mínima de 140 cm\n- Acople plástico o rosca para palos de escoba\n ","Unidad",0,{"$f":"IF(E111>0,(VLOOKUP($C$5&$C$6&B111,ConsolidadoServicios!$A:$K,11,0)),0)","v":0},{"$f":"IF(E111>0,(VLOOKUP(B111,Minimos!$A:$B,2,0)),0)","v":0},0,null,0,0,{"$f":"ROUND(VLOOKUP($C$5&B111,ConsolidadoServicios!P:Q,2,0)*80%,2)","v":0},{"$f":"'Detalle Bienes de Aseo y Caf'!I111","v":0},{"$f":"'Detalle Bienes de Aseo y Caf'!J111","v":0},{"$f":"'Detalle Bienes de Aseo y Caf'!K111","v":0},{"$f":"'Detalle Bienes de Aseo y Caf'!L111","v":0}]
[98,"Cepillo para sanitario (churrusco) (Compra)","- Cerdas duras elaboradas en fibras plásticas\n- Extensión mínima de las cerdas es de 2,5 cm\n- Base y mango elaborados en plástico\n- Mango con longitud mínima de 33 cm","Unidad",0,{"$f":"IF(E112>0,(VLOOKUP($C$5&$C$6&B112,ConsolidadoServicios!$A:$K,11,0)),0)","v":0},{"$f":"IF(E112>0,(VLOOKUP(B112,Minimos!$A:$B,2,0)),0)","v":0},0,null,0,0,{"$f":"ROUND(VLOOKUP($C$5&B112,ConsolidadoServicios!P:Q,2,0)*80%,2)","v":0},{"$f":"'Detalle Bienes de Aseo y Caf'!I112","v":0},{"$f":"'Detalle Bienes de Aseo y Caf'!J112","v":0},{"$f":"'Detalle Bienes de Aseo y Caf'!K112","v":0},{"$f":"'Detalle Bienes de Aseo y Caf'!L112","v":0}]
[99,"Pads 1 (Compra)","- Para brillo\n- Diámetro mínimo de 16 pulgadas\n- Rojo o blanco","Unidad",0,{"$f":"IF(E113>0,(VLOOKUP($C$5&$C$6&B113,ConsolidadoServicios!$A:$K,11,0)),0)","v":0},{"$f":"IF(E113>0,(VLOOKUP(B113,Minimos!$A:$B,2,0)),0)","v":0},0,null,0,0,{"$f":"ROUND(VLOOKUP($C$5&B113,ConsolidadoServicios!P:Q,2,0)*80%,2)","v":0},{"$f":"'Detalle Bienes de Aseo y Caf'!I113","v":0},{"$f":"'Detalle Bienes de Aseo y Caf'!J113","v":0},{"$f":"'Detalle Bienes de Aseo y Caf'!K113","v":0},{"$f":"'Detalle Bienes de Aseo y Caf'!L113","v":0}]
[100,"Pads 2 (Compra)","- Para remoción\n- Diámetro mínimo de 16 pulgadas\n- Café o negro","Unidad",0,{"$f":"IF(E114>0,(VLOOKUP($C$5&$C$6&B114,ConsolidadoServicios!$A:$K,11,0)),0)","v":0},{"$f":"IF(E114>0,(VLOOKUP(B114,Minimos!$A:$B,2,0)),0)","v":0},0,null,0,0,{"$f":"ROUND(VLOOKUP($C$5&B114,ConsolidadoServicios!P:Q,2,0)*80%,2)","v":0},{"$f":"'Detalle Bienes de Aseo y Caf'!I114","v":0},{"$f":"'Detalle Bienes de Aseo y Caf'!J114","v":0},{"$f":"'Detalle Bienes de Aseo y Caf'!K114","v":0},{"$f":"'Detalle Bienes de Aseo y Caf'!L114","v":0}]
[101,"Pads 3 (Compra)","- Para brillo\n- Diámetro mínimo de 20 pulgadas\n- Rojo o blanco","Unidad",0,{"$f":"IF(E115>0,(VLOOKUP($C$5&$C$6&B115,ConsolidadoServicios!$A:$K,11,0)),0)","v":0},{"$f":"IF(E115>0,(VLOOKUP(B115,Minimos!$A:$B,2,0)),0)","v":0},0,null,0,0,{"$f":"ROUND(VLOOKUP($C$5&B115,ConsolidadoServicios!P:Q,2,0)*80%,2)","v":0},{"$f":"'Detalle Bienes de Aseo y Caf'!I115","v":0},{"$f":"'Detalle Bienes de Aseo y Caf'!J115","v":0},{"$f":"'Detalle Bienes de Aseo y Caf'!K115","v":0},{"$f":"'Detalle Bienes de Aseo y Caf'!L115","v":0}]
[102,"Pads 4 (Compra)","- Para remoción\n- Diámetro mínimo de 20 pulgadas\n- Café o negro","Unidad",0,{"$f":"IF(E116>0,(VLOOKUP($C$5&$C$6&B116,ConsolidadoServicios!$A:$K,11,0)),0)","v":0},{"$f":"IF(E116>0,(VLOOKUP(B116,Minimos!$A:$B,2,0)),0)","v":0},0,null,0,0,{"$f":"ROUND(VLOOKUP($C$5&B116,ConsolidadoServicios!P:Q,2,0)*80%,2)","v":0},{"$f":"'Detalle Bienes de Aseo y Caf'!I116","v":0},{"$f":"'Detalle Bienes de Aseo y Caf'!J116","v":0},{"$f":"'Detalle Bienes de Aseo y Caf'!K116","v":0},{"$f":"'Detalle Bienes de Aseo y Caf'!L116","v":0}]
[103,"Pads 5 (Compra)","- Pad de fibras para máquinas de baja densidad para lavado suave de mantención, remueve marcas, suciedad y derrames. \n- Diámetro: 17\" \n- Color: blanco. \n- No debe contener PVC o Poliestireno expandido u otros plásticos de un solo uso tanto en el envase como en el embalaje.","Unidad",0,{"$f":"IF(E117>0,(VLOOKUP($C$5&$C$6&B117,ConsolidadoServicios!$A:$K,11,0)),0)","v":0},{"$f":"IF(E117>0,(VLOOKUP(B117,Minimos!$A:$B,2,0)),0)","v":0},0,null,0,0,{"$f":"ROUND(VLOOKUP($C$5&B117,ConsolidadoServicios!P:Q,2,0)*80%,2)","v":0},{"$f":"'Detalle Bienes de Aseo y Caf'!I117","v":0},{"$f":"'Detalle Bienes de Aseo y Caf'!J117","v":0},{"$f":"'Detalle Bienes de Aseo y Caf'!K117","v":0},{"$f":"'Detalle Bienes de Aseo y Caf'!L117","v":0}]
[104,"Boneth 1 (Compra)","- Diámetro mínimo de 16 pulgadas\n- Elaborado en hilaza de algodón","Unidad",0,{"$f":"IF(E118>0,(VLOOKUP($C$5&$C$6&B118,ConsolidadoServicios!$A:$K,11,0)),0)","v":0},{"$f":"IF(E118>0,(VLOOKUP(B118,Minimos!$A:$B,2,0)),0)","v":0},0,null,0,0,{"$f":"ROUND(VLOOKUP($C$5&B118,ConsolidadoServicios!P:Q,2,0)*80%,2)","v":0},{"$f":"'Detalle Bienes de Aseo y Caf'!I118","v":0},{"$f":"'Detalle Bienes de Aseo y Caf'!J118","v":0},{"$f":"'Detalle Bienes de Aseo y Caf'!K118","v":0},{"$f":"'Detalle Bienes de Aseo y Caf'!L118","v":0}]
[105,"Boneth 2 (Compra)","- Diámetro mínimo de 20 pulgadas\n- Elaborado en hilaza de algodón","Unidad",0,{"$f":"IF(E119>0,(VLOOKUP($C$5&$C$6&B119,ConsolidadoServicios!$A:$K,11,0)),0)","v":0},{"$f":"IF(E119>0,(VLOOKUP(B119,Minimos!$A:$B,2,0)),0)","v":0},0,null,0,0,{"$f":"ROUND(VLOOKUP($C$5&B119,ConsolidadoServicios!P:Q,2,0)*80%,2)","v":0},{"$f":"'Detalle Bienes de Aseo y Caf'!I119","v":0},{"$f":"'Detalle Bienes de Aseo y Caf'!J119","v":0},{"$f":"'Detalle Bienes de Aseo y Caf'!K119","v":0},{"$f":"'Detalle Bienes de Aseo y Caf'!L119","v":0}]
[106,"Bolsas plásticas 1 (Compra)","- Elaborada en polietileno de baja densidad\n- De color negro\n- Calibre de mínimo 1\n- Tamaño de 40 cm de ancho por 55 cm de largo","Paquete de mínimo 6",0,{"$f":"IF(E120>0,(VLOOKUP($C$5&$C$6&B120,ConsolidadoServicios!$A:$K,11,0)),0)","v":0},{"$f":"IF(E120>0,(VLOOKUP(B120,Minimos!$A:$B,2,0)),0)","v":0},0,null,0,0,{"$f":"ROUND(VLOOKUP($C$5&B120,ConsolidadoServicios!P:Q,2,0)*80%,2)","v":0},{"$f":"'Detalle Bienes de Aseo y Caf'!I120","v":0},{"$f":"'Detalle Bienes de Aseo y Caf'!J120","v":0},{"$f":"'Detalle Bienes de Aseo y Caf'!K120","v":0},{"$f":"'Detalle Bienes de Aseo y Caf'!L120","v":0}]
[107,"Bolsas plásticas 2 (Compra)","- Elaborada en polietileno de baja densidad\n- De color verde\n- Calibre de mínimo 1\n- Tamaño de 40 cm de ancho por 55 cm de largo","Paquete de mínimo 6",0,{"$f":"IF(E121>0,(VLOOKUP($C$5&$C$6&B121,ConsolidadoServicios!$A:$K,11,0)),0)","v":0},{"$f":"IF(E121>0,(VLOOKUP(B121,Minimos!$A:$B,2,0)),0)","v":0},0,null,0,0,{"$f":"ROUND(VLOOKUP($C$5&B121,ConsolidadoServicios!P:Q,2,0)*80%,2)","v":0},{"$f":"'Detalle Bienes de Aseo y Caf'!I121","v":0},{"$f":"'Detalle Bienes de Aseo y Caf'!J121","v":0},{"$f":"'Detalle Bienes de Aseo y Caf'!K121","v":0},{"$f":"'Detalle Bienes de Aseo y Caf'!L121","v":0}]
[108,"Bolsas plásticas 3 (Compra)","- Elaborada en polietileno de baja densidad\n- De color blanco\n- Calibre de mínimo 1\n- Tamaño de 40 cm de ancho por 55 cm de largo","Paquete de mínimo 6",0,{"$f":"IF(E122>0,(VLOOKUP($C$5&$C$6&B122,ConsolidadoServicios!$A:$K,11,0)),0)","v":0},{"$f":"IF(E122>0,(VLOOKUP(B122,Minimos!$A:$B,2,0)),0)","v":0},0,null,0,0,{"$f":"ROUND(VLOOKUP($C$5&B122,ConsolidadoServicios!P:Q,2,0)*80%,2)","v":0},{"$f":"'Detalle Bienes de Aseo y Caf'!I122","v":0},{"$f":"'Detalle Bienes de Aseo y Caf'!J122","v":0},{"$f":"'Detalle Bienes de Aseo y Caf'!K122","v":0},{"$f":"'Detalle Bienes de Aseo y Caf'!L122","v":0}]
[109,"Bolsas plásticas 4 (Compra)","- Elaborada en polietileno de baja densidad\n- De color rojo\n- Calibre de mínimo 1\n- Tamaño de 40 cm de ancho por 55 cm de largo\n - Con impresión de aviso de riesgo biológico","Paquete de mínimo 6",0,{"$f":"IF(E123>0,(VLOOKUP($C$5&$C$6&B123,ConsolidadoServicios!$A:$K,11,0)),0)","v":0},{"$f":"IF(E123>0,(VLOOKUP(B123,Minimos!$A:$B,2,0)),0)","v":0},0,null,0,0,{"$f":"ROUND(VLOOKUP($C$5&B123,ConsolidadoServicios!P:Q,2,0)*80%,2)","v":0},{"$f":"'Detalle Bienes de Aseo y Caf'!I123","v":0},{"$f":"'Detalle Bienes de Aseo y Caf'!J123","v":0},{"$f":"'Detalle Bienes de Aseo y Caf'!K123","v":0},{"$f":"'Detalle Bienes de Aseo y Caf'!L123","v":0}]
[110,"Bolsas plásticas 5 (Compra)","- Elaborada en polietileno de baja densidad\n- De color azul\n- Calibre de mínimo 1\n- Tamaño de 40 cm de ancho por 55 cm de largo","Paquete de mínimo 6",0,{"$f":"IF(E124>0,(VLOOKUP($C$5&$C$6&B124,ConsolidadoServicios!$A:$K,11,0)),0)","v":0},{"$f":"IF(E124>0,(VLOOKUP(B124,Minimos!$A:$B,2,0)),0)","v":0},0,null,0,0,{"$f":"ROUND(VLOOKUP($C$5&B124,ConsolidadoServicios!P:Q,2,0)*80%,2)","v":0},{"$f":"'Detalle Bienes de Aseo y Caf'!I124","v":0},{"$f":"'Detalle Bienes de Aseo y Caf'!J124","v":0},{"$f":"'Detalle Bienes de Aseo y Caf'!K124","v":0},{"$f":"'Detalle Bienes de Aseo y Caf'!L124","v":0}]
[111,"Bolsas plásticas 7 (Compra)","- Elaborada en polietileno de baja densidad\n- De color amarillo\n- Calibre de mínimo 1\n- Tamaño de 40 cm de ancho por 55 cm de largo","Paquete de mínimo 6",0,{"$f":"IF(E125>0,(VLOOKUP($C$5&$C$6&B125,ConsolidadoServicios!$A:$K,11,0)),0)","v":0},{"$f":"IF(E125>0,(VLOOKUP(B125,Minimos!$A:$B,2,0)),0)","v":0},0,null,0,0,{"$f":"ROUND(VLOOKUP($C$5&B125,ConsolidadoServicios!P:Q,2,0)*80%,2)","v":0},{"$f":"'Detalle Bienes de Aseo y Caf'!I125","v":0},{"$f":"'Detalle Bienes de Aseo y Caf'!J125","v":0},{"$f":"'Detalle Bienes de Aseo y Caf'!K125","v":0},{"$f":"'Detalle Bienes de Aseo y Caf'!L125","v":0}]
[112,"Bolsas plásticas 8 (Compra)","- Elaborada en polietileno de baja densidad\n- De color negro\n-Calibre de mínimo 2\n- Tamaño de 60 cm de ancho por 70 cm de largo","Paquete de mínimo 6",12,{"$f":"IF(E126>0,(VLOOKUP($C$5&$C$6&B126,ConsolidadoServicios!$A:$K,11,0)),0)","v":3629},{"$f":"IF(E126>0,(VLOOKUP(B126,Minimos!$A:$B,2,0)),0)","v":1335},0.25,0.72409754753375599,1001.25,12015,{"$f":"ROUND(VLOOKUP($C$5&B126,ConsolidadoServicios!P:Q,2,0)*80%,2)","v":0},{"$f":"'Detalle Bienes de Aseo y Caf'!I126","v":3},{"$f":"'Detalle Bienes de Aseo y Caf'!J126","v":3},{"$f":"'Detalle Bienes de Aseo y Caf'!K126","v":3},{"$f":"'Detalle Bienes de Aseo y Caf'!L126","v":3}]
[113,"Bolsas plásticas 9 (Compra)","- Elaborada en polietileno de baja densidad\n- De color verde\n- Calibre de mínimo 2\n- Tamaño de 60 cm de ancho por 70 cm de largo","Paquete de mínimo 6",0,{"$f":"IF(E127>0,(VLOOKUP($C$5&$C$6&B127,ConsolidadoServicios!$A:$K,11,0)),0)","v":0},{"$f":"IF(E127>0,(VLOOKUP(B127,Minimos!$A:$B,2,0)),0)","v":0},0,null,0,0,{"$f":"ROUND(VLOOKUP($C$5&B127,ConsolidadoServicios!P:Q,2,0)*80%,2)","v":0},{"$f":"'Detalle Bienes de Aseo y Caf'!I127","v":0},{"$f":"'Detalle Bienes de Aseo y Caf'!J127","v":0},{"$f":"'Detalle Bienes de Aseo y Caf'!K127","v":0},{"$f":"'Detalle Bienes de Aseo y Caf'!L127","v":0}]
[114,"Bolsas plásticas 10 (Compra)","- Elaborada en polietileno de baja densidad\n- De color blanco\n- Calibre de mínimo 2\n- Tamaño de 60 cm de ancho por 70 cm de largo","Paquete de mínimo 6",0,{"$f":"IF(E128>0,(VLOOKUP($C$5&$C$6&B128,ConsolidadoServicios!$A:$K,11,0)),0)","v":0},{"$f":"IF(E128>0,(VLOOKUP(B128,Minimos!$A:$B,2,0)),0)","v":0},0,null,0,0,{"$f":"ROUND(VLOOKUP($C$5&B128,ConsolidadoServicios!P:Q,2,0)*80%,2)","v":0},{"$f":"'Detalle Bienes de Aseo y Caf'!I128","v":0},{"$f":"'Detalle Bienes de Aseo y Caf'!J128","v":0},{"$f":"'Detalle Bienes de Aseo y Caf'!K128","v":0},{"$f":"'Detalle Bienes de Aseo y Caf'!L128","v":0}]
[115,"Bolsas plásticas 11 (Compra)","- Elaborada en polietileno de baja densidad\n- De color rojo\n- Calibre de mínimo 2\n- Tamaño de 60 cm de ancho por 70 cm de largo\n- Con impresión de aviso de riesgo biológico","Paquete de mínimo 6",0,{"$f":"IF(E129>0,(VLOOKUP($C$5&$C$6&B129,ConsolidadoServicios!$A:$K,11,0)),0)","v":0},{"$f":"IF(E129>0,(VLOOKUP(B129,Minimos!$A:$B,2,0)),0)","v":0},0,null,0,0,{"$f":"ROUND(VLOOKUP($C$5&B129,ConsolidadoServicios!P:Q,2,0)*80%,2)","v":0},{"$f":"'Detalle Bienes de Aseo y Caf'!I129","v":0},{"$f":"'Detalle Bienes de Aseo y Caf'!J129","v":0},{"$f":"'Detalle Bienes de Aseo y Caf'!K129","v":0},{"$f":"'Detalle Bienes de Aseo y Caf'!L129","v":0}]
[116,"Bolsas plásticas 12 (Compra)","- Elaborada en polietileno de baja densidad\n- De color azul\n- Calibre de mínimo 2\n- Tamaño de 60 cm de ancho por 70 cm de largo\n","Paquete de mínimo 6",0,{"$f":"IF(E130>0,(VLOOKUP($C$5&$C$6&B130,ConsolidadoServicios!$A:$K,11,0)),0)","v":0},{"$f":"IF(E130>0,(VLOOKUP(B130,Minimos!$A:$B,2,0)),0)","v":0},0,null,0,0,{"$f":"ROUND(VLOOKUP($C$5&B130,ConsolidadoServicios!P:Q,2,0)*80%,2)","v":0},{"$f":"'Detalle Bienes de Aseo y Caf'!I130","v":0},{"$f":"'Detalle Bienes de Aseo y Caf'!J130","v":0},{"$f":"'Detalle Bienes de Aseo y Caf'!K130","v":0},{"$f":"'Detalle Bienes de Aseo y Caf'!L130","v":0}]
[117,"Bolsas plásticas 14 (Compra)","- Elaborada en polietileno de baja densidad\n- De color amarillo\n- Calibre de mínimo 2\n- Tamaño de 60 cm de ancho por 70 cm de largo\n","Paquete de mínimo 6",0,{"$f":"IF(E131>0,(VLOOKUP($C$5&$C$6&B131,ConsolidadoServicios!$A:$K,11,0)),0)","v":0},{"$f":"IF(E131>0,(VLOOKUP(B131,Minimos!$A:$B,2,0)),0)","v":0},0,null,0,0,{"$f":"ROUND(VLOOKUP($C$5&B131,ConsolidadoServicios!P:Q,2,0)*80%,2)","v":0},{"$f":"'Detalle Bienes de Aseo y Caf'!I131","v":0},{"$f":"'Detalle Bienes de Aseo y Caf'!J131","v":0},{"$f":"'Detalle Bienes de Aseo y Caf'!K131","v":0},{"$f":"'Detalle Bienes de Aseo y Caf'!L131","v":0}]
[118,"Bolsas plásticas 15 (Compra)","- Elaborada en polietileno de baja densidad\n- De color negro\n- Calibre de mínimo 2\n- Tamaño de 70 cm de ancho por 90 cm de largo","Paquete de mínimo 6",0,{"$f":"IF(E132>0,(VLOOKUP($C$5&$C$6&B132,ConsolidadoServicios!$A:$K,11,0)),0)","v":0},{"$f":"IF(E132>0,(VLOOKUP(B132,Minimos!$A:$B,2,0)),0)","v":0},0,null,0,0,{"$f":"ROUND(VLOOKUP($C$5&B132,ConsolidadoServicios!P:Q,2,0)*80%,2)","v":0},{"$f":"'Detalle Bienes de Aseo y Caf'!I132","v":0},{"$f":"'Detalle Bienes de Aseo y Caf'!J132","v":0},{"$f":"'Detalle Bienes de Aseo y Caf'!K132","v":0},{"$f":"'Detalle Bienes de Aseo y Caf'!L132","v":0}]
[119,"Bolsas plásticas 16 (Compra)","- Elaborada en polietileno de baja densidad\n- De color verde\n- Calibre de mínimo 2\n- Tamaño de 70 cm de ancho por 90 cm de largo","Paquete de mínimo 6",0,{"$f":"IF(E133>0,(VLOOKUP($C$5&$C$6&B133,ConsolidadoServicios!$A:$K,11,0)),0)","v":0},{"$f":"IF(E133>0,(VLOOKUP(B133,Minimos!$A:$B,2,0)),0)","v":0},0,null,0,0,{"$f":"ROUND(VLOOKUP($C$5&B133,ConsolidadoServicios!P:Q,2,0)*80%,2)","v":0},{"$f":"'Detalle Bienes de Aseo y Caf'!I133","v":0},{"$f":"'Detalle Bienes de Aseo y Caf'!J133","v":0},{"$f":"'Detalle Bienes de Aseo y Caf'!K133","v":0},{"$f":"'Detalle Bienes de Aseo y Caf'!L133","v":0}]
[120,"Bolsas plásticas 17 (Compra)","- Elaborada en polietileno de baja densidad\n- De color blanco\n- Calibre de mínimo 2\n- Tamaño de 70 cm de ancho por 90 cm de largo","Paquete de mínimo 6",0,{"$f":"IF(E134>0,(VLOOKUP($C$5&$C$6&B134,ConsolidadoServicios!$A:$K,11,0)),0)","v":0},{"$f":"IF(E134>0,(VLOOKUP(B134,Minimos!$A:$B,2,0)),0)","v":0},0,null,0,0,{"$f":"ROUND(VLOOKUP($C$5&B134,ConsolidadoServicios!P:Q,2,0)*80%,2)","v":0},{"$f":"'Detalle Bienes de Aseo y Caf'!I134","v":0},{"$f":"'Detalle Bienes de Aseo y Caf'!J134","v":0},{"$f":"'Detalle Bienes de Aseo y Caf'!K134","v":0},{"$f":"'Detalle Bienes de Aseo y Caf'!L134","v":0}]
[121,"Bolsas plásticas 18 (Compra)","- Elaborada en polietileno de baja densidad\n- De color rojo\n- Calibre de mínimo 2\n- Tamaño de 70 cm de ancho por 90 cm de largo\n- Con impresión de aviso de riesgo biológico","Paquete de mínimo 6",0,{"$f":"IF(E135>0,(VLOOKUP($C$5&$C$6&B135,ConsolidadoServicios!$A:$K,11,0)),0)","v":0},{"$f":"IF(E135>0,(VLOOKUP(B135,Minimos!$A:$B,2,0)),0)","v":0},0,null,0,0,{"$f":"ROUND(VLOOKUP($C$5&B135,ConsolidadoServicios!P:Q,2,0)*80%,2)","v":0},{"$f":"'Detalle Bienes de Aseo y Caf'!I135","v":0},{"$f":"'Detalle Bienes de Aseo y Caf'!J135","v":0},{"$f":"'Detalle Bienes de Aseo y Caf'!K135","v":0},{"$f":"'Detalle Bienes de Aseo y Caf'!L135","v":0}]
[122,"Bolsas plásticas 19 (Compra)","- Elaborada en polietileno de baja densidad\n- De color azul\n- Calibre de mínimo 2\n- Tamaño de 70 cm de ancho por 90 cm de largo\n","Paquete de mínimo 6",0,{"$f":"IF(E136>0,(VLOOKUP($C$5&$C$6&B136,ConsolidadoServicios!$A:$K,11,0)),0)","v":0},{"$f":"IF(E136>0,(VLOOKUP(B136,Minimos!$A:$B,2,0)),0)","v":0},0,null,0,0,{"$f":"ROUND(VLOOKUP($C$5&B136,ConsolidadoServicios!P:Q,2,0)*80%,2)","v":0},{"$f":"'Detalle Bienes de Aseo y Caf'!I136","v":0},{"$f":"'Detalle Bienes de Aseo y Caf'!J136","v":0},{"$f":"'Detalle Bienes de Aseo y Caf'!K136","v":0},{"$f":"'Detalle Bienes de Aseo y Caf'!L136","v":0}]
[123,"Bolsas plásticas 20 (Compra)","- Elaborada en polietileno de baja densidad\n- De color amarillo\n- Calibre de mínimo 2\n- Tamaño de 70 cm de ancho por 90 cm de largo\n","Paquete de mínimo 6",0,{"$f":"IF(E137>0,(VLOOKUP($C$5&$C$6&B137,ConsolidadoServicios!$A:$K,11,0)),0)","v":0},{"$f":"IF(E137>0,(VLOOKUP(B137,Minimos!$A:$B,2,0)),0)","v":0},0,null,0,0,{"$f":"ROUND(VLOOKUP($C$5&B137,ConsolidadoServicios!P:Q,2,0)*80%,2)","v":0},{"$f":"'Detalle Bienes de Aseo y Caf'!I137","v":0},{"$f":"'Detalle Bienes de Aseo y Caf'!J137","v":0},{"$f":"'Detalle Bienes de Aseo y Caf'!K137","v":0},{"$f":"'Detalle Bienes de Aseo y Caf'!L137","v":0}]
[124,"Bolsas plásticas 21 (Compra)","- Elaborada en polietileno de baja densidad\n- De color negro\n- Calibre de mínimo 3\n- Tamaño de 80 cm de ancho por 110 cm de largo","Paquete de mínimo 6",20,{"$f":"IF(E138>0,(VLOOKUP($C$5&$C$6&B138,ConsolidadoServicios!$A:$K,11,0)),0)","v":8770},{"$f":"IF(E138>0,(VLOOKUP(B138,Minimos!$A:$B,2,0)),0)","v":1929},0.25,0.83503420752565605,1446.75,28935,{"$f":"ROUND(VLOOKUP($C$5&B138,ConsolidadoServicios!P:Q,2,0)*80%,2)","v":0},{"$f":"'Detalle Bienes de Aseo y Caf'!I138","v":13},{"$f":"'Detalle Bienes de Aseo y Caf'!J138","v":0},{"$f":"'Detalle Bienes de Aseo y Caf'!K138","v":0},{"$f":"'Detalle Bienes de Aseo y Caf'!L138","v":7}]
[125,"Bolsas plásticas 22 (Compra)","- Elaborada en polietileno de baja densidad\n- De color verde\n- Calibre de mínimo 3\n- Tamaño de 80 cm de ancho por 110 cm de largo","Paquete de mínimo 6",20,{"$f":"IF(E139>0,(VLOOKUP($C$5&$C$6&B139,ConsolidadoServicios!$A:$K,11,0)),0)","v":9561},{"$f":"IF(E139>0,(VLOOKUP(B139,Minimos!$A:$B,2,0)),0)","v":3055},0.25,0.76035456542202695,2291.25,45825,{"$f":"ROUND(VLOOKUP($C$5&B139,ConsolidadoServicios!P:Q,2,0)*80%,2)","v":0},{"$f":"'Detalle Bienes de Aseo y Caf'!I139","v":13},{"$f":"'Detalle Bienes de Aseo y Caf'!J139","v":0},{"$f":"'Detalle Bienes de Aseo y Caf'!K139","v":0},{"$f":"'Detalle Bienes de Aseo y Caf'!L139","v":7}]
[126,"Bolsas plásticas 23 (Compra)","- Elaborada en polietileno de baja densidad\n- De color blanco\n-Calibre de mínimo 3\n- Tamaño de 80 cm de ancho por 110 cm de largo","Paquete de mínimo 6",20,{"$f":"IF(E140>0,(VLOOKUP($C$5&$C$6&B140,ConsolidadoServicios!$A:$K,11,0)),0)","v":9561},{"$f":"IF(E140>0,(VLOOKUP(B140,Minimos!$A:$B,2,0)),0)","v":3568},0.25,0.72011295889551297,2676,53520,{"$f":"ROUND(VLOOKUP($C$5&B140,ConsolidadoServicios!P:Q,2,0)*80%,2)","v":0},{"$f":"'Detalle Bienes de Aseo y Caf'!I140","v":13},{"$f":"'Detalle Bienes de Aseo y Caf'!J140","v":0},{"$f":"'Detalle Bienes de Aseo y Caf'!K140","v":0},{"$f":"'Detalle Bienes de Aseo y Caf'!L140","v":7}]
[127,"Bolsas plásticas 24 (Compra)","- Elaborada en polietileno de baja densidad\n- De color rojo\n-Calibre de mínimo 3\n- Tamaño de 80 cm de ancho por 110 cm de largo\n- Con impresión de aviso de riesgo biológico","Paquete de mínimo 6",0,{"$f":"IF(E141>0,(VLOOKUP($C$5&$C$6&B141,ConsolidadoServicios!$A:$K,11,0)),0)","v":0},{"$f":"IF(E141>0,(VLOOKUP(B141,Minimos!$A:$B,2,0)),0)","v":0},0,null,0,0,{"$f":"ROUND(VLOOKUP($C$5&B141,ConsolidadoServicios!P:Q,2,0)*80%,2)","v":0},{"$f":"'Detalle Bienes de Aseo y Caf'!I141","v":0},{"$f":"'Detalle Bienes de Aseo y Caf'!J141","v":0},{"$f":"'Detalle Bienes de Aseo y Caf'!K141","v":0},{"$f":"'Detalle Bienes de Aseo y Caf'!L141","v":0}]
[128,"Bolsas plásticas 25 (Compra)","- Elaborada en polietileno de baja densidad\n- De color azul\n-Calibre de mínimo 3\n- Tamaño de 80 cm de ancho por 110 cm de largo\n","Paquete de mínimo 6",0,{"$f":"IF(E142>0,(VLOOKUP($C$5&$C$6&B142,ConsolidadoServicios!$A:$K,11,0)),0)","v":0},{"$f":"IF(E142>0,(VLOOKUP(B142,Minimos!$A:$B,2,0)),0)","v":0},0,null,0,0,{"$f":"ROUND(VLOOKUP($C$5&B142,ConsolidadoServicios!P:Q,2,0)*80%,2)","v":0},{"$f":"'Detalle Bienes de Aseo y Caf'!I142","v":0},{"$f":"'Detalle Bienes de Aseo y Caf'!J142","v":0},{"$f":"'Detalle Bienes de Aseo y Caf'!K142","v":0},{"$f":"'Detalle Bienes de Aseo y Caf'!L142","v":0}]
[129,"Bolsas plásticas 26 (Compra)","- Elaborada en polietileno de baja densidad\n- De color amarilla\n-Calibre de mínimo 3\n- Tamaño de 80 cm de ancho por 110 cm de largo\n","Paquete de mínimo 6",{"$f":"SUM(M143:P143)","v":0},{"$f":"IF(E143>0,(VLOOKUP($C$5&$C$6&B143,ConsolidadoServicios!$A:$K,11,0)),0)","v":0},{"$f":"IF(E143>0,(VLOOKUP(B143,Minimos!$A:$B,2,0)),0)","v":0},0,null,0,0,{"$f":"ROUND(VLOOKUP($C$5&B143,ConsolidadoServicios!P:Q,2,0)*80%,2)","v":0},{"$f":"'Detalle Bienes de Aseo y Caf'!I143","v":0},{"$f":"'Detalle Bienes de Aseo y Caf'!J143","v":0},{"$f":"'Detalle Bienes de Aseo y Caf'!K143","v":0},{"$f":"'Detalle Bienes de Aseo y Caf'!L143","v":0}]
[130,"Guantes 1 (Compra)","- Tipo doméstico\n- Elaborados en látex\n- Calibre mínimo de 18\n- Tallas 7 a 9 o S a XL\n- Color amarillo","Par",0,{"$f":"IF(E144>0,(VLOOKUP($C$5&$C$6&B144,ConsolidadoServicios!$A:$K,11,0)),0)","v":0},{"$f":"IF(E144>0,(VLOOKUP(B144,Minimos!$A:$B,2,0)),0)","v":0},{"$f":"IF(E144>0,IF(I144>0,(G144-J144)/G144,0),0)","v":0},null,{"$f":"ROUND((F144*(1-I144)),2)","v":0},{"$f":"J144*E144","v":0},{"$f":"ROUND(VLOOKUP($C$5&B144,ConsolidadoServicios!P:Q,2,0)*80%,2)","v":0},{"$f":"'Detalle Bienes de Aseo y Caf'!I144","v":0},{"$f":"'Detalle Bienes de Aseo y Caf'!J144","v":0},{"$f":"'Detalle Bienes de Aseo y Caf'!K144","v":0},{"$f":"'Detalle Bienes de Aseo y Caf'!L144","v":0}]
[131,"Guantes 2 (Compra)","- Tipo doméstico\n- Elaborados en látex\n- Calibre mínimo de 18\n- Tallas 7 a 9 o S a XL\n- Color negro","Par",0,{"$f":"IF(E145>0,(VLOOKUP($C$5&$C$6&B145,ConsolidadoServicios!$A:$K,11,0)),0)","v":0},{"$f":"IF(E145>0,(VLOOKUP(B145,Minimos!$A:$B,2,0)),0)","v":0},0,null,0,0,{"$f":"ROUND(VLOOKUP($C$5&B145,ConsolidadoServicios!P:Q,2,0)*80%,2)","v":0},{"$f":"'Detalle Bienes de Aseo y Caf'!I145","v":0},{"$f":"'Detalle Bienes de Aseo y Caf'!J145","v":0},{"$f":"'Detalle Bienes de Aseo y Caf'!K145","v":0},{"$f":"'Detalle Bienes de Aseo y Caf'!L145","v":0}]
[132,"Guantes 3 (Compra)","- Tipo doméstico\n- Elaborados en látex\n- Calibre mínimo de 25\n- Tallas 7 a 9 o S a XL\n- Color negro","Par",0,{"$f":"IF(E146>0,(VLOOKUP($C$5&$C$6&B146,ConsolidadoServicios!$A:$K,11,0)),0)","v":0},{"$f":"IF(E146>0,(VLOOKUP(B146,Minimos!$A:$B,2,0)),0)","v":0},0,null,0,0,{"$f":"ROUND(VLOOKUP($C$5&B146,ConsolidadoServicios!P:Q,2,0)*80%,2)","v":0},{"$f":"'Detalle Bienes de Aseo y Caf'!I146","v":0},{"$f":"'Detalle Bienes de Aseo y Caf'!J146","v":0},{"$f":"'Detalle Bienes de Aseo y Caf'!K146","v":0},{"$f":"'Detalle Bienes de Aseo y Caf'!L146","v":0}]
[133,"Guantes 4 (Compra)","- Tipo doméstico\n- Elaborados en látex\n- Calibre mínimo de 25\n- Tallas 7 a 9 o S a XL\n- Color rojo","Par",0,{"$f":"IF(E147>0,(VLOOKUP($C$5&$C$6&B147,ConsolidadoServicios!$A:$K,11,0)),0)","v":0},{"$f":"IF(E147>0,(VLOOKUP(B147,Minimos!$A:$B,2,0)),0)","v":0},0,null,0,0,{"$f":"ROUND(VLOOKUP($C$5&B147,ConsolidadoServicios!P:Q,2,0)*80%,2)","v":0},{"$f":"'Detalle Bienes de Aseo y Caf'!I147","v":0},{"$f":"'Detalle Bienes de Aseo y Caf'!J147","v":0},{"$f":"'Detalle Bienes de Aseo y Caf'!K147","v":0},{"$f":"'Detalle Bienes de Aseo y Caf'!L147","v":0}]
[134,"Guantes 5 (Compra)","- Tipo industrial\n- Elaborados en látex\n- Calibre mínimo de 35\n- Tallas 7 a 9 o S a XL\n- Color negro","Par",0,{"$f":"IF(E148>0,(VLOOKUP($C$5&$C$6&B148,ConsolidadoServicios!$A:$K,11,0)),0)","v":0},{"$f":"IF(E148>0,(VLOOKUP(B148,Minimos!$A:$B,2,0)),0)","v":0},0,null,0,0,{"$f":"ROUND(VLOOKUP($C$5&B148,ConsolidadoServicios!P:Q,2,0)*80%,2)","v":0},{"$f":"'Detalle Bienes de Aseo y Caf'!I148","v":0},{"$f":"'Detalle Bienes de Aseo y Caf'!J148","v":0},{"$f":"'Detalle Bienes de Aseo y Caf'!K148","v":0},{"$f":"'Detalle Bienes de Aseo y Caf'!L148","v":0}]
[135,"Guantes 6 (Compra)","- Elaborados en látex desechable (tipo cirugía)\n- Empovaldos\n- Tallas XS a XXL","Caja de mínimo 100 unidades",0,{"$f":"IF(E149>0,(VLOOKUP($C$5&$C$6&B149,ConsolidadoServicios!$A:$K,11,0)),0)","v":0},{"$f":"IF(E149>0,(VLOOKUP(B149,Minimos!$A:$B,2,0)),0)","v":0},0,null,0,0,{"$f":"ROUND(VLOOKUP($C$5&B149,ConsolidadoServicios!P:Q,2,0)*80%,2)","v":0},{"$f":"'Detalle Bienes de Aseo y Caf'!I149","v":0},{"$f":"'Detalle Bienes de Aseo y Caf'!J149","v":0},{"$f":"'Detalle Bienes de Aseo y Caf'!K149","v":0},{"$f":"'Detalle Bienes de Aseo y Caf'!L149","v":0}]
[136,"Guantes 7 (Compra)","- Elaborados en carnaza\n- Tallas 7 a 9 o S a XL","Par",0,{"$f":"IF(E150>0,(VLOOKUP($C$5&$C$6&B150,ConsolidadoServicios!$A:$K,11,0)),0)","v":0},{"$f":"IF(E150>0,(VLOOKUP(B150,Minimos!$A:$B,2,0)),0)","v":0},0,null,0,0,{"$f":"ROUND(VLOOKUP($C$5&B150,ConsolidadoServicios!P:Q,2,0)*80%,2)","v":0},{"$f":"'Detalle Bienes de Aseo y Caf'!I150","v":0},{"$f":"'Detalle Bienes de Aseo y Caf'!J150","v":0},{"$f":"'Detalle Bienes de Aseo y Caf'!K150","v":0},{"$f":"'Detalle Bienes de Aseo y Caf'!L150","v":0}]
[137,"Guantes 8 (Compra)","- Tipo mosquetero\n- Calibre mínimo de 40\n- Tallas 7 a 9 o S a XL\n- Color negro","Par",0,{"$f":"IF(E151>0,(VLOOKUP($C$5&$C$6&B151,ConsolidadoServicios!$A:$K,11,0)),0)","v":0},{"$f":"IF(E151>0,(VLOOKUP(B151,Minimos!$A:$B,2,0)),0)","v":0},0,null,0,0,{"$f":"ROUND(VLOOKUP($C$5&B151,ConsolidadoServicios!P:Q,2,0)*80%,2)","v":0},{"$f":"'Detalle Bienes de Aseo y Caf'!I151","v":0},{"$f":"'Detalle Bienes de Aseo y Caf'!J151","v":0},{"$f":"'Detalle Bienes de Aseo y Caf'!K151","v":0},{"$f":"'Detalle Bienes de Aseo y Caf'!L151","v":0}]
[138,"Guantes 9 (Compra)","- Elaborados en hilaza\n- Tallas 7 a 9 o S a XL","Par",0,{"$f":"IF(E152>0,(VLOOKUP($C$5&$C$6&B152,ConsolidadoServicios!$A:$K,11,0)),0)","v":0},{"$f":"IF(E152>0,(VLOOKUP(B152,Minimos!$A:$B,2,0)),0)","v":0},0,null,0,0,{"$f":"ROUND(VLOOKUP($C$5&B152,ConsolidadoServicios!P:Q,2,0)*80%,2)","v":0},{"$f":"'Detalle Bienes de Aseo y Caf'!I152","v":0},{"$f":"'Detalle Bienes de Aseo y Caf'!J152","v":0},{"$f":"'Detalle Bienes de Aseo y Caf'!K152","v":0},{"$f":"'Detalle Bienes de Aseo y Caf'!L152","v":0}]
[139,"Tapabocas 1 (Compra)","- Elaborado en tela no tejida\n- Desechable\n- Con tiras elásticas","Caja de mínimo 50 unidades",0,{"$f":"IF(E153>0,(VLOOKUP($C$5&$C$6&B153,ConsolidadoServicios!$A:$K,11,0)),0)","v":0},{"$f":"IF(E153>0,(VLOOKUP(B153,Minimos!$A:$B,2,0)),0)","v":0},0,null,0,0,{"$f":"ROUND(VLOOKUP($C$5&B153,ConsolidadoServicios!P:Q,2,0)*80%,2)","v":0},{"$f":"'Detalle Bienes de Aseo y Caf'!I153","v":0},{"$f":"'Detalle Bienes de Aseo y Caf'!J153","v":0},{"$f":"'Detalle Bienes de Aseo y Caf'!K153","v":0},{"$f":"'Detalle Bienes de Aseo y Caf'!L153","v":0}]
[140,"Tapabocas 2 (Compra)","- Elaborado en tela no tejida de Polipropileno y Poliéster\n- Desechable\n- Con tiras elásticas\n- Con soporte nasal","Caja de mínimo 50 unidades",0,{"$f":"IF(E154>0,(VLOOKUP($C$5&$C$6&B154,ConsolidadoServicios!$A:$K,11,0)),0)","v":0},{"$f":"IF(E154>0,(VLOOKUP(B154,Minimos!$A:$B,2,0)),0)","v":0},0,null,0,0,{"$f":"ROUND(VLOOKUP($C$5&B154,ConsolidadoServicios!P:Q,2,0)*80%,2)","v":0},{"$f":"'Detalle Bienes de Aseo y Caf'!I154","v":0},{"$f":"'Detalle Bienes de Aseo y Caf'!J154","v":0},{"$f":"'Detalle Bienes de Aseo y Caf'!K154","v":0},{"$f":"'Detalle Bienes de Aseo y Caf'!L154","v":0}]
[141,"Papel higiénico 1 (Compra)"," - Rollo con longitud mínima de 20 metros\n - Doble hoja blanca\n - Sin fragancia","Rollo",0,{"$f":"IF(E155>0,(VLOOKUP($C$5&$C$6&B155,ConsolidadoServicios!$A:$K,11,0)),0)","v":0},{"$f":"IF(E155>0,(VLOOKUP(B155,Minimos!$A:$B,2,0)),0)","v":0},0,null,0,0,{"$f":"ROUND(VLOOKUP($C$5&B155,ConsolidadoServicios!P:Q,2,0)*80%,2)","v":0},{"$f":"'Detalle Bienes de Aseo y Caf'!I155","v":0},{"$f":"'Detalle Bienes de Aseo y Caf'!J155","v":0},{"$f":"'Detalle Bienes de Aseo y Caf'!K155","v":0},{"$f":"'Detalle Bienes de Aseo y Caf'!L155","v":0}]
[142,"Papel higiénico 2 (Compra)","- Rollo con longitud mínima de 250 metros\n- Doble hoja de color natural\n- Sin fragancia","Rollo",4,{"$f":"IF(E156>0,(VLOOKUP($C$5&$C$6&B156,ConsolidadoServicios!$A:$K,11,0)),0)","v":14861},{"$f":"IF(E156>0,(VLOOKUP(B156,Minimos!$A:$B,2,0)),0)","v":8702},0.25,0.56083036134849595,6526.5,26106,{"$f":"ROUND(VLOOKUP($C$5&B156,ConsolidadoServicios!P:Q,2,0)*80%,2)","v":0},{"$f":"'Detalle Bienes de Aseo y Caf'!I156","v":1},{"$f":"'Detalle Bienes de Aseo y Caf'!J156","v":1},{"$f":"'Detalle Bienes de Aseo y Caf'!K156","v":1},{"$f":"'Detalle Bienes de Aseo y Caf'!L156","v":1}]
[143,"Papel higiénico 3 (Compra)","- Rollo con longitud mínima de 250 metros\n- Doble hoja blanca\n- Sin fragancia","Rollo",0,{"$f":"IF(E157>0,(VLOOKUP($C$5&$C$6&B157,ConsolidadoServicios!$A:$K,11,0)),0)","v":0},{"$f":"IF(E157>0,(VLOOKUP(B157,Minimos!$A:$B,2,0)),0)","v":0},0,null,0,0,{"$f":"ROUND(VLOOKUP($C$5&B157,ConsolidadoServicios!P:Q,2,0)*80%,2)","v":0},{"$f":"'Detalle Bienes de Aseo y Caf'!I157","v":0},{"$f":"'Detalle Bienes de Aseo y Caf'!J157","v":0},{"$f":"'Detalle Bienes de Aseo y Caf'!K157","v":0},{"$f":"'Detalle Bienes de Aseo y Caf'!L157","v":0}]
[144,"Papel higiénico 4 (Compra)","- Rollo con longitud mínima de 400 metros\n- Hoja sencilla de color natural\n- Sinfragancia","Rollo",0,{"$f":"IF(E158>0,(VLOOKUP($C$5&$C$6&B158,ConsolidadoServicios!$A:$K,11,0)),0)","v":0},{"$f":"IF(E158>0,(VLOOKUP(B158,Minimos!$A:$B,2,0)),0)","v":0},0,null,0,0,{"$f":"ROUND(VLOOKUP($C$5&B158,ConsolidadoServicios!P:Q,2,0)*80%,2)","v":0},{"$f":"'Detalle Bienes de Aseo y Caf'!I158","v":0},{"$f":"'Detalle Bienes de Aseo y Caf'!J158","v":0},{"$f":"'Detalle Bienes de Aseo y Caf'!K158","v":0},{"$f":"'Detalle Bienes de Aseo y Caf'!L158","v":0}]
[145,"Papel higiénico 5 (Compra)"," - Rollo con longitud mínima de 400 metros\n - Hoja sencilla de color blanco\n - Sin fragancia","Rollo",4,{"$f":"IF(E159>0,(VLOOKUP($C$5&$C$6&B159,ConsolidadoServicios!$A:$K,11,0)),0)","v":19037},{"$f":"IF(E159>0,(VLOOKUP(B159,Minimos!$A:$B,2,0)),0)","v":11809},0.25,0.53476125439932798,8856.75,35427,{"$f":"ROUND(VLOOKUP($C$5&B159,ConsolidadoServicios!P:Q,2,0)*80%,2)","v":0},{"$f":"'Detalle Bienes de Aseo y Caf'!I159","v":1},{"$f":"'Detalle Bienes de Aseo y Caf'!J159","v":1},{"$f":"'Detalle Bienes de Aseo y Caf'!K159","v":1},{"$f":"'Detalle Bienes de Aseo y Caf'!L159","v":1}]
[146,"Toallas para manos 1 (Compra)","- Rollo con longitud mínima de 100 metros\n- Doble hoja con un tamaño mínimo 15 cm de ancho\n- Disponibles en color blanco","Rollo",0,{"$f":"IF(E160>0,(VLOOKUP($C$5&$C$6&B160,ConsolidadoServicios!$A:$K,11,0)),0)","v":0},{"$f":"IF(E160>0,(VLOOKUP(B160,Minimos!$A:$B,2,0)),0)","v":0},0,null,0,0,{"$f":"ROUND(VLOOKUP($C$5&B160,ConsolidadoServicios!P:Q,2,0)*80%,2)","v":0},{"$f":"'Detalle Bienes de Aseo y Caf'!I160","v":0},{"$f":"'Detalle Bienes de Aseo y Caf'!J160","v":0},{"$f":"'Detalle Bienes de Aseo y Caf'!K160","v":0},{"$f":"'Detalle Bienes de Aseo y Caf'!L160","v":0}]
[147,"Toallas para manos 2 (Compra)","- Rollo con longitud mínima de 100 metros\n- Doble hoja con un tamaño mínimo 15 cm de ancho\n- Disponibles en color natural","Rollo",0,{"$f":"IF(E161>0,(VLOOKUP($C$5&$C$6&B161,ConsolidadoServicios!$A:$K,11,0)),0)","v":0},{"$f":"IF(E161>0,(VLOOKUP(B161,Minimos!$A:$B,2,0)),0)","v":0},0,null,0,0,{"$f":"ROUND(VLOOKUP($C$5&B161,ConsolidadoServicios!P:Q,2,0)*80%,2)","v":0},{"$f":"'Detalle Bienes de Aseo y Caf'!I161","v":0},{"$f":"'Detalle Bienes de Aseo y Caf'!J161","v":0},{"$f":"'Detalle Bienes de Aseo y Caf'!K161","v":0},{"$f":"'Detalle Bienes de Aseo y Caf'!L161","v":0}]
[148,"Toallas para manos 3 (Compra)"," - Rollo con longitud mínima de 150 metros\n - Doble hoja con un tamaño mínimo 15 cm de ancho\n - Disponibles en color blanco\n - Sin olor o fragancia","Rollo",0,{"$f":"IF(E162>0,(VLOOKUP($C$5&$C$6&B162,ConsolidadoServicios!$A:$K,11,0)),0)","v":0},{"$f":"IF(E162>0,(VLOOKUP(B162,Minimos!$A:$B,2,0)),0)","v":0},0,null,0,0,{"$f":"ROUND(VLOOKUP($C$5&B162,ConsolidadoServicios!P:Q,2,0)*80%,2)","v":0},{"$f":"'Detalle Bienes de Aseo y Caf'!I162","v":0},{"$f":"'Detalle Bienes de Aseo y Caf'!J162","v":0},{"$f":"'Detalle Bienes de Aseo y Caf'!K162","v":0},{"$f":"'Detalle Bienes de Aseo y Caf'!L162","v":0}]
[149,"Toallas para manos 4 (Compra)"," - Rollo con longitud mínima de 150 metros\n - Doble hoja con un tamaño mínimo 15 cm de ancho\n - Disponibles en color natural\n - Sin fragancia","Rollo",4,{"$f":"IF(E163>0,(VLOOKUP($C$5&$C$6&B163,ConsolidadoServicios!$A:$K,11,0)),0)","v":32387},{"$f":"IF(E163>0,(VLOOKUP(B163,Minimos!$A:$B,2,0)),0)","v":21936},0.25,0.492018402445426,16452,65808,{"$f":"ROUND(VLOOKUP($C$5&B163,ConsolidadoServicios!P:Q,2,0)*80%,2)","v":0},{"$f":"'Detalle Bienes de Aseo y Caf'!I163","v":1},{"$f":"'Detalle Bienes de Aseo y Caf'!J163","v":1},{"$f":"'Detalle Bienes de Aseo y Caf'!K163","v":1},{"$f":"'Detalle Bienes de Aseo y Caf'!L163","v":1}]
[150,"Toallas para manos 5 (Compra)","- Toallas interdobladas, paquete con mínimo 150 unidades\n- Doble hoja con un tamaño mínimo de 20 cm de largo por 15 cm de ancho\n - Hoja color natural","Unidad",0,{"$f":"IF(E164>0,(VLOOKUP($C$5&$C$6&B164,ConsolidadoServicios!$A:$K,11,0)),0)","v":0},{"$f":"IF(E164>0,(VLOOKUP(B164,Minimos!$A:$B,2,0)),0)","v":0},0,null,0,0,{"$f":"ROUND(VLOOKUP($C$5&B164,ConsolidadoServicios!P:Q,2,0)*80%,2)","v":0},{"$f":"'Detalle Bienes de Aseo y Caf'!I164","v":0},{"$f":"'Detalle Bienes de Aseo y Caf'!J164","v":0},{"$f":"'Detalle Bienes de Aseo y Caf'!K164","v":0},{"$f":"'Detalle Bienes de Aseo y Caf'!L164","v":0}]
[151,"Toallas para manos 6 (Compra)","- Toallas interdobladas, paquete con mínimo 150 unidades\n- Doble hoja con un tamaño mínimo de 20 cm de largo por 15 cm de ancho\n - Hoja color blanco","Unidad",4,{"$f":"IF(E165>0,(VLOOKUP($C$5&$C$6&B165,ConsolidadoServicios!$A:$K,11,0)),0)","v":8901},{"$f":"IF(E165>0,(VLOOKUP(B165,Minimos!$A:$B,2,0)),0)","v":6092},0.25,0.48668688911358299,4569,18276,{"$f":"ROUND(VLOOKUP($C$5&B165,ConsolidadoServicios!P:Q,2,0)*80%,2)","v":0},{"$f":"'Detalle Bienes de Aseo y Caf'!I165","v":1},{"$f":"'Detalle Bienes de Aseo y Caf'!J165","v":1},{"$f":"'Detalle Bienes de Aseo y Caf'!K165","v":1},{"$f":"'Detalle Bienes de Aseo y Caf'!L165","v":1}]
[152,"Toallas para manos 7 (Compra)","- Toallas con precorte\n- Rollo con longitud mínima de 100 metros\n- Doble hoja con tamaño mínimo de 15 cms de ancho\n- Color Blanco\n- Sin fragancia","Unidad",0,{"$f":"IF(E166>0,(VLOOKUP($C$5&$C$6&B166,ConsolidadoServicios!$A:$K,11,0)),0)","v":0},{"$f":"IF(E166>0,(VLOOKUP(B166,Minimos!$A:$B,2,0)),0)","v":0},0,null,0,0,{"$f":"ROUND(VLOOKUP($C$5&B166,ConsolidadoServicios!P:Q,2,0)*80%,2)","v":0},{"$f":"'Detalle Bienes de Aseo y Caf'!I166","v":0},{"$f":"'Detalle Bienes de Aseo y Caf'!J166","v":0},{"$f":"'Detalle Bienes de Aseo y Caf'!K166","v":0},{"$f":"'Detalle Bienes de Aseo y Caf'!L166","v":0}]
[153,"Toallas para manos 8 (Compra)","- Toallas con precorte\n- Rollo con longitud mínima de 100 metros\n- Doble hoja con tamaño mínimo de 15 cms de ancho\n- Color Natural\n- Sin fragancia","Unidad",0,{"$f":"IF(E167>0,(VLOOKUP($C$5&$C$6&B167,ConsolidadoServicios!$A:$K,11,0)),0)","v":0},{"$f":"IF(E167>0,(VLOOKUP(B167,Minimos!$A:$B,2,0)),0)","v":0},0,null,0,0,{"$f":"ROUND(VLOOKUP($C$5&B167,ConsolidadoServicios!P:Q,2,0)*80%,2)","v":0},{"$f":"'Detalle Bienes de Aseo y Caf'!I167","v":0},{"$f":"'Detalle Bienes de Aseo y Caf'!J167","v":0},{"$f":"'Detalle Bienes de Aseo y Caf'!K167","v":0},{"$f":"'Detalle Bienes de Aseo y Caf'!L167","v":0}]
[154,"Pañuelos (Compra)","- Doble hoja\n- Color blanco","Caja de mínimo 50 unidades",0,{"$f":"IF(E168>0,(VLOOKUP($C$5&$C$6&B168,ConsolidadoServicios!$A:$K,11,0)),0)","v":0},{"$f":"IF(E168>0,(VLOOKUP(B168,Minimos!$A:$B,2,0)),0)","v":0},0,null,0,0,{"$f":"ROUND(VLOOKUP($C$5&B168,ConsolidadoServicios!P:Q,2,0)*80%,2)","v":0},{"$f":"'Detalle Bienes de Aseo y Caf'!I168","v":0},{"$f":"'Detalle Bienes de Aseo y Caf'!J168","v":0},{"$f":"'Detalle Bienes de Aseo y Caf'!K168","v":0},{"$f":"'Detalle Bienes de Aseo y Caf'!L168","v":0}]
[155,"Vasos biodegradables 1 (Compra)"," - Elaborado en cartón 97% biodegradable\n- Capacidad mínima de 4 oz","Paquete de mínimo 50 unidades",0,{"$f":"IF(E169>0,(VLOOKUP($C$5&$C$6&B169,ConsolidadoServicios!$A:$K,11,0)),0)","v":0},{"$f":"IF(E169>0,(VLOOKUP(B169,Minimos!$A:$B,2,0)),0)","v":0},0,null,0,0,{"$f":"ROUND(VLOOKUP($C$5&B169,ConsolidadoServicios!P:Q,2,0)*80%,2)","v":0},{"$f":"'Detalle Bienes de Aseo y Caf'!I169","v":0},{"$f":"'Detalle Bienes de Aseo y Caf'!J169","v":0},{"$f":"'Detalle Bienes de Aseo y Caf'!K169","v":0},{"$f":"'Detalle Bienes de Aseo y Caf'!L169","v":0}]
[156,"Vasos biodegradables 2 (Compra)"," - Elaborado en cartón 97% biodegradable\n - Capacidad mínima de 6 oz","Paquete de mínimo 50",4,{"$f":"IF(E170>0,(VLOOKUP($C$5&$C$6&B170,ConsolidadoServicios!$A:$K,11,0)),0)","v":13721},{"$f":"IF(E170>0,(VLOOKUP(B170,Minimos!$A:$B,2,0)),0)","v":5524},0.25,0.69805407769113004,4143,16572,{"$f":"ROUND(VLOOKUP($C$5&B170,ConsolidadoServicios!P:Q,2,0)*80%,2)","v":0},{"$f":"'Detalle Bienes de Aseo y Caf'!I170","v":1},{"$f":"'Detalle Bienes de Aseo y Caf'!J170","v":1},{"$f":"'Detalle Bienes de Aseo y Caf'!K170","v":1},{"$f":"'Detalle Bienes de Aseo y Caf'!L170","v":1}]
[157,"Vasos biodegradables 3 (Compra)"," - Elaborado en cartón 97% biodegradable\n- Capacidad mínima de 9 oz","Paquete de mínimo 40 unidades",0,{"$f":"IF(E171>0,(VLOOKUP($C$5&$C$6&B171,ConsolidadoServicios!$A:$K,11,0)),0)","v":0},{"$f":"IF(E171>0,(VLOOKUP(B171,Minimos!$A:$B,2,0)),0)","v":0},0,null,0,0,{"$f":"ROUND(VLOOKUP($C$5&B171,ConsolidadoServicios!P:Q,2,0)*80%,2)","v":0},{"$f":"'Detalle Bienes de Aseo y Caf'!I171","v":0},{"$f":"'Detalle Bienes de Aseo y Caf'!J171","v":0},{"$f":"'Detalle Bienes de Aseo y Caf'!K171","v":0},{"$f":"'Detalle Bienes de Aseo y Caf'!L171","v":0}]
[158,"Vasos biodegradables 4 (Compra)","- Capacidad mínima de 9 onzas \n- Sin tapa \n- Liso\n- Biodegradable y compostable.\n- Elaborado en polyboard (cartón)  y/ocon la fibra de caña de azúcar o almidón de maíz","Paquete de mínimo 50 unidades",0,{"$f":"IF(E172>0,(VLOOKUP($C$5&$C$6&B172,ConsolidadoServicios!$A:$K,11,0)),0)","v":0},{"$f":"IF(E172>0,(VLOOKUP(B172,Minimos!$A:$B,2,0)),0)","v":0},0,null,0,0,{"$f":"ROUND(VLOOKUP($C$5&B172,ConsolidadoServicios!P:Q,2,0)*80%,2)","v":0},{"$f":"'Detalle Bienes de Aseo y Caf'!I172","v":0},{"$f":"'Detalle Bienes de Aseo y Caf'!J172","v":0},{"$f":"'Detalle Bienes de Aseo y Caf'!K172","v":0},{"$f":"'Detalle Bienes de Aseo y Caf'!L172","v":0}]
[159,"Mezclador 1 (Compra)","- Mezcladores  elaborados en madera y/o apartir de recursos renovables como la caña de azucar y/o almidón de maíz\n- Longitud mínima de 11 cm","Paquete de mínimo 500",0,{"$f":"IF(E173>0,(VLOOKUP($C$5&$C$6&B173,ConsolidadoServicios!$A:$K,11,0)),0)","v":0},{"$f":"IF(E173>0,(VLOOKUP(B173,Minimos!$A:$B,2,0)),0)","v":0},0,null,0,0,{"$f":"ROUND(VLOOKUP($C$5&B173,ConsolidadoServicios!P:Q,2,0)*80%,2)","v":0},{"$f":"'Detalle Bienes de Aseo y Caf'!I173","v":0},{"$f":"'Detalle Bienes de Aseo y Caf'!J173","v":0},{"$f":"'Detalle Bienes de Aseo y Caf'!K173","v":0},{"$f":"'Detalle Bienes de Aseo y Caf'!L173","v":0}]
[160,"Servilleta papel (Compra)","- Tipo cafetería\n - Dobe hoja\n- Color blanco\n- Dimensiones mínimas de 21,5 cm de largo y 14 cm de ancho\n- 100% Biodegradable \n- Elaborado a base de papel reciclado no clorado\n- No debe contener PVC o Poliestireno expandido u otros plásticos de un solo uso tanto en el envase como en el embalaje.","Paquete de mínimo 100 unidades",0,{"$f":"IF(E174>0,(VLOOKUP($C$5&$C$6&B174,ConsolidadoServicios!$A:$K,11,0)),0)","v":0},{"$f":"IF(E174>0,(VLOOKUP(B174,Minimos!$A:$B,2,0)),0)","v":0},0,null,0,0,{"$f":"ROUND(VLOOKUP($C$5&B174,ConsolidadoServicios!P:Q,2,0)*80%,2)","v":0},{"$f":"'Detalle Bienes de Aseo y Caf'!I174","v":0},{"$f":"'Detalle Bienes de Aseo y Caf'!J174","v":0},{"$f":"'Detalle Bienes de Aseo y Caf'!K174","v":0},{"$f":"'Detalle Bienes de Aseo y Caf'!L174","v":0}]
[161,"Filtro para greca 1 (Compra)","- Elaborada en tela\n- Para greca\n- Capacidad de media libra\n- No debe contener PVC o Poliestireno expandido u otros plásticos de un solo uso tanto en el envase como en el embalaje","Unidad",0,{"$f":"IF(E175>0,(VLOOKUP($C$5&$C$6&B175,ConsolidadoServicios!$A:$K,11,0)),0)","v":0},{"$f":"IF(E175>0,(VLOOKUP(B175,Minimos!$A:$B,2,0)),0)","v":0},0,null,0,0,{"$f":"ROUND(VLOOKUP($C$5&B175,ConsolidadoServicios!P:Q,2,0)*80%,2)","v":0},{"$f":"'Detalle Bienes de Aseo y Caf'!I175","v":0},{"$f":"'Detalle Bienes de Aseo y Caf'!J175","v":0},{"$f":"'Detalle Bienes de Aseo y Caf'!K175","v":0},{"$f":"'Detalle Bienes de Aseo y Caf'!L175","v":0}]
[162,"Filtro para greca 2 (Compra)","- Elaborada en tela\n- Para greca\n- Capacidad de una 1 libra\n- No debe contener PVC o Poliestireno expandido u otros plásticos de un solo uso tanto en el envase como en el embalaje.","Unidad",0,{"$f":"IF(E176>0,(VLOOKUP($C$5&$C$6&B176,ConsolidadoServicios!$A:$K,11,0)),0)","v":0},{"$f":"IF(E176>0,(VLOOKUP(B176,Minimos!$A:$B,2,0)),0)","v":0},0,null,0,0,{"$f":"ROUND(VLOOKUP($C$5&B176,ConsolidadoServicios!P:Q,2,0)*80%,2)","v":0},{"$f":"'Detalle Bienes de Aseo y Caf'!I176","v":0},{"$f":"'Detalle Bienes de Aseo y Caf'!J176","v":0},{"$f":"'Detalle Bienes de Aseo y Caf'!K176","v":0},{"$f":"'Detalle Bienes de Aseo y Caf'!L176","v":0}]
[163,"Filtro para greca 3 (Compra)","- Elaborada en tela\n- Para greca\n- Capacidad de dos 2 libras\n- No debe contener PVC o Poliestireno expandido u otros plásticos de un solo uso tanto en el envase como en el embalaje.","Unidad",0,{"$f":"IF(E177>0,(VLOOKUP($C$5&$C$6&B177,ConsolidadoServicios!$A:$K,11,0)),0)","v":0},{"$f":"IF(E177>0,(VLOOKUP(B177,Minimos!$A:$B,2,0)),0)","v":0},0,null,0,0,{"$f":"ROUND(VLOOKUP($C$5&B177,ConsolidadoServicios!P:Q,2,0)*80%,2)","v":0},{"$f":"'Detalle Bienes de Aseo y Caf'!I177","v":0},{"$f":"'Detalle Bienes de Aseo y Caf'!J177","v":0},{"$f":"'Detalle Bienes de Aseo y Caf'!K177","v":0},{"$f":"'Detalle Bienes de Aseo y Caf'!L177","v":0}]
[164,"Churrusco para tubos de greca (Compra)","- Cepillo para lavado y fregado de grecas.  \n- No debe contener PVC, Poliestireno expandido u otros plásticos de un solo uso tanto en el envase como en el embalaje.\n- Base y mango elaborados en alambre","Unidad",0,{"$f":"IF(E178>0,(VLOOKUP($C$5&$C$6&B178,ConsolidadoServicios!$A:$K,11,0)),0)","v":0},{"$f":"IF(E178>0,(VLOOKUP(B178,Minimos!$A:$B,2,0)),0)","v":0},0,null,0,0,{"$f":"ROUND(VLOOKUP($C$5&B178,ConsolidadoServicios!P:Q,2,0)*80%,2)","v":0},{"$f":"'Detalle Bienes de Aseo y Caf'!I178","v":0},{"$f":"'Detalle Bienes de Aseo y Caf'!J178","v":0},{"$f":"'Detalle Bienes de Aseo y Caf'!K178","v":0},{"$f":"'Detalle Bienes de Aseo y Caf'!L178","v":0}]
[165,"Papel Aluminio 1 (Compra)","- Longitud mínima del rollo de 40 metros\n- Ancho mínimo del rollo de 27 cm","Caja de carton con un 1 rollo de mínimo 40 metros de largo y 27\ncm de ancho",0,{"$f":"IF(E179>0,(VLOOKUP($C$5&$C$6&B179,ConsolidadoServicios!$A:$K,11,0)),0)","v":0},{"$f":"IF(E179>0,(VLOOKUP(B179,Minimos!$A:$B,2,0)),0)","v":0},0,null,0,0,{"$f":"ROUND(VLOOKUP($C$5&B179,ConsolidadoServicios!P:Q,2,0)*80%,2)","v":0},{"$f":"'Detalle Bienes de Aseo y Caf'!I179","v":0},{"$f":"'Detalle Bienes de Aseo y Caf'!J179","v":0},{"$f":"'Detalle Bienes de Aseo y Caf'!K179","v":0},{"$f":"'Detalle Bienes de Aseo y Caf'!L179","v":0}]
[166,"Papel Aluminio 2 (Compra)","- Longitud mínima del rollo de 100 metros\n- Ancho mínimo del rollo de 27 cm","Caja de carton con un 1 rollo de mínimo 100 metros de largo y 27\ncm de ancho",0,{"$f":"IF(E180>0,(VLOOKUP($C$5&$C$6&B180,ConsolidadoServicios!$A:$K,11,0)),0)","v":0},{"$f":"IF(E180>0,(VLOOKUP(B180,Minimos!$A:$B,2,0)),0)","v":0},0,null,0,0,{"$f":"ROUND(VLOOKUP($C$5&B180,ConsolidadoServicios!P:Q,2,0)*80%,2)","v":0},{"$f":"'Detalle Bienes de Aseo y Caf'!I180","v":0},{"$f":"'Detalle Bienes de Aseo y Caf'!J180","v":0},{"$f":"'Detalle Bienes de Aseo y Caf'!K180","v":0},{"$f":"'Detalle Bienes de Aseo y Caf'!L180","v":0}]
[167,"Película transparente para alimentos (Compra)","- Longitud mínima del rollo de 50 metros\n- Ancho mínimo del rollo de 27 cm","Caja de carton con un 1 rollo",0,{"$f":"IF(E181>0,(VLOOKUP($C$5&$C$6&B181,ConsolidadoServicios!$A:$K,11,0)),0)","v":0},{"$f":"IF(E181>0,(VLOOKUP(B181,Minimos!$A:$B,2,0)),0)","v":0},0,null,0,0,{"$f":"ROUND(VLOOKUP($C$5&B181,ConsolidadoServicios!P:Q,2,0)*80%,2)","v":0},{"$f":"'Detalle Bienes de Aseo y Caf'!I181","v":0},{"$f":"'Detalle Bienes de Aseo y Caf'!J181","v":0},{"$f":"'Detalle Bienes de Aseo y Caf'!K181","v":0},{"$f":"'Detalle Bienes de Aseo y Caf'!L181","v":0}]
[168,"Termo para café 1 (Compra)","- Elaborado en plástico\n- Capacidad mínima de 1 litro","Unidad",0,{"$f":"IF(E182>0,(VLOOKUP($C$5&$C$6&B182,ConsolidadoServicios!$A:$K,11,0)),0)","v":0},{"$f":"IF(E182>0,(VLOOKUP(B182,Minimos!$A:$B,2,0)),0)","v":0},0,null,0,0,{"$f":"ROUND(VLOOKUP($C$5&B182,ConsolidadoServicios!P:Q,2,0)*80%,2)","v":0},{"$f":"'Detalle Bienes de Aseo y Caf'!I182","v":0},{"$f":"'Detalle Bienes de Aseo y Caf'!J182","v":0},{"$f":"'Detalle Bienes de Aseo y Caf'!K182","v":0},{"$f":"'Detalle Bienes de Aseo y Caf'!L182","v":0}]
[169,"Termo para café 2 (Compra)"," - Térmico, con bomba tipo dispensador. Portatil.  \n - Bomba manual para dispensar la bebida.  \n - Acero inoxidable y plastico. \n - Agarradera plastica, tapa con empaque, bomba manual. \n - Capacidad mínima de 3 litros","Unidad",0,{"$f":"IF(E183>0,(VLOOKUP($C$5&$C$6&B183,ConsolidadoServicios!$A:$K,11,0)),0)","v":0},{"$f":"IF(E183>0,(VLOOKUP(B183,Minimos!$A:$B,2,0)),0)","v":0},0,null,0,0,{"$f":"ROUND(VLOOKUP($C$5&B183,ConsolidadoServicios!P:Q,2,0)*80%,2)","v":0},{"$f":"'Detalle Bienes de Aseo y Caf'!I183","v":0},{"$f":"'Detalle Bienes de Aseo y Caf'!J183","v":0},{"$f":"'Detalle Bienes de Aseo y Caf'!K183","v":0},{"$f":"'Detalle Bienes de Aseo y Caf'!L183","v":0}]
[170,"Café 1 (Compra)","- 100% café tostado y molido.   \n- Tostión media.                                          \n- Puntaje en taza mayor o igual a 80 puntos catación SCA y/o Denominación de Origen (Anexo 6)\n- Empacada en bolsa de polipropileno aluminizada resistente a la humedad y al oxígeno.  \n- Debe cumplir con las Resoluciones 333 de 2011 y 2674 de 2013 hasta la entrada en vigencia de la Resolución 810 de 2021 y aquellas que la modifiquen, adicionen o deroguen.","Libra",20,{"$f":"IF(E184>0,(VLOOKUP($C$5&$C$6&B184,ConsolidadoServicios!$A:$K,11,0)),0)","v":35849},{"$f":"IF(E184>0,(VLOOKUP(B184,Minimos!$A:$B,2,0)),0)","v":14359},0.25,0.69959413093810097,10769.25,215385,{"$f":"ROUND(VLOOKUP($C$5&B184,ConsolidadoServicios!P:Q,2,0)*80%,2)","v":0},{"$f":"'Detalle Bienes de Aseo y Caf'!I184","v":8},{"$f":"'Detalle Bienes de Aseo y Caf'!J184","v":4},{"$f":"'Detalle Bienes de Aseo y Caf'!K184","v":4},{"$f":"'Detalle Bienes de Aseo y Caf'!L184","v":4}]
[171,"Café 2 (Compra)","- Tostión media\n- Descafeinado\n- Empacado en bolsa de polipropileno aluminizada resistente a la humedad y al oxigeno\n- Debe cumplir con las Resoluciones 333 de 2011 y 2674 de 2013 y aquellas que la modifiquen, adicionen o deroguen.","Libra",0,{"$f":"IF(E185>0,(VLOOKUP($C$5&$C$6&B185,ConsolidadoServicios!$A:$K,11,0)),0)","v":0},{"$f":"IF(E185>0,(VLOOKUP(B185,Minimos!$A:$B,2,0)),0)","v":0},0,null,0,0,{"$f":"ROUND(VLOOKUP($C$5&B185,ConsolidadoServicios!P:Q,2,0)*80%,2)","v":0},{"$f":"'Detalle Bienes de Aseo y Caf'!I185","v":0},{"$f":"'Detalle Bienes de Aseo y Caf'!J185","v":0},{"$f":"'Detalle Bienes de Aseo y Caf'!K185","v":0},{"$f":"'Detalle Bienes de Aseo y Caf'!L185","v":0}]
[172,"Café 3 (Compra)","- Instantáneo, para máquinas automáticas\n- Tostión media\n- Empacada en bolsa de polipropileno aluminizada resistente a la humedad y al oxígeno.  \n- Debe cumplir con las Resoluciones 333 de 2011 y 2674 de 2013 hasta la entrada en vigencia de la Resolución 810 de 2021 y aquellas que la modifiquen, adicionen o deroguen.                          ","Bolsa de mínimo 500 g",0,{"$f":"IF(E186>0,(VLOOKUP($C$5&$C$6&B186,ConsolidadoServicios!$A:$K,11,0)),0)","v":0},{"$f":"IF(E186>0,(VLOOKUP(B186,Minimos!$A:$B,2,0)),0)","v":0},0,null,0,0,{"$f":"ROUND(VLOOKUP($C$5&B186,ConsolidadoServicios!P:Q,2,0)*80%,2)","v":0},{"$f":"'Detalle Bienes de Aseo y Caf'!I186","v":0},{"$f":"'Detalle Bienes de Aseo y Caf'!J186","v":0},{"$f":"'Detalle Bienes de Aseo y Caf'!K186","v":0},{"$f":"'Detalle Bienes de Aseo y Caf'!L186","v":0}]
[173,"Café Social (Compra)","- Diferentes tostiones\n- Puntaje en taza mayor o igual a a 82 puntos catación SCA y/o orgánico y/o artesanal y/o con Denominación de Origen\n- Empacada en bolsa de polipropileno aluminizada resistente a la humedad y al oxígeno.  \n- Debe cumplir con las Resoluciones 333 de 2011 y 2674 de 2013 hasta la entrada en vigencia de la Resolución 810 de 2021 y aquellas que la modifiquen, adicionen o deroguen\n","Bolsa de mínimo 500 g",0,{"$f":"IF(E187>0,(VLOOKUP($C$5&$C$6&B187,ConsolidadoServicios!$A:$K,11,0)),0)","v":0},{"$f":"IF(E187>0,(VLOOKUP(B187,Minimos!$A:$B,2,0)),0)","v":0},0,null,0,0,{"$f":"ROUND(VLOOKUP($C$5&B187,ConsolidadoServicios!P:Q,2,0)*80%,2)","v":0},{"$f":"'Detalle Bienes de Aseo y Caf'!I187","v":0},{"$f":"'Detalle Bienes de Aseo y Caf'!J187","v":0},{"$f":"'Detalle Bienes de Aseo y Caf'!K187","v":0},{"$f":"'Detalle Bienes de Aseo y Caf'!L187","v":0}]
[174,"Crema para café (Compra)","- No láctea\n- Debe cumplir con Resolución 333 de 2011 sobre rotulado y etiquetado nutricional y las normas que la modifiquen","Bolsas de mínimo 100 sobres de mínimo 4 g",0,{"$f":"IF(E188>0,(VLOOKUP($C$5&$C$6&B188,ConsolidadoServicios!$A:$K,11,0)),0)","v":0},{"$f":"IF(E188>0,(VLOOKUP(B188,Minimos!$A:$B,2,0)),0)","v":0},0,null,0,0,{"$f":"ROUND(VLOOKUP($C$5&B188,ConsolidadoServicios!P:Q,2,0)*80%,2)","v":0},{"$f":"'Detalle Bienes de Aseo y Caf'!I188","v":0},{"$f":"'Detalle Bienes de Aseo y Caf'!J188","v":0},{"$f":"'Detalle Bienes de Aseo y Caf'!K188","v":0},{"$f":"'Detalle Bienes de Aseo y Caf'!L188","v":0}]
[175,"Azúcar 1 (Compra)","- Blanca\n- Empaque elaborado en materiales atóxicos\n- Debe cumplir con Resolución 333 de 2011 sobre rotulado y etiquetado nutricional y las normas que la modifiquen","Bolsa de mínimo 200 sobres o tubipacks de 5 g",5,{"$f":"IF(E189>0,(VLOOKUP($C$5&$C$6&B189,ConsolidadoServicios!$A:$K,11,0)),0)","v":13721},{"$f":"IF(E189>0,(VLOOKUP(B189,Minimos!$A:$B,2,0)),0)","v":8251},0.25,0.548994242402157,6188.25,30941.25,{"$f":"ROUND(VLOOKUP($C$5&B189,ConsolidadoServicios!P:Q,2,0)*80%,2)","v":0},{"$f":"'Detalle Bienes de Aseo y Caf'!I189","v":2},{"$f":"'Detalle Bienes de Aseo y Caf'!J189","v":1},{"$f":"'Detalle Bienes de Aseo y Caf'!K189","v":1},{"$f":"'Detalle Bienes de Aseo y Caf'!L189","v":1}]
[176,"Azúcar 2 (Compra)","- Blanca\n- Empaque elaborado en materiales atóxicos\n- Debe cumplir con Resolución 333 de 2011 sobre rotulado y etiquetado nutricional y las normas que la modifiquen","Bolsa de mínimo 200 sobres o tubipacks de 3,5 g",0,{"$f":"IF(E190>0,(VLOOKUP($C$5&$C$6&B190,ConsolidadoServicios!$A:$K,11,0)),0)","v":0},{"$f":"IF(E190>0,(VLOOKUP(B190,Minimos!$A:$B,2,0)),0)","v":0},0,null,0,0,{"$f":"ROUND(VLOOKUP($C$5&B190,ConsolidadoServicios!P:Q,2,0)*80%,2)","v":0},{"$f":"'Detalle Bienes de Aseo y Caf'!I190","v":0},{"$f":"'Detalle Bienes de Aseo y Caf'!J190","v":0},{"$f":"'Detalle Bienes de Aseo y Caf'!K190","v":0},{"$f":"'Detalle Bienes de Aseo y Caf'!L190","v":0}]
[177,"Azúcar 3 (Compra)","- Blanca\n- Empaque elaborado en materiales atóxicos\n- Debe cumplir con Resolución 333 de 2011 sobre rotulado y etiquetado nutricional y las normas que la modifiquen","Libra",0,{"$f":"IF(E191>0,(VLOOKUP($C$5&$C$6&B191,ConsolidadoServicios!$A:$K,11,0)),0)","v":0},{"$f":"IF(E191>0,(VLOOKUP(B191,Minimos!$A:$B,2,0)),0)","v":0},0,null,0,0,{"$f":"ROUND(VLOOKUP($C$5&B191,ConsolidadoServicios!P:Q,2,0)*80%,2)","v":0},{"$f":"'Detalle Bienes de Aseo y Caf'!I191","v":0},{"$f":"'Detalle Bienes de Aseo y Caf'!J191","v":0},{"$f":"'Detalle Bienes de Aseo y Caf'!K191","v":0},{"$f":"'Detalle Bienes de Aseo y Caf'!L191","v":0}]
[178,"Azúcar 4 (Compra)","- Morena\n- Empaque elaborado en materiales atóxicos\n- Debe cumplir con Resolución 333 de 2011 sobre rotulado y etiquetado nutricional y las normas que la modifiquen","Libra",0,{"$f":"IF(E192>0,(VLOOKUP($C$5&$C$6&B192,ConsolidadoServicios!$A:$K,11,0)),0)","v":0},{"$f":"IF(E192>0,(VLOOKUP(B192,Minimos!$A:$B,2,0)),0)","v":0},0,null,0,0,{"$f":"ROUND(VLOOKUP($C$5&B192,ConsolidadoServicios!P:Q,2,0)*80%,2)","v":0},{"$f":"'Detalle Bienes de Aseo y Caf'!I192","v":0},{"$f":"'Detalle Bienes de Aseo y Caf'!J192","v":0},{"$f":"'Detalle Bienes de Aseo y Caf'!K192","v":0},{"$f":"'Detalle Bienes de Aseo y Caf'!L192","v":0}]
[179,"Endulzante (Compra)","- Sin calorías\n- Empaque elaborado en materiales atóxicos\n- Debe cumplir con Resolución 333 de 2011 sobre rotulado y etiquetado nutricional y las normas que la modifiquen","Caja de mínimo 100 sobres",0,{"$f":"IF(E193>0,(VLOOKUP($C$5&$C$6&B193,ConsolidadoServicios!$A:$K,11,0)),0)","v":0},{"$f":"IF(E193>0,(VLOOKUP(B193,Minimos!$A:$B,2,0)),0)","v":0},0,null,0,0,{"$f":"ROUND(VLOOKUP($C$5&B193,ConsolidadoServicios!P:Q,2,0)*80%,2)","v":0},{"$f":"'Detalle Bienes de Aseo y Caf'!I193","v":0},{"$f":"'Detalle Bienes de Aseo y Caf'!J193","v":0},{"$f":"'Detalle Bienes de Aseo y Caf'!K193","v":0},{"$f":"'Detalle Bienes de Aseo y Caf'!L193","v":0}]
[180,"Panela (Compra)","- Panela instantánes pulverizada, deshidratada\n- Debe cumplir con la NTC 1311 sobreo productos agrícolas\n- Empaque elaborado en materiales atóxicos\n- Debe cumplir con la Resolucion 779 de 2006\n- Debe cumplir con Resolución 333 de 2011 sobre rotulado y etiquetado nutricional y las normas que la modifiquen","Bolsa de mínimo 100 sobres de mínimo 5 g",0,{"$f":"IF(E194>0,(VLOOKUP($C$5&$C$6&B194,ConsolidadoServicios!$A:$K,11,0)),0)","v":0},{"$f":"IF(E194>0,(VLOOKUP(B194,Minimos!$A:$B,2,0)),0)","v":0},0,null,0,0,{"$f":"ROUND(VLOOKUP($C$5&B194,ConsolidadoServicios!P:Q,2,0)*80%,2)","v":0},{"$f":"'Detalle Bienes de Aseo y Caf'!I194","v":0},{"$f":"'Detalle Bienes de Aseo y Caf'!J194","v":0},{"$f":"'Detalle Bienes de Aseo y Caf'!K194","v":0},{"$f":"'Detalle Bienes de Aseo y Caf'!L194","v":0}]
[181,"Sal 1 (Compra)","- Refinada, con un 99,9% de pureza\n- Con adiciones de yodo y flúor\n- Debe cumplir con Resolución 333 de 2011 sobre rotulado y etiquetado nutricional y las normas que la modifiquen","Libra (500 g)",0,{"$f":"IF(E195>0,(VLOOKUP($C$5&$C$6&B195,ConsolidadoServicios!$A:$K,11,0)),0)","v":0},{"$f":"IF(E195>0,(VLOOKUP(B195,Minimos!$A:$B,2,0)),0)","v":0},0,null,0,0,{"$f":"ROUND(VLOOKUP($C$5&B195,ConsolidadoServicios!P:Q,2,0)*80%,2)","v":0},{"$f":"'Detalle Bienes de Aseo y Caf'!I195","v":0},{"$f":"'Detalle Bienes de Aseo y Caf'!J195","v":0},{"$f":"'Detalle Bienes de Aseo y Caf'!K195","v":0},{"$f":"'Detalle Bienes de Aseo y Caf'!L195","v":0}]
[182,"Sal 2 (Compra)","- Refinada, con un 99,9% de pureza\n- Con adiciones de yodo y flúor\n- Debe cumplir con Resolución 333 de 2011 sobre rotulado y etiquetado nutricional y las normas que la modifiquen","1 kg (1.000 g)",0,{"$f":"IF(E196>0,(VLOOKUP($C$5&$C$6&B196,ConsolidadoServicios!$A:$K,11,0)),0)","v":0},{"$f":"IF(E196>0,(VLOOKUP(B196,Minimos!$A:$B,2,0)),0)","v":0},0,null,0,0,{"$f":"ROUND(VLOOKUP($C$5&B196,ConsolidadoServicios!P:Q,2,0)*80%,2)","v":0},{"$f":"'Detalle Bienes de Aseo y Caf'!I196","v":0},{"$f":"'Detalle Bienes de Aseo y Caf'!J196","v":0},{"$f":"'Detalle Bienes de Aseo y Caf'!K196","v":0},{"$f":"'Detalle Bienes de Aseo y Caf'!L196","v":0}]
[183,"Sal 3 (Compra)","- Refinada, con un 99,9% de pureza\n- Con adiciones de yodo y flúor\n- Debe cumplir con Resolución 333 de 2011 sobre rotulado y etiquetado nutricional y las normas que la modifiquen","Salero de mínimo 130 g",0,{"$f":"IF(E197>0,(VLOOKUP($C$5&$C$6&B197,ConsolidadoServicios!$A:$K,11,0)),0)","v":0},{"$f":"IF(E197>0,(VLOOKUP(B197,Minimos!$A:$B,2,0)),0)","v":0},0,null,0,0,{"$f":"ROUND(VLOOKUP($C$5&B197,ConsolidadoServicios!P:Q,2,0)*80%,2)","v":0},{"$f":"'Detalle Bienes de Aseo y Caf'!I197","v":0},{"$f":"'Detalle Bienes de Aseo y Caf'!J197","v":0},{"$f":"'Detalle Bienes de Aseo y Caf'!K197","v":0},{"$f":"'Detalle Bienes de Aseo y Caf'!L197","v":0}]
[184,"Aromática (Compra)","- Para infusión\n- Cajas disponbiles en mínimo tres (3) sabores\n- 100% naturales","Cajas de mínimo 20 en sobres.",4,{"$f":"IF(E198>0,(VLOOKUP($C$5&$C$6&B198,ConsolidadoServicios!$A:$K,11,0)),0)","v":2534},{"$f":"IF(E198>0,(VLOOKUP(B198,Minimos!$A:$B,2,0)),0)","v":1496},0.20000000000000004,0.52770323599052904,1196.8,4787.2,{"$f":"ROUND(VLOOKUP($C$5&B198,ConsolidadoServicios!P:Q,2,0)*80%,2)","v":0},{"$f":"'Detalle Bienes de Aseo y Caf'!I198","v":1},{"$f":"'Detalle Bienes de Aseo y Caf'!J198","v":1},{"$f":"'Detalle Bienes de Aseo y Caf'!K198","v":1},{"$f":"'Detalle Bienes de Aseo y Caf'!L198","v":1}]
[185,"Aromática de panela (Compra)","- Para infusión\n- Cajas disponbiles en sabor limón, yerbabuena, canela y naranja\n- Panela 100% natural y ecológica\n- Embalaje en cartón corrugado  \n- Debe cumplir con la NTC 1311 sobre productos agrícolas \n- Empaque elaborado en materiales atóxicos \n- Debe cumplir con la Resolucion 779 de 2006 \n- Debe cumplir con Resolución 333 de 2011 sobre rotulado y etiquetado nutricional y las normas que la modifiquen. \n- Uso: Panela instantánea soluble al agua \n- Azúcares reductores expresados en glucosa, mínimo 5,74%; azúcares no reductores expresados en sacarosa, máximo 90%; proteínas, mínimo 0,2%; cenizas, mínimo 1%; humedad, máximo 5%; plomo expresado como As en mg/kg, máximo 0,1;\n- No debe contener PVC o Poliestireno expandido u otros plásticos de un solo uso tanto en el envase como en el embalaje.","Cajas de mínimo 20 en sobres.",4,{"$f":"IF(E199>0,(VLOOKUP($C$5&$C$6&B199,ConsolidadoServicios!$A:$K,11,0)),0)","v":8727},{"$f":"IF(E199>0,(VLOOKUP(B199,Minimos!$A:$B,2,0)),0)","v":3701},0.19999999999999996,0.66073106451243302,2960.8,11843.2,{"$f":"ROUND(VLOOKUP($C$5&B199,ConsolidadoServicios!P:Q,2,0)*80%,2)","v":0},{"$f":"'Detalle Bienes de Aseo y Caf'!I199","v":1},{"$f":"'Detalle Bienes de Aseo y Caf'!J199","v":1},{"$f":"'Detalle Bienes de Aseo y Caf'!K199","v":1},{"$f":"'Detalle Bienes de Aseo y Caf'!L199","v":1}]
[186,"Bebida de frutas (Compra)","- En jarabe\n- Cajas disponbiles en mínimo tres (3) sabores","Caja de mínimo 20 sobres",4,{"$f":"IF(E200>0,(VLOOKUP($C$5&$C$6&B200,ConsolidadoServicios!$A:$K,11,0)),0)","v":16008},{"$f":"IF(E200>0,(VLOOKUP(B200,Minimos!$A:$B,2,0)),0)","v":9219},0.25,0.56807533733133397,6914.25,27657,{"$f":"ROUND(VLOOKUP($C$5&B200,ConsolidadoServicios!P:Q,2,0)*80%,2)","v":0},{"$f":"'Detalle Bienes de Aseo y Caf'!I200","v":1},{"$f":"'Detalle Bienes de Aseo y Caf'!J200","v":1},{"$f":"'Detalle Bienes de Aseo y Caf'!K200","v":1},{"$f":"'Detalle Bienes de Aseo y Caf'!L200","v":1}]
[187,"Bebida de panela (Compra)","- Bebida instantánea granulada\n- Cajas disponbiles en mínimo tres (3) sabores","Caja de mínimo 25 sobres",0,{"$f":"IF(E201>0,(VLOOKUP($C$5&$C$6&B201,ConsolidadoServicios!$A:$K,11,0)),0)","v":0},{"$f":"IF(E201>0,(VLOOKUP(B201,Minimos!$A:$B,2,0)),0)","v":0},0,null,0,0,{"$f":"ROUND(VLOOKUP($C$5&B201,ConsolidadoServicios!P:Q,2,0)*80%,2)","v":0},{"$f":"'Detalle Bienes de Aseo y Caf'!I201","v":0},{"$f":"'Detalle Bienes de Aseo y Caf'!J201","v":0},{"$f":"'Detalle Bienes de Aseo y Caf'!K201","v":0},{"$f":"'Detalle Bienes de Aseo y Caf'!L201","v":0}]
[188,"Té (Compra)","- Para infusión\n- Cajas disponbiles en mínimo tres (3) sabores\n- 100% naturales","Caja x 20 mínimo sobres",0,{"$f":"IF(E202>0,(VLOOKUP($C$5&$C$6&B202,ConsolidadoServicios!$A:$K,11,0)),0)","v":0},{"$f":"IF(E202>0,(VLOOKUP(B202,Minimos!$A:$B,2,0)),0)","v":0},0,null,0,0,{"$f":"ROUND(VLOOKUP($C$5&B202,ConsolidadoServicios!P:Q,2,0)*80%,2)","v":0},{"$f":"'Detalle Bienes de Aseo y Caf'!I202","v":0},{"$f":"'Detalle Bienes de Aseo y Caf'!J202","v":0},{"$f":"'Detalle Bienes de Aseo y Caf'!K202","v":0},{"$f":"'Detalle Bienes de Aseo y Caf'!L202","v":0}]
[189,"Infusión frutal (Compra)"," - Para infusión\n - 100% naturales\n - Sabores surtidos","Caja x 20 mínimo sobres",0,{"$f":"IF(E203>0,(VLOOKUP($C$5&$C$6&B203,ConsolidadoServicios!$A:$K,11,0)),0)","v":0},{"$f":"IF(E203>0,(VLOOKUP(B203,Minimos!$A:$B,2,0)),0)","v":0},0,null,0,0,{"$f":"ROUND(VLOOKUP($C$5&B203,ConsolidadoServicios!P:Q,2,0)*80%,2)","v":0},{"$f":"'Detalle Bienes de Aseo y Caf'!I203","v":0},{"$f":"'Detalle Bienes de Aseo y Caf'!J203","v":0},{"$f":"'Detalle Bienes de Aseo y Caf'!K203","v":0},{"$f":"'Detalle Bienes de Aseo y Caf'!L203","v":0}]
[190,"Agua potable 1 (Compra)","- Agua potable purificada sin gas","Botella plástica de\nmínimo 250 ml",0,{"$f":"IF(E204>0,(VLOOKUP($C$5&$C$6&B204,ConsolidadoServicios!$A:$K,11,0)),0)","v":0},{"$f":"IF(E204>0,(VLOOKUP(B204,Minimos!$A:$B,2,0)),0)","v":0},0,null,0,0,{"$f":"ROUND(VLOOKUP($C$5&B204,ConsolidadoServicios!P:Q,2,0)*80%,2)","v":0},{"$f":"'Detalle Bienes de Aseo y Caf'!I204","v":0},{"$f":"'Detalle Bienes de Aseo y Caf'!J204","v":0},{"$f":"'Detalle Bienes de Aseo y Caf'!K204","v":0},{"$f":"'Detalle Bienes de Aseo y Caf'!L204","v":0}]
[191,"Agua potable 2 (Compra)"," - Agua potable purificada sin gas","Botella plástica de\nmínimo 500 ml",0,{"$f":"IF(E205>0,(VLOOKUP($C$5&$C$6&B205,ConsolidadoServicios!$A:$K,11,0)),0)","v":0},{"$f":"IF(E205>0,(VLOOKUP(B205,Minimos!$A:$B,2,0)),0)","v":0},0,null,0,0,{"$f":"ROUND(VLOOKUP($C$5&B205,ConsolidadoServicios!P:Q,2,0)*80%,2)","v":0},{"$f":"'Detalle Bienes de Aseo y Caf'!I205","v":0},{"$f":"'Detalle Bienes de Aseo y Caf'!J205","v":0},{"$f":"'Detalle Bienes de Aseo y Caf'!K205","v":0},{"$f":"'Detalle Bienes de Aseo y Caf'!L205","v":0}]
[192,"Agua potable 3 (Compra)"," - Agua potable purificada\n-  Con gas","Botella plástica de\nmínimo 500 ml",0,{"$f":"IF(E206>0,(VLOOKUP($C$5&$C$6&B206,ConsolidadoServicios!$A:$K,11,0)),0)","v":0},{"$f":"IF(E206>0,(VLOOKUP(B206,Minimos!$A:$B,2,0)),0)","v":0},0,null,0,0,{"$f":"ROUND(VLOOKUP($C$5&B206,ConsolidadoServicios!P:Q,2,0)*80%,2)","v":0},{"$f":"'Detalle Bienes de Aseo y Caf'!I206","v":0},{"$f":"'Detalle Bienes de Aseo y Caf'!J206","v":0},{"$f":"'Detalle Bienes de Aseo y Caf'!K206","v":0},{"$f":"'Detalle Bienes de Aseo y Caf'!L206","v":0}]
[193,"Agua potable 4 (Compra)","- Agua potable potable purificada","Botellón de mínimo 18.9 L",{"$f":"SUM(M207:P207)","v":44},{"$f":"IF(E207>0,(VLOOKUP($C$5&$C$6&B207,ConsolidadoServicios!$A:$K,11,0)),0)","v":20644},{"$f":"IF(E207>0,(VLOOKUP(B207,Minimos!$A:$B,2,0)),0)","v":10903},0.25,0.60389217205967805,8177.25,359799,{"$f":"ROUND(VLOOKUP($C$5&B207,ConsolidadoServicios!P:Q,2,0)*80%,2)","v":0},{"$f":"'Detalle Bienes de Aseo y Caf'!I207","v":24},{"$f":"'Detalle Bienes de Aseo y Caf'!J207","v":4},{"$f":"'Detalle Bienes de Aseo y Caf'!K207","v":8},{"$f":"'Detalle Bienes de Aseo y Caf'!L207","v":8}]
[194,"Válvula dispensadora para botellón de agua (Compra)","-Válvula en material plástico con boquilla ajustable a los diferentes tipos de botellones","Unidad",0,{"$f":"IF(E208>0,(VLOOKUP($C$5&$C$6&B208,ConsolidadoServicios!$A:$K,11,0)),0)","v":0},{"$f":"IF(E208>0,(VLOOKUP(B208,Minimos!$A:$B,2,0)),0)","v":0},{"$f":"IF(E208>0,IF(I208>0,(G208-J208)/G208,0),0)","v":0},null,{"$f":"ROUND((F208*(1-I208)),2)","v":0},{"$f":"J208*E208","v":0},{"$f":"ROUND(VLOOKUP($C$5&B208,ConsolidadoServicios!P:Q,2,0)*80%,2)","v":0},{"$f":"'Detalle Bienes de Aseo y Caf'!I208","v":0},{"$f":"'Detalle Bienes de Aseo y Caf'!J208","v":0},{"$f":"'Detalle Bienes de Aseo y Caf'!K208","v":0},{"$f":"'Detalle Bienes de Aseo y Caf'!L208","v":0}]
[195,"Servilleta de tela (Compra)","- Elaborada en tela\n- Color blanco\n- Dimensiones mínimas de 40 cm de largo y 40 cm de ancho.","Unidad",0,{"$f":"IF(E209>0,(VLOOKUP($C$5&$C$6&B209,ConsolidadoServicios!$A:$K,11,0)),0)","v":0},{"$f":"IF(E209>0,(VLOOKUP(B209,Minimos!$A:$B,2,0)),0)","v":0},0,null,0,0,{"$f":"ROUND(VLOOKUP($C$5&B209,ConsolidadoServicios!P:Q,2,0)*80%,2)","v":0},{"$f":"'Detalle Bienes de Aseo y Caf'!I209","v":0},{"$f":"'Detalle Bienes de Aseo y Caf'!J209","v":0},{"$f":"'Detalle Bienes de Aseo y Caf'!K209","v":0},{"$f":"'Detalle Bienes de Aseo y Caf'!L209","v":0}]
[196,"Cepillo para paredes y techos (Compra)"," - Cuerpo elaborado en plástico\n - Cerdas duras en fibra plástica\n - Largo mínimo de 140 cm","Unidad",0,{"$f":"IF(E210>0,(VLOOKUP($C$5&$C$6&B210,ConsolidadoServicios!$A:$K,11,0)),0)","v":0},{"$f":"IF(E210>0,(VLOOKUP(B210,Minimos!$A:$B,2,0)),0)","v":0},0,null,0,0,{"$f":"ROUND(VLOOKUP($C$5&B210,ConsolidadoServicios!P:Q,2,0)*80%,2)","v":0},{"$f":"'Detalle Bienes de Aseo y Caf'!I210","v":0},{"$f":"'Detalle Bienes de Aseo y Caf'!J210","v":0},{"$f":"'Detalle Bienes de Aseo y Caf'!K210","v":0},{"$f":"'Detalle Bienes de Aseo y Caf'!L210","v":0}]
[197,"Brillador 1 (Compra)","- Mopa elaborada en algodón\n- Área de barrido mínima de 100 cm de largo por 16cm de ancho\n- Armazón y mango metálico","Unidad",0,{"$f":"IF(E211>0,(VLOOKUP($C$5&$C$6&B211,ConsolidadoServicios!$A:$K,11,0)),0)","v":0},{"$f":"IF(E211>0,(VLOOKUP(B211,Minimos!$A:$B,2,0)),0)","v":0},0,null,0,0,{"$f":"ROUND(VLOOKUP($C$5&B211,ConsolidadoServicios!P:Q,2,0)*80%,2)","v":0},{"$f":"'Detalle Bienes de Aseo y Caf'!I211","v":0},{"$f":"'Detalle Bienes de Aseo y Caf'!J211","v":0},{"$f":"'Detalle Bienes de Aseo y Caf'!K211","v":0},{"$f":"'Detalle Bienes de Aseo y Caf'!L211","v":0}]
[198,"Brillador 2 (Compra)","- Mopa elaborada en algodón\n- Área de barrido mínima de 60 cm de largo por 16cm de ancho\n- Armazón y mango metálico","Unidad",0,{"$f":"IF(E212>0,(VLOOKUP($C$5&$C$6&B212,ConsolidadoServicios!$A:$K,11,0)),0)","v":0},{"$f":"IF(E212>0,(VLOOKUP(B212,Minimos!$A:$B,2,0)),0)","v":0},0,null,0,0,{"$f":"ROUND(VLOOKUP($C$5&B212,ConsolidadoServicios!P:Q,2,0)*80%,2)","v":0},{"$f":"'Detalle Bienes de Aseo y Caf'!I212","v":0},{"$f":"'Detalle Bienes de Aseo y Caf'!J212","v":0},{"$f":"'Detalle Bienes de Aseo y Caf'!K212","v":0},{"$f":"'Detalle Bienes de Aseo y Caf'!L212","v":0}]
[199,"Repuestos brillador 1 (Compra)","- Mopa elaborada en algodón\n- Área de barrido mínima de 100 cm de largo por 16 cm de ancho","Unidad",0,{"$f":"IF(E213>0,(VLOOKUP($C$5&$C$6&B213,ConsolidadoServicios!$A:$K,11,0)),0)","v":0},{"$f":"IF(E213>0,(VLOOKUP(B213,Minimos!$A:$B,2,0)),0)","v":0},0,null,0,0,{"$f":"ROUND(VLOOKUP($C$5&B213,ConsolidadoServicios!P:Q,2,0)*80%,2)","v":0},{"$f":"'Detalle Bienes de Aseo y Caf'!I213","v":0},{"$f":"'Detalle Bienes de Aseo y Caf'!J213","v":0},{"$f":"'Detalle Bienes de Aseo y Caf'!K213","v":0},{"$f":"'Detalle Bienes de Aseo y Caf'!L213","v":0}]
[200,"Repuestos brillador 2 (Compra)","- Mopa elaborada en algodón\n- Área de barrido mínima de 60 cm de largo por 16 cm de ancho","Unidad",0,{"$f":"IF(E214>0,(VLOOKUP($C$5&$C$6&B214,ConsolidadoServicios!$A:$K,11,0)),0)","v":0},{"$f":"IF(E214>0,(VLOOKUP(B214,Minimos!$A:$B,2,0)),0)","v":0},0,null,0,0,{"$f":"ROUND(VLOOKUP($C$5&B214,ConsolidadoServicios!P:Q,2,0)*80%,2)","v":0},{"$f":"'Detalle Bienes de Aseo y Caf'!I214","v":0},{"$f":"'Detalle Bienes de Aseo y Caf'!J214","v":0},{"$f":"'Detalle Bienes de Aseo y Caf'!K214","v":0},{"$f":"'Detalle Bienes de Aseo y Caf'!L214","v":0}]
[201,"Destapador para sanitario (chupa) (Compra)","- Tipo campana\n- Chupa elaborada en caucho\n- Diámetro mínimo de 12 cm\n- Mango elaborado en madera\n- Mango con longitud mínima de 33 cm","Unidad",0,{"$f":"IF(E215>0,(VLOOKUP($C$5&$C$6&B215,ConsolidadoServicios!$A:$K,11,0)),0)","v":0},{"$f":"IF(E215>0,(VLOOKUP(B215,Minimos!$A:$B,2,0)),0)","v":0},0,null,0,0,{"$f":"ROUND(VLOOKUP($C$5&B215,ConsolidadoServicios!P:Q,2,0)*80%,2)","v":0},{"$f":"'Detalle Bienes de Aseo y Caf'!I215","v":0},{"$f":"'Detalle Bienes de Aseo y Caf'!J215","v":0},{"$f":"'Detalle Bienes de Aseo y Caf'!K215","v":0},{"$f":"'Detalle Bienes de Aseo y Caf'!L215","v":0}]
[202,"Plumero o limpia polvo (Compra)","- Fibras sintéticas\n- Mango de plástico\n- Largo total mínimo de 65 cm\n- Electrostático","Unidad",0,{"$f":"IF(E216>0,(VLOOKUP($C$5&$C$6&B216,ConsolidadoServicios!$A:$K,11,0)),0)","v":0},{"$f":"IF(E216>0,(VLOOKUP(B216,Minimos!$A:$B,2,0)),0)","v":0},0,null,0,0,{"$f":"ROUND(VLOOKUP($C$5&B216,ConsolidadoServicios!P:Q,2,0)*80%,2)","v":0},{"$f":"'Detalle Bienes de Aseo y Caf'!I216","v":0},{"$f":"'Detalle Bienes de Aseo y Caf'!J216","v":0},{"$f":"'Detalle Bienes de Aseo y Caf'!K216","v":0},{"$f":"'Detalle Bienes de Aseo y Caf'!L216","v":0}]
[203,"Rastrillo 1 (Compra)","- Barra dentada plástica con mínimo 18 dientes\n- Mango metálico  plastificado con longitud mínima de 120 cm","Unidad",0,{"$f":"IF(E217>0,(VLOOKUP($C$5&$C$6&B217,ConsolidadoServicios!$A:$K,11,0)),0)","v":0},{"$f":"IF(E217>0,(VLOOKUP(B217,Minimos!$A:$B,2,0)),0)","v":0},0,null,0,0,{"$f":"ROUND(VLOOKUP($C$5&B217,ConsolidadoServicios!P:Q,2,0)*80%,2)","v":0},{"$f":"'Detalle Bienes de Aseo y Caf'!I217","v":0},{"$f":"'Detalle Bienes de Aseo y Caf'!J217","v":0},{"$f":"'Detalle Bienes de Aseo y Caf'!K217","v":0},{"$f":"'Detalle Bienes de Aseo y Caf'!L217","v":0}]
[204,"Rastrillo 2 (Compra)","- Barra dentada metálica con mínimo 18 dientes\n- Mango metálico plastificado con longitud mínima de 120 cm","Unidad",0,{"$f":"IF(E218>0,(VLOOKUP($C$5&$C$6&B218,ConsolidadoServicios!$A:$K,11,0)),0)","v":0},{"$f":"IF(E218>0,(VLOOKUP(B218,Minimos!$A:$B,2,0)),0)","v":0},0,null,0,0,{"$f":"ROUND(VLOOKUP($C$5&B218,ConsolidadoServicios!P:Q,2,0)*80%,2)","v":0},{"$f":"'Detalle Bienes de Aseo y Caf'!I218","v":0},{"$f":"'Detalle Bienes de Aseo y Caf'!J218","v":0},{"$f":"'Detalle Bienes de Aseo y Caf'!K218","v":0},{"$f":"'Detalle Bienes de Aseo y Caf'!L218","v":0}]
[205,"Recogedor de basura 1 (Compra)","- Elaborado en plástico\n- Con banda de goma y dientas barrescobas\n- Mango con longitud mínima de 70 cm","Unidad",0,{"$f":"IF(E219>0,(VLOOKUP($C$5&$C$6&B219,ConsolidadoServicios!$A:$K,11,0)),0)","v":0},{"$f":"IF(E219>0,(VLOOKUP(B219,Minimos!$A:$B,2,0)),0)","v":0},0,null,0,0,{"$f":"ROUND(VLOOKUP($C$5&B219,ConsolidadoServicios!P:Q,2,0)*80%,2)","v":0},{"$f":"'Detalle Bienes de Aseo y Caf'!I219","v":0},{"$f":"'Detalle Bienes de Aseo y Caf'!J219","v":0},{"$f":"'Detalle Bienes de Aseo y Caf'!K219","v":0},{"$f":"'Detalle Bienes de Aseo y Caf'!L219","v":0}]
[206,"Recogedor de basura 2 (Compra)"," - Elaborado en plástico\n - Plegable, con tapa que abre y cierra","Unidad",0,{"$f":"IF(E220>0,(VLOOKUP($C$5&$C$6&B220,ConsolidadoServicios!$A:$K,11,0)),0)","v":0},{"$f":"IF(E220>0,(VLOOKUP(B220,Minimos!$A:$B,2,0)),0)","v":0},0,null,0,0,{"$f":"ROUND(VLOOKUP($C$5&B220,ConsolidadoServicios!P:Q,2,0)*80%,2)","v":0},{"$f":"'Detalle Bienes de Aseo y Caf'!I220","v":0},{"$f":"'Detalle Bienes de Aseo y Caf'!J220","v":0},{"$f":"'Detalle Bienes de Aseo y Caf'!K220","v":0},{"$f":"'Detalle Bienes de Aseo y Caf'!L220","v":0}]
[207,"Atomizadores (Compra)","- Elaborado en plástico\n- Reutilizable\n- Capacidad mínima de 500 cc\n- con pistola","Unidad",4,{"$f":"IF(E221>0,(VLOOKUP($C$5&$C$6&B221,ConsolidadoServicios!$A:$K,11,0)),0)","v":3956},{"$f":"IF(E221>0,(VLOOKUP(B221,Minimos!$A:$B,2,0)),0)","v":1566},0.20000000000000004,0.68331648129423705,1252.8,5011.2,{"$f":"ROUND(VLOOKUP($C$5&B221,ConsolidadoServicios!P:Q,2,0)*80%,2)","v":0},{"$f":"'Detalle Bienes de Aseo y Caf'!I221","v":1},{"$f":"'Detalle Bienes de Aseo y Caf'!J221","v":1},{"$f":"'Detalle Bienes de Aseo y Caf'!K221","v":1},{"$f":"'Detalle Bienes de Aseo y Caf'!L221","v":1}]
[208,"Caneca para almacenar ropa sucia  (Arrendamiento)","- Elaborado en plástico\n- Dimensiones mínimas de 50 cm de alto por 30 cm de ancho\n- Incluye tapa\n- En colores variados","Unidad",0,{"$f":"IF(E222>0,(VLOOKUP($C$5&$C$6&B222,ConsolidadoServicios!$A:$K,11,0)),0)","v":0},{"$f":"IF(E222>0,(VLOOKUP(B222,Minimos!$A:$B,2,0)),0)","v":0},0,null,0,0,{"$f":"ROUND(VLOOKUP($C$5&B222,ConsolidadoServicios!P:Q,2,0)*80%,2)","v":0},{"$f":"'Detalle Bienes de Aseo y Caf'!I222","v":0},{"$f":"'Detalle Bienes de Aseo y Caf'!J222","v":0},{"$f":"'Detalle Bienes de Aseo y Caf'!K222","v":0},{"$f":"'Detalle Bienes de Aseo y Caf'!L222","v":0}]
[209,"Caneca para almacenar ropa sucia  (Compra)","- Elaborado en plástico\n- Dimensiones mínimas de 50 cm de alto por 30 cm de ancho\n- Incluye tapa\n- En colores variados","Unidad",0,{"$f":"IF(E223>0,(VLOOKUP($C$5&$C$6&B223,ConsolidadoServicios!$A:$K,11,0)),0)","v":0},{"$f":"IF(E223>0,(VLOOKUP(B223,Minimos!$A:$B,2,0)),0)","v":0},0,null,0,0,{"$f":"ROUND(VLOOKUP($C$5&B223,ConsolidadoServicios!P:Q,2,0)*80%,2)","v":0},{"$f":"'Detalle Bienes de Aseo y Caf'!I223","v":0},{"$f":"'Detalle Bienes de Aseo y Caf'!J223","v":0},{"$f":"'Detalle Bienes de Aseo y Caf'!K223","v":0},{"$f":"'Detalle Bienes de Aseo y Caf'!L223","v":0}]
[210,"Vasos  1 (Arrendamiento)","- Elaborado en vidrio\n- Cilíndrico\n- Capacidad mínima de 9 oz","Unidad",0,{"$f":"IF(E224>0,(VLOOKUP($C$5&$C$6&B224,ConsolidadoServicios!$A:$K,11,0)),0)","v":0},{"$f":"IF(E224>0,(VLOOKUP(B224,Minimos!$A:$B,2,0)),0)","v":0},0,null,0,0,{"$f":"ROUND(VLOOKUP($C$5&B224,ConsolidadoServicios!P:Q,2,0)*80%,2)","v":0},{"$f":"'Detalle Bienes de Aseo y Caf'!I224","v":0},{"$f":"'Detalle Bienes de Aseo y Caf'!J224","v":0},{"$f":"'Detalle Bienes de Aseo y Caf'!K224","v":0},{"$f":"'Detalle Bienes de Aseo y Caf'!L224","v":0}]
[211,"Vasos  1 (Compra)","- Elaborado en vidrio\n- Cilíndrico\n- Capacidad mínima de 9 oz","Unidad",0,{"$f":"IF(E225>0,(VLOOKUP($C$5&$C$6&B225,ConsolidadoServicios!$A:$K,11,0)),0)","v":0},{"$f":"IF(E225>0,(VLOOKUP(B225,Minimos!$A:$B,2,0)),0)","v":0},0,null,0,0,{"$f":"ROUND(VLOOKUP($C$5&B225,ConsolidadoServicios!P:Q,2,0)*80%,2)","v":0},{"$f":"'Detalle Bienes de Aseo y Caf'!I225","v":0},{"$f":"'Detalle Bienes de Aseo y Caf'!J225","v":0},{"$f":"'Detalle Bienes de Aseo y Caf'!K225","v":0},{"$f":"'Detalle Bienes de Aseo y Caf'!L225","v":0}]
[212,"Vasos  2 (Arrendamiento)","- Elaborado en vidrio\n- Cilíndrico\n- Capacidad mínima de 12 oz","Unidad",0,{"$f":"IF(E226>0,(VLOOKUP($C$5&$C$6&B226,ConsolidadoServicios!$A:$K,11,0)),0)","v":0},{"$f":"IF(E226>0,(VLOOKUP(B226,Minimos!$A:$B,2,0)),0)","v":0},0,null,0,0,{"$f":"ROUND(VLOOKUP($C$5&B226,ConsolidadoServicios!P:Q,2,0)*80%,2)","v":0},{"$f":"'Detalle Bienes de Aseo y Caf'!I226","v":0},{"$f":"'Detalle Bienes de Aseo y Caf'!J226","v":0},{"$f":"'Detalle Bienes de Aseo y Caf'!K226","v":0},{"$f":"'Detalle Bienes de Aseo y Caf'!L226","v":0}]
[213,"Vasos  2 (Compra)","- Elaborado en vidrio\n- Cilíndrico\n- Capacidad mínima de 12 oz","Unidad",0,{"$f":"IF(E227>0,(VLOOKUP($C$5&$C$6&B227,ConsolidadoServicios!$A:$K,11,0)),0)","v":0},{"$f":"IF(E227>0,(VLOOKUP(B227,Minimos!$A:$B,2,0)),0)","v":0},0,null,0,0,{"$f":"ROUND(VLOOKUP($C$5&B227,ConsolidadoServicios!P:Q,2,0)*80%,2)","v":0},{"$f":"'Detalle Bienes de Aseo y Caf'!I227","v":0},{"$f":"'Detalle Bienes de Aseo y Caf'!J227","v":0},{"$f":"'Detalle Bienes de Aseo y Caf'!K227","v":0},{"$f":"'Detalle Bienes de Aseo y Caf'!L227","v":0}]
[214,"Cuchara  (Compra)","- Elaboradas en acero inoxidable\n- Longitud total mínima de 17 cm","Unidad",0,{"$f":"IF(E228>0,(VLOOKUP($C$5&$C$6&B228,ConsolidadoServicios!$A:$K,11,0)),0)","v":0},{"$f":"IF(E228>0,(VLOOKUP(B228,Minimos!$A:$B,2,0)),0)","v":0},0,null,0,0,{"$f":"ROUND(VLOOKUP($C$5&B228,ConsolidadoServicios!P:Q,2,0)*80%,2)","v":0},{"$f":"'Detalle Bienes de Aseo y Caf'!I228","v":0},{"$f":"'Detalle Bienes de Aseo y Caf'!J228","v":0},{"$f":"'Detalle Bienes de Aseo y Caf'!K228","v":0},{"$f":"'Detalle Bienes de Aseo y Caf'!L228","v":0}]
[215,"Tenedor  (Compra)","- Elaborados en acero inoxidable\n- lisos\n- Longitud total mínima de 17 cm","Unidad",0,{"$f":"IF(E229>0,(VLOOKUP($C$5&$C$6&B229,ConsolidadoServicios!$A:$K,11,0)),0)","v":0},{"$f":"IF(E229>0,(VLOOKUP(B229,Minimos!$A:$B,2,0)),0)","v":0},0,null,0,0,{"$f":"ROUND(VLOOKUP($C$5&B229,ConsolidadoServicios!P:Q,2,0)*80%,2)","v":0},{"$f":"'Detalle Bienes de Aseo y Caf'!I229","v":0},{"$f":"'Detalle Bienes de Aseo y Caf'!J229","v":0},{"$f":"'Detalle Bienes de Aseo y Caf'!K229","v":0},{"$f":"'Detalle Bienes de Aseo y Caf'!L229","v":0}]
[216,"Cuchillo  (Compra)","- Elaborados en acero inoxidable\n- lisos\n- Longitud total mínima de 20 cm","Unidad",0,{"$f":"IF(E230>0,(VLOOKUP($C$5&$C$6&B230,ConsolidadoServicios!$A:$K,11,0)),0)","v":0},{"$f":"IF(E230>0,(VLOOKUP(B230,Minimos!$A:$B,2,0)),0)","v":0},0,null,0,0,{"$f":"ROUND(VLOOKUP($C$5&B230,ConsolidadoServicios!P:Q,2,0)*80%,2)","v":0},{"$f":"'Detalle Bienes de Aseo y Caf'!I230","v":0},{"$f":"'Detalle Bienes de Aseo y Caf'!J230","v":0},{"$f":"'Detalle Bienes de Aseo y Caf'!K230","v":0},{"$f":"'Detalle Bienes de Aseo y Caf'!L230","v":0}]
[217,"Cuchara pequeña  (Compra)","- Elaborados en acero inoxidable\n- lisos\n- Longitud total mínima de 12 cm","Unidad",0,{"$f":"IF(E231>0,(VLOOKUP($C$5&$C$6&B231,ConsolidadoServicios!$A:$K,11,0)),0)","v":0},{"$f":"IF(E231>0,(VLOOKUP(B231,Minimos!$A:$B,2,0)),0)","v":0},0,null,0,0,{"$f":"ROUND(VLOOKUP($C$5&B231,ConsolidadoServicios!P:Q,2,0)*80%,2)","v":0},{"$f":"'Detalle Bienes de Aseo y Caf'!I231","v":0},{"$f":"'Detalle Bienes de Aseo y Caf'!J231","v":0},{"$f":"'Detalle Bienes de Aseo y Caf'!K231","v":0},{"$f":"'Detalle Bienes de Aseo y Caf'!L231","v":0}]
[218,"Platos  1 (Arrendamiento)","- Elaborados en porcelana blanca\n- Llanos\n- Color blanco sin diseño\n- Diámetro mínimo de 26 cm\n- Apto para uso en horno microondas","Unidad",0,{"$f":"IF(E232>0,(VLOOKUP($C$5&$C$6&B232,ConsolidadoServicios!$A:$K,11,0)),0)","v":0},{"$f":"IF(E232>0,(VLOOKUP(B232,Minimos!$A:$B,2,0)),0)","v":0},0,null,0,0,{"$f":"ROUND(VLOOKUP($C$5&B232,ConsolidadoServicios!P:Q,2,0)*80%,2)","v":0},{"$f":"'Detalle Bienes de Aseo y Caf'!I232","v":0},{"$f":"'Detalle Bienes de Aseo y Caf'!J232","v":0},{"$f":"'Detalle Bienes de Aseo y Caf'!K232","v":0},{"$f":"'Detalle Bienes de Aseo y Caf'!L232","v":0}]
[219,"Platos  1 (Compra)","- Elaborados en porcelana blanca\n- Llanos\n- Color blanco sin diseño\n- Diámetro mínimo de 26 cm\n- Apto para uso en horno microondas","Unidad",0,{"$f":"IF(E233>0,(VLOOKUP($C$5&$C$6&B233,ConsolidadoServicios!$A:$K,11,0)),0)","v":0},{"$f":"IF(E233>0,(VLOOKUP(B233,Minimos!$A:$B,2,0)),0)","v":0},0,null,0,0,{"$f":"ROUND(VLOOKUP($C$5&B233,ConsolidadoServicios!P:Q,2,0)*80%,2)","v":0},{"$f":"'Detalle Bienes de Aseo y Caf'!I233","v":0},{"$f":"'Detalle Bienes de Aseo y Caf'!J233","v":0},{"$f":"'Detalle Bienes de Aseo y Caf'!K233","v":0},{"$f":"'Detalle Bienes de Aseo y Caf'!L233","v":0}]
[220,"Platos  2 (Arrendamiento)","- Elaborados en porcelana blanca\n- Llanos\n- Color blanco sin diseño\n- Diámetro mínimo de 22 cm\n- Apto para uso en horno microondas","Unidad",0,{"$f":"IF(E234>0,(VLOOKUP($C$5&$C$6&B234,ConsolidadoServicios!$A:$K,11,0)),0)","v":0},{"$f":"IF(E234>0,(VLOOKUP(B234,Minimos!$A:$B,2,0)),0)","v":0},0,null,0,0,{"$f":"ROUND(VLOOKUP($C$5&B234,ConsolidadoServicios!P:Q,2,0)*80%,2)","v":0},{"$f":"'Detalle Bienes de Aseo y Caf'!I234","v":0},{"$f":"'Detalle Bienes de Aseo y Caf'!J234","v":0},{"$f":"'Detalle Bienes de Aseo y Caf'!K234","v":0},{"$f":"'Detalle Bienes de Aseo y Caf'!L234","v":0}]
[221,"Platos  2 (Compra)","- Elaborados en porcelana blanca\n- Llanos\n- Color blanco sin diseño\n- Diámetro mínimo de 22 cm\n- Apto para uso en horno microondas","Unidad",0,{"$f":"IF(E235>0,(VLOOKUP($C$5&$C$6&B235,ConsolidadoServicios!$A:$K,11,0)),0)","v":0},{"$f":"IF(E235>0,(VLOOKUP(B235,Minimos!$A:$B,2,0)),0)","v":0},0,null,0,0,{"$f":"ROUND(VLOOKUP($C$5&B235,ConsolidadoServicios!P:Q,2,0)*80%,2)","v":0},{"$f":"'Detalle Bienes de Aseo y Caf'!I235","v":0},{"$f":"'Detalle Bienes de Aseo y Caf'!J235","v":0},{"$f":"'Detalle Bienes de Aseo y Caf'!K235","v":0},{"$f":"'Detalle Bienes de Aseo y Caf'!L235","v":0}]
[222,"Platos  3 (Arrendamiento)","- Elaborados en porcelana blanca\n- Llanos\n- Color blanco sin diseño\n- Diámetro mínimo de 16 cm\n- Apto para uso en horno microondas","Unidad",0,{"$f":"IF(E236>0,(VLOOKUP($C$5&$C$6&B236,ConsolidadoServicios!$A:$K,11,0)),0)","v":0},{"$f":"IF(E236>0,(VLOOKUP(B236,Minimos!$A:$B,2,0)),0)","v":0},0,null,0,0,{"$f":"ROUND(VLOOKUP($C$5&B236,ConsolidadoServicios!P:Q,2,0)*80%,2)","v":0},{"$f":"'Detalle Bienes de Aseo y Caf'!I236","v":0},{"$f":"'Detalle Bienes de Aseo y Caf'!J236","v":0},{"$f":"'Detalle Bienes de Aseo y Caf'!K236","v":0},{"$f":"'Detalle Bienes de Aseo y Caf'!L236","v":0}]
[223,"Platos  3 (Compra)","- Elaborados en porcelana blanca\n- Llanos\n- Color blanco sin diseño\n- Diámetro mínimo de 16 cm\n- Apto para uso en horno microondas","Unidad",0,{"$f":"IF(E237>0,(VLOOKUP($C$5&$C$6&B237,ConsolidadoServicios!$A:$K,11,0)),0)","v":0},{"$f":"IF(E237>0,(VLOOKUP(B237,Minimos!$A:$B,2,0)),0)","v":0},0,null,0,0,{"$f":"ROUND(VLOOKUP($C$5&B237,ConsolidadoServicios!P:Q,2,0)*80%,2)","v":0},{"$f":"'Detalle Bienes de Aseo y Caf'!I237","v":0},{"$f":"'Detalle Bienes de Aseo y Caf'!J237","v":0},{"$f":"'Detalle Bienes de Aseo y Caf'!K237","v":0},{"$f":"'Detalle Bienes de Aseo y Caf'!L237","v":0}]
[224,"Platos  4 (Arrendamiento)","- Elaborados en porcelana blanca\n- Hondo\n- Color blanco sin diseño\n- Diámetro mínimo de 17 cm\n- Apto para uso en horno microondas","Unidad",0,{"$f":"IF(E238>0,(VLOOKUP($C$5&$C$6&B238,ConsolidadoServicios!$A:$K,11,0)),0)","v":0},{"$f":"IF(E238>0,(VLOOKUP(B238,Minimos!$A:$B,2,0)),0)","v":0},0,null,0,0,{"$f":"ROUND(VLOOKUP($C$5&B238,ConsolidadoServicios!P:Q,2,0)*80%,2)","v":0},{"$f":"'Detalle Bienes de Aseo y Caf'!I238","v":0},{"$f":"'Detalle Bienes de Aseo y Caf'!J238","v":0},{"$f":"'Detalle Bienes de Aseo y Caf'!K238","v":0},{"$f":"'Detalle Bienes de Aseo y Caf'!L238","v":0}]
[225,"Platos  4 (Compra)","- Elaborados en porcelana blanca\n- Hondo\n- Color blanco sin diseño\n- Diámetro mínimo de 17 cm\n- Apto para uso en horno microondas","Unidad",0,{"$f":"IF(E239>0,(VLOOKUP($C$5&$C$6&B239,ConsolidadoServicios!$A:$K,11,0)),0)","v":0},{"$f":"IF(E239>0,(VLOOKUP(B239,Minimos!$A:$B,2,0)),0)","v":0},0,null,0,0,{"$f":"ROUND(VLOOKUP($C$5&B239,ConsolidadoServicios!P:Q,2,0)*80%,2)","v":0},{"$f":"'Detalle Bienes de Aseo y Caf'!I239","v":0},{"$f":"'Detalle Bienes de Aseo y Caf'!J239","v":0},{"$f":"'Detalle Bienes de Aseo y Caf'!K239","v":0},{"$f":"'Detalle Bienes de Aseo y Caf'!L239","v":0}]
[226,"Platos  5 (Arrendamiento)","- Elaborados en porcelana blanca\n- Hondo\n- Color blanco  sin diseño\n- Diámetro mínimo de 22 cm\n- Apto para uso en horno microondas","Unidad",0,{"$f":"IF(E240>0,(VLOOKUP($C$5&$C$6&B240,ConsolidadoServicios!$A:$K,11,0)),0)","v":0},{"$f":"IF(E240>0,(VLOOKUP(B240,Minimos!$A:$B,2,0)),0)","v":0},0,null,0,0,{"$f":"ROUND(VLOOKUP($C$5&B240,ConsolidadoServicios!P:Q,2,0)*80%,2)","v":0},{"$f":"'Detalle Bienes de Aseo y Caf'!I240","v":0},{"$f":"'Detalle Bienes de Aseo y Caf'!J240","v":0},{"$f":"'Detalle Bienes de Aseo y Caf'!K240","v":0},{"$f":"'Detalle Bienes de Aseo y Caf'!L240","v":0}]
[227,"Platos  5 (Compra)","- Elaborados en porcelana blanca\n- Hondo\n- Color blanco  sin diseño\n- Diámetro mínimo de 22 cm\n- Apto para uso en horno microondas","Unidad",0,{"$f":"IF(E241>0,(VLOOKUP($C$5&$C$6&B241,ConsolidadoServicios!$A:$K,11,0)),0)","v":0},{"$f":"IF(E241>0,(VLOOKUP(B241,Minimos!$A:$B,2,0)),0)","v":0},0,null,0,0,{"$f":"ROUND(VLOOKUP($C$5&B241,ConsolidadoServicios!P:Q,2,0)*80%,2)","v":0},{"$f":"'Detalle Bienes de Aseo y Caf'!I241","v":0},{"$f":"'Detalle Bienes de Aseo y Caf'!J241","v":0},{"$f":"'Detalle Bienes de Aseo y Caf'!K241","v":0},{"$f":"'Detalle Bienes de Aseo y Caf'!L241","v":0}]
[228,"Pocillos  (Arrendamiento)","- Elaborado en porcelana blanca para café\n- Sin diseño\n- De mínimo 150 cc\n- No se debe rayar con el uso de cubiertos\n- Debe ser apta para uso en microondas","Unidad",0,{"$f":"IF(E242>0,(VLOOKUP($C$5&$C$6&B242,ConsolidadoServicios!$A:$K,11,0)),0)","v":0},{"$f":"IF(E242>0,(VLOOKUP(B242,Minimos!$A:$B,2,0)),0)","v":0},0,null,0,0,{"$f":"ROUND(VLOOKUP($C$5&B242,ConsolidadoServicios!P:Q,2,0)*80%,2)","v":0},{"$f":"'Detalle Bienes de Aseo y Caf'!I242","v":0},{"$f":"'Detalle Bienes de Aseo y Caf'!J242","v":0},{"$f":"'Detalle Bienes de Aseo y Caf'!K242","v":0},{"$f":"'Detalle Bienes de Aseo y Caf'!L242","v":0}]
[229,"Pocillos  (Compra)","- Elaborado en porcelana blanca para café\n- Sin diseño\n- De mínimo 150 cc\n- No se debe rayar con el uso de cubiertos\n- Debe ser apta para uso en microondas","Unidad",0,{"$f":"IF(E243>0,(VLOOKUP($C$5&$C$6&B243,ConsolidadoServicios!$A:$K,11,0)),0)","v":0},{"$f":"IF(E243>0,(VLOOKUP(B243,Minimos!$A:$B,2,0)),0)","v":0},0,null,0,0,{"$f":"ROUND(VLOOKUP($C$5&B243,ConsolidadoServicios!P:Q,2,0)*80%,2)","v":0},{"$f":"'Detalle Bienes de Aseo y Caf'!I243","v":0},{"$f":"'Detalle Bienes de Aseo y Caf'!J243","v":0},{"$f":"'Detalle Bienes de Aseo y Caf'!K243","v":0},{"$f":"'Detalle Bienes de Aseo y Caf'!L243","v":0}]
[230,"Juego de cubiertos  (Compra)","- Elaborados en acero inoxidable\n- Incluye cuchillo (longitud mínima de 20 cm), tenedor (longitud mínima de 17 cm), cuchara (longitud mínima de 17 cm), cuchara pequeña para postre (longitud mínima de 12 cm) y tenedor pequeño (longitud mínima de 12 cm).","Juego de 6 puestos",0,{"$f":"IF(E244>0,(VLOOKUP($C$5&$C$6&B244,ConsolidadoServicios!$A:$K,11,0)),0)","v":0},{"$f":"IF(E244>0,(VLOOKUP(B244,Minimos!$A:$B,2,0)),0)","v":0},0,null,0,0,{"$f":"ROUND(VLOOKUP($C$5&B244,ConsolidadoServicios!P:Q,2,0)*80%,2)","v":0},{"$f":"'Detalle Bienes de Aseo y Caf'!I244","v":0},{"$f":"'Detalle Bienes de Aseo y Caf'!J244","v":0},{"$f":"'Detalle Bienes de Aseo y Caf'!K244","v":0},{"$f":"'Detalle Bienes de Aseo y Caf'!L244","v":0}]
[231,"Terno para café (Arrendamiento)","-Pocillo y plato de porcelana blanca para café.\n- Sin diseño\n- Plato de mínimo 12 cm de diámetro y pocillo de mínimo 150 cc\n- No se debe rayar con el uso de los cubiertos y\ndebe ser apta para uso en horno microondas.","Juego",0,{"$f":"IF(E245>0,(VLOOKUP($C$5&$C$6&B245,ConsolidadoServicios!$A:$K,11,0)),0)","v":0},{"$f":"IF(E245>0,(VLOOKUP(B245,Minimos!$A:$B,2,0)),0)","v":0},0,null,0,0,{"$f":"ROUND(VLOOKUP($C$5&B245,ConsolidadoServicios!P:Q,2,0)*80%,2)","v":0},{"$f":"'Detalle Bienes de Aseo y Caf'!I245","v":0},{"$f":"'Detalle Bienes de Aseo y Caf'!J245","v":0},{"$f":"'Detalle Bienes de Aseo y Caf'!K245","v":0},{"$f":"'Detalle Bienes de Aseo y Caf'!L245","v":0}]
[232,"Terno para café (Compra)","-Pocillo y plato de porcelana blanca para café.\n- Sin diseño\n- Plato de mínimo 12 cm de diámetro y pocillo de mínimo 150 cc\n- No se debe rayar con el uso de los cubiertos y\ndebe ser apta para uso en horno microondas.","Juego",0,{"$f":"IF(E246>0,(VLOOKUP($C$5&$C$6&B246,ConsolidadoServicios!$A:$K,11,0)),0)","v":0},{"$f":"IF(E246>0,(VLOOKUP(B246,Minimos!$A:$B,2,0)),0)","v":0},0,null,0,0,{"$f":"ROUND(VLOOKUP($C$5&B246,ConsolidadoServicios!P:Q,2,0)*80%,2)","v":0},{"$f":"'Detalle Bienes de Aseo y Caf'!I246","v":0},{"$f":"'Detalle Bienes de Aseo y Caf'!J246","v":0},{"$f":"'Detalle Bienes de Aseo y Caf'!K246","v":0},{"$f":"'Detalle Bienes de Aseo y Caf'!L246","v":0}]
[233,"Vajilla  1 (Arrendamiento)","- Elaborada en porcelana\n- Sin diseño\n- Compuesta de 8 puestos y cuatro piezas por puesto:\n- Plato para cena (diámetro mínimo de 26 cm)\n- Plato hondo (diámetro mínimo de 20 cm)\n- Plato auxiliar (diámetro mínimo de 16 cm)\n- Taza (capacidad mínima es de 280 cc)\n- Apta para uso en horno microondas.","Juego",0,{"$f":"IF(E247>0,(VLOOKUP($C$5&$C$6&B247,ConsolidadoServicios!$A:$K,11,0)),0)","v":0},{"$f":"IF(E247>0,(VLOOKUP(B247,Minimos!$A:$B,2,0)),0)","v":0},0,null,0,0,{"$f":"ROUND(VLOOKUP($C$5&B247,ConsolidadoServicios!P:Q,2,0)*80%,2)","v":0},{"$f":"'Detalle Bienes de Aseo y Caf'!I247","v":0},{"$f":"'Detalle Bienes de Aseo y Caf'!J247","v":0},{"$f":"'Detalle Bienes de Aseo y Caf'!K247","v":0},{"$f":"'Detalle Bienes de Aseo y Caf'!L247","v":0}]
[234,"Vajilla  1 (Compra)","- Elaborada en porcelana\n- Sin diseño\n- Compuesta de 8 puestos y cuatro piezas por puesto:\n- Plato para cena (diámetro mínimo de 26 cm)\n- Plato hondo (diámetro mínimo de 20 cm)\n- Plato auxiliar (diámetro mínimo de 16 cm)\n- Taza (capacidad mínima es de 280 cc)\n- Apta para uso en horno microondas.","Juego",0,{"$f":"IF(E248>0,(VLOOKUP($C$5&$C$6&B248,ConsolidadoServicios!$A:$K,11,0)),0)","v":0},{"$f":"IF(E248>0,(VLOOKUP(B248,Minimos!$A:$B,2,0)),0)","v":0},0,null,0,0,{"$f":"ROUND(VLOOKUP($C$5&B248,ConsolidadoServicios!P:Q,2,0)*80%,2)","v":0},{"$f":"'Detalle Bienes de Aseo y Caf'!I248","v":0},{"$f":"'Detalle Bienes de Aseo y Caf'!J248","v":0},{"$f":"'Detalle Bienes de Aseo y Caf'!K248","v":0},{"$f":"'Detalle Bienes de Aseo y Caf'!L248","v":0}]
[235,"Vajilla  2 (Arrendamiento)","- Elaborada en porcelana\n- Sin diseño\n- Compuesta de 4 puestos y cuatro piezas por puesto:\n- Plato para cena (diámetro mínimo de 26 cm)\n- Plato hondo (diámetro mínimo de 20 cm)\n- Plato auxiliar (diámetro mínimo de 16 cm)\n- Taza (capacidad mínima es de 280 cc)\n- Apta para uso en horno microondas.","Juego",0,{"$f":"IF(E249>0,(VLOOKUP($C$5&$C$6&B249,ConsolidadoServicios!$A:$K,11,0)),0)","v":0},{"$f":"IF(E249>0,(VLOOKUP(B249,Minimos!$A:$B,2,0)),0)","v":0},0,null,{"$f":"ROUND((F249*(1-I249)),2)","v":0},0,null,{"$f":"'Detalle Bienes de Aseo y Caf'!I249","v":0},{"$f":"'Detalle Bienes de Aseo y Caf'!J249","v":0},{"$f":"'Detalle Bienes de Aseo y Caf'!K249","v":0},{"$f":"'Detalle Bienes de Aseo y Caf'!L249","v":0}]
[236,"Vajilla  2 (Compra)","- Elaborada en porcelana\n- Sin diseño\n- Compuesta de 4 puestos y cuatro piezas por puesto:\n- Plato para cena (diámetro mínimo de 26 cm)\n- Plato hondo (diámetro mínimo de 20 cm)\n- Plato auxiliar (diámetro mínimo de 16 cm)\n- Taza (capacidad mínima es de 280 cc)\n- Apta para uso en horno microondas.","Juego",0,{"$f":"IF(E250>0,(VLOOKUP($C$5&$C$6&B250,ConsolidadoServicios!$A:$K,11,0)),0)","v":0},{"$f":"IF(E250>0,(VLOOKUP(B250,Minimos!$A:$B,2,0)),0)","v":0},0,null,0,0,null,{"$f":"'Detalle Bienes de Aseo y Caf'!I250","v":0},{"$f":"'Detalle Bienes de Aseo y Caf'!J250","v":0},{"$f":"'Detalle Bienes de Aseo y Caf'!K250","v":0},{"$f":"'Detalle Bienes de Aseo y Caf'!L250","v":0}]
[237,"Cuchillo de cocina  (Compra)","- Hoja elaborada en acero inoxidable de mínimo 20 cm de largo y 2 cm de ancho.\n- Mango liso elaborado en polipropileno negro","Unidad",0,{"$f":"IF(E251>0,(VLOOKUP($C$5&$C$6&B251,ConsolidadoServicios!$A:$K,11,0)),0)","v":0},{"$f":"IF(E251>0,(VLOOKUP(B251,Minimos!$A:$B,2,0)),0)","v":0},0,null,0,0,null,{"$f":"'Detalle Bienes de Aseo y Caf'!I251","v":0},{"$f":"'Detalle Bienes de Aseo y Caf'!J251","v":0},{"$f":"'Detalle Bienes de Aseo y Caf'!K251","v":0},{"$f":"'Detalle Bienes de Aseo y Caf'!L251","v":0}]
[238,"Tijeras de cocina  (Compra)","- Hojas elaborada en acero inoxidable de mínimo 20 cm de largo\n- Mango de plástico liso","Unidad",0,{"$f":"IF(E252>0,(VLOOKUP($C$5&$C$6&B252,ConsolidadoServicios!$A:$K,11,0)),0)","v":0},{"$f":"IF(E252>0,(VLOOKUP(B252,Minimos!$A:$B,2,0)),0)","v":0},0,null,0,0,null,{"$f":"'Detalle Bienes de Aseo y Caf'!I252","v":0},{"$f":"'Detalle Bienes de Aseo y Caf'!J252","v":0},{"$f":"'Detalle Bienes de Aseo y Caf'!K252","v":0},{"$f":"'Detalle Bienes de Aseo y Caf'!L252","v":0}]
[239,"Jarra  (Arrendamiento)","- Elaborada en vidrio\n- Sin diseño\n- Capacidad mínima de 1,5 litros","Unidad",0,{"$f":"IF(E253>0,(VLOOKUP($C$5&$C$6&B253,ConsolidadoServicios!$A:$K,11,0)),0)","v":0},{"$f":"IF(E253>0,(VLOOKUP(B253,Minimos!$A:$B,2,0)),0)","v":0},0,null,0,0,null,{"$f":"'Detalle Bienes de Aseo y Caf'!I253","v":0},{"$f":"'Detalle Bienes de Aseo y Caf'!J253","v":0},{"$f":"'Detalle Bienes de Aseo y Caf'!K253","v":0},{"$f":"'Detalle Bienes de Aseo y Caf'!L253","v":0}]
[240,"Jarra  (Compra)","- Elaborada en vidrio\n- Sin diseño\n- Capacidad mínima de 1,5 litros","Unidad",0,{"$f":"IF(E254>0,(VLOOKUP($C$5&$C$6&B254,ConsolidadoServicios!$A:$K,11,0)),0)","v":0},{"$f":"IF(E254>0,(VLOOKUP(B254,Minimos!$A:$B,2,0)),0)","v":0},0,null,0,0,null,{"$f":"'Detalle Bienes de Aseo y Caf'!I254","v":0},{"$f":"'Detalle Bienes de Aseo y Caf'!J254","v":0},{"$f":"'Detalle Bienes de Aseo y Caf'!K254","v":0},{"$f":"'Detalle Bienes de Aseo y Caf'!L254","v":0}]
[241,"Combustible para Cortadora de césped, sopladora de hojas y guadañas (Compra)"," - Gasolina ","Galón",0,{"$f":"IF(E255>0,(VLOOKUP($C$5&$C$6&B255,ConsolidadoServicios!$A:$K,11,0)),0)","v":0},{"$f":"IF(E255>0,(VLOOKUP(B255,Minimos!$A:$B,2,0)),0)","v":0},0,null,0,0,null,{"$f":"'Detalle Bienes de Aseo y Caf'!I255","v":0},{"$f":"'Detalle Bienes de Aseo y Caf'!J255","v":0},{"$f":"'Detalle Bienes de Aseo y Caf'!K255","v":0},{"$f":"'Detalle Bienes de Aseo y Caf'!L255","v":0}]
[242,"Organizador  porta escobas  (Compra)","- Con capacidad para organizar mínimo 4 escobas de manera simultánea","Unidad",0,{"$f":"IF(E256>0,(VLOOKUP($C$5&$C$6&B256,ConsolidadoServicios!$A:$K,11,0)),0)","v":0},{"$f":"IF(E256>0,(VLOOKUP(B256,Minimos!$A:$B,2,0)),0)","v":0},0,null,0,0,null,{"$f":"'Detalle Bienes de Aseo y Caf'!I256","v":0},{"$f":"'Detalle Bienes de Aseo y Caf'!J256","v":0},{"$f":"'Detalle Bienes de Aseo y Caf'!K256","v":0},{"$f":"'Detalle Bienes de Aseo y Caf'!L256","v":0}]
[243,"Espátula  (Compra)","- Metálica con mango de plástico\n- Con hoja de mínimo 2 pulgadas de largo","Unidad",0,{"$f":"IF(E257>0,(VLOOKUP($C$5&$C$6&B257,ConsolidadoServicios!$A:$K,11,0)),0)","v":0},{"$f":"IF(E257>0,(VLOOKUP(B257,Minimos!$A:$B,2,0)),0)","v":0},0,null,0,0,null,{"$f":"'Detalle Bienes de Aseo y Caf'!I257","v":0},{"$f":"'Detalle Bienes de Aseo y Caf'!J257","v":0},{"$f":"'Detalle Bienes de Aseo y Caf'!K257","v":0},{"$f":"'Detalle Bienes de Aseo y Caf'!L257","v":0}]
[244,"Haraganes 1  (Compra)","- Para limpiar vidrios\n- Con banda de goma con longitud mínima de 25 cm.\n- Mango con longitud mínima de 60 cm","Unidad",0,{"$f":"IF(E258>0,(VLOOKUP($C$5&$C$6&B258,ConsolidadoServicios!$A:$K,11,0)),0)","v":0},{"$f":"IF(E258>0,(VLOOKUP(B258,Minimos!$A:$B,2,0)),0)","v":0},0,null,0,0,null,{"$f":"'Detalle Bienes de Aseo y Caf'!I258","v":0},{"$f":"'Detalle Bienes de Aseo y Caf'!J258","v":0},{"$f":"'Detalle Bienes de Aseo y Caf'!K258","v":0},{"$f":"'Detalle Bienes de Aseo y Caf'!L258","v":0}]
[245,"Haraganes 2  (Compra)","- Para limpiar vidrios\n- Con banda de goma con longitud mínima de 50 cm.\n- Mango metálico extensible con longitud mínima\nde 60 cm y máxima de 150 cm","Unidad",0,{"$f":"IF(E259>0,(VLOOKUP($C$5&$C$6&B259,ConsolidadoServicios!$A:$K,11,0)),0)","v":0},{"$f":"IF(E259>0,(VLOOKUP(B259,Minimos!$A:$B,2,0)),0)","v":0},0,null,0,0,null,{"$f":"'Detalle Bienes de Aseo y Caf'!I259","v":0},{"$f":"'Detalle Bienes de Aseo y Caf'!J259","v":0},{"$f":"'Detalle Bienes de Aseo y Caf'!K259","v":0},{"$f":"'Detalle Bienes de Aseo y Caf'!L259","v":0}]
[246,"Haraganes 3  (Compra)","- Para escurrir pisos\n- Con banda de goma con longitud mínima de 35 cm","Unidad",0,{"$f":"IF(E260>0,(VLOOKUP($C$5&$C$6&B260,ConsolidadoServicios!$A:$K,11,0)),0)","v":0},{"$f":"IF(E260>0,(VLOOKUP(B260,Minimos!$A:$B,2,0)),0)","v":0},0,null,0,0,null,{"$f":"'Detalle Bienes de Aseo y Caf'!I260","v":0},{"$f":"'Detalle Bienes de Aseo y Caf'!J260","v":0},{"$f":"'Detalle Bienes de Aseo y Caf'!K260","v":0},{"$f":"'Detalle Bienes de Aseo y Caf'!L260","v":0}]
[247,"Haraganes 4  (Compra)","- Para escurrir pisos\n-Con banda de goma con longitud mínima de 50 cm.","Unidad",0,{"$f":"IF(E261>0,(VLOOKUP($C$5&$C$6&B261,ConsolidadoServicios!$A:$K,11,0)),0)","v":0},{"$f":"IF(E261>0,(VLOOKUP(B261,Minimos!$A:$B,2,0)),0)","v":0},0,null,0,0,null,{"$f":"'Detalle Bienes de Aseo y Caf'!I261","v":0},{"$f":"'Detalle Bienes de Aseo y Caf'!J261","v":0},{"$f":"'Detalle Bienes de Aseo y Caf'!K261","v":0},{"$f":"'Detalle Bienes de Aseo y Caf'!L261","v":0}]
[248,"Balde (Arrendamiento)","- Capacidad mínima de 10 litros\n- Con manija móvil\n- Con \"pico\" antiderrames\n- Disponibles en diferentes colores\n- Elaborado en material reciclable\n- Marcado de acuerdo con la norma ISO 11469 y ISO 1043. ","Unidad",0,{"$f":"IF(E262>0,(VLOOKUP($C$5&$C$6&B262,ConsolidadoServicios!$A:$K,11,0)),0)","v":0},{"$f":"IF(E262>0,(VLOOKUP(B262,Minimos!$A:$B,2,0)),0)","v":0},0,null,0,0,null,{"$f":"'Detalle Bienes de Aseo y Caf'!I262","v":0},{"$f":"'Detalle Bienes de Aseo y Caf'!J262","v":0},{"$f":"'Detalle Bienes de Aseo y Caf'!K262","v":0},{"$f":"'Detalle Bienes de Aseo y Caf'!L262","v":0}]
[249,"Balde (Compra)","- Capacidad mínima de 10 litros\n- Con manija móvil\n- Con \"pico\" antiderrames\n- Disponibles en diferentes colores\n- Elaborado en material reciclable\n- Marcado de acuerdo con la norma ISO 11469 y ISO 1043. ","Unidad",0,{"$f":"IF(E263>0,(VLOOKUP($C$5&$C$6&B263,ConsolidadoServicios!$A:$K,11,0)),0)","v":0},{"$f":"IF(E263>0,(VLOOKUP(B263,Minimos!$A:$B,2,0)),0)","v":0},0,null,0,0,null,{"$f":"'Detalle Bienes de Aseo y Caf'!I263","v":0},{"$f":"'Detalle Bienes de Aseo y Caf'!J263","v":0},{"$f":"'Detalle Bienes de Aseo y Caf'!K263","v":0},{"$f":"'Detalle Bienes de Aseo y Caf'!L263","v":0}]
[250,"Plato Biodegradable 1 (Compra)","- Plato pando, circular, sin divisiones \n- Biodegradable  \n-Tamaño: 15 cm\n- Sin ala\n- Elaborado con la fibra de caña de azúcar o almidón de maíz\n- No debe contener PVC o Poliestireno expandido u otros plásticos de un solo uso tanto en el envase como en el embalaje.","Unidad",0,{"$f":"IF(E264>0,(VLOOKUP($C$5&$C$6&B264,ConsolidadoServicios!$A:$K,11,0)),0)","v":0},{"$f":"IF(E264>0,(VLOOKUP(B264,Minimos!$A:$B,2,0)),0)","v":0},0,null,0,0,null,{"$f":"'Detalle Bienes de Aseo y Caf'!I264","v":0},{"$f":"'Detalle Bienes de Aseo y Caf'!J264","v":0},{"$f":"'Detalle Bienes de Aseo y Caf'!K264","v":0},{"$f":"'Detalle Bienes de Aseo y Caf'!L264","v":0}]
[251,"Plato Biodegradable 2 (Compra)","- Plato pando, circular, sin divisiones \n- Biodegradable  \n-Tamaño: 18 cm\n- Sin ala\n- Elaborado con la fibra de caña de azúcar o almidón de maíz\n- No debe contener PVC o Poliestireno expandido u otros plásticos de un solo uso tanto en el envase como en el embalaje.","Unidad",0,{"$f":"IF(E265>0,(VLOOKUP($C$5&$C$6&B265,ConsolidadoServicios!$A:$K,11,0)),0)","v":0},{"$f":"IF(E265>0,(VLOOKUP(B265,Minimos!$A:$B,2,0)),0)","v":0},0,null,0,0,null,{"$f":"'Detalle Bienes de Aseo y Caf'!I265","v":0},{"$f":"'Detalle Bienes de Aseo y Caf'!J265","v":0},{"$f":"'Detalle Bienes de Aseo y Caf'!K265","v":0},{"$f":"'Detalle Bienes de Aseo y Caf'!L265","v":0}]
[252,"Pocillos 1 (Arrendamiento)","- Elaborado en porcelana blanca para café\n- De mínimo 170 cc\n- No se debe rayar con el uso de cubiertos\n- Debe ser apta para uso en microondas","Unidad",0,{"$f":"IF(E266>0,(VLOOKUP($C$5&$C$6&B266,ConsolidadoServicios!$A:$K,11,0)),0)","v":0},{"$f":"IF(E266>0,(VLOOKUP(B266,Minimos!$A:$B,2,0)),0)","v":0},0,null,0,0,null,{"$f":"'Detalle Bienes de Aseo y Caf'!I266","v":0},{"$f":"'Detalle Bienes de Aseo y Caf'!J266","v":0},{"$f":"'Detalle Bienes de Aseo y Caf'!K266","v":0},{"$f":"'Detalle Bienes de Aseo y Caf'!L266","v":0}]
[253,"Pocillos 1 (Compra)","- Elaborado en porcelana blanca para café\n- De mínimo 170 cc\n- No se debe rayar con el uso de cubiertos\n- Debe ser apta para uso en microondas","Unidad",0,{"$f":"IF(E267>0,(VLOOKUP($C$5&$C$6&B267,ConsolidadoServicios!$A:$K,11,0)),0)","v":0},{"$f":"IF(E267>0,(VLOOKUP(B267,Minimos!$A:$B,2,0)),0)","v":0},0,null,0,0,null,{"$f":"'Detalle Bienes de Aseo y Caf'!I267","v":0},{"$f":"'Detalle Bienes de Aseo y Caf'!J267","v":0},{"$f":"'Detalle Bienes de Aseo y Caf'!K267","v":0},{"$f":"'Detalle Bienes de Aseo y Caf'!L267","v":0}]
[254,"Terno para café  (Arrendamiento)","-Pocillo y plato de porcelana blanca para café.\n- Plato de mínimo 13 cm de diámetro y pocillo de mínimo 170 cc\n- No se debe rayar con el uso de los cubiertos y\ndebe ser apta para uso en horno microondas.","Juego",0,{"$f":"IF(E268>0,(VLOOKUP($C$5&$C$6&B268,ConsolidadoServicios!$A:$K,11,0)),0)","v":0},{"$f":"IF(E268>0,(VLOOKUP(B268,Minimos!$A:$B,2,0)),0)","v":0},0,null,0,0,null,{"$f":"'Detalle Bienes de Aseo y Caf'!I268","v":0},{"$f":"'Detalle Bienes de Aseo y Caf'!J268","v":0},{"$f":"'Detalle Bienes de Aseo y Caf'!K268","v":0},{"$f":"'Detalle Bienes de Aseo y Caf'!L268","v":0}]
[255,"Terno para café  (Compra)","-Pocillo y plato de porcelana blanca para café.\n- Plato de mínimo 13 cm de diámetro y pocillo de mínimo 170 cc\n- No se debe rayar con el uso de los cubiertos y\ndebe ser apta para uso en horno microondas.","Juego",0,{"$f":"IF(E269>0,(VLOOKUP($C$5&$C$6&B269,ConsolidadoServicios!$A:$K,11,0)),0)","v":0},{"$f":"IF(E269>0,(VLOOKUP(B269,Minimos!$A:$B,2,0)),0)","v":0},0,null,0,0,null,{"$f":"'Detalle Bienes de Aseo y Caf'!I269","v":0},{"$f":"'Detalle Bienes de Aseo y Caf'!J269","v":0},{"$f":"'Detalle Bienes de Aseo y Caf'!K269","v":0},{"$f":"'Detalle Bienes de Aseo y Caf'!L269","v":0}]
[256,"Cafetera 1 (Arrendamiento)"," - Capacidad mínima de 12 tazas\n - 120 voltios\n - Potencia mínima de 900 w\n - Filtro permanente\n - Material plástico\n - Jarra de vidrio","Unidad",0,{"$f":"IF(E270>0,(VLOOKUP($C$5&$C$6&B270,ConsolidadoServicios!$A:$K,11,0)),0)","v":0},{"$f":"IF(E270>0,(VLOOKUP(B270,Minimos!$A:$B,2,0)),0)","v":0},0,null,0,0,null,{"$f":"'Detalle Bienes de Aseo y Caf'!I270","v":0},{"$f":"'Detalle Bienes de Aseo y Caf'!J270","v":0},{"$f":"'Detalle Bienes de Aseo y Caf'!K270","v":0},{"$f":"'Detalle Bienes de Aseo y Caf'!L270","v":0}]
[257,"Cafetera 1 (Compra)"," - Capacidad mínima de 12 tazas\n - 120 voltios\n - Potencia mínima de 900 w\n - Filtro permanente\n - Material plástico\n - Jarra de vidrio","Unidad",{"$f":"SUM(M271:P271)","v":0},{"$f":"IF(E271>0,(VLOOKUP($C$5&$C$6&B271,ConsolidadoServicios!$A:$K,11,0)),0)","v":0},{"$f":"IF(E271>0,(VLOOKUP(B271,Minimos!$A:$B,2,0)),0)","v":0},0,null,0,0,null,{"$f":"'Detalle Bienes de Aseo y Caf'!I271","v":0},{"$f":"'Detalle Bienes de Aseo y Caf'!J271","v":0},{"$f":"'Detalle Bienes de Aseo y Caf'!K271","v":0},{"$f":"'Detalle Bienes de Aseo y Caf'!L271","v":0}]
[258,"Vajilla  3 (Arrendamiento)","- Elaborada en porcelana\n- Compuesta de 8 puestos y cuatro piezas por puesto:\n- Plato para cena (diámetro mínimo de 26 cm)\n- Plato hondo (diámetro mínimo de 20 cm)\n- Plato auxiliar (diámetro mínimo de 17 cm)\n- Taza (capacidad mínima es de 280 cc)\n- Apta para uso en horno microondas","Juego",0,{"$f":"IF(E272>0,(VLOOKUP($C$5&$C$6&B272,ConsolidadoServicios!$A:$K,11,0)),0)","v":0},{"$f":"IF(E272>0,(VLOOKUP(B272,Minimos!$A:$B,2,0)),0)","v":0},{"$f":"IF(E272>0,IF(I272>0,(G272-J272)/G272,0),0)","v":0},null,0,{"$f":"J272*E272","v":0},null,{"$f":"'Detalle Bienes de Aseo y Caf'!I272","v":0},{"$f":"'Detalle Bienes de Aseo y Caf'!J272","v":0},{"$f":"'Detalle Bienes de Aseo y Caf'!K272","v":0},{"$f":"'Detalle Bienes de Aseo y Caf'!L272","v":0}]
[259,"Vajilla  3 (Compra)","- Elaborada en porcelana\n- Compuesta de 8 puestos y cuatro piezas por puesto:\n- Plato para cena (diámetro mínimo de 26 cm)\n- Plato hondo (diámetro mínimo de 20 cm)\n- Plato auxiliar (diámetro mínimo de 17 cm)\n- Taza (capacidad mínima es de 280 cc)\n- Apta para uso en horno microondas","Juego",0,{"$f":"IF(E273>0,(VLOOKUP($C$5&$C$6&B273,ConsolidadoServicios!$A:$K,11,0)),0)","v":0},{"$f":"IF(E273>0,(VLOOKUP(B273,Minimos!$A:$B,2,0)),0)","v":0},0,null,0,0,null,{"$f":"'Detalle Bienes de Aseo y Caf'!I273","v":0},{"$f":"'Detalle Bienes de Aseo y Caf'!J273","v":0},{"$f":"'Detalle Bienes de Aseo y Caf'!K273","v":0},{"$f":"'Detalle Bienes de Aseo y Caf'!L273","v":0}]
[260,"Vajilla  4 (Arrendamiento)","- Elaborada en porcelana\n- Compuesta de 4 puestos y cuatro piezas por puesto:\n- Plato para cena (diámetro mínimo de 26 cm)\n- Plato hondo (diámetro mínimo de 20 cm)\n- Plato auxiliar (diámetro mínimo de 17 cm)\n- Taza (capacidad mínima es de 280 cc)\n- Apta para uso en horno microondas","Juego",0,{"$f":"IF(E274>0,(VLOOKUP($C$5&$C$6&B274,ConsolidadoServicios!$A:$K,11,0)),0)","v":0},{"$f":"IF(E274>0,(VLOOKUP(B274,Minimos!$A:$B,2,0)),0)","v":0},0,null,0,0,null,{"$f":"'Detalle Bienes de Aseo y Caf'!I274","v":0},{"$f":"'Detalle Bienes de Aseo y Caf'!J274","v":0},{"$f":"'Detalle Bienes de Aseo y Caf'!K274","v":0},{"$f":"'Detalle Bienes de Aseo y Caf'!L274","v":0}]
[261,"Vajilla  4 (Compra)","- Elaborada en porcelana\n- Compuesta de 4 puestos y cuatro piezas por puesto:\n- Plato para cena (diámetro mínimo de 26 cm)\n- Plato hondo (diámetro mínimo de 20 cm)\n- Plato auxiliar (diámetro mínimo de 17 cm)\n- Taza (capacidad mínima es de 280 cc)\n- Apta para uso en horno microondas","Juego",0,{"$f":"IF(E275>0,(VLOOKUP($C$5&$C$6&B275,ConsolidadoServicios!$A:$K,11,0)),0)","v":0},{"$f":"IF(E275>0,(VLOOKUP(B275,Minimos!$A:$B,2,0)),0)","v":0},0,null,0,0,null,{"$f":"'Detalle Bienes de Aseo y Caf'!I275","v":0},{"$f":"'Detalle Bienes de Aseo y Caf'!J275","v":0},{"$f":"'Detalle Bienes de Aseo y Caf'!K275","v":0},{"$f":"'Detalle Bienes de Aseo y Caf'!L275","v":0}]
[262,"Portavasos (Arrendamiento)","- Elaborado en acero inoxidable\n- Diámetro mínimo de 12 cm","Unidad",0,{"$f":"IF(E276>0,(VLOOKUP($C$5&$C$6&B276,ConsolidadoServicios!$A:$K,11,0)),0)","v":0},{"$f":"IF(E276>0,(VLOOKUP(B276,Minimos!$A:$B,2,0)),0)","v":0},0,null,0,0,null,{"$f":"'Detalle Bienes de Aseo y Caf'!I276","v":0},{"$f":"'Detalle Bienes de Aseo y Caf'!J276","v":0},{"$f":"'Detalle Bienes de Aseo y Caf'!K276","v":0},{"$f":"'Detalle Bienes de Aseo y Caf'!L276","v":0}]
[263,"Portavasos (Compra)","- Elaborado en acero inoxidable\n- Diámetro mínimo de 12 cm","Unidad",0,{"$f":"IF(E277>0,(VLOOKUP($C$5&$C$6&B277,ConsolidadoServicios!$A:$K,11,0)),0)","v":0},{"$f":"IF(E277>0,(VLOOKUP(B277,Minimos!$A:$B,2,0)),0)","v":0},0,null,0,0,null,{"$f":"'Detalle Bienes de Aseo y Caf'!I277","v":0},{"$f":"'Detalle Bienes de Aseo y Caf'!J277","v":0},{"$f":"'Detalle Bienes de Aseo y Caf'!K277","v":0},{"$f":"'Detalle Bienes de Aseo y Caf'!L277","v":0}]
[264,"Bandeja 1 (Arrendamiento)","- Elaborada en acero inoxidable\n- Sin diseño\n- Dimensiones mínimas de 37 cm de largo por 27 cm de ancho","Unidad",0,{"$f":"IF(E278>0,(VLOOKUP($C$5&$C$6&B278,ConsolidadoServicios!$A:$K,11,0)),0)","v":0},{"$f":"IF(E278>0,(VLOOKUP(B278,Minimos!$A:$B,2,0)),0)","v":0},0,null,0,0,null,{"$f":"'Detalle Bienes de Aseo y Caf'!I278","v":0},{"$f":"'Detalle Bienes de Aseo y Caf'!J278","v":0},{"$f":"'Detalle Bienes de Aseo y Caf'!K278","v":0},{"$f":"'Detalle Bienes de Aseo y Caf'!L278","v":0}]
[265,"Bandeja 1 (Compra)","- Elaborada en acero inoxidable\n- Sin diseño\n- Dimensiones mínimas de 37 cm de largo por 27 cm de ancho","Unidad",0,{"$f":"IF(E279>0,(VLOOKUP($C$5&$C$6&B279,ConsolidadoServicios!$A:$K,11,0)),0)","v":0},{"$f":"IF(E279>0,(VLOOKUP(B279,Minimos!$A:$B,2,0)),0)","v":0},0,null,0,0,null,{"$f":"'Detalle Bienes de Aseo y Caf'!I279","v":0},{"$f":"'Detalle Bienes de Aseo y Caf'!J279","v":0},{"$f":"'Detalle Bienes de Aseo y Caf'!K279","v":0},{"$f":"'Detalle Bienes de Aseo y Caf'!L279","v":0}]
[266,"Bandeja 2 (Arrendamiento)","- Elaborada en acero inoxidable\n- Sin diseño\n- Dimensiones mínimas de 50 cm de largo por 33 cm de ancho","Unidad",0,{"$f":"IF(E280>0,(VLOOKUP($C$5&$C$6&B280,ConsolidadoServicios!$A:$K,11,0)),0)","v":0},{"$f":"IF(E280>0,(VLOOKUP(B280,Minimos!$A:$B,2,0)),0)","v":0},0,null,0,0,null,{"$f":"'Detalle Bienes de Aseo y Caf'!I280","v":0},{"$f":"'Detalle Bienes de Aseo y Caf'!J280","v":0},{"$f":"'Detalle Bienes de Aseo y Caf'!K280","v":0},{"$f":"'Detalle Bienes de Aseo y Caf'!L280","v":0}]
[267,"Bandeja 2 (Compra)","- Elaborada en acero inoxidable\n- Sin diseño\n- Dimensiones mínimas de 50 cm de largo por 33 cm de ancho","Unidad",0,{"$f":"IF(E281>0,(VLOOKUP($C$5&$C$6&B281,ConsolidadoServicios!$A:$K,11,0)),0)","v":0},{"$f":"IF(E281>0,(VLOOKUP(B281,Minimos!$A:$B,2,0)),0)","v":0},0,null,0,0,null,{"$f":"'Detalle Bienes de Aseo y Caf'!I281","v":0},{"$f":"'Detalle Bienes de Aseo y Caf'!J281","v":0},{"$f":"'Detalle Bienes de Aseo y Caf'!K281","v":0},{"$f":"'Detalle Bienes de Aseo y Caf'!L281","v":0}]
[268,"Bandeja 3 (Arrendamiento)","- Elaborada en plástico\n- Superficie antideslizante\n- Diseño sencillo\n- Dimensiones mínimas de 37cm de largo por 27 cm de ancho\n- Color blanco o beige","Unidad",0,{"$f":"IF(E282>0,(VLOOKUP($C$5&$C$6&B282,ConsolidadoServicios!$A:$K,11,0)),0)","v":0},{"$f":"IF(E282>0,(VLOOKUP(B282,Minimos!$A:$B,2,0)),0)","v":0},0,null,0,0,null,{"$f":"'Detalle Bienes de Aseo y Caf'!I282","v":0},{"$f":"'Detalle Bienes de Aseo y Caf'!J282","v":0},{"$f":"'Detalle Bienes de Aseo y Caf'!K282","v":0},{"$f":"'Detalle Bienes de Aseo y Caf'!L282","v":0}]
[269,"Bandeja 3 (Compra)","- Elaborada en plástico\n- Superficie antideslizante\n- Diseño sencillo\n- Dimensiones mínimas de 37cm de largo por 27 cm de ancho\n- Color blanco o beige","Unidad",0,{"$f":"IF(E283>0,(VLOOKUP($C$5&$C$6&B283,ConsolidadoServicios!$A:$K,11,0)),0)","v":0},{"$f":"IF(E283>0,(VLOOKUP(B283,Minimos!$A:$B,2,0)),0)","v":0},0,null,0,0,null,{"$f":"'Detalle Bienes de Aseo y Caf'!I283","v":0},{"$f":"'Detalle Bienes de Aseo y Caf'!J283","v":0},{"$f":"'Detalle Bienes de Aseo y Caf'!K283","v":0},{"$f":"'Detalle Bienes de Aseo y Caf'!L283","v":0}]
[270,"Bandeja 4 (Arrendamiento)","- Elaborada en plástico\n- Superficie antideslizante\n- Diseño sencillo\n- Dimensiones mínimas de 45 cm de largo por 35 cm de ancho\n- Color blanco o beige","Unidad",0,{"$f":"IF(E284>0,(VLOOKUP($C$5&$C$6&B284,ConsolidadoServicios!$A:$K,11,0)),0)","v":0},{"$f":"IF(E284>0,(VLOOKUP(B284,Minimos!$A:$B,2,0)),0)","v":0},0,null,0,0,null,{"$f":"'Detalle Bienes de Aseo y Caf'!I284","v":0},{"$f":"'Detalle Bienes de Aseo y Caf'!J284","v":0},{"$f":"'Detalle Bienes de Aseo y Caf'!K284","v":0},{"$f":"'Detalle Bienes de Aseo y Caf'!L284","v":0}]
[271,"Bandeja 4 (Compra)","- Elaborada en plástico\n- Superficie antideslizante\n- Diseño sencillo\n- Dimensiones mínimas de 45 cm de largo por 35 cm de ancho\n- Color blanco o beige","Unidad",0,{"$f":"IF(E285>0,(VLOOKUP($C$5&$C$6&B285,ConsolidadoServicios!$A:$K,11,0)),0)","v":0},{"$f":"IF(E285>0,(VLOOKUP(B285,Minimos!$A:$B,2,0)),0)","v":0},0,null,0,0,null,{"$f":"'Detalle Bienes de Aseo y Caf'!I285","v":0},{"$f":"'Detalle Bienes de Aseo y Caf'!J285","v":0},{"$f":"'Detalle Bienes de Aseo y Caf'!K285","v":0},{"$f":"'Detalle Bienes de Aseo y Caf'!L285","v":0}]
[272,"Olleta (Arrendamiento)","- Elaborada en aluminio\n- Capacidad mínima de 2 litros","Unidad",0,{"$f":"IF(E286>0,(VLOOKUP($C$5&$C$6&B286,ConsolidadoServicios!$A:$K,11,0)),0)","v":0},{"$f":"IF(E286>0,(VLOOKUP(B286,Minimos!$A:$B,2,0)),0)","v":0},0,null,0,0,null,{"$f":"'Detalle Bienes de Aseo y Caf'!I286","v":0},{"$f":"'Detalle Bienes de Aseo y Caf'!J286","v":0},{"$f":"'Detalle Bienes de Aseo y Caf'!K286","v":0},{"$f":"'Detalle Bienes de Aseo y Caf'!L286","v":0}]
[273,"Olleta (Compra)","- Elaborada en aluminio\n- Capacidad mínima de 2 litros","Unidad",0,{"$f":"IF(E287>0,(VLOOKUP($C$5&$C$6&B287,ConsolidadoServicios!$A:$K,11,0)),0)","v":0},{"$f":"IF(E287>0,(VLOOKUP(B287,Minimos!$A:$B,2,0)),0)","v":0},0,null,0,0,null,{"$f":"'Detalle Bienes de Aseo y Caf'!I287","v":0},{"$f":"'Detalle Bienes de Aseo y Caf'!J287","v":0},{"$f":"'Detalle Bienes de Aseo y Caf'!K287","v":0},{"$f":"'Detalle Bienes de Aseo y Caf'!L287","v":0}]
[274,"Olla 1 (Arrendamiento)","- Elaborada en aluminio\n- Con tapa en aluminio\n- Capacidad mínima de 3 litros","Unidad",0,{"$f":"IF(E288>0,(VLOOKUP($C$5&$C$6&B288,ConsolidadoServicios!$A:$K,11,0)),0)","v":0},{"$f":"IF(E288>0,(VLOOKUP(B288,Minimos!$A:$B,2,0)),0)","v":0},0,null,0,0,null,{"$f":"'Detalle Bienes de Aseo y Caf'!I288","v":0},{"$f":"'Detalle Bienes de Aseo y Caf'!J288","v":0},{"$f":"'Detalle Bienes de Aseo y Caf'!K288","v":0},{"$f":"'Detalle Bienes de Aseo y Caf'!L288","v":0}]
[275,"Olla 1 (Compra)","- Elaborada en aluminio\n- Con tapa en aluminio\n- Capacidad mínima de 3 litros","Unidad",0,{"$f":"IF(E289>0,(VLOOKUP($C$5&$C$6&B289,ConsolidadoServicios!$A:$K,11,0)),0)","v":0},{"$f":"IF(E289>0,(VLOOKUP(B289,Minimos!$A:$B,2,0)),0)","v":0},0,null,0,0,null,{"$f":"'Detalle Bienes de Aseo y Caf'!I289","v":0},{"$f":"'Detalle Bienes de Aseo y Caf'!J289","v":0},{"$f":"'Detalle Bienes de Aseo y Caf'!K289","v":0},{"$f":"'Detalle Bienes de Aseo y Caf'!L289","v":0}]
[276,"Olla 2 (Arrendamiento)","- Elaborada en aluminio\n- Con tapa en aluminio\n- Capacidad mínima de 5 litros","Unidad",0,{"$f":"IF(E290>0,(VLOOKUP($C$5&$C$6&B290,ConsolidadoServicios!$A:$K,11,0)),0)","v":0},{"$f":"IF(E290>0,(VLOOKUP(B290,Minimos!$A:$B,2,0)),0)","v":0},0,null,0,0,null,{"$f":"'Detalle Bienes de Aseo y Caf'!I290","v":0},{"$f":"'Detalle Bienes de Aseo y Caf'!J290","v":0},{"$f":"'Detalle Bienes de Aseo y Caf'!K290","v":0},{"$f":"'Detalle Bienes de Aseo y Caf'!L290","v":0}]
[277,"Olla 2 (Compra)","- Elaborada en aluminio\n- Con tapa en aluminio\n- Capacidad mínima de 5 litros","Unidad",0,{"$f":"IF(E291>0,(VLOOKUP($C$5&$C$6&B291,ConsolidadoServicios!$A:$K,11,0)),0)","v":0},{"$f":"IF(E291>0,(VLOOKUP(B291,Minimos!$A:$B,2,0)),0)","v":0},0,null,0,0,null,{"$f":"'Detalle Bienes de Aseo y Caf'!I291","v":0},{"$f":"'Detalle Bienes de Aseo y Caf'!J291","v":0},{"$f":"'Detalle Bienes de Aseo y Caf'!K291","v":0},{"$f":"'Detalle Bienes de Aseo y Caf'!L291","v":0}]
[278,"Escurridor para platos (Arrendamiento)","- Elaborado en plástico\n- Con rejilla, portacubiertos y bandeja plástica de goteo\n- Dimensiones mínimas de 40 cm de largo y 30 cm de ancho","Unidad",0,{"$f":"IF(E292>0,(VLOOKUP($C$5&$C$6&B292,ConsolidadoServicios!$A:$K,11,0)),0)","v":0},{"$f":"IF(E292>0,(VLOOKUP(B292,Minimos!$A:$B,2,0)),0)","v":0},0,null,0,0,null,{"$f":"'Detalle Bienes de Aseo y Caf'!I292","v":0},{"$f":"'Detalle Bienes de Aseo y Caf'!J292","v":0},{"$f":"'Detalle Bienes de Aseo y Caf'!K292","v":0},{"$f":"'Detalle Bienes de Aseo y Caf'!L292","v":0}]
[279,"Escurridor para platos (Compra)","- Elaborado en plástico\n- Con rejilla, portacubiertos y bandeja plástica de goteo\n- Dimensiones mínimas de 40 cm de largo y 30 cm de ancho","Unidad",0,{"$f":"IF(E293>0,(VLOOKUP($C$5&$C$6&B293,ConsolidadoServicios!$A:$K,11,0)),0)","v":0},{"$f":"IF(E293>0,(VLOOKUP(B293,Minimos!$A:$B,2,0)),0)","v":0},0,null,0,0,null,{"$f":"'Detalle Bienes de Aseo y Caf'!I293","v":0},{"$f":"'Detalle Bienes de Aseo y Caf'!J293","v":0},{"$f":"'Detalle Bienes de Aseo y Caf'!K293","v":0},{"$f":"'Detalle Bienes de Aseo y Caf'!L293","v":0}]
[280,"Soporte para Botellón de agua (Compra)"," - Metálico\n- Plegable","Unidad",0,{"$f":"IF(E294>0,(VLOOKUP($C$5&$C$6&B294,ConsolidadoServicios!$A:$K,11,0)),0)","v":0},{"$f":"IF(E294>0,(VLOOKUP(B294,Minimos!$A:$B,2,0)),0)","v":0},0,null,0,0,null,{"$f":"'Detalle Bienes de Aseo y Caf'!I294","v":0},{"$f":"'Detalle Bienes de Aseo y Caf'!J294","v":0},{"$f":"'Detalle Bienes de Aseo y Caf'!K294","v":0},{"$f":"'Detalle Bienes de Aseo y Caf'!L294","v":0}]
[281,"Carro exprimidor de trapero 1 (Arrendamiento)"," - Elaborado en plástico\n - Capacidad mínima de 24 litros\n - Con cuatro ruedas y manija de escurridor","Unidad",0,{"$f":"IF(E295>0,(VLOOKUP($C$5&$C$6&B295,ConsolidadoServicios!$A:$K,11,0)),0)","v":0},{"$f":"IF(E295>0,(VLOOKUP(B295,Minimos!$A:$B,2,0)),0)","v":0},0,null,0,0,null,{"$f":"'Detalle Bienes de Aseo y Caf'!I295","v":0},{"$f":"'Detalle Bienes de Aseo y Caf'!J295","v":0},{"$f":"'Detalle Bienes de Aseo y Caf'!K295","v":0},{"$f":"'Detalle Bienes de Aseo y Caf'!L295","v":0}]
[282,"Carro exprimidor de trapero 1 (Compra)"," - Elaborado en plástico\n - Capacidad mínima de 24 litros\n - Con cuatro ruedas y manija de escurridor","Unidad",0,{"$f":"IF(E296>0,(VLOOKUP($C$5&$C$6&B296,ConsolidadoServicios!$A:$K,11,0)),0)","v":0},{"$f":"IF(E296>0,(VLOOKUP(B296,Minimos!$A:$B,2,0)),0)","v":0},0,null,0,0,null,{"$f":"'Detalle Bienes de Aseo y Caf'!I296","v":0},{"$f":"'Detalle Bienes de Aseo y Caf'!J296","v":0},{"$f":"'Detalle Bienes de Aseo y Caf'!K296","v":0},{"$f":"'Detalle Bienes de Aseo y Caf'!L296","v":0}]
[283,"Carro exprimidor de trapero 2 (Arrendamiento)","- Elaborado en plástico\n- Capacidad mínima de 35 litros\n- Con cuatro ruedas y manija de escurridor","Unidad",0,{"$f":"IF(E297>0,(VLOOKUP($C$5&$C$6&B297,ConsolidadoServicios!$A:$K,11,0)),0)","v":0},{"$f":"IF(E297>0,(VLOOKUP(B297,Minimos!$A:$B,2,0)),0)","v":0},0,null,0,0,null,{"$f":"'Detalle Bienes de Aseo y Caf'!I297","v":0},{"$f":"'Detalle Bienes de Aseo y Caf'!J297","v":0},{"$f":"'Detalle Bienes de Aseo y Caf'!K297","v":0},{"$f":"'Detalle Bienes de Aseo y Caf'!L297","v":0}]
[284,"Carro exprimidor de trapero 2 (Compra)","- Elaborado en plástico\n- Capacidad mínima de 35 litros\n- Con cuatro ruedas y manija de escurridor","Unidad",0,{"$f":"IF(E298>0,(VLOOKUP($C$5&$C$6&B298,ConsolidadoServicios!$A:$K,11,0)),0)","v":0},{"$f":"IF(E298>0,(VLOOKUP(B298,Minimos!$A:$B,2,0)),0)","v":0},0,null,0,0,null,{"$f":"'Detalle Bienes de Aseo y Caf'!I298","v":0},{"$f":"'Detalle Bienes de Aseo y Caf'!J298","v":0},{"$f":"'Detalle Bienes de Aseo y Caf'!K298","v":0},{"$f":"'Detalle Bienes de Aseo y Caf'!L298","v":0}]
[285,"Carros para limpieza (Arrendamiento)","- Tamaño mínimo de 70 cm de largo por 50 cm de ancho por 95 cm de alto\n- Mínimo dos bandejas de servicio\n- Con mínimo una bolsa de limpieza\n- Con plataforma para balde escurridor\n- Con cuatro ruedas antirayones\n- Ruedas delanteras con ángulo de giro de 360 grados","Unidad",0,{"$f":"IF(E299>0,(VLOOKUP($C$5&$C$6&B299,ConsolidadoServicios!$A:$K,11,0)),0)","v":0},{"$f":"IF(E299>0,(VLOOKUP(B299,Minimos!$A:$B,2,0)),0)","v":0},0,null,0,0,null,{"$f":"'Detalle Bienes de Aseo y Caf'!I299","v":0},{"$f":"'Detalle Bienes de Aseo y Caf'!J299","v":0},{"$f":"'Detalle Bienes de Aseo y Caf'!K299","v":0},{"$f":"'Detalle Bienes de Aseo y Caf'!L299","v":0}]
[286,"Carros para limpieza (Compra)","- Tamaño mínimo de 70 cm de largo por 50 cm de ancho por 95 cm de alto\n- Mínimo dos bandejas de servicio\n- Con mínimo una bolsa de limpieza\n- Con plataforma para balde escurridor\n- Con cuatro ruedas antirayones\n- Ruedas delanteras con ángulo de giro de 360 grados","Unidad",0,{"$f":"IF(E300>0,(VLOOKUP($C$5&$C$6&B300,ConsolidadoServicios!$A:$K,11,0)),0)","v":0},{"$f":"IF(E300>0,(VLOOKUP(B300,Minimos!$A:$B,2,0)),0)","v":0},0,null,0,0,null,{"$f":"'Detalle Bienes de Aseo y Caf'!I300","v":0},{"$f":"'Detalle Bienes de Aseo y Caf'!J300","v":0},{"$f":"'Detalle Bienes de Aseo y Caf'!K300","v":0},{"$f":"'Detalle Bienes de Aseo y Caf'!L300","v":0}]
[287,"Carro de bebidas (Arrendamiento)","- Elaborado en plástico\n- Mínimo dos estantes para distribución de bebidas\n- Tamaño mínimo de 80 cm de largo por 47 cm de ancho por 90 cm de alto","Unidad",0,{"$f":"IF(E301>0,(VLOOKUP($C$5&$C$6&B301,ConsolidadoServicios!$A:$K,11,0)),0)","v":0},{"$f":"IF(E301>0,(VLOOKUP(B301,Minimos!$A:$B,2,0)),0)","v":0},0,null,0,0,null,{"$f":"'Detalle Bienes de Aseo y Caf'!I301","v":0},{"$f":"'Detalle Bienes de Aseo y Caf'!J301","v":0},{"$f":"'Detalle Bienes de Aseo y Caf'!K301","v":0},{"$f":"'Detalle Bienes de Aseo y Caf'!L301","v":0}]
[288,"Carro de bebidas (Compra)","- Elaborado en plástico\n- Mínimo dos estantes para distribución de bebidas\n- Tamaño mínimo de 80 cm de largo por 47 cm de ancho por 90 cm de alto","Unidad",0,{"$f":"IF(E302>0,(VLOOKUP($C$5&$C$6&B302,ConsolidadoServicios!$A:$K,11,0)),0)","v":0},{"$f":"IF(E302>0,(VLOOKUP(B302,Minimos!$A:$B,2,0)),0)","v":0},0,null,0,0,null,{"$f":"'Detalle Bienes de Aseo y Caf'!I302","v":0},{"$f":"'Detalle Bienes de Aseo y Caf'!J302","v":0},{"$f":"'Detalle Bienes de Aseo y Caf'!K302","v":0},{"$f":"'Detalle Bienes de Aseo y Caf'!L302","v":0}]
[289,"Escalera 1 (Arrendamiento)"," - Cuerpo plástico\n- Altura mínima de mínimo dos pasos.","Unidad",0,{"$f":"IF(E303>0,(VLOOKUP($C$5&$C$6&B303,ConsolidadoServicios!$A:$K,11,0)),0)","v":0},{"$f":"IF(E303>0,(VLOOKUP(B303,Minimos!$A:$B,2,0)),0)","v":0},0,null,0,0,null,{"$f":"'Detalle Bienes de Aseo y Caf'!I303","v":0},{"$f":"'Detalle Bienes de Aseo y Caf'!J303","v":0},{"$f":"'Detalle Bienes de Aseo y Caf'!K303","v":0},{"$f":"'Detalle Bienes de Aseo y Caf'!L303","v":0}]
[290,"Escalera 1 (Compra)"," - Cuerpo plástico\n- Altura mínima de mínimo dos pasos.","Unidad",0,{"$f":"IF(E304>0,(VLOOKUP($C$5&$C$6&B304,ConsolidadoServicios!$A:$K,11,0)),0)","v":0},{"$f":"IF(E304>0,(VLOOKUP(B304,Minimos!$A:$B,2,0)),0)","v":0},0,null,0,0,null,{"$f":"'Detalle Bienes de Aseo y Caf'!I304","v":0},{"$f":"'Detalle Bienes de Aseo y Caf'!J304","v":0},{"$f":"'Detalle Bienes de Aseo y Caf'!K304","v":0},{"$f":"'Detalle Bienes de Aseo y Caf'!L304","v":0}]
[291,"Escalera 2 (Arrendamiento)"," - Cuerpo Metálico\n- Altura mínima de  mínimo dos pasos.","Unidad",0,{"$f":"IF(E305>0,(VLOOKUP($C$5&$C$6&B305,ConsolidadoServicios!$A:$K,11,0)),0)","v":0},{"$f":"IF(E305>0,(VLOOKUP(B305,Minimos!$A:$B,2,0)),0)","v":0},0,null,0,0,null,{"$f":"'Detalle Bienes de Aseo y Caf'!I305","v":0},{"$f":"'Detalle Bienes de Aseo y Caf'!J305","v":0},{"$f":"'Detalle Bienes de Aseo y Caf'!K305","v":0},{"$f":"'Detalle Bienes de Aseo y Caf'!L305","v":0}]
[292,"Escalera 2 (Compra)"," - Cuerpo Metálico\n- Altura mínima de  mínimo dos pasos.","Unidad",0,{"$f":"IF(E306>0,(VLOOKUP($C$5&$C$6&B306,ConsolidadoServicios!$A:$K,11,0)),0)","v":0},{"$f":"IF(E306>0,(VLOOKUP(B306,Minimos!$A:$B,2,0)),0)","v":0},0,null,0,0,null,{"$f":"'Detalle Bienes de Aseo y Caf'!I306","v":0},{"$f":"'Detalle Bienes de Aseo y Caf'!J306","v":0},{"$f":"'Detalle Bienes de Aseo y Caf'!K306","v":0},{"$f":"'Detalle Bienes de Aseo y Caf'!L306","v":0}]
[293,"Escalera 3 (Arrendamiento)"," - Cuerpo Metálico\n- Altura mínima de mínimo cuatro pasos.","Unidad",0,{"$f":"IF(E307>0,(VLOOKUP($C$5&$C$6&B307,ConsolidadoServicios!$A:$K,11,0)),0)","v":0},{"$f":"IF(E307>0,(VLOOKUP(B307,Minimos!$A:$B,2,0)),0)","v":0},0,null,0,0,null,{"$f":"'Detalle Bienes de Aseo y Caf'!I307","v":0},{"$f":"'Detalle Bienes de Aseo y Caf'!J307","v":0},{"$f":"'Detalle Bienes de Aseo y Caf'!K307","v":0},{"$f":"'Detalle Bienes de Aseo y Caf'!L307","v":0}]
[294,"Escalera 3 (Compra)"," - Cuerpo Metálico\n- Altura mínima de mínimo cuatro pasos.","Unidad",0,{"$f":"IF(E308>0,(VLOOKUP($C$5&$C$6&B308,ConsolidadoServicios!$A:$K,11,0)),0)","v":0},{"$f":"IF(E308>0,(VLOOKUP(B308,Minimos!$A:$B,2,0)),0)","v":0},0,null,0,0,null,{"$f":"'Detalle Bienes de Aseo y Caf'!I308","v":0},{"$f":"'Detalle Bienes de Aseo y Caf'!J308","v":0},{"$f":"'Detalle Bienes de Aseo y Caf'!K308","v":0},{"$f":"'Detalle Bienes de Aseo y Caf'!L308","v":0}]
[295,"Escalera 4 (Arrendamiento)"," - Cuerpo Metálico\n- Altura mínima de mínimo seis pasos. ","Unidad",0,{"$f":"IF(E309>0,(VLOOKUP($C$5&$C$6&B309,ConsolidadoServicios!$A:$K,11,0)),0)","v":0},{"$f":"IF(E309>0,(VLOOKUP(B309,Minimos!$A:$B,2,0)),0)","v":0},0,null,0,0,null,{"$f":"'Detalle Bienes de Aseo y Caf'!I309","v":0},{"$f":"'Detalle Bienes de Aseo y Caf'!J309","v":0},{"$f":"'Detalle Bienes de Aseo y Caf'!K309","v":0},{"$f":"'Detalle Bienes de Aseo y Caf'!L309","v":0}]
[296,"Escalera 4 (Compra)"," - Cuerpo Metálico\n- Altura mínima de mínimo seis pasos. ","Unidad",0,{"$f":"IF(E310>0,(VLOOKUP($C$5&$C$6&B310,ConsolidadoServicios!$A:$K,11,0)),0)","v":0},{"$f":"IF(E310>0,(VLOOKUP(B310,Minimos!$A:$B,2,0)),0)","v":0},0,null,0,0,null,{"$f":"'Detalle Bienes de Aseo y Caf'!I310","v":0},{"$f":"'Detalle Bienes de Aseo y Caf'!J310","v":0},{"$f":"'Detalle Bienes de Aseo y Caf'!K310","v":0},{"$f":"'Detalle Bienes de Aseo y Caf'!L310","v":0}]
[297,"Escalera de tipo industrial (Arrendamiento)","Cuerpo en aluminio, tipo tijera\n- Altura mínima de 5 escalones\n- Con capacidad de resistencia a una carga concentrada en cualquier punto del escalón de 127 kg\n- Con tapones de caucho antideslizantes","Unidad",0,{"$f":"IF(E311>0,(VLOOKUP($C$5&$C$6&B311,ConsolidadoServicios!$A:$K,11,0)),0)","v":0},{"$f":"IF(E311>0,(VLOOKUP(B311,Minimos!$A:$B,2,0)),0)","v":0},0,null,0,0,null,{"$f":"'Detalle Bienes de Aseo y Caf'!I311","v":0},{"$f":"'Detalle Bienes de Aseo y Caf'!J311","v":0},{"$f":"'Detalle Bienes de Aseo y Caf'!K311","v":0},{"$f":"'Detalle Bienes de Aseo y Caf'!L311","v":0}]
[298,"Escalera de tipo industrial (Compra)","Cuerpo en aluminio, tipo tijera\n- Altura mínima de 5 escalones\n- Con capacidad de resistencia a una carga concentrada en cualquier punto del escalón de 127 kg\n- Con tapones de caucho antideslizantes","Unidad",0,{"$f":"IF(E312>0,(VLOOKUP($C$5&$C$6&B312,ConsolidadoServicios!$A:$K,11,0)),0)","v":0},{"$f":"IF(E312>0,(VLOOKUP(B312,Minimos!$A:$B,2,0)),0)","v":0},0,null,0,0,null,{"$f":"'Detalle Bienes de Aseo y Caf'!I312","v":0},{"$f":"'Detalle Bienes de Aseo y Caf'!J312","v":0},{"$f":"'Detalle Bienes de Aseo y Caf'!K312","v":0},{"$f":"'Detalle Bienes de Aseo y Caf'!L312","v":0}]
[299,"Mangueras 1 (Arrendamiento)"," - Longitud mínima de 20 metros\n - Elaborada en PVC\n - Con terminales roscadas en ambos extremos\n - Incluye accesorios: acoples y pistola ","Unidad",0,{"$f":"IF(E313>0,(VLOOKUP($C$5&$C$6&B313,ConsolidadoServicios!$A:$K,11,0)),0)","v":0},{"$f":"IF(E313>0,(VLOOKUP(B313,Minimos!$A:$B,2,0)),0)","v":0},0,null,{"$f":"ROUND((F313*(1-I313)),2)","v":0},0,null,{"$f":"'Detalle Bienes de Aseo y Caf'!I313","v":0},{"$f":"'Detalle Bienes de Aseo y Caf'!J313","v":0},{"$f":"'Detalle Bienes de Aseo y Caf'!K313","v":0},{"$f":"'Detalle Bienes de Aseo y Caf'!L313","v":0}]
[300,"Mangueras 1 (Compra)"," - Longitud mínima de 20 metros\n - Elaborada en PVC\n - Con terminales roscadas en ambos extremos\n - Incluye accesorios: acoples y pistola ","Unidad",0,{"$f":"IF(E314>0,(VLOOKUP($C$5&$C$6&B314,ConsolidadoServicios!$A:$K,11,0)),0)","v":0},{"$f":"IF(E314>0,(VLOOKUP(B314,Minimos!$A:$B,2,0)),0)","v":0},0,null,0,0,null,{"$f":"'Detalle Bienes de Aseo y Caf'!I314","v":0},{"$f":"'Detalle Bienes de Aseo y Caf'!J314","v":0},{"$f":"'Detalle Bienes de Aseo y Caf'!K314","v":0},{"$f":"'Detalle Bienes de Aseo y Caf'!L314","v":0}]
[301,"Mangueras 2 (Arrendamiento)","- Longitud mínima de 30 metros\n- Elaborada en PVC\n- Con terminales roscadas en ambos extremos\n- Incluye accesorios: acoples y pistola","Unidad",0,{"$f":"IF(E315>0,(VLOOKUP($C$5&$C$6&B315,ConsolidadoServicios!$A:$K,11,0)),0)","v":0},{"$f":"IF(E315>0,(VLOOKUP(B315,Minimos!$A:$B,2,0)),0)","v":0},0,null,0,0,null,{"$f":"'Detalle Bienes de Aseo y Caf'!I315","v":0},{"$f":"'Detalle Bienes de Aseo y Caf'!J315","v":0},{"$f":"'Detalle Bienes de Aseo y Caf'!K315","v":0},{"$f":"'Detalle Bienes de Aseo y Caf'!L315","v":0}]
[302,"Mangueras 2 (Compra)","- Longitud mínima de 30 metros\n- Elaborada en PVC\n- Con terminales roscadas en ambos extremos\n- Incluye accesorios: acoples y pistola","Unidad",0,{"$f":"IF(E316>0,(VLOOKUP($C$5&$C$6&B316,ConsolidadoServicios!$A:$K,11,0)),0)","v":0},{"$f":"IF(E316>0,(VLOOKUP(B316,Minimos!$A:$B,2,0)),0)","v":0},0,null,0,0,null,{"$f":"'Detalle Bienes de Aseo y Caf'!I316","v":0},{"$f":"'Detalle Bienes de Aseo y Caf'!J316","v":0},{"$f":"'Detalle Bienes de Aseo y Caf'!K316","v":0},{"$f":"'Detalle Bienes de Aseo y Caf'!L316","v":0}]
[303,"Mangueras 3 (Arrendamiento)","- Longitud mínima de 50 metros\n- Elaborada en PVC\n- Con terminales roscadas en ambos extremos\n- Incluye accesorios: acoples y pistola","Unidad",0,{"$f":"IF(E317>0,(VLOOKUP($C$5&$C$6&B317,ConsolidadoServicios!$A:$K,11,0)),0)","v":0},{"$f":"IF(E317>0,(VLOOKUP(B317,Minimos!$A:$B,2,0)),0)","v":0},0,null,0,0,null,{"$f":"'Detalle Bienes de Aseo y Caf'!I317","v":0},{"$f":"'Detalle Bienes de Aseo y Caf'!J317","v":0},{"$f":"'Detalle Bienes de Aseo y Caf'!K317","v":0},{"$f":"'Detalle Bienes de Aseo y Caf'!L317","v":0}]
[304,"Mangueras 3 (Compra)","- Longitud mínima de 50 metros\n- Elaborada en PVC\n- Con terminales roscadas en ambos extremos\n- Incluye accesorios: acoples y pistola","Unidad",0,{"$f":"IF(E318>0,(VLOOKUP($C$5&$C$6&B318,ConsolidadoServicios!$A:$K,11,0)),0)","v":0},{"$f":"IF(E318>0,(VLOOKUP(B318,Minimos!$A:$B,2,0)),0)","v":0},0,null,0,0,null,{"$f":"'Detalle Bienes de Aseo y Caf'!I318","v":0},{"$f":"'Detalle Bienes de Aseo y Caf'!J318","v":0},{"$f":"'Detalle Bienes de Aseo y Caf'!K318","v":0},{"$f":"'Detalle Bienes de Aseo y Caf'!L318","v":0}]
[305,"Contenedor de basura 1 (Compra)","- Elaborado en plástico\n- Tapa con pedal\n- Capacidad mínima de 10 litros\n- Color negro\n- Impresión de la palabra \"Plásticos\" en la cara delantera del contenedor","Unidad",0,{"$f":"IF(E319>0,(VLOOKUP($C$5&$C$6&B319,ConsolidadoServicios!$A:$K,11,0)),0)","v":0},{"$f":"IF(E319>0,(VLOOKUP(B319,Minimos!$A:$B,2,0)),0)","v":0},0,null,0,0,null,{"$f":"'Detalle Bienes de Aseo y Caf'!I319","v":0},{"$f":"'Detalle Bienes de Aseo y Caf'!J319","v":0},{"$f":"'Detalle Bienes de Aseo y Caf'!K319","v":0},{"$f":"'Detalle Bienes de Aseo y Caf'!L319","v":0}]
[306,"Contenedor de basura 2 (Compra)","- Elaborado en plástico\n- Tapa con pedal\n- Capacidad mínima de 10 litros\n- Color blanco\n- Impresión de las palabras \"Papel y cartón\" en la cara delantera del contenedor","Unidad",0,{"$f":"IF(E320>0,(VLOOKUP($C$5&$C$6&B320,ConsolidadoServicios!$A:$K,11,0)),0)","v":0},{"$f":"IF(E320>0,(VLOOKUP(B320,Minimos!$A:$B,2,0)),0)","v":0},0,null,0,0,null,{"$f":"'Detalle Bienes de Aseo y Caf'!I320","v":0},{"$f":"'Detalle Bienes de Aseo y Caf'!J320","v":0},{"$f":"'Detalle Bienes de Aseo y Caf'!K320","v":0},{"$f":"'Detalle Bienes de Aseo y Caf'!L320","v":0}]
[307,"Contenedor de basura 3 (Compra)","- Elaborado en plástico\n- Tapa con pedal\n- Capacidad mínima de 10 litros\n- Color verde\n- Impresión de las palabras  \"No reciclables\" u \"Orgánicos\" u \"Ordinarios\" en la cara delantera del contenedor","Unidad",0,{"$f":"IF(E321>0,(VLOOKUP($C$5&$C$6&B321,ConsolidadoServicios!$A:$K,11,0)),0)","v":0},{"$f":"IF(E321>0,(VLOOKUP(B321,Minimos!$A:$B,2,0)),0)","v":0},0,null,0,0,null,{"$f":"'Detalle Bienes de Aseo y Caf'!I321","v":0},{"$f":"'Detalle Bienes de Aseo y Caf'!J321","v":0},{"$f":"'Detalle Bienes de Aseo y Caf'!K321","v":0},{"$f":"'Detalle Bienes de Aseo y Caf'!L321","v":0}]
[308,"Contenedor de basura 4 (Compra)","- Elaborado en plástico\n- Tapa con pedal\n- Capacidad mínima de 10 litros\n- Color rojo\n- Impresión de las palabras \"Riesgo biológico\" o \"Residuos peligrosos\" en la cara delantera del contenedor","Unidad",0,{"$f":"IF(E322>0,(VLOOKUP($C$5&$C$6&B322,ConsolidadoServicios!$A:$K,11,0)),0)","v":0},{"$f":"IF(E322>0,(VLOOKUP(B322,Minimos!$A:$B,2,0)),0)","v":0},0,null,0,0,null,{"$f":"'Detalle Bienes de Aseo y Caf'!I322","v":0},{"$f":"'Detalle Bienes de Aseo y Caf'!J322","v":0},{"$f":"'Detalle Bienes de Aseo y Caf'!K322","v":0},{"$f":"'Detalle Bienes de Aseo y Caf'!L322","v":0}]
[309,"Contenedor de basura 5 (Compra)","- Elaborado en plástico\n- Tapa con pedal\n- Capacidad mínima de 20 litros\n- Color negro\n- Impresión de la palabra \"Plásticos\" en la cara delantera del contenedor","Unidad",0,{"$f":"IF(E323>0,(VLOOKUP($C$5&$C$6&B323,ConsolidadoServicios!$A:$K,11,0)),0)","v":0},{"$f":"IF(E323>0,(VLOOKUP(B323,Minimos!$A:$B,2,0)),0)","v":0},0,null,0,0,null,{"$f":"'Detalle Bienes de Aseo y Caf'!I323","v":0},{"$f":"'Detalle Bienes de Aseo y Caf'!J323","v":0},{"$f":"'Detalle Bienes de Aseo y Caf'!K323","v":0},{"$f":"'Detalle Bienes de Aseo y Caf'!L323","v":0}]
[310,"Contenedor de basura 6 (Compra)","- Elaborado en plástico\n- Tapa con pedal\n- Capacidad mínima de 20 litros\n- Color blanco\n- Impresión de las palabras \"Papel y cartón\" en la cara delantera del contenedor","Unidad",0,{"$f":"IF(E324>0,(VLOOKUP($C$5&$C$6&B324,ConsolidadoServicios!$A:$K,11,0)),0)","v":0},{"$f":"IF(E324>0,(VLOOKUP(B324,Minimos!$A:$B,2,0)),0)","v":0},0,null,0,0,null,{"$f":"'Detalle Bienes de Aseo y Caf'!I324","v":0},{"$f":"'Detalle Bienes de Aseo y Caf'!J324","v":0},{"$f":"'Detalle Bienes de Aseo y Caf'!K324","v":0},{"$f":"'Detalle Bienes de Aseo y Caf'!L324","v":0}]
[311,"Contenedor de basura 7 (Compra)","- Elaborado en plástico\n- Tapa con pedal\n- Capacidad mínima de 20 litros\n- Color verde\n- Impresión de las palabras  \"No reciclables\" u \"Orgánicos\" u \"Ordinarios\" en la cara delantera del contenedor","Unidad",0,{"$f":"IF(E325>0,(VLOOKUP($C$5&$C$6&B325,ConsolidadoServicios!$A:$K,11,0)),0)","v":0},{"$f":"IF(E325>0,(VLOOKUP(B325,Minimos!$A:$B,2,0)),0)","v":0},0,null,0,0,null,{"$f":"'Detalle Bienes de Aseo y Caf'!I325","v":0},{"$f":"'Detalle Bienes de Aseo y Caf'!J325","v":0},{"$f":"'Detalle Bienes de Aseo y Caf'!K325","v":0},{"$f":"'Detalle Bienes de Aseo y Caf'!L325","v":0}]
[312,"Contenedor de basura 8 (Compra)","- Elaborado en plástico\n- Tapa con pedal\n- Capacidad mínima de 20 litros\n- Color rojo\n- Impresión de las palabras \"Riesgo biológico\" o \"Residuos peligrosos\" en la cara delantera del\ncontenedor","Unidad",0,{"$f":"IF(E326>0,(VLOOKUP($C$5&$C$6&B326,ConsolidadoServicios!$A:$K,11,0)),0)","v":0},{"$f":"IF(E326>0,(VLOOKUP(B326,Minimos!$A:$B,2,0)),0)","v":0},0,null,0,0,null,{"$f":"'Detalle Bienes de Aseo y Caf'!I326","v":0},{"$f":"'Detalle Bienes de Aseo y Caf'!J326","v":0},{"$f":"'Detalle Bienes de Aseo y Caf'!K326","v":0},{"$f":"'Detalle Bienes de Aseo y Caf'!L326","v":0}]
[313,"Contenedor de basura 9 (Compra)","- Elaborado en plástico\n- Con tapa en vaivén\n- Capacidad mínima de 50 litros\n- Color negro\n- Impresión de la palabra \"Plásticos\" en la cara delantera del contenedor","Unidad",0,{"$f":"IF(E327>0,(VLOOKUP($C$5&$C$6&B327,ConsolidadoServicios!$A:$K,11,0)),0)","v":0},{"$f":"IF(E327>0,(VLOOKUP(B327,Minimos!$A:$B,2,0)),0)","v":0},0,null,0,0,null,{"$f":"'Detalle Bienes de Aseo y Caf'!I327","v":0},{"$f":"'Detalle Bienes de Aseo y Caf'!J327","v":0},{"$f":"'Detalle Bienes de Aseo y Caf'!K327","v":0},{"$f":"'Detalle Bienes de Aseo y Caf'!L327","v":0}]
[314,"Contenedor de basura 10 (Compra)","- Elaborado en plástico\n- Con tapa en vaivén\n- Capacidad mínima de 50 litros\n- Color blanco\n- Impresión de las palabras \"Papel y cartón\" en la cara delantera del contenedor","Unidad",0,{"$f":"IF(E328>0,(VLOOKUP($C$5&$C$6&B328,ConsolidadoServicios!$A:$K,11,0)),0)","v":0},{"$f":"IF(E328>0,(VLOOKUP(B328,Minimos!$A:$B,2,0)),0)","v":0},0,null,0,0,null,{"$f":"'Detalle Bienes de Aseo y Caf'!I328","v":0},{"$f":"'Detalle Bienes de Aseo y Caf'!J328","v":0},{"$f":"'Detalle Bienes de Aseo y Caf'!K328","v":0},{"$f":"'Detalle Bienes de Aseo y Caf'!L328","v":0}]
[315,"Contenedor de basura 11 (Compra)","- Elaborado en plástico\n- Con tapa en vaivén\n- Capacidad mínima de 50 litros\n- Color verde\n- Impresión de las palabras  \"No reciclables\" u \"Orgánicos\" u \"Ordinarios\" en la cara delantera del contenedor","Unidad",0,{"$f":"IF(E329>0,(VLOOKUP($C$5&$C$6&B329,ConsolidadoServicios!$A:$K,11,0)),0)","v":0},{"$f":"IF(E329>0,(VLOOKUP(B329,Minimos!$A:$B,2,0)),0)","v":0},0,null,0,0,null,{"$f":"'Detalle Bienes de Aseo y Caf'!I329","v":0},{"$f":"'Detalle Bienes de Aseo y Caf'!J329","v":0},{"$f":"'Detalle Bienes de Aseo y Caf'!K329","v":0},{"$f":"'Detalle Bienes de Aseo y Caf'!L329","v":0}]
[316,"Contenedor de basura 12 (Compra)","- Elaborado en plástico\n- Con tapa en vaivén\n- Capacidad mínima de 50 litros\n- Color rojo\n- Impresión de las palabras \"Riesgo biológico\" o \"Residuos peligrosos\" en la cara delantera del contenedor","Unidad",0,{"$f":"IF(E330>0,(VLOOKUP($C$5&$C$6&B330,ConsolidadoServicios!$A:$K,11,0)),0)","v":0},{"$f":"IF(E330>0,(VLOOKUP(B330,Minimos!$A:$B,2,0)),0)","v":0},0,null,0,0,null,{"$f":"'Detalle Bienes de Aseo y Caf'!I330","v":0},{"$f":"'Detalle Bienes de Aseo y Caf'!J330","v":0},{"$f":"'Detalle Bienes de Aseo y Caf'!K330","v":0},{"$f":"'Detalle Bienes de Aseo y Caf'!L330","v":0}]
[317,"Contenedor de basura 13 (Compra)","- Elaborado en plástico\n-- Con tapa en vaivén\n- Capacidad mínima de 120 litros\n- Color negro\n- Impresión de la palabra \"Plásticos\" en la cara delantera del contenedor","Unidad",0,{"$f":"IF(E331>0,(VLOOKUP($C$5&$C$6&B331,ConsolidadoServicios!$A:$K,11,0)),0)","v":0},{"$f":"IF(E331>0,(VLOOKUP(B331,Minimos!$A:$B,2,0)),0)","v":0},0,null,0,0,null,{"$f":"'Detalle Bienes de Aseo y Caf'!I331","v":0},{"$f":"'Detalle Bienes de Aseo y Caf'!J331","v":0},{"$f":"'Detalle Bienes de Aseo y Caf'!K331","v":0},{"$f":"'Detalle Bienes de Aseo y Caf'!L331","v":0}]
[318,"Contenedor de basura 14 (Compra)","- Elaborado en plástico\n- Con tapa en vaivén\n- Capacidad mínima de 120 litros\n- Color blanco\n- Impresión de las palabras \"Papel y cartón\" en la cara delantera del contenedor","Unidad",0,{"$f":"IF(E332>0,(VLOOKUP($C$5&$C$6&B332,ConsolidadoServicios!$A:$K,11,0)),0)","v":0},{"$f":"IF(E332>0,(VLOOKUP(B332,Minimos!$A:$B,2,0)),0)","v":0},0,null,0,0,null,{"$f":"'Detalle Bienes de Aseo y Caf'!I332","v":0},{"$f":"'Detalle Bienes de Aseo y Caf'!J332","v":0},{"$f":"'Detalle Bienes de Aseo y Caf'!K332","v":0},{"$f":"'Detalle Bienes de Aseo y Caf'!L332","v":0}]
[319,"Contenedor de basura 15 (Compra)","- Elaborado en plástico\n- Con tapa en vaivén\n- Capacidad mínima de 120 litros\n- Color verde\n- Impresión de las palabras \"No reciclables\" u \"Orgánicos\" u \"Ordinarios\" en la cara delantera del contenedor","Unidad",0,{"$f":"IF(E333>0,(VLOOKUP($C$5&$C$6&B333,ConsolidadoServicios!$A:$K,11,0)),0)","v":0},{"$f":"IF(E333>0,(VLOOKUP(B333,Minimos!$A:$B,2,0)),0)","v":0},0,null,0,0,null,{"$f":"'Detalle Bienes de Aseo y Caf'!I333","v":0},{"$f":"'Detalle Bienes de Aseo y Caf'!J333","v":0},{"$f":"'Detalle Bienes de Aseo y Caf'!K333","v":0},{"$f":"'Detalle Bienes de Aseo y Caf'!L333","v":0}]
[320,"Contenedor de basura 16 (Compra)","- Elaborado en plástico\n- Con tapa en vaivén\n- Capacidad mínima de 120 litros\n- Color rojo\n- Impresión de las palabras \"Riesgo biológico\" o\n\"Residuos peligrosos\" en la cara delantera del contenedor","Unidad",0,{"$f":"IF(E334>0,(VLOOKUP($C$5&$C$6&B334,ConsolidadoServicios!$A:$K,11,0)),0)","v":0},{"$f":"IF(E334>0,(VLOOKUP(B334,Minimos!$A:$B,2,0)),0)","v":0},0,null,0,0,null,{"$f":"'Detalle Bienes de Aseo y Caf'!I334","v":0},{"$f":"'Detalle Bienes de Aseo y Caf'!J334","v":0},{"$f":"'Detalle Bienes de Aseo y Caf'!K334","v":0},{"$f":"'Detalle Bienes de Aseo y Caf'!L334","v":0}]
[321,"Contenedor de basura 17 (Compra)","- Elaborado en plástico\n- Con tapa\n- Capacidad mínima de 180 litros\n- Color negro\n- Con ruedas traseras macizas y manijas","Unidad",{"$f":"SUM(M335:P335)","v":0},{"$f":"IF(E335>0,(VLOOKUP($C$5&$C$6&B335,ConsolidadoServicios!$A:$K,11,0)),0)","v":0},{"$f":"IF(E335>0,(VLOOKUP(B335,Minimos!$A:$B,2,0)),0)","v":0},0,null,0,0,null,{"$f":"'Detalle Bienes de Aseo y Caf'!I335","v":0},{"$f":"'Detalle Bienes de Aseo y Caf'!J335","v":0},{"$f":"'Detalle Bienes de Aseo y Caf'!K335","v":0},{"$f":"'Detalle Bienes de Aseo y Caf'!L335","v":0}]
[322,"Contenedor de basura 18 (Compra)","- Elaborado en plástico\n- Con tapa\n- Capacidad mínima de 180 litros\n- Color verde\n- Con ruedas traseras macizas y manijas","Unidad",0,{"$f":"IF(E336>0,(VLOOKUP($C$5&$C$6&B336,ConsolidadoServicios!$A:$K,11,0)),0)","v":0},{"$f":"IF(E336>0,(VLOOKUP(B336,Minimos!$A:$B,2,0)),0)","v":0},{"$f":"IF(E336>0,IF(I336>0,(G336-J336)/G336,0),0)","v":0},null,0,{"$f":"J336*E336","v":0},null,{"$f":"'Detalle Bienes de Aseo y Caf'!I336","v":0},{"$f":"'Detalle Bienes de Aseo y Caf'!J336","v":0},{"$f":"'Detalle Bienes de Aseo y Caf'!K336","v":0},{"$f":"'Detalle Bienes de Aseo y Caf'!L336","v":0}]
[323,"Contenedor de basura 19 (Compra)","- Elaborado en plástico\n- Con tapa\n- Capacidad mínima de 180 litros\n- Color blanco\n- Con ruedas traseras macizas y manijas","Unidad",0,{"$f":"IF(E337>0,(VLOOKUP($C$5&$C$6&B337,ConsolidadoServicios!$A:$K,11,0)),0)","v":0},{"$f":"IF(E337>0,(VLOOKUP(B337,Minimos!$A:$B,2,0)),0)","v":0},0,null,0,0,null,{"$f":"'Detalle Bienes de Aseo y Caf'!I337","v":0},{"$f":"'Detalle Bienes de Aseo y Caf'!J337","v":0},{"$f":"'Detalle Bienes de Aseo y Caf'!K337","v":0},{"$f":"'Detalle Bienes de Aseo y Caf'!L337","v":0}]
[324,"Contenedor de basura 20 (Compra)","- Elaborado en plástico\n- Con tapa\n- Capacidad mínima de 240 litros\n- Color negro\n- Con ruedas traseras macizas y manijas","Unidad",0,{"$f":"IF(E338>0,(VLOOKUP($C$5&$C$6&B338,ConsolidadoServicios!$A:$K,11,0)),0)","v":0},{"$f":"IF(E338>0,(VLOOKUP(B338,Minimos!$A:$B,2,0)),0)","v":0},0,null,0,0,null,{"$f":"'Detalle Bienes de Aseo y Caf'!I338","v":0},{"$f":"'Detalle Bienes de Aseo y Caf'!J338","v":0},{"$f":"'Detalle Bienes de Aseo y Caf'!K338","v":0},{"$f":"'Detalle Bienes de Aseo y Caf'!L338","v":0}]
[325,"Contenedor de basura 21 (Compra)","- Elaborado en plástico\n- Con tapa\n- Capacidad mínima de 240 litros\n- Color verde\n- Con ruedas traseras macizas y manijas","Unidad",0,{"$f":"IF(E339>0,(VLOOKUP($C$5&$C$6&B339,ConsolidadoServicios!$A:$K,11,0)),0)","v":0},{"$f":"IF(E339>0,(VLOOKUP(B339,Minimos!$A:$B,2,0)),0)","v":0},0,null,0,0,null,{"$f":"'Detalle Bienes de Aseo y Caf'!I339","v":0},{"$f":"'Detalle Bienes de Aseo y Caf'!J339","v":0},{"$f":"'Detalle Bienes de Aseo y Caf'!K339","v":0},{"$f":"'Detalle Bienes de Aseo y Caf'!L339","v":0}]
[326,"Contenedor de basura 22 (Compra)","- Elaborado en plástico\n- Con tapa\n- Capacidad mínima de 240 litros\n- Color blanco\n- Con ruedas traseras macizas y manijas","Unidad",0,{"$f":"IF(E340>0,(VLOOKUP($C$5&$C$6&B340,ConsolidadoServicios!$A:$K,11,0)),0)","v":0},{"$f":"IF(E340>0,(VLOOKUP(B340,Minimos!$A:$B,2,0)),0)","v":0},0,null,0,0,null,{"$f":"'Detalle Bienes de Aseo y Caf'!I340","v":0},{"$f":"'Detalle Bienes de Aseo y Caf'!J340","v":0},{"$f":"'Detalle Bienes de Aseo y Caf'!K340","v":0},{"$f":"'Detalle Bienes de Aseo y Caf'!L340","v":0}]
[327,"Contenedor de basura 23 (Compra)","- Elaborado en plástico\n- Con tapa\n- Capacidad mínima de 340 litros\n- Color negro\n- Con ruedas traseras macizas y manijas","Unidad",0,{"$f":"IF(E341>0,(VLOOKUP($C$5&$C$6&B341,ConsolidadoServicios!$A:$K,11,0)),0)","v":0},{"$f":"IF(E341>0,(VLOOKUP(B341,Minimos!$A:$B,2,0)),0)","v":0},0,null,0,0,null,{"$f":"'Detalle Bienes de Aseo y Caf'!I341","v":0},{"$f":"'Detalle Bienes de Aseo y Caf'!J341","v":0},{"$f":"'Detalle Bienes de Aseo y Caf'!K341","v":0},{"$f":"'Detalle Bienes de Aseo y Caf'!L341","v":0}]
[328,"Contenedor de basura 24 (Compra)","- Elaborado en plástico\n- Con tapa\n- Capacidad mínima de 340 litros\n- Color verde\n- Con ruedas traseras macizas y manijas","Unidad",0,{"$f":"IF(E342>0,(VLOOKUP($C$5&$C$6&B342,ConsolidadoServicios!$A:$K,11,0)),0)","v":0},{"$f":"IF(E342>0,(VLOOKUP(B342,Minimos!$A:$B,2,0)),0)","v":0},0,null,0,0,null,{"$f":"'Detalle Bienes de Aseo y Caf'!I342","v":0},{"$f":"'Detalle Bienes de Aseo y Caf'!J342","v":0},{"$f":"'Detalle Bienes de Aseo y Caf'!K342","v":0},{"$f":"'Detalle Bienes de Aseo y Caf'!L342","v":0}]
[329,"Contenedor de basura 25 (Compra)","- Elaborado en plástico\n- Con tapa\n- Capacidad mínima de 340 litros\n- Color blanco\n- Con ruedas traseras macizas y manijas","Unidad",0,{"$f":"IF(E343>0,(VLOOKUP($C$5&$C$6&B343,ConsolidadoServicios!$A:$K,11,0)),0)","v":0},{"$f":"IF(E343>0,(VLOOKUP(B343,Minimos!$A:$B,2,0)),0)","v":0},0,null,0,0,null,{"$f":"'Detalle Bienes de Aseo y Caf'!I343","v":0},{"$f":"'Detalle Bienes de Aseo y Caf'!J343","v":0},{"$f":"'Detalle Bienes de Aseo y Caf'!K343","v":0},{"$f":"'Detalle Bienes de Aseo y Caf'!L343","v":0}]
[330,"Contenedor de basura 26 (Compra)","- Elaborado en plástico\n- Con tapa\n- Capacidad mínima de 760 litros\n- Color negro\n- Con ruedas traseras macizas y manijas","Unidad",0,{"$f":"IF(E344>0,(VLOOKUP($C$5&$C$6&B344,ConsolidadoServicios!$A:$K,11,0)),0)","v":0},{"$f":"IF(E344>0,(VLOOKUP(B344,Minimos!$A:$B,2,0)),0)","v":0},0,null,0,0,null,{"$f":"'Detalle Bienes de Aseo y Caf'!I344","v":0},{"$f":"'Detalle Bienes de Aseo y Caf'!J344","v":0},{"$f":"'Detalle Bienes de Aseo y Caf'!K344","v":0},{"$f":"'Detalle Bienes de Aseo y Caf'!L344","v":0}]
[331,"Contenedor de basura 27 (Compra)","- Elaborado en plástico\n- Con tapa\n- Capacidad mínima de 760 litros\n- Color verde\n- Con ruedas traseras macizas y manijas","Unidad",0,{"$f":"IF(E345>0,(VLOOKUP($C$5&$C$6&B345,ConsolidadoServicios!$A:$K,11,0)),0)","v":0},{"$f":"IF(E345>0,(VLOOKUP(B345,Minimos!$A:$B,2,0)),0)","v":0},0,null,0,0,null,{"$f":"'Detalle Bienes de Aseo y Caf'!I345","v":0},{"$f":"'Detalle Bienes de Aseo y Caf'!J345","v":0},{"$f":"'Detalle Bienes de Aseo y Caf'!K345","v":0},{"$f":"'Detalle Bienes de Aseo y Caf'!L345","v":0}]
[332,"Contenedor de basura 28 (Compra)","- Elaborado en plástico\n- Con tapa\n- Capacidad mínima de 760 litros\n- Color blanco\n- Con ruedas traseras macizas y manijas","Unidad",0,{"$f":"IF(E346>0,(VLOOKUP($C$5&$C$6&B346,ConsolidadoServicios!$A:$K,11,0)),0)","v":0},{"$f":"IF(E346>0,(VLOOKUP(B346,Minimos!$A:$B,2,0)),0)","v":0},0,null,0,0,null,{"$f":"'Detalle Bienes de Aseo y Caf'!I346","v":0},{"$f":"'Detalle Bienes de Aseo y Caf'!J346","v":0},{"$f":"'Detalle Bienes de Aseo y Caf'!K346","v":0},{"$f":"'Detalle Bienes de Aseo y Caf'!L346","v":0}]
[333,"Contenedor de basura 29 (Compra)","- Elaborado en plástico\n- Con tapa\n- Capacidad mínima de 1.000 litros\n- Color blanco\n- Con ruedas traseras macizas y manijas","Unidad",0,{"$f":"IF(E347>0,(VLOOKUP($C$5&$C$6&B347,ConsolidadoServicios!$A:$K,11,0)),0)","v":0},{"$f":"IF(E347>0,(VLOOKUP(B347,Minimos!$A:$B,2,0)),0)","v":0},0,null,0,0,null,{"$f":"'Detalle Bienes de Aseo y Caf'!I347","v":0},{"$f":"'Detalle Bienes de Aseo y Caf'!J347","v":0},{"$f":"'Detalle Bienes de Aseo y Caf'!K347","v":0},{"$f":"'Detalle Bienes de Aseo y Caf'!L347","v":0}]
[334,"Contenedor de basura 30 (Compra)","- Elaborado en plástico\n- Con tapa\n- Capacidad mínima de 1.000 litros\n- Color verde\n- Con ruedas traseras macizas y manijas","Unidad",0,{"$f":"IF(E348>0,(VLOOKUP($C$5&$C$6&B348,ConsolidadoServicios!$A:$K,11,0)),0)","v":0},{"$f":"IF(E348>0,(VLOOKUP(B348,Minimos!$A:$B,2,0)),0)","v":0},0,null,0,0,null,{"$f":"'Detalle Bienes de Aseo y Caf'!I348","v":0},{"$f":"'Detalle Bienes de Aseo y Caf'!J348","v":0},{"$f":"'Detalle Bienes de Aseo y Caf'!K348","v":0},{"$f":"'Detalle Bienes de Aseo y Caf'!L348","v":0}]
[335,"Punto Ecológico 1 (Compra)","- Base metálica\n- Mínimo tres contenedores así:\n- Contenedor color verde con palabras \"residuos orgánicos aprovechables: restos de comida, desechos agrícolas\" en la cara frontal\n- Contenedor color blanco con palabras \"residuos aprovechables como plástico, vidrio, metales, multicapa, papel y cartón\" en la cara frontal\n- Contenedor color negro con las palabaras \"residuos no aprovechables: papel higiénico, servilletas, papeles y cartones contaminados con comida, papeles metalizados\" en la cara frontal\n- Capacidad mínima de 20 litros para cada contenedor\n- Contenedores elaborados en plástico\n- Debe cumplir con lo estipualdo en el artíuculo 4° de la Resolución 2184 del 26 de diciembre de 2019","Unidad",0,{"$f":"IF(E349>0,(VLOOKUP($C$5&$C$6&B349,ConsolidadoServicios!$A:$K,11,0)),0)","v":0},{"$f":"IF(E349>0,(VLOOKUP(B349,Minimos!$A:$B,2,0)),0)","v":0},0,null,0,0,null,{"$f":"'Detalle Bienes de Aseo y Caf'!I349","v":0},{"$f":"'Detalle Bienes de Aseo y Caf'!J349","v":0},{"$f":"'Detalle Bienes de Aseo y Caf'!K349","v":0},{"$f":"'Detalle Bienes de Aseo y Caf'!L349","v":0}]
[336,"Punto Ecológico 2 (Compra)","- Base metálica\n- Mínimo tres contenedores así:\n- Contenedor color verde con palabras \"residuos orgánicos aprovechables: restos de comida, desechos agrícolas\" en la cara frontal\n- Contenedor color blanco con palabras \"residuos aprovechables como plástico, vidrio, metales, multicapa, papel y cartón\" en la cara frontal\n- Contenedor color negro con las palabaras \"residuos no aprovechables: papel higiénico, servilletas, papeles y cartones contaminados con comida, papeles metalizados\" en la cara frontal\n- Capacidad mínima de 35 litros para cada contenedor\n- Contenedores elaborados en plástico\n- Debe cumplir con lo estipualdo en el artíuclo 4° de la Resolución 2184 del 26 de diciembre de 2019","Unidad",0,{"$f":"IF(E350>0,(VLOOKUP($C$5&$C$6&B350,ConsolidadoServicios!$A:$K,11,0)),0)","v":0},{"$f":"IF(E350>0,(VLOOKUP(B350,Minimos!$A:$B,2,0)),0)","v":0},0,null,0,0,null,{"$f":"'Detalle Bienes de Aseo y Caf'!I350","v":0},{"$f":"'Detalle Bienes de Aseo y Caf'!J350","v":0},{"$f":"'Detalle Bienes de Aseo y Caf'!K350","v":0},{"$f":"'Detalle Bienes de Aseo y Caf'!L350","v":0}]
[337,"Punto Ecológico 3 (Compra)","- Base metálica con techo en material metálico\n- Mínimo tres contenedores así:\n- Contenedor color verde con palabras \"residuos orgánicos aprovechables: restos de comida, desechos agrícolas\" en la cara frontal\n- Contenedor color blanco con palabras \"residuos aprovechables como plástico, vidrio, metales, multicapa, papel y cartón\" en la cara frontal\n- Contenedor color negro con las palabaras \"residuos no aprovechables: papel higiénico, servilletas, papeles y cartones contaminados con comida, papeles metalizados\" en la cara frontal\n- Capacidad mínima de 35 litros para cada contenedor\n- Contenedores elaborados en plástico\n- Debe cumplir con lo estipualdo en el artíuclo 4° de la Resolución 2184 del 26 de diciembre de 2019","Unidad",0,{"$f":"IF(E351>0,(VLOOKUP($C$5&$C$6&B351,ConsolidadoServicios!$A:$K,11,0)),0)","v":0},{"$f":"IF(E351>0,(VLOOKUP(B351,Minimos!$A:$B,2,0)),0)","v":0},0,null,0,0,null,{"$f":"'Detalle Bienes de Aseo y Caf'!I351","v":0},{"$f":"'Detalle Bienes de Aseo y Caf'!J351","v":0},{"$f":"'Detalle Bienes de Aseo y Caf'!K351","v":0},{"$f":"'Detalle Bienes de Aseo y Caf'!L351","v":0}]
[338,"Punto Ecológico 4 (Compra)","- Base metálica\n- Mínimo tres contenedores así:\n- Contenedor color verde con palabras \"residuos orgánicos aprovechables: restos de comida, desechos agrícolas\" en la cara frontal\n- Contenedor color blanco con palabras \"residuos aprovechables como plástico, vidrio, metales, multicapa, papel y cartón\" en la cara frontal\n- Contenedor color negro con las palabaras \"residuos no aprovechables: papel higiénico, servilletas, papeles y cartones contaminados con comida, papeles metalizados\" en la cara frontal\n- Capacidad mínima de 50 litros para cada contenedor\n- Contenedores elaborados en plástico\n- Debe cumplir con lo estipualdo en el artíuclo 4° de la Resolución 2184 del 26 de diciembre de 2019","Unidad",0,{"$f":"IF(E352>0,(VLOOKUP($C$5&$C$6&B352,ConsolidadoServicios!$A:$K,11,0)),0)","v":0},{"$f":"IF(E352>0,(VLOOKUP(B352,Minimos!$A:$B,2,0)),0)","v":0},0,null,0,0,null,{"$f":"'Detalle Bienes de Aseo y Caf'!I352","v":0},{"$f":"'Detalle Bienes de Aseo y Caf'!J352","v":0},{"$f":"'Detalle Bienes de Aseo y Caf'!K352","v":0},{"$f":"'Detalle Bienes de Aseo y Caf'!L352","v":0}]
[339,"Punto Ecológico 5 (Compra)","- Base metálica con techo en material metálico\n- Mínimo tres contenedores así:\n- Contenedor color verde con palabras \"residuos orgánicos aprovechables: restos de comida, desechos agrícolas\" en la cara frontal\n- Contenedor color blanco con palabras \"residuos aprovechables como plástico, vidrio, metales, multicapa, papel y cartón\" en la cara frontal\n- Contenedor color negro con las palabaras \"residuos no aprovechables: papel higiénico, servilletas, papeles y cartones contaminados con comida, papeles metalizados\" en la cara frontal\n- Capacidad mínima de 50 litros para cada contenedor\n- Contenedores elaborados en plástico\n- Debe cumplir con lo estipualdo en el artíuclo 4° de la Resolución 2184 del 26 de diciembre de 2019","Unidad",0,{"$f":"IF(E353>0,(VLOOKUP($C$5&$C$6&B353,ConsolidadoServicios!$A:$K,11,0)),0)","v":0},{"$f":"IF(E353>0,(VLOOKUP(B353,Minimos!$A:$B,2,0)),0)","v":0},0,null,0,0,null,{"$f":"'Detalle Bienes de Aseo y Caf'!I353","v":0},{"$f":"'Detalle Bienes de Aseo y Caf'!J353","v":0},{"$f":"'Detalle Bienes de Aseo y Caf'!K353","v":0},{"$f":"'Detalle Bienes de Aseo y Caf'!L353","v":0}]
[340,"Punto Ecológico 6 (Compra)","- Base metálica\n- Mínimo tres contenedores así:\n- Contenedor color verde con palabras \"residuos orgánicos aprovechables: restos de comida, desechos agrícolas\" en la cara frontal\n- Contenedor color blanco con palabras \"residuos aprovechables como plástico, vidrio, metales, multicapa, papel y cartón\" en la cara frontal\n- Contenedor color negro con las palabaras \"residuos no aprovechables: papel higiénico, servilletas, papeles y cartones contaminados con comida, papeles metalizados\" en la cara frontal\n- Capacidad mínima de 100 litros para cada contenedor\n- Contenedores elaborados en plástico\n- Debe cumplir con lo estipualdo en el artíuclo 4° de la Resolución 2184 del 26 de diciembre de 2019","Unidad",0,{"$f":"IF(E354>0,(VLOOKUP($C$5&$C$6&B354,ConsolidadoServicios!$A:$K,11,0)),0)","v":0},{"$f":"IF(E354>0,(VLOOKUP(B354,Minimos!$A:$B,2,0)),0)","v":0},0,null,0,0,null,{"$f":"'Detalle Bienes de Aseo y Caf'!I354","v":0},{"$f":"'Detalle Bienes de Aseo y Caf'!J354","v":0},{"$f":"'Detalle Bienes de Aseo y Caf'!K354","v":0},{"$f":"'Detalle Bienes de Aseo y Caf'!L354","v":0}]
[341,"Papelera 1 (Compra)","- Cuerpo metálico enmallado sin tapa\n- Con capacidad mínima de 10 litros\n- Diseño para oficina","Unidad",0,{"$f":"IF(E355>0,(VLOOKUP($C$5&$C$6&B355,ConsolidadoServicios!$A:$K,11,0)),0)","v":0},{"$f":"IF(E355>0,(VLOOKUP(B355,Minimos!$A:$B,2,0)),0)","v":0},0,null,0,0,null,{"$f":"'Detalle Bienes de Aseo y Caf'!I355","v":0},{"$f":"'Detalle Bienes de Aseo y Caf'!J355","v":0},{"$f":"'Detalle Bienes de Aseo y Caf'!K355","v":0},{"$f":"'Detalle Bienes de Aseo y Caf'!L355","v":0}]
[342,"Papelera 2 (Compra)","- Cuerpo plástico\n- Con mecanismo de pedal para abrir y cerrar tapa\n- Con capacidad mínima de 10 litros\n- Diseño para baño","Unidad",0,{"$f":"IF(E356>0,(VLOOKUP($C$5&$C$6&B356,ConsolidadoServicios!$A:$K,11,0)),0)","v":0},{"$f":"IF(E356>0,(VLOOKUP(B356,Minimos!$A:$B,2,0)),0)","v":0},0,null,0,0,null,{"$f":"'Detalle Bienes de Aseo y Caf'!I356","v":0},{"$f":"'Detalle Bienes de Aseo y Caf'!J356","v":0},{"$f":"'Detalle Bienes de Aseo y Caf'!K356","v":0},{"$f":"'Detalle Bienes de Aseo y Caf'!L356","v":0}]
[343,"Papelera 3 (Compra)","- Cuerpo plástico sin tapa\n- Con capacidad mínima de 10 litros\n- Diseño para baño","Unidad",0,{"$f":"IF(E357>0,(VLOOKUP($C$5&$C$6&B357,ConsolidadoServicios!$A:$K,11,0)),0)","v":0},{"$f":"IF(E357>0,(VLOOKUP(B357,Minimos!$A:$B,2,0)),0)","v":0},0,null,0,0,null,{"$f":"'Detalle Bienes de Aseo y Caf'!I357","v":0},{"$f":"'Detalle Bienes de Aseo y Caf'!J357","v":0},{"$f":"'Detalle Bienes de Aseo y Caf'!K357","v":0},{"$f":"'Detalle Bienes de Aseo y Caf'!L357","v":0}]
[344,"Papelera 4 (Compra)","- Papelera de oficina de plástico reciclado\n- Color gris o negro\n- Con capacidad de 5 litros\n- Diámetro: 22 cm aproxi. Largo: 24 cm. \nNo debe contener PVC o Poliestireno expandido u otros plásticos de un solo uso tanto en el envase como en el embalaje.","Unidad",0,{"$f":"IF(E358>0,(VLOOKUP($C$5&$C$6&B358,ConsolidadoServicios!$A:$K,11,0)),0)","v":0},{"$f":"IF(E358>0,(VLOOKUP(B358,Minimos!$A:$B,2,0)),0)","v":0},0,null,0,0,null,{"$f":"'Detalle Bienes de Aseo y Caf'!I358","v":0},{"$f":"'Detalle Bienes de Aseo y Caf'!J358","v":0},{"$f":"'Detalle Bienes de Aseo y Caf'!K358","v":0},{"$f":"'Detalle Bienes de Aseo y Caf'!L358","v":0}]
[345,"Papelera residuos peligrosos 1 (Compra)","- Cuerpo plástico\n- Con mecanismo de pedal para abrir y cerrar tapa\n- Con capacidad mínima de 10 litros\n- Diseño para baño\n- Color rojo\n- Con las palabras \"Riesgo biológico\" en la cara frontal","Unidad",0,{"$f":"IF(E359>0,(VLOOKUP($C$5&$C$6&B359,ConsolidadoServicios!$A:$K,11,0)),0)","v":0},{"$f":"IF(E359>0,(VLOOKUP(B359,Minimos!$A:$B,2,0)),0)","v":0},0,null,0,0,null,{"$f":"'Detalle Bienes de Aseo y Caf'!I359","v":0},{"$f":"'Detalle Bienes de Aseo y Caf'!J359","v":0},{"$f":"'Detalle Bienes de Aseo y Caf'!K359","v":0},{"$f":"'Detalle Bienes de Aseo y Caf'!L359","v":0}]
[346,"Papelera residuos peligrosos 2 (Compra)","- Cuerpo plástico\n- Con mecanismo de pedal para abrir y cerrar tapa\n- Con capacidad mínima de 20 litros\n- Diseño para baño\n- Color rojo\n- Con las palabras \"Riesgo biológico\" en la cara frontal","Unidad",0,{"$f":"IF(E360>0,(VLOOKUP($C$5&$C$6&B360,ConsolidadoServicios!$A:$K,11,0)),0)","v":0},{"$f":"IF(E360>0,(VLOOKUP(B360,Minimos!$A:$B,2,0)),0)","v":0},0,null,0,0,null,{"$f":"'Detalle Bienes de Aseo y Caf'!I360","v":0},{"$f":"'Detalle Bienes de Aseo y Caf'!J360","v":0},{"$f":"'Detalle Bienes de Aseo y Caf'!K360","v":0},{"$f":"'Detalle Bienes de Aseo y Caf'!L360","v":0}]
[347,"Señales peatonales de prevención y atención 1 (Compra)","- Elaborado en plástico\n- Tipo tijera, plegable\n- Tamaño mínimo de 25 cm de ancho por 60 cm de alto por 22 cm de largo.\n- Impresión en las dos caras con las palabras \"Cerrado\" o \"Área cerrada\" o \"No pasar\".\n- Color amarillo","Unidad",0,{"$f":"IF(E361>0,(VLOOKUP($C$5&$C$6&B361,ConsolidadoServicios!$A:$K,11,0)),0)","v":0},{"$f":"IF(E361>0,(VLOOKUP(B361,Minimos!$A:$B,2,0)),0)","v":0},0,null,0,0,null,{"$f":"'Detalle Bienes de Aseo y Caf'!I361","v":0},{"$f":"'Detalle Bienes de Aseo y Caf'!J361","v":0},{"$f":"'Detalle Bienes de Aseo y Caf'!K361","v":0},{"$f":"'Detalle Bienes de Aseo y Caf'!L361","v":0}]
[348,"Señales peatonales de prevención y atención 2 (Compra)","- Elaborado en plástico\n- Tipo tijera, plegable\n- Tamaño mínimo de 25 cm de ancho por 60 cm de alto por 22 cm de largo.\n- Impresión en las dos caras con las palabras \"Cuidado\".\n- Color amarillo\n- Acordes con la reglamentación establecida por la NTC 1461","Unidad",0,{"$f":"IF(E362>0,(VLOOKUP($C$5&$C$6&B362,ConsolidadoServicios!$A:$K,11,0)),0)","v":0},{"$f":"IF(E362>0,(VLOOKUP(B362,Minimos!$A:$B,2,0)),0)","v":0},0,null,0,0,null,{"$f":"'Detalle Bienes de Aseo y Caf'!I362","v":0},{"$f":"'Detalle Bienes de Aseo y Caf'!J362","v":0},{"$f":"'Detalle Bienes de Aseo y Caf'!K362","v":0},{"$f":"'Detalle Bienes de Aseo y Caf'!L362","v":0}]
[349,"Señales peatonales de prevención y atención 3 (Compra)","- Elaborado en plástico\n- Tipo tijera, plegable\n- Tamaño mínimo de 25 cm de ancho por 60 cm de alto por 22 cm de largo.\n- Impresión en las dos caras con las palabras \"Piso húmedo o \"Piso mojado\"\".\n- Color amarillo\n- Acordes con la reglamentación establecida por la NTC 1461","Unidad",0,{"$f":"IF(E363>0,(VLOOKUP($C$5&$C$6&B363,ConsolidadoServicios!$A:$K,11,0)),0)","v":0},{"$f":"IF(E363>0,(VLOOKUP(B363,Minimos!$A:$B,2,0)),0)","v":0},0,null,0,0,null,{"$f":"'Detalle Bienes de Aseo y Caf'!I363","v":0},{"$f":"'Detalle Bienes de Aseo y Caf'!J363","v":0},{"$f":"'Detalle Bienes de Aseo y Caf'!K363","v":0},{"$f":"'Detalle Bienes de Aseo y Caf'!L363","v":0}]
[350,"Dispensador para papel higiénico 1 (Compra)","- Elaborado en plástico ABS blanco\n- Para rollo de 250 metros y 400 metros\n- Con visor para ver el estado del rollo\n- Con cerradura y llave\n- Incluye los elementos necesarios para realizar la instalación en pared\n-Incluye el costo de instalación.","Unidad",0,{"$f":"IF(E364>0,(VLOOKUP($C$5&$C$6&B364,ConsolidadoServicios!$A:$K,11,0)),0)","v":0},{"$f":"IF(E364>0,(VLOOKUP(B364,Minimos!$A:$B,2,0)),0)","v":0},0,null,0,0,null,{"$f":"'Detalle Bienes de Aseo y Caf'!I364","v":0},{"$f":"'Detalle Bienes de Aseo y Caf'!J364","v":0},{"$f":"'Detalle Bienes de Aseo y Caf'!K364","v":0},{"$f":"'Detalle Bienes de Aseo y Caf'!L364","v":0}]
[351,"Dispensador para papel higiénico 2 (Compra)","- Elaborado en acero inoxidable\n- Para rollo de 250 metros y 400 metros\n- Con visor para ver el estado del rollo\n- Con cerradura y llave\n- Incluye los elementos necesarios para realizar la instalación en pared\n-Incluye el costo de instalación.","Unidad",0,{"$f":"IF(E365>0,(VLOOKUP($C$5&$C$6&B365,ConsolidadoServicios!$A:$K,11,0)),0)","v":0},{"$f":"IF(E365>0,(VLOOKUP(B365,Minimos!$A:$B,2,0)),0)","v":0},0,null,0,0,null,{"$f":"'Detalle Bienes de Aseo y Caf'!I365","v":0},{"$f":"'Detalle Bienes de Aseo y Caf'!J365","v":0},{"$f":"'Detalle Bienes de Aseo y Caf'!K365","v":0},{"$f":"'Detalle Bienes de Aseo y Caf'!L365","v":0}]
[352,"Dispensador de toallas de manos 1 (Compra)","- Elaborado en plástico ABS\n- Para toallas de papel en rollo de 150 metros y 250 metros\n- Con mecanismo accionador de palanca, perilla giratoria o para halar con la mano.\n- Con cuchilla serrada para cortar la toalla de manos\n- Con cerradura y llave\n- Incluye los elementos necesarios para realizar la instalación en pared\n - Incluye el costo de instalación","Unidad",0,{"$f":"IF(E366>0,(VLOOKUP($C$5&$C$6&B366,ConsolidadoServicios!$A:$K,11,0)),0)","v":0},{"$f":"IF(E366>0,(VLOOKUP(B366,Minimos!$A:$B,2,0)),0)","v":0},0,null,0,0,null,{"$f":"'Detalle Bienes de Aseo y Caf'!I366","v":0},{"$f":"'Detalle Bienes de Aseo y Caf'!J366","v":0},{"$f":"'Detalle Bienes de Aseo y Caf'!K366","v":0},{"$f":"'Detalle Bienes de Aseo y Caf'!L366","v":0}]
[353,"Dispensador de toallas de manos 2 (Compra)","- Elaborado en plástico ABS\n- Para toallas de papel interdobladas con capacidad mínima de 300 toallas\n- Con mecanismo para halar con la mano.\n- Con cerradura y llave\n- Incluye los elementos necesarios para realizar la instalación en pared\n-Incluye el costo de instalación","Unidad",0,{"$f":"IF(E367>0,(VLOOKUP($C$5&$C$6&B367,ConsolidadoServicios!$A:$K,11,0)),0)","v":0},{"$f":"IF(E367>0,(VLOOKUP(B367,Minimos!$A:$B,2,0)),0)","v":0},0,null,0,0,null,{"$f":"'Detalle Bienes de Aseo y Caf'!I367","v":0},{"$f":"'Detalle Bienes de Aseo y Caf'!J367","v":0},{"$f":"'Detalle Bienes de Aseo y Caf'!K367","v":0},{"$f":"'Detalle Bienes de Aseo y Caf'!L367","v":0}]
[354,"Dispensador de toallas de manos 3 (Compra)","- Elaborado en acero inoxidable\n- Para toallas de papel interdobladas con capacidad mínima de 300 toallas\n- Con mecanismo para halar con la mano.\n- Con cerradura y llave\n- Incluye los elementos necesarios para realizar la instalación en pared\n-Incluye el costo de instalación","Unidad",0,{"$f":"IF(E368>0,(VLOOKUP($C$5&$C$6&B368,ConsolidadoServicios!$A:$K,11,0)),0)","v":0},{"$f":"IF(E368>0,(VLOOKUP(B368,Minimos!$A:$B,2,0)),0)","v":0},0,null,0,0,null,{"$f":"'Detalle Bienes de Aseo y Caf'!I368","v":0},{"$f":"'Detalle Bienes de Aseo y Caf'!J368","v":0},{"$f":"'Detalle Bienes de Aseo y Caf'!K368","v":0},{"$f":"'Detalle Bienes de Aseo y Caf'!L368","v":0}]
[355,"Dispensador de jabón líquido 1 (Compra)","- Elaborado en plástico ABS blanco\n- Con válvula manual anticorrosiva.\n- Uso habilitado para cualquier jabón líquido con capacidad mínima de 500 cc\n- Incluye los elementos necesarios para realizar la instalación en pared\n-Incluye el costo de instalación","Unidad",0,{"$f":"IF(E369>0,(VLOOKUP($C$5&$C$6&B369,ConsolidadoServicios!$A:$K,11,0)),0)","v":0},{"$f":"IF(E369>0,(VLOOKUP(B369,Minimos!$A:$B,2,0)),0)","v":0},0,null,0,0,null,{"$f":"'Detalle Bienes de Aseo y Caf'!I369","v":0},{"$f":"'Detalle Bienes de Aseo y Caf'!J369","v":0},{"$f":"'Detalle Bienes de Aseo y Caf'!K369","v":0},{"$f":"'Detalle Bienes de Aseo y Caf'!L369","v":0}]
[356,"Dispensador de jabón líquido 2 (Compra)","- Elaborado en plástico ABS blanco\n- Con sensor para suministro de jabón\n- Uso habilitado para cualquier jabón líquido con capacidad mínima de 500 ml\n- Incluye los elementos necesarios para realizar la instalación en pared\n -Incluye el costo de instalación'","Unidad",0,{"$f":"IF(E370>0,(VLOOKUP($C$5&$C$6&B370,ConsolidadoServicios!$A:$K,11,0)),0)","v":0},{"$f":"IF(E370>0,(VLOOKUP(B370,Minimos!$A:$B,2,0)),0)","v":0},0,null,0,0,null,{"$f":"'Detalle Bienes de Aseo y Caf'!I370","v":0},{"$f":"'Detalle Bienes de Aseo y Caf'!J370","v":0},{"$f":"'Detalle Bienes de Aseo y Caf'!K370","v":0},{"$f":"'Detalle Bienes de Aseo y Caf'!L370","v":0}]
[357,"Dispensador de jabón líquido 3 (Compra)","- Elaborado en acero inoxidable\n- Con válvula manual anticorrosiva.\n- Uso habilitado para cualquier jabón líquido con capacidad mínima de 800 ml\n- Con cerradura y llave\n- Incluye los elementos necesarios para realizar la instalación en pared\n -Incluye el el costo de instalación'","Unidad",0,{"$f":"IF(E371>0,(VLOOKUP($C$5&$C$6&B371,ConsolidadoServicios!$A:$K,11,0)),0)","v":0},{"$f":"IF(E371>0,(VLOOKUP(B371,Minimos!$A:$B,2,0)),0)","v":0},0,null,0,0,null,{"$f":"'Detalle Bienes de Aseo y Caf'!I371","v":0},{"$f":"'Detalle Bienes de Aseo y Caf'!J371","v":0},{"$f":"'Detalle Bienes de Aseo y Caf'!K371","v":0},{"$f":"'Detalle Bienes de Aseo y Caf'!L371","v":0}]
[358,"Dispensador de jabón líquido 4 (Compra)","- Elaborado en acero inoxidable\n- Con sensor para suministro de jabón\n- Uso habilitado para cualquier jabón líquido con capacidad mínima de 800 ml\n- Con cerradura y llave\n- Incluye los elementos necesarios para realizar la instalación en pared\n -Incluye el costo de instalación'","Unidad",0,{"$f":"IF(E372>0,(VLOOKUP($C$5&$C$6&B372,ConsolidadoServicios!$A:$K,11,0)),0)","v":0},{"$f":"IF(E372>0,(VLOOKUP(B372,Minimos!$A:$B,2,0)),0)","v":0},0,null,0,0,null,{"$f":"'Detalle Bienes de Aseo y Caf'!I372","v":0},{"$f":"'Detalle Bienes de Aseo y Caf'!J372","v":0},{"$f":"'Detalle Bienes de Aseo y Caf'!K372","v":0},{"$f":"'Detalle Bienes de Aseo y Caf'!L372","v":0}]
[359,"Dispensador para ambientador (Compra)"," - Elaborado en plástico ABS blanco\n - Con dispersión programable de líquido ambientador\n - Capacidad mínima de 250 ml\n- Incluye los elementos necesarios para realizar la instalación en pared\n- Incluye aerosol para recarga mensual\n-Incluye el costo de instalación","Unidad",0,{"$f":"IF(E373>0,(VLOOKUP($C$5&$C$6&B373,ConsolidadoServicios!$A:$K,11,0)),0)","v":0},{"$f":"IF(E373>0,(VLOOKUP(B373,Minimos!$A:$B,2,0)),0)","v":0},0,null,0,0,null,{"$f":"'Detalle Bienes de Aseo y Caf'!I373","v":0},{"$f":"'Detalle Bienes de Aseo y Caf'!J373","v":0},{"$f":"'Detalle Bienes de Aseo y Caf'!K373","v":0},{"$f":"'Detalle Bienes de Aseo y Caf'!L373","v":0}]
[360,"Dispensador goteo por gravedad y recarga (Compra)","- Elaborado en PVC blanco\n- Goteo programable para desodorizar sanitarios y orinales\n- Incluye manguera plástica de goteo\n- Incluye los elementos necesarios para realizar la instalación en pared\n- Incluye líquido para recarga mensual con agentes tensoactivos","Unidad",0,{"$f":"IF(E374>0,(VLOOKUP($C$5&$C$6&B374,ConsolidadoServicios!$A:$K,11,0)),0)","v":0},{"$f":"IF(E374>0,(VLOOKUP(B374,Minimos!$A:$B,2,0)),0)","v":0},0,null,0,0,null,{"$f":"'Detalle Bienes de Aseo y Caf'!I374","v":0},{"$f":"'Detalle Bienes de Aseo y Caf'!J374","v":0},{"$f":"'Detalle Bienes de Aseo y Caf'!K374","v":0},{"$f":"'Detalle Bienes de Aseo y Caf'!L374","v":0}]
[361,"Dispensador de agua (Compra)","- Dispensador de agua fría y caliente\n- Sistema de filtración multinivel\n- Uso de gas refrigerante seguro para la capa de ozono\n\n","Unidad",0,{"$f":"IF(E375>0,(VLOOKUP($C$5&$C$6&B375,ConsolidadoServicios!$A:$K,11,0)),0)","v":0},{"$f":"IF(E375>0,(VLOOKUP(B375,Minimos!$A:$B,2,0)),0)","v":0},0,null,0,0,null,{"$f":"'Detalle Bienes de Aseo y Caf'!I375","v":0},{"$f":"'Detalle Bienes de Aseo y Caf'!J375","v":0},{"$f":"'Detalle Bienes de Aseo y Caf'!K375","v":0},{"$f":"'Detalle Bienes de Aseo y Caf'!L375","v":0}]
[362,"Dispensador de agua con botellón (Compra)","- Dispensador de agua fría y caliente\n- Uso de gas refrigerante seguro para la capa de ozono\n","Unidad",0,{"$f":"IF(E376>0,(VLOOKUP($C$5&$C$6&B376,ConsolidadoServicios!$A:$K,11,0)),0)","v":0},{"$f":"IF(E376>0,(VLOOKUP(B376,Minimos!$A:$B,2,0)),0)","v":0},0,null,0,0,null,{"$f":"'Detalle Bienes de Aseo y Caf'!I376","v":0},{"$f":"'Detalle Bienes de Aseo y Caf'!J376","v":0},{"$f":"'Detalle Bienes de Aseo y Caf'!K376","v":0},{"$f":"'Detalle Bienes de Aseo y Caf'!L376","v":0}]
[363,"Greca para tintos 1 (Arrendamiento)","- Eléctrica de 110 v\n- Cuerpo elaborada en lámina de acero inoxidable de calibre 24 como mínimo\n- Resistencias elaboradas en cobre\n- Terminales elaboradas en cobre remplazables con soldadura\n- Mínimo dos servicios\n- Con su respectivo filtro y aro\n - Con capacidad para 30 tintos","Unidad",1,{"$f":"IF(E377>0,(VLOOKUP($C$5&$C$6&B377,ConsolidadoServicios!$A:$K,11,0)),0)","v":74171},{"$f":"IF(E377>0,(VLOOKUP(B377,Minimos!$A:$B,2,0)),0)","v":15576},0.20000000000000004,0.83199902927019997,{"$f":"ROUND((F377*(1-I377)),2)","v":12460.8},12460.8,null,{"$f":"'Detalle Bienes de Aseo y Caf'!I377","v":0},{"$f":"'Detalle Bienes de Aseo y Caf'!J377","v":0},{"$f":"'Detalle Bienes de Aseo y Caf'!K377","v":0},{"$f":"'Detalle Bienes de Aseo y Caf'!L377","v":1}]
[364,"Greca para tintos 1 (Compra)","- Eléctrica de 110 v\n- Cuerpo elaborada en lámina de acero inoxidable de calibre 24 como mínimo\n- Resistencias elaboradas en cobre\n- Terminales elaboradas en cobre remplazables con soldadura\n- Mínimo dos servicios\n- Con su respectivo filtro y aro\n - Con capacidad para 30 tintos","Unidad",0,{"$f":"IF(E378>0,(VLOOKUP($C$5&$C$6&B378,ConsolidadoServicios!$A:$K,11,0)),0)","v":0},{"$f":"IF(E378>0,(VLOOKUP(B378,Minimos!$A:$B,2,0)),0)","v":0},0,null,0,0,null,{"$f":"'Detalle Bienes de Aseo y Caf'!I378","v":0},{"$f":"'Detalle Bienes de Aseo y Caf'!J378","v":0},{"$f":"'Detalle Bienes de Aseo y Caf'!K378","v":0},{"$f":"'Detalle Bienes de Aseo y Caf'!L378","v":0}]
[365,"Greca para tintos 2 (Arrendamiento)","- Eléctrica de 110 v\n- Cuerpo elaborada en lámina de acero inoxidable de calibre 24 como mínimo, grado alimento\n- Resistencias elaboradas en cobre\n- Terminales elaboradas en cobre remplazables sin soldadura\n- Mínimo 2 servicios\n -Con su respectivo filtro y aro\n- Con capacidad para 60 tintos","Unidad",0,{"$f":"IF(E379>0,(VLOOKUP($C$5&$C$6&B379,ConsolidadoServicios!$A:$K,11,0)),0)","v":0},{"$f":"IF(E379>0,(VLOOKUP(B379,Minimos!$A:$B,2,0)),0)","v":0},0,null,0,0,null,{"$f":"'Detalle Bienes de Aseo y Caf'!I379","v":0},{"$f":"'Detalle Bienes de Aseo y Caf'!J379","v":0},{"$f":"'Detalle Bienes de Aseo y Caf'!K379","v":0},{"$f":"'Detalle Bienes de Aseo y Caf'!L379","v":0}]
[366,"Greca para tintos 2 (Compra)","- Eléctrica de 110 v\n- Cuerpo elaborada en lámina de acero inoxidable de calibre 24 como mínimo, grado alimento\n- Resistencias elaboradas en cobre\n- Terminales elaboradas en cobre remplazables sin soldadura\n- Mínimo 2 servicios\n -Con su respectivo filtro y aro\n- Con capacidad para 60 tintos","Unidad",0,{"$f":"IF(E380>0,(VLOOKUP($C$5&$C$6&B380,ConsolidadoServicios!$A:$K,11,0)),0)","v":0},{"$f":"IF(E380>0,(VLOOKUP(B380,Minimos!$A:$B,2,0)),0)","v":0},0,null,0,0,null,{"$f":"'Detalle Bienes de Aseo y Caf'!I380","v":0},{"$f":"'Detalle Bienes de Aseo y Caf'!J380","v":0},{"$f":"'Detalle Bienes de Aseo y Caf'!K380","v":0},{"$f":"'Detalle Bienes de Aseo y Caf'!L380","v":0}]
[367,"Greca para tintos 3 (Arrendamiento)","- Eléctrica de 110 v\n- Cuerpo elaborada en lámina de acero inoxidable de calibre 24 como mínimo, grado alimento\n- Resistencias elaboradas en cobre\n- Terminales elaboradas en cobre remplazables sin soldadura\n- Mínimo dos servicios\n -Con su respectivo filtro y aro\n - Con capacidad para 120 tintos","Unidad",0,{"$f":"IF(E381>0,(VLOOKUP($C$5&$C$6&B381,ConsolidadoServicios!$A:$K,11,0)),0)","v":0},{"$f":"IF(E381>0,(VLOOKUP(B381,Minimos!$A:$B,2,0)),0)","v":0},0,null,0,0,null,{"$f":"'Detalle Bienes de Aseo y Caf'!I381","v":0},{"$f":"'Detalle Bienes de Aseo y Caf'!J381","v":0},{"$f":"'Detalle Bienes de Aseo y Caf'!K381","v":0},{"$f":"'Detalle Bienes de Aseo y Caf'!L381","v":0}]
[368,"Greca para tintos 3 (Compra)","- Eléctrica de 110 v\n- Cuerpo elaborada en lámina de acero inoxidable de calibre 24 como mínimo, grado alimento\n- Resistencias elaboradas en cobre\n- Terminales elaboradas en cobre remplazables sin soldadura\n- Mínimo dos servicios\n -Con su respectivo filtro y aro\n - Con capacidad para 120 tintos","Unidad",0,{"$f":"IF(E382>0,(VLOOKUP($C$5&$C$6&B382,ConsolidadoServicios!$A:$K,11,0)),0)","v":0},{"$f":"IF(E382>0,(VLOOKUP(B382,Minimos!$A:$B,2,0)),0)","v":0},0,null,0,0,null,{"$f":"'Detalle Bienes de Aseo y Caf'!I382","v":0},{"$f":"'Detalle Bienes de Aseo y Caf'!J382","v":0},{"$f":"'Detalle Bienes de Aseo y Caf'!K382","v":0},{"$f":"'Detalle Bienes de Aseo y Caf'!L382","v":0}]
[369,"Máquina de filtrado para café (Compra)","- Cafetera de método filtrado de café por goteo con conexión directamente a la red de agua o con opción de usarse completamente portátil sin requerir conexión directa a la red de agua\n- Grifo para dispensar agua caliente\n- Capacidad para termos de 1.9 a 3L, capacidad de 14 litros hora\n- Incluye termo con capacidad de mantener la bebida caliente, conservando la calidad de la taza de café durante mínimo 3 horas\n- Revestimiento de acero inoxidable con bomba tipo dispensador \n- Capacidad de 2,5 0 3,0 litros.","Unidad",0,{"$f":"IF(E383>0,(VLOOKUP($C$5&$C$6&B383,ConsolidadoServicios!$A:$K,11,0)),0)","v":0},{"$f":"IF(E383>0,(VLOOKUP(B383,Minimos!$A:$B,2,0)),0)","v":0},0,null,0,0,null,{"$f":"'Detalle Bienes de Aseo y Caf'!I383","v":0},{"$f":"'Detalle Bienes de Aseo y Caf'!J383","v":0},{"$f":"'Detalle Bienes de Aseo y Caf'!K383","v":0},{"$f":"'Detalle Bienes de Aseo y Caf'!L383","v":0}]
[370,"Horno microondas (Arrendamiento)","- Potencia mínima de 900 w\n- Tamaño mínimo de 30 cm de ancho por 25 cm de alto por 35 cm de profundidad.\n- Con bandera giratoria de cristal templado\n- Con programas automáticos","Unidad",0,{"$f":"IF(E384>0,(VLOOKUP($C$5&$C$6&B384,ConsolidadoServicios!$A:$K,11,0)),0)","v":0},{"$f":"IF(E384>0,(VLOOKUP(B384,Minimos!$A:$B,2,0)),0)","v":0},0,null,0,0,null,{"$f":"'Detalle Bienes de Aseo y Caf'!I384","v":0},{"$f":"'Detalle Bienes de Aseo y Caf'!J384","v":0},{"$f":"'Detalle Bienes de Aseo y Caf'!K384","v":0},{"$f":"'Detalle Bienes de Aseo y Caf'!L384","v":0}]
[371,"Horno microondas (Compra)","- Potencia mínima de 900 w\n- Tamaño mínimo de 30 cm de ancho por 25 cm de alto por 35 cm de profundidad.\n- Con bandera giratoria de cristal templado\n- Con programas automáticos","Unidad",0,{"$f":"IF(E385>0,(VLOOKUP($C$5&$C$6&B385,ConsolidadoServicios!$A:$K,11,0)),0)","v":0},{"$f":"IF(E385>0,(VLOOKUP(B385,Minimos!$A:$B,2,0)),0)","v":0},0,null,0,0,null,{"$f":"'Detalle Bienes de Aseo y Caf'!I385","v":0},{"$f":"'Detalle Bienes de Aseo y Caf'!J385","v":0},{"$f":"'Detalle Bienes de Aseo y Caf'!K385","v":0},{"$f":"'Detalle Bienes de Aseo y Caf'!L385","v":0}]
[372,"Horno microondas de tipo industrial (Arrendamiento)","- Potencia mínima de 1000 w\n- Tamaño mínimo de 30 cm de ancho por 30 cm de alto por 40 cm de profundidad.\n- Descongelamiento automático\n- Con programas automáticos","Unidad",0,{"$f":"IF(E386>0,(VLOOKUP($C$5&$C$6&B386,ConsolidadoServicios!$A:$K,11,0)),0)","v":0},{"$f":"IF(E386>0,(VLOOKUP(B386,Minimos!$A:$B,2,0)),0)","v":0},0,null,0,0,null,{"$f":"'Detalle Bienes de Aseo y Caf'!I386","v":0},{"$f":"'Detalle Bienes de Aseo y Caf'!J386","v":0},{"$f":"'Detalle Bienes de Aseo y Caf'!K386","v":0},{"$f":"'Detalle Bienes de Aseo y Caf'!L386","v":0}]
[373,"Horno microondas de tipo industrial (Compra)","- Potencia mínima de 1000 w\n- Tamaño mínimo de 30 cm de ancho por 30 cm de alto por 40 cm de profundidad.\n- Descongelamiento automático\n- Con programas automáticos","Unidad",0,{"$f":"IF(E387>0,(VLOOKUP($C$5&$C$6&B387,ConsolidadoServicios!$A:$K,11,0)),0)","v":0},{"$f":"IF(E387>0,(VLOOKUP(B387,Minimos!$A:$B,2,0)),0)","v":0},0,null,0,0,null,{"$f":"'Detalle Bienes de Aseo y Caf'!I387","v":0},{"$f":"'Detalle Bienes de Aseo y Caf'!J387","v":0},{"$f":"'Detalle Bienes de Aseo y Caf'!K387","v":0},{"$f":"'Detalle Bienes de Aseo y Caf'!L387","v":0}]
[374,"Estufa 1 (Arrendamiento)","- De dos puestos\n- Lámina esmaltada\n- Eléctrica\n- Con perilla para graduar mínimo 3 niveles de calor","Unidad",0,{"$f":"IF(E388>0,(VLOOKUP($C$5&$C$6&B388,ConsolidadoServicios!$A:$K,11,0)),0)","v":0},{"$f":"IF(E388>0,(VLOOKUP(B388,Minimos!$A:$B,2,0)),0)","v":0},0,null,0,0,null,{"$f":"'Detalle Bienes de Aseo y Caf'!I388","v":0},{"$f":"'Detalle Bienes de Aseo y Caf'!J388","v":0},{"$f":"'Detalle Bienes de Aseo y Caf'!K388","v":0},{"$f":"'Detalle Bienes de Aseo y Caf'!L388","v":0}]
[375,"Estufa 1 (Compra)","- De dos puestos\n- Lámina esmaltada\n- Eléctrica\n- Con perilla para graduar mínimo 3 niveles de calor","Unidad",0,{"$f":"IF(E389>0,(VLOOKUP($C$5&$C$6&B389,ConsolidadoServicios!$A:$K,11,0)),0)","v":0},{"$f":"IF(E389>0,(VLOOKUP(B389,Minimos!$A:$B,2,0)),0)","v":0},0,null,0,0,null,{"$f":"'Detalle Bienes de Aseo y Caf'!I389","v":0},{"$f":"'Detalle Bienes de Aseo y Caf'!J389","v":0},{"$f":"'Detalle Bienes de Aseo y Caf'!K389","v":0},{"$f":"'Detalle Bienes de Aseo y Caf'!L389","v":0}]
[376,"Estufa 2 (Arrendamiento)","- De dos puestos\n- Lámina esmaltada- A gas\n- Con perilla y quemador para graduar la llama\n- Con parrilla","Unidad",0,{"$f":"IF(E390>0,(VLOOKUP($C$5&$C$6&B390,ConsolidadoServicios!$A:$K,11,0)),0)","v":0},{"$f":"IF(E390>0,(VLOOKUP(B390,Minimos!$A:$B,2,0)),0)","v":0},0,null,0,0,null,{"$f":"'Detalle Bienes de Aseo y Caf'!I390","v":0},{"$f":"'Detalle Bienes de Aseo y Caf'!J390","v":0},{"$f":"'Detalle Bienes de Aseo y Caf'!K390","v":0},{"$f":"'Detalle Bienes de Aseo y Caf'!L390","v":0}]
[377,"Estufa 2 (Compra)","- De dos puestos\n- Lámina esmaltada\n- A gas\n- Con perilla y quemador para graduar la llama\n- Con parrilla","Unidad",0,{"$f":"IF(E391>0,(VLOOKUP($C$5&$C$6&B391,ConsolidadoServicios!$A:$K,11,0)),0)","v":0},{"$f":"IF(E391>0,(VLOOKUP(B391,Minimos!$A:$B,2,0)),0)","v":0},0,null,0,0,null,{"$f":"'Detalle Bienes de Aseo y Caf'!I391","v":0},{"$f":"'Detalle Bienes de Aseo y Caf'!J391","v":0},{"$f":"'Detalle Bienes de Aseo y Caf'!K391","v":0},{"$f":"'Detalle Bienes de Aseo y Caf'!L391","v":0}]
[378,"Extensión eléctrica 1 (Compra)","- De mínimo 25 metros de longitud \n- Tipo industrial\n- Recubierta en plástico PVC\n- Con clavijas\n- Calibre 12","Unidad",0,{"$f":"IF(E392>0,(VLOOKUP($C$5&$C$6&B392,ConsolidadoServicios!$A:$K,11,0)),0)","v":0},{"$f":"IF(E392>0,(VLOOKUP(B392,Minimos!$A:$B,2,0)),0)","v":0},0,null,0,0,null,{"$f":"'Detalle Bienes de Aseo y Caf'!I392","v":0},{"$f":"'Detalle Bienes de Aseo y Caf'!J392","v":0},{"$f":"'Detalle Bienes de Aseo y Caf'!K392","v":0},{"$f":"'Detalle Bienes de Aseo y Caf'!L392","v":0}]
[379,"Extensión eléctrica 2 (Compra)","- De mínimo 30 metros de longitud\n- Recubierta en plástico PVC\n- Con clavijas\n- Tipo industrial\n- Calibre 12","Unidad",0,{"$f":"IF(E393>0,(VLOOKUP($C$5&$C$6&B393,ConsolidadoServicios!$A:$K,11,0)),0)","v":0},{"$f":"IF(E393>0,(VLOOKUP(B393,Minimos!$A:$B,2,0)),0)","v":0},0,null,0,0,null,{"$f":"'Detalle Bienes de Aseo y Caf'!I393","v":0},{"$f":"'Detalle Bienes de Aseo y Caf'!J393","v":0},{"$f":"'Detalle Bienes de Aseo y Caf'!K393","v":0},{"$f":"'Detalle Bienes de Aseo y Caf'!L393","v":0}]
[380,"Aspiradora 1 (Arrendamiento)","- De uso industrial para aspirado en seco y húmedo\n- Motor con potencia 1200 w y 1400 w\n- Capacidad entre 15 y 20 litros\n- Cable de potencia con longitud mínima de 5m\n- Accesorios mínimos: manguera puntera, 2 tubos para extensión, cepillos para tapizados","Unidad",0,{"$f":"IF(E394>0,(VLOOKUP($C$5&$C$6&B394,ConsolidadoServicios!$A:$K,11,0)),0)","v":0},{"$f":"IF(E394>0,(VLOOKUP(B394,Minimos!$A:$B,2,0)),0)","v":0},0,null,0,0,null,{"$f":"'Detalle Bienes de Aseo y Caf'!I394","v":0},{"$f":"'Detalle Bienes de Aseo y Caf'!J394","v":0},{"$f":"'Detalle Bienes de Aseo y Caf'!K394","v":0},{"$f":"'Detalle Bienes de Aseo y Caf'!L394","v":0}]
[381,"Aspiradora 1 (Compra)","- De uso industrial para aspirado en seco y húmedo\n- Motor con potencia 1200 w y 1400 w\n- Capacidad entre 15 y 20 litros\n- Cable de potencia con longitud mínima de 5m\n- Accesorios mínimos: manguera puntera, 2 tubos para extensión, cepillos para tapizados","Unidad",0,{"$f":"IF(E395>0,(VLOOKUP($C$5&$C$6&B395,ConsolidadoServicios!$A:$K,11,0)),0)","v":0},{"$f":"IF(E395>0,(VLOOKUP(B395,Minimos!$A:$B,2,0)),0)","v":0},0,null,0,0,null,{"$f":"'Detalle Bienes de Aseo y Caf'!I395","v":0},{"$f":"'Detalle Bienes de Aseo y Caf'!J395","v":0},{"$f":"'Detalle Bienes de Aseo y Caf'!K395","v":0},{"$f":"'Detalle Bienes de Aseo y Caf'!L395","v":0}]
[382,"Aspiradora 2 (Arrendamiento)","- De uso industrial para aspirado en seco y húmedo\n- Motor con potencia entre 1200 w y 1400 w\n- Capacidad entre 45 y 55 litros\n- Cable de potencia con longitud mínima de 5m\n- Accesorios mínimos: manguera puntera, 2 tubos para extensión, cepillos para tapizados","Unidad",0,{"$f":"IF(E396>0,(VLOOKUP($C$5&$C$6&B396,ConsolidadoServicios!$A:$K,11,0)),0)","v":0},{"$f":"IF(E396>0,(VLOOKUP(B396,Minimos!$A:$B,2,0)),0)","v":0},0,null,0,0,null,{"$f":"'Detalle Bienes de Aseo y Caf'!I396","v":0},{"$f":"'Detalle Bienes de Aseo y Caf'!J396","v":0},{"$f":"'Detalle Bienes de Aseo y Caf'!K396","v":0},{"$f":"'Detalle Bienes de Aseo y Caf'!L396","v":0}]
[383,"Aspiradora 2 (Compra)","- De uso industrial para aspirado en seco y húmedo\n- Motor con potencia entre 1200 w y 1400 w\n- Capacidad entre 45 y 55 litros\n- Cable de potencia con longitud mínima de 5m\n- Accesorios mínimos: manguera puntera, 2 tubos para extensión, cepillos para tapizados","Unidad",0,{"$f":"IF(E397>0,(VLOOKUP($C$5&$C$6&B397,ConsolidadoServicios!$A:$K,11,0)),0)","v":0},{"$f":"IF(E397>0,(VLOOKUP(B397,Minimos!$A:$B,2,0)),0)","v":0},0,null,0,0,null,{"$f":"'Detalle Bienes de Aseo y Caf'!I397","v":0},{"$f":"'Detalle Bienes de Aseo y Caf'!J397","v":0},{"$f":"'Detalle Bienes de Aseo y Caf'!K397","v":0},{"$f":"'Detalle Bienes de Aseo y Caf'!L397","v":0}]
[384,"Lavabrilladora de pisos 1 (Arrendamiento)","- De uso industrial\n- Motores con potencia mínima de 1,5 hp y velocidad mínima de 175 rpm.\n- Con manijas dobles\n- Con interruptor de apagado de seguridad\n- Diámetro mínimo de 16\"\n- Cable de potencia con longitud mínima de 8m\n- Accesorios mínimos portapad, cepillo suave y duro","Unidad ",0,{"$f":"IF(E398>0,(VLOOKUP($C$5&$C$6&B398,ConsolidadoServicios!$A:$K,11,0)),0)","v":0},{"$f":"IF(E398>0,(VLOOKUP(B398,Minimos!$A:$B,2,0)),0)","v":0},0,null,0,0,null,{"$f":"'Detalle Bienes de Aseo y Caf'!I398","v":0},{"$f":"'Detalle Bienes de Aseo y Caf'!J398","v":0},{"$f":"'Detalle Bienes de Aseo y Caf'!K398","v":0},{"$f":"'Detalle Bienes de Aseo y Caf'!L398","v":0}]
[385,"Lavabrilladora de pisos 1 (Compra)","- De uso industrial\n- Motores con potencia mínima de 1,5 hp y velocidad mínima de 175 rpm.\n- Con manijas dobles\n- Con interruptor de apagado de seguridad\n- Diámetro mínimo de 16\"\n- Cable de potencia con longitud mínima de 8m\n- Accesorios mínimos portapad, cepillo suave y duro","Unidad ",{"$f":"SUM(M399:P399)","v":0},{"$f":"IF(E399>0,(VLOOKUP($C$5&$C$6&B399,ConsolidadoServicios!$A:$K,11,0)),0)","v":0},{"$f":"IF(E399>0,(VLOOKUP(B399,Minimos!$A:$B,2,0)),0)","v":0},0,null,0,0,null,{"$f":"'Detalle Bienes de Aseo y Caf'!I399","v":0},{"$f":"'Detalle Bienes de Aseo y Caf'!J399","v":0},{"$f":"'Detalle Bienes de Aseo y Caf'!K399","v":0},{"$f":"'Detalle Bienes de Aseo y Caf'!L399","v":0}]
[386,"Lavabrilladora de pisos 2 (Arrendamiento)","- De uso industrial\n- Motores con potencia mínima de 1,5 hp y velocidad mínima de 175 rpm.\n- Con manijas dobles\n- Con interruptor de apagado de seguridad\n- Diámetro mínimo de 20\"\n- Cable de potencia con longitud mínima de 8m\n- Accesorios mínimos portapad, cepillo suave y duro","Unidad",0,{"$f":"IF(E400>0,(VLOOKUP($C$5&$C$6&B400,ConsolidadoServicios!$A:$K,11,0)),0)","v":0},{"$f":"IF(E400>0,(VLOOKUP(B400,Minimos!$A:$B,2,0)),0)","v":0},{"$f":"IF(E400>0,IF(I400>0,(G400-J400)/G400,0),0)","v":0},null,0,{"$f":"J400*E400","v":0},null,{"$f":"'Detalle Bienes de Aseo y Caf'!I400","v":0},{"$f":"'Detalle Bienes de Aseo y Caf'!J400","v":0},{"$f":"'Detalle Bienes de Aseo y Caf'!K400","v":0},{"$f":"'Detalle Bienes de Aseo y Caf'!L400","v":0}]
[387,"Lavabrilladora de pisos 2 (Compra)","- De uso industrial\n- Motores con potencia mínima de 1,5 hp y velocidad mínima de 175 rpm.\n- Con manijas dobles\n- Con interruptor de apagado de seguridad\n- Diámetro mínimo de 20\"\n- Cable de potencia con longitud mínima de 8m\n- Accesorios mínimos portapad, cepillo suave y duro","Unidad",0,{"$f":"IF(E401>0,(VLOOKUP($C$5&$C$6&B401,ConsolidadoServicios!$A:$K,11,0)),0)","v":0},{"$f":"IF(E401>0,(VLOOKUP(B401,Minimos!$A:$B,2,0)),0)","v":0},0,null,0,0,null,{"$f":"'Detalle Bienes de Aseo y Caf'!I401","v":0},{"$f":"'Detalle Bienes de Aseo y Caf'!J401","v":0},{"$f":"'Detalle Bienes de Aseo y Caf'!K401","v":0},{"$f":"'Detalle Bienes de Aseo y Caf'!L401","v":0}]
[388,"Brilladora de alta revolución (Arrendamiento)","- De uso industrial\n- Motores con potencia mínima de 1,5 hp y velocidad mínima de 1500 rpm.\n- Con manijas dobles\n- Con interruptor de apagado de seguridad\n- Diámetro mínimo de 20\"\n- Cable de potencia con longitud mínima de 8m\n- Accesorios mínimos - portapad","Unidad",0,{"$f":"IF(E402>0,(VLOOKUP($C$5&$C$6&B402,ConsolidadoServicios!$A:$K,11,0)),0)","v":0},{"$f":"IF(E402>0,(VLOOKUP(B402,Minimos!$A:$B,2,0)),0)","v":0},0,null,0,0,null,{"$f":"'Detalle Bienes de Aseo y Caf'!I402","v":0},{"$f":"'Detalle Bienes de Aseo y Caf'!J402","v":0},{"$f":"'Detalle Bienes de Aseo y Caf'!K402","v":0},{"$f":"'Detalle Bienes de Aseo y Caf'!L402","v":0}]
[389,"Brilladora de alta revolución (Compra)","- De uso industrial\n- Motores con potencia mínima de 1,5 hp y velocidad mínima de 1500 rpm.\n- Con manijas dobles\n- Con interruptor de apagado de seguridad\n- Diámetro mínimo de 20\"\n- Cable de potencia con longitud mínima de 8m\n- Accesorios mínimos - portapad","Unidad",0,{"$f":"IF(E403>0,(VLOOKUP($C$5&$C$6&B403,ConsolidadoServicios!$A:$K,11,0)),0)","v":0},{"$f":"IF(E403>0,(VLOOKUP(B403,Minimos!$A:$B,2,0)),0)","v":0},0,null,0,0,null,{"$f":"'Detalle Bienes de Aseo y Caf'!I403","v":0},{"$f":"'Detalle Bienes de Aseo y Caf'!J403","v":0},{"$f":"'Detalle Bienes de Aseo y Caf'!K403","v":0},{"$f":"'Detalle Bienes de Aseo y Caf'!L403","v":0}]
[390,"Lavadora de alfombras y tapetes 1 (Arrendamiento)"," - Motor con potencia de mínimo 1100 w y velocidad mínima de 175 revoluciones por minuto.\n- Capacidad mínima de 5 litros\n- Cable de potencia con longitud mínima de 8m\n- Para lavar en seco o a vapor\n- Diámetro mínimo de 16\"","Unidad",0,{"$f":"IF(E404>0,(VLOOKUP($C$5&$C$6&B404,ConsolidadoServicios!$A:$K,11,0)),0)","v":0},{"$f":"IF(E404>0,(VLOOKUP(B404,Minimos!$A:$B,2,0)),0)","v":0},0,null,0,0,null,{"$f":"'Detalle Bienes de Aseo y Caf'!I404","v":0},{"$f":"'Detalle Bienes de Aseo y Caf'!J404","v":0},{"$f":"'Detalle Bienes de Aseo y Caf'!K404","v":0},{"$f":"'Detalle Bienes de Aseo y Caf'!L404","v":0}]
[391,"Lavadora de alfombras y tapetes 1 (Compra)"," - Motor con potencia de mínimo 1100 w y velocidad mínima de 175 revoluciones por minuto.\n- Capacidad mínima de 5 litros\n- Cable de potencia con longitud mínima de 8m\n- Para lavar en seco o a vapor\n- Diámetro mínimo de 16\"","Unidad",0,{"$f":"IF(E405>0,(VLOOKUP($C$5&$C$6&B405,ConsolidadoServicios!$A:$K,11,0)),0)","v":0},{"$f":"IF(E405>0,(VLOOKUP(B405,Minimos!$A:$B,2,0)),0)","v":0},0,null,0,0,null,{"$f":"'Detalle Bienes de Aseo y Caf'!I405","v":0},{"$f":"'Detalle Bienes de Aseo y Caf'!J405","v":0},{"$f":"'Detalle Bienes de Aseo y Caf'!K405","v":0},{"$f":"'Detalle Bienes de Aseo y Caf'!L405","v":0}]
[392,"Lavadora de alfombras y tapetes 2 (Arrendamiento)","- De inyección y extracción con dos motores, cada uno con una potencia entre 1200 w y 1400 w.\n- Capacidad mínima de 30 litros\n- Cable de potencia con longitud mínima de 8m\n- Diámetro mínimo de 20\"","Unidad",0,{"$f":"IF(E406>0,(VLOOKUP($C$5&$C$6&B406,ConsolidadoServicios!$A:$K,11,0)),0)","v":0},{"$f":"IF(E406>0,(VLOOKUP(B406,Minimos!$A:$B,2,0)),0)","v":0},0,null,0,0,null,{"$f":"'Detalle Bienes de Aseo y Caf'!I406","v":0},{"$f":"'Detalle Bienes de Aseo y Caf'!J406","v":0},{"$f":"'Detalle Bienes de Aseo y Caf'!K406","v":0},{"$f":"'Detalle Bienes de Aseo y Caf'!L406","v":0}]
[393,"Lavadora de alfombras y tapetes 2 (Compra)","- De inyección y extracción con dos motores, cada uno con una potencia entre 1200 w y 1400 w.\n- Capacidad mínima de 30 litros\n- Cable de potencia con longitud mínima de 8m\n- Diámetro mínimo de 20\"","Unidad",0,{"$f":"IF(E407>0,(VLOOKUP($C$5&$C$6&B407,ConsolidadoServicios!$A:$K,11,0)),0)","v":0},{"$f":"IF(E407>0,(VLOOKUP(B407,Minimos!$A:$B,2,0)),0)","v":0},0,null,0,0,null,{"$f":"'Detalle Bienes de Aseo y Caf'!I407","v":0},{"$f":"'Detalle Bienes de Aseo y Caf'!J407","v":0},{"$f":"'Detalle Bienes de Aseo y Caf'!K407","v":0},{"$f":"'Detalle Bienes de Aseo y Caf'!L407","v":0}]
[394,"Hidrolavadora Industrial (Arrendamiento)"," - Motor eléctrico y potencia de mínimo 2.2 Kw - 1.450 RPM y entre 2.5 HP y 3.5 HP.\n - Presión de salida de agua entre 900 psi y 1900 psi.\n - Con ruedas","Unidad",0,{"$f":"IF(E408>0,(VLOOKUP($C$5&$C$6&B408,ConsolidadoServicios!$A:$K,11,0)),0)","v":0},{"$f":"IF(E408>0,(VLOOKUP(B408,Minimos!$A:$B,2,0)),0)","v":0},0,null,0,0,null,{"$f":"'Detalle Bienes de Aseo y Caf'!I408","v":0},{"$f":"'Detalle Bienes de Aseo y Caf'!J408","v":0},{"$f":"'Detalle Bienes de Aseo y Caf'!K408","v":0},{"$f":"'Detalle Bienes de Aseo y Caf'!L408","v":0}]
[395,"Hidrolavadora Industrial (Compra)"," - Motor eléctrico y potencia de mínimo 2.2 Kw - 1.450 RPM y entre 2.5 HP y 3.5 HP.\n - Presión de salida de agua entre 900 psi y 1900 psi.\n - Con ruedas","Unidad",0,{"$f":"IF(E409>0,(VLOOKUP($C$5&$C$6&B409,ConsolidadoServicios!$A:$K,11,0)),0)","v":0},{"$f":"IF(E409>0,(VLOOKUP(B409,Minimos!$A:$B,2,0)),0)","v":0},0,null,0,0,null,{"$f":"'Detalle Bienes de Aseo y Caf'!I409","v":0},{"$f":"'Detalle Bienes de Aseo y Caf'!J409","v":0},{"$f":"'Detalle Bienes de Aseo y Caf'!K409","v":0},{"$f":"'Detalle Bienes de Aseo y Caf'!L409","v":0}]
[396,"Sopladora de hojas (Arrendamiento)"," - Potenciado por motor a gasolina o eléctrico inalámbrico\n - Caudal mínimo de 380 cfm / 645m3/h\n - Autonomía mínima de 30 minutos\n - Intensidad máxima de sonido de 100dB\n - Incluye combustible para su funcionamiento (Máximo 3 galones)","Unidad",0,{"$f":"IF(E410>0,(VLOOKUP($C$5&$C$6&B410,ConsolidadoServicios!$A:$K,11,0)),0)","v":0},{"$f":"IF(E410>0,(VLOOKUP(B410,Minimos!$A:$B,2,0)),0)","v":0},0,null,0,0,null,{"$f":"'Detalle Bienes de Aseo y Caf'!I410","v":0},{"$f":"'Detalle Bienes de Aseo y Caf'!J410","v":0},{"$f":"'Detalle Bienes de Aseo y Caf'!K410","v":0},{"$f":"'Detalle Bienes de Aseo y Caf'!L410","v":0}]
[397,"Sopladora de hojas (Compra)"," - Potenciado por motor a gasolina o eléctrico inalámbrico\n - Caudal mínimo de 380 cfm / 645m3/h\n - Autonomía mínima de 30 minutos\n - Intensidad máxima de sonido de 100dB\n - Incluye combustible para su funcionamiento (Máximo 3 galones)","Unidad",0,{"$f":"IF(E411>0,(VLOOKUP($C$5&$C$6&B411,ConsolidadoServicios!$A:$K,11,0)),0)","v":0},{"$f":"IF(E411>0,(VLOOKUP(B411,Minimos!$A:$B,2,0)),0)","v":0},0,null,0,0,null,{"$f":"'Detalle Bienes de Aseo y Caf'!I411","v":0},{"$f":"'Detalle Bienes de Aseo y Caf'!J411","v":0},{"$f":"'Detalle Bienes de Aseo y Caf'!K411","v":0},{"$f":"'Detalle Bienes de Aseo y Caf'!L411","v":0}]
[398,"Sonda para inodoro (Arrendamiento)","-Sonda de mínimo 3''\n-Cubierta de vinilo para proteger la porcelana.\n- Cable de 1/2\" (12,7 mm) con núcleo interno recubierto por compresión, resistente al retorcimiento.\n-Mangos grandes y de diseño ergonómico.\n-Funcional en inodoros ahorradores de agua\n-Peso entre 1,9 kg y 2,5 kg","Unidad",0,{"$f":"IF(E412>0,(VLOOKUP($C$5&$C$6&B412,ConsolidadoServicios!$A:$K,11,0)),0)","v":0},{"$f":"IF(E412>0,(VLOOKUP(B412,Minimos!$A:$B,2,0)),0)","v":0},0,null,0,0,null,{"$f":"'Detalle Bienes de Aseo y Caf'!I412","v":0},{"$f":"'Detalle Bienes de Aseo y Caf'!J412","v":0},{"$f":"'Detalle Bienes de Aseo y Caf'!K412","v":0},{"$f":"'Detalle Bienes de Aseo y Caf'!L412","v":0}]
[399,"Sonda para inodoro (Compra)","-Sonda de mínimo 3''\n-Cubierta de vinilo para proteger la porcelana.\n- Cable de 1/2\" (12,7 mm) con núcleo interno recubierto por compresión, resistente al retorcimiento.\n-Mangos grandes y de diseño ergonómico.\n-Funcional en inodoros ahorradores de agua\n-Peso entre 1,9 kg y 2,5 kg","Unidad",0,{"$f":"IF(E413>0,(VLOOKUP($C$5&$C$6&B413,ConsolidadoServicios!$A:$K,11,0)),0)","v":0},{"$f":"IF(E413>0,(VLOOKUP(B413,Minimos!$A:$B,2,0)),0)","v":0},0,null,0,0,null,{"$f":"'Detalle Bienes de Aseo y Caf'!I413","v":0},{"$f":"'Detalle Bienes de Aseo y Caf'!J413","v":0},{"$f":"'Detalle Bienes de Aseo y Caf'!K413","v":0},{"$f":"'Detalle Bienes de Aseo y Caf'!L413","v":0}]
[400,"Girador Manual (Compra)","-Para destapar desagües entre 1/2\" a 1 1/2\".\n-Collar antideslizante que agarra y suelta el cable\n-Cable de núcleo hueco de mpinimo 5/16\" × 25 pies (7,6 m) con barrena de cabeza de bulbo.\n-Tambor rotativo de plástico moldeado\n-Diseño de tambor abierto que permite el acceso al cable","Unidad",0,{"$f":"IF(E414>0,(VLOOKUP($C$5&$C$6&B414,ConsolidadoServicios!$A:$K,11,0)),0)","v":0},{"$f":"IF(E414>0,(VLOOKUP(B414,Minimos!$A:$B,2,0)),0)","v":0},0,null,0,0,null,{"$f":"'Detalle Bienes de Aseo y Caf'!I414","v":0},{"$f":"'Detalle Bienes de Aseo y Caf'!J414","v":0},{"$f":"'Detalle Bienes de Aseo y Caf'!K414","v":0},{"$f":"'Detalle Bienes de Aseo y Caf'!L414","v":0}]
[401,"Sonda para fregaderos (Compra)","Sonda Eléctrica para desagües de 3/4” (20 mm) a 2-1/2” (64 mm)\n-El equipo propulsor de velocidad variable gira el cable a 0-600 RPM.\n-Capacidad del tambor: 50 pies (15 m) de 5⁄16\" (8 mm) o 35 pies (11 m) de 3⁄8\" (10 mm).\n-El núcleo interior revestido de vinilo impide que se oxide por contacto con el resorte.","Unidad",0,{"$f":"IF(E415>0,(VLOOKUP($C$5&$C$6&B415,ConsolidadoServicios!$A:$K,11,0)),0)","v":0},{"$f":"IF(E415>0,(VLOOKUP(B415,Minimos!$A:$B,2,0)),0)","v":0},0,null,0,0,null,{"$f":"'Detalle Bienes de Aseo y Caf'!I415","v":0},{"$f":"'Detalle Bienes de Aseo y Caf'!J415","v":0},{"$f":"'Detalle Bienes de Aseo y Caf'!K415","v":0},{"$f":"'Detalle Bienes de Aseo y Caf'!L415","v":0}]
[402,"Cortadora de cesped  (Arrendamiento)","-Cuenta con una cuchilla de 32 a 38 cm.\n-Chasis de acero con recolector o salida lateral.\n-Ruedas de 135 mm\n-Con  potencia entre 5 hp a 25 hp\n-Ancho de corte de 18 a 183 cm.\n-Peso entre 10 kg y 13,5 kg\n-Tiene manilla de seguridad\n-Incluye combustible para su funcionamiento (Máximo 3 galones)","Unidad",0,{"$f":"IF(E416>0,(VLOOKUP($C$5&$C$6&B416,ConsolidadoServicios!$A:$K,11,0)),0)","v":0},{"$f":"IF(E416>0,(VLOOKUP(B416,Minimos!$A:$B,2,0)),0)","v":0},0,null,0,0,null,{"$f":"'Detalle Bienes de Aseo y Caf'!I416","v":0},{"$f":"'Detalle Bienes de Aseo y Caf'!J416","v":0},{"$f":"'Detalle Bienes de Aseo y Caf'!K416","v":0},{"$f":"'Detalle Bienes de Aseo y Caf'!L416","v":0}]
[403,"Cortadora de cesped  (Compra)","-Cuenta con una cuchilla de 32 a 38 cm.\n-Chasis de acero con recolector o salida lateral.\n-Ruedas de 135 mm\n-Con  potencia entre 5 hp a 25 hp\n-Ancho de corte de 18 a 183 cm.\n-Peso entre 10 kg y 13,5 kg\n-Tiene manilla de seguridad\n-Incluye combustible para su funcionamiento (Máximo 3 galones)","Unidad",0,{"$f":"IF(E417>0,(VLOOKUP($C$5&$C$6&B417,ConsolidadoServicios!$A:$K,11,0)),0)","v":0},{"$f":"IF(E417>0,(VLOOKUP(B417,Minimos!$A:$B,2,0)),0)","v":0},0,null,0,0,null,{"$f":"'Detalle Bienes de Aseo y Caf'!I417","v":0},{"$f":"'Detalle Bienes de Aseo y Caf'!J417","v":0},{"$f":"'Detalle Bienes de Aseo y Caf'!K417","v":0},{"$f":"'Detalle Bienes de Aseo y Caf'!L417","v":0}]
[404,"Guadañas (Arrendamiento)"," -Guadaña de Eje Rígido\n - Viene cilindrada con apróximadamente 30 a 51,6 cm3.\n-Peso promedio entre 6,5 Kg y 7,7 Kg.\n-Cuchilla de 80 puntas\n-Capacidad del tanque de combustible entre 0,65 Lt y 1 Lt.\n-Cuenta con un sistema de arranque manual.\n-Cuenta con un sistema de ignición electrónico\n - Incluye el combustible para su funcioamiento (Máximo 3 galones)","Unidad",0,{"$f":"IF(E418>0,(VLOOKUP($C$5&$C$6&B418,ConsolidadoServicios!$A:$K,11,0)),0)","v":0},{"$f":"IF(E418>0,(VLOOKUP(B418,Minimos!$A:$B,2,0)),0)","v":0},0,null,0,0,null,{"$f":"'Detalle Bienes de Aseo y Caf'!I418","v":0},{"$f":"'Detalle Bienes de Aseo y Caf'!J418","v":0},{"$f":"'Detalle Bienes de Aseo y Caf'!K418","v":0},{"$f":"'Detalle Bienes de Aseo y Caf'!L418","v":0}]
[405,"Guadañas (Compra)"," -Guadaña de Eje Rígido\n - Viene cilindrada con apróximadamente 30 a 51,6 cm3.\n-Peso promedio entre 6,5 Kg y 7,7 Kg.\n-Cuchilla de 80 puntas\n-Capacidad del tanque de combustible entre 0,65 Lt y 1 Lt.\n-Cuenta con un sistema de arranque manual.\n-Cuenta con un sistema de ignición electrónico\n - Incluye el combustible para su funcioamiento (Máximo 3 galones)","Unidad",0,{"$f":"IF(E419>0,(VLOOKUP($C$5&$C$6&B419,ConsolidadoServicios!$A:$K,11,0)),0)","v":0},{"$f":"IF(E419>0,(VLOOKUP(B419,Minimos!$A:$B,2,0)),0)","v":0},0,null,0,0,null,{"$f":"'Detalle Bienes de Aseo y Caf'!I419","v":0},{"$f":"'Detalle Bienes de Aseo y Caf'!J419","v":0},{"$f":"'Detalle Bienes de Aseo y Caf'!K419","v":0},{"$f":"'Detalle Bienes de Aseo y Caf'!L419","v":0}]
[406,"Motobombas (Arrendamiento)","-Motobomba eléctrica\n-Fabricada en Hierro\n-Cuenta con una potencia de 2 hp a 111 hp\n-Velocidades desde 1800 RPM a 3450 RPM.\n-Peso promedio de 30 Kg.\n-Las medidas de succión por descarga van de 2 x 2 pulgadas a 12 x 12 pulgadas.","Unidad",0,{"$f":"IF(E420>0,(VLOOKUP($C$5&$C$6&B420,ConsolidadoServicios!$A:$K,11,0)),0)","v":0},{"$f":"IF(E420>0,(VLOOKUP(B420,Minimos!$A:$B,2,0)),0)","v":0},0,null,0,0,null,{"$f":"'Detalle Bienes de Aseo y Caf'!I420","v":0},{"$f":"'Detalle Bienes de Aseo y Caf'!J420","v":0},{"$f":"'Detalle Bienes de Aseo y Caf'!K420","v":0},{"$f":"'Detalle Bienes de Aseo y Caf'!L420","v":0}]
[407,"Motobombas (Compra)","-Motobomba eléctrica\n-Fabricada en Hierro\n-Cuenta con una potencia de 2 hp a 111 hp\n-Velocidades desde 1800 RPM a 3450 RPM.\n-Peso promedio de 30 Kg.\n-Las medidas de succión por descarga van de 2 x 2 pulgadas a 12 x 12 pulgadas.","Unidad",0,{"$f":"IF(E421>0,(VLOOKUP($C$5&$C$6&B421,ConsolidadoServicios!$A:$K,11,0)),0)","v":0},{"$f":"IF(E421>0,(VLOOKUP(B421,Minimos!$A:$B,2,0)),0)","v":0},0,null,0,0,null,{"$f":"'Detalle Bienes de Aseo y Caf'!I421","v":0},{"$f":"'Detalle Bienes de Aseo y Caf'!J421","v":0},{"$f":"'Detalle Bienes de Aseo y Caf'!K421","v":0},{"$f":"'Detalle Bienes de Aseo y Caf'!L421","v":0}]
["   ","   ","   ","   ","   ","   ",null,null,null,"TOTAL Mensual Bienes de Aseo y Cafetería ",{"$f":"SUM(K14:K421)","v":1229904.6499999999}]

{"sheet":"Cotizacion","index":5,"n_rows":53,"n_cols":18,"rows_kept":53,"cut":false,"hidden":false,"merged":[[52,4,52,5],[51,14,51,15],[47,14,47,15],[50,14,50,15],[0,1,0,16],[48,14,48,15],[5,1,5,8],[5,9,5,16],[2,1,2,2],[2,3,2,4],[46,14,46,15],[3,3,3,12],[50,2,50,5],[51,2,51,5]]}
[null,"COTIZACIÓN ASEO Y CAFETERIA"]
[null,{"$f":"+'Solicitud de Cotización General'!A4","v":"Versión: 42 ---- 14/05/2024"}]
[null,"Región de Cobertura: ",null,{"$f":"'Solicitud de Cotización General'!H9","v":10}]
[null,"Nombre del Proveedor: ",null,"CONSORCIO KIOS"]
[]
[null,"Paquete de Servicios",null,null,null,null,null,null,null,"Valores"]
[null,"Item","Categoría","Servicio","Característica 1","Disponibilidad","Cantidad","Unidad","Vigencia / Unidad","Valor unitario","Descuento %","Precio Unitario con Descuento","Nuevo precio cláusula 8","Valor Mensual / Valor X Unidad","Recargo por Trabajo nocturno, extra, dominical y festivo","Recargo por dotación especial","Valor Total","NomCoupa"]
[{"$f":"AND(L8>=2465868,K8>=0,K8<=1)","v":true},1,"Servicio de Personal","Operario de aseo y cafetería","Operario de aseo y cafetería","Tiempo Completo",4,"Mes",7,{"$f":"VLOOKUP($D$3&$D$4&D8,ConsolidadoServicios!$A:$K,11,0)","v":2465868},null,{"$f":"J8*(1-K8)","v":2465868},{"$f":"ROUND(L8/(1-VLOOKUP(\"Total porcentaje:\",Cotizacion!$E:$G,3,0)),2)","v":2465868},{"$f":"G8*M8","v":9863472},null,null,{"$f":"I8*N8","v":69044304},"NomCoupa"]
[null,2,"Bienes de Aseo y Cafetería","Jabón para loza 2 (Compra)","Jabón para loza 2 (Compra)",null,4,"Und",7,{"$f":"VLOOKUP($D$3&$D$4&D9,ConsolidadoServicios!$A:$K,11,0)","v":4573},{"$f":"VLOOKUP(D9,'Cotizacion Bienes de Aseo y Ca'!B:K,8,FALSE)","v":0.48672643778701102},2347.1999999999985,{"$f":"ROUND(L9/(1-VLOOKUP(\"Total porcentaje:\",Cotizacion!$E:$G,3,0)),2)","v":2347.1999999999998},9388.7999999999993,null,null,65721.599999999991,"NomCoupa"]
[null,3,"Bienes de Aseo y Cafetería","Jabón en barra (Compra)","Jabón en barra (Compra)",null,8,"Und",7,{"$f":"VLOOKUP($D$3&$D$4&D10,ConsolidadoServicios!$A:$K,11,0)","v":3856},{"$f":"VLOOKUP(D10,'Cotizacion Bienes de Aseo y Ca'!B:K,8,FALSE)","v":0.59426867219917001},1564.5000000000005,{"$f":"ROUND(L10/(1-VLOOKUP(\"Total porcentaje:\",Cotizacion!$E:$G,3,0)),2)","v":1564.5},12516,null,null,87612,"NomCoupa"]
[null,4,"Bienes de Aseo y Cafetería","Jabón abrasivo (Compra)","Jabón abrasivo (Compra)",null,4,"Und",7,{"$f":"VLOOKUP($D$3&$D$4&D11,ConsolidadoServicios!$A:$K,11,0)","v":5326},{"$f":"VLOOKUP(D11,'Cotizacion Bienes de Aseo y Ca'!B:K,8,FALSE)","v":0.48238828389034899},2756.8000000000011,{"$f":"ROUND(L11/(1-VLOOKUP(\"Total porcentaje:\",Cotizacion!$E:$G,3,0)),2)","v":2756.8},11027.2,null,null,77190.400000000009,"NomCoupa"]
[null,5,"Bienes de Aseo y Cafetería","Jabón de dispensador para manos 1 (Compra)","Jabón de dispensador para manos 1 (Compra)",null,4,"Und",7,{"$f":"VLOOKUP($D$3&$D$4&D12,ConsolidadoServicios!$A:$K,11,0)","v":5043},{"$f":"VLOOKUP(D12,'Cotizacion Bienes de Aseo y Ca'!B:K,8,FALSE)","v":0.60991473329367396},1967.2000000000023,{"$f":"ROUND(L12/(1-VLOOKUP(\"Total porcentaje:\",Cotizacion!$E:$G,3,0)),2)","v":1967.2},7868.8,null,null,55081.599999999999,"NomCoupa"]
[null,6,"Bienes de Aseo y Cafetería","Limpiador multiusos 2 (Compra)","Limpiador multiusos 2 (Compra)",null,4,"Und",7,{"$f":"VLOOKUP($D$3&$D$4&D13,ConsolidadoServicios!$A:$K,11,0)","v":4724},{"$f":"VLOOKUP(D13,'Cotizacion Bienes de Aseo y Ca'!B:K,8,FALSE)","v":0.63031329381879797},1746.3999999999985,{"$f":"ROUND(L13/(1-VLOOKUP(\"Total porcentaje:\",Cotizacion!$E:$G,3,0)),2)","v":1746.4},6985.6,null,null,48899.200000000004,"NomCoupa"]
[null,7,"Bienes de Aseo y Cafetería","Limpiador multiusos 3 (Compra)","Limpiador multiusos 3 (Compra)",null,4,"Und",7,{"$f":"VLOOKUP($D$3&$D$4&D14,ConsolidadoServicios!$A:$K,11,0)","v":3647},{"$f":"VLOOKUP(D14,'Cotizacion Bienes de Aseo y Ca'!B:K,8,FALSE)","v":0.57312859884836798},1556.800000000002,{"$f":"ROUND(L14/(1-VLOOKUP(\"Total porcentaje:\",Cotizacion!$E:$G,3,0)),2)","v":1556.8},6227.2,null,null,43590.400000000001,"NomCoupa"]
[null,8,"Bienes de Aseo y Cafetería","Limpiador desinfectante para uso general 2 (Compra)","Limpiador desinfectante para uso general 2 (Compra)",null,4,"Und",7,{"$f":"VLOOKUP($D$3&$D$4&D15,ConsolidadoServicios!$A:$K,11,0)","v":5031},{"$f":"VLOOKUP(D15,'Cotizacion Bienes de Aseo y Ca'!B:K,8,FALSE)","v":0.52677400119260598},2380.7999999999993,{"$f":"ROUND(L15/(1-VLOOKUP(\"Total porcentaje:\",Cotizacion!$E:$G,3,0)),2)","v":2380.8000000000002},9523.2000000000007,null,null,66662.400000000009,"NomCoupa"]
[null,9,"Bienes de Aseo y Cafetería","Pastilla desinfectante para sanitario (Compra)","Pastilla desinfectante para sanitario (Compra)",null,12,"Und",7,{"$f":"VLOOKUP($D$3&$D$4&D16,ConsolidadoServicios!$A:$K,11,0)","v":7084},{"$f":"VLOOKUP(D16,'Cotizacion Bienes de Aseo y Ca'!B:K,8,FALSE)","v":0.62711744776962197},2641.4999999999977,{"$f":"ROUND(L16/(1-VLOOKUP(\"Total porcentaje:\",Cotizacion!$E:$G,3,0)),2)","v":2641.5},31698,null,null,221886,"NomCoupa"]
[null,10,"Bienes de Aseo y Cafetería","Líquido para limpiar vidrios 2 (Compra)","Líquido para limpiar vidrios 2 (Compra)",null,4,"Und",7,{"$f":"VLOOKUP($D$3&$D$4&D17,ConsolidadoServicios!$A:$K,11,0)","v":5090},{"$f":"VLOOKUP(D17,'Cotizacion Bienes de Aseo y Ca'!B:K,8,FALSE)","v":0.51559921414538301},2465.6000000000004,{"$f":"ROUND(L17/(1-VLOOKUP(\"Total porcentaje:\",Cotizacion!$E:$G,3,0)),2)","v":2465.6},9862.4,null,null,69036.800000000003,"NomCoupa"]
[null,11,"Bienes de Aseo y Cafetería","Blanqueador o hipoclorito 1 (Compra)","Blanqueador o hipoclorito 1 (Compra)",null,4,"Und",7,{"$f":"VLOOKUP($D$3&$D$4&D18,ConsolidadoServicios!$A:$K,11,0)","v":9696},{"$f":"VLOOKUP(D18,'Cotizacion Bienes de Aseo y Ca'!B:K,8,FALSE)","v":0.55043316831683198},4358.9999999999973,{"$f":"ROUND(L18/(1-VLOOKUP(\"Total porcentaje:\",Cotizacion!$E:$G,3,0)),2)","v":4359},17436,null,null,122052,"NomCoupa"]
[null,12,"Bienes de Aseo y Cafetería","Líquido para limpiar equipos de oficina 1 (Compra)","Líquido para limpiar equipos de oficina 1 (Compra)",null,4,"Und",7,{"$f":"VLOOKUP($D$3&$D$4&D19,ConsolidadoServicios!$A:$K,11,0)","v":6267},{"$f":"VLOOKUP(D19,'Cotizacion Bienes de Aseo y Ca'!B:K,8,FALSE)","v":0.58270304771022796},2615.2000000000012,{"$f":"ROUND(L19/(1-VLOOKUP(\"Total porcentaje:\",Cotizacion!$E:$G,3,0)),2)","v":2615.1999999999998},10460.799999999999,null,null,73225.599999999991,"NomCoupa"]
[null,13,"Bienes de Aseo y Cafetería","Lustrador de muebles (Compra)","Lustrador de muebles (Compra)",null,4,"Und",7,{"$f":"VLOOKUP($D$3&$D$4&D20,ConsolidadoServicios!$A:$K,11,0)","v":4636},{"$f":"VLOOKUP(D20,'Cotizacion Bienes de Aseo y Ca'!B:K,8,FALSE)","v":0.65625539257981003},1593.6000000000008,{"$f":"ROUND(L20/(1-VLOOKUP(\"Total porcentaje:\",Cotizacion!$E:$G,3,0)),2)","v":1593.6},6374.4,null,null,44620.799999999996,"NomCoupa"]
[null,14,"Bienes de Aseo y Cafetería","Ambientador 2 (Compra)","Ambientador 2 (Compra)",null,4,"Und",7,{"$f":"VLOOKUP($D$3&$D$4&D21,ConsolidadoServicios!$A:$K,11,0)","v":15205},{"$f":"VLOOKUP(D21,'Cotizacion Bienes de Aseo y Ca'!B:K,8,FALSE)","v":0.58388687931601402},6327.0000000000073,{"$f":"ROUND(L21/(1-VLOOKUP(\"Total porcentaje:\",Cotizacion!$E:$G,3,0)),2)","v":6327},25308,null,null,177156,"NomCoupa"]
[null,15,"Bienes de Aseo y Cafetería","Insecticida 1 (Compra)","Insecticida 1 (Compra)",null,4,"Und",7,{"$f":"VLOOKUP($D$3&$D$4&D22,ConsolidadoServicios!$A:$K,11,0)","v":22160},{"$f":"VLOOKUP(D22,'Cotizacion Bienes de Aseo y Ca'!B:K,8,FALSE)","v":0.65691561371841201},7602.74999999999,{"$f":"ROUND(L22/(1-VLOOKUP(\"Total porcentaje:\",Cotizacion!$E:$G,3,0)),2)","v":7602.75},30411,null,null,212877,"NomCoupa"]
[null,16,"Bienes de Aseo y Cafetería","Limpiones 1 (Compra)","Limpiones 1 (Compra)",null,8,"Und",7,{"$f":"VLOOKUP($D$3&$D$4&D23,ConsolidadoServicios!$A:$K,11,0)","v":6020},{"$f":"VLOOKUP(D23,'Cotizacion Bienes de Aseo y Ca'!B:K,8,FALSE)","v":0.82538205980066504},1051.1999999999964,{"$f":"ROUND(L23/(1-VLOOKUP(\"Total porcentaje:\",Cotizacion!$E:$G,3,0)),2)","v":1051.2},8409.6,null,null,58867.200000000004,"NomCoupa"]
[null,17,"Bienes de Aseo y Cafetería","Bayetilla 1 (Compra)","Bayetilla 1 (Compra)",null,4,"Und",7,{"$f":"VLOOKUP($D$3&$D$4&D24,ConsolidadoServicios!$A:$K,11,0)","v":9890},{"$f":"VLOOKUP(D24,'Cotizacion Bienes de Aseo y Ca'!B:K,8,FALSE)","v":0.86879676440849296},1297.6000000000047,{"$f":"ROUND(L24/(1-VLOOKUP(\"Total porcentaje:\",Cotizacion!$E:$G,3,0)),2)","v":1297.5999999999999},5190.3999999999996,null,null,36332.799999999996,"NomCoupa"]
[null,18,"Bienes de Aseo y Cafetería","Bayetilla 2 (Compra)","Bayetilla 2 (Compra)",null,4,"Und",7,{"$f":"VLOOKUP($D$3&$D$4&D25,ConsolidadoServicios!$A:$K,11,0)","v":9890},{"$f":"VLOOKUP(D25,'Cotizacion Bienes de Aseo y Ca'!B:K,8,FALSE)","v":0.86879676440849296},1297.6000000000047,{"$f":"ROUND(L25/(1-VLOOKUP(\"Total porcentaje:\",Cotizacion!$E:$G,3,0)),2)","v":1297.5999999999999},5190.3999999999996,null,null,36332.799999999996,"NomCoupa"]
[null,19,"Bienes de Aseo y Cafetería","Toalla en tela blanca para pisos por metro (repuesto de haraganes) (Compra)","Toalla en tela blanca para pisos por metro (repuesto de haraganes) (Compra)",null,4,"Und",7,{"$f":"VLOOKUP($D$3&$D$4&D26,ConsolidadoServicios!$A:$K,11,0)","v":16528},{"$f":"VLOOKUP(D26,'Cotizacion Bienes de Aseo y Ca'!B:K,8,FALSE)","v":0.81151984511132602},3115.2000000000035,{"$f":"ROUND(L26/(1-VLOOKUP(\"Total porcentaje:\",Cotizacion!$E:$G,3,0)),2)","v":3115.2},12460.8,null,null,87225.599999999991,"NomCoupa"]
[null,20,"Bienes de Aseo y Cafetería","Paño absorbente multiusos 2 (Compra)","Paño absorbente multiusos 2 (Compra)",null,8,"Und",7,{"$f":"VLOOKUP($D$3&$D$4&D27,ConsolidadoServicios!$A:$K,11,0)","v":31065},{"$f":"VLOOKUP(D27,'Cotizacion Bienes de Aseo y Ca'!B:K,8,FALSE)","v":0.96654756156446198},1039.1999999999887,{"$f":"ROUND(L27/(1-VLOOKUP(\"Total porcentaje:\",Cotizacion!$E:$G,3,0)),2)","v":1039.2},8313.6,null,null,58195.200000000004,"NomCoupa"]
[null,21,"Bienes de Aseo y Cafetería","Escoba 3 (Compra)","Escoba 3 (Compra)",null,4,"Und",7,{"$f":"VLOOKUP($D$3&$D$4&D28,ConsolidadoServicios!$A:$K,11,0)","v":6455},{"$f":"VLOOKUP(D28,'Cotizacion Bienes de Aseo y Ca'!B:K,8,FALSE)","v":0.56759101471727302},2791.2000000000025,{"$f":"ROUND(L28/(1-VLOOKUP(\"Total porcentaje:\",Cotizacion!$E:$G,3,0)),2)","v":2791.2},11164.8,null,null,78153.599999999991,"NomCoupa"]
[null,22,"Bienes de Aseo y Cafetería","Trapero 4 (Compra)","Trapero 4 (Compra)",null,4,"Und",7,{"$f":"VLOOKUP($D$3&$D$4&D29,ConsolidadoServicios!$A:$K,11,0)","v":22295},{"$f":"VLOOKUP(D29,'Cotizacion Bienes de Aseo y Ca'!B:K,8,FALSE)","v":0.84616505943036602},3429.7499999999895,{"$f":"ROUND(L29/(1-VLOOKUP(\"Total porcentaje:\",Cotizacion!$E:$G,3,0)),2)","v":3429.75},13719,null,null,96033,"NomCoupa"]
[null,23,"Bienes de Aseo y Cafetería","Bolsas plásticas 8 (Compra)","Bolsas plásticas 8 (Compra)",null,12,"Und",7,{"$f":"VLOOKUP($D$3&$D$4&D30,ConsolidadoServicios!$A:$K,11,0)","v":3629},{"$f":"VLOOKUP(D30,'Cotizacion Bienes de Aseo y Ca'!B:K,8,FALSE)","v":0.72409754753375599},1001.2499999999995,{"$f":"ROUND(L30/(1-VLOOKUP(\"Total porcentaje:\",Cotizacion!$E:$G,3,0)),2)","v":1001.25},12015,null,null,84105,"NomCoupa"]
[null,24,"Bienes de Aseo y Cafetería","Bolsas plásticas 21 (Compra)","Bolsas plásticas 21 (Compra)",null,20,"Und",7,{"$f":"VLOOKUP($D$3&$D$4&D31,ConsolidadoServicios!$A:$K,11,0)","v":8770},{"$f":"VLOOKUP(D31,'Cotizacion Bienes de Aseo y Ca'!B:K,8,FALSE)","v":0.83503420752565605},1446.7499999999964,{"$f":"ROUND(L31/(1-VLOOKUP(\"Total porcentaje:\",Cotizacion!$E:$G,3,0)),2)","v":1446.75},28935,null,null,202545,"NomCoupa"]
[null,25,"Bienes de Aseo y Cafetería","Bolsas plásticas 22 (Compra)","Bolsas plásticas 22 (Compra)",null,20,"Und",7,{"$f":"VLOOKUP($D$3&$D$4&D32,ConsolidadoServicios!$A:$K,11,0)","v":9561},{"$f":"VLOOKUP(D32,'Cotizacion Bienes de Aseo y Ca'!B:K,8,FALSE)","v":0.76035456542202695},2291.2500000000005,{"$f":"ROUND(L32/(1-VLOOKUP(\"Total porcentaje:\",Cotizacion!$E:$G,3,0)),2)","v":2291.25},45825,null,null,320775,"NomCoupa"]
[null,26,"Bienes de Aseo y Cafetería","Bolsas plásticas 23 (Compra)","Bolsas plásticas 23 (Compra)",null,20,"Und",7,{"$f":"VLOOKUP($D$3&$D$4&D33,ConsolidadoServicios!$A:$K,11,0)","v":9561},{"$f":"VLOOKUP(D33,'Cotizacion Bienes de Aseo y Ca'!B:K,8,FALSE)","v":0.72011295889551297},2676.0000000000005,{"$f":"ROUND(L33/(1-VLOOKUP(\"Total porcentaje:\",Cotizacion!$E:$G,3,0)),2)","v":2676},53520,null,null,374640,"NomCoupa"]
[null,27,"Bienes de Aseo y Cafetería","Papel higiénico 2 (Compra)","Papel higiénico 2 (Compra)",null,4,"Und",7,{"$f":"VLOOKUP($D$3&$D$4&D34,ConsolidadoServicios!$A:$K,11,0)","v":14861},{"$f":"VLOOKUP(D34,'Cotizacion Bienes de Aseo y Ca'!B:K,8,FALSE)","v":0.56083036134849595},6526.5000000000018,{"$f":"ROUND(L34/(1-VLOOKUP(\"Total porcentaje:\",Cotizacion!$E:$G,3,0)),2)","v":6526.5},26106,null,null,182742,"NomCoupa"]
[null,28,"Bienes de Aseo y Cafetería","Papel higiénico 5 (Compra)","Papel higiénico 5 (Compra)",null,4,"Und",7,{"$f":"VLOOKUP($D$3&$D$4&D35,ConsolidadoServicios!$A:$K,11,0)","v":19037},{"$f":"VLOOKUP(D35,'Cotizacion Bienes de Aseo y Ca'!B:K,8,FALSE)","v":0.53476125439932798},8856.7499999999927,{"$f":"ROUND(L35/(1-VLOOKUP(\"Total porcentaje:\",Cotizacion!$E:$G,3,0)),2)","v":8856.75},35427,null,null,247989,"NomCoupa"]
[null,29,"Bienes de Aseo y Cafetería","Toallas para manos 4 (Compra)","Toallas para manos 4 (Compra)",null,4,"Und",7,{"$f":"VLOOKUP($D$3&$D$4&D36,ConsolidadoServicios!$A:$K,11,0)","v":32387},{"$f":"VLOOKUP(D36,'Cotizacion Bienes de Aseo y Ca'!B:K,8,FALSE)","v":0.492018402445426},16451.999999999989,{"$f":"ROUND(L36/(1-VLOOKUP(\"Total porcentaje:\",Cotizacion!$E:$G,3,0)),2)","v":16452},65808,null,null,460656,"NomCoupa"]
[null,30,"Bienes de Aseo y Cafetería","Toallas para manos 6 (Compra)","Toallas para manos 6 (Compra)",null,4,"Und",7,{"$f":"VLOOKUP($D$3&$D$4&D37,ConsolidadoServicios!$A:$K,11,0)","v":8901},{"$f":"VLOOKUP(D37,'Cotizacion Bienes de Aseo y Ca'!B:K,8,FALSE)","v":0.48668688911358299},4568.9999999999982,{"$f":"ROUND(L37/(1-VLOOKUP(\"Total porcentaje:\",Cotizacion!$E:$G,3,0)),2)","v":4569},18276,null,null,127932,"NomCoupa"]
[null,31,"Bienes de Aseo y Cafetería","Vasos biodegradables 2 (Compra)","Vasos biodegradables 2 (Compra)",null,4,"Und",7,{"$f":"VLOOKUP($D$3&$D$4&D38,ConsolidadoServicios!$A:$K,11,0)","v":13721},{"$f":"VLOOKUP(D38,'Cotizacion Bienes de Aseo y Ca'!B:K,8,FALSE)","v":0.69805407769113004},4143.0000000000045,{"$f":"ROUND(L38/(1-VLOOKUP(\"Total porcentaje:\",Cotizacion!$E:$G,3,0)),2)","v":4143},16572,null,null,116004,"NomCoupa"]
[null,32,"Bienes de Aseo y Cafetería","Café 1 (Compra)","Café 1 (Compra)",null,20,"Und",7,{"$f":"VLOOKUP($D$3&$D$4&D39,ConsolidadoServicios!$A:$K,11,0)","v":35849},{"$f":"VLOOKUP(D39,'Cotizacion Bienes de Aseo y Ca'!B:K,8,FALSE)","v":0.69959413093810097},10769.250000000018,{"$f":"ROUND(L39/(1-VLOOKUP(\"Total porcentaje:\",Cotizacion!$E:$G,3,0)),2)","v":10769.25},215385,null,null,1507695,"NomCoupa"]
[null,33,"Bienes de Aseo y Cafetería","Azúcar 1 (Compra)","Azúcar 1 (Compra)",null,5,"Und",7,{"$f":"VLOOKUP($D$3&$D$4&D40,ConsolidadoServicios!$A:$K,11,0)","v":13721},{"$f":"VLOOKUP(D40,'Cotizacion Bienes de Aseo y Ca'!B:K,8,FALSE)","v":0.548994242402157},6188.2500000000036,{"$f":"ROUND(L40/(1-VLOOKUP(\"Total porcentaje:\",Cotizacion!$E:$G,3,0)),2)","v":6188.25},30941.25,null,null,216588.75,"NomCoupa"]
[null,34,"Bienes de Aseo y Cafetería","Aromática (Compra)","Aromática (Compra)",null,4,"Und",7,{"$f":"VLOOKUP($D$3&$D$4&D41,ConsolidadoServicios!$A:$K,11,0)","v":2534},{"$f":"VLOOKUP(D41,'Cotizacion Bienes de Aseo y Ca'!B:K,8,FALSE)","v":0.52770323599052904},1196.7999999999995,{"$f":"ROUND(L41/(1-VLOOKUP(\"Total porcentaje:\",Cotizacion!$E:$G,3,0)),2)","v":1196.8},4787.2,null,null,33510.400000000001,"NomCoupa"]
[null,35,"Bienes de Aseo y Cafetería","Aromática de panela (Compra)","Aromática de panela (Compra)",null,4,"Und",7,{"$f":"VLOOKUP($D$3&$D$4&D42,ConsolidadoServicios!$A:$K,11,0)","v":8727},{"$f":"VLOOKUP(D42,'Cotizacion Bienes de Aseo y Ca'!B:K,8,FALSE)","v":0.66073106451243302},2960.799999999997,{"$f":"ROUND(L42/(1-VLOOKUP(\"Total porcentaje:\",Cotizacion!$E:$G,3,0)),2)","v":2960.8},11843.2,null,null,82902.400000000009,"NomCoupa"]
[null,36,"Bienes de Aseo y Cafetería","Bebida de frutas (Compra)","Bebida de frutas (Compra)",null,4,"Und",7,{"$f":"VLOOKUP($D$3&$D$4&D43,ConsolidadoServicios!$A:$K,11,0)","v":16008},{"$f":"VLOOKUP(D43,'Cotizacion Bienes de Aseo y Ca'!B:K,8,FALSE)","v":0.56807533733133397},6914.2500000000055,{"$f":"ROUND(L43/(1-VLOOKUP(\"Total porcentaje:\",Cotizacion!$E:$G,3,0)),2)","v":6914.25},27657,null,null,193599,"NomCoupa"]
[null,37,"Bienes de Aseo y Cafetería","Agua potable 4 (Compra)","Agua potable 4 (Compra)",null,44,"Und",7,{"$f":"VLOOKUP($D$3&$D$4&D44,ConsolidadoServicios!$A:$K,11,0)","v":20644},{"$f":"VLOOKUP(D44,'Cotizacion Bienes de Aseo y Ca'!B:K,8,FALSE)","v":0.60389217205967805},8177.2500000000064,{"$f":"ROUND(L44/(1-VLOOKUP(\"Total porcentaje:\",Cotizacion!$E:$G,3,0)),2)","v":8177.25},359799,null,null,2518593,"NomCoupa"]
[null,38,"Bienes de Aseo y Cafetería","Atomizadores (Compra)","Atomizadores (Compra)",null,4,"Und",7,{"$f":"VLOOKUP($D$3&$D$4&D45,ConsolidadoServicios!$A:$K,11,0)","v":3956},{"$f":"VLOOKUP(D45,'Cotizacion Bienes de Aseo y Ca'!B:K,8,FALSE)","v":0.68331648129423705},1252.7999999999981,{"$f":"ROUND(L45/(1-VLOOKUP(\"Total porcentaje:\",Cotizacion!$E:$G,3,0)),2)","v":1252.8},5011.2,null,null,35078.400000000001,"NomCoupa"]
[null,39,"Bienes de Aseo y Cafetería","Greca para tintos 1 (Arrendamiento)","Greca para tintos 1 (Arrendamiento)",null,1,"Und",7,{"$f":"VLOOKUP($D$3&$D$4&D46,ConsolidadoServicios!$A:$K,11,0)","v":74171},{"$f":"VLOOKUP(D46,'Cotizacion Bienes de Aseo y Ca'!B:K,8,FALSE)","v":0.83199902927019997},12460.799999999997,{"$f":"ROUND(L46/(1-VLOOKUP(\"Total porcentaje:\",Cotizacion!$E:$G,3,0)),2)","v":12460.8},12460.8,null,null,87225.599999999991,"NomCoupa"]
[null,"1. Si requiere agregue o elimine filas",null,null,null,null,null,null,null,{"$f":"IFERROR(IF(F47=\"Medio Tiempo\",VLOOKUP($D$3&$D$4&D47,ConsolidadoServicios!$A:$K,11,0)*(1-36%),VLOOKUP($D$3&$D$4&D47,ConsolidadoServicios!$A:$K,11,0)),0)","v":0},null,null,null,null,".Recargo por Trabajo nocturno, extra, dominical y festivo",null,{"$f":"ROUND(SUM($O$8:$O$46)/(1-VLOOKUP(\"Total porcentaje:\",Cotizacion!$E:$G,3,0)),2)","v":0}]
[null,"Gravámenes adicionales*",null,null,null,null,null,null,null,null,null,null,null,null,"Recargo por dotación especial",null,{"$f":"ROUND(SUM($P$8:$P$46)/(1-VLOOKUP(\"Total porcentaje:\",Cotizacion!$E:$G,3,0)),2)","v":0}]
[null,null,null,null,null,null,null,null,null,null,null,null,null,null,"Subtotal",null,{"$f":"ROUND(SUM($Q$8:$Q$48),2)","v":77653636.549999997}]
[null,"Gravámenes adicionales (estampillas)",null,null,null,null,null,null,null,null,null,null,null,null,"% AIU",{"$f":"VLOOKUP($D$3&$D$4&\"Porcentaje de AIU\",ConsolidadoServicios!$A:$K,11,0)","v":0.1},{"$f":"ROUND((Q49*P50),2)","v":7765363.6600000001},0.1]
[null,"No","Descripción",null,null,null,"Porcentaje",null,null,null,null,null,null,null,"IVA",null,{"$f":"IF($D$3<>12,ROUND(IF(P50<10%,(Q49*10%)*19%,(Q49*P50)*19%),2),0)","v":1475419.09}]
[null,1,null,null,null,null,null,null,null,null,null,null,null,null,"Total",null,{"$f":"SUM(Q49:Q51)","v":86894419.299999997}]
[null,null,null,null,"Total porcentaje:",null,{"$f":"SUM(G52:G52)","v":0}]

{"sheet":"Inicio","index":6,"n_rows":0,"n_cols":0,"rows_kept":0,"cut":false,"hidden":true,"merged":[]}

{"sheet":"BienesPrioritarios","index":7,"n_rows":70,"n_cols":3,"rows_kept":70,"cut":false,"hidden":true,"merged":[]}
["Consecutivo","No","Servicio o Bien"]
[1,1,"Operario de aseo y cafetería con compromiso social"]
[2,2,"Operario de aseo y cafetería"]
[3,3,"Operario de mantenimiento"]
[4,4,"Operario auxiliar"]
[5,5,"Coordinador de tiempo completo"]
[6,6,"Jardinero"]
[7,7,"Operario de mantenimiento capacitado para trabajo en alturas"]
[8,8,"Operario auxiliar capacitado para trabajo en alturas"]
[9,9,"Jardinero capacitado para trabajo en alturas"]
[10,10,"Coordinador de trabajo en alturas"]
[11,11,"Turno operario de mantenimiento"]
[12,12,"Turno operario de mantenimiento capacitado para trabajo en alturas nivel básico"]
[13,13,"Turno coordinador de trabajo en alturas nivel básico"]
[14,1,"Operario de aseo y cafetería MT"]
[15,2,"Operario de mantenimiento MT"]
[16,3,"Operario auxiliar MT"]
[17,4,"Coordinador MT"]
[18,5,"Jardinero MT"]
[19,6,"Operario de mantenimiento capacitado para trabajo en alturas MT"]
[20,7,"Operario auxiliar capacitado para trabajo en alturas MT"]
[21,8,"Jardinero capacitado para trabajo en alturas MT"]
[22,9,"Coordinador de trabajo en alturas MT"]
[23,141,"Papel higiénico 1 (Compra)"]
[24,142,"Papel higiénico 2 (Compra)"]
[25,143,"Papel higiénico 3 (Compra)"]
[26,144,"Papel higiénico 4 (Compra)"]
[27,145,"Papel higiénico 5 (Compra)"]
[28,146,"Toallas para manos 1 (Compra)"]
[29,147,"Toallas para manos 2 (Compra)"]
[30,148,"Toallas para manos 3 (Compra)"]
[31,149,"Toallas para manos 4 (Compra)"]
[32,150,"Toallas para manos 5 (Compra)"]
[33,151,"Toallas para manos 6 (Compra)"]
[34,152,"Toallas para manos 7 (Compra)"]
[35,153,"Toallas para manos 8 (Compra)"]
[36,155,"Vasos biodegradables 1 (Compra)"]
[37,156,"Vasos biodegradables 2 (Compra)"]
[38,157,"Vasos biodegradables 3 (Compra)"]
[39,158,"Vasos biodegradables 4 (Compra)"]
[40,160,"Servilleta papel (Compra)"]
[41,170,"Café 1 (Compra)"]
[42,171,"Café 2 (Compra)"]
[43,172,"Café 3 (Compra)"]
[44,173,"Café Social (Compra)"]
[45,175,"Azúcar 1 (Compra)"]
[46,176,"Azúcar 2 (Compra)"]
[47,177,"Azúcar 3 (Compra)"]
[48,178,"Azúcar 4 (Compra)"]
[49,179,"Endulzante (Compra)"]
[50,180,"Panela (Compra)"]
[51,181,"Sal 1 (Compra)"]
[52,182,"Sal 2 (Compra)"]
[53,183,"Sal 3 (Compra)"]
[54,184,"Aromática (Compra)"]
[55,185,"Aromática de panela (Compra)"]
[56,186,"Bebida de frutas (Compra)"]
[57,187,"Bebida de panela (Compra)"]
[58,188,"Té (Compra)"]
[59,189,"Infusión frutal (Compra)"]
[60,190,"Agua potable 1 (Compra)"]
[61,191,"Agua potable 2 (Compra)"]
[62,192,"Agua potable 3 (Compra)"]
[63,193,"Agua potable 4 (Compra)"]
[64,335,"Punto Ecológico 1 (Compra)"]
[65,336,"Punto Ecológico 2 (Compra)"]
[66,337,"Punto Ecológico 3 (Compra)"]
[67,338,"Punto Ecológico 4 (Compra)"]
[68,339,"Punto Ecológico 5 (Compra)"]
[69,340,"Punto Ecológico 6 (Compra)"]

{"sheet":"Minimos","index":8,"n_rows":435,"n_cols":5,"rows_kept":435,"cut":false,"hidden":true,"merged":[]}
["region",10,null,"Filtro",{"$f":"'Solicitud de Cotización General'!H9","v":10}]
[]
["Etiquetas de fila","Mín. de Precio unitario"]
["Abrillantador para piso laminado (Compra)",6507]
["Agua potable 1 (Compra)",515]
["Agua potable 2 (Compra)",1198]
["Agua potable 3 (Compra)",1628]
["Agua potable 4 (Compra)",10903]
["Alcohol industrial 1 (Compra)",13451]
["Alcohol industrial 2 (Compra)",3540]
["Ambientador 1 (Compra)",6325]
["Ambientador 2 (Compra)",8436]
["Aromática (Compra)",1496]
["Aromática de panela (Compra)",3701]
["Aspiradora 1 (Arrendamiento)",21229]
["Aspiradora 1 (Compra)",35782]
["Aspiradora 2 (Arrendamiento)",35680]
["Aspiradora 2 (Compra)",69009]
["Atomizadores (Compra)",1566]
["Azúcar 1 (Compra)",8251]
["Azúcar 2 (Compra)",2988]
["Azúcar 3 (Compra)",2913]
["Azúcar 4 (Compra)",2913]
["Balde (Arrendamiento)",377]
["Balde (Compra)",3623]
["Bandeja 1 (Arrendamiento)",587]
["Bandeja 1 (Compra)",587]
["Bandeja 2 (Arrendamiento)",1053]
["Bandeja 2 (Compra)",1053]
["Bandeja 3 (Arrendamiento)",284]
["Bandeja 3 (Compra)",284]
["Bandeja 4 (Arrendamiento)",220]
["Bandeja 4 (Compra)",220]
["Bayetilla 1 (Compra)",1622]
["Bayetilla 2 (Compra)",1622]
["Bebida de frutas (Compra)",9219]
["Bebida de panela (Compra)",3701]
["Betún (Compra)",6606]
["Blanqueador o hipoclorito 1 (Compra)",5812]
["Blanqueador o hipoclorito 2 (Compra)",2489]
["Blanqueador o hipoclorito 3 (Compra)",15245]
["Bolsas plásticas 1 (Compra)",627]
["Bolsas plásticas 10 (Compra)",1416]
["Bolsas plásticas 11 (Compra)",1416]
["Bolsas plásticas 12 (Compra)",1416]
["Bolsas plásticas 14 (Compra)",1416]
["Bolsas plásticas 15 (Compra)",1929]
["Bolsas plásticas 16 (Compra)",1929]
["Bolsas plásticas 17 (Compra)",1929]
["Bolsas plásticas 18 (Compra)",1668]
["Bolsas plásticas 19 (Compra)",1929]
["Bolsas plásticas 2 (Compra)",728]
["Bolsas plásticas 20 (Compra)",1929]
["Bolsas plásticas 21 (Compra)",1929]
["Bolsas plásticas 22 (Compra)",3055]
["Bolsas plásticas 23 (Compra)",3568]
["Bolsas plásticas 24 (Compra)",2331]
["Bolsas plásticas 25 (Compra)",3169]
["Bolsas plásticas 26 (Compra)",2853]
["Bolsas plásticas 3 (Compra)",760]
["Bolsas plásticas 4 (Compra)",537]
["Bolsas plásticas 5 (Compra)",786]
["Bolsas plásticas 7 (Compra)",786]
["Bolsas plásticas 8 (Compra)",1335]
["Bolsas plásticas 9 (Compra)",1416]
["Boneth 1 (Compra)",45606]
["Boneth 2 (Compra)",786]
["Brillador 1 (Compra)",55194]
["Brillador 2 (Compra)",36937]
["Brilladora de alta revolución (Arrendamiento)",114655]
["Brilladora de alta revolución (Compra)",114655]
["Brillametal en crema (Compra)",7170]
["Brillametal líquido (Compra)",8251]
["Café 1 (Compra)",14359]
["Café 2 (Compra)",18315]
["Café 3 (Compra)",3709]
["Café Social (Compra)",18722]
["Cafetera 1 (Arrendamiento)",6274]
["Cafetera 1 (Compra)",6274]
["Caneca para almacenar ropa sucia  (Arrendamiento)",2535]
["Caneca para almacenar ropa sucia  (Compra)",17581]
["Carro de bebidas (Arrendamiento)",22641]
["Carro de bebidas (Compra)",22641]
["Carro exprimidor de trapero 1 (Arrendamiento)",9265]
["Carro exprimidor de trapero 1 (Compra)",10876]
["Carro exprimidor de trapero 2 (Arrendamiento)",11601]
["Carro exprimidor de trapero 2 (Compra)",11601]
["Carros para limpieza (Arrendamiento)",23776]
["Carros para limpieza (Compra)",23776]
["Cepillo para paredes y techos (Compra)",3681]
["Cepillo para sanitario (churrusco) (Compra)",3871]
["Cepillos 1 (Compra)",2044]
["Cepillos 2 (Compra)",3129]
["Cepillos 3 (Compra)",4419]
["Cera emulsionada Neutra (Compra)",8433]
["Cera emulsionada roja (Compra)",8433]
["Cera polimérica (Compra)",20240]
["Cera solvente (Compra)",15614]
["Champú para alfombras y tapizados 1 (Compra)",6811]
["Champú para alfombras y tapizados 2 (Compra)",5255]
["Churrusco para tubos de greca (Compra)",1587]
["Combustible para Cortadora de césped, sopladora de hojas y guadañas (Compra)",7933]
["Contenedor de basura 1 (Compra)",1324]
["Contenedor de basura 10 (Compra)",2483]
["Contenedor de basura 11 (Compra)",2483]
["Contenedor de basura 12 (Compra)",2483]
["Contenedor de basura 13 (Compra)",5722]
["Contenedor de basura 14 (Compra)",5722]
["Contenedor de basura 15 (Compra)",5722]
["Contenedor de basura 16 (Compra)",5722]
["Contenedor de basura 17 (Compra)",17037]
["Contenedor de basura 18 (Compra)",17037]
["Contenedor de basura 19 (Compra)",17037]
["Contenedor de basura 2 (Compra)",1324]
["Contenedor de basura 20 (Compra)",16329]
["Contenedor de basura 21 (Compra)",16329]
["Contenedor de basura 22 (Compra)",16329]
["Contenedor de basura 23 (Compra)",29983]
["Contenedor de basura 24 (Compra)",29983]
["Contenedor de basura 25 (Compra)",29983]
["Contenedor de basura 26 (Compra)",86581]
["Contenedor de basura 27 (Compra)",86581]
["Contenedor de basura 28 (Compra)",86581]
["Contenedor de basura 29 (Compra)",87170]
["Contenedor de basura 3 (Compra)",1324]
["Contenedor de basura 30 (Compra)",87170]
["Contenedor de basura 4 (Compra)",1324]
["Contenedor de basura 5 (Compra)",1656]
["Contenedor de basura 6 (Compra)",1656]
["Contenedor de basura 7 (Compra)",1656]
["Contenedor de basura 8 (Compra)",1656]
["Contenedor de basura 9 (Compra)",2483]
["Coordinador de tiempo completo",2465868]
["Coordinador de trabajo en alturas",2465868]
["Coordinador de trabajo en alturas MT",1500286]
["Coordinador MT",1578155]
["Cortadora de cesped  (Arrendamiento)",72438]
["Cortadora de cesped  (Compra)",140005]
["Crema desengrasante (Compra)",9298]
["Crema para café (Compra)",13683]
["Crema para cuero (Compra)",4450]
["Creolina 1 (Compra)",3089]
["Creolina 2 (Compra)",11893]
["Cuchara  (Compra)",2465]
["Cuchara pequeña  (Compra)",1641]
["Cuchillo  (Compra)",1326]
["Cuchillo de cocina  (Compra)",550]
["Desinfectante de alto nivel de desinfección para uso hospitalario (Compra)",5629]
["Desmanchador multiusos (Compra)",7886]
["Destapador para sanitario (chupa) (Compra)",2917]
["Detergente multiusos en polvo (Compra)",5004]
["Dispensador de agua (Compra)",50346]
["Dispensador de agua con botellón (Compra)",36649]
["Dispensador de gel antibacterial para manos (Compra)",5315]
["Dispensador de jabón líquido 1 (Compra)",962]
["Dispensador de jabón líquido 2 (Compra)",3642]
["Dispensador de jabón líquido 3 (Compra)",2474]
["Dispensador de jabón líquido 4 (Compra)",17129]
["Dispensador de toallas de manos 1 (Compra)",14379]
["Dispensador de toallas de manos 2 (Compra)",1352]
["Dispensador de toallas de manos 3 (Compra)",3619]
["Dispensador goteo por gravedad y recarga (Compra)",5264]
["Dispensador para ambientador (Compra)",1279]
["Dispensador para papel higiénico 1 (Compra)",1375]
["Dispensador para papel higiénico 2 (Compra)",4123]
["Endulzante (Compra)",8905]
["Escalera 1 (Arrendamiento)",2592]
["Escalera 1 (Compra)",2592]
["Escalera 2 (Arrendamiento)",6139]
["Escalera 2 (Compra)",6139]
["Escalera 3 (Arrendamiento)",9460]
["Escalera 3 (Compra)",11980]
["Escalera 4 (Arrendamiento)",13580]
["Escalera 4 (Compra)",19465]
["Escalera de tipo industrial (Arrendamiento)",12007]
["Escalera de tipo industrial (Compra)",20071]
["Escoba 1 (Compra)",2908]
["Escoba 2 (Compra)",2908]
["Escoba 3 (Compra)",3489]
["Escoba 4 (Compra)",3489]
["Escoba 5 (Compra)",4573]
["Escurridor para platos (Arrendamiento)",1020]
["Escurridor para platos (Compra)",1283]
["Espátula  (Compra)",109]
["Esponjilla 1 (Compra)",681]
["Esponjilla 2 (Compra)",286]
["Esponjilla 3 (Compra)",286]
["Esponjilla 4 (Compra)",239]
["Esponjilla 5 (Compra)",223]
["Esponjilla 6 (Compra)",245]
["Esponjilla 7 (Compra)",245]
["Estopa (Compra)",927]
["Estufa 1 (Arrendamiento)",4573]
["Estufa 1 (Compra)",5492]
["Estufa 2 (Arrendamiento)",4707]
["Estufa 2 (Compra)",5620]
["Extensión eléctrica 1 (Compra)",8869]
["Extensión eléctrica 2 (Compra)",12331]
["Filtro para greca 1 (Compra)",2472]
["Filtro para greca 2 (Compra)",2472]
["Filtro para greca 3 (Compra)",2472]
["Gel antibacterial para manos (Compra)",15163]
["Girador Manual (Compra)",4106]
["Greca para tintos 1 (Arrendamiento)",15576]
["Greca para tintos 1 (Compra)",15576]
["Greca para tintos 2 (Arrendamiento)",19037]
["Greca para tintos 2 (Compra)",19037]
["Greca para tintos 3 (Arrendamiento)",22931]
["Greca para tintos 3 (Compra)",22931]
["Guadañas (Arrendamiento)",60220]
["Guadañas (Compra)",82999]
["Guantes 1 (Compra)",3447]
["Guantes 2 (Compra)",3447]
["Guantes 3 (Compra)",4002]
["Guantes 4 (Compra)",3861]
["Guantes 5 (Compra)",3238]
["Guantes 6 (Compra)",22187]
["Guantes 7 (Compra)",7664]
["Guantes 8 (Compra)",20080]
["Guantes 9 (Compra)",2720]
["Haraganes 1  (Compra)",6749]
["Haraganes 2  (Compra)",8835]
["Haraganes 3  (Compra)",4550]
["Haraganes 4  (Compra)",8835]
["Hidrolavadora Industrial (Arrendamiento)",95804]
["Hidrolavadora Industrial (Compra)",112449]
["Horno microondas (Arrendamiento)",19779]
["Horno microondas (Compra)",23797]
["Horno microondas de tipo industrial (Arrendamiento)",34504]
["Horno microondas de tipo industrial (Compra)",86027]
["Infusión frutal (Compra)",2121]
["Insecticida 1 (Compra)",10137]
["Insecticida 2 (Compra)",12139]
["Jabón abrasivo (Compra)",3446]
["Jabón de dispensador para manos 1 (Compra)",2459]
["Jabón de dispensador para manos 2 (Compra)",1608]
["Jabón de dispensador para manos 3 (Compra)",7105]
["Jabón de tocador 1 (Compra)",2370]
["Jabón de tocador 2 (Compra)",34613]
["Jabón en barra (Compra)",2086]
["Jabón en barra azul (Compra)",1978]
["Jabón neutro para pisos 1 (Compra)",7309]
["Jabón neutro para pisos 2 (Compra)",10885]
["Jabón para loza 1 (Compra)",10611]
["Jabón para loza 2 (Compra)",2934]
["Jabón para loza 3 (Compra)",6426]
["Jabón para loza 4 (Compra)",5841]
["Jardineria mt2",223]
["Jardinero",2465868]
["Jardinero capacitado para trabajo en alturas",2465868]
["Jardinero capacitado para trabajo en alturas MT",1527017]
["Jardinero MT",1527017]
["Jarra  (Arrendamiento)",825]
["Jarra  (Compra)",825]
["Juego de cubiertos  (Compra)",5497]
["Lavabrilladora de pisos 1 (Arrendamiento)",86587]
["Lavabrilladora de pisos 1 (Compra)",90989]
["Lavabrilladora de pisos 2 (Arrendamiento)",92713]
["Lavabrilladora de pisos 2 (Compra)",99296]
["Lavadora de alfombras y tapetes 1 (Arrendamiento)",88696]
["Lavadora de alfombras y tapetes 1 (Compra)",97479]
["Lavadora de alfombras y tapetes 2 (Arrendamiento)",97132]
["Lavadora de alfombras y tapetes 2 (Compra)",97132]
["Limpiador desinfectante para pisos (Compra)",7299]
["Limpiador desinfectante para uso general 1 (Compra)",6255]
["Limpiador desinfectante para uso general 2 (Compra)",2976]
["Limpiador desinfectante para uso general 3 (Compra)",1973]
["Limpiador multiusos 1 (Compra)",6163]
["Limpiador multiusos 2 (Compra)",2183]
["Limpiador multiusos 3 (Compra)",1946]
["Limpiones 1 (Compra)",1314]
["Limpiones 2 (Compra)",1622]
["Limpiones 3 (Compra)",1622]
["Limpiones 4 (Compra)",1314]
["Limpiones 5 (Compra)",1314]
["Líquido cubre rasguños para madera (Compra)",3243]
["Líquido desengrasante (Compra)",7866]
["Líquido para limpiar equipos de oficina 1 (Compra)",3269]
["Líquido para limpiar equipos de oficina 2 (Compra)",2156]
["Líquido para limpiar vidrios 1 (Compra)",4788]
["Líquido para limpiar vidrios 2 (Compra)",3082]
["Líquido para limpiar vidrios 3 (Compra)",2001]
["Lustrador de muebles (Compra)",1992]
["Mango madera escoba 1 (Compra)",1893]
["Mango madera trapero (Compra)",1893]
["Mango metálico escoba 1 (Compra)",1112]
["Mango metálico trapero (Compra)",3337]
["Mangueras 1 (Arrendamiento)",3337]
["Mangueras 1 (Compra)",4244]
["Mangueras 2 (Arrendamiento)",4079]
["Mangueras 2 (Compra)",5759]
["Mangueras 3 (Arrendamiento)",8787]
["Mangueras 3 (Compra)",8787]
["Mantenedor de pisos (Compra)",19277]
["Máquina de filtrado para café (Compra)",141998]
["Mezclador 1 (Compra)",2328]
["Motobombas (Arrendamiento)",44531]
["Motobombas (Compra)",71989]
["Olla 1 (Arrendamiento)",592]
["Olla 1 (Compra)",1283]
["Olla 2 (Arrendamiento)",731]
["Olla 2 (Compra)",1649]
["Olleta (Arrendamiento)",588]
["Olleta (Compra)",756]
["Operario auxiliar",2465868]
["Operario auxiliar capacitado para trabajo en alturas",2465868]
["Operario auxiliar capacitado para trabajo en alturas MT",1527017]
["Operario auxiliar MT",1527017]
["Operario de aseo y cafetería",2465868]
["Operario de aseo y cafetería con compromiso social",2627978]
["Operario de aseo y cafetería MT",1578155]
["Operario de mantenimiento",2465868]
["Operario de mantenimiento capacitado para trabajo en alturas",2465868]
["Operario de mantenimiento capacitado para trabajo en alturas MT",1527017]
["Operario de mantenimiento MT",1527017]
["Organizador  porta escobas  (Compra)",427]
["Pads 1 (Compra)",15684]
["Pads 2 (Compra)",16224]
["Pads 3 (Compra)",16997]
["Pads 4 (Compra)",16997]
["Pads 5 (Compra)",13141]
["Panela (Compra)",6230]
["Paño absorbente multiusos 1 (Compra)",1517]
["Paño absorbente multiusos 2 (Compra)",1299]
["Pañuelos (Compra)",2918]
["Papel Aluminio 1 (Compra)",11044]
["Papel Aluminio 2 (Compra)",15823]
["Papel higiénico 1 (Compra)",1711]
["Papel higiénico 2 (Compra)",8702]
["Papel higiénico 3 (Compra)",9770]
["Papel higiénico 4 (Compra)",10220]
["Papel higiénico 5 (Compra)",11809]
["Papelera 1 (Compra)",911]
["Papelera 2 (Compra)",811]
["Papelera 3 (Compra)",527]
["Papelera 4 (Compra)",685]
["Papelera residuos peligrosos 1 (Compra)",866]
["Papelera residuos peligrosos 2 (Compra)",1329]
["Pastilla desinfectante para sanitario (Compra)",3522]
["Película transparente para alimentos (Compra)",4229]
["Plato Biodegradable 1 (Compra)",169]
["Plato Biodegradable 2 (Compra)",189]
["Platos  1 (Arrendamiento)",742]
["Platos  1 (Compra)",7951]
["Platos  2 (Arrendamiento)",633]
["Platos  2 (Compra)",6184]
["Platos  3 (Arrendamiento)",545]
["Platos  3 (Compra)",6184]
["Platos  4 (Arrendamiento)",663]
["Platos  4 (Compra)",6183]
["Platos  5 (Arrendamiento)",742]
["Platos  5 (Compra)",5301]
["Plumero o limpia polvo (Compra)",4856]
["Pocillos  (Arrendamiento)",690]
["Pocillos  (Compra)",4418]
["Porcentaje de AIU",0.1]
["Portavasos (Arrendamiento)",368]
["Portavasos (Compra)",368]
["Punto Ecológico 1 (Compra)",12846]
["Punto Ecológico 2 (Compra)",13971]
["Punto Ecológico 3 (Compra)",15571]
["Punto Ecológico 4 (Compra)",16322]
["Punto Ecológico 5 (Compra)",15434]
["Punto Ecológico 6 (Compra)",31750]
["Rastrillo 1 (Compra)",8858]
["Rastrillo 2 (Compra)",6833]
["Recogedor de basura 1 (Compra)",2772]
["Recogedor de basura 2 (Compra)",2947]
["Removedor de cera (Compra)",7945]
["Repuestos brillador 1 (Compra)",19629]
["Repuestos brillador 2 (Compra)",21124]
["Sal 1 (Compra)",737]
["Sal 2 (Compra)",1356]
["Sal 3 (Compra)",1394]
["Sellante para pisos (Compra)",35163]
["Señales peatonales de prevención y atención 1 (Compra)",938]
["Señales peatonales de prevención y atención 2 (Compra)",938]
["Señales peatonales de prevención y atención 3 (Compra)",938]
["Servilleta de tela (Compra)",1001]
["Servilleta papel (Compra)",2005]
["Sonda para fregaderos (Compra)",87133]
["Sonda para inodoro (Arrendamiento)",3084]
["Sonda para inodoro (Compra)",13888]
["Sopladora de hojas (Arrendamiento)",53131]
["Sopladora de hojas (Compra)",63857]
["Soporte para Botellón de agua (Compra)",2194]
["Tapabocas 1 (Compra)",8959]
["Tapabocas 2 (Compra)",12980]
["Té (Compra)",4413]
["Tenedor  (Compra)",2465]
["Termo para café 1 (Compra)",30910]
["Termo para café 2 (Compra)",7314]
["Terno para café  (Arrendamiento)",527]
["Terno para café  (Compra)",527]
["Terno para café (Arrendamiento)",1128]
["Terno para café (Compra)",11397]
["Tijeras de cocina  (Compra)",619]
["Toalla en tela blanca para pisos por metro (repuesto de haraganes) (Compra)",3894]
["Toallas para manos 1 (Compra)",18355]
["Toallas para manos 2 (Compra)",15699]
["Toallas para manos 3 (Compra)",26267]
["Toallas para manos 4 (Compra)",21936]
["Toallas para manos 5 (Compra)",5381]
["Toallas para manos 6 (Compra)",6092]
["Toallas para manos 7 (Compra)",1916]
["Toallas para manos 8 (Compra)",9271]
["Trapero 1 (Compra)",5264]
["Trapero 2 (Compra)",6134]
["Trapero 3 (Compra)",6229]
["Trapero 4 (Compra)",4573]
["Turno coordinador de trabajo en alturas nivel básico",82196]
["Turno operario de mantenimiento",82196]
["Turno operario de mantenimiento capacitado para trabajo en alturas nivel básico",82196]
["Vajilla  1 (Arrendamiento)",4629]
["Vajilla  1 (Compra)",9392]
["Vajilla  2 (Arrendamiento)",4696]
["Vajilla  2 (Compra)",4696]
["Válvula dispensadora para botellón de agua (Compra)",13957]
["Varsol  ecológico 1 (Compra)",5777]
["Varsol ecológico 2 (Compra)",17086]
["Vasos  1 (Arrendamiento)",247]
["Vasos  1 (Compra)",1766]
["Vasos  2 (Arrendamiento)",247]
["Vasos  2 (Compra)",2650]
["Vasos biodegradables 1 (Compra)",4841]
["Vasos biodegradables 2 (Compra)",5524]
["Vasos biodegradables 3 (Compra)",7965]
["Vasos biodegradables 4 (Compra)",8418]
["Pocillos 1 (Arrendamiento)",535]
["Pocillos 1 (Compra)",718]
["Vajilla  3 (Arrendamiento)",4629]
["Vajilla  3 (Compra)",11820]
["Vajilla  4 (Arrendamiento)",4784]
["Vajilla  4 (Compra)",5910]
["Total general",0.1]

{"sheet":"ConsolidadoServicios","index":9,"n_rows":180590,"n_cols":18,"rows_kept":4500,"cut":true,"hidden":true,"merged":[],"bounds":{"rows_first":2000,"rows_last":500,"rows_between":2000,"halvings":0}}
["regionproveedorbien","region","proveedor","tipoBSO","id_bien_o_servicio","bien_o_servicio","Especificaciones","Presentación ","Marca 1 ","Marca 2","Precio unitario","check","cantidad","vigencia","valorCantidadVigencia","llaveMinimo","MenorValor","orden"]
["1ASECOLBAS LTDAPorcentaje de AIU",1,"ASECOLBAS LTDA","Administracion","Porcentaje de AIU","Porcentaje de AIU",null,null,null,null,0.1,null,null,null,null,"1Porcentaje de AIU"]
["1CLEANER S.A.Porcentaje de AIU",1,"CLEANER S.A.","Administracion","Porcentaje de AIU","Porcentaje de AIU",null,null,null,null,0.1,null,null,null,null,"1Porcentaje de AIU"]
["1COMPAÑÍA DE SERVICIOS Y ADMINISTRACIÓN SA SERDAN SAPorcentaje de AIU",1,"COMPAÑÍA DE SERVICIOS Y ADMINISTRACIÓN SA SERDAN SA","Administracion","Porcentaje de AIU","Porcentaje de AIU",null,null,null,null,0.1,null,null,null,null,"1Porcentaje de AIU"]
["1CONSERJES INMOBILIARIOS LTDAPorcentaje de AIU",1,"CONSERJES INMOBILIARIOS LTDA","Administracion","Porcentaje de AIU","Porcentaje de AIU",null,null,null,null,0.1,null,null,null,null,"1Porcentaje de AIU"]
["1CONSORCIO ELITEPorcentaje de AIU",1,"CONSORCIO ELITE","Administracion","Porcentaje de AIU","Porcentaje de AIU",null,null,null,null,0.1,null,null,null,null,"1Porcentaje de AIU"]
["1GRUPO GECPorcentaje de AIU",1,"GRUPO GEC","Administracion","Porcentaje de AIU","Porcentaje de AIU",null,null,null,null,0.1,null,null,null,null,"1Porcentaje de AIU"]
["1INCIHUILSA SAS ESPPorcentaje de AIU",1,"INCIHUILSA SAS ESP","Administracion","Porcentaje de AIU","Porcentaje de AIU",null,null,null,null,0.1,null,null,null,null,"1Porcentaje de AIU"]
["1INTERASEO S.A.S. E.S.P.Porcentaje de AIU",1,"INTERASEO S.A.S. E.S.P.","Administracion","Porcentaje de AIU","Porcentaje de AIU",null,null,null,null,0.1,null,null,null,null,"1Porcentaje de AIU"]
["1KIOS SASPorcentaje de AIU",1,"KIOS SAS","Administracion","Porcentaje de AIU","Porcentaje de AIU",null,null,null,null,0.1,null,null,null,null,"1Porcentaje de AIU"]
["1LIMPIEZA INSTITUCIONAL LASU S.A.S.Porcentaje de AIU",1,"LIMPIEZA INSTITUCIONAL LASU S.A.S.","Administracion","Porcentaje de AIU","Porcentaje de AIU",null,null,null,null,0.1,null,null,null,null,"1Porcentaje de AIU"]
["1N&R INTEGRAL SERVICE COMPANY S.A.S.Porcentaje de AIU",1,"N&R INTEGRAL SERVICE COMPANY S.A.S.","Administracion","Porcentaje de AIU","Porcentaje de AIU",null,null,null,null,0.1,null,null,null,null,"1Porcentaje de AIU"]
["1SOSEGE SASPorcentaje de AIU",1,"SOSEGE SAS","Administracion","Porcentaje de AIU","Porcentaje de AIU",null,null,null,null,0.1,null,null,null,null,"1Porcentaje de AIU"]
["1UNION  TEMPORAL LADOINSA 2022Porcentaje de AIU",1,"UNION  TEMPORAL LADOINSA 2022","Administracion","Porcentaje de AIU","Porcentaje de AIU",null,null,null,null,0.1,null,null,null,null,"1Porcentaje de AIU"]
["1UNIÓN TEMPORAL ASEO COLOMBIA AMP4Porcentaje de AIU",1,"UNIÓN TEMPORAL ASEO COLOMBIA AMP4","Administracion","Porcentaje de AIU","Porcentaje de AIU",null,null,null,null,0.1,null,null,null,null,"1Porcentaje de AIU"]
["1UNIÓN TEMPORAL CCE AMP IV 2022Porcentaje de AIU",1,"UNIÓN TEMPORAL CCE AMP IV 2022","Administracion","Porcentaje de AIU","Porcentaje de AIU",null,null,null,null,0.1,null,null,null,null,"1Porcentaje de AIU"]
["1UNION TEMPORAL ECOLIMPIEZA 4GPorcentaje de AIU",1,"UNION TEMPORAL ECOLIMPIEZA 4G","Administracion","Porcentaje de AIU","Porcentaje de AIU",null,null,null,null,0.1,null,null,null,null,"1Porcentaje de AIU"]
["1UNIÓN TEMPORAL EMINSER SOLOASEO 2023Porcentaje de AIU",1,"UNIÓN TEMPORAL EMINSER SOLOASEO 2023","Administracion","Porcentaje de AIU","Porcentaje de AIU",null,null,null,null,0.1,null,null,null,null,"1Porcentaje de AIU"]
["1UNION TEMPORAL OUTSOURCING GIAFPorcentaje de AIU",1,"UNION TEMPORAL OUTSOURCING GIAF","Administracion","Porcentaje de AIU","Porcentaje de AIU",null,null,null,null,0.1,null,null,null,null,"1Porcentaje de AIU"]
["1UNION TEMPORAL R&J 2022Porcentaje de AIU",1,"UNION TEMPORAL R&J 2022","Administracion","Porcentaje de AIU","Porcentaje de AIU",null,null,null,null,0.1,null,null,null,null,"1Porcentaje de AIU"]
["1UNION TEMPORAL SERVICIOS INTEGRALESPorcentaje de AIU",1,"UNION TEMPORAL SERVICIOS INTEGRALES","Administracion","Porcentaje de AIU","Porcentaje de AIU",null,null,null,null,0.1,null,null,null,null,"1Porcentaje de AIU"]
["1UT EASYCLEAN ASEO PROFESIONALPorcentaje de AIU",1,"UT EASYCLEAN ASEO PROFESIONAL","Administracion","Porcentaje de AIU","Porcentaje de AIU",null,null,null,null,0.1,null,null,null,null,"1Porcentaje de AIU"]
["1UT GRUPO ADINPorcentaje de AIU",1,"UT GRUPO ADIN","Administracion","Porcentaje de AIU","Porcentaje de AIU",null,null,null,null,0.1,null,null,null,null,"1Porcentaje de AIU"]
["1ASECOLBAS LTDAJardineria mt2",1,"ASECOLBAS LTDA","Servicio","Jardineria mt2","Jardineria mt2",null,null,null,null,927,null,null,null,null,"1Jardineria mt2"]
["1CLEANER S.A.Jardineria mt2",1,"CLEANER S.A.","Servicio","Jardineria mt2","Jardineria mt2",null,null,null,null,1051,null,null,null,null,"1Jardineria mt2"]
["1COMPAÑÍA DE SERVICIOS Y ADMINISTRACIÓN SA SERDAN SAJardineria mt2",1,"COMPAÑÍA DE SERVICIOS Y ADMINISTRACIÓN SA SERDAN SA","Servicio","Jardineria mt2","Jardineria mt2",null,null,null,null,2472,null,null,null,null,"1Jardineria mt2"]
["1CONSERJES INMOBILIARIOS LTDAJardineria mt2",1,"CONSERJES INMOBILIARIOS LTDA","Servicio","Jardineria mt2","Jardineria mt2",null,null,null,null,865,null,null,null,null,"1Jardineria mt2"]
["1CONSORCIO ELITEJardineria mt2",1,"CONSORCIO ELITE","Servicio","Jardineria mt2","Jardineria mt2",null,null,null,null,1608,null,null,null,null,"1Jardineria mt2"]
["1GRUPO GECJardineria mt2",1,"GRUPO GEC","Servicio","Jardineria mt2","Jardineria mt2",null,null,null,null,1359,null,null,null,null,"1Jardineria mt2"]
["1INCIHUILSA SAS ESPJardineria mt2",1,"INCIHUILSA SAS ESP","Servicio","Jardineria mt2","Jardineria mt2",null,null,null,null,1854,null,null,null,null,"1Jardineria mt2"]
["1INTERASEO S.A.S. E.S.P.Jardineria mt2",1,"INTERASEO S.A.S. E.S.P.","Servicio","Jardineria mt2","Jardineria mt2",null,null,null,null,464,null,null,null,null,"1Jardineria mt2"]
["1KIOS SASJardineria mt2",1,"KIOS SAS","Servicio","Jardineria mt2","Jardineria mt2",null,null,null,null,865,null,null,null,null,"1Jardineria mt2"]
["1LIMPIEZA INSTITUCIONAL LASU S.A.S.Jardineria mt2",1,"LIMPIEZA INSTITUCIONAL LASU S.A.S.","Servicio","Jardineria mt2","Jardineria mt2",null,null,null,null,470,null,null,null,null,"1Jardineria mt2"]
["1N&R INTEGRAL SERVICE COMPANY S.A.S.Jardineria mt2",1,"N&R INTEGRAL SERVICE COMPANY S.A.S.","Servicio","Jardineria mt2","Jardineria mt2",null,null,null,null,1217,null,null,null,null,"1Jardineria mt2"]
["1SOSEGE SASJardineria mt2",1,"SOSEGE SAS","Servicio","Jardineria mt2","Jardineria mt2",null,null,null,null,927,null,null,null,null,"1Jardineria mt2"]
["1UNION  TEMPORAL LADOINSA 2022Jardineria mt2",1,"UNION  TEMPORAL LADOINSA 2022","Servicio","Jardineria mt2","Jardineria mt2",null,null,null,null,4326,null,null,null,null,"1Jardineria mt2"]
["1UNIÓN TEMPORAL ASEO COLOMBIA AMP4Jardineria mt2",1,"UNIÓN TEMPORAL ASEO COLOMBIA AMP4","Servicio","Jardineria mt2","Jardineria mt2",null,null,null,null,619,null,null,null,null,"1Jardineria mt2"]
["1UNIÓN TEMPORAL CCE AMP IV 2022Jardineria mt2",1,"UNIÓN TEMPORAL CCE AMP IV 2022","Servicio","Jardineria mt2","Jardineria mt2",null,null,null,null,865,null,null,null,null,"1Jardineria mt2"]
["1UNION TEMPORAL ECOLIMPIEZA 4GJardineria mt2",1,"UNION TEMPORAL ECOLIMPIEZA 4G","Servicio","Jardineria mt2","Jardineria mt2",null,null,null,null,494,null,null,null,null,"1Jardineria mt2"]
["1UNIÓN TEMPORAL EMINSER SOLOASEO 2023Jardineria mt2",1,"UNIÓN TEMPORAL EMINSER SOLOASEO 2023","Servicio","Jardineria mt2","Jardineria mt2",null,null,null,null,223,null,null,null,null,"1Jardineria mt2"]
["1UNION TEMPORAL OUTSOURCING GIAFJardineria mt2",1,"UNION TEMPORAL OUTSOURCING GIAF","Servicio","Jardineria mt2","Jardineria mt2",null,null,null,null,564,null,null,null,null,"1Jardineria mt2"]
["1UNION TEMPORAL R&J 2022Jardineria mt2",1,"UNION TEMPORAL R&J 2022","Servicio","Jardineria mt2","Jardineria mt2",null,null,null,null,1236,null,null,null,null,"1Jardineria mt2"]
["1UNION TEMPORAL SERVICIOS INTEGRALESJardineria mt2",1,"UNION TEMPORAL SERVICIOS INTEGRALES","Servicio","Jardineria mt2","Jardineria mt2",null,null,null,null,716,null,null,null,null,"1Jardineria mt2"]
["1UT EASYCLEAN ASEO PROFESIONALJardineria mt2",1,"UT EASYCLEAN ASEO PROFESIONAL","Servicio","Jardineria mt2","Jardineria mt2",null,null,null,null,545,null,null,null,null,"1Jardineria mt2"]
["1UT GRUPO ADINJardineria mt2",1,"UT GRUPO ADIN","Servicio","Jardineria mt2","Jardineria mt2",null,null,null,null,751,null,null,null,null,"1Jardineria mt2"]
["1ASECOLBAS LTDAOperario de aseo y cafetería con compromiso social",1,"ASECOLBAS LTDA","Servicio","Operario de aseo y cafetería con compromiso social","Operario de aseo y cafetería con compromiso social",null,null,null,null,2627978,null,null,null,null,"1Operario de aseo y cafetería con compromiso social"]
["1CLEANER S.A.Operario de aseo y cafetería con compromiso social",1,"CLEANER S.A.","Servicio","Operario de aseo y cafetería con compromiso social","Operario de aseo y cafetería con compromiso social",null,null,null,null,2627978,null,null,null,null,"1Operario de aseo y cafetería con compromiso social"]
["1COMPAÑÍA DE SERVICIOS Y ADMINISTRACIÓN SA SERDAN SAOperario de aseo y cafetería con compromiso social",1,"COMPAÑÍA DE SERVICIOS Y ADMINISTRACIÓN SA SERDAN SA","Servicio","Operario de aseo y cafetería con compromiso social","Operario de aseo y cafetería con compromiso social",null,null,null,null,2627978,null,null,null,null,"1Operario de aseo y cafetería con compromiso social"]
["1CONSERJES INMOBILIARIOS LTDAOperario de aseo y cafetería con compromiso social",1,"CONSERJES INMOBILIARIOS LTDA","Servicio","Operario de aseo y cafetería con compromiso social","Operario de aseo y cafetería con compromiso social",null,null,null,null,2627978,null,null,null,null,"1Operario de aseo y cafetería con compromiso social"]
["1CONSORCIO ELITEOperario de aseo y cafetería con compromiso social",1,"CONSORCIO ELITE","Servicio","Operario de aseo y cafetería con compromiso social","Operario de aseo y cafetería con compromiso social",null,null,null,null,2627978,null,null,null,null,"1Operario de aseo y cafetería con compromiso social"]
["1GRUPO GECOperario de aseo y cafetería con compromiso social",1,"GRUPO GEC","Servicio","Operario de aseo y cafetería con compromiso social","Operario de aseo y cafetería con compromiso social",null,null,null,null,2627978,null,null,null,null,"1Operario de aseo y cafetería con compromiso social"]
["1INCIHUILSA SAS ESPOperario de aseo y cafetería con compromiso social",1,"INCIHUILSA SAS ESP","Servicio","Operario de aseo y cafetería con compromiso social","Operario de aseo y cafetería con compromiso social",null,null,null,null,2627978,null,null,null,null,"1Operario de aseo y cafetería con compromiso social"]
["1INTERASEO S.A.S. E.S.P.Operario de aseo y cafetería con compromiso social",1,"INTERASEO S.A.S. E.S.P.","Servicio","Operario de aseo y cafetería con compromiso social","Operario de aseo y cafetería con compromiso social",null,null,null,null,2627978,null,null,null,null,"1Operario de aseo y cafetería con compromiso social"]
["1KIOS SASOperario de aseo y cafetería con compromiso social",1,"KIOS SAS","Servicio","Operario de aseo y cafetería con compromiso social","Operario de aseo y cafetería con compromiso social",null,null,null,null,2627978,null,null,null,null,"1Operario de aseo y cafetería con compromiso social"]
["1LIMPIEZA INSTITUCIONAL LASU S.A.S.Operario de aseo y cafetería con compromiso social",1,"LIMPIEZA INSTITUCIONAL LASU S.A.S.","Servicio","Operario de aseo y cafetería con compromiso social","Operario de aseo y cafetería con compromiso social",null,null,null,null,2627978,null,null,null,null,"1Operario de aseo y cafetería con compromiso social"]
["1N&R INTEGRAL SERVICE COMPANY S.A.S.Operario de aseo y cafetería con compromiso social",1,"N&R INTEGRAL SERVICE COMPANY S.A.S.","Servicio","Operario de aseo y cafetería con compromiso social","Operario de aseo y cafetería con compromiso social",null,null,null,null,2627978,null,null,null,null,"1Operario de aseo y cafetería con compromiso social"]
["1SOSEGE SASOperario de aseo y cafetería con compromiso social",1,"SOSEGE SAS","Servicio","Operario de aseo y cafetería con compromiso social","Operario de aseo y cafetería con compromiso social",null,null,null,null,2627978,null,null,null,null,"1Operario de aseo y cafetería con compromiso social"]
["1UNION  TEMPORAL LADOINSA 2022Operario de aseo y cafetería con compromiso social",1,"UNION  TEMPORAL LADOINSA 2022","Servicio","Operario de aseo y cafetería con compromiso social","Operario de aseo y cafetería con compromiso social",null,null,null,null,2627978,null,null,null,null,"1Operario de aseo y cafetería con compromiso social"]
["1UNIÓN TEMPORAL ASEO COLOMBIA AMP4Operario de aseo y cafetería con compromiso social",1,"UNIÓN TEMPORAL ASEO COLOMBIA AMP4","Servicio","Operario de aseo y cafetería con compromiso social","Operario de aseo y cafetería con compromiso social",null,null,null,null,2627978,null,null,null,null,"1Operario de aseo y cafetería con compromiso social"]
["1UNIÓN TEMPORAL CCE AMP IV 2022Operario de aseo y cafetería con compromiso social",1,"UNIÓN TEMPORAL CCE AMP IV 2022","Servicio","Operario de aseo y cafetería con compromiso social","Operario de aseo y cafetería con compromiso social",null,null,null,null,2627978,null,null,null,null,"1Operario de aseo y cafetería con compromiso social"]
["1UNION TEMPORAL ECOLIMPIEZA 4GOperario de aseo y cafetería con compromiso social",1,"UNION TEMPORAL ECOLIMPIEZA 4G","Servicio","Operario de aseo y cafetería con compromiso social","Operario de aseo y cafetería con compromiso social",null,null,null,null,2627978,null,null,null,null,"1Operario de aseo y cafetería con compromiso social"]
["1UNIÓN TEMPORAL EMINSER SOLOASEO 2023Operario de aseo y cafetería con compromiso social",1,"UNIÓN TEMPORAL EMINSER SOLOASEO 2023","Servicio","Operario de aseo y cafetería con compromiso social","Operario de aseo y cafetería con compromiso social",null,null,null,null,2627978,null,null,null,null,"1Operario de aseo y cafetería con compromiso social"]
["1UNION TEMPORAL OUTSOURCING GIAFOperario de aseo y cafetería con compromiso social",1,"UNION TEMPORAL OUTSOURCING GIAF","Servicio","Operario de aseo y cafetería con compromiso social","Operario de aseo y cafetería con compromiso social",null,null,null,null,2627978,null,null,null,null,"1Operario de aseo y cafetería con compromiso social"]
["1UNION TEMPORAL R&J 2022Operario de aseo y cafetería con compromiso social",1,"UNION TEMPORAL R&J 2022","Servicio","Operario de aseo y cafetería con compromiso social","Operario de aseo y cafetería con compromiso social",null,null,null,null,2627978,null,null,null,null,"1Operario de aseo y cafetería con compromiso social"]
["1UNION TEMPORAL SERVICIOS INTEGRALESOperario de aseo y cafetería con compromiso social",1,"UNION TEMPORAL SERVICIOS INTEGRALES","Servicio","Operario de aseo y cafetería con compromiso social","Operario de aseo y cafetería con compromiso social",null,null,null,null,2627978,null,null,null,null,"1Operario de aseo y cafetería con compromiso social"]
["1UT EASYCLEAN ASEO PROFESIONALOperario de aseo y cafetería con compromiso social",1,"UT EASYCLEAN ASEO PROFESIONAL","Servicio","Operario de aseo y cafetería con compromiso social","Operario de aseo y cafetería con compromiso social",null,null,null,null,2627978,null,null,null,null,"1Operario de aseo y cafetería con compromiso social"]
["1UT GRUPO ADINOperario de aseo y cafetería con compromiso social",1,"UT GRUPO ADIN","Servicio","Operario de aseo y cafetería con compromiso social","Operario de aseo y cafetería con compromiso social",null,null,null,null,2627978,null,null,null,null,"1Operario de aseo y cafetería con compromiso social"]
["1ASECOLBAS LTDAOperario de aseo y cafetería",1,"ASECOLBAS LTDA","Servicio","Operario de aseo y cafetería","Operario de aseo y cafetería",null,null,null,null,2465868,null,null,null,null,"1Operario de aseo y cafetería"]
["1CLEANER S.A.Operario de aseo y cafetería",1,"CLEANER S.A.","Servicio","Operario de aseo y cafetería","Operario de aseo y cafetería",null,null,null,null,2465868,null,null,null,null,"1Operario de aseo y cafetería"]
["1COMPAÑÍA DE SERVICIOS Y ADMINISTRACIÓN SA SERDAN SAOperario de aseo y cafetería",1,"COMPAÑÍA DE SERVICIOS Y ADMINISTRACIÓN SA SERDAN SA","Servicio","Operario de aseo y cafetería","Operario de aseo y cafetería",null,null,null,null,2465868,null,null,null,null,"1Operario de aseo y cafetería"]
["1CONSERJES INMOBILIARIOS LTDAOperario de aseo y cafetería",1,"CONSERJES INMOBILIARIOS LTDA","Servicio","Operario de aseo y cafetería","Operario de aseo y cafetería",null,null,null,null,2465868,null,null,null,null,"1Operario de aseo y cafetería"]
["1CONSORCIO ELITEOperario de aseo y cafetería",1,"CONSORCIO ELITE","Servicio","Operario de aseo y cafetería","Operario de aseo y cafetería",null,null,null,null,2465868,null,null,null,null,"1Operario de aseo y cafetería"]
["1GRUPO GECOperario de aseo y cafetería",1,"GRUPO GEC","Servicio","Operario de aseo y cafetería","Operario de aseo y cafetería",null,null,null,null,2465868,null,null,null,null,"1Operario de aseo y cafetería"]
["1INCIHUILSA SAS ESPOperario de aseo y cafetería",1,"INCIHUILSA SAS ESP","Servicio","Operario de aseo y cafetería","Operario de aseo y cafetería",null,null,null,null,2465868,null,null,null,null,"1Operario de aseo y cafetería"]
["1INTERASEO S.A.S. E.S.P.Operario de aseo y cafetería",1,"INTERASEO S.A.S. E.S.P.","Servicio","Operario de aseo y cafetería","Operario de aseo y cafetería",null,null,null,null,2465868,null,null,null,null,"1Operario de aseo y cafetería"]
["1KIOS SASOperario de aseo y cafetería",1,"KIOS SAS","Servicio","Operario de aseo y cafetería","Operario de aseo y cafetería",null,null,null,null,2465868,null,null,null,null,"1Operario de aseo y cafetería"]
["1LIMPIEZA INSTITUCIONAL LASU S.A.S.Operario de aseo y cafetería",1,"LIMPIEZA INSTITUCIONAL LASU S.A.S.","Servicio","Operario de aseo y cafetería","Operario de aseo y cafetería",null,null,null,null,2465868,null,null,null,null,"1Operario de aseo y cafetería"]
["1N&R INTEGRAL SERVICE COMPANY S.A.S.Operario de aseo y cafetería",1,"N&R INTEGRAL SERVICE COMPANY S.A.S.","Servicio","Operario de aseo y cafetería","Operario de aseo y cafetería",null,null,null,null,2465868,null,null,null,null,"1Operario de aseo y cafetería"]
["1SOSEGE SASOperario de aseo y cafetería",1,"SOSEGE SAS","Servicio","Operario de aseo y cafetería","Operario de aseo y cafetería",null,null,null,null,2465868,null,null,null,null,"1Operario de aseo y cafetería"]
["1UNION  TEMPORAL LADOINSA 2022Operario de aseo y cafetería",1,"UNION  TEMPORAL LADOINSA 2022","Servicio","Operario de aseo y cafetería","Operario de aseo y cafetería",null,null,null,null,2465868,null,null,null,null,"1Operario de aseo y cafetería"]
["1UNIÓN TEMPORAL ASEO COLOMBIA AMP4Operario de aseo y cafetería",1,"UNIÓN TEMPORAL ASEO COLOMBIA AMP4","Servicio","Operario de aseo y cafetería","Operario de aseo y cafetería",null,null,null,null,2465868,null,null,null,null,"1Operario de aseo y cafetería"]
["1UNIÓN TEMPORAL CCE AMP IV 2022Operario de aseo y cafetería",1,"UNIÓN TEMPORAL CCE AMP IV 2022","Servicio","Operario de aseo y cafetería","Operario de aseo y cafetería",null,null,null,null,2465868,null,null,null,null,"1Operario de aseo y cafetería"]
["1UNION TEMPORAL ECOLIMPIEZA 4GOperario de aseo y cafetería",1,"UNION TEMPORAL ECOLIMPIEZA 4G","Servicio","Operario de aseo y cafetería","Operario de aseo y cafetería",null,null,null,null,2465868,null,null,null,null,"1Operario de aseo y cafetería"]
["1UNIÓN TEMPORAL EMINSER SOLOASEO 2023Operario de aseo y cafetería",1,"UNIÓN TEMPORAL EMINSER SOLOASEO 2023","Servicio","Operario de aseo y cafetería","Operario de aseo y cafetería",null,null,null,null,2465868,null,null,null,null,"1Operario de aseo y cafetería"]
["1UNION TEMPORAL OUTSOURCING GIAFOperario de aseo y cafetería",1,"UNION TEMPORAL OUTSOURCING GIAF","Servicio","Operario de aseo y cafetería","Operario de aseo y cafetería",null,null,null,null,2465868,null,null,null,null,"1Operario de aseo y cafetería"]
["1UNION TEMPORAL R&J 2022Operario de aseo y cafetería",1,"UNION TEMPORAL R&J 2022","Servicio","Operario de aseo y cafetería","Operario de aseo y cafetería",null,null,null,null,2465868,null,null,null,null,"1Operario de aseo y cafetería"]
["1UNION TEMPORAL SERVICIOS INTEGRALESOperario de aseo y cafetería",1,"UNION TEMPORAL SERVICIOS INTEGRALES","Servicio","Operario de aseo y cafetería","Operario de aseo y cafetería",null,null,null,null,2465868,null,null,null,null,"1Operario de aseo y cafetería"]
["1UT EASYCLEAN ASEO PROFESIONALOperario de aseo y cafetería",1,"UT EASYCLEAN ASEO PROFESIONAL","Servicio","Operario de aseo y cafetería","Operario de aseo y cafetería",null,null,null,null,2465868,null,null,null,null,"1Operario de aseo y cafetería"]
["1UT GRUPO ADINOperario de aseo y cafetería",1,"UT GRUPO ADIN","Servicio","Operario de aseo y cafetería","Operario de aseo y cafetería",null,null,null,null,2465868,null,null,null,null,"1Operario de aseo y cafetería"]
["1ASECOLBAS LTDAOperario de mantenimiento",1,"ASECOLBAS LTDA","Servicio","Operario de mantenimiento","Operario de mantenimiento",null,null,null,null,2465868,null,null,null,null,"1Operario de mantenimiento"]
["1CLEANER S.A.Operario de mantenimiento",1,"CLEANER S.A.","Servicio","Operario de mantenimiento","Operario de mantenimiento",null,null,null,null,2465868,null,null,null,null,"1Operario de mantenimiento"]
["1COMPAÑÍA DE SERVICIOS Y ADMINISTRACIÓN SA SERDAN SAOperario de mantenimiento",1,"COMPAÑÍA DE SERVICIOS Y ADMINISTRACIÓN SA SERDAN SA","Servicio","Operario de mantenimiento","Operario de mantenimiento",null,null,null,null,2465868,null,null,null,null,"1Operario de mantenimiento"]
["1CONSERJES INMOBILIARIOS LTDAOperario de mantenimiento",1,"CONSERJES INMOBILIARIOS LTDA","Servicio","Operario de mantenimiento","Operario de mantenimiento",null,null,null,null,2465868,null,null,null,null,"1Operario de mantenimiento"]
["1CONSORCIO ELITEOperario de mantenimiento",1,"CONSORCIO ELITE","Servicio","Operario de mantenimiento","Operario de mantenimiento",null,null,null,null,2465868,null,null,null,null,"1Operario de mantenimiento"]
["1GRUPO GECOperario de mantenimiento",1,"GRUPO GEC","Servicio","Operario de mantenimiento","Operario de mantenimiento",null,null,null,null,2465868,null,null,null,null,"1Operario de mantenimiento"]
["1INCIHUILSA SAS ESPOperario de mantenimiento",1,"INCIHUILSA SAS ESP","Servicio","Operario de mantenimiento","Operario de mantenimiento",null,null,null,null,2465868,null,null,null,null,"1Operario de mantenimiento"]
["1INTERASEO S.A.S. E.S.P.Operario de mantenimiento",1,"INTERASEO S.A.S. E.S.P.","Servicio","Operario de mantenimiento","Operario de mantenimiento",null,null,null,null,2465868,null,null,null,null,"1Operario de mantenimiento"]
["1KIOS SASOperario de mantenimiento",1,"KIOS SAS","Servicio","Operario de mantenimiento","Operario de mantenimiento",null,null,null,null,2465868,null,null,null,null,"1Operario de mantenimiento"]
["1LIMPIEZA INSTITUCIONAL LASU S.A.S.Operario de mantenimiento",1,"LIMPIEZA INSTITUCIONAL LASU S.A.S.","Servicio","Operario de mantenimiento","Operario de mantenimiento",null,null,null,null,2465868,null,null,null,null,"1Operario de mantenimiento"]
["1N&R INTEGRAL SERVICE COMPANY S.A.S.Operario de mantenimiento",1,"N&R INTEGRAL SERVICE COMPANY S.A.S.","Servicio","Operario de mantenimiento","Operario de mantenimiento",null,null,null,null,2465868,null,null,null,null,"1Operario de mantenimiento"]
["1SOSEGE SASOperario de mantenimiento",1,"SOSEGE SAS","Servicio","Operario de mantenimiento","Operario de mantenimiento",null,null,null,null,2465868,null,null,null,null,"1Operario de mantenimiento"]
["1UNION  TEMPORAL LADOINSA 2022Operario de mantenimiento",1,"UNION  TEMPORAL LADOINSA 2022","Servicio","Operario de mantenimiento","Operario de mantenimiento",null,null,null,null,2665025,null,null,null,null,"1Operario de mantenimiento"]
["1UNIÓN TEMPORAL ASEO COLOMBIA AMP4Operario de mantenimiento",1,"UNIÓN TEMPORAL ASEO COLOMBIA AMP4","Servicio","Operario de mantenimiento","Operario de mantenimiento",null,null,null,null,2465868,null,null,null,null,"1Operario de mantenimiento"]
["1UNIÓN TEMPORAL CCE AMP IV 2022Operario de mantenimiento",1,"UNIÓN TEMPORAL CCE AMP IV 2022","Servicio","Operario de mantenimiento","Operario de mantenimiento",null,null,null,null,2465868,null,null,null,null,"1Operario de mantenimiento"]
["1UNION TEMPORAL ECOLIMPIEZA 4GOperario de mantenimiento",1,"UNION TEMPORAL ECOLIMPIEZA 4G","Servicio","Operario de mantenimiento","Operario de mantenimiento",null,null,null,null,2465868,null,null,null,null,"1Operario de mantenimiento"]
["1UNIÓN TEMPORAL EMINSER SOLOASEO 2023Operario de mantenimiento",1,"UNIÓN TEMPORAL EMINSER SOLOASEO 2023","Servicio","Operario de mantenimiento","Operario de mantenimiento",null,null,null,null,2465868,null,null,null,null,"1Operario de mantenimiento"]
["1UNION TEMPORAL OUTSOURCING GIAFOperario de mantenimiento",1,"UNION TEMPORAL OUTSOURCING GIAF","Servicio","Operario de mantenimiento","Operario de mantenimiento",null,null,null,null,2465868,null,null,null,null,"1Operario de mantenimiento"]
["1UNION TEMPORAL R&J 2022Operario de mantenimiento",1,"UNION TEMPORAL R&J 2022","Servicio","Operario de mantenimiento","Operario de mantenimiento",null,null,null,null,2465868,null,null,null,null,"1Operario de mantenimiento"]
["1UNION TEMPORAL SERVICIOS INTEGRALESOperario de mantenimiento",1,"UNION TEMPORAL SERVICIOS INTEGRALES","Servicio","Operario de mantenimiento","Operario de mantenimiento",null,null,null,null,2465868,null,null,null,null,"1Operario de mantenimiento"]
["1UT EASYCLEAN ASEO PROFESIONALOperario de mantenimiento",1,"UT EASYCLEAN ASEO PROFESIONAL","Servicio","Operario de mantenimiento","Operario de mantenimiento",null,null,null,null,2465868,null,null,null,null,"1Operario de mantenimiento"]
["1UT GRUPO ADINOperario de mantenimiento",1,"UT GRUPO ADIN","Servicio","Operario de mantenimiento","Operario de mantenimiento",null,null,null,null,2465868,null,null,null,null,"1Operario de mantenimiento"]
["1ASECOLBAS LTDAOperario auxiliar",1,"ASECOLBAS LTDA","Servicio","Operario auxiliar","Operario auxiliar",null,null,null,null,2465868,null,null,null,null,"1Operario auxiliar"]
["1CLEANER S.A.Operario auxiliar",1,"CLEANER S.A.","Servicio","Operario auxiliar","Operario auxiliar",null,null,null,null,2465868,null,null,null,null,"1Operario auxiliar"]
["1COMPAÑÍA DE SERVICIOS Y ADMINISTRACIÓN SA SERDAN SAOperario auxiliar",1,"COMPAÑÍA DE SERVICIOS Y ADMINISTRACIÓN SA SERDAN SA","Servicio","Operario auxiliar","Operario auxiliar",null,null,null,null,2465868,null,null,null,null,"1Operario auxiliar"]
["1CONSERJES INMOBILIARIOS LTDAOperario auxiliar",1,"CONSERJES INMOBILIARIOS LTDA","Servicio","Operario auxiliar","Operario auxiliar",null,null,null,null,2465868,null,null,null,null,"1Operario auxiliar"]
["1CONSORCIO ELITEOperario auxiliar",1,"CONSORCIO ELITE","Servicio","Operario auxiliar","Operario auxiliar",null,null,null,null,2465868,null,null,null,null,"1Operario auxiliar"]
["1GRUPO GECOperario auxiliar",1,"GRUPO GEC","Servicio","Operario auxiliar","Operario auxiliar",null,null,null,null,2465868,null,null,null,null,"1Operario auxiliar"]
["1INCIHUILSA SAS ESPOperario auxiliar",1,"INCIHUILSA SAS ESP","Servicio","Operario auxiliar","Operario auxiliar",null,null,null,null,2465868,null,null,null,null,"1Operario auxiliar"]
["1INTERASEO S.A.S. E.S.P.Operario auxiliar",1,"INTERASEO S.A.S. E.S.P.","Servicio","Operario auxiliar","Operario auxiliar",null,null,null,null,2465868,null,null,null,null,"1Operario auxiliar"]
["1KIOS SASOperario auxiliar",1,"KIOS SAS","Servicio","Operario auxiliar","Operario auxiliar",null,null,null,null,2465868,null,null,null,null,"1Operario auxiliar"]
["1LIMPIEZA INSTITUCIONAL LASU S.A.S.Operario auxiliar",1,"LIMPIEZA INSTITUCIONAL LASU S.A.S.","Servicio","Operario auxiliar","Operario auxiliar",null,null,null,null,2465868,null,null,null,null,"1Operario auxiliar"]
["1N&R INTEGRAL SERVICE COMPANY S.A.S.Operario auxiliar",1,"N&R INTEGRAL SERVICE COMPANY S.A.S.","Servicio","Operario auxiliar","Operario auxiliar",null,null,null,null,2465868,null,null,null,null,"1Operario auxiliar"]
["1SOSEGE SASOperario auxiliar",1,"SOSEGE SAS","Servicio","Operario auxiliar","Operario auxiliar",null,null,null,null,2465868,null,null,null,null,"1Operario auxiliar"]
["1UNION  TEMPORAL LADOINSA 2022Operario auxiliar",1,"UNION  TEMPORAL LADOINSA 2022","Servicio","Operario auxiliar","Operario auxiliar",null,null,null,null,2465868,null,null,null,null,"1Operario auxiliar"]
["1UNIÓN TEMPORAL ASEO COLOMBIA AMP4Operario auxiliar",1,"UNIÓN TEMPORAL ASEO COLOMBIA AMP4","Servicio","Operario auxiliar","Operario auxiliar",null,null,null,null,2465868,null,null,null,null,"1Operario auxiliar"]
["1UNIÓN TEMPORAL CCE AMP IV 2022Operario auxiliar",1,"UNIÓN TEMPORAL CCE AMP IV 2022","Servicio","Operario auxiliar","Operario auxiliar",null,null,null,null,2465868,null,null,null,null,"1Operario auxiliar"]
["1UNION TEMPORAL ECOLIMPIEZA 4GOperario auxiliar",1,"UNION TEMPORAL ECOLIMPIEZA 4G","Servicio","Operario auxiliar","Operario auxiliar",null,null,null,null,2465868,null,null,null,null,"1Operario auxiliar"]
["1UNIÓN TEMPORAL EMINSER SOLOASEO 2023Operario auxiliar",1,"UNIÓN TEMPORAL EMINSER SOLOASEO 2023","Servicio","Operario auxiliar","Operario auxiliar",null,null,null,null,2465868,null,null,null,null,"1Operario auxiliar"]
["1UNION TEMPORAL OUTSOURCING GIAFOperario auxiliar",1,"UNION TEMPORAL OUTSOURCING GIAF","Servicio","Operario auxiliar","Operario auxiliar",null,null,null,null,2465868,null,null,null,null,"1Operario auxiliar"]
["1UNION TEMPORAL R&J 2022Operario auxiliar",1,"UNION TEMPORAL R&J 2022","Servicio","Operario auxiliar","Operario auxiliar",null,null,null,null,2465868,null,null,null,null,"1Operario auxiliar"]
["1UNION TEMPORAL SERVICIOS INTEGRALESOperario auxiliar",1,"UNION TEMPORAL SERVICIOS INTEGRALES","Servicio","Operario auxiliar","Operario auxiliar",null,null,null,null,2465868,null,null,null,null,"1Operario auxiliar"]
["1UT EASYCLEAN ASEO PROFESIONALOperario auxiliar",1,"UT EASYCLEAN ASEO PROFESIONAL","Servicio","Operario auxiliar","Operario auxiliar",null,null,null,null,2465868,null,null,null,null,"1Operario auxiliar"]
["1UT GRUPO ADINOperario auxiliar",1,"UT GRUPO ADIN","Servicio","Operario auxiliar","Operario auxiliar",null,null,null,null,2465868,null,null,null,null,"1Operario auxiliar"]
["1ASECOLBAS LTDACoordinador de tiempo completo",1,"ASECOLBAS LTDA","Servicio","Coordinador de tiempo completo","Coordinador de tiempo completo",null,null,null,null,2465868,null,null,null,null,"1Coordinador de tiempo completo"]
["1CLEANER S.A.Coordinador de tiempo completo",1,"CLEANER S.A.","Servicio","Coordinador de tiempo completo","Coordinador de tiempo completo",null,null,null,null,2465868,null,null,null,null,"1Coordinador de tiempo completo"]
["1COMPAÑÍA DE SERVICIOS Y ADMINISTRACIÓN SA SERDAN SACoordinador de tiempo completo",1,"COMPAÑÍA DE SERVICIOS Y ADMINISTRACIÓN SA SERDAN SA","Servicio","Coordinador de tiempo completo","Coordinador de tiempo completo",null,null,null,null,3081189,null,null,null,null,"1Coordinador de tiempo completo"]
["1CONSERJES INMOBILIARIOS LTDACoordinador de tiempo completo",1,"CONSERJES INMOBILIARIOS LTDA","Servicio","Coordinador de tiempo completo","Coordinador de tiempo completo",null,null,null,null,2465868,null,null,null,null,"1Coordinador de tiempo completo"]
["1CONSORCIO ELITECoordinador de tiempo completo",1,"CONSORCIO ELITE","Servicio","Coordinador de tiempo completo","Coordinador de tiempo completo",null,null,null,null,2465868,null,null,null,null,"1Coordinador de tiempo completo"]
["1GRUPO GECCoordinador de tiempo completo",1,"GRUPO GEC","Servicio","Coordinador de tiempo completo","Coordinador de tiempo completo",null,null,null,null,2465868,null,null,null,null,"1Coordinador de tiempo completo"]
["1INCIHUILSA SAS ESPCoordinador de tiempo completo",1,"INCIHUILSA SAS ESP","Servicio","Coordinador de tiempo completo","Coordinador de tiempo completo",null,null,null,null,2465868,null,null,null,null,"1Coordinador de tiempo completo"]
["1INTERASEO S.A.S. E.S.P.Coordinador de tiempo completo",1,"INTERASEO S.A.S. E.S.P.","Servicio","Coordinador de tiempo completo","Coordinador de tiempo completo",null,null,null,null,2465868,null,null,null,null,"1Coordinador de tiempo completo"]
["1KIOS SASCoordinador de tiempo completo",1,"KIOS SAS","Servicio","Coordinador de tiempo completo","Coordinador de tiempo completo",null,null,null,null,2465868,null,null,null,null,"1Coordinador de tiempo completo"]
["1LIMPIEZA INSTITUCIONAL LASU S.A.S.Coordinador de tiempo completo",1,"LIMPIEZA INSTITUCIONAL LASU S.A.S.","Servicio","Coordinador de tiempo completo","Coordinador de tiempo completo",null,null,null,null,2465868,null,null,null,null,"1Coordinador de tiempo completo"]
["1N&R INTEGRAL SERVICE COMPANY S.A.S.Coordinador de tiempo completo",1,"N&R INTEGRAL SERVICE COMPANY S.A.S.","Servicio","Coordinador de tiempo completo","Coordinador de tiempo completo",null,null,null,null,2465868,null,null,null,null,"1Coordinador de tiempo completo"]
["1SOSEGE SASCoordinador de tiempo completo",1,"SOSEGE SAS","Servicio","Coordinador de tiempo completo","Coordinador de tiempo completo",null,null,null,null,2465868,null,null,null,null,"1Coordinador de tiempo completo"]
["1UNION  TEMPORAL LADOINSA 2022Coordinador de tiempo completo",1,"UNION  TEMPORAL LADOINSA 2022","Servicio","Coordinador de tiempo completo","Coordinador de tiempo completo",null,null,null,null,2730025,null,null,null,null,"1Coordinador de tiempo completo"]
["1UNIÓN TEMPORAL ASEO COLOMBIA AMP4Coordinador de tiempo completo",1,"UNIÓN TEMPORAL ASEO COLOMBIA AMP4","Servicio","Coordinador de tiempo completo","Coordinador de tiempo completo",null,null,null,null,2465868,null,null,null,null,"1Coordinador de tiempo completo"]
["1UNIÓN TEMPORAL CCE AMP IV 2022Coordinador de tiempo completo",1,"UNIÓN TEMPORAL CCE AMP IV 2022","Servicio","Coordinador de tiempo completo","Coordinador de tiempo completo",null,null,null,null,2465868,null,null,null,null,"1Coordinador de tiempo completo"]
["1UNION TEMPORAL ECOLIMPIEZA 4GCoordinador de tiempo completo",1,"UNION TEMPORAL ECOLIMPIEZA 4G","Servicio","Coordinador de tiempo completo","Coordinador de tiempo completo",null,null,null,null,2465868,null,null,null,null,"1Coordinador de tiempo completo"]
["1UNIÓN TEMPORAL EMINSER SOLOASEO 2023Coordinador de tiempo completo",1,"UNIÓN TEMPORAL EMINSER SOLOASEO 2023","Servicio","Coordinador de tiempo completo","Coordinador de tiempo completo",null,null,null,null,2465868,null,null,null,null,"1Coordinador de tiempo completo"]
["1UNION TEMPORAL OUTSOURCING GIAFCoordinador de tiempo completo",1,"UNION TEMPORAL OUTSOURCING GIAF","Servicio","Coordinador de tiempo completo","Coordinador de tiempo completo",null,null,null,null,2465868,null,null,null,null,"1Coordinador de tiempo completo"]
["1UNION TEMPORAL R&J 2022Coordinador de tiempo completo",1,"UNION TEMPORAL R&J 2022","Servicio","Coordinador de tiempo completo","Coordinador de tiempo completo",null,null,null,null,2465868,null,null,null,null,"1Coordinador de tiempo completo"]
["1UNION TEMPORAL SERVICIOS INTEGRALESCoordinador de tiempo completo",1,"UNION TEMPORAL SERVICIOS INTEGRALES","Servicio","Coordinador de tiempo completo","Coordinador de tiempo completo",null,null,null,null,2465868,null,null,null,null,"1Coordinador de tiempo completo"]
["1UT EASYCLEAN ASEO PROFESIONALCoordinador de tiempo completo",1,"UT EASYCLEAN ASEO PROFESIONAL","Servicio","Coordinador de tiempo completo","Coordinador de tiempo completo",null,null,null,null,2465868,null,null,null,null,"1Coordinador de tiempo completo"]
["1UT GRUPO ADINCoordinador de tiempo completo",1,"UT GRUPO ADIN","Servicio","Coordinador de tiempo completo","Coordinador de tiempo completo",null,null,null,null,2465868,null,null,null,null,"1Coordinador de tiempo completo"]
["1ASECOLBAS LTDAJardinero",1,"ASECOLBAS LTDA","Servicio","Jardinero","Jardinero",null,null,null,null,2465868,null,null,null,null,"1Jardinero"]
["1CLEANER S.A.Jardinero",1,"CLEANER S.A.","Servicio","Jardinero","Jardinero",null,null,null,null,2465868,null,null,null,null,"1Jardinero"]
["1COMPAÑÍA DE SERVICIOS Y ADMINISTRACIÓN SA SERDAN SAJardinero",1,"COMPAÑÍA DE SERVICIOS Y ADMINISTRACIÓN SA SERDAN SA","Servicio","Jardinero","Jardinero",null,null,null,null,2465868,null,null,null,null,"1Jardinero"]
["1CONSERJES INMOBILIARIOS LTDAJardinero",1,"CONSERJES INMOBILIARIOS LTDA","Servicio","Jardinero","Jardinero",null,null,null,null,2465868,null,null,null,null,"1Jardinero"]
["1CONSORCIO ELITEJardinero",1,"CONSORCIO ELITE","Servicio","Jardinero","Jardinero",null,null,null,null,2465868,null,null,null,null,"1Jardinero"]
["1GRUPO GECJardinero",1,"GRUPO GEC","Servicio","Jardinero","Jardinero",null,null,null,null,2465868,null,null,null,null,"1Jardinero"]
["1INCIHUILSA SAS ESPJardinero",1,"INCIHUILSA SAS ESP","Servicio","Jardinero","Jardinero",null,null,null,null,2465868,null,null,null,null,"1Jardinero"]
["1INTERASEO S.A.S. E.S.P.Jardinero",1,"INTERASEO S.A.S. E.S.P.","Servicio","Jardinero","Jardinero",null,null,null,null,2465868,null,null,null,null,"1Jardinero"]
["1KIOS SASJardinero",1,"KIOS SAS","Servicio","Jardinero","Jardinero",null,null,null,null,2465868,null,null,null,null,"1Jardinero"]
["1LIMPIEZA INSTITUCIONAL LASU S.A.S.Jardinero",1,"LIMPIEZA INSTITUCIONAL LASU S.A.S.","Servicio","Jardinero","Jardinero",null,null,null,null,2465868,null,null,null,null,"1Jardinero"]
["1N&R INTEGRAL SERVICE COMPANY S.A.S.Jardinero",1,"N&R INTEGRAL SERVICE COMPANY S.A.S.","Servicio","Jardinero","Jardinero",null,null,null,null,2465868,null,null,null,null,"1Jardinero"]
["1SOSEGE SASJardinero",1,"SOSEGE SAS","Servicio","Jardinero","Jardinero",null,null,null,null,2465868,null,null,null,null,"1Jardinero"]
["1UNION  TEMPORAL LADOINSA 2022Jardinero",1,"UNION  TEMPORAL LADOINSA 2022","Servicio","Jardinero","Jardinero",null,null,null,null,2730025,null,null,null,null,"1Jardinero"]
["1UNIÓN TEMPORAL ASEO COLOMBIA AMP4Jardinero",1,"UNIÓN TEMPORAL ASEO COLOMBIA AMP4","Servicio","Jardinero","Jardinero",null,null,null,null,2465868,null,null,null,null,"1Jardinero"]
["1UNIÓN TEMPORAL CCE AMP IV 2022Jardinero",1,"UNIÓN TEMPORAL CCE AMP IV 2022","Servicio","Jardinero","Jardinero",null,null,null,null,2465868,null,null,null,null,"1Jardinero"]
["1UNION TEMPORAL ECOLIMPIEZA 4GJardinero",1,"UNION TEMPORAL ECOLIMPIEZA 4G","Servicio","Jardinero","Jardinero",null,null,null,null,2465868,null,null,null,null,"1Jardinero"]
["1UNIÓN TEMPORAL EMINSER SOLOASEO 2023Jardinero",1,"UNIÓN TEMPORAL EMINSER SOLOASEO 2023","Servicio","Jardinero","Jardinero",null,null,null,null,2465868,null,null,null,null,"1Jardinero"]
["1UNION TEMPORAL OUTSOURCING GIAFJardinero",1,"UNION TEMPORAL OUTSOURCING GIAF","Servicio","Jardinero","Jardinero",null,null,null,null,2465868,null,null,null,null,"1Jardinero"]
["1UNION TEMPORAL R&J 2022Jardinero",1,"UNION TEMPORAL R&J 2022","Servicio","Jardinero","Jardinero",null,null,null,null,2465868,null,null,null,null,"1Jardinero"]
["1UNION TEMPORAL SERVICIOS INTEGRALESJardinero",1,"UNION TEMPORAL SERVICIOS INTEGRALES","Servicio","Jardinero","Jardinero",null,null,null,null,2465868,null,null,null,null,"1Jardinero"]
["1UT EASYCLEAN ASEO PROFESIONALJardinero",1,"UT EASYCLEAN ASEO PROFESIONAL","Servicio","Jardinero","Jardinero",null,null,null,null,2465868,null,null,null,null,"1Jardinero"]
["1UT GRUPO ADINJardinero",1,"UT GRUPO ADIN","Servicio","Jardinero","Jardinero",null,null,null,null,2465868,null,null,null,null,"1Jardinero"]
["1ASECOLBAS LTDAOperario de mantenimiento capacitado para trabajo en alturas",1,"ASECOLBAS LTDA","Servicio","Operario de mantenimiento capacitado para trabajo en alturas","Operario de mantenimiento capacitado para trabajo en alturas",null,null,null,null,2465868,null,null,null,null,"1Operario de mantenimiento capacitado para trabajo en alturas"]
["1CLEANER S.A.Operario de mantenimiento capacitado para trabajo en alturas",1,"CLEANER S.A.","Servicio","Operario de mantenimiento capacitado para trabajo en alturas","Operario de mantenimiento capacitado para trabajo en alturas",null,null,null,null,2465868,null,null,null,null,"1Operario de mantenimiento capacitado para trabajo en alturas"]
["1COMPAÑÍA DE SERVICIOS Y ADMINISTRACIÓN SA SERDAN SAOperario de mantenimiento capacitado para trabajo en alturas",1,"COMPAÑÍA DE SERVICIOS Y ADMINISTRACIÓN SA SERDAN SA","Servicio","Operario de mantenimiento capacitado para trabajo en alturas","Operario de mantenimiento capacitado para trabajo en alturas",null,null,null,null,3023143,null,null,null,null,"1Operario de mantenimiento capacitado para trabajo en alturas"]
["1CONSERJES INMOBILIARIOS LTDAOperario de mantenimiento capacitado para trabajo en alturas",1,"CONSERJES INMOBILIARIOS LTDA","Servicio","Operario de mantenimiento capacitado para trabajo en alturas","Operario de mantenimiento capacitado para trabajo en alturas",null,null,null,null,2465868,null,null,null,null,"1Operario de mantenimiento capacitado para trabajo en alturas"]
["1CONSORCIO ELITEOperario de mantenimiento capacitado para trabajo en alturas",1,"CONSORCIO ELITE","Servicio","Operario de mantenimiento capacitado para trabajo en alturas","Operario de mantenimiento capacitado para trabajo en alturas",null,null,null,null,2465868,null,null,null,null,"1Operario de mantenimiento capacitado para trabajo en alturas"]
["1GRUPO GECOperario de mantenimiento capacitado para trabajo en alturas",1,"GRUPO GEC","Servicio","Operario de mantenimiento capacitado para trabajo en alturas","Operario de mantenimiento capacitado para trabajo en alturas",null,null,null,null,2465868,null,null,null,null,"1Operario de mantenimiento capacitado para trabajo en alturas"]
["1INCIHUILSA SAS ESPOperario de mantenimiento capacitado para trabajo en alturas",1,"INCIHUILSA SAS ESP","Servicio","Operario de mantenimiento capacitado para trabajo en alturas","Operario de mantenimiento capacitado para trabajo en alturas",null,null,null,null,2465868,null,null,null,null,"1Operario de mantenimiento capacitado para trabajo en alturas"]
["1INTERASEO S.A.S. E.S.P.Operario de mantenimiento capacitado para trabajo en alturas",1,"INTERASEO S.A.S. E.S.P.","Servicio","Operario de mantenimiento capacitado para trabajo en alturas","Operario de mantenimiento capacitado para trabajo en alturas",null,null,null,null,2627978,null,null,null,null,"1Operario de mantenimiento capacitado para trabajo en alturas"]
["1KIOS SASOperario de mantenimiento capacitado para trabajo en alturas",1,"KIOS SAS","Servicio","Operario de mantenimiento capacitado para trabajo en alturas","Operario de mantenimiento capacitado para trabajo en alturas",null,null,null,null,2465868,null,null,null,null,"1Operario de mantenimiento capacitado para trabajo en alturas"]
["1LIMPIEZA INSTITUCIONAL LASU S.A.S.Operario de mantenimiento capacitado para trabajo en alturas",1,"LIMPIEZA INSTITUCIONAL LASU S.A.S.","Servicio","Operario de mantenimiento capacitado para trabajo en alturas","Operario de mantenimiento capacitado para trabajo en alturas",null,null,null,null,2465868,null,null,null,null,"1Operario de mantenimiento capacitado para trabajo en alturas"]
["1N&R INTEGRAL SERVICE COMPANY S.A.S.Operario de mantenimiento capacitado para trabajo en alturas",1,"N&R INTEGRAL SERVICE COMPANY S.A.S.","Servicio","Operario de mantenimiento capacitado para trabajo en alturas","Operario de mantenimiento capacitado para trabajo en alturas",null,null,null,null,2465868,null,null,null,null,"1Operario de mantenimiento capacitado para trabajo en alturas"]
["1SOSEGE SASOperario de mantenimiento capacitado para trabajo en alturas",1,"SOSEGE SAS","Servicio","Operario de mantenimiento capacitado para trabajo en alturas","Operario de mantenimiento capacitado para trabajo en alturas",null,null,null,null,2465868,null,null,null,null,"1Operario de mantenimiento capacitado para trabajo en alturas"]
["1UNION  TEMPORAL LADOINSA 2022Operario de mantenimiento capacitado para trabajo en alturas",1,"UNION  TEMPORAL LADOINSA 2022","Servicio","Operario de mantenimiento capacitado para trabajo en alturas","Operario de mantenimiento capacitado para trabajo en alturas",null,null,null,null,2990028,null,null,null,null,"1Operario de mantenimiento capacitado para trabajo en alturas"]
["1UNIÓN TEMPORAL ASEO COLOMBIA AMP4Operario de mantenimiento capacitado para trabajo en alturas",1,"UNIÓN TEMPORAL ASEO COLOMBIA AMP4","Servicio","Operario de mantenimiento capacitado para trabajo en alturas","Operario de mantenimiento capacitado para trabajo en alturas",null,null,null,null,2465868,null,null,null,null,"1Operario de mantenimiento capacitado para trabajo en alturas"]
["1UNIÓN TEMPORAL CCE AMP IV 2022Operario de mantenimiento capacitado para trabajo en alturas",1,"UNIÓN TEMPORAL CCE AMP IV 2022","Servicio","Operario de mantenimiento capacitado para trabajo en alturas","Operario de mantenimiento capacitado para trabajo en alturas",null,null,null,null,2465868,null,null,null,null,"1Operario de mantenimiento capacitado para trabajo en alturas"]
["1UNION TEMPORAL ECOLIMPIEZA 4GOperario de mantenimiento capacitado para trabajo en alturas",1,"UNION TEMPORAL ECOLIMPIEZA 4G","Servicio","Operario de mantenimiento capacitado para trabajo en alturas","Operario de mantenimiento capacitado para trabajo en alturas",null,null,null,null,2465868,null,null,null,null,"1Operario de mantenimiento capacitado para trabajo en alturas"]
["1UNIÓN TEMPORAL EMINSER SOLOASEO 2023Operario de mantenimiento capacitado para trabajo en alturas",1,"UNIÓN TEMPORAL EMINSER SOLOASEO 2023","Servicio","Operario de mantenimiento capacitado para trabajo en alturas","Operario de mantenimiento capacitado para trabajo en alturas",null,null,null,null,2465868,null,null,null,null,"1Operario de mantenimiento capacitado para trabajo en alturas"]
["1UNION TEMPORAL OUTSOURCING GIAFOperario de mantenimiento capacitado para trabajo en alturas",1,"UNION TEMPORAL OUTSOURCING GIAF","Servicio","Operario de mantenimiento capacitado para trabajo en alturas","Operario de mantenimiento capacitado para trabajo en alturas",null,null,null,null,2465868,null,null,null,null,"1Operario de mantenimiento capacitado para trabajo en alturas"]
["1UNION TEMPORAL R&J 2022Operario de mantenimiento capacitado para trabajo en alturas",1,"UNION TEMPORAL R&J 2022","Servicio","Operario de mantenimiento capacitado para trabajo en alturas","Operario de mantenimiento capacitado para trabajo en alturas",null,null,null,null,2465868,null,null,null,null,"1Operario de mantenimiento capacitado para trabajo en alturas"]
["1UNION TEMPORAL SERVICIOS INTEGRALESOperario de mantenimiento capacitado para trabajo en alturas",1,"UNION TEMPORAL SERVICIOS INTEGRALES","Servicio","Operario de mantenimiento capacitado para trabajo en alturas","Operario de mantenimiento capacitado para trabajo en alturas",null,null,null,null,2465868,null,null,null,null,"1Operario de mantenimiento capacitado para trabajo en alturas"]
["1UT EASYCLEAN ASEO PROFESIONALOperario de mantenimiento capacitado para trabajo en alturas",1,"UT EASYCLEAN ASEO PROFESIONAL","Servicio","Operario de mantenimiento capacitado para trabajo en alturas","Operario de mantenimiento capacitado para trabajo en alturas",null,null,null,null,2465868,null,null,null,null,"1Operario de mantenimiento capacitado para trabajo en alturas"]
["1UT GRUPO ADINOperario de mantenimiento capacitado para trabajo en alturas",1,"UT GRUPO ADIN","Servicio","Operario de mantenimiento capacitado para trabajo en alturas","Operario de mantenimiento capacitado para trabajo en alturas",null,null,null,null,2465868,null,null,null,null,"1Operario de mantenimiento capacitado para trabajo en alturas"]
["1ASECOLBAS LTDAOperario auxiliar capacitado para trabajo en alturas",1,"ASECOLBAS LTDA","Servicio","Operario auxiliar capacitado para trabajo en alturas","Operario auxiliar capacitado para trabajo en alturas",null,null,null,null,2465868,null,null,null,null,"1Operario auxiliar capacitado para trabajo en alturas"]
["1CLEANER S.A.Operario auxiliar capacitado para trabajo en alturas",1,"CLEANER S.A.","Servicio","Operario auxiliar capacitado para trabajo en alturas","Operario auxiliar capacitado para trabajo en alturas",null,null,null,null,2465868,null,null,null,null,"1Operario auxiliar capacitado para trabajo en alturas"]
["1COMPAÑÍA DE SERVICIOS Y ADMINISTRACIÓN SA SERDAN SAOperario auxiliar capacitado para trabajo en alturas",1,"COMPAÑÍA DE SERVICIOS Y ADMINISTRACIÓN SA SERDAN SA","Servicio","Operario auxiliar capacitado para trabajo en alturas","Operario auxiliar capacitado para trabajo en alturas",null,null,null,null,2465868,null,null,null,null,"1Operario auxiliar capacitado para trabajo en alturas"]
["1CONSERJES INMOBILIARIOS LTDAOperario auxiliar capacitado para trabajo en alturas",1,"CONSERJES INMOBILIARIOS LTDA","Servicio","Operario auxiliar capacitado para trabajo en alturas","Operario auxiliar capacitado para trabajo en alturas",null,null,null,null,2465868,null,null,null,null,"1Operario auxiliar capacitado para trabajo en alturas"]
["1CONSORCIO ELITEOperario auxiliar capacitado para trabajo en alturas",1,"CONSORCIO ELITE","Servicio","Operario auxiliar capacitado para trabajo en alturas","Operario auxiliar capacitado para trabajo en alturas",null,null,null,null,2465868,null,null,null,null,"1Operario auxiliar capacitado para trabajo en alturas"]
["1GRUPO GECOperario auxiliar capacitado para trabajo en alturas",1,"GRUPO GEC","Servicio","Operario auxiliar capacitado para trabajo en alturas","Operario auxiliar capacitado para trabajo en alturas",null,null,null,null,2465868,null,null,null,null,"1Operario auxiliar capacitado para trabajo en alturas"]
["1INCIHUILSA SAS ESPOperario auxiliar capacitado para trabajo en alturas",1,"INCIHUILSA SAS ESP","Servicio","Operario auxiliar capacitado para trabajo en alturas","Operario auxiliar capacitado para trabajo en alturas",null,null,null,null,2465868,null,null,null,null,"1Operario auxiliar capacitado para trabajo en alturas"]
["1INTERASEO S.A.S. E.S.P.Operario auxiliar capacitado para trabajo en alturas",1,"INTERASEO S.A.S. E.S.P.","Servicio","Operario auxiliar capacitado para trabajo en alturas","Operario auxiliar capacitado para trabajo en alturas",null,null,null,null,2471323,null,null,null,null,"1Operario auxiliar capacitado para trabajo en alturas"]
["1KIOS SASOperario auxiliar capacitado para trabajo en alturas",1,"KIOS SAS","Servicio","Operario auxiliar capacitado para trabajo en alturas","Operario auxiliar capacitado para trabajo en alturas",null,null,null,null,2465868,null,null,null,null,"1Operario auxiliar capacitado para trabajo en alturas"]
["1LIMPIEZA INSTITUCIONAL LASU S.A.S.Operario auxiliar capacitado para trabajo en alturas",1,"LIMPIEZA INSTITUCIONAL LASU S.A.S.","Servicio","Operario auxiliar capacitado para trabajo en alturas","Operario auxiliar capacitado para trabajo en alturas",null,null,null,null,2465868,null,null,null,null,"1Operario auxiliar capacitado para trabajo en alturas"]
["1N&R INTEGRAL SERVICE COMPANY S.A.S.Operario auxiliar capacitado para trabajo en alturas",1,"N&R INTEGRAL SERVICE COMPANY S.A.S.","Servicio","Operario auxiliar capacitado para trabajo en alturas","Operario auxiliar capacitado para trabajo en alturas",null,null,null,null,2465868,null,null,null,null,"1Operario auxiliar capacitado para trabajo en alturas"]
["1SOSEGE SASOperario auxiliar capacitado para trabajo en alturas",1,"SOSEGE SAS","Servicio","Operario auxiliar capacitado para trabajo en alturas","Operario auxiliar capacitado para trabajo en alturas",null,null,null,null,2465868,null,null,null,null,"1Operario auxiliar capacitado para trabajo en alturas"]
["1UNION  TEMPORAL LADOINSA 2022Operario auxiliar capacitado para trabajo en alturas",1,"UNION  TEMPORAL LADOINSA 2022","Servicio","Operario auxiliar capacitado para trabajo en alturas","Operario auxiliar capacitado para trabajo en alturas",null,null,null,null,2925027,null,null,null,null,"1Operario auxiliar capacitado para trabajo en alturas"]
["1UNIÓN TEMPORAL ASEO COLOMBIA AMP4Operario auxiliar capacitado para trabajo en alturas",1,"UNIÓN TEMPORAL ASEO COLOMBIA AMP4","Servicio","Operario auxiliar capacitado para trabajo en alturas","Operario auxiliar capacitado para trabajo en alturas",null,null,null,null,2465868,null,null,null,null,"1Operario auxiliar capacitado para trabajo en alturas"]
["1UNIÓN TEMPORAL CCE AMP IV 2022Operario auxiliar capacitado para trabajo en alturas",1,"UNIÓN TEMPORAL CCE AMP IV 2022","Servicio","Operario auxiliar capacitado para trabajo en alturas","Operario auxiliar capacitado para trabajo en alturas",null,null,null,null,2465868,null,null,null,null,"1Operario auxiliar capacitado para trabajo en alturas"]
["1UNION TEMPORAL ECOLIMPIEZA 4GOperario auxiliar capacitado para trabajo en alturas",1,"UNION TEMPORAL ECOLIMPIEZA 4G","Servicio","Operario auxiliar capacitado para trabajo en alturas","Operario auxiliar capacitado para trabajo en alturas",null,null,null,null,2465868,null,null,null,null,"1Operario auxiliar capacitado para trabajo en alturas"]
["1UNIÓN TEMPORAL EMINSER SOLOASEO 2023Operario auxiliar capacitado para trabajo en alturas",1,"UNIÓN TEMPORAL EMINSER SOLOASEO 2023","Servicio","Operario auxiliar capacitado para trabajo en alturas","Operario auxiliar capacitado para trabajo en alturas",null,null,null,null,2465868,null,null,null,null,"1Operario auxiliar capacitado para trabajo en alturas"]
["1UNION TEMPORAL OUTSOURCING GIAFOperario auxiliar capacitado para trabajo en alturas",1,"UNION TEMPORAL OUTSOURCING GIAF","Servicio","Operario auxiliar capacitado para trabajo en alturas","Operario auxiliar capacitado para trabajo en alturas",null,null,null,null,2465868,null,null,null,null,"1Operario auxiliar capacitado para trabajo en alturas"]
["1UNION TEMPORAL R&J 2022Operario auxiliar capacitado para trabajo en alturas",1,"UNION TEMPORAL R&J 2022","Servicio","Operario auxiliar capacitado para trabajo en alturas","Operario auxiliar capacitado para trabajo en alturas",null,null,null,null,2465868,null,null,null,null,"1Operario auxiliar capacitado para trabajo en alturas"]
["1UNION TEMPORAL SERVICIOS INTEGRALESOperario auxiliar capacitado para trabajo en alturas",1,"UNION TEMPORAL SERVICIOS INTEGRALES","Servicio","Operario auxiliar capacitado para trabajo en alturas","Operario auxiliar capacitado para trabajo en alturas",null,null,null,null,2465868,null,null,null,null,"1Operario auxiliar capacitado para trabajo en alturas"]
["1UT EASYCLEAN ASEO PROFESIONALOperario auxiliar capacitado para trabajo en alturas",1,"UT EASYCLEAN ASEO PROFESIONAL","Servicio","Operario auxiliar capacitado para trabajo en alturas","Operario auxiliar capacitado para trabajo en alturas",null,null,null,null,2465868,null,null,null,null,"1Operario auxiliar capacitado para trabajo en alturas"]
["1UT GRUPO ADINOperario auxiliar capacitado para trabajo en alturas",1,"UT GRUPO ADIN","Servicio","Operario auxiliar capacitado para trabajo en alturas","Operario auxiliar capacitado para trabajo en alturas",null,null,null,null,2465868,null,null,null,null,"1Operario auxiliar capacitado para trabajo en alturas"]
["1ASECOLBAS LTDAJardinero capacitado para trabajo en alturas",1,"ASECOLBAS LTDA","Servicio","Jardinero capacitado para trabajo en alturas","Jardinero capacitado para trabajo en alturas",null,null,null,null,2465868,null,null,null,null,"1Jardinero capacitado para trabajo en alturas"]
["1CLEANER S.A.Jardinero capacitado para trabajo en alturas",1,"CLEANER S.A.","Servicio","Jardinero capacitado para trabajo en alturas","Jardinero capacitado para trabajo en alturas",null,null,null,null,2465868,null,null,null,null,"1Jardinero capacitado para trabajo en alturas"]
["1COMPAÑÍA DE SERVICIOS Y ADMINISTRACIÓN SA SERDAN SAJardinero capacitado para trabajo en alturas",1,"COMPAÑÍA DE SERVICIOS Y ADMINISTRACIÓN SA SERDAN SA","Servicio","Jardinero capacitado para trabajo en alturas","Jardinero capacitado para trabajo en alturas",null,null,null,null,3121457,null,null,null,null,"1Jardinero capacitado para trabajo en alturas"]
["1CONSERJES INMOBILIARIOS LTDAJardinero capacitado para trabajo en alturas",1,"CONSERJES INMOBILIARIOS LTDA","Servicio","Jardinero capacitado para trabajo en alturas","Jardinero capacitado para trabajo en alturas",null,null,null,null,2465868,null,null,null,null,"1Jardinero capacitado para trabajo en alturas"]
["1CONSORCIO ELITEJardinero capacitado para trabajo en alturas",1,"CONSORCIO ELITE","Servicio","Jardinero capacitado para trabajo en alturas","Jardinero capacitado para trabajo en alturas",null,null,null,null,2465868,null,null,null,null,"1Jardinero capacitado para trabajo en alturas"]
["1GRUPO GECJardinero capacitado para trabajo en alturas",1,"GRUPO GEC","Servicio","Jardinero capacitado para trabajo en alturas","Jardinero capacitado para trabajo en alturas",null,null,null,null,2465868,null,null,null,null,"1Jardinero capacitado para trabajo en alturas"]
["1INCIHUILSA SAS ESPJardinero capacitado para trabajo en alturas",1,"INCIHUILSA SAS ESP","Servicio","Jardinero capacitado para trabajo en alturas","Jardinero capacitado para trabajo en alturas",null,null,null,null,2465868,null,null,null,null,"1Jardinero capacitado para trabajo en alturas"]
["1INTERASEO S.A.S. E.S.P.Jardinero capacitado para trabajo en alturas",1,"INTERASEO S.A.S. E.S.P.","Servicio","Jardinero capacitado para trabajo en alturas","Jardinero capacitado para trabajo en alturas",null,null,null,null,2627978,null,null,null,null,"1Jardinero capacitado para trabajo en alturas"]
["1KIOS SASJardinero capacitado para trabajo en alturas",1,"KIOS SAS","Servicio","Jardinero capacitado para trabajo en alturas","Jardinero capacitado para trabajo en alturas",null,null,null,null,2465868,null,null,null,null,"1Jardinero capacitado para trabajo en alturas"]
["1LIMPIEZA INSTITUCIONAL LASU S.A.S.Jardinero capacitado para trabajo en alturas",1,"LIMPIEZA INSTITUCIONAL LASU S.A.S.","Servicio","Jardinero capacitado para trabajo en alturas","Jardinero capacitado para trabajo en alturas",null,null,null,null,2465868,null,null,null,null,"1Jardinero capacitado para trabajo en alturas"]
["1N&R INTEGRAL SERVICE COMPANY S.A.S.Jardinero capacitado para trabajo en alturas",1,"N&R INTEGRAL SERVICE COMPANY S.A.S.","Servicio","Jardinero capacitado para trabajo en alturas","Jardinero capacitado para trabajo en alturas",null,null,null,null,2465868,null,null,null,null,"1Jardinero capacitado para trabajo en alturas"]
["1SOSEGE SASJardinero capacitado para trabajo en alturas",1,"SOSEGE SAS","Servicio","Jardinero capacitado para trabajo en alturas","Jardinero capacitado para trabajo en alturas",null,null,null,null,2465868,null,null,null,null,"1Jardinero capacitado para trabajo en alturas"]
["1UNION  TEMPORAL LADOINSA 2022Jardinero capacitado para trabajo en alturas",1,"UNION  TEMPORAL LADOINSA 2022","Servicio","Jardinero capacitado para trabajo en alturas","Jardinero capacitado para trabajo en alturas",null,null,null,null,3055028,null,null,null,null,"1Jardinero capacitado para trabajo en alturas"]
["1UNIÓN TEMPORAL ASEO COLOMBIA AMP4Jardinero capacitado para trabajo en alturas",1,"UNIÓN TEMPORAL ASEO COLOMBIA AMP4","Servicio","Jardinero capacitado para trabajo en alturas","Jardinero capacitado para trabajo en alturas",null,null,null,null,2465868,null,null,null,null,"1Jardinero capacitado para trabajo en alturas"]
["1UNIÓN TEMPORAL CCE AMP IV 2022Jardinero capacitado para trabajo en alturas",1,"UNIÓN TEMPORAL CCE AMP IV 2022","Servicio","Jardinero capacitado para trabajo en alturas","Jardinero capacitado para trabajo en alturas",null,null,null,null,2465868,null,null,null,null,"1Jardinero capacitado para trabajo en alturas"]
["1UNION TEMPORAL ECOLIMPIEZA 4GJardinero capacitado para trabajo en alturas",1,"UNION TEMPORAL ECOLIMPIEZA 4G","Servicio","Jardinero capacitado para trabajo en alturas","Jardinero capacitado para trabajo en alturas",null,null,null,null,2465868,null,null,null,null,"1Jardinero capacitado para trabajo en alturas"]
["1UNIÓN TEMPORAL EMINSER SOLOASEO 2023Jardinero capacitado para trabajo en alturas",1,"UNIÓN TEMPORAL EMINSER SOLOASEO 2023","Servicio","Jardinero capacitado para trabajo en alturas","Jardinero capacitado para trabajo en alturas",null,null,null,null,2465868,null,null,null,null,"1Jardinero capacitado para trabajo en alturas"]
["1UNION TEMPORAL OUTSOURCING GIAFJardinero capacitado para trabajo en alturas",1,"UNION TEMPORAL OUTSOURCING GIAF","Servicio","Jardinero capacitado para trabajo en alturas","Jardinero capacitado para trabajo en alturas",null,null,null,null,2465868,null,null,null,null,"1Jardinero capacitado para trabajo en alturas"]
["1UNION TEMPORAL R&J 2022Jardinero capacitado para trabajo en alturas",1,"UNION TEMPORAL R&J 2022","Servicio","Jardinero capacitado para trabajo en alturas","Jardinero capacitado para trabajo en alturas",null,null,null,null,2465868,null,null,null,null,"1Jardinero capacitado para trabajo en alturas"]
["1UNION TEMPORAL SERVICIOS INTEGRALESJardinero capacitado para trabajo en alturas",1,"UNION TEMPORAL SERVICIOS INTEGRALES","Servicio","Jardinero capacitado para trabajo en alturas","Jardinero capacitado para trabajo en alturas",null,null,null,null,2465868,null,null,null,null,"1Jardinero capacitado para trabajo en alturas"]
["1UT EASYCLEAN ASEO PROFESIONALJardinero capacitado para trabajo en alturas",1,"UT EASYCLEAN ASEO PROFESIONAL","Servicio","Jardinero capacitado para trabajo en alturas","Jardinero capacitado para trabajo en alturas",null,null,null,null,2465868,null,null,null,null,"1Jardinero capacitado para trabajo en alturas"]
["1UT GRUPO ADINJardinero capacitado para trabajo en alturas",1,"UT GRUPO ADIN","Servicio","Jardinero capacitado para trabajo en alturas","Jardinero capacitado para trabajo en alturas",null,null,null,null,2465868,null,null,null,null,"1Jardinero capacitado para trabajo en alturas"]
["1ASECOLBAS LTDACoordinador de trabajo en alturas",1,"ASECOLBAS LTDA","Servicio","Coordinador de trabajo en alturas","Coordinador de trabajo en alturas",null,null,null,null,2465868,null,null,null,null,"1Coordinador de trabajo en alturas"]
["1CLEANER S.A.Coordinador de trabajo en alturas",1,"CLEANER S.A.","Servicio","Coordinador de trabajo en alturas","Coordinador de trabajo en alturas",null,null,null,null,2465868,null,null,null,null,"1Coordinador de trabajo en alturas"]
["1COMPAÑÍA DE SERVICIOS Y ADMINISTRACIÓN SA SERDAN SACoordinador de trabajo en alturas",1,"COMPAÑÍA DE SERVICIOS Y ADMINISTRACIÓN SA SERDAN SA","Servicio","Coordinador de trabajo en alturas","Coordinador de trabajo en alturas",null,null,null,null,3196624,null,null,null,null,"1Coordinador de trabajo en alturas"]
["1CONSERJES INMOBILIARIOS LTDACoordinador de trabajo en alturas",1,"CONSERJES INMOBILIARIOS LTDA","Servicio","Coordinador de trabajo en alturas","Coordinador de trabajo en alturas",null,null,null,null,2465868,null,null,null,null,"1Coordinador de trabajo en alturas"]
["1CONSORCIO ELITECoordinador de trabajo en alturas",1,"CONSORCIO ELITE","Servicio","Coordinador de trabajo en alturas","Coordinador de trabajo en alturas",null,null,null,null,2465868,null,null,null,null,"1Coordinador de trabajo en alturas"]
["1GRUPO GECCoordinador de trabajo en alturas",1,"GRUPO GEC","Servicio","Coordinador de trabajo en alturas","Coordinador de trabajo en alturas",null,null,null,null,2465868,null,null,null,null,"1Coordinador de trabajo en alturas"]
["1INCIHUILSA SAS ESPCoordinador de trabajo en alturas",1,"INCIHUILSA SAS ESP","Servicio","Coordinador de trabajo en alturas","Coordinador de trabajo en alturas",null,null,null,null,2465868,null,null,null,null,"1Coordinador de trabajo en alturas"]
["1INTERASEO S.A.S. E.S.P.Coordinador de trabajo en alturas",1,"INTERASEO S.A.S. E.S.P.","Servicio","Coordinador de trabajo en alturas","Coordinador de trabajo en alturas",null,null,null,null,3640034,null,null,null,null,"1Coordinador de trabajo en alturas"]
["1KIOS SASCoordinador de trabajo en alturas",1,"KIOS SAS","Servicio","Coordinador de trabajo en alturas","Coordinador de trabajo en alturas",null,null,null,null,2465868,null,null,null,null,"1Coordinador de trabajo en alturas"]
["1LIMPIEZA INSTITUCIONAL LASU S.A.S.Coordinador de trabajo en alturas",1,"LIMPIEZA INSTITUCIONAL LASU S.A.S.","Servicio","Coordinador de trabajo en alturas","Coordinador de trabajo en alturas",null,null,null,null,2465868,null,null,null,null,"1Coordinador de trabajo en alturas"]
["1N&R INTEGRAL SERVICE COMPANY S.A.S.Coordinador de trabajo en alturas",1,"N&R INTEGRAL SERVICE COMPANY S.A.S.","Servicio","Coordinador de trabajo en alturas","Coordinador de trabajo en alturas",null,null,null,null,2465868,null,null,null,null,"1Coordinador de trabajo en alturas"]
["1SOSEGE SASCoordinador de trabajo en alturas",1,"SOSEGE SAS","Servicio","Coordinador de trabajo en alturas","Coordinador de trabajo en alturas",null,null,null,null,2465868,null,null,null,null,"1Coordinador de trabajo en alturas"]
["1UNION  TEMPORAL LADOINSA 2022Coordinador de trabajo en alturas",1,"UNION  TEMPORAL LADOINSA 2022","Servicio","Coordinador de trabajo en alturas","Coordinador de trabajo en alturas",null,null,null,null,3510032,null,null,null,null,"1Coordinador de trabajo en alturas"]
["1UNIÓN TEMPORAL ASEO COLOMBIA AMP4Coordinador de trabajo en alturas",1,"UNIÓN TEMPORAL ASEO COLOMBIA AMP4","Servicio","Coordinador de trabajo en alturas","Coordinador de trabajo en alturas",null,null,null,null,2465868,null,null,null,null,"1Coordinador de trabajo en alturas"]
["1UNIÓN TEMPORAL CCE AMP IV 2022Coordinador de trabajo en alturas",1,"UNIÓN TEMPORAL CCE AMP IV 2022","Servicio","Coordinador de trabajo en alturas","Coordinador de trabajo en alturas",null,null,null,null,2465868,null,null,null,null,"1Coordinador de trabajo en alturas"]
["1UNION TEMPORAL ECOLIMPIEZA 4GCoordinador de trabajo en alturas",1,"UNION TEMPORAL ECOLIMPIEZA 4G","Servicio","Coordinador de trabajo en alturas","Coordinador de trabajo en alturas",null,null,null,null,2465868,null,null,null,null,"1Coordinador de trabajo en alturas"]
["1UNIÓN TEMPORAL EMINSER SOLOASEO 2023Coordinador de trabajo en alturas",1,"UNIÓN TEMPORAL EMINSER SOLOASEO 2023","Servicio","Coordinador de trabajo en alturas","Coordinador de trabajo en alturas",null,null,null,null,2465868,null,null,null,null,"1Coordinador de trabajo en alturas"]
["1UNION TEMPORAL OUTSOURCING GIAFCoordinador de trabajo en alturas",1,"UNION TEMPORAL OUTSOURCING GIAF","Servicio","Coordinador de trabajo en alturas","Coordinador de trabajo en alturas",null,null,null,null,2465868,null,null,null,null,"1Coordinador de trabajo en alturas"]
["1UNION TEMPORAL R&J 2022Coordinador de trabajo en alturas",1,"UNION TEMPORAL R&J 2022","Servicio","Coordinador de trabajo en alturas","Coordinador de trabajo en alturas",null,null,null,null,2465868,null,null,null,null,"1Coordinador de trabajo en alturas"]
["1UNION TEMPORAL SERVICIOS INTEGRALESCoordinador de trabajo en alturas",1,"UNION TEMPORAL SERVICIOS INTEGRALES","Servicio","Coordinador de trabajo en alturas","Coordinador de trabajo en alturas",null,null,null,null,2465868,null,null,null,null,"1Coordinador de trabajo en alturas"]
["1UT EASYCLEAN ASEO PROFESIONALCoordinador de trabajo en alturas",1,"UT EASYCLEAN ASEO PROFESIONAL","Servicio","Coordinador de trabajo en alturas","Coordinador de trabajo en alturas",null,null,null,null,2465868,null,null,null,null,"1Coordinador de trabajo en alturas"]
["1UT GRUPO ADINCoordinador de trabajo en alturas",1,"UT GRUPO ADIN","Servicio","Coordinador de trabajo en alturas","Coordinador de trabajo en alturas",null,null,null,null,2465868,null,null,null,null,"1Coordinador de trabajo en alturas"]
["1ASECOLBAS LTDATurno operario de mantenimiento",1,"ASECOLBAS LTDA","Servicio","Turno operario de mantenimiento","Turno operario de mantenimiento",null,null,null,null,82196,null,null,null,null,"1Turno operario de mantenimiento"]
["1CLEANER S.A.Turno operario de mantenimiento",1,"CLEANER S.A.","Servicio","Turno operario de mantenimiento","Turno operario de mantenimiento",null,null,null,null,82196,null,null,null,null,"1Turno operario de mantenimiento"]
["1COMPAÑÍA DE SERVICIOS Y ADMINISTRACIÓN SA SERDAN SATurno operario de mantenimiento",1,"COMPAÑÍA DE SERVICIOS Y ADMINISTRACIÓN SA SERDAN SA","Servicio","Turno operario de mantenimiento","Turno operario de mantenimiento",null,null,null,null,82196,null,null,null,null,"1Turno operario de mantenimiento"]
["1CONSERJES INMOBILIARIOS LTDATurno operario de mantenimiento",1,"CONSERJES INMOBILIARIOS LTDA","Servicio","Turno operario de mantenimiento","Turno operario de mantenimiento",null,null,null,null,82196,null,null,null,null,"1Turno operario de mantenimiento"]
["1CONSORCIO ELITETurno operario de mantenimiento",1,"CONSORCIO ELITE","Servicio","Turno operario de mantenimiento","Turno operario de mantenimiento",null,null,null,null,82196,null,null,null,null,"1Turno operario de mantenimiento"]
["1GRUPO GECTurno operario de mantenimiento",1,"GRUPO GEC","Servicio","Turno operario de mantenimiento","Turno operario de mantenimiento",null,null,null,null,82196,null,null,null,null,"1Turno operario de mantenimiento"]
["1INCIHUILSA SAS ESPTurno operario de mantenimiento",1,"INCIHUILSA SAS ESP","Servicio","Turno operario de mantenimiento","Turno operario de mantenimiento",null,null,null,null,82196,null,null,null,null,"1Turno operario de mantenimiento"]
["1INTERASEO S.A.S. E.S.P.Turno operario de mantenimiento",1,"INTERASEO S.A.S. E.S.P.","Servicio","Turno operario de mantenimiento","Turno operario de mantenimiento",null,null,null,null,82196,null,null,null,null,"1Turno operario de mantenimiento"]
["1KIOS SASTurno operario de mantenimiento",1,"KIOS SAS","Servicio","Turno operario de mantenimiento","Turno operario de mantenimiento",null,null,null,null,82196,null,null,null,null,"1Turno operario de mantenimiento"]
["1LIMPIEZA INSTITUCIONAL LASU S.A.S.Turno operario de mantenimiento",1,"LIMPIEZA INSTITUCIONAL LASU S.A.S.","Servicio","Turno operario de mantenimiento","Turno operario de mantenimiento",null,null,null,null,82196,null,null,null,null,"1Turno operario de mantenimiento"]
["1N&R INTEGRAL SERVICE COMPANY S.A.S.Turno operario de mantenimiento",1,"N&R INTEGRAL SERVICE COMPANY S.A.S.","Servicio","Turno operario de mantenimiento","Turno operario de mantenimiento",null,null,null,null,82196,null,null,null,null,"1Turno operario de mantenimiento"]
["1SOSEGE SASTurno operario de mantenimiento",1,"SOSEGE SAS","Servicio","Turno operario de mantenimiento","Turno operario de mantenimiento",null,null,null,null,82196,null,null,null,null,"1Turno operario de mantenimiento"]
["1UNION  TEMPORAL LADOINSA 2022Turno operario de mantenimiento",1,"UNION  TEMPORAL LADOINSA 2022","Servicio","Turno operario de mantenimiento","Turno operario de mantenimiento",null,null,null,null,260002,null,null,null,null,"1Turno operario de mantenimiento"]
["1UNIÓN TEMPORAL ASEO COLOMBIA AMP4Turno operario de mantenimiento",1,"UNIÓN TEMPORAL ASEO COLOMBIA AMP4","Servicio","Turno operario de mantenimiento","Turno operario de mantenimiento",null,null,null,null,82196,null,null,null,null,"1Turno operario de mantenimiento"]
["1UNIÓN TEMPORAL CCE AMP IV 2022Turno operario de mantenimiento",1,"UNIÓN TEMPORAL CCE AMP IV 2022","Servicio","Turno operario de mantenimiento","Turno operario de mantenimiento",null,null,null,null,82196,null,null,null,null,"1Turno operario de mantenimiento"]
["1UNION TEMPORAL ECOLIMPIEZA 4GTurno operario de mantenimiento",1,"UNION TEMPORAL ECOLIMPIEZA 4G","Servicio","Turno operario de mantenimiento","Turno operario de mantenimiento",null,null,null,null,82196,null,null,null,null,"1Turno operario de mantenimiento"]
["1UNIÓN TEMPORAL EMINSER SOLOASEO 2023Turno operario de mantenimiento",1,"UNIÓN TEMPORAL EMINSER SOLOASEO 2023","Servicio","Turno operario de mantenimiento","Turno operario de mantenimiento",null,null,null,null,82196,null,null,null,null,"1Turno operario de mantenimiento"]
["1UNION TEMPORAL OUTSOURCING GIAFTurno operario de mantenimiento",1,"UNION TEMPORAL OUTSOURCING GIAF","Servicio","Turno operario de mantenimiento","Turno operario de mantenimiento",null,null,null,null,82196,null,null,null,null,"1Turno operario de mantenimiento"]
["1UNION TEMPORAL R&J 2022Turno operario de mantenimiento",1,"UNION TEMPORAL R&J 2022","Servicio","Turno operario de mantenimiento","Turno operario de mantenimiento",null,null,null,null,82196,null,null,null,null,"1Turno operario de mantenimiento"]
["1UNION TEMPORAL SERVICIOS INTEGRALESTurno operario de mantenimiento",1,"UNION TEMPORAL SERVICIOS INTEGRALES","Servicio","Turno operario de mantenimiento","Turno operario de mantenimiento",null,null,null,null,82196,null,null,null,null,"1Turno operario de mantenimiento"]
["1UT EASYCLEAN ASEO PROFESIONALTurno operario de mantenimiento",1,"UT EASYCLEAN ASEO PROFESIONAL","Servicio","Turno operario de mantenimiento","Turno operario de mantenimiento",null,null,null,null,82196,null,null,null,null,"1Turno operario de mantenimiento"]
["1UT GRUPO ADINTurno operario de mantenimiento",1,"UT GRUPO ADIN","Servicio","Turno operario de mantenimiento","Turno operario de mantenimiento",null,null,null,null,82196,null,null,null,null,"1Turno operario de mantenimiento"]
["1ASECOLBAS LTDATurno operario de mantenimiento capacitado para trabajo en alturas nivel básico",1,"ASECOLBAS LTDA","Servicio","Turno operario de mantenimiento capacitado para trabajo en alturas nivel básico","Turno operario de mantenimiento capacitado para trabajo en alturas nivel básico",null,null,null,null,82196,null,null,null,null,"1Turno operario de mantenimiento capacitado para trabajo en alturas nivel básico"]
["1CLEANER S.A.Turno operario de mantenimiento capacitado para trabajo en alturas nivel básico",1,"CLEANER S.A.","Servicio","Turno operario de mantenimiento capacitado para trabajo en alturas nivel básico","Turno operario de mantenimiento capacitado para trabajo en alturas nivel básico",null,null,null,null,82196,null,null,null,null,"1Turno operario de mantenimiento capacitado para trabajo en alturas nivel básico"]
["1COMPAÑÍA DE SERVICIOS Y ADMINISTRACIÓN SA SERDAN SATurno operario de mantenimiento capacitado para trabajo en alturas nivel básico",1,"COMPAÑÍA DE SERVICIOS Y ADMINISTRACIÓN SA SERDAN SA","Servicio","Turno operario de mantenimiento capacitado para trabajo en alturas nivel básico","Turno operario de mantenimiento capacitado para trabajo en alturas nivel básico",null,null,null,null,82196,null,null,null,null,"1Turno operario de mantenimiento capacitado para trabajo en alturas nivel básico"]
["1CONSERJES INMOBILIARIOS LTDATurno operario de mantenimiento capacitado para trabajo en alturas nivel básico",1,"CONSERJES INMOBILIARIOS LTDA","Servicio","Turno operario de mantenimiento capacitado para trabajo en alturas nivel básico","Turno operario de mantenimiento capacitado para trabajo en alturas nivel básico",null,null,null,null,82196,null,null,null,null,"1Turno operario de mantenimiento capacitado para trabajo en alturas nivel básico"]
["1CONSORCIO ELITETurno operario de mantenimiento capacitado para trabajo en alturas nivel básico",1,"CONSORCIO ELITE","Servicio","Turno operario de mantenimiento capacitado para trabajo en alturas nivel básico","Turno operario de mantenimiento capacitado para trabajo en alturas nivel básico",null,null,null,null,82196,null,null,null,null,"1Turno operario de mantenimiento capacitado para trabajo en alturas nivel básico"]
["1GRUPO GECTurno operario de mantenimiento capacitado para trabajo en alturas nivel básico",1,"GRUPO GEC","Servicio","Turno operario de mantenimiento capacitado para trabajo en alturas nivel básico","Turno operario de mantenimiento capacitado para trabajo en alturas nivel básico",null,null,null,null,82196,null,null,null,null,"1Turno operario de mantenimiento capacitado para trabajo en alturas nivel básico"]
["1INCIHUILSA SAS ESPTurno operario de mantenimiento capacitado para trabajo en alturas nivel básico",1,"INCIHUILSA SAS ESP","Servicio","Turno operario de mantenimiento capacitado para trabajo en alturas nivel básico","Turno operario de mantenimiento capacitado para trabajo en alturas nivel básico",null,null,null,null,82196,null,null,null,null,"1Turno operario de mantenimiento capacitado para trabajo en alturas nivel básico"]
["1INTERASEO S.A.S. E.S.P.Turno operario de mantenimiento capacitado para trabajo en alturas nivel básico",1,"INTERASEO S.A.S. E.S.P.","Servicio","Turno operario de mantenimiento capacitado para trabajo en alturas nivel básico","Turno operario de mantenimiento capacitado para trabajo en alturas nivel básico",null,null,null,null,97501,null,null,null,null,"1Turno operario de mantenimiento capacitado para trabajo en alturas nivel básico"]
["1KIOS SASTurno operario de mantenimiento capacitado para trabajo en alturas nivel básico",1,"KIOS SAS","Servicio","Turno operario de mantenimiento capacitado para trabajo en alturas nivel básico","Turno operario de mantenimiento capacitado para trabajo en alturas nivel básico",null,null,null,null,82196,null,null,null,null,"1Turno operario de mantenimiento capacitado para trabajo en alturas nivel básico"]
["1LIMPIEZA INSTITUCIONAL LASU S.A.S.Turno operario de mantenimiento capacitado para trabajo en alturas nivel básico",1,"LIMPIEZA INSTITUCIONAL LASU S.A.S.","Servicio","Turno operario de mantenimiento capacitado para trabajo en alturas nivel básico","Turno operario de mantenimiento capacitado para trabajo en alturas nivel básico",null,null,null,null,82196,null,null,null,null,"1Turno operario de mantenimiento capacitado para trabajo en alturas nivel básico"]
["1N&R INTEGRAL SERVICE COMPANY S.A.S.Turno operario de mantenimiento capacitado para trabajo en alturas nivel básico",1,"N&R INTEGRAL SERVICE COMPANY S.A.S.","Servicio","Turno operario de mantenimiento capacitado para trabajo en alturas nivel básico","Turno operario de mantenimiento capacitado para trabajo en alturas nivel básico",null,null,null,null,82196,null,null,null,null,"1Turno operario de mantenimiento capacitado para trabajo en alturas nivel básico"]
["1SOSEGE SASTurno operario de mantenimiento capacitado para trabajo en alturas nivel básico",1,"SOSEGE SAS","Servicio","Turno operario de mantenimiento capacitado para trabajo en alturas nivel básico","Turno operario de mantenimiento capacitado para trabajo en alturas nivel básico",null,null,null,null,82196,null,null,null,null,"1Turno operario de mantenimiento capacitado para trabajo en alturas nivel básico"]
["1UNION  TEMPORAL LADOINSA 2022Turno operario de mantenimiento capacitado para trabajo en alturas nivel básico",1,"UNION  TEMPORAL LADOINSA 2022","Servicio","Turno operario de mantenimiento capacitado para trabajo en alturas nivel básico","Turno operario de mantenimiento capacitado para trabajo en alturas nivel básico",null,null,null,null,260002,null,null,null,null,"1Turno operario de mantenimiento capacitado para trabajo en alturas nivel básico"]
["1UNIÓN TEMPORAL ASEO COLOMBIA AMP4Turno operario de mantenimiento capacitado para trabajo en alturas nivel básico",1,"UNIÓN TEMPORAL ASEO COLOMBIA AMP4","Servicio","Turno operario de mantenimiento capacitado para trabajo en alturas nivel básico","Turno operario de mantenimiento capacitado para trabajo en alturas nivel básico",null,null,null,null,82196,null,null,null,null,"1Turno operario de mantenimiento capacitado para trabajo en alturas nivel básico"]
["1UNIÓN TEMPORAL CCE AMP IV 2022Turno operario de mantenimiento capacitado para trabajo en alturas nivel básico",1,"UNIÓN TEMPORAL CCE AMP IV 2022","Servicio","Turno operario de mantenimiento capacitado para trabajo en alturas nivel básico","Turno operario de mantenimiento capacitado para trabajo en alturas nivel básico",null,null,null,null,82196,null,null,null,null,"1Turno operario de mantenimiento capacitado para trabajo en alturas nivel básico"]
["1UNION TEMPORAL ECOLIMPIEZA 4GTurno operario de mantenimiento capacitado para trabajo en alturas nivel básico",1,"UNION TEMPORAL ECOLIMPIEZA 4G","Servicio","Turno operario de mantenimiento capacitado para trabajo en alturas nivel básico","Turno operario de mantenimiento capacitado para trabajo en alturas nivel básico",null,null,null,null,82196,null,null,null,null,"1Turno operario de mantenimiento capacitado para trabajo en alturas nivel básico"]
["1UNIÓN TEMPORAL EMINSER SOLOASEO 2023Turno operario de mantenimiento capacitado para trabajo en alturas nivel básico",1,"UNIÓN TEMPORAL EMINSER SOLOASEO 2023","Servicio","Turno operario de mantenimiento capacitado para trabajo en alturas nivel básico","Turno operario de mantenimiento capacitado para trabajo en alturas nivel básico",null,null,null,null,82196,null,null,null,null,"1Turno operario de mantenimiento capacitado para trabajo en alturas nivel básico"]
["1UNION TEMPORAL OUTSOURCING GIAFTurno operario de mantenimiento capacitado para trabajo en alturas nivel básico",1,"UNION TEMPORAL OUTSOURCING GIAF","Servicio","Turno operario de mantenimiento capacitado para trabajo en alturas nivel básico","Turno operario de mantenimiento capacitado para trabajo en alturas nivel básico",null,null,null,null,82196,null,null,null,null,"1Turno operario de mantenimiento capacitado para trabajo en alturas nivel básico"]
["1UNION TEMPORAL R&J 2022Turno operario de mantenimiento capacitado para trabajo en alturas nivel básico",1,"UNION TEMPORAL R&J 2022","Servicio","Turno operario de mantenimiento capacitado para trabajo en alturas nivel básico","Turno operario de mantenimiento capacitado para trabajo en alturas nivel básico",null,null,null,null,82196,null,null,null,null,"1Turno operario de mantenimiento capacitado para trabajo en alturas nivel básico"]
["1UNION TEMPORAL SERVICIOS INTEGRALESTurno operario de mantenimiento capacitado para trabajo en alturas nivel básico",1,"UNION TEMPORAL SERVICIOS INTEGRALES","Servicio","Turno operario de mantenimiento capacitado para trabajo en alturas nivel básico","Turno operario de mantenimiento capacitado para trabajo en alturas nivel básico",null,null,null,null,82196,null,null,null,null,"1Turno operario de mantenimiento capacitado para trabajo en alturas nivel básico"]
["1UT EASYCLEAN ASEO PROFESIONALTurno operario de mantenimiento capacitado para trabajo en alturas nivel básico",1,"UT EASYCLEAN ASEO PROFESIONAL","Servicio","Turno operario de mantenimiento capacitado para trabajo en alturas nivel básico","Turno operario de mantenimiento capacitado para trabajo en alturas nivel básico",null,null,null,null,82196,null,null,null,null,"1Turno operario de mantenimiento capacitado para trabajo en alturas nivel básico"]
["1UT GRUPO ADINTurno operario de mantenimiento capacitado para trabajo en alturas nivel básico",1,"UT GRUPO ADIN","Servicio","Turno operario de mantenimiento capacitado para trabajo en alturas nivel básico","Turno operario de mantenimiento capacitado para trabajo en alturas nivel básico",null,null,null,null,82196,null,null,null,null,"1Turno operario de mantenimiento capacitado para trabajo en alturas nivel básico"]
["1ASECOLBAS LTDATurno coordinador de trabajo en alturas nivel básico",1,"ASECOLBAS LTDA","Servicio","Turno coordinador de trabajo en alturas nivel básico","Turno coordinador de trabajo en alturas nivel básico",null,null,null,null,82196,null,null,null,null,"1Turno coordinador de trabajo en alturas nivel básico"]
["1CLEANER S.A.Turno coordinador de trabajo en alturas nivel básico",1,"CLEANER S.A.","Servicio","Turno coordinador de trabajo en alturas nivel básico","Turno coordinador de trabajo en alturas nivel básico",null,null,null,null,82196,null,null,null,null,"1Turno coordinador de trabajo en alturas nivel básico"]
["1COMPAÑÍA DE SERVICIOS Y ADMINISTRACIÓN SA SERDAN SATurno coordinador de trabajo en alturas nivel básico",1,"COMPAÑÍA DE SERVICIOS Y ADMINISTRACIÓN SA SERDAN SA","Servicio","Turno coordinador de trabajo en alturas nivel básico","Turno coordinador de trabajo en alturas nivel básico",null,null,null,null,82196,null,null,null,null,"1Turno coordinador de trabajo en alturas nivel básico"]
["1CONSERJES INMOBILIARIOS LTDATurno coordinador de trabajo en alturas nivel básico",1,"CONSERJES INMOBILIARIOS LTDA","Servicio","Turno coordinador de trabajo en alturas nivel básico","Turno coordinador de trabajo en alturas nivel básico",null,null,null,null,82196,null,null,null,null,"1Turno coordinador de trabajo en alturas nivel básico"]
["1CONSORCIO ELITETurno coordinador de trabajo en alturas nivel básico",1,"CONSORCIO ELITE","Servicio","Turno coordinador de trabajo en alturas nivel básico","Turno coordinador de trabajo en alturas nivel básico",null,null,null,null,82196,null,null,null,null,"1Turno coordinador de trabajo en alturas nivel básico"]
["1GRUPO GECTurno coordinador de trabajo en alturas nivel básico",1,"GRUPO GEC","Servicio","Turno coordinador de trabajo en alturas nivel básico","Turno coordinador de trabajo en alturas nivel básico",null,null,null,null,82196,null,null,null,null,"1Turno coordinador de trabajo en alturas nivel básico"]
["1INCIHUILSA SAS ESPTurno coordinador de trabajo en alturas nivel básico",1,"INCIHUILSA SAS ESP","Servicio","Turno coordinador de trabajo en alturas nivel básico","Turno coordinador de trabajo en alturas nivel básico",null,null,null,null,82196,null,null,null,null,"1Turno coordinador de trabajo en alturas nivel básico"]
["1INTERASEO S.A.S. E.S.P.Turno coordinador de trabajo en alturas nivel básico",1,"INTERASEO S.A.S. E.S.P.","Servicio","Turno coordinador de trabajo en alturas nivel básico","Turno coordinador de trabajo en alturas nivel básico",null,null,null,null,123501,null,null,null,null,"1Turno coordinador de trabajo en alturas nivel básico"]
["1KIOS SASTurno coordinador de trabajo en alturas nivel básico",1,"KIOS SAS","Servicio","Turno coordinador de trabajo en alturas nivel básico","Turno coordinador de trabajo en alturas nivel básico",null,null,null,null,82196,null,null,null,null,"1Turno coordinador de trabajo en alturas nivel básico"]
["1LIMPIEZA INSTITUCIONAL LASU S.A.S.Turno coordinador de trabajo en alturas nivel básico",1,"LIMPIEZA INSTITUCIONAL LASU S.A.S.","Servicio","Turno coordinador de trabajo en alturas nivel básico","Turno coordinador de trabajo en alturas nivel básico",null,null,null,null,82196,null,null,null,null,"1Turno coordinador de trabajo en alturas nivel básico"]
["1N&R INTEGRAL SERVICE COMPANY S.A.S.Turno coordinador de trabajo en alturas nivel básico",1,"N&R INTEGRAL SERVICE COMPANY S.A.S.","Servicio","Turno coordinador de trabajo en alturas nivel básico","Turno coordinador de trabajo en alturas nivel básico",null,null,null,null,82196,null,null,null,null,"1Turno coordinador de trabajo en alturas nivel básico"]
["1SOSEGE SASTurno coordinador de trabajo en alturas nivel básico",1,"SOSEGE SAS","Servicio","Turno coordinador de trabajo en alturas nivel básico","Turno coordinador de trabajo en alturas nivel básico",null,null,null,null,82196,null,null,null,null,"1Turno coordinador de trabajo en alturas nivel básico"]
["1UNION  TEMPORAL LADOINSA 2022Turno coordinador de trabajo en alturas nivel básico",1,"UNION  TEMPORAL LADOINSA 2022","Servicio","Turno coordinador de trabajo en alturas nivel básico","Turno coordinador de trabajo en alturas nivel básico",null,null,null,null,260002,null,null,null,null,"1Turno coordinador de trabajo en alturas nivel básico"]
["1UNIÓN TEMPORAL ASEO COLOMBIA AMP4Turno coordinador de trabajo en alturas nivel básico",1,"UNIÓN TEMPORAL ASEO COLOMBIA AMP4","Servicio","Turno coordinador de trabajo en alturas nivel básico","Turno coordinador de trabajo en alturas nivel básico",null,null,null,null,82196,null,null,null,null,"1Turno coordinador de trabajo en alturas nivel básico"]
["1UNIÓN TEMPORAL CCE AMP IV 2022Turno coordinador de trabajo en alturas nivel básico",1,"UNIÓN TEMPORAL CCE AMP IV 2022","Servicio","Turno coordinador de trabajo en alturas nivel básico","Turno coordinador de trabajo en alturas nivel básico",null,null,null,null,82196,null,null,null,null,"1Turno coordinador de trabajo en alturas nivel básico"]
["1UNION TEMPORAL ECOLIMPIEZA 4GTurno coordinador de trabajo en alturas nivel básico",1,"UNION TEMPORAL ECOLIMPIEZA 4G","Servicio","Turno coordinador de trabajo en alturas nivel básico","Turno coordinador de trabajo en alturas nivel básico",null,null,null,null,82196,null,null,null,null,"1Turno coordinador de trabajo en alturas nivel básico"]
["1UNIÓN TEMPORAL EMINSER SOLOASEO 2023Turno coordinador de trabajo en alturas nivel básico",1,"UNIÓN TEMPORAL EMINSER SOLOASEO 2023","Servicio","Turno coordinador de trabajo en alturas nivel básico","Turno coordinador de trabajo en alturas nivel básico",null,null,null,null,82196,null,null,null,null,"1Turno coordinador de trabajo en alturas nivel básico"]
["1UNION TEMPORAL OUTSOURCING GIAFTurno coordinador de trabajo en alturas nivel básico",1,"UNION TEMPORAL OUTSOURCING GIAF","Servicio","Turno coordinador de trabajo en alturas nivel básico","Turno coordinador de trabajo en alturas nivel básico",null,null,null,null,82196,null,null,null,null,"1Turno coordinador de trabajo en alturas nivel básico"]
["1UNION TEMPORAL R&J 2022Turno coordinador de trabajo en alturas nivel básico",1,"UNION TEMPORAL R&J 2022","Servicio","Turno coordinador de trabajo en alturas nivel básico","Turno coordinador de trabajo en alturas nivel básico",null,null,null,null,82196,null,null,null,null,"1Turno coordinador de trabajo en alturas nivel básico"]
["1UNION TEMPORAL SERVICIOS INTEGRALESTurno coordinador de trabajo en alturas nivel básico",1,"UNION TEMPORAL SERVICIOS INTEGRALES","Servicio","Turno coordinador de trabajo en alturas nivel básico","Turno coordinador de trabajo en alturas nivel básico",null,null,null,null,82196,null,null,null,null,"1Turno coordinador de trabajo en alturas nivel básico"]
["1UT EASYCLEAN ASEO PROFESIONALTurno coordinador de trabajo en alturas nivel básico",1,"UT EASYCLEAN ASEO PROFESIONAL","Servicio","Turno coordinador de trabajo en alturas nivel básico","Turno coordinador de trabajo en alturas nivel básico",null,null,null,null,82196,null,null,null,null,"1Turno coordinador de trabajo en alturas nivel básico"]
["1UT GRUPO ADINTurno coordinador de trabajo en alturas nivel básico",1,"UT GRUPO ADIN","Servicio","Turno coordinador de trabajo en alturas nivel básico","Turno coordinador de trabajo en alturas nivel básico",null,null,null,null,82196,null,null,null,null,"1Turno coordinador de trabajo en alturas nivel básico"]
["1ASECOLBAS LTDAOperario de aseo y cafetería MT",1,"ASECOLBAS LTDA","Servicio","Operario de aseo y cafetería MT","Operario de aseo y cafetería MT",null,null,null,null,1578155,null,null,null,null,"1Operario de aseo y cafetería MT"]
["1CLEANER S.A.Operario de aseo y cafetería MT",1,"CLEANER S.A.","Servicio","Operario de aseo y cafetería MT","Operario de aseo y cafetería MT",null,null,null,null,1578155,null,null,null,null,"1Operario de aseo y cafetería MT"]
["1COMPAÑÍA DE SERVICIOS Y ADMINISTRACIÓN SA SERDAN SAOperario de aseo y cafetería MT",1,"COMPAÑÍA DE SERVICIOS Y ADMINISTRACIÓN SA SERDAN SA","Servicio","Operario de aseo y cafetería MT","Operario de aseo y cafetería MT",null,null,null,null,1637051,null,null,null,null,"1Operario de aseo y cafetería MT"]
["1CONSERJES INMOBILIARIOS LTDAOperario de aseo y cafetería MT",1,"CONSERJES INMOBILIARIOS LTDA","Servicio","Operario de aseo y cafetería MT","Operario de aseo y cafetería MT",null,null,null,null,1578155,null,null,null,null,"1Operario de aseo y cafetería MT"]
["1CONSORCIO ELITEOperario de aseo y cafetería MT",1,"CONSORCIO ELITE","Servicio","Operario de aseo y cafetería MT","Operario de aseo y cafetería MT",null,null,null,null,1900555,null,null,null,null,"1Operario de aseo y cafetería MT"]
["1GRUPO GECOperario de aseo y cafetería MT",1,"GRUPO GEC","Servicio","Operario de aseo y cafetería MT","Operario de aseo y cafetería MT",null,null,null,null,1690016,null,null,null,null,"1Operario de aseo y cafetería MT"]
["1INCIHUILSA SAS ESPOperario de aseo y cafetería MT",1,"INCIHUILSA SAS ESP","Servicio","Operario de aseo y cafetería MT","Operario de aseo y cafetería MT",null,null,null,null,1578155,null,null,null,null,"1Operario de aseo y cafetería MT"]
["1INTERASEO S.A.S. E.S.P.Operario de aseo y cafetería MT",1,"INTERASEO S.A.S. E.S.P.","Servicio","Operario de aseo y cafetería MT","Operario de aseo y cafetería MT",null,null,null,null,1578156,null,null,null,null,"1Operario de aseo y cafetería MT"]
["1KIOS SASOperario de aseo y cafetería MT",1,"KIOS SAS","Servicio","Operario de aseo y cafetería MT","Operario de aseo y cafetería MT",null,null,null,null,1578155,null,null,null,null,"1Operario de aseo y cafetería MT"]
["1LIMPIEZA INSTITUCIONAL LASU S.A.S.Operario de aseo y cafetería MT",1,"LIMPIEZA INSTITUCIONAL LASU S.A.S.","Servicio","Operario de aseo y cafetería MT","Operario de aseo y cafetería MT",null,null,null,null,1578155,null,null,null,null,"1Operario de aseo y cafetería MT"]
["1N&R INTEGRAL SERVICE COMPANY S.A.S.Operario de aseo y cafetería MT",1,"N&R INTEGRAL SERVICE COMPANY S.A.S.","Servicio","Operario de aseo y cafetería MT","Operario de aseo y cafetería MT",null,null,null,null,1735970,null,null,null,null,"1Operario de aseo y cafetería MT"]
["1SOSEGE SASOperario de aseo y cafetería MT",1,"SOSEGE SAS","Servicio","Operario de aseo y cafetería MT","Operario de aseo y cafetería MT",null,null,null,null,1578155,null,null,null,null,"1Operario de aseo y cafetería MT"]
["1UNION  TEMPORAL LADOINSA 2022Operario de aseo y cafetería MT",1,"UNION  TEMPORAL LADOINSA 2022","Servicio","Operario de aseo y cafetería MT","Operario de aseo y cafetería MT",null,null,null,null,1625015,null,null,null,null,"1Operario de aseo y cafetería MT"]
["1UNIÓN TEMPORAL ASEO COLOMBIA AMP4Operario de aseo y cafetería MT",1,"UNIÓN TEMPORAL ASEO COLOMBIA AMP4","Servicio","Operario de aseo y cafetería MT","Operario de aseo y cafetería MT",null,null,null,null,2051602,null,null,null,null,"1Operario de aseo y cafetería MT"]
["1UNIÓN TEMPORAL CCE AMP IV 2022Operario de aseo y cafetería MT",1,"UNIÓN TEMPORAL CCE AMP IV 2022","Servicio","Operario de aseo y cafetería MT","Operario de aseo y cafetería MT",null,null,null,null,1578155,null,null,null,null,"1Operario de aseo y cafetería MT"]
["1UNION TEMPORAL ECOLIMPIEZA 4GOperario de aseo y cafetería MT",1,"UNION TEMPORAL ECOLIMPIEZA 4G","Servicio","Operario de aseo y cafetería MT","Operario de aseo y cafetería MT",null,null,null,null,1578155,null,null,null,null,"1Operario de aseo y cafetería MT"]
["1UNIÓN TEMPORAL EMINSER SOLOASEO 2023Operario de aseo y cafetería MT",1,"UNIÓN TEMPORAL EMINSER SOLOASEO 2023","Servicio","Operario de aseo y cafetería MT","Operario de aseo y cafetería MT",null,null,null,null,1578155,null,null,null,null,"1Operario de aseo y cafetería MT"]
["1UNION TEMPORAL OUTSOURCING GIAFOperario de aseo y cafetería MT",1,"UNION TEMPORAL OUTSOURCING GIAF","Servicio","Operario de aseo y cafetería MT","Operario de aseo y cafetería MT",null,null,null,null,1578155,null,null,null,null,"1Operario de aseo y cafetería MT"]
["1UNION TEMPORAL R&J 2022Operario de aseo y cafetería MT",1,"UNION TEMPORAL R&J 2022","Servicio","Operario de aseo y cafetería MT","Operario de aseo y cafetería MT",null,null,null,null,1968159,null,null,null,null,"1Operario de aseo y cafetería MT"]
["1UNION TEMPORAL SERVICIOS INTEGRALESOperario de aseo y cafetería MT",1,"UNION TEMPORAL SERVICIOS INTEGRALES","Servicio","Operario de aseo y cafetería MT","Operario de aseo y cafetería MT",null,null,null,null,2619737,null,null,null,null,"1Operario de aseo y cafetería MT"]
["1UT EASYCLEAN ASEO PROFESIONALOperario de aseo y cafetería MT",1,"UT EASYCLEAN ASEO PROFESIONAL","Servicio","Operario de aseo y cafetería MT","Operario de aseo y cafetería MT",null,null,null,null,1838158,null,null,null,null,"1Operario de aseo y cafetería MT"]
["1UT GRUPO ADINOperario de aseo y cafetería MT",1,"UT GRUPO ADIN","Servicio","Operario de aseo y cafetería MT","Operario de aseo y cafetería MT",null,null,null,null,1578155,null,null,null,null,"1Operario de aseo y cafetería MT"]
["1ASECOLBAS LTDAOperario de mantenimiento MT",1,"ASECOLBAS LTDA","Servicio","Operario de mantenimiento MT","Operario de mantenimiento MT",null,null,null,null,1527017,null,null,null,null,"1Operario de mantenimiento MT"]
["1CLEANER S.A.Operario de mantenimiento MT",1,"CLEANER S.A.","Servicio","Operario de mantenimiento MT","Operario de mantenimiento MT",null,null,null,null,1527017,null,null,null,null,"1Operario de mantenimiento MT"]
["1COMPAÑÍA DE SERVICIOS Y ADMINISTRACIÓN SA SERDAN SAOperario de mantenimiento MT",1,"COMPAÑÍA DE SERVICIOS Y ADMINISTRACIÓN SA SERDAN SA","Servicio","Operario de mantenimiento MT","Operario de mantenimiento MT",null,null,null,null,1812863,null,null,null,null,"1Operario de mantenimiento MT"]
["1CONSERJES INMOBILIARIOS LTDAOperario de mantenimiento MT",1,"CONSERJES INMOBILIARIOS LTDA","Servicio","Operario de mantenimiento MT","Operario de mantenimiento MT",null,null,null,null,1527017,null,null,null,null,"1Operario de mantenimiento MT"]
["1CONSORCIO ELITEOperario de mantenimiento MT",1,"CONSORCIO ELITE","Servicio","Operario de mantenimiento MT","Operario de mantenimiento MT",null,null,null,null,2333002,null,null,null,null,"1Operario de mantenimiento MT"]
["1GRUPO GECOperario de mantenimiento MT",1,"GRUPO GEC","Servicio","Operario de mantenimiento MT","Operario de mantenimiento MT",null,null,null,null,1560014,null,null,null,null,"1Operario de mantenimiento MT"]
["1INCIHUILSA SAS ESPOperario de mantenimiento MT",1,"INCIHUILSA SAS ESP","Servicio","Operario de mantenimiento MT","Operario de mantenimiento MT",null,null,null,null,1527017,null,null,null,null,"1Operario de mantenimiento MT"]
["1INTERASEO S.A.S. E.S.P.Operario de mantenimiento MT",1,"INTERASEO S.A.S. E.S.P.","Servicio","Operario de mantenimiento MT","Operario de mantenimiento MT",null,null,null,null,1527018,null,null,null,null,"1Operario de mantenimiento MT"]
["1KIOS SASOperario de mantenimiento MT",1,"KIOS SAS","Servicio","Operario de mantenimiento MT","Operario de mantenimiento MT",null,null,null,null,1527017,null,null,null,null,"1Operario de mantenimiento MT"]
["1LIMPIEZA INSTITUCIONAL LASU S.A.S.Operario de mantenimiento MT",1,"LIMPIEZA INSTITUCIONAL LASU S.A.S.","Servicio","Operario de mantenimiento MT","Operario de mantenimiento MT",null,null,null,null,1527017,null,null,null,null,"1Operario de mantenimiento MT"]
["1N&R INTEGRAL SERVICE COMPANY S.A.S.Operario de mantenimiento MT",1,"N&R INTEGRAL SERVICE COMPANY S.A.S.","Servicio","Operario de mantenimiento MT","Operario de mantenimiento MT",null,null,null,null,1679719,null,null,null,null,"1Operario de mantenimiento MT"]
["1SOSEGE SASOperario de mantenimiento MT",1,"SOSEGE SAS","Servicio","Operario de mantenimiento MT","Operario de mantenimiento MT",null,null,null,null,1527017,null,null,null,null,"1Operario de mantenimiento MT"]
["1UNION  TEMPORAL LADOINSA 2022Operario de mantenimiento MT",1,"UNION  TEMPORAL LADOINSA 2022","Servicio","Operario de mantenimiento MT","Operario de mantenimiento MT",null,null,null,null,1625015,null,null,null,null,"1Operario de mantenimiento MT"]
["1UNIÓN TEMPORAL ASEO COLOMBIA AMP4Operario de mantenimiento MT",1,"UNIÓN TEMPORAL ASEO COLOMBIA AMP4","Servicio","Operario de mantenimiento MT","Operario de mantenimiento MT",null,null,null,null,1985121,null,null,null,null,"1Operario de mantenimiento MT"]
["1UNIÓN TEMPORAL CCE AMP IV 2022Operario de mantenimiento MT",1,"UNIÓN TEMPORAL CCE AMP IV 2022","Servicio","Operario de mantenimiento MT","Operario de mantenimiento MT",null,null,null,null,1527017,null,null,null,null,"1Operario de mantenimiento MT"]
["1UNION TEMPORAL ECOLIMPIEZA 4GOperario de mantenimiento MT",1,"UNION TEMPORAL ECOLIMPIEZA 4G","Servicio","Operario de mantenimiento MT","Operario de mantenimiento MT",null,null,null,null,1527017,null,null,null,null,"1Operario de mantenimiento MT"]
["1UNIÓN TEMPORAL EMINSER SOLOASEO 2023Operario de mantenimiento MT",1,"UNIÓN TEMPORAL EMINSER SOLOASEO 2023","Servicio","Operario de mantenimiento MT","Operario de mantenimiento MT",null,null,null,null,1527017,null,null,null,null,"1Operario de mantenimiento MT"]
["1UNION TEMPORAL OUTSOURCING GIAFOperario de mantenimiento MT",1,"UNION TEMPORAL OUTSOURCING GIAF","Servicio","Operario de mantenimiento MT","Operario de mantenimiento MT",null,null,null,null,1527017,null,null,null,null,"1Operario de mantenimiento MT"]
["1UNION TEMPORAL R&J 2022Operario de mantenimiento MT",1,"UNION TEMPORAL R&J 2022","Servicio","Operario de mantenimiento MT","Operario de mantenimiento MT",null,null,null,null,1917020,null,null,null,null,"1Operario de mantenimiento MT"]
["1UNION TEMPORAL SERVICIOS INTEGRALESOperario de mantenimiento MT",1,"UNION TEMPORAL SERVICIOS INTEGRALES","Servicio","Operario de mantenimiento MT","Operario de mantenimiento MT",null,null,null,null,2534846,null,null,null,null,"1Operario de mantenimiento MT"]
["1UT EASYCLEAN ASEO PROFESIONALOperario de mantenimiento MT",1,"UT EASYCLEAN ASEO PROFESIONAL","Servicio","Operario de mantenimiento MT","Operario de mantenimiento MT",null,null,null,null,1787019,null,null,null,null,"1Operario de mantenimiento MT"]
["1UT GRUPO ADINOperario de mantenimiento MT",1,"UT GRUPO ADIN","Servicio","Operario de mantenimiento MT","Operario de mantenimiento MT",null,null,null,null,1527017,null,null,null,null,"1Operario de mantenimiento MT"]
["1ASECOLBAS LTDAOperario auxiliar MT",1,"ASECOLBAS LTDA","Servicio","Operario auxiliar MT","Operario auxiliar MT",null,null,null,null,1527017,null,null,null,null,"1Operario auxiliar MT"]
["1CLEANER S.A.Operario auxiliar MT",1,"CLEANER S.A.","Servicio","Operario auxiliar MT","Operario auxiliar MT",null,null,null,null,1527017,null,null,null,null,"1Operario auxiliar MT"]
["1COMPAÑÍA DE SERVICIOS Y ADMINISTRACIÓN SA SERDAN SAOperario auxiliar MT",1,"COMPAÑÍA DE SERVICIOS Y ADMINISTRACIÓN SA SERDAN SA","Servicio","Operario auxiliar MT","Operario auxiliar MT",null,null,null,null,1728493,null,null,null,null,"1Operario auxiliar MT"]
["1CONSERJES INMOBILIARIOS LTDAOperario auxiliar MT",1,"CONSERJES INMOBILIARIOS LTDA","Servicio","Operario auxiliar MT","Operario auxiliar MT",null,null,null,null,1527017,null,null,null,null,"1Operario auxiliar MT"]
["1CONSORCIO ELITEOperario auxiliar MT",1,"CONSORCIO ELITE","Servicio","Operario auxiliar MT","Operario auxiliar MT",null,null,null,null,2096334,null,null,null,null,"1Operario auxiliar MT"]
["1GRUPO GECOperario auxiliar MT",1,"GRUPO GEC","Servicio","Operario auxiliar MT","Operario auxiliar MT",null,null,null,null,1560014,null,null,null,null,"1Operario auxiliar MT"]
["1INCIHUILSA SAS ESPOperario auxiliar MT",1,"INCIHUILSA SAS ESP","Servicio","Operario auxiliar MT","Operario auxiliar MT",null,null,null,null,1527017,null,null,null,null,"1Operario auxiliar MT"]
["1INTERASEO S.A.S. E.S.P.Operario auxiliar MT",1,"INTERASEO S.A.S. E.S.P.","Servicio","Operario auxiliar MT","Operario auxiliar MT",null,null,null,null,1527018,null,null,null,null,"1Operario auxiliar MT"]
["1KIOS SASOperario auxiliar MT",1,"KIOS SAS","Servicio","Operario auxiliar MT","Operario auxiliar MT",null,null,null,null,1527017,null,null,null,null,"1Operario auxiliar MT"]
["1LIMPIEZA INSTITUCIONAL LASU S.A.S.Operario auxiliar MT",1,"LIMPIEZA INSTITUCIONAL LASU S.A.S.","Servicio","Operario auxiliar MT","Operario auxiliar MT",null,null,null,null,1527017,null,null,null,null,"1Operario auxiliar MT"]
["1N&R INTEGRAL SERVICE COMPANY S.A.S.Operario auxiliar MT",1,"N&R INTEGRAL SERVICE COMPANY S.A.S.","Servicio","Operario auxiliar MT","Operario auxiliar MT",null,null,null,null,1679719,null,null,null,null,"1Operario auxiliar MT"]
["1SOSEGE SASOperario auxiliar MT",1,"SOSEGE SAS","Servicio","Operario auxiliar MT","Operario auxiliar MT",null,null,null,null,1527017,null,null,null,null,"1Operario auxiliar MT"]
["1UNION  TEMPORAL LADOINSA 2022Operario auxiliar MT",1,"UNION  TEMPORAL LADOINSA 2022","Servicio","Operario auxiliar MT","Operario auxiliar MT",null,null,null,null,1625015,null,null,null,null,"1Operario auxiliar MT"]
["1UNIÓN TEMPORAL ASEO COLOMBIA AMP4Operario auxiliar MT",1,"UNIÓN TEMPORAL ASEO COLOMBIA AMP4","Servicio","Operario auxiliar MT","Operario auxiliar MT",null,null,null,null,1985121,null,null,null,null,"1Operario auxiliar MT"]
["1UNIÓN TEMPORAL CCE AMP IV 2022Operario auxiliar MT",1,"UNIÓN TEMPORAL CCE AMP IV 2022","Servicio","Operario auxiliar MT","Operario auxiliar MT",null,null,null,null,1527017,null,null,null,null,"1Operario auxiliar MT"]
["1UNION TEMPORAL ECOLIMPIEZA 4GOperario auxiliar MT",1,"UNION TEMPORAL ECOLIMPIEZA 4G","Servicio","Operario auxiliar MT","Operario auxiliar MT",null,null,null,null,1527017,null,null,null,null,"1Operario auxiliar MT"]
["1UNIÓN TEMPORAL EMINSER SOLOASEO 2023Operario auxiliar MT",1,"UNIÓN TEMPORAL EMINSER SOLOASEO 2023","Servicio","Operario auxiliar MT","Operario auxiliar MT",null,null,null,null,1527017,null,null,null,null,"1Operario auxiliar MT"]
["1UNION TEMPORAL OUTSOURCING GIAFOperario auxiliar MT",1,"UNION TEMPORAL OUTSOURCING GIAF","Servicio","Operario auxiliar MT","Operario auxiliar MT",null,null,null,null,1527017,null,null,null,null,"1Operario auxiliar MT"]
["1UNION TEMPORAL R&J 2022Operario auxiliar MT",1,"UNION TEMPORAL R&J 2022","Servicio","Operario auxiliar MT","Operario auxiliar MT",null,null,null,null,1917020,null,null,null,null,"1Operario auxiliar MT"]
["1UNION TEMPORAL SERVICIOS INTEGRALESOperario auxiliar MT",1,"UNION TEMPORAL SERVICIOS INTEGRALES","Servicio","Operario auxiliar MT","Operario auxiliar MT",null,null,null,null,2534846,null,null,null,null,"1Operario auxiliar MT"]
["1UT EASYCLEAN ASEO PROFESIONALOperario auxiliar MT",1,"UT EASYCLEAN ASEO PROFESIONAL","Servicio","Operario auxiliar MT","Operario auxiliar MT",null,null,null,null,1787019,null,null,null,null,"1Operario auxiliar MT"]
["1UT GRUPO ADINOperario auxiliar MT",1,"UT GRUPO ADIN","Servicio","Operario auxiliar MT","Operario auxiliar MT",null,null,null,null,1527017,null,null,null,null,"1Operario auxiliar MT"]
["1ASECOLBAS LTDACoordinador MT",1,"ASECOLBAS LTDA","Servicio","Coordinador MT","Coordinador MT",null,null,null,null,1578155,null,null,null,null,"1Coordinador MT"]
["1CLEANER S.A.Coordinador MT",1,"CLEANER S.A.","Servicio","Coordinador MT","Coordinador MT",null,null,null,null,1578155,null,null,null,null,"1Coordinador MT"]
["1COMPAÑÍA DE SERVICIOS Y ADMINISTRACIÓN SA SERDAN SACoordinador MT",1,"COMPAÑÍA DE SERVICIOS Y ADMINISTRACIÓN SA SERDAN SA","Servicio","Coordinador MT","Coordinador MT",null,null,null,null,1879914,null,null,null,null,"1Coordinador MT"]
["1CONSERJES INMOBILIARIOS LTDACoordinador MT",1,"CONSERJES INMOBILIARIOS LTDA","Servicio","Coordinador MT","Coordinador MT",null,null,null,null,1578155,null,null,null,null,"1Coordinador MT"]
["1CONSORCIO ELITECoordinador MT",1,"CONSORCIO ELITE","Servicio","Coordinador MT","Coordinador MT",null,null,null,null,3277768,null,null,null,null,"1Coordinador MT"]
["1GRUPO GECCoordinador MT",1,"GRUPO GEC","Servicio","Coordinador MT","Coordinador MT",null,null,null,null,1755016,null,null,null,null,"1Coordinador MT"]
["1INCIHUILSA SAS ESPCoordinador MT",1,"INCIHUILSA SAS ESP","Servicio","Coordinador MT","Coordinador MT",null,null,null,null,1578155,null,null,null,null,"1Coordinador MT"]
["1INTERASEO S.A.S. E.S.P.Coordinador MT",1,"INTERASEO S.A.S. E.S.P.","Servicio","Coordinador MT","Coordinador MT",null,null,null,null,1578156,null,null,null,null,"1Coordinador MT"]
["1KIOS SASCoordinador MT",1,"KIOS SAS","Servicio","Coordinador MT","Coordinador MT",null,null,null,null,1578155,null,null,null,null,"1Coordinador MT"]
["1LIMPIEZA INSTITUCIONAL LASU S.A.S.Coordinador MT",1,"LIMPIEZA INSTITUCIONAL LASU S.A.S.","Servicio","Coordinador MT","Coordinador MT",null,null,null,null,1578155,null,null,null,null,"1Coordinador MT"]
["1N&R INTEGRAL SERVICE COMPANY S.A.S.Coordinador MT",1,"N&R INTEGRAL SERVICE COMPANY S.A.S.","Servicio","Coordinador MT","Coordinador MT",null,null,null,null,1735970,null,null,null,null,"1Coordinador MT"]
["1SOSEGE SASCoordinador MT",1,"SOSEGE SAS","Servicio","Coordinador MT","Coordinador MT",null,null,null,null,1578155,null,null,null,null,"1Coordinador MT"]
["1UNION  TEMPORAL LADOINSA 2022Coordinador MT",1,"UNION  TEMPORAL LADOINSA 2022","Servicio","Coordinador MT","Coordinador MT",null,null,null,null,1625015,null,null,null,null,"1Coordinador MT"]
["1UNIÓN TEMPORAL ASEO COLOMBIA AMP4Coordinador MT",1,"UNIÓN TEMPORAL ASEO COLOMBIA AMP4","Servicio","Coordinador MT","Coordinador MT",null,null,null,null,2051602,null,null,null,null,"1Coordinador MT"]
["1UNIÓN TEMPORAL CCE AMP IV 2022Coordinador MT",1,"UNIÓN TEMPORAL CCE AMP IV 2022","Servicio","Coordinador MT","Coordinador MT",null,null,null,null,1578155,null,null,null,null,"1Coordinador MT"]
["1UNION TEMPORAL ECOLIMPIEZA 4GCoordinador MT",1,"UNION TEMPORAL ECOLIMPIEZA 4G","Servicio","Coordinador MT","Coordinador MT",null,null,null,null,1578155,null,null,null,null,"1Coordinador MT"]
["1UNIÓN TEMPORAL EMINSER SOLOASEO 2023Coordinador MT",1,"UNIÓN TEMPORAL EMINSER SOLOASEO 2023","Servicio","Coordinador MT","Coordinador MT",null,null,null,null,1578155,null,null,null,null,"1Coordinador MT"]
["1UNION TEMPORAL OUTSOURCING GIAFCoordinador MT",1,"UNION TEMPORAL OUTSOURCING GIAF","Servicio","Coordinador MT","Coordinador MT",null,null,null,null,1578155,null,null,null,null,"1Coordinador MT"]
["1UNION TEMPORAL R&J 2022Coordinador MT",1,"UNION TEMPORAL R&J 2022","Servicio","Coordinador MT","Coordinador MT",null,null,null,null,1968159,null,null,null,null,"1Coordinador MT"]
["1UNION TEMPORAL SERVICIOS INTEGRALESCoordinador MT",1,"UNION TEMPORAL SERVICIOS INTEGRALES","Servicio","Coordinador MT","Coordinador MT",null,null,null,null,2619737,null,null,null,null,"1Coordinador MT"]
["1UT EASYCLEAN ASEO PROFESIONALCoordinador MT",1,"UT EASYCLEAN ASEO PROFESIONAL","Servicio","Coordinador MT","Coordinador MT",null,null,null,null,1838158,null,null,null,null,"1Coordinador MT"]
["1UT GRUPO ADINCoordinador MT",1,"UT GRUPO ADIN","Servicio","Coordinador MT","Coordinador MT",null,null,null,null,1578155,null,null,null,null,"1Coordinador MT"]
["1ASECOLBAS LTDAJardinero MT",1,"ASECOLBAS LTDA","Servicio","Jardinero MT","Jardinero MT",null,null,null,null,1527017,null,null,null,null,"1Jardinero MT"]
["1CLEANER S.A.Jardinero MT",1,"CLEANER S.A.","Servicio","Jardinero MT","Jardinero MT",null,null,null,null,1527017,null,null,null,null,"1Jardinero MT"]
["1COMPAÑÍA DE SERVICIOS Y ADMINISTRACIÓN SA SERDAN SAJardinero MT",1,"COMPAÑÍA DE SERVICIOS Y ADMINISTRACIÓN SA SERDAN SA","Servicio","Jardinero MT","Jardinero MT",null,null,null,null,1919450,null,null,null,null,"1Jardinero MT"]
["1CONSERJES INMOBILIARIOS LTDAJardinero MT",1,"CONSERJES INMOBILIARIOS LTDA","Servicio","Jardinero MT","Jardinero MT",null,null,null,null,1527017,null,null,null,null,"1Jardinero MT"]
["1CONSORCIO ELITEJardinero MT",1,"CONSORCIO ELITE","Servicio","Jardinero MT","Jardinero MT",null,null,null,null,2283519,null,null,null,null,"1Jardinero MT"]
["1GRUPO GECJardinero MT",1,"GRUPO GEC","Servicio","Jardinero MT","Jardinero MT",null,null,null,null,1560014,null,null,null,null,"1Jardinero MT"]
["1INCIHUILSA SAS ESPJardinero MT",1,"INCIHUILSA SAS ESP","Servicio","Jardinero MT","Jardinero MT",null,null,null,null,1527017,null,null,null,null,"1Jardinero MT"]
["1INTERASEO S.A.S. E.S.P.Jardinero MT",1,"INTERASEO S.A.S. E.S.P.","Servicio","Jardinero MT","Jardinero MT",null,null,null,null,1527018,null,null,null,null,"1Jardinero MT"]
["1KIOS SASJardinero MT",1,"KIOS SAS","Servicio","Jardinero MT","Jardinero MT",null,null,null,null,1527017,null,null,null,null,"1Jardinero MT"]
["1LIMPIEZA INSTITUCIONAL LASU S.A.S.Jardinero MT",1,"LIMPIEZA INSTITUCIONAL LASU S.A.S.","Servicio","Jardinero MT","Jardinero MT",null,null,null,null,1527017,null,null,null,null,"1Jardinero MT"]
["1N&R INTEGRAL SERVICE COMPANY S.A.S.Jardinero MT",1,"N&R INTEGRAL SERVICE COMPANY S.A.S.","Servicio","Jardinero MT","Jardinero MT",null,null,null,null,1679719,null,null,null,null,"1Jardinero MT"]
["1SOSEGE SASJardinero MT",1,"SOSEGE SAS","Servicio","Jardinero MT","Jardinero MT",null,null,null,null,1527017,null,null,null,null,"1Jardinero MT"]
["1UNION  TEMPORAL LADOINSA 2022Jardinero MT",1,"UNION  TEMPORAL LADOINSA 2022","Servicio","Jardinero MT","Jardinero MT",null,null,null,null,1625015,null,null,null,null,"1Jardinero MT"]
["1UNIÓN TEMPORAL ASEO COLOMBIA AMP4Jardinero MT",1,"UNIÓN TEMPORAL ASEO COLOMBIA AMP4","Servicio","Jardinero MT","Jardinero MT",null,null,null,null,1985121,null,null,null,null,"1Jardinero MT"]
["1UNIÓN TEMPORAL CCE AMP IV 2022Jardinero MT",1,"UNIÓN TEMPORAL CCE AMP IV 2022","Servicio","Jardinero MT","Jardinero MT",null,null,null,null,1527017,null,null,null,null,"1Jardinero MT"]
["1UNION TEMPORAL ECOLIMPIEZA 4GJardinero MT",1,"UNION TEMPORAL ECOLIMPIEZA 4G","Servicio","Jardinero MT","Jardinero MT",null,null,null,null,1527017,null,null,null,null,"1Jardinero MT"]
["1UNIÓN TEMPORAL EMINSER SOLOASEO 2023Jardinero MT",1,"UNIÓN TEMPORAL EMINSER SOLOASEO 2023","Servicio","Jardinero MT","Jardinero MT",null,null,null,null,1527017,null,null,null,null,"1Jardinero MT"]
["1UNION TEMPORAL OUTSOURCING GIAFJardinero MT",1,"UNION TEMPORAL OUTSOURCING GIAF","Servicio","Jardinero MT","Jardinero MT",null,null,null,null,1527017,null,null,null,null,"1Jardinero MT"]
["1UNION TEMPORAL R&J 2022Jardinero MT",1,"UNION TEMPORAL R&J 2022","Servicio","Jardinero MT","Jardinero MT",null,null,null,null,1917020,null,null,null,null,"1Jardinero MT"]
["1UNION TEMPORAL SERVICIOS INTEGRALESJardinero MT",1,"UNION TEMPORAL SERVICIOS INTEGRALES","Servicio","Jardinero MT","Jardinero MT",null,null,null,null,2534846,null,null,null,null,"1Jardinero MT"]
["1UT EASYCLEAN ASEO PROFESIONALJardinero MT",1,"UT EASYCLEAN ASEO PROFESIONAL","Servicio","Jardinero MT","Jardinero MT",null,null,null,null,1787019,null,null,null,null,"1Jardinero MT"]
["1UT GRUPO ADINJardinero MT",1,"UT GRUPO ADIN","Servicio","Jardinero MT","Jardinero MT",null,null,null,null,1527017,null,null,null,null,"1Jardinero MT"]
["1ASECOLBAS LTDAOperario de mantenimiento capacitado para trabajo en alturas MT",1,"ASECOLBAS LTDA","Servicio","Operario de mantenimiento capacitado para trabajo en alturas MT","Operario de mantenimiento capacitado para trabajo en alturas MT",null,null,null,null,1527017,null,null,null,null,"1Operario de mantenimiento capacitado para trabajo en alturas MT"]
["1CLEANER S.A.Operario de mantenimiento capacitado para trabajo en alturas MT",1,"CLEANER S.A.","Servicio","Operario de mantenimiento capacitado para trabajo en alturas MT","Operario de mantenimiento capacitado para trabajo en alturas MT",null,null,null,null,1527017,null,null,null,null,"1Operario de mantenimiento capacitado para trabajo en alturas MT"]
["1COMPAÑÍA DE SERVICIOS Y ADMINISTRACIÓN SA SERDAN SAOperario de mantenimiento capacitado para trabajo en alturas MT",1,"COMPAÑÍA DE SERVICIOS Y ADMINISTRACIÓN SA SERDAN SA","Servicio","Operario de mantenimiento capacitado para trabajo en alturas MT","Operario de mantenimiento capacitado para trabajo en alturas MT",null,null,null,null,1934557,null,null,null,null,"1Operario de mantenimiento capacitado para trabajo en alturas MT"]
["1CONSERJES INMOBILIARIOS LTDAOperario de mantenimiento capacitado para trabajo en alturas MT",1,"CONSERJES INMOBILIARIOS LTDA","Servicio","Operario de mantenimiento capacitado para trabajo en alturas MT","Operario de mantenimiento capacitado para trabajo en alturas MT",null,null,null,null,1527017,null,null,null,null,"1Operario de mantenimiento capacitado para trabajo en alturas MT"]
["1CONSORCIO ELITEOperario de mantenimiento capacitado para trabajo en alturas MT",1,"CONSORCIO ELITE","Servicio","Operario de mantenimiento capacitado para trabajo en alturas MT","Operario de mantenimiento capacitado para trabajo en alturas MT",null,null,null,null,2478563,null,null,null,null,"1Operario de mantenimiento capacitado para trabajo en alturas MT"]
["1GRUPO GECOperario de mantenimiento capacitado para trabajo en alturas MT",1,"GRUPO GEC","Servicio","Operario de mantenimiento capacitado para trabajo en alturas MT","Operario de mantenimiento capacitado para trabajo en alturas MT",null,null,null,null,1560014,null,null,null,null,"1Operario de mantenimiento capacitado para trabajo en alturas MT"]
["1INCIHUILSA SAS ESPOperario de mantenimiento capacitado para trabajo en alturas MT",1,"INCIHUILSA SAS ESP","Servicio","Operario de mantenimiento capacitado para trabajo en alturas MT","Operario de mantenimiento capacitado para trabajo en alturas MT",null,null,null,null,1527017,null,null,null,null,"1Operario de mantenimiento capacitado para trabajo en alturas MT"]
["1INTERASEO S.A.S. E.S.P.Operario de mantenimiento capacitado para trabajo en alturas MT",1,"INTERASEO S.A.S. E.S.P.","Servicio","Operario de mantenimiento capacitado para trabajo en alturas MT","Operario de mantenimiento capacitado para trabajo en alturas MT",null,null,null,null,1527018,null,null,null,null,"1Operario de mantenimiento capacitado para trabajo en alturas MT"]
["1KIOS SASOperario de mantenimiento capacitado para trabajo en alturas MT",1,"KIOS SAS","Servicio","Operario de mantenimiento capacitado para trabajo en alturas MT","Operario de mantenimiento capacitado para trabajo en alturas MT",null,null,null,null,1527017,null,null,null,null,"1Operario de mantenimiento capacitado para trabajo en alturas MT"]
["1LIMPIEZA INSTITUCIONAL LASU S.A.S.Operario de mantenimiento capacitado para trabajo en alturas MT",1,"LIMPIEZA INSTITUCIONAL LASU S.A.S.","Servicio","Operario de mantenimiento capacitado para trabajo en alturas MT","Operario de mantenimiento capacitado para trabajo en alturas MT",null,null,null,null,1527017,null,null,null,null,"1Operario de mantenimiento capacitado para trabajo en alturas MT"]
["1N&R INTEGRAL SERVICE COMPANY S.A.S.Operario de mantenimiento capacitado para trabajo en alturas MT",1,"N&R INTEGRAL SERVICE COMPANY S.A.S.","Servicio","Operario de mantenimiento capacitado para trabajo en alturas MT","Operario de mantenimiento capacitado para trabajo en alturas MT",null,null,null,null,1679719,null,null,null,null,"1Operario de mantenimiento capacitado para trabajo en alturas MT"]
["1SOSEGE SASOperario de mantenimiento capacitado para trabajo en alturas MT",1,"SOSEGE SAS","Servicio","Operario de mantenimiento capacitado para trabajo en alturas MT","Operario de mantenimiento capacitado para trabajo en alturas MT",null,null,null,null,1527017,null,null,null,null,"1Operario de mantenimiento capacitado para trabajo en alturas MT"]
["1UNION  TEMPORAL LADOINSA 2022Operario de mantenimiento capacitado para trabajo en alturas MT",1,"UNION  TEMPORAL LADOINSA 2022","Servicio","Operario de mantenimiento capacitado para trabajo en alturas MT","Operario de mantenimiento capacitado para trabajo en alturas MT",null,null,null,null,1950018,null,null,null,null,"1Operario de mantenimiento capacitado para trabajo en alturas MT"]
["1UNIÓN TEMPORAL ASEO COLOMBIA AMP4Operario de mantenimiento capacitado para trabajo en alturas MT",1,"UNIÓN TEMPORAL ASEO COLOMBIA AMP4","Servicio","Operario de mantenimiento capacitado para trabajo en alturas MT","Operario de mantenimiento capacitado para trabajo en alturas MT",null,null,null,null,1985121,null,null,null,null,"1Operario de mantenimiento capacitado para trabajo en alturas MT"]
["1UNIÓN TEMPORAL CCE AMP IV 2022Operario de mantenimiento capacitado para trabajo en alturas MT",1,"UNIÓN TEMPORAL CCE AMP IV 2022","Servicio","Operario de mantenimiento capacitado para trabajo en alturas MT","Operario de mantenimiento capacitado para trabajo en alturas MT",null,null,null,null,1527017,null,null,null,null,"1Operario de mantenimiento capacitado para trabajo en alturas MT"]
["1UNION TEMPORAL ECOLIMPIEZA 4GOperario de mantenimiento capacitado para trabajo en alturas MT",1,"UNION TEMPORAL ECOLIMPIEZA 4G","Servicio","Operario de mantenimiento capacitado para trabajo en alturas MT","Operario de mantenimiento capacitado para trabajo en alturas MT",null,null,null,null,1527017,null,null,null,null,"1Operario de mantenimiento capacitado para trabajo en alturas MT"]
["1UNIÓN TEMPORAL EMINSER SOLOASEO 2023Operario de mantenimiento capacitado para trabajo en alturas MT",1,"UNIÓN TEMPORAL EMINSER SOLOASEO 2023","Servicio","Operario de mantenimiento capacitado para trabajo en alturas MT","Operario de mantenimiento capacitado para trabajo en alturas MT",null,null,null,null,1527017,null,null,null,null,"1Operario de mantenimiento capacitado para trabajo en alturas MT"]
["1UNION TEMPORAL OUTSOURCING GIAFOperario de mantenimiento capacitado para trabajo en alturas MT",1,"UNION TEMPORAL OUTSOURCING GIAF","Servicio","Operario de mantenimiento capacitado para trabajo en alturas MT","Operario de mantenimiento capacitado para trabajo en alturas MT",null,null,null,null,1527017,null,null,null,null,"1Operario de mantenimiento capacitado para trabajo en alturas MT"]
["1UNION TEMPORAL R&J 2022Operario de mantenimiento capacitado para trabajo en alturas MT",1,"UNION TEMPORAL R&J 2022","Servicio","Operario de mantenimiento capacitado para trabajo en alturas MT","Operario de mantenimiento capacitado para trabajo en alturas MT",null,null,null,null,1917020,null,null,null,null,"1Operario de mantenimiento capacitado para trabajo en alturas MT"]
["1UNION TEMPORAL SERVICIOS INTEGRALESOperario de mantenimiento capacitado para trabajo en alturas MT",1,"UNION TEMPORAL SERVICIOS INTEGRALES","Servicio","Operario de mantenimiento capacitado para trabajo en alturas MT","Operario de mantenimiento capacitado para trabajo en alturas MT",null,null,null,null,2534846,null,null,null,null,"1Operario de mantenimiento capacitado para trabajo en alturas MT"]
["1UT EASYCLEAN ASEO PROFESIONALOperario de mantenimiento capacitado para trabajo en alturas MT",1,"UT EASYCLEAN ASEO PROFESIONAL","Servicio","Operario de mantenimiento capacitado para trabajo en alturas MT","Operario de mantenimiento capacitado para trabajo en alturas MT",null,null,null,null,1787019,null,null,null,null,"1Operario de mantenimiento capacitado para trabajo en alturas MT"]
["1UT GRUPO ADINOperario de mantenimiento capacitado para trabajo en alturas MT",1,"UT GRUPO ADIN","Servicio","Operario de mantenimiento capacitado para trabajo en alturas MT","Operario de mantenimiento capacitado para trabajo en alturas MT",null,null,null,null,1527017,null,null,null,null,"1Operario de mantenimiento capacitado para trabajo en alturas MT"]
["1ASECOLBAS LTDAOperario auxiliar capacitado para trabajo en alturas MT",1,"ASECOLBAS LTDA","Servicio","Operario auxiliar capacitado para trabajo en alturas MT","Operario auxiliar capacitado para trabajo en alturas MT",null,null,null,null,1527017,null,null,null,null,"1Operario auxiliar capacitado para trabajo en alturas MT"]
["1CLEANER S.A.Operario auxiliar capacitado para trabajo en alturas MT",1,"CLEANER S.A.","Servicio","Operario auxiliar capacitado para trabajo en alturas MT","Operario auxiliar capacitado para trabajo en alturas MT",null,null,null,null,1527017,null,null,null,null,"1Operario auxiliar capacitado para trabajo en alturas MT"]
["1COMPAÑÍA DE SERVICIOS Y ADMINISTRACIÓN SA SERDAN SAOperario auxiliar capacitado para trabajo en alturas MT",1,"COMPAÑÍA DE SERVICIOS Y ADMINISTRACIÓN SA SERDAN SA","Servicio","Operario auxiliar capacitado para trabajo en alturas MT","Operario auxiliar capacitado para trabajo en alturas MT",null,null,null,null,1850186,null,null,null,null,"1Operario auxiliar capacitado para trabajo en alturas MT"]
["1CONSERJES INMOBILIARIOS LTDAOperario auxiliar capacitado para trabajo en alturas MT",1,"CONSERJES INMOBILIARIOS LTDA","Servicio","Operario auxiliar capacitado para trabajo en alturas MT","Operario auxiliar capacitado para trabajo en alturas MT",null,null,null,null,1527017,null,null,null,null,"1Operario auxiliar capacitado para trabajo en alturas MT"]
["1CONSORCIO ELITEOperario auxiliar capacitado para trabajo en alturas MT",1,"CONSORCIO ELITE","Servicio","Operario auxiliar capacitado para trabajo en alturas MT","Operario auxiliar capacitado para trabajo en alturas MT",null,null,null,null,2173634,null,null,null,null,"1Operario auxiliar capacitado para trabajo en alturas MT"]
["1GRUPO GECOperario auxiliar capacitado para trabajo en alturas MT",1,"GRUPO GEC","Servicio","Operario auxiliar capacitado para trabajo en alturas MT","Operario auxiliar capacitado para trabajo en alturas MT",null,null,null,null,1560014,null,null,null,null,"1Operario auxiliar capacitado para trabajo en alturas MT"]
["1INCIHUILSA SAS ESPOperario auxiliar capacitado para trabajo en alturas MT",1,"INCIHUILSA SAS ESP","Servicio","Operario auxiliar capacitado para trabajo en alturas MT","Operario auxiliar capacitado para trabajo en alturas MT",null,null,null,null,1527017,null,null,null,null,"1Operario auxiliar capacitado para trabajo en alturas MT"]
["1INTERASEO S.A.S. E.S.P.Operario auxiliar capacitado para trabajo en alturas MT",1,"INTERASEO S.A.S. E.S.P.","Servicio","Operario auxiliar capacitado para trabajo en alturas MT","Operario auxiliar capacitado para trabajo en alturas MT",null,null,null,null,1527018,null,null,null,null,"1Operario auxiliar capacitado para trabajo en alturas MT"]
["1KIOS SASOperario auxiliar capacitado para trabajo en alturas MT",1,"KIOS SAS","Servicio","Operario auxiliar capacitado para trabajo en alturas MT","Operario auxiliar capacitado para trabajo en alturas MT",null,null,null,null,1527017,null,null,null,null,"1Operario auxiliar capacitado para trabajo en alturas MT"]
["1LIMPIEZA INSTITUCIONAL LASU S.A.S.Operario auxiliar capacitado para trabajo en alturas MT",1,"LIMPIEZA INSTITUCIONAL LASU S.A.S.","Servicio","Operario auxiliar capacitado para trabajo en alturas MT","Operario auxiliar capacitado para trabajo en alturas MT",null,null,null,null,1527017,null,null,null,null,"1Operario auxiliar capacitado para trabajo en alturas MT"]
["1N&R INTEGRAL SERVICE COMPANY S.A.S.Operario auxiliar capacitado para trabajo en alturas MT",1,"N&R INTEGRAL SERVICE COMPANY S.A.S.","Servicio","Operario auxiliar capacitado para trabajo en alturas MT","Operario auxiliar capacitado para trabajo en alturas MT",null,null,null,null,1679719,null,null,null,null,"1Operario auxiliar capacitado para trabajo en alturas MT"]
["1SOSEGE SASOperario auxiliar capacitado para trabajo en alturas MT",1,"SOSEGE SAS","Servicio","Operario auxiliar capacitado para trabajo en alturas MT","Operario auxiliar capacitado para trabajo en alturas MT",null,null,null,null,1527017,null,null,null,null,"1Operario auxiliar capacitado para trabajo en alturas MT"]
["1UNION  TEMPORAL LADOINSA 2022Operario auxiliar capacitado para trabajo en alturas MT",1,"UNION  TEMPORAL LADOINSA 2022","Servicio","Operario auxiliar capacitado para trabajo en alturas MT","Operario auxiliar capacitado para trabajo en alturas MT",null,null,null,null,1885017,null,null,null,null,"1Operario auxiliar capacitado para trabajo en alturas MT"]
["1UNIÓN TEMPORAL ASEO COLOMBIA AMP4Operario auxiliar capacitado para trabajo en alturas MT",1,"UNIÓN TEMPORAL ASEO COLOMBIA AMP4","Servicio","Operario auxiliar capacitado para trabajo en alturas MT","Operario auxiliar capacitado para trabajo en alturas MT",null,null,null,null,1985121,null,null,null,null,"1Operario auxiliar capacitado para trabajo en alturas MT"]
["1UNIÓN TEMPORAL CCE AMP IV 2022Operario auxiliar capacitado para trabajo en alturas MT",1,"UNIÓN TEMPORAL CCE AMP IV 2022","Servicio","Operario auxiliar capacitado para trabajo en alturas MT","Operario auxiliar capacitado para trabajo en alturas MT",null,null,null,null,1527017,null,null,null,null,"1Operario auxiliar capacitado para trabajo en alturas MT"]
["1UNION TEMPORAL ECOLIMPIEZA 4GOperario auxiliar capacitado para trabajo en alturas MT",1,"UNION TEMPORAL ECOLIMPIEZA 4G","Servicio","Operario auxiliar capacitado para trabajo en alturas MT","Operario auxiliar capacitado para trabajo en alturas MT",null,null,null,null,1527017,null,null,null,null,"1Operario auxiliar capacitado para trabajo en alturas MT"]
["1UNIÓN TEMPORAL EMINSER SOLOASEO 2023Operario auxiliar capacitado para trabajo en alturas MT",1,"UNIÓN TEMPORAL EMINSER SOLOASEO 2023","Servicio","Operario auxiliar capacitado para trabajo en alturas MT","Operario auxiliar capacitado para trabajo en alturas MT",null,null,null,null,1527017,null,null,null,null,"1Operario auxiliar capacitado para trabajo en alturas MT"]
["1UNION TEMPORAL OUTSOURCING GIAFOperario auxiliar capacitado para trabajo en alturas MT",1,"UNION TEMPORAL OUTSOURCING GIAF","Servicio","Operario auxiliar capacitado para trabajo en alturas MT","Operario auxiliar capacitado para trabajo en alturas MT",null,null,null,null,1527017,null,null,null,null,"1Operario auxiliar capacitado para trabajo en alturas MT"]
["1UNION TEMPORAL R&J 2022Operario auxiliar capacitado para trabajo en alturas MT",1,"UNION TEMPORAL R&J 2022","Servicio","Operario auxiliar capacitado para trabajo en alturas MT","Operario auxiliar capacitado para trabajo en alturas MT",null,null,null,null,1917020,null,null,null,null,"1Operario auxiliar capacitado para trabajo en alturas MT"]
["1UNION TEMPORAL SERVICIOS INTEGRALESOperario auxiliar capacitado para trabajo en alturas MT",1,"UNION TEMPORAL SERVICIOS INTEGRALES","Servicio","Operario auxiliar capacitado para trabajo en alturas MT","Operario auxiliar capacitado para trabajo en alturas MT",null,null,null,null,2534846,null,null,null,null,"1Operario auxiliar capacitado para trabajo en alturas MT"]
["1UT EASYCLEAN ASEO PROFESIONALOperario auxiliar capacitado para trabajo en alturas MT",1,"UT EASYCLEAN ASEO PROFESIONAL","Servicio","Operario auxiliar capacitado para trabajo en alturas MT","Operario auxiliar capacitado para trabajo en alturas MT",null,null,null,null,1787019,null,null,null,null,"1Operario auxiliar capacitado para trabajo en alturas MT"]
["1UT GRUPO ADINOperario auxiliar capacitado para trabajo en alturas MT",1,"UT GRUPO ADIN","Servicio","Operario auxiliar capacitado para trabajo en alturas MT","Operario auxiliar capacitado para trabajo en alturas MT",null,null,null,null,1527017,null,null,null,null,"1Operario auxiliar capacitado para trabajo en alturas MT"]
["1ASECOLBAS LTDAJardinero capacitado para trabajo en alturas MT",1,"ASECOLBAS LTDA","Servicio","Jardinero capacitado para trabajo en alturas MT","Jardinero capacitado para trabajo en alturas MT",null,null,null,null,1527017,null,null,null,null,"1Jardinero capacitado para trabajo en alturas MT"]
["1CLEANER S.A.Jardinero capacitado para trabajo en alturas MT",1,"CLEANER S.A.","Servicio","Jardinero capacitado para trabajo en alturas MT","Jardinero capacitado para trabajo en alturas MT",null,null,null,null,1527017,null,null,null,null,"1Jardinero capacitado para trabajo en alturas MT"]
["1COMPAÑÍA DE SERVICIOS Y ADMINISTRACIÓN SA SERDAN SAJardinero capacitado para trabajo en alturas MT",1,"COMPAÑÍA DE SERVICIOS Y ADMINISTRACIÓN SA SERDAN SA","Servicio","Jardinero capacitado para trabajo en alturas MT","Jardinero capacitado para trabajo en alturas MT",null,null,null,null,2041143,null,null,null,null,"1Jardinero capacitado para trabajo en alturas MT"]
["1CONSERJES INMOBILIARIOS LTDAJardinero capacitado para trabajo en alturas MT",1,"CONSERJES INMOBILIARIOS LTDA","Servicio","Jardinero capacitado para trabajo en alturas MT","Jardinero capacitado para trabajo en alturas MT",null,null,null,null,1527017,null,null,null,null,"1Jardinero capacitado para trabajo en alturas MT"]
["1CONSORCIO ELITEJardinero capacitado para trabajo en alturas MT",1,"CONSORCIO ELITE","Servicio","Jardinero capacitado para trabajo en alturas MT","Jardinero capacitado para trabajo en alturas MT",null,null,null,null,2478563,null,null,null,null,"1Jardinero capacitado para trabajo en alturas MT"]
["1GRUPO GECJardinero capacitado para trabajo en alturas MT",1,"GRUPO GEC","Servicio","Jardinero capacitado para trabajo en alturas MT","Jardinero capacitado para trabajo en alturas MT",null,null,null,null,1560014,null,null,null,null,"1Jardinero capacitado para trabajo en alturas MT"]
["1INCIHUILSA SAS ESPJardinero capacitado para trabajo en alturas MT",1,"INCIHUILSA SAS ESP","Servicio","Jardinero capacitado para trabajo en alturas MT","Jardinero capacitado para trabajo en alturas MT",null,null,null,null,1527017,null,null,null,null,"1Jardinero capacitado para trabajo en alturas MT"]
["1INTERASEO S.A.S. E.S.P.Jardinero capacitado para trabajo en alturas MT",1,"INTERASEO S.A.S. E.S.P.","Servicio","Jardinero capacitado para trabajo en alturas MT","Jardinero capacitado para trabajo en alturas MT",null,null,null,null,1527018,null,null,null,null,"1Jardinero capacitado para trabajo en alturas MT"]
["1KIOS SASJardinero capacitado para trabajo en alturas MT",1,"KIOS SAS","Servicio","Jardinero capacitado para trabajo en alturas MT","Jardinero capacitado para trabajo en alturas MT",null,null,null,null,1527017,null,null,null,null,"1Jardinero capacitado para trabajo en alturas MT"]
["1LIMPIEZA INSTITUCIONAL LASU S.A.S.Jardinero capacitado para trabajo en alturas MT",1,"LIMPIEZA INSTITUCIONAL LASU S.A.S.","Servicio","Jardinero capacitado para trabajo en alturas MT","Jardinero capacitado para trabajo en alturas MT",null,null,null,null,1527017,null,null,null,null,"1Jardinero capacitado para trabajo en alturas MT"]
["1N&R INTEGRAL SERVICE COMPANY S.A.S.Jardinero capacitado para trabajo en alturas MT",1,"N&R INTEGRAL SERVICE COMPANY S.A.S.","Servicio","Jardinero capacitado para trabajo en alturas MT","Jardinero capacitado para trabajo en alturas MT",null,null,null,null,1679719,null,null,null,null,"1Jardinero capacitado para trabajo en alturas MT"]
["1SOSEGE SASJardinero capacitado para trabajo en alturas MT",1,"SOSEGE SAS","Servicio","Jardinero capacitado para trabajo en alturas MT","Jardinero capacitado para trabajo en alturas MT",null,null,null,null,1527017,null,null,null,null,"1Jardinero capacitado para trabajo en alturas MT"]
["1UNION  TEMPORAL LADOINSA 2022Jardinero capacitado para trabajo en alturas MT",1,"UNION  TEMPORAL LADOINSA 2022","Servicio","Jardinero capacitado para trabajo en alturas MT","Jardinero capacitado para trabajo en alturas MT",null,null,null,null,1963018,null,null,null,null,"1Jardinero capacitado para trabajo en alturas MT"]
["1UNIÓN TEMPORAL ASEO COLOMBIA AMP4Jardinero capacitado para trabajo en alturas MT",1,"UNIÓN TEMPORAL ASEO COLOMBIA AMP4","Servicio","Jardinero capacitado para trabajo en alturas MT","Jardinero capacitado para trabajo en alturas MT",null,null,null,null,1985121,null,null,null,null,"1Jardinero capacitado para trabajo en alturas MT"]
["1UNIÓN TEMPORAL CCE AMP IV 2022Jardinero capacitado para trabajo en alturas MT",1,"UNIÓN TEMPORAL CCE AMP IV 2022","Servicio","Jardinero capacitado para trabajo en alturas MT","Jardinero capacitado para trabajo en alturas MT",null,null,null,null,1527017,null,null,null,null,"1Jardinero capacitado para trabajo en alturas MT"]
["1UNION TEMPORAL ECOLIMPIEZA 4GJardinero capacitado para trabajo en alturas MT",1,"UNION TEMPORAL ECOLIMPIEZA 4G","Servicio","Jardinero capacitado para trabajo en alturas MT","Jardinero capacitado para trabajo en alturas MT",null,null,null,null,1527017,null,null,null,null,"1Jardinero capacitado para trabajo en alturas MT"]
["1UNIÓN TEMPORAL EMINSER SOLOASEO 2023Jardinero capacitado para trabajo en alturas MT",1,"UNIÓN TEMPORAL EMINSER SOLOASEO 2023","Servicio","Jardinero capacitado para trabajo en alturas MT","Jardinero capacitado para trabajo en alturas MT",null,null,null,null,1527017,null,null,null,null,"1Jardinero capacitado para trabajo en alturas MT"]
["1UNION TEMPORAL OUTSOURCING GIAFJardinero capacitado para trabajo en alturas MT",1,"UNION TEMPORAL OUTSOURCING GIAF","Servicio","Jardinero capacitado para trabajo en alturas MT","Jardinero capacitado para trabajo en alturas MT",null,null,null,null,1527017,null,null,null,null,"1Jardinero capacitado para trabajo en alturas MT"]
["1UNION TEMPORAL R&J 2022Jardinero capacitado para trabajo en alturas MT",1,"UNION TEMPORAL R&J 2022","Servicio","Jardinero capacitado para trabajo en alturas MT","Jardinero capacitado para trabajo en alturas MT",null,null,null,null,1917020,null,null,null,null,"1Jardinero capacitado para trabajo en alturas MT"]
["1UNION TEMPORAL SERVICIOS INTEGRALESJardinero capacitado para trabajo en alturas MT",1,"UNION TEMPORAL SERVICIOS INTEGRALES","Servicio","Jardinero capacitado para trabajo en alturas MT","Jardinero capacitado para trabajo en alturas MT",null,null,null,null,2534846,null,null,null,null,"1Jardinero capacitado para trabajo en alturas MT"]
["1UT EASYCLEAN ASEO PROFESIONALJardinero capacitado para trabajo en alturas MT",1,"UT EASYCLEAN ASEO PROFESIONAL","Servicio","Jardinero capacitado para trabajo en alturas MT","Jardinero capacitado para trabajo en alturas MT",null,null,null,null,1787019,null,null,null,null,"1Jardinero capacitado para trabajo en alturas MT"]
["1UT GRUPO ADINJardinero capacitado para trabajo en alturas MT",1,"UT GRUPO ADIN","Servicio","Jardinero capacitado para trabajo en alturas MT","Jardinero capacitado para trabajo en alturas MT",null,null,null,null,1527017,null,null,null,null,"1Jardinero capacitado para trabajo en alturas MT"]
["1ASECOLBAS LTDACoordinador de trabajo en alturas MT",1,"ASECOLBAS LTDA","Servicio","Coordinador de trabajo en alturas MT","Coordinador de trabajo en alturas MT",null,null,null,null,1500286,null,null,null,null,"1Coordinador de trabajo en alturas MT"]
["1CLEANER S.A.Coordinador de trabajo en alturas MT",1,"CLEANER S.A.","Servicio","Coordinador de trabajo en alturas MT","Coordinador de trabajo en alturas MT",null,null,null,null,1500286,null,null,null,null,"1Coordinador de trabajo en alturas MT"]
["1COMPAÑÍA DE SERVICIOS Y ADMINISTRACIÓN SA SERDAN SACoordinador de trabajo en alturas MT",1,"COMPAÑÍA DE SERVICIOS Y ADMINISTRACIÓN SA SERDAN SA","Servicio","Coordinador de trabajo en alturas MT","Coordinador de trabajo en alturas MT",null,null,null,null,1985113,null,null,null,null,"1Coordinador de trabajo en alturas MT"]
["1CONSERJES INMOBILIARIOS LTDACoordinador de trabajo en alturas MT",1,"CONSERJES INMOBILIARIOS LTDA","Servicio","Coordinador de trabajo en alturas MT","Coordinador de trabajo en alturas MT",null,null,null,null,1500286,null,null,null,null,"1Coordinador de trabajo en alturas MT"]
["1CONSORCIO ELITECoordinador de trabajo en alturas MT",1,"CONSORCIO ELITE","Servicio","Coordinador de trabajo en alturas MT","Coordinador de trabajo en alturas MT",null,null,null,null,3242435,null,null,null,null,"1Coordinador de trabajo en alturas MT"]
["1GRUPO GECCoordinador de trabajo en alturas MT",1,"GRUPO GEC","Servicio","Coordinador de trabajo en alturas MT","Coordinador de trabajo en alturas MT",null,null,null,null,1560014,null,null,null,null,"1Coordinador de trabajo en alturas MT"]
["1INCIHUILSA SAS ESPCoordinador de trabajo en alturas MT",1,"INCIHUILSA SAS ESP","Servicio","Coordinador de trabajo en alturas MT","Coordinador de trabajo en alturas MT",null,null,null,null,1500286,null,null,null,null,"1Coordinador de trabajo en alturas MT"]
["1INTERASEO S.A.S. E.S.P.Coordinador de trabajo en alturas MT",1,"INTERASEO S.A.S. E.S.P.","Servicio","Coordinador de trabajo en alturas MT","Coordinador de trabajo en alturas MT",null,null,null,null,1527018,null,null,null,null,"1Coordinador de trabajo en alturas MT"]
["1KIOS SASCoordinador de trabajo en alturas MT",1,"KIOS SAS","Servicio","Coordinador de trabajo en alturas MT","Coordinador de trabajo en alturas MT",null,null,null,null,1500286,null,null,null,null,"1Coordinador de trabajo en alturas MT"]
["1LIMPIEZA INSTITUCIONAL LASU S.A.S.Coordinador de trabajo en alturas MT",1,"LIMPIEZA INSTITUCIONAL LASU S.A.S.","Servicio","Coordinador de trabajo en alturas MT","Coordinador de trabajo en alturas MT",null,null,null,null,1500286,null,null,null,null,"1Coordinador de trabajo en alturas MT"]
["1N&R INTEGRAL SERVICE COMPANY S.A.S.Coordinador de trabajo en alturas MT",1,"N&R INTEGRAL SERVICE COMPANY S.A.S.","Servicio","Coordinador de trabajo en alturas MT","Coordinador de trabajo en alturas MT",null,null,null,null,1650315,null,null,null,null,"1Coordinador de trabajo en alturas MT"]
["1SOSEGE SASCoordinador de trabajo en alturas MT",1,"SOSEGE SAS","Servicio","Coordinador de trabajo en alturas MT","Coordinador de trabajo en alturas MT",null,null,null,null,1500286,null,null,null,null,"1Coordinador de trabajo en alturas MT"]
["1UNION  TEMPORAL LADOINSA 2022Coordinador de trabajo en alturas MT",1,"UNION  TEMPORAL LADOINSA 2022","Servicio","Coordinador de trabajo en alturas MT","Coordinador de trabajo en alturas MT",null,null,null,null,2340022,null,null,null,null,"1Coordinador de trabajo en alturas MT"]
["1UNIÓN TEMPORAL ASEO COLOMBIA AMP4Coordinador de trabajo en alturas MT",1,"UNIÓN TEMPORAL ASEO COLOMBIA AMP4","Servicio","Coordinador de trabajo en alturas MT","Coordinador de trabajo en alturas MT",null,null,null,null,1950371,null,null,null,null,"1Coordinador de trabajo en alturas MT"]
["1UNIÓN TEMPORAL CCE AMP IV 2022Coordinador de trabajo en alturas MT",1,"UNIÓN TEMPORAL CCE AMP IV 2022","Servicio","Coordinador de trabajo en alturas MT","Coordinador de trabajo en alturas MT",null,null,null,null,1500286,null,null,null,null,"1Coordinador de trabajo en alturas MT"]
["1UNION TEMPORAL ECOLIMPIEZA 4GCoordinador de trabajo en alturas MT",1,"UNION TEMPORAL ECOLIMPIEZA 4G","Servicio","Coordinador de trabajo en alturas MT","Coordinador de trabajo en alturas MT",null,null,null,null,1500286,null,null,null,null,"1Coordinador de trabajo en alturas MT"]
["1UNIÓN TEMPORAL EMINSER SOLOASEO 2023Coordinador de trabajo en alturas MT",1,"UNIÓN TEMPORAL EMINSER SOLOASEO 2023","Servicio","Coordinador de trabajo en alturas MT","Coordinador de trabajo en alturas MT",null,null,null,null,1500286,null,null,null,null,"1Coordinador de trabajo en alturas MT"]
["1UNION TEMPORAL OUTSOURCING GIAFCoordinador de trabajo en alturas MT",1,"UNION TEMPORAL OUTSOURCING GIAF","Servicio","Coordinador de trabajo en alturas MT","Coordinador de trabajo en alturas MT",null,null,null,null,1500286,null,null,null,null,"1Coordinador de trabajo en alturas MT"]
["1UNION TEMPORAL R&J 2022Coordinador de trabajo en alturas MT",1,"UNION TEMPORAL R&J 2022","Servicio","Coordinador de trabajo en alturas MT","Coordinador de trabajo en alturas MT",null,null,null,null,1890289,null,null,null,null,"1Coordinador de trabajo en alturas MT"]
["1UNION TEMPORAL SERVICIOS INTEGRALESCoordinador de trabajo en alturas MT",1,"UNION TEMPORAL SERVICIOS INTEGRALES","Servicio","Coordinador de trabajo en alturas MT","Coordinador de trabajo en alturas MT",null,null,null,null,2490473,null,null,null,null,"1Coordinador de trabajo en alturas MT"]
["1UT EASYCLEAN ASEO PROFESIONALCoordinador de trabajo en alturas MT",1,"UT EASYCLEAN ASEO PROFESIONAL","Servicio","Coordinador de trabajo en alturas MT","Coordinador de trabajo en alturas MT",null,null,null,null,1760288,null,null,null,null,"1Coordinador de trabajo en alturas MT"]
["1UT GRUPO ADINCoordinador de trabajo en alturas MT",1,"UT GRUPO ADIN","Servicio","Coordinador de trabajo en alturas MT","Coordinador de trabajo en alturas MT",null,null,null,null,1500286,null,null,null,null,"1Coordinador de trabajo en alturas MT"]
["1ASECOLBAS LTDAJabón para loza 1 (Compra)",1,"ASECOLBAS LTDA","Bien",1,"Jabón para loza 1 (Compra)",null,null,null,null,12232,null,null,null,null,"1Jabón para loza 1 (Compra)"]
["1CLEANER S.A.Jabón para loza 1 (Compra)",1,"CLEANER S.A.","Bien",1,"Jabón para loza 1 (Compra)",null,null,null,null,14770,null,null,null,null,"1Jabón para loza 1 (Compra)"]
["1COMPAÑÍA DE SERVICIOS Y ADMINISTRACIÓN SA SERDAN SAJabón para loza 1 (Compra)",1,"COMPAÑÍA DE SERVICIOS Y ADMINISTRACIÓN SA SERDAN SA","Bien",1,"Jabón para loza 1 (Compra)",null,null,null,null,18369,null,null,null,null,"1Jabón para loza 1 (Compra)"]
["1CONSERJES INMOBILIARIOS LTDAJabón para loza 1 (Compra)",1,"CONSERJES INMOBILIARIOS LTDA","Bien",1,"Jabón para loza 1 (Compra)",null,null,null,null,12377,null,null,null,null,"1Jabón para loza 1 (Compra)"]
["1CONSORCIO ELITEJabón para loza 1 (Compra)",1,"CONSORCIO ELITE","Bien",1,"Jabón para loza 1 (Compra)",null,null,null,null,20109,null,null,null,null,"1Jabón para loza 1 (Compra)"]
["1GRUPO GECJabón para loza 1 (Compra)",1,"GRUPO GEC","Bien",1,"Jabón para loza 1 (Compra)",null,null,null,null,23488,null,null,null,null,"1Jabón para loza 1 (Compra)"]
["1INCIHUILSA SAS ESPJabón para loza 1 (Compra)",1,"INCIHUILSA SAS ESP","Bien",1,"Jabón para loza 1 (Compra)",null,null,null,null,67103,null,null,null,null,"1Jabón para loza 1 (Compra)"]
["1INTERASEO S.A.S. E.S.P.Jabón para loza 1 (Compra)",1,"INTERASEO S.A.S. E.S.P.","Bien",1,"Jabón para loza 1 (Compra)",null,null,null,null,20274,null,null,null,null,"1Jabón para loza 1 (Compra)"]
["1KIOS SASJabón para loza 1 (Compra)",1,"KIOS SAS","Bien",1,"Jabón para loza 1 (Compra)",null,null,null,null,19185,null,null,null,null,"1Jabón para loza 1 (Compra)"]
["1LIMPIEZA INSTITUCIONAL LASU S.A.S.Jabón para loza 1 (Compra)",1,"LIMPIEZA INSTITUCIONAL LASU S.A.S.","Bien",1,"Jabón para loza 1 (Compra)",null,null,null,null,10611,null,null,null,null,"1Jabón para loza 1 (Compra)"]
["1N&R INTEGRAL SERVICE COMPANY S.A.S.Jabón para loza 1 (Compra)",1,"N&R INTEGRAL SERVICE COMPANY S.A.S.","Bien",1,"Jabón para loza 1 (Compra)",null,null,null,null,18742,null,null,null,null,"1Jabón para loza 1 (Compra)"]
["1SOSEGE SASJabón para loza 1 (Compra)",1,"SOSEGE SAS","Bien",1,"Jabón para loza 1 (Compra)",null,null,null,null,20090,null,null,null,null,"1Jabón para loza 1 (Compra)"]
["1UNION  TEMPORAL LADOINSA 2022Jabón para loza 1 (Compra)",1,"UNION  TEMPORAL LADOINSA 2022","Bien",1,"Jabón para loza 1 (Compra)",null,null,null,null,15699,null,null,null,null,"1Jabón para loza 1 (Compra)"]
["1UNIÓN TEMPORAL ASEO COLOMBIA AMP4Jabón para loza 1 (Compra)",1,"UNIÓN TEMPORAL ASEO COLOMBIA AMP4","Bien",1,"Jabón para loza 1 (Compra)",null,null,null,null,20274,null,null,null,null,"1Jabón para loza 1 (Compra)"]
["1UNIÓN TEMPORAL CCE AMP IV 2022Jabón para loza 1 (Compra)",1,"UNIÓN TEMPORAL CCE AMP IV 2022","Bien",1,"Jabón para loza 1 (Compra)",null,null,null,null,17111,null,null,null,null,"1Jabón para loza 1 (Compra)"]
["1UNION TEMPORAL ECOLIMPIEZA 4GJabón para loza 1 (Compra)",1,"UNION TEMPORAL ECOLIMPIEZA 4G","Bien",1,"Jabón para loza 1 (Compra)",null,null,null,null,13235,null,null,null,null,"1Jabón para loza 1 (Compra)"]
["1UNIÓN TEMPORAL EMINSER SOLOASEO 2023Jabón para loza 1 (Compra)",1,"UNIÓN TEMPORAL EMINSER SOLOASEO 2023","Bien",1,"Jabón para loza 1 (Compra)",null,null,null,null,25743,null,null,null,null,"1Jabón para loza 1 (Compra)"]
["1UNION TEMPORAL OUTSOURCING GIAFJabón para loza 1 (Compra)",1,"UNION TEMPORAL OUTSOURCING GIAF","Bien",1,"Jabón para loza 1 (Compra)",null,null,null,null,13884,null,null,null,null,"1Jabón para loza 1 (Compra)"]
["1UNION TEMPORAL R&J 2022Jabón para loza 1 (Compra)",1,"UNION TEMPORAL R&J 2022","Bien",1,"Jabón para loza 1 (Compra)",null,null,null,null,12980,null,null,null,null,"1Jabón para loza 1 (Compra)"]
["1UNION TEMPORAL SERVICIOS INTEGRALESJabón para loza 1 (Compra)",1,"UNION TEMPORAL SERVICIOS INTEGRALES","Bien",1,"Jabón para loza 1 (Compra)",null,null,null,null,19667,null,null,null,null,"1Jabón para loza 1 (Compra)"]
["1UT EASYCLEAN ASEO PROFESIONALJabón para loza 1 (Compra)",1,"UT EASYCLEAN ASEO PROFESIONAL","Bien",1,"Jabón para loza 1 (Compra)",null,null,null,null,19489,null,null,null,null,"1Jabón para loza 1 (Compra)"]
["1UT GRUPO ADINJabón para loza 1 (Compra)",1,"UT GRUPO ADIN","Bien",1,"Jabón para loza 1 (Compra)",null,null,null,null,19994,null,null,null,null,"1Jabón para loza 1 (Compra)"]
["1ASECOLBAS LTDAJabón para loza 2 (Compra)",1,"ASECOLBAS LTDA","Bien",2,"Jabón para loza 2 (Compra)",null,null,null,null,3568,null,null,null,null,"1Jabón para loza 2 (Compra)"]
["1CLEANER S.A.Jabón para loza 2 (Compra)",1,"CLEANER S.A.","Bien",2,"Jabón para loza 2 (Compra)",null,null,null,null,4403,null,null,null,null,"1Jabón para loza 2 (Compra)"]
["1COMPAÑÍA DE SERVICIOS Y ADMINISTRACIÓN SA SERDAN SAJabón para loza 2 (Compra)",1,"COMPAÑÍA DE SERVICIOS Y ADMINISTRACIÓN SA SERDAN SA","Bien",2,"Jabón para loza 2 (Compra)",null,null,null,null,4183,null,null,null,null,"1Jabón para loza 2 (Compra)"]
["1CONSERJES INMOBILIARIOS LTDAJabón para loza 2 (Compra)",1,"CONSERJES INMOBILIARIOS LTDA","Bien",2,"Jabón para loza 2 (Compra)",null,null,null,null,3526,null,null,null,null,"1Jabón para loza 2 (Compra)"]
["1CONSORCIO ELITEJabón para loza 2 (Compra)",1,"CONSORCIO ELITE","Bien",2,"Jabón para loza 2 (Compra)",null,null,null,null,5913,null,null,null,null,"1Jabón para loza 2 (Compra)"]
["1GRUPO GECJabón para loza 2 (Compra)",1,"GRUPO GEC","Bien",2,"Jabón para loza 2 (Compra)",null,null,null,null,5934,null,null,null,null,"1Jabón para loza 2 (Compra)"]
["1INCIHUILSA SAS ESPJabón para loza 2 (Compra)",1,"INCIHUILSA SAS ESP","Bien",2,"Jabón para loza 2 (Compra)",null,null,null,null,12250,null,null,null,null,"1Jabón para loza 2 (Compra)"]
["1INTERASEO S.A.S. E.S.P.Jabón para loza 2 (Compra)",1,"INTERASEO S.A.S. E.S.P.","Bien",2,"Jabón para loza 2 (Compra)",null,null,null,null,4636,null,null,null,null,"1Jabón para loza 2 (Compra)"]
["1KIOS SASJabón para loza 2 (Compra)",1,"KIOS SAS","Bien",2,"Jabón para loza 2 (Compra)",null,null,null,null,4784,null,null,null,null,"1Jabón para loza 2 (Compra)"]
["1LIMPIEZA INSTITUCIONAL LASU S.A.S.Jabón para loza 2 (Compra)",1,"LIMPIEZA INSTITUCIONAL LASU S.A.S.","Bien",2,"Jabón para loza 2 (Compra)",null,null,null,null,2934,null,null,null,null,"1Jabón para loza 2 (Compra)"]
["1N&R INTEGRAL SERVICE COMPANY S.A.S.Jabón para loza 2 (Compra)",1,"N&R INTEGRAL SERVICE COMPANY S.A.S.","Bien",2,"Jabón para loza 2 (Compra)",null,null,null,null,5511,null,null,null,null,"1Jabón para loza 2 (Compra)"]
["1SOSEGE SASJabón para loza 2 (Compra)",1,"SOSEGE SAS","Bien",2,"Jabón para loza 2 (Compra)",null,null,null,null,5279,null,null,null,null,"1Jabón para loza 2 (Compra)"]
["1UNION  TEMPORAL LADOINSA 2022Jabón para loza 2 (Compra)",1,"UNION  TEMPORAL LADOINSA 2022","Bien",2,"Jabón para loza 2 (Compra)",null,null,null,null,4821,null,null,null,null,"1Jabón para loza 2 (Compra)"]
["1UNIÓN TEMPORAL ASEO COLOMBIA AMP4Jabón para loza 2 (Compra)",1,"UNIÓN TEMPORAL ASEO COLOMBIA AMP4","Bien",2,"Jabón para loza 2 (Compra)",null,null,null,null,4636,null,null,null,null,"1Jabón para loza 2 (Compra)"]
["1UNIÓN TEMPORAL CCE AMP IV 2022Jabón para loza 2 (Compra)",1,"UNIÓN TEMPORAL CCE AMP IV 2022","Bien",2,"Jabón para loza 2 (Compra)",null,null,null,null,5473,null,null,null,null,"1Jabón para loza 2 (Compra)"]
["1UNION TEMPORAL ECOLIMPIEZA 4GJabón para loza 2 (Compra)",1,"UNION TEMPORAL ECOLIMPIEZA 4G","Bien",2,"Jabón para loza 2 (Compra)",null,null,null,null,3824,null,null,null,null,"1Jabón para loza 2 (Compra)"]
["1UNIÓN TEMPORAL EMINSER SOLOASEO 2023Jabón para loza 2 (Compra)",1,"UNIÓN TEMPORAL EMINSER SOLOASEO 2023","Bien",2,"Jabón para loza 2 (Compra)",null,null,null,null,6988,null,null,null,null,"1Jabón para loza 2 (Compra)"]
["1UNION TEMPORAL OUTSOURCING GIAFJabón para loza 2 (Compra)",1,"UNION TEMPORAL OUTSOURCING GIAF","Bien",2,"Jabón para loza 2 (Compra)",null,null,null,null,3819,null,null,null,null,"1Jabón para loza 2 (Compra)"]
["1UNION TEMPORAL R&J 2022Jabón para loza 2 (Compra)",1,"UNION TEMPORAL R&J 2022","Bien",2,"Jabón para loza 2 (Compra)",null,null,null,null,3709,null,null,null,null,"1Jabón para loza 2 (Compra)"]
["1UNION TEMPORAL SERVICIOS INTEGRALESJabón para loza 2 (Compra)",1,"UNION TEMPORAL SERVICIOS INTEGRALES","Bien",2,"Jabón para loza 2 (Compra)",null,null,null,null,5773,null,null,null,null,"1Jabón para loza 2 (Compra)"]
["1UT EASYCLEAN ASEO PROFESIONALJabón para loza 2 (Compra)",1,"UT EASYCLEAN ASEO PROFESIONAL","Bien",2,"Jabón para loza 2 (Compra)",null,null,null,null,5730,null,null,null,null,"1Jabón para loza 2 (Compra)"]
["1UT GRUPO ADINJabón para loza 2 (Compra)",1,"UT GRUPO ADIN","Bien",2,"Jabón para loza 2 (Compra)",null,null,null,null,5285,null,null,null,null,"1Jabón para loza 2 (Compra)"]
["1ASECOLBAS LTDAJabón para loza 3 (Compra)",1,"ASECOLBAS LTDA","Bien",3,"Jabón para loza 3 (Compra)",null,null,null,null,10895,null,null,null,null,"1Jabón para loza 3 (Compra)"]
["1CLEANER S.A.Jabón para loza 3 (Compra)",1,"CLEANER S.A.","Bien",3,"Jabón para loza 3 (Compra)",null,null,null,null,9819,null,null,null,null,"1Jabón para loza 3 (Compra)"]
["1COMPAÑÍA DE SERVICIOS Y ADMINISTRACIÓN SA SERDAN SAJabón para loza 3 (Compra)",1,"COMPAÑÍA DE SERVICIOS Y ADMINISTRACIÓN SA SERDAN SA","Bien",3,"Jabón para loza 3 (Compra)",null,null,null,null,6496,null,null,null,null,"1Jabón para loza 3 (Compra)"]
["1CONSERJES INMOBILIARIOS LTDAJabón para loza 3 (Compra)",1,"CONSERJES INMOBILIARIOS LTDA","Bien",3,"Jabón para loza 3 (Compra)",null,null,null,null,11025,null,null,null,null,"1Jabón para loza 3 (Compra)"]
["1CONSORCIO ELITEJabón para loza 3 (Compra)",1,"CONSORCIO ELITE","Bien",3,"Jabón para loza 3 (Compra)",null,null,null,null,13531,null,null,null,null,"1Jabón para loza 3 (Compra)"]
["1GRUPO GECJabón para loza 3 (Compra)",1,"GRUPO GEC","Bien",3,"Jabón para loza 3 (Compra)",null,null,null,null,12980,null,null,null,null,"1Jabón para loza 3 (Compra)"]
["1INCIHUILSA SAS ESPJabón para loza 3 (Compra)",1,"INCIHUILSA SAS ESP","Bien",3,"Jabón para loza 3 (Compra)",null,null,null,null,17484,null,null,null,null,"1Jabón para loza 3 (Compra)"]
["1INTERASEO S.A.S. E.S.P.Jabón para loza 3 (Compra)",1,"INTERASEO S.A.S. E.S.P.","Bien",3,"Jabón para loza 3 (Compra)",null,null,null,null,7356,null,null,null,null,"1Jabón para loza 3 (Compra)"]
["1KIOS SASJabón para loza 3 (Compra)",1,"KIOS SAS","Bien",3,"Jabón para loza 3 (Compra)",null,null,null,null,13251,null,null,null,null,"1Jabón para loza 3 (Compra)"]
["1LIMPIEZA INSTITUCIONAL LASU S.A.S.Jabón para loza 3 (Compra)",1,"LIMPIEZA INSTITUCIONAL LASU S.A.S.","Bien",3,"Jabón para loza 3 (Compra)",null,null,null,null,6426,null,null,null,null,"1Jabón para loza 3 (Compra)"]
["1N&R INTEGRAL SERVICE COMPANY S.A.S.Jabón para loza 3 (Compra)",1,"N&R INTEGRAL SERVICE COMPANY S.A.S.","Bien",3,"Jabón para loza 3 (Compra)",null,null,null,null,12610,null,null,null,null,"1Jabón para loza 3 (Compra)"]
["1SOSEGE SASJabón para loza 3 (Compra)",1,"SOSEGE SAS","Bien",3,"Jabón para loza 3 (Compra)",null,null,null,null,9826,null,null,null,null,"1Jabón para loza 3 (Compra)"]
["1UNION  TEMPORAL LADOINSA 2022Jabón para loza 3 (Compra)",1,"UNION  TEMPORAL LADOINSA 2022","Bien",3,"Jabón para loza 3 (Compra)",null,null,null,null,11126,null,null,null,null,"1Jabón para loza 3 (Compra)"]
["1UNIÓN TEMPORAL ASEO COLOMBIA AMP4Jabón para loza 3 (Compra)",1,"UNIÓN TEMPORAL ASEO COLOMBIA AMP4","Bien",3,"Jabón para loza 3 (Compra)",null,null,null,null,9241,null,null,null,null,"1Jabón para loza 3 (Compra)"]
["1UNIÓN TEMPORAL CCE AMP IV 2022Jabón para loza 3 (Compra)",1,"UNIÓN TEMPORAL CCE AMP IV 2022","Bien",3,"Jabón para loza 3 (Compra)",null,null,null,null,14828,null,null,null,null,"1Jabón para loza 3 (Compra)"]
["1UNION TEMPORAL ECOLIMPIEZA 4GJabón para loza 3 (Compra)",1,"UNION TEMPORAL ECOLIMPIEZA 4G","Bien",3,"Jabón para loza 3 (Compra)",null,null,null,null,7044,null,null,null,null,"1Jabón para loza 3 (Compra)"]
["1UNIÓN TEMPORAL EMINSER SOLOASEO 2023Jabón para loza 3 (Compra)",1,"UNIÓN TEMPORAL EMINSER SOLOASEO 2023","Bien",3,"Jabón para loza 3 (Compra)",null,null,null,null,10248,null,null,null,null,"1Jabón para loza 3 (Compra)"]
["1UNION TEMPORAL OUTSOURCING GIAFJabón para loza 3 (Compra)",1,"UNION TEMPORAL OUTSOURCING GIAF","Bien",3,"Jabón para loza 3 (Compra)",null,null,null,null,6620,null,null,null,null,"1Jabón para loza 3 (Compra)"]
["1UNION TEMPORAL R&J 2022Jabón para loza 3 (Compra)",1,"UNION TEMPORAL R&J 2022","Bien",3,"Jabón para loza 3 (Compra)",null,null,null,null,8901,null,null,null,null,"1Jabón para loza 3 (Compra)"]
["1UNION TEMPORAL SERVICIOS INTEGRALESJabón para loza 3 (Compra)",1,"UNION TEMPORAL SERVICIOS INTEGRALES","Bien",3,"Jabón para loza 3 (Compra)",null,null,null,null,13251,null,null,null,null,"1Jabón para loza 3 (Compra)"]
["1UT EASYCLEAN ASEO PROFESIONALJabón para loza 3 (Compra)",1,"UT EASYCLEAN ASEO PROFESIONAL","Bien",3,"Jabón para loza 3 (Compra)",null,null,null,null,13114,null,null,null,null,"1Jabón para loza 3 (Compra)"]
["1UT GRUPO ADINJabón para loza 3 (Compra)",1,"UT GRUPO ADIN","Bien",3,"Jabón para loza 3 (Compra)",null,null,null,null,10976,null,null,null,null,"1Jabón para loza 3 (Compra)"]
["1ASECOLBAS LTDAJabón para loza 4 (Compra)",1,"ASECOLBAS LTDA","Bien",4,"Jabón para loza 4 (Compra)",null,null,null,null,11892,null,null,null,null,"1Jabón para loza 4 (Compra)"]
["1CLEANER S.A.Jabón para loza 4 (Compra)",1,"CLEANER S.A.","Bien",4,"Jabón para loza 4 (Compra)",null,null,null,null,10141,null,null,null,null,"1Jabón para loza 4 (Compra)"]
["1COMPAÑÍA DE SERVICIOS Y ADMINISTRACIÓN SA SERDAN SAJabón para loza 4 (Compra)",1,"COMPAÑÍA DE SERVICIOS Y ADMINISTRACIÓN SA SERDAN SA","Bien",4,"Jabón para loza 4 (Compra)",null,null,null,null,6496,null,null,null,null,"1Jabón para loza 4 (Compra)"]
["1CONSERJES INMOBILIARIOS LTDAJabón para loza 4 (Compra)",1,"CONSERJES INMOBILIARIOS LTDA","Bien",4,"Jabón para loza 4 (Compra)",null,null,null,null,11752,null,null,null,null,"1Jabón para loza 4 (Compra)"]
["1CONSORCIO ELITEJabón para loza 4 (Compra)",1,"CONSORCIO ELITE","Bien",4,"Jabón para loza 4 (Compra)",null,null,null,null,14593,null,null,null,null,"1Jabón para loza 4 (Compra)"]
["1GRUPO GECJabón para loza 4 (Compra)",1,"GRUPO GEC","Bien",4,"Jabón para loza 4 (Compra)",null,null,null,null,13845,null,null,null,null,"1Jabón para loza 4 (Compra)"]
["1INCIHUILSA SAS ESPJabón para loza 4 (Compra)",1,"INCIHUILSA SAS ESP","Bien",4,"Jabón para loza 4 (Compra)",null,null,null,null,18657,null,null,null,null,"1Jabón para loza 4 (Compra)"]
["1INTERASEO S.A.S. E.S.P.Jabón para loza 4 (Compra)",1,"INTERASEO S.A.S. E.S.P.","Bien",4,"Jabón para loza 4 (Compra)",null,null,null,null,7540,null,null,null,null,"1Jabón para loza 4 (Compra)"]
["1KIOS SASJabón para loza 4 (Compra)",1,"KIOS SAS","Bien",4,"Jabón para loza 4 (Compra)",null,null,null,null,12820,null,null,null,null,"1Jabón para loza 4 (Compra)"]
["1LIMPIEZA INSTITUCIONAL LASU S.A.S.Jabón para loza 4 (Compra)",1,"LIMPIEZA INSTITUCIONAL LASU S.A.S.","Bien",4,"Jabón para loza 4 (Compra)",null,null,null,null,5841,null,null,null,null,"1Jabón para loza 4 (Compra)"]
["1N&R INTEGRAL SERVICE COMPANY S.A.S.Jabón para loza 4 (Compra)",1,"N&R INTEGRAL SERVICE COMPANY S.A.S.","Bien",4,"Jabón para loza 4 (Compra)",null,null,null,null,13599,null,null,null,null,"1Jabón para loza 4 (Compra)"]
["1SOSEGE SASJabón para loza 4 (Compra)",1,"SOSEGE SAS","Bien",4,"Jabón para loza 4 (Compra)",null,null,null,null,7088,null,null,null,null,"1Jabón para loza 4 (Compra)"]
["1UNION  TEMPORAL LADOINSA 2022Jabón para loza 4 (Compra)",1,"UNION  TEMPORAL LADOINSA 2022","Bien",4,"Jabón para loza 4 (Compra)",null,null,null,null,11620,null,null,null,null,"1Jabón para loza 4 (Compra)"]
["1UNIÓN TEMPORAL ASEO COLOMBIA AMP4Jabón para loza 4 (Compra)",1,"UNIÓN TEMPORAL ASEO COLOMBIA AMP4","Bien",4,"Jabón para loza 4 (Compra)",null,null,null,null,9432,null,null,null,null,"1Jabón para loza 4 (Compra)"]
["1UNIÓN TEMPORAL CCE AMP IV 2022Jabón para loza 4 (Compra)",1,"UNIÓN TEMPORAL CCE AMP IV 2022","Bien",4,"Jabón para loza 4 (Compra)",null,null,null,null,15710,null,null,null,null,"1Jabón para loza 4 (Compra)"]
["1UNION TEMPORAL ECOLIMPIEZA 4GJabón para loza 4 (Compra)",1,"UNION TEMPORAL ECOLIMPIEZA 4G","Bien",4,"Jabón para loza 4 (Compra)",null,null,null,null,7356,null,null,null,null,"1Jabón para loza 4 (Compra)"]
["1UNIÓN TEMPORAL EMINSER SOLOASEO 2023Jabón para loza 4 (Compra)",1,"UNIÓN TEMPORAL EMINSER SOLOASEO 2023","Bien",4,"Jabón para loza 4 (Compra)",null,null,null,null,12358,null,null,null,null,"1Jabón para loza 4 (Compra)"]
["1UNION TEMPORAL OUTSOURCING GIAFJabón para loza 4 (Compra)",1,"UNION TEMPORAL OUTSOURCING GIAF","Bien",4,"Jabón para loza 4 (Compra)",null,null,null,null,6620,null,null,null,null,"1Jabón para loza 4 (Compra)"]
["1UNION TEMPORAL R&J 2022Jabón para loza 4 (Compra)",1,"UNION TEMPORAL R&J 2022","Bien",4,"Jabón para loza 4 (Compra)",null,null,null,null,9271,null,null,null,null,"1Jabón para loza 4 (Compra)"]
["1UNION TEMPORAL SERVICIOS INTEGRALESJabón para loza 4 (Compra)",1,"UNION TEMPORAL SERVICIOS INTEGRALES","Bien",4,"Jabón para loza 4 (Compra)",null,null,null,null,14253,null,null,null,null,"1Jabón para loza 4 (Compra)"]
["1UT EASYCLEAN ASEO PROFESIONALJabón para loza 4 (Compra)",1,"UT EASYCLEAN ASEO PROFESIONAL","Bien",4,"Jabón para loza 4 (Compra)",null,null,null,null,14143,null,null,null,null,"1Jabón para loza 4 (Compra)"]
["1UT GRUPO ADINJabón para loza 4 (Compra)",1,"UT GRUPO ADIN","Bien",4,"Jabón para loza 4 (Compra)",null,null,null,null,11126,null,null,null,null,"1Jabón para loza 4 (Compra)"]
["1ASECOLBAS LTDAJabón en barra (Compra)",1,"ASECOLBAS LTDA","Bien",5,"Jabón en barra (Compra)",null,null,null,null,4789,null,null,null,null,"1Jabón en barra (Compra)"]
["1CLEANER S.A.Jabón en barra (Compra)",1,"CLEANER S.A.","Bien",5,"Jabón en barra (Compra)",null,null,null,null,3123,null,null,null,null,"1Jabón en barra (Compra)"]
["1COMPAÑÍA DE SERVICIOS Y ADMINISTRACIÓN SA SERDAN SAJabón en barra (Compra)",1,"COMPAÑÍA DE SERVICIOS Y ADMINISTRACIÓN SA SERDAN SA","Bien",5,"Jabón en barra (Compra)",null,null,null,null,2533,null,null,null,null,"1Jabón en barra (Compra)"]
["1CONSERJES INMOBILIARIOS LTDAJabón en barra (Compra)",1,"CONSERJES INMOBILIARIOS LTDA","Bien",5,"Jabón en barra (Compra)",null,null,null,null,4847,null,null,null,null,"1Jabón en barra (Compra)"]
["1CONSORCIO ELITEJabón en barra (Compra)",1,"CONSORCIO ELITE","Bien",5,"Jabón en barra (Compra)",null,null,null,null,4196,null,null,null,null,"1Jabón en barra (Compra)"]
["1GRUPO GECJabón en barra (Compra)",1,"GRUPO GEC","Bien",5,"Jabón en barra (Compra)",null,null,null,null,3153,null,null,null,null,"1Jabón en barra (Compra)"]
["1INCIHUILSA SAS ESPJabón en barra (Compra)",1,"INCIHUILSA SAS ESP","Bien",5,"Jabón en barra (Compra)",null,null,null,null,6181,null,null,null,null,"1Jabón en barra (Compra)"]
["1INTERASEO S.A.S. E.S.P.Jabón en barra (Compra)",1,"INTERASEO S.A.S. E.S.P.","Bien",5,"Jabón en barra (Compra)",null,null,null,null,2101,null,null,null,null,"1Jabón en barra (Compra)"]
["1KIOS SASJabón en barra (Compra)",1,"KIOS SAS","Bien",5,"Jabón en barra (Compra)",null,null,null,null,3819,null,null,null,null,"1Jabón en barra (Compra)"]
["1LIMPIEZA INSTITUCIONAL LASU S.A.S.Jabón en barra (Compra)",1,"LIMPIEZA INSTITUCIONAL LASU S.A.S.","Bien",5,"Jabón en barra (Compra)",null,null,null,null,3309,null,null,null,null,"1Jabón en barra (Compra)"]
["1N&R INTEGRAL SERVICE COMPANY S.A.S.Jabón en barra (Compra)",1,"N&R INTEGRAL SERVICE COMPANY S.A.S.","Bien",5,"Jabón en barra (Compra)",null,null,null,null,3911,null,null,null,null,"1Jabón en barra (Compra)"]
["1SOSEGE SASJabón en barra (Compra)",1,"SOSEGE SAS","Bien",5,"Jabón en barra (Compra)",null,null,null,null,2291,null,null,null,null,"1Jabón en barra (Compra)"]
["1UNION  TEMPORAL LADOINSA 2022Jabón en barra (Compra)",1,"UNION  TEMPORAL LADOINSA 2022","Bien",5,"Jabón en barra (Compra)",null,null,null,null,4821,null,null,null,null,"1Jabón en barra (Compra)"]
["1UNIÓN TEMPORAL ASEO COLOMBIA AMP4Jabón en barra (Compra)",1,"UNIÓN TEMPORAL ASEO COLOMBIA AMP4","Bien",5,"Jabón en barra (Compra)",null,null,null,null,2556,null,null,null,null,"1Jabón en barra (Compra)"]
["1UNIÓN TEMPORAL CCE AMP IV 2022Jabón en barra (Compra)",1,"UNIÓN TEMPORAL CCE AMP IV 2022","Bien",5,"Jabón en barra (Compra)",null,null,null,null,8298,null,null,null,null,"1Jabón en barra (Compra)"]
["1UNION TEMPORAL ECOLIMPIEZA 4GJabón en barra (Compra)",1,"UNION TEMPORAL ECOLIMPIEZA 4G","Bien",5,"Jabón en barra (Compra)",null,null,null,null,2686,null,null,null,null,"1Jabón en barra (Compra)"]
["1UNIÓN TEMPORAL EMINSER SOLOASEO 2023Jabón en barra (Compra)",1,"UNIÓN TEMPORAL EMINSER SOLOASEO 2023","Bien",5,"Jabón en barra (Compra)",null,null,null,null,3832,null,null,null,null,"1Jabón en barra (Compra)"]
["1UNION TEMPORAL OUTSOURCING GIAFJabón en barra (Compra)",1,"UNION TEMPORAL OUTSOURCING GIAF","Bien",5,"Jabón en barra (Compra)",null,null,null,null,2017,null,null,null,null,"1Jabón en barra (Compra)"]
["1UNION TEMPORAL R&J 2022Jabón en barra (Compra)",1,"UNION TEMPORAL R&J 2022","Bien",5,"Jabón en barra (Compra)",null,null,null,null,3153,null,null,null,null,"1Jabón en barra (Compra)"]
["1UNION TEMPORAL SERVICIOS INTEGRALESJabón en barra (Compra)",1,"UNION TEMPORAL SERVICIOS INTEGRALES","Bien",5,"Jabón en barra (Compra)",null,null,null,null,4105,null,null,null,null,"1Jabón en barra (Compra)"]
["1UT EASYCLEAN ASEO PROFESIONALJabón en barra (Compra)",1,"UT EASYCLEAN ASEO PROFESIONAL","Bien",5,"Jabón en barra (Compra)",null,null,null,null,4068,null,null,null,null,"1Jabón en barra (Compra)"]
["1UT GRUPO ADINJabón en barra (Compra)",1,"UT GRUPO ADIN","Bien",5,"Jabón en barra (Compra)",null,null,null,null,2744,null,null,null,null,"1Jabón en barra (Compra)"]
["1ASECOLBAS LTDAJabón en barra azul (Compra)",1,"ASECOLBAS LTDA","Bien",6,"Jabón en barra azul (Compra)",null,null,null,null,4655,null,null,null,null,"1Jabón en barra azul (Compra)"]
["1CLEANER S.A.Jabón en barra azul (Compra)",1,"CLEANER S.A.","Bien",6,"Jabón en barra azul (Compra)",null,null,null,null,3123,null,null,null,null,"1Jabón en barra azul (Compra)"]
["1COMPAÑÍA DE SERVICIOS Y ADMINISTRACIÓN SA SERDAN SAJabón en barra azul (Compra)",1,"COMPAÑÍA DE SERVICIOS Y ADMINISTRACIÓN SA SERDAN SA","Bien",6,"Jabón en barra azul (Compra)",null,null,null,null,2533,null,null,null,null,"1Jabón en barra azul (Compra)"]
["1CONSERJES INMOBILIARIOS LTDAJabón en barra azul (Compra)",1,"CONSERJES INMOBILIARIOS LTDA","Bien",6,"Jabón en barra azul (Compra)",null,null,null,null,4600,null,null,null,null,"1Jabón en barra azul (Compra)"]
["1CONSORCIO ELITEJabón en barra azul (Compra)",1,"CONSORCIO ELITE","Bien",6,"Jabón en barra azul (Compra)",null,null,null,null,5154,null,null,null,null,"1Jabón en barra azul (Compra)"]
["1GRUPO GECJabón en barra azul (Compra)",1,"GRUPO GEC","Bien",6,"Jabón en barra azul (Compra)",null,null,null,null,3214,null,null,null,null,"1Jabón en barra azul (Compra)"]
["1INCIHUILSA SAS ESPJabón en barra azul (Compra)",1,"INCIHUILSA SAS ESP","Bien",6,"Jabón en barra azul (Compra)",null,null,null,null,6596,null,null,null,null,"1Jabón en barra azul (Compra)"]
["1INTERASEO S.A.S. E.S.P.Jabón en barra azul (Compra)",1,"INTERASEO S.A.S. E.S.P.","Bien",6,"Jabón en barra azul (Compra)",null,null,null,null,1978,null,null,null,null,"1Jabón en barra azul (Compra)"]
["1KIOS SASJabón en barra azul (Compra)",1,"KIOS SAS","Bien",6,"Jabón en barra azul (Compra)",null,null,null,null,3819,null,null,null,null,"1Jabón en barra azul (Compra)"]
["1LIMPIEZA INSTITUCIONAL LASU S.A.S.Jabón en barra azul (Compra)",1,"LIMPIEZA INSTITUCIONAL LASU S.A.S.","Bien",6,"Jabón en barra azul (Compra)",null,null,null,null,2438,null,null,null,null,"1Jabón en barra azul (Compra)"]
["1N&R INTEGRAL SERVICE COMPANY S.A.S.Jabón en barra azul (Compra)",1,"N&R INTEGRAL SERVICE COMPANY S.A.S.","Bien",6,"Jabón en barra azul (Compra)",null,null,null,null,4803,null,null,null,null,"1Jabón en barra azul (Compra)"]
["1SOSEGE SASJabón en barra azul (Compra)",1,"SOSEGE SAS","Bien",6,"Jabón en barra azul (Compra)",null,null,null,null,5133,null,null,null,null,"1Jabón en barra azul (Compra)"]
["1UNION  TEMPORAL LADOINSA 2022Jabón en barra azul (Compra)",1,"UNION  TEMPORAL LADOINSA 2022","Bien",6,"Jabón en barra azul (Compra)",null,null,null,null,4450,null,null,null,null,"1Jabón en barra azul (Compra)"]
["1UNIÓN TEMPORAL ASEO COLOMBIA AMP4Jabón en barra azul (Compra)",1,"UNIÓN TEMPORAL ASEO COLOMBIA AMP4","Bien",6,"Jabón en barra azul (Compra)",null,null,null,null,2556,null,null,null,null,"1Jabón en barra azul (Compra)"]
["1UNIÓN TEMPORAL CCE AMP IV 2022Jabón en barra azul (Compra)",1,"UNIÓN TEMPORAL CCE AMP IV 2022","Bien",6,"Jabón en barra azul (Compra)",null,null,null,null,4384,null,null,null,null,"1Jabón en barra azul (Compra)"]
["1UNION TEMPORAL ECOLIMPIEZA 4GJabón en barra azul (Compra)",1,"UNION TEMPORAL ECOLIMPIEZA 4G","Bien",6,"Jabón en barra azul (Compra)",null,null,null,null,2870,null,null,null,null,"1Jabón en barra azul (Compra)"]
["1UNIÓN TEMPORAL EMINSER SOLOASEO 2023Jabón en barra azul (Compra)",1,"UNIÓN TEMPORAL EMINSER SOLOASEO 2023","Bien",6,"Jabón en barra azul (Compra)",null,null,null,null,3832,null,null,null,null,"1Jabón en barra azul (Compra)"]
["1UNION TEMPORAL OUTSOURCING GIAFJabón en barra azul (Compra)",1,"UNION TEMPORAL OUTSOURCING GIAF","Bien",6,"Jabón en barra azul (Compra)",null,null,null,null,3236,null,null,null,null,"1Jabón en barra azul (Compra)"]
["1UNION TEMPORAL R&J 2022Jabón en barra azul (Compra)",1,"UNION TEMPORAL R&J 2022","Bien",6,"Jabón en barra azul (Compra)",null,null,null,null,3153,null,null,null,null,"1Jabón en barra azul (Compra)"]
["1UNION TEMPORAL SERVICIOS INTEGRALESJabón en barra azul (Compra)",1,"UNION TEMPORAL SERVICIOS INTEGRALES","Bien",6,"Jabón en barra azul (Compra)",null,null,null,null,5043,null,null,null,null,"1Jabón en barra azul (Compra)"]
["1UT EASYCLEAN ASEO PROFESIONALJabón en barra azul (Compra)",1,"UT EASYCLEAN ASEO PROFESIONAL","Bien",6,"Jabón en barra azul (Compra)",null,null,null,null,4994,null,null,null,null,"1Jabón en barra azul (Compra)"]
["1UT GRUPO ADINJabón en barra azul (Compra)",1,"UT GRUPO ADIN","Bien",6,"Jabón en barra azul (Compra)",null,null,null,null,3090,null,null,null,null,"1Jabón en barra azul (Compra)"]
["1ASECOLBAS LTDAJabón abrasivo (Compra)",1,"ASECOLBAS LTDA","Bien",7,"Jabón abrasivo (Compra)",null,null,null,null,4367,null,null,null,null,"1Jabón abrasivo (Compra)"]
["1CLEANER S.A.Jabón abrasivo (Compra)",1,"CLEANER S.A.","Bien",7,"Jabón abrasivo (Compra)",null,null,null,null,3672,null,null,null,null,"1Jabón abrasivo (Compra)"]
["1COMPAÑÍA DE SERVICIOS Y ADMINISTRACIÓN SA SERDAN SAJabón abrasivo (Compra)",1,"COMPAÑÍA DE SERVICIOS Y ADMINISTRACIÓN SA SERDAN SA","Bien",7,"Jabón abrasivo (Compra)",null,null,null,null,3987,null,null,null,null,"1Jabón abrasivo (Compra)"]
["1CONSERJES INMOBILIARIOS LTDAJabón abrasivo (Compra)",1,"CONSERJES INMOBILIARIOS LTDA","Bien",7,"Jabón abrasivo (Compra)",null,null,null,null,4419,null,null,null,null,"1Jabón abrasivo (Compra)"]
["1CONSORCIO ELITEJabón abrasivo (Compra)",1,"CONSORCIO ELITE","Bien",7,"Jabón abrasivo (Compra)",null,null,null,null,5678,null,null,null,null,"1Jabón abrasivo (Compra)"]
["1GRUPO GECJabón abrasivo (Compra)",1,"GRUPO GEC","Bien",7,"Jabón abrasivo (Compra)",null,null,null,null,4512,null,null,null,null,"1Jabón abrasivo (Compra)"]
["1INCIHUILSA SAS ESPJabón abrasivo (Compra)",1,"INCIHUILSA SAS ESP","Bien",7,"Jabón abrasivo (Compra)",null,null,null,null,10420,null,null,null,null,"1Jabón abrasivo (Compra)"]
["1INTERASEO S.A.S. E.S.P.Jabón abrasivo (Compra)",1,"INTERASEO S.A.S. E.S.P.","Bien",7,"Jabón abrasivo (Compra)",null,null,null,null,3584,null,null,null,null,"1Jabón abrasivo (Compra)"]
["1KIOS SASJabón abrasivo (Compra)",1,"KIOS SAS","Bien",7,"Jabón abrasivo (Compra)",null,null,null,null,5326,null,null,null,null,"1Jabón abrasivo (Compra)"]
["1LIMPIEZA INSTITUCIONAL LASU S.A.S.Jabón abrasivo (Compra)",1,"LIMPIEZA INSTITUCIONAL LASU S.A.S.","Bien",7,"Jabón abrasivo (Compra)",null,null,null,null,4225,null,null,null,null,"1Jabón abrasivo (Compra)"]
["1N&R INTEGRAL SERVICE COMPANY S.A.S.Jabón abrasivo (Compra)",1,"N&R INTEGRAL SERVICE COMPANY S.A.S.","Bien",7,"Jabón abrasivo (Compra)",null,null,null,null,5292,null,null,null,null,"1Jabón abrasivo (Compra)"]
["1SOSEGE SASJabón abrasivo (Compra)",1,"SOSEGE SAS","Bien",7,"Jabón abrasivo (Compra)",null,null,null,null,3893,null,null,null,null,"1Jabón abrasivo (Compra)"]
["1UNION  TEMPORAL LADOINSA 2022Jabón abrasivo (Compra)",1,"UNION  TEMPORAL LADOINSA 2022","Bien",7,"Jabón abrasivo (Compra)",null,null,null,null,4945,null,null,null,null,"1Jabón abrasivo (Compra)"]
["1UNIÓN TEMPORAL ASEO COLOMBIA AMP4Jabón abrasivo (Compra)",1,"UNIÓN TEMPORAL ASEO COLOMBIA AMP4","Bien",7,"Jabón abrasivo (Compra)",null,null,null,null,3944,null,null,null,null,"1Jabón abrasivo (Compra)"]
["1UNIÓN TEMPORAL CCE AMP IV 2022Jabón abrasivo (Compra)",1,"UNIÓN TEMPORAL CCE AMP IV 2022","Bien",7,"Jabón abrasivo (Compra)",null,null,null,null,5675,null,null,null,null,"1Jabón abrasivo (Compra)"]
["1UNION TEMPORAL ECOLIMPIEZA 4GJabón abrasivo (Compra)",1,"UNION TEMPORAL ECOLIMPIEZA 4G","Bien",7,"Jabón abrasivo (Compra)",null,null,null,null,4068,null,null,null,null,"1Jabón abrasivo (Compra)"]
["1UNIÓN TEMPORAL EMINSER SOLOASEO 2023Jabón abrasivo (Compra)",1,"UNIÓN TEMPORAL EMINSER SOLOASEO 2023","Bien",7,"Jabón abrasivo (Compra)",null,null,null,null,4372,null,null,null,null,"1Jabón abrasivo (Compra)"]
["1UNION TEMPORAL OUTSOURCING GIAFJabón abrasivo (Compra)",1,"UNION TEMPORAL OUTSOURCING GIAF","Bien",7,"Jabón abrasivo (Compra)",null,null,null,null,3332,null,null,null,null,"1Jabón abrasivo (Compra)"]
["1UNION TEMPORAL R&J 2022Jabón abrasivo (Compra)",1,"UNION TEMPORAL R&J 2022","Bien",7,"Jabón abrasivo (Compra)",null,null,null,null,4265,null,null,null,null,"1Jabón abrasivo (Compra)"]
["1UNION TEMPORAL SERVICIOS INTEGRALESJabón abrasivo (Compra)",1,"UNION TEMPORAL SERVICIOS INTEGRALES","Bien",7,"Jabón abrasivo (Compra)",null,null,null,null,5562,null,null,null,null,"1Jabón abrasivo (Compra)"]
["1UT EASYCLEAN ASEO PROFESIONALJabón abrasivo (Compra)",1,"UT EASYCLEAN ASEO PROFESIONAL","Bien",7,"Jabón abrasivo (Compra)",null,null,null,null,5503,null,null,null,null,"1Jabón abrasivo (Compra)"]
["1UT GRUPO ADINJabón abrasivo (Compra)",1,"UT GRUPO ADIN","Bien",7,"Jabón abrasivo (Compra)",null,null,null,null,4355,null,null,null,null,"1Jabón abrasivo (Compra)"]
["1ASECOLBAS LTDAJabón de tocador 1 (Compra)",1,"ASECOLBAS LTDA","Bien",8,"Jabón de tocador 1 (Compra)",null,null,null,null,7702,null,null,null,null,"1Jabón de tocador 1 (Compra)"]
["1CLEANER S.A.Jabón de tocador 1 (Compra)",1,"CLEANER S.A.","Bien",8,"Jabón de tocador 1 (Compra)",null,null,null,null,2791,null,null,null,null,"1Jabón de tocador 1 (Compra)"]
["1COMPAÑÍA DE SERVICIOS Y ADMINISTRACIÓN SA SERDAN SAJabón de tocador 1 (Compra)",1,"COMPAÑÍA DE SERVICIOS Y ADMINISTRACIÓN SA SERDAN SA","Bien",8,"Jabón de tocador 1 (Compra)",null,null,null,null,2085,null,null,null,null,"1Jabón de tocador 1 (Compra)"]
["1CONSERJES INMOBILIARIOS LTDAJabón de tocador 1 (Compra)",1,"CONSERJES INMOBILIARIOS LTDA","Bien",8,"Jabón de tocador 1 (Compra)",null,null,null,null,7611,null,null,null,null,"1Jabón de tocador 1 (Compra)"]
["1CONSORCIO ELITEJabón de tocador 1 (Compra)",1,"CONSORCIO ELITE","Bien",8,"Jabón de tocador 1 (Compra)",null,null,null,null,5395,null,null,null,null,"1Jabón de tocador 1 (Compra)"]
["1GRUPO GECJabón de tocador 1 (Compra)",1,"GRUPO GEC","Bien",8,"Jabón de tocador 1 (Compra)",null,null,null,null,4017,null,null,null,null,"1Jabón de tocador 1 (Compra)"]
["1INCIHUILSA SAS ESPJabón de tocador 1 (Compra)",1,"INCIHUILSA SAS ESP","Bien",8,"Jabón de tocador 1 (Compra)",null,null,null,null,5559,null,null,null,null,"1Jabón de tocador 1 (Compra)"]
["1INTERASEO S.A.S. E.S.P.Jabón de tocador 1 (Compra)",1,"INTERASEO S.A.S. E.S.P.","Bien",8,"Jabón de tocador 1 (Compra)",null,null,null,null,2843,null,null,null,null,"1Jabón de tocador 1 (Compra)"]
["1KIOS SASJabón de tocador 1 (Compra)",1,"KIOS SAS","Bien",8,"Jabón de tocador 1 (Compra)",null,null,null,null,3803,null,null,null,null,"1Jabón de tocador 1 (Compra)"]
["1LIMPIEZA INSTITUCIONAL LASU S.A.S.Jabón de tocador 1 (Compra)",1,"LIMPIEZA INSTITUCIONAL LASU S.A.S.","Bien",8,"Jabón de tocador 1 (Compra)",null,null,null,null,2370,null,null,null,null,"1Jabón de tocador 1 (Compra)"]
["1N&R INTEGRAL SERVICE COMPANY S.A.S.Jabón de tocador 1 (Compra)",1,"N&R INTEGRAL SERVICE COMPANY S.A.S.","Bien",8,"Jabón de tocador 1 (Compra)",null,null,null,null,5026,null,null,null,null,"1Jabón de tocador 1 (Compra)"]
["1SOSEGE SASJabón de tocador 1 (Compra)",1,"SOSEGE SAS","Bien",8,"Jabón de tocador 1 (Compra)",null,null,null,null,3119,null,null,null,null,"1Jabón de tocador 1 (Compra)"]
["1UNION  TEMPORAL LADOINSA 2022Jabón de tocador 1 (Compra)",1,"UNION  TEMPORAL LADOINSA 2022","Bien",8,"Jabón de tocador 1 (Compra)",null,null,null,null,5562,null,null,null,null,"1Jabón de tocador 1 (Compra)"]
["1UNIÓN TEMPORAL ASEO COLOMBIA AMP4Jabón de tocador 1 (Compra)",1,"UNIÓN TEMPORAL ASEO COLOMBIA AMP4","Bien",8,"Jabón de tocador 1 (Compra)",null,null,null,null,2843,null,null,null,null,"1Jabón de tocador 1 (Compra)"]
["1UNIÓN TEMPORAL CCE AMP IV 2022Jabón de tocador 1 (Compra)",1,"UNIÓN TEMPORAL CCE AMP IV 2022","Bien",8,"Jabón de tocador 1 (Compra)",null,null,null,null,4590,null,null,null,null,"1Jabón de tocador 1 (Compra)"]
["1UNION TEMPORAL ECOLIMPIEZA 4GJabón de tocador 1 (Compra)",1,"UNION TEMPORAL ECOLIMPIEZA 4G","Bien",8,"Jabón de tocador 1 (Compra)",null,null,null,null,2656,null,null,null,null,"1Jabón de tocador 1 (Compra)"]
["1UNIÓN TEMPORAL EMINSER SOLOASEO 2023Jabón de tocador 1 (Compra)",1,"UNIÓN TEMPORAL EMINSER SOLOASEO 2023","Bien",8,"Jabón de tocador 1 (Compra)",null,null,null,null,2955,null,null,null,null,"1Jabón de tocador 1 (Compra)"]
["1UNION TEMPORAL OUTSOURCING GIAFJabón de tocador 1 (Compra)",1,"UNION TEMPORAL OUTSOURCING GIAF","Bien",8,"Jabón de tocador 1 (Compra)",null,null,null,null,3052,null,null,null,null,"1Jabón de tocador 1 (Compra)"]
["1UNION TEMPORAL R&J 2022Jabón de tocador 1 (Compra)",1,"UNION TEMPORAL R&J 2022","Bien",8,"Jabón de tocador 1 (Compra)",null,null,null,null,2967,null,null,null,null,"1Jabón de tocador 1 (Compra)"]
["1UNION TEMPORAL SERVICIOS INTEGRALESJabón de tocador 1 (Compra)",1,"UNION TEMPORAL SERVICIOS INTEGRALES","Bien",8,"Jabón de tocador 1 (Compra)",null,null,null,null,5291,null,null,null,null,"1Jabón de tocador 1 (Compra)"]
["1UT EASYCLEAN ASEO PROFESIONALJabón de tocador 1 (Compra)",1,"UT EASYCLEAN ASEO PROFESIONAL","Bien",8,"Jabón de tocador 1 (Compra)",null,null,null,null,5228,null,null,null,null,"1Jabón de tocador 1 (Compra)"]
["1UT GRUPO ADINJabón de tocador 1 (Compra)",1,"UT GRUPO ADIN","Bien",8,"Jabón de tocador 1 (Compra)",null,null,null,null,3940,null,null,null,null,"1Jabón de tocador 1 (Compra)"]
["1ASECOLBAS LTDAJabón de tocador 2 (Compra)",1,"ASECOLBAS LTDA","Bien",9,"Jabón de tocador 2 (Compra)",null,null,null,null,97161,null,null,null,null,"1Jabón de tocador 2 (Compra)"]
["1CLEANER S.A.Jabón de tocador 2 (Compra)",1,"CLEANER S.A.","Bien",9,"Jabón de tocador 2 (Compra)",null,null,null,null,65211,null,null,null,null,"1Jabón de tocador 2 (Compra)"]
["1COMPAÑÍA DE SERVICIOS Y ADMINISTRACIÓN SA SERDAN SAJabón de tocador 2 (Compra)",1,"COMPAÑÍA DE SERVICIOS Y ADMINISTRACIÓN SA SERDAN SA","Bien",9,"Jabón de tocador 2 (Compra)",null,null,null,null,57793,null,null,null,null,"1Jabón de tocador 2 (Compra)"]
["1CONSERJES INMOBILIARIOS LTDAJabón de tocador 2 (Compra)",1,"CONSERJES INMOBILIARIOS LTDA","Bien",9,"Jabón de tocador 2 (Compra)",null,null,null,null,98322,null,null,null,null,"1Jabón de tocador 2 (Compra)"]
["1CONSORCIO ELITEJabón de tocador 2 (Compra)",1,"CONSORCIO ELITE","Bien",9,"Jabón de tocador 2 (Compra)",null,null,null,null,124831,null,null,null,null,"1Jabón de tocador 2 (Compra)"]
["1GRUPO GECJabón de tocador 2 (Compra)",1,"GRUPO GEC","Bien",9,"Jabón de tocador 2 (Compra)",null,null,null,null,89004,null,null,null,null,"1Jabón de tocador 2 (Compra)"]
["1INCIHUILSA SAS ESPJabón de tocador 2 (Compra)",1,"INCIHUILSA SAS ESP","Bien",9,"Jabón de tocador 2 (Compra)",null,null,null,null,144809,null,null,null,null,"1Jabón de tocador 2 (Compra)"]
["1INTERASEO S.A.S. E.S.P.Jabón de tocador 2 (Compra)",1,"INTERASEO S.A.S. E.S.P.","Bien",9,"Jabón de tocador 2 (Compra)",null,null,null,null,34613,null,null,null,null,"1Jabón de tocador 2 (Compra)"]
["1KIOS SASJabón de tocador 2 (Compra)",1,"KIOS SAS","Bien",9,"Jabón de tocador 2 (Compra)",null,null,null,null,94975,null,null,null,null,"1Jabón de tocador 2 (Compra)"]
["1LIMPIEZA INSTITUCIONAL LASU S.A.S.Jabón de tocador 2 (Compra)",1,"LIMPIEZA INSTITUCIONAL LASU S.A.S.","Bien",9,"Jabón de tocador 2 (Compra)",null,null,null,null,58557,null,null,null,null,"1Jabón de tocador 2 (Compra)"]
["1N&R INTEGRAL SERVICE COMPANY S.A.S.Jabón de tocador 2 (Compra)",1,"N&R INTEGRAL SERVICE COMPANY S.A.S.","Bien",9,"Jabón de tocador 2 (Compra)",null,null,null,null,116335,null,null,null,null,"1Jabón de tocador 2 (Compra)"]
["1SOSEGE SASJabón de tocador 2 (Compra)",1,"SOSEGE SAS","Bien",9,"Jabón de tocador 2 (Compra)",null,null,null,null,63047,null,null,null,null,"1Jabón de tocador 2 (Compra)"]
["1UNION  TEMPORAL LADOINSA 2022Jabón de tocador 2 (Compra)",1,"UNION  TEMPORAL LADOINSA 2022","Bien",9,"Jabón de tocador 2 (Compra)",null,null,null,null,97287,null,null,null,null,"1Jabón de tocador 2 (Compra)"]
["1UNIÓN TEMPORAL ASEO COLOMBIA AMP4Jabón de tocador 2 (Compra)",1,"UNIÓN TEMPORAL ASEO COLOMBIA AMP4","Bien",9,"Jabón de tocador 2 (Compra)",null,null,null,null,67095,null,null,null,null,"1Jabón de tocador 2 (Compra)"]
["1UNIÓN TEMPORAL CCE AMP IV 2022Jabón de tocador 2 (Compra)",1,"UNIÓN TEMPORAL CCE AMP IV 2022","Bien",9,"Jabón de tocador 2 (Compra)",null,null,null,null,120038,null,null,null,null,"1Jabón de tocador 2 (Compra)"]
["1UNION TEMPORAL ECOLIMPIEZA 4GJabón de tocador 2 (Compra)",1,"UNION TEMPORAL ECOLIMPIEZA 4G","Bien",9,"Jabón de tocador 2 (Compra)",null,null,null,null,49447,null,null,null,null,"1Jabón de tocador 2 (Compra)"]
["1UNIÓN TEMPORAL EMINSER SOLOASEO 2023Jabón de tocador 2 (Compra)",1,"UNIÓN TEMPORAL EMINSER SOLOASEO 2023","Bien",9,"Jabón de tocador 2 (Compra)",null,null,null,null,88263,null,null,null,null,"1Jabón de tocador 2 (Compra)"]
["1UNION TEMPORAL OUTSOURCING GIAFJabón de tocador 2 (Compra)",1,"UNION TEMPORAL OUTSOURCING GIAF","Bien",9,"Jabón de tocador 2 (Compra)",null,null,null,null,56460,null,null,null,null,"1Jabón de tocador 2 (Compra)"]
["1UNION TEMPORAL R&J 2022Jabón de tocador 2 (Compra)",1,"UNION TEMPORAL R&J 2022","Bien",9,"Jabón de tocador 2 (Compra)",null,null,null,null,51919,null,null,null,null,"1Jabón de tocador 2 (Compra)"]
["1UNION TEMPORAL SERVICIOS INTEGRALESJabón de tocador 2 (Compra)",1,"UNION TEMPORAL SERVICIOS INTEGRALES","Bien",9,"Jabón de tocador 2 (Compra)",null,null,null,null,122530,null,null,null,null,"1Jabón de tocador 2 (Compra)"]
["1UT EASYCLEAN ASEO PROFESIONALJabón de tocador 2 (Compra)",1,"UT EASYCLEAN ASEO PROFESIONAL","Bien",9,"Jabón de tocador 2 (Compra)",null,null,null,null,120985,null,null,null,null,"1Jabón de tocador 2 (Compra)"]
["1UT GRUPO ADINJabón de tocador 2 (Compra)",1,"UT GRUPO ADIN","Bien",9,"Jabón de tocador 2 (Compra)",null,null,null,null,48211,null,null,null,null,"1Jabón de tocador 2 (Compra)"]
["1ASECOLBAS LTDAJabón de dispensador para manos 1 (Compra)",1,"ASECOLBAS LTDA","Bien",10,"Jabón de dispensador para manos 1 (Compra)",null,null,null,null,5137,null,null,null,null,"1Jabón de dispensador para manos 1 (Compra)"]
["1CLEANER S.A.Jabón de dispensador para manos 1 (Compra)",1,"CLEANER S.A.","Bien",10,"Jabón de dispensador para manos 1 (Compra)",null,null,null,null,5137,null,null,null,null,"1Jabón de dispensador para manos 1 (Compra)"]
["1COMPAÑÍA DE SERVICIOS Y ADMINISTRACIÓN SA SERDAN SAJabón de dispensador para manos 1 (Compra)",1,"COMPAÑÍA DE SERVICIOS Y ADMINISTRACIÓN SA SERDAN SA","Bien",10,"Jabón de dispensador para manos 1 (Compra)",null,null,null,null,2165,null,null,null,null,"1Jabón de dispensador para manos 1 (Compra)"]
["1CONSERJES INMOBILIARIOS LTDAJabón de dispensador para manos 1 (Compra)",1,"CONSERJES INMOBILIARIOS LTDA","Bien",10,"Jabón de dispensador para manos 1 (Compra)",null,null,null,null,5076,null,null,null,null,"1Jabón de dispensador para manos 1 (Compra)"]
["1CONSORCIO ELITEJabón de dispensador para manos 1 (Compra)",1,"CONSORCIO ELITE","Bien",10,"Jabón de dispensador para manos 1 (Compra)",null,null,null,null,6182,null,null,null,null,"1Jabón de dispensador para manos 1 (Compra)"]
["1GRUPO GECJabón de dispensador para manos 1 (Compra)",1,"GRUPO GEC","Bien",10,"Jabón de dispensador para manos 1 (Compra)",null,null,null,null,6551,null,null,null,null,"1Jabón de dispensador para manos 1 (Compra)"]
["1INCIHUILSA SAS ESPJabón de dispensador para manos 1 (Compra)",1,"INCIHUILSA SAS ESP","Bien",10,"Jabón de dispensador para manos 1 (Compra)",null,null,null,null,16396,null,null,null,null,"1Jabón de dispensador para manos 1 (Compra)"]
["1INTERASEO S.A.S. E.S.P.Jabón de dispensador para manos 1 (Compra)",1,"INTERASEO S.A.S. E.S.P.","Bien",10,"Jabón de dispensador para manos 1 (Compra)",null,null,null,null,4326,null,null,null,null,"1Jabón de dispensador para manos 1 (Compra)"]
["1KIOS SASJabón de dispensador para manos 1 (Compra)",1,"KIOS SAS","Bien",10,"Jabón de dispensador para manos 1 (Compra)",null,null,null,null,5266,null,null,null,null,"1Jabón de dispensador para manos 1 (Compra)"]
["1LIMPIEZA INSTITUCIONAL LASU S.A.S.Jabón de dispensador para manos 1 (Compra)",1,"LIMPIEZA INSTITUCIONAL LASU S.A.S.","Bien",10,"Jabón de dispensador para manos 1 (Compra)",null,null,null,null,2459,null,null,null,null,"1Jabón de dispensador para manos 1 (Compra)"]
["1N&R INTEGRAL SERVICE COMPANY S.A.S.Jabón de dispensador para manos 1 (Compra)",1,"N&R INTEGRAL SERVICE COMPANY S.A.S.","Bien",10,"Jabón de dispensador para manos 1 (Compra)",null,null,null,null,5762,null,null,null,null,"1Jabón de dispensador para manos 1 (Compra)"]
["1SOSEGE SASJabón de dispensador para manos 1 (Compra)",1,"SOSEGE SAS","Bien",10,"Jabón de dispensador para manos 1 (Compra)",null,null,null,null,4900,null,null,null,null,"1Jabón de dispensador para manos 1 (Compra)"]
["1UNION  TEMPORAL LADOINSA 2022Jabón de dispensador para manos 1 (Compra)",1,"UNION  TEMPORAL LADOINSA 2022","Bien",10,"Jabón de dispensador para manos 1 (Compra)",null,null,null,null,5562,null,null,null,null,"1Jabón de dispensador para manos 1 (Compra)"]
["1UNIÓN TEMPORAL ASEO COLOMBIA AMP4Jabón de dispensador para manos 1 (Compra)",1,"UNIÓN TEMPORAL ASEO COLOMBIA AMP4","Bien",10,"Jabón de dispensador para manos 1 (Compra)",null,null,null,null,5275,null,null,null,null,"1Jabón de dispensador para manos 1 (Compra)"]
["1UNIÓN TEMPORAL CCE AMP IV 2022Jabón de dispensador para manos 1 (Compra)",1,"UNIÓN TEMPORAL CCE AMP IV 2022","Bien",10,"Jabón de dispensador para manos 1 (Compra)",null,null,null,null,5260,null,null,null,null,"1Jabón de dispensador para manos 1 (Compra)"]
["1UNION TEMPORAL ECOLIMPIEZA 4GJabón de dispensador para manos 1 (Compra)",1,"UNION TEMPORAL ECOLIMPIEZA 4G","Bien",10,"Jabón de dispensador para manos 1 (Compra)",null,null,null,null,3296,null,null,null,null,"1Jabón de dispensador para manos 1 (Compra)"]
["1UNIÓN TEMPORAL EMINSER SOLOASEO 2023Jabón de dispensador para manos 1 (Compra)",1,"UNIÓN TEMPORAL EMINSER SOLOASEO 2023","Bien",10,"Jabón de dispensador para manos 1 (Compra)",null,null,null,null,4597,null,null,null,null,"1Jabón de dispensador para manos 1 (Compra)"]
["1UNION TEMPORAL OUTSOURCING GIAFJabón de dispensador para manos 1 (Compra)",1,"UNION TEMPORAL OUTSOURCING GIAF","Bien",10,"Jabón de dispensador para manos 1 (Compra)",null,null,null,null,3967,null,null,null,null,"1Jabón de dispensador para manos 1 (Compra)"]
["1UNION TEMPORAL R&J 2022Jabón de dispensador para manos 1 (Compra)",1,"UNION TEMPORAL R&J 2022","Bien",10,"Jabón de dispensador para manos 1 (Compra)",null,null,null,null,4636,null,null,null,null,"1Jabón de dispensador para manos 1 (Compra)"]
["1UNION TEMPORAL SERVICIOS INTEGRALESJabón de dispensador para manos 1 (Compra)",1,"UNION TEMPORAL SERVICIOS INTEGRALES","Bien",10,"Jabón de dispensador para manos 1 (Compra)",null,null,null,null,6045,null,null,null,null,"1Jabón de dispensador para manos 1 (Compra)"]
["1UT EASYCLEAN ASEO PROFESIONALJabón de dispensador para manos 1 (Compra)",1,"UT EASYCLEAN ASEO PROFESIONAL","Bien",10,"Jabón de dispensador para manos 1 (Compra)",null,null,null,null,5992,null,null,null,null,"1Jabón de dispensador para manos 1 (Compra)"]
["1UT GRUPO ADINJabón de dispensador para manos 1 (Compra)",1,"UT GRUPO ADIN","Bien",10,"Jabón de dispensador para manos 1 (Compra)",null,null,null,null,6268,null,null,null,null,"1Jabón de dispensador para manos 1 (Compra)"]
["1ASECOLBAS LTDAJabón de dispensador para manos 2 (Compra)",1,"ASECOLBAS LTDA","Bien",11,"Jabón de dispensador para manos 2 (Compra)",null,null,null,null,8086,null,null,null,null,"1Jabón de dispensador para manos 2 (Compra)"]
["1CLEANER S.A.Jabón de dispensador para manos 2 (Compra)",1,"CLEANER S.A.","Bien",11,"Jabón de dispensador para manos 2 (Compra)",null,null,null,null,14695,null,null,null,null,"1Jabón de dispensador para manos 2 (Compra)"]
["1COMPAÑÍA DE SERVICIOS Y ADMINISTRACIÓN SA SERDAN SAJabón de dispensador para manos 2 (Compra)",1,"COMPAÑÍA DE SERVICIOS Y ADMINISTRACIÓN SA SERDAN SA","Bien",11,"Jabón de dispensador para manos 2 (Compra)",null,null,null,null,10741,null,null,null,null,"1Jabón de dispensador para manos 2 (Compra)"]
["1CONSERJES INMOBILIARIOS LTDAJabón de dispensador para manos 2 (Compra)",1,"CONSERJES INMOBILIARIOS LTDA","Bien",11,"Jabón de dispensador para manos 2 (Compra)",null,null,null,null,8183,null,null,null,null,"1Jabón de dispensador para manos 2 (Compra)"]
["1CONSORCIO ELITEJabón de dispensador para manos 2 (Compra)",1,"CONSORCIO ELITE","Bien",11,"Jabón de dispensador para manos 2 (Compra)",null,null,null,null,14813,null,null,null,null,"1Jabón de dispensador para manos 2 (Compra)"]
["1GRUPO GECJabón de dispensador para manos 2 (Compra)",1,"GRUPO GEC","Bien",11,"Jabón de dispensador para manos 2 (Compra)",null,null,null,null,18543,null,null,null,null,"1Jabón de dispensador para manos 2 (Compra)"]
["1INCIHUILSA SAS ESPJabón de dispensador para manos 2 (Compra)",1,"INCIHUILSA SAS ESP","Bien",11,"Jabón de dispensador para manos 2 (Compra)",null,null,null,null,54745,null,null,null,null,"1Jabón de dispensador para manos 2 (Compra)"]
["1INTERASEO S.A.S. E.S.P.Jabón de dispensador para manos 2 (Compra)",1,"INTERASEO S.A.S. E.S.P.","Bien",11,"Jabón de dispensador para manos 2 (Compra)",null,null,null,null,1608,null,null,null,null,"1Jabón de dispensador para manos 2 (Compra)"]
["1KIOS SASJabón de dispensador para manos 2 (Compra)",1,"KIOS SAS","Bien",11,"Jabón de dispensador para manos 2 (Compra)",null,null,null,null,13098,null,null,null,null,"1Jabón de dispensador para manos 2 (Compra)"]
["1LIMPIEZA INSTITUCIONAL LASU S.A.S.Jabón de dispensador para manos 2 (Compra)",1,"LIMPIEZA INSTITUCIONAL LASU S.A.S.","Bien",11,"Jabón de dispensador para manos 2 (Compra)",null,null,null,null,7815,null,null,null,null,"1Jabón de dispensador para manos 2 (Compra)"]
["1N&R INTEGRAL SERVICE COMPANY S.A.S.Jabón de dispensador para manos 2 (Compra)",1,"N&R INTEGRAL SERVICE COMPANY S.A.S.","Bien",11,"Jabón de dispensador para manos 2 (Compra)",null,null,null,null,13805,null,null,null,null,"1Jabón de dispensador para manos 2 (Compra)"]
["1SOSEGE SASJabón de dispensador para manos 2 (Compra)",1,"SOSEGE SAS","Bien",11,"Jabón de dispensador para manos 2 (Compra)",null,null,null,null,15920,null,null,null,null,"1Jabón de dispensador para manos 2 (Compra)"]
["1UNION  TEMPORAL LADOINSA 2022Jabón de dispensador para manos 2 (Compra)",1,"UNION  TEMPORAL LADOINSA 2022","Bien",11,"Jabón de dispensador para manos 2 (Compra)",null,null,null,null,12362,null,null,null,null,"1Jabón de dispensador para manos 2 (Compra)"]
["1UNIÓN TEMPORAL ASEO COLOMBIA AMP4Jabón de dispensador para manos 2 (Compra)",1,"UNIÓN TEMPORAL ASEO COLOMBIA AMP4","Bien",11,"Jabón de dispensador para manos 2 (Compra)",null,null,null,null,16989,null,null,null,null,"1Jabón de dispensador para manos 2 (Compra)"]
["1UNIÓN TEMPORAL CCE AMP IV 2022Jabón de dispensador para manos 2 (Compra)",1,"UNIÓN TEMPORAL CCE AMP IV 2022","Bien",11,"Jabón de dispensador para manos 2 (Compra)",null,null,null,null,12544,null,null,null,null,"1Jabón de dispensador para manos 2 (Compra)"]
["1UNION TEMPORAL ECOLIMPIEZA 4GJabón de dispensador para manos 2 (Compra)",1,"UNION TEMPORAL ECOLIMPIEZA 4G","Bien",11,"Jabón de dispensador para manos 2 (Compra)",null,null,null,null,9935,null,null,null,null,"1Jabón de dispensador para manos 2 (Compra)"]
["1UNIÓN TEMPORAL EMINSER SOLOASEO 2023Jabón de dispensador para manos 2 (Compra)",1,"UNIÓN TEMPORAL EMINSER SOLOASEO 2023","Bien",11,"Jabón de dispensador para manos 2 (Compra)",null,null,null,null,19964,null,null,null,null,"1Jabón de dispensador para manos 2 (Compra)"]
["1UNION TEMPORAL OUTSOURCING GIAFJabón de dispensador para manos 2 (Compra)",1,"UNION TEMPORAL OUTSOURCING GIAF","Bien",11,"Jabón de dispensador para manos 2 (Compra)",null,null,null,null,9414,null,null,null,null,"1Jabón de dispensador para manos 2 (Compra)"]
["1UNION TEMPORAL R&J 2022Jabón de dispensador para manos 2 (Compra)",1,"UNION TEMPORAL R&J 2022","Bien",11,"Jabón de dispensador para manos 2 (Compra)",null,null,null,null,11126,null,null,null,null,"1Jabón de dispensador para manos 2 (Compra)"]
["1UNION TEMPORAL SERVICIOS INTEGRALESJabón de dispensador para manos 2 (Compra)",1,"UNION TEMPORAL SERVICIOS INTEGRALES","Bien",11,"Jabón de dispensador para manos 2 (Compra)",null,null,null,null,14488,null,null,null,null,"1Jabón de dispensador para manos 2 (Compra)"]
["1UT EASYCLEAN ASEO PROFESIONALJabón de dispensador para manos 2 (Compra)",1,"UT EASYCLEAN ASEO PROFESIONAL","Bien",11,"Jabón de dispensador para manos 2 (Compra)",null,null,null,null,14357,null,null,null,null,"1Jabón de dispensador para manos 2 (Compra)"]
["1UT GRUPO ADINJabón de dispensador para manos 2 (Compra)",1,"UT GRUPO ADIN","Bien",11,"Jabón de dispensador para manos 2 (Compra)",null,null,null,null,17645,null,null,null,null,"1Jabón de dispensador para manos 2 (Compra)"]
["1ASECOLBAS LTDAJabón de dispensador para manos 3 (Compra)",1,"ASECOLBAS LTDA","Bien",12,"Jabón de dispensador para manos 3 (Compra)",null,null,null,null,8359,null,null,null,null,"1Jabón de dispensador para manos 3 (Compra)"]
["1CLEANER S.A.Jabón de dispensador para manos 3 (Compra)",1,"CLEANER S.A.","Bien",12,"Jabón de dispensador para manos 3 (Compra)",null,null,null,null,14695,null,null,null,null,"1Jabón de dispensador para manos 3 (Compra)"]
["1COMPAÑÍA DE SERVICIOS Y ADMINISTRACIÓN SA SERDAN SAJabón de dispensador para manos 3 (Compra)",1,"COMPAÑÍA DE SERVICIOS Y ADMINISTRACIÓN SA SERDAN SA","Bien",12,"Jabón de dispensador para manos 3 (Compra)",null,null,null,null,10741,null,null,null,null,"1Jabón de dispensador para manos 3 (Compra)"]
["1CONSERJES INMOBILIARIOS LTDAJabón de dispensador para manos 3 (Compra)",1,"CONSERJES INMOBILIARIOS LTDA","Bien",12,"Jabón de dispensador para manos 3 (Compra)",null,null,null,null,8259,null,null,null,null,"1Jabón de dispensador para manos 3 (Compra)"]
["1CONSORCIO ELITEJabón de dispensador para manos 3 (Compra)",1,"CONSORCIO ELITE","Bien",12,"Jabón de dispensador para manos 3 (Compra)",null,null,null,null,16919,null,null,null,null,"1Jabón de dispensador para manos 3 (Compra)"]
["1GRUPO GECJabón de dispensador para manos 3 (Compra)",1,"GRUPO GEC","Bien",12,"Jabón de dispensador para manos 3 (Compra)",null,null,null,null,20397,null,null,null,null,"1Jabón de dispensador para manos 3 (Compra)"]
["1INCIHUILSA SAS ESPJabón de dispensador para manos 3 (Compra)",1,"INCIHUILSA SAS ESP","Bien",12,"Jabón de dispensador para manos 3 (Compra)",null,null,null,null,58424,null,null,null,null,"1Jabón de dispensador para manos 3 (Compra)"]
["1INTERASEO S.A.S. E.S.P.Jabón de dispensador para manos 3 (Compra)",1,"INTERASEO S.A.S. E.S.P.","Bien",12,"Jabón de dispensador para manos 3 (Compra)",null,null,null,null,32140,null,null,null,null,"1Jabón de dispensador para manos 3 (Compra)"]
["1KIOS SASJabón de dispensador para manos 3 (Compra)",1,"KIOS SAS","Bien",12,"Jabón de dispensador para manos 3 (Compra)",null,null,null,null,14612,null,null,null,null,"1Jabón de dispensador para manos 3 (Compra)"]
["1LIMPIEZA INSTITUCIONAL LASU S.A.S.Jabón de dispensador para manos 3 (Compra)",1,"LIMPIEZA INSTITUCIONAL LASU S.A.S.","Bien",12,"Jabón de dispensador para manos 3 (Compra)",null,null,null,null,7105,null,null,null,null,"1Jabón de dispensador para manos 3 (Compra)"]
["1N&R INTEGRAL SERVICE COMPANY S.A.S.Jabón de dispensador para manos 3 (Compra)",1,"N&R INTEGRAL SERVICE COMPANY S.A.S.","Bien",12,"Jabón de dispensador para manos 3 (Compra)",null,null,null,null,15767,null,null,null,null,"1Jabón de dispensador para manos 3 (Compra)"]
["1SOSEGE SASJabón de dispensador para manos 3 (Compra)",1,"SOSEGE SAS","Bien",12,"Jabón de dispensador para manos 3 (Compra)",null,null,null,null,20812,null,null,null,null,"1Jabón de dispensador para manos 3 (Compra)"]
["1UNION  TEMPORAL LADOINSA 2022Jabón de dispensador para manos 3 (Compra)",1,"UNION  TEMPORAL LADOINSA 2022","Bien",12,"Jabón de dispensador para manos 3 (Compra)",null,null,null,null,13104,null,null,null,null,"1Jabón de dispensador para manos 3 (Compra)"]
["1UNIÓN TEMPORAL ASEO COLOMBIA AMP4Jabón de dispensador para manos 3 (Compra)",1,"UNIÓN TEMPORAL ASEO COLOMBIA AMP4","Bien",12,"Jabón de dispensador para manos 3 (Compra)",null,null,null,null,19760,null,null,null,null,"1Jabón de dispensador para manos 3 (Compra)"]
["1UNIÓN TEMPORAL CCE AMP IV 2022Jabón de dispensador para manos 3 (Compra)",1,"UNIÓN TEMPORAL CCE AMP IV 2022","Bien",12,"Jabón de dispensador para manos 3 (Compra)",null,null,null,null,14395,null,null,null,null,"1Jabón de dispensador para manos 3 (Compra)"]
["1UNION TEMPORAL ECOLIMPIEZA 4GJabón de dispensador para manos 3 (Compra)",1,"UNION TEMPORAL ECOLIMPIEZA 4G","Bien",12,"Jabón de dispensador para manos 3 (Compra)",null,null,null,null,10297,null,null,null,null,"1Jabón de dispensador para manos 3 (Compra)"]
["1UNIÓN TEMPORAL EMINSER SOLOASEO 2023Jabón de dispensador para manos 3 (Compra)",1,"UNIÓN TEMPORAL EMINSER SOLOASEO 2023","Bien",12,"Jabón de dispensador para manos 3 (Compra)",null,null,null,null,22066,null,null,null,null,"1Jabón de dispensador para manos 3 (Compra)"]
["1UNION TEMPORAL OUTSOURCING GIAFJabón de dispensador para manos 3 (Compra)",1,"UNION TEMPORAL OUTSOURCING GIAF","Bien",12,"Jabón de dispensador para manos 3 (Compra)",null,null,null,null,10297,null,null,null,null,"1Jabón de dispensador para manos 3 (Compra)"]
["1UNION TEMPORAL R&J 2022Jabón de dispensador para manos 3 (Compra)",1,"UNION TEMPORAL R&J 2022","Bien",12,"Jabón de dispensador para manos 3 (Compra)",null,null,null,null,11496,null,null,null,null,"1Jabón de dispensador para manos 3 (Compra)"]
["1UNION TEMPORAL SERVICIOS INTEGRALESJabón de dispensador para manos 3 (Compra)",1,"UNION TEMPORAL SERVICIOS INTEGRALES","Bien",12,"Jabón de dispensador para manos 3 (Compra)",null,null,null,null,16515,null,null,null,null,"1Jabón de dispensador para manos 3 (Compra)"]
["1UT EASYCLEAN ASEO PROFESIONALJabón de dispensador para manos 3 (Compra)",1,"UT EASYCLEAN ASEO PROFESIONAL","Bien",12,"Jabón de dispensador para manos 3 (Compra)",null,null,null,null,16396,null,null,null,null,"1Jabón de dispensador para manos 3 (Compra)"]
["1UT GRUPO ADINJabón de dispensador para manos 3 (Compra)",1,"UT GRUPO ADIN","Bien",12,"Jabón de dispensador para manos 3 (Compra)",null,null,null,null,19596,null,null,null,null,"1Jabón de dispensador para manos 3 (Compra)"]
["1ASECOLBAS LTDAGel antibacterial para manos (Compra)",1,"ASECOLBAS LTDA","Bien",13,"Gel antibacterial para manos (Compra)",null,null,null,null,30712,null,null,null,null,"1Gel antibacterial para manos (Compra)"]
["1CLEANER S.A.Gel antibacterial para manos (Compra)",1,"CLEANER S.A.","Bien",13,"Gel antibacterial para manos (Compra)",null,null,null,null,34393,null,null,null,null,"1Gel antibacterial para manos (Compra)"]
["1COMPAÑÍA DE SERVICIOS Y ADMINISTRACIÓN SA SERDAN SAGel antibacterial para manos (Compra)",1,"COMPAÑÍA DE SERVICIOS Y ADMINISTRACIÓN SA SERDAN SA","Bien",13,"Gel antibacterial para manos (Compra)",null,null,null,null,36471,null,null,null,null,"1Gel antibacterial para manos (Compra)"]
["1CONSERJES INMOBILIARIOS LTDAGel antibacterial para manos (Compra)",1,"CONSERJES INMOBILIARIOS LTDA","Bien",13,"Gel antibacterial para manos (Compra)",null,null,null,null,31078,null,null,null,null,"1Gel antibacterial para manos (Compra)"]
["1CONSORCIO ELITEGel antibacterial para manos (Compra)",1,"CONSORCIO ELITE","Bien",13,"Gel antibacterial para manos (Compra)",null,null,null,null,45641,null,null,null,null,"1Gel antibacterial para manos (Compra)"]
["1GRUPO GECGel antibacterial para manos (Compra)",1,"GRUPO GEC","Bien",13,"Gel antibacterial para manos (Compra)",null,null,null,null,46357,null,null,null,null,"1Gel antibacterial para manos (Compra)"]
["1INCIHUILSA SAS ESPGel antibacterial para manos (Compra)",1,"INCIHUILSA SAS ESP","Bien",13,"Gel antibacterial para manos (Compra)",null,null,null,null,105958,null,null,null,null,"1Gel antibacterial para manos (Compra)"]
["1INTERASEO S.A.S. E.S.P.Gel antibacterial para manos (Compra)",1,"INTERASEO S.A.S. E.S.P.","Bien",13,"Gel antibacterial para manos (Compra)",null,null,null,null,32140,null,null,null,null,"1Gel antibacterial para manos (Compra)"]
["1KIOS SASGel antibacterial para manos (Compra)",1,"KIOS SAS","Bien",13,"Gel antibacterial para manos (Compra)",null,null,null,null,37741,null,null,null,null,"1Gel antibacterial para manos (Compra)"]
["1LIMPIEZA INSTITUCIONAL LASU S.A.S.Gel antibacterial para manos (Compra)",1,"LIMPIEZA INSTITUCIONAL LASU S.A.S.","Bien",13,"Gel antibacterial para manos (Compra)",null,null,null,null,15163,null,null,null,null,"1Gel antibacterial para manos (Compra)"]
["1N&R INTEGRAL SERVICE COMPANY S.A.S.Gel antibacterial para manos (Compra)",1,"N&R INTEGRAL SERVICE COMPANY S.A.S.","Bien",13,"Gel antibacterial para manos (Compra)",null,null,null,null,42535,null,null,null,null,"1Gel antibacterial para manos (Compra)"]
["1SOSEGE SASGel antibacterial para manos (Compra)",1,"SOSEGE SAS","Bien",13,"Gel antibacterial para manos (Compra)",null,null,null,null,36791,null,null,null,null,"1Gel antibacterial para manos (Compra)"]
["1UNION  TEMPORAL LADOINSA 2022Gel antibacterial para manos (Compra)",1,"UNION  TEMPORAL LADOINSA 2022","Bien",13,"Gel antibacterial para manos (Compra)",null,null,null,null,30286,null,null,null,null,"1Gel antibacterial para manos (Compra)"]
["1UNIÓN TEMPORAL ASEO COLOMBIA AMP4Gel antibacterial para manos (Compra)",1,"UNIÓN TEMPORAL ASEO COLOMBIA AMP4","Bien",13,"Gel antibacterial para manos (Compra)",null,null,null,null,46233,null,null,null,null,"1Gel antibacterial para manos (Compra)"]
["1UNIÓN TEMPORAL CCE AMP IV 2022Gel antibacterial para manos (Compra)",1,"UNIÓN TEMPORAL CCE AMP IV 2022","Bien",13,"Gel antibacterial para manos (Compra)",null,null,null,null,38490,null,null,null,null,"1Gel antibacterial para manos (Compra)"]
["1UNION TEMPORAL ECOLIMPIEZA 4GGel antibacterial para manos (Compra)",1,"UNION TEMPORAL ECOLIMPIEZA 4G","Bien",13,"Gel antibacterial para manos (Compra)",null,null,null,null,32075,null,null,null,null,"1Gel antibacterial para manos (Compra)"]
["1UNIÓN TEMPORAL EMINSER SOLOASEO 2023Gel antibacterial para manos (Compra)",1,"UNIÓN TEMPORAL EMINSER SOLOASEO 2023","Bien",13,"Gel antibacterial para manos (Compra)",null,null,null,null,23905,null,null,null,null,"1Gel antibacterial para manos (Compra)"]
["1UNION TEMPORAL OUTSOURCING GIAFGel antibacterial para manos (Compra)",1,"UNION TEMPORAL OUTSOURCING GIAF","Bien",13,"Gel antibacterial para manos (Compra)",null,null,null,null,28945,null,null,null,null,"1Gel antibacterial para manos (Compra)"]
["1UNION TEMPORAL R&J 2022Gel antibacterial para manos (Compra)",1,"UNION TEMPORAL R&J 2022","Bien",13,"Gel antibacterial para manos (Compra)",null,null,null,null,22252,null,null,null,null,"1Gel antibacterial para manos (Compra)"]
["1UNION TEMPORAL SERVICIOS INTEGRALESGel antibacterial para manos (Compra)",1,"UNION TEMPORAL SERVICIOS INTEGRALES","Bien",13,"Gel antibacterial para manos (Compra)",null,null,null,null,44551,null,null,null,null,"1Gel antibacterial para manos (Compra)"]
["1UT EASYCLEAN ASEO PROFESIONALGel antibacterial para manos (Compra)",1,"UT EASYCLEAN ASEO PROFESIONAL","Bien",13,"Gel antibacterial para manos (Compra)",null,null,null,null,44235,null,null,null,null,"1Gel antibacterial para manos (Compra)"]
["1UT GRUPO ADINGel antibacterial para manos (Compra)",1,"UT GRUPO ADIN","Bien",13,"Gel antibacterial para manos (Compra)",null,null,null,null,46694,null,null,null,null,"1Gel antibacterial para manos (Compra)"]
["1ASECOLBAS LTDADispensador de gel antibacterial para manos (Compra)",1,"ASECOLBAS LTDA","Bien",14,"Dispensador de gel antibacterial para manos (Compra)",null,null,null,null,32421,null,null,null,null,"1Dispensador de gel antibacterial para manos (Compra)"]
["1CLEANER S.A.Dispensador de gel antibacterial para manos (Compra)",1,"CLEANER S.A.","Bien",14,"Dispensador de gel antibacterial para manos (Compra)",null,null,null,null,29075,null,null,null,null,"1Dispensador de gel antibacterial para manos (Compra)"]
["1COMPAÑÍA DE SERVICIOS Y ADMINISTRACIÓN SA SERDAN SADispensador de gel antibacterial para manos (Compra)",1,"COMPAÑÍA DE SERVICIOS Y ADMINISTRACIÓN SA SERDAN SA","Bien",14,"Dispensador de gel antibacterial para manos (Compra)",null,null,null,null,28082,null,null,null,null,"1Dispensador de gel antibacterial para manos (Compra)"]
["1CONSERJES INMOBILIARIOS LTDADispensador de gel antibacterial para manos (Compra)",1,"CONSERJES INMOBILIARIOS LTDA","Bien",14,"Dispensador de gel antibacterial para manos (Compra)",null,null,null,null,32038,null,null,null,null,"1Dispensador de gel antibacterial para manos (Compra)"]
["1CONSORCIO ELITEDispensador de gel antibacterial para manos (Compra)",1,"CONSORCIO ELITE","Bien",14,"Dispensador de gel antibacterial para manos (Compra)",null,null,null,null,40734,null,null,null,null,"1Dispensador de gel antibacterial para manos (Compra)"]
["1GRUPO GECDispensador de gel antibacterial para manos (Compra)",1,"GRUPO GEC","Bien",14,"Dispensador de gel antibacterial para manos (Compra)",null,null,null,null,25959,null,null,null,null,"1Dispensador de gel antibacterial para manos (Compra)"]
["1INCIHUILSA SAS ESPDispensador de gel antibacterial para manos (Compra)",1,"INCIHUILSA SAS ESP","Bien",14,"Dispensador de gel antibacterial para manos (Compra)",null,null,null,null,5277,null,null,null,null,"1Dispensador de gel antibacterial para manos (Compra)"]
["1INTERASEO S.A.S. E.S.P.Dispensador de gel antibacterial para manos (Compra)",1,"INTERASEO S.A.S. E.S.P.","Bien",14,"Dispensador de gel antibacterial para manos (Compra)",null,null,null,null,5934,null,null,null,null,"1Dispensador de gel antibacterial para manos (Compra)"]
["1KIOS SASDispensador de gel antibacterial para manos (Compra)",1,"KIOS SAS","Bien",14,"Dispensador de gel antibacterial para manos (Compra)",null,null,null,null,53509,null,null,null,null,"1Dispensador de gel antibacterial para manos (Compra)"]
["1LIMPIEZA INSTITUCIONAL LASU S.A.S.Dispensador de gel antibacterial para manos (Compra)",1,"LIMPIEZA INSTITUCIONAL LASU S.A.S.","Bien",14,"Dispensador de gel antibacterial para manos (Compra)",null,null,null,null,19253,null,null,null,null,"1Dispensador de gel antibacterial para manos (Compra)"]
["1N&R INTEGRAL SERVICE COMPANY S.A.S.Dispensador de gel antibacterial para manos (Compra)",1,"N&R INTEGRAL SERVICE COMPANY S.A.S.","Bien",14,"Dispensador de gel antibacterial para manos (Compra)",null,null,null,null,37963,null,null,null,null,"1Dispensador de gel antibacterial para manos (Compra)"]
["1SOSEGE SASDispensador de gel antibacterial para manos (Compra)",1,"SOSEGE SAS","Bien",14,"Dispensador de gel antibacterial para manos (Compra)",null,null,null,null,54738,null,null,null,null,"1Dispensador de gel antibacterial para manos (Compra)"]
["1UNION  TEMPORAL LADOINSA 2022Dispensador de gel antibacterial para manos (Compra)",1,"UNION  TEMPORAL LADOINSA 2022","Bien",14,"Dispensador de gel antibacterial para manos (Compra)",null,null,null,null,40423,null,null,null,null,"1Dispensador de gel antibacterial para manos (Compra)"]
["1UNIÓN TEMPORAL ASEO COLOMBIA AMP4Dispensador de gel antibacterial para manos (Compra)",1,"UNIÓN TEMPORAL ASEO COLOMBIA AMP4","Bien",14,"Dispensador de gel antibacterial para manos (Compra)",null,null,null,null,29746,null,null,null,null,"1Dispensador de gel antibacterial para manos (Compra)"]
["1UNIÓN TEMPORAL CCE AMP IV 2022Dispensador de gel antibacterial para manos (Compra)",1,"UNIÓN TEMPORAL CCE AMP IV 2022","Bien",14,"Dispensador de gel antibacterial para manos (Compra)",null,null,null,null,74141,null,null,null,null,"1Dispensador de gel antibacterial para manos (Compra)"]
["1UNION TEMPORAL ECOLIMPIEZA 4GDispensador de gel antibacterial para manos (Compra)",1,"UNION TEMPORAL ECOLIMPIEZA 4G","Bien",14,"Dispensador de gel antibacterial para manos (Compra)",null,null,null,null,23904,null,null,null,null,"1Dispensador de gel antibacterial para manos (Compra)"]
["1UNIÓN TEMPORAL EMINSER SOLOASEO 2023Dispensador de gel antibacterial para manos (Compra)",1,"UNIÓN TEMPORAL EMINSER SOLOASEO 2023","Bien",14,"Dispensador de gel antibacterial para manos (Compra)",null,null,null,null,54083,null,null,null,null,"1Dispensador de gel antibacterial para manos (Compra)"]
["1UNION TEMPORAL OUTSOURCING GIAFDispensador de gel antibacterial para manos (Compra)",1,"UNION TEMPORAL OUTSOURCING GIAF","Bien",14,"Dispensador de gel antibacterial para manos (Compra)",null,null,null,null,56403,null,null,null,null,"1Dispensador de gel antibacterial para manos (Compra)"]
["1UNION TEMPORAL R&J 2022Dispensador de gel antibacterial para manos (Compra)",1,"UNION TEMPORAL R&J 2022","Bien",14,"Dispensador de gel antibacterial para manos (Compra)",null,null,null,null,30595,null,null,null,null,"1Dispensador de gel antibacterial para manos (Compra)"]
["1UNION TEMPORAL SERVICIOS INTEGRALESDispensador de gel antibacterial para manos (Compra)",1,"UNION TEMPORAL SERVICIOS INTEGRALES","Bien",14,"Dispensador de gel antibacterial para manos (Compra)",null,null,null,null,40052,null,null,null,null,"1Dispensador de gel antibacterial para manos (Compra)"]
["1UT EASYCLEAN ASEO PROFESIONALDispensador de gel antibacterial para manos (Compra)",1,"UT EASYCLEAN ASEO PROFESIONAL","Bien",14,"Dispensador de gel antibacterial para manos (Compra)",null,null,null,null,39480,null,null,null,null,"1Dispensador de gel antibacterial para manos (Compra)"]
["1UT GRUPO ADINDispensador de gel antibacterial para manos (Compra)",1,"UT GRUPO ADIN","Bien",14,"Dispensador de gel antibacterial para manos (Compra)",null,null,null,null,33376,null,null,null,null,"1Dispensador de gel antibacterial para manos (Compra)"]
["1ASECOLBAS LTDALimpiador multiusos 1 (Compra)",1,"ASECOLBAS LTDA","Bien",15,"Limpiador multiusos 1 (Compra)",null,null,null,null,7398,null,null,null,null,"1Limpiador multiusos 1 (Compra)"]
["1CLEANER S.A.Limpiador multiusos 1 (Compra)",1,"CLEANER S.A.","Bien",15,"Limpiador multiusos 1 (Compra)",null,null,null,null,11032,null,null,null,null,"1Limpiador multiusos 1 (Compra)"]
["1COMPAÑÍA DE SERVICIOS Y ADMINISTRACIÓN SA SERDAN SALimpiador multiusos 1 (Compra)",1,"COMPAÑÍA DE SERVICIOS Y ADMINISTRACIÓN SA SERDAN SA","Bien",15,"Limpiador multiusos 1 (Compra)",null,null,null,null,11800,null,null,null,null,"1Limpiador multiusos 1 (Compra)"]
["1CONSERJES INMOBILIARIOS LTDALimpiador multiusos 1 (Compra)",1,"CONSERJES INMOBILIARIOS LTDA","Bien",15,"Limpiador multiusos 1 (Compra)",null,null,null,null,7487,null,null,null,null,"1Limpiador multiusos 1 (Compra)"]
["1CONSORCIO ELITELimpiador multiusos 1 (Compra)",1,"CONSORCIO ELITE","Bien",15,"Limpiador multiusos 1 (Compra)",null,null,null,null,15454,null,null,null,null,"1Limpiador multiusos 1 (Compra)"]
["1GRUPO GECLimpiador multiusos 1 (Compra)",1,"GRUPO GEC","Bien",15,"Limpiador multiusos 1 (Compra)",null,null,null,null,13598,null,null,null,null,"1Limpiador multiusos 1 (Compra)"]
["1INCIHUILSA SAS ESPLimpiador multiusos 1 (Compra)",1,"INCIHUILSA SAS ESP","Bien",15,"Limpiador multiusos 1 (Compra)",null,null,null,null,37085,null,null,null,null,"1Limpiador multiusos 1 (Compra)"]
["1INTERASEO S.A.S. E.S.P.Limpiador multiusos 1 (Compra)",1,"INTERASEO S.A.S. E.S.P.","Bien",15,"Limpiador multiusos 1 (Compra)",null,null,null,null,9828,null,null,null,null,"1Limpiador multiusos 1 (Compra)"]
["1KIOS SASLimpiador multiusos 1 (Compra)",1,"KIOS SAS","Bien",15,"Limpiador multiusos 1 (Compra)",null,null,null,null,13235,null,null,null,null,"1Limpiador multiusos 1 (Compra)"]
["1LIMPIEZA INSTITUCIONAL LASU S.A.S.Limpiador multiusos 1 (Compra)",1,"LIMPIEZA INSTITUCIONAL LASU S.A.S.","Bien",15,"Limpiador multiusos 1 (Compra)",null,null,null,null,6163,null,null,null,null,"1Limpiador multiusos 1 (Compra)"]
["1N&R INTEGRAL SERVICE COMPANY S.A.S.Limpiador multiusos 1 (Compra)",1,"N&R INTEGRAL SERVICE COMPANY S.A.S.","Bien",15,"Limpiador multiusos 1 (Compra)",null,null,null,null,14405,null,null,null,null,"1Limpiador multiusos 1 (Compra)"]
["1SOSEGE SASLimpiador multiusos 1 (Compra)",1,"SOSEGE SAS","Bien",15,"Limpiador multiusos 1 (Compra)",null,null,null,null,11662,null,null,null,null,"1Limpiador multiusos 1 (Compra)"]
["1UNION  TEMPORAL LADOINSA 2022Limpiador multiusos 1 (Compra)",1,"UNION  TEMPORAL LADOINSA 2022","Bien",15,"Limpiador multiusos 1 (Compra)",null,null,null,null,11373,null,null,null,null,"1Limpiador multiusos 1 (Compra)"]
["1UNIÓN TEMPORAL ASEO COLOMBIA AMP4Limpiador multiusos 1 (Compra)",1,"UNIÓN TEMPORAL ASEO COLOMBIA AMP4","Bien",15,"Limpiador multiusos 1 (Compra)",null,null,null,null,12102,null,null,null,null,"1Limpiador multiusos 1 (Compra)"]
["1UNIÓN TEMPORAL CCE AMP IV 2022Limpiador multiusos 1 (Compra)",1,"UNIÓN TEMPORAL CCE AMP IV 2022","Bien",15,"Limpiador multiusos 1 (Compra)",null,null,null,null,13152,null,null,null,null,"1Limpiador multiusos 1 (Compra)"]
["1UNION TEMPORAL ECOLIMPIEZA 4GLimpiador multiusos 1 (Compra)",1,"UNION TEMPORAL ECOLIMPIEZA 4G","Bien",15,"Limpiador multiusos 1 (Compra)",null,null,null,null,9877,null,null,null,null,"1Limpiador multiusos 1 (Compra)"]
["1UNIÓN TEMPORAL EMINSER SOLOASEO 2023Limpiador multiusos 1 (Compra)",1,"UNIÓN TEMPORAL EMINSER SOLOASEO 2023","Bien",15,"Limpiador multiusos 1 (Compra)",null,null,null,null,21146,null,null,null,null,"1Limpiador multiusos 1 (Compra)"]
["1UNION TEMPORAL OUTSOURCING GIAFLimpiador multiusos 1 (Compra)",1,"UNION TEMPORAL OUTSOURCING GIAF","Bien",15,"Limpiador multiusos 1 (Compra)",null,null,null,null,8797,null,null,null,null,"1Limpiador multiusos 1 (Compra)"]
["1UNION TEMPORAL R&J 2022Limpiador multiusos 1 (Compra)",1,"UNION TEMPORAL R&J 2022","Bien",15,"Limpiador multiusos 1 (Compra)",null,null,null,null,10198,null,null,null,null,"1Limpiador multiusos 1 (Compra)"]
["1UNION TEMPORAL SERVICIOS INTEGRALESLimpiador multiusos 1 (Compra)",1,"UNION TEMPORAL SERVICIOS INTEGRALES","Bien",15,"Limpiador multiusos 1 (Compra)",null,null,null,null,15094,null,null,null,null,"1Limpiador multiusos 1 (Compra)"]
["1UT EASYCLEAN ASEO PROFESIONALLimpiador multiusos 1 (Compra)",1,"UT EASYCLEAN ASEO PROFESIONAL","Bien",15,"Limpiador multiusos 1 (Compra)",null,null,null,null,14979,null,null,null,null,"1Limpiador multiusos 1 (Compra)"]
["1UT GRUPO ADINLimpiador multiusos 1 (Compra)",1,"UT GRUPO ADIN","Bien",15,"Limpiador multiusos 1 (Compra)",null,null,null,null,13182,null,null,null,null,"1Limpiador multiusos 1 (Compra)"]
["1ASECOLBAS LTDALimpiador multiusos 2 (Compra)",1,"ASECOLBAS LTDA","Bien",16,"Limpiador multiusos 2 (Compra)",null,null,null,null,4265,null,null,null,null,"1Limpiador multiusos 2 (Compra)"]
["1CLEANER S.A.Limpiador multiusos 2 (Compra)",1,"CLEANER S.A.","Bien",16,"Limpiador multiusos 2 (Compra)",null,null,null,null,5233,null,null,null,null,"1Limpiador multiusos 2 (Compra)"]
["1COMPAÑÍA DE SERVICIOS Y ADMINISTRACIÓN SA SERDAN SALimpiador multiusos 2 (Compra)",1,"COMPAÑÍA DE SERVICIOS Y ADMINISTRACIÓN SA SERDAN SA","Bien",16,"Limpiador multiusos 2 (Compra)",null,null,null,null,3749,null,null,null,null,"1Limpiador multiusos 2 (Compra)"]
["1CONSERJES INMOBILIARIOS LTDALimpiador multiusos 2 (Compra)",1,"CONSERJES INMOBILIARIOS LTDA","Bien",16,"Limpiador multiusos 2 (Compra)",null,null,null,null,4215,null,null,null,null,"1Limpiador multiusos 2 (Compra)"]
["1CONSORCIO ELITELimpiador multiusos 2 (Compra)",1,"CONSORCIO ELITE","Bien",16,"Limpiador multiusos 2 (Compra)",null,null,null,null,5637,null,null,null,null,"1Limpiador multiusos 2 (Compra)"]
["1GRUPO GECLimpiador multiusos 2 (Compra)",1,"GRUPO GEC","Bien",16,"Limpiador multiusos 2 (Compra)",null,null,null,null,5562,null,null,null,null,"1Limpiador multiusos 2 (Compra)"]
["1INCIHUILSA SAS ESPLimpiador multiusos 2 (Compra)",1,"INCIHUILSA SAS ESP","Bien",16,"Limpiador multiusos 2 (Compra)",null,null,null,null,17527,null,null,null,null,"1Limpiador multiusos 2 (Compra)"]
["1INTERASEO S.A.S. E.S.P.Limpiador multiusos 2 (Compra)",1,"INTERASEO S.A.S. E.S.P.","Bien",16,"Limpiador multiusos 2 (Compra)",null,null,null,null,4326,null,null,null,null,"1Limpiador multiusos 2 (Compra)"]
["1KIOS SASLimpiador multiusos 2 (Compra)",1,"KIOS SAS","Bien",16,"Limpiador multiusos 2 (Compra)",null,null,null,null,4724,null,null,null,null,"1Limpiador multiusos 2 (Compra)"]
["1LIMPIEZA INSTITUCIONAL LASU S.A.S.Limpiador multiusos 2 (Compra)",1,"LIMPIEZA INSTITUCIONAL LASU S.A.S.","Bien",16,"Limpiador multiusos 2 (Compra)",null,null,null,null,2183,null,null,null,null,"1Limpiador multiusos 2 (Compra)"]
["1N&R INTEGRAL SERVICE COMPANY S.A.S.Limpiador multiusos 2 (Compra)",1,"N&R INTEGRAL SERVICE COMPANY S.A.S.","Bien",16,"Limpiador multiusos 2 (Compra)",null,null,null,null,5252,null,null,null,null,"1Limpiador multiusos 2 (Compra)"]
["1SOSEGE SASLimpiador multiusos 2 (Compra)",1,"SOSEGE SAS","Bien",16,"Limpiador multiusos 2 (Compra)",null,null,null,null,5190,null,null,null,null,"1Limpiador multiusos 2 (Compra)"]
["1UNION  TEMPORAL LADOINSA 2022Limpiador multiusos 2 (Compra)",1,"UNION  TEMPORAL LADOINSA 2022","Bien",16,"Limpiador multiusos 2 (Compra)",null,null,null,null,5687,null,null,null,null,"1Limpiador multiusos 2 (Compra)"]
["1UNIÓN TEMPORAL ASEO COLOMBIA AMP4Limpiador multiusos 2 (Compra)",1,"UNIÓN TEMPORAL ASEO COLOMBIA AMP4","Bien",16,"Limpiador multiusos 2 (Compra)",null,null,null,null,4624,null,null,null,null,"1Limpiador multiusos 2 (Compra)"]
["1UNIÓN TEMPORAL CCE AMP IV 2022Limpiador multiusos 2 (Compra)",1,"UNIÓN TEMPORAL CCE AMP IV 2022","Bien",16,"Limpiador multiusos 2 (Compra)",null,null,null,null,4237,null,null,null,null,"1Limpiador multiusos 2 (Compra)"]
["1UNION TEMPORAL ECOLIMPIEZA 4GLimpiador multiusos 2 (Compra)",1,"UNION TEMPORAL ECOLIMPIEZA 4G","Bien",16,"Limpiador multiusos 2 (Compra)",null,null,null,null,3457,null,null,null,null,"1Limpiador multiusos 2 (Compra)"]
["1UNIÓN TEMPORAL EMINSER SOLOASEO 2023Limpiador multiusos 2 (Compra)",1,"UNIÓN TEMPORAL EMINSER SOLOASEO 2023","Bien",16,"Limpiador multiusos 2 (Compra)",null,null,null,null,6436,null,null,null,null,"1Limpiador multiusos 2 (Compra)"]
["1UNION TEMPORAL OUTSOURCING GIAFLimpiador multiusos 2 (Compra)",1,"UNION TEMPORAL OUTSOURCING GIAF","Bien",16,"Limpiador multiusos 2 (Compra)",null,null,null,null,4234,null,null,null,null,"1Limpiador multiusos 2 (Compra)"]
["1UNION TEMPORAL R&J 2022Limpiador multiusos 2 (Compra)",1,"UNION TEMPORAL R&J 2022","Bien",16,"Limpiador multiusos 2 (Compra)",null,null,null,null,4450,null,null,null,null,"1Limpiador multiusos 2 (Compra)"]
["1UNION TEMPORAL SERVICIOS INTEGRALESLimpiador multiusos 2 (Compra)",1,"UNION TEMPORAL SERVICIOS INTEGRALES","Bien",16,"Limpiador multiusos 2 (Compra)",null,null,null,null,5513,null,null,null,null,"1Limpiador multiusos 2 (Compra)"]
["1UT EASYCLEAN ASEO PROFESIONALLimpiador multiusos 2 (Compra)",1,"UT EASYCLEAN ASEO PROFESIONAL","Bien",16,"Limpiador multiusos 2 (Compra)",null,null,null,null,5463,null,null,null,null,"1Limpiador multiusos 2 (Compra)"]
["1UT GRUPO ADINLimpiador multiusos 2 (Compra)",1,"UT GRUPO ADIN","Bien",16,"Limpiador multiusos 2 (Compra)",null,null,null,null,5303,null,null,null,null,"1Limpiador multiusos 2 (Compra)"]
["1ASECOLBAS LTDALimpiador multiusos 3 (Compra)",1,"ASECOLBAS LTDA","Bien",17,"Limpiador multiusos 3 (Compra)",null,null,null,null,3424,null,null,null,null,"1Limpiador multiusos 3 (Compra)"]
["1CLEANER S.A.Limpiador multiusos 3 (Compra)",1,"CLEANER S.A.","Bien",17,"Limpiador multiusos 3 (Compra)",null,null,null,null,2641,null,null,null,null,"1Limpiador multiusos 3 (Compra)"]
["1COMPAÑÍA DE SERVICIOS Y ADMINISTRACIÓN SA SERDAN SALimpiador multiusos 3 (Compra)",1,"COMPAÑÍA DE SERVICIOS Y ADMINISTRACIÓN SA SERDAN SA","Bien",17,"Limpiador multiusos 3 (Compra)",null,null,null,null,2631,null,null,null,null,"1Limpiador multiusos 3 (Compra)"]
["1CONSERJES INMOBILIARIOS LTDALimpiador multiusos 3 (Compra)",1,"CONSERJES INMOBILIARIOS LTDA","Bien",17,"Limpiador multiusos 3 (Compra)",null,null,null,null,3465,null,null,null,null,"1Limpiador multiusos 3 (Compra)"]
["1CONSORCIO ELITELimpiador multiusos 3 (Compra)",1,"CONSORCIO ELITE","Bien",17,"Limpiador multiusos 3 (Compra)",null,null,null,null,4443,null,null,null,null,"1Limpiador multiusos 3 (Compra)"]
["1GRUPO GECLimpiador multiusos 3 (Compra)",1,"GRUPO GEC","Bien",17,"Limpiador multiusos 3 (Compra)",null,null,null,null,4573,null,null,null,null,"1Limpiador multiusos 3 (Compra)"]
["1INCIHUILSA SAS ESPLimpiador multiusos 3 (Compra)",1,"INCIHUILSA SAS ESP","Bien",17,"Limpiador multiusos 3 (Compra)",null,null,null,null,16424,null,null,null,null,"1Limpiador multiusos 3 (Compra)"]
["1INTERASEO S.A.S. E.S.P.Limpiador multiusos 3 (Compra)",1,"INTERASEO S.A.S. E.S.P.","Bien",17,"Limpiador multiusos 3 (Compra)",null,null,null,null,4326,null,null,null,null,"1Limpiador multiusos 3 (Compra)"]
["1KIOS SASLimpiador multiusos 3 (Compra)",1,"KIOS SAS","Bien",17,"Limpiador multiusos 3 (Compra)",null,null,null,null,3803,null,null,null,null,"1Limpiador multiusos 3 (Compra)"]
["1LIMPIEZA INSTITUCIONAL LASU S.A.S.Limpiador multiusos 3 (Compra)",1,"LIMPIEZA INSTITUCIONAL LASU S.A.S.","Bien",17,"Limpiador multiusos 3 (Compra)",null,null,null,null,1946,null,null,null,null,"1Limpiador multiusos 3 (Compra)"]
["1N&R INTEGRAL SERVICE COMPANY S.A.S.Limpiador multiusos 3 (Compra)",1,"N&R INTEGRAL SERVICE COMPANY S.A.S.","Bien",17,"Limpiador multiusos 3 (Compra)",null,null,null,null,4142,null,null,null,null,"1Limpiador multiusos 3 (Compra)"]
["1SOSEGE SASLimpiador multiusos 3 (Compra)",1,"SOSEGE SAS","Bien",17,"Limpiador multiusos 3 (Compra)",null,null,null,null,3624,null,null,null,null,"1Limpiador multiusos 3 (Compra)"]
["1UNION  TEMPORAL LADOINSA 2022Limpiador multiusos 3 (Compra)",1,"UNION  TEMPORAL LADOINSA 2022","Bien",17,"Limpiador multiusos 3 (Compra)",null,null,null,null,4573,null,null,null,null,"1Limpiador multiusos 3 (Compra)"]
["1UNIÓN TEMPORAL ASEO COLOMBIA AMP4Limpiador multiusos 3 (Compra)",1,"UNIÓN TEMPORAL ASEO COLOMBIA AMP4","Bien",17,"Limpiador multiusos 3 (Compra)",null,null,null,null,4624,null,null,null,null,"1Limpiador multiusos 3 (Compra)"]
["1UNIÓN TEMPORAL CCE AMP IV 2022Limpiador multiusos 3 (Compra)",1,"UNIÓN TEMPORAL CCE AMP IV 2022","Bien",17,"Limpiador multiusos 3 (Compra)",null,null,null,null,3583,null,null,null,null,"1Limpiador multiusos 3 (Compra)"]
["1UNION TEMPORAL ECOLIMPIEZA 4GLimpiador multiusos 3 (Compra)",1,"UNION TEMPORAL ECOLIMPIEZA 4G","Bien",17,"Limpiador multiusos 3 (Compra)",null,null,null,null,2779,null,null,null,null,"1Limpiador multiusos 3 (Compra)"]
["1UNIÓN TEMPORAL EMINSER SOLOASEO 2023Limpiador multiusos 3 (Compra)",1,"UNIÓN TEMPORAL EMINSER SOLOASEO 2023","Bien",17,"Limpiador multiusos 3 (Compra)",null,null,null,null,6253,null,null,null,null,"1Limpiador multiusos 3 (Compra)"]
["1UNION TEMPORAL OUTSOURCING GIAFLimpiador multiusos 3 (Compra)",1,"UNION TEMPORAL OUTSOURCING GIAF","Bien",17,"Limpiador multiusos 3 (Compra)",null,null,null,null,3422,null,null,null,null,"1Limpiador multiusos 3 (Compra)"]
["1UNION TEMPORAL R&J 2022Limpiador multiusos 3 (Compra)",1,"UNION TEMPORAL R&J 2022","Bien",17,"Limpiador multiusos 3 (Compra)",null,null,null,null,3337,null,null,null,null,"1Limpiador multiusos 3 (Compra)"]
["1UNION TEMPORAL SERVICIOS INTEGRALESLimpiador multiusos 3 (Compra)",1,"UNION TEMPORAL SERVICIOS INTEGRALES","Bien",17,"Limpiador multiusos 3 (Compra)",null,null,null,null,4364,null,null,null,null,"1Limpiador multiusos 3 (Compra)"]
["1UT EASYCLEAN ASEO PROFESIONALLimpiador multiusos 3 (Compra)",1,"UT EASYCLEAN ASEO PROFESIONAL","Bien",17,"Limpiador multiusos 3 (Compra)",null,null,null,null,4308,null,null,null,null,"1Limpiador multiusos 3 (Compra)"]
["1UT GRUPO ADINLimpiador multiusos 3 (Compra)",1,"UT GRUPO ADIN","Bien",17,"Limpiador multiusos 3 (Compra)",null,null,null,null,4334,null,null,null,null,"1Limpiador multiusos 3 (Compra)"]
["1ASECOLBAS LTDALimpiador desinfectante para pisos (Compra)",1,"ASECOLBAS LTDA","Bien",18,"Limpiador desinfectante para pisos (Compra)",null,null,null,null,8794,null,null,null,null,"1Limpiador desinfectante para pisos (Compra)"]
["1CLEANER S.A.Limpiador desinfectante para pisos (Compra)",1,"CLEANER S.A.","Bien",18,"Limpiador desinfectante para pisos (Compra)",null,null,null,null,9046,null,null,null,null,"1Limpiador desinfectante para pisos (Compra)"]
["1COMPAÑÍA DE SERVICIOS Y ADMINISTRACIÓN SA SERDAN SALimpiador desinfectante para pisos (Compra)",1,"COMPAÑÍA DE SERVICIOS Y ADMINISTRACIÓN SA SERDAN SA","Bien",18,"Limpiador desinfectante para pisos (Compra)",null,null,null,null,6173,null,null,null,null,"1Limpiador desinfectante para pisos (Compra)"]
["1CONSERJES INMOBILIARIOS LTDALimpiador desinfectante para pisos (Compra)",1,"CONSERJES INMOBILIARIOS LTDA","Bien",18,"Limpiador desinfectante para pisos (Compra)",null,null,null,null,8689,null,null,null,null,"1Limpiador desinfectante para pisos (Compra)"]
["1CONSORCIO ELITELimpiador desinfectante para pisos (Compra)",1,"CONSORCIO ELITE","Bien",18,"Limpiador desinfectante para pisos (Compra)",null,null,null,null,17011,null,null,null,null,"1Limpiador desinfectante para pisos (Compra)"]
["1GRUPO GECLimpiador desinfectante para pisos (Compra)",1,"GRUPO GEC","Bien",18,"Limpiador desinfectante para pisos (Compra)",null,null,null,null,13598,null,null,null,null,"1Limpiador desinfectante para pisos (Compra)"]
["1INCIHUILSA SAS ESPLimpiador desinfectante para pisos (Compra)",1,"INCIHUILSA SAS ESP","Bien",18,"Limpiador desinfectante para pisos (Compra)",null,null,null,null,39577,null,null,null,null,"1Limpiador desinfectante para pisos (Compra)"]
["1INTERASEO S.A.S. E.S.P.Limpiador desinfectante para pisos (Compra)",1,"INTERASEO S.A.S. E.S.P.","Bien",18,"Limpiador desinfectante para pisos (Compra)",null,null,null,null,11743,null,null,null,null,"1Limpiador desinfectante para pisos (Compra)"]
["1KIOS SASLimpiador desinfectante para pisos (Compra)",1,"KIOS SAS","Bien",18,"Limpiador desinfectante para pisos (Compra)",null,null,null,null,13292,null,null,null,null,"1Limpiador desinfectante para pisos (Compra)"]
["1LIMPIEZA INSTITUCIONAL LASU S.A.S.Limpiador desinfectante para pisos (Compra)",1,"LIMPIEZA INSTITUCIONAL LASU S.A.S.","Bien",18,"Limpiador desinfectante para pisos (Compra)",null,null,null,null,7299,null,null,null,null,"1Limpiador desinfectante para pisos (Compra)"]
["1N&R INTEGRAL SERVICE COMPANY S.A.S.Limpiador desinfectante para pisos (Compra)",1,"N&R INTEGRAL SERVICE COMPANY S.A.S.","Bien",18,"Limpiador desinfectante para pisos (Compra)",null,null,null,null,15854,null,null,null,null,"1Limpiador desinfectante para pisos (Compra)"]
["1SOSEGE SASLimpiador desinfectante para pisos (Compra)",1,"SOSEGE SAS","Bien",18,"Limpiador desinfectante para pisos (Compra)",null,null,null,null,9077,null,null,null,null,"1Limpiador desinfectante para pisos (Compra)"]
["1UNION  TEMPORAL LADOINSA 2022Limpiador desinfectante para pisos (Compra)",1,"UNION  TEMPORAL LADOINSA 2022","Bien",18,"Limpiador desinfectante para pisos (Compra)",null,null,null,null,10879,null,null,null,null,"1Limpiador desinfectante para pisos (Compra)"]
["1UNIÓN TEMPORAL ASEO COLOMBIA AMP4Limpiador desinfectante para pisos (Compra)",1,"UNIÓN TEMPORAL ASEO COLOMBIA AMP4","Bien",18,"Limpiador desinfectante para pisos (Compra)",null,null,null,null,11798,null,null,null,null,"1Limpiador desinfectante para pisos (Compra)"]
["1UNIÓN TEMPORAL CCE AMP IV 2022Limpiador desinfectante para pisos (Compra)",1,"UNIÓN TEMPORAL CCE AMP IV 2022","Bien",18,"Limpiador desinfectante para pisos (Compra)",null,null,null,null,15887,null,null,null,null,"1Limpiador desinfectante para pisos (Compra)"]
["1UNION TEMPORAL ECOLIMPIEZA 4GLimpiador desinfectante para pisos (Compra)",1,"UNION TEMPORAL ECOLIMPIEZA 4G","Bien",18,"Limpiador desinfectante para pisos (Compra)",null,null,null,null,7356,null,null,null,null,"1Limpiador desinfectante para pisos (Compra)"]
["1UNIÓN TEMPORAL EMINSER SOLOASEO 2023Limpiador desinfectante para pisos (Compra)",1,"UNIÓN TEMPORAL EMINSER SOLOASEO 2023","Bien",18,"Limpiador desinfectante para pisos (Compra)",null,null,null,null,18389,null,null,null,null,"1Limpiador desinfectante para pisos (Compra)"]
["1UNION TEMPORAL OUTSOURCING GIAFLimpiador desinfectante para pisos (Compra)",1,"UNION TEMPORAL OUTSOURCING GIAF","Bien",18,"Limpiador desinfectante para pisos (Compra)",null,null,null,null,9121,null,null,null,null,"1Limpiador desinfectante para pisos (Compra)"]
["1UNION TEMPORAL R&J 2022Limpiador desinfectante para pisos (Compra)",1,"UNION TEMPORAL R&J 2022","Bien",18,"Limpiador desinfectante para pisos (Compra)",null,null,null,null,9271,null,null,null,null,"1Limpiador desinfectante para pisos (Compra)"]
["1UNION TEMPORAL SERVICIOS INTEGRALESLimpiador desinfectante para pisos (Compra)",1,"UNION TEMPORAL SERVICIOS INTEGRALES","Bien",18,"Limpiador desinfectante para pisos (Compra)",null,null,null,null,16676,null,null,null,null,"1Limpiador desinfectante para pisos (Compra)"]
["1UT EASYCLEAN ASEO PROFESIONALLimpiador desinfectante para pisos (Compra)",1,"UT EASYCLEAN ASEO PROFESIONAL","Bien",18,"Limpiador desinfectante para pisos (Compra)",null,null,null,null,16488,null,null,null,null,"1Limpiador desinfectante para pisos (Compra)"]
["1UT GRUPO ADINLimpiador desinfectante para pisos (Compra)",1,"UT GRUPO ADIN","Bien",18,"Limpiador desinfectante para pisos (Compra)",null,null,null,null,21015,null,null,null,null,"1Limpiador desinfectante para pisos (Compra)"]
["1ASECOLBAS LTDALíquido desengrasante (Compra)",1,"ASECOLBAS LTDA","Bien",19,"Líquido desengrasante (Compra)",null,null,null,null,8585,null,null,null,null,"1Líquido desengrasante (Compra)"]
["1CLEANER S.A.Líquido desengrasante (Compra)",1,"CLEANER S.A.","Bien",19,"Líquido desengrasante (Compra)",null,null,null,null,15218,null,null,null,null,"1Líquido desengrasante (Compra)"]
["1COMPAÑÍA DE SERVICIOS Y ADMINISTRACIÓN SA SERDAN SALíquido desengrasante (Compra)",1,"COMPAÑÍA DE SERVICIOS Y ADMINISTRACIÓN SA SERDAN SA","Bien",19,"Líquido desengrasante (Compra)",null,null,null,null,16194,null,null,null,null,"1Líquido desengrasante (Compra)"]
["1CONSERJES INMOBILIARIOS LTDALíquido desengrasante (Compra)",1,"CONSERJES INMOBILIARIOS LTDA","Bien",19,"Líquido desengrasante (Compra)",null,null,null,null,8688,null,null,null,null,"1Líquido desengrasante (Compra)"]
["1CONSORCIO ELITELíquido desengrasante (Compra)",1,"CONSORCIO ELITE","Bien",19,"Líquido desengrasante (Compra)",null,null,null,null,16758,null,null,null,null,"1Líquido desengrasante (Compra)"]
["1GRUPO GECLíquido desengrasante (Compra)",1,"GRUPO GEC","Bien",19,"Líquido desengrasante (Compra)",null,null,null,null,16688,null,null,null,null,"1Líquido desengrasante (Compra)"]
["1INCIHUILSA SAS ESPLíquido desengrasante (Compra)",1,"INCIHUILSA SAS ESP","Bien",19,"Líquido desengrasante (Compra)",null,null,null,null,122205,null,null,null,null,"1Líquido desengrasante (Compra)"]
["1INTERASEO S.A.S. E.S.P.Líquido desengrasante (Compra)",1,"INTERASEO S.A.S. E.S.P.","Bien",19,"Líquido desengrasante (Compra)",null,null,null,null,10507,null,null,null,null,"1Líquido desengrasante (Compra)"]
["1KIOS SASLíquido desengrasante (Compra)",1,"KIOS SAS","Bien",19,"Líquido desengrasante (Compra)",null,null,null,null,15527,null,null,null,null,"1Líquido desengrasante (Compra)"]
["1LIMPIEZA INSTITUCIONAL LASU S.A.S.Líquido desengrasante (Compra)",1,"LIMPIEZA INSTITUCIONAL LASU S.A.S.","Bien",19,"Líquido desengrasante (Compra)",null,null,null,null,7866,null,null,null,null,"1Líquido desengrasante (Compra)"]
["1N&R INTEGRAL SERVICE COMPANY S.A.S.Líquido desengrasante (Compra)",1,"N&R INTEGRAL SERVICE COMPANY S.A.S.","Bien",19,"Líquido desengrasante (Compra)",null,null,null,null,15618,null,null,null,null,"1Líquido desengrasante (Compra)"]
["1SOSEGE SASLíquido desengrasante (Compra)",1,"SOSEGE SAS","Bien",19,"Líquido desengrasante (Compra)",null,null,null,null,18314,null,null,null,null,"1Líquido desengrasante (Compra)"]
["1UNION  TEMPORAL LADOINSA 2022Líquido desengrasante (Compra)",1,"UNION  TEMPORAL LADOINSA 2022","Bien",19,"Líquido desengrasante (Compra)",null,null,null,null,11868,null,null,null,null,"1Líquido desengrasante (Compra)"]
["1UNIÓN TEMPORAL ASEO COLOMBIA AMP4Líquido desengrasante (Compra)",1,"UNIÓN TEMPORAL ASEO COLOMBIA AMP4","Bien",19,"Líquido desengrasante (Compra)",null,null,null,null,14822,null,null,null,null,"1Líquido desengrasante (Compra)"]
["1UNIÓN TEMPORAL CCE AMP IV 2022Líquido desengrasante (Compra)",1,"UNIÓN TEMPORAL CCE AMP IV 2022","Bien",19,"Líquido desengrasante (Compra)",null,null,null,null,14261,null,null,null,null,"1Líquido desengrasante (Compra)"]
["1UNION TEMPORAL ECOLIMPIEZA 4GLíquido desengrasante (Compra)",1,"UNION TEMPORAL ECOLIMPIEZA 4G","Bien",19,"Líquido desengrasante (Compra)",null,null,null,null,10869,null,null,null,null,"1Líquido desengrasante (Compra)"]
["1UNIÓN TEMPORAL EMINSER SOLOASEO 2023Líquido desengrasante (Compra)",1,"UNIÓN TEMPORAL EMINSER SOLOASEO 2023","Bien",19,"Líquido desengrasante (Compra)",null,null,null,null,31261,null,null,null,null,"1Líquido desengrasante (Compra)"]
["1UNION TEMPORAL OUTSOURCING GIAFLíquido desengrasante (Compra)",1,"UNION TEMPORAL OUTSOURCING GIAF","Bien",19,"Líquido desengrasante (Compra)",null,null,null,null,13884,null,null,null,null,"1Líquido desengrasante (Compra)"]
["1UNION TEMPORAL R&J 2022Líquido desengrasante (Compra)",1,"UNION TEMPORAL R&J 2022","Bien",19,"Líquido desengrasante (Compra)",null,null,null,null,10754,null,null,null,null,"1Líquido desengrasante (Compra)"]
["1UNION TEMPORAL SERVICIOS INTEGRALESLíquido desengrasante (Compra)",1,"UNION TEMPORAL SERVICIOS INTEGRALES","Bien",19,"Líquido desengrasante (Compra)",null,null,null,null,16441,null,null,null,null,"1Líquido desengrasante (Compra)"]
["1UT EASYCLEAN ASEO PROFESIONALLíquido desengrasante (Compra)",1,"UT EASYCLEAN ASEO PROFESIONAL","Bien",19,"Líquido desengrasante (Compra)",null,null,null,null,16242,null,null,null,null,"1Líquido desengrasante (Compra)"]
["1UT GRUPO ADINLíquido desengrasante (Compra)",1,"UT GRUPO ADIN","Bien",19,"Líquido desengrasante (Compra)",null,null,null,null,15920,null,null,null,null,"1Líquido desengrasante (Compra)"]
["1ASECOLBAS LTDACrema desengrasante (Compra)",1,"ASECOLBAS LTDA","Bien",20,"Crema desengrasante (Compra)",null,null,null,null,11869,null,null,null,null,"1Crema desengrasante (Compra)"]
["1CLEANER S.A.Crema desengrasante (Compra)",1,"CLEANER S.A.","Bien",20,"Crema desengrasante (Compra)",null,null,null,null,12960,null,null,null,null,"1Crema desengrasante (Compra)"]
["1COMPAÑÍA DE SERVICIOS Y ADMINISTRACIÓN SA SERDAN SACrema desengrasante (Compra)",1,"COMPAÑÍA DE SERVICIOS Y ADMINISTRACIÓN SA SERDAN SA","Bien",20,"Crema desengrasante (Compra)",null,null,null,null,26712,null,null,null,null,"1Crema desengrasante (Compra)"]
["1CONSERJES INMOBILIARIOS LTDACrema desengrasante (Compra)",1,"CONSERJES INMOBILIARIOS LTDA","Bien",20,"Crema desengrasante (Compra)",null,null,null,null,11729,null,null,null,null,"1Crema desengrasante (Compra)"]
["1CONSORCIO ELITECrema desengrasante (Compra)",1,"CONSORCIO ELITE","Bien",20,"Crema desengrasante (Compra)",null,null,null,null,17280,null,null,null,null,"1Crema desengrasante (Compra)"]
["1GRUPO GECCrema desengrasante (Compra)",1,"GRUPO GEC","Bien",20,"Crema desengrasante (Compra)",null,null,null,null,29668,null,null,null,null,"1Crema desengrasante (Compra)"]
["1INCIHUILSA SAS ESPCrema desengrasante (Compra)",1,"INCIHUILSA SAS ESP","Bien",20,"Crema desengrasante (Compra)",null,null,null,null,23557,null,null,null,null,"1Crema desengrasante (Compra)"]
["1INTERASEO S.A.S. E.S.P.Crema desengrasante (Compra)",1,"INTERASEO S.A.S. E.S.P.","Bien",20,"Crema desengrasante (Compra)",null,null,null,null,10507,null,null,null,null,"1Crema desengrasante (Compra)"]
["1KIOS SASCrema desengrasante (Compra)",1,"KIOS SAS","Bien",20,"Crema desengrasante (Compra)",null,null,null,null,20033,null,null,null,null,"1Crema desengrasante (Compra)"]
["1LIMPIEZA INSTITUCIONAL LASU S.A.S.Crema desengrasante (Compra)",1,"LIMPIEZA INSTITUCIONAL LASU S.A.S.","Bien",20,"Crema desengrasante (Compra)",null,null,null,null,10222,null,null,null,null,"1Crema desengrasante (Compra)"]
["1N&R INTEGRAL SERVICE COMPANY S.A.S.Crema desengrasante (Compra)",1,"N&R INTEGRAL SERVICE COMPANY S.A.S.","Bien",20,"Crema desengrasante (Compra)",null,null,null,null,16105,null,null,null,null,"1Crema desengrasante (Compra)"]
["1SOSEGE SASCrema desengrasante (Compra)",1,"SOSEGE SAS","Bien",20,"Crema desengrasante (Compra)",null,null,null,null,29142,null,null,null,null,"1Crema desengrasante (Compra)"]
["1UNION  TEMPORAL LADOINSA 2022Crema desengrasante (Compra)",1,"UNION  TEMPORAL LADOINSA 2022","Bien",20,"Crema desengrasante (Compra)",null,null,null,null,12609,null,null,null,null,"1Crema desengrasante (Compra)"]
["1UNIÓN TEMPORAL ASEO COLOMBIA AMP4Crema desengrasante (Compra)",1,"UNIÓN TEMPORAL ASEO COLOMBIA AMP4","Bien",20,"Crema desengrasante (Compra)",null,null,null,null,11559,null,null,null,null,"1Crema desengrasante (Compra)"]
["1UNIÓN TEMPORAL CCE AMP IV 2022Crema desengrasante (Compra)",1,"UNIÓN TEMPORAL CCE AMP IV 2022","Bien",20,"Crema desengrasante (Compra)",null,null,null,null,16593,null,null,null,null,"1Crema desengrasante (Compra)"]
["1UNION TEMPORAL ECOLIMPIEZA 4GCrema desengrasante (Compra)",1,"UNION TEMPORAL ECOLIMPIEZA 4G","Bien",20,"Crema desengrasante (Compra)",null,null,null,null,9298,null,null,null,null,"1Crema desengrasante (Compra)"]
["1UNIÓN TEMPORAL EMINSER SOLOASEO 2023Crema desengrasante (Compra)",1,"UNIÓN TEMPORAL EMINSER SOLOASEO 2023","Bien",20,"Crema desengrasante (Compra)",null,null,null,null,27582,null,null,null,null,"1Crema desengrasante (Compra)"]
["1UNION TEMPORAL OUTSOURCING GIAFCrema desengrasante (Compra)",1,"UNION TEMPORAL OUTSOURCING GIAF","Bien",20,"Crema desengrasante (Compra)",null,null,null,null,12124,null,null,null,null,"1Crema desengrasante (Compra)"]
["1UNION TEMPORAL R&J 2022Crema desengrasante (Compra)",1,"UNION TEMPORAL R&J 2022","Bien",20,"Crema desengrasante (Compra)",null,null,null,null,9642,null,null,null,null,"1Crema desengrasante (Compra)"]
["1UNION TEMPORAL SERVICIOS INTEGRALESCrema desengrasante (Compra)",1,"UNION TEMPORAL SERVICIOS INTEGRALES","Bien",20,"Crema desengrasante (Compra)",null,null,null,null,16911,null,null,null,null,"1Crema desengrasante (Compra)"]
["1UT EASYCLEAN ASEO PROFESIONALCrema desengrasante (Compra)",1,"UT EASYCLEAN ASEO PROFESIONAL","Bien",20,"Crema desengrasante (Compra)",null,null,null,null,16749,null,null,null,null,"1Crema desengrasante (Compra)"]
["1UT GRUPO ADINCrema desengrasante (Compra)",1,"UT GRUPO ADIN","Bien",20,"Crema desengrasante (Compra)",null,null,null,null,24724,null,null,null,null,"1Crema desengrasante (Compra)"]
["1ASECOLBAS LTDADetergente multiusos en polvo (Compra)",1,"ASECOLBAS LTDA","Bien",21,"Detergente multiusos en polvo (Compra)",null,null,null,null,5751,null,null,null,null,"1Detergente multiusos en polvo (Compra)"]
["1CLEANER S.A.Detergente multiusos en polvo (Compra)",1,"CLEANER S.A.","Bien",21,"Detergente multiusos en polvo (Compra)",null,null,null,null,6098,null,null,null,null,"1Detergente multiusos en polvo (Compra)"]
["1COMPAÑÍA DE SERVICIOS Y ADMINISTRACIÓN SA SERDAN SADetergente multiusos en polvo (Compra)",1,"COMPAÑÍA DE SERVICIOS Y ADMINISTRACIÓN SA SERDAN SA","Bien",21,"Detergente multiusos en polvo (Compra)",null,null,null,null,5868,null,null,null,null,"1Detergente multiusos en polvo (Compra)"]
["1CONSERJES INMOBILIARIOS LTDADetergente multiusos en polvo (Compra)",1,"CONSERJES INMOBILIARIOS LTDA","Bien",21,"Detergente multiusos en polvo (Compra)",null,null,null,null,5820,null,null,null,null,"1Detergente multiusos en polvo (Compra)"]
["1CONSORCIO ELITEDetergente multiusos en polvo (Compra)",1,"CONSORCIO ELITE","Bien",21,"Detergente multiusos en polvo (Compra)",null,null,null,null,10136,null,null,null,null,"1Detergente multiusos en polvo (Compra)"]
["1GRUPO GECDetergente multiusos en polvo (Compra)",1,"GRUPO GEC","Bien",21,"Detergente multiusos en polvo (Compra)",null,null,null,null,8035,null,null,null,null,"1Detergente multiusos en polvo (Compra)"]
["1INCIHUILSA SAS ESPDetergente multiusos en polvo (Compra)",1,"INCIHUILSA SAS ESP","Bien",21,"Detergente multiusos en polvo (Compra)",null,null,null,null,19426,null,null,null,null,"1Detergente multiusos en polvo (Compra)"]
["1INTERASEO S.A.S. E.S.P.Detergente multiusos en polvo (Compra)",1,"INTERASEO S.A.S. E.S.P.","Bien",21,"Detergente multiusos en polvo (Compra)",null,null,null,null,5562,null,null,null,null,"1Detergente multiusos en polvo (Compra)"]
["1KIOS SASDetergente multiusos en polvo (Compra)",1,"KIOS SAS","Bien",21,"Detergente multiusos en polvo (Compra)",null,null,null,null,8498,null,null,null,null,"1Detergente multiusos en polvo (Compra)"]
["1LIMPIEZA INSTITUCIONAL LASU S.A.S.Detergente multiusos en polvo (Compra)",1,"LIMPIEZA INSTITUCIONAL LASU S.A.S.","Bien",21,"Detergente multiusos en polvo (Compra)",null,null,null,null,5004,null,null,null,null,"1Detergente multiusos en polvo (Compra)"]
["1N&R INTEGRAL SERVICE COMPANY S.A.S.Detergente multiusos en polvo (Compra)",1,"N&R INTEGRAL SERVICE COMPANY S.A.S.","Bien",21,"Detergente multiusos en polvo (Compra)",null,null,null,null,9445,null,null,null,null,"1Detergente multiusos en polvo (Compra)"]
["1SOSEGE SASDetergente multiusos en polvo (Compra)",1,"SOSEGE SAS","Bien",21,"Detergente multiusos en polvo (Compra)",null,null,null,null,8151,null,null,null,null,"1Detergente multiusos en polvo (Compra)"]
["1UNION  TEMPORAL LADOINSA 2022Detergente multiusos en polvo (Compra)",1,"UNION  TEMPORAL LADOINSA 2022","Bien",21,"Detergente multiusos en polvo (Compra)",null,null,null,null,8282,null,null,null,null,"1Detergente multiusos en polvo (Compra)"]
["1UNIÓN TEMPORAL ASEO COLOMBIA AMP4Detergente multiusos en polvo (Compra)",1,"UNIÓN TEMPORAL ASEO COLOMBIA AMP4","Bien",21,"Detergente multiusos en polvo (Compra)",null,null,null,null,7070,null,null,null,null,"1Detergente multiusos en polvo (Compra)"]
["1UNIÓN TEMPORAL CCE AMP IV 2022Detergente multiusos en polvo (Compra)",1,"UNIÓN TEMPORAL CCE AMP IV 2022","Bien",21,"Detergente multiusos en polvo (Compra)",null,null,null,null,8658,null,null,null,null,"1Detergente multiusos en polvo (Compra)"]
["1UNION TEMPORAL ECOLIMPIEZA 4GDetergente multiusos en polvo (Compra)",1,"UNION TEMPORAL ECOLIMPIEZA 4G","Bien",21,"Detergente multiusos en polvo (Compra)",null,null,null,null,6633,null,null,null,null,"1Detergente multiusos en polvo (Compra)"]
["1UNIÓN TEMPORAL EMINSER SOLOASEO 2023Detergente multiusos en polvo (Compra)",1,"UNIÓN TEMPORAL EMINSER SOLOASEO 2023","Bien",21,"Detergente multiusos en polvo (Compra)",null,null,null,null,6105,null,null,null,null,"1Detergente multiusos en polvo (Compra)"]
["1UNION TEMPORAL OUTSOURCING GIAFDetergente multiusos en polvo (Compra)",1,"UNION TEMPORAL OUTSOURCING GIAF","Bien",21,"Detergente multiusos en polvo (Compra)",null,null,null,null,6578,null,null,null,null,"1Detergente multiusos en polvo (Compra)"]
["1UNION TEMPORAL R&J 2022Detergente multiusos en polvo (Compra)",1,"UNION TEMPORAL R&J 2022","Bien",21,"Detergente multiusos en polvo (Compra)",null,null,null,null,6675,null,null,null,null,"1Detergente multiusos en polvo (Compra)"]
["1UNION TEMPORAL SERVICIOS INTEGRALESDetergente multiusos en polvo (Compra)",1,"UNION TEMPORAL SERVICIOS INTEGRALES","Bien",21,"Detergente multiusos en polvo (Compra)",null,null,null,null,9902,null,null,null,null,"1Detergente multiusos en polvo (Compra)"]
["1UT EASYCLEAN ASEO PROFESIONALDetergente multiusos en polvo (Compra)",1,"UT EASYCLEAN ASEO PROFESIONAL","Bien",21,"Detergente multiusos en polvo (Compra)",null,null,null,null,9823,null,null,null,null,"1Detergente multiusos en polvo (Compra)"]
["1UT GRUPO ADINDetergente multiusos en polvo (Compra)",1,"UT GRUPO ADIN","Bien",21,"Detergente multiusos en polvo (Compra)",null,null,null,null,7744,null,null,null,null,"1Detergente multiusos en polvo (Compra)"]
["1ASECOLBAS LTDALimpiador desinfectante para uso general 1 (Compra)",1,"ASECOLBAS LTDA","Bien",22,"Limpiador desinfectante para uso general 1 (Compra)",null,null,null,null,8794,null,null,null,null,"1Limpiador desinfectante para uso general 1 (Compra)"]
["1CLEANER S.A.Limpiador desinfectante para uso general 1 (Compra)",1,"CLEANER S.A.","Bien",22,"Limpiador desinfectante para uso general 1 (Compra)",null,null,null,null,9679,null,null,null,null,"1Limpiador desinfectante para uso general 1 (Compra)"]
["1COMPAÑÍA DE SERVICIOS Y ADMINISTRACIÓN SA SERDAN SALimpiador desinfectante para uso general 1 (Compra)",1,"COMPAÑÍA DE SERVICIOS Y ADMINISTRACIÓN SA SERDAN SA","Bien",22,"Limpiador desinfectante para uso general 1 (Compra)",null,null,null,null,8319,null,null,null,null,"1Limpiador desinfectante para uso general 1 (Compra)"]
["1CONSERJES INMOBILIARIOS LTDALimpiador desinfectante para uso general 1 (Compra)",1,"CONSERJES INMOBILIARIOS LTDA","Bien",22,"Limpiador desinfectante para uso general 1 (Compra)",null,null,null,null,8689,null,null,null,null,"1Limpiador desinfectante para uso general 1 (Compra)"]
["1CONSORCIO ELITELimpiador desinfectante para uso general 1 (Compra)",1,"CONSORCIO ELITE","Bien",22,"Limpiador desinfectante para uso general 1 (Compra)",null,null,null,null,14883,null,null,null,null,"1Limpiador desinfectante para uso general 1 (Compra)"]
["1GRUPO GECLimpiador desinfectante para uso general 1 (Compra)",1,"GRUPO GEC","Bien",22,"Limpiador desinfectante para uso general 1 (Compra)",null,null,null,null,15452,null,null,null,null,"1Limpiador desinfectante para uso general 1 (Compra)"]
["1INCIHUILSA SAS ESPLimpiador desinfectante para uso general 1 (Compra)",1,"INCIHUILSA SAS ESP","Bien",22,"Limpiador desinfectante para uso general 1 (Compra)",null,null,null,null,33923,null,null,null,null,"1Limpiador desinfectante para uso general 1 (Compra)"]
["1INTERASEO S.A.S. E.S.P.Limpiador desinfectante para uso general 1 (Compra)",1,"INTERASEO S.A.S. E.S.P.","Bien",22,"Limpiador desinfectante para uso general 1 (Compra)",null,null,null,null,11743,null,null,null,null,"1Limpiador desinfectante para uso general 1 (Compra)"]
["1KIOS SASLimpiador desinfectante para uso general 1 (Compra)",1,"KIOS SAS","Bien",22,"Limpiador desinfectante para uso general 1 (Compra)",null,null,null,null,11286,null,null,null,null,"1Limpiador desinfectante para uso general 1 (Compra)"]
["1LIMPIEZA INSTITUCIONAL LASU S.A.S.Limpiador desinfectante para uso general 1 (Compra)",1,"LIMPIEZA INSTITUCIONAL LASU S.A.S.","Bien",22,"Limpiador desinfectante para uso general 1 (Compra)",null,null,null,null,6255,null,null,null,null,"1Limpiador desinfectante para uso general 1 (Compra)"]
["1N&R INTEGRAL SERVICE COMPANY S.A.S.Limpiador desinfectante para uso general 1 (Compra)",1,"N&R INTEGRAL SERVICE COMPANY S.A.S.","Bien",22,"Limpiador desinfectante para uso general 1 (Compra)",null,null,null,null,13871,null,null,null,null,"1Limpiador desinfectante para uso general 1 (Compra)"]
["1SOSEGE SASLimpiador desinfectante para uso general 1 (Compra)",1,"SOSEGE SAS","Bien",22,"Limpiador desinfectante para uso general 1 (Compra)",null,null,null,null,11692,null,null,null,null,"1Limpiador desinfectante para uso general 1 (Compra)"]
["1UNION  TEMPORAL LADOINSA 2022Limpiador desinfectante para uso general 1 (Compra)",1,"UNION  TEMPORAL LADOINSA 2022","Bien",22,"Limpiador desinfectante para uso general 1 (Compra)",null,null,null,null,10879,null,null,null,null,"1Limpiador desinfectante para uso general 1 (Compra)"]
["1UNIÓN TEMPORAL ASEO COLOMBIA AMP4Limpiador desinfectante para uso general 1 (Compra)",1,"UNIÓN TEMPORAL ASEO COLOMBIA AMP4","Bien",22,"Limpiador desinfectante para uso general 1 (Compra)",null,null,null,null,11150,null,null,null,null,"1Limpiador desinfectante para uso general 1 (Compra)"]
["1UNIÓN TEMPORAL CCE AMP IV 2022Limpiador desinfectante para uso general 1 (Compra)",1,"UNIÓN TEMPORAL CCE AMP IV 2022","Bien",22,"Limpiador desinfectante para uso general 1 (Compra)",null,null,null,null,12663,null,null,null,null,"1Limpiador desinfectante para uso general 1 (Compra)"]
["1UNION TEMPORAL ECOLIMPIEZA 4GLimpiador desinfectante para uso general 1 (Compra)",1,"UNION TEMPORAL ECOLIMPIEZA 4G","Bien",22,"Limpiador desinfectante para uso general 1 (Compra)",null,null,null,null,8851,null,null,null,null,"1Limpiador desinfectante para uso general 1 (Compra)"]
["1UNIÓN TEMPORAL EMINSER SOLOASEO 2023Limpiador desinfectante para uso general 1 (Compra)",1,"UNIÓN TEMPORAL EMINSER SOLOASEO 2023","Bien",22,"Limpiador desinfectante para uso general 1 (Compra)",null,null,null,null,18389,null,null,null,null,"1Limpiador desinfectante para uso general 1 (Compra)"]
["1UNION TEMPORAL OUTSOURCING GIAFLimpiador desinfectante para uso general 1 (Compra)",1,"UNION TEMPORAL OUTSOURCING GIAF","Bien",22,"Limpiador desinfectante para uso general 1 (Compra)",null,null,null,null,13643,null,null,null,null,"1Limpiador desinfectante para uso general 1 (Compra)"]
["1UNION TEMPORAL R&J 2022Limpiador desinfectante para uso general 1 (Compra)",1,"UNION TEMPORAL R&J 2022","Bien",22,"Limpiador desinfectante para uso general 1 (Compra)",null,null,null,null,9271,null,null,null,null,"1Limpiador desinfectante para uso general 1 (Compra)"]
["1UNION TEMPORAL SERVICIOS INTEGRALESLimpiador desinfectante para uso general 1 (Compra)",1,"UNION TEMPORAL SERVICIOS INTEGRALES","Bien",22,"Limpiador desinfectante para uso general 1 (Compra)",null,null,null,null,14624,null,null,null,null,"1Limpiador desinfectante para uso general 1 (Compra)"]
["1UT EASYCLEAN ASEO PROFESIONALLimpiador desinfectante para uso general 1 (Compra)",1,"UT EASYCLEAN ASEO PROFESIONAL","Bien",22,"Limpiador desinfectante para uso general 1 (Compra)",null,null,null,null,14425,null,null,null,null,"1Limpiador desinfectante para uso general 1 (Compra)"]
["1UT GRUPO ADINLimpiador desinfectante para uso general 1 (Compra)",1,"UT GRUPO ADIN","Bien",22,"Limpiador desinfectante para uso general 1 (Compra)",null,null,null,null,14738,null,null,null,null,"1Limpiador desinfectante para uso general 1 (Compra)"]
["1ASECOLBAS LTDALimpiador desinfectante para uso general 2 (Compra)",1,"ASECOLBAS LTDA","Bien",23,"Limpiador desinfectante para uso general 2 (Compra)",null,null,null,null,3956,null,null,null,null,"1Limpiador desinfectante para uso general 2 (Compra)"]
["1CLEANER S.A.Limpiador desinfectante para uso general 2 (Compra)",1,"CLEANER S.A.","Bien",23,"Limpiador desinfectante para uso general 2 (Compra)",null,null,null,null,6928,null,null,null,null,"1Limpiador desinfectante para uso general 2 (Compra)"]
["1COMPAÑÍA DE SERVICIOS Y ADMINISTRACIÓN SA SERDAN SALimpiador desinfectante para uso general 2 (Compra)",1,"COMPAÑÍA DE SERVICIOS Y ADMINISTRACIÓN SA SERDAN SA","Bien",23,"Limpiador desinfectante para uso general 2 (Compra)",null,null,null,null,3295,null,null,null,null,"1Limpiador desinfectante para uso general 2 (Compra)"]
["1CONSERJES INMOBILIARIOS LTDALimpiador desinfectante para uso general 2 (Compra)",1,"CONSERJES INMOBILIARIOS LTDA","Bien",23,"Limpiador desinfectante para uso general 2 (Compra)",null,null,null,null,4003,null,null,null,null,"1Limpiador desinfectante para uso general 2 (Compra)"]
["1CONSORCIO ELITELimpiador desinfectante para uso general 2 (Compra)",1,"CONSORCIO ELITE","Bien",23,"Limpiador desinfectante para uso general 2 (Compra)",null,null,null,null,5925,null,null,null,null,"1Limpiador desinfectante para uso general 2 (Compra)"]
["1GRUPO GECLimpiador desinfectante para uso general 2 (Compra)",1,"GRUPO GEC","Bien",23,"Limpiador desinfectante para uso general 2 (Compra)",null,null,null,null,6428,null,null,null,null,"1Limpiador desinfectante para uso general 2 (Compra)"]
["1INCIHUILSA SAS ESPLimpiador desinfectante para uso general 2 (Compra)",1,"INCIHUILSA SAS ESP","Bien",23,"Limpiador desinfectante para uso general 2 (Compra)",null,null,null,null,19426,null,null,null,null,"1Limpiador desinfectante para uso general 2 (Compra)"]
["1INTERASEO S.A.S. E.S.P.Limpiador desinfectante para uso general 2 (Compra)",1,"INTERASEO S.A.S. E.S.P.","Bien",23,"Limpiador desinfectante para uso general 2 (Compra)",null,null,null,null,4326,null,null,null,null,"1Limpiador desinfectante para uso general 2 (Compra)"]
["1KIOS SASLimpiador desinfectante para uso general 2 (Compra)",1,"KIOS SAS","Bien",23,"Limpiador desinfectante para uso general 2 (Compra)",null,null,null,null,5031,null,null,null,null,"1Limpiador desinfectante para uso general 2 (Compra)"]
["1LIMPIEZA INSTITUCIONAL LASU S.A.S.Limpiador desinfectante para uso general 2 (Compra)",1,"LIMPIEZA INSTITUCIONAL LASU S.A.S.","Bien",23,"Limpiador desinfectante para uso general 2 (Compra)",null,null,null,null,2976,null,null,null,null,"1Limpiador desinfectante para uso general 2 (Compra)"]
["1N&R INTEGRAL SERVICE COMPANY S.A.S.Limpiador desinfectante para uso general 2 (Compra)",1,"N&R INTEGRAL SERVICE COMPANY S.A.S.","Bien",23,"Limpiador desinfectante para uso general 2 (Compra)",null,null,null,null,5521,null,null,null,null,"1Limpiador desinfectante para uso general 2 (Compra)"]
["1SOSEGE SASLimpiador desinfectante para uso general 2 (Compra)",1,"SOSEGE SAS","Bien",23,"Limpiador desinfectante para uso general 2 (Compra)",null,null,null,null,5214,null,null,null,null,"1Limpiador desinfectante para uso general 2 (Compra)"]
["1UNION  TEMPORAL LADOINSA 2022Limpiador desinfectante para uso general 2 (Compra)",1,"UNION  TEMPORAL LADOINSA 2022","Bien",23,"Limpiador desinfectante para uso general 2 (Compra)",null,null,null,null,5562,null,null,null,null,"1Limpiador desinfectante para uso general 2 (Compra)"]
["1UNIÓN TEMPORAL ASEO COLOMBIA AMP4Limpiador desinfectante para uso general 2 (Compra)",1,"UNIÓN TEMPORAL ASEO COLOMBIA AMP4","Bien",23,"Limpiador desinfectante para uso general 2 (Compra)",null,null,null,null,5671,null,null,null,null,"1Limpiador desinfectante para uso general 2 (Compra)"]
["1UNIÓN TEMPORAL CCE AMP IV 2022Limpiador desinfectante para uso general 2 (Compra)",1,"UNIÓN TEMPORAL CCE AMP IV 2022","Bien",23,"Limpiador desinfectante para uso general 2 (Compra)",null,null,null,null,5260,null,null,null,null,"1Limpiador desinfectante para uso general 2 (Compra)"]
["1UNION TEMPORAL ECOLIMPIEZA 4GLimpiador desinfectante para uso general 2 (Compra)",1,"UNION TEMPORAL ECOLIMPIEZA 4G","Bien",23,"Limpiador desinfectante para uso general 2 (Compra)",null,null,null,null,3815,null,null,null,null,"1Limpiador desinfectante para uso general 2 (Compra)"]
["1UNIÓN TEMPORAL EMINSER SOLOASEO 2023Limpiador desinfectante para uso general 2 (Compra)",1,"UNIÓN TEMPORAL EMINSER SOLOASEO 2023","Bien",23,"Limpiador desinfectante para uso general 2 (Compra)",null,null,null,null,6436,null,null,null,null,"1Limpiador desinfectante para uso general 2 (Compra)"]
["1UNION TEMPORAL OUTSOURCING GIAFLimpiador desinfectante para uso general 2 (Compra)",1,"UNION TEMPORAL OUTSOURCING GIAF","Bien",23,"Limpiador desinfectante para uso general 2 (Compra)",null,null,null,null,5759,null,null,null,null,"1Limpiador desinfectante para uso general 2 (Compra)"]
["1UNION TEMPORAL R&J 2022Limpiador desinfectante para uso general 2 (Compra)",1,"UNION TEMPORAL R&J 2022","Bien",23,"Limpiador desinfectante para uso general 2 (Compra)",null,null,null,null,4450,null,null,null,null,"1Limpiador desinfectante para uso general 2 (Compra)"]
["1UNION TEMPORAL SERVICIOS INTEGRALESLimpiador desinfectante para uso general 2 (Compra)",1,"UNION TEMPORAL SERVICIOS INTEGRALES","Bien",23,"Limpiador desinfectante para uso general 2 (Compra)",null,null,null,null,5797,null,null,null,null,"1Limpiador desinfectante para uso general 2 (Compra)"]
["1UT EASYCLEAN ASEO PROFESIONALLimpiador desinfectante para uso general 2 (Compra)",1,"UT EASYCLEAN ASEO PROFESIONAL","Bien",23,"Limpiador desinfectante para uso general 2 (Compra)",null,null,null,null,5744,null,null,null,null,"1Limpiador desinfectante para uso general 2 (Compra)"]
["1UT GRUPO ADINLimpiador desinfectante para uso general 2 (Compra)",1,"UT GRUPO ADIN","Bien",23,"Limpiador desinfectante para uso general 2 (Compra)",null,null,null,null,6128,null,null,null,null,"1Limpiador desinfectante para uso general 2 (Compra)"]
["1ASECOLBAS LTDALimpiador desinfectante para uso general 3 (Compra)",1,"ASECOLBAS LTDA","Bien",24,"Limpiador desinfectante para uso general 3 (Compra)",null,null,null,null,2611,null,null,null,null,"1Limpiador desinfectante para uso general 3 (Compra)"]
["1CLEANER S.A.Limpiador desinfectante para uso general 3 (Compra)",1,"CLEANER S.A.","Bien",24,"Limpiador desinfectante para uso general 3 (Compra)",null,null,null,null,3672,null,null,null,null,"1Limpiador desinfectante para uso general 3 (Compra)"]
["1COMPAÑÍA DE SERVICIOS Y ADMINISTRACIÓN SA SERDAN SALimpiador desinfectante para uso general 3 (Compra)",1,"COMPAÑÍA DE SERVICIOS Y ADMINISTRACIÓN SA SERDAN SA","Bien",24,"Limpiador desinfectante para uso general 3 (Compra)",null,null,null,null,2145,null,null,null,null,"1Limpiador desinfectante para uso general 3 (Compra)"]
["1CONSERJES INMOBILIARIOS LTDALimpiador desinfectante para uso general 3 (Compra)",1,"CONSERJES INMOBILIARIOS LTDA","Bien",24,"Limpiador desinfectante para uso general 3 (Compra)",null,null,null,null,2580,null,null,null,null,"1Limpiador desinfectante para uso general 3 (Compra)"]
["1CONSORCIO ELITELimpiador desinfectante para uso general 3 (Compra)",1,"CONSORCIO ELITE","Bien",24,"Limpiador desinfectante para uso general 3 (Compra)",null,null,null,null,4443,null,null,null,null,"1Limpiador desinfectante para uso general 3 (Compra)"]
["1GRUPO GECLimpiador desinfectante para uso general 3 (Compra)",1,"GRUPO GEC","Bien",24,"Limpiador desinfectante para uso general 3 (Compra)",null,null,null,null,5068,null,null,null,null,"1Limpiador desinfectante para uso general 3 (Compra)"]
["1INCIHUILSA SAS ESPLimpiador desinfectante para uso general 3 (Compra)",1,"INCIHUILSA SAS ESP","Bien",24,"Limpiador desinfectante para uso general 3 (Compra)",null,null,null,null,17903,null,null,null,null,"1Limpiador desinfectante para uso general 3 (Compra)"]
["1INTERASEO S.A.S. E.S.P.Limpiador desinfectante para uso general 3 (Compra)",1,"INTERASEO S.A.S. E.S.P.","Bien",24,"Limpiador desinfectante para uso general 3 (Compra)",null,null,null,null,4326,null,null,null,null,"1Limpiador desinfectante para uso general 3 (Compra)"]
["1KIOS SASLimpiador desinfectante para uso general 3 (Compra)",1,"KIOS SAS","Bien",24,"Limpiador desinfectante para uso general 3 (Compra)",null,null,null,null,3696,null,null,null,null,"1Limpiador desinfectante para uso general 3 (Compra)"]
["1LIMPIEZA INSTITUCIONAL LASU S.A.S.Limpiador desinfectante para uso general 3 (Compra)",1,"LIMPIEZA INSTITUCIONAL LASU S.A.S.","Bien",24,"Limpiador desinfectante para uso general 3 (Compra)",null,null,null,null,1973,null,null,null,null,"1Limpiador desinfectante para uso general 3 (Compra)"]
["1N&R INTEGRAL SERVICE COMPANY S.A.S.Limpiador desinfectante para uso general 3 (Compra)",1,"N&R INTEGRAL SERVICE COMPANY S.A.S.","Bien",24,"Limpiador desinfectante para uso general 3 (Compra)",null,null,null,null,4142,null,null,null,null,"1Limpiador desinfectante para uso general 3 (Compra)"]
["1SOSEGE SASLimpiador desinfectante para uso general 3 (Compra)",1,"SOSEGE SAS","Bien",24,"Limpiador desinfectante para uso general 3 (Compra)",null,null,null,null,3189,null,null,null,null,"1Limpiador desinfectante para uso general 3 (Compra)"]
["1UNION  TEMPORAL LADOINSA 2022Limpiador desinfectante para uso general 3 (Compra)",1,"UNION  TEMPORAL LADOINSA 2022","Bien",24,"Limpiador desinfectante para uso general 3 (Compra)",null,null,null,null,4698,null,null,null,null,"1Limpiador desinfectante para uso general 3 (Compra)"]
["1UNIÓN TEMPORAL ASEO COLOMBIA AMP4Limpiador desinfectante para uso general 3 (Compra)",1,"UNIÓN TEMPORAL ASEO COLOMBIA AMP4","Bien",24,"Limpiador desinfectante para uso general 3 (Compra)",null,null,null,null,4624,null,null,null,null,"1Limpiador desinfectante para uso general 3 (Compra)"]
["1UNIÓN TEMPORAL CCE AMP IV 2022Limpiador desinfectante para uso general 3 (Compra)",1,"UNIÓN TEMPORAL CCE AMP IV 2022","Bien",24,"Limpiador desinfectante para uso general 3 (Compra)",null,null,null,null,4060,null,null,null,null,"1Limpiador desinfectante para uso general 3 (Compra)"]
["1UNION TEMPORAL ECOLIMPIEZA 4GLimpiador desinfectante para uso general 3 (Compra)",1,"UNION TEMPORAL ECOLIMPIEZA 4G","Bien",24,"Limpiador desinfectante para uso general 3 (Compra)",null,null,null,null,2870,null,null,null,null,"1Limpiador desinfectante para uso general 3 (Compra)"]
["1UNIÓN TEMPORAL EMINSER SOLOASEO 2023Limpiador desinfectante para uso general 3 (Compra)",1,"UNIÓN TEMPORAL EMINSER SOLOASEO 2023","Bien",24,"Limpiador desinfectante para uso general 3 (Compra)",null,null,null,null,5518,null,null,null,null,"1Limpiador desinfectante para uso general 3 (Compra)"]
["1UNION TEMPORAL OUTSOURCING GIAFLimpiador desinfectante para uso general 3 (Compra)",1,"UNION TEMPORAL OUTSOURCING GIAF","Bien",24,"Limpiador desinfectante para uso general 3 (Compra)",null,null,null,null,4524,null,null,null,null,"1Limpiador desinfectante para uso general 3 (Compra)"]
["1UNION TEMPORAL R&J 2022Limpiador desinfectante para uso general 3 (Compra)",1,"UNION TEMPORAL R&J 2022","Bien",24,"Limpiador desinfectante para uso general 3 (Compra)",null,null,null,null,3337,null,null,null,null,"1Limpiador desinfectante para uso general 3 (Compra)"]
["1UNION TEMPORAL SERVICIOS INTEGRALESLimpiador desinfectante para uso general 3 (Compra)",1,"UNION TEMPORAL SERVICIOS INTEGRALES","Bien",24,"Limpiador desinfectante para uso general 3 (Compra)",null,null,null,null,4352,null,null,null,null,"1Limpiador desinfectante para uso general 3 (Compra)"]
["1UT EASYCLEAN ASEO PROFESIONALLimpiador desinfectante para uso general 3 (Compra)",1,"UT EASYCLEAN ASEO PROFESIONAL","Bien",24,"Limpiador desinfectante para uso general 3 (Compra)",null,null,null,null,4308,null,null,null,null,"1Limpiador desinfectante para uso general 3 (Compra)"]
["1UT GRUPO ADINLimpiador desinfectante para uso general 3 (Compra)",1,"UT GRUPO ADIN","Bien",24,"Limpiador desinfectante para uso general 3 (Compra)",null,null,null,null,4924,null,null,null,null,"1Limpiador desinfectante para uso general 3 (Compra)"]
["1ASECOLBAS LTDADesinfectante de alto nivel de desinfección para uso hospitalario (Compra)",1,"ASECOLBAS LTDA","Bien",25,"Desinfectante de alto nivel de desinfección para uso hospitalario (Compra)",null,null,null,null,11097,null,null,null,null,"1Desinfectante de alto nivel de desinfección para uso hospitalario (Compra)"]
["1CLEANER S.A.Desinfectante de alto nivel de desinfección para uso hospitalario (Compra)",1,"CLEANER S.A.","Bien",25,"Desinfectante de alto nivel de desinfección para uso hospitalario (Compra)",null,null,null,null,29075,null,null,null,null,"1Desinfectante de alto nivel de desinfección para uso hospitalario (Compra)"]
["1COMPAÑÍA DE SERVICIOS Y ADMINISTRACIÓN SA SERDAN SADesinfectante de alto nivel de desinfección para uso hospitalario (Compra)",1,"COMPAÑÍA DE SERVICIOS Y ADMINISTRACIÓN SA SERDAN SA","Bien",25,"Desinfectante de alto nivel de desinfección para uso hospitalario (Compra)",null,null,null,null,20918,null,null,null,null,"1Desinfectante de alto nivel de desinfección para uso hospitalario (Compra)"]
["1CONSERJES INMOBILIARIOS LTDADesinfectante de alto nivel de desinfección para uso hospitalario (Compra)",1,"CONSERJES INMOBILIARIOS LTDA","Bien",25,"Desinfectante de alto nivel de desinfección para uso hospitalario (Compra)",null,null,null,null,11230,null,null,null,null,"1Desinfectante de alto nivel de desinfección para uso hospitalario (Compra)"]
["1CONSORCIO ELITEDesinfectante de alto nivel de desinfección para uso hospitalario (Compra)",1,"CONSORCIO ELITE","Bien",25,"Desinfectante de alto nivel de desinfección para uso hospitalario (Compra)",null,null,null,null,21319,null,null,null,null,"1Desinfectante de alto nivel de desinfección para uso hospitalario (Compra)"]
["1GRUPO GECDesinfectante de alto nivel de desinfección para uso hospitalario (Compra)",1,"GRUPO GEC","Bien",25,"Desinfectante de alto nivel de desinfección para uso hospitalario (Compra)",null,null,null,null,31523,null,null,null,null,"1Desinfectante de alto nivel de desinfección para uso hospitalario (Compra)"]
["1INCIHUILSA SAS ESPDesinfectante de alto nivel de desinfección para uso hospitalario (Compra)",1,"INCIHUILSA SAS ESP","Bien",25,"Desinfectante de alto nivel de desinfección para uso hospitalario (Compra)",null,null,null,null,70462,null,null,null,null,"1Desinfectante de alto nivel de desinfección para uso hospitalario (Compra)"]
["1INTERASEO S.A.S. E.S.P.Desinfectante de alto nivel de desinfección para uso hospitalario (Compra)",1,"INTERASEO S.A.S. E.S.P.","Bien",25,"Desinfectante de alto nivel de desinfección para uso hospitalario (Compra)",null,null,null,null,27195,null,null,null,null,"1Desinfectante de alto nivel de desinfección para uso hospitalario (Compra)"]
["1KIOS SASDesinfectante de alto nivel de desinfección para uso hospitalario (Compra)",1,"KIOS SAS","Bien",25,"Desinfectante de alto nivel de desinfección para uso hospitalario (Compra)",null,null,null,null,21386,null,null,null,null,"1Desinfectante de alto nivel de desinfección para uso hospitalario (Compra)"]
["1LIMPIEZA INSTITUCIONAL LASU S.A.S.Desinfectante de alto nivel de desinfección para uso hospitalario (Compra)",1,"LIMPIEZA INSTITUCIONAL LASU S.A.S.","Bien",25,"Desinfectante de alto nivel de desinfección para uso hospitalario (Compra)",null,null,null,null,5629,null,null,null,null,"1Desinfectante de alto nivel de desinfección para uso hospitalario (Compra)"]
["1N&R INTEGRAL SERVICE COMPANY S.A.S.Desinfectante de alto nivel de desinfección para uso hospitalario (Compra)",1,"N&R INTEGRAL SERVICE COMPANY S.A.S.","Bien",25,"Desinfectante de alto nivel de desinfección para uso hospitalario (Compra)",null,null,null,null,19868,null,null,null,null,"1Desinfectante de alto nivel de desinfección para uso hospitalario (Compra)"]
["1SOSEGE SASDesinfectante de alto nivel de desinfección para uso hospitalario (Compra)",1,"SOSEGE SAS","Bien",25,"Desinfectante de alto nivel de desinfección para uso hospitalario (Compra)",null,null,null,null,29526,null,null,null,null,"1Desinfectante de alto nivel de desinfección para uso hospitalario (Compra)"]
["1UNION  TEMPORAL LADOINSA 2022Desinfectante de alto nivel de desinfección para uso hospitalario (Compra)",1,"UNION  TEMPORAL LADOINSA 2022","Bien",25,"Desinfectante de alto nivel de desinfección para uso hospitalario (Compra)",null,null,null,null,17183,null,null,null,null,"1Desinfectante de alto nivel de desinfección para uso hospitalario (Compra)"]
["1UNIÓN TEMPORAL ASEO COLOMBIA AMP4Desinfectante de alto nivel de desinfección para uso hospitalario (Compra)",1,"UNIÓN TEMPORAL ASEO COLOMBIA AMP4","Bien",25,"Desinfectante de alto nivel de desinfección para uso hospitalario (Compra)",null,null,null,null,28828,null,null,null,null,"1Desinfectante de alto nivel de desinfección para uso hospitalario (Compra)"]
["1UNIÓN TEMPORAL CCE AMP IV 2022Desinfectante de alto nivel de desinfección para uso hospitalario (Compra)",1,"UNIÓN TEMPORAL CCE AMP IV 2022","Bien",25,"Desinfectante de alto nivel de desinfección para uso hospitalario (Compra)",null,null,null,null,18139,null,null,null,null,"1Desinfectante de alto nivel de desinfección para uso hospitalario (Compra)"]
["1UNION TEMPORAL ECOLIMPIEZA 4GDesinfectante de alto nivel de desinfección para uso hospitalario (Compra)",1,"UNION TEMPORAL ECOLIMPIEZA 4G","Bien",25,"Desinfectante de alto nivel de desinfección para uso hospitalario (Compra)",null,null,null,null,13757,null,null,null,null,"1Desinfectante de alto nivel de desinfección para uso hospitalario (Compra)"]
["1UNIÓN TEMPORAL EMINSER SOLOASEO 2023Desinfectante de alto nivel de desinfección para uso hospitalario (Compra)",1,"UNIÓN TEMPORAL EMINSER SOLOASEO 2023","Bien",25,"Desinfectante de alto nivel de desinfección para uso hospitalario (Compra)",null,null,null,null,30907,null,null,null,null,"1Desinfectante de alto nivel de desinfección para uso hospitalario (Compra)"]
["1UNION TEMPORAL OUTSOURCING GIAFDesinfectante de alto nivel de desinfección para uso hospitalario (Compra)",1,"UNION TEMPORAL OUTSOURCING GIAF","Bien",25,"Desinfectante de alto nivel de desinfección para uso hospitalario (Compra)",null,null,null,null,20401,null,null,null,null,"1Desinfectante de alto nivel de desinfección para uso hospitalario (Compra)"]
["1UNION TEMPORAL R&J 2022Desinfectante de alto nivel de desinfección para uso hospitalario (Compra)",1,"UNION TEMPORAL R&J 2022","Bien",25,"Desinfectante de alto nivel de desinfección para uso hospitalario (Compra)",null,null,null,null,14463,null,null,null,null,"1Desinfectante de alto nivel de desinfección para uso hospitalario (Compra)"]
["1UNION TEMPORAL SERVICIOS INTEGRALESDesinfectante de alto nivel de desinfección para uso hospitalario (Compra)",1,"UNION TEMPORAL SERVICIOS INTEGRALES","Bien",25,"Desinfectante de alto nivel de desinfección para uso hospitalario (Compra)",null,null,null,null,20928,null,null,null,null,"1Desinfectante de alto nivel de desinfección para uso hospitalario (Compra)"]
["1UT EASYCLEAN ASEO PROFESIONALDesinfectante de alto nivel de desinfección para uso hospitalario (Compra)",1,"UT EASYCLEAN ASEO PROFESIONAL","Bien",25,"Desinfectante de alto nivel de desinfección para uso hospitalario (Compra)",null,null,null,null,20663,null,null,null,null,"1Desinfectante de alto nivel de desinfección para uso hospitalario (Compra)"]
["1UT GRUPO ADINDesinfectante de alto nivel de desinfección para uso hospitalario (Compra)",1,"UT GRUPO ADIN","Bien",25,"Desinfectante de alto nivel de desinfección para uso hospitalario (Compra)",null,null,null,null,31084,null,null,null,null,"1Desinfectante de alto nivel de desinfección para uso hospitalario (Compra)"]
["1ASECOLBAS LTDAPastilla desinfectante para sanitario (Compra)",1,"ASECOLBAS LTDA","Bien",26,"Pastilla desinfectante para sanitario (Compra)",null,null,null,null,5533,null,null,null,null,"1Pastilla desinfectante para sanitario (Compra)"]
["1CLEANER S.A.Pastilla desinfectante para sanitario (Compra)",1,"CLEANER S.A.","Bien",26,"Pastilla desinfectante para sanitario (Compra)",null,null,null,null,5898,null,null,null,null,"1Pastilla desinfectante para sanitario (Compra)"]
["1COMPAÑÍA DE SERVICIOS Y ADMINISTRACIÓN SA SERDAN SAPastilla desinfectante para sanitario (Compra)",1,"COMPAÑÍA DE SERVICIOS Y ADMINISTRACIÓN SA SERDAN SA","Bien",26,"Pastilla desinfectante para sanitario (Compra)",null,null,null,null,6689,null,null,null,null,"1Pastilla desinfectante para sanitario (Compra)"]
["1CONSERJES INMOBILIARIOS LTDAPastilla desinfectante para sanitario (Compra)",1,"CONSERJES INMOBILIARIOS LTDA","Bien",26,"Pastilla desinfectante para sanitario (Compra)",null,null,null,null,5467,null,null,null,null,"1Pastilla desinfectante para sanitario (Compra)"]
["1CONSORCIO ELITEPastilla desinfectante para sanitario (Compra)",1,"CONSORCIO ELITE","Bien",26,"Pastilla desinfectante para sanitario (Compra)",null,null,null,null,7451,null,null,null,null,"1Pastilla desinfectante para sanitario (Compra)"]
["1GRUPO GECPastilla desinfectante para sanitario (Compra)",1,"GRUPO GEC","Bien",26,"Pastilla desinfectante para sanitario (Compra)",null,null,null,null,5934,null,null,null,null,"1Pastilla desinfectante para sanitario (Compra)"]
["1INCIHUILSA SAS ESPPastilla desinfectante para sanitario (Compra)",1,"INCIHUILSA SAS ESP","Bien",26,"Pastilla desinfectante para sanitario (Compra)",null,null,null,null,48983,null,null,null,null,"1Pastilla desinfectante para sanitario (Compra)"]
["1INTERASEO S.A.S. E.S.P.Pastilla desinfectante para sanitario (Compra)",1,"INTERASEO S.A.S. E.S.P.","Bien",26,"Pastilla desinfectante para sanitario (Compra)",null,null,null,null,4945,null,null,null,null,"1Pastilla desinfectante para sanitario (Compra)"]
["1KIOS SASPastilla desinfectante para sanitario (Compra)",1,"KIOS SAS","Bien",26,"Pastilla desinfectante para sanitario (Compra)",null,null,null,null,7084,null,null,null,null,"1Pastilla desinfectante para sanitario (Compra)"]
["1LIMPIEZA INSTITUCIONAL LASU S.A.S.Pastilla desinfectante para sanitario (Compra)",1,"LIMPIEZA INSTITUCIONAL LASU S.A.S.","Bien",26,"Pastilla desinfectante para sanitario (Compra)",null,null,null,null,3522,null,null,null,null,"1Pastilla desinfectante para sanitario (Compra)"]
["1N&R INTEGRAL SERVICE COMPANY S.A.S.Pastilla desinfectante para sanitario (Compra)",1,"N&R INTEGRAL SERVICE COMPANY S.A.S.","Bien",26,"Pastilla desinfectante para sanitario (Compra)",null,null,null,null,6944,null,null,null,null,"1Pastilla desinfectante para sanitario (Compra)"]
["1SOSEGE SASPastilla desinfectante para sanitario (Compra)",1,"SOSEGE SAS","Bien",26,"Pastilla desinfectante para sanitario (Compra)",null,null,null,null,7610,null,null,null,null,"1Pastilla desinfectante para sanitario (Compra)"]
["1UNION  TEMPORAL LADOINSA 2022Pastilla desinfectante para sanitario (Compra)",1,"UNION  TEMPORAL LADOINSA 2022","Bien",26,"Pastilla desinfectante para sanitario (Compra)",null,null,null,null,7046,null,null,null,null,"1Pastilla desinfectante para sanitario (Compra)"]
["1UNIÓN TEMPORAL ASEO COLOMBIA AMP4Pastilla desinfectante para sanitario (Compra)",1,"UNIÓN TEMPORAL ASEO COLOMBIA AMP4","Bien",26,"Pastilla desinfectante para sanitario (Compra)",null,null,null,null,5687,null,null,null,null,"1Pastilla desinfectante para sanitario (Compra)"]
["1UNIÓN TEMPORAL CCE AMP IV 2022Pastilla desinfectante para sanitario (Compra)",1,"UNIÓN TEMPORAL CCE AMP IV 2022","Bien",26,"Pastilla desinfectante para sanitario (Compra)",null,null,null,null,6339,null,null,null,null,"1Pastilla desinfectante para sanitario (Compra)"]
["1UNION TEMPORAL ECOLIMPIEZA 4GPastilla desinfectante para sanitario (Compra)",1,"UNION TEMPORAL ECOLIMPIEZA 4G","Bien",26,"Pastilla desinfectante para sanitario (Compra)",null,null,null,null,4991,null,null,null,null,"1Pastilla desinfectante para sanitario (Compra)"]
["1UNIÓN TEMPORAL EMINSER SOLOASEO 2023Pastilla desinfectante para sanitario (Compra)",1,"UNIÓN TEMPORAL EMINSER SOLOASEO 2023","Bien",26,"Pastilla desinfectante para sanitario (Compra)",null,null,null,null,6604,null,null,null,null,"1Pastilla desinfectante para sanitario (Compra)"]
["1UNION TEMPORAL OUTSOURCING GIAFPastilla desinfectante para sanitario (Compra)",1,"UNION TEMPORAL OUTSOURCING GIAF","Bien",26,"Pastilla desinfectante para sanitario (Compra)",null,null,null,null,5380,null,null,null,null,"1Pastilla desinfectante para sanitario (Compra)"]
["1UNION TEMPORAL R&J 2022Pastilla desinfectante para sanitario (Compra)",1,"UNION TEMPORAL R&J 2022","Bien",26,"Pastilla desinfectante para sanitario (Compra)",null,null,null,null,5192,null,null,null,null,"1Pastilla desinfectante para sanitario (Compra)"]
["1UNION TEMPORAL SERVICIOS INTEGRALESPastilla desinfectante para sanitario (Compra)",1,"UNION TEMPORAL SERVICIOS INTEGRALES","Bien",26,"Pastilla desinfectante para sanitario (Compra)",null,null,null,null,7268,null,null,null,null,"1Pastilla desinfectante para sanitario (Compra)"]
["1UT EASYCLEAN ASEO PROFESIONALPastilla desinfectante para sanitario (Compra)",1,"UT EASYCLEAN ASEO PROFESIONAL","Bien",26,"Pastilla desinfectante para sanitario (Compra)",null,null,null,null,7220,null,null,null,null,"1Pastilla desinfectante para sanitario (Compra)"]
["1UT GRUPO ADINPastilla desinfectante para sanitario (Compra)",1,"UT GRUPO ADIN","Bien",26,"Pastilla desinfectante para sanitario (Compra)",null,null,null,null,5978,null,null,null,null,"1Pastilla desinfectante para sanitario (Compra)"]
["1ASECOLBAS LTDALíquido para limpiar vidrios 1 (Compra)",1,"ASECOLBAS LTDA","Bien",27,"Líquido para limpiar vidrios 1 (Compra)",null,null,null,null,6280,null,null,null,null,"1Líquido para limpiar vidrios 1 (Compra)"]
["1CLEANER S.A.Líquido para limpiar vidrios 1 (Compra)",1,"CLEANER S.A.","Bien",27,"Líquido para limpiar vidrios 1 (Compra)",null,null,null,null,7927,null,null,null,null,"1Líquido para limpiar vidrios 1 (Compra)"]
["1COMPAÑÍA DE SERVICIOS Y ADMINISTRACIÓN SA SERDAN SALíquido para limpiar vidrios 1 (Compra)",1,"COMPAÑÍA DE SERVICIOS Y ADMINISTRACIÓN SA SERDAN SA","Bien",27,"Líquido para limpiar vidrios 1 (Compra)",null,null,null,null,9567,null,null,null,null,"1Líquido para limpiar vidrios 1 (Compra)"]
["1CONSERJES INMOBILIARIOS LTDALíquido para limpiar vidrios 1 (Compra)",1,"CONSERJES INMOBILIARIOS LTDA","Bien",27,"Líquido para limpiar vidrios 1 (Compra)",null,null,null,null,6355,null,null,null,null,"1Líquido para limpiar vidrios 1 (Compra)"]
["1CONSORCIO ELITELíquido para limpiar vidrios 1 (Compra)",1,"CONSORCIO ELITE","Bien",27,"Líquido para limpiar vidrios 1 (Compra)",null,null,null,null,11930,null,null,null,null,"1Líquido para limpiar vidrios 1 (Compra)"]
["1GRUPO GECLíquido para limpiar vidrios 1 (Compra)",1,"GRUPO GEC","Bien",27,"Líquido para limpiar vidrios 1 (Compra)",null,null,null,null,11868,null,null,null,null,"1Líquido para limpiar vidrios 1 (Compra)"]
["1INCIHUILSA SAS ESPLíquido para limpiar vidrios 1 (Compra)",1,"INCIHUILSA SAS ESP","Bien",27,"Líquido para limpiar vidrios 1 (Compra)",null,null,null,null,38851,null,null,null,null,"1Líquido para limpiar vidrios 1 (Compra)"]
["1INTERASEO S.A.S. E.S.P.Líquido para limpiar vidrios 1 (Compra)",1,"INTERASEO S.A.S. E.S.P.","Bien",27,"Líquido para limpiar vidrios 1 (Compra)",null,null,null,null,10879,null,null,null,null,"1Líquido para limpiar vidrios 1 (Compra)"]
["1KIOS SASLíquido para limpiar vidrios 1 (Compra)",1,"KIOS SAS","Bien",27,"Líquido para limpiar vidrios 1 (Compra)",null,null,null,null,10248,null,null,null,null,"1Líquido para limpiar vidrios 1 (Compra)"]
["1LIMPIEZA INSTITUCIONAL LASU S.A.S.Líquido para limpiar vidrios 1 (Compra)",1,"LIMPIEZA INSTITUCIONAL LASU S.A.S.","Bien",27,"Líquido para limpiar vidrios 1 (Compra)",null,null,null,null,4788,null,null,null,null,"1Líquido para limpiar vidrios 1 (Compra)"]
["1N&R INTEGRAL SERVICE COMPANY S.A.S.Líquido para limpiar vidrios 1 (Compra)",1,"N&R INTEGRAL SERVICE COMPANY S.A.S.","Bien",27,"Líquido para limpiar vidrios 1 (Compra)",null,null,null,null,11119,null,null,null,null,"1Líquido para limpiar vidrios 1 (Compra)"]
["1SOSEGE SASLíquido para limpiar vidrios 1 (Compra)",1,"SOSEGE SAS","Bien",27,"Líquido para limpiar vidrios 1 (Compra)",null,null,null,null,11542,null,null,null,null,"1Líquido para limpiar vidrios 1 (Compra)"]
["1UNION  TEMPORAL LADOINSA 2022Líquido para limpiar vidrios 1 (Compra)",1,"UNION  TEMPORAL LADOINSA 2022","Bien",27,"Líquido para limpiar vidrios 1 (Compra)",null,null,null,null,8777,null,null,null,null,"1Líquido para limpiar vidrios 1 (Compra)"]
["1UNIÓN TEMPORAL ASEO COLOMBIA AMP4Líquido para limpiar vidrios 1 (Compra)",1,"UNIÓN TEMPORAL ASEO COLOMBIA AMP4","Bien",27,"Líquido para limpiar vidrios 1 (Compra)",null,null,null,null,10335,null,null,null,null,"1Líquido para limpiar vidrios 1 (Compra)"]
["1UNIÓN TEMPORAL CCE AMP IV 2022Líquido para limpiar vidrios 1 (Compra)",1,"UNIÓN TEMPORAL CCE AMP IV 2022","Bien",27,"Líquido para limpiar vidrios 1 (Compra)",null,null,null,null,10153,null,null,null,null,"1Líquido para limpiar vidrios 1 (Compra)"]
["1UNION TEMPORAL ECOLIMPIEZA 4GLíquido para limpiar vidrios 1 (Compra)",1,"UNION TEMPORAL ECOLIMPIEZA 4G","Bien",27,"Líquido para limpiar vidrios 1 (Compra)",null,null,null,null,7761,null,null,null,null,"1Líquido para limpiar vidrios 1 (Compra)"]
["1UNIÓN TEMPORAL EMINSER SOLOASEO 2023Líquido para limpiar vidrios 1 (Compra)",1,"UNIÓN TEMPORAL EMINSER SOLOASEO 2023","Bien",27,"Líquido para limpiar vidrios 1 (Compra)",null,null,null,null,12670,null,null,null,null,"1Líquido para limpiar vidrios 1 (Compra)"]
["1UNION TEMPORAL OUTSOURCING GIAFLíquido para limpiar vidrios 1 (Compra)",1,"UNION TEMPORAL OUTSOURCING GIAF","Bien",27,"Líquido para limpiar vidrios 1 (Compra)",null,null,null,null,8040,null,null,null,null,"1Líquido para limpiar vidrios 1 (Compra)"]
["1UNION TEMPORAL R&J 2022Líquido para limpiar vidrios 1 (Compra)",1,"UNION TEMPORAL R&J 2022","Bien",27,"Líquido para limpiar vidrios 1 (Compra)",null,null,null,null,6675,null,null,null,null,"1Líquido para limpiar vidrios 1 (Compra)"]
["1UNION TEMPORAL SERVICIOS INTEGRALESLíquido para limpiar vidrios 1 (Compra)",1,"UNION TEMPORAL SERVICIOS INTEGRALES","Bien",27,"Líquido para limpiar vidrios 1 (Compra)",null,null,null,null,11706,null,null,null,null,"1Líquido para limpiar vidrios 1 (Compra)"]
["1UT EASYCLEAN ASEO PROFESIONALLíquido para limpiar vidrios 1 (Compra)",1,"UT EASYCLEAN ASEO PROFESIONAL","Bien",27,"Líquido para limpiar vidrios 1 (Compra)",null,null,null,null,11563,null,null,null,null,"1Líquido para limpiar vidrios 1 (Compra)"]
["1UT GRUPO ADINLíquido para limpiar vidrios 1 (Compra)",1,"UT GRUPO ADIN","Bien",27,"Líquido para limpiar vidrios 1 (Compra)",null,null,null,null,11090,null,null,null,null,"1Líquido para limpiar vidrios 1 (Compra)"]
["1ASECOLBAS LTDALíquido para limpiar vidrios 2 (Compra)",1,"ASECOLBAS LTDA","Bien",28,"Líquido para limpiar vidrios 2 (Compra)",null,null,null,null,3395,null,null,null,null,"1Líquido para limpiar vidrios 2 (Compra)"]
["1CLEANER S.A.Líquido para limpiar vidrios 2 (Compra)",1,"CLEANER S.A.","Bien",28,"Líquido para limpiar vidrios 2 (Compra)",null,null,null,null,3655,null,null,null,null,"1Líquido para limpiar vidrios 2 (Compra)"]
["1COMPAÑÍA DE SERVICIOS Y ADMINISTRACIÓN SA SERDAN SALíquido para limpiar vidrios 2 (Compra)",1,"COMPAÑÍA DE SERVICIOS Y ADMINISTRACIÓN SA SERDAN SA","Bien",28,"Líquido para limpiar vidrios 2 (Compra)",null,null,null,null,3630,null,null,null,null,"1Líquido para limpiar vidrios 2 (Compra)"]
["1CONSERJES INMOBILIARIOS LTDALíquido para limpiar vidrios 2 (Compra)",1,"CONSERJES INMOBILIARIOS LTDA","Bien",28,"Líquido para limpiar vidrios 2 (Compra)",null,null,null,null,3356,null,null,null,null,"1Líquido para limpiar vidrios 2 (Compra)"]
["1CONSORCIO ELITELíquido para limpiar vidrios 2 (Compra)",1,"CONSORCIO ELITE","Bien",28,"Líquido para limpiar vidrios 2 (Compra)",null,null,null,null,6473,null,null,null,null,"1Líquido para limpiar vidrios 2 (Compra)"]
["1GRUPO GECLíquido para limpiar vidrios 2 (Compra)",1,"GRUPO GEC","Bien",28,"Líquido para limpiar vidrios 2 (Compra)",null,null,null,null,4945,null,null,null,null,"1Líquido para limpiar vidrios 2 (Compra)"]
["1INCIHUILSA SAS ESPLíquido para limpiar vidrios 2 (Compra)",1,"INCIHUILSA SAS ESP","Bien",28,"Líquido para limpiar vidrios 2 (Compra)",null,null,null,null,16019,null,null,null,null,"1Líquido para limpiar vidrios 2 (Compra)"]
["1INTERASEO S.A.S. E.S.P.Líquido para limpiar vidrios 2 (Compra)",1,"INTERASEO S.A.S. E.S.P.","Bien",28,"Líquido para limpiar vidrios 2 (Compra)",null,null,null,null,3709,null,null,null,null,"1Líquido para limpiar vidrios 2 (Compra)"]
["1KIOS SASLíquido para limpiar vidrios 2 (Compra)",1,"KIOS SAS","Bien",28,"Líquido para limpiar vidrios 2 (Compra)",null,null,null,null,5090,null,null,null,null,"1Líquido para limpiar vidrios 2 (Compra)"]
["1LIMPIEZA INSTITUCIONAL LASU S.A.S.Líquido para limpiar vidrios 2 (Compra)",1,"LIMPIEZA INSTITUCIONAL LASU S.A.S.","Bien",28,"Líquido para limpiar vidrios 2 (Compra)",null,null,null,null,3082,null,null,null,null,"1Líquido para limpiar vidrios 2 (Compra)"]
["1N&R INTEGRAL SERVICE COMPANY S.A.S.Líquido para limpiar vidrios 2 (Compra)",1,"N&R INTEGRAL SERVICE COMPANY S.A.S.","Bien",28,"Líquido para limpiar vidrios 2 (Compra)",null,null,null,null,6031,null,null,null,null,"1Líquido para limpiar vidrios 2 (Compra)"]
["1SOSEGE SASLíquido para limpiar vidrios 2 (Compra)",1,"SOSEGE SAS","Bien",28,"Líquido para limpiar vidrios 2 (Compra)",null,null,null,null,4260,null,null,null,null,"1Líquido para limpiar vidrios 2 (Compra)"]
["1UNION  TEMPORAL LADOINSA 2022Líquido para limpiar vidrios 2 (Compra)",1,"UNION  TEMPORAL LADOINSA 2022","Bien",28,"Líquido para limpiar vidrios 2 (Compra)",null,null,null,null,4945,null,null,null,null,"1Líquido para limpiar vidrios 2 (Compra)"]
["1UNIÓN TEMPORAL ASEO COLOMBIA AMP4Líquido para limpiar vidrios 2 (Compra)",1,"UNIÓN TEMPORAL ASEO COLOMBIA AMP4","Bien",28,"Líquido para limpiar vidrios 2 (Compra)",null,null,null,null,3980,null,null,null,null,"1Líquido para limpiar vidrios 2 (Compra)"]
["1UNIÓN TEMPORAL CCE AMP IV 2022Líquido para limpiar vidrios 2 (Compra)",1,"UNIÓN TEMPORAL CCE AMP IV 2022","Bien",28,"Líquido para limpiar vidrios 2 (Compra)",null,null,null,null,7357,null,null,null,null,"1Líquido para limpiar vidrios 2 (Compra)"]
["1UNION TEMPORAL ECOLIMPIEZA 4GLíquido para limpiar vidrios 2 (Compra)",1,"UNION TEMPORAL ECOLIMPIEZA 4G","Bien",28,"Líquido para limpiar vidrios 2 (Compra)",null,null,null,null,4259,null,null,null,null,"1Líquido para limpiar vidrios 2 (Compra)"]
["1UNIÓN TEMPORAL EMINSER SOLOASEO 2023Líquido para limpiar vidrios 2 (Compra)",1,"UNIÓN TEMPORAL EMINSER SOLOASEO 2023","Bien",28,"Líquido para limpiar vidrios 2 (Compra)",null,null,null,null,6988,null,null,null,null,"1Líquido para limpiar vidrios 2 (Compra)"]
["1UNION TEMPORAL OUTSOURCING GIAFLíquido para limpiar vidrios 2 (Compra)",1,"UNION TEMPORAL OUTSOURCING GIAF","Bien",28,"Líquido para limpiar vidrios 2 (Compra)",null,null,null,null,5155,null,null,null,null,"1Líquido para limpiar vidrios 2 (Compra)"]
["1UNION TEMPORAL R&J 2022Líquido para limpiar vidrios 2 (Compra)",1,"UNION TEMPORAL R&J 2022","Bien",28,"Líquido para limpiar vidrios 2 (Compra)",null,null,null,null,4265,null,null,null,null,"1Líquido para limpiar vidrios 2 (Compra)"]
["1UNION TEMPORAL SERVICIOS INTEGRALESLíquido para limpiar vidrios 2 (Compra)",1,"UNION TEMPORAL SERVICIOS INTEGRALES","Bien",28,"Líquido para limpiar vidrios 2 (Compra)",null,null,null,null,6316,null,null,null,null,"1Líquido para limpiar vidrios 2 (Compra)"]
["1UT EASYCLEAN ASEO PROFESIONALLíquido para limpiar vidrios 2 (Compra)",1,"UT EASYCLEAN ASEO PROFESIONAL","Bien",28,"Líquido para limpiar vidrios 2 (Compra)",null,null,null,null,6274,null,null,null,null,"1Líquido para limpiar vidrios 2 (Compra)"]
["1UT GRUPO ADINLíquido para limpiar vidrios 2 (Compra)",1,"UT GRUPO ADIN","Bien",28,"Líquido para limpiar vidrios 2 (Compra)",null,null,null,null,4779,null,null,null,null,"1Líquido para limpiar vidrios 2 (Compra)"]
["1ASECOLBAS LTDALíquido para limpiar vidrios 3 (Compra)",1,"ASECOLBAS LTDA","Bien",29,"Líquido para limpiar vidrios 3 (Compra)",null,null,null,null,2754,null,null,null,null,"1Líquido para limpiar vidrios 3 (Compra)"]
["1CLEANER S.A.Líquido para limpiar vidrios 3 (Compra)",1,"CLEANER S.A.","Bien",29,"Líquido para limpiar vidrios 3 (Compra)",null,null,null,null,3655,null,null,null,null,"1Líquido para limpiar vidrios 3 (Compra)"]
["1COMPAÑÍA DE SERVICIOS Y ADMINISTRACIÓN SA SERDAN SALíquido para limpiar vidrios 3 (Compra)",1,"COMPAÑÍA DE SERVICIOS Y ADMINISTRACIÓN SA SERDAN SA","Bien",29,"Líquido para limpiar vidrios 3 (Compra)",null,null,null,null,2513,null,null,null,null,"1Líquido para limpiar vidrios 3 (Compra)"]
["1CONSERJES INMOBILIARIOS LTDALíquido para limpiar vidrios 3 (Compra)",1,"CONSERJES INMOBILIARIOS LTDA","Bien",29,"Líquido para limpiar vidrios 3 (Compra)",null,null,null,null,2787,null,null,null,null,"1Líquido para limpiar vidrios 3 (Compra)"]
["1CONSORCIO ELITELíquido para limpiar vidrios 3 (Compra)",1,"CONSORCIO ELITE","Bien",29,"Líquido para limpiar vidrios 3 (Compra)",null,null,null,null,4564,null,null,null,null,"1Líquido para limpiar vidrios 3 (Compra)"]
["1GRUPO GECLíquido para limpiar vidrios 3 (Compra)",1,"GRUPO GEC","Bien",29,"Líquido para limpiar vidrios 3 (Compra)",null,null,null,null,4203,null,null,null,null,"1Líquido para limpiar vidrios 3 (Compra)"]
["1INCIHUILSA SAS ESPLíquido para limpiar vidrios 3 (Compra)",1,"INCIHUILSA SAS ESP","Bien",29,"Líquido para limpiar vidrios 3 (Compra)",null,null,null,null,11479,null,null,null,null,"1Líquido para limpiar vidrios 3 (Compra)"]
["1INTERASEO S.A.S. E.S.P.Líquido para limpiar vidrios 3 (Compra)",1,"INTERASEO S.A.S. E.S.P.","Bien",29,"Líquido para limpiar vidrios 3 (Compra)",null,null,null,null,3090,null,null,null,null,"1Líquido para limpiar vidrios 3 (Compra)"]
["1KIOS SASLíquido para limpiar vidrios 3 (Compra)",1,"KIOS SAS","Bien",29,"Líquido para limpiar vidrios 3 (Compra)",null,null,null,null,3909,null,null,null,null,"1Líquido para limpiar vidrios 3 (Compra)"]
["1LIMPIEZA INSTITUCIONAL LASU S.A.S.Líquido para limpiar vidrios 3 (Compra)",1,"LIMPIEZA INSTITUCIONAL LASU S.A.S.","Bien",29,"Líquido para limpiar vidrios 3 (Compra)",null,null,null,null,2001,null,null,null,null,"1Líquido para limpiar vidrios 3 (Compra)"]
["1N&R INTEGRAL SERVICE COMPANY S.A.S.Líquido para limpiar vidrios 3 (Compra)",1,"N&R INTEGRAL SERVICE COMPANY S.A.S.","Bien",29,"Líquido para limpiar vidrios 3 (Compra)",null,null,null,null,4253,null,null,null,null,"1Líquido para limpiar vidrios 3 (Compra)"]
["1SOSEGE SASLíquido para limpiar vidrios 3 (Compra)",1,"SOSEGE SAS","Bien",29,"Líquido para limpiar vidrios 3 (Compra)",null,null,null,null,3525,null,null,null,null,"1Líquido para limpiar vidrios 3 (Compra)"]
["1UNION  TEMPORAL LADOINSA 2022Líquido para limpiar vidrios 3 (Compra)",1,"UNION  TEMPORAL LADOINSA 2022","Bien",29,"Líquido para limpiar vidrios 3 (Compra)",null,null,null,null,3956,null,null,null,null,"1Líquido para limpiar vidrios 3 (Compra)"]
["1UNIÓN TEMPORAL ASEO COLOMBIA AMP4Líquido para limpiar vidrios 3 (Compra)",1,"UNIÓN TEMPORAL ASEO COLOMBIA AMP4","Bien",29,"Líquido para limpiar vidrios 3 (Compra)",null,null,null,null,3263,null,null,null,null,"1Líquido para limpiar vidrios 3 (Compra)"]
["1UNIÓN TEMPORAL CCE AMP IV 2022Líquido para limpiar vidrios 3 (Compra)",1,"UNIÓN TEMPORAL CCE AMP IV 2022","Bien",29,"Líquido para limpiar vidrios 3 (Compra)",null,null,null,null,6524,null,null,null,null,"1Líquido para limpiar vidrios 3 (Compra)"]
["1UNION TEMPORAL ECOLIMPIEZA 4GLíquido para limpiar vidrios 3 (Compra)",1,"UNION TEMPORAL ECOLIMPIEZA 4G","Bien",29,"Líquido para limpiar vidrios 3 (Compra)",null,null,null,null,2978,null,null,null,null,"1Líquido para limpiar vidrios 3 (Compra)"]
["1UNIÓN TEMPORAL EMINSER SOLOASEO 2023Líquido para limpiar vidrios 3 (Compra)",1,"UNIÓN TEMPORAL EMINSER SOLOASEO 2023","Bien",29,"Líquido para limpiar vidrios 3 (Compra)",null,null,null,null,6253,null,null,null,null,"1Líquido para limpiar vidrios 3 (Compra)"]
["1UNION TEMPORAL OUTSOURCING GIAFLíquido para limpiar vidrios 3 (Compra)",1,"UNION TEMPORAL OUTSOURCING GIAF","Bien",29,"Líquido para limpiar vidrios 3 (Compra)",null,null,null,null,3941,null,null,null,null,"1Líquido para limpiar vidrios 3 (Compra)"]
["1UNION TEMPORAL R&J 2022Líquido para limpiar vidrios 3 (Compra)",1,"UNION TEMPORAL R&J 2022","Bien",29,"Líquido para limpiar vidrios 3 (Compra)",null,null,null,null,2967,null,null,null,null,"1Líquido para limpiar vidrios 3 (Compra)"]
["1UNION TEMPORAL SERVICIOS INTEGRALESLíquido para limpiar vidrios 3 (Compra)",1,"UNION TEMPORAL SERVICIOS INTEGRALES","Bien",29,"Líquido para limpiar vidrios 3 (Compra)",null,null,null,null,4463,null,null,null,null,"1Líquido para limpiar vidrios 3 (Compra)"]
["1UT EASYCLEAN ASEO PROFESIONALLíquido para limpiar vidrios 3 (Compra)",1,"UT EASYCLEAN ASEO PROFESIONAL","Bien",29,"Líquido para limpiar vidrios 3 (Compra)",null,null,null,null,4425,null,null,null,null,"1Líquido para limpiar vidrios 3 (Compra)"]
["1UT GRUPO ADINLíquido para limpiar vidrios 3 (Compra)",1,"UT GRUPO ADIN","Bien",29,"Líquido para limpiar vidrios 3 (Compra)",null,null,null,null,4004,null,null,null,null,"1Líquido para limpiar vidrios 3 (Compra)"]
["1ASECOLBAS LTDABlanqueador o hipoclorito 1 (Compra)",1,"ASECOLBAS LTDA","Bien",30,"Blanqueador o hipoclorito 1 (Compra)",null,null,null,null,7052,null,null,null,null,"1Blanqueador o hipoclorito 1 (Compra)"]
["1CLEANER S.A.Blanqueador o hipoclorito 1 (Compra)",1,"CLEANER S.A.","Bien",30,"Blanqueador o hipoclorito 1 (Compra)",null,null,null,null,7443,null,null,null,null,"1Blanqueador o hipoclorito 1 (Compra)"]
["1COMPAÑÍA DE SERVICIOS Y ADMINISTRACIÓN SA SERDAN SABlanqueador o hipoclorito 1 (Compra)",1,"COMPAÑÍA DE SERVICIOS Y ADMINISTRACIÓN SA SERDAN SA","Bien",30,"Blanqueador o hipoclorito 1 (Compra)",null,null,null,null,8236,null,null,null,null,"1Blanqueador o hipoclorito 1 (Compra)"]
["1CONSERJES INMOBILIARIOS LTDABlanqueador o hipoclorito 1 (Compra)",1,"CONSERJES INMOBILIARIOS LTDA","Bien",30,"Blanqueador o hipoclorito 1 (Compra)",null,null,null,null,6969,null,null,null,null,"1Blanqueador o hipoclorito 1 (Compra)"]
["1CONSORCIO ELITEBlanqueador o hipoclorito 1 (Compra)",1,"CONSORCIO ELITE","Bien",30,"Blanqueador o hipoclorito 1 (Compra)",null,null,null,null,11721,null,null,null,null,"1Blanqueador o hipoclorito 1 (Compra)"]
["1GRUPO GECBlanqueador o hipoclorito 1 (Compra)",1,"GRUPO GEC","Bien",30,"Blanqueador o hipoclorito 1 (Compra)",null,null,null,null,10507,null,null,null,null,"1Blanqueador o hipoclorito 1 (Compra)"]
["1INCIHUILSA SAS ESPBlanqueador o hipoclorito 1 (Compra)",1,"INCIHUILSA SAS ESP","Bien",30,"Blanqueador o hipoclorito 1 (Compra)",null,null,null,null,39577,null,null,null,null,"1Blanqueador o hipoclorito 1 (Compra)"]
["1INTERASEO S.A.S. E.S.P.Blanqueador o hipoclorito 1 (Compra)",1,"INTERASEO S.A.S. E.S.P.","Bien",30,"Blanqueador o hipoclorito 1 (Compra)",null,null,null,null,7170,null,null,null,null,"1Blanqueador o hipoclorito 1 (Compra)"]
["1KIOS SASBlanqueador o hipoclorito 1 (Compra)",1,"KIOS SAS","Bien",30,"Blanqueador o hipoclorito 1 (Compra)",null,null,null,null,9696,null,null,null,null,"1Blanqueador o hipoclorito 1 (Compra)"]
["1LIMPIEZA INSTITUCIONAL LASU S.A.S.Blanqueador o hipoclorito 1 (Compra)",1,"LIMPIEZA INSTITUCIONAL LASU S.A.S.","Bien",30,"Blanqueador o hipoclorito 1 (Compra)",null,null,null,null,5812,null,null,null,null,"1Blanqueador o hipoclorito 1 (Compra)"]
["1N&R INTEGRAL SERVICE COMPANY S.A.S.Blanqueador o hipoclorito 1 (Compra)",1,"N&R INTEGRAL SERVICE COMPANY S.A.S.","Bien",30,"Blanqueador o hipoclorito 1 (Compra)",null,null,null,null,10924,null,null,null,null,"1Blanqueador o hipoclorito 1 (Compra)"]
["1SOSEGE SASBlanqueador o hipoclorito 1 (Compra)",1,"SOSEGE SAS","Bien",30,"Blanqueador o hipoclorito 1 (Compra)",null,null,null,null,8571,null,null,null,null,"1Blanqueador o hipoclorito 1 (Compra)"]
["1UNION  TEMPORAL LADOINSA 2022Blanqueador o hipoclorito 1 (Compra)",1,"UNION  TEMPORAL LADOINSA 2022","Bien",30,"Blanqueador o hipoclorito 1 (Compra)",null,null,null,null,9271,null,null,null,null,"1Blanqueador o hipoclorito 1 (Compra)"]
["1UNIÓN TEMPORAL ASEO COLOMBIA AMP4Blanqueador o hipoclorito 1 (Compra)",1,"UNIÓN TEMPORAL ASEO COLOMBIA AMP4","Bien",30,"Blanqueador o hipoclorito 1 (Compra)",null,null,null,null,7887,null,null,null,null,"1Blanqueador o hipoclorito 1 (Compra)"]
["1UNIÓN TEMPORAL CCE AMP IV 2022Blanqueador o hipoclorito 1 (Compra)",1,"UNIÓN TEMPORAL CCE AMP IV 2022","Bien",30,"Blanqueador o hipoclorito 1 (Compra)",null,null,null,null,12014,null,null,null,null,"1Blanqueador o hipoclorito 1 (Compra)"]
["1UNION TEMPORAL ECOLIMPIEZA 4GBlanqueador o hipoclorito 1 (Compra)",1,"UNION TEMPORAL ECOLIMPIEZA 4G","Bien",30,"Blanqueador o hipoclorito 1 (Compra)",null,null,null,null,7748,null,null,null,null,"1Blanqueador o hipoclorito 1 (Compra)"]
["1UNIÓN TEMPORAL EMINSER SOLOASEO 2023Blanqueador o hipoclorito 1 (Compra)",1,"UNIÓN TEMPORAL EMINSER SOLOASEO 2023","Bien",30,"Blanqueador o hipoclorito 1 (Compra)",null,null,null,null,11972,null,null,null,null,"1Blanqueador o hipoclorito 1 (Compra)"]
["1UNION TEMPORAL OUTSOURCING GIAFBlanqueador o hipoclorito 1 (Compra)",1,"UNION TEMPORAL OUTSOURCING GIAF","Bien",30,"Blanqueador o hipoclorito 1 (Compra)",null,null,null,null,7385,null,null,null,null,"1Blanqueador o hipoclorito 1 (Compra)"]
["1UNION TEMPORAL R&J 2022Blanqueador o hipoclorito 1 (Compra)",1,"UNION TEMPORAL R&J 2022","Bien",30,"Blanqueador o hipoclorito 1 (Compra)",null,null,null,null,7046,null,null,null,null,"1Blanqueador o hipoclorito 1 (Compra)"]
["1UNION TEMPORAL SERVICIOS INTEGRALESBlanqueador o hipoclorito 1 (Compra)",1,"UNION TEMPORAL SERVICIOS INTEGRALES","Bien",30,"Blanqueador o hipoclorito 1 (Compra)",null,null,null,null,11459,null,null,null,null,"1Blanqueador o hipoclorito 1 (Compra)"]
["1UT EASYCLEAN ASEO PROFESIONALBlanqueador o hipoclorito 1 (Compra)",1,"UT EASYCLEAN ASEO PROFESIONAL","Bien",30,"Blanqueador o hipoclorito 1 (Compra)",null,null,null,null,11361,null,null,null,null,"1Blanqueador o hipoclorito 1 (Compra)"]
["1UT GRUPO ADINBlanqueador o hipoclorito 1 (Compra)",1,"UT GRUPO ADIN","Bien",30,"Blanqueador o hipoclorito 1 (Compra)",null,null,null,null,9966,null,null,null,null,"1Blanqueador o hipoclorito 1 (Compra)"]
["1ASECOLBAS LTDABlanqueador o hipoclorito 2 (Compra)",1,"ASECOLBAS LTDA","Bien",31,"Blanqueador o hipoclorito 2 (Compra)",null,null,null,null,2754,null,null,null,null,"1Blanqueador o hipoclorito 2 (Compra)"]
["1CLEANER S.A.Blanqueador o hipoclorito 2 (Compra)",1,"CLEANER S.A.","Bien",31,"Blanqueador o hipoclorito 2 (Compra)",null,null,null,null,2899,null,null,null,null,"1Blanqueador o hipoclorito 2 (Compra)"]
["1COMPAÑÍA DE SERVICIOS Y ADMINISTRACIÓN SA SERDAN SABlanqueador o hipoclorito 2 (Compra)",1,"COMPAÑÍA DE SERVICIOS Y ADMINISTRACIÓN SA SERDAN SA","Bien",31,"Blanqueador o hipoclorito 2 (Compra)",null,null,null,null,3936,null,null,null,null,"1Blanqueador o hipoclorito 2 (Compra)"]
["1CONSERJES INMOBILIARIOS LTDABlanqueador o hipoclorito 2 (Compra)",1,"CONSERJES INMOBILIARIOS LTDA","Bien",31,"Blanqueador o hipoclorito 2 (Compra)",null,null,null,null,2787,null,null,null,null,"1Blanqueador o hipoclorito 2 (Compra)"]
["1CONSORCIO ELITEBlanqueador o hipoclorito 2 (Compra)",1,"CONSORCIO ELITE","Bien",31,"Blanqueador o hipoclorito 2 (Compra)",null,null,null,null,5188,null,null,null,null,"1Blanqueador o hipoclorito 2 (Compra)"]
["1GRUPO GECBlanqueador o hipoclorito 2 (Compra)",1,"GRUPO GEC","Bien",31,"Blanqueador o hipoclorito 2 (Compra)",null,null,null,null,4079,null,null,null,null,"1Blanqueador o hipoclorito 2 (Compra)"]
["1INCIHUILSA SAS ESPBlanqueador o hipoclorito 2 (Compra)",1,"INCIHUILSA SAS ESP","Bien",31,"Blanqueador o hipoclorito 2 (Compra)",null,null,null,null,22958,null,null,null,null,"1Blanqueador o hipoclorito 2 (Compra)"]
["1INTERASEO S.A.S. E.S.P.Blanqueador o hipoclorito 2 (Compra)",1,"INTERASEO S.A.S. E.S.P.","Bien",31,"Blanqueador o hipoclorito 2 (Compra)",null,null,null,null,2905,null,null,null,null,"1Blanqueador o hipoclorito 2 (Compra)"]
["1KIOS SASBlanqueador o hipoclorito 2 (Compra)",1,"KIOS SAS","Bien",31,"Blanqueador o hipoclorito 2 (Compra)",null,null,null,null,4462,null,null,null,null,"1Blanqueador o hipoclorito 2 (Compra)"]
["1LIMPIEZA INSTITUCIONAL LASU S.A.S.Blanqueador o hipoclorito 2 (Compra)",1,"LIMPIEZA INSTITUCIONAL LASU S.A.S.","Bien",31,"Blanqueador o hipoclorito 2 (Compra)",null,null,null,null,2489,null,null,null,null,"1Blanqueador o hipoclorito 2 (Compra)"]
["1N&R INTEGRAL SERVICE COMPANY S.A.S.Blanqueador o hipoclorito 2 (Compra)",1,"N&R INTEGRAL SERVICE COMPANY S.A.S.","Bien",31,"Blanqueador o hipoclorito 2 (Compra)",null,null,null,null,4835,null,null,null,null,"1Blanqueador o hipoclorito 2 (Compra)"]
["1SOSEGE SASBlanqueador o hipoclorito 2 (Compra)",1,"SOSEGE SAS","Bien",31,"Blanqueador o hipoclorito 2 (Compra)",null,null,null,null,4244,null,null,null,null,"1Blanqueador o hipoclorito 2 (Compra)"]
["1UNION  TEMPORAL LADOINSA 2022Blanqueador o hipoclorito 2 (Compra)",1,"UNION  TEMPORAL LADOINSA 2022","Bien",31,"Blanqueador o hipoclorito 2 (Compra)",null,null,null,null,3709,null,null,null,null,"1Blanqueador o hipoclorito 2 (Compra)"]
["1UNIÓN TEMPORAL ASEO COLOMBIA AMP4Blanqueador o hipoclorito 2 (Compra)",1,"UNIÓN TEMPORAL ASEO COLOMBIA AMP4","Bien",31,"Blanqueador o hipoclorito 2 (Compra)",null,null,null,null,3332,null,null,null,null,"1Blanqueador o hipoclorito 2 (Compra)"]
["1UNIÓN TEMPORAL CCE AMP IV 2022Blanqueador o hipoclorito 2 (Compra)",1,"UNIÓN TEMPORAL CCE AMP IV 2022","Bien",31,"Blanqueador o hipoclorito 2 (Compra)",null,null,null,null,5049,null,null,null,null,"1Blanqueador o hipoclorito 2 (Compra)"]
["1UNION TEMPORAL ECOLIMPIEZA 4GBlanqueador o hipoclorito 2 (Compra)",1,"UNION TEMPORAL ECOLIMPIEZA 4G","Bien",31,"Blanqueador o hipoclorito 2 (Compra)",null,null,null,null,3553,null,null,null,null,"1Blanqueador o hipoclorito 2 (Compra)"]
["1UNIÓN TEMPORAL EMINSER SOLOASEO 2023Blanqueador o hipoclorito 2 (Compra)",1,"UNIÓN TEMPORAL EMINSER SOLOASEO 2023","Bien",31,"Blanqueador o hipoclorito 2 (Compra)",null,null,null,null,4597,null,null,null,null,"1Blanqueador o hipoclorito 2 (Compra)"]
["1UNION TEMPORAL OUTSOURCING GIAFBlanqueador o hipoclorito 2 (Compra)",1,"UNION TEMPORAL OUTSOURCING GIAF","Bien",31,"Blanqueador o hipoclorito 2 (Compra)",null,null,null,null,5909,null,null,null,null,"1Blanqueador o hipoclorito 2 (Compra)"]
["1UNION TEMPORAL R&J 2022Blanqueador o hipoclorito 2 (Compra)",1,"UNION TEMPORAL R&J 2022","Bien",31,"Blanqueador o hipoclorito 2 (Compra)",null,null,null,null,3337,null,null,null,null,"1Blanqueador o hipoclorito 2 (Compra)"]
["1UNION TEMPORAL SERVICIOS INTEGRALESBlanqueador o hipoclorito 2 (Compra)",1,"UNION TEMPORAL SERVICIOS INTEGRALES","Bien",31,"Blanqueador o hipoclorito 2 (Compra)",null,null,null,null,5094,null,null,null,null,"1Blanqueador o hipoclorito 2 (Compra)"]
["1UT EASYCLEAN ASEO PROFESIONALBlanqueador o hipoclorito 2 (Compra)",1,"UT EASYCLEAN ASEO PROFESIONAL","Bien",31,"Blanqueador o hipoclorito 2 (Compra)",null,null,null,null,5026,null,null,null,null,"1Blanqueador o hipoclorito 2 (Compra)"]
["1UT GRUPO ADINBlanqueador o hipoclorito 2 (Compra)",1,"UT GRUPO ADIN","Bien",31,"Blanqueador o hipoclorito 2 (Compra)",null,null,null,null,3889,null,null,null,null,"1Blanqueador o hipoclorito 2 (Compra)"]
["1ASECOLBAS LTDABlanqueador o hipoclorito 3 (Compra)",1,"ASECOLBAS LTDA","Bien",32,"Blanqueador o hipoclorito 3 (Compra)",null,null,null,null,27859,null,null,null,null,"1Blanqueador o hipoclorito 3 (Compra)"]
["1CLEANER S.A.Blanqueador o hipoclorito 3 (Compra)",1,"CLEANER S.A.","Bien",32,"Blanqueador o hipoclorito 3 (Compra)",null,null,null,null,29689,null,null,null,null,"1Blanqueador o hipoclorito 3 (Compra)"]
["1COMPAÑÍA DE SERVICIOS Y ADMINISTRACIÓN SA SERDAN SABlanqueador o hipoclorito 3 (Compra)",1,"COMPAÑÍA DE SERVICIOS Y ADMINISTRACIÓN SA SERDAN SA","Bien",32,"Blanqueador o hipoclorito 3 (Compra)",null,null,null,null,30735,null,null,null,null,"1Blanqueador o hipoclorito 3 (Compra)"]
["1CONSERJES INMOBILIARIOS LTDABlanqueador o hipoclorito 3 (Compra)",1,"CONSERJES INMOBILIARIOS LTDA","Bien",32,"Blanqueador o hipoclorito 3 (Compra)",null,null,null,null,27530,null,null,null,null,"1Blanqueador o hipoclorito 3 (Compra)"]
["1CONSORCIO ELITEBlanqueador o hipoclorito 3 (Compra)",1,"CONSORCIO ELITE","Bien",32,"Blanqueador o hipoclorito 3 (Compra)",null,null,null,null,43567,null,null,null,null,"1Blanqueador o hipoclorito 3 (Compra)"]
["1GRUPO GECBlanqueador o hipoclorito 3 (Compra)",1,"GRUPO GEC","Bien",32,"Blanqueador o hipoclorito 3 (Compra)",null,null,null,null,32759,null,null,null,null,"1Blanqueador o hipoclorito 3 (Compra)"]
["1INCIHUILSA SAS ESPBlanqueador o hipoclorito 3 (Compra)",1,"INCIHUILSA SAS ESP","Bien",32,"Blanqueador o hipoclorito 3 (Compra)",null,null,null,null,52770,null,null,null,null,"1Blanqueador o hipoclorito 3 (Compra)"]
["1INTERASEO S.A.S. E.S.P.Blanqueador o hipoclorito 3 (Compra)",1,"INTERASEO S.A.S. E.S.P.","Bien",32,"Blanqueador o hipoclorito 3 (Compra)",null,null,null,null,22252,null,null,null,null,"1Blanqueador o hipoclorito 3 (Compra)"]
["1KIOS SASBlanqueador o hipoclorito 3 (Compra)",1,"KIOS SAS","Bien",32,"Blanqueador o hipoclorito 3 (Compra)",null,null,null,null,36467,null,null,null,null,"1Blanqueador o hipoclorito 3 (Compra)"]
["1LIMPIEZA INSTITUCIONAL LASU S.A.S.Blanqueador o hipoclorito 3 (Compra)",1,"LIMPIEZA INSTITUCIONAL LASU S.A.S.","Bien",32,"Blanqueador o hipoclorito 3 (Compra)",null,null,null,null,15245,null,null,null,null,"1Blanqueador o hipoclorito 3 (Compra)"]
["1N&R INTEGRAL SERVICE COMPANY S.A.S.Blanqueador o hipoclorito 3 (Compra)",1,"N&R INTEGRAL SERVICE COMPANY S.A.S.","Bien",32,"Blanqueador o hipoclorito 3 (Compra)",null,null,null,null,40601,null,null,null,null,"1Blanqueador o hipoclorito 3 (Compra)"]
["1SOSEGE SASBlanqueador o hipoclorito 3 (Compra)",1,"SOSEGE SAS","Bien",32,"Blanqueador o hipoclorito 3 (Compra)",null,null,null,null,36386,null,null,null,null,"1Blanqueador o hipoclorito 3 (Compra)"]
["1UNION  TEMPORAL LADOINSA 2022Blanqueador o hipoclorito 3 (Compra)",1,"UNION  TEMPORAL LADOINSA 2022","Bien",32,"Blanqueador o hipoclorito 3 (Compra)",null,null,null,null,41659,null,null,null,null,"1Blanqueador o hipoclorito 3 (Compra)"]
["1UNIÓN TEMPORAL ASEO COLOMBIA AMP4Blanqueador o hipoclorito 3 (Compra)",1,"UNIÓN TEMPORAL ASEO COLOMBIA AMP4","Bien",32,"Blanqueador o hipoclorito 3 (Compra)",null,null,null,null,24300,null,null,null,null,"1Blanqueador o hipoclorito 3 (Compra)"]
["1UNIÓN TEMPORAL CCE AMP IV 2022Blanqueador o hipoclorito 3 (Compra)",1,"UNIÓN TEMPORAL CCE AMP IV 2022","Bien",32,"Blanqueador o hipoclorito 3 (Compra)",null,null,null,null,40601,null,null,null,null,"1Blanqueador o hipoclorito 3 (Compra)"]
["1UNION TEMPORAL ECOLIMPIEZA 4GBlanqueador o hipoclorito 3 (Compra)",1,"UNION TEMPORAL ECOLIMPIEZA 4G","Bien",32,"Blanqueador o hipoclorito 3 (Compra)",null,null,null,null,32052,null,null,null,null,"1Blanqueador o hipoclorito 3 (Compra)"]
["1UNIÓN TEMPORAL EMINSER SOLOASEO 2023Blanqueador o hipoclorito 3 (Compra)",1,"UNIÓN TEMPORAL EMINSER SOLOASEO 2023","Bien",32,"Blanqueador o hipoclorito 3 (Compra)",null,null,null,null,63256,null,null,null,null,"1Blanqueador o hipoclorito 3 (Compra)"]
["1UNION TEMPORAL OUTSOURCING GIAFBlanqueador o hipoclorito 3 (Compra)",1,"UNION TEMPORAL OUTSOURCING GIAF","Bien",32,"Blanqueador o hipoclorito 3 (Compra)",null,null,null,null,18917,null,null,null,null,"1Blanqueador o hipoclorito 3 (Compra)"]
["1UNION TEMPORAL R&J 2022Blanqueador o hipoclorito 3 (Compra)",1,"UNION TEMPORAL R&J 2022","Bien",32,"Blanqueador o hipoclorito 3 (Compra)",null,null,null,null,42648,null,null,null,null,"1Blanqueador o hipoclorito 3 (Compra)"]
["1UNION TEMPORAL SERVICIOS INTEGRALESBlanqueador o hipoclorito 3 (Compra)",1,"UNION TEMPORAL SERVICIOS INTEGRALES","Bien",32,"Blanqueador o hipoclorito 3 (Compra)",null,null,null,null,42722,null,null,null,null,"1Blanqueador o hipoclorito 3 (Compra)"]
["1UT EASYCLEAN ASEO PROFESIONALBlanqueador o hipoclorito 3 (Compra)",1,"UT EASYCLEAN ASEO PROFESIONAL","Bien",32,"Blanqueador o hipoclorito 3 (Compra)",null,null,null,null,42224,null,null,null,null,"1Blanqueador o hipoclorito 3 (Compra)"]
["1UT GRUPO ADINBlanqueador o hipoclorito 3 (Compra)",1,"UT GRUPO ADIN","Bien",32,"Blanqueador o hipoclorito 3 (Compra)",null,null,null,null,26803,null,null,null,null,"1Blanqueador o hipoclorito 3 (Compra)"]
["1ASECOLBAS LTDAAlcohol industrial 1 (Compra)",1,"ASECOLBAS LTDA","Bien",33,"Alcohol industrial 1 (Compra)",null,null,null,null,25291,null,null,null,null,"1Alcohol industrial 1 (Compra)"]
["1CLEANER S.A.Alcohol industrial 1 (Compra)",1,"CLEANER S.A.","Bien",33,"Alcohol industrial 1 (Compra)",null,null,null,null,27412,null,null,null,null,"1Alcohol industrial 1 (Compra)"]
["1COMPAÑÍA DE SERVICIOS Y ADMINISTRACIÓN SA SERDAN SAAlcohol industrial 1 (Compra)",1,"COMPAÑÍA DE SERVICIOS Y ADMINISTRACIÓN SA SERDAN SA","Bien",33,"Alcohol industrial 1 (Compra)",null,null,null,null,23863,null,null,null,null,"1Alcohol industrial 1 (Compra)"]
["1CONSERJES INMOBILIARIOS LTDAAlcohol industrial 1 (Compra)",1,"CONSERJES INMOBILIARIOS LTDA","Bien",33,"Alcohol industrial 1 (Compra)",null,null,null,null,25593,null,null,null,null,"1Alcohol industrial 1 (Compra)"]
["1CONSORCIO ELITEAlcohol industrial 1 (Compra)",1,"CONSORCIO ELITE","Bien",33,"Alcohol industrial 1 (Compra)",null,null,null,null,42582,null,null,null,null,"1Alcohol industrial 1 (Compra)"]
["1GRUPO GECAlcohol industrial 1 (Compra)",1,"GRUPO GEC","Bien",33,"Alcohol industrial 1 (Compra)",null,null,null,null,32759,null,null,null,null,"1Alcohol industrial 1 (Compra)"]
["1INCIHUILSA SAS ESPAlcohol industrial 1 (Compra)",1,"INCIHUILSA SAS ESP","Bien",33,"Alcohol industrial 1 (Compra)",null,null,null,null,56511,null,null,null,null,"1Alcohol industrial 1 (Compra)"]
["1INTERASEO S.A.S. E.S.P.Alcohol industrial 1 (Compra)",1,"INTERASEO S.A.S. E.S.P.","Bien",33,"Alcohol industrial 1 (Compra)",null,null,null,null,32759,null,null,null,null,"1Alcohol industrial 1 (Compra)"]
["1KIOS SASAlcohol industrial 1 (Compra)",1,"KIOS SAS","Bien",33,"Alcohol industrial 1 (Compra)",null,null,null,null,32710,null,null,null,null,"1Alcohol industrial 1 (Compra)"]
["1LIMPIEZA INSTITUCIONAL LASU S.A.S.Alcohol industrial 1 (Compra)",1,"LIMPIEZA INSTITUCIONAL LASU S.A.S.","Bien",33,"Alcohol industrial 1 (Compra)",null,null,null,null,13451,null,null,null,null,"1Alcohol industrial 1 (Compra)"]
["1N&R INTEGRAL SERVICE COMPANY S.A.S.Alcohol industrial 1 (Compra)",1,"N&R INTEGRAL SERVICE COMPANY S.A.S.","Bien",33,"Alcohol industrial 1 (Compra)",null,null,null,null,39685,null,null,null,null,"1Alcohol industrial 1 (Compra)"]
["1SOSEGE SASAlcohol industrial 1 (Compra)",1,"SOSEGE SAS","Bien",33,"Alcohol industrial 1 (Compra)",null,null,null,null,22781,null,null,null,null,"1Alcohol industrial 1 (Compra)"]
["1UNION  TEMPORAL LADOINSA 2022Alcohol industrial 1 (Compra)",1,"UNION  TEMPORAL LADOINSA 2022","Bien",33,"Alcohol industrial 1 (Compra)",null,null,null,null,31893,null,null,null,null,"1Alcohol industrial 1 (Compra)"]
["1UNIÓN TEMPORAL ASEO COLOMBIA AMP4Alcohol industrial 1 (Compra)",1,"UNIÓN TEMPORAL ASEO COLOMBIA AMP4","Bien",33,"Alcohol industrial 1 (Compra)",null,null,null,null,35354,null,null,null,null,"1Alcohol industrial 1 (Compra)"]
["1UNIÓN TEMPORAL CCE AMP IV 2022Alcohol industrial 1 (Compra)",1,"UNIÓN TEMPORAL CCE AMP IV 2022","Bien",33,"Alcohol industrial 1 (Compra)",null,null,null,null,44249,null,null,null,null,"1Alcohol industrial 1 (Compra)"]
["1UNION TEMPORAL ECOLIMPIEZA 4GAlcohol industrial 1 (Compra)",1,"UNION TEMPORAL ECOLIMPIEZA 4G","Bien",33,"Alcohol industrial 1 (Compra)",null,null,null,null,23206,null,null,null,null,"1Alcohol industrial 1 (Compra)"]
["1UNIÓN TEMPORAL EMINSER SOLOASEO 2023Alcohol industrial 1 (Compra)",1,"UNIÓN TEMPORAL EMINSER SOLOASEO 2023","Bien",33,"Alcohol industrial 1 (Compra)",null,null,null,null,42294,null,null,null,null,"1Alcohol industrial 1 (Compra)"]
["1UNION TEMPORAL OUTSOURCING GIAFAlcohol industrial 1 (Compra)",1,"UNION TEMPORAL OUTSOURCING GIAF","Bien",33,"Alcohol industrial 1 (Compra)",null,null,null,null,22611,null,null,null,null,"1Alcohol industrial 1 (Compra)"]
["1UNION TEMPORAL R&J 2022Alcohol industrial 1 (Compra)",1,"UNION TEMPORAL R&J 2022","Bien",33,"Alcohol industrial 1 (Compra)",null,null,null,null,25959,null,null,null,null,"1Alcohol industrial 1 (Compra)"]
["1UNION TEMPORAL SERVICIOS INTEGRALESAlcohol industrial 1 (Compra)",1,"UNION TEMPORAL SERVICIOS INTEGRALES","Bien",33,"Alcohol industrial 1 (Compra)",null,null,null,null,41870,null,null,null,null,"1Alcohol industrial 1 (Compra)"]
["1UT EASYCLEAN ASEO PROFESIONALAlcohol industrial 1 (Compra)",1,"UT EASYCLEAN ASEO PROFESIONAL","Bien",33,"Alcohol industrial 1 (Compra)",null,null,null,null,41272,null,null,null,null,"1Alcohol industrial 1 (Compra)"]
["1UT GRUPO ADINAlcohol industrial 1 (Compra)",1,"UT GRUPO ADIN","Bien",33,"Alcohol industrial 1 (Compra)",null,null,null,null,26770,null,null,null,null,"1Alcohol industrial 1 (Compra)"]
["1ASECOLBAS LTDAAlcohol industrial 2 (Compra)",1,"ASECOLBAS LTDA","Bien",34,"Alcohol industrial 2 (Compra)",null,null,null,null,9316,null,null,null,null,"1Alcohol industrial 2 (Compra)"]
["1CLEANER S.A.Alcohol industrial 2 (Compra)",1,"CLEANER S.A.","Bien",34,"Alcohol industrial 2 (Compra)",null,null,null,null,9537,null,null,null,null,"1Alcohol industrial 2 (Compra)"]
["1COMPAÑÍA DE SERVICIOS Y ADMINISTRACIÓN SA SERDAN SAAlcohol industrial 2 (Compra)",1,"COMPAÑÍA DE SERVICIOS Y ADMINISTRACIÓN SA SERDAN SA","Bien",34,"Alcohol industrial 2 (Compra)",null,null,null,null,8112,null,null,null,null,"1Alcohol industrial 2 (Compra)"]
["1CONSERJES INMOBILIARIOS LTDAAlcohol industrial 2 (Compra)",1,"CONSERJES INMOBILIARIOS LTDA","Bien",34,"Alcohol industrial 2 (Compra)",null,null,null,null,9206,null,null,null,null,"1Alcohol industrial 2 (Compra)"]
["1CONSORCIO ELITEAlcohol industrial 2 (Compra)",1,"CONSORCIO ELITE","Bien",34,"Alcohol industrial 2 (Compra)",null,null,null,null,13001,null,null,null,null,"1Alcohol industrial 2 (Compra)"]
["1GRUPO GECAlcohol industrial 2 (Compra)",1,"GRUPO GEC","Bien",34,"Alcohol industrial 2 (Compra)",null,null,null,null,9765,null,null,null,null,"1Alcohol industrial 2 (Compra)"]
["1INCIHUILSA SAS ESPAlcohol industrial 2 (Compra)",1,"INCIHUILSA SAS ESP","Bien",34,"Alcohol industrial 2 (Compra)",null,null,null,null,23557,null,null,null,null,"1Alcohol industrial 2 (Compra)"]
["1INTERASEO S.A.S. E.S.P.Alcohol industrial 2 (Compra)",1,"INTERASEO S.A.S. E.S.P.","Bien",34,"Alcohol industrial 2 (Compra)",null,null,null,null,11743,null,null,null,null,"1Alcohol industrial 2 (Compra)"]
["1KIOS SASAlcohol industrial 2 (Compra)",1,"KIOS SAS","Bien",34,"Alcohol industrial 2 (Compra)",null,null,null,null,9565,null,null,null,null,"1Alcohol industrial 2 (Compra)"]
["1LIMPIEZA INSTITUCIONAL LASU S.A.S.Alcohol industrial 2 (Compra)",1,"LIMPIEZA INSTITUCIONAL LASU S.A.S.","Bien",34,"Alcohol industrial 2 (Compra)",null,null,null,null,3540,null,null,null,null,"1Alcohol industrial 2 (Compra)"]
["1N&R INTEGRAL SERVICE COMPANY S.A.S.Alcohol industrial 2 (Compra)",1,"N&R INTEGRAL SERVICE COMPANY S.A.S.","Bien",34,"Alcohol industrial 2 (Compra)",null,null,null,null,12117,null,null,null,null,"1Alcohol industrial 2 (Compra)"]
["1SOSEGE SASAlcohol industrial 2 (Compra)",1,"SOSEGE SAS","Bien",34,"Alcohol industrial 2 (Compra)",null,null,null,null,8031,null,null,null,null,"1Alcohol industrial 2 (Compra)"]
["1UNION  TEMPORAL LADOINSA 2022Alcohol industrial 2 (Compra)",1,"UNION  TEMPORAL LADOINSA 2022","Bien",34,"Alcohol industrial 2 (Compra)",null,null,null,null,10631,null,null,null,null,"1Alcohol industrial 2 (Compra)"]
["1UNIÓN TEMPORAL ASEO COLOMBIA AMP4Alcohol industrial 2 (Compra)",1,"UNIÓN TEMPORAL ASEO COLOMBIA AMP4","Bien",34,"Alcohol industrial 2 (Compra)",null,null,null,null,12171,null,null,null,null,"1Alcohol industrial 2 (Compra)"]
["1UNIÓN TEMPORAL CCE AMP IV 2022Alcohol industrial 2 (Compra)",1,"UNIÓN TEMPORAL CCE AMP IV 2022","Bien",34,"Alcohol industrial 2 (Compra)",null,null,null,null,11064,null,null,null,null,"1Alcohol industrial 2 (Compra)"]
["1UNION TEMPORAL ECOLIMPIEZA 4GAlcohol industrial 2 (Compra)",1,"UNION TEMPORAL ECOLIMPIEZA 4G","Bien",34,"Alcohol industrial 2 (Compra)",null,null,null,null,7802,null,null,null,null,"1Alcohol industrial 2 (Compra)"]
["1UNIÓN TEMPORAL EMINSER SOLOASEO 2023Alcohol industrial 2 (Compra)",1,"UNIÓN TEMPORAL EMINSER SOLOASEO 2023","Bien",34,"Alcohol industrial 2 (Compra)",null,null,null,null,12504,null,null,null,null,"1Alcohol industrial 2 (Compra)"]
["1UNION TEMPORAL OUTSOURCING GIAFAlcohol industrial 2 (Compra)",1,"UNION TEMPORAL OUTSOURCING GIAF","Bien",34,"Alcohol industrial 2 (Compra)",null,null,null,null,7185,null,null,null,null,"1Alcohol industrial 2 (Compra)"]
["1UNION TEMPORAL R&J 2022Alcohol industrial 2 (Compra)",1,"UNION TEMPORAL R&J 2022","Bien",34,"Alcohol industrial 2 (Compra)",null,null,null,null,9271,null,null,null,null,"1Alcohol industrial 2 (Compra)"]
["1UNION TEMPORAL SERVICIOS INTEGRALESAlcohol industrial 2 (Compra)",1,"UNION TEMPORAL SERVICIOS INTEGRALES","Bien",34,"Alcohol industrial 2 (Compra)",null,null,null,null,12745,null,null,null,null,"1Alcohol industrial 2 (Compra)"]
["1UT EASYCLEAN ASEO PROFESIONALAlcohol industrial 2 (Compra)",1,"UT EASYCLEAN ASEO PROFESIONAL","Bien",34,"Alcohol industrial 2 (Compra)",null,null,null,null,12601,null,null,null,null,"1Alcohol industrial 2 (Compra)"]
["1UT GRUPO ADINAlcohol industrial 2 (Compra)",1,"UT GRUPO ADIN","Bien",34,"Alcohol industrial 2 (Compra)",null,null,null,null,9020,null,null,null,null,"1Alcohol industrial 2 (Compra)"]
["1ASECOLBAS LTDACreolina 1 (Compra)",1,"ASECOLBAS LTDA","Bien",35,"Creolina 1 (Compra)",null,null,null,null,3613,null,null,null,null,"1Creolina 1 (Compra)"]
["1CLEANER S.A.Creolina 1 (Compra)",1,"CLEANER S.A.","Bien",35,"Creolina 1 (Compra)",null,null,null,null,13110,null,null,null,null,"1Creolina 1 (Compra)"]
["1COMPAÑÍA DE SERVICIOS Y ADMINISTRACIÓN SA SERDAN SACreolina 1 (Compra)",1,"COMPAÑÍA DE SERVICIOS Y ADMINISTRACIÓN SA SERDAN SA","Bien",35,"Creolina 1 (Compra)",null,null,null,null,4199,null,null,null,null,"1Creolina 1 (Compra)"]
["1CONSERJES INMOBILIARIOS LTDACreolina 1 (Compra)",1,"CONSERJES INMOBILIARIOS LTDA","Bien",35,"Creolina 1 (Compra)",null,null,null,null,3657,null,null,null,null,"1Creolina 1 (Compra)"]
["1CONSORCIO ELITECreolina 1 (Compra)",1,"CONSORCIO ELITE","Bien",35,"Creolina 1 (Compra)",null,null,null,null,6852,null,null,null,null,"1Creolina 1 (Compra)"]
["1GRUPO GECCreolina 1 (Compra)",1,"GRUPO GEC","Bien",35,"Creolina 1 (Compra)",null,null,null,null,5934,null,null,null,null,"1Creolina 1 (Compra)"]
["1INCIHUILSA SAS ESPCreolina 1 (Compra)",1,"INCIHUILSA SAS ESP","Bien",35,"Creolina 1 (Compra)",null,null,null,null,17307,null,null,null,null,"1Creolina 1 (Compra)"]
["1INTERASEO S.A.S. E.S.P.Creolina 1 (Compra)",1,"INTERASEO S.A.S. E.S.P.","Bien",35,"Creolina 1 (Compra)",null,null,null,null,6737,null,null,null,null,"1Creolina 1 (Compra)"]
["1KIOS SASCreolina 1 (Compra)",1,"KIOS SAS","Bien",35,"Creolina 1 (Compra)",null,null,null,null,5444,null,null,null,null,"1Creolina 1 (Compra)"]
["1LIMPIEZA INSTITUCIONAL LASU S.A.S.Creolina 1 (Compra)",1,"LIMPIEZA INSTITUCIONAL LASU S.A.S.","Bien",35,"Creolina 1 (Compra)",null,null,null,null,3089,null,null,null,null,"1Creolina 1 (Compra)"]
["1N&R INTEGRAL SERVICE COMPANY S.A.S.Creolina 1 (Compra)",1,"N&R INTEGRAL SERVICE COMPANY S.A.S.","Bien",35,"Creolina 1 (Compra)",null,null,null,null,6386,null,null,null,null,"1Creolina 1 (Compra)"]
["1SOSEGE SASCreolina 1 (Compra)",1,"SOSEGE SAS","Bien",35,"Creolina 1 (Compra)",null,null,null,null,6354,null,null,null,null,"1Creolina 1 (Compra)"]
["1UNION  TEMPORAL LADOINSA 2022Creolina 1 (Compra)",1,"UNION  TEMPORAL LADOINSA 2022","Bien",35,"Creolina 1 (Compra)",null,null,null,null,4450,null,null,null,null,"1Creolina 1 (Compra)"]
["1UNIÓN TEMPORAL ASEO COLOMBIA AMP4Creolina 1 (Compra)",1,"UNIÓN TEMPORAL ASEO COLOMBIA AMP4","Bien",35,"Creolina 1 (Compra)",null,null,null,null,12578,null,null,null,null,"1Creolina 1 (Compra)"]
["1UNIÓN TEMPORAL CCE AMP IV 2022Creolina 1 (Compra)",1,"UNIÓN TEMPORAL CCE AMP IV 2022","Bien",35,"Creolina 1 (Compra)",null,null,null,null,6124,null,null,null,null,"1Creolina 1 (Compra)"]
["1UNION TEMPORAL ECOLIMPIEZA 4GCreolina 1 (Compra)",1,"UNION TEMPORAL ECOLIMPIEZA 4G","Bien",35,"Creolina 1 (Compra)",null,null,null,null,4362,null,null,null,null,"1Creolina 1 (Compra)"]
["1UNIÓN TEMPORAL EMINSER SOLOASEO 2023Creolina 1 (Compra)",1,"UNIÓN TEMPORAL EMINSER SOLOASEO 2023","Bien",35,"Creolina 1 (Compra)",null,null,null,null,5518,null,null,null,null,"1Creolina 1 (Compra)"]
["1UNION TEMPORAL OUTSOURCING GIAFCreolina 1 (Compra)",1,"UNION TEMPORAL OUTSOURCING GIAF","Bien",35,"Creolina 1 (Compra)",null,null,null,null,4929,null,null,null,null,"1Creolina 1 (Compra)"]
["1UNION TEMPORAL R&J 2022Creolina 1 (Compra)",1,"UNION TEMPORAL R&J 2022","Bien",35,"Creolina 1 (Compra)",null,null,null,null,3709,null,null,null,null,"1Creolina 1 (Compra)"]
["1UNION TEMPORAL SERVICIOS INTEGRALESCreolina 1 (Compra)",1,"UNION TEMPORAL SERVICIOS INTEGRALES","Bien",35,"Creolina 1 (Compra)",null,null,null,null,6725,null,null,null,null,"1Creolina 1 (Compra)"]
["1UT EASYCLEAN ASEO PROFESIONALCreolina 1 (Compra)",1,"UT EASYCLEAN ASEO PROFESIONAL","Bien",35,"Creolina 1 (Compra)",null,null,null,null,6642,null,null,null,null,"1Creolina 1 (Compra)"]
["1UT GRUPO ADINCreolina 1 (Compra)",1,"UT GRUPO ADIN","Bien",35,"Creolina 1 (Compra)",null,null,null,null,5720,null,null,null,null,"1Creolina 1 (Compra)"]
["1ASECOLBAS LTDACreolina 2 (Compra)",1,"ASECOLBAS LTDA","Bien",36,"Creolina 2 (Compra)",null,null,null,null,14015,null,null,null,null,"1Creolina 2 (Compra)"]
["1CLEANER S.A.Creolina 2 (Compra)",1,"CLEANER S.A.","Bien",36,"Creolina 2 (Compra)",null,null,null,null,22667,null,null,null,null,"1Creolina 2 (Compra)"]
["1COMPAÑÍA DE SERVICIOS Y ADMINISTRACIÓN SA SERDAN SACreolina 2 (Compra)",1,"COMPAÑÍA DE SERVICIOS Y ADMINISTRACIÓN SA SERDAN SA","Bien",36,"Creolina 2 (Compra)",null,null,null,null,19027,null,null,null,null,"1Creolina 2 (Compra)"]
["1CONSERJES INMOBILIARIOS LTDACreolina 2 (Compra)",1,"CONSERJES INMOBILIARIOS LTDA","Bien",36,"Creolina 2 (Compra)",null,null,null,null,13849,null,null,null,null,"1Creolina 2 (Compra)"]
["1CONSORCIO ELITECreolina 2 (Compra)",1,"CONSORCIO ELITE","Bien",36,"Creolina 2 (Compra)",null,null,null,null,20491,null,null,null,null,"1Creolina 2 (Compra)"]
["1GRUPO GECCreolina 2 (Compra)",1,"GRUPO GEC","Bien",36,"Creolina 2 (Compra)",null,null,null,null,23364,null,null,null,null,"1Creolina 2 (Compra)"]
["1INCIHUILSA SAS ESPCreolina 2 (Compra)",1,"INCIHUILSA SAS ESP","Bien",36,"Creolina 2 (Compra)",null,null,null,null,52770,null,null,null,null,"1Creolina 2 (Compra)"]
["1INTERASEO S.A.S. E.S.P.Creolina 2 (Compra)",1,"INTERASEO S.A.S. E.S.P.","Bien",36,"Creolina 2 (Compra)",null,null,null,null,24724,null,null,null,null,"1Creolina 2 (Compra)"]
["1KIOS SASCreolina 2 (Compra)",1,"KIOS SAS","Bien",36,"Creolina 2 (Compra)",null,null,null,null,20511,null,null,null,null,"1Creolina 2 (Compra)"]
["1LIMPIEZA INSTITUCIONAL LASU S.A.S.Creolina 2 (Compra)",1,"LIMPIEZA INSTITUCIONAL LASU S.A.S.","Bien",36,"Creolina 2 (Compra)",null,null,null,null,11893,null,null,null,null,"1Creolina 2 (Compra)"]
["1N&R INTEGRAL SERVICE COMPANY S.A.S.Creolina 2 (Compra)",1,"N&R INTEGRAL SERVICE COMPANY S.A.S.","Bien",36,"Creolina 2 (Compra)",null,null,null,null,19096,null,null,null,null,"1Creolina 2 (Compra)"]
["1SOSEGE SASCreolina 2 (Compra)",1,"SOSEGE SAS","Bien",36,"Creolina 2 (Compra)",null,null,null,null,18910,null,null,null,null,"1Creolina 2 (Compra)"]
["1UNION  TEMPORAL LADOINSA 2022Creolina 2 (Compra)",1,"UNION  TEMPORAL LADOINSA 2022","Bien",36,"Creolina 2 (Compra)",null,null,null,null,17060,null,null,null,null,"1Creolina 2 (Compra)"]
["1UNIÓN TEMPORAL ASEO COLOMBIA AMP4Creolina 2 (Compra)",1,"UNIÓN TEMPORAL ASEO COLOMBIA AMP4","Bien",36,"Creolina 2 (Compra)",null,null,null,null,28926,null,null,null,null,"1Creolina 2 (Compra)"]
["1UNIÓN TEMPORAL CCE AMP IV 2022Creolina 2 (Compra)",1,"UNIÓN TEMPORAL CCE AMP IV 2022","Bien",36,"Creolina 2 (Compra)",null,null,null,null,22395,null,null,null,null,"1Creolina 2 (Compra)"]
["1UNION TEMPORAL ECOLIMPIEZA 4GCreolina 2 (Compra)",1,"UNION TEMPORAL ECOLIMPIEZA 4G","Bien",36,"Creolina 2 (Compra)",null,null,null,null,15436,null,null,null,null,"1Creolina 2 (Compra)"]
["1UNIÓN TEMPORAL EMINSER SOLOASEO 2023Creolina 2 (Compra)",1,"UNIÓN TEMPORAL EMINSER SOLOASEO 2023","Bien",36,"Creolina 2 (Compra)",null,null,null,null,22986,null,null,null,null,"1Creolina 2 (Compra)"]
["1UNION TEMPORAL OUTSOURCING GIAFCreolina 2 (Compra)",1,"UNION TEMPORAL OUTSOURCING GIAF","Bien",36,"Creolina 2 (Compra)",null,null,null,null,17324,null,null,null,null,"1Creolina 2 (Compra)"]
["1UNION TEMPORAL R&J 2022Creolina 2 (Compra)",1,"UNION TEMPORAL R&J 2022","Bien",36,"Creolina 2 (Compra)",null,null,null,null,15390,null,null,null,null,"1Creolina 2 (Compra)"]
["1UNION TEMPORAL SERVICIOS INTEGRALESCreolina 2 (Compra)",1,"UNION TEMPORAL SERVICIOS INTEGRALES","Bien",36,"Creolina 2 (Compra)",null,null,null,null,20026,null,null,null,null,"1Creolina 2 (Compra)"]
["1UT EASYCLEAN ASEO PROFESIONALCreolina 2 (Compra)",1,"UT EASYCLEAN ASEO PROFESIONAL","Bien",36,"Creolina 2 (Compra)",null,null,null,null,19861,null,null,null,null,"1Creolina 2 (Compra)"]
["1UT GRUPO ADINCreolina 2 (Compra)",1,"UT GRUPO ADIN","Bien",36,"Creolina 2 (Compra)",null,null,null,null,23049,null,null,null,null,"1Creolina 2 (Compra)"]
["1ASECOLBAS LTDALíquido para limpiar equipos de oficina 1 (Compra)",1,"ASECOLBAS LTDA","Bien",37,"Líquido para limpiar equipos de oficina 1 (Compra)",null,null,null,null,3269,null,null,null,null,"1Líquido para limpiar equipos de oficina 1 (Compra)"]
["1CLEANER S.A.Líquido para limpiar equipos de oficina 1 (Compra)",1,"CLEANER S.A.","Bien",37,"Líquido para limpiar equipos de oficina 1 (Compra)",null,null,null,null,11258,null,null,null,null,"1Líquido para limpiar equipos de oficina 1 (Compra)"]
["1COMPAÑÍA DE SERVICIOS Y ADMINISTRACIÓN SA SERDAN SALíquido para limpiar equipos de oficina 1 (Compra)",1,"COMPAÑÍA DE SERVICIOS Y ADMINISTRACIÓN SA SERDAN SA","Bien",37,"Líquido para limpiar equipos de oficina 1 (Compra)",null,null,null,null,3507,null,null,null,null,"1Líquido para limpiar equipos de oficina 1 (Compra)"]
["1CONSERJES INMOBILIARIOS LTDALíquido para limpiar equipos de oficina 1 (Compra)",1,"CONSERJES INMOBILIARIOS LTDA","Bien",37,"Líquido para limpiar equipos de oficina 1 (Compra)",null,null,null,null,3308,null,null,null,null,"1Líquido para limpiar equipos de oficina 1 (Compra)"]
["1CONSORCIO ELITELíquido para limpiar equipos de oficina 1 (Compra)",1,"CONSORCIO ELITE","Bien",37,"Líquido para limpiar equipos de oficina 1 (Compra)",null,null,null,null,6913,null,null,null,null,"1Líquido para limpiar equipos de oficina 1 (Compra)"]
["1GRUPO GECLíquido para limpiar equipos de oficina 1 (Compra)",1,"GRUPO GEC","Bien",37,"Líquido para limpiar equipos de oficina 1 (Compra)",null,null,null,null,8406,null,null,null,null,"1Líquido para limpiar equipos de oficina 1 (Compra)"]
["1INCIHUILSA SAS ESPLíquido para limpiar equipos de oficina 1 (Compra)",1,"INCIHUILSA SAS ESP","Bien",37,"Líquido para limpiar equipos de oficina 1 (Compra)",null,null,null,null,23841,null,null,null,null,"1Líquido para limpiar equipos de oficina 1 (Compra)"]
["1INTERASEO S.A.S. E.S.P.Líquido para limpiar equipos de oficina 1 (Compra)",1,"INTERASEO S.A.S. E.S.P.","Bien",37,"Líquido para limpiar equipos de oficina 1 (Compra)",null,null,null,null,4945,null,null,null,null,"1Líquido para limpiar equipos de oficina 1 (Compra)"]
["1KIOS SASLíquido para limpiar equipos de oficina 1 (Compra)",1,"KIOS SAS","Bien",37,"Líquido para limpiar equipos de oficina 1 (Compra)",null,null,null,null,6367,null,null,null,null,"1Líquido para limpiar equipos de oficina 1 (Compra)"]
["1LIMPIEZA INSTITUCIONAL LASU S.A.S.Líquido para limpiar equipos de oficina 1 (Compra)",1,"LIMPIEZA INSTITUCIONAL LASU S.A.S.","Bien",37,"Líquido para limpiar equipos de oficina 1 (Compra)",null,null,null,null,3606,null,null,null,null,"1Líquido para limpiar equipos de oficina 1 (Compra)"]
["1N&R INTEGRAL SERVICE COMPANY S.A.S.Líquido para limpiar equipos de oficina 1 (Compra)",1,"N&R INTEGRAL SERVICE COMPANY S.A.S.","Bien",37,"Líquido para limpiar equipos de oficina 1 (Compra)",null,null,null,null,6442,null,null,null,null,"1Líquido para limpiar equipos de oficina 1 (Compra)"]
["1SOSEGE SASLíquido para limpiar equipos de oficina 1 (Compra)",1,"SOSEGE SAS","Bien",37,"Líquido para limpiar equipos de oficina 1 (Compra)",null,null,null,null,9056,null,null,null,null,"1Líquido para limpiar equipos de oficina 1 (Compra)"]
["1UNION  TEMPORAL LADOINSA 2022Líquido para limpiar equipos de oficina 1 (Compra)",1,"UNION  TEMPORAL LADOINSA 2022","Bien",37,"Líquido para limpiar equipos de oficina 1 (Compra)",null,null,null,null,5192,null,null,null,null,"1Líquido para limpiar equipos de oficina 1 (Compra)"]
["1UNIÓN TEMPORAL ASEO COLOMBIA AMP4Líquido para limpiar equipos de oficina 1 (Compra)",1,"UNIÓN TEMPORAL ASEO COLOMBIA AMP4","Bien",37,"Líquido para limpiar equipos de oficina 1 (Compra)",null,null,null,null,9573,null,null,null,null,"1Líquido para limpiar equipos de oficina 1 (Compra)"]
["1UNIÓN TEMPORAL CCE AMP IV 2022Líquido para limpiar equipos de oficina 1 (Compra)",1,"UNIÓN TEMPORAL CCE AMP IV 2022","Bien",37,"Líquido para limpiar equipos de oficina 1 (Compra)",null,null,null,null,6355,null,null,null,null,"1Líquido para limpiar equipos de oficina 1 (Compra)"]
["1UNION TEMPORAL ECOLIMPIEZA 4GLíquido para limpiar equipos de oficina 1 (Compra)",1,"UNION TEMPORAL ECOLIMPIEZA 4G","Bien",37,"Líquido para limpiar equipos de oficina 1 (Compra)",null,null,null,null,4476,null,null,null,null,"1Líquido para limpiar equipos de oficina 1 (Compra)"]
["1UNIÓN TEMPORAL EMINSER SOLOASEO 2023Líquido para limpiar equipos de oficina 1 (Compra)",1,"UNIÓN TEMPORAL EMINSER SOLOASEO 2023","Bien",37,"Líquido para limpiar equipos de oficina 1 (Compra)",null,null,null,null,11391,null,null,null,null,"1Líquido para limpiar equipos de oficina 1 (Compra)"]
["1UNION TEMPORAL OUTSOURCING GIAFLíquido para limpiar equipos de oficina 1 (Compra)",1,"UNION TEMPORAL OUTSOURCING GIAF","Bien",37,"Líquido para limpiar equipos de oficina 1 (Compra)",null,null,null,null,5725,null,null,null,null,"1Líquido para limpiar equipos de oficina 1 (Compra)"]
["1UNION TEMPORAL R&J 2022Líquido para limpiar equipos de oficina 1 (Compra)",1,"UNION TEMPORAL R&J 2022","Bien",37,"Líquido para limpiar equipos de oficina 1 (Compra)",null,null,null,null,5192,null,null,null,null,"1Líquido para limpiar equipos de oficina 1 (Compra)"]
["1UNION TEMPORAL SERVICIOS INTEGRALESLíquido para limpiar equipos de oficina 1 (Compra)",1,"UNION TEMPORAL SERVICIOS INTEGRALES","Bien",37,"Líquido para limpiar equipos de oficina 1 (Compra)",null,null,null,null,6774,null,null,null,null,"1Líquido para limpiar equipos de oficina 1 (Compra)"]
["1UT EASYCLEAN ASEO PROFESIONALLíquido para limpiar equipos de oficina 1 (Compra)",1,"UT EASYCLEAN ASEO PROFESIONAL","Bien",37,"Líquido para limpiar equipos de oficina 1 (Compra)",null,null,null,null,6700,null,null,null,null,"1Líquido para limpiar equipos de oficina 1 (Compra)"]
["1UT GRUPO ADINLíquido para limpiar equipos de oficina 1 (Compra)",1,"UT GRUPO ADIN","Bien",37,"Líquido para limpiar equipos de oficina 1 (Compra)",null,null,null,null,8501,null,null,null,null,"1Líquido para limpiar equipos de oficina 1 (Compra)"]
["1ASECOLBAS LTDALíquido para limpiar equipos de oficina 2 (Compra)",1,"ASECOLBAS LTDA","Bien",38,"Líquido para limpiar equipos de oficina 2 (Compra)",null,null,null,null,2960,null,null,null,null,"1Líquido para limpiar equipos de oficina 2 (Compra)"]
["1CLEANER S.A.Líquido para limpiar equipos de oficina 2 (Compra)",1,"CLEANER S.A.","Bien",38,"Líquido para limpiar equipos de oficina 2 (Compra)",null,null,null,null,11258,null,null,null,null,"1Líquido para limpiar equipos de oficina 2 (Compra)"]
["1COMPAÑÍA DE SERVICIOS Y ADMINISTRACIÓN SA SERDAN SALíquido para limpiar equipos de oficina 2 (Compra)",1,"COMPAÑÍA DE SERVICIOS Y ADMINISTRACIÓN SA SERDAN SA","Bien",38,"Líquido para limpiar equipos de oficina 2 (Compra)",null,null,null,null,2391,null,null,null,null,"1Líquido para limpiar equipos de oficina 2 (Compra)"]
["1CONSERJES INMOBILIARIOS LTDALíquido para limpiar equipos de oficina 2 (Compra)",1,"CONSERJES INMOBILIARIOS LTDA","Bien",38,"Líquido para limpiar equipos de oficina 2 (Compra)",null,null,null,null,2925,null,null,null,null,"1Líquido para limpiar equipos de oficina 2 (Compra)"]
["1CONSORCIO ELITELíquido para limpiar equipos de oficina 2 (Compra)",1,"CONSORCIO ELITE","Bien",38,"Líquido para limpiar equipos de oficina 2 (Compra)",null,null,null,null,5713,null,null,null,null,"1Líquido para limpiar equipos de oficina 2 (Compra)"]
["1GRUPO GECLíquido para limpiar equipos de oficina 2 (Compra)",1,"GRUPO GEC","Bien",38,"Líquido para limpiar equipos de oficina 2 (Compra)",null,null,null,null,7540,null,null,null,null,"1Líquido para limpiar equipos de oficina 2 (Compra)"]
["1INCIHUILSA SAS ESPLíquido para limpiar equipos de oficina 2 (Compra)",1,"INCIHUILSA SAS ESP","Bien",38,"Líquido para limpiar equipos de oficina 2 (Compra)",null,null,null,null,19788,null,null,null,null,"1Líquido para limpiar equipos de oficina 2 (Compra)"]
["1INTERASEO S.A.S. E.S.P.Líquido para limpiar equipos de oficina 2 (Compra)",1,"INTERASEO S.A.S. E.S.P.","Bien",38,"Líquido para limpiar equipos de oficina 2 (Compra)",null,null,null,null,4450,null,null,null,null,"1Líquido para limpiar equipos de oficina 2 (Compra)"]
["1KIOS SASLíquido para limpiar equipos de oficina 2 (Compra)",1,"KIOS SAS","Bien",38,"Líquido para limpiar equipos de oficina 2 (Compra)",null,null,null,null,5650,null,null,null,null,"1Líquido para limpiar equipos de oficina 2 (Compra)"]
["1LIMPIEZA INSTITUCIONAL LASU S.A.S.Líquido para limpiar equipos de oficina 2 (Compra)",1,"LIMPIEZA INSTITUCIONAL LASU S.A.S.","Bien",38,"Líquido para limpiar equipos de oficina 2 (Compra)",null,null,null,null,2156,null,null,null,null,"1Líquido para limpiar equipos de oficina 2 (Compra)"]
["1N&R INTEGRAL SERVICE COMPANY S.A.S.Líquido para limpiar equipos de oficina 2 (Compra)",1,"N&R INTEGRAL SERVICE COMPANY S.A.S.","Bien",38,"Líquido para limpiar equipos de oficina 2 (Compra)",null,null,null,null,5324,null,null,null,null,"1Líquido para limpiar equipos de oficina 2 (Compra)"]
["1SOSEGE SASLíquido para limpiar equipos de oficina 2 (Compra)",1,"SOSEGE SAS","Bien",38,"Líquido para limpiar equipos de oficina 2 (Compra)",null,null,null,null,8241,null,null,null,null,"1Líquido para limpiar equipos de oficina 2 (Compra)"]
["1UNION  TEMPORAL LADOINSA 2022Líquido para limpiar equipos de oficina 2 (Compra)",1,"UNION  TEMPORAL LADOINSA 2022","Bien",38,"Líquido para limpiar equipos de oficina 2 (Compra)",null,null,null,null,4326,null,null,null,null,"1Líquido para limpiar equipos de oficina 2 (Compra)"]
["1UNIÓN TEMPORAL ASEO COLOMBIA AMP4Líquido para limpiar equipos de oficina 2 (Compra)",1,"UNIÓN TEMPORAL ASEO COLOMBIA AMP4","Bien",38,"Líquido para limpiar equipos de oficina 2 (Compra)",null,null,null,null,9573,null,null,null,null,"1Líquido para limpiar equipos de oficina 2 (Compra)"]
["1UNIÓN TEMPORAL CCE AMP IV 2022Líquido para limpiar equipos de oficina 2 (Compra)",1,"UNIÓN TEMPORAL CCE AMP IV 2022","Bien",38,"Líquido para limpiar equipos de oficina 2 (Compra)",null,null,null,null,5582,null,null,null,null,"1Líquido para limpiar equipos de oficina 2 (Compra)"]
["1UNION TEMPORAL ECOLIMPIEZA 4GLíquido para limpiar equipos de oficina 2 (Compra)",1,"UNION TEMPORAL ECOLIMPIEZA 4G","Bien",38,"Líquido para limpiar equipos de oficina 2 (Compra)",null,null,null,null,3497,null,null,null,null,"1Líquido para limpiar equipos de oficina 2 (Compra)"]
["1UNIÓN TEMPORAL EMINSER SOLOASEO 2023Líquido para limpiar equipos de oficina 2 (Compra)",1,"UNIÓN TEMPORAL EMINSER SOLOASEO 2023","Bien",38,"Líquido para limpiar equipos de oficina 2 (Compra)",null,null,null,null,11033,null,null,null,null,"1Líquido para limpiar equipos de oficina 2 (Compra)"]
["1UNION TEMPORAL OUTSOURCING GIAFLíquido para limpiar equipos de oficina 2 (Compra)",1,"UNION TEMPORAL OUTSOURCING GIAF","Bien",38,"Líquido para limpiar equipos de oficina 2 (Compra)",null,null,null,null,4880,null,null,null,null,"1Líquido para limpiar equipos de oficina 2 (Compra)"]
["1UNION TEMPORAL R&J 2022Líquido para limpiar equipos de oficina 2 (Compra)",1,"UNION TEMPORAL R&J 2022","Bien",38,"Líquido para limpiar equipos de oficina 2 (Compra)",null,null,null,null,3709,null,null,null,null,"1Líquido para limpiar equipos de oficina 2 (Compra)"]
["1UNION TEMPORAL SERVICIOS INTEGRALESLíquido para limpiar equipos de oficina 2 (Compra)",1,"UNION TEMPORAL SERVICIOS INTEGRALES","Bien",38,"Líquido para limpiar equipos de oficina 2 (Compra)",null,null,null,null,5587,null,null,null,null,"1Líquido para limpiar equipos de oficina 2 (Compra)"]
["1UT EASYCLEAN ASEO PROFESIONALLíquido para limpiar equipos de oficina 2 (Compra)",1,"UT EASYCLEAN ASEO PROFESIONAL","Bien",38,"Líquido para limpiar equipos de oficina 2 (Compra)",null,null,null,null,5537,null,null,null,null,"1Líquido para limpiar equipos de oficina 2 (Compra)"]
["1UT GRUPO ADINLíquido para limpiar equipos de oficina 2 (Compra)",1,"UT GRUPO ADIN","Bien",38,"Líquido para limpiar equipos de oficina 2 (Compra)",null,null,null,null,7596,null,null,null,null,"1Líquido para limpiar equipos de oficina 2 (Compra)"]
["1ASECOLBAS LTDAChampú para alfombras y tapizados 1 (Compra)",1,"ASECOLBAS LTDA","Bien",39,"Champú para alfombras y tapizados 1 (Compra)",null,null,null,null,26063,null,null,null,null,"1Champú para alfombras y tapizados 1 (Compra)"]
["1CLEANER S.A.Champú para alfombras y tapizados 1 (Compra)",1,"CLEANER S.A.","Bien",39,"Champú para alfombras y tapizados 1 (Compra)",null,null,null,null,12990,null,null,null,null,"1Champú para alfombras y tapizados 1 (Compra)"]
["1COMPAÑÍA DE SERVICIOS Y ADMINISTRACIÓN SA SERDAN SAChampú para alfombras y tapizados 1 (Compra)",1,"COMPAÑÍA DE SERVICIOS Y ADMINISTRACIÓN SA SERDAN SA","Bien",39,"Champú para alfombras y tapizados 1 (Compra)",null,null,null,null,10854,null,null,null,null,"1Champú para alfombras y tapizados 1 (Compra)"]
["1CONSERJES INMOBILIARIOS LTDAChampú para alfombras y tapizados 1 (Compra)",1,"CONSERJES INMOBILIARIOS LTDA","Bien",39,"Champú para alfombras y tapizados 1 (Compra)",null,null,null,null,26375,null,null,null,null,"1Champú para alfombras y tapizados 1 (Compra)"]
["1CONSORCIO ELITEChampú para alfombras y tapizados 1 (Compra)",1,"CONSORCIO ELITE","Bien",39,"Champú para alfombras y tapizados 1 (Compra)",null,null,null,null,18464,null,null,null,null,"1Champú para alfombras y tapizados 1 (Compra)"]
["1GRUPO GECChampú para alfombras y tapizados 1 (Compra)",1,"GRUPO GEC","Bien",39,"Champú para alfombras y tapizados 1 (Compra)",null,null,null,null,24353,null,null,null,null,"1Champú para alfombras y tapizados 1 (Compra)"]
["1INCIHUILSA SAS ESPChampú para alfombras y tapizados 1 (Compra)",1,"INCIHUILSA SAS ESP","Bien",39,"Champú para alfombras y tapizados 1 (Compra)",null,null,null,null,51213,null,null,null,null,"1Champú para alfombras y tapizados 1 (Compra)"]
["1INTERASEO S.A.S. E.S.P.Champú para alfombras y tapizados 1 (Compra)",1,"INTERASEO S.A.S. E.S.P.","Bien",39,"Champú para alfombras y tapizados 1 (Compra)",null,null,null,null,14216,null,null,null,null,"1Champú para alfombras y tapizados 1 (Compra)"]
["1KIOS SASChampú para alfombras y tapizados 1 (Compra)",1,"KIOS SAS","Bien",39,"Champú para alfombras y tapizados 1 (Compra)",null,null,null,null,14087,null,null,null,null,"1Champú para alfombras y tapizados 1 (Compra)"]
["1LIMPIEZA INSTITUCIONAL LASU S.A.S.Champú para alfombras y tapizados 1 (Compra)",1,"LIMPIEZA INSTITUCIONAL LASU S.A.S.","Bien",39,"Champú para alfombras y tapizados 1 (Compra)",null,null,null,null,6811,null,null,null,null,"1Champú para alfombras y tapizados 1 (Compra)"]
["1N&R INTEGRAL SERVICE COMPANY S.A.S.Champú para alfombras y tapizados 1 (Compra)",1,"N&R INTEGRAL SERVICE COMPANY S.A.S.","Bien",39,"Champú para alfombras y tapizados 1 (Compra)",null,null,null,null,17206,null,null,null,null,"1Champú para alfombras y tapizados 1 (Compra)"]
["1SOSEGE SASChampú para alfombras y tapizados 1 (Compra)",1,"SOSEGE SAS","Bien",39,"Champú para alfombras y tapizados 1 (Compra)",null,null,null,null,19704,null,null,null,null,"1Champú para alfombras y tapizados 1 (Compra)"]
["1UNION  TEMPORAL LADOINSA 2022Champú para alfombras y tapizados 1 (Compra)",1,"UNION  TEMPORAL LADOINSA 2022","Bien",39,"Champú para alfombras y tapizados 1 (Compra)",null,null,null,null,17677,null,null,null,null,"1Champú para alfombras y tapizados 1 (Compra)"]
["1UNIÓN TEMPORAL ASEO COLOMBIA AMP4Champú para alfombras y tapizados 1 (Compra)",1,"UNIÓN TEMPORAL ASEO COLOMBIA AMP4","Bien",39,"Champú para alfombras y tapizados 1 (Compra)",null,null,null,null,17474,null,null,null,null,"1Champú para alfombras y tapizados 1 (Compra)"]
["1UNIÓN TEMPORAL CCE AMP IV 2022Champú para alfombras y tapizados 1 (Compra)",1,"UNIÓN TEMPORAL CCE AMP IV 2022","Bien",39,"Champú para alfombras y tapizados 1 (Compra)",null,null,null,null,15710,null,null,null,null,"1Champú para alfombras y tapizados 1 (Compra)"]
["1UNION TEMPORAL ECOLIMPIEZA 4GChampú para alfombras y tapizados 1 (Compra)",1,"UNION TEMPORAL ECOLIMPIEZA 4G","Bien",39,"Champú para alfombras y tapizados 1 (Compra)",null,null,null,null,10691,null,null,null,null,"1Champú para alfombras y tapizados 1 (Compra)"]
["1UNIÓN TEMPORAL EMINSER SOLOASEO 2023Champú para alfombras y tapizados 1 (Compra)",1,"UNIÓN TEMPORAL EMINSER SOLOASEO 2023","Bien",39,"Champú para alfombras y tapizados 1 (Compra)",null,null,null,null,22066,null,null,null,null,"1Champú para alfombras y tapizados 1 (Compra)"]
["1UNION TEMPORAL OUTSOURCING GIAFChampú para alfombras y tapizados 1 (Compra)",1,"UNION TEMPORAL OUTSOURCING GIAF","Bien",39,"Champú para alfombras y tapizados 1 (Compra)",null,null,null,null,12437,null,null,null,null,"1Champú para alfombras y tapizados 1 (Compra)"]
["1UNION TEMPORAL R&J 2022Champú para alfombras y tapizados 1 (Compra)",1,"UNION TEMPORAL R&J 2022","Bien",39,"Champú para alfombras y tapizados 1 (Compra)",null,null,null,null,9271,null,null,null,null,"1Champú para alfombras y tapizados 1 (Compra)"]
["1UNION TEMPORAL SERVICIOS INTEGRALESChampú para alfombras y tapizados 1 (Compra)",1,"UNION TEMPORAL SERVICIOS INTEGRALES","Bien",39,"Champú para alfombras y tapizados 1 (Compra)",null,null,null,null,18024,null,null,null,null,"1Champú para alfombras y tapizados 1 (Compra)"]
["1UT EASYCLEAN ASEO PROFESIONALChampú para alfombras y tapizados 1 (Compra)",1,"UT EASYCLEAN ASEO PROFESIONAL","Bien",39,"Champú para alfombras y tapizados 1 (Compra)",null,null,null,null,17895,null,null,null,null,"1Champú para alfombras y tapizados 1 (Compra)"]
["1UT GRUPO ADINChampú para alfombras y tapizados 1 (Compra)",1,"UT GRUPO ADIN","Bien",39,"Champú para alfombras y tapizados 1 (Compra)",null,null,null,null,18410,null,null,null,null,"1Champú para alfombras y tapizados 1 (Compra)"]
["1ASECOLBAS LTDAChampú para alfombras y tapizados 2 (Compra)",1,"ASECOLBAS LTDA","Bien",40,"Champú para alfombras y tapizados 2 (Compra)",null,null,null,null,8794,null,null,null,null,"1Champú para alfombras y tapizados 2 (Compra)"]
["1CLEANER S.A.Champú para alfombras y tapizados 2 (Compra)",1,"CLEANER S.A.","Bien",40,"Champú para alfombras y tapizados 2 (Compra)",null,null,null,null,26192,null,null,null,null,"1Champú para alfombras y tapizados 2 (Compra)"]
["1COMPAÑÍA DE SERVICIOS Y ADMINISTRACIÓN SA SERDAN SAChampú para alfombras y tapizados 2 (Compra)",1,"COMPAÑÍA DE SERVICIOS Y ADMINISTRACIÓN SA SERDAN SA","Bien",40,"Champú para alfombras y tapizados 2 (Compra)",null,null,null,null,10854,null,null,null,null,"1Champú para alfombras y tapizados 2 (Compra)"]
["1CONSERJES INMOBILIARIOS LTDAChampú para alfombras y tapizados 2 (Compra)",1,"CONSERJES INMOBILIARIOS LTDA","Bien",40,"Champú para alfombras y tapizados 2 (Compra)",null,null,null,null,8689,null,null,null,null,"1Champú para alfombras y tapizados 2 (Compra)"]
["1CONSORCIO ELITEChampú para alfombras y tapizados 2 (Compra)",1,"CONSORCIO ELITE","Bien",40,"Champú para alfombras y tapizados 2 (Compra)",null,null,null,null,16596,null,null,null,null,"1Champú para alfombras y tapizados 2 (Compra)"]
["1GRUPO GECChampú para alfombras y tapizados 2 (Compra)",1,"GRUPO GEC","Bien",40,"Champú para alfombras y tapizados 2 (Compra)",null,null,null,null,24353,null,null,null,null,"1Champú para alfombras y tapizados 2 (Compra)"]
["1INCIHUILSA SAS ESPChampú para alfombras y tapizados 2 (Compra)",1,"INCIHUILSA SAS ESP","Bien",40,"Champú para alfombras y tapizados 2 (Compra)",null,null,null,null,54655,null,null,null,null,"1Champú para alfombras y tapizados 2 (Compra)"]
["1INTERASEO S.A.S. E.S.P.Champú para alfombras y tapizados 2 (Compra)",1,"INTERASEO S.A.S. E.S.P.","Bien",40,"Champú para alfombras y tapizados 2 (Compra)",null,null,null,null,14216,null,null,null,null,"1Champú para alfombras y tapizados 2 (Compra)"]
["1KIOS SASChampú para alfombras y tapizados 2 (Compra)",1,"KIOS SAS","Bien",40,"Champú para alfombras y tapizados 2 (Compra)",null,null,null,null,14087,null,null,null,null,"1Champú para alfombras y tapizados 2 (Compra)"]
["1LIMPIEZA INSTITUCIONAL LASU S.A.S.Champú para alfombras y tapizados 2 (Compra)",1,"LIMPIEZA INSTITUCIONAL LASU S.A.S.","Bien",40,"Champú para alfombras y tapizados 2 (Compra)",null,null,null,null,5255,null,null,null,null,"1Champú para alfombras y tapizados 2 (Compra)"]
["1N&R INTEGRAL SERVICE COMPANY S.A.S.Champú para alfombras y tapizados 2 (Compra)",1,"N&R INTEGRAL SERVICE COMPANY S.A.S.","Bien",40,"Champú para alfombras y tapizados 2 (Compra)",null,null,null,null,15469,null,null,null,null,"1Champú para alfombras y tapizados 2 (Compra)"]
["1SOSEGE SASChampú para alfombras y tapizados 2 (Compra)",1,"SOSEGE SAS","Bien",40,"Champú para alfombras y tapizados 2 (Compra)",null,null,null,null,12622,null,null,null,null,"1Champú para alfombras y tapizados 2 (Compra)"]
["1UNION  TEMPORAL LADOINSA 2022Champú para alfombras y tapizados 2 (Compra)",1,"UNION  TEMPORAL LADOINSA 2022","Bien",40,"Champú para alfombras y tapizados 2 (Compra)",null,null,null,null,13598,null,null,null,null,"1Champú para alfombras y tapizados 2 (Compra)"]
["1UNIÓN TEMPORAL ASEO COLOMBIA AMP4Champú para alfombras y tapizados 2 (Compra)",1,"UNIÓN TEMPORAL ASEO COLOMBIA AMP4","Bien",40,"Champú para alfombras y tapizados 2 (Compra)",null,null,null,null,21437,null,null,null,null,"1Champú para alfombras y tapizados 2 (Compra)"]
["1UNIÓN TEMPORAL CCE AMP IV 2022Champú para alfombras y tapizados 2 (Compra)",1,"UNIÓN TEMPORAL CCE AMP IV 2022","Bien",40,"Champú para alfombras y tapizados 2 (Compra)",null,null,null,null,15710,null,null,null,null,"1Champú para alfombras y tapizados 2 (Compra)"]
["1UNION TEMPORAL ECOLIMPIEZA 4GChampú para alfombras y tapizados 2 (Compra)",1,"UNION TEMPORAL ECOLIMPIEZA 4G","Bien",40,"Champú para alfombras y tapizados 2 (Compra)",null,null,null,null,11755,null,null,null,null,"1Champú para alfombras y tapizados 2 (Compra)"]
["1UNIÓN TEMPORAL EMINSER SOLOASEO 2023Champú para alfombras y tapizados 2 (Compra)",1,"UNIÓN TEMPORAL EMINSER SOLOASEO 2023","Bien",40,"Champú para alfombras y tapizados 2 (Compra)",null,null,null,null,22986,null,null,null,null,"1Champú para alfombras y tapizados 2 (Compra)"]
["1UNION TEMPORAL OUTSOURCING GIAFChampú para alfombras y tapizados 2 (Compra)",1,"UNION TEMPORAL OUTSOURCING GIAF","Bien",40,"Champú para alfombras y tapizados 2 (Compra)",null,null,null,null,9401,null,null,null,null,"1Champú para alfombras y tapizados 2 (Compra)"]
["1UNION TEMPORAL R&J 2022Champú para alfombras y tapizados 2 (Compra)",1,"UNION TEMPORAL R&J 2022","Bien",40,"Champú para alfombras y tapizados 2 (Compra)",null,null,null,null,14834,null,null,null,null,"1Champú para alfombras y tapizados 2 (Compra)"]
["1UNION TEMPORAL SERVICIOS INTEGRALESChampú para alfombras y tapizados 2 (Compra)",1,"UNION TEMPORAL SERVICIOS INTEGRALES","Bien",40,"Champú para alfombras y tapizados 2 (Compra)",null,null,null,null,16293,null,null,null,null,"1Champú para alfombras y tapizados 2 (Compra)"]
["1UT EASYCLEAN ASEO PROFESIONALChampú para alfombras y tapizados 2 (Compra)",1,"UT EASYCLEAN ASEO PROFESIONAL","Bien",40,"Champú para alfombras y tapizados 2 (Compra)",null,null,null,null,16085,null,null,null,null,"1Champú para alfombras y tapizados 2 (Compra)"]
["1UT GRUPO ADINChampú para alfombras y tapizados 2 (Compra)",1,"UT GRUPO ADIN","Bien",40,"Champú para alfombras y tapizados 2 (Compra)",null,null,null,null,10140,null,null,null,null,"1Champú para alfombras y tapizados 2 (Compra)"]
["1ASECOLBAS LTDALustrador de muebles (Compra)",1,"ASECOLBAS LTDA","Bien",41,"Lustrador de muebles (Compra)",null,null,null,null,2701,null,null,null,null,"1Lustrador de muebles (Compra)"]
["1CLEANER S.A.Lustrador de muebles (Compra)",1,"CLEANER S.A.","Bien",41,"Lustrador de muebles (Compra)",null,null,null,null,6999,null,null,null,null,"1Lustrador de muebles (Compra)"]
["1COMPAÑÍA DE SERVICIOS Y ADMINISTRACIÓN SA SERDAN SALustrador de muebles (Compra)",1,"COMPAÑÍA DE SERVICIOS Y ADMINISTRACIÓN SA SERDAN SA","Bien",41,"Lustrador de muebles (Compra)",null,null,null,null,3659,null,null,null,null,"1Lustrador de muebles (Compra)"]
["1CONSERJES INMOBILIARIOS LTDALustrador de muebles (Compra)",1,"CONSERJES INMOBILIARIOS LTDA","Bien",41,"Lustrador de muebles (Compra)",null,null,null,null,2733,null,null,null,null,"1Lustrador de muebles (Compra)"]
["1CONSORCIO ELITELustrador de muebles (Compra)",1,"CONSORCIO ELITE","Bien",41,"Lustrador de muebles (Compra)",null,null,null,null,5809,null,null,null,null,"1Lustrador de muebles (Compra)"]
["1GRUPO GECLustrador de muebles (Compra)",1,"GRUPO GEC","Bien",41,"Lustrador de muebles (Compra)",null,null,null,null,6675,null,null,null,null,"1Lustrador de muebles (Compra)"]
["1INCIHUILSA SAS ESPLustrador de muebles (Compra)",1,"INCIHUILSA SAS ESP","Bien",41,"Lustrador de muebles (Compra)",null,null,null,null,19426,null,null,null,null,"1Lustrador de muebles (Compra)"]
["1INTERASEO S.A.S. E.S.P.Lustrador de muebles (Compra)",1,"INTERASEO S.A.S. E.S.P.","Bien",41,"Lustrador de muebles (Compra)",null,null,null,null,4326,null,null,null,null,"1Lustrador de muebles (Compra)"]
["1KIOS SASLustrador de muebles (Compra)",1,"KIOS SAS","Bien",41,"Lustrador de muebles (Compra)",null,null,null,null,4806,null,null,null,null,"1Lustrador de muebles (Compra)"]
["1LIMPIEZA INSTITUCIONAL LASU S.A.S.Lustrador de muebles (Compra)",1,"LIMPIEZA INSTITUCIONAL LASU S.A.S.","Bien",41,"Lustrador de muebles (Compra)",null,null,null,null,1992,null,null,null,null,"1Lustrador de muebles (Compra)"]
["1N&R INTEGRAL SERVICE COMPANY S.A.S.Lustrador de muebles (Compra)",1,"N&R INTEGRAL SERVICE COMPANY S.A.S.","Bien",41,"Lustrador de muebles (Compra)",null,null,null,null,5414,null,null,null,null,"1Lustrador de muebles (Compra)"]
["1SOSEGE SASLustrador de muebles (Compra)",1,"SOSEGE SAS","Bien",41,"Lustrador de muebles (Compra)",null,null,null,null,10794,null,null,null,null,"1Lustrador de muebles (Compra)"]
["1UNION  TEMPORAL LADOINSA 2022Lustrador de muebles (Compra)",1,"UNION  TEMPORAL LADOINSA 2022","Bien",41,"Lustrador de muebles (Compra)",null,null,null,null,3956,null,null,null,null,"1Lustrador de muebles (Compra)"]
["1UNIÓN TEMPORAL ASEO COLOMBIA AMP4Lustrador de muebles (Compra)",1,"UNIÓN TEMPORAL ASEO COLOMBIA AMP4","Bien",41,"Lustrador de muebles (Compra)",null,null,null,null,6255,null,null,null,null,"1Lustrador de muebles (Compra)"]
["1UNIÓN TEMPORAL CCE AMP IV 2022Lustrador de muebles (Compra)",1,"UNIÓN TEMPORAL CCE AMP IV 2022","Bien",41,"Lustrador de muebles (Compra)",null,null,null,null,5260,null,null,null,null,"1Lustrador de muebles (Compra)"]
["1UNION TEMPORAL ECOLIMPIEZA 4GLustrador de muebles (Compra)",1,"UNION TEMPORAL ECOLIMPIEZA 4G","Bien",41,"Lustrador de muebles (Compra)",null,null,null,null,3837,null,null,null,null,"1Lustrador de muebles (Compra)"]
["1UNIÓN TEMPORAL EMINSER SOLOASEO 2023Lustrador de muebles (Compra)",1,"UNIÓN TEMPORAL EMINSER SOLOASEO 2023","Bien",41,"Lustrador de muebles (Compra)",null,null,null,null,6988,null,null,null,null,"1Lustrador de muebles (Compra)"]
["1UNION TEMPORAL OUTSOURCING GIAFLustrador de muebles (Compra)",1,"UNION TEMPORAL OUTSOURCING GIAF","Bien",41,"Lustrador de muebles (Compra)",null,null,null,null,4184,null,null,null,null,"1Lustrador de muebles (Compra)"]
["1UNION TEMPORAL R&J 2022Lustrador de muebles (Compra)",1,"UNION TEMPORAL R&J 2022","Bien",41,"Lustrador de muebles (Compra)",null,null,null,null,2596,null,null,null,null,"1Lustrador de muebles (Compra)"]
["1UNION TEMPORAL SERVICIOS INTEGRALESLustrador de muebles (Compra)",1,"UNION TEMPORAL SERVICIOS INTEGRALES","Bien",41,"Lustrador de muebles (Compra)",null,null,null,null,5699,null,null,null,null,"1Lustrador de muebles (Compra)"]
["1UT EASYCLEAN ASEO PROFESIONALLustrador de muebles (Compra)",1,"UT EASYCLEAN ASEO PROFESIONAL","Bien",41,"Lustrador de muebles (Compra)",null,null,null,null,5631,null,null,null,null,"1Lustrador de muebles (Compra)"]
["1UT GRUPO ADINLustrador de muebles (Compra)",1,"UT GRUPO ADIN","Bien",41,"Lustrador de muebles (Compra)",null,null,null,null,6885,null,null,null,null,"1Lustrador de muebles (Compra)"]
["1ASECOLBAS LTDALíquido cubre rasguños para madera (Compra)",1,"ASECOLBAS LTDA","Bien",42,"Líquido cubre rasguños para madera (Compra)",null,null,null,null,3657,null,null,null,null,"1Líquido cubre rasguños para madera (Compra)"]
["1CLEANER S.A.Líquido cubre rasguños para madera (Compra)",1,"CLEANER S.A.","Bien",42,"Líquido cubre rasguños para madera (Compra)",null,null,null,null,7892,null,null,null,null,"1Líquido cubre rasguños para madera (Compra)"]
["1COMPAÑÍA DE SERVICIOS Y ADMINISTRACIÓN SA SERDAN SALíquido cubre rasguños para madera (Compra)",1,"COMPAÑÍA DE SERVICIOS Y ADMINISTRACIÓN SA SERDAN SA","Bien",42,"Líquido cubre rasguños para madera (Compra)",null,null,null,null,3684,null,null,null,null,"1Líquido cubre rasguños para madera (Compra)"]
["1CONSERJES INMOBILIARIOS LTDALíquido cubre rasguños para madera (Compra)",1,"CONSERJES INMOBILIARIOS LTDA","Bien",42,"Líquido cubre rasguños para madera (Compra)",null,null,null,null,3613,null,null,null,null,"1Líquido cubre rasguños para madera (Compra)"]
["1CONSORCIO ELITELíquido cubre rasguños para madera (Compra)",1,"CONSORCIO ELITE","Bien",42,"Líquido cubre rasguños para madera (Compra)",null,null,null,null,5240,null,null,null,null,"1Líquido cubre rasguños para madera (Compra)"]
["1GRUPO GECLíquido cubre rasguños para madera (Compra)",1,"GRUPO GEC","Bien",42,"Líquido cubre rasguños para madera (Compra)",null,null,null,null,6799,null,null,null,null,"1Líquido cubre rasguños para madera (Compra)"]
["1INCIHUILSA SAS ESPLíquido cubre rasguños para madera (Compra)",1,"INCIHUILSA SAS ESP","Bien",42,"Líquido cubre rasguños para madera (Compra)",null,null,null,null,36750,null,null,null,null,"1Líquido cubre rasguños para madera (Compra)"]
["1INTERASEO S.A.S. E.S.P.Líquido cubre rasguños para madera (Compra)",1,"INTERASEO S.A.S. E.S.P.","Bien",42,"Líquido cubre rasguños para madera (Compra)",null,null,null,null,4326,null,null,null,null,"1Líquido cubre rasguños para madera (Compra)"]
["1KIOS SASLíquido cubre rasguños para madera (Compra)",1,"KIOS SAS","Bien",42,"Líquido cubre rasguños para madera (Compra)",null,null,null,null,5746,null,null,null,null,"1Líquido cubre rasguños para madera (Compra)"]
["1LIMPIEZA INSTITUCIONAL LASU S.A.S.Líquido cubre rasguños para madera (Compra)",1,"LIMPIEZA INSTITUCIONAL LASU S.A.S.","Bien",42,"Líquido cubre rasguños para madera (Compra)",null,null,null,null,3243,null,null,null,null,"1Líquido cubre rasguños para madera (Compra)"]
["1N&R INTEGRAL SERVICE COMPANY S.A.S.Líquido cubre rasguños para madera (Compra)",1,"N&R INTEGRAL SERVICE COMPANY S.A.S.","Bien",42,"Líquido cubre rasguños para madera (Compra)",null,null,null,null,4884,null,null,null,null,"1Líquido cubre rasguños para madera (Compra)"]
["1SOSEGE SASLíquido cubre rasguños para madera (Compra)",1,"SOSEGE SAS","Bien",42,"Líquido cubre rasguños para madera (Compra)",null,null,null,null,6744,null,null,null,null,"1Líquido cubre rasguños para madera (Compra)"]
["1UNION  TEMPORAL LADOINSA 2022Líquido cubre rasguños para madera (Compra)",1,"UNION  TEMPORAL LADOINSA 2022","Bien",42,"Líquido cubre rasguños para madera (Compra)",null,null,null,null,5934,null,null,null,null,"1Líquido cubre rasguños para madera (Compra)"]
["1UNIÓN TEMPORAL ASEO COLOMBIA AMP4Líquido cubre rasguños para madera (Compra)",1,"UNIÓN TEMPORAL ASEO COLOMBIA AMP4","Bien",42,"Líquido cubre rasguños para madera (Compra)",null,null,null,null,6460,null,null,null,null,"1Líquido cubre rasguños para madera (Compra)"]
["1UNIÓN TEMPORAL CCE AMP IV 2022Líquido cubre rasguños para madera (Compra)",1,"UNIÓN TEMPORAL CCE AMP IV 2022","Bien",42,"Líquido cubre rasguños para madera (Compra)",null,null,null,null,6973,null,null,null,null,"1Líquido cubre rasguños para madera (Compra)"]
["1UNION TEMPORAL ECOLIMPIEZA 4GLíquido cubre rasguños para madera (Compra)",1,"UNION TEMPORAL ECOLIMPIEZA 4G","Bien",42,"Líquido cubre rasguños para madera (Compra)",null,null,null,null,3851,null,null,null,null,"1Líquido cubre rasguños para madera (Compra)"]
["1UNIÓN TEMPORAL EMINSER SOLOASEO 2023Líquido cubre rasguños para madera (Compra)",1,"UNIÓN TEMPORAL EMINSER SOLOASEO 2023","Bien",42,"Líquido cubre rasguños para madera (Compra)",null,null,null,null,6988,null,null,null,null,"1Líquido cubre rasguños para madera (Compra)"]
["1UNION TEMPORAL OUTSOURCING GIAFLíquido cubre rasguños para madera (Compra)",1,"UNION TEMPORAL OUTSOURCING GIAF","Bien",42,"Líquido cubre rasguños para madera (Compra)",null,null,null,null,5264,null,null,null,null,"1Líquido cubre rasguños para madera (Compra)"]
["1UNION TEMPORAL R&J 2022Líquido cubre rasguños para madera (Compra)",1,"UNION TEMPORAL R&J 2022","Bien",42,"Líquido cubre rasguños para madera (Compra)",null,null,null,null,3709,null,null,null,null,"1Líquido cubre rasguños para madera (Compra)"]
["1UNION TEMPORAL SERVICIOS INTEGRALESLíquido cubre rasguños para madera (Compra)",1,"UNION TEMPORAL SERVICIOS INTEGRALES","Bien",42,"Líquido cubre rasguños para madera (Compra)",null,null,null,null,5143,null,null,null,null,"1Líquido cubre rasguños para madera (Compra)"]
["1UT EASYCLEAN ASEO PROFESIONALLíquido cubre rasguños para madera (Compra)",1,"UT EASYCLEAN ASEO PROFESIONAL","Bien",42,"Líquido cubre rasguños para madera (Compra)",null,null,null,null,5079,null,null,null,null,"1Líquido cubre rasguños para madera (Compra)"]
["1UT GRUPO ADINLíquido cubre rasguños para madera (Compra)",1,"UT GRUPO ADIN","Bien",42,"Líquido cubre rasguños para madera (Compra)",null,null,null,null,7021,null,null,null,null,"1Líquido cubre rasguños para madera (Compra)"]
["1ASECOLBAS LTDACrema para cuero (Compra)",1,"ASECOLBAS LTDA","Bien",43,"Crema para cuero (Compra)",null,null,null,null,11871,null,null,null,null,"1Crema para cuero (Compra)"]
["1CLEANER S.A.Crema para cuero (Compra)",1,"CLEANER S.A.","Bien",43,"Crema para cuero (Compra)",null,null,null,null,10517,null,null,null,null,"1Crema para cuero (Compra)"]
["1COMPAÑÍA DE SERVICIOS Y ADMINISTRACIÓN SA SERDAN SACrema para cuero (Compra)",1,"COMPAÑÍA DE SERVICIOS Y ADMINISTRACIÓN SA SERDAN SA","Bien",43,"Crema para cuero (Compra)",null,null,null,null,14086,null,null,null,null,"1Crema para cuero (Compra)"]
["1CONSERJES INMOBILIARIOS LTDACrema para cuero (Compra)",1,"CONSERJES INMOBILIARIOS LTDA","Bien",43,"Crema para cuero (Compra)",null,null,null,null,12013,null,null,null,null,"1Crema para cuero (Compra)"]
["1CONSORCIO ELITECrema para cuero (Compra)",1,"CONSORCIO ELITE","Bien",43,"Crema para cuero (Compra)",null,null,null,null,15554,null,null,null,null,"1Crema para cuero (Compra)"]
["1GRUPO GECCrema para cuero (Compra)",1,"GRUPO GEC","Bien",43,"Crema para cuero (Compra)",null,null,null,null,28432,null,null,null,null,"1Crema para cuero (Compra)"]
["1INCIHUILSA SAS ESPCrema para cuero (Compra)",1,"INCIHUILSA SAS ESP","Bien",43,"Crema para cuero (Compra)",null,null,null,null,21192,null,null,null,null,"1Crema para cuero (Compra)"]
["1INTERASEO S.A.S. E.S.P.Crema para cuero (Compra)",1,"INTERASEO S.A.S. E.S.P.","Bien",43,"Crema para cuero (Compra)",null,null,null,null,10507,null,null,null,null,"1Crema para cuero (Compra)"]
["1KIOS SASCrema para cuero (Compra)",1,"KIOS SAS","Bien",43,"Crema para cuero (Compra)",null,null,null,null,15722,null,null,null,null,"1Crema para cuero (Compra)"]
["1LIMPIEZA INSTITUCIONAL LASU S.A.S.Crema para cuero (Compra)",1,"LIMPIEZA INSTITUCIONAL LASU S.A.S.","Bien",43,"Crema para cuero (Compra)",null,null,null,null,16717,null,null,null,null,"1Crema para cuero (Compra)"]
["1N&R INTEGRAL SERVICE COMPANY S.A.S.Crema para cuero (Compra)",1,"N&R INTEGRAL SERVICE COMPANY S.A.S.","Bien",43,"Crema para cuero (Compra)",null,null,null,null,14497,null,null,null,null,"1Crema para cuero (Compra)"]
["1SOSEGE SASCrema para cuero (Compra)",1,"SOSEGE SAS","Bien",43,"Crema para cuero (Compra)",null,null,null,null,15854,null,null,null,null,"1Crema para cuero (Compra)"]
["1UNION  TEMPORAL LADOINSA 2022Crema para cuero (Compra)",1,"UNION  TEMPORAL LADOINSA 2022","Bien",43,"Crema para cuero (Compra)",null,null,null,null,14340,null,null,null,null,"1Crema para cuero (Compra)"]
["1UNIÓN TEMPORAL ASEO COLOMBIA AMP4Crema para cuero (Compra)",1,"UNIÓN TEMPORAL ASEO COLOMBIA AMP4","Bien",43,"Crema para cuero (Compra)",null,null,null,null,12609,null,null,null,null,"1Crema para cuero (Compra)"]
["1UNIÓN TEMPORAL CCE AMP IV 2022Crema para cuero (Compra)",1,"UNIÓN TEMPORAL CCE AMP IV 2022","Bien",43,"Crema para cuero (Compra)",null,null,null,null,13928,null,null,null,null,"1Crema para cuero (Compra)"]
["1UNION TEMPORAL ECOLIMPIEZA 4GCrema para cuero (Compra)",1,"UNION TEMPORAL ECOLIMPIEZA 4G","Bien",43,"Crema para cuero (Compra)",null,null,null,null,11607,null,null,null,null,"1Crema para cuero (Compra)"]
["1UNIÓN TEMPORAL EMINSER SOLOASEO 2023Crema para cuero (Compra)",1,"UNIÓN TEMPORAL EMINSER SOLOASEO 2023","Bien",43,"Crema para cuero (Compra)",null,null,null,null,9317,null,null,null,null,"1Crema para cuero (Compra)"]
["1UNION TEMPORAL OUTSOURCING GIAFCrema para cuero (Compra)",1,"UNION TEMPORAL OUTSOURCING GIAF","Bien",43,"Crema para cuero (Compra)",null,null,null,null,9352,null,null,null,null,"1Crema para cuero (Compra)"]
["1UNION TEMPORAL R&J 2022Crema para cuero (Compra)",1,"UNION TEMPORAL R&J 2022","Bien",43,"Crema para cuero (Compra)",null,null,null,null,4450,null,null,null,null,"1Crema para cuero (Compra)"]
["1UNION TEMPORAL SERVICIOS INTEGRALESCrema para cuero (Compra)",1,"UNION TEMPORAL SERVICIOS INTEGRALES","Bien",43,"Crema para cuero (Compra)",null,null,null,null,15180,null,null,null,null,"1Crema para cuero (Compra)"]
["1UT EASYCLEAN ASEO PROFESIONALCrema para cuero (Compra)",1,"UT EASYCLEAN ASEO PROFESIONAL","Bien",43,"Crema para cuero (Compra)",null,null,null,null,15075,null,null,null,null,"1Crema para cuero (Compra)"]
["1UT GRUPO ADINCrema para cuero (Compra)",1,"UT GRUPO ADIN","Bien",43,"Crema para cuero (Compra)",null,null,null,null,14273,null,null,null,null,"1Crema para cuero (Compra)"]
["1ASECOLBAS LTDACera polimérica (Compra)",1,"ASECOLBAS LTDA","Bien",44,"Cera polimérica (Compra)",null,null,null,null,26375,null,null,null,null,"1Cera polimérica (Compra)"]
["1CLEANER S.A.Cera polimérica (Compra)",1,"CLEANER S.A.","Bien",44,"Cera polimérica (Compra)",null,null,null,null,28593,null,null,null,null,"1Cera polimérica (Compra)"]
["1COMPAÑÍA DE SERVICIOS Y ADMINISTRACIÓN SA SERDAN SACera polimérica (Compra)",1,"COMPAÑÍA DE SERVICIOS Y ADMINISTRACIÓN SA SERDAN SA","Bien",44,"Cera polimérica (Compra)",null,null,null,null,22562,null,null,null,null,"1Cera polimérica (Compra)"]
["1CONSERJES INMOBILIARIOS LTDACera polimérica (Compra)",1,"CONSERJES INMOBILIARIOS LTDA","Bien",44,"Cera polimérica (Compra)",null,null,null,null,26063,null,null,null,null,"1Cera polimérica (Compra)"]
["1CONSORCIO ELITECera polimérica (Compra)",1,"CONSORCIO ELITE","Bien",44,"Cera polimérica (Compra)",null,null,null,null,45433,null,null,null,null,"1Cera polimérica (Compra)"]
["1GRUPO GECCera polimérica (Compra)",1,"GRUPO GEC","Bien",44,"Cera polimérica (Compra)",null,null,null,null,38321,null,null,null,null,"1Cera polimérica (Compra)"]
["1INCIHUILSA SAS ESPCera polimérica (Compra)",1,"INCIHUILSA SAS ESP","Bien",44,"Cera polimérica (Compra)",null,null,null,null,101770,null,null,null,null,"1Cera polimérica (Compra)"]
["1INTERASEO S.A.S. E.S.P.Cera polimérica (Compra)",1,"INTERASEO S.A.S. E.S.P.","Bien",44,"Cera polimérica (Compra)",null,null,null,null,23488,null,null,null,null,"1Cera polimérica (Compra)"]
["1KIOS SASCera polimérica (Compra)",1,"KIOS SAS","Bien",44,"Cera polimérica (Compra)",null,null,null,null,34845,null,null,null,null,"1Cera polimérica (Compra)"]
["1LIMPIEZA INSTITUCIONAL LASU S.A.S.Cera polimérica (Compra)",1,"LIMPIEZA INSTITUCIONAL LASU S.A.S.","Bien",44,"Cera polimérica (Compra)",null,null,null,null,20240,null,null,null,null,"1Cera polimérica (Compra)"]
["1N&R INTEGRAL SERVICE COMPANY S.A.S.Cera polimérica (Compra)",1,"N&R INTEGRAL SERVICE COMPANY S.A.S.","Bien",44,"Cera polimérica (Compra)",null,null,null,null,42342,null,null,null,null,"1Cera polimérica (Compra)"]
["1SOSEGE SASCera polimérica (Compra)",1,"SOSEGE SAS","Bien",44,"Cera polimérica (Compra)",null,null,null,null,28165,null,null,null,null,"1Cera polimérica (Compra)"]
["1UNION  TEMPORAL LADOINSA 2022Cera polimérica (Compra)",1,"UNION  TEMPORAL LADOINSA 2022","Bien",44,"Cera polimérica (Compra)",null,null,null,null,35602,null,null,null,null,"1Cera polimérica (Compra)"]
["1UNIÓN TEMPORAL ASEO COLOMBIA AMP4Cera polimérica (Compra)",1,"UNIÓN TEMPORAL ASEO COLOMBIA AMP4","Bien",44,"Cera polimérica (Compra)",null,null,null,null,29780,null,null,null,null,"1Cera polimérica (Compra)"]
["1UNIÓN TEMPORAL CCE AMP IV 2022Cera polimérica (Compra)",1,"UNIÓN TEMPORAL CCE AMP IV 2022","Bien",44,"Cera polimérica (Compra)",null,null,null,null,35362,null,null,null,null,"1Cera polimérica (Compra)"]
["1UNION TEMPORAL ECOLIMPIEZA 4GCera polimérica (Compra)",1,"UNION TEMPORAL ECOLIMPIEZA 4G","Bien",44,"Cera polimérica (Compra)",null,null,null,null,25296,null,null,null,null,"1Cera polimérica (Compra)"]
["1UNIÓN TEMPORAL EMINSER SOLOASEO 2023Cera polimérica (Compra)",1,"UNIÓN TEMPORAL EMINSER SOLOASEO 2023","Bien",44,"Cera polimérica (Compra)",null,null,null,null,65830,null,null,null,null,"1Cera polimérica (Compra)"]
["1UNION TEMPORAL OUTSOURCING GIAFCera polimérica (Compra)",1,"UNION TEMPORAL OUTSOURCING GIAF","Bien",44,"Cera polimérica (Compra)",null,null,null,null,28578,null,null,null,null,"1Cera polimérica (Compra)"]
["1UNION TEMPORAL R&J 2022Cera polimérica (Compra)",1,"UNION TEMPORAL R&J 2022","Bien",44,"Cera polimérica (Compra)",null,null,null,null,26887,null,null,null,null,"1Cera polimérica (Compra)"]
["1UNION TEMPORAL SERVICIOS INTEGRALESCera polimérica (Compra)",1,"UNION TEMPORAL SERVICIOS INTEGRALES","Bien",44,"Cera polimérica (Compra)",null,null,null,null,44341,null,null,null,null,"1Cera polimérica (Compra)"]
["1UT EASYCLEAN ASEO PROFESIONALCera polimérica (Compra)",1,"UT EASYCLEAN ASEO PROFESIONAL","Bien",44,"Cera polimérica (Compra)",null,null,null,null,44033,null,null,null,null,"1Cera polimérica (Compra)"]
["1UT GRUPO ADINCera polimérica (Compra)",1,"UT GRUPO ADIN","Bien",44,"Cera polimérica (Compra)",null,null,null,null,38386,null,null,null,null,"1Cera polimérica (Compra)"]
["1ASECOLBAS LTDACera emulsionada Neutra (Compra)",1,"ASECOLBAS LTDA","Bien",45,"Cera emulsionada Neutra (Compra)",null,null,null,null,9394,null,null,null,null,"1Cera emulsionada Neutra (Compra)"]
["1CLEANER S.A.Cera emulsionada Neutra (Compra)",1,"CLEANER S.A.","Bien",45,"Cera emulsionada Neutra (Compra)",null,null,null,null,12693,null,null,null,null,"1Cera emulsionada Neutra (Compra)"]
["1COMPAÑÍA DE SERVICIOS Y ADMINISTRACIÓN SA SERDAN SACera emulsionada Neutra (Compra)",1,"COMPAÑÍA DE SERVICIOS Y ADMINISTRACIÓN SA SERDAN SA","Bien",45,"Cera emulsionada Neutra (Compra)",null,null,null,null,11077,null,null,null,null,"1Cera emulsionada Neutra (Compra)"]
["1CONSERJES INMOBILIARIOS LTDACera emulsionada Neutra (Compra)",1,"CONSERJES INMOBILIARIOS LTDA","Bien",45,"Cera emulsionada Neutra (Compra)",null,null,null,null,9506,null,null,null,null,"1Cera emulsionada Neutra (Compra)"]
["1CONSORCIO ELITECera emulsionada Neutra (Compra)",1,"CONSORCIO ELITE","Bien",45,"Cera emulsionada Neutra (Compra)",null,null,null,null,17255,null,null,null,null,"1Cera emulsionada Neutra (Compra)"]
["1GRUPO GECCera emulsionada Neutra (Compra)",1,"GRUPO GEC","Bien",45,"Cera emulsionada Neutra (Compra)",null,null,null,null,17060,null,null,null,null,"1Cera emulsionada Neutra (Compra)"]
["1INCIHUILSA SAS ESPCera emulsionada Neutra (Compra)",1,"INCIHUILSA SAS ESP","Bien",45,"Cera emulsionada Neutra (Compra)",null,null,null,null,75936,null,null,null,null,"1Cera emulsionada Neutra (Compra)"]
["1INTERASEO S.A.S. E.S.P.Cera emulsionada Neutra (Compra)",1,"INTERASEO S.A.S. E.S.P.","Bien",45,"Cera emulsionada Neutra (Compra)",null,null,null,null,17307,null,null,null,null,"1Cera emulsionada Neutra (Compra)"]
["1KIOS SASCera emulsionada Neutra (Compra)",1,"KIOS SAS","Bien",45,"Cera emulsionada Neutra (Compra)",null,null,null,null,14297,null,null,null,null,"1Cera emulsionada Neutra (Compra)"]
["1LIMPIEZA INSTITUCIONAL LASU S.A.S.Cera emulsionada Neutra (Compra)",1,"LIMPIEZA INSTITUCIONAL LASU S.A.S.","Bien",45,"Cera emulsionada Neutra (Compra)",null,null,null,null,8433,null,null,null,null,"1Cera emulsionada Neutra (Compra)"]
["1N&R INTEGRAL SERVICE COMPANY S.A.S.Cera emulsionada Neutra (Compra)",1,"N&R INTEGRAL SERVICE COMPANY S.A.S.","Bien",45,"Cera emulsionada Neutra (Compra)",null,null,null,null,16083,null,null,null,null,"1Cera emulsionada Neutra (Compra)"]
["1SOSEGE SASCera emulsionada Neutra (Compra)",1,"SOSEGE SAS","Bien",45,"Cera emulsionada Neutra (Compra)",null,null,null,null,16311,null,null,null,null,"1Cera emulsionada Neutra (Compra)"]
["1UNION  TEMPORAL LADOINSA 2022Cera emulsionada Neutra (Compra)",1,"UNION  TEMPORAL LADOINSA 2022","Bien",45,"Cera emulsionada Neutra (Compra)",null,null,null,null,13474,null,null,null,null,"1Cera emulsionada Neutra (Compra)"]
["1UNIÓN TEMPORAL ASEO COLOMBIA AMP4Cera emulsionada Neutra (Compra)",1,"UNIÓN TEMPORAL ASEO COLOMBIA AMP4","Bien",45,"Cera emulsionada Neutra (Compra)",null,null,null,null,18357,null,null,null,null,"1Cera emulsionada Neutra (Compra)"]
["1UNIÓN TEMPORAL CCE AMP IV 2022Cera emulsionada Neutra (Compra)",1,"UNIÓN TEMPORAL CCE AMP IV 2022","Bien",45,"Cera emulsionada Neutra (Compra)",null,null,null,null,14683,null,null,null,null,"1Cera emulsionada Neutra (Compra)"]
["1UNION TEMPORAL ECOLIMPIEZA 4GCera emulsionada Neutra (Compra)",1,"UNION TEMPORAL ECOLIMPIEZA 4G","Bien",45,"Cera emulsionada Neutra (Compra)",null,null,null,null,10978,null,null,null,null,"1Cera emulsionada Neutra (Compra)"]
["1UNIÓN TEMPORAL EMINSER SOLOASEO 2023Cera emulsionada Neutra (Compra)",1,"UNIÓN TEMPORAL EMINSER SOLOASEO 2023","Bien",45,"Cera emulsionada Neutra (Compra)",null,null,null,null,22986,null,null,null,null,"1Cera emulsionada Neutra (Compra)"]
["1UNION TEMPORAL OUTSOURCING GIAFCera emulsionada Neutra (Compra)",1,"UNION TEMPORAL OUTSOURCING GIAF","Bien",45,"Cera emulsionada Neutra (Compra)",null,null,null,null,12647,null,null,null,null,"1Cera emulsionada Neutra (Compra)"]
["1UNION TEMPORAL R&J 2022Cera emulsionada Neutra (Compra)",1,"UNION TEMPORAL R&J 2022","Bien",45,"Cera emulsionada Neutra (Compra)",null,null,null,null,11126,null,null,null,null,"1Cera emulsionada Neutra (Compra)"]
["1UNION TEMPORAL SERVICIOS INTEGRALESCera emulsionada Neutra (Compra)",1,"UNION TEMPORAL SERVICIOS INTEGRALES","Bien",45,"Cera emulsionada Neutra (Compra)",null,null,null,null,16874,null,null,null,null,"1Cera emulsionada Neutra (Compra)"]
["1UT EASYCLEAN ASEO PROFESIONALCera emulsionada Neutra (Compra)",1,"UT EASYCLEAN ASEO PROFESIONAL","Bien",45,"Cera emulsionada Neutra (Compra)",null,null,null,null,16725,null,null,null,null,"1Cera emulsionada Neutra (Compra)"]
["1UT GRUPO ADINCera emulsionada Neutra (Compra)",1,"UT GRUPO ADIN","Bien",45,"Cera emulsionada Neutra (Compra)",null,null,null,null,16290,null,null,null,null,"1Cera emulsionada Neutra (Compra)"]
["1ASECOLBAS LTDACera emulsionada roja (Compra)",1,"ASECOLBAS LTDA","Bien",46,"Cera emulsionada roja (Compra)",null,null,null,null,10237,null,null,null,null,"1Cera emulsionada roja (Compra)"]
["1CLEANER S.A.Cera emulsionada roja (Compra)",1,"CLEANER S.A.","Bien",46,"Cera emulsionada roja (Compra)",null,null,null,null,14139,null,null,null,null,"1Cera emulsionada roja (Compra)"]
["1COMPAÑÍA DE SERVICIOS Y ADMINISTRACIÓN SA SERDAN SACera emulsionada roja (Compra)",1,"COMPAÑÍA DE SERVICIOS Y ADMINISTRACIÓN SA SERDAN SA","Bien",46,"Cera emulsionada roja (Compra)",null,null,null,null,12522,null,null,null,null,"1Cera emulsionada roja (Compra)"]
["1CONSERJES INMOBILIARIOS LTDACera emulsionada roja (Compra)",1,"CONSERJES INMOBILIARIOS LTDA","Bien",46,"Cera emulsionada roja (Compra)",null,null,null,null,10117,null,null,null,null,"1Cera emulsionada roja (Compra)"]
["1CONSORCIO ELITECera emulsionada roja (Compra)",1,"CONSORCIO ELITE","Bien",46,"Cera emulsionada roja (Compra)",null,null,null,null,17255,null,null,null,null,"1Cera emulsionada roja (Compra)"]
["1GRUPO GECCera emulsionada roja (Compra)",1,"GRUPO GEC","Bien",46,"Cera emulsionada roja (Compra)",null,null,null,null,17430,null,null,null,null,"1Cera emulsionada roja (Compra)"]
["1INCIHUILSA SAS ESPCera emulsionada roja (Compra)",1,"INCIHUILSA SAS ESP","Bien",46,"Cera emulsionada roja (Compra)",null,null,null,null,84809,null,null,null,null,"1Cera emulsionada roja (Compra)"]
["1INTERASEO S.A.S. E.S.P.Cera emulsionada roja (Compra)",1,"INTERASEO S.A.S. E.S.P.","Bien",46,"Cera emulsionada roja (Compra)",null,null,null,null,17307,null,null,null,null,"1Cera emulsionada roja (Compra)"]
["1KIOS SASCera emulsionada roja (Compra)",1,"KIOS SAS","Bien",46,"Cera emulsionada roja (Compra)",null,null,null,null,15092,null,null,null,null,"1Cera emulsionada roja (Compra)"]
["1LIMPIEZA INSTITUCIONAL LASU S.A.S.Cera emulsionada roja (Compra)",1,"LIMPIEZA INSTITUCIONAL LASU S.A.S.","Bien",46,"Cera emulsionada roja (Compra)",null,null,null,null,8433,null,null,null,null,"1Cera emulsionada roja (Compra)"]
["1N&R INTEGRAL SERVICE COMPANY S.A.S.Cera emulsionada roja (Compra)",1,"N&R INTEGRAL SERVICE COMPANY S.A.S.","Bien",46,"Cera emulsionada roja (Compra)",null,null,null,null,16083,null,null,null,null,"1Cera emulsionada roja (Compra)"]
["1SOSEGE SASCera emulsionada roja (Compra)",1,"SOSEGE SAS","Bien",46,"Cera emulsionada roja (Compra)",null,null,null,null,14554,null,null,null,null,"1Cera emulsionada roja (Compra)"]
["1UNION  TEMPORAL LADOINSA 2022Cera emulsionada roja (Compra)",1,"UNION  TEMPORAL LADOINSA 2022","Bien",46,"Cera emulsionada roja (Compra)",null,null,null,null,13721,null,null,null,null,"1Cera emulsionada roja (Compra)"]
["1UNIÓN TEMPORAL ASEO COLOMBIA AMP4Cera emulsionada roja (Compra)",1,"UNIÓN TEMPORAL ASEO COLOMBIA AMP4","Bien",46,"Cera emulsionada roja (Compra)",null,null,null,null,18357,null,null,null,null,"1Cera emulsionada roja (Compra)"]
["1UNIÓN TEMPORAL CCE AMP IV 2022Cera emulsionada roja (Compra)",1,"UNIÓN TEMPORAL CCE AMP IV 2022","Bien",46,"Cera emulsionada roja (Compra)",null,null,null,null,14683,null,null,null,null,"1Cera emulsionada roja (Compra)"]
["1UNION TEMPORAL ECOLIMPIEZA 4GCera emulsionada roja (Compra)",1,"UNION TEMPORAL ECOLIMPIEZA 4G","Bien",46,"Cera emulsionada roja (Compra)",null,null,null,null,11460,null,null,null,null,"1Cera emulsionada roja (Compra)"]
["1UNIÓN TEMPORAL EMINSER SOLOASEO 2023Cera emulsionada roja (Compra)",1,"UNIÓN TEMPORAL EMINSER SOLOASEO 2023","Bien",46,"Cera emulsionada roja (Compra)",null,null,null,null,23905,null,null,null,null,"1Cera emulsionada roja (Compra)"]
["1UNION TEMPORAL OUTSOURCING GIAFCera emulsionada roja (Compra)",1,"UNION TEMPORAL OUTSOURCING GIAF","Bien",46,"Cera emulsionada roja (Compra)",null,null,null,null,14713,null,null,null,null,"1Cera emulsionada roja (Compra)"]
["1UNION TEMPORAL R&J 2022Cera emulsionada roja (Compra)",1,"UNION TEMPORAL R&J 2022","Bien",46,"Cera emulsionada roja (Compra)",null,null,null,null,11126,null,null,null,null,"1Cera emulsionada roja (Compra)"]
["1UNION TEMPORAL SERVICIOS INTEGRALESCera emulsionada roja (Compra)",1,"UNION TEMPORAL SERVICIOS INTEGRALES","Bien",46,"Cera emulsionada roja (Compra)",null,null,null,null,16923,null,null,null,null,"1Cera emulsionada roja (Compra)"]
["1UT EASYCLEAN ASEO PROFESIONALCera emulsionada roja (Compra)",1,"UT EASYCLEAN ASEO PROFESIONAL","Bien",46,"Cera emulsionada roja (Compra)",null,null,null,null,16725,null,null,null,null,"1Cera emulsionada roja (Compra)"]
["1UT GRUPO ADINCera emulsionada roja (Compra)",1,"UT GRUPO ADIN","Bien",46,"Cera emulsionada roja (Compra)",null,null,null,null,17025,null,null,null,null,"1Cera emulsionada roja (Compra)"]
["1ASECOLBAS LTDACera solvente (Compra)",1,"ASECOLBAS LTDA","Bien",47,"Cera solvente (Compra)",null,null,null,null,46425,null,null,null,null,"1Cera solvente (Compra)"]
["1CLEANER S.A.Cera solvente (Compra)",1,"CLEANER S.A.","Bien",47,"Cera solvente (Compra)",null,null,null,null,56664,null,null,null,null,"1Cera solvente (Compra)"]
["1COMPAÑÍA DE SERVICIOS Y ADMINISTRACIÓN SA SERDAN SACera solvente (Compra)",1,"COMPAÑÍA DE SERVICIOS Y ADMINISTRACIÓN SA SERDAN SA","Bien",47,"Cera solvente (Compra)",null,null,null,null,82110,null,null,null,null,"1Cera solvente (Compra)"]
["1CONSERJES INMOBILIARIOS LTDACera solvente (Compra)",1,"CONSERJES INMOBILIARIOS LTDA","Bien",47,"Cera solvente (Compra)",null,null,null,null,46981,null,null,null,null,"1Cera solvente (Compra)"]
["1CONSORCIO ELITECera solvente (Compra)",1,"CONSORCIO ELITE","Bien",47,"Cera solvente (Compra)",null,null,null,null,71162,null,null,null,null,"1Cera solvente (Compra)"]
["1GRUPO GECCera solvente (Compra)",1,"GRUPO GEC","Bien",47,"Cera solvente (Compra)",null,null,null,null,55628,null,null,null,null,"1Cera solvente (Compra)"]
["1INCIHUILSA SAS ESPCera solvente (Compra)",1,"INCIHUILSA SAS ESP","Bien",47,"Cera solvente (Compra)",null,null,null,null,67990,null,null,null,null,"1Cera solvente (Compra)"]
["1INTERASEO S.A.S. E.S.P.Cera solvente (Compra)",1,"INTERASEO S.A.S. E.S.P.","Bien",47,"Cera solvente (Compra)",null,null,null,null,28432,null,null,null,null,"1Cera solvente (Compra)"]
["1KIOS SASCera solvente (Compra)",1,"KIOS SAS","Bien",47,"Cera solvente (Compra)",null,null,null,null,87439,null,null,null,null,"1Cera solvente (Compra)"]
["1LIMPIEZA INSTITUCIONAL LASU S.A.S.Cera solvente (Compra)",1,"LIMPIEZA INSTITUCIONAL LASU S.A.S.","Bien",47,"Cera solvente (Compra)",null,null,null,null,15614,null,null,null,null,"1Cera solvente (Compra)"]
["1N&R INTEGRAL SERVICE COMPANY S.A.S.Cera solvente (Compra)",1,"N&R INTEGRAL SERVICE COMPANY S.A.S.","Bien",47,"Cera solvente (Compra)",null,null,null,null,66320,null,null,null,null,"1Cera solvente (Compra)"]
["1SOSEGE SASCera solvente (Compra)",1,"SOSEGE SAS","Bien",47,"Cera solvente (Compra)",null,null,null,null,55552,null,null,null,null,"1Cera solvente (Compra)"]
["1UNION  TEMPORAL LADOINSA 2022Cera solvente (Compra)",1,"UNION  TEMPORAL LADOINSA 2022","Bien",47,"Cera solvente (Compra)",null,null,null,null,64652,null,null,null,null,"1Cera solvente (Compra)"]
["1UNIÓN TEMPORAL ASEO COLOMBIA AMP4Cera solvente (Compra)",1,"UNIÓN TEMPORAL ASEO COLOMBIA AMP4","Bien",47,"Cera solvente (Compra)",null,null,null,null,55995,null,null,null,null,"1Cera solvente (Compra)"]
["1UNIÓN TEMPORAL CCE AMP IV 2022Cera solvente (Compra)",1,"UNIÓN TEMPORAL CCE AMP IV 2022","Bien",47,"Cera solvente (Compra)",null,null,null,null,84414,null,null,null,null,"1Cera solvente (Compra)"]
["1UNION TEMPORAL ECOLIMPIEZA 4GCera solvente (Compra)",1,"UNION TEMPORAL ECOLIMPIEZA 4G","Bien",47,"Cera solvente (Compra)",null,null,null,null,53561,null,null,null,null,"1Cera solvente (Compra)"]
["1UNIÓN TEMPORAL EMINSER SOLOASEO 2023Cera solvente (Compra)",1,"UNIÓN TEMPORAL EMINSER SOLOASEO 2023","Bien",47,"Cera solvente (Compra)",null,null,null,null,55165,null,null,null,null,"1Cera solvente (Compra)"]
["1UNION TEMPORAL OUTSOURCING GIAFCera solvente (Compra)",1,"UNION TEMPORAL OUTSOURCING GIAF","Bien",47,"Cera solvente (Compra)",null,null,null,null,42798,null,null,null,null,"1Cera solvente (Compra)"]
["1UNION TEMPORAL R&J 2022Cera solvente (Compra)",1,"UNION TEMPORAL R&J 2022","Bien",47,"Cera solvente (Compra)",null,null,null,null,46357,null,null,null,null,"1Cera solvente (Compra)"]
["1UNION TEMPORAL SERVICIOS INTEGRALESCera solvente (Compra)",1,"UNION TEMPORAL SERVICIOS INTEGRALES","Bien",47,"Cera solvente (Compra)",null,null,null,null,69844,null,null,null,null,"1Cera solvente (Compra)"]
["1UT EASYCLEAN ASEO PROFESIONALCera solvente (Compra)",1,"UT EASYCLEAN ASEO PROFESIONAL","Bien",47,"Cera solvente (Compra)",null,null,null,null,68970,null,null,null,null,"1Cera solvente (Compra)"]
["1UT GRUPO ADINCera solvente (Compra)",1,"UT GRUPO ADIN","Bien",47,"Cera solvente (Compra)",null,null,null,null,53754,null,null,null,null,"1Cera solvente (Compra)"]
["1ASECOLBAS LTDASellante para pisos (Compra)",1,"ASECOLBAS LTDA","Bien",48,"Sellante para pisos (Compra)",null,null,null,null,42860,null,null,null,null,"1Sellante para pisos (Compra)"]
["1CLEANER S.A.Sellante para pisos (Compra)",1,"CLEANER S.A.","Bien",48,"Sellante para pisos (Compra)",null,null,null,null,65553,null,null,null,null,"1Sellante para pisos (Compra)"]
["1COMPAÑÍA DE SERVICIOS Y ADMINISTRACIÓN SA SERDAN SASellante para pisos (Compra)",1,"COMPAÑÍA DE SERVICIOS Y ADMINISTRACIÓN SA SERDAN SA","Bien",48,"Sellante para pisos (Compra)",null,null,null,null,81553,null,null,null,null,"1Sellante para pisos (Compra)"]
["1CONSERJES INMOBILIARIOS LTDASellante para pisos (Compra)",1,"CONSERJES INMOBILIARIOS LTDA","Bien",48,"Sellante para pisos (Compra)",null,null,null,null,42354,null,null,null,null,"1Sellante para pisos (Compra)"]
["1CONSORCIO ELITESellante para pisos (Compra)",1,"CONSORCIO ELITE","Bien",48,"Sellante para pisos (Compra)",null,null,null,null,80079,null,null,null,null,"1Sellante para pisos (Compra)"]
["1GRUPO GECSellante para pisos (Compra)",1,"GRUPO GEC","Bien",48,"Sellante para pisos (Compra)",null,null,null,null,65518,null,null,null,null,"1Sellante para pisos (Compra)"]
["1INCIHUILSA SAS ESPSellante para pisos (Compra)",1,"INCIHUILSA SAS ESP","Bien",48,"Sellante para pisos (Compra)",null,null,null,null,235579,null,null,null,null,"1Sellante para pisos (Compra)"]
["1INTERASEO S.A.S. E.S.P.Sellante para pisos (Compra)",1,"INTERASEO S.A.S. E.S.P.","Bien",48,"Sellante para pisos (Compra)",null,null,null,null,43266,null,null,null,null,"1Sellante para pisos (Compra)"]
["1KIOS SASSellante para pisos (Compra)",1,"KIOS SAS","Bien",48,"Sellante para pisos (Compra)",null,null,null,null,81479,null,null,null,null,"1Sellante para pisos (Compra)"]
["1LIMPIEZA INSTITUCIONAL LASU S.A.S.Sellante para pisos (Compra)",1,"LIMPIEZA INSTITUCIONAL LASU S.A.S.","Bien",48,"Sellante para pisos (Compra)",null,null,null,null,35163,null,null,null,null,"1Sellante para pisos (Compra)"]
["1N&R INTEGRAL SERVICE COMPANY S.A.S.Sellante para pisos (Compra)",1,"N&R INTEGRAL SERVICE COMPANY S.A.S.","Bien",48,"Sellante para pisos (Compra)",null,null,null,null,74630,null,null,null,null,"1Sellante para pisos (Compra)"]
["1SOSEGE SASSellante para pisos (Compra)",1,"SOSEGE SAS","Bien",48,"Sellante para pisos (Compra)",null,null,null,null,76517,null,null,null,null,"1Sellante para pisos (Compra)"]
["1UNION  TEMPORAL LADOINSA 2022Sellante para pisos (Compra)",1,"UNION  TEMPORAL LADOINSA 2022","Bien",48,"Sellante para pisos (Compra)",null,null,null,null,58471,null,null,null,null,"1Sellante para pisos (Compra)"]
["1UNIÓN TEMPORAL ASEO COLOMBIA AMP4Sellante para pisos (Compra)",1,"UNIÓN TEMPORAL ASEO COLOMBIA AMP4","Bien",48,"Sellante para pisos (Compra)",null,null,null,null,69811,null,null,null,null,"1Sellante para pisos (Compra)"]
["1UNIÓN TEMPORAL CCE AMP IV 2022Sellante para pisos (Compra)",1,"UNIÓN TEMPORAL CCE AMP IV 2022","Bien",48,"Sellante para pisos (Compra)",null,null,null,null,94577,null,null,null,null,"1Sellante para pisos (Compra)"]
["1UNION TEMPORAL ECOLIMPIEZA 4GSellante para pisos (Compra)",1,"UNION TEMPORAL ECOLIMPIEZA 4G","Bien",48,"Sellante para pisos (Compra)",null,null,null,null,60442,null,null,null,null,"1Sellante para pisos (Compra)"]
["1UNIÓN TEMPORAL EMINSER SOLOASEO 2023Sellante para pisos (Compra)",1,"UNIÓN TEMPORAL EMINSER SOLOASEO 2023","Bien",48,"Sellante para pisos (Compra)",null,null,null,null,107014,null,null,null,null,"1Sellante para pisos (Compra)"]
["1UNION TEMPORAL OUTSOURCING GIAFSellante para pisos (Compra)",1,"UNION TEMPORAL OUTSOURCING GIAF","Bien",48,"Sellante para pisos (Compra)",null,null,null,null,37953,null,null,null,null,"1Sellante para pisos (Compra)"]
["1UNION TEMPORAL R&J 2022Sellante para pisos (Compra)",1,"UNION TEMPORAL R&J 2022","Bien",48,"Sellante para pisos (Compra)",null,null,null,null,46357,null,null,null,null,"1Sellante para pisos (Compra)"]
["1UNION TEMPORAL SERVICIOS INTEGRALESSellante para pisos (Compra)",1,"UNION TEMPORAL SERVICIOS INTEGRALES","Bien",48,"Sellante para pisos (Compra)",null,null,null,null,78324,null,null,null,null,"1Sellante para pisos (Compra)"]
["1UT EASYCLEAN ASEO PROFESIONALSellante para pisos (Compra)",1,"UT EASYCLEAN ASEO PROFESIONAL","Bien",48,"Sellante para pisos (Compra)",null,null,null,null,77612,null,null,null,null,"1Sellante para pisos (Compra)"]
["1UT GRUPO ADINSellante para pisos (Compra)",1,"UT GRUPO ADIN","Bien",48,"Sellante para pisos (Compra)",null,null,null,null,66497,null,null,null,null,"1Sellante para pisos (Compra)"]
["1ASECOLBAS LTDAMantenedor de pisos (Compra)",1,"ASECOLBAS LTDA","Bien",49,"Mantenedor de pisos (Compra)",null,null,null,null,21992,null,null,null,null,"1Mantenedor de pisos (Compra)"]
["1CLEANER S.A.Mantenedor de pisos (Compra)",1,"CLEANER S.A.","Bien",49,"Mantenedor de pisos (Compra)",null,null,null,null,26400,null,null,null,null,"1Mantenedor de pisos (Compra)"]
["1COMPAÑÍA DE SERVICIOS Y ADMINISTRACIÓN SA SERDAN SAMantenedor de pisos (Compra)",1,"COMPAÑÍA DE SERVICIOS Y ADMINISTRACIÓN SA SERDAN SA","Bien",49,"Mantenedor de pisos (Compra)",null,null,null,null,24154,null,null,null,null,"1Mantenedor de pisos (Compra)"]
["1CONSERJES INMOBILIARIOS LTDAMantenedor de pisos (Compra)",1,"CONSERJES INMOBILIARIOS LTDA","Bien",49,"Mantenedor de pisos (Compra)",null,null,null,null,22254,null,null,null,null,"1Mantenedor de pisos (Compra)"]
["1CONSORCIO ELITEMantenedor de pisos (Compra)",1,"CONSORCIO ELITE","Bien",49,"Mantenedor de pisos (Compra)",null,null,null,null,31534,null,null,null,null,"1Mantenedor de pisos (Compra)"]
["1GRUPO GECMantenedor de pisos (Compra)",1,"GRUPO GEC","Bien",49,"Mantenedor de pisos (Compra)",null,null,null,null,34613,null,null,null,null,"1Mantenedor de pisos (Compra)"]
["1INCIHUILSA SAS ESPMantenedor de pisos (Compra)",1,"INCIHUILSA SAS ESP","Bien",49,"Mantenedor de pisos (Compra)",null,null,null,null,102426,null,null,null,null,"1Mantenedor de pisos (Compra)"]
["1INTERASEO S.A.S. E.S.P.Mantenedor de pisos (Compra)",1,"INTERASEO S.A.S. E.S.P.","Bien",49,"Mantenedor de pisos (Compra)",null,null,null,null,22252,null,null,null,null,"1Mantenedor de pisos (Compra)"]
["1KIOS SASMantenedor de pisos (Compra)",1,"KIOS SAS","Bien",49,"Mantenedor de pisos (Compra)",null,null,null,null,29988,null,null,null,null,"1Mantenedor de pisos (Compra)"]
["1LIMPIEZA INSTITUCIONAL LASU S.A.S.Mantenedor de pisos (Compra)",1,"LIMPIEZA INSTITUCIONAL LASU S.A.S.","Bien",49,"Mantenedor de pisos (Compra)",null,null,null,null,19277,null,null,null,null,"1Mantenedor de pisos (Compra)"]
["1N&R INTEGRAL SERVICE COMPANY S.A.S.Mantenedor de pisos (Compra)",1,"N&R INTEGRAL SERVICE COMPANY S.A.S.","Bien",49,"Mantenedor de pisos (Compra)",null,null,null,null,29388,null,null,null,null,"1Mantenedor de pisos (Compra)"]
["1SOSEGE SASMantenedor de pisos (Compra)",1,"SOSEGE SAS","Bien",49,"Mantenedor de pisos (Compra)",null,null,null,null,31513,null,null,null,null,"1Mantenedor de pisos (Compra)"]
["1UNION  TEMPORAL LADOINSA 2022Mantenedor de pisos (Compra)",1,"UNION  TEMPORAL LADOINSA 2022","Bien",49,"Mantenedor de pisos (Compra)",null,null,null,null,31275,null,null,null,null,"1Mantenedor de pisos (Compra)"]
["1UNIÓN TEMPORAL ASEO COLOMBIA AMP4Mantenedor de pisos (Compra)",1,"UNIÓN TEMPORAL ASEO COLOMBIA AMP4","Bien",49,"Mantenedor de pisos (Compra)",null,null,null,null,29780,null,null,null,null,"1Mantenedor de pisos (Compra)"]
["1UNIÓN TEMPORAL CCE AMP IV 2022Mantenedor de pisos (Compra)",1,"UNIÓN TEMPORAL CCE AMP IV 2022","Bien",49,"Mantenedor de pisos (Compra)",null,null,null,null,26833,null,null,null,null,"1Mantenedor de pisos (Compra)"]
["1UNION TEMPORAL ECOLIMPIEZA 4GMantenedor de pisos (Compra)",1,"UNION TEMPORAL ECOLIMPIEZA 4G","Bien",49,"Mantenedor de pisos (Compra)",null,null,null,null,22209,null,null,null,null,"1Mantenedor de pisos (Compra)"]
["1UNIÓN TEMPORAL EMINSER SOLOASEO 2023Mantenedor de pisos (Compra)",1,"UNIÓN TEMPORAL EMINSER SOLOASEO 2023","Bien",49,"Mantenedor de pisos (Compra)",null,null,null,null,52038,null,null,null,null,"1Mantenedor de pisos (Compra)"]
["1UNION TEMPORAL OUTSOURCING GIAFMantenedor de pisos (Compra)",1,"UNION TEMPORAL OUTSOURCING GIAF","Bien",49,"Mantenedor de pisos (Compra)",null,null,null,null,22360,null,null,null,null,"1Mantenedor de pisos (Compra)"]
["1UNION TEMPORAL R&J 2022Mantenedor de pisos (Compra)",1,"UNION TEMPORAL R&J 2022","Bien",49,"Mantenedor de pisos (Compra)",null,null,null,null,23178,null,null,null,null,"1Mantenedor de pisos (Compra)"]
["1UNION TEMPORAL SERVICIOS INTEGRALESMantenedor de pisos (Compra)",1,"UNION TEMPORAL SERVICIOS INTEGRALES","Bien",49,"Mantenedor de pisos (Compra)",null,null,null,null,30793,null,null,null,null,"1Mantenedor de pisos (Compra)"]
["1UT EASYCLEAN ASEO PROFESIONALMantenedor de pisos (Compra)",1,"UT EASYCLEAN ASEO PROFESIONAL","Bien",49,"Mantenedor de pisos (Compra)",null,null,null,null,30562,null,null,null,null,"1Mantenedor de pisos (Compra)"]
["1UT GRUPO ADINMantenedor de pisos (Compra)",1,"UT GRUPO ADIN","Bien",49,"Mantenedor de pisos (Compra)",null,null,null,null,35608,null,null,null,null,"1Mantenedor de pisos (Compra)"]
["1ASECOLBAS LTDARemovedor de cera (Compra)",1,"ASECOLBAS LTDA","Bien",50,"Removedor de cera (Compra)",null,null,null,null,9401,null,null,null,null,"1Removedor de cera (Compra)"]
["1CLEANER S.A.Removedor de cera (Compra)",1,"CLEANER S.A.","Bien",50,"Removedor de cera (Compra)",null,null,null,null,19388,null,null,null,null,"1Removedor de cera (Compra)"]
["1COMPAÑÍA DE SERVICIOS Y ADMINISTRACIÓN SA SERDAN SARemovedor de cera (Compra)",1,"COMPAÑÍA DE SERVICIOS Y ADMINISTRACIÓN SA SERDAN SA","Bien",50,"Removedor de cera (Compra)",null,null,null,null,17898,null,null,null,null,"1Removedor de cera (Compra)"]
["1CONSERJES INMOBILIARIOS LTDARemovedor de cera (Compra)",1,"CONSERJES INMOBILIARIOS LTDA","Bien",50,"Removedor de cera (Compra)",null,null,null,null,9290,null,null,null,null,"1Removedor de cera (Compra)"]
["1CONSORCIO ELITERemovedor de cera (Compra)",1,"CONSORCIO ELITE","Bien",50,"Removedor de cera (Compra)",null,null,null,null,15883,null,null,null,null,"1Removedor de cera (Compra)"]
["1GRUPO GECRemovedor de cera (Compra)",1,"GRUPO GEC","Bien",50,"Removedor de cera (Compra)",null,null,null,null,21633,null,null,null,null,"1Removedor de cera (Compra)"]
["1INCIHUILSA SAS ESPRemovedor de cera (Compra)",1,"INCIHUILSA SAS ESP","Bien",50,"Removedor de cera (Compra)",null,null,null,null,99885,null,null,null,null,"1Removedor de cera (Compra)"]
["1INTERASEO S.A.S. E.S.P.Removedor de cera (Compra)",1,"INTERASEO S.A.S. E.S.P.","Bien",50,"Removedor de cera (Compra)",null,null,null,null,18543,null,null,null,null,"1Removedor de cera (Compra)"]
["1KIOS SASRemovedor de cera (Compra)",1,"KIOS SAS","Bien",50,"Removedor de cera (Compra)",null,null,null,null,16392,null,null,null,null,"1Removedor de cera (Compra)"]
["1LIMPIEZA INSTITUCIONAL LASU S.A.S.Removedor de cera (Compra)",1,"LIMPIEZA INSTITUCIONAL LASU S.A.S.","Bien",50,"Removedor de cera (Compra)",null,null,null,null,7945,null,null,null,null,"1Removedor de cera (Compra)"]
["1N&R INTEGRAL SERVICE COMPANY S.A.S.Removedor de cera (Compra)",1,"N&R INTEGRAL SERVICE COMPANY S.A.S.","Bien",50,"Removedor de cera (Compra)",null,null,null,null,14803,null,null,null,null,"1Removedor de cera (Compra)"]
["1SOSEGE SASRemovedor de cera (Compra)",1,"SOSEGE SAS","Bien",50,"Removedor de cera (Compra)",null,null,null,null,20032,null,null,null,null,"1Removedor de cera (Compra)"]
["1UNION  TEMPORAL LADOINSA 2022Removedor de cera (Compra)",1,"UNION  TEMPORAL LADOINSA 2022","Bien",50,"Removedor de cera (Compra)",null,null,null,null,13227,null,null,null,null,"1Removedor de cera (Compra)"]
["1UNIÓN TEMPORAL ASEO COLOMBIA AMP4Removedor de cera (Compra)",1,"UNIÓN TEMPORAL ASEO COLOMBIA AMP4","Bien",50,"Removedor de cera (Compra)",null,null,null,null,19037,null,null,null,null,"1Removedor de cera (Compra)"]
["1UNIÓN TEMPORAL CCE AMP IV 2022Removedor de cera (Compra)",1,"UNIÓN TEMPORAL CCE AMP IV 2022","Bien",50,"Removedor de cera (Compra)",null,null,null,null,13515,null,null,null,null,"1Removedor de cera (Compra)"]
["1UNION TEMPORAL ECOLIMPIEZA 4GRemovedor de cera (Compra)",1,"UNION TEMPORAL ECOLIMPIEZA 4G","Bien",50,"Removedor de cera (Compra)",null,null,null,null,10352,null,null,null,null,"1Removedor de cera (Compra)"]
["1UNIÓN TEMPORAL EMINSER SOLOASEO 2023Removedor de cera (Compra)",1,"UNIÓN TEMPORAL EMINSER SOLOASEO 2023","Bien",50,"Removedor de cera (Compra)",null,null,null,null,31261,null,null,null,null,"1Removedor de cera (Compra)"]
["1UNION TEMPORAL OUTSOURCING GIAFRemovedor de cera (Compra)",1,"UNION TEMPORAL OUTSOURCING GIAF","Bien",50,"Removedor de cera (Compra)",null,null,null,null,9441,null,null,null,null,"1Removedor de cera (Compra)"]
["1UNION TEMPORAL R&J 2022Removedor de cera (Compra)",1,"UNION TEMPORAL R&J 2022","Bien",50,"Removedor de cera (Compra)",null,null,null,null,11496,null,null,null,null,"1Removedor de cera (Compra)"]
["1UNION TEMPORAL SERVICIOS INTEGRALESRemovedor de cera (Compra)",1,"UNION TEMPORAL SERVICIOS INTEGRALES","Bien",50,"Removedor de cera (Compra)",null,null,null,null,15576,null,null,null,null,"1Removedor de cera (Compra)"]
["1UT EASYCLEAN ASEO PROFESIONALRemovedor de cera (Compra)",1,"UT EASYCLEAN ASEO PROFESIONAL","Bien",50,"Removedor de cera (Compra)",null,null,null,null,15394,null,null,null,null,"1Removedor de cera (Compra)"]
["1UT GRUPO ADINRemovedor de cera (Compra)",1,"UT GRUPO ADIN","Bien",50,"Removedor de cera (Compra)",null,null,null,null,18704,null,null,null,null,"1Removedor de cera (Compra)"]
["1ASECOLBAS LTDAAbrillantador para piso laminado (Compra)",1,"ASECOLBAS LTDA","Bien",51,"Abrillantador para piso laminado (Compra)",null,null,null,null,21507,null,null,null,null,"1Abrillantador para piso laminado (Compra)"]
["1CLEANER S.A.Abrillantador para piso laminado (Compra)",1,"CLEANER S.A.","Bien",51,"Abrillantador para piso laminado (Compra)",null,null,null,null,52816,null,null,null,null,"1Abrillantador para piso laminado (Compra)"]
["1COMPAÑÍA DE SERVICIOS Y ADMINISTRACIÓN SA SERDAN SAAbrillantador para piso laminado (Compra)",1,"COMPAÑÍA DE SERVICIOS Y ADMINISTRACIÓN SA SERDAN SA","Bien",51,"Abrillantador para piso laminado (Compra)",null,null,null,null,21656,null,null,null,null,"1Abrillantador para piso laminado (Compra)"]
["1CONSERJES INMOBILIARIOS LTDAAbrillantador para piso laminado (Compra)",1,"CONSERJES INMOBILIARIOS LTDA","Bien",51,"Abrillantador para piso laminado (Compra)",null,null,null,null,21764,null,null,null,null,"1Abrillantador para piso laminado (Compra)"]
["1CONSORCIO ELITEAbrillantador para piso laminado (Compra)",1,"CONSORCIO ELITE","Bien",51,"Abrillantador para piso laminado (Compra)",null,null,null,null,35267,null,null,null,null,"1Abrillantador para piso laminado (Compra)"]
["1GRUPO GECAbrillantador para piso laminado (Compra)",1,"GRUPO GEC","Bien",51,"Abrillantador para piso laminado (Compra)",null,null,null,null,33376,null,null,null,null,"1Abrillantador para piso laminado (Compra)"]
["1INCIHUILSA SAS ESPAbrillantador para piso laminado (Compra)",1,"INCIHUILSA SAS ESP","Bien",51,"Abrillantador para piso laminado (Compra)",null,null,null,null,84766,null,null,null,null,"1Abrillantador para piso laminado (Compra)"]
["1INTERASEO S.A.S. E.S.P.Abrillantador para piso laminado (Compra)",1,"INTERASEO S.A.S. E.S.P.","Bien",51,"Abrillantador para piso laminado (Compra)",null,null,null,null,21015,null,null,null,null,"1Abrillantador para piso laminado (Compra)"]
["1KIOS SASAbrillantador para piso laminado (Compra)",1,"KIOS SAS","Bien",51,"Abrillantador para piso laminado (Compra)",null,null,null,null,25342,null,null,null,null,"1Abrillantador para piso laminado (Compra)"]
["1LIMPIEZA INSTITUCIONAL LASU S.A.S.Abrillantador para piso laminado (Compra)",1,"LIMPIEZA INSTITUCIONAL LASU S.A.S.","Bien",51,"Abrillantador para piso laminado (Compra)",null,null,null,null,6507,null,null,null,null,"1Abrillantador para piso laminado (Compra)"]
["1N&R INTEGRAL SERVICE COMPANY S.A.S.Abrillantador para piso laminado (Compra)",1,"N&R INTEGRAL SERVICE COMPANY S.A.S.","Bien",51,"Abrillantador para piso laminado (Compra)",null,null,null,null,32868,null,null,null,null,"1Abrillantador para piso laminado (Compra)"]
["1SOSEGE SASAbrillantador para piso laminado (Compra)",1,"SOSEGE SAS","Bien",51,"Abrillantador para piso laminado (Compra)",null,null,null,null,18803,null,null,null,null,"1Abrillantador para piso laminado (Compra)"]
["1UNION  TEMPORAL LADOINSA 2022Abrillantador para piso laminado (Compra)",1,"UNION  TEMPORAL LADOINSA 2022","Bien",51,"Abrillantador para piso laminado (Compra)",null,null,null,null,26206,null,null,null,null,"1Abrillantador para piso laminado (Compra)"]
["1UNIÓN TEMPORAL ASEO COLOMBIA AMP4Abrillantador para piso laminado (Compra)",1,"UNIÓN TEMPORAL ASEO COLOMBIA AMP4","Bien",51,"Abrillantador para piso laminado (Compra)",null,null,null,null,43228,null,null,null,null,"1Abrillantador para piso laminado (Compra)"]
["1UNIÓN TEMPORAL CCE AMP IV 2022Abrillantador para piso laminado (Compra)",1,"UNIÓN TEMPORAL CCE AMP IV 2022","Bien",51,"Abrillantador para piso laminado (Compra)",null,null,null,null,30009,null,null,null,null,"1Abrillantador para piso laminado (Compra)"]
["1UNION TEMPORAL ECOLIMPIEZA 4GAbrillantador para piso laminado (Compra)",1,"UNION TEMPORAL ECOLIMPIEZA 4G","Bien",51,"Abrillantador para piso laminado (Compra)",null,null,null,null,21128,null,null,null,null,"1Abrillantador para piso laminado (Compra)"]
["1UNIÓN TEMPORAL EMINSER SOLOASEO 2023Abrillantador para piso laminado (Compra)",1,"UNIÓN TEMPORAL EMINSER SOLOASEO 2023","Bien",51,"Abrillantador para piso laminado (Compra)",null,null,null,null,52038,null,null,null,null,"1Abrillantador para piso laminado (Compra)"]
["1UNION TEMPORAL OUTSOURCING GIAFAbrillantador para piso laminado (Compra)",1,"UNION TEMPORAL OUTSOURCING GIAF","Bien",51,"Abrillantador para piso laminado (Compra)",null,null,null,null,21829,null,null,null,null,"1Abrillantador para piso laminado (Compra)"]
["1UNION TEMPORAL R&J 2022Abrillantador para piso laminado (Compra)",1,"UNION TEMPORAL R&J 2022","Bien",51,"Abrillantador para piso laminado (Compra)",null,null,null,null,23735,null,null,null,null,"1Abrillantador para piso laminado (Compra)"]
["1UNION TEMPORAL SERVICIOS INTEGRALESAbrillantador para piso laminado (Compra)",1,"UNION TEMPORAL SERVICIOS INTEGRALES","Bien",51,"Abrillantador para piso laminado (Compra)",null,null,null,null,34588,null,null,null,null,"1Abrillantador para piso laminado (Compra)"]
["1UT EASYCLEAN ASEO PROFESIONALAbrillantador para piso laminado (Compra)",1,"UT EASYCLEAN ASEO PROFESIONAL","Bien",51,"Abrillantador para piso laminado (Compra)",null,null,null,null,34182,null,null,null,null,"1Abrillantador para piso laminado (Compra)"]
["1UT GRUPO ADINAbrillantador para piso laminado (Compra)",1,"UT GRUPO ADIN","Bien",51,"Abrillantador para piso laminado (Compra)",null,null,null,null,34771,null,null,null,null,"1Abrillantador para piso laminado (Compra)"]
["1ASECOLBAS LTDAJabón neutro para pisos 1 (Compra)",1,"ASECOLBAS LTDA","Bien",52,"Jabón neutro para pisos 1 (Compra)",null,null,null,null,8794,null,null,null,null,"1Jabón neutro para pisos 1 (Compra)"]
["1CLEANER S.A.Jabón neutro para pisos 1 (Compra)",1,"CLEANER S.A.","Bien",52,"Jabón neutro para pisos 1 (Compra)",null,null,null,null,13092,null,null,null,null,"1Jabón neutro para pisos 1 (Compra)"]
["1COMPAÑÍA DE SERVICIOS Y ADMINISTRACIÓN SA SERDAN SAJabón neutro para pisos 1 (Compra)",1,"COMPAÑÍA DE SERVICIOS Y ADMINISTRACIÓN SA SERDAN SA","Bien",52,"Jabón neutro para pisos 1 (Compra)",null,null,null,null,8925,null,null,null,null,"1Jabón neutro para pisos 1 (Compra)"]
["1CONSERJES INMOBILIARIOS LTDAJabón neutro para pisos 1 (Compra)",1,"CONSERJES INMOBILIARIOS LTDA","Bien",52,"Jabón neutro para pisos 1 (Compra)",null,null,null,null,8689,null,null,null,null,"1Jabón neutro para pisos 1 (Compra)"]
["1CONSORCIO ELITEJabón neutro para pisos 1 (Compra)",1,"CONSORCIO ELITE","Bien",52,"Jabón neutro para pisos 1 (Compra)",null,null,null,null,17726,null,null,null,null,"1Jabón neutro para pisos 1 (Compra)"]
["1GRUPO GECJabón neutro para pisos 1 (Compra)",1,"GRUPO GEC","Bien",52,"Jabón neutro para pisos 1 (Compra)",null,null,null,null,20397,null,null,null,null,"1Jabón neutro para pisos 1 (Compra)"]
["1INCIHUILSA SAS ESPJabón neutro para pisos 1 (Compra)",1,"INCIHUILSA SAS ESP","Bien",52,"Jabón neutro para pisos 1 (Compra)",null,null,null,null,65963,null,null,null,null,"1Jabón neutro para pisos 1 (Compra)"]
["1INTERASEO S.A.S. E.S.P.Jabón neutro para pisos 1 (Compra)",1,"INTERASEO S.A.S. E.S.P.","Bien",52,"Jabón neutro para pisos 1 (Compra)",null,null,null,null,19779,null,null,null,null,"1Jabón neutro para pisos 1 (Compra)"]
["1KIOS SASJabón neutro para pisos 1 (Compra)",1,"KIOS SAS","Bien",52,"Jabón neutro para pisos 1 (Compra)",null,null,null,null,12663,null,null,null,null,"1Jabón neutro para pisos 1 (Compra)"]
["1LIMPIEZA INSTITUCIONAL LASU S.A.S.Jabón neutro para pisos 1 (Compra)",1,"LIMPIEZA INSTITUCIONAL LASU S.A.S.","Bien",52,"Jabón neutro para pisos 1 (Compra)",null,null,null,null,7309,null,null,null,null,"1Jabón neutro para pisos 1 (Compra)"]
["1N&R INTEGRAL SERVICE COMPANY S.A.S.Jabón neutro para pisos 1 (Compra)",1,"N&R INTEGRAL SERVICE COMPANY S.A.S.","Bien",52,"Jabón neutro para pisos 1 (Compra)",null,null,null,null,16521,null,null,null,null,"1Jabón neutro para pisos 1 (Compra)"]
["1SOSEGE SASJabón neutro para pisos 1 (Compra)",1,"SOSEGE SAS","Bien",52,"Jabón neutro para pisos 1 (Compra)",null,null,null,null,8957,null,null,null,null,"1Jabón neutro para pisos 1 (Compra)"]
["1UNION  TEMPORAL LADOINSA 2022Jabón neutro para pisos 1 (Compra)",1,"UNION  TEMPORAL LADOINSA 2022","Bien",52,"Jabón neutro para pisos 1 (Compra)",null,null,null,null,11868,null,null,null,null,"1Jabón neutro para pisos 1 (Compra)"]
["1UNIÓN TEMPORAL ASEO COLOMBIA AMP4Jabón neutro para pisos 1 (Compra)",1,"UNIÓN TEMPORAL ASEO COLOMBIA AMP4","Bien",52,"Jabón neutro para pisos 1 (Compra)",null,null,null,null,19779,null,null,null,null,"1Jabón neutro para pisos 1 (Compra)"]
["1UNIÓN TEMPORAL CCE AMP IV 2022Jabón neutro para pisos 1 (Compra)",1,"UNIÓN TEMPORAL CCE AMP IV 2022","Bien",52,"Jabón neutro para pisos 1 (Compra)",null,null,null,null,15085,null,null,null,null,"1Jabón neutro para pisos 1 (Compra)"]
["1UNION TEMPORAL ECOLIMPIEZA 4GJabón neutro para pisos 1 (Compra)",1,"UNION TEMPORAL ECOLIMPIEZA 4G","Bien",52,"Jabón neutro para pisos 1 (Compra)",null,null,null,null,9492,null,null,null,null,"1Jabón neutro para pisos 1 (Compra)"]
["1UNIÓN TEMPORAL EMINSER SOLOASEO 2023Jabón neutro para pisos 1 (Compra)",1,"UNIÓN TEMPORAL EMINSER SOLOASEO 2023","Bien",52,"Jabón neutro para pisos 1 (Compra)",null,null,null,null,21146,null,null,null,null,"1Jabón neutro para pisos 1 (Compra)"]
["1UNION TEMPORAL OUTSOURCING GIAFJabón neutro para pisos 1 (Compra)",1,"UNION TEMPORAL OUTSOURCING GIAF","Bien",52,"Jabón neutro para pisos 1 (Compra)",null,null,null,null,9331,null,null,null,null,"1Jabón neutro para pisos 1 (Compra)"]
["1UNION TEMPORAL R&J 2022Jabón neutro para pisos 1 (Compra)",1,"UNION TEMPORAL R&J 2022","Bien",52,"Jabón neutro para pisos 1 (Compra)",null,null,null,null,11126,null,null,null,null,"1Jabón neutro para pisos 1 (Compra)"]
["1UNION TEMPORAL SERVICIOS INTEGRALESJabón neutro para pisos 1 (Compra)",1,"UNION TEMPORAL SERVICIOS INTEGRALES","Bien",52,"Jabón neutro para pisos 1 (Compra)",null,null,null,null,17418,null,null,null,null,"1Jabón neutro para pisos 1 (Compra)"]
["1UT EASYCLEAN ASEO PROFESIONALJabón neutro para pisos 1 (Compra)",1,"UT EASYCLEAN ASEO PROFESIONAL","Bien",52,"Jabón neutro para pisos 1 (Compra)",null,null,null,null,17182,null,null,null,null,"1Jabón neutro para pisos 1 (Compra)"]
["1UT GRUPO ADINJabón neutro para pisos 1 (Compra)",1,"UT GRUPO ADIN","Bien",52,"Jabón neutro para pisos 1 (Compra)",null,null,null,null,15045,null,null,null,null,"1Jabón neutro para pisos 1 (Compra)"]
["1ASECOLBAS LTDAJabón neutro para pisos 2 (Compra)",1,"ASECOLBAS LTDA","Bien",53,"Jabón neutro para pisos 2 (Compra)",null,null,null,null,42354,null,null,null,null,"1Jabón neutro para pisos 2 (Compra)"]
["1CLEANER S.A.Jabón neutro para pisos 2 (Compra)",1,"CLEANER S.A.","Bien",53,"Jabón neutro para pisos 2 (Compra)",null,null,null,null,51063,null,null,null,null,"1Jabón neutro para pisos 2 (Compra)"]
["1COMPAÑÍA DE SERVICIOS Y ADMINISTRACIÓN SA SERDAN SAJabón neutro para pisos 2 (Compra)",1,"COMPAÑÍA DE SERVICIOS Y ADMINISTRACIÓN SA SERDAN SA","Bien",53,"Jabón neutro para pisos 2 (Compra)",null,null,null,null,51469,null,null,null,null,"1Jabón neutro para pisos 2 (Compra)"]
["1CONSERJES INMOBILIARIOS LTDAJabón neutro para pisos 2 (Compra)",1,"CONSERJES INMOBILIARIOS LTDA","Bien",53,"Jabón neutro para pisos 2 (Compra)",null,null,null,null,42860,null,null,null,null,"1Jabón neutro para pisos 2 (Compra)"]
["1CONSORCIO ELITEJabón neutro para pisos 2 (Compra)",1,"CONSORCIO ELITE","Bien",53,"Jabón neutro para pisos 2 (Compra)",null,null,null,null,89209,null,null,null,null,"1Jabón neutro para pisos 2 (Compra)"]
["1GRUPO GECJabón neutro para pisos 2 (Compra)",1,"GRUPO GEC","Bien",53,"Jabón neutro para pisos 2 (Compra)",null,null,null,null,98894,null,null,null,null,"1Jabón neutro para pisos 2 (Compra)"]
["1INCIHUILSA SAS ESPJabón neutro para pisos 2 (Compra)",1,"INCIHUILSA SAS ESP","Bien",53,"Jabón neutro para pisos 2 (Compra)",null,null,null,null,309044,null,null,null,null,"1Jabón neutro para pisos 2 (Compra)"]
["1INTERASEO S.A.S. E.S.P.Jabón neutro para pisos 2 (Compra)",1,"INTERASEO S.A.S. E.S.P.","Bien",53,"Jabón neutro para pisos 2 (Compra)",null,null,null,null,86532,null,null,null,null,"1Jabón neutro para pisos 2 (Compra)"]
["1KIOS SASJabón neutro para pisos 2 (Compra)",1,"KIOS SAS","Bien",53,"Jabón neutro para pisos 2 (Compra)",null,null,null,null,63256,null,null,null,null,"1Jabón neutro para pisos 2 (Compra)"]
["1LIMPIEZA INSTITUCIONAL LASU S.A.S.Jabón neutro para pisos 2 (Compra)",1,"LIMPIEZA INSTITUCIONAL LASU S.A.S.","Bien",53,"Jabón neutro para pisos 2 (Compra)",null,null,null,null,30440,null,null,null,null,"1Jabón neutro para pisos 2 (Compra)"]
["1N&R INTEGRAL SERVICE COMPANY S.A.S.Jabón neutro para pisos 2 (Compra)",1,"N&R INTEGRAL SERVICE COMPANY S.A.S.","Bien",53,"Jabón neutro para pisos 2 (Compra)",null,null,null,null,83137,null,null,null,null,"1Jabón neutro para pisos 2 (Compra)"]
["1SOSEGE SASJabón neutro para pisos 2 (Compra)",1,"SOSEGE SAS","Bien",53,"Jabón neutro para pisos 2 (Compra)",null,null,null,null,56147,null,null,null,null,"1Jabón neutro para pisos 2 (Compra)"]
["1UNION  TEMPORAL LADOINSA 2022Jabón neutro para pisos 2 (Compra)",1,"UNION  TEMPORAL LADOINSA 2022","Bien",53,"Jabón neutro para pisos 2 (Compra)",null,null,null,null,60820,null,null,null,null,"1Jabón neutro para pisos 2 (Compra)"]
["1UNIÓN TEMPORAL ASEO COLOMBIA AMP4Jabón neutro para pisos 2 (Compra)",1,"UNIÓN TEMPORAL ASEO COLOMBIA AMP4","Bien",53,"Jabón neutro para pisos 2 (Compra)",null,null,null,null,89746,null,null,null,null,"1Jabón neutro para pisos 2 (Compra)"]
["1UNIÓN TEMPORAL CCE AMP IV 2022Jabón neutro para pisos 2 (Compra)",1,"UNIÓN TEMPORAL CCE AMP IV 2022","Bien",53,"Jabón neutro para pisos 2 (Compra)",null,null,null,null,75906,null,null,null,null,"1Jabón neutro para pisos 2 (Compra)"]
["1UNION TEMPORAL ECOLIMPIEZA 4GJabón neutro para pisos 2 (Compra)",1,"UNION TEMPORAL ECOLIMPIEZA 4G","Bien",53,"Jabón neutro para pisos 2 (Compra)",null,null,null,null,48544,null,null,null,null,"1Jabón neutro para pisos 2 (Compra)"]
["1UNIÓN TEMPORAL EMINSER SOLOASEO 2023Jabón neutro para pisos 2 (Compra)",1,"UNIÓN TEMPORAL EMINSER SOLOASEO 2023","Bien",53,"Jabón neutro para pisos 2 (Compra)",null,null,null,null,101135,null,null,null,null,"1Jabón neutro para pisos 2 (Compra)"]
["1UNION TEMPORAL OUTSOURCING GIAFJabón neutro para pisos 2 (Compra)",1,"UNION TEMPORAL OUTSOURCING GIAF","Bien",53,"Jabón neutro para pisos 2 (Compra)",null,null,null,null,10525,null,null,null,null,"1Jabón neutro para pisos 2 (Compra)"]
["1UNION TEMPORAL R&J 2022Jabón neutro para pisos 2 (Compra)",1,"UNION TEMPORAL R&J 2022","Bien",53,"Jabón neutro para pisos 2 (Compra)",null,null,null,null,64899,null,null,null,null,"1Jabón neutro para pisos 2 (Compra)"]
["1UNION TEMPORAL SERVICIOS INTEGRALESJabón neutro para pisos 2 (Compra)",1,"UNION TEMPORAL SERVICIOS INTEGRALES","Bien",53,"Jabón neutro para pisos 2 (Compra)",null,null,null,null,87521,null,null,null,null,"1Jabón neutro para pisos 2 (Compra)"]
["1UT EASYCLEAN ASEO PROFESIONALJabón neutro para pisos 2 (Compra)",1,"UT EASYCLEAN ASEO PROFESIONAL","Bien",53,"Jabón neutro para pisos 2 (Compra)",null,null,null,null,86459,null,null,null,null,"1Jabón neutro para pisos 2 (Compra)"]
["1UT GRUPO ADINJabón neutro para pisos 2 (Compra)",1,"UT GRUPO ADIN","Bien",53,"Jabón neutro para pisos 2 (Compra)",null,null,null,null,86532,null,null,null,null,"1Jabón neutro para pisos 2 (Compra)"]
["1ASECOLBAS LTDAVarsol  ecológico 1 (Compra)",1,"ASECOLBAS LTDA","Bien",54,"Varsol  ecológico 1 (Compra)",null,null,null,null,8097,null,null,null,null,"1Varsol  ecológico 1 (Compra)"]
["1CLEANER S.A.Varsol  ecológico 1 (Compra)",1,"CLEANER S.A.","Bien",54,"Varsol  ecológico 1 (Compra)",null,null,null,null,14110,null,null,null,null,"1Varsol  ecológico 1 (Compra)"]
["1COMPAÑÍA DE SERVICIOS Y ADMINISTRACIÓN SA SERDAN SAVarsol  ecológico 1 (Compra)",1,"COMPAÑÍA DE SERVICIOS Y ADMINISTRACIÓN SA SERDAN SA","Bien",54,"Varsol  ecológico 1 (Compra)",null,null,null,null,12817,null,null,null,null,"1Varsol  ecológico 1 (Compra)"]
["1CONSERJES INMOBILIARIOS LTDAVarsol  ecológico 1 (Compra)",1,"CONSERJES INMOBILIARIOS LTDA","Bien",54,"Varsol  ecológico 1 (Compra)",null,null,null,null,8000,null,null,null,null,"1Varsol  ecológico 1 (Compra)"]
["1CONSORCIO ELITEVarsol  ecológico 1 (Compra)",1,"CONSORCIO ELITE","Bien",54,"Varsol  ecológico 1 (Compra)",null,null,null,null,14521,null,null,null,null,"1Varsol  ecológico 1 (Compra)"]
["1GRUPO GECVarsol  ecológico 1 (Compra)",1,"GRUPO GEC","Bien",54,"Varsol  ecológico 1 (Compra)",null,null,null,null,13598,null,null,null,null,"1Varsol  ecológico 1 (Compra)"]
["1INCIHUILSA SAS ESPVarsol  ecológico 1 (Compra)",1,"INCIHUILSA SAS ESP","Bien",54,"Varsol  ecológico 1 (Compra)",null,null,null,null,22616,null,null,null,null,"1Varsol  ecológico 1 (Compra)"]
["1INTERASEO S.A.S. E.S.P.Varsol  ecológico 1 (Compra)",1,"INTERASEO S.A.S. E.S.P.","Bien",54,"Varsol  ecológico 1 (Compra)",null,null,null,null,13598,null,null,null,null,"1Varsol  ecológico 1 (Compra)"]
["1KIOS SASVarsol  ecológico 1 (Compra)",1,"KIOS SAS","Bien",54,"Varsol  ecológico 1 (Compra)",null,null,null,null,14988,null,null,null,null,"1Varsol  ecológico 1 (Compra)"]
["1LIMPIEZA INSTITUCIONAL LASU S.A.S.Varsol  ecológico 1 (Compra)",1,"LIMPIEZA INSTITUCIONAL LASU S.A.S.","Bien",54,"Varsol  ecológico 1 (Compra)",null,null,null,null,5777,null,null,null,null,"1Varsol  ecológico 1 (Compra)"]
["1N&R INTEGRAL SERVICE COMPANY S.A.S.Varsol  ecológico 1 (Compra)",1,"N&R INTEGRAL SERVICE COMPANY S.A.S.","Bien",54,"Varsol  ecológico 1 (Compra)",null,null,null,null,13533,null,null,null,null,"1Varsol  ecológico 1 (Compra)"]
["1SOSEGE SASVarsol  ecológico 1 (Compra)",1,"SOSEGE SAS","Bien",54,"Varsol  ecológico 1 (Compra)",null,null,null,null,12281,null,null,null,null,"1Varsol  ecológico 1 (Compra)"]
["1UNION  TEMPORAL LADOINSA 2022Varsol  ecológico 1 (Compra)",1,"UNION  TEMPORAL LADOINSA 2022","Bien",54,"Varsol  ecológico 1 (Compra)",null,null,null,null,10507,null,null,null,null,"1Varsol  ecológico 1 (Compra)"]
["1UNIÓN TEMPORAL ASEO COLOMBIA AMP4Varsol  ecológico 1 (Compra)",1,"UNIÓN TEMPORAL ASEO COLOMBIA AMP4","Bien",54,"Varsol  ecológico 1 (Compra)",null,null,null,null,14958,null,null,null,null,"1Varsol  ecológico 1 (Compra)"]
["1UNIÓN TEMPORAL CCE AMP IV 2022Varsol  ecológico 1 (Compra)",1,"UNIÓN TEMPORAL CCE AMP IV 2022","Bien",54,"Varsol  ecológico 1 (Compra)",null,null,null,null,18248,null,null,null,null,"1Varsol  ecológico 1 (Compra)"]
["1UNION TEMPORAL ECOLIMPIEZA 4GVarsol  ecológico 1 (Compra)",1,"UNION TEMPORAL ECOLIMPIEZA 4G","Bien",54,"Varsol  ecológico 1 (Compra)",null,null,null,null,7430,null,null,null,null,"1Varsol  ecológico 1 (Compra)"]
["1UNIÓN TEMPORAL EMINSER SOLOASEO 2023Varsol  ecológico 1 (Compra)",1,"UNIÓN TEMPORAL EMINSER SOLOASEO 2023","Bien",54,"Varsol  ecológico 1 (Compra)",null,null,null,null,8514,null,null,null,null,"1Varsol  ecológico 1 (Compra)"]
["1UNION TEMPORAL OUTSOURCING GIAFVarsol  ecológico 1 (Compra)",1,"UNION TEMPORAL OUTSOURCING GIAF","Bien",54,"Varsol  ecológico 1 (Compra)",null,null,null,null,9453,null,null,null,null,"1Varsol  ecológico 1 (Compra)"]
["1UNION TEMPORAL R&J 2022Varsol  ecológico 1 (Compra)",1,"UNION TEMPORAL R&J 2022","Bien",54,"Varsol  ecológico 1 (Compra)",null,null,null,null,9271,null,null,null,null,"1Varsol  ecológico 1 (Compra)"]
["1UNION TEMPORAL SERVICIOS INTEGRALESVarsol  ecológico 1 (Compra)",1,"UNION TEMPORAL SERVICIOS INTEGRALES","Bien",54,"Varsol  ecológico 1 (Compra)",null,null,null,null,14216,null,null,null,null,"1Varsol  ecológico 1 (Compra)"]
["1UT EASYCLEAN ASEO PROFESIONALVarsol  ecológico 1 (Compra)",1,"UT EASYCLEAN ASEO PROFESIONAL","Bien",54,"Varsol  ecológico 1 (Compra)",null,null,null,null,14075,null,null,null,null,"1Varsol  ecológico 1 (Compra)"]
["1UT GRUPO ADINVarsol  ecológico 1 (Compra)",1,"UT GRUPO ADIN","Bien",54,"Varsol  ecológico 1 (Compra)",null,null,null,null,14079,null,null,null,null,"1Varsol  ecológico 1 (Compra)"]
["1ASECOLBAS LTDAVarsol ecológico 2 (Compra)",1,"ASECOLBAS LTDA","Bien",55,"Varsol ecológico 2 (Compra)",null,null,null,null,20818,null,null,null,null,"1Varsol ecológico 2 (Compra)"]
["1CLEANER S.A.Varsol ecológico 2 (Compra)",1,"CLEANER S.A.","Bien",55,"Varsol ecológico 2 (Compra)",null,null,null,null,45554,null,null,null,null,"1Varsol ecológico 2 (Compra)"]
["1COMPAÑÍA DE SERVICIOS Y ADMINISTRACIÓN SA SERDAN SAVarsol ecológico 2 (Compra)",1,"COMPAÑÍA DE SERVICIOS Y ADMINISTRACIÓN SA SERDAN SA","Bien",55,"Varsol ecológico 2 (Compra)",null,null,null,null,41983,null,null,null,null,"1Varsol ecológico 2 (Compra)"]
["1CONSERJES INMOBILIARIOS LTDAVarsol ecológico 2 (Compra)",1,"CONSERJES INMOBILIARIOS LTDA","Bien",55,"Varsol ecológico 2 (Compra)",null,null,null,null,21067,null,null,null,null,"1Varsol ecológico 2 (Compra)"]
["1CONSORCIO ELITEVarsol ecológico 2 (Compra)",1,"CONSORCIO ELITE","Bien",55,"Varsol ecológico 2 (Compra)",null,null,null,null,45641,null,null,null,null,"1Varsol ecológico 2 (Compra)"]
["1GRUPO GECVarsol ecológico 2 (Compra)",1,"GRUPO GEC","Bien",55,"Varsol ecológico 2 (Compra)",null,null,null,null,37085,null,null,null,null,"1Varsol ecológico 2 (Compra)"]
["1INCIHUILSA SAS ESPVarsol ecológico 2 (Compra)",1,"INCIHUILSA SAS ESP","Bien",55,"Varsol ecológico 2 (Compra)",null,null,null,null,61809,null,null,null,null,"1Varsol ecológico 2 (Compra)"]
["1INTERASEO S.A.S. E.S.P.Varsol ecológico 2 (Compra)",1,"INTERASEO S.A.S. E.S.P.","Bien",55,"Varsol ecológico 2 (Compra)",null,null,null,null,34613,null,null,null,null,"1Varsol ecológico 2 (Compra)"]
["1KIOS SASVarsol ecológico 2 (Compra)",1,"KIOS SAS","Bien",55,"Varsol ecológico 2 (Compra)",null,null,null,null,39459,null,null,null,null,"1Varsol ecológico 2 (Compra)"]
["1LIMPIEZA INSTITUCIONAL LASU S.A.S.Varsol ecológico 2 (Compra)",1,"LIMPIEZA INSTITUCIONAL LASU S.A.S.","Bien",55,"Varsol ecológico 2 (Compra)",null,null,null,null,17086,null,null,null,null,"1Varsol ecológico 2 (Compra)"]
["1N&R INTEGRAL SERVICE COMPANY S.A.S.Varsol ecológico 2 (Compra)",1,"N&R INTEGRAL SERVICE COMPANY S.A.S.","Bien",55,"Varsol ecológico 2 (Compra)",null,null,null,null,42535,null,null,null,null,"1Varsol ecológico 2 (Compra)"]
["1SOSEGE SASVarsol ecológico 2 (Compra)",1,"SOSEGE SAS","Bien",55,"Varsol ecológico 2 (Compra)",null,null,null,null,39323,null,null,null,null,"1Varsol ecológico 2 (Compra)"]
["1UNION  TEMPORAL LADOINSA 2022Varsol ecológico 2 (Compra)",1,"UNION  TEMPORAL LADOINSA 2022","Bien",55,"Varsol ecológico 2 (Compra)",null,null,null,null,26825,null,null,null,null,"1Varsol ecológico 2 (Compra)"]
["1UNIÓN TEMPORAL ASEO COLOMBIA AMP4Varsol ecológico 2 (Compra)",1,"UNIÓN TEMPORAL ASEO COLOMBIA AMP4","Bien",55,"Varsol ecológico 2 (Compra)",null,null,null,null,39733,null,null,null,null,"1Varsol ecológico 2 (Compra)"]
["1UNIÓN TEMPORAL CCE AMP IV 2022Varsol ecológico 2 (Compra)",1,"UNIÓN TEMPORAL CCE AMP IV 2022","Bien",55,"Varsol ecológico 2 (Compra)",null,null,null,null,42203,null,null,null,null,"1Varsol ecológico 2 (Compra)"]
["1UNION TEMPORAL ECOLIMPIEZA 4GVarsol ecológico 2 (Compra)",1,"UNION TEMPORAL ECOLIMPIEZA 4G","Bien",55,"Varsol ecológico 2 (Compra)",null,null,null,null,20595,null,null,null,null,"1Varsol ecológico 2 (Compra)"]
["1UNIÓN TEMPORAL EMINSER SOLOASEO 2023Varsol ecológico 2 (Compra)",1,"UNIÓN TEMPORAL EMINSER SOLOASEO 2023","Bien",55,"Varsol ecológico 2 (Compra)",null,null,null,null,28038,null,null,null,null,"1Varsol ecológico 2 (Compra)"]
["1UNION TEMPORAL OUTSOURCING GIAFVarsol ecológico 2 (Compra)",1,"UNION TEMPORAL OUTSOURCING GIAF","Bien",55,"Varsol ecológico 2 (Compra)",null,null,null,null,28954,null,null,null,null,"1Varsol ecológico 2 (Compra)"]
["1UNION TEMPORAL R&J 2022Varsol ecológico 2 (Compra)",1,"UNION TEMPORAL R&J 2022","Bien",55,"Varsol ecológico 2 (Compra)",null,null,null,null,25959,null,null,null,null,"1Varsol ecológico 2 (Compra)"]
["1UNION TEMPORAL SERVICIOS INTEGRALESVarsol ecológico 2 (Compra)",1,"UNION TEMPORAL SERVICIOS INTEGRALES","Bien",55,"Varsol ecológico 2 (Compra)",null,null,null,null,44823,null,null,null,null,"1Varsol ecológico 2 (Compra)"]
["1UT EASYCLEAN ASEO PROFESIONALVarsol ecológico 2 (Compra)",1,"UT EASYCLEAN ASEO PROFESIONAL","Bien",55,"Varsol ecológico 2 (Compra)",null,null,null,null,44235,null,null,null,null,"1Varsol ecológico 2 (Compra)"]
["1UT GRUPO ADINVarsol ecológico 2 (Compra)",1,"UT GRUPO ADIN","Bien",55,"Varsol ecológico 2 (Compra)",null,null,null,null,42299,null,null,null,null,"1Varsol ecológico 2 (Compra)"]
["1ASECOLBAS LTDADesmanchador multiusos (Compra)",1,"ASECOLBAS LTDA","Bien",56,"Desmanchador multiusos (Compra)",null,null,null,null,8506,null,null,null,null,"1Desmanchador multiusos (Compra)"]
["1CLEANER S.A.Desmanchador multiusos (Compra)",1,"CLEANER S.A.","Bien",56,"Desmanchador multiusos (Compra)",null,null,null,null,18592,null,null,null,null,"1Desmanchador multiusos (Compra)"]
["1COMPAÑÍA DE SERVICIOS Y ADMINISTRACIÓN SA SERDAN SADesmanchador multiusos (Compra)",1,"COMPAÑÍA DE SERVICIOS Y ADMINISTRACIÓN SA SERDAN SA","Bien",56,"Desmanchador multiusos (Compra)",null,null,null,null,8009,null,null,null,null,"1Desmanchador multiusos (Compra)"]
["1CONSERJES INMOBILIARIOS LTDADesmanchador multiusos (Compra)",1,"CONSERJES INMOBILIARIOS LTDA","Bien",56,"Desmanchador multiusos (Compra)",null,null,null,null,8406,null,null,null,null,"1Desmanchador multiusos (Compra)"]
["1CONSORCIO ELITEDesmanchador multiusos (Compra)",1,"CONSORCIO ELITE","Bien",56,"Desmanchador multiusos (Compra)",null,null,null,null,12344,null,null,null,null,"1Desmanchador multiusos (Compra)"]
["1GRUPO GECDesmanchador multiusos (Compra)",1,"GRUPO GEC","Bien",56,"Desmanchador multiusos (Compra)",null,null,null,null,16071,null,null,null,null,"1Desmanchador multiusos (Compra)"]
["1INCIHUILSA SAS ESPDesmanchador multiusos (Compra)",1,"INCIHUILSA SAS ESP","Bien",56,"Desmanchador multiusos (Compra)",null,null,null,null,33923,null,null,null,null,"1Desmanchador multiusos (Compra)"]
["1INTERASEO S.A.S. E.S.P.Desmanchador multiusos (Compra)",1,"INTERASEO S.A.S. E.S.P.","Bien",56,"Desmanchador multiusos (Compra)",null,null,null,null,10507,null,null,null,null,"1Desmanchador multiusos (Compra)"]
["1KIOS SASDesmanchador multiusos (Compra)",1,"KIOS SAS","Bien",56,"Desmanchador multiusos (Compra)",null,null,null,null,12045,null,null,null,null,"1Desmanchador multiusos (Compra)"]
["1LIMPIEZA INSTITUCIONAL LASU S.A.S.Desmanchador multiusos (Compra)",1,"LIMPIEZA INSTITUCIONAL LASU S.A.S.","Bien",56,"Desmanchador multiusos (Compra)",null,null,null,null,7886,null,null,null,null,"1Desmanchador multiusos (Compra)"]
["1N&R INTEGRAL SERVICE COMPANY S.A.S.Desmanchador multiusos (Compra)",1,"N&R INTEGRAL SERVICE COMPANY S.A.S.","Bien",56,"Desmanchador multiusos (Compra)",null,null,null,null,11503,null,null,null,null,"1Desmanchador multiusos (Compra)"]
["1SOSEGE SASDesmanchador multiusos (Compra)",1,"SOSEGE SAS","Bien",56,"Desmanchador multiusos (Compra)",null,null,null,null,10443,null,null,null,null,"1Desmanchador multiusos (Compra)"]
["1UNION  TEMPORAL LADOINSA 2022Desmanchador multiusos (Compra)",1,"UNION  TEMPORAL LADOINSA 2022","Bien",56,"Desmanchador multiusos (Compra)",null,null,null,null,10879,null,null,null,null,"1Desmanchador multiusos (Compra)"]
["1UNIÓN TEMPORAL ASEO COLOMBIA AMP4Desmanchador multiusos (Compra)",1,"UNIÓN TEMPORAL ASEO COLOMBIA AMP4","Bien",56,"Desmanchador multiusos (Compra)",null,null,null,null,16600,null,null,null,null,"1Desmanchador multiusos (Compra)"]
["1UNIÓN TEMPORAL CCE AMP IV 2022Desmanchador multiusos (Compra)",1,"UNIÓN TEMPORAL CCE AMP IV 2022","Bien",56,"Desmanchador multiusos (Compra)",null,null,null,null,11156,null,null,null,null,"1Desmanchador multiusos (Compra)"]
["1UNION TEMPORAL ECOLIMPIEZA 4GDesmanchador multiusos (Compra)",1,"UNION TEMPORAL ECOLIMPIEZA 4G","Bien",56,"Desmanchador multiusos (Compra)",null,null,null,null,8226,null,null,null,null,"1Desmanchador multiusos (Compra)"]
["1UNIÓN TEMPORAL EMINSER SOLOASEO 2023Desmanchador multiusos (Compra)",1,"UNIÓN TEMPORAL EMINSER SOLOASEO 2023","Bien",56,"Desmanchador multiusos (Compra)",null,null,null,null,11033,null,null,null,null,"1Desmanchador multiusos (Compra)"]
["1UNION TEMPORAL OUTSOURCING GIAFDesmanchador multiusos (Compra)",1,"UNION TEMPORAL OUTSOURCING GIAF","Bien",56,"Desmanchador multiusos (Compra)",null,null,null,null,9298,null,null,null,null,"1Desmanchador multiusos (Compra)"]
["1UNION TEMPORAL R&J 2022Desmanchador multiusos (Compra)",1,"UNION TEMPORAL R&J 2022","Bien",56,"Desmanchador multiusos (Compra)",null,null,null,null,9271,null,null,null,null,"1Desmanchador multiusos (Compra)"]
["1UNION TEMPORAL SERVICIOS INTEGRALESDesmanchador multiusos (Compra)",1,"UNION TEMPORAL SERVICIOS INTEGRALES","Bien",56,"Desmanchador multiusos (Compra)",null,null,null,null,12115,null,null,null,null,"1Desmanchador multiusos (Compra)"]
["1UT EASYCLEAN ASEO PROFESIONALDesmanchador multiusos (Compra)",1,"UT EASYCLEAN ASEO PROFESIONAL","Bien",56,"Desmanchador multiusos (Compra)",null,null,null,null,11964,null,null,null,null,"1Desmanchador multiusos (Compra)"]
["1UT GRUPO ADINDesmanchador multiusos (Compra)",1,"UT GRUPO ADIN","Bien",56,"Desmanchador multiusos (Compra)",null,null,null,null,15152,null,null,null,null,"1Desmanchador multiusos (Compra)"]
["1ASECOLBAS LTDABrillametal en crema (Compra)",1,"ASECOLBAS LTDA","Bien",57,"Brillametal en crema (Compra)",null,null,null,null,10103,null,null,null,null,"1Brillametal en crema (Compra)"]
["1CLEANER S.A.Brillametal en crema (Compra)",1,"CLEANER S.A.","Bien",57,"Brillametal en crema (Compra)",null,null,null,null,11613,null,null,null,null,"1Brillametal en crema (Compra)"]
["1COMPAÑÍA DE SERVICIOS Y ADMINISTRACIÓN SA SERDAN SABrillametal en crema (Compra)",1,"COMPAÑÍA DE SERVICIOS Y ADMINISTRACIÓN SA SERDAN SA","Bien",57,"Brillametal en crema (Compra)",null,null,null,null,9729,null,null,null,null,"1Brillametal en crema (Compra)"]
["1CONSERJES INMOBILIARIOS LTDABrillametal en crema (Compra)",1,"CONSERJES INMOBILIARIOS LTDA","Bien",57,"Brillametal en crema (Compra)",null,null,null,null,10223,null,null,null,null,"1Brillametal en crema (Compra)"]
["1CONSORCIO ELITEBrillametal en crema (Compra)",1,"CONSORCIO ELITE","Bien",57,"Brillametal en crema (Compra)",null,null,null,null,15358,null,null,null,null,"1Brillametal en crema (Compra)"]
["1GRUPO GECBrillametal en crema (Compra)",1,"GRUPO GEC","Bien",57,"Brillametal en crema (Compra)",null,null,null,null,11743,null,null,null,null,"1Brillametal en crema (Compra)"]
["1INCIHUILSA SAS ESPBrillametal en crema (Compra)",1,"INCIHUILSA SAS ESP","Bien",57,"Brillametal en crema (Compra)",null,null,null,null,19426,null,null,null,null,"1Brillametal en crema (Compra)"]
["1INTERASEO S.A.S. E.S.P.Brillametal en crema (Compra)",1,"INTERASEO S.A.S. E.S.P.","Bien",57,"Brillametal en crema (Compra)",null,null,null,null,7170,null,null,null,null,"1Brillametal en crema (Compra)"]
["1KIOS SASBrillametal en crema (Compra)",1,"KIOS SAS","Bien",57,"Brillametal en crema (Compra)",null,null,null,null,10114,null,null,null,null,"1Brillametal en crema (Compra)"]
["1LIMPIEZA INSTITUCIONAL LASU S.A.S.Brillametal en crema (Compra)",1,"LIMPIEZA INSTITUCIONAL LASU S.A.S.","Bien",57,"Brillametal en crema (Compra)",null,null,null,null,8012,null,null,null,null,"1Brillametal en crema (Compra)"]
["1N&R INTEGRAL SERVICE COMPANY S.A.S.Brillametal en crema (Compra)",1,"N&R INTEGRAL SERVICE COMPANY S.A.S.","Bien",57,"Brillametal en crema (Compra)",null,null,null,null,14313,null,null,null,null,"1Brillametal en crema (Compra)"]
["1SOSEGE SASBrillametal en crema (Compra)",1,"SOSEGE SAS","Bien",57,"Brillametal en crema (Compra)",null,null,null,null,9865,null,null,null,null,"1Brillametal en crema (Compra)"]
["1UNION  TEMPORAL LADOINSA 2022Brillametal en crema (Compra)",1,"UNION  TEMPORAL LADOINSA 2022","Bien",57,"Brillametal en crema (Compra)",null,null,null,null,11126,null,null,null,null,"1Brillametal en crema (Compra)"]
["1UNIÓN TEMPORAL ASEO COLOMBIA AMP4Brillametal en crema (Compra)",1,"UNIÓN TEMPORAL ASEO COLOMBIA AMP4","Bien",57,"Brillametal en crema (Compra)",null,null,null,null,10370,null,null,null,null,"1Brillametal en crema (Compra)"]
["1UNIÓN TEMPORAL CCE AMP IV 2022Brillametal en crema (Compra)",1,"UNIÓN TEMPORAL CCE AMP IV 2022","Bien",57,"Brillametal en crema (Compra)",null,null,null,null,8827,null,null,null,null,"1Brillametal en crema (Compra)"]
["1UNION TEMPORAL ECOLIMPIEZA 4GBrillametal en crema (Compra)",1,"UNION TEMPORAL ECOLIMPIEZA 4G","Bien",57,"Brillametal en crema (Compra)",null,null,null,null,7356,null,null,null,null,"1Brillametal en crema (Compra)"]
["1UNIÓN TEMPORAL EMINSER SOLOASEO 2023Brillametal en crema (Compra)",1,"UNIÓN TEMPORAL EMINSER SOLOASEO 2023","Bien",57,"Brillametal en crema (Compra)",null,null,null,null,16679,null,null,null,null,"1Brillametal en crema (Compra)"]
["1UNION TEMPORAL OUTSOURCING GIAFBrillametal en crema (Compra)",1,"UNION TEMPORAL OUTSOURCING GIAF","Bien",57,"Brillametal en crema (Compra)",null,null,null,null,9755,null,null,null,null,"1Brillametal en crema (Compra)"]
["1UNION TEMPORAL R&J 2022Brillametal en crema (Compra)",1,"UNION TEMPORAL R&J 2022","Bien",57,"Brillametal en crema (Compra)",null,null,null,null,9271,null,null,null,null,"1Brillametal en crema (Compra)"]
["1UNION TEMPORAL SERVICIOS INTEGRALESBrillametal en crema (Compra)",1,"UNION TEMPORAL SERVICIOS INTEGRALES","Bien",57,"Brillametal en crema (Compra)",null,null,null,null,15045,null,null,null,null,"1Brillametal en crema (Compra)"]
["1UT EASYCLEAN ASEO PROFESIONALBrillametal en crema (Compra)",1,"UT EASYCLEAN ASEO PROFESIONAL","Bien",57,"Brillametal en crema (Compra)",null,null,null,null,14886,null,null,null,null,"1Brillametal en crema (Compra)"]
["1UT GRUPO ADINBrillametal en crema (Compra)",1,"UT GRUPO ADIN","Bien",57,"Brillametal en crema (Compra)",null,null,null,null,11765,null,null,null,null,"1Brillametal en crema (Compra)"]
["1ASECOLBAS LTDABrillametal líquido (Compra)",1,"ASECOLBAS LTDA","Bien",58,"Brillametal líquido (Compra)",null,null,null,null,14213,null,null,null,null,"1Brillametal líquido (Compra)"]
["1CLEANER S.A.Brillametal líquido (Compra)",1,"CLEANER S.A.","Bien",58,"Brillametal líquido (Compra)",null,null,null,null,11875,null,null,null,null,"1Brillametal líquido (Compra)"]
["1COMPAÑÍA DE SERVICIOS Y ADMINISTRACIÓN SA SERDAN SABrillametal líquido (Compra)",1,"COMPAÑÍA DE SERVICIOS Y ADMINISTRACIÓN SA SERDAN SA","Bien",58,"Brillametal líquido (Compra)",null,null,null,null,37404,null,null,null,null,"1Brillametal líquido (Compra)"]
["1CONSERJES INMOBILIARIOS LTDABrillametal líquido (Compra)",1,"CONSERJES INMOBILIARIOS LTDA","Bien",58,"Brillametal líquido (Compra)",null,null,null,null,14045,null,null,null,null,"1Brillametal líquido (Compra)"]
["1CONSORCIO ELITEBrillametal líquido (Compra)",1,"CONSORCIO ELITE","Bien",58,"Brillametal líquido (Compra)",null,null,null,null,45455,null,null,null,null,"1Brillametal líquido (Compra)"]
["1GRUPO GECBrillametal líquido (Compra)",1,"GRUPO GEC","Bien",58,"Brillametal líquido (Compra)",null,null,null,null,30904,null,null,null,null,"1Brillametal líquido (Compra)"]
["1INCIHUILSA SAS ESPBrillametal líquido (Compra)",1,"INCIHUILSA SAS ESP","Bien",58,"Brillametal líquido (Compra)",null,null,null,null,17903,null,null,null,null,"1Brillametal líquido (Compra)"]
["1INTERASEO S.A.S. E.S.P.Brillametal líquido (Compra)",1,"INTERASEO S.A.S. E.S.P.","Bien",58,"Brillametal líquido (Compra)",null,null,null,null,13598,null,null,null,null,"1Brillametal líquido (Compra)"]
["1KIOS SASBrillametal líquido (Compra)",1,"KIOS SAS","Bien",58,"Brillametal líquido (Compra)",null,null,null,null,29737,null,null,null,null,"1Brillametal líquido (Compra)"]
["1LIMPIEZA INSTITUCIONAL LASU S.A.S.Brillametal líquido (Compra)",1,"LIMPIEZA INSTITUCIONAL LASU S.A.S.","Bien",58,"Brillametal líquido (Compra)",null,null,null,null,8251,null,null,null,null,"1Brillametal líquido (Compra)"]
["1N&R INTEGRAL SERVICE COMPANY S.A.S.Brillametal líquido (Compra)",1,"N&R INTEGRAL SERVICE COMPANY S.A.S.","Bien",58,"Brillametal líquido (Compra)",null,null,null,null,42361,null,null,null,null,"1Brillametal líquido (Compra)"]
["1SOSEGE SASBrillametal líquido (Compra)",1,"SOSEGE SAS","Bien",58,"Brillametal líquido (Compra)",null,null,null,null,32490,null,null,null,null,"1Brillametal líquido (Compra)"]
["1UNION  TEMPORAL LADOINSA 2022Brillametal líquido (Compra)",1,"UNION  TEMPORAL LADOINSA 2022","Bien",58,"Brillametal líquido (Compra)",null,null,null,null,30657,null,null,null,null,"1Brillametal líquido (Compra)"]
["1UNIÓN TEMPORAL ASEO COLOMBIA AMP4Brillametal líquido (Compra)",1,"UNIÓN TEMPORAL ASEO COLOMBIA AMP4","Bien",58,"Brillametal líquido (Compra)",null,null,null,null,21757,null,null,null,null,"1Brillametal líquido (Compra)"]
["1UNIÓN TEMPORAL CCE AMP IV 2022Brillametal líquido (Compra)",1,"UNIÓN TEMPORAL CCE AMP IV 2022","Bien",58,"Brillametal líquido (Compra)",null,null,null,null,38073,null,null,null,null,"1Brillametal líquido (Compra)"]
["1UNION TEMPORAL ECOLIMPIEZA 4GBrillametal líquido (Compra)",1,"UNION TEMPORAL ECOLIMPIEZA 4G","Bien",58,"Brillametal líquido (Compra)",null,null,null,null,29617,null,null,null,null,"1Brillametal líquido (Compra)"]
["1UNIÓN TEMPORAL EMINSER SOLOASEO 2023Brillametal líquido (Compra)",1,"UNIÓN TEMPORAL EMINSER SOLOASEO 2023","Bien",58,"Brillametal líquido (Compra)",null,null,null,null,42007,null,null,null,null,"1Brillametal líquido (Compra)"]
["1UNION TEMPORAL OUTSOURCING GIAFBrillametal líquido (Compra)",1,"UNION TEMPORAL OUTSOURCING GIAF","Bien",58,"Brillametal líquido (Compra)",null,null,null,null,17965,null,null,null,null,"1Brillametal líquido (Compra)"]
["1UNION TEMPORAL R&J 2022Brillametal líquido (Compra)",1,"UNION TEMPORAL R&J 2022","Bien",58,"Brillametal líquido (Compra)",null,null,null,null,34675,null,null,null,null,"1Brillametal líquido (Compra)"]
["1UNION TEMPORAL SERVICIOS INTEGRALESBrillametal líquido (Compra)",1,"UNION TEMPORAL SERVICIOS INTEGRALES","Bien",58,"Brillametal líquido (Compra)",null,null,null,null,44614,null,null,null,null,"1Brillametal líquido (Compra)"]
["1UT EASYCLEAN ASEO PROFESIONALBrillametal líquido (Compra)",1,"UT EASYCLEAN ASEO PROFESIONAL","Bien",58,"Brillametal líquido (Compra)",null,null,null,null,44055,null,null,null,null,"1Brillametal líquido (Compra)"]
["1UT GRUPO ADINBrillametal líquido (Compra)",1,"UT GRUPO ADIN","Bien",58,"Brillametal líquido (Compra)",null,null,null,null,34569,null,null,null,null,"1Brillametal líquido (Compra)"]
["1ASECOLBAS LTDABetún (Compra)",1,"ASECOLBAS LTDA","Bien",59,"Betún (Compra)",null,null,null,null,14374,null,null,null,null,"1Betún (Compra)"]
["1CLEANER S.A.Betún (Compra)",1,"CLEANER S.A.","Bien",59,"Betún (Compra)",null,null,null,null,12214,null,null,null,null,"1Betún (Compra)"]
["1COMPAÑÍA DE SERVICIOS Y ADMINISTRACIÓN SA SERDAN SABetún (Compra)",1,"COMPAÑÍA DE SERVICIOS Y ADMINISTRACIÓN SA SERDAN SA","Bien",59,"Betún (Compra)",null,null,null,null,7322,null,null,null,null,"1Betún (Compra)"]
["1CONSERJES INMOBILIARIOS LTDABetún (Compra)",1,"CONSERJES INMOBILIARIOS LTDA","Bien",59,"Betún (Compra)",null,null,null,null,14545,null,null,null,null,"1Betún (Compra)"]
["1CONSORCIO ELITEBetún (Compra)",1,"CONSORCIO ELITE","Bien",59,"Betún (Compra)",null,null,null,null,20477,null,null,null,null,"1Betún (Compra)"]
["1GRUPO GECBetún (Compra)",1,"GRUPO GEC","Bien",59,"Betún (Compra)",null,null,null,null,14216,null,null,null,null,"1Betún (Compra)"]
["1INCIHUILSA SAS ESPBetún (Compra)",1,"INCIHUILSA SAS ESP","Bien",59,"Betún (Compra)",null,null,null,null,15717,null,null,null,null,"1Betún (Compra)"]
["1INTERASEO S.A.S. E.S.P.Betún (Compra)",1,"INTERASEO S.A.S. E.S.P.","Bien",59,"Betún (Compra)",null,null,null,null,13165,null,null,null,null,"1Betún (Compra)"]
["1KIOS SASBetún (Compra)",1,"KIOS SAS","Bien",59,"Betún (Compra)",null,null,null,null,12352,null,null,null,null,"1Betún (Compra)"]
["1LIMPIEZA INSTITUCIONAL LASU S.A.S.Betún (Compra)",1,"LIMPIEZA INSTITUCIONAL LASU S.A.S.","Bien",59,"Betún (Compra)",null,null,null,null,6606,null,null,null,null,"1Betún (Compra)"]
["1N&R INTEGRAL SERVICE COMPANY S.A.S.Betún (Compra)",1,"N&R INTEGRAL SERVICE COMPANY S.A.S.","Bien",59,"Betún (Compra)",null,null,null,null,19084,null,null,null,null,"1Betún (Compra)"]
["1SOSEGE SASBetún (Compra)",1,"SOSEGE SAS","Bien",59,"Betún (Compra)",null,null,null,null,16597,null,null,null,null,"1Betún (Compra)"]
["1UNION  TEMPORAL LADOINSA 2022Betún (Compra)",1,"UNION  TEMPORAL LADOINSA 2022","Bien",59,"Betún (Compra)",null,null,null,null,21139,null,null,null,null,"1Betún (Compra)"]
["1UNIÓN TEMPORAL ASEO COLOMBIA AMP4Betún (Compra)",1,"UNIÓN TEMPORAL ASEO COLOMBIA AMP4","Bien",59,"Betún (Compra)",null,null,null,null,14482,null,null,null,null,"1Betún (Compra)"]
["1UNIÓN TEMPORAL CCE AMP IV 2022Betún (Compra)",1,"UNIÓN TEMPORAL CCE AMP IV 2022","Bien",59,"Betún (Compra)",null,null,null,null,19440,null,null,null,null,"1Betún (Compra)"]
["1UNION TEMPORAL ECOLIMPIEZA 4GBetún (Compra)",1,"UNION TEMPORAL ECOLIMPIEZA 4G","Bien",59,"Betún (Compra)",null,null,null,null,11768,null,null,null,null,"1Betún (Compra)"]
["1UNIÓN TEMPORAL EMINSER SOLOASEO 2023Betún (Compra)",1,"UNIÓN TEMPORAL EMINSER SOLOASEO 2023","Bien",59,"Betún (Compra)",null,null,null,null,12872,null,null,null,null,"1Betún (Compra)"]
["1UNION TEMPORAL OUTSOURCING GIAFBetún (Compra)",1,"UNION TEMPORAL OUTSOURCING GIAF","Bien",59,"Betún (Compra)",null,null,null,null,11259,null,null,null,null,"1Betún (Compra)"]
["1UNION TEMPORAL R&J 2022Betún (Compra)",1,"UNION TEMPORAL R&J 2022","Bien",59,"Betún (Compra)",null,null,null,null,14834,null,null,null,null,"1Betún (Compra)"]
["1UNION TEMPORAL SERVICIOS INTEGRALESBetún (Compra)",1,"UNION TEMPORAL SERVICIOS INTEGRALES","Bien",59,"Betún (Compra)",null,null,null,null,20076,null,null,null,null,"1Betún (Compra)"]
["1UT EASYCLEAN ASEO PROFESIONALBetún (Compra)",1,"UT EASYCLEAN ASEO PROFESIONAL","Bien",59,"Betún (Compra)",null,null,null,null,19846,null,null,null,null,"1Betún (Compra)"]
["1UT GRUPO ADINBetún (Compra)",1,"UT GRUPO ADIN","Bien",59,"Betún (Compra)",null,null,null,null,14320,null,null,null,null,"1Betún (Compra)"]
["1ASECOLBAS LTDAAmbientador 1 (Compra)",1,"ASECOLBAS LTDA","Bien",60,"Ambientador 1 (Compra)",null,null,null,null,8097,null,null,null,null,"1Ambientador 1 (Compra)"]
["1CLEANER S.A.Ambientador 1 (Compra)",1,"CLEANER S.A.","Bien",60,"Ambientador 1 (Compra)",null,null,null,null,11560,null,null,null,null,"1Ambientador 1 (Compra)"]
["1COMPAÑÍA DE SERVICIOS Y ADMINISTRACIÓN SA SERDAN SAAmbientador 1 (Compra)",1,"COMPAÑÍA DE SERVICIOS Y ADMINISTRACIÓN SA SERDAN SA","Bien",60,"Ambientador 1 (Compra)",null,null,null,null,14346,null,null,null,null,"1Ambientador 1 (Compra)"]
["1CONSERJES INMOBILIARIOS LTDAAmbientador 1 (Compra)",1,"CONSERJES INMOBILIARIOS LTDA","Bien",60,"Ambientador 1 (Compra)",null,null,null,null,8000,null,null,null,null,"1Ambientador 1 (Compra)"]
["1CONSORCIO ELITEAmbientador 1 (Compra)",1,"CONSORCIO ELITE","Bien",60,"Ambientador 1 (Compra)",null,null,null,null,12716,null,null,null,null,"1Ambientador 1 (Compra)"]
["1GRUPO GECAmbientador 1 (Compra)",1,"GRUPO GEC","Bien",60,"Ambientador 1 (Compra)",null,null,null,null,14710,null,null,null,null,"1Ambientador 1 (Compra)"]
["1INCIHUILSA SAS ESPAmbientador 1 (Compra)",1,"INCIHUILSA SAS ESP","Bien",60,"Ambientador 1 (Compra)",null,null,null,null,35808,null,null,null,null,"1Ambientador 1 (Compra)"]
["1INTERASEO S.A.S. E.S.P.Ambientador 1 (Compra)",1,"INTERASEO S.A.S. E.S.P.","Bien",60,"Ambientador 1 (Compra)",null,null,null,null,13598,null,null,null,null,"1Ambientador 1 (Compra)"]
["1KIOS SASAmbientador 1 (Compra)",1,"KIOS SAS","Bien",60,"Ambientador 1 (Compra)",null,null,null,null,13010,null,null,null,null,"1Ambientador 1 (Compra)"]
["1LIMPIEZA INSTITUCIONAL LASU S.A.S.Ambientador 1 (Compra)",1,"LIMPIEZA INSTITUCIONAL LASU S.A.S.","Bien",60,"Ambientador 1 (Compra)",null,null,null,null,6325,null,null,null,null,"1Ambientador 1 (Compra)"]
["1N&R INTEGRAL SERVICE COMPANY S.A.S.Ambientador 1 (Compra)",1,"N&R INTEGRAL SERVICE COMPANY S.A.S.","Bien",60,"Ambientador 1 (Compra)",null,null,null,null,11850,null,null,null,null,"1Ambientador 1 (Compra)"]
["1SOSEGE SASAmbientador 1 (Compra)",1,"SOSEGE SAS","Bien",60,"Ambientador 1 (Compra)",null,null,null,null,15754,null,null,null,null,"1Ambientador 1 (Compra)"]
["1UNION  TEMPORAL LADOINSA 2022Ambientador 1 (Compra)",1,"UNION  TEMPORAL LADOINSA 2022","Bien",60,"Ambientador 1 (Compra)",null,null,null,null,11002,null,null,null,null,"1Ambientador 1 (Compra)"]
["1UNIÓN TEMPORAL ASEO COLOMBIA AMP4Ambientador 1 (Compra)",1,"UNIÓN TEMPORAL ASEO COLOMBIA AMP4","Bien",60,"Ambientador 1 (Compra)",null,null,null,null,12918,null,null,null,null,"1Ambientador 1 (Compra)"]
["1UNIÓN TEMPORAL CCE AMP IV 2022Ambientador 1 (Compra)",1,"UNIÓN TEMPORAL CCE AMP IV 2022","Bien",60,"Ambientador 1 (Compra)",null,null,null,null,10820,null,null,null,null,"1Ambientador 1 (Compra)"]
["1UNION TEMPORAL ECOLIMPIEZA 4GAmbientador 1 (Compra)",1,"UNION TEMPORAL ECOLIMPIEZA 4G","Bien",60,"Ambientador 1 (Compra)",null,null,null,null,8480,null,null,null,null,"1Ambientador 1 (Compra)"]
["1UNIÓN TEMPORAL EMINSER SOLOASEO 2023Ambientador 1 (Compra)",1,"UNIÓN TEMPORAL EMINSER SOLOASEO 2023","Bien",60,"Ambientador 1 (Compra)",null,null,null,null,21146,null,null,null,null,"1Ambientador 1 (Compra)"]
["1UNION TEMPORAL OUTSOURCING GIAFAmbientador 1 (Compra)",1,"UNION TEMPORAL OUTSOURCING GIAF","Bien",60,"Ambientador 1 (Compra)",null,null,null,null,10658,null,null,null,null,"1Ambientador 1 (Compra)"]
["1UNION TEMPORAL R&J 2022Ambientador 1 (Compra)",1,"UNION TEMPORAL R&J 2022","Bien",60,"Ambientador 1 (Compra)",null,null,null,null,9271,null,null,null,null,"1Ambientador 1 (Compra)"]
["1UNION TEMPORAL SERVICIOS INTEGRALESAmbientador 1 (Compra)",1,"UNION TEMPORAL SERVICIOS INTEGRALES","Bien",60,"Ambientador 1 (Compra)",null,null,null,null,12473,null,null,null,null,"1Ambientador 1 (Compra)"]
["1UT EASYCLEAN ASEO PROFESIONALAmbientador 1 (Compra)",1,"UT EASYCLEAN ASEO PROFESIONAL","Bien",60,"Ambientador 1 (Compra)",null,null,null,null,12324,null,null,null,null,"1Ambientador 1 (Compra)"]
["1UT GRUPO ADINAmbientador 1 (Compra)",1,"UT GRUPO ADIN","Bien",60,"Ambientador 1 (Compra)",null,null,null,null,14359,null,null,null,null,"1Ambientador 1 (Compra)"]
["1ASECOLBAS LTDAAmbientador 2 (Compra)",1,"ASECOLBAS LTDA","Bien",61,"Ambientador 2 (Compra)",null,null,null,null,13058,null,null,null,null,"1Ambientador 2 (Compra)"]
["1CLEANER S.A.Ambientador 2 (Compra)",1,"CLEANER S.A.","Bien",61,"Ambientador 2 (Compra)",null,null,null,null,12112,null,null,null,null,"1Ambientador 2 (Compra)"]
["1COMPAÑÍA DE SERVICIOS Y ADMINISTRACIÓN SA SERDAN SAAmbientador 2 (Compra)",1,"COMPAÑÍA DE SERVICIOS Y ADMINISTRACIÓN SA SERDAN SA","Bien",61,"Ambientador 2 (Compra)",null,null,null,null,11808,null,null,null,null,"1Ambientador 2 (Compra)"]
["1CONSERJES INMOBILIARIOS LTDAAmbientador 2 (Compra)",1,"CONSERJES INMOBILIARIOS LTDA","Bien",61,"Ambientador 2 (Compra)",null,null,null,null,13214,null,null,null,null,"1Ambientador 2 (Compra)"]
["1CONSORCIO ELITEAmbientador 2 (Compra)",1,"CONSORCIO ELITE","Bien",61,"Ambientador 2 (Compra)",null,null,null,null,16215,null,null,null,null,"1Ambientador 2 (Compra)"]
["1GRUPO GECAmbientador 2 (Compra)",1,"GRUPO GEC","Bien",61,"Ambientador 2 (Compra)",null,null,null,null,14958,null,null,null,null,"1Ambientador 2 (Compra)"]
["1INCIHUILSA SAS ESPAmbientador 2 (Compra)",1,"INCIHUILSA SAS ESP","Bien",61,"Ambientador 2 (Compra)",null,null,null,null,21192,null,null,null,null,"1Ambientador 2 (Compra)"]
["1INTERASEO S.A.S. E.S.P.Ambientador 2 (Compra)",1,"INTERASEO S.A.S. E.S.P.","Bien",61,"Ambientador 2 (Compra)",null,null,null,null,10260,null,null,null,null,"1Ambientador 2 (Compra)"]
["1KIOS SASAmbientador 2 (Compra)",1,"KIOS SAS","Bien",61,"Ambientador 2 (Compra)",null,null,null,null,15237,null,null,null,null,"1Ambientador 2 (Compra)"]
["1LIMPIEZA INSTITUCIONAL LASU S.A.S.Ambientador 2 (Compra)",1,"LIMPIEZA INSTITUCIONAL LASU S.A.S.","Bien",61,"Ambientador 2 (Compra)",null,null,null,null,8436,null,null,null,null,"1Ambientador 2 (Compra)"]
["1N&R INTEGRAL SERVICE COMPANY S.A.S.Ambientador 2 (Compra)",1,"N&R INTEGRAL SERVICE COMPANY S.A.S.","Bien",61,"Ambientador 2 (Compra)",null,null,null,null,15111,null,null,null,null,"1Ambientador 2 (Compra)"]
["1SOSEGE SASAmbientador 2 (Compra)",1,"SOSEGE SAS","Bien",61,"Ambientador 2 (Compra)",null,null,null,null,12190,null,null,null,null,"1Ambientador 2 (Compra)"]
["1UNION  TEMPORAL LADOINSA 2022Ambientador 2 (Compra)",1,"UNION  TEMPORAL LADOINSA 2022","Bien",61,"Ambientador 2 (Compra)",null,null,null,null,14463,null,null,null,null,"1Ambientador 2 (Compra)"]
["1UNIÓN TEMPORAL ASEO COLOMBIA AMP4Ambientador 2 (Compra)",1,"UNIÓN TEMPORAL ASEO COLOMBIA AMP4","Bien",61,"Ambientador 2 (Compra)",null,null,null,null,11799,null,null,null,null,"1Ambientador 2 (Compra)"]
["1UNIÓN TEMPORAL CCE AMP IV 2022Ambientador 2 (Compra)",1,"UNIÓN TEMPORAL CCE AMP IV 2022","Bien",61,"Ambientador 2 (Compra)",null,null,null,null,14086,null,null,null,null,"1Ambientador 2 (Compra)"]
["1UNION TEMPORAL ECOLIMPIEZA 4GAmbientador 2 (Compra)",1,"UNION TEMPORAL ECOLIMPIEZA 4G","Bien",61,"Ambientador 2 (Compra)",null,null,null,null,10806,null,null,null,null,"1Ambientador 2 (Compra)"]
["1UNIÓN TEMPORAL EMINSER SOLOASEO 2023Ambientador 2 (Compra)",1,"UNIÓN TEMPORAL EMINSER SOLOASEO 2023","Bien",61,"Ambientador 2 (Compra)",null,null,null,null,11386,null,null,null,null,"1Ambientador 2 (Compra)"]
["1UNION TEMPORAL OUTSOURCING GIAFAmbientador 2 (Compra)",1,"UNION TEMPORAL OUTSOURCING GIAF","Bien",61,"Ambientador 2 (Compra)",null,null,null,null,15223,null,null,null,null,"1Ambientador 2 (Compra)"]
["1UNION TEMPORAL R&J 2022Ambientador 2 (Compra)",1,"UNION TEMPORAL R&J 2022","Bien",61,"Ambientador 2 (Compra)",null,null,null,null,12052,null,null,null,null,"1Ambientador 2 (Compra)"]
["1UNION TEMPORAL SERVICIOS INTEGRALESAmbientador 2 (Compra)",1,"UNION TEMPORAL SERVICIOS INTEGRALES","Bien",61,"Ambientador 2 (Compra)",null,null,null,null,15873,null,null,null,null,"1Ambientador 2 (Compra)"]
["1UT EASYCLEAN ASEO PROFESIONALAmbientador 2 (Compra)",1,"UT EASYCLEAN ASEO PROFESIONAL","Bien",61,"Ambientador 2 (Compra)",null,null,null,null,15714,null,null,null,null,"1Ambientador 2 (Compra)"]
["1UT GRUPO ADINAmbientador 2 (Compra)",1,"UT GRUPO ADIN","Bien",61,"Ambientador 2 (Compra)",null,null,null,null,14414,null,null,null,null,"1Ambientador 2 (Compra)"]
["1ASECOLBAS LTDAInsecticida 1 (Compra)",1,"ASECOLBAS LTDA","Bien",62,"Insecticida 1 (Compra)",null,null,null,null,22155,null,null,null,null,"1Insecticida 1 (Compra)"]
["1CLEANER S.A.Insecticida 1 (Compra)",1,"CLEANER S.A.","Bien",62,"Insecticida 1 (Compra)",null,null,null,null,17345,null,null,null,null,"1Insecticida 1 (Compra)"]
["1COMPAÑÍA DE SERVICIOS Y ADMINISTRACIÓN SA SERDAN SAInsecticida 1 (Compra)",1,"COMPAÑÍA DE SERVICIOS Y ADMINISTRACIÓN SA SERDAN SA","Bien",62,"Insecticida 1 (Compra)",null,null,null,null,19563,null,null,null,null,"1Insecticida 1 (Compra)"]
["1CONSERJES INMOBILIARIOS LTDAInsecticida 1 (Compra)",1,"CONSERJES INMOBILIARIOS LTDA","Bien",62,"Insecticida 1 (Compra)",null,null,null,null,21893,null,null,null,null,"1Insecticida 1 (Compra)"]
["1CONSORCIO ELITEInsecticida 1 (Compra)",1,"CONSORCIO ELITE","Bien",62,"Insecticida 1 (Compra)",null,null,null,null,24484,null,null,null,null,"1Insecticida 1 (Compra)"]
["1GRUPO GECInsecticida 1 (Compra)",1,"GRUPO GEC","Bien",62,"Insecticida 1 (Compra)",null,null,null,null,24600,null,null,null,null,"1Insecticida 1 (Compra)"]
["1INCIHUILSA SAS ESPInsecticida 1 (Compra)",1,"INCIHUILSA SAS ESP","Bien",62,"Insecticida 1 (Compra)",null,null,null,null,34866,null,null,null,null,"1Insecticida 1 (Compra)"]
["1INTERASEO S.A.S. E.S.P.Insecticida 1 (Compra)",1,"INTERASEO S.A.S. E.S.P.","Bien",62,"Insecticida 1 (Compra)",null,null,null,null,10137,null,null,null,null,"1Insecticida 1 (Compra)"]
["1KIOS SASInsecticida 1 (Compra)",1,"KIOS SAS","Bien",62,"Insecticida 1 (Compra)",null,null,null,null,22160,null,null,null,null,"1Insecticida 1 (Compra)"]
["1LIMPIEZA INSTITUCIONAL LASU S.A.S.Insecticida 1 (Compra)",1,"LIMPIEZA INSTITUCIONAL LASU S.A.S.","Bien",62,"Insecticida 1 (Compra)",null,null,null,null,12139,null,null,null,null,"1Insecticida 1 (Compra)"]
["1N&R INTEGRAL SERVICE COMPANY S.A.S.Insecticida 1 (Compra)",1,"N&R INTEGRAL SERVICE COMPANY S.A.S.","Bien",62,"Insecticida 1 (Compra)",null,null,null,null,22819,null,null,null,null,"1Insecticida 1 (Compra)"]
["1SOSEGE SASInsecticida 1 (Compra)",1,"SOSEGE SAS","Bien",62,"Insecticida 1 (Compra)",null,null,null,null,23738,null,null,null,null,"1Insecticida 1 (Compra)"]
["1UNION  TEMPORAL LADOINSA 2022Insecticida 1 (Compra)",1,"UNION  TEMPORAL LADOINSA 2022","Bien",62,"Insecticida 1 (Compra)",null,null,null,null,22746,null,null,null,null,"1Insecticida 1 (Compra)"]
["1UNIÓN TEMPORAL ASEO COLOMBIA AMP4Insecticida 1 (Compra)",1,"UNIÓN TEMPORAL ASEO COLOMBIA AMP4","Bien",62,"Insecticida 1 (Compra)",null,null,null,null,22152,null,null,null,null,"1Insecticida 1 (Compra)"]
["1UNIÓN TEMPORAL CCE AMP IV 2022Insecticida 1 (Compra)",1,"UNIÓN TEMPORAL CCE AMP IV 2022","Bien",62,"Insecticida 1 (Compra)",null,null,null,null,15576,null,null,null,null,"1Insecticida 1 (Compra)"]
["1UNION TEMPORAL ECOLIMPIEZA 4GInsecticida 1 (Compra)",1,"UNION TEMPORAL ECOLIMPIEZA 4G","Bien",62,"Insecticida 1 (Compra)",null,null,null,null,12980,null,null,null,null,"1Insecticida 1 (Compra)"]
["1UNIÓN TEMPORAL EMINSER SOLOASEO 2023Insecticida 1 (Compra)",1,"UNIÓN TEMPORAL EMINSER SOLOASEO 2023","Bien",62,"Insecticida 1 (Compra)",null,null,null,null,14841,null,null,null,null,"1Insecticida 1 (Compra)"]
["1UNION TEMPORAL OUTSOURCING GIAFInsecticida 1 (Compra)",1,"UNION TEMPORAL OUTSOURCING GIAF","Bien",62,"Insecticida 1 (Compra)",null,null,null,null,20909,null,null,null,null,"1Insecticida 1 (Compra)"]
["1UNION TEMPORAL R&J 2022Insecticida 1 (Compra)",1,"UNION TEMPORAL R&J 2022","Bien",62,"Insecticida 1 (Compra)",null,null,null,null,19469,null,null,null,null,"1Insecticida 1 (Compra)"]
["1UNION TEMPORAL SERVICIOS INTEGRALESInsecticida 1 (Compra)",1,"UNION TEMPORAL SERVICIOS INTEGRALES","Bien",62,"Insecticida 1 (Compra)",null,null,null,null,23957,null,null,null,null,"1Insecticida 1 (Compra)"]
["1UT EASYCLEAN ASEO PROFESIONALInsecticida 1 (Compra)",1,"UT EASYCLEAN ASEO PROFESIONAL","Bien",62,"Insecticida 1 (Compra)",null,null,null,null,23730,null,null,null,null,"1Insecticida 1 (Compra)"]
["1UT GRUPO ADINInsecticida 1 (Compra)",1,"UT GRUPO ADIN","Bien",62,"Insecticida 1 (Compra)",null,null,null,null,24221,null,null,null,null,"1Insecticida 1 (Compra)"]
["1ASECOLBAS LTDAInsecticida 2 (Compra)",1,"ASECOLBAS LTDA","Bien",63,"Insecticida 2 (Compra)",null,null,null,null,25021,null,null,null,null,"1Insecticida 2 (Compra)"]
["1CLEANER S.A.Insecticida 2 (Compra)",1,"CLEANER S.A.","Bien",63,"Insecticida 2 (Compra)",null,null,null,null,17345,null,null,null,null,"1Insecticida 2 (Compra)"]
["1COMPAÑÍA DE SERVICIOS Y ADMINISTRACIÓN SA SERDAN SAInsecticida 2 (Compra)",1,"COMPAÑÍA DE SERVICIOS Y ADMINISTRACIÓN SA SERDAN SA","Bien",63,"Insecticida 2 (Compra)",null,null,null,null,15799,null,null,null,null,"1Insecticida 2 (Compra)"]
["1CONSERJES INMOBILIARIOS LTDAInsecticida 2 (Compra)",1,"CONSERJES INMOBILIARIOS LTDA","Bien",63,"Insecticida 2 (Compra)",null,null,null,null,25320,null,null,null,null,"1Insecticida 2 (Compra)"]
["1CONSORCIO ELITEInsecticida 2 (Compra)",1,"CONSORCIO ELITE","Bien",63,"Insecticida 2 (Compra)",null,null,null,null,26426,null,null,null,null,"1Insecticida 2 (Compra)"]
["1GRUPO GECInsecticida 2 (Compra)",1,"GRUPO GEC","Bien",63,"Insecticida 2 (Compra)",null,null,null,null,24600,null,null,null,null,"1Insecticida 2 (Compra)"]
["1INCIHUILSA SAS ESPInsecticida 2 (Compra)",1,"INCIHUILSA SAS ESP","Bien",63,"Insecticida 2 (Compra)",null,null,null,null,40440,null,null,null,null,"1Insecticida 2 (Compra)"]
["1INTERASEO S.A.S. E.S.P.Insecticida 2 (Compra)",1,"INTERASEO S.A.S. E.S.P.","Bien",63,"Insecticida 2 (Compra)",null,null,null,null,13845,null,null,null,null,"1Insecticida 2 (Compra)"]
["1KIOS SASInsecticida 2 (Compra)",1,"KIOS SAS","Bien",63,"Insecticida 2 (Compra)",null,null,null,null,20298,null,null,null,null,"1Insecticida 2 (Compra)"]
["1LIMPIEZA INSTITUCIONAL LASU S.A.S.Insecticida 2 (Compra)",1,"LIMPIEZA INSTITUCIONAL LASU S.A.S.","Bien",63,"Insecticida 2 (Compra)",null,null,null,null,12139,null,null,null,null,"1Insecticida 2 (Compra)"]
["1N&R INTEGRAL SERVICE COMPANY S.A.S.Insecticida 2 (Compra)",1,"N&R INTEGRAL SERVICE COMPANY S.A.S.","Bien",63,"Insecticida 2 (Compra)",null,null,null,null,24628,null,null,null,null,"1Insecticida 2 (Compra)"]
["1SOSEGE SASInsecticida 2 (Compra)",1,"SOSEGE SAS","Bien",63,"Insecticida 2 (Compra)",null,null,null,null,24668,null,null,null,null,"1Insecticida 2 (Compra)"]
["1UNION  TEMPORAL LADOINSA 2022Insecticida 2 (Compra)",1,"UNION  TEMPORAL LADOINSA 2022","Bien",63,"Insecticida 2 (Compra)",null,null,null,null,23982,null,null,null,null,"1Insecticida 2 (Compra)"]
["1UNIÓN TEMPORAL ASEO COLOMBIA AMP4Insecticida 2 (Compra)",1,"UNIÓN TEMPORAL ASEO COLOMBIA AMP4","Bien",63,"Insecticida 2 (Compra)",null,null,null,null,22152,null,null,null,null,"1Insecticida 2 (Compra)"]
["1UNIÓN TEMPORAL CCE AMP IV 2022Insecticida 2 (Compra)",1,"UNIÓN TEMPORAL CCE AMP IV 2022","Bien",63,"Insecticida 2 (Compra)",null,null,null,null,15576,null,null,null,null,"1Insecticida 2 (Compra)"]
["1UNION TEMPORAL ECOLIMPIEZA 4GInsecticida 2 (Compra)",1,"UNION TEMPORAL ECOLIMPIEZA 4G","Bien",63,"Insecticida 2 (Compra)",null,null,null,null,12980,null,null,null,null,"1Insecticida 2 (Compra)"]
["1UNIÓN TEMPORAL EMINSER SOLOASEO 2023Insecticida 2 (Compra)",1,"UNIÓN TEMPORAL EMINSER SOLOASEO 2023","Bien",63,"Insecticida 2 (Compra)",null,null,null,null,14841,null,null,null,null,"1Insecticida 2 (Compra)"]
["1UNION TEMPORAL OUTSOURCING GIAFInsecticida 2 (Compra)",1,"UNION TEMPORAL OUTSOURCING GIAF","Bien",63,"Insecticida 2 (Compra)",null,null,null,null,20360,null,null,null,null,"1Insecticida 2 (Compra)"]
["1UNION TEMPORAL R&J 2022Insecticida 2 (Compra)",1,"UNION TEMPORAL R&J 2022","Bien",63,"Insecticida 2 (Compra)",null,null,null,null,19469,null,null,null,null,"1Insecticida 2 (Compra)"]
["1UNION TEMPORAL SERVICIOS INTEGRALESInsecticida 2 (Compra)",1,"UNION TEMPORAL SERVICIOS INTEGRALES","Bien",63,"Insecticida 2 (Compra)",null,null,null,null,25898,null,null,null,null,"1Insecticida 2 (Compra)"]
["1UT EASYCLEAN ASEO PROFESIONALInsecticida 2 (Compra)",1,"UT EASYCLEAN ASEO PROFESIONAL","Bien",63,"Insecticida 2 (Compra)",null,null,null,null,25611,null,null,null,null,"1Insecticida 2 (Compra)"]
["1UT GRUPO ADINInsecticida 2 (Compra)",1,"UT GRUPO ADIN","Bien",63,"Insecticida 2 (Compra)",null,null,null,null,23735,null,null,null,null,"1Insecticida 2 (Compra)"]
["1ASECOLBAS LTDALimpiones 1 (Compra)",1,"ASECOLBAS LTDA","Bien",64,"Limpiones 1 (Compra)",null,null,null,null,4674,null,null,null,null,"1Limpiones 1 (Compra)"]
["1CLEANER S.A.Limpiones 1 (Compra)",1,"CLEANER S.A.","Bien",64,"Limpiones 1 (Compra)",null,null,null,null,3489,null,null,null,null,"1Limpiones 1 (Compra)"]
["1COMPAÑÍA DE SERVICIOS Y ADMINISTRACIÓN SA SERDAN SALimpiones 1 (Compra)",1,"COMPAÑÍA DE SERVICIOS Y ADMINISTRACIÓN SA SERDAN SA","Bien",64,"Limpiones 1 (Compra)",null,null,null,null,3725,null,null,null,null,"1Limpiones 1 (Compra)"]
["1CONSERJES INMOBILIARIOS LTDALimpiones 1 (Compra)",1,"CONSERJES INMOBILIARIOS LTDA","Bien",64,"Limpiones 1 (Compra)",null,null,null,null,4618,null,null,null,null,"1Limpiones 1 (Compra)"]
["1CONSORCIO ELITELimpiones 1 (Compra)",1,"CONSORCIO ELITE","Bien",64,"Limpiones 1 (Compra)",null,null,null,null,5880,null,null,null,null,"1Limpiones 1 (Compra)"]
["1GRUPO GECLimpiones 1 (Compra)",1,"GRUPO GEC","Bien",64,"Limpiones 1 (Compra)",null,null,null,null,5562,null,null,null,null,"1Limpiones 1 (Compra)"]
["1INCIHUILSA SAS ESPLimpiones 1 (Compra)",1,"INCIHUILSA SAS ESP","Bien",64,"Limpiones 1 (Compra)",null,null,null,null,14134,null,null,null,null,"1Limpiones 1 (Compra)"]
["1INTERASEO S.A.S. E.S.P.Limpiones 1 (Compra)",1,"INTERASEO S.A.S. E.S.P.","Bien",64,"Limpiones 1 (Compra)",null,null,null,null,4326,null,null,null,null,"1Limpiones 1 (Compra)"]
["1KIOS SASLimpiones 1 (Compra)",1,"KIOS SAS","Bien",64,"Limpiones 1 (Compra)",null,null,null,null,6020,null,null,null,null,"1Limpiones 1 (Compra)"]
["1LIMPIEZA INSTITUCIONAL LASU S.A.S.Limpiones 1 (Compra)",1,"LIMPIEZA INSTITUCIONAL LASU S.A.S.","Bien",64,"Limpiones 1 (Compra)",null,null,null,null,1314,null,null,null,null,"1Limpiones 1 (Compra)"]
["1N&R INTEGRAL SERVICE COMPANY S.A.S.Limpiones 1 (Compra)",1,"N&R INTEGRAL SERVICE COMPANY S.A.S.","Bien",64,"Limpiones 1 (Compra)",null,null,null,null,5480,null,null,null,null,"1Limpiones 1 (Compra)"]
["1SOSEGE SASLimpiones 1 (Compra)",1,"SOSEGE SAS","Bien",64,"Limpiones 1 (Compra)",null,null,null,null,4242,null,null,null,null,"1Limpiones 1 (Compra)"]
["1UNION  TEMPORAL LADOINSA 2022Limpiones 1 (Compra)",1,"UNION  TEMPORAL LADOINSA 2022","Bien",64,"Limpiones 1 (Compra)",null,null,null,null,5068,null,null,null,null,"1Limpiones 1 (Compra)"]
["1UNIÓN TEMPORAL ASEO COLOMBIA AMP4Limpiones 1 (Compra)",1,"UNIÓN TEMPORAL ASEO COLOMBIA AMP4","Bien",64,"Limpiones 1 (Compra)",null,null,null,null,4759,null,null,null,null,"1Limpiones 1 (Compra)"]
["1UNIÓN TEMPORAL CCE AMP IV 2022Limpiones 1 (Compra)",1,"UNIÓN TEMPORAL CCE AMP IV 2022","Bien",64,"Limpiones 1 (Compra)",null,null,null,null,7468,null,null,null,null,"1Limpiones 1 (Compra)"]
["1UNION TEMPORAL ECOLIMPIEZA 4GLimpiones 1 (Compra)",1,"UNION TEMPORAL ECOLIMPIEZA 4G","Bien",64,"Limpiones 1 (Compra)",null,null,null,null,4884,null,null,null,null,"1Limpiones 1 (Compra)"]
["1UNIÓN TEMPORAL EMINSER SOLOASEO 2023Limpiones 1 (Compra)",1,"UNIÓN TEMPORAL EMINSER SOLOASEO 2023","Bien",64,"Limpiones 1 (Compra)",null,null,null,null,4597,null,null,null,null,"1Limpiones 1 (Compra)"]
["1UNION TEMPORAL OUTSOURCING GIAFLimpiones 1 (Compra)",1,"UNION TEMPORAL OUTSOURCING GIAF","Bien",64,"Limpiones 1 (Compra)",null,null,null,null,4229,null,null,null,null,"1Limpiones 1 (Compra)"]
["1UNION TEMPORAL R&J 2022Limpiones 1 (Compra)",1,"UNION TEMPORAL R&J 2022","Bien",64,"Limpiones 1 (Compra)",null,null,null,null,4265,null,null,null,null,"1Limpiones 1 (Compra)"]
["1UNION TEMPORAL SERVICIOS INTEGRALESLimpiones 1 (Compra)",1,"UNION TEMPORAL SERVICIOS INTEGRALES","Bien",64,"Limpiones 1 (Compra)",null,null,null,null,5785,null,null,null,null,"1Limpiones 1 (Compra)"]
["1UT EASYCLEAN ASEO PROFESIONALLimpiones 1 (Compra)",1,"UT EASYCLEAN ASEO PROFESIONAL","Bien",64,"Limpiones 1 (Compra)",null,null,null,null,5699,null,null,null,null,"1Limpiones 1 (Compra)"]
["1UT GRUPO ADINLimpiones 1 (Compra)",1,"UT GRUPO ADIN","Bien",64,"Limpiones 1 (Compra)",null,null,null,null,4252,null,null,null,null,"1Limpiones 1 (Compra)"]
["1ASECOLBAS LTDALimpiones 2 (Compra)",1,"ASECOLBAS LTDA","Bien",65,"Limpiones 2 (Compra)",null,null,null,null,15835,null,null,null,null,"1Limpiones 2 (Compra)"]
["1CLEANER S.A.Limpiones 2 (Compra)",1,"CLEANER S.A.","Bien",65,"Limpiones 2 (Compra)",null,null,null,null,13989,null,null,null,null,"1Limpiones 2 (Compra)"]
["1COMPAÑÍA DE SERVICIOS Y ADMINISTRACIÓN SA SERDAN SALimpiones 2 (Compra)",1,"COMPAÑÍA DE SERVICIOS Y ADMINISTRACIÓN SA SERDAN SA","Bien",65,"Limpiones 2 (Compra)",null,null,null,null,11083,null,null,null,null,"1Limpiones 2 (Compra)"]
["1CONSERJES INMOBILIARIOS LTDALimpiones 2 (Compra)",1,"CONSERJES INMOBILIARIOS LTDA","Bien",65,"Limpiones 2 (Compra)",null,null,null,null,16025,null,null,null,null,"1Limpiones 2 (Compra)"]
["1CONSORCIO ELITELimpiones 2 (Compra)",1,"CONSORCIO ELITE","Bien",65,"Limpiones 2 (Compra)",null,null,null,null,18102,null,null,null,null,"1Limpiones 2 (Compra)"]
["1GRUPO GECLimpiones 2 (Compra)",1,"GRUPO GEC","Bien",65,"Limpiones 2 (Compra)",null,null,null,null,16071,null,null,null,null,"1Limpiones 2 (Compra)"]
["1INCIHUILSA SAS ESPLimpiones 2 (Compra)",1,"INCIHUILSA SAS ESP","Bien",65,"Limpiones 2 (Compra)",null,null,null,null,16777,null,null,null,null,"1Limpiones 2 (Compra)"]
["1INTERASEO S.A.S. E.S.P.Limpiones 2 (Compra)",1,"INTERASEO S.A.S. E.S.P.","Bien",65,"Limpiones 2 (Compra)",null,null,null,null,9024,null,null,null,null,"1Limpiones 2 (Compra)"]
["1KIOS SASLimpiones 2 (Compra)",1,"KIOS SAS","Bien",65,"Limpiones 2 (Compra)",null,null,null,null,16543,null,null,null,null,"1Limpiones 2 (Compra)"]
["1LIMPIEZA INSTITUCIONAL LASU S.A.S.Limpiones 2 (Compra)",1,"LIMPIEZA INSTITUCIONAL LASU S.A.S.","Bien",65,"Limpiones 2 (Compra)",null,null,null,null,1622,null,null,null,null,"1Limpiones 2 (Compra)"]
["1N&R INTEGRAL SERVICE COMPANY S.A.S.Limpiones 2 (Compra)",1,"N&R INTEGRAL SERVICE COMPANY S.A.S.","Bien",65,"Limpiones 2 (Compra)",null,null,null,null,16872,null,null,null,null,"1Limpiones 2 (Compra)"]
["1SOSEGE SASLimpiones 2 (Compra)",1,"SOSEGE SAS","Bien",65,"Limpiones 2 (Compra)",null,null,null,null,12609,null,null,null,null,"1Limpiones 2 (Compra)"]
["1UNION  TEMPORAL LADOINSA 2022Limpiones 2 (Compra)",1,"UNION  TEMPORAL LADOINSA 2022","Bien",65,"Limpiones 2 (Compra)",null,null,null,null,16565,null,null,null,null,"1Limpiones 2 (Compra)"]
["1UNIÓN TEMPORAL ASEO COLOMBIA AMP4Limpiones 2 (Compra)",1,"UNIÓN TEMPORAL ASEO COLOMBIA AMP4","Bien",65,"Limpiones 2 (Compra)",null,null,null,null,14312,null,null,null,null,"1Limpiones 2 (Compra)"]
["1UNIÓN TEMPORAL CCE AMP IV 2022Limpiones 2 (Compra)",1,"UNIÓN TEMPORAL CCE AMP IV 2022","Bien",65,"Limpiones 2 (Compra)",null,null,null,null,17299,null,null,null,null,"1Limpiones 2 (Compra)"]
["1UNION TEMPORAL ECOLIMPIEZA 4GLimpiones 2 (Compra)",1,"UNION TEMPORAL ECOLIMPIEZA 4G","Bien",65,"Limpiones 2 (Compra)",null,null,null,null,12267,null,null,null,null,"1Limpiones 2 (Compra)"]
["1UNIÓN TEMPORAL EMINSER SOLOASEO 2023Limpiones 2 (Compra)",1,"UNIÓN TEMPORAL EMINSER SOLOASEO 2023","Bien",65,"Limpiones 2 (Compra)",null,null,null,null,11953,null,null,null,null,"1Limpiones 2 (Compra)"]
["1UNION TEMPORAL OUTSOURCING GIAFLimpiones 2 (Compra)",1,"UNION TEMPORAL OUTSOURCING GIAF","Bien",65,"Limpiones 2 (Compra)",null,null,null,null,9761,null,null,null,null,"1Limpiones 2 (Compra)"]
["1UNION TEMPORAL R&J 2022Limpiones 2 (Compra)",1,"UNION TEMPORAL R&J 2022","Bien",65,"Limpiones 2 (Compra)",null,null,null,null,11682,null,null,null,null,"1Limpiones 2 (Compra)"]
["1UNION TEMPORAL SERVICIOS INTEGRALESLimpiones 2 (Compra)",1,"UNION TEMPORAL SERVICIOS INTEGRALES","Bien",65,"Limpiones 2 (Compra)",null,null,null,null,17702,null,null,null,null,"1Limpiones 2 (Compra)"]
["1UT EASYCLEAN ASEO PROFESIONALLimpiones 2 (Compra)",1,"UT EASYCLEAN ASEO PROFESIONAL","Bien",65,"Limpiones 2 (Compra)",null,null,null,null,17545,null,null,null,null,"1Limpiones 2 (Compra)"]
["1UT GRUPO ADINLimpiones 2 (Compra)",1,"UT GRUPO ADIN","Bien",65,"Limpiones 2 (Compra)",null,null,null,null,12520,null,null,null,null,"1Limpiones 2 (Compra)"]
["1ASECOLBAS LTDALimpiones 3 (Compra)",1,"ASECOLBAS LTDA","Bien",66,"Limpiones 3 (Compra)",null,null,null,null,4268,null,null,null,null,"1Limpiones 3 (Compra)"]
["1CLEANER S.A.Limpiones 3 (Compra)",1,"CLEANER S.A.","Bien",66,"Limpiones 3 (Compra)",null,null,null,null,3921,null,null,null,null,"1Limpiones 3 (Compra)"]
["1COMPAÑÍA DE SERVICIOS Y ADMINISTRACIÓN SA SERDAN SALimpiones 3 (Compra)",1,"COMPAÑÍA DE SERVICIOS Y ADMINISTRACIÓN SA SERDAN SA","Bien",66,"Limpiones 3 (Compra)",null,null,null,null,4209,null,null,null,null,"1Limpiones 3 (Compra)"]
["1CONSERJES INMOBILIARIOS LTDALimpiones 3 (Compra)",1,"CONSERJES INMOBILIARIOS LTDA","Bien",66,"Limpiones 3 (Compra)",null,null,null,null,4218,null,null,null,null,"1Limpiones 3 (Compra)"]
["1CONSORCIO ELITELimpiones 3 (Compra)",1,"CONSORCIO ELITE","Bien",66,"Limpiones 3 (Compra)",null,null,null,null,7831,null,null,null,null,"1Limpiones 3 (Compra)"]
["1GRUPO GECLimpiones 3 (Compra)",1,"GRUPO GEC","Bien",66,"Limpiones 3 (Compra)",null,null,null,null,5192,null,null,null,null,"1Limpiones 3 (Compra)"]
["1INCIHUILSA SAS ESPLimpiones 3 (Compra)",1,"INCIHUILSA SAS ESP","Bien",66,"Limpiones 3 (Compra)",null,null,null,null,14134,null,null,null,null,"1Limpiones 3 (Compra)"]
["1INTERASEO S.A.S. E.S.P.Limpiones 3 (Compra)",1,"INTERASEO S.A.S. E.S.P.","Bien",66,"Limpiones 3 (Compra)",null,null,null,null,3832,null,null,null,null,"1Limpiones 3 (Compra)"]
["1KIOS SASLimpiones 3 (Compra)",1,"KIOS SAS","Bien",66,"Limpiones 3 (Compra)",null,null,null,null,6645,null,null,null,null,"1Limpiones 3 (Compra)"]
["1LIMPIEZA INSTITUCIONAL LASU S.A.S.Limpiones 3 (Compra)",1,"LIMPIEZA INSTITUCIONAL LASU S.A.S.","Bien",66,"Limpiones 3 (Compra)",null,null,null,null,1622,null,null,null,null,"1Limpiones 3 (Compra)"]
["1N&R INTEGRAL SERVICE COMPANY S.A.S.Limpiones 3 (Compra)",1,"N&R INTEGRAL SERVICE COMPANY S.A.S.","Bien",66,"Limpiones 3 (Compra)",null,null,null,null,7300,null,null,null,null,"1Limpiones 3 (Compra)"]
["1SOSEGE SASLimpiones 3 (Compra)",1,"SOSEGE SAS","Bien",66,"Limpiones 3 (Compra)",null,null,null,null,4721,null,null,null,null,"1Limpiones 3 (Compra)"]
["1UNION  TEMPORAL LADOINSA 2022Limpiones 3 (Compra)",1,"UNION  TEMPORAL LADOINSA 2022","Bien",66,"Limpiones 3 (Compra)",null,null,null,null,4821,null,null,null,null,"1Limpiones 3 (Compra)"]
["1UNIÓN TEMPORAL ASEO COLOMBIA AMP4Limpiones 3 (Compra)",1,"UNIÓN TEMPORAL ASEO COLOMBIA AMP4","Bien",66,"Limpiones 3 (Compra)",null,null,null,null,4599,null,null,null,null,"1Limpiones 3 (Compra)"]
["1UNIÓN TEMPORAL CCE AMP IV 2022Limpiones 3 (Compra)",1,"UNIÓN TEMPORAL CCE AMP IV 2022","Bien",66,"Limpiones 3 (Compra)",null,null,null,null,7511,null,null,null,null,"1Limpiones 3 (Compra)"]
["1UNION TEMPORAL ECOLIMPIEZA 4GLimpiones 3 (Compra)",1,"UNION TEMPORAL ECOLIMPIEZA 4G","Bien",66,"Limpiones 3 (Compra)",null,null,null,null,5072,null,null,null,null,"1Limpiones 3 (Compra)"]
["1UNIÓN TEMPORAL EMINSER SOLOASEO 2023Limpiones 3 (Compra)",1,"UNIÓN TEMPORAL EMINSER SOLOASEO 2023","Bien",66,"Limpiones 3 (Compra)",null,null,null,null,3677,null,null,null,null,"1Limpiones 3 (Compra)"]
["1UNION TEMPORAL OUTSOURCING GIAFLimpiones 3 (Compra)",1,"UNION TEMPORAL OUTSOURCING GIAF","Bien",66,"Limpiones 3 (Compra)",null,null,null,null,4158,null,null,null,null,"1Limpiones 3 (Compra)"]
["1UNION TEMPORAL R&J 2022Limpiones 3 (Compra)",1,"UNION TEMPORAL R&J 2022","Bien",66,"Limpiones 3 (Compra)",null,null,null,null,4265,null,null,null,null,"1Limpiones 3 (Compra)"]
["1UNION TEMPORAL SERVICIOS INTEGRALESLimpiones 3 (Compra)",1,"UNION TEMPORAL SERVICIOS INTEGRALES","Bien",66,"Limpiones 3 (Compra)",null,null,null,null,7689,null,null,null,null,"1Limpiones 3 (Compra)"]
["1UT EASYCLEAN ASEO PROFESIONALLimpiones 3 (Compra)",1,"UT EASYCLEAN ASEO PROFESIONAL","Bien",66,"Limpiones 3 (Compra)",null,null,null,null,7592,null,null,null,null,"1Limpiones 3 (Compra)"]
["1UT GRUPO ADINLimpiones 3 (Compra)",1,"UT GRUPO ADIN","Bien",66,"Limpiones 3 (Compra)",null,null,null,null,5032,null,null,null,null,"1Limpiones 3 (Compra)"]
["1ASECOLBAS LTDALimpiones 4 (Compra)",1,"ASECOLBAS LTDA","Bien",67,"Limpiones 4 (Compra)",null,null,null,null,14232,null,null,null,null,"1Limpiones 4 (Compra)"]
["1CLEANER S.A.Limpiones 4 (Compra)",1,"CLEANER S.A.","Bien",67,"Limpiones 4 (Compra)",null,null,null,null,7777,null,null,null,null,"1Limpiones 4 (Compra)"]
["1COMPAÑÍA DE SERVICIOS Y ADMINISTRACIÓN SA SERDAN SALimpiones 4 (Compra)",1,"COMPAÑÍA DE SERVICIOS Y ADMINISTRACIÓN SA SERDAN SA","Bien",67,"Limpiones 4 (Compra)",null,null,null,null,8233,null,null,null,null,"1Limpiones 4 (Compra)"]
["1CONSERJES INMOBILIARIOS LTDALimpiones 4 (Compra)",1,"CONSERJES INMOBILIARIOS LTDA","Bien",67,"Limpiones 4 (Compra)",null,null,null,null,14401,null,null,null,null,"1Limpiones 4 (Compra)"]
["1CONSORCIO ELITELimpiones 4 (Compra)",1,"CONSORCIO ELITE","Bien",67,"Limpiones 4 (Compra)",null,null,null,null,17100,null,null,null,null,"1Limpiones 4 (Compra)"]
["1GRUPO GECLimpiones 4 (Compra)",1,"GRUPO GEC","Bien",67,"Limpiones 4 (Compra)",null,null,null,null,16071,null,null,null,null,"1Limpiones 4 (Compra)"]
["1INCIHUILSA SAS ESPLimpiones 4 (Compra)",1,"INCIHUILSA SAS ESP","Bien",67,"Limpiones 4 (Compra)",null,null,null,null,15011,null,null,null,null,"1Limpiones 4 (Compra)"]
["1INTERASEO S.A.S. E.S.P.Limpiones 4 (Compra)",1,"INTERASEO S.A.S. E.S.P.","Bien",67,"Limpiones 4 (Compra)",null,null,null,null,6799,null,null,null,null,"1Limpiones 4 (Compra)"]
["1KIOS SASLimpiones 4 (Compra)",1,"KIOS SAS","Bien",67,"Limpiones 4 (Compra)",null,null,null,null,14659,null,null,null,null,"1Limpiones 4 (Compra)"]
["1LIMPIEZA INSTITUCIONAL LASU S.A.S.Limpiones 4 (Compra)",1,"LIMPIEZA INSTITUCIONAL LASU S.A.S.","Bien",67,"Limpiones 4 (Compra)",null,null,null,null,1314,null,null,null,null,"1Limpiones 4 (Compra)"]
["1N&R INTEGRAL SERVICE COMPANY S.A.S.Limpiones 4 (Compra)",1,"N&R INTEGRAL SERVICE COMPANY S.A.S.","Bien",67,"Limpiones 4 (Compra)",null,null,null,null,15936,null,null,null,null,"1Limpiones 4 (Compra)"]
["1SOSEGE SASLimpiones 4 (Compra)",1,"SOSEGE SAS","Bien",67,"Limpiones 4 (Compra)",null,null,null,null,9557,null,null,null,null,"1Limpiones 4 (Compra)"]
["1UNION  TEMPORAL LADOINSA 2022Limpiones 4 (Compra)",1,"UNION  TEMPORAL LADOINSA 2022","Bien",67,"Limpiones 4 (Compra)",null,null,null,null,15576,null,null,null,null,"1Limpiones 4 (Compra)"]
["1UNIÓN TEMPORAL ASEO COLOMBIA AMP4Limpiones 4 (Compra)",1,"UNIÓN TEMPORAL ASEO COLOMBIA AMP4","Bien",67,"Limpiones 4 (Compra)",null,null,null,null,14312,null,null,null,null,"1Limpiones 4 (Compra)"]
["1UNIÓN TEMPORAL CCE AMP IV 2022Limpiones 4 (Compra)",1,"UNIÓN TEMPORAL CCE AMP IV 2022","Bien",67,"Limpiones 4 (Compra)",null,null,null,null,24626,null,null,null,null,"1Limpiones 4 (Compra)"]
["1UNION TEMPORAL ECOLIMPIEZA 4GLimpiones 4 (Compra)",1,"UNION TEMPORAL ECOLIMPIEZA 4G","Bien",67,"Limpiones 4 (Compra)",null,null,null,null,10150,null,null,null,null,"1Limpiones 4 (Compra)"]
["1UNIÓN TEMPORAL EMINSER SOLOASEO 2023Limpiones 4 (Compra)",1,"UNIÓN TEMPORAL EMINSER SOLOASEO 2023","Bien",67,"Limpiones 4 (Compra)",null,null,null,null,11953,null,null,null,null,"1Limpiones 4 (Compra)"]
["1UNION TEMPORAL OUTSOURCING GIAFLimpiones 4 (Compra)",1,"UNION TEMPORAL OUTSOURCING GIAF","Bien",67,"Limpiones 4 (Compra)",null,null,null,null,9761,null,null,null,null,"1Limpiones 4 (Compra)"]
["1UNION TEMPORAL R&J 2022Limpiones 4 (Compra)",1,"UNION TEMPORAL R&J 2022","Bien",67,"Limpiones 4 (Compra)",null,null,null,null,11682,null,null,null,null,"1Limpiones 4 (Compra)"]
["1UNIÓN TEMPORAL EMINSER SOLOASEO 2023Bayetilla 2 (Compra)",1,"UNIÓN TEMPORAL EMINSER SOLOASEO 2023","Bien",70,"Bayetilla 2 (Compra)",null,null,null,null,9195,null,null,null,null,"1Bayetilla 2 (Compra)"]
["1LIMPIEZA INSTITUCIONAL LASU S.A.S.Estopa (Compra)",1,"LIMPIEZA INSTITUCIONAL LASU S.A.S.","Bien",74,"Estopa (Compra)",null,null,null,null,4543,null,null,null,null,"1Estopa (Compra)"]
["1CLEANER S.A.Esponjilla 2 (Compra)",1,"CLEANER S.A.","Bien",76,"Esponjilla 2 (Compra)",null,null,null,null,747,null,null,null,null,"1Esponjilla 2 (Compra)"]
["1UNION TEMPORAL OUTSOURCING GIAFEscoba 2 (Compra)",1,"UNION TEMPORAL OUTSOURCING GIAF","Bien",83,"Escoba 2 (Compra)",null,null,null,null,3097,null,null,null,null,"1Escoba 2 (Compra)"]
["1LIMPIEZA INSTITUCIONAL LASU S.A.S.Escoba 4 (Compra)",1,"LIMPIEZA INSTITUCIONAL LASU S.A.S.","Bien",85,"Escoba 4 (Compra)",null,null,null,null,4054,null,null,null,null,"1Escoba 4 (Compra)"]
["1COMPAÑÍA DE SERVICIOS Y ADMINISTRACIÓN SA SERDAN SACepillos 3 (Compra)",1,"COMPAÑÍA DE SERVICIOS Y ADMINISTRACIÓN SA SERDAN SA","Bien",91,"Cepillos 3 (Compra)",null,null,null,null,26296,null,null,null,null,"1Cepillos 3 (Compra)"]
["1UNION TEMPORAL OUTSOURCING GIAFTrapero 3 (Compra)",1,"UNION TEMPORAL OUTSOURCING GIAF","Bien",94,"Trapero 3 (Compra)",null,null,null,null,8085,null,null,null,null,"1Trapero 3 (Compra)"]
["1LIMPIEZA INSTITUCIONAL LASU S.A.S.Mango metálico trapero (Compra)",1,"LIMPIEZA INSTITUCIONAL LASU S.A.S.","Bien",96,"Mango metálico trapero (Compra)",null,null,null,null,3799,null,null,null,null,"1Mango metálico trapero (Compra)"]
["1CONSERJES INMOBILIARIOS LTDABoneth 1 (Compra)",1,"CONSERJES INMOBILIARIOS LTDA","Bien",104,"Boneth 1 (Compra)",null,null,null,null,76432,null,null,null,null,"1Boneth 1 (Compra)"]
["1UNION TEMPORAL OUTSOURCING GIAFBoneth 2 (Compra)",1,"UNION TEMPORAL OUTSOURCING GIAF","Bien",105,"Boneth 2 (Compra)",null,null,null,null,90859,null,null,null,null,"1Boneth 2 (Compra)"]
["1N&R INTEGRAL SERVICE COMPANY S.A.S.Bolsas plásticas 7 (Compra)",1,"N&R INTEGRAL SERVICE COMPANY S.A.S.","Bien",111,"Bolsas plásticas 7 (Compra)",null,null,null,null,1687,null,null,null,null,"1Bolsas plásticas 7 (Compra)"]
["1CONSERJES INMOBILIARIOS LTDABolsas plásticas 11 (Compra)",1,"CONSERJES INMOBILIARIOS LTDA","Bien",115,"Bolsas plásticas 11 (Compra)",null,null,null,null,2744,null,null,null,null,"1Bolsas plásticas 11 (Compra)"]
["1UNION TEMPORAL OUTSOURCING GIAFBolsas plásticas 12 (Compra)",1,"UNION TEMPORAL OUTSOURCING GIAF","Bien",116,"Bolsas plásticas 12 (Compra)",null,null,null,null,2293,null,null,null,null,"1Bolsas plásticas 12 (Compra)"]
["1N&R INTEGRAL SERVICE COMPANY S.A.S.Bolsas plásticas 19 (Compra)",1,"N&R INTEGRAL SERVICE COMPANY S.A.S.","Bien",122,"Bolsas plásticas 19 (Compra)",null,null,null,null,5065,null,null,null,null,"1Bolsas plásticas 19 (Compra)"]
["1CONSERJES INMOBILIARIOS LTDABolsas plásticas 23 (Compra)",1,"CONSERJES INMOBILIARIOS LTDA","Bien",126,"Bolsas plásticas 23 (Compra)",null,null,null,null,5749,null,null,null,null,"1Bolsas plásticas 23 (Compra)"]
["1UNION TEMPORAL R&J 2022Guantes 2 (Compra)",1,"UNION TEMPORAL R&J 2022","Bien",131,"Guantes 2 (Compra)",null,null,null,null,5562,null,null,null,null,"1Guantes 2 (Compra)"]
["1SOSEGE SASGuantes 6 (Compra)",1,"SOSEGE SAS","Bien",135,"Guantes 6 (Compra)",null,null,null,null,29814,null,null,null,null,"1Guantes 6 (Compra)"]
["1CONSERJES INMOBILIARIOS LTDAGuantes 8 (Compra)",1,"CONSERJES INMOBILIARIOS LTDA","Bien",137,"Guantes 8 (Compra)",null,null,null,null,24378,null,null,null,null,"1Guantes 8 (Compra)"]
["1UNION TEMPORAL R&J 2022Papel higiénico 2 (Compra)",1,"UNION TEMPORAL R&J 2022","Bien",142,"Papel higiénico 2 (Compra)",null,null,null,null,12052,null,null,null,null,"1Papel higiénico 2 (Compra)"]
["1SOSEGE SASToallas para manos 1 (Compra)",1,"SOSEGE SAS","Bien",146,"Toallas para manos 1 (Compra)",null,null,null,null,24757,null,null,null,null,"1Toallas para manos 1 (Compra)"]
["1CONSORCIO ELITEToallas para manos 7 (Compra)",1,"CONSORCIO ELITE","Bien",152,"Toallas para manos 7 (Compra)",null,null,null,null,41285,null,null,null,null,"1Toallas para manos 7 (Compra)"]
["1UNION TEMPORAL SERVICIOS INTEGRALESVasos biodegradables 1 (Compra)",1,"UNION TEMPORAL SERVICIOS INTEGRALES","Bien",155,"Vasos biodegradables 1 (Compra)",null,null,null,null,10940,null,null,null,null,"1Vasos biodegradables 1 (Compra)"]
["1INCIHUILSA SAS ESPVasos biodegradables 3 (Compra)",1,"INCIHUILSA SAS ESP","Bien",157,"Vasos biodegradables 3 (Compra)",null,null,null,null,14846,null,null,null,null,"1Vasos biodegradables 3 (Compra)"]
["1GRUPO GECFiltro para greca 3 (Compra)",1,"GRUPO GEC","Bien",163,"Filtro para greca 3 (Compra)",null,null,null,null,6551,null,null,null,null,"1Filtro para greca 3 (Compra)"]
["1UT EASYCLEAN ASEO PROFESIONALPapel Aluminio 2 (Compra)",1,"UT EASYCLEAN ASEO PROFESIONAL","Bien",166,"Papel Aluminio 2 (Compra)",null,null,null,null,52640,null,null,null,null,"1Papel Aluminio 2 (Compra)"]
["1UNIÓN TEMPORAL ASEO COLOMBIA AMP4Café 3 (Compra)",1,"UNIÓN TEMPORAL ASEO COLOMBIA AMP4","Bien",172,"Café 3 (Compra)",null,null,null,null,76664,null,null,null,null,"1Café 3 (Compra)"]
["1GRUPO GECCrema para café (Compra)",1,"GRUPO GEC","Bien",174,"Crema para café (Compra)",null,null,null,null,23488,null,null,null,null,"1Crema para café (Compra)"]
["1UT EASYCLEAN ASEO PROFESIONALAzúcar 3 (Compra)",1,"UT EASYCLEAN ASEO PROFESIONAL","Bien",177,"Azúcar 3 (Compra)",null,null,null,null,6031,null,null,null,null,"1Azúcar 3 (Compra)"]
["1UNIÓN TEMPORAL ASEO COLOMBIA AMP4Sal 3 (Compra)",1,"UNIÓN TEMPORAL ASEO COLOMBIA AMP4","Bien",183,"Sal 3 (Compra)",null,null,null,null,1536,null,null,null,null,"1Sal 3 (Compra)"]
["1INCIHUILSA SAS ESPBebida de panela (Compra)",1,"INCIHUILSA SAS ESP","Bien",187,"Bebida de panela (Compra)",null,null,null,null,9713,null,null,null,null,"1Bebida de panela (Compra)"]
["1UT GRUPO ADINAgua potable 3 (Compra)",1,"UT GRUPO ADIN","Bien",192,"Agua potable 3 (Compra)",null,null,null,null,2771,null,null,null,null,"1Agua potable 3 (Compra)"]
["1UNIÓN TEMPORAL ASEO COLOMBIA AMP4Válvula dispensadora para botellón de agua (Compra)",1,"UNIÓN TEMPORAL ASEO COLOMBIA AMP4","Bien",194,"Válvula dispensadora para botellón de agua (Compra)",null,null,null,null,47593,null,null,null,null,"1Válvula dispensadora para botellón de agua (Compra)"]
["1INCIHUILSA SAS ESPBrillador 2 (Compra)",1,"INCIHUILSA SAS ESP","Bien",198,"Brillador 2 (Compra)",null,null,null,null,71617,null,null,null,null,"1Brillador 2 (Compra)"]
["1UT GRUPO ADINRastrillo 1 (Compra)",1,"UT GRUPO ADIN","Bien",203,"Rastrillo 1 (Compra)",null,null,null,null,18451,null,null,null,null,"1Rastrillo 1 (Compra)"]
["1UNIÓN TEMPORAL ASEO COLOMBIA AMP4Recogedor de basura 1 (Compra)",1,"UNIÓN TEMPORAL ASEO COLOMBIA AMP4","Bien",205,"Recogedor de basura 1 (Compra)",null,null,null,null,5167,null,null,null,null,"1Recogedor de basura 1 (Compra)"]
["1INTERASEO S.A.S. E.S.P.Vasos  2 (Compra)",1,"INTERASEO S.A.S. E.S.P.","Bien",213,"Vasos  2 (Compra)",null,null,null,null,3090,null,null,null,null,"1Vasos  2 (Compra)"]
["1UT GRUPO ADINCuchara  (Compra)",1,"UT GRUPO ADIN","Bien",214,"Cuchara  (Compra)",null,null,null,null,3869,null,null,null,null,"1Cuchara  (Compra)"]
["1UNIÓN TEMPORAL CCE AMP IV 2022Platos  1 (Arrendamiento)",1,"UNIÓN TEMPORAL CCE AMP IV 2022","Bien",218,"Platos  1 (Arrendamiento)",null,null,null,null,3677,null,null,null,null,"1Platos  1 (Arrendamiento)"]
["1INTERASEO S.A.S. E.S.P.Platos  4 (Arrendamiento)",1,"INTERASEO S.A.S. E.S.P.","Bien",224,"Platos  4 (Arrendamiento)",null,null,null,null,742,null,null,null,null,"1Platos  4 (Arrendamiento)"]
["1UT GRUPO ADINPlatos  4 (Compra)",1,"UT GRUPO ADIN","Bien",225,"Platos  4 (Compra)",null,null,null,null,14673,null,null,null,null,"1Platos  4 (Compra)"]
["1UNION TEMPORAL ECOLIMPIEZA 4GVajilla  1 (Arrendamiento)",1,"UNION TEMPORAL ECOLIMPIEZA 4G","Bien",233,"Vajilla  1 (Arrendamiento)",null,null,null,null,4629,null,null,null,null,"1Vajilla  1 (Arrendamiento)"]
["1INTERASEO S.A.S. E.S.P.Vajilla  2 (Arrendamiento)",1,"INTERASEO S.A.S. E.S.P.","Bien",235,"Vajilla  2 (Arrendamiento)",null,null,null,null,17924,null,null,null,null,"1Vajilla  2 (Arrendamiento)"]
["1ASECOLBAS LTDAJarra  (Arrendamiento)",1,"ASECOLBAS LTDA","Bien",239,"Jarra  (Arrendamiento)",null,null,null,null,825,null,null,null,null,"1Jarra  (Arrendamiento)"]
["1UNION TEMPORAL ECOLIMPIEZA 4GHaraganes 1  (Compra)",1,"UNION TEMPORAL ECOLIMPIEZA 4G","Bien",244,"Haraganes 1  (Compra)",null,null,null,null,24724,null,null,null,null,"1Haraganes 1  (Compra)"]
["1UNION TEMPORAL ECOLIMPIEZA 4GHaraganes 3  (Compra)",1,"UNION TEMPORAL ECOLIMPIEZA 4G","Bien",246,"Haraganes 3  (Compra)",null,null,null,null,52290,null,null,null,null,"1Haraganes 3  (Compra)"]
["1CLEANER S.A.Plato Biodegradable 1 (Compra)",1,"CLEANER S.A.","Bien",250,"Plato Biodegradable 1 (Compra)",null,null,null,null,670,null,null,null,null,"1Plato Biodegradable 1 (Compra)"]
["1UNIÓN TEMPORAL EMINSER SOLOASEO 2023Terno para café  (Compra)",1,"UNIÓN TEMPORAL EMINSER SOLOASEO 2023","Bien",255,"Terno para café  (Compra)",null,null,null,null,24826,null,null,null,null,"1Terno para café  (Compra)"]
["1LIMPIEZA INSTITUCIONAL LASU S.A.S.Vajilla  4 (Compra)",1,"LIMPIEZA INSTITUCIONAL LASU S.A.S.","Bien",261,"Vajilla  4 (Compra)",null,null,null,null,61845,null,null,null,null,"1Vajilla  4 (Compra)"]
["1COMPAÑÍA DE SERVICIOS Y ADMINISTRACIÓN SA SERDAN SABandeja 1 (Compra)",1,"COMPAÑÍA DE SERVICIOS Y ADMINISTRACIÓN SA SERDAN SA","Bien",265,"Bandeja 1 (Compra)",null,null,null,null,18429,null,null,null,null,"1Bandeja 1 (Compra)"]
["1UNIÓN TEMPORAL EMINSER SOLOASEO 2023Bandeja 2 (Arrendamiento)",1,"UNIÓN TEMPORAL EMINSER SOLOASEO 2023","Bien",266,"Bandeja 2 (Arrendamiento)",null,null,null,null,15323,null,null,null,null,"1Bandeja 2 (Arrendamiento)"]
["1LIMPIEZA INSTITUCIONAL LASU S.A.S.Bandeja 4 (Arrendamiento)",1,"LIMPIEZA INSTITUCIONAL LASU S.A.S.","Bien",270,"Bandeja 4 (Arrendamiento)",null,null,null,null,1683,null,null,null,null,"1Bandeja 4 (Arrendamiento)"]
["1COMPAÑÍA DE SERVICIOS Y ADMINISTRACIÓN SA SERDAN SAOlla 2 (Arrendamiento)",1,"COMPAÑÍA DE SERVICIOS Y ADMINISTRACIÓN SA SERDAN SA","Bien",276,"Olla 2 (Arrendamiento)",null,null,null,null,8639,null,null,null,null,"1Olla 2 (Arrendamiento)"]
["1UNION TEMPORAL OUTSOURCING GIAFCarro exprimidor de trapero 1 (Arrendamiento)",1,"UNION TEMPORAL OUTSOURCING GIAF","Bien",281,"Carro exprimidor de trapero 1 (Arrendamiento)",null,null,null,null,24353,null,null,null,null,"1Carro exprimidor de trapero 1 (Arrendamiento)"]
["1N&R INTEGRAL SERVICE COMPANY S.A.S.Carros para limpieza (Arrendamiento)",1,"N&R INTEGRAL SERVICE COMPANY S.A.S.","Bien",285,"Carros para limpieza (Arrendamiento)",null,null,null,null,57599,null,null,null,null,"1Carros para limpieza (Arrendamiento)"]
["1COMPAÑÍA DE SERVICIOS Y ADMINISTRACIÓN SA SERDAN SACarro de bebidas (Arrendamiento)",1,"COMPAÑÍA DE SERVICIOS Y ADMINISTRACIÓN SA SERDAN SA","Bien",287,"Carro de bebidas (Arrendamiento)",null,null,null,null,78841,null,null,null,null,"1Carro de bebidas (Arrendamiento)"]
["1UNION TEMPORAL OUTSOURCING GIAFEscalera 1 (Compra)",1,"UNION TEMPORAL OUTSOURCING GIAF","Bien",290,"Escalera 1 (Compra)",null,null,null,null,120157,null,null,null,null,"1Escalera 1 (Compra)"]
["1N&R INTEGRAL SERVICE COMPANY S.A.S.Escalera 4 (Compra)",1,"N&R INTEGRAL SERVICE COMPANY S.A.S.","Bien",296,"Escalera 4 (Compra)",null,null,null,null,734695,null,null,null,null,"1Escalera 4 (Compra)"]
["1CONSERJES INMOBILIARIOS LTDAMangueras 2 (Compra)",1,"CONSERJES INMOBILIARIOS LTDA","Bien",302,"Mangueras 2 (Compra)",null,null,null,null,6582,null,null,null,null,"1Mangueras 2 (Compra)"]
["1UNION TEMPORAL R&J 2022Contenedor de basura 1 (Compra)",1,"UNION TEMPORAL R&J 2022","Bien",305,"Contenedor de basura 1 (Compra)",null,null,null,null,37085,null,null,null,null,"1Contenedor de basura 1 (Compra)"]
["1N&R INTEGRAL SERVICE COMPANY S.A.S.Contenedor de basura 3 (Compra)",1,"N&R INTEGRAL SERVICE COMPANY S.A.S.","Bien",307,"Contenedor de basura 3 (Compra)",null,null,null,null,85659,null,null,null,null,"1Contenedor de basura 3 (Compra)"]
["1CONSERJES INMOBILIARIOS LTDAContenedor de basura 9 (Compra)",1,"CONSERJES INMOBILIARIOS LTDA","Bien",313,"Contenedor de basura 9 (Compra)",null,null,null,null,2838,null,null,null,null,"1Contenedor de basura 9 (Compra)"]
["1UNION TEMPORAL R&J 2022Contenedor de basura 12 (Compra)",1,"UNION TEMPORAL R&J 2022","Bien",316,"Contenedor de basura 12 (Compra)",null,null,null,null,107547,null,null,null,null,"1Contenedor de basura 12 (Compra)"]
["1SOSEGE SASContenedor de basura 18 (Compra)",1,"SOSEGE SAS","Bien",322,"Contenedor de basura 18 (Compra)",null,null,null,null,990918,null,null,null,null,"1Contenedor de basura 18 (Compra)"]
["1CONSORCIO ELITEContenedor de basura 22 (Compra)",1,"CONSORCIO ELITE","Bien",326,"Contenedor de basura 22 (Compra)",null,null,null,null,1094995,null,null,null,null,"1Contenedor de basura 22 (Compra)"]
["1UNION TEMPORAL R&J 2022Contenedor de basura 23 (Compra)",1,"UNION TEMPORAL R&J 2022","Bien",327,"Contenedor de basura 23 (Compra)",null,null,null,null,611907,null,null,null,null,"1Contenedor de basura 23 (Compra)"]
["1SOSEGE SASContenedor de basura 29 (Compra)",1,"SOSEGE SAS","Bien",333,"Contenedor de basura 29 (Compra)",null,null,null,null,3411844,null,null,null,null,"1Contenedor de basura 29 (Compra)"]
["1N&R INTEGRAL SERVICE COMPANY S.A.S.Punto Ecológico 1 (Compra)",1,"N&R INTEGRAL SERVICE COMPANY S.A.S.","Bien",335,"Punto Ecológico 1 (Compra)",null,null,null,null,483352,null,null,null,null,"1Punto Ecológico 1 (Compra)"]
["1UT EASYCLEAN ASEO PROFESIONALPapelera 2 (Compra)",1,"UT EASYCLEAN ASEO PROFESIONAL","Bien",342,"Papelera 2 (Compra)",null,null,null,null,89083,null,null,null,null,"1Papelera 2 (Compra)"]
["1UNION  TEMPORAL LADOINSA 2022Papelera 4 (Compra)",1,"UNION  TEMPORAL LADOINSA 2022","Bien",344,"Papelera 4 (Compra)",null,null,null,null,29792,null,null,null,null,"1Papelera 4 (Compra)"]
["1GRUPO GECSeñales peatonales de prevención y atención 2 (Compra)",1,"GRUPO GEC","Bien",348,"Señales peatonales de prevención y atención 2 (Compra)",null,null,null,null,34365,null,null,null,null,"1Señales peatonales de prevención y atención 2 (Compra)"]
["1UT EASYCLEAN ASEO PROFESIONALDispensador de toallas de manos 2 (Compra)",1,"UT EASYCLEAN ASEO PROFESIONAL","Bien",353,"Dispensador de toallas de manos 2 (Compra)",null,null,null,null,95666,null,null,null,null,"1Dispensador de toallas de manos 2 (Compra)"]
["1UNIÓN TEMPORAL ASEO COLOMBIA AMP4Dispensador de jabón líquido 3 (Compra)",1,"UNIÓN TEMPORAL ASEO COLOMBIA AMP4","Bien",357,"Dispensador de jabón líquido 3 (Compra)",null,null,null,null,202431,null,null,null,null,"1Dispensador de jabón líquido 3 (Compra)"]
["1INCIHUILSA SAS ESPGreca para tintos 1 (Arrendamiento)",1,"INCIHUILSA SAS ESP","Bien",363,"Greca para tintos 1 (Arrendamiento)",null,null,null,null,136209,null,null,null,null,"1Greca para tintos 1 (Arrendamiento)"]
["1UT EASYCLEAN ASEO PROFESIONALGreca para tintos 1 (Compra)",1,"UT EASYCLEAN ASEO PROFESIONAL","Bien",364,"Greca para tintos 1 (Compra)",null,null,null,null,1339115,null,null,null,null,"1Greca para tintos 1 (Compra)"]
["1UNIÓN TEMPORAL ASEO COLOMBIA AMP4Greca para tintos 3 (Compra)",1,"UNIÓN TEMPORAL ASEO COLOMBIA AMP4","Bien",368,"Greca para tintos 3 (Compra)",null,null,null,null,934548,null,null,null,null,"1Greca para tintos 3 (Compra)"]
["1INCIHUILSA SAS ESPEstufa 1 (Arrendamiento)",1,"INCIHUILSA SAS ESP","Bien",374,"Estufa 1 (Arrendamiento)",null,null,null,null,39033,null,null,null,null,"1Estufa 1 (Arrendamiento)"]
["1UT GRUPO ADINEstufa 2 (Compra)",1,"UT GRUPO ADIN","Bien",377,"Estufa 2 (Compra)",null,null,null,null,58005,null,null,null,null,"1Estufa 2 (Compra)"]
["1UNIÓN TEMPORAL ASEO COLOMBIA AMP4Extensión eléctrica 2 (Compra)",1,"UNIÓN TEMPORAL ASEO COLOMBIA AMP4","Bien",379,"Extensión eléctrica 2 (Compra)",null,null,null,null,795343,null,null,null,null,"1Extensión eléctrica 2 (Compra)"]
["1INCIHUILSA SAS ESPLavabrilladora de pisos 1 (Compra)",1,"INCIHUILSA SAS ESP","Bien",385,"Lavabrilladora de pisos 1 (Compra)",null,null,null,null,5458597,null,null,null,null,"1Lavabrilladora de pisos 1 (Compra)"]
["1UT GRUPO ADINBrilladora de alta revolución (Arrendamiento)",1,"UT GRUPO ADIN","Bien",388,"Brilladora de alta revolución (Arrendamiento)",null,null,null,null,958036,null,null,null,null,"1Brilladora de alta revolución (Arrendamiento)"]
["1UNIÓN TEMPORAL CCE AMP IV 2022Hidrolavadora Industrial (Arrendamiento)",1,"UNIÓN TEMPORAL CCE AMP IV 2022","Bien",394,"Hidrolavadora Industrial (Arrendamiento)",null,null,null,null,202270,null,null,null,null,"1Hidrolavadora Industrial (Arrendamiento)"]
["1INCIHUILSA SAS ESPSopladora de hojas (Arrendamiento)",1,"INCIHUILSA SAS ESP","Bien",396,"Sopladora de hojas (Arrendamiento)",null,null,null,null,524321,null,null,null,null,"1Sopladora de hojas (Arrendamiento)"]
["1UT GRUPO ADINSonda para inodoro (Compra)",1,"UT GRUPO ADIN","Bien",399,"Sonda para inodoro (Compra)",null,null,null,null,27195,null,null,null,null,"1Sonda para inodoro (Compra)"]
["1UNIÓN TEMPORAL CCE AMP IV 2022Guadañas (Compra)",1,"UNIÓN TEMPORAL CCE AMP IV 2022","Bien",405,"Guadañas (Compra)",null,null,null,null,3677622,null,null,null,null,"1Guadañas (Compra)"]
["2COMPAÑÍA DE SERVICIOS Y ADMINISTRACIÓN SA SERDAN SAJardineria mt2",2,"COMPAÑÍA DE SERVICIOS Y ADMINISTRACIÓN SA SERDAN SA","Servicio","Jardineria mt2","Jardineria mt2",null,null,null,null,2472,null,null,null,null,"2Jardineria mt2"]
["2UT EASYCLEAN ASEO PROFESIONALOperario auxiliar",2,"UT EASYCLEAN ASEO PROFESIONAL","Servicio","Operario auxiliar","Operario auxiliar",null,null,null,null,2465868,null,null,null,null,"2Operario auxiliar"]
["2INTERASEO S.A.S. E.S.P.Jardinero",2,"INTERASEO S.A.S. E.S.P.","Servicio","Jardinero","Jardinero",null,null,null,null,2465868,null,null,null,null,"2Jardinero"]
["2SERVITALENTOSJardinero capacitado para trabajo en alturas",2,"SERVITALENTOS","Servicio","Jardinero capacitado para trabajo en alturas","Jardinero capacitado para trabajo en alturas",null,null,null,null,2465868,null,null,null,null,"2Jardinero capacitado para trabajo en alturas"]
["2INCIHUILSA SAS ESPTurno coordinador de trabajo en alturas nivel básico",2,"INCIHUILSA SAS ESP","Servicio","Turno coordinador de trabajo en alturas nivel básico","Turno coordinador de trabajo en alturas nivel básico",null,null,null,null,82196,null,null,null,null,"2Turno coordinador de trabajo en alturas nivel básico"]
["2CLEANER S.A.Operario de mantenimiento capacitado para trabajo en alturas MT",2,"CLEANER S.A.","Servicio","Operario de mantenimiento capacitado para trabajo en alturas MT","Operario de mantenimiento capacitado para trabajo en alturas MT",null,null,null,null,1527017,null,null,null,null,"2Operario de mantenimiento capacitado para trabajo en alturas MT"]
["2CONSORCIO ELITECoordinador de trabajo en alturas MT",2,"CONSORCIO ELITE","Servicio","Coordinador de trabajo en alturas MT","Coordinador de trabajo en alturas MT",null,null,null,null,3242435,null,null,null,null,"2Coordinador de trabajo en alturas MT"]
["2UNIÓN TEMPORAL ASEO COLOMBIA AMP4Jabón para loza 1 (Compra)",2,"UNIÓN TEMPORAL ASEO COLOMBIA AMP4","Bien",1,"Jabón para loza 1 (Compra)",null,null,null,null,20274,null,null,null,null,"2Jabón para loza 1 (Compra)"]
["2UNION TEMPORAL ECOLIMPIEZA 4GJabón para loza 4 (Compra)",2,"UNION TEMPORAL ECOLIMPIEZA 4G","Bien",4,"Jabón para loza 4 (Compra)",null,null,null,null,7356,null,null,null,null,"2Jabón para loza 4 (Compra)"]
["2UNION  TEMPORAL LADOINSA 2022Jabón de tocador 2 (Compra)",2,"UNION  TEMPORAL LADOINSA 2022","Bien",9,"Jabón de tocador 2 (Compra)",null,null,null,null,97287,null,null,null,null,"2Jabón de tocador 2 (Compra)"]
["2INTERASEO S.A.S. E.S.P.Dispensador de gel antibacterial para manos (Compra)",2,"INTERASEO S.A.S. E.S.P.","Bien",14,"Dispensador de gel antibacterial para manos (Compra)",null,null,null,null,5934,null,null,null,null,"2Dispensador de gel antibacterial para manos (Compra)"]
["2SERVITALENTOSLimpiador multiusos 3 (Compra)",2,"SERVITALENTOS","Bien",17,"Limpiador multiusos 3 (Compra)",null,null,null,null,4212,null,null,null,null,"2Limpiador multiusos 3 (Compra)"]
["2UNION TEMPORAL R&J 2022Limpiador desinfectante para pisos (Compra)",2,"UNION TEMPORAL R&J 2022","Bien",18,"Limpiador desinfectante para pisos (Compra)",null,null,null,null,9271,null,null,null,null,"2Limpiador desinfectante para pisos (Compra)"]
["2UT EASYCLEAN ASEO PROFESIONALDetergente multiusos en polvo (Compra)",2,"UT EASYCLEAN ASEO PROFESIONAL","Bien",21,"Detergente multiusos en polvo (Compra)",null,null,null,null,9840,null,null,null,null,"2Detergente multiusos en polvo (Compra)"]
["2UNIÓN TEMPORAL EMINSER SOLOASEO 2023Pastilla desinfectante para sanitario (Compra)",2,"UNIÓN TEMPORAL EMINSER SOLOASEO 2023","Bien",26,"Pastilla desinfectante para sanitario (Compra)",null,null,null,null,6604,null,null,null,null,"2Pastilla desinfectante para sanitario (Compra)"]
["2UNION TEMPORAL  CONASEAR Blanqueador o hipoclorito 2 (Compra)",2,"UNION TEMPORAL  CONASEAR ","Bien",31,"Blanqueador o hipoclorito 2 (Compra)",null,null,null,null,3889,null,null,null,null,"2Blanqueador o hipoclorito 2 (Compra)"]
["2UNION TEMPORAL CLEAN COLOMBIAAlcohol industrial 2 (Compra)",2,"UNION TEMPORAL CLEAN COLOMBIA","Bien",34,"Alcohol industrial 2 (Compra)",null,null,null,null,9715,null,null,null,null,"2Alcohol industrial 2 (Compra)"]
["2BRILLASEO S.A.SCreolina 2 (Compra)",2,"BRILLASEO S.A.S","Bien",36,"Creolina 2 (Compra)",null,null,null,null,20728,null,null,null,null,"2Creolina 2 (Compra)"]
["2UNION TEMPORAL SERVIASEAMOSChampú para alfombras y tapizados 2 (Compra)",2,"UNION TEMPORAL SERVIASEAMOS","Bien",40,"Champú para alfombras y tapizados 2 (Compra)",null,null,null,null,25624,null,null,null,null,"2Champú para alfombras y tapizados 2 (Compra)"]
["2UT GRUPO ADINCrema para cuero (Compra)",2,"UT GRUPO ADIN","Bien",43,"Crema para cuero (Compra)",null,null,null,null,14273,null,null,null,null,"2Crema para cuero (Compra)"]
["2INTERNEGOCIOS SASCera emulsionada Neutra (Compra)",2,"INTERNEGOCIOS SAS","Bien",45,"Cera emulsionada Neutra (Compra)",null,null,null,null,8689,null,null,null,null,"2Cera emulsionada Neutra (Compra)"]
["2UNION TEMPORAL SERVICIOS INTEGRALESAbrillantador para piso laminado (Compra)",2,"UNION TEMPORAL SERVICIOS INTEGRALES","Bien",51,"Abrillantador para piso laminado (Compra)",null,null,null,null,34514,null,null,null,null,"2Abrillantador para piso laminado (Compra)"]
["2INCIHUILSA SAS ESPJabón neutro para pisos 2 (Compra)",2,"INCIHUILSA SAS ESP","Bien",53,"Jabón neutro para pisos 2 (Compra)",null,null,null,null,309044,null,null,null,null,"2Jabón neutro para pisos 2 (Compra)"]
["2CLEANER S.A.Brillametal líquido (Compra)",2,"CLEANER S.A.","Bien",58,"Brillametal líquido (Compra)",null,null,null,null,11382,null,null,null,null,"2Brillametal líquido (Compra)"]
["2CONSORCIO ELITEAmbientador 2 (Compra)",2,"CONSORCIO ELITE","Bien",61,"Ambientador 2 (Compra)",null,null,null,null,15626,null,null,null,null,"2Ambientador 2 (Compra)"]
["2UNIÓN TEMPORAL ASEO COLOMBIA AMP4Insecticida 1 (Compra)",2,"UNIÓN TEMPORAL ASEO COLOMBIA AMP4","Bien",62,"Insecticida 1 (Compra)",null,null,null,null,22152,null,null,null,null,"2Insecticida 1 (Compra)"]
["2COMPAÑÍA DE SERVICIOS Y ADMINISTRACIÓN SA SERDAN SABayetilla 1 (Compra)",2,"COMPAÑÍA DE SERVICIOS Y ADMINISTRACIÓN SA SERDAN SA","Bien",69,"Bayetilla 1 (Compra)",null,null,null,null,6837,null,null,null,null,"2Bayetilla 1 (Compra)"]
["2UNION TEMPORAL ECOLIMPIEZA 4GPaño absorbente multiusos 1 (Compra)",2,"UNION TEMPORAL ECOLIMPIEZA 4G","Bien",72,"Paño absorbente multiusos 1 (Compra)",null,null,null,null,2764,null,null,null,null,"2Paño absorbente multiusos 1 (Compra)"]
["2INTERNEGOCIOS SASEsponjilla 1 (Compra)",2,"INTERNEGOCIOS SAS","Bien",75,"Esponjilla 1 (Compra)",null,null,null,null,751,null,null,null,null,"2Esponjilla 1 (Compra)"]
["2SOSEGE SASEsponjilla 4 (Compra)",2,"SOSEGE SAS","Bien",78,"Esponjilla 4 (Compra)",null,null,null,null,1432,null,null,null,null,"2Esponjilla 4 (Compra)"]
["2UNION TEMPORAL SERVIASEAMOSEsponjilla 5 (Compra)",2,"UNION TEMPORAL SERVIASEAMOS","Bien",79,"Esponjilla 5 (Compra)",null,null,null,null,476,null,null,null,null,"2Esponjilla 5 (Compra)"]
["2UNION TEMPORAL CLEAN COLOMBIAEscoba 3 (Compra)",2,"UNION TEMPORAL CLEAN COLOMBIA","Bien",84,"Escoba 3 (Compra)",null,null,null,null,5535,null,null,null,null,"2Escoba 3 (Compra)"]
["2UNION TEMPORAL OUTSOURCING GIAFMango metálico escoba 1 (Compra)",2,"UNION TEMPORAL OUTSOURCING GIAF","Bien",87,"Mango metálico escoba 1 (Compra)",null,null,null,null,5342,null,null,null,null,"2Mango metálico escoba 1 (Compra)"]
["2UNIÓN TEMPORAL ASEO COLOMBIA AMP4Trapero 1 (Compra)",2,"UNIÓN TEMPORAL ASEO COLOMBIA AMP4","Bien",92,"Trapero 1 (Compra)",null,null,null,null,6799,null,null,null,null,"2Trapero 1 (Compra)"]
["2UNION TEMPORAL ECOLIMPIEZA 4GTrapero 4 (Compra)",2,"UNION TEMPORAL ECOLIMPIEZA 4G","Bien",95,"Trapero 4 (Compra)",null,null,null,null,11937,null,null,null,null,"2Trapero 4 (Compra)"]
["2CLEANER S.A.Mango madera trapero (Compra)",2,"CLEANER S.A.","Bien",97,"Mango madera trapero (Compra)",null,null,null,null,2118,null,null,null,null,"2Mango madera trapero (Compra)"]
["2UNION TEMPORAL SERVICIOS INTEGRALESPads 3 (Compra)",2,"UNION TEMPORAL SERVICIOS INTEGRALES","Bien",101,"Pads 3 (Compra)",null,null,null,null,42450,null,null,null,null,"2Pads 3 (Compra)"]
["2ASECOLBAS LTDABoneth 2 (Compra)",2,"ASECOLBAS LTDA","Bien",105,"Boneth 2 (Compra)",null,null,null,null,89919,null,null,null,null,"2Boneth 2 (Compra)"]
["2UNION TEMPORAL R&J 2022Bolsas plásticas 4 (Compra)",2,"UNION TEMPORAL R&J 2022","Bien",109,"Bolsas plásticas 4 (Compra)",null,null,null,null,1374,null,null,null,null,"2Bolsas plásticas 4 (Compra)"]
["2CONSORCIO ELITEBolsas plásticas 7 (Compra)",2,"CONSORCIO ELITE","Bien",111,"Bolsas plásticas 7 (Compra)",null,null,null,null,1744,null,null,null,null,"2Bolsas plásticas 7 (Compra)"]
["2INTERASEO S.A.S. E.S.P.Bolsas plásticas 10 (Compra)",2,"INTERASEO S.A.S. E.S.P.","Bien",114,"Bolsas plásticas 10 (Compra)",null,null,null,null,1416,null,null,null,null,"2Bolsas plásticas 10 (Compra)"]
["2COMPAÑÍA DE SERVICIOS Y ADMINISTRACIÓN SA SERDAN SABolsas plásticas 16 (Compra)",2,"COMPAÑÍA DE SERVICIOS Y ADMINISTRACIÓN SA SERDAN SA","Bien",119,"Bolsas plásticas 16 (Compra)",null,null,null,null,3926,null,null,null,null,"2Bolsas plásticas 16 (Compra)"]
["2GRUPO GECBolsas plásticas 19 (Compra)",2,"GRUPO GEC","Bien",122,"Bolsas plásticas 19 (Compra)",null,null,null,null,3956,null,null,null,null,"2Bolsas plásticas 19 (Compra)"]
["2BRILLASEO S.A.SBolsas plásticas 24 (Compra)",2,"BRILLASEO S.A.S","Bien",127,"Bolsas plásticas 24 (Compra)",null,null,null,null,9021,null,null,null,null,"2Bolsas plásticas 24 (Compra)"]
["2SERVITALENTOSBolsas plásticas 25 (Compra)",2,"SERVITALENTOS","Bien",128,"Bolsas plásticas 25 (Compra)",null,null,null,null,8299,null,null,null,null,"2Bolsas plásticas 25 (Compra)"]
["2UNION TEMPORAL  CONASEAR Guantes 2 (Compra)",2,"UNION TEMPORAL  CONASEAR ","Bien",131,"Guantes 2 (Compra)",null,null,null,null,5048,null,null,null,null,"2Guantes 2 (Compra)"]
["2INTERNEGOCIOS SASGuantes 7 (Compra)",2,"INTERNEGOCIOS SAS","Bien",136,"Guantes 7 (Compra)",null,null,null,null,6618,null,null,null,null,"2Guantes 7 (Compra)"]
["2SOSEGE SASTapabocas 1 (Compra)",2,"SOSEGE SAS","Bien",139,"Tapabocas 1 (Compra)",null,null,null,null,20287,null,null,null,null,"2Tapabocas 1 (Compra)"]
["2INCIHUILSA SAS ESPPapel higiénico 4 (Compra)",2,"INCIHUILSA SAS ESP","Bien",144,"Papel higiénico 4 (Compra)",null,null,null,null,34572,null,null,null,null,"2Papel higiénico 4 (Compra)"]
["2UNION TEMPORAL SERVICIOS INTEGRALESPapel higiénico 4 (Compra)",2,"UNION TEMPORAL SERVICIOS INTEGRALES","Bien",144,"Papel higiénico 4 (Compra)",null,null,null,null,18147,null,null,null,null,"2Papel higiénico 4 (Compra)"]
["2UNION TEMPORAL R&J 2022Toallas para manos 3 (Compra)",2,"UNION TEMPORAL R&J 2022","Bien",148,"Toallas para manos 3 (Compra)",null,null,null,null,27072,null,null,null,null,"2Toallas para manos 3 (Compra)"]
["2UNIÓN TEMPORAL CCE AMP IV 2022Toallas para manos 8 (Compra)",2,"UNIÓN TEMPORAL CCE AMP IV 2022","Bien",153,"Toallas para manos 8 (Compra)",null,null,null,null,40601,null,null,null,null,"2Toallas para manos 8 (Compra)"]
["2ASECOLBAS LTDAVasos biodegradables 1 (Compra)",2,"ASECOLBAS LTDA","Bien",155,"Vasos biodegradables 1 (Compra)",null,null,null,null,8015,null,null,null,null,"2Vasos biodegradables 1 (Compra)"]
["2UNION TEMPORAL  CONASEAR Filtro para greca 1 (Compra)",2,"UNION TEMPORAL  CONASEAR ","Bien",161,"Filtro para greca 1 (Compra)",null,null,null,null,3337,null,null,null,null,"2Filtro para greca 1 (Compra)"]
["2UT EASYCLEAN ASEO PROFESIONALFiltro para greca 2 (Compra)",2,"UT EASYCLEAN ASEO PROFESIONAL","Bien",162,"Filtro para greca 2 (Compra)",null,null,null,null,5075,null,null,null,null,"2Filtro para greca 2 (Compra)"]
["2BRILLASEO S.A.SPapel Aluminio 2 (Compra)",2,"BRILLASEO S.A.S","Bien",166,"Papel Aluminio 2 (Compra)",null,null,null,null,44035,null,null,null,null,"2Papel Aluminio 2 (Compra)"]
["2UNION TEMPORAL SERVIASEAMOSCafé 1 (Compra)",2,"UNION TEMPORAL SERVIASEAMOS","Bien",170,"Café 1 (Compra)",null,null,null,null,49802,null,null,null,null,"2Café 1 (Compra)"]
["2GRUPO GECCafé 3 (Compra)",2,"GRUPO GEC","Bien",172,"Café 3 (Compra)",null,null,null,null,66754,null,null,null,null,"2Café 3 (Compra)"]
["2UNION TEMPORAL OUTSOURCING GIAFAzúcar 4 (Compra)",2,"UNION TEMPORAL OUTSOURCING GIAF","Bien",178,"Azúcar 4 (Compra)",null,null,null,null,6061,null,null,null,null,"2Azúcar 4 (Compra)"]
["2CONSERJES INMOBILIARIOS LTDAPanela (Compra)",2,"CONSERJES INMOBILIARIOS LTDA","Bien",180,"Panela (Compra)",null,null,null,null,9892,null,null,null,null,"2Panela (Compra)"]
["2INCIHUILSA SAS ESPSal 3 (Compra)",2,"INCIHUILSA SAS ESP","Bien",183,"Sal 3 (Compra)",null,null,null,null,2416,null,null,null,null,"2Sal 3 (Compra)"]
["2CLEANER S.A.Té (Compra)",2,"CLEANER S.A.","Bien",188,"Té (Compra)",null,null,null,null,10827,null,null,null,null,"2Té (Compra)"]
["2SOSEGE SASInfusión frutal (Compra)",2,"SOSEGE SAS","Bien",189,"Infusión frutal (Compra)",null,null,null,null,10347,null,null,null,null,"2Infusión frutal (Compra)"]
["2ASECOLBAS LTDACepillo para paredes y techos (Compra)",2,"ASECOLBAS LTDA","Bien",196,"Cepillo para paredes y techos (Compra)",null,null,null,null,11869,null,null,null,null,"2Cepillo para paredes y techos (Compra)"]
["2LIMPIEZA INSTITUCIONAL LASU S.A.S.Brillador 1 (Compra)",2,"LIMPIEZA INSTITUCIONAL LASU S.A.S.","Bien",197,"Brillador 1 (Compra)",null,null,null,null,64378,null,null,null,null,"2Brillador 1 (Compra)"]
["2CONSORCIO ELITEPlumero o limpia polvo (Compra)",2,"CONSORCIO ELITE","Bien",202,"Plumero o limpia polvo (Compra)",null,null,null,null,15595,null,null,null,null,"2Plumero o limpia polvo (Compra)"]
["2INTERASEO S.A.S. E.S.P.Recogedor de basura 1 (Compra)",2,"INTERASEO S.A.S. E.S.P.","Bien",205,"Recogedor de basura 1 (Compra)",null,null,null,null,4698,null,null,null,null,"2Recogedor de basura 1 (Compra)"]
["2UNION TEMPORAL ECOLIMPIEZA 4GRecogedor de basura 2 (Compra)",2,"UNION TEMPORAL ECOLIMPIEZA 4G","Bien",206,"Recogedor de basura 2 (Compra)",null,null,null,null,22066,null,null,null,null,"2Recogedor de basura 2 (Compra)"]
["2UNION TEMPORAL R&J 2022Caneca para almacenar ropa sucia  (Compra)",2,"UNION TEMPORAL R&J 2022","Bien",209,"Caneca para almacenar ropa sucia  (Compra)",null,null,null,null,40794,null,null,null,null,"2Caneca para almacenar ropa sucia  (Compra)"]
["2UNIÓN TEMPORAL CCE AMP IV 2022Cuchara  (Compra)",2,"UNIÓN TEMPORAL CCE AMP IV 2022","Bien",214,"Cuchara  (Compra)",null,null,null,null,5518,null,null,null,null,"2Cuchara  (Compra)"]
["2SERVITALENTOSPlatos  1 (Compra)",2,"SERVITALENTOS","Bien",219,"Platos  1 (Compra)",null,null,null,null,24402,null,null,null,null,"2Platos  1 (Compra)"]
["2ASECOLBAS LTDAPlatos  2 (Arrendamiento)",2,"ASECOLBAS LTDA","Bien",220,"Platos  2 (Arrendamiento)",null,null,null,null,9143,null,null,null,null,"2Platos  2 (Arrendamiento)"]
["2UT GRUPO ADINPlatos  3 (Compra)",2,"UT GRUPO ADIN","Bien",223,"Platos  3 (Compra)",null,null,null,null,9372,null,null,null,null,"2Platos  3 (Compra)"]
["2UNION TEMPORAL OUTSOURCING GIAFPocillos  (Arrendamiento)",2,"UNION TEMPORAL OUTSOURCING GIAF","Bien",228,"Pocillos  (Arrendamiento)",null,null,null,null,1522,null,null,null,null,"2Pocillos  (Arrendamiento)"]
["2UNION TEMPORAL SERVICIOS INTEGRALESTerno para café (Arrendamiento)",2,"UNION TEMPORAL SERVICIOS INTEGRALES","Bien",231,"Terno para café (Arrendamiento)",null,null,null,null,3659,null,null,null,null,"2Terno para café (Arrendamiento)"]
["2UNION TEMPORAL ECOLIMPIEZA 4GVajilla  2 (Compra)",2,"UNION TEMPORAL ECOLIMPIEZA 4G","Bien",236,"Vajilla  2 (Compra)",null,null,null,null,114840,null,null,null,null,"2Vajilla  2 (Compra)"]
["2UNION TEMPORAL R&J 2022Jarra  (Arrendamiento)",2,"UNION TEMPORAL R&J 2022","Bien",239,"Jarra  (Arrendamiento)",null,null,null,null,15761,null,null,null,null,"2Jarra  (Arrendamiento)"]
["2CONSORCIO ELITECombustible para Cortadora de césped, sopladora de hojas y guadañas (Compra)",2,"CONSORCIO ELITE","Bien",241,"Combustible para Cortadora de césped, sopladora de hojas y guadañas (Compra)",null,null,null,null,21993,null,null,null,null,"2Combustible para Cortadora de césped, sopladora de hojas y guadañas (Compra)"]
["2ASECOLBAS LTDAHaraganes 3  (Compra)",2,"ASECOLBAS LTDA","Bien",246,"Haraganes 3  (Compra)",null,null,null,null,44508,null,null,null,null,"2Haraganes 3  (Compra)"]
["2COMPAÑÍA DE SERVICIOS Y ADMINISTRACIÓN SA SERDAN SABalde (Compra)",2,"COMPAÑÍA DE SERVICIOS Y ADMINISTRACIÓN SA SERDAN SA","Bien",249,"Balde (Compra)",null,null,null,null,7171,null,null,null,null,"2Balde (Compra)"]
["2UT EASYCLEAN ASEO PROFESIONALPocillos 1 (Compra)",2,"UT EASYCLEAN ASEO PROFESIONAL","Bien",253,"Pocillos 1 (Compra)",null,null,null,null,16778,null,null,null,null,"2Pocillos 1 (Compra)"]
["2BRILLASEO S.A.SCafetera 1 (Compra)",2,"BRILLASEO S.A.S","Bien",257,"Cafetera 1 (Compra)",null,null,null,null,259331,null,null,null,null,"2Cafetera 1 (Compra)"]
["2SERVITALENTOSVajilla  3 (Arrendamiento)",2,"SERVITALENTOS","Bien",258,"Vajilla  3 (Arrendamiento)",null,null,null,null,72081,null,null,null,null,"2Vajilla  3 (Arrendamiento)"]
["2GRUPO GECPortavasos (Compra)",2,"GRUPO GEC","Bien",263,"Portavasos (Compra)",null,null,null,null,6923,null,null,null,null,"2Portavasos (Compra)"]
["2INTERNEGOCIOS SASBandeja 2 (Arrendamiento)",2,"INTERNEGOCIOS SAS","Bien",266,"Bandeja 2 (Arrendamiento)",null,null,null,null,4907,null,null,null,null,"2Bandeja 2 (Arrendamiento)"]
["2CONSERJES INMOBILIARIOS LTDABandeja 4 (Compra)",2,"CONSERJES INMOBILIARIOS LTDA","Bien",271,"Bandeja 4 (Compra)",null,null,null,null,251,null,null,null,null,"2Bandeja 4 (Compra)"]
["2UNION TEMPORAL  CONASEAR Olleta (Arrendamiento)",2,"UNION TEMPORAL  CONASEAR ","Bien",272,"Olleta (Arrendamiento)",null,null,null,null,3647,null,null,null,null,"2Olleta (Arrendamiento)"]
["2UNION TEMPORAL CLEAN COLOMBIAOlla 1 (Compra)",2,"UNION TEMPORAL CLEAN COLOMBIA","Bien",275,"Olla 1 (Compra)",null,null,null,null,39264,null,null,null,null,"2Olla 1 (Compra)"]
["2SOSEGE SASSoporte para Botellón de agua (Compra)",2,"SOSEGE SAS","Bien",280,"Soporte para Botellón de agua (Compra)",null,null,null,null,20801,null,null,null,null,"2Soporte para Botellón de agua (Compra)"]
["2UNIÓN TEMPORAL ASEO COLOMBIA AMP4Carro exprimidor de trapero 2 (Arrendamiento)",2,"UNIÓN TEMPORAL ASEO COLOMBIA AMP4","Bien",283,"Carro exprimidor de trapero 2 (Arrendamiento)",null,null,null,null,85702,null,null,null,null,"2Carro exprimidor de trapero 2 (Arrendamiento)"]
["2LIMPIEZA INSTITUCIONAL LASU S.A.S.Carro de bebidas (Compra)",2,"LIMPIEZA INSTITUCIONAL LASU S.A.S.","Bien",288,"Carro de bebidas (Compra)",null,null,null,null,350036,null,null,null,null,"2Carro de bebidas (Compra)"]
["2UNION TEMPORAL OUTSOURCING GIAFEscalera 1 (Arrendamiento)",2,"UNION TEMPORAL OUTSOURCING GIAF","Bien",289,"Escalera 1 (Arrendamiento)",null,null,null,null,8566,null,null,null,null,"2Escalera 1 (Arrendamiento)"]
["2UNION TEMPORAL SERVICIOS INTEGRALESEscalera 2 (Compra)",2,"UNION TEMPORAL SERVICIOS INTEGRALES","Bien",292,"Escalera 2 (Compra)",null,null,null,null,254442,null,null,null,null,"2Escalera 2 (Compra)"]
["2UNION TEMPORAL CLEAN COLOMBIAEscalera 4 (Arrendamiento)",2,"UNION TEMPORAL CLEAN COLOMBIA","Bien",295,"Escalera 4 (Arrendamiento)",null,null,null,null,43238,null,null,null,null,"2Escalera 4 (Arrendamiento)"]
["2COMPAÑÍA DE SERVICIOS Y ADMINISTRACIÓN SA SERDAN SAMangueras 1 (Arrendamiento)",2,"COMPAÑÍA DE SERVICIOS Y ADMINISTRACIÓN SA SERDAN SA","Bien",299,"Mangueras 1 (Arrendamiento)",null,null,null,null,17677,null,null,null,null,"2Mangueras 1 (Arrendamiento)"]
["2GRUPO GECMangueras 2 (Compra)",2,"GRUPO GEC","Bien",302,"Mangueras 2 (Compra)",null,null,null,null,102603,null,null,null,null,"2Mangueras 2 (Compra)"]
["2BRILLASEO S.A.SContenedor de basura 3 (Compra)",2,"BRILLASEO S.A.S","Bien",307,"Contenedor de basura 3 (Compra)",null,null,null,null,57544,null,null,null,null,"2Contenedor de basura 3 (Compra)"]
["2CONSERJES INMOBILIARIOS LTDAContenedor de basura 6 (Compra)",2,"CONSERJES INMOBILIARIOS LTDA","Bien",310,"Contenedor de basura 6 (Compra)",null,null,null,null,1892,null,null,null,null,"2Contenedor de basura 6 (Compra)"]
["2UT GRUPO ADINContenedor de basura 10 (Compra)",2,"UT GRUPO ADIN","Bien",314,"Contenedor de basura 10 (Compra)",null,null,null,null,81711,null,null,null,null,"2Contenedor de basura 10 (Compra)"]
["2INTERNEGOCIOS SASContenedor de basura 12 (Compra)",2,"INTERNEGOCIOS SAS","Bien",316,"Contenedor de basura 12 (Compra)",null,null,null,null,109811,null,null,null,null,"2Contenedor de basura 12 (Compra)"]
["2SOSEGE SASContenedor de basura 15 (Compra)",2,"SOSEGE SAS","Bien",319,"Contenedor de basura 15 (Compra)",null,null,null,null,240312,null,null,null,null,"2Contenedor de basura 15 (Compra)"]
["2INCIHUILSA SAS ESPContenedor de basura 20 (Compra)",2,"INCIHUILSA SAS ESP","Bien",324,"Contenedor de basura 20 (Compra)",null,null,null,null,1498287,null,null,null,null,"2Contenedor de basura 20 (Compra)"]
["2LIMPIEZA INSTITUCIONAL LASU S.A.S.Contenedor de basura 23 (Compra)",2,"LIMPIEZA INSTITUCIONAL LASU S.A.S.","Bien",327,"Contenedor de basura 23 (Compra)",null,null,null,null,361731,null,null,null,null,"2Contenedor de basura 23 (Compra)"]
["2CONSORCIO ELITEContenedor de basura 28 (Compra)",2,"CONSORCIO ELITE","Bien",332,"Contenedor de basura 28 (Compra)",null,null,null,null,5722952,null,null,null,null,"2Contenedor de basura 28 (Compra)"]
["2UNIÓN TEMPORAL ASEO COLOMBIA AMP4Contenedor de basura 29 (Compra)",2,"UNIÓN TEMPORAL ASEO COLOMBIA AMP4","Bien",333,"Contenedor de basura 29 (Compra)",null,null,null,null,2417159,null,null,null,null,"2Contenedor de basura 29 (Compra)"]
["2UNION TEMPORAL ECOLIMPIEZA 4GPunto Ecológico 2 (Compra)",2,"UNION TEMPORAL ECOLIMPIEZA 4G","Bien",336,"Punto Ecológico 2 (Compra)",null,null,null,null,420176,null,null,null,null,"2Punto Ecológico 2 (Compra)"]
["2UNION  TEMPORAL LADOINSA 2022Papelera 1 (Compra)",2,"UNION  TEMPORAL LADOINSA 2022","Bien",341,"Papelera 1 (Compra)",null,null,null,null,38940,null,null,null,null,"2Papelera 1 (Compra)"]
["2INTERASEO S.A.S. E.S.P.Papelera residuos peligrosos 2 (Compra)",2,"INTERASEO S.A.S. E.S.P.","Bien",346,"Papelera residuos peligrosos 2 (Compra)",null,null,null,null,71574,null,null,null,null,"2Papelera residuos peligrosos 2 (Compra)"]
["2SERVITALENTOSSeñales peatonales de prevención y atención 3 (Compra)",2,"SERVITALENTOS","Bien",349,"Señales peatonales de prevención y atención 3 (Compra)",null,null,null,null,59588,null,null,null,null,"2Señales peatonales de prevención y atención 3 (Compra)"]
["2UNION TEMPORAL R&J 2022Dispensador para papel higiénico 1 (Compra)",2,"UNION TEMPORAL R&J 2022","Bien",350,"Dispensador para papel higiénico 1 (Compra)",null,null,null,null,70462,null,null,null,null,"2Dispensador para papel higiénico 1 (Compra)"]
["2UT EASYCLEAN ASEO PROFESIONALDispensador de toallas de manos 2 (Compra)",2,"UT EASYCLEAN ASEO PROFESIONAL","Bien",353,"Dispensador de toallas de manos 2 (Compra)",null,null,null,null,95829,null,null,null,null,"2Dispensador de toallas de manos 2 (Compra)"]
["2UNIÓN TEMPORAL EMINSER SOLOASEO 2023Dispensador de jabón líquido 4 (Compra)",2,"UNIÓN TEMPORAL EMINSER SOLOASEO 2023","Bien",358,"Dispensador de jabón líquido 4 (Compra)",null,null,null,null,588419,null,null,null,null,"2Dispensador de jabón líquido 4 (Compra)"]
["2UNION TEMPORAL  CONASEAR Greca para tintos 1 (Arrendamiento)",2,"UNION TEMPORAL  CONASEAR ","Bien",363,"Greca para tintos 1 (Arrendamiento)",null,null,null,null,81587,null,null,null,null,"2Greca para tintos 1 (Arrendamiento)"]
["2UNION TEMPORAL CLEAN COLOMBIAGreca para tintos 2 (Compra)",2,"UNION TEMPORAL CLEAN COLOMBIA","Bien",366,"Greca para tintos 2 (Compra)",null,null,null,null,929902,null,null,null,null,"2Greca para tintos 2 (Compra)"]
["2BRILLASEO S.A.SGreca para tintos 3 (Compra)",2,"BRILLASEO S.A.S","Bien",368,"Greca para tintos 3 (Compra)",null,null,null,null,1052232,null,null,null,null,"2Greca para tintos 3 (Compra)"]
["2UNION TEMPORAL OUTSOURCING GIAFHorno microondas (Arrendamiento)",2,"UNION TEMPORAL OUTSOURCING GIAF","Bien",370,"Horno microondas (Arrendamiento)",null,null,null,null,35602,null,null,null,null,"2Horno microondas (Arrendamiento)"]
["2ASECOLBAS LTDAEstufa 2 (Arrendamiento)",2,"ASECOLBAS LTDA","Bien",376,"Estufa 2 (Arrendamiento)",null,null,null,null,5620,null,null,null,null,"2Estufa 2 (Arrendamiento)"]
["2UNION TEMPORAL R&J 2022Aspiradora 1 (Arrendamiento)",2,"UNION TEMPORAL R&J 2022","Bien",380,"Aspiradora 1 (Arrendamiento)",null,null,null,null,296682,null,null,null,null,"2Aspiradora 1 (Arrendamiento)"]
["2UT EASYCLEAN ASEO PROFESIONALAspiradora 2 (Compra)",2,"UT EASYCLEAN ASEO PROFESIONAL","Bien",383,"Aspiradora 2 (Compra)",null,null,null,null,4062511,null,null,null,null,"2Aspiradora 2 (Compra)"]
["2INTERASEO S.A.S. E.S.P.Lavabrilladora de pisos 1 (Compra)",2,"INTERASEO S.A.S. E.S.P.","Bien",385,"Lavabrilladora de pisos 1 (Compra)",null,null,null,null,6156153,null,null,null,null,"2Lavabrilladora de pisos 1 (Compra)"]
["2COMPAÑÍA DE SERVICIOS Y ADMINISTRACIÓN SA SERDAN SALavadora de alfombras y tapetes 1 (Arrendamiento)",2,"COMPAÑÍA DE SERVICIOS Y ADMINISTRACIÓN SA SERDAN SA","Bien",390,"Lavadora de alfombras y tapetes 1 (Arrendamiento)",null,null,null,null,122760,null,null,null,null,"2Lavadora de alfombras y tapetes 1 (Arrendamiento)"]
["2GRUPO GECLavadora de alfombras y tapetes 2 (Compra)",2,"GRUPO GEC","Bien",393,"Lavadora de alfombras y tapetes 2 (Compra)",null,null,null,null,3090438,null,null,null,null,"2Lavadora de alfombras y tapetes 2 (Compra)"]
["2BRILLASEO S.A.SSonda para inodoro (Arrendamiento)",2,"BRILLASEO S.A.S","Bien",398,"Sonda para inodoro (Arrendamiento)",null,null,null,null,11854,null,null,null,null,"2Sonda para inodoro (Arrendamiento)"]
["2CONSERJES INMOBILIARIOS LTDASonda para fregaderos (Compra)",2,"CONSERJES INMOBILIARIOS LTDA","Bien",401,"Sonda para fregaderos (Compra)",null,null,null,null,99581,null,null,null,null,"2Sonda para fregaderos (Compra)"]
["2UNION TEMPORAL  CONASEAR Cortadora de cesped  (Arrendamiento)",2,"UNION TEMPORAL  CONASEAR ","Bien",402,"Cortadora de cesped  (Arrendamiento)",null,null,null,null,510412,null,null,null,null,"2Cortadora de cesped  (Arrendamiento)"]
["2INTERNEGOCIOS SASMotobombas (Compra)",2,"INTERNEGOCIOS SAS","Bien",407,"Motobombas (Compra)",null,null,null,null,415633,null,null,null,null,"2Motobombas (Compra)"]
["3INCIHUILSA SAS ESPOperario de aseo y cafetería con compromiso social",3,"INCIHUILSA SAS ESP","Servicio","Operario de aseo y cafetería con compromiso social","Operario de aseo y cafetería con compromiso social",null,null,null,null,2627978,null,null,null,null,"3Operario de aseo y cafetería con compromiso social"]
["3UNION TEMPORAL  CONASEAR Operario de aseo y cafetería",3,"UNION TEMPORAL  CONASEAR ","Servicio","Operario de aseo y cafetería","Operario de aseo y cafetería",null,null,null,null,2717743,null,null,null,null,"3Operario de aseo y cafetería"]
["3ASSERVI SASOperario de mantenimiento capacitado para trabajo en alturas",3,"ASSERVI SAS","Servicio","Operario de mantenimiento capacitado para trabajo en alturas","Operario de mantenimiento capacitado para trabajo en alturas",null,null,null,null,2600024,null,null,null,null,"3Operario de mantenimiento capacitado para trabajo en alturas"]
["3UT EASYCLEAN ASEO PROFESIONALJardinero capacitado para trabajo en alturas",3,"UT EASYCLEAN ASEO PROFESIONAL","Servicio","Jardinero capacitado para trabajo en alturas","Jardinero capacitado para trabajo en alturas",null,null,null,null,2465868,null,null,null,null,"3Jardinero capacitado para trabajo en alturas"]
["3LIMPIEZA INSTITUCIONAL LASU S.A.S.Operario de aseo y cafetería MT",3,"LIMPIEZA INSTITUCIONAL LASU S.A.S.","Servicio","Operario de aseo y cafetería MT","Operario de aseo y cafetería MT",null,null,null,null,1578155,null,null,null,null,"3Operario de aseo y cafetería MT"]
["3INCIHUILSA SAS ESPCoordinador MT",3,"INCIHUILSA SAS ESP","Servicio","Coordinador MT","Coordinador MT",null,null,null,null,1578155,null,null,null,null,"3Coordinador MT"]
["3UNION TEMPORAL  CONASEAR Jardinero MT",3,"UNION TEMPORAL  CONASEAR ","Servicio","Jardinero MT","Jardinero MT",null,null,null,null,1527017,null,null,null,null,"3Jardinero MT"]
["3ASSERVI SASJabón para loza 1 (Compra)",3,"ASSERVI SAS","Bien",1,"Jabón para loza 1 (Compra)",null,null,null,null,26825,null,null,null,null,"3Jabón para loza 1 (Compra)"]
["3UT EASYCLEAN ASEO PROFESIONALJabón para loza 3 (Compra)",3,"UT EASYCLEAN ASEO PROFESIONAL","Bien",3,"Jabón para loza 3 (Compra)",null,null,null,null,13169,null,null,null,null,"3Jabón para loza 3 (Compra)"]
["3LIMPIEZA INSTITUCIONAL LASU S.A.S.Jabón de tocador 1 (Compra)",3,"LIMPIEZA INSTITUCIONAL LASU S.A.S.","Bien",8,"Jabón de tocador 1 (Compra)",null,null,null,null,2258,null,null,null,null,"3Jabón de tocador 1 (Compra)"]
["3INCIHUILSA SAS ESPJabón de dispensador para manos 2 (Compra)",3,"INCIHUILSA SAS ESP","Bien",11,"Jabón de dispensador para manos 2 (Compra)",null,null,null,null,53537,null,null,null,null,"3Jabón de dispensador para manos 2 (Compra)"]
["3UNION TEMPORAL  CONASEAR Jabón de dispensador para manos 3 (Compra)",3,"UNION TEMPORAL  CONASEAR ","Bien",12,"Jabón de dispensador para manos 3 (Compra)",null,null,null,null,19596,null,null,null,null,"3Jabón de dispensador para manos 3 (Compra)"]
["3UNION  TEMPORAL LADOINSA 2022Limpiador desinfectante para pisos (Compra)",3,"UNION  TEMPORAL LADOINSA 2022","Bien",18,"Limpiador desinfectante para pisos (Compra)",null,null,null,null,10879,null,null,null,null,"3Limpiador desinfectante para pisos (Compra)"]
["3UT GRUPO ADINLíquido desengrasante (Compra)",3,"UT GRUPO ADIN","Bien",19,"Líquido desengrasante (Compra)",null,null,null,null,15920,null,null,null,null,"3Líquido desengrasante (Compra)"]
["3SERVIASEO S.A Limpiador desinfectante para uso general 3 (Compra)",3,"SERVIASEO S.A ","Bien",24,"Limpiador desinfectante para uso general 3 (Compra)",null,null,null,null,4821,null,null,null,null,"3Limpiador desinfectante para uso general 3 (Compra)"]
["3UNIÓN TEMPORAL EMINSER SOLOASEO 2023Desinfectante de alto nivel de desinfección para uso hospitalario (Compra)",3,"UNIÓN TEMPORAL EMINSER SOLOASEO 2023","Bien",25,"Desinfectante de alto nivel de desinfección para uso hospitalario (Compra)",null,null,null,null,30907,null,null,null,null,"3Desinfectante de alto nivel de desinfección para uso hospitalario (Compra)"]
["3UNIÓN TEMPORAL CCE AMP IV 2022Líquido para limpiar vidrios 2 (Compra)",3,"UNIÓN TEMPORAL CCE AMP IV 2022","Bien",28,"Líquido para limpiar vidrios 2 (Compra)",null,null,null,null,7357,null,null,null,null,"3Líquido para limpiar vidrios 2 (Compra)"]
["3BRILLASEO S.A.SAlcohol industrial 1 (Compra)",3,"BRILLASEO S.A.S","Bien",33,"Alcohol industrial 1 (Compra)",null,null,null,null,24884,null,null,null,null,"3Alcohol industrial 1 (Compra)"]
["3UT GRUPO ADINCreolina 1 (Compra)",3,"UT GRUPO ADIN","Bien",35,"Creolina 1 (Compra)",null,null,null,null,5720,null,null,null,null,"3Creolina 1 (Compra)"]
["3SERVIASEO S.A Champú para alfombras y tapizados 2 (Compra)",3,"SERVIASEO S.A ","Bien",40,"Champú para alfombras y tapizados 2 (Compra)",null,null,null,null,18913,null,null,null,null,"3Champú para alfombras y tapizados 2 (Compra)"]
["3UNIÓN TEMPORAL EMINSER SOLOASEO 2023Lustrador de muebles (Compra)",3,"UNIÓN TEMPORAL EMINSER SOLOASEO 2023","Bien",41,"Lustrador de muebles (Compra)",null,null,null,null,6988,null,null,null,null,"3Lustrador de muebles (Compra)"]
["3UNIÓN TEMPORAL CCE AMP IV 2022Cera polimérica (Compra)",3,"UNIÓN TEMPORAL CCE AMP IV 2022","Bien",44,"Cera polimérica (Compra)",null,null,null,null,35362,null,null,null,null,"3Cera polimérica (Compra)"]
["3BRILLASEO S.A.SMantenedor de pisos (Compra)",3,"BRILLASEO S.A.S","Bien",49,"Mantenedor de pisos (Compra)",null,null,null,null,28654,null,null,null,null,"3Mantenedor de pisos (Compra)"]
["3UNION  TEMPORAL LADOINSA 2022Jabón neutro para pisos 2 (Compra)",3,"UNION  TEMPORAL LADOINSA 2022","Bien",53,"Jabón neutro para pisos 2 (Compra)",null,null,null,null,60820,null,null,null,null,"3Jabón neutro para pisos 2 (Compra)"]
["3SERVIASEO S.A Desmanchador multiusos (Compra)",3,"SERVIASEO S.A ","Bien",56,"Desmanchador multiusos (Compra)",null,null,null,null,11868,null,null,null,null,"3Desmanchador multiusos (Compra)"]
["3UNIÓN TEMPORAL EMINSER SOLOASEO 2023Brillametal en crema (Compra)",3,"UNIÓN TEMPORAL EMINSER SOLOASEO 2023","Bien",57,"Brillametal en crema (Compra)",null,null,null,null,16679,null,null,null,null,"3Brillametal en crema (Compra)"]
["3UNIÓN TEMPORAL CCE AMP IV 2022Ambientador 1 (Compra)",3,"UNIÓN TEMPORAL CCE AMP IV 2022","Bien",60,"Ambientador 1 (Compra)",null,null,null,null,10820,null,null,null,null,"3Ambientador 1 (Compra)"]
["3BRILLASEO S.A.SLimpiones 2 (Compra)",3,"BRILLASEO S.A.S","Bien",65,"Limpiones 2 (Compra)",null,null,null,null,14852,null,null,null,null,"3Limpiones 2 (Compra)"]
["3UNION  TEMPORAL LADOINSA 2022Bayetilla 1 (Compra)",3,"UNION  TEMPORAL LADOINSA 2022","Bien",69,"Bayetilla 1 (Compra)",null,null,null,null,10013,null,null,null,null,"3Bayetilla 1 (Compra)"]
["3SERVIASEO S.A Paño absorbente multiusos 1 (Compra)",3,"SERVIASEO S.A ","Bien",72,"Paño absorbente multiusos 1 (Compra)",null,null,null,null,9642,null,null,null,null,"3Paño absorbente multiusos 1 (Compra)"]
["3UNIÓN TEMPORAL EMINSER SOLOASEO 2023Paño absorbente multiusos 2 (Compra)",3,"UNIÓN TEMPORAL EMINSER SOLOASEO 2023","Bien",73,"Paño absorbente multiusos 2 (Compra)",null,null,null,null,35397,null,null,null,null,"3Paño absorbente multiusos 2 (Compra)"]
["3UNIÓN TEMPORAL CCE AMP IV 2022Esponjilla 2 (Compra)",3,"UNIÓN TEMPORAL CCE AMP IV 2022","Bien",76,"Esponjilla 2 (Compra)",null,null,null,null,1104,null,null,null,null,"3Esponjilla 2 (Compra)"]
["3BRILLASEO S.A.SEsponjilla 7 (Compra)",3,"BRILLASEO S.A.S","Bien",81,"Esponjilla 7 (Compra)",null,null,null,null,539,null,null,null,null,"3Esponjilla 7 (Compra)"]
["3INTERNEGOCIOS SASEscoba 1 (Compra)",3,"INTERNEGOCIOS SAS","Bien",82,"Escoba 1 (Compra)",null,null,null,null,2164,null,null,null,null,"3Escoba 1 (Compra)"]
["3INCIHUILSA SAS ESPMango madera escoba 1 (Compra)",3,"INCIHUILSA SAS ESP","Bien",88,"Mango madera escoba 1 (Compra)",null,null,null,null,6451,null,null,null,null,"3Mango madera escoba 1 (Compra)"]
["3UNION TEMPORAL OUTSOURCING GIAFCepillos 1 (Compra)",3,"UNION TEMPORAL OUTSOURCING GIAF","Bien",89,"Cepillos 1 (Compra)",null,null,null,null,2566,null,null,null,null,"3Cepillos 1 (Compra)"]
["3CONSORCIO ELITETrapero 3 (Compra)",3,"CONSORCIO ELITE","Bien",94,"Trapero 3 (Compra)",null,null,null,null,12349,null,null,null,null,"3Trapero 3 (Compra)"]
["3CLEANER S.A.Mango madera trapero (Compra)",3,"CLEANER S.A.","Bien",97,"Mango madera trapero (Compra)",null,null,null,null,2118,null,null,null,null,"3Mango madera trapero (Compra)"]
["3LIMPIEZA INSTITUCIONAL LASU S.A.S.Cepillo para sanitario (churrusco) (Compra)",3,"LIMPIEZA INSTITUCIONAL LASU S.A.S.","Bien",98,"Cepillo para sanitario (churrusco) (Compra)",null,null,null,null,3956,null,null,null,null,"3Cepillo para sanitario (churrusco) (Compra)"]
["3SERVITALENTOSBoneth 1 (Compra)",3,"SERVITALENTOS","Bien",104,"Boneth 1 (Compra)",null,null,null,null,135458,null,null,null,null,"3Boneth 1 (Compra)"]
["3UNION TEMPORAL OUTSOURCING GIAFBoneth 2 (Compra)",3,"UNION TEMPORAL OUTSOURCING GIAF","Bien",105,"Boneth 2 (Compra)",null,null,null,null,90859,null,null,null,null,"3Boneth 2 (Compra)"]
["3CONSORCIO ELITEBolsas plásticas 5 (Compra)",3,"CONSORCIO ELITE","Bien",110,"Bolsas plásticas 5 (Compra)",null,null,null,null,1670,null,null,null,null,"3Bolsas plásticas 5 (Compra)"]
["3CLEANER S.A.Bolsas plásticas 9 (Compra)",3,"CLEANER S.A.","Bien",113,"Bolsas plásticas 9 (Compra)",null,null,null,null,2086,null,null,null,null,"3Bolsas plásticas 9 (Compra)"]
["3LIMPIEZA INSTITUCIONAL LASU S.A.S.Bolsas plásticas 10 (Compra)",3,"LIMPIEZA INSTITUCIONAL LASU S.A.S.","Bien",114,"Bolsas plásticas 10 (Compra)",null,null,null,null,2136,null,null,null,null,"3Bolsas plásticas 10 (Compra)"]
["3INCIHUILSA SAS ESPBolsas plásticas 14 (Compra)",3,"INCIHUILSA SAS ESP","Bien",117,"Bolsas plásticas 14 (Compra)",null,null,null,null,27546,null,null,null,null,"3Bolsas plásticas 14 (Compra)"]
["3UNION TEMPORAL OUTSOURCING GIAFBolsas plásticas 18 (Compra)",3,"UNION TEMPORAL OUTSOURCING GIAF","Bien",121,"Bolsas plásticas 18 (Compra)",null,null,null,null,3713,null,null,null,null,"3Bolsas plásticas 18 (Compra)"]
["3CONSORCIO ELITEBolsas plásticas 23 (Compra)",3,"CONSORCIO ELITE","Bien",126,"Bolsas plásticas 23 (Compra)",null,null,null,null,7845,null,null,null,null,"3Bolsas plásticas 23 (Compra)"]
["3CLEANER S.A.Bolsas plásticas 26 (Compra)",3,"CLEANER S.A.","Bien",129,"Bolsas plásticas 26 (Compra)",null,null,null,null,4140,null,null,null,null,"3Bolsas plásticas 26 (Compra)"]
["3LIMPIEZA INSTITUCIONAL LASU S.A.S.Guantes 1 (Compra)",3,"LIMPIEZA INSTITUCIONAL LASU S.A.S.","Bien",130,"Guantes 1 (Compra)",null,null,null,null,3282,null,null,null,null,"3Guantes 1 (Compra)"]
["3UNION TEMPORAL SERVIASEAMOSGuantes 5 (Compra)",3,"UNION TEMPORAL SERVIASEAMOS","Bien",134,"Guantes 5 (Compra)",null,null,null,null,7739,null,null,null,null,"3Guantes 5 (Compra)"]
["3UNION TEMPORAL OUTSOURCING GIAFGuantes 8 (Compra)",3,"UNION TEMPORAL OUTSOURCING GIAF","Bien",137,"Guantes 8 (Compra)",null,null,null,null,26013,null,null,null,null,"3Guantes 8 (Compra)"]
["3CONSORCIO ELITEPapel higiénico 2 (Compra)",3,"CONSORCIO ELITE","Bien",142,"Papel higiénico 2 (Compra)",null,null,null,null,18752,null,null,null,null,"3Papel higiénico 2 (Compra)"]
["3CLEANER S.A.Papel higiénico 5 (Compra)",3,"CLEANER S.A.","Bien",145,"Papel higiénico 5 (Compra)",null,null,null,null,15763,null,null,null,null,"3Papel higiénico 5 (Compra)"]
["3LIMPIEZA INSTITUCIONAL LASU S.A.S.Toallas para manos 1 (Compra)",3,"LIMPIEZA INSTITUCIONAL LASU S.A.S.","Bien",146,"Toallas para manos 1 (Compra)",null,null,null,null,17995,null,null,null,null,"3Toallas para manos 1 (Compra)"]
["3UNION TEMPORAL SERVIASEAMOSToallas para manos 5 (Compra)",3,"UNION TEMPORAL SERVIASEAMOS","Bien",150,"Toallas para manos 5 (Compra)",null,null,null,null,7803,null,null,null,null,"3Toallas para manos 5 (Compra)"]
["3UNION TEMPORAL OUTSOURCING GIAFToallas para manos 8 (Compra)",3,"UNION TEMPORAL OUTSOURCING GIAF","Bien",153,"Toallas para manos 8 (Compra)",null,null,null,null,27509,null,null,null,null,"3Toallas para manos 8 (Compra)"]
["3UNION  TEMPORAL LADOINSA 2022Vasos biodegradables 4 (Compra)",3,"UNION  TEMPORAL LADOINSA 2022","Bien",158,"Vasos biodegradables 4 (Compra)",null,null,null,null,15946,null,null,null,null,"3Vasos biodegradables 4 (Compra)"]
["3UNION  TEMPORAL LADOINSA 2022Mezclador 1 (Compra)",3,"UNION  TEMPORAL LADOINSA 2022","Bien",159,"Mezclador 1 (Compra)",null,null,null,null,9395,null,null,null,null,"3Mezclador 1 (Compra)"]
["3SERVIASEO S.A Filtro para greca 2 (Compra)",3,"SERVIASEO S.A ","Bien",162,"Filtro para greca 2 (Compra)",null,null,null,null,3956,null,null,null,null,"3Filtro para greca 2 (Compra)"]
["3UNION TEMPORAL SERVICIOS INTEGRALESPapel Aluminio 2 (Compra)",3,"UNION TEMPORAL SERVICIOS INTEGRALES","Bien",166,"Papel Aluminio 2 (Compra)",null,null,null,null,52896,null,null,null,null,"3Papel Aluminio 2 (Compra)"]
["3UNION TEMPORAL R&J 2022Termo para café 2 (Compra)",3,"UNION TEMPORAL R&J 2022","Bien",169,"Termo para café 2 (Compra)",null,null,null,null,181717,null,null,null,null,"3Termo para café 2 (Compra)"]
["3GRUPO GECCrema para café (Compra)",3,"GRUPO GEC","Bien",174,"Crema para café (Compra)",null,null,null,null,23488,null,null,null,null,"3Crema para café (Compra)"]
["3UNION  TEMPORAL LADOINSA 2022Azúcar 1 (Compra)",3,"UNION  TEMPORAL LADOINSA 2022","Bien",175,"Azúcar 1 (Compra)",null,null,null,null,14093,null,null,null,null,"3Azúcar 1 (Compra)"]
["3SERVIASEO S.A Azúcar 4 (Compra)",3,"SERVIASEO S.A ","Bien",178,"Azúcar 4 (Compra)",null,null,null,null,7046,null,null,null,null,"3Azúcar 4 (Compra)"]
["3UNION TEMPORAL SERVICIOS INTEGRALESSal 2 (Compra)",3,"UNION TEMPORAL SERVICIOS INTEGRALES","Bien",182,"Sal 2 (Compra)",null,null,null,null,4426,null,null,null,null,"3Sal 2 (Compra)"]
["3UNION TEMPORAL R&J 2022Aromática de panela (Compra)",3,"UNION TEMPORAL R&J 2022","Bien",185,"Aromática de panela (Compra)",null,null,null,null,5934,null,null,null,null,"3Aromática de panela (Compra)"]
["3GRUPO GECAgua potable 1 (Compra)",3,"GRUPO GEC","Bien",190,"Agua potable 1 (Compra)",null,null,null,null,2225,null,null,null,null,"3Agua potable 1 (Compra)"]
["3UNION  TEMPORAL LADOINSA 2022Agua potable 2 (Compra)",3,"UNION  TEMPORAL LADOINSA 2022","Bien",191,"Agua potable 2 (Compra)",null,null,null,null,2967,null,null,null,null,"3Agua potable 2 (Compra)"]
["3SERVIASEO S.A Válvula dispensadora para botellón de agua (Compra)",3,"SERVIASEO S.A ","Bien",194,"Válvula dispensadora para botellón de agua (Compra)",null,null,null,null,27567,null,null,null,null,"3Válvula dispensadora para botellón de agua (Compra)"]
["3UNION TEMPORAL SERVICIOS INTEGRALESBrillador 2 (Compra)",3,"UNION TEMPORAL SERVICIOS INTEGRALES","Bien",198,"Brillador 2 (Compra)",null,null,null,null,84801,null,null,null,null,"3Brillador 2 (Compra)"]
["3CONSERJES INMOBILIARIOS LTDARepuestos brillador 2 (Compra)",3,"CONSERJES INMOBILIARIOS LTDA","Bien",200,"Repuestos brillador 2 (Compra)",null,null,null,null,26740,null,null,null,null,"3Repuestos brillador 2 (Compra)"]
["3GRUPO GECRecogedor de basura 2 (Compra)",3,"GRUPO GEC","Bien",206,"Recogedor de basura 2 (Compra)",null,null,null,null,51919,null,null,null,null,"3Recogedor de basura 2 (Compra)"]
["3UNION  TEMPORAL LADOINSA 2022Atomizadores (Compra)",3,"UNION  TEMPORAL LADOINSA 2022","Bien",207,"Atomizadores (Compra)",null,null,null,null,3709,null,null,null,null,"3Atomizadores (Compra)"]
["3SERVIASEO S.A Vasos  1 (Arrendamiento)",3,"SERVIASEO S.A ","Bien",210,"Vasos  1 (Arrendamiento)",null,null,null,null,742,null,null,null,null,"3Vasos  1 (Arrendamiento)"]
["3UNION TEMPORAL SERVICIOS INTEGRALESCuchara  (Compra)",3,"UNION TEMPORAL SERVICIOS INTEGRALES","Bien",214,"Cuchara  (Compra)",null,null,null,null,4796,null,null,null,null,"3Cuchara  (Compra)"]
["3CONSERJES INMOBILIARIOS LTDACuchillo  (Compra)",3,"CONSERJES INMOBILIARIOS LTDA","Bien",216,"Cuchillo  (Compra)",null,null,null,null,3286,null,null,null,null,"3Cuchillo  (Compra)"]
["3BRILLASEO S.A.SPlatos  1 (Compra)",3,"BRILLASEO S.A.S","Bien",219,"Platos  1 (Compra)",null,null,null,null,16615,null,null,null,null,"3Platos  1 (Compra)"]
["3UNION  TEMPORAL LADOINSA 2022Platos  3 (Compra)",3,"UNION  TEMPORAL LADOINSA 2022","Bien",223,"Platos  3 (Compra)",null,null,null,null,10754,null,null,null,null,"3Platos  3 (Compra)"]
["3INCIHUILSA SAS ESPPocillos  (Arrendamiento)",3,"INCIHUILSA SAS ESP","Bien",228,"Pocillos  (Arrendamiento)",null,null,null,null,4734,null,null,null,null,"3Pocillos  (Arrendamiento)"]
["3UT EASYCLEAN ASEO PROFESIONALJuego de cubiertos  (Compra)",3,"UT EASYCLEAN ASEO PROFESIONAL","Bien",230,"Juego de cubiertos  (Compra)",null,null,null,null,150581,null,null,null,null,"3Juego de cubiertos  (Compra)"]
["3CONSORCIO ELITETerno para café (Compra)",3,"CONSORCIO ELITE","Bien",232,"Terno para café (Compra)",null,null,null,null,20235,null,null,null,null,"3Terno para café (Compra)"]
["3CLEANER S.A.Vajilla  2 (Arrendamiento)",3,"CLEANER S.A.","Bien",235,"Vajilla  2 (Arrendamiento)",null,null,null,null,9951,null,null,null,null,"3Vajilla  2 (Arrendamiento)"]
["3UNION TEMPORAL  CONASEAR Jarra  (Arrendamiento)",3,"UNION TEMPORAL  CONASEAR ","Bien",239,"Jarra  (Arrendamiento)",null,null,null,null,2164,null,null,null,null,"3Jarra  (Arrendamiento)"]
["3ASSERVI SASHaraganes 1  (Compra)",3,"ASSERVI SAS","Bien",244,"Haraganes 1  (Compra)",null,null,null,null,61809,null,null,null,null,"3Haraganes 1  (Compra)"]
["3UT EASYCLEAN ASEO PROFESIONALHaraganes 3  (Compra)",3,"UT EASYCLEAN ASEO PROFESIONAL","Bien",246,"Haraganes 3  (Compra)",null,null,null,null,62474,null,null,null,null,"3Haraganes 3  (Compra)"]
["3CONSORCIO ELITEBalde (Arrendamiento)",3,"CONSORCIO ELITE","Bien",248,"Balde (Arrendamiento)",null,null,null,null,1524,null,null,null,null,"3Balde (Arrendamiento)"]
["3CLEANER S.A.Plato Biodegradable 2 (Compra)",3,"CLEANER S.A.","Bien",251,"Plato Biodegradable 2 (Compra)",null,null,null,null,649,null,null,null,null,"3Plato Biodegradable 2 (Compra)"]
["3UNION TEMPORAL  CONASEAR Terno para café  (Compra)",3,"UNION TEMPORAL  CONASEAR ","Bien",255,"Terno para café  (Compra)",null,null,null,null,23364,null,null,null,null,"3Terno para café  (Compra)"]
["3ASSERVI SASVajilla  4 (Arrendamiento)",3,"ASSERVI SAS","Bien",260,"Vajilla  4 (Arrendamiento)",null,null,null,null,61809,null,null,null,null,"3Vajilla  4 (Arrendamiento)"]
["3UT EASYCLEAN ASEO PROFESIONALPortavasos (Arrendamiento)",3,"UT EASYCLEAN ASEO PROFESIONAL","Bien",262,"Portavasos (Arrendamiento)",null,null,null,null,2693,null,null,null,null,"3Portavasos (Arrendamiento)"]
["3CONSORCIO ELITEBandeja 1 (Arrendamiento)",3,"CONSORCIO ELITE","Bien",264,"Bandeja 1 (Arrendamiento)",null,null,null,null,10939,null,null,null,null,"3Bandeja 1 (Arrendamiento)"]
["3UNION TEMPORAL ECOLIMPIEZA 4GBandeja 3 (Arrendamiento)",3,"UNION TEMPORAL ECOLIMPIEZA 4G","Bien",268,"Bandeja 3 (Arrendamiento)",null,null,null,null,663,null,null,null,null,"3Bandeja 3 (Arrendamiento)"]
["3UNION TEMPORAL  CONASEAR Bandeja 4 (Compra)",3,"UNION TEMPORAL  CONASEAR ","Bien",271,"Bandeja 4 (Compra)",null,null,null,null,24533,null,null,null,null,"3Bandeja 4 (Compra)"]
["3ASSERVI SASOlla 2 (Arrendamiento)",3,"ASSERVI SAS","Bien",276,"Olla 2 (Arrendamiento)",null,null,null,null,12362,null,null,null,null,"3Olla 2 (Arrendamiento)"]
["3UT EASYCLEAN ASEO PROFESIONALEscurridor para platos (Arrendamiento)",3,"UT EASYCLEAN ASEO PROFESIONAL","Bien",278,"Escurridor para platos (Arrendamiento)",null,null,null,null,8416,null,null,null,null,"3Escurridor para platos (Arrendamiento)"]
["3CONSORCIO ELITESoporte para Botellón de agua (Compra)",3,"CONSORCIO ELITE","Bien",280,"Soporte para Botellón de agua (Compra)",null,null,null,null,75682,null,null,null,null,"3Soporte para Botellón de agua (Compra)"]
["3UNION TEMPORAL ECOLIMPIEZA 4GCarro exprimidor de trapero 2 (Compra)",3,"UNION TEMPORAL ECOLIMPIEZA 4G","Bien",284,"Carro exprimidor de trapero 2 (Compra)",null,null,null,null,358367,null,null,null,null,"3Carro exprimidor de trapero 2 (Compra)"]
["3UNION TEMPORAL  CONASEAR Carro de bebidas (Arrendamiento)",3,"UNION TEMPORAL  CONASEAR ","Bien",287,"Carro de bebidas (Arrendamiento)",null,null,null,null,66064,null,null,null,null,"3Carro de bebidas (Arrendamiento)"]
["3ASSERVI SASEscalera 2 (Compra)",3,"ASSERVI SAS","Bien",292,"Escalera 2 (Compra)",null,null,null,null,234873,null,null,null,null,"3Escalera 2 (Compra)"]
["3UT EASYCLEAN ASEO PROFESIONALEscalera 3 (Compra)",3,"UT EASYCLEAN ASEO PROFESIONAL","Bien",294,"Escalera 3 (Compra)",null,null,null,null,706720,null,null,null,null,"3Escalera 3 (Compra)"]
["3CONSORCIO ELITEEscalera 4 (Compra)",3,"CONSORCIO ELITE","Bien",296,"Escalera 4 (Compra)",null,null,null,null,727159,null,null,null,null,"3Escalera 4 (Compra)"]
["3CONSERJES INMOBILIARIOS LTDAMangueras 2 (Arrendamiento)",3,"CONSERJES INMOBILIARIOS LTDA","Bien",301,"Mangueras 2 (Arrendamiento)",null,null,null,null,6582,null,null,null,null,"3Mangueras 2 (Arrendamiento)"]
["3UNIÓN TEMPORAL CCE AMP IV 2022Mangueras 3 (Arrendamiento)",3,"UNIÓN TEMPORAL CCE AMP IV 2022","Bien",303,"Mangueras 3 (Arrendamiento)",null,null,null,null,30646,null,null,null,null,"3Mangueras 3 (Arrendamiento)"]
["3BRILLASEO S.A.SContenedor de basura 4 (Compra)",3,"BRILLASEO S.A.S","Bien",308,"Contenedor de basura 4 (Compra)",null,null,null,null,54948,null,null,null,null,"3Contenedor de basura 4 (Compra)"]
["3INTERNEGOCIOS SASContenedor de basura 5 (Compra)",3,"INTERNEGOCIOS SAS","Bien",309,"Contenedor de basura 5 (Compra)",null,null,null,null,45915,null,null,null,null,"3Contenedor de basura 5 (Compra)"]
["3GRUPO GECContenedor de basura 8 (Compra)",3,"GRUPO GEC","Bien",312,"Contenedor de basura 8 (Compra)",null,null,null,null,50683,null,null,null,null,"3Contenedor de basura 8 (Compra)"]
["3UNIÓN TEMPORAL EMINSER SOLOASEO 2023Contenedor de basura 12 (Compra)",3,"UNIÓN TEMPORAL EMINSER SOLOASEO 2023","Bien",316,"Contenedor de basura 12 (Compra)",null,null,null,null,101045,null,null,null,null,"3Contenedor de basura 12 (Compra)"]
["3UNIÓN TEMPORAL CCE AMP IV 2022Contenedor de basura 15 (Compra)",3,"UNIÓN TEMPORAL CCE AMP IV 2022","Bien",319,"Contenedor de basura 15 (Compra)",null,null,null,null,239046,null,null,null,null,"3Contenedor de basura 15 (Compra)"]
["3UNION TEMPORAL SERVICIOS INTEGRALESContenedor de basura 16 (Compra)",3,"UNION TEMPORAL SERVICIOS INTEGRALES","Bien",320,"Contenedor de basura 16 (Compra)",null,null,null,null,303382,null,null,null,null,"3Contenedor de basura 16 (Compra)"]
["3INTERNEGOCIOS SASContenedor de basura 21 (Compra)",3,"INTERNEGOCIOS SAS","Bien",325,"Contenedor de basura 21 (Compra)",null,null,null,null,778998,null,null,null,null,"3Contenedor de basura 21 (Compra)"]
["3GRUPO GECContenedor de basura 24 (Compra)",3,"GRUPO GEC","Bien",328,"Contenedor de basura 24 (Compra)",null,null,null,null,1359793,null,null,null,null,"3Contenedor de basura 24 (Compra)"]
["3UNIÓN TEMPORAL EMINSER SOLOASEO 2023Contenedor de basura 28 (Compra)",3,"UNIÓN TEMPORAL EMINSER SOLOASEO 2023","Bien",332,"Contenedor de basura 28 (Compra)",null,null,null,null,4190171,null,null,null,null,"3Contenedor de basura 28 (Compra)"]
["3ASECOLBAS LTDAContenedor de basura 30 (Compra)",3,"ASECOLBAS LTDA","Bien",334,"Contenedor de basura 30 (Compra)",null,null,null,null,87170,null,null,null,null,"3Contenedor de basura 30 (Compra)"]
["3UNION TEMPORAL SERVICIOS INTEGRALESPunto Ecológico 2 (Compra)",3,"UNION TEMPORAL SERVICIOS INTEGRALES","Bien",336,"Punto Ecológico 2 (Compra)",null,null,null,null,545574,null,null,null,null,"3Punto Ecológico 2 (Compra)"]
["3INTERNEGOCIOS SASPapelera 1 (Compra)",3,"INTERNEGOCIOS SAS","Bien",341,"Papelera 1 (Compra)",null,null,null,null,83000,null,null,null,null,"3Papelera 1 (Compra)"]
["3GRUPO GECPapelera 4 (Compra)",3,"GRUPO GEC","Bien",344,"Papelera 4 (Compra)",null,null,null,null,5810,null,null,null,null,"3Papelera 4 (Compra)"]
["3UNIÓN TEMPORAL EMINSER SOLOASEO 2023Señales peatonales de prevención y atención 2 (Compra)",3,"UNIÓN TEMPORAL EMINSER SOLOASEO 2023","Bien",348,"Señales peatonales de prevención y atención 2 (Compra)",null,null,null,null,135925,null,null,null,null,"3Señales peatonales de prevención y atención 2 (Compra)"]
["3ASECOLBAS LTDADispensador para papel higiénico 1 (Compra)",3,"ASECOLBAS LTDA","Bien",350,"Dispensador para papel higiénico 1 (Compra)",null,null,null,null,1375,null,null,null,null,"3Dispensador para papel higiénico 1 (Compra)"]
["3UNION TEMPORAL SERVICIOS INTEGRALESDispensador de toallas de manos 1 (Compra)",3,"UNION TEMPORAL SERVICIOS INTEGRALES","Bien",352,"Dispensador de toallas de manos 1 (Compra)",null,null,null,null,154448,null,null,null,null,"3Dispensador de toallas de manos 1 (Compra)"]
["3INTERNEGOCIOS SASDispensador de jabón líquido 3 (Compra)",3,"INTERNEGOCIOS SAS","Bien",357,"Dispensador de jabón líquido 3 (Compra)",null,null,null,null,155716,null,null,null,null,"3Dispensador de jabón líquido 3 (Compra)"]
["3GRUPO GECDispensador goteo por gravedad y recarga (Compra)",3,"GRUPO GEC","Bien",360,"Dispensador goteo por gravedad y recarga (Compra)",null,null,null,null,292109,null,null,null,null,"3Dispensador goteo por gravedad y recarga (Compra)"]
["3UNIÓN TEMPORAL EMINSER SOLOASEO 2023Greca para tintos 1 (Compra)",3,"UNIÓN TEMPORAL EMINSER SOLOASEO 2023","Bien",364,"Greca para tintos 1 (Compra)",null,null,null,null,772610,null,null,null,null,"3Greca para tintos 1 (Compra)"]
["3ASECOLBAS LTDAGreca para tintos 2 (Compra)",3,"ASECOLBAS LTDA","Bien",366,"Greca para tintos 2 (Compra)",null,null,null,null,19037,null,null,null,null,"3Greca para tintos 2 (Compra)"]
["3UT EASYCLEAN ASEO PROFESIONALHorno microondas (Arrendamiento)",3,"UT EASYCLEAN ASEO PROFESIONAL","Bien",370,"Horno microondas (Arrendamiento)",null,null,null,null,91470,null,null,null,null,"3Horno microondas (Arrendamiento)"]
["3LIMPIEZA INSTITUCIONAL LASU S.A.S.Horno microondas de tipo industrial (Compra)",3,"LIMPIEZA INSTITUCIONAL LASU S.A.S.","Bien",373,"Horno microondas de tipo industrial (Compra)",null,null,null,null,1506076,null,null,null,null,"3Horno microondas de tipo industrial (Compra)"]
["3UNION TEMPORAL SERVIASEAMOSEstufa 2 (Compra)",3,"UNION TEMPORAL SERVIASEAMOS","Bien",377,"Estufa 2 (Compra)",null,null,null,null,106491,null,null,null,null,"3Estufa 2 (Compra)"]
["3UNION TEMPORAL OUTSOURCING GIAFAspiradora 1 (Arrendamiento)",3,"UNION TEMPORAL OUTSOURCING GIAF","Bien",380,"Aspiradora 1 (Arrendamiento)",null,null,null,null,28434,null,null,null,null,"3Aspiradora 1 (Arrendamiento)"]
["3ASSERVI SASAspiradora 2 (Arrendamiento)",3,"ASSERVI SAS","Bien",382,"Aspiradora 2 (Arrendamiento)",null,null,null,null,309044,null,null,null,null,"3Aspiradora 2 (Arrendamiento)"]
["3UT EASYCLEAN ASEO PROFESIONALLavabrilladora de pisos 1 (Arrendamiento)",3,"UT EASYCLEAN ASEO PROFESIONAL","Bien",384,"Lavabrilladora de pisos 1 (Arrendamiento)",null,null,null,null,269227,null,null,null,null,"3Lavabrilladora de pisos 1 (Arrendamiento)"]
["3LIMPIEZA INSTITUCIONAL LASU S.A.S.Brilladora de alta revolución (Compra)",3,"LIMPIEZA INSTITUCIONAL LASU S.A.S.","Bien",389,"Brilladora de alta revolución (Compra)",null,null,null,null,2903776,null,null,null,null,"3Brilladora de alta revolución (Compra)"]
["3UNION TEMPORAL SERVIASEAMOSLavadora de alfombras y tapetes 2 (Compra)",3,"UNION TEMPORAL SERVIASEAMOS","Bien",393,"Lavadora de alfombras y tapetes 2 (Compra)",null,null,null,null,4122026,null,null,null,null,"3Lavadora de alfombras y tapetes 2 (Compra)"]
["3UNION TEMPORAL OUTSOURCING GIAFSopladora de hojas (Arrendamiento)",3,"UNION TEMPORAL OUTSOURCING GIAF","Bien",396,"Sopladora de hojas (Arrendamiento)",null,null,null,null,63741,null,null,null,null,"3Sopladora de hojas (Arrendamiento)"]
["3ASSERVI SASSonda para inodoro (Arrendamiento)",3,"ASSERVI SAS","Bien",398,"Sonda para inodoro (Arrendamiento)",null,null,null,null,98894,null,null,null,null,"3Sonda para inodoro (Arrendamiento)"]
["3UT EASYCLEAN ASEO PROFESIONALGirador Manual (Compra)",3,"UT EASYCLEAN ASEO PROFESIONAL","Bien",400,"Girador Manual (Compra)",null,null,null,null,1570100,null,null,null,null,"3Girador Manual (Compra)"]
["3LIMPIEZA INSTITUCIONAL LASU S.A.S.Guadañas (Compra)",3,"LIMPIEZA INSTITUCIONAL LASU S.A.S.","Bien",405,"Guadañas (Compra)",null,null,null,null,1242708,null,null,null,null,"3Guadañas (Compra)"]
["3UNION TEMPORAL ECOLIMPIEZA 4GMotobombas (Arrendamiento)",3,"UNION TEMPORAL ECOLIMPIEZA 4G","Bien",406,"Motobombas (Arrendamiento)",null,null,null,null,58712,null,null,null,null,"3Motobombas (Arrendamiento)"]
["4UNIÓN TEMPORAL CCE AMP IV 2022Operario de mantenimiento",4,"UNIÓN TEMPORAL CCE AMP IV 2022","Servicio","Operario de mantenimiento","Operario de mantenimiento",null,null,null,null,2465868,null,null,null,null,"4Operario de mantenimiento"]
["4UNION TEMPORAL SERVIASEAMOSOperario auxiliar",4,"UNION TEMPORAL SERVIASEAMOS","Servicio","Operario auxiliar","Operario auxiliar",null,null,null,null,2465868,null,null,null,null,"4Operario auxiliar"]
["4COMPAÑÍA DE SERVICIOS Y ADMINISTRACIÓN SA SERDAN SAJardinero capacitado para trabajo en alturas",4,"COMPAÑÍA DE SERVICIOS Y ADMINISTRACIÓN SA SERDAN SA","Servicio","Jardinero capacitado para trabajo en alturas","Jardinero capacitado para trabajo en alturas",null,null,null,null,3121457,null,null,null,null,"4Jardinero capacitado para trabajo en alturas"]
["4UT EASYCLEAN ASEO PROFESIONALTurno operario de mantenimiento",4,"UT EASYCLEAN ASEO PROFESIONAL","Servicio","Turno operario de mantenimiento","Turno operario de mantenimiento",null,null,null,null,82196,null,null,null,null,"4Turno operario de mantenimiento"]
["4CONSERJES INMOBILIARIOS LTDATurno coordinador de trabajo en alturas nivel básico",4,"CONSERJES INMOBILIARIOS LTDA","Servicio","Turno coordinador de trabajo en alturas nivel básico","Turno coordinador de trabajo en alturas nivel básico",null,null,null,null,82196,null,null,null,null,"4Turno coordinador de trabajo en alturas nivel básico"]
["4ASSERVI SASOperario de mantenimiento capacitado para trabajo en alturas MT",4,"ASSERVI SAS","Servicio","Operario de mantenimiento capacitado para trabajo en alturas MT","Operario de mantenimiento capacitado para trabajo en alturas MT",null,null,null,null,1527017,null,null,null,null,"4Operario de mantenimiento capacitado para trabajo en alturas MT"]
["4INCINERADOS DEL HUILAOperario auxiliar capacitado para trabajo en alturas MT",4,"INCINERADOS DEL HUILA","Servicio","Operario auxiliar capacitado para trabajo en alturas MT","Operario auxiliar capacitado para trabajo en alturas MT",null,null,null,null,1527017,null,null,null,null,"4Operario auxiliar capacitado para trabajo en alturas MT"]
["4UNIÓN TEMPORAL CCE AMP IV 2022Jabón para loza 2 (Compra)",4,"UNIÓN TEMPORAL CCE AMP IV 2022","Bien",2,"Jabón para loza 2 (Compra)",null,null,null,null,5473,null,null,null,null,"4Jabón para loza 2 (Compra)"]
["4LIMPIEZA INSTITUCIONAL LASU S.A.S.Jabón en barra (Compra)",4,"LIMPIEZA INSTITUCIONAL LASU S.A.S.","Bien",5,"Jabón en barra (Compra)",null,null,null,null,3153,null,null,null,null,"4Jabón en barra (Compra)"]
["4ASSERVI SASJabón de tocador 2 (Compra)",4,"ASSERVI SAS","Bien",9,"Jabón de tocador 2 (Compra)",null,null,null,null,76642,null,null,null,null,"4Jabón de tocador 2 (Compra)"]
["4UT GRUPO ADINJabón de dispensador para manos 1 (Compra)",4,"UT GRUPO ADIN","Bien",10,"Jabón de dispensador para manos 1 (Compra)",null,null,null,null,6268,null,null,null,null,"4Jabón de dispensador para manos 1 (Compra)"]
["4UNION TEMPORAL R&J 2022Gel antibacterial para manos (Compra)",4,"UNION TEMPORAL R&J 2022","Bien",13,"Gel antibacterial para manos (Compra)",null,null,null,null,22252,null,null,null,null,"4Gel antibacterial para manos (Compra)"]
["4BRILLASEO S.A.SLimpiador desinfectante para pisos (Compra)",4,"BRILLASEO S.A.S","Bien",18,"Limpiador desinfectante para pisos (Compra)",null,null,null,null,13465,null,null,null,null,"4Limpiador desinfectante para pisos (Compra)"]
["4UNION TEMPORAL SERVICIOS INTEGRALESCrema desengrasante (Compra)",4,"UNION TEMPORAL SERVICIOS INTEGRALES","Bien",20,"Crema desengrasante (Compra)",null,null,null,null,16627,null,null,null,null,"4Crema desengrasante (Compra)"]
["4CLEANER S.A.Limpiador desinfectante para uso general 1 (Compra)",4,"CLEANER S.A.","Bien",22,"Limpiador desinfectante para uso general 1 (Compra)",null,null,null,null,7421,null,null,null,null,"4Limpiador desinfectante para uso general 1 (Compra)"]
["4SERVIASEO S.A.Pastilla desinfectante para sanitario (Compra)",4,"SERVIASEO S.A.","Bien",26,"Pastilla desinfectante para sanitario (Compra)",null,null,null,null,5562,null,null,null,null,"4Pastilla desinfectante para sanitario (Compra)"]
["4CONSORCIO ELITELíquido para limpiar vidrios 3 (Compra)",4,"CONSORCIO ELITE","Bien",29,"Líquido para limpiar vidrios 3 (Compra)",null,null,null,null,4212,null,null,null,null,"4Líquido para limpiar vidrios 3 (Compra)"]
["4SOSEGE SASAlcohol industrial 1 (Compra)",4,"SOSEGE SAS","Bien",33,"Alcohol industrial 1 (Compra)",null,null,null,null,22781,null,null,null,null,"4Alcohol industrial 1 (Compra)"]
["4INTERNEGOCIOS SASCreolina 2 (Compra)",4,"INTERNEGOCIOS SAS","Bien",36,"Creolina 2 (Compra)",null,null,null,null,16615,null,null,null,null,"4Creolina 2 (Compra)"]
["4UNION  TEMPORAL LADOINSA 2022Líquido para limpiar equipos de oficina 1 (Compra)",4,"UNION  TEMPORAL LADOINSA 2022","Bien",37,"Líquido para limpiar equipos de oficina 1 (Compra)",null,null,null,null,5192,null,null,null,null,"4Líquido para limpiar equipos de oficina 1 (Compra)"]
["4UNION TEMPORAL SERVICIOS INTEGRALESLustrador de muebles (Compra)",4,"UNION TEMPORAL SERVICIOS INTEGRALES","Bien",41,"Lustrador de muebles (Compra)",null,null,null,null,5613,null,null,null,null,"4Lustrador de muebles (Compra)"]
["4UNION TEMPORAL ECOLIMPIEZA 4GCera polimérica (Compra)",4,"UNION TEMPORAL ECOLIMPIEZA 4G","Bien",44,"Cera polimérica (Compra)",null,null,null,null,25296,null,null,null,null,"4Cera polimérica (Compra)"]
["4UT GRUPO ADINSellante para pisos (Compra)",4,"UT GRUPO ADIN","Bien",48,"Sellante para pisos (Compra)",null,null,null,null,66497,null,null,null,null,"4Sellante para pisos (Compra)"]
["4CONSORCIO ELITERemovedor de cera (Compra)",4,"CONSORCIO ELITE","Bien",50,"Removedor de cera (Compra)",null,null,null,null,14658,null,null,null,null,"4Removedor de cera (Compra)"]
["4ASECOLBAS LTDAJabón neutro para pisos 2 (Compra)",4,"ASECOLBAS LTDA","Bien",53,"Jabón neutro para pisos 2 (Compra)",null,null,null,null,42354,null,null,null,null,"4Jabón neutro para pisos 2 (Compra)"]
["4INTERNEGOCIOS SASBrillametal en crema (Compra)",4,"INTERNEGOCIOS SAS","Bien",57,"Brillametal en crema (Compra)",null,null,null,null,7950,null,null,null,null,"4Brillametal en crema (Compra)"]
["4CLEANER S.A.Ambientador 1 (Compra)",4,"CLEANER S.A.","Bien",60,"Ambientador 1 (Compra)",null,null,null,null,8863,null,null,null,null,"4Ambientador 1 (Compra)"]
["4SERVIASEO S.A.Limpiones 1 (Compra)",4,"SERVIASEO S.A.","Bien",64,"Limpiones 1 (Compra)",null,null,null,null,4326,null,null,null,null,"4Limpiones 1 (Compra)"]
["4UNION TEMPORAL ECOLIMPIEZA 4GLimpiones 2 (Compra)",4,"UNION TEMPORAL ECOLIMPIEZA 4G","Bien",65,"Limpiones 2 (Compra)",null,null,null,null,12267,null,null,null,null,"4Limpiones 2 (Compra)"]
["4SERVICIOS PRAIS SASLimpiones 5 (Compra)",4,"SERVICIOS PRAIS SAS","Bien",68,"Limpiones 5 (Compra)",null,null,null,null,17677,null,null,null,null,"4Limpiones 5 (Compra)"]
["4UNION TEMPORAL R&J 2022Paño absorbente multiusos 1 (Compra)",4,"UNION TEMPORAL R&J 2022","Bien",72,"Paño absorbente multiusos 1 (Compra)",null,null,null,null,3523,null,null,null,null,"4Paño absorbente multiusos 1 (Compra)"]
["4LIMPIEZA INSTITUCIONAL LASU S.A.S.Esponjilla 2 (Compra)",4,"LIMPIEZA INSTITUCIONAL LASU S.A.S.","Bien",76,"Esponjilla 2 (Compra)",null,null,null,null,272,null,null,null,null,"4Esponjilla 2 (Compra)"]
["4UT ASEAMOS 2022 ACUERDO 4Esponjilla 5 (Compra)",4,"UT ASEAMOS 2022 ACUERDO 4","Bien",79,"Esponjilla 5 (Compra)",null,null,null,null,7046,null,null,null,null,"4Esponjilla 5 (Compra)"]
["4COMPAÑÍA DE SERVICIOS Y ADMINISTRACIÓN SA SERDAN SAEsponjilla 7 (Compra)",4,"COMPAÑÍA DE SERVICIOS Y ADMINISTRACIÓN SA SERDAN SA","Bien",81,"Esponjilla 7 (Compra)",null,null,null,null,335,null,null,null,null,"4Esponjilla 7 (Compra)"]
["4UT EASYCLEAN ASEO PROFESIONALEscoba 2 (Compra)",4,"UT EASYCLEAN ASEO PROFESIONAL","Bien",83,"Escoba 2 (Compra)",null,null,null,null,5304,null,null,null,null,"4Escoba 2 (Compra)"]
["4GRUPO GECMango madera escoba 1 (Compra)",4,"GRUPO GEC","Bien",88,"Mango madera escoba 1 (Compra)",null,null,null,null,4326,null,null,null,null,"4Mango madera escoba 1 (Compra)"]
["4SERVITALENTOSCepillos 1 (Compra)",4,"SERVITALENTOS","Bien",89,"Cepillos 1 (Compra)",null,null,null,null,3542,null,null,null,null,"4Cepillos 1 (Compra)"]
["4INTERSAEO SAS ESPTrapero 4 (Compra)",4,"INTERSAEO SAS ESP","Bien",95,"Trapero 4 (Compra)",null,null,null,null,4573,null,null,null,null,"4Trapero 4 (Compra)"]
["4UNIÓN TEMPORAL CCE AMP IV 2022Mango metálico trapero (Compra)",4,"UNIÓN TEMPORAL CCE AMP IV 2022","Bien",96,"Mango metálico trapero (Compra)",null,null,null,null,10591,null,null,null,null,"4Mango metálico trapero (Compra)"]
["4LIMPIEZA INSTITUCIONAL LASU S.A.S.Pads 1 (Compra)",4,"LIMPIEZA INSTITUCIONAL LASU S.A.S.","Bien",99,"Pads 1 (Compra)",null,null,null,null,15451,null,null,null,null,"4Pads 1 (Compra)"]
["4UNIÓN TEMPORAL EMINSER SOLOASEO 2023Pads 5 (Compra)",4,"UNIÓN TEMPORAL EMINSER SOLOASEO 2023","Bien",103,"Pads 5 (Compra)",null,null,null,null,30341,null,null,null,null,"4Pads 5 (Compra)"]
["4UT EASYCLEAN ASEO PROFESIONALBoneth 1 (Compra)",4,"UT EASYCLEAN ASEO PROFESIONAL","Bien",104,"Boneth 1 (Compra)",null,null,null,null,145669,null,null,null,null,"4Boneth 1 (Compra)"]
["4UNIÓN TEMPORAL SERTOPBolsas plásticas 5 (Compra)",4,"UNIÓN TEMPORAL SERTOP","Bien",110,"Bolsas plásticas 5 (Compra)",null,null,null,null,1140,null,null,null,null,"4Bolsas plásticas 5 (Compra)"]
["4ASSERVI SASBolsas plásticas 8 (Compra)",4,"ASSERVI SAS","Bien",112,"Bolsas plásticas 8 (Compra)",null,null,null,null,3584,null,null,null,null,"4Bolsas plásticas 8 (Compra)"]
["4INTERSAEO SAS ESPBolsas plásticas 12 (Compra)",4,"INTERSAEO SAS ESP","Bien",116,"Bolsas plásticas 12 (Compra)",null,null,null,null,1416,null,null,null,null,"4Bolsas plásticas 12 (Compra)"]
["4COMPAÑÍA DE SERVICIOS Y ADMINISTRACIÓN SA SERDAN SABolsas plásticas 16 (Compra)",4,"COMPAÑÍA DE SERVICIOS Y ADMINISTRACIÓN SA SERDAN SA","Bien",119,"Bolsas plásticas 16 (Compra)",null,null,null,null,3926,null,null,null,null,"4Bolsas plásticas 16 (Compra)"]
["4LIMPIEZA INSTITUCIONAL LASU S.A.S.Bolsas plásticas 17 (Compra)",4,"LIMPIEZA INSTITUCIONAL LASU S.A.S.","Bien",120,"Bolsas plásticas 17 (Compra)",null,null,null,null,2876,null,null,null,null,"4Bolsas plásticas 17 (Compra)"]
["4CONSERJES INMOBILIARIOS LTDABolsas plásticas 20 (Compra)",4,"CONSERJES INMOBILIARIOS LTDA","Bien",123,"Bolsas plásticas 20 (Compra)",null,null,null,null,4067,null,null,null,null,"4Bolsas plásticas 20 (Compra)"]
["4SERVITALENTOSBolsas plásticas 24 (Compra)",4,"SERVITALENTOS","Bien",127,"Bolsas plásticas 24 (Compra)",null,null,null,null,8766,null,null,null,null,"4Bolsas plásticas 24 (Compra)"]
["4UNIÓN TEMPORAL SERTOPGuantes 2 (Compra)",4,"UNIÓN TEMPORAL SERTOP","Bien",131,"Guantes 2 (Compra)",null,null,null,null,4896,null,null,null,null,"4Guantes 2 (Compra)"]
["4UNIÓN TEMPORAL CCE AMP IV 2022Guantes 5 (Compra)",4,"UNIÓN TEMPORAL CCE AMP IV 2022","Bien",134,"Guantes 5 (Compra)",null,null,null,null,8810,null,null,null,null,"4Guantes 5 (Compra)"]
["4UNION TEMPORAL SERVIASEAMOSGuantes 6 (Compra)",4,"UNION TEMPORAL SERVIASEAMOS","Bien",135,"Guantes 6 (Compra)",null,null,null,null,30233,null,null,null,null,"4Guantes 6 (Compra)"]
["4UNION TEMPORAL CLEAN COLOMBIAGuantes 9 (Compra)",4,"UNION TEMPORAL CLEAN COLOMBIA","Bien",138,"Guantes 9 (Compra)",null,null,null,null,6976,null,null,null,null,"4Guantes 9 (Compra)"]
["4CONSORCIO ELITEPapel higiénico 4 (Compra)",4,"CONSORCIO ELITE","Bien",144,"Papel higiénico 4 (Compra)",null,null,null,null,17088,null,null,null,null,"4Papel higiénico 4 (Compra)"]
["4INCINERADOS DEL HUILAToallas para manos 2 (Compra)",4,"INCINERADOS DEL HUILA","Bien",147,"Toallas para manos 2 (Compra)",null,null,null,null,36851,null,null,null,null,"4Toallas para manos 2 (Compra)"]
["4BRILLASEO S.A.SToallas para manos 5 (Compra)",4,"BRILLASEO S.A.S","Bien",150,"Toallas para manos 5 (Compra)",null,null,null,null,8460,null,null,null,null,"4Toallas para manos 5 (Compra)"]
["4INTERNEGOCIOS SASToallas para manos 6 (Compra)",4,"INTERNEGOCIOS SAS","Bien",151,"Toallas para manos 6 (Compra)",null,null,null,null,5481,null,null,null,null,"4Toallas para manos 6 (Compra)"]
["4UNION TEMPORAL CLEAN COLOMBIAVasos biodegradables 1 (Compra)",4,"UNION TEMPORAL CLEAN COLOMBIA","Bien",155,"Vasos biodegradables 1 (Compra)",null,null,null,null,8379,null,null,null,null,"4Vasos biodegradables 1 (Compra)"]
["4SERVIASEO S.A.Vasos biodegradables 4 (Compra)",4,"SERVIASEO S.A.","Bien",158,"Vasos biodegradables 4 (Compra)",null,null,null,null,10879,null,null,null,null,"4Vasos biodegradables 4 (Compra)"]
["4UNION TEMPORAL OUTSOURCING GIAFFiltro para greca 2 (Compra)",4,"UNION TEMPORAL OUTSOURCING GIAF","Bien",162,"Filtro para greca 2 (Compra)",null,null,null,null,2776,null,null,null,null,"4Filtro para greca 2 (Compra)"]
["4SOSEGE SASPapel Aluminio 1 (Compra)",4,"SOSEGE SAS","Bien",165,"Papel Aluminio 1 (Compra)",null,null,null,null,18320,null,null,null,null,"4Papel Aluminio 1 (Compra)"]
["4UNION TEMPORAL R&J 2022Papel Aluminio 2 (Compra)",4,"UNION TEMPORAL R&J 2022","Bien",166,"Papel Aluminio 2 (Compra)",null,null,null,null,40794,null,null,null,null,"4Papel Aluminio 2 (Compra)"]
["4BRILLASEO S.A.SCafé 2 (Compra)",4,"BRILLASEO S.A.S","Bien",171,"Café 2 (Compra)",null,null,null,null,23339,null,null,null,null,"4Café 2 (Compra)"]
["4UNION TEMPORAL SERVICIOS INTEGRALESCafé Social (Compra)",4,"UNION TEMPORAL SERVICIOS INTEGRALES","Bien",173,"Café Social (Compra)",null,null,null,null,46047,null,null,null,null,"4Café Social (Compra)"]
["4CONSERJES INMOBILIARIOS LTDAAzúcar 4 (Compra)",4,"CONSERJES INMOBILIARIOS LTDA","Bien",178,"Azúcar 4 (Compra)",null,null,null,null,4840,null,null,null,null,"4Azúcar 4 (Compra)"]
["4SERVIASEO S.A.Endulzante (Compra)",4,"SERVIASEO S.A.","Bien",179,"Endulzante (Compra)",null,null,null,null,34365,null,null,null,null,"4Endulzante (Compra)"]
["4CONSORCIO ELITESal 2 (Compra)",4,"CONSORCIO ELITE","Bien",182,"Sal 2 (Compra)",null,null,null,null,4212,null,null,null,null,"4Sal 2 (Compra)"]
["4SOSEGE SASBebida de frutas (Compra)",4,"SOSEGE SAS","Bien",186,"Bebida de frutas (Compra)",null,null,null,null,12201,null,null,null,null,"4Bebida de frutas (Compra)"]
["4INTERNEGOCIOS SASInfusión frutal (Compra)",4,"INTERNEGOCIOS SAS","Bien",189,"Infusión frutal (Compra)",null,null,null,null,7734,null,null,null,null,"4Infusión frutal (Compra)"]
["4UNION TEMPORAL CLEAN COLOMBIAAgua potable 4 (Compra)",4,"UNION TEMPORAL CLEAN COLOMBIA","Bien",193,"Agua potable 4 (Compra)",null,null,null,null,19512,null,null,null,null,"4Agua potable 4 (Compra)"]
["4UNION TEMPORAL SERVICIOS INTEGRALESVálvula dispensadora para botellón de agua (Compra)",4,"UNION TEMPORAL SERVICIOS INTEGRALES","Bien",194,"Válvula dispensadora para botellón de agua (Compra)",null,null,null,null,35638,null,null,null,null,"4Válvula dispensadora para botellón de agua (Compra)"]
["4UNION TEMPORAL ECOLIMPIEZA 4GBrillador 1 (Compra)",4,"UNION TEMPORAL ECOLIMPIEZA 4G","Bien",197,"Brillador 1 (Compra)",null,null,null,null,71493,null,null,null,null,"4Brillador 1 (Compra)"]
["4UT GRUPO ADINDestapador para sanitario (chupa) (Compra)",4,"UT GRUPO ADIN","Bien",201,"Destapador para sanitario (chupa) (Compra)",null,null,null,null,4361,null,null,null,null,"4Destapador para sanitario (chupa) (Compra)"]
["4UNION TEMPORAL R&J 2022Rastrillo 2 (Compra)",4,"UNION TEMPORAL R&J 2022","Bien",204,"Rastrillo 2 (Compra)",null,null,null,null,24105,null,null,null,null,"4Rastrillo 2 (Compra)"]
["4ASECOLBAS LTDARecogedor de basura 2 (Compra)",4,"ASECOLBAS LTDA","Bien",206,"Recogedor de basura 2 (Compra)",null,null,null,null,35885,null,null,null,null,"4Recogedor de basura 2 (Compra)"]
["4INTERNEGOCIOS SASVasos  1 (Arrendamiento)",4,"INTERNEGOCIOS SAS","Bien",210,"Vasos  1 (Arrendamiento)",null,null,null,null,380,null,null,null,null,"4Vasos  1 (Arrendamiento)"]
["4CLEANER S.A.Cuchara  (Compra)",4,"CLEANER S.A.","Bien",214,"Cuchara  (Compra)",null,null,null,null,2216,null,null,null,null,"4Cuchara  (Compra)"]
["4SERVICIOS PRAIS SASCuchara pequeña  (Compra)",4,"SERVICIOS PRAIS SAS","Bien",217,"Cuchara pequeña  (Compra)",null,null,null,null,3956,null,null,null,null,"4Cuchara pequeña  (Compra)"]
["4UNIÓN TEMPORAL EMINSER SOLOASEO 2023Platos  1 (Arrendamiento)",4,"UNIÓN TEMPORAL EMINSER SOLOASEO 2023","Bien",218,"Platos  1 (Arrendamiento)",null,null,null,null,6405,null,null,null,null,"4Platos  1 (Arrendamiento)"]
["4SERVITALENTOSPlatos  2 (Compra)",4,"SERVITALENTOS","Bien",221,"Platos  2 (Compra)",null,null,null,null,19568,null,null,null,null,"4Platos  2 (Compra)"]
["4UNIÓN TEMPORAL SERTOPPlatos  4 (Compra)",4,"UNIÓN TEMPORAL SERTOP","Bien",225,"Platos  4 (Compra)",null,null,null,null,9246,null,null,null,null,"4Platos  4 (Compra)"]
["4UNIÓN TEMPORAL CCE AMP IV 2022Pocillos  (Arrendamiento)",4,"UNIÓN TEMPORAL CCE AMP IV 2022","Bien",228,"Pocillos  (Arrendamiento)",null,null,null,null,1686,null,null,null,null,"4Pocillos  (Arrendamiento)"]
["4UT ASEAMOS 2022 ACUERDO 4Terno para café (Compra)",4,"UT ASEAMOS 2022 ACUERDO 4","Bien",232,"Terno para café (Compra)",null,null,null,null,21633,null,null,null,null,"4Terno para café (Compra)"]
["4COMPAÑÍA DE SERVICIOS Y ADMINISTRACIÓN SA SERDAN SAVajilla  1 (Compra)",4,"COMPAÑÍA DE SERVICIOS Y ADMINISTRACIÓN SA SERDAN SA","Bien",234,"Vajilla  1 (Compra)",null,null,null,null,287225,null,null,null,null,"4Vajilla  1 (Compra)"]
["4UT EASYCLEAN ASEO PROFESIONALVajilla  2 (Compra)",4,"UT EASYCLEAN ASEO PROFESIONAL","Bien",236,"Vajilla  2 (Compra)",null,null,null,null,192481,null,null,null,null,"4Vajilla  2 (Compra)"]
["4GRUPO GECCombustible para Cortadora de césped, sopladora de hojas y guadañas (Compra)",4,"GRUPO GEC","Bien",241,"Combustible para Cortadora de césped, sopladora de hojas y guadañas (Compra)",null,null,null,null,20026,null,null,null,null,"4Combustible para Cortadora de césped, sopladora de hojas y guadañas (Compra)"]
["4ASSERVI SASHaraganes 1  (Compra)",4,"ASSERVI SAS","Bien",244,"Haraganes 1  (Compra)",null,null,null,null,61809,null,null,null,null,"4Haraganes 1  (Compra)"]
["4INTERSAEO SAS ESPBalde (Arrendamiento)",4,"INTERSAEO SAS ESP","Bien",248,"Balde (Arrendamiento)",null,null,null,null,556,null,null,null,null,"4Balde (Arrendamiento)"]
["4UNIÓN TEMPORAL CCE AMP IV 2022Balde (Compra)",4,"UNIÓN TEMPORAL CCE AMP IV 2022","Bien",249,"Balde (Compra)",null,null,null,null,13491,null,null,null,null,"4Balde (Compra)"]
["4LIMPIEZA INSTITUCIONAL LASU S.A.S.Pocillos 1 (Arrendamiento)",4,"LIMPIEZA INSTITUCIONAL LASU S.A.S.","Bien",252,"Pocillos 1 (Arrendamiento)",null,null,null,null,908,null,null,null,null,"4Pocillos 1 (Arrendamiento)"]
["4UNIÓN TEMPORAL EMINSER SOLOASEO 2023Cafetera 1 (Arrendamiento)",4,"UNIÓN TEMPORAL EMINSER SOLOASEO 2023","Bien",256,"Cafetera 1 (Arrendamiento)",null,null,null,null,25431,null,null,null,null,"4Cafetera 1 (Arrendamiento)"]
["4ASECOLBAS LTDAVajilla  4 (Compra)",4,"ASECOLBAS LTDA","Bien",261,"Vajilla  4 (Compra)",null,null,null,null,5910,null,null,null,null,"4Vajilla  4 (Compra)"]
["4UNIÓN TEMPORAL SERTOPPortavasos (Compra)",4,"UNIÓN TEMPORAL SERTOP","Bien",263,"Portavasos (Compra)",null,null,null,null,9043,null,null,null,null,"4Portavasos (Compra)"]
["4ASSERVI SASBandeja 1 (Compra)",4,"ASSERVI SAS","Bien",265,"Bandeja 1 (Compra)",null,null,null,null,60573,null,null,null,null,"4Bandeja 1 (Compra)"]
["4UNION TEMPORAL SERVIASEAMOSBandeja 2 (Compra)",4,"UNION TEMPORAL SERVIASEAMOS","Bien",267,"Bandeja 2 (Compra)",null,null,null,null,46938,null,null,null,null,"4Bandeja 2 (Compra)"]
["4COMPAÑÍA DE SERVICIOS Y ADMINISTRACIÓN SA SERDAN SAOlleta (Arrendamiento)",4,"COMPAÑÍA DE SERVICIOS Y ADMINISTRACIÓN SA SERDAN SA","Bien",272,"Olleta (Arrendamiento)",null,null,null,null,3959,null,null,null,null,"4Olleta (Arrendamiento)"]
["4SERVICIOS PRAIS SASOlla 2 (Arrendamiento)",4,"SERVICIOS PRAIS SAS","Bien",276,"Olla 2 (Arrendamiento)",null,null,null,null,8035,null,null,null,null,"4Olla 2 (Arrendamiento)"]
["4GRUPO GECEscurridor para platos (Compra)",4,"GRUPO GEC","Bien",279,"Escurridor para platos (Compra)",null,null,null,null,53156,null,null,null,null,"4Escurridor para platos (Compra)"]
["4UT EASYCLEAN ASEO PROFESIONALCarro exprimidor de trapero 1 (Arrendamiento)",4,"UT EASYCLEAN ASEO PROFESIONAL","Bien",281,"Carro exprimidor de trapero 1 (Arrendamiento)",null,null,null,null,33768,null,null,null,null,"4Carro exprimidor de trapero 1 (Arrendamiento)"]
["4UNION TEMPORAL SERVIASEAMOSCarro exprimidor de trapero 2 (Compra)",4,"UNION TEMPORAL SERVIASEAMOS","Bien",284,"Carro exprimidor de trapero 2 (Compra)",null,null,null,null,374363,null,null,null,null,"4Carro exprimidor de trapero 2 (Compra)"]
["4UNION TEMPORAL CLEAN COLOMBIACarro de bebidas (Arrendamiento)",4,"UNION TEMPORAL CLEAN COLOMBIA","Bien",287,"Carro de bebidas (Arrendamiento)",null,null,null,null,40506,null,null,null,null,"4Carro de bebidas (Arrendamiento)"]
["4UT EASYCLEAN ASEO PROFESIONALEscalera 2 (Arrendamiento)",4,"UT EASYCLEAN ASEO PROFESIONAL","Bien",291,"Escalera 2 (Arrendamiento)",null,null,null,null,16956,null,null,null,null,"4Escalera 2 (Arrendamiento)"]
["4UNION TEMPORAL OUTSOURCING GIAFEscalera 3 (Compra)",4,"UNION TEMPORAL OUTSOURCING GIAF","Bien",294,"Escalera 3 (Compra)",null,null,null,null,368381,null,null,null,null,"4Escalera 3 (Compra)"]
["4UT GRUPO ADINEscalera 4 (Arrendamiento)",4,"UT GRUPO ADIN","Bien",295,"Escalera 4 (Arrendamiento)",null,null,null,null,13580,null,null,null,null,"4Escalera 4 (Arrendamiento)"]
["4INCINERADOS DEL HUILAMangueras 1 (Compra)",4,"INCINERADOS DEL HUILA","Bien",300,"Mangueras 1 (Compra)",null,null,null,null,250601,null,null,null,null,"4Mangueras 1 (Compra)"]
["4BRILLASEO S.A.SMangueras 3 (Arrendamiento)",4,"BRILLASEO S.A.S","Bien",303,"Mangueras 3 (Arrendamiento)",null,null,null,null,41474,null,null,null,null,"4Mangueras 3 (Arrendamiento)"]
["4INTERNEGOCIOS SASMangueras 3 (Compra)",4,"INTERNEGOCIOS SAS","Bien",304,"Mangueras 3 (Compra)",null,null,null,null,143355,null,null,null,null,"4Mangueras 3 (Compra)"]
["4CONSERJES INMOBILIARIOS LTDAContenedor de basura 6 (Compra)",4,"CONSERJES INMOBILIARIOS LTDA","Bien",310,"Contenedor de basura 6 (Compra)",null,null,null,null,1892,null,null,null,null,"4Contenedor de basura 6 (Compra)"]
["4SERVIASEO S.A.Contenedor de basura 7 (Compra)",4,"SERVIASEO S.A.","Bien",311,"Contenedor de basura 7 (Compra)",null,null,null,null,88510,null,null,null,null,"4Contenedor de basura 7 (Compra)"]
["4UNION TEMPORAL OUTSOURCING GIAFContenedor de basura 11 (Compra)",4,"UNION TEMPORAL OUTSOURCING GIAF","Bien",315,"Contenedor de basura 11 (Compra)",null,null,null,null,91007,null,null,null,null,"4Contenedor de basura 11 (Compra)"]
["4SOSEGE SASContenedor de basura 14 (Compra)",4,"SOSEGE SAS","Bien",318,"Contenedor de basura 14 (Compra)",null,null,null,null,240312,null,null,null,null,"4Contenedor de basura 14 (Compra)"]
["4UNION TEMPORAL R&J 2022Contenedor de basura 15 (Compra)",4,"UNION TEMPORAL R&J 2022","Bien",319,"Contenedor de basura 15 (Compra)",null,null,null,null,129798,null,null,null,null,"4Contenedor de basura 15 (Compra)"]
["4BRILLASEO S.A.SContenedor de basura 20 (Compra)",4,"BRILLASEO S.A.S","Bien",324,"Contenedor de basura 20 (Compra)",null,null,null,null,723905,null,null,null,null,"4Contenedor de basura 20 (Compra)"]
["4UNION TEMPORAL SERVICIOS INTEGRALESContenedor de basura 22 (Compra)",4,"UNION TEMPORAL SERVICIOS INTEGRALES","Bien",326,"Contenedor de basura 22 (Compra)",null,null,null,null,1058487,null,null,null,null,"4Contenedor de basura 22 (Compra)"]
["4CONSERJES INMOBILIARIOS LTDAContenedor de basura 27 (Compra)",4,"CONSERJES INMOBILIARIOS LTDA","Bien",331,"Contenedor de basura 27 (Compra)",null,null,null,null,98950,null,null,null,null,"4Contenedor de basura 27 (Compra)"]
["4UT GRUPO ADINContenedor de basura 29 (Compra)",4,"UT GRUPO ADIN","Bien",333,"Contenedor de basura 29 (Compra)",null,null,null,null,1773602,null,null,null,null,"4Contenedor de basura 29 (Compra)"]
["4CONSORCIO ELITEPunto Ecológico 1 (Compra)",4,"CONSORCIO ELITE","Bien",335,"Punto Ecológico 1 (Compra)",null,null,null,null,478643,null,null,null,null,"4Punto Ecológico 1 (Compra)"]
["4SOSEGE SASPunto Ecológico 5 (Compra)",4,"SOSEGE SAS","Bien",339,"Punto Ecológico 5 (Compra)",null,null,null,null,1240131,null,null,null,null,"4Punto Ecológico 5 (Compra)"]
["4INTERNEGOCIOS SASPapelera 2 (Compra)",4,"INTERNEGOCIOS SAS","Bien",342,"Papelera 2 (Compra)",null,null,null,null,50270,null,null,null,null,"4Papelera 2 (Compra)"]
["4UNION TEMPORAL CLEAN COLOMBIAPapelera residuos peligrosos 2 (Compra)",4,"UNION TEMPORAL CLEAN COLOMBIA","Bien",346,"Papelera residuos peligrosos 2 (Compra)",null,null,null,null,74362,null,null,null,null,"4Papelera residuos peligrosos 2 (Compra)"]
["4UNION TEMPORAL R&J 2022Señales peatonales de prevención y atención 3 (Compra)",4,"UNION TEMPORAL R&J 2022","Bien",349,"Señales peatonales de prevención y atención 3 (Compra)",null,null,null,null,48025,null,null,null,null,"4Señales peatonales de prevención y atención 3 (Compra)"]
["4UNIÓN TEMPORAL EMINSER SOLOASEO 2023Dispensador para papel higiénico 1 (Compra)",4,"UNIÓN TEMPORAL EMINSER SOLOASEO 2023","Bien",350,"Dispensador para papel higiénico 1 (Compra)",null,null,null,null,57694,null,null,null,null,"4Dispensador para papel higiénico 1 (Compra)"]
["4ASECOLBAS LTDADispensador de jabón líquido 1 (Compra)",4,"ASECOLBAS LTDA","Bien",355,"Dispensador de jabón líquido 1 (Compra)",null,null,null,null,962,null,null,null,null,"4Dispensador de jabón líquido 1 (Compra)"]
["4UNIÓN TEMPORAL SERTOPDispensador de jabón líquido 3 (Compra)",4,"UNIÓN TEMPORAL SERTOP","Bien",357,"Dispensador de jabón líquido 3 (Compra)",null,null,null,null,202431,null,null,null,null,"4Dispensador de jabón líquido 3 (Compra)"]
["4CLEANER S.A.Dispensador de agua con botellón (Compra)",4,"CLEANER S.A.","Bien",362,"Dispensador de agua con botellón (Compra)",null,null,null,null,541238,null,null,null,null,"4Dispensador de agua con botellón (Compra)"]
["4INTERSAEO SAS ESPGreca para tintos 1 (Arrendamiento)",4,"INTERSAEO SAS ESP","Bien",363,"Greca para tintos 1 (Arrendamiento)",null,null,null,null,43266,null,null,null,null,"4Greca para tintos 1 (Arrendamiento)"]
["4COMPAÑÍA DE SERVICIOS Y ADMINISTRACIÓN SA SERDAN SAGreca para tintos 2 (Compra)",4,"COMPAÑÍA DE SERVICIOS Y ADMINISTRACIÓN SA SERDAN SA","Bien",366,"Greca para tintos 2 (Compra)",null,null,null,null,584711,null,null,null,null,"4Greca para tintos 2 (Compra)"]
["4SERVICIOS PRAIS SASHorno microondas (Arrendamiento)",4,"SERVICIOS PRAIS SAS","Bien",370,"Horno microondas (Arrendamiento)",null,null,null,null,109092,null,null,null,null,"4Horno microondas (Arrendamiento)"]
["4GRUPO GECHorno microondas de tipo industrial (Compra)",4,"GRUPO GEC","Bien",373,"Horno microondas de tipo industrial (Compra)",null,null,null,null,5018872,null,null,null,null,"4Horno microondas de tipo industrial (Compra)"]
["4UNION  TEMPORAL LADOINSA 2022Estufa 2 (Compra)",4,"UNION  TEMPORAL LADOINSA 2022","Bien",377,"Estufa 2 (Compra)",null,null,null,null,350209,null,null,null,null,"4Estufa 2 (Compra)"]
["4UNIÓN TEMPORAL SERTOPExtensión eléctrica 1 (Compra)",4,"UNIÓN TEMPORAL SERTOP","Bien",378,"Extensión eléctrica 1 (Compra)",null,null,null,null,401138,null,null,null,null,"4Extensión eléctrica 1 (Compra)"]
["4UNIÓN TEMPORAL CCE AMP IV 2022Aspiradora 1 (Compra)",4,"UNIÓN TEMPORAL CCE AMP IV 2022","Bien",381,"Aspiradora 1 (Compra)",null,null,null,null,2407005,null,null,null,null,"4Aspiradora 1 (Compra)"]
["4UT ASEAMOS 2022 ACUERDO 4Lavabrilladora de pisos 1 (Compra)",4,"UT ASEAMOS 2022 ACUERDO 4","Bien",385,"Lavabrilladora de pisos 1 (Compra)",null,null,null,null,3708526,null,null,null,null,"4Lavabrilladora de pisos 1 (Compra)"]
["4CONSORCIO ELITELavadora de alfombras y tapetes 1 (Arrendamiento)",4,"CONSORCIO ELITE","Bien",390,"Lavadora de alfombras y tapetes 1 (Arrendamiento)",null,null,null,null,208951,null,null,null,null,"4Lavadora de alfombras y tapetes 1 (Arrendamiento)"]
["4ASECOLBAS LTDALavadora de alfombras y tapetes 2 (Compra)",4,"ASECOLBAS LTDA","Bien",393,"Lavadora de alfombras y tapetes 2 (Compra)",null,null,null,null,97132,null,null,null,null,"4Lavadora de alfombras y tapetes 2 (Compra)"]
["4GRUPO GECHidrolavadora Industrial (Arrendamiento)",4,"GRUPO GEC","Bien",394,"Hidrolavadora Industrial (Arrendamiento)",null,null,null,null,238582,null,null,null,null,"4Hidrolavadora Industrial (Arrendamiento)"]
["4ASSERVI SASSopladora de hojas (Compra)",4,"ASSERVI SAS","Bien",397,"Sopladora de hojas (Compra)",null,null,null,null,3090438,null,null,null,null,"4Sopladora de hojas (Compra)"]
["4INTERSAEO SAS ESPSonda para fregaderos (Compra)",4,"INTERSAEO SAS ESP","Bien",401,"Sonda para fregaderos (Compra)",null,null,null,null,188517,null,null,null,null,"4Sonda para fregaderos (Compra)"]
["4UNIÓN TEMPORAL CCE AMP IV 2022Cortadora de cesped  (Arrendamiento)",4,"UNIÓN TEMPORAL CCE AMP IV 2022","Bien",402,"Cortadora de cesped  (Arrendamiento)",null,null,null,null,307490,null,null,null,null,"4Cortadora de cesped  (Arrendamiento)"]
["5SERVITALENTOSPorcentaje de AIU",5,"SERVITALENTOS","Administracion","Porcentaje de AIU","Porcentaje de AIU",null,null,null,null,0.1,null,null,null,null,"5Porcentaje de AIU"]
["5UNIÓN TEMPORAL SERTOPJardineria mt2",5,"UNIÓN TEMPORAL SERTOP","Servicio","Jardineria mt2","Jardineria mt2",null,null,null,null,619,null,null,null,null,"5Jardineria mt2"]
["5UNIÓN TEMPORAL SERTOPOperario de mantenimiento",5,"UNIÓN TEMPORAL SERTOP","Servicio","Operario de mantenimiento","Operario de mantenimiento",null,null,null,null,2465868,null,null,null,null,"5Operario de mantenimiento"]
["5UNION TEMPORAL R&J 2022Operario auxiliar capacitado para trabajo en alturas",5,"UNION TEMPORAL R&J 2022","Servicio","Operario auxiliar capacitado para trabajo en alturas","Operario auxiliar capacitado para trabajo en alturas",null,null,null,null,2465868,null,null,null,null,"5Operario auxiliar capacitado para trabajo en alturas"]
["5UNIÓN TEMPORAL SERTOPJardinero capacitado para trabajo en alturas",5,"UNIÓN TEMPORAL SERTOP","Servicio","Jardinero capacitado para trabajo en alturas","Jardinero capacitado para trabajo en alturas",null,null,null,null,2465868,null,null,null,null,"5Jardinero capacitado para trabajo en alturas"]
["5CLEANER S.A.Operario auxiliar MT",5,"CLEANER S.A.","Servicio","Operario auxiliar MT","Operario auxiliar MT",null,null,null,null,1527017,null,null,null,null,"5Operario auxiliar MT"]
["5N&R INTEGRAL SERVICE COMPANY S.A.S.Coordinador MT",5,"N&R INTEGRAL SERVICE COMPANY S.A.S.","Servicio","Coordinador MT","Coordinador MT",null,null,null,null,1735970,null,null,null,null,"5Coordinador MT"]
["5BRILLASEO S.A.SCoordinador de trabajo en alturas MT",5,"BRILLASEO S.A.S","Servicio","Coordinador de trabajo en alturas MT","Coordinador de trabajo en alturas MT",null,null,null,null,1500286,null,null,null,null,"5Coordinador de trabajo en alturas MT"]
["5BRILLASEO S.A.SJabón para loza 3 (Compra)",5,"BRILLASEO S.A.S","Bien",3,"Jabón para loza 3 (Compra)",null,null,null,null,8825,null,null,null,null,"5Jabón para loza 3 (Compra)"]
["5LIMPIEZA INSTITUCIONAL LASU S.A.S.Jabón para loza 4 (Compra)",5,"LIMPIEZA INSTITUCIONAL LASU S.A.S.","Bien",4,"Jabón para loza 4 (Compra)",null,null,null,null,5841,null,null,null,null,"5Jabón para loza 4 (Compra)"]
["5LIMPIEZA INSTITUCIONAL LASU S.A.S.Jabón abrasivo (Compra)",5,"LIMPIEZA INSTITUCIONAL LASU S.A.S.","Bien",7,"Jabón abrasivo (Compra)",null,null,null,null,4225,null,null,null,null,"5Jabón abrasivo (Compra)"]
["5ASSERVI SASJabón de dispensador para manos 3 (Compra)",5,"ASSERVI SAS","Bien",12,"Jabón de dispensador para manos 3 (Compra)",null,null,null,null,33933,null,null,null,null,"5Jabón de dispensador para manos 3 (Compra)"]
["5UNION TEMPORAL ECOLIMPIEZA 4GLimpiador multiusos 2 (Compra)",5,"UNION TEMPORAL ECOLIMPIEZA 4G","Bien",16,"Limpiador multiusos 2 (Compra)",null,null,null,null,3457,null,null,null,null,"5Limpiador multiusos 2 (Compra)"]
["5UNION TEMPORAL ECOLIMPIEZA 4GLíquido desengrasante (Compra)",5,"UNION TEMPORAL ECOLIMPIEZA 4G","Bien",19,"Líquido desengrasante (Compra)",null,null,null,null,10869,null,null,null,null,"5Líquido desengrasante (Compra)"]
["5ASECOLBAS LTDADetergente multiusos en polvo (Compra)",5,"ASECOLBAS LTDA","Bien",21,"Detergente multiusos en polvo (Compra)",null,null,null,null,5751,null,null,null,null,"5Detergente multiusos en polvo (Compra)"]
["5UNIÓN TEMPORAL CCE AMP IV 2022Desinfectante de alto nivel de desinfección para uso hospitalario (Compra)",5,"UNIÓN TEMPORAL CCE AMP IV 2022","Bien",25,"Desinfectante de alto nivel de desinfección para uso hospitalario (Compra)",null,null,null,null,18139,null,null,null,null,"5Desinfectante de alto nivel de desinfección para uso hospitalario (Compra)"]
["5UNIÓN TEMPORAL CCE AMP IV 2022Líquido para limpiar vidrios 2 (Compra)",5,"UNIÓN TEMPORAL CCE AMP IV 2022","Bien",28,"Líquido para limpiar vidrios 2 (Compra)",null,null,null,null,7357,null,null,null,null,"5Líquido para limpiar vidrios 2 (Compra)"]
["5GRUPO GECAlcohol industrial 1 (Compra)",5,"GRUPO GEC","Bien",33,"Alcohol industrial 1 (Compra)",null,null,null,null,32759,null,null,null,null,"5Alcohol industrial 1 (Compra)"]
["5GRUPO GECCreolina 2 (Compra)",5,"GRUPO GEC","Bien",36,"Creolina 2 (Compra)",null,null,null,null,23364,null,null,null,null,"5Creolina 2 (Compra)"]
["5UNION TEMPORAL  CONASEAR Líquido para limpiar equipos de oficina 1 (Compra)",5,"UNION TEMPORAL  CONASEAR ","Bien",37,"Líquido para limpiar equipos de oficina 1 (Compra)",null,null,null,null,8501,null,null,null,null,"5Líquido para limpiar equipos de oficina 1 (Compra)"]
["5CONSORCIO ELITELíquido cubre rasguños para madera (Compra)",5,"CONSORCIO ELITE","Bien",42,"Líquido cubre rasguños para madera (Compra)",null,null,null,null,4831,null,null,null,null,"5Líquido cubre rasguños para madera (Compra)"]
["5CONSORCIO ELITECera emulsionada Neutra (Compra)",5,"CONSORCIO ELITE","Bien",45,"Cera emulsionada Neutra (Compra)",null,null,null,null,15910,null,null,null,null,"5Cera emulsionada Neutra (Compra)"]
["5UNION TEMPORAL SERVIASEAMOSMantenedor de pisos (Compra)",5,"UNION TEMPORAL SERVIASEAMOS","Bien",49,"Mantenedor de pisos (Compra)",null,null,null,null,24585,null,null,null,null,"5Mantenedor de pisos (Compra)"]
["5UNION TEMPORAL SERVIASEAMOSJabón neutro para pisos 1 (Compra)",5,"UNION TEMPORAL SERVIASEAMOS","Bien",52,"Jabón neutro para pisos 1 (Compra)",null,null,null,null,13073,null,null,null,null,"5Jabón neutro para pisos 1 (Compra)"]
["5CONSERJES INMOBILIARIOS LTDAVarsol  ecológico 1 (Compra)",5,"CONSERJES INMOBILIARIOS LTDA","Bien",54,"Varsol  ecológico 1 (Compra)",null,null,null,null,8000,null,null,null,null,"5Varsol  ecológico 1 (Compra)"]
["5UNIÓN TEMPORAL SERTOPBrillametal líquido (Compra)",5,"UNIÓN TEMPORAL SERTOP","Bien",58,"Brillametal líquido (Compra)",null,null,null,null,21757,null,null,null,null,"5Brillametal líquido (Compra)"]
["5UNION TEMPORAL SERVIASEAMOSAmbientador 2 (Compra)",5,"UNION TEMPORAL SERVIASEAMOS","Bien",61,"Ambientador 2 (Compra)",null,null,null,null,14341,null,null,null,null,"5Ambientador 2 (Compra)"]
["5SERVITALENTOSLimpiones 3 (Compra)",5,"SERVITALENTOS","Bien",66,"Limpiones 3 (Compra)",null,null,null,null,7112,null,null,null,null,"5Limpiones 3 (Compra)"]
["5UNIÓN TEMPORAL SERTOPLimpiones 4 (Compra)",5,"UNIÓN TEMPORAL SERTOP","Bien",67,"Limpiones 4 (Compra)",null,null,null,null,14312,null,null,null,null,"5Limpiones 4 (Compra)"]
["5UNIÓN TEMPORAL SERTOPBayetilla 2 (Compra)",5,"UNIÓN TEMPORAL SERTOP","Bien",70,"Bayetilla 2 (Compra)",null,null,null,null,7207,null,null,null,null,"5Bayetilla 2 (Compra)"]
["5N&R INTEGRAL SERVICE COMPANY S.A.S.Esponjilla 1 (Compra)",5,"N&R INTEGRAL SERVICE COMPANY S.A.S.","Bien",75,"Esponjilla 1 (Compra)",null,null,null,null,2089,null,null,null,null,"5Esponjilla 1 (Compra)"]
["5N&R INTEGRAL SERVICE COMPANY S.A.S.Esponjilla 4 (Compra)",5,"N&R INTEGRAL SERVICE COMPANY S.A.S.","Bien",78,"Esponjilla 4 (Compra)",null,null,null,null,1118,null,null,null,null,"5Esponjilla 4 (Compra)"]
["5BRILLASEO S.A.SEscoba 2 (Compra)",5,"BRILLASEO S.A.S","Bien",83,"Escoba 2 (Compra)",null,null,null,null,4296,null,null,null,null,"5Escoba 2 (Compra)"]
["5LIMPIEZA INSTITUCIONAL LASU S.A.S.Escoba 3 (Compra)",5,"LIMPIEZA INSTITUCIONAL LASU S.A.S.","Bien",84,"Escoba 3 (Compra)",null,null,null,null,4054,null,null,null,null,"5Escoba 3 (Compra)"]
["5LIMPIEZA INSTITUCIONAL LASU S.A.S.Mango metálico escoba 1 (Compra)",5,"LIMPIEZA INSTITUCIONAL LASU S.A.S.","Bien",87,"Mango metálico escoba 1 (Compra)",null,null,null,null,4892,null,null,null,null,"5Mango metálico escoba 1 (Compra)"]
["5ASSERVI SASTrapero 1 (Compra)",5,"ASSERVI SAS","Bien",92,"Trapero 1 (Compra)",null,null,null,null,9209,null,null,null,null,"5Trapero 1 (Compra)"]
["5ASSERVI SASTrapero 4 (Compra)",5,"ASSERVI SAS","Bien",95,"Trapero 4 (Compra)",null,null,null,null,18728,null,null,null,null,"5Trapero 4 (Compra)"]
["5UNION TEMPORAL ECOLIMPIEZA 4GPads 1 (Compra)",5,"UNION TEMPORAL ECOLIMPIEZA 4G","Bien",99,"Pads 1 (Compra)",null,null,null,null,22060,null,null,null,null,"5Pads 1 (Compra)"]
["5ASECOLBAS LTDAPads 3 (Compra)",5,"ASECOLBAS LTDA","Bien",101,"Pads 3 (Compra)",null,null,null,null,31338,null,null,null,null,"5Pads 3 (Compra)"]
["5ASECOLBAS LTDABoneth 1 (Compra)",5,"ASECOLBAS LTDA","Bien",104,"Boneth 1 (Compra)",null,null,null,null,77345,null,null,null,null,"5Boneth 1 (Compra)"]
["5UNIÓN TEMPORAL CCE AMP IV 2022Bolsas plásticas 3 (Compra)",5,"UNIÓN TEMPORAL CCE AMP IV 2022","Bien",108,"Bolsas plásticas 3 (Compra)",null,null,null,null,1514,null,null,null,null,"5Bolsas plásticas 3 (Compra)"]
["5UT GRUPO ADINBolsas plásticas 4 (Compra)",5,"UT GRUPO ADIN","Bien",109,"Bolsas plásticas 4 (Compra)",null,null,null,null,1322,null,null,null,null,"5Bolsas plásticas 4 (Compra)"]
["5UT GRUPO ADINBolsas plásticas 8 (Compra)",5,"UT GRUPO ADIN","Bien",112,"Bolsas plásticas 8 (Compra)",null,null,null,null,2523,null,null,null,null,"5Bolsas plásticas 8 (Compra)"]
["5UNION TEMPORAL  CONASEAR Bolsas plásticas 14 (Compra)",5,"UNION TEMPORAL  CONASEAR ","Bien",117,"Bolsas plásticas 14 (Compra)",null,null,null,null,3087,null,null,null,null,"5Bolsas plásticas 14 (Compra)"]
["5UNION TEMPORAL  CONASEAR Bolsas plásticas 17 (Compra)",5,"UNION TEMPORAL  CONASEAR ","Bien",120,"Bolsas plásticas 17 (Compra)",null,null,null,null,4161,null,null,null,null,"5Bolsas plásticas 17 (Compra)"]
["5CONSORCIO ELITEBolsas plásticas 22 (Compra)",5,"CONSORCIO ELITE","Bien",125,"Bolsas plásticas 22 (Compra)",null,null,null,null,6886,null,null,null,null,"5Bolsas plásticas 22 (Compra)"]
["5UNION  TEMPORAL LADOINSA 2022Bolsas plásticas 23 (Compra)",5,"UNION  TEMPORAL LADOINSA 2022","Bien",126,"Bolsas plásticas 23 (Compra)",null,null,null,null,7417,null,null,null,null,"5Bolsas plásticas 23 (Compra)"]
["5UNION  TEMPORAL LADOINSA 2022Bolsas plásticas 26 (Compra)",5,"UNION  TEMPORAL LADOINSA 2022","Bien",129,"Bolsas plásticas 26 (Compra)",null,null,null,null,7417,null,null,null,null,"5Bolsas plásticas 26 (Compra)"]
["5UNIÓN TEMPORAL EMINSER SOLOASEO 2023Guantes 5 (Compra)",5,"UNIÓN TEMPORAL EMINSER SOLOASEO 2023","Bien",134,"Guantes 5 (Compra)",null,null,null,null,6345,null,null,null,null,"5Guantes 5 (Compra)"]
["5UNION TEMPORAL SERVIASEAMOSGuantes 9 (Compra)",5,"UNION TEMPORAL SERVIASEAMOS","Bien",138,"Guantes 9 (Compra)",null,null,null,null,6115,null,null,null,null,"5Guantes 9 (Compra)"]
["5UNION TEMPORAL SERVIASEAMOSPapel higiénico 1 (Compra)",5,"UNION TEMPORAL SERVIASEAMOS","Bien",141,"Papel higiénico 1 (Compra)",null,null,null,null,2221,null,null,null,null,"5Papel higiénico 1 (Compra)"]
["5CONSERJES INMOBILIARIOS LTDAPapel higiénico 3 (Compra)",5,"CONSERJES INMOBILIARIOS LTDA","Bien",143,"Papel higiénico 3 (Compra)",null,null,null,null,15390,null,null,null,null,"5Papel higiénico 3 (Compra)"]
["5CONSERJES INMOBILIARIOS LTDAToallas para manos 1 (Compra)",5,"CONSERJES INMOBILIARIOS LTDA","Bien",146,"Toallas para manos 1 (Compra)",null,null,null,null,18355,null,null,null,null,"5Toallas para manos 1 (Compra)"]
["5UNIÓN TEMPORAL SERTOPToallas para manos 5 (Compra)",5,"UNIÓN TEMPORAL SERTOP","Bien",150,"Toallas para manos 5 (Compra)",null,null,null,null,6972,null,null,null,null,"5Toallas para manos 5 (Compra)"]
["5N&R INTEGRAL SERVICE COMPANY S.A.S.Vasos biodegradables 1 (Compra)",5,"N&R INTEGRAL SERVICE COMPANY S.A.S.","Bien",155,"Vasos biodegradables 1 (Compra)",null,null,null,null,10893,null,null,null,null,"5Vasos biodegradables 1 (Compra)"]
["5N&R INTEGRAL SERVICE COMPANY S.A.S.Vasos biodegradables 4 (Compra)",5,"N&R INTEGRAL SERVICE COMPANY S.A.S.","Bien",158,"Vasos biodegradables 4 (Compra)",null,null,null,null,17130,null,null,null,null,"5Vasos biodegradables 4 (Compra)"]
["5UNION TEMPORAL R&J 2022Mezclador 1 (Compra)",5,"UNION TEMPORAL R&J 2022","Bien",159,"Mezclador 1 (Compra)",null,null,null,null,10198,null,null,null,null,"5Mezclador 1 (Compra)"]
["5UNION TEMPORAL R&J 2022Filtro para greca 2 (Compra)",5,"UNION TEMPORAL R&J 2022","Bien",162,"Filtro para greca 2 (Compra)",null,null,null,null,4450,null,null,null,null,"5Filtro para greca 2 (Compra)"]
["5LIMPIEZA INSTITUCIONAL LASU S.A.S.Película transparente para alimentos (Compra)",5,"LIMPIEZA INSTITUCIONAL LASU S.A.S.","Bien",167,"Película transparente para alimentos (Compra)",null,null,null,null,12446,null,null,null,null,"5Película transparente para alimentos (Compra)"]
["5ASSERVI SASCafé 3 (Compra)",5,"ASSERVI SAS","Bien",172,"Café 3 (Compra)",null,null,null,null,71080,null,null,null,null,"5Café 3 (Compra)"]
["5ASSERVI SASAzúcar 1 (Compra)",5,"ASSERVI SAS","Bien",175,"Azúcar 1 (Compra)",null,null,null,null,12609,null,null,null,null,"5Azúcar 1 (Compra)"]
["5INTERSAEO SAS ESPAzúcar 2 (Compra)",5,"INTERSAEO SAS ESP","Bien",176,"Azúcar 2 (Compra)",null,null,null,null,8962,null,null,null,null,"5Azúcar 2 (Compra)"]
["5ASECOLBAS LTDASal 1 (Compra)",5,"ASECOLBAS LTDA","Bien",181,"Sal 1 (Compra)",null,null,null,null,1368,null,null,null,null,"5Sal 1 (Compra)"]
["5ASECOLBAS LTDAAromática (Compra)",5,"ASECOLBAS LTDA","Bien",184,"Aromática (Compra)",null,null,null,null,2151,null,null,null,null,"5Aromática (Compra)"]
["5UNIÓN TEMPORAL CCE AMP IV 2022Té (Compra)",5,"UNIÓN TEMPORAL CCE AMP IV 2022","Bien",188,"Té (Compra)",null,null,null,null,13482,null,null,null,null,"5Té (Compra)"]
["5UNIÓN TEMPORAL CCE AMP IV 2022Agua potable 2 (Compra)",5,"UNIÓN TEMPORAL CCE AMP IV 2022","Bien",191,"Agua potable 2 (Compra)",null,null,null,null,2670,null,null,null,null,"5Agua potable 2 (Compra)"]
["5UT GRUPO ADINAgua potable 3 (Compra)",5,"UT GRUPO ADIN","Bien",192,"Agua potable 3 (Compra)",null,null,null,null,2771,null,null,null,null,"5Agua potable 3 (Compra)"]
["5UNION TEMPORAL  CONASEAR Brillador 1 (Compra)",5,"UNION TEMPORAL  CONASEAR ","Bien",197,"Brillador 1 (Compra)",null,null,null,null,91689,null,null,null,null,"5Brillador 1 (Compra)"]
["5UNION TEMPORAL  CONASEAR Repuestos brillador 2 (Compra)",5,"UNION TEMPORAL  CONASEAR ","Bien",200,"Repuestos brillador 2 (Compra)",null,null,null,null,36294,null,null,null,null,"5Repuestos brillador 2 (Compra)"]
["5CONSORCIO ELITERecogedor de basura 1 (Compra)",5,"CONSORCIO ELITE","Bien",205,"Recogedor de basura 1 (Compra)",null,null,null,null,6602,null,null,null,null,"5Recogedor de basura 1 (Compra)"]
["5UNION  TEMPORAL LADOINSA 2022Atomizadores (Compra)",5,"UNION  TEMPORAL LADOINSA 2022","Bien",207,"Atomizadores (Compra)",null,null,null,null,3709,null,null,null,null,"5Atomizadores (Compra)"]
["5UNION TEMPORAL  CONASEAR Caneca para almacenar ropa sucia  (Compra)",5,"UNION TEMPORAL  CONASEAR ","Bien",209,"Caneca para almacenar ropa sucia  (Compra)",null,null,null,null,53773,null,null,null,null,"5Caneca para almacenar ropa sucia  (Compra)"]
["5CONSORCIO ELITECuchara  (Compra)",5,"CONSORCIO ELITE","Bien",214,"Cuchara  (Compra)",null,null,null,null,4543,null,null,null,null,"5Cuchara  (Compra)"]
["5CONSORCIO ELITECuchara pequeña  (Compra)",5,"CONSORCIO ELITE","Bien",217,"Cuchara pequeña  (Compra)",null,null,null,null,4208,null,null,null,null,"5Cuchara pequeña  (Compra)"]
["5UNION  TEMPORAL LADOINSA 2022Platos  1 (Arrendamiento)",5,"UNION  TEMPORAL LADOINSA 2022","Bien",218,"Platos  1 (Arrendamiento)",null,null,null,null,5687,null,null,null,null,"5Platos  1 (Arrendamiento)"]
["5CONSERJES INMOBILIARIOS LTDAPlatos  3 (Compra)",5,"CONSERJES INMOBILIARIOS LTDA","Bien",223,"Platos  3 (Compra)",null,null,null,null,7886,null,null,null,null,"5Platos  3 (Compra)"]
["5CONSERJES INMOBILIARIOS LTDAPlatos  5 (Arrendamiento)",5,"CONSERJES INMOBILIARIOS LTDA","Bien",226,"Platos  5 (Arrendamiento)",null,null,null,null,11992,null,null,null,null,"5Platos  5 (Arrendamiento)"]
["5UNIÓN TEMPORAL SERTOPJuego de cubiertos  (Compra)",5,"UNIÓN TEMPORAL SERTOP","Bien",230,"Juego de cubiertos  (Compra)",null,null,null,null,74857,null,null,null,null,"5Juego de cubiertos  (Compra)"]
["5UNIÓN TEMPORAL SERTOPVajilla  1 (Arrendamiento)",5,"UNIÓN TEMPORAL SERTOP","Bien",233,"Vajilla  1 (Arrendamiento)",null,null,null,null,84987,null,null,null,null,"5Vajilla  1 (Arrendamiento)"]
["5COMPAÑÍA DE SERVICIOS Y ADMINISTRACIÓN SA SERDAN SAVajilla  2 (Arrendamiento)",5,"COMPAÑÍA DE SERVICIOS Y ADMINISTRACIÓN SA SERDAN SA","Bien",235,"Vajilla  2 (Arrendamiento)",null,null,null,null,57445,null,null,null,null,"5Vajilla  2 (Arrendamiento)"]
["5UNION TEMPORAL R&J 2022Jarra  (Arrendamiento)",5,"UNION TEMPORAL R&J 2022","Bien",239,"Jarra  (Arrendamiento)",null,null,null,null,15761,null,null,null,null,"5Jarra  (Arrendamiento)"]
["5UNION TEMPORAL R&J 2022Organizador  porta escobas  (Compra)",5,"UNION TEMPORAL R&J 2022","Bien",242,"Organizador  porta escobas  (Compra)",null,null,null,null,14834,null,null,null,null,"5Organizador  porta escobas  (Compra)"]
["5LIMPIEZA INSTITUCIONAL LASU S.A.S.Haraganes 4  (Compra)",5,"LIMPIEZA INSTITUCIONAL LASU S.A.S.","Bien",247,"Haraganes 4  (Compra)",null,null,null,null,8835,null,null,null,null,"5Haraganes 4  (Compra)"]
["5UNION TEMPORAL OUTSOURCING GIAFBalde (Arrendamiento)",5,"UNION TEMPORAL OUTSOURCING GIAF","Bien",248,"Balde (Arrendamiento)",null,null,null,null,1324,null,null,null,null,"5Balde (Arrendamiento)"]
["5UNION TEMPORAL OUTSOURCING GIAFPlato Biodegradable 2 (Compra)",5,"UNION TEMPORAL OUTSOURCING GIAF","Bien",251,"Plato Biodegradable 2 (Compra)",null,null,null,null,11207,null,null,null,null,"5Plato Biodegradable 2 (Compra)"]
["5INTERSAEO SAS ESPCafetera 1 (Arrendamiento)",5,"INTERSAEO SAS ESP","Bien",256,"Cafetera 1 (Arrendamiento)",null,null,null,null,14216,null,null,null,null,"5Cafetera 1 (Arrendamiento)"]
["5INTERSAEO SAS ESPVajilla  3 (Compra)",5,"INTERSAEO SAS ESP","Bien",259,"Vajilla  3 (Compra)",null,null,null,null,185426,null,null,null,null,"5Vajilla  3 (Compra)"]
["5ASECOLBAS LTDABandeja 1 (Arrendamiento)",5,"ASECOLBAS LTDA","Bien",264,"Bandeja 1 (Arrendamiento)",null,null,null,null,587,null,null,null,null,"5Bandeja 1 (Arrendamiento)"]
["5INTERNEGOCIOS SASBandeja 1 (Compra)",5,"INTERNEGOCIOS SAS","Bien",265,"Bandeja 1 (Compra)",null,null,null,null,43962,null,null,null,null,"5Bandeja 1 (Compra)"]
["5INTERNEGOCIOS SASBandeja 3 (Arrendamiento)",5,"INTERNEGOCIOS SAS","Bien",268,"Bandeja 3 (Arrendamiento)",null,null,null,null,1302,null,null,null,null,"5Bandeja 3 (Arrendamiento)"]
["5UT GRUPO ADINOlleta (Arrendamiento)",5,"UT GRUPO ADIN","Bien",272,"Olleta (Arrendamiento)",null,null,null,null,1732,null,null,null,null,"5Olleta (Arrendamiento)"]
["5UT GRUPO ADINOlla 1 (Compra)",5,"UT GRUPO ADIN","Bien",275,"Olla 1 (Compra)",null,null,null,null,9299,null,null,null,null,"5Olla 1 (Compra)"]
["5UNION TEMPORAL SERVICIOS A y C COLOMBIAEscurridor para platos (Compra)",5,"UNION TEMPORAL SERVICIOS A y C COLOMBIA","Bien",279,"Escurridor para platos (Compra)",null,null,null,null,90612,null,null,null,null,"5Escurridor para platos (Compra)"]
["5UT GRUPO ADINCarro exprimidor de trapero 1 (Arrendamiento)",5,"UT GRUPO ADIN","Bien",281,"Carro exprimidor de trapero 1 (Arrendamiento)",null,null,null,null,74140,null,null,null,null,"5Carro exprimidor de trapero 1 (Arrendamiento)"]
["5UT GRUPO ADINCarro exprimidor de trapero 2 (Compra)",5,"UT GRUPO ADIN","Bien",284,"Carro exprimidor de trapero 2 (Compra)",null,null,null,null,346006,null,null,null,null,"5Carro exprimidor de trapero 2 (Compra)"]
["5UNION TEMPORAL  CONASEAR Escalera 1 (Arrendamiento)",5,"UNION TEMPORAL  CONASEAR ","Bien",289,"Escalera 1 (Arrendamiento)",null,null,null,null,8854,null,null,null,null,"5Escalera 1 (Arrendamiento)"]
["5CONSORCIO ELITEEscalera 3 (Compra)",5,"CONSORCIO ELITE","Bien",294,"Escalera 3 (Compra)",null,null,null,null,669460,null,null,null,null,"5Escalera 3 (Compra)"]
["5CONSORCIO ELITEEscalera de tipo industrial (Arrendamiento)",5,"CONSORCIO ELITE","Bien",297,"Escalera de tipo industrial (Arrendamiento)",null,null,null,null,65034,null,null,null,null,"5Escalera de tipo industrial (Arrendamiento)"]
["5UNION  TEMPORAL LADOINSA 2022Escalera de tipo industrial (Compra)",5,"UNION  TEMPORAL LADOINSA 2022","Bien",298,"Escalera de tipo industrial (Compra)",null,null,null,null,535511,null,null,null,null,"5Escalera de tipo industrial (Compra)"]
["5UNION  TEMPORAL LADOINSA 2022Mangueras 2 (Arrendamiento)",5,"UNION  TEMPORAL LADOINSA 2022","Bien",301,"Mangueras 2 (Arrendamiento)",null,null,null,null,4079,null,null,null,null,"5Mangueras 2 (Arrendamiento)"]
["5CONSERJES INMOBILIARIOS LTDAContenedor de basura 2 (Compra)",5,"CONSERJES INMOBILIARIOS LTDA","Bien",306,"Contenedor de basura 2 (Compra)",null,null,null,null,1514,null,null,null,null,"5Contenedor de basura 2 (Compra)"]
["5SOSEGE SASContenedor de basura 3 (Compra)",5,"SOSEGE SAS","Bien",307,"Contenedor de basura 3 (Compra)",null,null,null,null,40037,null,null,null,null,"5Contenedor de basura 3 (Compra)"]
["5UNIÓN TEMPORAL SERTOPContenedor de basura 9 (Compra)",5,"UNIÓN TEMPORAL SERTOP","Bien",313,"Contenedor de basura 9 (Compra)",null,null,null,null,116138,null,null,null,null,"5Contenedor de basura 9 (Compra)"]
["5COMPAÑÍA DE SERVICIOS Y ADMINISTRACIÓN SA SERDAN SAContenedor de basura 11 (Compra)",5,"COMPAÑÍA DE SERVICIOS Y ADMINISTRACIÓN SA SERDAN SA","Bien",315,"Contenedor de basura 11 (Compra)",null,null,null,null,84987,null,null,null,null,"5Contenedor de basura 11 (Compra)"]
["5UNION TEMPORAL R&J 2022Contenedor de basura 15 (Compra)",5,"UNION TEMPORAL R&J 2022","Bien",319,"Contenedor de basura 15 (Compra)",null,null,null,null,129798,null,null,null,null,"5Contenedor de basura 15 (Compra)"]
["5UNION TEMPORAL R&J 2022Contenedor de basura 18 (Compra)",5,"UNION TEMPORAL R&J 2022","Bien",322,"Contenedor de basura 18 (Compra)",null,null,null,null,296682,null,null,null,null,"5Contenedor de basura 18 (Compra)"]
["5CLEANER S.A.Contenedor de basura 20 (Compra)",5,"CLEANER S.A.","Bien",324,"Contenedor de basura 20 (Compra)",null,null,null,null,743347,null,null,null,null,"5Contenedor de basura 20 (Compra)"]
["5LIMPIEZA INSTITUCIONAL LASU S.A.S.Contenedor de basura 26 (Compra)",5,"LIMPIEZA INSTITUCIONAL LASU S.A.S.","Bien",330,"Contenedor de basura 26 (Compra)",null,null,null,null,1864100,null,null,null,null,"5Contenedor de basura 26 (Compra)"]
["5UNION TEMPORAL OUTSOURCING GIAFContenedor de basura 27 (Compra)",5,"UNION TEMPORAL OUTSOURCING GIAF","Bien",331,"Contenedor de basura 27 (Compra)",null,null,null,null,1577763,null,null,null,null,"5Contenedor de basura 27 (Compra)"]
["5INTERSAEO SAS ESPPunto Ecológico 2 (Compra)",5,"INTERSAEO SAS ESP","Bien",336,"Punto Ecológico 2 (Compra)",null,null,null,null,296435,null,null,null,null,"5Punto Ecológico 2 (Compra)"]
["5INTERSAEO SAS ESPPunto Ecológico 5 (Compra)",5,"INTERSAEO SAS ESP","Bien",339,"Punto Ecológico 5 (Compra)",null,null,null,null,343657,null,null,null,null,"5Punto Ecológico 5 (Compra)"]
["5UNIÓN TEMPORAL EMINSER SOLOASEO 2023Punto Ecológico 6 (Compra)",5,"UNIÓN TEMPORAL EMINSER SOLOASEO 2023","Bien",340,"Punto Ecológico 6 (Compra)",null,null,null,null,1338654,null,null,null,null,"5Punto Ecológico 6 (Compra)"]
["5ASECOLBAS LTDASeñales peatonales de prevención y atención 1 (Compra)",5,"ASECOLBAS LTDA","Bien",347,"Señales peatonales de prevención y atención 1 (Compra)",null,null,null,null,938,null,null,null,null,"5Señales peatonales de prevención y atención 1 (Compra)"]
["5INTERNEGOCIOS SASSeñales peatonales de prevención y atención 2 (Compra)",5,"INTERNEGOCIOS SAS","Bien",348,"Señales peatonales de prevención y atención 2 (Compra)",null,null,null,null,25709,null,null,null,null,"5Señales peatonales de prevención y atención 2 (Compra)"]
["5UNION TEMPORAL OUTSOURCING GIAFDispensador de toallas de manos 1 (Compra)",5,"UNION TEMPORAL OUTSOURCING GIAF","Bien",352,"Dispensador de toallas de manos 1 (Compra)",null,null,null,null,114957,null,null,null,null,"5Dispensador de toallas de manos 1 (Compra)"]
["5ASECOLBAS LTDADispensador de jabón líquido 2 (Compra)",5,"ASECOLBAS LTDA","Bien",356,"Dispensador de jabón líquido 2 (Compra)",null,null,null,null,3642,null,null,null,null,"5Dispensador de jabón líquido 2 (Compra)"]
["5INTERNEGOCIOS SASDispensador de jabón líquido 3 (Compra)",5,"INTERNEGOCIOS SAS","Bien",357,"Dispensador de jabón líquido 3 (Compra)",null,null,null,null,143260,null,null,null,null,"5Dispensador de jabón líquido 3 (Compra)"]
["5UT GRUPO ADINDispensador de agua (Compra)",5,"UT GRUPO ADIN","Bien",361,"Dispensador de agua (Compra)",null,null,null,null,667535,null,null,null,null,"5Dispensador de agua (Compra)"]
["5UT GRUPO ADINGreca para tintos 1 (Compra)",5,"UT GRUPO ADIN","Bien",364,"Greca para tintos 1 (Compra)",null,null,null,null,370853,null,null,null,null,"5Greca para tintos 1 (Compra)"]
["5UNION TEMPORAL  CONASEAR Máquina de filtrado para café (Compra)",5,"UNION TEMPORAL  CONASEAR ","Bien",369,"Máquina de filtrado para café (Compra)",null,null,null,null,3215724,null,null,null,null,"5Máquina de filtrado para café (Compra)"]
["5UNION TEMPORAL  CONASEAR Horno microondas de tipo industrial (Arrendamiento)",5,"UNION TEMPORAL  CONASEAR ","Bien",372,"Horno microondas de tipo industrial (Arrendamiento)",null,null,null,null,198894,null,null,null,null,"5Horno microondas de tipo industrial (Arrendamiento)"]
["5UT EASYCLEAN ASEO PROFESIONALHorno microondas de tipo industrial (Compra)",5,"UT EASYCLEAN ASEO PROFESIONAL","Bien",373,"Horno microondas de tipo industrial (Compra)",null,null,null,null,4088695,null,null,null,null,"5Horno microondas de tipo industrial (Compra)"]
["5UNION  TEMPORAL LADOINSA 2022Extensión eléctrica 1 (Compra)",5,"UNION  TEMPORAL LADOINSA 2022","Bien",378,"Extensión eléctrica 1 (Compra)",null,null,null,null,687066,null,null,null,null,"5Extensión eléctrica 1 (Compra)"]
["5UNION  TEMPORAL LADOINSA 2022Aspiradora 1 (Compra)",5,"UNION  TEMPORAL LADOINSA 2022","Bien",381,"Aspiradora 1 (Compra)",null,null,null,null,1816312,null,null,null,null,"5Aspiradora 1 (Compra)"]
["5CONSERJES INMOBILIARIOS LTDALavabrilladora de pisos 2 (Arrendamiento)",5,"CONSERJES INMOBILIARIOS LTDA","Bien",386,"Lavabrilladora de pisos 2 (Arrendamiento)",null,null,null,null,113481,null,null,null,null,"5Lavabrilladora de pisos 2 (Arrendamiento)"]
["5SOSEGE SASLavabrilladora de pisos 2 (Compra)",5,"SOSEGE SAS","Bien",387,"Lavabrilladora de pisos 2 (Compra)",null,null,null,null,5190454,null,null,null,null,"5Lavabrilladora de pisos 2 (Compra)"]
["5SOSEGE SASLavadora de alfombras y tapetes 1 (Arrendamiento)",5,"SOSEGE SAS","Bien",390,"Lavadora de alfombras y tapetes 1 (Arrendamiento)",null,null,null,null,302863,null,null,null,null,"5Lavadora de alfombras y tapetes 1 (Arrendamiento)"]
["5COMPAÑÍA DE SERVICIOS Y ADMINISTRACIÓN SA SERDAN SAHidrolavadora Industrial (Compra)",5,"COMPAÑÍA DE SERVICIOS Y ADMINISTRACIÓN SA SERDAN SA","Bien",395,"Hidrolavadora Industrial (Compra)",null,null,null,null,5382061,null,null,null,null,"5Hidrolavadora Industrial (Compra)"]
["5COMPAÑÍA DE SERVICIOS Y ADMINISTRACIÓN SA SERDAN SASonda para inodoro (Arrendamiento)",5,"COMPAÑÍA DE SERVICIOS Y ADMINISTRACIÓN SA SERDAN SA","Bien",398,"Sonda para inodoro (Arrendamiento)",null,null,null,null,52125,null,null,null,null,"5Sonda para inodoro (Arrendamiento)"]
["5UNION TEMPORAL R&J 2022Cortadora de cesped  (Arrendamiento)",5,"UNION TEMPORAL R&J 2022","Bien",402,"Cortadora de cesped  (Arrendamiento)",null,null,null,null,1063111,null,null,null,null,"5Cortadora de cesped  (Arrendamiento)"]
["5CLEANER S.A.Guadañas (Arrendamiento)",5,"CLEANER S.A.","Bien",404,"Guadañas (Arrendamiento)",null,null,null,null,45667,null,null,null,null,"5Guadañas (Arrendamiento)"]
["5CLEANER S.A.Motobombas (Compra)",5,"CLEANER S.A.","Bien",407,"Motobombas (Compra)",null,null,null,null,1215688,null,null,null,null,"5Motobombas (Compra)"]
["6GRUPO GECOperario de mantenimiento",6,"GRUPO GEC","Servicio","Operario de mantenimiento","Operario de mantenimiento",null,null,null,null,2465868,null,null,null,null,"6Operario de mantenimiento"]
["6UNION  TEMPORAL LADOINSA 2022Jardinero",6,"UNION  TEMPORAL LADOINSA 2022","Servicio","Jardinero","Jardinero",null,null,null,null,2730025,null,null,null,null,"6Jardinero"]
["6UNION TEMPORAL OUTSOURCING GIAFTurno operario de mantenimiento",6,"UNION TEMPORAL OUTSOURCING GIAF","Servicio","Turno operario de mantenimiento","Turno operario de mantenimiento",null,null,null,null,82196,null,null,null,null,"6Turno operario de mantenimiento"]
["6INTERASEO SAS ESPTurno coordinador de trabajo en alturas nivel básico",6,"INTERASEO SAS ESP","Servicio","Turno coordinador de trabajo en alturas nivel básico","Turno coordinador de trabajo en alturas nivel básico",null,null,null,null,123501,null,null,null,null,"6Turno coordinador de trabajo en alturas nivel básico"]
["6UNIÓN TEMPORAL CCE AMP IV 2022Operario auxiliar MT",6,"UNIÓN TEMPORAL CCE AMP IV 2022","Servicio","Operario auxiliar MT","Operario auxiliar MT",null,null,null,null,1527017,null,null,null,null,"6Operario auxiliar MT"]
["6INTERASEO SAS ESPJardinero capacitado para trabajo en alturas MT",6,"INTERASEO SAS ESP","Servicio","Jardinero capacitado para trabajo en alturas MT","Jardinero capacitado para trabajo en alturas MT",null,null,null,null,1527018,null,null,null,null,"6Jardinero capacitado para trabajo en alturas MT"]
["6LIMPIEZA INSTITUCIONAL LASU S.A.S.Jabón para loza 1 (Compra)",6,"LIMPIEZA INSTITUCIONAL LASU S.A.S.","Bien",1,"Jabón para loza 1 (Compra)",null,null,null,null,10611,null,null,null,null,"6Jabón para loza 1 (Compra)"]
["6SERVICIOS KVAL SASJabón de tocador 1 (Compra)",6,"SERVICIOS KVAL SAS","Bien",8,"Jabón de tocador 1 (Compra)",null,null,null,null,3803,null,null,null,null,"6Jabón de tocador 1 (Compra)"]
["6ASECOLBAS LTDAJabón de dispensador para manos 1 (Compra)",6,"ASECOLBAS LTDA","Bien",10,"Jabón de dispensador para manos 1 (Compra)",null,null,null,null,5137,null,null,null,null,"6Jabón de dispensador para manos 1 (Compra)"]
["6KIOS SASGel antibacterial para manos (Compra)",6,"KIOS SAS","Bien",13,"Gel antibacterial para manos (Compra)",null,null,null,null,37741,null,null,null,null,"6Gel antibacterial para manos (Compra)"]
["6UNION  TEMPORAL LADOINSA 2022Limpiador desinfectante para pisos (Compra)",6,"UNION  TEMPORAL LADOINSA 2022","Bien",18,"Limpiador desinfectante para pisos (Compra)",null,null,null,null,10879,null,null,null,null,"6Limpiador desinfectante para pisos (Compra)"]
["6COMPAÑÍA DE SERVICIOS Y ADMINISTRACIÓN SA SERDAN SACrema desengrasante (Compra)",6,"COMPAÑÍA DE SERVICIOS Y ADMINISTRACIÓN SA SERDAN SA","Bien",20,"Crema desengrasante (Compra)",null,null,null,null,27927,null,null,null,null,"6Crema desengrasante (Compra)"]
["6CONSORCIO ELITELíquido para limpiar vidrios 1 (Compra)",6,"CONSORCIO ELITE","Bien",27,"Líquido para limpiar vidrios 1 (Compra)",null,null,null,null,11932,null,null,null,null,"6Líquido para limpiar vidrios 1 (Compra)"]
["6UNIÓN TEMPORAL CCE AMP IV 2022Líquido para limpiar vidrios 2 (Compra)",6,"UNIÓN TEMPORAL CCE AMP IV 2022","Bien",28,"Líquido para limpiar vidrios 2 (Compra)",null,null,null,null,7357,null,null,null,null,"6Líquido para limpiar vidrios 2 (Compra)"]
["6CLEANER S.A.Blanqueador o hipoclorito 3 (Compra)",6,"CLEANER S.A.","Bien",32,"Blanqueador o hipoclorito 3 (Compra)",null,null,null,null,26721,null,null,null,null,"6Blanqueador o hipoclorito 3 (Compra)"]
["6INCINERADOS DEL HUILALíquido para limpiar equipos de oficina 1 (Compra)",6,"INCINERADOS DEL HUILA","Bien",37,"Líquido para limpiar equipos de oficina 1 (Compra)",null,null,null,null,23841,null,null,null,null,"6Líquido para limpiar equipos de oficina 1 (Compra)"]
["6UNIÓN TEMPORAL EMINSER SOLOASEO 2023Líquido para limpiar equipos de oficina 2 (Compra)",6,"UNIÓN TEMPORAL EMINSER SOLOASEO 2023","Bien",38,"Líquido para limpiar equipos de oficina 2 (Compra)",null,null,null,null,11033,null,null,null,null,"6Líquido para limpiar equipos de oficina 2 (Compra)"]
["6CONSERJES INMOBILIARIOS LTDALíquido cubre rasguños para madera (Compra)",6,"CONSERJES INMOBILIARIOS LTDA","Bien",42,"Líquido cubre rasguños para madera (Compra)",null,null,null,null,3613,null,null,null,null,"6Líquido cubre rasguños para madera (Compra)"]
["6INTERNEGOCIOS SASCera solvente (Compra)",6,"INTERNEGOCIOS SAS","Bien",47,"Cera solvente (Compra)",null,null,null,null,46833,null,null,null,null,"6Cera solvente (Compra)"]
["6SOSEGE SASJabón neutro para pisos 1 (Compra)",6,"SOSEGE SAS","Bien",52,"Jabón neutro para pisos 1 (Compra)",null,null,null,null,8957,null,null,null,null,"6Jabón neutro para pisos 1 (Compra)"]
["6UT EASYCLEAN ASEO PROFESIONALVarsol ecológico 2 (Compra)",6,"UT EASYCLEAN ASEO PROFESIONAL","Bien",55,"Varsol ecológico 2 (Compra)",null,null,null,null,44385,null,null,null,null,"6Varsol ecológico 2 (Compra)"]
["6LIMPIEZA INSTITUCIONAL LASU S.A.S.Brillametal en crema (Compra)",6,"LIMPIEZA INSTITUCIONAL LASU S.A.S.","Bien",57,"Brillametal en crema (Compra)",null,null,null,null,8012,null,null,null,null,"6Brillametal en crema (Compra)"]
["6UNION TEMPORAL OUTSOURCING GIAFAmbientador 1 (Compra)",6,"UNION TEMPORAL OUTSOURCING GIAF","Bien",60,"Ambientador 1 (Compra)",null,null,null,null,11024,null,null,null,null,"6Ambientador 1 (Compra)"]
["6ASECOLBAS LTDALimpiones 3 (Compra)",6,"ASECOLBAS LTDA","Bien",66,"Limpiones 3 (Compra)",null,null,null,null,4268,null,null,null,null,"6Limpiones 3 (Compra)"]
["6GRUPO GECToalla en tela blanca para pisos por metro (repuesto de haraganes) (Compra)",6,"GRUPO GEC","Bien",71,"Toalla en tela blanca para pisos por metro (repuesto de haraganes) (Compra)",null,null,null,null,20397,null,null,null,null,"6Toalla en tela blanca para pisos por metro (repuesto de haraganes) (Compra)"]
["6UNION  TEMPORAL LADOINSA 2022Estopa (Compra)",6,"UNION  TEMPORAL LADOINSA 2022","Bien",74,"Estopa (Compra)",null,null,null,null,14587,null,null,null,null,"6Estopa (Compra)"]
["6COMPAÑÍA DE SERVICIOS Y ADMINISTRACIÓN SA SERDAN SAEsponjilla 2 (Compra)",6,"COMPAÑÍA DE SERVICIOS Y ADMINISTRACIÓN SA SERDAN SA","Bien",76,"Esponjilla 2 (Compra)",null,null,null,null,775,null,null,null,null,"6Esponjilla 2 (Compra)"]
["6INCINERADOS DEL HUILAEsponjilla 7 (Compra)",6,"INCINERADOS DEL HUILA","Bien",81,"Esponjilla 7 (Compra)",null,null,null,null,5651,null,null,null,null,"6Esponjilla 7 (Compra)"]
["6UNION TEMPORAL ECOLIMPIEZA 4GEscoba 3 (Compra)",6,"UNION TEMPORAL ECOLIMPIEZA 4G","Bien",84,"Escoba 3 (Compra)",null,null,null,null,4519,null,null,null,null,"6Escoba 3 (Compra)"]
["6UT EASYCLEAN ASEO PROFESIONALCepillos 1 (Compra)",6,"UT EASYCLEAN ASEO PROFESIONAL","Bien",89,"Cepillos 1 (Compra)",null,null,null,null,3793,null,null,null,null,"6Cepillos 1 (Compra)"]
["6INTERASEO SAS ESPTrapero 2 (Compra)",6,"INTERASEO SAS ESP","Bien",93,"Trapero 2 (Compra)",null,null,null,null,8406,null,null,null,null,"6Trapero 2 (Compra)"]
["6UNION TEMPORAL OUTSOURCING GIAFTrapero 3 (Compra)",6,"UNION TEMPORAL OUTSOURCING GIAF","Bien",94,"Trapero 3 (Compra)",null,null,null,null,8361,null,null,null,null,"6Trapero 3 (Compra)"]
["6ASECOLBAS LTDAPads 2 (Compra)",6,"ASECOLBAS LTDA","Bien",100,"Pads 2 (Compra)",null,null,null,null,18355,null,null,null,null,"6Pads 2 (Compra)"]
["6KIOS SASPads 5 (Compra)",6,"KIOS SAS","Bien",103,"Pads 5 (Compra)",null,null,null,null,33401,null,null,null,null,"6Pads 5 (Compra)"]
["6UNION  TEMPORAL LADOINSA 2022Bolsas plásticas 3 (Compra)",6,"UNION  TEMPORAL LADOINSA 2022","Bien",108,"Bolsas plásticas 3 (Compra)",null,null,null,null,1483,null,null,null,null,"6Bolsas plásticas 3 (Compra)"]
["6UT GRUPO ADINBolsas plásticas 7 (Compra)",6,"UT GRUPO ADIN","Bien",111,"Bolsas plásticas 7 (Compra)",null,null,null,null,1285,null,null,null,null,"6Bolsas plásticas 7 (Compra)"]
["6N&R INTEGRAL SERVICE COMPANY S.A.S.Bolsas plásticas 9 (Compra)",6,"N&R INTEGRAL SERVICE COMPANY S.A.S.","Bien",113,"Bolsas plásticas 9 (Compra)",null,null,null,null,3635,null,null,null,null,"6Bolsas plásticas 9 (Compra)"]
["6UNIÓN TEMPORAL CCE AMP IV 2022Bolsas plásticas 15 (Compra)",6,"UNIÓN TEMPORAL CCE AMP IV 2022","Bien",118,"Bolsas plásticas 15 (Compra)",null,null,null,null,4867,null,null,null,null,"6Bolsas plásticas 15 (Compra)"]
["6CLEANER S.A.Bolsas plásticas 19 (Compra)",6,"CLEANER S.A.","Bien",122,"Bolsas plásticas 19 (Compra)",null,null,null,null,1958,null,null,null,null,"6Bolsas plásticas 19 (Compra)"]
["6INCINERADOS DEL HUILABolsas plásticas 24 (Compra)",6,"INCINERADOS DEL HUILA","Bien",127,"Bolsas plásticas 24 (Compra)",null,null,null,null,32053,null,null,null,null,"6Bolsas plásticas 24 (Compra)"]
["6UNIÓN TEMPORAL EMINSER SOLOASEO 2023Bolsas plásticas 25 (Compra)",6,"UNIÓN TEMPORAL EMINSER SOLOASEO 2023","Bien",128,"Bolsas plásticas 25 (Compra)",null,null,null,null,9377,null,null,null,null,"6Bolsas plásticas 25 (Compra)"]
["6CONSERJES INMOBILIARIOS LTDAGuantes 3 (Compra)",6,"CONSERJES INMOBILIARIOS LTDA","Bien",132,"Guantes 3 (Compra)",null,null,null,null,4965,null,null,null,null,"6Guantes 3 (Compra)"]
["6INTERNEGOCIOS SASGuantes 8 (Compra)",6,"INTERNEGOCIOS SAS","Bien",137,"Guantes 8 (Compra)",null,null,null,null,17650,null,null,null,null,"6Guantes 8 (Compra)"]
["6UNION TEMPORAL ECOLIMPIEZA 4GTapabocas 2 (Compra)",6,"UNION TEMPORAL ECOLIMPIEZA 4G","Bien",140,"Tapabocas 2 (Compra)",null,null,null,null,28641,null,null,null,null,"6Tapabocas 2 (Compra)"]
["6GRUPO GECPapel higiénico 2 (Compra)",6,"GRUPO GEC","Bien",142,"Papel higiénico 2 (Compra)",null,null,null,null,14958,null,null,null,null,"6Papel higiénico 2 (Compra)"]
["6LIMPIEZA INSTITUCIONAL LASU S.A.S.Toallas para manos 2 (Compra)",6,"LIMPIEZA INSTITUCIONAL LASU S.A.S.","Bien",147,"Toallas para manos 2 (Compra)",null,null,null,null,17600,null,null,null,null,"6Toallas para manos 2 (Compra)"]
["6UNION TEMPORAL OUTSOURCING GIAFToallas para manos 5 (Compra)",6,"UNION TEMPORAL OUTSOURCING GIAF","Bien",150,"Toallas para manos 5 (Compra)",null,null,null,null,6368,null,null,null,null,"6Toallas para manos 5 (Compra)"]
["6ASECOLBAS LTDAVasos biodegradables 2 (Compra)",6,"ASECOLBAS LTDA","Bien",156,"Vasos biodegradables 2 (Compra)",null,null,null,null,9298,null,null,null,null,"6Vasos biodegradables 2 (Compra)"]
["6KIOS SASMezclador 1 (Compra)",6,"KIOS SAS","Bien",159,"Mezclador 1 (Compra)",null,null,null,null,8762,null,null,null,null,"6Mezclador 1 (Compra)"]
["6UNIÓN TEMPORAL ASEO COLOMBIA AMP4Filtro para greca 2 (Compra)",6,"UNIÓN TEMPORAL ASEO COLOMBIA AMP4","Bien",162,"Filtro para greca 2 (Compra)",null,null,null,null,3644,null,null,null,null,"6Filtro para greca 2 (Compra)"]
["6CONSERJES INMOBILIARIOS LTDAPapel Aluminio 2 (Compra)",6,"CONSERJES INMOBILIARIOS LTDA","Bien",166,"Papel Aluminio 2 (Compra)",null,null,null,null,57493,null,null,null,null,"6Papel Aluminio 2 (Compra)"]
["6SERVICIOS KVAL SASTermo para café 2 (Compra)",6,"SERVICIOS KVAL SAS","Bien",169,"Termo para café 2 (Compra)",null,null,null,null,138451,null,null,null,null,"6Termo para café 2 (Compra)"]
["6UNION TEMPORAL ECOLIMPIEZA 4GCrema para café (Compra)",6,"UNION TEMPORAL ECOLIMPIEZA 4G","Bien",174,"Crema para café (Compra)",null,null,null,null,16571,null,null,null,null,"6Crema para café (Compra)"]
["6GRUPO GECAzúcar 2 (Compra)",6,"GRUPO GEC","Bien",176,"Azúcar 2 (Compra)",null,null,null,null,9642,null,null,null,null,"6Azúcar 2 (Compra)"]
["6UNION  TEMPORAL LADOINSA 2022Endulzante (Compra)",6,"UNION  TEMPORAL LADOINSA 2022","Bien",179,"Endulzante (Compra)",null,null,null,null,30410,null,null,null,null,"6Endulzante (Compra)"]
["6UNION TEMPORAL OUTSOURCING GIAFAromática (Compra)",6,"UNION TEMPORAL OUTSOURCING GIAF","Bien",184,"Aromática (Compra)",null,null,null,null,1759,null,null,null,null,"6Aromática (Compra)"]
["6CONSORCIO ELITETé (Compra)",6,"CONSORCIO ELITE","Bien",188,"Té (Compra)",null,null,null,null,15978,null,null,null,null,"6Té (Compra)"]
["6KIOS SASAgua potable 4 (Compra)",6,"KIOS SAS","Bien",193,"Agua potable 4 (Compra)",null,null,null,null,14093,null,null,null,null,"6Agua potable 4 (Compra)"]
["6UNION TEMPORAL SERVICIOS A y C COLOMBIAVálvula dispensadora para botellón de agua (Compra)",6,"UNION TEMPORAL SERVICIOS A y C COLOMBIA","Bien",194,"Válvula dispensadora para botellón de agua (Compra)",null,null,null,null,35886,null,null,null,null,"6Válvula dispensadora para botellón de agua (Compra)"]
["6INCINERADOS DEL HUILABrillador 2 (Compra)",6,"INCINERADOS DEL HUILA","Bien",198,"Brillador 2 (Compra)",null,null,null,null,71617,null,null,null,null,"6Brillador 2 (Compra)"]
["6N&R INTEGRAL SERVICE COMPANY S.A.S.Rastrillo 1 (Compra)",6,"N&R INTEGRAL SERVICE COMPANY S.A.S.","Bien",203,"Rastrillo 1 (Compra)",null,null,null,null,21761,null,null,null,null,"6Rastrillo 1 (Compra)"]
["6UNIÓN TEMPORAL CCE AMP IV 2022Caneca para almacenar ropa sucia  (Arrendamiento)",6,"UNIÓN TEMPORAL CCE AMP IV 2022","Bien",208,"Caneca para almacenar ropa sucia  (Arrendamiento)",null,null,null,null,7986,null,null,null,null,"6Caneca para almacenar ropa sucia  (Arrendamiento)"]
["6CLEANER S.A.Vasos  2 (Arrendamiento)",6,"CLEANER S.A.","Bien",212,"Vasos  2 (Arrendamiento)",null,null,null,null,752,null,null,null,null,"6Vasos  2 (Arrendamiento)"]
["6SOSEGE SASVasos  2 (Compra)",6,"SOSEGE SAS","Bien",213,"Vasos  2 (Compra)",null,null,null,null,4984,null,null,null,null,"6Vasos  2 (Compra)"]
["6UT EASYCLEAN ASEO PROFESIONALCuchillo  (Compra)",6,"UT EASYCLEAN ASEO PROFESIONAL","Bien",216,"Cuchillo  (Compra)",null,null,null,null,7841,null,null,null,null,"6Cuchillo  (Compra)"]
["6CONSERJES INMOBILIARIOS LTDAPlatos  3 (Arrendamiento)",6,"CONSERJES INMOBILIARIOS LTDA","Bien",222,"Platos  3 (Arrendamiento)",null,null,null,null,7886,null,null,null,null,"6Platos  3 (Arrendamiento)"]
["6INTERNEGOCIOS SASPlatos  5 (Compra)",6,"INTERNEGOCIOS SAS","Bien",227,"Platos  5 (Compra)",null,null,null,null,9667,null,null,null,null,"6Platos  5 (Compra)"]
["6UNION TEMPORAL ECOLIMPIEZA 4GJuego de cubiertos  (Compra)",6,"UNION TEMPORAL ECOLIMPIEZA 4G","Bien",230,"Juego de cubiertos  (Compra)",null,null,null,null,92713,null,null,null,null,"6Juego de cubiertos  (Compra)"]
["6GRUPO GECTerno para café (Compra)",6,"GRUPO GEC","Bien",232,"Terno para café (Compra)",null,null,null,null,21633,null,null,null,null,"6Terno para café (Compra)"]
["6UNION  TEMPORAL LADOINSA 2022Vajilla  2 (Arrendamiento)",6,"UNION  TEMPORAL LADOINSA 2022","Bien",235,"Vajilla  2 (Arrendamiento)",null,null,null,null,56493,null,null,null,null,"6Vajilla  2 (Arrendamiento)"]
["6UNION TEMPORAL OUTSOURCING GIAFJarra  (Compra)",6,"UNION TEMPORAL OUTSOURCING GIAF","Bien",240,"Jarra  (Compra)",null,null,null,null,26467,null,null,null,null,"6Jarra  (Compra)"]
["6UNION  TEMPORAL LADOINSA 2022Haraganes 1  (Compra)",6,"UNION  TEMPORAL LADOINSA 2022","Bien",244,"Haraganes 1  (Compra)",null,null,null,null,108289,null,null,null,null,"6Haraganes 1  (Compra)"]
["6LIMPIEZA INSTITUCIONAL LASU S.A.S.Balde (Compra)",6,"LIMPIEZA INSTITUCIONAL LASU S.A.S.","Bien",249,"Balde (Compra)",null,null,null,null,4862,null,null,null,null,"6Balde (Compra)"]
["6UT EASYCLEAN ASEO PROFESIONALPlato Biodegradable 1 (Compra)",6,"UT EASYCLEAN ASEO PROFESIONAL","Bien",250,"Plato Biodegradable 1 (Compra)",null,null,null,null,4297,null,null,null,null,"6Plato Biodegradable 1 (Compra)"]
["6CONSERJES INMOBILIARIOS LTDACafetera 1 (Arrendamiento)",6,"CONSERJES INMOBILIARIOS LTDA","Bien",256,"Cafetera 1 (Arrendamiento)",null,null,null,null,7170,null,null,null,null,"6Cafetera 1 (Arrendamiento)"]
["6SERVICIOS KVAL SASVajilla  3 (Compra)",6,"SERVICIOS KVAL SAS","Bien",259,"Vajilla  3 (Compra)",null,null,null,null,339948,null,null,null,null,"6Vajilla  3 (Compra)"]
["6ASECOLBAS LTDAVajilla  4 (Compra)",6,"ASECOLBAS LTDA","Bien",261,"Vajilla  4 (Compra)",null,null,null,null,5910,null,null,null,null,"6Vajilla  4 (Compra)"]
["6COMPAÑÍA DE SERVICIOS Y ADMINISTRACIÓN SA SERDAN SABandeja 3 (Arrendamiento)",6,"COMPAÑÍA DE SERVICIOS Y ADMINISTRACIÓN SA SERDAN SA","Bien",268,"Bandeja 3 (Arrendamiento)",null,null,null,null,1555,null,null,null,null,"6Bandeja 3 (Arrendamiento)"]
["6UNION  TEMPORAL LADOINSA 2022Bandeja 3 (Compra)",6,"UNION  TEMPORAL LADOINSA 2022","Bien",269,"Bandeja 3 (Compra)",null,null,null,null,15082,null,null,null,null,"6Bandeja 3 (Compra)"]
["6UNION TEMPORAL OUTSOURCING GIAFOlla 1 (Arrendamiento)",6,"UNION TEMPORAL OUTSOURCING GIAF","Bien",274,"Olla 1 (Arrendamiento)",null,null,null,null,1439,null,null,null,null,"6Olla 1 (Arrendamiento)"]
["6CONSORCIO ELITEEscurridor para platos (Arrendamiento)",6,"CONSORCIO ELITE","Bien",278,"Escurridor para platos (Arrendamiento)",null,null,null,null,8648,null,null,null,null,"6Escurridor para platos (Arrendamiento)"]
["6UNIÓN TEMPORAL CCE AMP IV 2022Escurridor para platos (Compra)",6,"UNIÓN TEMPORAL CCE AMP IV 2022","Bien",279,"Escurridor para platos (Compra)",null,null,null,null,82563,null,null,null,null,"6Escurridor para platos (Compra)"]
["6UNION TEMPORAL SERVICIOS A y C COLOMBIACarro exprimidor de trapero 2 (Compra)",6,"UNION TEMPORAL SERVICIOS A y C COLOMBIA","Bien",284,"Carro exprimidor de trapero 2 (Compra)",null,null,null,null,524262,null,null,null,null,"6Carro exprimidor de trapero 2 (Compra)"]
["6INCINERADOS DEL HUILACarro de bebidas (Compra)",6,"INCINERADOS DEL HUILA","Bien",288,"Carro de bebidas (Compra)",null,null,null,null,2073102,null,null,null,null,"6Carro de bebidas (Compra)"]
["6N&R INTEGRAL SERVICE COMPANY S.A.S.Escalera 3 (Arrendamiento)",6,"N&R INTEGRAL SERVICE COMPANY S.A.S.","Bien",293,"Escalera 3 (Arrendamiento)",null,null,null,null,59258,null,null,null,null,"6Escalera 3 (Arrendamiento)"]
["6UNION TEMPORAL R&J 2022Escalera 4 (Compra)",6,"UNION TEMPORAL R&J 2022","Bien",296,"Escalera 4 (Compra)",null,null,null,null,537736,null,null,null,null,"6Escalera 4 (Compra)"]
["6INTERNEGOCIOS SASEscalera de tipo industrial (Compra)",6,"INTERNEGOCIOS SAS","Bien",298,"Escalera de tipo industrial (Compra)",null,null,null,null,295875,null,null,null,null,"6Escalera de tipo industrial (Compra)"]
["6SOSEGE SASMangueras 3 (Arrendamiento)",6,"SOSEGE SAS","Bien",303,"Mangueras 3 (Arrendamiento)",null,null,null,null,17502,null,null,null,null,"6Mangueras 3 (Arrendamiento)"]
["6UT EASYCLEAN ASEO PROFESIONALContenedor de basura 2 (Compra)",6,"UT EASYCLEAN ASEO PROFESIONAL","Bien",306,"Contenedor de basura 2 (Compra)",null,null,null,null,89384,null,null,null,null,"6Contenedor de basura 2 (Compra)"]
["6CONSERJES INMOBILIARIOS LTDAContenedor de basura 8 (Compra)",6,"CONSERJES INMOBILIARIOS LTDA","Bien",312,"Contenedor de basura 8 (Compra)",null,null,null,null,1892,null,null,null,null,"6Contenedor de basura 8 (Compra)"]
["6SERVICIOS KVAL SASContenedor de basura 11 (Compra)",6,"SERVICIOS KVAL SAS","Bien",315,"Contenedor de basura 11 (Compra)",null,null,null,null,116201,null,null,null,null,"6Contenedor de basura 11 (Compra)"]
["6ASECOLBAS LTDAContenedor de basura 13 (Compra)",6,"ASECOLBAS LTDA","Bien",317,"Contenedor de basura 13 (Compra)",null,null,null,null,5722,null,null,null,null,"6Contenedor de basura 13 (Compra)"]
["6GRUPO GECContenedor de basura 18 (Compra)",6,"GRUPO GEC","Bien",322,"Contenedor de basura 18 (Compra)",null,null,null,null,630449,null,null,null,null,"6Contenedor de basura 18 (Compra)"]
["6UNION  TEMPORAL LADOINSA 2022Contenedor de basura 21 (Compra)",6,"UNION  TEMPORAL LADOINSA 2022","Bien",325,"Contenedor de basura 21 (Compra)",null,null,null,null,915882,null,null,null,null,"6Contenedor de basura 21 (Compra)"]
["6CLEANER S.A.Contenedor de basura 25 (Compra)",6,"CLEANER S.A.","Bien",329,"Contenedor de basura 25 (Compra)",null,null,null,null,942277,null,null,null,null,"6Contenedor de basura 25 (Compra)"]
["6INTERNEGOCIOS SASContenedor de basura 28 (Compra)",6,"INTERNEGOCIOS SAS","Bien",332,"Contenedor de basura 28 (Compra)",null,null,null,null,1615035,null,null,null,null,"6Contenedor de basura 28 (Compra)"]
["6UNION TEMPORAL ECOLIMPIEZA 4GPunto Ecológico 1 (Compra)",6,"UNION TEMPORAL ECOLIMPIEZA 4G","Bien",335,"Punto Ecológico 1 (Compra)",null,null,null,null,333767,null,null,null,null,"6Punto Ecológico 1 (Compra)"]
["6UT EASYCLEAN ASEO PROFESIONALPunto Ecológico 6 (Compra)",6,"UT EASYCLEAN ASEO PROFESIONAL","Bien",340,"Punto Ecológico 6 (Compra)",null,null,null,null,1308446,null,null,null,null,"6Punto Ecológico 6 (Compra)"]
["6INTERASEO SAS ESPPapelera 4 (Compra)",6,"INTERASEO SAS ESP","Bien",344,"Papelera 4 (Compra)",null,null,null,null,43266,null,null,null,null,"6Papelera 4 (Compra)"]
["6SERVICIOS KVAL SASSeñales peatonales de prevención y atención 3 (Compra)",6,"SERVICIOS KVAL SAS","Bien",349,"Señales peatonales de prevención y atención 3 (Compra)",null,null,null,null,35231,null,null,null,null,"6Señales peatonales de prevención y atención 3 (Compra)"]
["6ASECOLBAS LTDADispensador para papel higiénico 2 (Compra)",6,"ASECOLBAS LTDA","Bien",351,"Dispensador para papel higiénico 2 (Compra)",null,null,null,null,4123,null,null,null,null,"6Dispensador para papel higiénico 2 (Compra)"]
["6KIOS SASDispensador de toallas de manos 3 (Compra)",6,"KIOS SAS","Bien",354,"Dispensador de toallas de manos 3 (Compra)",null,null,null,null,180481,null,null,null,null,"6Dispensador de toallas de manos 3 (Compra)"]
["6UNION  TEMPORAL LADOINSA 2022Dispensador para ambientador (Compra)",6,"UNION  TEMPORAL LADOINSA 2022","Bien",359,"Dispensador para ambientador (Compra)",null,null,null,null,995740,null,null,null,null,"6Dispensador para ambientador (Compra)"]
["6UT GRUPO ADINDispensador de agua con botellón (Compra)",6,"UT GRUPO ADIN","Bien",362,"Dispensador de agua con botellón (Compra)",null,null,null,null,778790,null,null,null,null,"6Dispensador de agua con botellón (Compra)"]
["6CONSORCIO ELITEGreca para tintos 3 (Compra)",6,"CONSORCIO ELITE","Bien",368,"Greca para tintos 3 (Compra)",null,null,null,null,1620080,null,null,null,null,"6Greca para tintos 3 (Compra)"]
["6UNIÓN TEMPORAL CCE AMP IV 2022Máquina de filtrado para café (Compra)",6,"UNIÓN TEMPORAL CCE AMP IV 2022","Bien",369,"Máquina de filtrado para café (Compra)",null,null,null,null,4045384,null,null,null,null,"6Máquina de filtrado para café (Compra)"]
["6CLEANER S.A.Horno microondas de tipo industrial (Compra)",6,"CLEANER S.A.","Bien",373,"Horno microondas de tipo industrial (Compra)",null,null,null,null,452227,null,null,null,null,"6Horno microondas de tipo industrial (Compra)"]
["6INCINERADOS DEL HUILAExtensión eléctrica 1 (Compra)",6,"INCINERADOS DEL HUILA","Bien",378,"Extensión eléctrica 1 (Compra)",null,null,null,null,545848,null,null,null,null,"6Extensión eléctrica 1 (Compra)"]
["6UNIÓN TEMPORAL EMINSER SOLOASEO 2023Extensión eléctrica 2 (Compra)",6,"UNIÓN TEMPORAL EMINSER SOLOASEO 2023","Bien",379,"Extensión eléctrica 2 (Compra)",null,null,null,null,391667,null,null,null,null,"6Extensión eléctrica 2 (Compra)"]
["6UNION TEMPORAL R&J 2022Lavabrilladora de pisos 2 (Arrendamiento)",6,"UNION TEMPORAL R&J 2022","Bien",386,"Lavabrilladora de pisos 2 (Arrendamiento)",null,null,null,null,788062,null,null,null,null,"6Lavabrilladora de pisos 2 (Arrendamiento)"]
["6INTERNEGOCIOS SASBrilladora de alta revolución (Arrendamiento)",6,"INTERNEGOCIOS SAS","Bien",388,"Brilladora de alta revolución (Arrendamiento)",null,null,null,null,129418,null,null,null,null,"6Brilladora de alta revolución (Arrendamiento)"]
["6UNION TEMPORAL ECOLIMPIEZA 4GLavadora de alfombras y tapetes 1 (Compra)",6,"UNION TEMPORAL ECOLIMPIEZA 4G","Bien",391,"Lavadora de alfombras y tapetes 1 (Compra)",null,null,null,null,3583673,null,null,null,null,"6Lavadora de alfombras y tapetes 1 (Compra)"]
["6UT EASYCLEAN ASEO PROFESIONALSopladora de hojas (Arrendamiento)",6,"UT EASYCLEAN ASEO PROFESIONAL","Bien",396,"Sopladora de hojas (Arrendamiento)",null,null,null,null,212399,null,null,null,null,"6Sopladora de hojas (Arrendamiento)"]
["6LIMPIEZA INSTITUCIONAL LASU S.A.S.Sonda para inodoro (Arrendamiento)",6,"LIMPIEZA INSTITUCIONAL LASU S.A.S.","Bien",398,"Sonda para inodoro (Arrendamiento)",null,null,null,null,7444,null,null,null,null,"6Sonda para inodoro (Arrendamiento)"]
["6SERVICIOS KVAL SASGuadañas (Compra)",6,"SERVICIOS KVAL SAS","Bien",405,"Guadañas (Compra)",null,null,null,null,2458753,null,null,null,null,"6Guadañas (Compra)"]
["6ASECOLBAS LTDAMotobombas (Compra)",6,"ASECOLBAS LTDA","Bien",407,"Motobombas (Compra)",null,null,null,null,71989,null,null,null,null,"6Motobombas (Compra)"]
["7UNION TEMPORAL OUTSOURCING GIAFOperario de aseo y cafetería con compromiso social",7,"UNION TEMPORAL OUTSOURCING GIAF","Servicio","Operario de aseo y cafetería con compromiso social","Operario de aseo y cafetería con compromiso social",null,null,null,null,2627978,null,null,null,null,"7Operario de aseo y cafetería con compromiso social"]
["7CLEANER S.A.Jardinero",7,"CLEANER S.A.","Servicio","Jardinero","Jardinero",null,null,null,null,2465868,null,null,null,null,"7Jardinero"]
["7SERVIASEO S.AOperario de mantenimiento capacitado para trabajo en alturas",7,"SERVIASEO S.A","Servicio","Operario de mantenimiento capacitado para trabajo en alturas","Operario de mantenimiento capacitado para trabajo en alturas",null,null,null,null,2465868,null,null,null,null,"7Operario de mantenimiento capacitado para trabajo en alturas"]
["7UNION  TEMPORAL LADOINSA 2022Coordinador de trabajo en alturas",7,"UNION  TEMPORAL LADOINSA 2022","Servicio","Coordinador de trabajo en alturas","Coordinador de trabajo en alturas",null,null,null,null,3510032,null,null,null,null,"7Coordinador de trabajo en alturas"]
["7LIMPIEZA INSTITUCIONAL LASU S.A.S.Operario de mantenimiento MT",7,"LIMPIEZA INSTITUCIONAL LASU S.A.S.","Servicio","Operario de mantenimiento MT","Operario de mantenimiento MT",null,null,null,null,1527017,null,null,null,null,"7Operario de mantenimiento MT"]
["7CONSORCIO ELITEOperario auxiliar capacitado para trabajo en alturas MT",7,"CONSORCIO ELITE","Servicio","Operario auxiliar capacitado para trabajo en alturas MT","Operario auxiliar capacitado para trabajo en alturas MT",null,null,null,null,2173634,null,null,null,null,"7Operario auxiliar capacitado para trabajo en alturas MT"]
["7INTERASEO SAS ESPJabón para loza 1 (Compra)",7,"INTERASEO SAS ESP","Bien",1,"Jabón para loza 1 (Compra)",null,null,null,null,20274,null,null,null,null,"7Jabón para loza 1 (Compra)"]
["7UNION TEMPORAL CLEAN COLOMBIAJabón para loza 2 (Compra)",7,"UNION TEMPORAL CLEAN COLOMBIA","Bien",2,"Jabón para loza 2 (Compra)",null,null,null,null,4341,null,null,null,null,"7Jabón para loza 2 (Compra)"]
["7UNION TEMPORAL OUTSOURCING GIAFJabón en barra (Compra)",7,"UNION TEMPORAL OUTSOURCING GIAF","Bien",5,"Jabón en barra (Compra)",null,null,null,null,2086,null,null,null,null,"7Jabón en barra (Compra)"]
["7UNIÓN TEMPORAL ASEO COLOMBIA AMP4Jabón de dispensador para manos 1 (Compra)",7,"UNIÓN TEMPORAL ASEO COLOMBIA AMP4","Bien",10,"Jabón de dispensador para manos 1 (Compra)",null,null,null,null,5275,null,null,null,null,"7Jabón de dispensador para manos 1 (Compra)"]
["7LIMPIEZA TOTAL SASLimpiador multiusos 1 (Compra)",7,"LIMPIEZA TOTAL SAS","Bien",15,"Limpiador multiusos 1 (Compra)",null,null,null,null,12362,null,null,null,null,"7Limpiador multiusos 1 (Compra)"]
["7SOSEGE SASLimpiador desinfectante para pisos (Compra)",7,"SOSEGE SAS","Bien",18,"Limpiador desinfectante para pisos (Compra)",null,null,null,null,9077,null,null,null,null,"7Limpiador desinfectante para pisos (Compra)"]
["7UNION TEMPORAL SERVICIOS INTEGRALESLíquido desengrasante (Compra)",7,"UNION TEMPORAL SERVICIOS INTEGRALES","Bien",19,"Líquido desengrasante (Compra)",null,null,null,null,16269,null,null,null,null,"7Líquido desengrasante (Compra)"]
["7UNION TEMPORAL ECOLIMPIEZA 4GLimpiador desinfectante para uso general 3 (Compra)",7,"UNION TEMPORAL ECOLIMPIEZA 4G","Bien",24,"Limpiador desinfectante para uso general 3 (Compra)",null,null,null,null,2870,null,null,null,null,"7Limpiador desinfectante para uso general 3 (Compra)"]
["7UNION TEMPORAL R&J 2022Líquido para limpiar vidrios 1 (Compra)",7,"UNION TEMPORAL R&J 2022","Bien",27,"Líquido para limpiar vidrios 1 (Compra)",null,null,null,null,6675,null,null,null,null,"7Líquido para limpiar vidrios 1 (Compra)"]
["7UNIÓN TEMPORAL CCE AMP IV 2022Blanqueador o hipoclorito 3 (Compra)",7,"UNIÓN TEMPORAL CCE AMP IV 2022","Bien",32,"Blanqueador o hipoclorito 3 (Compra)",null,null,null,null,40601,null,null,null,null,"7Blanqueador o hipoclorito 3 (Compra)"]
["7UNIÓN TEMPORAL EMINSER SOLOASEO 2023Creolina 1 (Compra)",7,"UNIÓN TEMPORAL EMINSER SOLOASEO 2023","Bien",35,"Creolina 1 (Compra)",null,null,null,null,5518,null,null,null,null,"7Creolina 1 (Compra)"]
["7CONSERJES INMOBILIARIOS LTDALíquido para limpiar equipos de oficina 1 (Compra)",7,"CONSERJES INMOBILIARIOS LTDA","Bien",37,"Líquido para limpiar equipos de oficina 1 (Compra)",null,null,null,null,3308,null,null,null,null,"7Líquido para limpiar equipos de oficina 1 (Compra)"]
["7UT EASYCLEAN ASEO PROFESIONALLustrador de muebles (Compra)",7,"UT EASYCLEAN ASEO PROFESIONAL","Bien",41,"Lustrador de muebles (Compra)",null,null,null,null,5660,null,null,null,null,"7Lustrador de muebles (Compra)"]
["7CLEANER S.A.Cera emulsionada Neutra (Compra)",7,"CLEANER S.A.","Bien",45,"Cera emulsionada Neutra (Compra)",null,null,null,null,12164,null,null,null,null,"7Cera emulsionada Neutra (Compra)"]
["7UNION TEMPORAL SERVIASEAMOSMantenedor de pisos (Compra)",7,"UNION TEMPORAL SERVIASEAMOS","Bien",49,"Mantenedor de pisos (Compra)",null,null,null,null,24585,null,null,null,null,"7Mantenedor de pisos (Compra)"]
["7UT GRUPO ADINJabón neutro para pisos 1 (Compra)",7,"UT GRUPO ADIN","Bien",52,"Jabón neutro para pisos 1 (Compra)",null,null,null,null,15045,null,null,null,null,"7Jabón neutro para pisos 1 (Compra)"]
["7UNION TEMPORAL SERVICIOS INTEGRALESVarsol  ecológico 1 (Compra)",7,"UNION TEMPORAL SERVICIOS INTEGRALES","Bien",54,"Varsol  ecológico 1 (Compra)",null,null,null,null,14154,null,null,null,null,"7Varsol  ecológico 1 (Compra)"]
["7GRUPO GECBetún (Compra)",7,"GRUPO GEC","Bien",59,"Betún (Compra)",null,null,null,null,14216,null,null,null,null,"7Betún (Compra)"]
["7INTERNEGOCIOS SASInsecticida 1 (Compra)",7,"INTERNEGOCIOS SAS","Bien",62,"Insecticida 1 (Compra)",null,null,null,null,12906,null,null,null,null,"7Insecticida 1 (Compra)"]
["7CONSERJES INMOBILIARIOS LTDALimpiones 4 (Compra)",7,"CONSERJES INMOBILIARIOS LTDA","Bien",67,"Limpiones 4 (Compra)",null,null,null,null,14401,null,null,null,null,"7Limpiones 4 (Compra)"]
["7SOSEGE SASLimpiones 5 (Compra)",7,"SOSEGE SAS","Bien",68,"Limpiones 5 (Compra)",null,null,null,null,16591,null,null,null,null,"7Limpiones 5 (Compra)"]
["7UNIÓN TEMPORAL CCE AMP IV 2022Toalla en tela blanca para pisos por metro (repuesto de haraganes) (Compra)",7,"UNIÓN TEMPORAL CCE AMP IV 2022","Bien",71,"Toalla en tela blanca para pisos por metro (repuesto de haraganes) (Compra)",null,null,null,null,19675,null,null,null,null,"7Toalla en tela blanca para pisos por metro (repuesto de haraganes) (Compra)"]
["7SERVIASEO S.AEsponjilla 2 (Compra)",7,"SERVIASEO S.A","Bien",76,"Esponjilla 2 (Compra)",null,null,null,null,1112,null,null,null,null,"7Esponjilla 2 (Compra)"]
["7UNION  TEMPORAL LADOINSA 2022Esponjilla 5 (Compra)",7,"UNION  TEMPORAL LADOINSA 2022","Bien",79,"Esponjilla 5 (Compra)",null,null,null,null,1112,null,null,null,null,"7Esponjilla 5 (Compra)"]
["7LIMPIEZA INSTITUCIONAL LASU S.A.S.Escoba 3 (Compra)",7,"LIMPIEZA INSTITUCIONAL LASU S.A.S.","Bien",84,"Escoba 3 (Compra)",null,null,null,null,4248,null,null,null,null,"7Escoba 3 (Compra)"]
["7UNIÓN TEMPORAL EMINSER SOLOASEO 2023Escoba 4 (Compra)",7,"UNIÓN TEMPORAL EMINSER SOLOASEO 2023","Bien",85,"Escoba 4 (Compra)",null,null,null,null,4796,null,null,null,null,"7Escoba 4 (Compra)"]
["7UNION TEMPORAL SERVIASEAMOSMango madera escoba 1 (Compra)",7,"UNION TEMPORAL SERVIASEAMOS","Bien",88,"Mango madera escoba 1 (Compra)",null,null,null,null,4322,null,null,null,null,"7Mango madera escoba 1 (Compra)"]
["7UNION TEMPORAL CLEAN COLOMBIATrapero 2 (Compra)",7,"UNION TEMPORAL CLEAN COLOMBIA","Bien",93,"Trapero 2 (Compra)",null,null,null,null,8640,null,null,null,null,"7Trapero 2 (Compra)"]
["7CLEANER S.A.Trapero 4 (Compra)",7,"CLEANER S.A.","Bien",95,"Trapero 4 (Compra)",null,null,null,null,11954,null,null,null,null,"7Trapero 4 (Compra)"]
["7CONSORCIO ELITECepillo para sanitario (churrusco) (Compra)",7,"CONSORCIO ELITE","Bien",98,"Cepillo para sanitario (churrusco) (Compra)",null,null,null,null,7405,null,null,null,null,"7Cepillo para sanitario (churrusco) (Compra)"]
["7UT GRUPO ADINPads 4 (Compra)",7,"UT GRUPO ADIN","Bien",102,"Pads 4 (Compra)",null,null,null,null,30632,null,null,null,null,"7Pads 4 (Compra)"]
["7COMPAÑÍA DE SERVICIOS Y ADMINISTRACIÓN SA SERDAN SABolsas plásticas 1 (Compra)",7,"COMPAÑÍA DE SERVICIOS Y ADMINISTRACIÓN SA SERDAN SA","Bien",106,"Bolsas plásticas 1 (Compra)",null,null,null,null,719,null,null,null,null,"7Bolsas plásticas 1 (Compra)"]
["7UNION TEMPORAL SERVICIOS INTEGRALESBolsas plásticas 5 (Compra)",7,"UNION TEMPORAL SERVICIOS INTEGRALES","Bien",110,"Bolsas plásticas 5 (Compra)",null,null,null,null,1755,null,null,null,null,"7Bolsas plásticas 5 (Compra)"]
["7INTERASEO SAS ESPBolsas plásticas 8 (Compra)",7,"INTERASEO SAS ESP","Bien",112,"Bolsas plásticas 8 (Compra)",null,null,null,null,1335,null,null,null,null,"7Bolsas plásticas 8 (Compra)"]
["7LIMPIEZA TOTAL SASBolsas plásticas 11 (Compra)",7,"LIMPIEZA TOTAL SAS","Bien",115,"Bolsas plásticas 11 (Compra)",null,null,null,null,3709,null,null,null,null,"7Bolsas plásticas 11 (Compra)"]
["7GRUPO GECBolsas plásticas 17 (Compra)",7,"GRUPO GEC","Bien",120,"Bolsas plásticas 17 (Compra)",null,null,null,null,3956,null,null,null,null,"7Bolsas plásticas 17 (Compra)"]
["7INTERNEGOCIOS SASBolsas plásticas 20 (Compra)",7,"INTERNEGOCIOS SAS","Bien",123,"Bolsas plásticas 20 (Compra)",null,null,null,null,1620,null,null,null,null,"7Bolsas plásticas 20 (Compra)"]
["7CONSERJES INMOBILIARIOS LTDABolsas plásticas 25 (Compra)",7,"CONSERJES INMOBILIARIOS LTDA","Bien",128,"Bolsas plásticas 25 (Compra)",null,null,null,null,5681,null,null,null,null,"7Bolsas plásticas 25 (Compra)"]
["7UNION  TEMPORAL LADOINSA 2022Guantes 1 (Compra)",7,"UNION  TEMPORAL LADOINSA 2022","Bien",130,"Guantes 1 (Compra)",null,null,null,null,5810,null,null,null,null,"7Guantes 1 (Compra)"]
["7UNION TEMPORAL CLEAN COLOMBIAGuantes 3 (Compra)",7,"UNION TEMPORAL CLEAN COLOMBIA","Bien",132,"Guantes 3 (Compra)",null,null,null,null,5798,null,null,null,null,"7Guantes 3 (Compra)"]
["7SERVITALENTOSGuantes 8 (Compra)",7,"SERVITALENTOS","Bien",137,"Guantes 8 (Compra)",null,null,null,null,34501,null,null,null,null,"7Guantes 8 (Compra)"]
["7INTERASEO SAS ESPPapel higiénico 2 (Compra)",7,"INTERASEO SAS ESP","Bien",142,"Papel higiénico 2 (Compra)",null,null,null,null,8702,null,null,null,null,"7Papel higiénico 2 (Compra)"]
["7LIMPIEZA TOTAL SASPapel higiénico 5 (Compra)",7,"LIMPIEZA TOTAL SAS","Bien",145,"Papel higiénico 5 (Compra)",null,null,null,null,18543,null,null,null,null,"7Papel higiénico 5 (Compra)"]
["7UNION TEMPORAL OUTSOURCING GIAFToallas para manos 1 (Compra)",7,"UNION TEMPORAL OUTSOURCING GIAF","Bien",146,"Toallas para manos 1 (Compra)",null,null,null,null,20868,null,null,null,null,"7Toallas para manos 1 (Compra)"]
["7UNION TEMPORAL SERVICIOS INTEGRALESToallas para manos 4 (Compra)",7,"UNION TEMPORAL SERVICIOS INTEGRALES","Bien",149,"Toallas para manos 4 (Compra)",null,null,null,null,38581,null,null,null,null,"7Toallas para manos 4 (Compra)"]
["7UNION TEMPORAL ECOLIMPIEZA 4GPañuelos (Compra)",7,"UNION TEMPORAL ECOLIMPIEZA 4G","Bien",154,"Pañuelos (Compra)",null,null,null,null,5885,null,null,null,null,"7Pañuelos (Compra)"]
["7SOSEGE SASMezclador 1 (Compra)",7,"SOSEGE SAS","Bien",159,"Mezclador 1 (Compra)",null,null,null,null,2328,null,null,null,null,"7Mezclador 1 (Compra)"]
["7UNIÓN TEMPORAL CCE AMP IV 2022Filtro para greca 2 (Compra)",7,"UNIÓN TEMPORAL CCE AMP IV 2022","Bien",162,"Filtro para greca 2 (Compra)",null,null,null,null,7061,null,null,null,null,"7Filtro para greca 2 (Compra)"]
["7ASECOLBAS LTDAChurrusco para tubos de greca (Compra)",7,"ASECOLBAS LTDA","Bien",164,"Churrusco para tubos de greca (Compra)",null,null,null,null,9808,null,null,null,null,"7Churrusco para tubos de greca (Compra)"]
["7UNION TEMPORAL R&J 2022Termo para café 1 (Compra)",7,"UNION TEMPORAL R&J 2022","Bien",168,"Termo para café 1 (Compra)",null,null,null,null,44502,null,null,null,null,"7Termo para café 1 (Compra)"]
["7UT EASYCLEAN ASEO PROFESIONALCafé 2 (Compra)",7,"UT EASYCLEAN ASEO PROFESIONAL","Bien",171,"Café 2 (Compra)",null,null,null,null,35259,null,null,null,null,"7Café 2 (Compra)"]
["7UNIÓN TEMPORAL EMINSER SOLOASEO 2023Azúcar 2 (Compra)",7,"UNIÓN TEMPORAL EMINSER SOLOASEO 2023","Bien",176,"Azúcar 2 (Compra)",null,null,null,null,7301,null,null,null,null,"7Azúcar 2 (Compra)"]
["7UNION TEMPORAL SERVIASEAMOSEndulzante (Compra)",7,"UNION TEMPORAL SERVIASEAMOS","Bien",179,"Endulzante (Compra)",null,null,null,null,24804,null,null,null,null,"7Endulzante (Compra)"]
["7INCINERADOS DEL HUILASal 1 (Compra)",7,"INCINERADOS DEL HUILA","Bien",181,"Sal 1 (Compra)",null,null,null,null,2651,null,null,null,null,"7Sal 1 (Compra)"]
["7CLEANER S.A.Bebida de frutas (Compra)",7,"CLEANER S.A.","Bien",186,"Bebida de frutas (Compra)",null,null,null,null,13947,null,null,null,null,"7Bebida de frutas (Compra)"]
["7CONSORCIO ELITEInfusión frutal (Compra)",7,"CONSORCIO ELITE","Bien",189,"Infusión frutal (Compra)",null,null,null,null,17089,null,null,null,null,"7Infusión frutal (Compra)"]
["7UT GRUPO ADINAgua potable 4 (Compra)",7,"UT GRUPO ADIN","Bien",193,"Agua potable 4 (Compra)",null,null,null,null,18149,null,null,null,null,"7Agua potable 4 (Compra)"]
["7COMPAÑÍA DE SERVICIOS Y ADMINISTRACIÓN SA SERDAN SABrillador 1 (Compra)",7,"COMPAÑÍA DE SERVICIOS Y ADMINISTRACIÓN SA SERDAN SA","Bien",197,"Brillador 1 (Compra)",null,null,null,null,74975,null,null,null,null,"7Brillador 1 (Compra)"]
["7SERVITALENTOSBrillador 2 (Compra)",7,"SERVITALENTOS","Bien",198,"Brillador 2 (Compra)",null,null,null,null,80502,null,null,null,null,"7Brillador 2 (Compra)"]
["7INTERASEO SAS ESPRastrillo 1 (Compra)",7,"INTERASEO SAS ESP","Bien",203,"Rastrillo 1 (Compra)",null,null,null,null,11743,null,null,null,null,"7Rastrillo 1 (Compra)"]
["7UNION TEMPORAL CLEAN COLOMBIARecogedor de basura 1 (Compra)",7,"UNION TEMPORAL CLEAN COLOMBIA","Bien",205,"Recogedor de basura 1 (Compra)",null,null,null,null,5255,null,null,null,null,"7Recogedor de basura 1 (Compra)"]
["7UNION TEMPORAL R&J 2022Atomizadores (Compra)",7,"UNION TEMPORAL R&J 2022","Bien",207,"Atomizadores (Compra)",null,null,null,null,3337,null,null,null,null,"7Atomizadores (Compra)"]
["7UNIÓN TEMPORAL CCE AMP IV 2022Vasos  2 (Arrendamiento)",7,"UNIÓN TEMPORAL CCE AMP IV 2022","Bien",212,"Vasos  2 (Arrendamiento)",null,null,null,null,1249,null,null,null,null,"7Vasos  2 (Arrendamiento)"]
["7UNIÓN TEMPORAL EMINSER SOLOASEO 2023Tenedor  (Compra)",7,"UNIÓN TEMPORAL EMINSER SOLOASEO 2023","Bien",215,"Tenedor  (Compra)",null,null,null,null,4046,null,null,null,null,"7Tenedor  (Compra)"]
["7UNION  TEMPORAL LADOINSA 2022Platos  2 (Arrendamiento)",7,"UNION  TEMPORAL LADOINSA 2022","Bien",220,"Platos  2 (Arrendamiento)",null,null,null,null,5315,null,null,null,null,"7Platos  2 (Arrendamiento)"]
["7UNION TEMPORAL CLEAN COLOMBIAPlatos  3 (Compra)",7,"UNION TEMPORAL CLEAN COLOMBIA","Bien",223,"Platos  3 (Compra)",null,null,null,null,8834,null,null,null,null,"7Platos  3 (Compra)"]
["7CLEANER S.A.Platos  4 (Compra)",7,"CLEANER S.A.","Bien",225,"Platos  4 (Compra)",null,null,null,null,10349,null,null,null,null,"7Platos  4 (Compra)"]
["7UNION TEMPORAL SERVIASEAMOSPocillos  (Compra)",7,"UNION TEMPORAL SERVIASEAMOS","Bien",229,"Pocillos  (Compra)",null,null,null,null,11030,null,null,null,null,"7Pocillos  (Compra)"]
["7UT GRUPO ADINTerno para café (Compra)",7,"UT GRUPO ADIN","Bien",232,"Terno para café (Compra)",null,null,null,null,21714,null,null,null,null,"7Terno para café (Compra)"]
["7UNION TEMPORAL OUTSOURCING GIAFCuchillo de cocina  (Compra)",7,"UNION TEMPORAL OUTSOURCING GIAF","Bien",237,"Cuchillo de cocina  (Compra)",null,null,null,null,14334,null,null,null,null,"7Cuchillo de cocina  (Compra)"]
["7UNION TEMPORAL SERVICIOS INTEGRALESJarra  (Compra)",7,"UNION TEMPORAL SERVICIOS INTEGRALES","Bien",240,"Jarra  (Compra)",null,null,null,null,26306,null,null,null,null,"7Jarra  (Compra)"]
["7INTERASEO SAS ESPOrganizador  porta escobas  (Compra)",7,"INTERASEO SAS ESP","Bien",242,"Organizador  porta escobas  (Compra)",null,null,null,null,7417,null,null,null,null,"7Organizador  porta escobas  (Compra)"]
["7COMPAÑÍA DE SERVICIOS Y ADMINISTRACIÓN SA SERDAN SAHaraganes 4  (Compra)",7,"COMPAÑÍA DE SERVICIOS Y ADMINISTRACIÓN SA SERDAN SA","Bien",247,"Haraganes 4  (Compra)",null,null,null,null,51411,null,null,null,null,"7Haraganes 4  (Compra)"]
["7GRUPO GECPlato Biodegradable 1 (Compra)",7,"GRUPO GEC","Bien",250,"Plato Biodegradable 1 (Compra)",null,null,null,null,5562,null,null,null,null,"7Plato Biodegradable 1 (Compra)"]
["7ASECOLBAS LTDATerno para café  (Compra)",7,"ASECOLBAS LTDA","Bien",255,"Terno para café  (Compra)",null,null,null,null,527,null,null,null,null,"7Terno para café  (Compra)"]
["7LIMPIEZA TOTAL SASCafetera 1 (Arrendamiento)",7,"LIMPIEZA TOTAL SAS","Bien",256,"Cafetera 1 (Arrendamiento)",null,null,null,null,18543,null,null,null,null,"7Cafetera 1 (Arrendamiento)"]
["7SOSEGE SASVajilla  3 (Compra)",7,"SOSEGE SAS","Bien",259,"Vajilla  3 (Compra)",null,null,null,null,459709,null,null,null,null,"7Vajilla  3 (Compra)"]
["7INTERNEGOCIOS SASBandeja 1 (Arrendamiento)",7,"INTERNEGOCIOS SAS","Bien",264,"Bandeja 1 (Arrendamiento)",null,null,null,null,3982,null,null,null,null,"7Bandeja 1 (Arrendamiento)"]
["7SERVIASEO S.ABandeja 2 (Compra)",7,"SERVIASEO S.A","Bien",267,"Bandeja 2 (Compra)",null,null,null,null,74294,null,null,null,null,"7Bandeja 2 (Compra)"]
["7INCINERADOS DEL HUILAOlleta (Arrendamiento)",7,"INCINERADOS DEL HUILA","Bien",272,"Olleta (Arrendamiento)",null,null,null,null,22645,null,null,null,null,"7Olleta (Arrendamiento)"]
["7UNIÓN TEMPORAL CCE AMP IV 2022Olleta (Compra)",7,"UNIÓN TEMPORAL CCE AMP IV 2022","Bien",273,"Olleta (Compra)",null,null,null,null,29790,null,null,null,null,"7Olleta (Compra)"]
["7UNIÓN TEMPORAL EMINSER SOLOASEO 2023Olla 2 (Arrendamiento)",7,"UNIÓN TEMPORAL EMINSER SOLOASEO 2023","Bien",276,"Olla 2 (Arrendamiento)",null,null,null,null,6896,null,null,null,null,"7Olla 2 (Arrendamiento)"]
["7UNION  TEMPORAL LADOINSA 2022Carro exprimidor de trapero 1 (Arrendamiento)",7,"UNION  TEMPORAL LADOINSA 2022","Bien",281,"Carro exprimidor de trapero 1 (Arrendamiento)",null,null,null,null,16318,null,null,null,null,"7Carro exprimidor de trapero 1 (Arrendamiento)"]
["7CONSORCIO ELITECarro exprimidor de trapero 2 (Compra)",7,"CONSORCIO ELITE","Bien",284,"Carro exprimidor de trapero 2 (Compra)",null,null,null,null,504438,null,null,null,null,"7Carro exprimidor de trapero 2 (Compra)"]
["7SOSEGE SASEscalera 1 (Arrendamiento)",7,"SOSEGE SAS","Bien",289,"Escalera 1 (Arrendamiento)",null,null,null,null,6171,null,null,null,null,"7Escalera 1 (Arrendamiento)"]
["7UNION TEMPORAL SERVICIOS INTEGRALESEscalera 1 (Compra)",7,"UNION TEMPORAL SERVICIOS INTEGRALES","Bien",290,"Escalera 1 (Compra)",null,null,null,null,112826,null,null,null,null,"7Escalera 1 (Compra)"]
["7ASECOLBAS LTDAEscalera 3 (Compra)",7,"ASECOLBAS LTDA","Bien",294,"Escalera 3 (Compra)",null,null,null,null,11980,null,null,null,null,"7Escalera 3 (Compra)"]
["7UNION TEMPORAL R&J 2022Escalera de tipo industrial (Compra)",7,"UNION TEMPORAL R&J 2022","Bien",298,"Escalera de tipo industrial (Compra)",null,null,null,null,528465,null,null,null,null,"7Escalera de tipo industrial (Compra)"]
["7GRUPO GECMangueras 1 (Compra)",7,"GRUPO GEC","Bien",300,"Mangueras 1 (Compra)",null,null,null,null,80351,null,null,null,null,"7Mangueras 1 (Compra)"]
["7UNIÓN TEMPORAL EMINSER SOLOASEO 2023Contenedor de basura 2 (Compra)",7,"UNIÓN TEMPORAL EMINSER SOLOASEO 2023","Bien",306,"Contenedor de basura 2 (Compra)",null,null,null,null,58407,null,null,null,null,"7Contenedor de basura 2 (Compra)"]
["7CONSERJES INMOBILIARIOS LTDAContenedor de basura 4 (Compra)",7,"CONSERJES INMOBILIARIOS LTDA","Bien",308,"Contenedor de basura 4 (Compra)",null,null,null,null,1514,null,null,null,null,"7Contenedor de basura 4 (Compra)"]
["7INCINERADOS DEL HUILAContenedor de basura 7 (Compra)",7,"INCINERADOS DEL HUILA","Bien",311,"Contenedor de basura 7 (Compra)",null,null,null,null,85702,null,null,null,null,"7Contenedor de basura 7 (Compra)"]
["7CLEANER S.A.Contenedor de basura 12 (Compra)",7,"CLEANER S.A.","Bien",316,"Contenedor de basura 12 (Compra)",null,null,null,null,106517,null,null,null,null,"7Contenedor de basura 12 (Compra)"]
["7SERVIASEO S.AContenedor de basura 13 (Compra)",7,"SERVIASEO S.A","Bien",317,"Contenedor de basura 13 (Compra)",null,null,null,null,186662,null,null,null,null,"7Contenedor de basura 13 (Compra)"]
["7UT GRUPO ADINContenedor de basura 19 (Compra)",7,"UT GRUPO ADIN","Bien",323,"Contenedor de basura 19 (Compra)",null,null,null,null,477163,null,null,null,null,"7Contenedor de basura 19 (Compra)"]
["7LIMPIEZA INSTITUCIONAL LASU S.A.S.Contenedor de basura 21 (Compra)",7,"LIMPIEZA INSTITUCIONAL LASU S.A.S.","Bien",325,"Contenedor de basura 21 (Compra)",null,null,null,null,402023,null,null,null,null,"7Contenedor de basura 21 (Compra)"]
["7CONSORCIO ELITEContenedor de basura 26 (Compra)",7,"CONSORCIO ELITE","Bien",330,"Contenedor de basura 26 (Compra)",null,null,null,null,5565990,null,null,null,null,"7Contenedor de basura 26 (Compra)"]
["7INTERASEO SAS ESPContenedor de basura 29 (Compra)",7,"INTERASEO SAS ESP","Bien",333,"Contenedor de basura 29 (Compra)",null,null,null,null,3090438,null,null,null,null,"7Contenedor de basura 29 (Compra)"]
["7UNION TEMPORAL CLEAN COLOMBIAContenedor de basura 30 (Compra)",7,"UNION TEMPORAL CLEAN COLOMBIA","Bien",334,"Contenedor de basura 30 (Compra)",null,null,null,null,5451022,null,null,null,null,"7Contenedor de basura 30 (Compra)"]
["7GRUPO GECPapelera 1 (Compra)",7,"GRUPO GEC","Bien",341,"Papelera 1 (Compra)",null,null,null,null,21633,null,null,null,null,"7Papelera 1 (Compra)"]
["7UNIÓN TEMPORAL ASEO COLOMBIA AMP4Papelera 2 (Compra)",7,"UNIÓN TEMPORAL ASEO COLOMBIA AMP4","Bien",342,"Papelera 2 (Compra)",null,null,null,null,71034,null,null,null,null,"7Papelera 2 (Compra)"]
["7LIMPIEZA TOTAL SASSeñales peatonales de prevención y atención 1 (Compra)",7,"LIMPIEZA TOTAL SAS","Bien",347,"Señales peatonales de prevención y atención 1 (Compra)",null,null,null,null,24724,null,null,null,null,"7Señales peatonales de prevención y atención 1 (Compra)"]
["7SOSEGE SASDispensador para papel higiénico 1 (Compra)",7,"SOSEGE SAS","Bien",350,"Dispensador para papel higiénico 1 (Compra)",null,null,null,null,192843,null,null,null,null,"7Dispensador para papel higiénico 1 (Compra)"]
["7UNION TEMPORAL SERVICIOS INTEGRALESDispensador para papel higiénico 2 (Compra)",7,"UNION TEMPORAL SERVICIOS INTEGRALES","Bien",351,"Dispensador para papel higiénico 2 (Compra)",null,null,null,null,219198,null,null,null,null,"7Dispensador para papel higiénico 2 (Compra)"]
["7UNION TEMPORAL ECOLIMPIEZA 4GDispensador de jabón líquido 2 (Compra)",7,"UNION TEMPORAL ECOLIMPIEZA 4G","Bien",356,"Dispensador de jabón líquido 2 (Compra)",null,null,null,null,302863,null,null,null,null,"7Dispensador de jabón líquido 2 (Compra)"]
["7INTERASEO SAS ESPDispensador para ambientador (Compra)",7,"INTERASEO SAS ESP","Bien",359,"Dispensador para ambientador (Compra)",null,null,null,null,46975,null,null,null,null,"7Dispensador para ambientador (Compra)"]
["7UNION TEMPORAL CLEAN COLOMBIAGreca para tintos 1 (Compra)",7,"UNION TEMPORAL CLEAN COLOMBIA","Bien",364,"Greca para tintos 1 (Compra)",null,null,null,null,839409,null,null,null,null,"7Greca para tintos 1 (Compra)"]
["7UNION TEMPORAL OUTSOURCING GIAFGreca para tintos 3 (Arrendamiento)",7,"UNION TEMPORAL OUTSOURCING GIAF","Bien",367,"Greca para tintos 3 (Arrendamiento)",null,null,null,null,72495,null,null,null,null,"7Greca para tintos 3 (Arrendamiento)"]
["7CONSORCIO ELITEMáquina de filtrado para café (Compra)",7,"CONSORCIO ELITE","Bien",369,"Máquina de filtrado para café (Compra)",null,null,null,null,3834534,null,null,null,null,"7Máquina de filtrado para café (Compra)"]
["7UT GRUPO ADINHorno microondas de tipo industrial (Compra)",7,"UT GRUPO ADIN","Bien",373,"Horno microondas de tipo industrial (Compra)",null,null,null,null,3090438,null,null,null,null,"7Horno microondas de tipo industrial (Compra)"]
["7COMPAÑÍA DE SERVICIOS Y ADMINISTRACIÓN SA SERDAN SAEstufa 2 (Compra)",7,"COMPAÑÍA DE SERVICIOS Y ADMINISTRACIÓN SA SERDAN SA","Bien",377,"Estufa 2 (Compra)",null,null,null,null,127802,null,null,null,null,"7Estufa 2 (Compra)"]
["7UNION TEMPORAL SERVICIOS INTEGRALESAspiradora 1 (Compra)",7,"UNION TEMPORAL SERVICIOS INTEGRALES","Bien",381,"Aspiradora 1 (Compra)",null,null,null,null,2302735,null,null,null,null,"7Aspiradora 1 (Compra)"]
["7ASECOLBAS LTDALavabrilladora de pisos 1 (Compra)",7,"ASECOLBAS LTDA","Bien",385,"Lavabrilladora de pisos 1 (Compra)",null,null,null,null,90989,null,null,null,null,"7Lavabrilladora de pisos 1 (Compra)"]
["7LIMPIEZA TOTAL SASLavabrilladora de pisos 2 (Arrendamiento)",7,"LIMPIEZA TOTAL SAS","Bien",386,"Lavabrilladora de pisos 2 (Arrendamiento)",null,null,null,null,148341,null,null,null,null,"7Lavabrilladora de pisos 2 (Arrendamiento)"]
["7GRUPO GECLavadora de alfombras y tapetes 1 (Compra)",7,"GRUPO GEC","Bien",391,"Lavadora de alfombras y tapetes 1 (Compra)",null,null,null,null,3090438,null,null,null,null,"7Lavadora de alfombras y tapetes 1 (Compra)"]
["7INTERNEGOCIOS SASHidrolavadora Industrial (Arrendamiento)",7,"INTERNEGOCIOS SAS","Bien",394,"Hidrolavadora Industrial (Arrendamiento)",null,null,null,null,40253,null,null,null,null,"7Hidrolavadora Industrial (Arrendamiento)"]
["7CONSERJES INMOBILIARIOS LTDASonda para inodoro (Compra)",7,"CONSERJES INMOBILIARIOS LTDA","Bien",399,"Sonda para inodoro (Compra)",null,null,null,null,15873,null,null,null,null,"7Sonda para inodoro (Compra)"]
["7SOSEGE SASGirador Manual (Compra)",7,"SOSEGE SAS","Bien",400,"Girador Manual (Compra)",null,null,null,null,140969,null,null,null,null,"7Girador Manual (Compra)"]
["7UNIÓN TEMPORAL CCE AMP IV 2022Cortadora de cesped  (Compra)",7,"UNIÓN TEMPORAL CCE AMP IV 2022","Bien",403,"Cortadora de cesped  (Compra)",null,null,null,null,5534821,null,null,null,null,"7Cortadora de cesped  (Compra)"]
["8SERVITALENTOSPorcentaje de AIU",8,"SERVITALENTOS","Administracion","Porcentaje de AIU","Porcentaje de AIU",null,null,null,null,0.1,null,null,null,null,"8Porcentaje de AIU"]
["8UNIÓN TEMPORAL ASEO COLOMBIA AMP4Operario de aseo y cafetería",8,"UNIÓN TEMPORAL ASEO COLOMBIA AMP4","Servicio","Operario de aseo y cafetería","Operario de aseo y cafetería",null,null,null,null,2465868,null,null,null,null,"8Operario de aseo y cafetería"]
["8LIMPIEZA INSTITUCIONAL LASU S.A.S.Operario de mantenimiento capacitado para trabajo en alturas",8,"LIMPIEZA INSTITUCIONAL LASU S.A.S.","Servicio","Operario de mantenimiento capacitado para trabajo en alturas","Operario de mantenimiento capacitado para trabajo en alturas",null,null,null,null,2465868,null,null,null,null,"8Operario de mantenimiento capacitado para trabajo en alturas"]
["8UNION TEMPORAL OUTSOURCING GIAFOperario auxiliar capacitado para trabajo en alturas",8,"UNION TEMPORAL OUTSOURCING GIAF","Servicio","Operario auxiliar capacitado para trabajo en alturas","Operario auxiliar capacitado para trabajo en alturas",null,null,null,null,2465868,null,null,null,null,"8Operario auxiliar capacitado para trabajo en alturas"]
["8UNION TEMPORAL SERVICIOS INTEGRALESTurno operario de mantenimiento",8,"UNION TEMPORAL SERVICIOS INTEGRALES","Servicio","Turno operario de mantenimiento","Turno operario de mantenimiento",null,null,null,null,82196,null,null,null,null,"8Turno operario de mantenimiento"]
["8UNION TEMPORAL ECOLIMPIEZA 4GOperario auxiliar MT",8,"UNION TEMPORAL ECOLIMPIEZA 4G","Servicio","Operario auxiliar MT","Operario auxiliar MT",null,null,null,null,1527017,null,null,null,null,"8Operario auxiliar MT"]
["8UNION TEMPORAL R&J 2022Operario de mantenimiento capacitado para trabajo en alturas MT",8,"UNION TEMPORAL R&J 2022","Servicio","Operario de mantenimiento capacitado para trabajo en alturas MT","Operario de mantenimiento capacitado para trabajo en alturas MT",null,null,null,null,1917020,null,null,null,null,"8Operario de mantenimiento capacitado para trabajo en alturas MT"]
["8UNIÓN TEMPORAL CCE AMP IV 2022Jabón para loza 2 (Compra)",8,"UNIÓN TEMPORAL CCE AMP IV 2022","Bien",2,"Jabón para loza 2 (Compra)",null,null,null,null,5473,null,null,null,null,"8Jabón para loza 2 (Compra)"]
["8UT EASYCLEAN ASEO PROFESIONALJabón para loza 3 (Compra)",8,"UT EASYCLEAN ASEO PROFESIONAL","Bien",3,"Jabón para loza 3 (Compra)",null,null,null,null,13146,null,null,null,null,"8Jabón para loza 3 (Compra)"]
["8COMPAÑÍA DE SERVICIOS Y ADMINISTRACIÓN SA SERDAN SAJabón abrasivo (Compra)",8,"COMPAÑÍA DE SERVICIOS Y ADMINISTRACIÓN SA SERDAN SA","Bien",7,"Jabón abrasivo (Compra)",null,null,null,null,3987,null,null,null,null,"8Jabón abrasivo (Compra)"]
["8UT EASYCLEAN ASEO PROFESIONALJabón de dispensador para manos 2 (Compra)",8,"UT EASYCLEAN ASEO PROFESIONAL","Bien",11,"Jabón de dispensador para manos 2 (Compra)",null,null,null,null,14393,null,null,null,null,"8Jabón de dispensador para manos 2 (Compra)"]
["8INTERASEO SAS ESPGel antibacterial para manos (Compra)",8,"INTERASEO SAS ESP","Bien",13,"Gel antibacterial para manos (Compra)",null,null,null,null,32140,null,null,null,null,"8Gel antibacterial para manos (Compra)"]
["8UNION TEMPORAL SERVICIOS INTEGRALESLíquido desengrasante (Compra)",8,"UNION TEMPORAL SERVICIOS INTEGRALES","Bien",19,"Líquido desengrasante (Compra)",null,null,null,null,16269,null,null,null,null,"8Líquido desengrasante (Compra)"]
["8CONSORCIO KIOSDetergente multiusos en polvo (Compra)",8,"CONSORCIO KIOS","Bien",21,"Detergente multiusos en polvo (Compra)",null,null,null,null,8498,null,null,null,null,"8Detergente multiusos en polvo (Compra)"]
["8LIMPIEZA INSTITUCIONAL LASU S.A.S.Limpiador desinfectante para uso general 3 (Compra)",8,"LIMPIEZA INSTITUCIONAL LASU S.A.S.","Bien",24,"Limpiador desinfectante para uso general 3 (Compra)",null,null,null,null,1879,null,null,null,null,"8Limpiador desinfectante para uso general 3 (Compra)"]
["8CONSERJES INMOBILIARIOS LTDALíquido para limpiar vidrios 3 (Compra)",8,"CONSERJES INMOBILIARIOS LTDA","Bien",29,"Líquido para limpiar vidrios 3 (Compra)",null,null,null,null,2787,null,null,null,null,"8Líquido para limpiar vidrios 3 (Compra)"]
["8UNIÓN TEMPORAL ASEO COLOMBIA AMP4Blanqueador o hipoclorito 1 (Compra)",8,"UNIÓN TEMPORAL ASEO COLOMBIA AMP4","Bien",30,"Blanqueador o hipoclorito 1 (Compra)",null,null,null,null,7887,null,null,null,null,"8Blanqueador o hipoclorito 1 (Compra)"]
["8UNION TEMPORAL ECOLIMPIEZA 4GAlcohol industrial 1 (Compra)",8,"UNION TEMPORAL ECOLIMPIEZA 4G","Bien",33,"Alcohol industrial 1 (Compra)",null,null,null,null,23206,null,null,null,null,"8Alcohol industrial 1 (Compra)"]
["8SOSEGE SASLíquido para limpiar equipos de oficina 2 (Compra)",8,"SOSEGE SAS","Bien",38,"Líquido para limpiar equipos de oficina 2 (Compra)",null,null,null,null,8241,null,null,null,null,"8Líquido para limpiar equipos de oficina 2 (Compra)"]
["8INCINERADOS DEL HUILACrema para cuero (Compra)",8,"INCINERADOS DEL HUILA","Bien",43,"Crema para cuero (Compra)",null,null,null,null,21036,null,null,null,null,"8Crema para cuero (Compra)"]
["8SERVIASEO S.ACera emulsionada roja (Compra)",8,"SERVIASEO S.A","Bien",46,"Cera emulsionada roja (Compra)",null,null,null,null,16935,null,null,null,null,"8Cera emulsionada roja (Compra)"]
["8UNION TEMPORAL R&J 2022Cera solvente (Compra)",8,"UNION TEMPORAL R&J 2022","Bien",47,"Cera solvente (Compra)",null,null,null,null,46357,null,null,null,null,"8Cera solvente (Compra)"]
["8UT ASEAMOS 2022 ACUERDO 4Removedor de cera (Compra)",8,"UT ASEAMOS 2022 ACUERDO 4","Bien",50,"Removedor de cera (Compra)",null,null,null,null,56864,null,null,null,null,"8Removedor de cera (Compra)"]
["8UNIÓN TEMPORAL EMINSER SOLOASEO 2023Varsol ecológico 2 (Compra)",8,"UNIÓN TEMPORAL EMINSER SOLOASEO 2023","Bien",55,"Varsol ecológico 2 (Compra)",null,null,null,null,28038,null,null,null,null,"8Varsol ecológico 2 (Compra)"]
["8UNION  TEMPORAL LADOINSA 2022Ambientador 1 (Compra)",8,"UNION  TEMPORAL LADOINSA 2022","Bien",60,"Ambientador 1 (Compra)",null,null,null,null,11002,null,null,null,null,"8Ambientador 1 (Compra)"]
["8UNION TEMPORAL CLEAN COLOMBIAInsecticida 2 (Compra)",8,"UNION TEMPORAL CLEAN COLOMBIA","Bien",63,"Insecticida 2 (Compra)",null,null,null,null,19397,null,null,null,null,"8Insecticida 2 (Compra)"]
["8ASECOLBAS LTDALimpiones 2 (Compra)",8,"ASECOLBAS LTDA","Bien",65,"Limpiones 2 (Compra)",null,null,null,null,15835,null,null,null,null,"8Limpiones 2 (Compra)"]
["8COMPAÑÍA DE SERVICIOS Y ADMINISTRACIÓN SA SERDAN SALimpiones 5 (Compra)",8,"COMPAÑÍA DE SERVICIOS Y ADMINISTRACIÓN SA SERDAN SA","Bien",68,"Limpiones 5 (Compra)",null,null,null,null,9240,null,null,null,null,"8Limpiones 5 (Compra)"]
["8UT EASYCLEAN ASEO PROFESIONALPaño absorbente multiusos 1 (Compra)",8,"UT EASYCLEAN ASEO PROFESIONAL","Bien",72,"Paño absorbente multiusos 1 (Compra)",null,null,null,null,4898,null,null,null,null,"8Paño absorbente multiusos 1 (Compra)"]
["8UNION TEMPORAL OUTSOURCING GIAFEsponjilla 3 (Compra)",8,"UNION TEMPORAL OUTSOURCING GIAF","Bien",77,"Esponjilla 3 (Compra)",null,null,null,null,352,null,null,null,null,"8Esponjilla 3 (Compra)"]
["8BRILLASEO S.A.SEsponjilla 5 (Compra)",8,"BRILLASEO S.A.S","Bien",79,"Esponjilla 5 (Compra)",null,null,null,null,752,null,null,null,null,"8Esponjilla 5 (Compra)"]
["8INCINERADOS DEL HUILAEscoba 1 (Compra)",8,"INCINERADOS DEL HUILA","Bien",82,"Escoba 1 (Compra)",null,null,null,null,14966,null,null,null,null,"8Escoba 1 (Compra)"]
["8CLEANER S.A.Mango metálico escoba 1 (Compra)",8,"CLEANER S.A.","Bien",87,"Mango metálico escoba 1 (Compra)",null,null,null,null,9187,null,null,null,null,"8Mango metálico escoba 1 (Compra)"]
["8CONSORCIO ELITECepillos 2 (Compra)",8,"CONSORCIO ELITE","Bien",90,"Cepillos 2 (Compra)",null,null,null,null,16802,null,null,null,null,"8Cepillos 2 (Compra)"]
["8ASECOLBAS LTDATrapero 4 (Compra)",8,"ASECOLBAS LTDA","Bien",95,"Trapero 4 (Compra)",null,null,null,null,15081,null,null,null,null,"8Trapero 4 (Compra)"]
["8COMPAÑÍA DE SERVICIOS Y ADMINISTRACIÓN SA SERDAN SACepillo para sanitario (churrusco) (Compra)",8,"COMPAÑÍA DE SERVICIOS Y ADMINISTRACIÓN SA SERDAN SA","Bien",98,"Cepillo para sanitario (churrusco) (Compra)",null,null,null,null,5467,null,null,null,null,"8Cepillo para sanitario (churrusco) (Compra)"]
["8UNION  TEMPORAL LADOINSA 2022Pads 1 (Compra)",8,"UNION  TEMPORAL LADOINSA 2022","Bien",99,"Pads 1 (Compra)",null,null,null,null,30039,null,null,null,null,"8Pads 1 (Compra)"]
["8INTERASEO SAS ESPBoneth 1 (Compra)",8,"INTERASEO SAS ESP","Bien",104,"Boneth 1 (Compra)",null,null,null,null,105075,null,null,null,null,"8Boneth 1 (Compra)"]
["8SERVITALENTOSBolsas plásticas 2 (Compra)",8,"SERVITALENTOS","Bien",107,"Bolsas plásticas 2 (Compra)",null,null,null,null,1674,null,null,null,null,"8Bolsas plásticas 2 (Compra)"]
["8CONSORCIO KIOSBolsas plásticas 8 (Compra)",8,"CONSORCIO KIOS","Bien",112,"Bolsas plásticas 8 (Compra)",null,null,null,null,3629,null,null,null,null,"8Bolsas plásticas 8 (Compra)"]
["8LIMPIEZA INSTITUCIONAL LASU S.A.S.Bolsas plásticas 11 (Compra)",8,"LIMPIEZA INSTITUCIONAL LASU S.A.S.","Bien",115,"Bolsas plásticas 11 (Compra)",null,null,null,null,1615,null,null,null,null,"8Bolsas plásticas 11 (Compra)"]
["8UNION TEMPORAL OUTSOURCING GIAFBolsas plásticas 12 (Compra)",8,"UNION TEMPORAL OUTSOURCING GIAF","Bien",116,"Bolsas plásticas 12 (Compra)",null,null,null,null,2293,null,null,null,null,"8Bolsas plásticas 12 (Compra)"]
["8UNIÓN TEMPORAL ASEO COLOMBIA AMP4Bolsas plásticas 18 (Compra)",8,"UNIÓN TEMPORAL ASEO COLOMBIA AMP4","Bien",121,"Bolsas plásticas 18 (Compra)",null,null,null,null,2893,null,null,null,null,"8Bolsas plásticas 18 (Compra)"]
["8UNION TEMPORAL ECOLIMPIEZA 4GBolsas plásticas 21 (Compra)",8,"UNION TEMPORAL ECOLIMPIEZA 4G","Bien",124,"Bolsas plásticas 21 (Compra)",null,null,null,null,4393,null,null,null,null,"8Bolsas plásticas 21 (Compra)"]
["8BRILLASEO S.A.SBolsas plásticas 23 (Compra)",8,"BRILLASEO S.A.S","Bien",126,"Bolsas plásticas 23 (Compra)",null,null,null,null,8609,null,null,null,null,"8Bolsas plásticas 23 (Compra)"]
["8UNION TEMPORAL SERVICIOS INTEGRALESGuantes 1 (Compra)",8,"UNION TEMPORAL SERVICIOS INTEGRALES","Bien",130,"Guantes 1 (Compra)",null,null,null,null,6923,null,null,null,null,"8Guantes 1 (Compra)"]
["8UT GRUPO ADINGuantes 4 (Compra)",8,"UT GRUPO ADIN","Bien",133,"Guantes 4 (Compra)",null,null,null,null,5709,null,null,null,null,"8Guantes 4 (Compra)"]
["8UNION TEMPORAL R&J 2022Guantes 9 (Compra)",8,"UNION TEMPORAL R&J 2022","Bien",138,"Guantes 9 (Compra)",null,null,null,null,7417,null,null,null,null,"8Guantes 9 (Compra)"]
["8UT ASEAMOS 2022 ACUERDO 4Papel higiénico 1 (Compra)",8,"UT ASEAMOS 2022 ACUERDO 4","Bien",141,"Papel higiénico 1 (Compra)",null,null,null,null,2843,null,null,null,null,"8Papel higiénico 1 (Compra)"]
["8INCINERADOS DEL HUILAPapel higiénico 3 (Compra)",8,"INCINERADOS DEL HUILA","Bien",143,"Papel higiénico 3 (Compra)",null,null,null,null,30151,null,null,null,null,"8Papel higiénico 3 (Compra)"]
["8CLEANER S.A.Toallas para manos 3 (Compra)",8,"CLEANER S.A.","Bien",148,"Toallas para manos 3 (Compra)",null,null,null,null,26267,null,null,null,null,"8Toallas para manos 3 (Compra)"]
["8CONSORCIO ELITEToallas para manos 6 (Compra)",8,"CONSORCIO ELITE","Bien",151,"Toallas para manos 6 (Compra)",null,null,null,null,10702,null,null,null,null,"8Toallas para manos 6 (Compra)"]
["8ASECOLBAS LTDAVasos biodegradables 2 (Compra)",8,"ASECOLBAS LTDA","Bien",156,"Vasos biodegradables 2 (Compra)",null,null,null,null,9298,null,null,null,null,"8Vasos biodegradables 2 (Compra)"]
["8UNIÓN TEMPORAL ASEO COLOMBIA AMP4Vasos biodegradables 3 (Compra)",8,"UNIÓN TEMPORAL ASEO COLOMBIA AMP4","Bien",157,"Vasos biodegradables 3 (Compra)",null,null,null,null,12443,null,null,null,null,"8Vasos biodegradables 3 (Compra)"]
["8UNIÓN TEMPORAL ASEO COLOMBIA AMP4Servilleta papel (Compra)",8,"UNIÓN TEMPORAL ASEO COLOMBIA AMP4","Bien",160,"Servilleta papel (Compra)",null,null,null,null,2276,null,null,null,null,"8Servilleta papel (Compra)"]
["8LIMPIEZA INSTITUCIONAL LASU S.A.S.Papel Aluminio 1 (Compra)",8,"LIMPIEZA INSTITUCIONAL LASU S.A.S.","Bien",165,"Papel Aluminio 1 (Compra)",null,null,null,null,10518,null,null,null,null,"8Papel Aluminio 1 (Compra)"]
["8SOSEGE SASTermo para café 1 (Compra)",8,"SOSEGE SAS","Bien",168,"Termo para café 1 (Compra)",null,null,null,null,33676,null,null,null,null,"8Termo para café 1 (Compra)"]
["8INCINERADOS DEL HUILACafé Social (Compra)",8,"INCINERADOS DEL HUILA","Bien",173,"Café Social (Compra)",null,null,null,null,69535,null,null,null,null,"8Café Social (Compra)"]
["8UNION TEMPORAL ECOLIMPIEZA 4GCrema para café (Compra)",8,"UNION TEMPORAL ECOLIMPIEZA 4G","Bien",174,"Crema para café (Compra)",null,null,null,null,16571,null,null,null,null,"8Crema para café (Compra)"]
["8UNION TEMPORAL R&J 2022Azúcar 3 (Compra)",8,"UNION TEMPORAL R&J 2022","Bien",177,"Azúcar 3 (Compra)",null,null,null,null,5562,null,null,null,null,"8Azúcar 3 (Compra)"]
["8UNIÓN TEMPORAL CCE AMP IV 2022Sal 2 (Compra)",8,"UNIÓN TEMPORAL CCE AMP IV 2022","Bien",182,"Sal 2 (Compra)",null,null,null,null,3856,null,null,null,null,"8Sal 2 (Compra)"]
["8UNIÓN TEMPORAL EMINSER SOLOASEO 2023Aromática de panela (Compra)",8,"UNIÓN TEMPORAL EMINSER SOLOASEO 2023","Bien",185,"Aromática de panela (Compra)",null,null,null,null,6005,null,null,null,null,"8Aromática de panela (Compra)"]
["8UNION  TEMPORAL LADOINSA 2022Agua potable 1 (Compra)",8,"UNION  TEMPORAL LADOINSA 2022","Bien",190,"Agua potable 1 (Compra)",null,null,null,null,1483,null,null,null,null,"8Agua potable 1 (Compra)"]
["8UT ASEAMOS 2022 ACUERDO 4Agua potable 2 (Compra)",8,"UT ASEAMOS 2022 ACUERDO 4","Bien",191,"Agua potable 2 (Compra)",null,null,null,null,2225,null,null,null,null,"8Agua potable 2 (Compra)"]
["8ASECOLBAS LTDAServilleta de tela (Compra)",8,"ASECOLBAS LTDA","Bien",195,"Servilleta de tela (Compra)",null,null,null,null,5864,null,null,null,null,"8Servilleta de tela (Compra)"]
["8UNION TEMPORAL SERVIASEAMOSRepuestos brillador 1 (Compra)",8,"UNION TEMPORAL SERVIASEAMOS","Bien",199,"Repuestos brillador 1 (Compra)",null,null,null,null,46158,null,null,null,null,"8Repuestos brillador 1 (Compra)"]
["8UNION TEMPORAL CLEAN COLOMBIARastrillo 2 (Compra)",8,"UNION TEMPORAL CLEAN COLOMBIA","Bien",204,"Rastrillo 2 (Compra)",null,null,null,null,23557,null,null,null,null,"8Rastrillo 2 (Compra)"]
["8UNION TEMPORAL OUTSOURCING GIAFAtomizadores (Compra)",8,"UNION TEMPORAL OUTSOURCING GIAF","Bien",207,"Atomizadores (Compra)",null,null,null,null,1608,null,null,null,null,"8Atomizadores (Compra)"]
["8COMPAÑÍA DE SERVICIOS Y ADMINISTRACIÓN SA SERDAN SACaneca para almacenar ropa sucia  (Compra)",8,"COMPAÑÍA DE SERVICIOS Y ADMINISTRACIÓN SA SERDAN SA","Bien",209,"Caneca para almacenar ropa sucia  (Compra)",null,null,null,null,96675,null,null,null,null,"8Caneca para almacenar ropa sucia  (Compra)"]
["8CONSORCIO KIOSVasos  2 (Arrendamiento)",8,"CONSORCIO KIOS","Bien",212,"Vasos  2 (Arrendamiento)",null,null,null,null,742,null,null,null,null,"8Vasos  2 (Arrendamiento)"]
["8BRILLASEO S.A.SCuchara pequeña  (Compra)",8,"BRILLASEO S.A.S","Bien",217,"Cuchara pequeña  (Compra)",null,null,null,null,2189,null,null,null,null,"8Cuchara pequeña  (Compra)"]
["8UNION TEMPORAL SERVICIOS INTEGRALESPlatos  2 (Compra)",8,"UNION TEMPORAL SERVICIOS INTEGRALES","Bien",221,"Platos  2 (Compra)",null,null,null,null,20904,null,null,null,null,"8Platos  2 (Compra)"]
["8UT GRUPO ADINPlatos  4 (Arrendamiento)",8,"UT GRUPO ADIN","Bien",224,"Platos  4 (Arrendamiento)",null,null,null,null,3313,null,null,null,null,"8Platos  4 (Arrendamiento)"]
["8LIMPIEZA INSTITUCIONAL LASU S.A.S.Platos  5 (Arrendamiento)",8,"LIMPIEZA INSTITUCIONAL LASU S.A.S.","Bien",226,"Platos  5 (Arrendamiento)",null,null,null,null,2675,null,null,null,null,"8Platos  5 (Arrendamiento)"]
["8CONSERJES INMOBILIARIOS LTDATerno para café (Arrendamiento)",8,"CONSERJES INMOBILIARIOS LTDA","Bien",231,"Terno para café (Arrendamiento)",null,null,null,null,14960,null,null,null,null,"8Terno para café (Arrendamiento)"]
["8UNION TEMPORAL ECOLIMPIEZA 4GTerno para café (Compra)",8,"UNION TEMPORAL ECOLIMPIEZA 4G","Bien",232,"Terno para café (Compra)",null,null,null,null,27072,null,null,null,null,"8Terno para café (Compra)"]
["8UNIÓN TEMPORAL EMINSER SOLOASEO 2023Vajilla  2 (Arrendamiento)",8,"UNIÓN TEMPORAL EMINSER SOLOASEO 2023","Bien",235,"Vajilla  2 (Arrendamiento)",null,null,null,null,72020,null,null,null,null,"8Vajilla  2 (Arrendamiento)"]
["8CONSORCIO KIOSOrganizador  porta escobas  (Compra)",8,"CONSORCIO KIOS","Bien",242,"Organizador  porta escobas  (Compra)",null,null,null,null,19532,null,null,null,null,"8Organizador  porta escobas  (Compra)"]
["8UNION TEMPORAL CLEAN COLOMBIAEspátula  (Compra)",8,"UNION TEMPORAL CLEAN COLOMBIA","Bien",243,"Espátula  (Compra)",null,null,null,null,4790,null,null,null,null,"8Espátula  (Compra)"]
["8SERVITALENTOSBalde (Arrendamiento)",8,"SERVITALENTOS","Bien",248,"Balde (Arrendamiento)",null,null,null,null,1528,null,null,null,null,"8Balde (Arrendamiento)"]
["8UNIÓN TEMPORAL ASEO COLOMBIA AMP4Plato Biodegradable 2 (Compra)",8,"UNIÓN TEMPORAL ASEO COLOMBIA AMP4","Bien",251,"Plato Biodegradable 2 (Compra)",null,null,null,null,680,null,null,null,null,"8Plato Biodegradable 2 (Compra)"]
["8UT EASYCLEAN ASEO PROFESIONALPocillos 1 (Arrendamiento)",8,"UT EASYCLEAN ASEO PROFESIONAL","Bien",252,"Pocillos 1 (Arrendamiento)",null,null,null,null,1675,null,null,null,null,"8Pocillos 1 (Arrendamiento)"]
["8SOSEGE SASVajilla  3 (Compra)",8,"SOSEGE SAS","Bien",259,"Vajilla  3 (Compra)",null,null,null,null,459709,null,null,null,null,"8Vajilla  3 (Compra)"]
["8UNION TEMPORAL SERVICIOS INTEGRALESVajilla  4 (Arrendamiento)",8,"UNION TEMPORAL SERVICIOS INTEGRALES","Bien",260,"Vajilla  4 (Arrendamiento)",null,null,null,null,40620,null,null,null,null,"8Vajilla  4 (Arrendamiento)"]
["8UNION TEMPORAL ECOLIMPIEZA 4GBandeja 1 (Compra)",8,"UNION TEMPORAL ECOLIMPIEZA 4G","Bien",265,"Bandeja 1 (Compra)",null,null,null,null,67866,null,null,null,null,"8Bandeja 1 (Compra)"]
["8UNION TEMPORAL R&J 2022Bandeja 3 (Arrendamiento)",8,"UNION TEMPORAL R&J 2022","Bien",268,"Bandeja 3 (Arrendamiento)",null,null,null,null,11126,null,null,null,null,"8Bandeja 3 (Arrendamiento)"]
["8CONSERJES INMOBILIARIOS LTDABandeja 4 (Arrendamiento)",8,"CONSERJES INMOBILIARIOS LTDA","Bien",270,"Bandeja 4 (Arrendamiento)",null,null,null,null,251,null,null,null,null,"8Bandeja 4 (Arrendamiento)"]
["8UT GRUPO ADINOlla 1 (Arrendamiento)",8,"UT GRUPO ADIN","Bien",274,"Olla 1 (Arrendamiento)",null,null,null,null,2324,null,null,null,null,"8Olla 1 (Arrendamiento)"]
["8CLEANER S.A.Escurridor para platos (Arrendamiento)",8,"CLEANER S.A.","Bien",278,"Escurridor para platos (Arrendamiento)",null,null,null,null,5538,null,null,null,null,"8Escurridor para platos (Arrendamiento)"]
["8UT ASEAMOS 2022 ACUERDO 4Carro exprimidor de trapero 1 (Compra)",8,"UT ASEAMOS 2022 ACUERDO 4","Bien",282,"Carro exprimidor de trapero 1 (Compra)",null,null,null,null,741705,null,null,null,null,"8Carro exprimidor de trapero 1 (Compra)"]
["8ASECOLBAS LTDACarros para limpieza (Compra)",8,"ASECOLBAS LTDA","Bien",286,"Carros para limpieza (Compra)",null,null,null,null,23776,null,null,null,null,"8Carros para limpieza (Compra)"]
["8SERVIASEO S.ACarro de bebidas (Arrendamiento)",8,"SERVIASEO S.A","Bien",287,"Carro de bebidas (Arrendamiento)",null,null,null,null,40052,null,null,null,null,"8Carro de bebidas (Arrendamiento)"]
["8CONSORCIO ELITEEscalera 2 (Compra)",8,"CONSORCIO ELITE","Bien",292,"Escalera 2 (Compra)",null,null,null,null,244174,null,null,null,null,"8Escalera 2 (Compra)"]
["8INTERASEO SAS ESPEscalera 4 (Arrendamiento)",8,"INTERASEO SAS ESP","Bien",295,"Escalera 4 (Arrendamiento)",null,null,null,null,47469,null,null,null,null,"8Escalera 4 (Arrendamiento)"]
["8COMPAÑÍA DE SERVICIOS Y ADMINISTRACIÓN SA SERDAN SAMangueras 1 (Compra)",8,"COMPAÑÍA DE SERVICIOS Y ADMINISTRACIÓN SA SERDAN SA","Bien",300,"Mangueras 1 (Compra)",null,null,null,null,88387,null,null,null,null,"8Mangueras 1 (Compra)"]
["8CONSORCIO KIOSMangueras 3 (Arrendamiento)",8,"CONSORCIO KIOS","Bien",303,"Mangueras 3 (Arrendamiento)",null,null,null,null,20867,null,null,null,null,"8Mangueras 3 (Arrendamiento)"]
["8UNION TEMPORAL CLEAN COLOMBIAMangueras 3 (Compra)",8,"UNION TEMPORAL CLEAN COLOMBIA","Bien",304,"Mangueras 3 (Compra)",null,null,null,null,189509,null,null,null,null,"8Mangueras 3 (Compra)"]
["8INTERASEO SAS ESPContenedor de basura 4 (Compra)",8,"INTERASEO SAS ESP","Bien",308,"Contenedor de basura 4 (Compra)",null,null,null,null,71574,null,null,null,null,"8Contenedor de basura 4 (Compra)"]
["8UNIÓN TEMPORAL CCE AMP IV 2022Contenedor de basura 8 (Compra)",8,"UNIÓN TEMPORAL CCE AMP IV 2022","Bien",312,"Contenedor de basura 8 (Compra)",null,null,null,null,88263,null,null,null,null,"8Contenedor de basura 8 (Compra)"]
["8SERVIASEO S.AContenedor de basura 13 (Compra)",8,"SERVIASEO S.A","Bien",317,"Contenedor de basura 13 (Compra)",null,null,null,null,182954,null,null,null,null,"8Contenedor de basura 13 (Compra)"]
["8UNION TEMPORAL R&J 2022Contenedor de basura 14 (Compra)",8,"UNION TEMPORAL R&J 2022","Bien",318,"Contenedor de basura 14 (Compra)",null,null,null,null,129798,null,null,null,null,"8Contenedor de basura 14 (Compra)"]
["8UT ASEAMOS 2022 ACUERDO 4Contenedor de basura 17 (Compra)",8,"UT ASEAMOS 2022 ACUERDO 4","Bien",321,"Contenedor de basura 17 (Compra)",null,null,null,null,1081653,null,null,null,null,"8Contenedor de basura 17 (Compra)"]
["8UNIÓN TEMPORAL EMINSER SOLOASEO 2023Contenedor de basura 22 (Compra)",8,"UNIÓN TEMPORAL EMINSER SOLOASEO 2023","Bien",326,"Contenedor de basura 22 (Compra)",null,null,null,null,1011495,null,null,null,null,"8Contenedor de basura 22 (Compra)"]
["8UNION TEMPORAL SERVIASEAMOSContenedor de basura 25 (Compra)",8,"UNION TEMPORAL SERVIASEAMOS","Bien",329,"Contenedor de basura 25 (Compra)",null,null,null,null,1024409,null,null,null,null,"8Contenedor de basura 25 (Compra)"]
["8UNION TEMPORAL CLEAN COLOMBIAContenedor de basura 30 (Compra)",8,"UNION TEMPORAL CLEAN COLOMBIA","Bien",334,"Contenedor de basura 30 (Compra)",null,null,null,null,5451022,null,null,null,null,"8Contenedor de basura 30 (Compra)"]
["8ASECOLBAS LTDAPunto Ecológico 2 (Compra)",8,"ASECOLBAS LTDA","Bien",336,"Punto Ecológico 2 (Compra)",null,null,null,null,13971,null,null,null,null,"8Punto Ecológico 2 (Compra)"]
["8COMPAÑÍA DE SERVICIOS Y ADMINISTRACIÓN SA SERDAN SAPunto Ecológico 5 (Compra)",8,"COMPAÑÍA DE SERVICIOS Y ADMINISTRACIÓN SA SERDAN SA","Bien",339,"Punto Ecológico 5 (Compra)",null,null,null,null,2039689,null,null,null,null,"8Punto Ecológico 5 (Compra)"]
["8UT EASYCLEAN ASEO PROFESIONALPapelera 3 (Compra)",8,"UT EASYCLEAN ASEO PROFESIONAL","Bien",343,"Papelera 3 (Compra)",null,null,null,null,33582,null,null,null,null,"8Papelera 3 (Compra)"]
["8INTERASEO SAS ESPPapelera residuos peligrosos 1 (Compra)",8,"INTERASEO SAS ESP","Bien",345,"Papelera residuos peligrosos 1 (Compra)",null,null,null,null,71574,null,null,null,null,"8Papelera residuos peligrosos 1 (Compra)"]
["8UNION TEMPORAL SERVICIOS INTEGRALESDispensador para papel higiénico 2 (Compra)",8,"UNION TEMPORAL SERVICIOS INTEGRALES","Bien",351,"Dispensador para papel higiénico 2 (Compra)",null,null,null,null,219198,null,null,null,null,"8Dispensador para papel higiénico 2 (Compra)"]
["8CONSORCIO KIOSDispensador de toallas de manos 2 (Compra)",8,"CONSORCIO KIOS","Bien",353,"Dispensador de toallas de manos 2 (Compra)",null,null,null,null,76642,null,null,null,null,"8Dispensador de toallas de manos 2 (Compra)"]
["8LIMPIEZA INSTITUCIONAL LASU S.A.S.Dispensador de jabón líquido 2 (Compra)",8,"LIMPIEZA INSTITUCIONAL LASU S.A.S.","Bien",356,"Dispensador de jabón líquido 2 (Compra)",null,null,null,null,31890,null,null,null,null,"8Dispensador de jabón líquido 2 (Compra)"]
["8CONSERJES INMOBILIARIOS LTDADispensador de agua (Compra)",8,"CONSERJES INMOBILIARIOS LTDA","Bien",361,"Dispensador de agua (Compra)",null,null,null,null,57539,null,null,null,null,"8Dispensador de agua (Compra)"]
["8UNIÓN TEMPORAL ASEO COLOMBIA AMP4Dispensador de agua con botellón (Compra)",8,"UNIÓN TEMPORAL ASEO COLOMBIA AMP4","Bien",362,"Dispensador de agua con botellón (Compra)",null,null,null,null,790954,null,null,null,null,"8Dispensador de agua con botellón (Compra)"]
["8CLEANER S.A.Máquina de filtrado para café (Compra)",8,"CLEANER S.A.","Bien",369,"Máquina de filtrado para café (Compra)",null,null,null,null,4984259,null,null,null,null,"8Máquina de filtrado para café (Compra)"]
["8SOSEGE SASHorno microondas (Arrendamiento)",8,"SOSEGE SAS","Bien",370,"Horno microondas (Arrendamiento)",null,null,null,null,19779,null,null,null,null,"8Horno microondas (Arrendamiento)"]
["8UNIÓN TEMPORAL CCE AMP IV 2022Horno microondas de tipo industrial (Compra)",8,"UNIÓN TEMPORAL CCE AMP IV 2022","Bien",373,"Horno microondas de tipo industrial (Compra)",null,null,null,null,4229265,null,null,null,null,"8Horno microondas de tipo industrial (Compra)"]
["8SERVIASEO S.AExtensión eléctrica 1 (Compra)",8,"SERVIASEO S.A","Bien",378,"Extensión eléctrica 1 (Compra)",null,null,null,null,99388,null,null,null,null,"8Extensión eléctrica 1 (Compra)"]
["8UNION TEMPORAL R&J 2022Extensión eléctrica 2 (Compra)",8,"UNION TEMPORAL R&J 2022","Bien",379,"Extensión eléctrica 2 (Compra)",null,null,null,null,912298,null,null,null,null,"8Extensión eléctrica 2 (Compra)"]
["8SERVITALENTOSAspiradora 2 (Compra)",8,"SERVITALENTOS","Bien",383,"Aspiradora 2 (Compra)",null,null,null,null,3866154,null,null,null,null,"8Aspiradora 2 (Compra)"]
["8UNION TEMPORAL OUTSOURCING GIAFLavabrilladora de pisos 2 (Compra)",8,"UNION TEMPORAL OUTSOURCING GIAF","Bien",387,"Lavabrilladora de pisos 2 (Compra)",null,null,null,null,3174251,null,null,null,null,"8Lavabrilladora de pisos 2 (Compra)"]
["8UNIÓN TEMPORAL ASEO COLOMBIA AMP4Lavadora de alfombras y tapetes 2 (Arrendamiento)",8,"UNIÓN TEMPORAL ASEO COLOMBIA AMP4","Bien",392,"Lavadora de alfombras y tapetes 2 (Arrendamiento)",null,null,null,null,424727,null,null,null,null,"8Lavadora de alfombras y tapetes 2 (Arrendamiento)"]
["8UNION TEMPORAL ECOLIMPIEZA 4GHidrolavadora Industrial (Compra)",8,"UNION TEMPORAL ECOLIMPIEZA 4G","Bien",395,"Hidrolavadora Industrial (Compra)",null,null,null,null,4427856,null,null,null,null,"8Hidrolavadora Industrial (Compra)"]
["8BRILLASEO S.A.SSopladora de hojas (Compra)",8,"BRILLASEO S.A.S","Bien",397,"Sopladora de hojas (Compra)",null,null,null,null,2781395,null,null,null,null,"8Sopladora de hojas (Compra)"]
["8CONSERJES INMOBILIARIOS LTDAGirador Manual (Compra)",8,"CONSERJES INMOBILIARIOS LTDA","Bien",400,"Girador Manual (Compra)",null,null,null,null,4692,null,null,null,null,"8Girador Manual (Compra)"]
["8UT GRUPO ADINGuadañas (Arrendamiento)",8,"UT GRUPO ADIN","Bien",404,"Guadañas (Arrendamiento)",null,null,null,null,208914,null,null,null,null,"8Guadañas (Arrendamiento)"]
["9UNION TEMPORAL ECOLIMPIEZA 4GJardineria mt2",9,"UNION TEMPORAL ECOLIMPIEZA 4G","Servicio","Jardineria mt2","Jardineria mt2",null,null,null,null,494,null,null,null,null,"9Jardineria mt2"]
["9UNION TEMPORAL ECOLIMPIEZA 4GOperario de mantenimiento",9,"UNION TEMPORAL ECOLIMPIEZA 4G","Servicio","Operario de mantenimiento","Operario de mantenimiento",null,null,null,null,2465868,null,null,null,null,"9Operario de mantenimiento"]
["9BRILLASEO S.A.SCoordinador de tiempo completo",9,"BRILLASEO S.A.S","Servicio","Coordinador de tiempo completo","Coordinador de tiempo completo",null,null,null,null,2465868,null,null,null,null,"9Coordinador de tiempo completo"]
["9BRILLASEO S.A.SOperario auxiliar capacitado para trabajo en alturas",9,"BRILLASEO S.A.S","Servicio","Operario auxiliar capacitado para trabajo en alturas","Operario auxiliar capacitado para trabajo en alturas",null,null,null,null,2465868,null,null,null,null,"9Operario auxiliar capacitado para trabajo en alturas"]
["9UNION TEMPORAL CLEAN COLOMBIATurno operario de mantenimiento capacitado para trabajo en alturas nivel básico",9,"UNION TEMPORAL CLEAN COLOMBIA","Servicio","Turno operario de mantenimiento capacitado para trabajo en alturas nivel básico","Turno operario de mantenimiento capacitado para trabajo en alturas nivel básico",null,null,null,null,82196,null,null,null,null,"9Turno operario de mantenimiento capacitado para trabajo en alturas nivel básico"]
["9INTERASEO SAS ESPCoordinador MT",9,"INTERASEO SAS ESP","Servicio","Coordinador MT","Coordinador MT",null,null,null,null,1578156,null,null,null,null,"9Coordinador MT"]
["9INTERASEO SAS ESPOperario auxiliar capacitado para trabajo en alturas MT",9,"INTERASEO SAS ESP","Servicio","Operario auxiliar capacitado para trabajo en alturas MT","Operario auxiliar capacitado para trabajo en alturas MT",null,null,null,null,1527018,null,null,null,null,"9Operario auxiliar capacitado para trabajo en alturas MT"]
["9UNIÓN TEMPORAL CCE AMP IV 2022Jardinero capacitado para trabajo en alturas MT",9,"UNIÓN TEMPORAL CCE AMP IV 2022","Servicio","Jardinero capacitado para trabajo en alturas MT","Jardinero capacitado para trabajo en alturas MT",null,null,null,null,1527017,null,null,null,null,"9Jardinero capacitado para trabajo en alturas MT"]
["9INCINERADOS DEL HUILAJabón para loza 4 (Compra)",9,"INCINERADOS DEL HUILA","Bien",4,"Jabón para loza 4 (Compra)",null,null,null,null,18657,null,null,null,null,"9Jabón para loza 4 (Compra)"]
["9INCINERADOS DEL HUILAJabón abrasivo (Compra)",9,"INCINERADOS DEL HUILA","Bien",7,"Jabón abrasivo (Compra)",null,null,null,null,10420,null,null,null,null,"9Jabón abrasivo (Compra)"]
["9UNION TEMPORAL SERVICIOS INTEGRALESJabón de dispensador para manos 2 (Compra)",9,"UNION TEMPORAL SERVICIOS INTEGRALES","Bien",11,"Jabón de dispensador para manos 2 (Compra)",null,null,null,null,14365,null,null,null,null,"9Jabón de dispensador para manos 2 (Compra)"]
["9UNION TEMPORAL SERVICIOS INTEGRALESDispensador de gel antibacterial para manos (Compra)",9,"UNION TEMPORAL SERVICIOS INTEGRALES","Bien",14,"Dispensador de gel antibacterial para manos (Compra)",null,null,null,null,39422,null,null,null,null,"9Dispensador de gel antibacterial para manos (Compra)"]
["9GRUPO GECLimpiador multiusos 2 (Compra)",9,"GRUPO GEC","Bien",16,"Limpiador multiusos 2 (Compra)",null,null,null,null,5562,null,null,null,null,"9Limpiador multiusos 2 (Compra)"]
["9UNION TEMPORAL SERVIASEAMOSCrema desengrasante (Compra)",9,"UNION TEMPORAL SERVIASEAMOS","Bien",20,"Crema desengrasante (Compra)",null,null,null,null,12272,null,null,null,null,"9Crema desengrasante (Compra)"]
["9UNION TEMPORAL SERVIASEAMOSLimpiador desinfectante para uso general 2 (Compra)",9,"UNION TEMPORAL SERVIASEAMOS","Bien",23,"Limpiador desinfectante para uso general 2 (Compra)",null,null,null,null,4843,null,null,null,null,"9Limpiador desinfectante para uso general 2 (Compra)"]
["9CONSORCIO ELITEPastilla desinfectante para sanitario (Compra)",9,"CONSORCIO ELITE","Bien",26,"Pastilla desinfectante para sanitario (Compra)",null,null,null,null,7149,null,null,null,null,"9Pastilla desinfectante para sanitario (Compra)"]
["9UNION TEMPORAL SERVIASEAMOSLíquido para limpiar vidrios 3 (Compra)",9,"UNION TEMPORAL SERVIASEAMOS","Bien",29,"Líquido para limpiar vidrios 3 (Compra)",null,null,null,null,3513,null,null,null,null,"9Líquido para limpiar vidrios 3 (Compra)"]
["9UNION TEMPORAL SERVIASEAMOSBlanqueador o hipoclorito 3 (Compra)",9,"UNION TEMPORAL SERVIASEAMOS","Bien",32,"Blanqueador o hipoclorito 3 (Compra)",null,null,null,null,32090,null,null,null,null,"9Blanqueador o hipoclorito 3 (Compra)"]
["9SERVITALENTOSLíquido para limpiar equipos de oficina 1 (Compra)",9,"SERVITALENTOS","Bien",37,"Líquido para limpiar equipos de oficina 1 (Compra)",null,null,null,null,6550,null,null,null,null,"9Líquido para limpiar equipos de oficina 1 (Compra)"]
["9SERVITALENTOSChampú para alfombras y tapizados 2 (Compra)",9,"SERVITALENTOS","Bien",40,"Champú para alfombras y tapizados 2 (Compra)",null,null,null,null,15726,null,null,null,null,"9Champú para alfombras y tapizados 2 (Compra)"]
["9COMPAÑÍA DE SERVICIOS Y ADMINISTRACIÓN SA SERDAN SACera emulsionada Neutra (Compra)",9,"COMPAÑÍA DE SERVICIOS Y ADMINISTRACIÓN SA SERDAN SA","Bien",45,"Cera emulsionada Neutra (Compra)",null,null,null,null,11579,null,null,null,null,"9Cera emulsionada Neutra (Compra)"]
["9SERVICIOS KVAL SASCera emulsionada roja (Compra)",9,"SERVICIOS KVAL SAS","Bien",46,"Cera emulsionada roja (Compra)",null,null,null,null,15092,null,null,null,null,"9Cera emulsionada roja (Compra)"]
["9SERVICIOS KVAL SASMantenedor de pisos (Compra)",9,"SERVICIOS KVAL SAS","Bien",49,"Mantenedor de pisos (Compra)",null,null,null,null,29988,null,null,null,null,"9Mantenedor de pisos (Compra)"]
["9CLEANER S.A.Varsol  ecológico 1 (Compra)",9,"CLEANER S.A.","Bien",54,"Varsol  ecológico 1 (Compra)",null,null,null,null,11759,null,null,null,null,"9Varsol  ecológico 1 (Compra)"]
["9CLEANER S.A.Brillametal en crema (Compra)",9,"CLEANER S.A.","Bien",57,"Brillametal en crema (Compra)",null,null,null,null,9678,null,null,null,null,"9Brillametal en crema (Compra)"]
["9SERVIASEO S.ABrillametal líquido (Compra)",9,"SERVIASEO S.A","Bien",58,"Brillametal líquido (Compra)",null,null,null,null,27443,null,null,null,null,"9Brillametal líquido (Compra)"]
["9BRILLASEO S.A.SInsecticida 2 (Compra)",9,"BRILLASEO S.A.S","Bien",63,"Insecticida 2 (Compra)",null,null,null,null,17915,null,null,null,null,"9Insecticida 2 (Compra)"]
["9BRILLASEO S.A.SLimpiones 3 (Compra)",9,"BRILLASEO S.A.S","Bien",66,"Limpiones 3 (Compra)",null,null,null,null,6642,null,null,null,null,"9Limpiones 3 (Compra)"]
["9UNION TEMPORAL CLEAN COLOMBIABayetilla 2 (Compra)",9,"UNION TEMPORAL CLEAN COLOMBIA","Bien",70,"Bayetilla 2 (Compra)",null,null,null,null,8375,null,null,null,null,"9Bayetilla 2 (Compra)"]
["9ASECOLBAS LTDAPaño absorbente multiusos 1 (Compra)",9,"ASECOLBAS LTDA","Bien",72,"Paño absorbente multiusos 1 (Compra)",null,null,null,null,6523,null,null,null,null,"9Paño absorbente multiusos 1 (Compra)"]
["9ASECOLBAS LTDAEsponjilla 1 (Compra)",9,"ASECOLBAS LTDA","Bien",75,"Esponjilla 1 (Compra)",null,null,null,null,1069,null,null,null,null,"9Esponjilla 1 (Compra)"]
["9UNIÓN TEMPORAL CCE AMP IV 2022Esponjilla 5 (Compra)",9,"UNIÓN TEMPORAL CCE AMP IV 2022","Bien",79,"Esponjilla 5 (Compra)",null,null,null,null,883,null,null,null,null,"9Esponjilla 5 (Compra)"]
["9UNIÓN TEMPORAL CCE AMP IV 2022Escoba 1 (Compra)",9,"UNIÓN TEMPORAL CCE AMP IV 2022","Bien",82,"Escoba 1 (Compra)",null,null,null,null,4485,null,null,null,null,"9Escoba 1 (Compra)"]
["9INCINERADOS DEL HUILAMango metálico escoba 1 (Compra)",9,"INCINERADOS DEL HUILA","Bien",87,"Mango metálico escoba 1 (Compra)",null,null,null,null,14128,null,null,null,null,"9Mango metálico escoba 1 (Compra)"]
["9UNIÓN TEMPORAL ASEO COLOMBIA AMP4Mango madera escoba 1 (Compra)",9,"UNIÓN TEMPORAL ASEO COLOMBIA AMP4","Bien",88,"Mango madera escoba 1 (Compra)",null,null,null,null,3672,null,null,null,null,"9Mango madera escoba 1 (Compra)"]
["9UNIÓN TEMPORAL ASEO COLOMBIA AMP4Cepillos 3 (Compra)",9,"UNIÓN TEMPORAL ASEO COLOMBIA AMP4","Bien",91,"Cepillos 3 (Compra)",null,null,null,null,13845,null,null,null,null,"9Cepillos 3 (Compra)"]
["9GRUPO GECMango metálico trapero (Compra)",9,"GRUPO GEC","Bien",96,"Mango metálico trapero (Compra)",null,null,null,null,6799,null,null,null,null,"9Mango metálico trapero (Compra)"]
["9UNION TEMPORAL SERVIASEAMOSPads 2 (Compra)",9,"UNION TEMPORAL SERVIASEAMOS","Bien",100,"Pads 2 (Compra)",null,null,null,null,22659,null,null,null,null,"9Pads 2 (Compra)"]
["9INCINERADOS DEL HUILAPads 3 (Compra)",9,"INCINERADOS DEL HUILA","Bien",101,"Pads 3 (Compra)",null,null,null,null,38851,null,null,null,null,"9Pads 3 (Compra)"]
["9GRUPO GECBoneth 2 (Compra)",9,"GRUPO GEC","Bien",105,"Boneth 2 (Compra)",null,null,null,null,133507,null,null,null,null,"9Boneth 2 (Compra)"]
["9GRUPO GECBolsas plásticas 3 (Compra)",9,"GRUPO GEC","Bien",108,"Bolsas plásticas 3 (Compra)",null,null,null,null,1422,null,null,null,null,"9Bolsas plásticas 3 (Compra)"]
["9UNION TEMPORAL SERVIASEAMOSBolsas plásticas 8 (Compra)",9,"UNION TEMPORAL SERVIASEAMOS","Bien",112,"Bolsas plásticas 8 (Compra)",null,null,null,null,3592,null,null,null,null,"9Bolsas plásticas 8 (Compra)"]
["9SERVITALENTOSBolsas plásticas 14 (Compra)",9,"SERVITALENTOS","Bien",117,"Bolsas plásticas 14 (Compra)",null,null,null,null,4093,null,null,null,null,"9Bolsas plásticas 14 (Compra)"]
["9SERVITALENTOSBolsas plásticas 17 (Compra)",9,"SERVITALENTOS","Bien",120,"Bolsas plásticas 17 (Compra)",null,null,null,null,5098,null,null,null,null,"9Bolsas plásticas 17 (Compra)"]
["9UNION TEMPORAL R&J 2022Bolsas plásticas 18 (Compra)",9,"UNION TEMPORAL R&J 2022","Bien",121,"Bolsas plásticas 18 (Compra)",null,null,null,null,4082,null,null,null,null,"9Bolsas plásticas 18 (Compra)"]
["9UNION TEMPORAL R&J 2022Bolsas plásticas 21 (Compra)",9,"UNION TEMPORAL R&J 2022","Bien",124,"Bolsas plásticas 21 (Compra)",null,null,null,null,5798,null,null,null,null,"9Bolsas plásticas 21 (Compra)"]
["9SERVICIOS KVAL SASBolsas plásticas 26 (Compra)",9,"SERVICIOS KVAL SAS","Bien",129,"Bolsas plásticas 26 (Compra)",null,null,null,null,10221,null,null,null,null,"9Bolsas plásticas 26 (Compra)"]
["9CLEANER S.A.Guantes 5 (Compra)",9,"CLEANER S.A.","Bien",134,"Guantes 5 (Compra)",null,null,null,null,4860,null,null,null,null,"9Guantes 5 (Compra)"]
["9CLEANER S.A.Guantes 8 (Compra)",9,"CLEANER S.A.","Bien",137,"Guantes 8 (Compra)",null,null,null,null,21488,null,null,null,null,"9Guantes 8 (Compra)"]
["9SERVIASEO S.AGuantes 9 (Compra)",9,"SERVIASEO S.A","Bien",138,"Guantes 9 (Compra)",null,null,null,null,8035,null,null,null,null,"9Guantes 9 (Compra)"]
["9BRILLASEO S.A.SPapel higiénico 3 (Compra)",9,"BRILLASEO S.A.S","Bien",143,"Papel higiénico 3 (Compra)",null,null,null,null,14404,null,null,null,null,"9Papel higiénico 3 (Compra)"]
["9BRILLASEO S.A.SToallas para manos 1 (Compra)",9,"BRILLASEO S.A.S","Bien",146,"Toallas para manos 1 (Compra)",null,null,null,null,23888,null,null,null,null,"9Toallas para manos 1 (Compra)"]
["9UNION TEMPORAL CLEAN COLOMBIAToallas para manos 5 (Compra)",9,"UNION TEMPORAL CLEAN COLOMBIA","Bien",150,"Toallas para manos 5 (Compra)",null,null,null,null,7614,null,null,null,null,"9Toallas para manos 5 (Compra)"]
["9UNION TEMPORAL CLEAN COLOMBIAToallas para manos 8 (Compra)",9,"UNION TEMPORAL CLEAN COLOMBIA","Bien",153,"Toallas para manos 8 (Compra)",null,null,null,null,35023,null,null,null,null,"9Toallas para manos 8 (Compra)"]
["9ASECOLBAS LTDAVasos biodegradables 1 (Compra)",9,"ASECOLBAS LTDA","Bien",155,"Vasos biodegradables 1 (Compra)",null,null,null,null,8015,null,null,null,null,"9Vasos biodegradables 1 (Compra)"]
["9UNIÓN TEMPORAL CCE AMP IV 2022Mezclador 1 (Compra)",9,"UNIÓN TEMPORAL CCE AMP IV 2022","Bien",159,"Mezclador 1 (Compra)",null,null,null,null,9708,null,null,null,null,"9Mezclador 1 (Compra)"]
["9UNIÓN TEMPORAL CCE AMP IV 2022Filtro para greca 2 (Compra)",9,"UNIÓN TEMPORAL CCE AMP IV 2022","Bien",162,"Filtro para greca 2 (Compra)",null,null,null,null,7061,null,null,null,null,"9Filtro para greca 2 (Compra)"]
["9UT GRUPO ADINFiltro para greca 3 (Compra)",9,"UT GRUPO ADIN","Bien",163,"Filtro para greca 3 (Compra)",null,null,null,null,7136,null,null,null,null,"9Filtro para greca 3 (Compra)"]
["9INCINERADOS DEL HUILACafé 1 (Compra)",9,"INCINERADOS DEL HUILA","Bien",170,"Café 1 (Compra)",null,null,null,null,53397,null,null,null,null,"9Café 1 (Compra)"]
["9UNIÓN TEMPORAL ASEO COLOMBIA AMP4Café 2 (Compra)",9,"UNIÓN TEMPORAL ASEO COLOMBIA AMP4","Bien",171,"Café 2 (Compra)",null,null,null,null,26960,null,null,null,null,"9Café 2 (Compra)"]
["9COMPAÑÍA DE SERVICIOS Y ADMINISTRACIÓN SA SERDAN SACrema para café (Compra)",9,"COMPAÑÍA DE SERVICIOS Y ADMINISTRACIÓN SA SERDAN SA","Bien",174,"Crema para café (Compra)",null,null,null,null,18444,null,null,null,null,"9Crema para café (Compra)"]
["9INCINERADOS DEL HUILAEndulzante (Compra)",9,"INCINERADOS DEL HUILA","Bien",179,"Endulzante (Compra)",null,null,null,null,62163,null,null,null,null,"9Endulzante (Compra)"]
["9UNIÓN TEMPORAL ASEO COLOMBIA AMP4Panela (Compra)",9,"UNIÓN TEMPORAL ASEO COLOMBIA AMP4","Bien",180,"Panela (Compra)",null,null,null,null,14414,null,null,null,null,"9Panela (Compra)"]
["9GRUPO GECAromática de panela (Compra)",9,"GRUPO GEC","Bien",185,"Aromática de panela (Compra)",null,null,null,null,11743,null,null,null,null,"9Aromática de panela (Compra)"]
["9GRUPO GECTé (Compra)",9,"GRUPO GEC","Bien",188,"Té (Compra)",null,null,null,null,11126,null,null,null,null,"9Té (Compra)"]
["9UNION TEMPORAL SERVIASEAMOSAgua potable 3 (Compra)",9,"UNION TEMPORAL SERVIASEAMOS","Bien",192,"Agua potable 3 (Compra)",null,null,null,null,2801,null,null,null,null,"9Agua potable 3 (Compra)"]
["9UNION TEMPORAL SERVIASEAMOSServilleta de tela (Compra)",9,"UNION TEMPORAL SERVIASEAMOS","Bien",195,"Servilleta de tela (Compra)",null,null,null,null,5909,null,null,null,null,"9Servilleta de tela (Compra)"]
["9CONSORCIO ELITEBrillador 1 (Compra)",9,"CONSORCIO ELITE","Bien",197,"Brillador 1 (Compra)",null,null,null,null,99534,null,null,null,null,"9Brillador 1 (Compra)"]
["9UNION TEMPORAL R&J 2022Destapador para sanitario (chupa) (Compra)",9,"UNION TEMPORAL R&J 2022","Bien",201,"Destapador para sanitario (chupa) (Compra)",null,null,null,null,4636,null,null,null,null,"9Destapador para sanitario (chupa) (Compra)"]
["9UNION TEMPORAL R&J 2022Rastrillo 2 (Compra)",9,"UNION TEMPORAL R&J 2022","Bien",204,"Rastrillo 2 (Compra)",null,null,null,null,24105,null,null,null,null,"9Rastrillo 2 (Compra)"]
["9SERVICIOS KVAL SASCaneca para almacenar ropa sucia  (Compra)",9,"SERVICIOS KVAL SAS","Bien",209,"Caneca para almacenar ropa sucia  (Compra)",null,null,null,null,61809,null,null,null,null,"9Caneca para almacenar ropa sucia  (Compra)"]
["9UNION TEMPORAL OUTSOURCING GIAFVasos  1 (Arrendamiento)",9,"UNION TEMPORAL OUTSOURCING GIAF","Bien",210,"Vasos  1 (Arrendamiento)",null,null,null,null,434,null,null,null,null,"9Vasos  1 (Arrendamiento)"]
["9UNION TEMPORAL OUTSOURCING GIAFVasos  2 (Compra)",9,"UNION TEMPORAL OUTSOURCING GIAF","Bien",213,"Vasos  2 (Compra)",null,null,null,null,2861,null,null,null,null,"9Vasos  2 (Compra)"]
["9SERVIASEO S.APlatos  1 (Arrendamiento)",9,"SERVIASEO S.A","Bien",218,"Platos  1 (Arrendamiento)",null,null,null,null,2348,null,null,null,null,"9Platos  1 (Arrendamiento)"]
["9SERVIASEO S.APlatos  2 (Compra)",9,"SERVIASEO S.A","Bien",221,"Platos  2 (Compra)",null,null,null,null,14093,null,null,null,null,"9Platos  2 (Compra)"]
["9BRILLASEO S.A.SPlatos  5 (Arrendamiento)",9,"BRILLASEO S.A.S","Bien",226,"Platos  5 (Arrendamiento)",null,null,null,null,3360,null,null,null,null,"9Platos  5 (Arrendamiento)"]
["9LIMPIEZA INSTITUCIONAL LASU S.A.S.Platos  5 (Compra)",9,"LIMPIEZA INSTITUCIONAL LASU S.A.S.","Bien",227,"Platos  5 (Compra)",null,null,null,null,5049,null,null,null,null,"9Platos  5 (Compra)"]
["9LIMPIEZA INSTITUCIONAL LASU S.A.S.Juego de cubiertos  (Compra)",9,"LIMPIEZA INSTITUCIONAL LASU S.A.S.","Bien",230,"Juego de cubiertos  (Compra)",null,null,null,null,5839,null,null,null,null,"9Juego de cubiertos  (Compra)"]
["9ASECOLBAS LTDAVajilla  2 (Arrendamiento)",9,"ASECOLBAS LTDA","Bien",235,"Vajilla  2 (Arrendamiento)",null,null,null,null,4696,null,null,null,null,"9Vajilla  2 (Arrendamiento)"]
["9ASECOLBAS LTDATijeras de cocina  (Compra)",9,"ASECOLBAS LTDA","Bien",238,"Tijeras de cocina  (Compra)",null,null,null,null,619,null,null,null,null,"9Tijeras de cocina  (Compra)"]
["9UNIÓN TEMPORAL CCE AMP IV 2022Organizador  porta escobas  (Compra)",9,"UNIÓN TEMPORAL CCE AMP IV 2022","Bien",242,"Organizador  porta escobas  (Compra)",null,null,null,null,22986,null,null,null,null,"9Organizador  porta escobas  (Compra)"]
["9UT GRUPO ADINEspátula  (Compra)",9,"UT GRUPO ADIN","Bien",243,"Espátula  (Compra)",null,null,null,null,8727,null,null,null,null,"9Espátula  (Compra)"]
["9SERVICIOS KVAL SASHaraganes 3  (Compra)",9,"SERVICIOS KVAL SAS","Bien",246,"Haraganes 3  (Compra)",null,null,null,null,35602,null,null,null,null,"9Haraganes 3  (Compra)"]
["9UNIÓN TEMPORAL CCE AMP IV 2022Plato Biodegradable 2 (Compra)",9,"UNIÓN TEMPORAL CCE AMP IV 2022","Bien",251,"Plato Biodegradable 2 (Compra)",null,null,null,null,4597,null,null,null,null,"9Plato Biodegradable 2 (Compra)"]
["9UT GRUPO ADINPocillos 1 (Arrendamiento)",9,"UT GRUPO ADIN","Bien",252,"Pocillos 1 (Arrendamiento)",null,null,null,null,3035,null,null,null,null,"9Pocillos 1 (Arrendamiento)"]
["9INCINERADOS DEL HUILAVajilla  3 (Compra)",9,"INCINERADOS DEL HUILA","Bien",259,"Vajilla  3 (Compra)",null,null,null,null,833182,null,null,null,null,"9Vajilla  3 (Compra)"]
["9UNIÓN TEMPORAL ASEO COLOMBIA AMP4Vajilla  4 (Arrendamiento)",9,"UNIÓN TEMPORAL ASEO COLOMBIA AMP4","Bien",260,"Vajilla  4 (Arrendamiento)",null,null,null,null,44193,null,null,null,null,"9Vajilla  4 (Arrendamiento)"]
["9UNIÓN TEMPORAL ASEO COLOMBIA AMP4Portavasos (Compra)",9,"UNIÓN TEMPORAL ASEO COLOMBIA AMP4","Bien",263,"Portavasos (Compra)",null,null,null,null,9043,null,null,null,null,"9Portavasos (Compra)"]
["9GRUPO GECBandeja 3 (Arrendamiento)",9,"GRUPO GEC","Bien",268,"Bandeja 3 (Arrendamiento)",null,null,null,null,4566,null,null,null,null,"9Bandeja 3 (Arrendamiento)"]
["9UNION  TEMPORAL LADOINSA 2022Bandeja 3 (Compra)",9,"UNION  TEMPORAL LADOINSA 2022","Bien",269,"Bandeja 3 (Compra)",null,null,null,null,15082,null,null,null,null,"9Bandeja 3 (Compra)"]
["9UNION TEMPORAL SERVIASEAMOSOlla 1 (Compra)",9,"UNION TEMPORAL SERVIASEAMOS","Bien",275,"Olla 1 (Compra)",null,null,null,null,35991,null,null,null,null,"9Olla 1 (Compra)"]
["9CONSORCIO ELITEOlla 2 (Compra)",9,"CONSORCIO ELITE","Bien",277,"Olla 2 (Compra)",null,null,null,null,75804,null,null,null,null,"9Olla 2 (Compra)"]
["9UNION TEMPORAL R&J 2022Carro exprimidor de trapero 1 (Arrendamiento)",9,"UNION TEMPORAL R&J 2022","Bien",281,"Carro exprimidor de trapero 1 (Arrendamiento)",null,null,null,null,120898,null,null,null,null,"9Carro exprimidor de trapero 1 (Arrendamiento)"]
["9UNION TEMPORAL R&J 2022Carro exprimidor de trapero 2 (Compra)",9,"UNION TEMPORAL R&J 2022","Bien",284,"Carro exprimidor de trapero 2 (Compra)",null,null,null,null,404229,null,null,null,null,"9Carro exprimidor de trapero 2 (Compra)"]
["9CONSERJES INMOBILIARIOS LTDACarros para limpieza (Compra)",9,"CONSERJES INMOBILIARIOS LTDA","Bien",286,"Carros para limpieza (Compra)",null,null,null,null,27172,null,null,null,null,"9Carros para limpieza (Compra)"]
["9SERVICIOS KVAL SASEscalera 2 (Compra)",9,"SERVICIOS KVAL SAS","Bien",292,"Escalera 2 (Compra)",null,null,null,null,185426,null,null,null,null,"9Escalera 2 (Compra)"]
["9UNION TEMPORAL OUTSOURCING GIAFEscalera 3 (Arrendamiento)",9,"UNION TEMPORAL OUTSOURCING GIAF","Bien",293,"Escalera 3 (Arrendamiento)",null,null,null,null,28941,null,null,null,null,"9Escalera 3 (Arrendamiento)"]
["9SERVIASEO S.AEscalera de tipo industrial (Compra)",9,"SERVIASEO S.A","Bien",298,"Escalera de tipo industrial (Compra)",null,null,null,null,368381,null,null,null,null,"9Escalera de tipo industrial (Compra)"]
["9SERVIASEO S.AMangueras 2 (Arrendamiento)",9,"SERVIASEO S.A","Bien",301,"Mangueras 2 (Arrendamiento)",null,null,null,null,14587,null,null,null,null,"9Mangueras 2 (Arrendamiento)"]
["9UNIÓN TEMPORAL EMINSER SOLOASEO 2023Mangueras 2 (Compra)",9,"UNIÓN TEMPORAL EMINSER SOLOASEO 2023","Bien",302,"Mangueras 2 (Compra)",null,null,null,null,183881,null,null,null,null,"9Mangueras 2 (Compra)"]
["9UNIÓN TEMPORAL EMINSER SOLOASEO 2023Contenedor de basura 1 (Compra)",9,"UNIÓN TEMPORAL EMINSER SOLOASEO 2023","Bien",305,"Contenedor de basura 1 (Compra)",null,null,null,null,58407,null,null,null,null,"9Contenedor de basura 1 (Compra)"]
["9LIMPIEZA INSTITUCIONAL LASU S.A.S.Contenedor de basura 6 (Compra)",9,"LIMPIEZA INSTITUCIONAL LASU S.A.S.","Bien",310,"Contenedor de basura 6 (Compra)",null,null,null,null,34246,null,null,null,null,"9Contenedor de basura 6 (Compra)"]
["9ASECOLBAS LTDAContenedor de basura 11 (Compra)",9,"ASECOLBAS LTDA","Bien",315,"Contenedor de basura 11 (Compra)",null,null,null,null,2483,null,null,null,null,"9Contenedor de basura 11 (Compra)"]
["9ASECOLBAS LTDAContenedor de basura 14 (Compra)",9,"ASECOLBAS LTDA","Bien",318,"Contenedor de basura 14 (Compra)",null,null,null,null,5722,null,null,null,null,"9Contenedor de basura 14 (Compra)"]
["9INTERASEO SAS ESPContenedor de basura 15 (Compra)",9,"INTERASEO SAS ESP","Bien",319,"Contenedor de basura 15 (Compra)",null,null,null,null,184190,null,null,null,null,"9Contenedor de basura 15 (Compra)"]
["9ASECOLBAS LTDAContenedor de basura 20 (Compra)",9,"ASECOLBAS LTDA","Bien",324,"Contenedor de basura 20 (Compra)",null,null,null,null,16329,null,null,null,null,"9Contenedor de basura 20 (Compra)"]
["9ASECOLBAS LTDAContenedor de basura 23 (Compra)",9,"ASECOLBAS LTDA","Bien",327,"Contenedor de basura 23 (Compra)",null,null,null,null,29983,null,null,null,null,"9Contenedor de basura 23 (Compra)"]
["9UNIÓN TEMPORAL CCE AMP IV 2022Contenedor de basura 27 (Compra)",9,"UNIÓN TEMPORAL CCE AMP IV 2022","Bien",331,"Contenedor de basura 27 (Compra)",null,null,null,null,4045384,null,null,null,null,"9Contenedor de basura 27 (Compra)"]
["9UNIÓN TEMPORAL CCE AMP IV 2022Contenedor de basura 30 (Compra)",9,"UNIÓN TEMPORAL CCE AMP IV 2022","Bien",334,"Contenedor de basura 30 (Compra)",null,null,null,null,4597027,null,null,null,null,"9Contenedor de basura 30 (Compra)"]
["9UT GRUPO ADINPunto Ecológico 1 (Compra)",9,"UT GRUPO ADIN","Bien",335,"Punto Ecológico 1 (Compra)",null,null,null,null,173065,null,null,null,null,"9Punto Ecológico 1 (Compra)"]
["9UNIÓN TEMPORAL ASEO COLOMBIA AMP4Punto Ecológico 6 (Compra)",9,"UNIÓN TEMPORAL ASEO COLOMBIA AMP4","Bien",340,"Punto Ecológico 6 (Compra)",null,null,null,null,1343831,null,null,null,null,"9Punto Ecológico 6 (Compra)"]
["9UNIÓN TEMPORAL ASEO COLOMBIA AMP4Papelera 3 (Compra)",9,"UNIÓN TEMPORAL ASEO COLOMBIA AMP4","Bien",343,"Papelera 3 (Compra)",null,null,null,null,53883,null,null,null,null,"9Papelera 3 (Compra)"]
["9GRUPO GECSeñales peatonales de prevención y atención 2 (Compra)",9,"GRUPO GEC","Bien",348,"Señales peatonales de prevención y atención 2 (Compra)",null,null,null,null,34365,null,null,null,null,"9Señales peatonales de prevención y atención 2 (Compra)"]
["9GRUPO GECDispensador para papel higiénico 2 (Compra)",9,"GRUPO GEC","Bien",351,"Dispensador para papel higiénico 2 (Compra)",null,null,null,null,387664,null,null,null,null,"9Dispensador para papel higiénico 2 (Compra)"]
["9UNION  TEMPORAL LADOINSA 2022Dispensador de toallas de manos 1 (Compra)",9,"UNION  TEMPORAL LADOINSA 2022","Bien",352,"Dispensador de toallas de manos 1 (Compra)",null,null,null,null,199024,null,null,null,null,"9Dispensador de toallas de manos 1 (Compra)"]
["9CONSORCIO ELITEDispensador de jabón líquido 3 (Compra)",9,"CONSORCIO ELITE","Bien",357,"Dispensador de jabón líquido 3 (Compra)",null,null,null,null,159685,null,null,null,null,"9Dispensador de jabón líquido 3 (Compra)"]
["9CONSORCIO ELITEDispensador goteo por gravedad y recarga (Compra)",9,"CONSORCIO ELITE","Bien",360,"Dispensador goteo por gravedad y recarga (Compra)",null,null,null,null,143031,null,null,null,null,"9Dispensador goteo por gravedad y recarga (Compra)"]
["9UNION TEMPORAL R&J 2022Greca para tintos 1 (Compra)",9,"UNION TEMPORAL R&J 2022","Bien",364,"Greca para tintos 1 (Compra)",null,null,null,null,1056930,null,null,null,null,"9Greca para tintos 1 (Compra)"]
["9CONSERJES INMOBILIARIOS LTDAGreca para tintos 2 (Compra)",9,"CONSERJES INMOBILIARIOS LTDA","Bien",366,"Greca para tintos 2 (Compra)",null,null,null,null,21757,null,null,null,null,"9Greca para tintos 2 (Compra)"]
["9CONSERJES INMOBILIARIOS LTDAMáquina de filtrado para café (Compra)",9,"CONSERJES INMOBILIARIOS LTDA","Bien",369,"Máquina de filtrado para café (Compra)",null,null,null,null,222512,null,null,null,null,"9Máquina de filtrado para café (Compra)"]
["9UNION TEMPORAL OUTSOURCING GIAFHorno microondas de tipo industrial (Compra)",9,"UNION TEMPORAL OUTSOURCING GIAF","Bien",373,"Horno microondas de tipo industrial (Compra)",null,null,null,null,480968,null,null,null,null,"9Horno microondas de tipo industrial (Compra)"]
["9UNION TEMPORAL OUTSOURCING GIAFEstufa 2 (Arrendamiento)",9,"UNION TEMPORAL OUTSOURCING GIAF","Bien",376,"Estufa 2 (Arrendamiento)",null,null,null,null,8901,null,null,null,null,"9Estufa 2 (Arrendamiento)"]
["9SERVIASEO S.AAspiradora 1 (Compra)",9,"SERVIASEO S.A","Bien",381,"Aspiradora 1 (Compra)",null,null,null,null,747639,null,null,null,null,"9Aspiradora 1 (Compra)"]
["9UNIÓN TEMPORAL EMINSER SOLOASEO 2023Aspiradora 2 (Arrendamiento)",9,"UNIÓN TEMPORAL EMINSER SOLOASEO 2023","Bien",382,"Aspiradora 2 (Arrendamiento)",null,null,null,null,260498,null,null,null,null,"9Aspiradora 2 (Arrendamiento)"]
["9UNIÓN TEMPORAL EMINSER SOLOASEO 2023Lavabrilladora de pisos 1 (Compra)",9,"UNIÓN TEMPORAL EMINSER SOLOASEO 2023","Bien",385,"Lavabrilladora de pisos 1 (Compra)",null,null,null,null,4597027,null,null,null,null,"9Lavabrilladora de pisos 1 (Compra)"]
["9LIMPIEZA INSTITUCIONAL LASU S.A.S.Lavadora de alfombras y tapetes 1 (Arrendamiento)",9,"LIMPIEZA INSTITUCIONAL LASU S.A.S.","Bien",390,"Lavadora de alfombras y tapetes 1 (Arrendamiento)",null,null,null,null,245174,null,null,null,null,"9Lavadora de alfombras y tapetes 1 (Arrendamiento)"]
["9UNION TEMPORAL ECOLIMPIEZA 4GLavadora de alfombras y tapetes 1 (Compra)",9,"UNION TEMPORAL ECOLIMPIEZA 4G","Bien",391,"Lavadora de alfombras y tapetes 1 (Compra)",null,null,null,null,3583673,null,null,null,null,"9Lavadora de alfombras y tapetes 1 (Compra)"]
["9UNION TEMPORAL ECOLIMPIEZA 4GSopladora de hojas (Compra)",9,"UNION TEMPORAL ECOLIMPIEZA 4G","Bien",397,"Sopladora de hojas (Compra)",null,null,null,null,1535206,null,null,null,null,"9Sopladora de hojas (Compra)"]
["9LIMPIEZA INSTITUCIONAL LASU S.A.S.Sonda para inodoro (Compra)",9,"LIMPIEZA INSTITUCIONAL LASU S.A.S.","Bien",399,"Sonda para inodoro (Compra)",null,null,null,null,68913,null,null,null,null,"9Sonda para inodoro (Compra)"]
["9LIMPIEZA INSTITUCIONAL LASU S.A.S.Cortadora de cesped  (Arrendamiento)",9,"LIMPIEZA INSTITUCIONAL LASU S.A.S.","Bien",402,"Cortadora de cesped  (Arrendamiento)",null,null,null,null,112528,null,null,null,null,"9Cortadora de cesped  (Arrendamiento)"]
["9ASECOLBAS LTDAMotobombas (Compra)",9,"ASECOLBAS LTDA","Bien",407,"Motobombas (Compra)",null,null,null,null,71989,null,null,null,null,"9Motobombas (Compra)"]
["10SERVITALENTOSPorcentaje de AIU",10,"SERVITALENTOS","Administracion","Porcentaje de AIU","Porcentaje de AIU",null,null,null,null,0.1,null,null,null,null,"10Porcentaje de AIU"]
["10CONSERJES INMOBILIARIOS LTDAOperario de mantenimiento",10,"CONSERJES INMOBILIARIOS LTDA","Servicio","Operario de mantenimiento","Operario de mantenimiento",null,null,null,null,2465868,null,null,null,null,"10Operario de mantenimiento"]
["10UNION TEMPORAL OUTSOURCING GIAFOperario auxiliar capacitado para trabajo en alturas",10,"UNION TEMPORAL OUTSOURCING GIAF","Servicio","Operario auxiliar capacitado para trabajo en alturas","Operario auxiliar capacitado para trabajo en alturas",null,null,null,null,2465868,null,null,null,null,"10Operario auxiliar capacitado para trabajo en alturas"]
["10SOSEGE SASTurno operario de mantenimiento capacitado para trabajo en alturas nivel básico",10,"SOSEGE SAS","Servicio","Turno operario de mantenimiento capacitado para trabajo en alturas nivel básico","Turno operario de mantenimiento capacitado para trabajo en alturas nivel básico",null,null,null,null,82196,null,null,null,null,"10Turno operario de mantenimiento capacitado para trabajo en alturas nivel básico"]
["10CONSORCIO ELITEJardinero MT",10,"CONSORCIO ELITE","Servicio","Jardinero MT","Jardinero MT",null,null,null,null,2283519,null,null,null,null,"10Jardinero MT"]
["10UNION TEMPORAL OUTSOURCING GIAFOperario de mantenimiento capacitado para trabajo en alturas MT",10,"UNION TEMPORAL OUTSOURCING GIAF","Servicio","Operario de mantenimiento capacitado para trabajo en alturas MT","Operario de mantenimiento capacitado para trabajo en alturas MT",null,null,null,null,1527017,null,null,null,null,"10Operario de mantenimiento capacitado para trabajo en alturas MT"]
["10SOSEGE SASJabón para loza 1 (Compra)",10,"SOSEGE SAS","Bien",1,"Jabón para loza 1 (Compra)",null,null,null,null,20090,null,null,null,null,"10Jabón para loza 1 (Compra)"]
["10CONSORCIO ELITEJabón abrasivo (Compra)",10,"CONSORCIO ELITE","Bien",7,"Jabón abrasivo (Compra)",null,null,null,null,5553,null,null,null,null,"10Jabón abrasivo (Compra)"]
["10UNION TEMPORAL R&J 2022Jabón de dispensador para manos 3 (Compra)",10,"UNION TEMPORAL R&J 2022","Bien",12,"Jabón de dispensador para manos 3 (Compra)",null,null,null,null,11496,null,null,null,null,"10Jabón de dispensador para manos 3 (Compra)"]
["10UNION  TEMPORAL LADOINSA 2022Limpiador multiusos 2 (Compra)",10,"UNION  TEMPORAL LADOINSA 2022","Bien",16,"Limpiador multiusos 2 (Compra)",null,null,null,null,5687,null,null,null,null,"10Limpiador multiusos 2 (Compra)"]
["10CONSORCIO ELITELimpiador desinfectante para pisos (Compra)",10,"CONSORCIO ELITE","Bien",18,"Limpiador desinfectante para pisos (Compra)",null,null,null,null,16637,null,null,null,null,"10Limpiador desinfectante para pisos (Compra)"]
["10UNION TEMPORAL R&J 2022Detergente multiusos en polvo (Compra)",10,"UNION TEMPORAL R&J 2022","Bien",21,"Detergente multiusos en polvo (Compra)",null,null,null,null,6675,null,null,null,null,"10Detergente multiusos en polvo (Compra)"]
["10UNION  TEMPORAL LADOINSA 2022Líquido para limpiar vidrios 1 (Compra)",10,"UNION  TEMPORAL LADOINSA 2022","Bien",27,"Líquido para limpiar vidrios 1 (Compra)",null,null,null,null,8777,null,null,null,null,"10Líquido para limpiar vidrios 1 (Compra)"]
["10CONSORCIO KIOSAlcohol industrial 1 (Compra)",10,"CONSORCIO KIOS","Bien",33,"Alcohol industrial 1 (Compra)",null,null,null,null,32710,null,null,null,null,"10Alcohol industrial 1 (Compra)"]
["10UNION TEMPORAL SERVICIOS INTEGRALESCreolina 2 (Compra)",10,"UNION TEMPORAL SERVICIOS INTEGRALES","Bien",36,"Creolina 2 (Compra)",null,null,null,null,19952,null,null,null,null,"10Creolina 2 (Compra)"]
["10UNION  TEMPORAL LADOINSA 2022Líquido para limpiar equipos de oficina 2 (Compra)",10,"UNION  TEMPORAL LADOINSA 2022","Bien",38,"Líquido para limpiar equipos de oficina 2 (Compra)",null,null,null,null,4326,null,null,null,null,"10Líquido para limpiar equipos de oficina 2 (Compra)"]
["10CONSORCIO KIOSLíquido cubre rasguños para madera (Compra)",10,"CONSORCIO KIOS","Bien",42,"Líquido cubre rasguños para madera (Compra)",null,null,null,null,5572,null,null,null,null,"10Líquido cubre rasguños para madera (Compra)"]
["10UNION TEMPORAL SERVICIOS INTEGRALESCera solvente (Compra)",10,"UNION TEMPORAL SERVICIOS INTEGRALES","Bien",47,"Cera solvente (Compra)",null,null,null,null,68892,null,null,null,null,"10Cera solvente (Compra)"]
["10UNION TEMPORAL OUTSOURCING GIAFJabón neutro para pisos 2 (Compra)",10,"UNION TEMPORAL OUTSOURCING GIAF","Bien",53,"Jabón neutro para pisos 2 (Compra)",null,null,null,null,10885,null,null,null,null,"10Jabón neutro para pisos 2 (Compra)"]
["10INTERASEO SAS ESPBrillametal en crema (Compra)",10,"INTERASEO SAS ESP","Bien",57,"Brillametal en crema (Compra)",null,null,null,null,7170,null,null,null,null,"10Brillametal en crema (Compra)"]
["10UT EASYCLEAN ASEO PROFESIONALBrillametal líquido (Compra)",10,"UT EASYCLEAN ASEO PROFESIONAL","Bien",58,"Brillametal líquido (Compra)",null,null,null,null,44317,null,null,null,null,"10Brillametal líquido (Compra)"]
["10UNIÓN TEMPORAL CCE AMP IV 2022Limpiones 1 (Compra)",10,"UNIÓN TEMPORAL CCE AMP IV 2022","Bien",64,"Limpiones 1 (Compra)",null,null,null,null,7468,null,null,null,null,"10Limpiones 1 (Compra)"]
["10INTERASEO SAS ESPLimpiones 5 (Compra)",10,"INTERASEO SAS ESP","Bien",68,"Limpiones 5 (Compra)",null,null,null,null,6551,null,null,null,null,"10Limpiones 5 (Compra)"]
["10UT GRUPO ADINPaño absorbente multiusos 2 (Compra)",10,"UT GRUPO ADIN","Bien",73,"Paño absorbente multiusos 2 (Compra)",null,null,null,null,3178,null,null,null,null,"10Paño absorbente multiusos 2 (Compra)"]
["10UNION TEMPORAL CLEAN COLOMBIAEsponjilla 3 (Compra)",10,"UNION TEMPORAL CLEAN COLOMBIA","Bien",77,"Esponjilla 3 (Compra)",null,null,null,null,382,null,null,null,null,"10Esponjilla 3 (Compra)"]
["10INTERASEO SAS ESPEsponjilla 5 (Compra)",10,"INTERASEO SAS ESP","Bien",79,"Esponjilla 5 (Compra)",null,null,null,null,927,null,null,null,null,"10Esponjilla 5 (Compra)"]
["10UT GRUPO ADINEscoba 3 (Compra)",10,"UT GRUPO ADIN","Bien",84,"Escoba 3 (Compra)",null,null,null,null,6256,null,null,null,null,"10Escoba 3 (Compra)"]
["10UNION TEMPORAL CLEAN COLOMBIAMango madera escoba 1 (Compra)",10,"UNION TEMPORAL CLEAN COLOMBIA","Bien",88,"Mango madera escoba 1 (Compra)",null,null,null,null,3956,null,null,null,null,"10Mango madera escoba 1 (Compra)"]
["10INTERASEO SAS ESPCepillos 2 (Compra)",10,"INTERASEO SAS ESP","Bien",90,"Cepillos 2 (Compra)",null,null,null,null,9890,null,null,null,null,"10Cepillos 2 (Compra)"]
["10UT GRUPO ADINTrapero 4 (Compra)",10,"UT GRUPO ADIN","Bien",95,"Trapero 4 (Compra)",null,null,null,null,9765,null,null,null,null,"10Trapero 4 (Compra)"]
["10UNION TEMPORAL CLEAN COLOMBIAPads 1 (Compra)",10,"UNION TEMPORAL CLEAN COLOMBIA","Bien",99,"Pads 1 (Compra)",null,null,null,null,22842,null,null,null,null,"10Pads 1 (Compra)"]
["10LIMPIEZA INSTITUCIONAL LASU S.A.S.Boneth 2 (Compra)",10,"LIMPIEZA INSTITUCIONAL LASU S.A.S.","Bien",105,"Boneth 2 (Compra)",null,null,null,null,45606,null,null,null,null,"10Boneth 2 (Compra)"]
["10ASECOLBAS LTDABolsas plásticas 4 (Compra)",10,"ASECOLBAS LTDA","Bien",109,"Bolsas plásticas 4 (Compra)",null,null,null,null,1674,null,null,null,null,"10Bolsas plásticas 4 (Compra)"]
["10UNION TEMPORAL CLEAN COLOMBIABolsas plásticas 5 (Compra)",10,"UNION TEMPORAL CLEAN COLOMBIA","Bien",110,"Bolsas plásticas 5 (Compra)",null,null,null,null,1329,null,null,null,null,"10Bolsas plásticas 5 (Compra)"]
["10LIMPIEZA INSTITUCIONAL LASU S.A.S.Bolsas plásticas 12 (Compra)",10,"LIMPIEZA INSTITUCIONAL LASU S.A.S.","Bien",116,"Bolsas plásticas 12 (Compra)",null,null,null,null,1854,null,null,null,null,"10Bolsas plásticas 12 (Compra)"]
["10ASECOLBAS LTDABolsas plásticas 17 (Compra)",10,"ASECOLBAS LTDA","Bien",120,"Bolsas plásticas 17 (Compra)",null,null,null,null,4067,null,null,null,null,"10Bolsas plásticas 17 (Compra)"]
["10UNION TEMPORAL ECOLIMPIEZA 4GBolsas plásticas 22 (Compra)",10,"UNION TEMPORAL ECOLIMPIEZA 4G","Bien",125,"Bolsas plásticas 22 (Compra)",null,null,null,null,5769,null,null,null,null,"10Bolsas plásticas 22 (Compra)"]
["10SERVIASEO S.ABolsas plásticas 26 (Compra)",10,"SERVIASEO S.A","Bien",129,"Bolsas plásticas 26 (Compra)",null,null,null,null,7293,null,null,null,null,"10Bolsas plásticas 26 (Compra)"]
["10ASECOLBAS LTDAGuantes 2 (Compra)",10,"ASECOLBAS LTDA","Bien",131,"Guantes 2 (Compra)",null,null,null,null,4776,null,null,null,null,"10Guantes 2 (Compra)"]
["10UNION TEMPORAL ECOLIMPIEZA 4GGuantes 7 (Compra)",10,"UNION TEMPORAL ECOLIMPIEZA 4G","Bien",136,"Guantes 7 (Compra)",null,null,null,null,10453,null,null,null,null,"10Guantes 7 (Compra)"]
["10UNIÓN TEMPORAL ASEO COLOMBIA AMP4Papel higiénico 2 (Compra)",10,"UNIÓN TEMPORAL ASEO COLOMBIA AMP4","Bien",142,"Papel higiénico 2 (Compra)",null,null,null,null,11748,null,null,null,null,"10Papel higiénico 2 (Compra)"]
["10CONSERJES INMOBILIARIOS LTDAToallas para manos 1 (Compra)",10,"CONSERJES INMOBILIARIOS LTDA","Bien",146,"Toallas para manos 1 (Compra)",null,null,null,null,18355,null,null,null,null,"10Toallas para manos 1 (Compra)"]
["10UNIÓN TEMPORAL EMINSER SOLOASEO 2023Toallas para manos 2 (Compra)",10,"UNIÓN TEMPORAL EMINSER SOLOASEO 2023","Bien",147,"Toallas para manos 2 (Compra)",null,null,null,null,16419,null,null,null,null,"10Toallas para manos 2 (Compra)"]
["10SERVITALENTOSToallas para manos 6 (Compra)",10,"SERVITALENTOS","Bien",151,"Toallas para manos 6 (Compra)",null,null,null,null,10994,null,null,null,null,"10Toallas para manos 6 (Compra)"]
["10CONSERJES INMOBILIARIOS LTDAVasos biodegradables 3 (Compra)",10,"CONSERJES INMOBILIARIOS LTDA","Bien",157,"Vasos biodegradables 3 (Compra)",null,null,null,null,11236,null,null,null,null,"10Vasos biodegradables 3 (Compra)"]
["10UNION TEMPORAL OUTSOURCING GIAFServilleta papel (Compra)",10,"UNION TEMPORAL OUTSOURCING GIAF","Bien",160,"Servilleta papel (Compra)",null,null,null,null,2219,null,null,null,null,"10Servilleta papel (Compra)"]
["10SOSEGE SASPapel Aluminio 2 (Compra)",10,"SOSEGE SAS","Bien",166,"Papel Aluminio 2 (Compra)",null,null,null,null,67368,null,null,null,null,"10Papel Aluminio 2 (Compra)"]
["10CONSERJES INMOBILIARIOS LTDATermo para café 1 (Compra)",10,"CONSERJES INMOBILIARIOS LTDA","Bien",168,"Termo para café 1 (Compra)",null,null,null,null,44353,null,null,null,null,"10Termo para café 1 (Compra)"]
["10UNION TEMPORAL OUTSOURCING GIAFCafé 2 (Compra)",10,"UNION TEMPORAL OUTSOURCING GIAF","Bien",171,"Café 2 (Compra)",null,null,null,null,18315,null,null,null,null,"10Café 2 (Compra)"]
["10SOSEGE SASAzúcar 3 (Compra)",10,"SOSEGE SAS","Bien",177,"Azúcar 3 (Compra)",null,null,null,null,4803,null,null,null,null,"10Azúcar 3 (Compra)"]
["10CONSORCIO ELITESal 3 (Compra)",10,"CONSORCIO ELITE","Bien",183,"Sal 3 (Compra)",null,null,null,null,2459,null,null,null,null,"10Sal 3 (Compra)"]
["10UNION TEMPORAL R&J 2022Bebida de frutas (Compra)",10,"UNION TEMPORAL R&J 2022","Bien",186,"Bebida de frutas (Compra)",null,null,null,null,14649,null,null,null,null,"10Bebida de frutas (Compra)"]
["10SOSEGE SASTé (Compra)",10,"SOSEGE SAS","Bien",188,"Té (Compra)",null,null,null,null,10912,null,null,null,null,"10Té (Compra)"]
["10CONSORCIO ELITEAgua potable 3 (Compra)",10,"CONSORCIO ELITE","Bien",192,"Agua potable 3 (Compra)",null,null,null,null,3908,null,null,null,null,"10Agua potable 3 (Compra)"]
["10UNION TEMPORAL R&J 2022Brillador 1 (Compra)",10,"UNION TEMPORAL R&J 2022","Bien",197,"Brillador 1 (Compra)",null,null,null,null,92713,null,null,null,null,"10Brillador 1 (Compra)"]
["10UNION  TEMPORAL LADOINSA 2022Rastrillo 1 (Compra)",10,"UNION  TEMPORAL LADOINSA 2022","Bien",203,"Rastrillo 1 (Compra)",null,null,null,null,14710,null,null,null,null,"10Rastrillo 1 (Compra)"]
["10CONSORCIO KIOSAtomizadores (Compra)",10,"CONSORCIO KIOS","Bien",207,"Atomizadores (Compra)",null,null,null,null,3956,null,null,null,null,"10Atomizadores (Compra)"]
["10UNION TEMPORAL R&J 2022Caneca para almacenar ropa sucia  (Arrendamiento)",10,"UNION TEMPORAL R&J 2022","Bien",208,"Caneca para almacenar ropa sucia  (Arrendamiento)",null,null,null,null,20397,null,null,null,null,"10Caneca para almacenar ropa sucia  (Arrendamiento)"]
["10UNION  TEMPORAL LADOINSA 2022Vasos  2 (Arrendamiento)",10,"UNION  TEMPORAL LADOINSA 2022","Bien",212,"Vasos  2 (Arrendamiento)",null,null,null,null,5192,null,null,null,null,"10Vasos  2 (Arrendamiento)"]
["10CONSORCIO KIOSPlatos  1 (Arrendamiento)",10,"CONSORCIO KIOS","Bien",218,"Platos  1 (Arrendamiento)",null,null,null,null,3140,null,null,null,null,"10Platos  1 (Arrendamiento)"]
["10UNION TEMPORAL R&J 2022Platos  1 (Compra)",10,"UNION TEMPORAL R&J 2022","Bien",219,"Platos  1 (Compra)",null,null,null,null,22252,null,null,null,null,"10Platos  1 (Compra)"]
["10UNIÓN TEMPORAL ASEO COLOMBIA AMP4Platos  5 (Compra)",10,"UNIÓN TEMPORAL ASEO COLOMBIA AMP4","Bien",227,"Platos  5 (Compra)",null,null,null,null,11559,null,null,null,null,"10Platos  5 (Compra)"]
["10UNION TEMPORAL SERVICIOS INTEGRALESPlatos  5 (Compra)",10,"UNION TEMPORAL SERVICIOS INTEGRALES","Bien",227,"Platos  5 (Compra)",null,null,null,null,23401,null,null,null,null,"10Platos  5 (Compra)"]
["10UT EASYCLEAN ASEO PROFESIONALVajilla  1 (Compra)",10,"UT EASYCLEAN ASEO PROFESIONAL","Bien",234,"Vajilla  1 (Compra)",null,null,null,null,336860,null,null,null,null,"10Vajilla  1 (Compra)"]
["10UNIÓN TEMPORAL CCE AMP IV 2022Tijeras de cocina  (Compra)",10,"UNIÓN TEMPORAL CCE AMP IV 2022","Bien",238,"Tijeras de cocina  (Compra)",null,null,null,null,27582,null,null,null,null,"10Tijeras de cocina  (Compra)"]
["10INCINERADOS DEL HUILAJarra  (Compra)",10,"INCINERADOS DEL HUILA","Bien",240,"Jarra  (Compra)",null,null,null,null,113910,null,null,null,null,"10Jarra  (Compra)"]
["10UT GRUPO ADINHaraganes 4  (Compra)",10,"UT GRUPO ADIN","Bien",247,"Haraganes 4  (Compra)",null,null,null,null,66281,null,null,null,null,"10Haraganes 4  (Compra)"]
["10UNIÓN TEMPORAL CCE AMP IV 2022Balde (Compra)",10,"UNIÓN TEMPORAL CCE AMP IV 2022","Bien",249,"Balde (Compra)",null,null,null,null,13491,null,null,null,null,"10Balde (Compra)"]
["10INTERASEO SAS ESPTerno para café  (Compra)",10,"INTERASEO SAS ESP","Bien",255,"Terno para café  (Compra)",null,null,null,null,14834,null,null,null,null,"10Terno para café  (Compra)"]
["10UT GRUPO ADINVajilla  3 (Arrendamiento)",10,"UT GRUPO ADIN","Bien",258,"Vajilla  3 (Arrendamiento)",null,null,null,null,108165,null,null,null,null,"10Vajilla  3 (Arrendamiento)"]
["10UNIÓN TEMPORAL CCE AMP IV 2022Vajilla  4 (Arrendamiento)",10,"UNIÓN TEMPORAL CCE AMP IV 2022","Bien",260,"Vajilla  4 (Arrendamiento)",null,null,null,null,22986,null,null,null,null,"10Vajilla  4 (Arrendamiento)"]
["10LIMPIEZA INSTITUCIONAL LASU S.A.S.Bandeja 3 (Arrendamiento)",10,"LIMPIEZA INSTITUCIONAL LASU S.A.S.","Bien",268,"Bandeja 3 (Arrendamiento)",null,null,null,null,1144,null,null,null,null,"10Bandeja 3 (Arrendamiento)"]
["10UT GRUPO ADINBandeja 3 (Compra)",10,"UT GRUPO ADIN","Bien",269,"Bandeja 3 (Compra)",null,null,null,null,4566,null,null,null,null,"10Bandeja 3 (Compra)"]
["10UNION TEMPORAL CLEAN COLOMBIAOlla 1 (Compra)",10,"UNION TEMPORAL CLEAN COLOMBIA","Bien",275,"Olla 1 (Compra)",null,null,null,null,39264,null,null,null,null,"10Olla 1 (Compra)"]
["10LIMPIEZA INSTITUCIONAL LASU S.A.S.Escurridor para platos (Compra)",10,"LIMPIEZA INSTITUCIONAL LASU S.A.S.","Bien",279,"Escurridor para platos (Compra)",null,null,null,null,27301,null,null,null,null,"10Escurridor para platos (Compra)"]
["10UT GRUPO ADINSoporte para Botellón de agua (Compra)",10,"UT GRUPO ADIN","Bien",280,"Soporte para Botellón de agua (Compra)",null,null,null,null,11595,null,null,null,null,"10Soporte para Botellón de agua (Compra)"]
["10UNION TEMPORAL CLEAN COLOMBIACarros para limpieza (Compra)",10,"UNION TEMPORAL CLEAN COLOMBIA","Bien",286,"Carros para limpieza (Compra)",null,null,null,null,644931,null,null,null,null,"10Carros para limpieza (Compra)"]
["10LIMPIEZA INSTITUCIONAL LASU S.A.S.Escalera 1 (Compra)",10,"LIMPIEZA INSTITUCIONAL LASU S.A.S.","Bien",290,"Escalera 1 (Compra)",null,null,null,null,70592,null,null,null,null,"10Escalera 1 (Compra)"]
["10ASECOLBAS LTDAEscalera 4 (Compra)",10,"ASECOLBAS LTDA","Bien",296,"Escalera 4 (Compra)",null,null,null,null,19465,null,null,null,null,"10Escalera 4 (Compra)"]
["10UNION TEMPORAL ECOLIMPIEZA 4GMangueras 1 (Arrendamiento)",10,"UNION TEMPORAL ECOLIMPIEZA 4G","Bien",299,"Mangueras 1 (Arrendamiento)",null,null,null,null,6866,null,null,null,null,"10Mangueras 1 (Arrendamiento)"]
["10LIMPIEZA INSTITUCIONAL LASU S.A.S.Mangueras 2 (Arrendamiento)",10,"LIMPIEZA INSTITUCIONAL LASU S.A.S.","Bien",301,"Mangueras 2 (Arrendamiento)",null,null,null,null,9989,null,null,null,null,"10Mangueras 2 (Arrendamiento)"]
["10ASECOLBAS LTDAContenedor de basura 3 (Compra)",10,"ASECOLBAS LTDA","Bien",307,"Contenedor de basura 3 (Compra)",null,null,null,null,1324,null,null,null,null,"10Contenedor de basura 3 (Compra)"]
["10UNION TEMPORAL ECOLIMPIEZA 4GContenedor de basura 6 (Compra)",10,"UNION TEMPORAL ECOLIMPIEZA 4G","Bien",310,"Contenedor de basura 6 (Compra)",null,null,null,null,49324,null,null,null,null,"10Contenedor de basura 6 (Compra)"]
["10SERVIASEO S.AContenedor de basura 12 (Compra)",10,"SERVIASEO S.A","Bien",316,"Contenedor de basura 12 (Compra)",null,null,null,null,118055,null,null,null,null,"10Contenedor de basura 12 (Compra)"]
["10INTERASEO SAS ESPContenedor de basura 13 (Compra)",10,"INTERASEO SAS ESP","Bien",317,"Contenedor de basura 13 (Compra)",null,null,null,null,184190,null,null,null,null,"10Contenedor de basura 13 (Compra)"]
["10UNIÓN TEMPORAL EMINSER SOLOASEO 2023Contenedor de basura 17 (Compra)",10,"UNIÓN TEMPORAL EMINSER SOLOASEO 2023","Bien",321,"Contenedor de basura 17 (Compra)",null,null,null,null,934548,null,null,null,null,"10Contenedor de basura 17 (Compra)"]
["10SERVITALENTOSContenedor de basura 23 (Compra)",10,"SERVITALENTOS","Bien",327,"Contenedor de basura 23 (Compra)",null,null,null,null,2380122,null,null,null,null,"10Contenedor de basura 23 (Compra)"]
["10CONSERJES INMOBILIARIOS LTDAContenedor de basura 27 (Compra)",10,"CONSERJES INMOBILIARIOS LTDA","Bien",331,"Contenedor de basura 27 (Compra)",null,null,null,null,98950,null,null,null,null,"10Contenedor de basura 27 (Compra)"]
["10UNION TEMPORAL OUTSOURCING GIAFPunto Ecológico 2 (Compra)",10,"UNION TEMPORAL OUTSOURCING GIAF","Bien",336,"Punto Ecológico 2 (Compra)",null,null,null,null,366568,null,null,null,null,"10Punto Ecológico 2 (Compra)"]
["10SERVITALENTOSPunto Ecológico 4 (Compra)",10,"SERVITALENTOS","Bien",338,"Punto Ecológico 4 (Compra)",null,null,null,null,1208216,null,null,null,null,"10Punto Ecológico 4 (Compra)"]
["10CONSERJES INMOBILIARIOS LTDAPapelera 2 (Compra)",10,"CONSERJES INMOBILIARIOS LTDA","Bien",342,"Papelera 2 (Compra)",null,null,null,null,927,null,null,null,null,"10Papelera 2 (Compra)"]
["10UNION TEMPORAL OUTSOURCING GIAFSeñales peatonales de prevención y atención 1 (Compra)",10,"UNION TEMPORAL OUTSOURCING GIAF","Bien",347,"Señales peatonales de prevención y atención 1 (Compra)",null,null,null,null,19590,null,null,null,null,"10Señales peatonales de prevención y atención 1 (Compra)"]
["10SOSEGE SASDispensador para papel higiénico 2 (Compra)",10,"SOSEGE SAS","Bien",351,"Dispensador para papel higiénico 2 (Compra)",null,null,null,null,259597,null,null,null,null,"10Dispensador para papel higiénico 2 (Compra)"]
["10CONSORCIO ELITEDispensador de jabón líquido 3 (Compra)",10,"CONSORCIO ELITE","Bien",357,"Dispensador de jabón líquido 3 (Compra)",null,null,null,null,162751,null,null,null,null,"10Dispensador de jabón líquido 3 (Compra)"]
["10UNION TEMPORAL OUTSOURCING GIAFDispensador de jabón líquido 4 (Compra)",10,"UNION TEMPORAL OUTSOURCING GIAF","Bien",358,"Dispensador de jabón líquido 4 (Compra)",null,null,null,null,120710,null,null,null,null,"10Dispensador de jabón líquido 4 (Compra)"]
["10SOSEGE SASDispensador de agua con botellón (Compra)",10,"SOSEGE SAS","Bien",362,"Dispensador de agua con botellón (Compra)",null,null,null,null,548862,null,null,null,null,"10Dispensador de agua con botellón (Compra)"]
["10CONSORCIO ELITEGreca para tintos 3 (Compra)",10,"CONSORCIO ELITE","Bien",368,"Greca para tintos 3 (Compra)",null,null,null,null,1584017,null,null,null,null,"10Greca para tintos 3 (Compra)"]
["10UNION TEMPORAL OUTSOURCING GIAFMáquina de filtrado para café (Compra)",10,"UNION TEMPORAL OUTSOURCING GIAF","Bien",369,"Máquina de filtrado para café (Compra)",null,null,null,null,141998,null,null,null,null,"10Máquina de filtrado para café (Compra)"]
["10UNION  TEMPORAL LADOINSA 2022Estufa 2 (Compra)",10,"UNION  TEMPORAL LADOINSA 2022","Bien",377,"Estufa 2 (Compra)",null,null,null,null,350209,null,null,null,null,"10Estufa 2 (Compra)"]
["10CONSORCIO ELITEExtensión eléctrica 2 (Compra)",10,"CONSORCIO ELITE","Bien",379,"Extensión eléctrica 2 (Compra)",null,null,null,null,903893,null,null,null,null,"10Extensión eléctrica 2 (Compra)"]
["10UNION TEMPORAL R&J 2022Aspiradora 2 (Arrendamiento)",10,"UNION TEMPORAL R&J 2022","Bien",382,"Aspiradora 2 (Arrendamiento)",null,null,null,null,523829,null,null,null,null,"10Aspiradora 2 (Arrendamiento)"]
["10UNION  TEMPORAL LADOINSA 2022Brilladora de alta revolución (Arrendamiento)",10,"UNION  TEMPORAL LADOINSA 2022","Bien",388,"Brilladora de alta revolución (Arrendamiento)",null,null,null,null,187034,null,null,null,null,"10Brilladora de alta revolución (Arrendamiento)"]
["10CONSORCIO ELITELavadora de alfombras y tapetes 1 (Arrendamiento)",10,"CONSORCIO ELITE","Bien",390,"Lavadora de alfombras y tapetes 1 (Arrendamiento)",null,null,null,null,221428,null,null,null,null,"10Lavadora de alfombras y tapetes 1 (Arrendamiento)"]
["10UNION TEMPORAL R&J 2022Lavadora de alfombras y tapetes 2 (Compra)",10,"UNION TEMPORAL R&J 2022","Bien",393,"Lavadora de alfombras y tapetes 2 (Compra)",null,null,null,null,7046200,null,null,null,null,"10Lavadora de alfombras y tapetes 2 (Compra)"]
["10UNION  TEMPORAL LADOINSA 2022Sonda para inodoro (Compra)",10,"UNION  TEMPORAL LADOINSA 2022","Bien",399,"Sonda para inodoro (Compra)",null,null,null,null,199024,null,null,null,null,"10Sonda para inodoro (Compra)"]
["10CONSORCIO KIOSGuadañas (Compra)",10,"CONSORCIO KIOS","Bien",405,"Guadañas (Compra)",null,null,null,null,2458753,null,null,null,null,"10Guadañas (Compra)"]
["11UT EASYCLEAN ASEO PROFESIONALPorcentaje de AIU",11,"UT EASYCLEAN ASEO PROFESIONAL","Administracion","Porcentaje de AIU","Porcentaje de AIU",null,null,null,null,0.1,null,null,null,null,"11Porcentaje de AIU"]
["11UNION TEMPORAL OUTSOURCING GIAFOperario auxiliar",11,"UNION TEMPORAL OUTSOURCING GIAF","Servicio","Operario auxiliar","Operario auxiliar",null,null,null,null,2465868,null,null,null,null,"11Operario auxiliar"]
["11UNIÓN TEMPORAL ASEO COLOMBIA AMP4Coordinador de tiempo completo",11,"UNIÓN TEMPORAL ASEO COLOMBIA AMP4","Servicio","Coordinador de tiempo completo","Coordinador de tiempo completo",null,null,null,null,2465868,null,null,null,null,"11Coordinador de tiempo completo"]
["11UNION  TEMPORAL LADOINSA 2022Turno operario de mantenimiento",11,"UNION  TEMPORAL LADOINSA 2022","Servicio","Turno operario de mantenimiento","Turno operario de mantenimiento",null,null,null,null,195002,null,null,null,null,"11Turno operario de mantenimiento"]
["11SERVIASEO S.ACoordinador MT",11,"SERVIASEO S.A","Servicio","Coordinador MT","Coordinador MT",null,null,null,null,1578155,null,null,null,null,"11Coordinador MT"]
["11GRUPO GECJardinero capacitado para trabajo en alturas MT",11,"GRUPO GEC","Servicio","Jardinero capacitado para trabajo en alturas MT","Jardinero capacitado para trabajo en alturas MT",null,null,null,null,1560014,null,null,null,null,"11Jardinero capacitado para trabajo en alturas MT"]
["11BRILLASEO S.A.SJabón para loza 1 (Compra)",11,"BRILLASEO S.A.S","Bien",1,"Jabón para loza 1 (Compra)",null,null,null,null,19157,null,null,null,null,"11Jabón para loza 1 (Compra)"]
["11UNION TEMPORAL SERVICIOS A y C COLOMBIAJabón para loza 4 (Compra)",11,"UNION TEMPORAL SERVICIOS A y C COLOMBIA","Bien",4,"Jabón para loza 4 (Compra)",null,null,null,null,13486,null,null,null,null,"11Jabón para loza 4 (Compra)"]
["11UNION TEMPORAL SERVIASEAMOSJabón de dispensador para manos 1 (Compra)",11,"UNION TEMPORAL SERVIASEAMOS","Bien",10,"Jabón de dispensador para manos 1 (Compra)",null,null,null,null,4794,null,null,null,null,"11Jabón de dispensador para manos 1 (Compra)"]
["11UNION TEMPORAL OUTSOURCING GIAFLimpiador multiusos 2 (Compra)",11,"UNION TEMPORAL OUTSOURCING GIAF","Bien",16,"Limpiador multiusos 2 (Compra)",null,null,null,null,4234,null,null,null,null,"11Limpiador multiusos 2 (Compra)"]
["11UNIÓN TEMPORAL CLEAN BOGOTÁCrema desengrasante (Compra)",11,"UNIÓN TEMPORAL CLEAN BOGOTÁ","Bien",20,"Crema desengrasante (Compra)",null,null,null,null,14211,null,null,null,null,"11Crema desengrasante (Compra)"]
["11INTERASEO SAS ESPLimpiador desinfectante para uso general 1 (Compra)",11,"INTERASEO SAS ESP","Bien",22,"Limpiador desinfectante para uso general 1 (Compra)",null,null,null,null,11743,null,null,null,null,"11Limpiador desinfectante para uso general 1 (Compra)"]
["11GRUPO GECLíquido para limpiar vidrios 2 (Compra)",11,"GRUPO GEC","Bien",28,"Líquido para limpiar vidrios 2 (Compra)",null,null,null,null,4945,null,null,null,null,"11Líquido para limpiar vidrios 2 (Compra)"]
["11CONSERJES INMOBILIARIOS LTDABlanqueador o hipoclorito 3 (Compra)",11,"CONSERJES INMOBILIARIOS LTDA","Bien",32,"Blanqueador o hipoclorito 3 (Compra)",null,null,null,null,27530,null,null,null,null,"11Blanqueador o hipoclorito 3 (Compra)"]
["11COMPAÑÍA DE SERVICIOS Y ADMINISTRACIÓN SA SERDAN SALíquido para limpiar equipos de oficina 2 (Compra)",11,"COMPAÑÍA DE SERVICIOS Y ADMINISTRACIÓN SA SERDAN SA","Bien",38,"Líquido para limpiar equipos de oficina 2 (Compra)",null,null,null,null,2391,null,null,null,null,"11Líquido para limpiar equipos de oficina 2 (Compra)"]
["11UT GRUPO ADINLustrador de muebles (Compra)",11,"UT GRUPO ADIN","Bien",41,"Lustrador de muebles (Compra)",null,null,null,null,6885,null,null,null,null,"11Lustrador de muebles (Compra)"]
["11UNION TEMPORAL ECOLIMPIEZA 4GCrema para cuero (Compra)",11,"UNION TEMPORAL ECOLIMPIEZA 4G","Bien",43,"Crema para cuero (Compra)",null,null,null,null,11607,null,null,null,null,"11Crema para cuero (Compra)"]
["11UNIÓN TEMPORAL CLEAN BOGOTÁMantenedor de pisos (Compra)",11,"UNIÓN TEMPORAL CLEAN BOGOTÁ","Bien",49,"Mantenedor de pisos (Compra)",null,null,null,null,25931,null,null,null,null,"11Mantenedor de pisos (Compra)"]
["11UNION  TEMPORAL LADOINSA 2022Jabón neutro para pisos 2 (Compra)",11,"UNION  TEMPORAL LADOINSA 2022","Bien",53,"Jabón neutro para pisos 2 (Compra)",null,null,null,null,53279,null,null,null,null,"11Jabón neutro para pisos 2 (Compra)"]
["11SERVIASEO S.ABetún (Compra)",11,"SERVIASEO S.A","Bien",59,"Betún (Compra)",null,null,null,null,12238,null,null,null,null,"11Betún (Compra)"]
["11GRUPO GECInsecticida 2 (Compra)",11,"GRUPO GEC","Bien",63,"Insecticida 2 (Compra)",null,null,null,null,24600,null,null,null,null,"11Insecticida 2 (Compra)"]
["11BRILLASEO S.A.SLimpiones 2 (Compra)",11,"BRILLASEO S.A.S","Bien",65,"Limpiones 2 (Compra)",null,null,null,null,14367,null,null,null,null,"11Limpiones 2 (Compra)"]
["11UT GRUPO ADINBayetilla 2 (Compra)",11,"UT GRUPO ADIN","Bien",70,"Bayetilla 2 (Compra)",null,null,null,null,8153,null,null,null,null,"11Bayetilla 2 (Compra)"]
["11UNION TEMPORAL OUTSOURCING GIAFEsponjilla 1 (Compra)",11,"UNION TEMPORAL OUTSOURCING GIAF","Bien",75,"Esponjilla 1 (Compra)",null,null,null,null,1142,null,null,null,null,"11Esponjilla 1 (Compra)"]
["11UNION TEMPORAL SERVIASEAMOSEsponjilla 6 (Compra)",11,"UNION TEMPORAL SERVIASEAMOS","Bien",80,"Esponjilla 6 (Compra)",null,null,null,null,1378,null,null,null,null,"11Esponjilla 6 (Compra)"]
["11UNIÓN TEMPORAL ASEO COLOMBIA AMP4Escoba 1 (Compra)",11,"UNIÓN TEMPORAL ASEO COLOMBIA AMP4","Bien",82,"Escoba 1 (Compra)",null,null,null,null,4284,null,null,null,null,"11Escoba 1 (Compra)"]
["11LIMPIEZA INSTITUCIONAL LASU S.A.S.Escoba 5 (Compra)",11,"LIMPIEZA INSTITUCIONAL LASU S.A.S.","Bien",86,"Escoba 5 (Compra)",null,null,null,null,11054,null,null,null,null,"11Escoba 5 (Compra)"]
["11INTERASEO SAS ESPTrapero 1 (Compra)",11,"INTERASEO SAS ESP","Bien",92,"Trapero 1 (Compra)",null,null,null,null,7108,null,null,null,null,"11Trapero 1 (Compra)"]
["11CONSORCIO ELITEMango metálico trapero (Compra)",11,"CONSORCIO ELITE","Bien",96,"Mango metálico trapero (Compra)",null,null,null,null,10166,null,null,null,null,"11Mango metálico trapero (Compra)"]
["11UT EASYCLEAN ASEO PROFESIONALMango madera trapero (Compra)",11,"UT EASYCLEAN ASEO PROFESIONAL","Bien",97,"Mango madera trapero (Compra)",null,null,null,null,4777,null,null,null,null,"11Mango madera trapero (Compra)"]
["11UNION TEMPORAL SERVICIOS A y C COLOMBIAPads 5 (Compra)",11,"UNION TEMPORAL SERVICIOS A y C COLOMBIA","Bien",103,"Pads 5 (Compra)",null,null,null,null,36145,null,null,null,null,"11Pads 5 (Compra)"]
["11UNIÓN TEMPORAL EMINSER SOLOASEO 2023Bolsas plásticas 2 (Compra)",11,"UNIÓN TEMPORAL EMINSER SOLOASEO 2023","Bien",107,"Bolsas plásticas 2 (Compra)",null,null,null,null,992,null,null,null,null,"11Bolsas plásticas 2 (Compra)"]
["11UNION TEMPORAL ECOLIMPIEZA 4GBolsas plásticas 9 (Compra)",11,"UNION TEMPORAL ECOLIMPIEZA 4G","Bien",113,"Bolsas plásticas 9 (Compra)",null,null,null,null,3038,null,null,null,null,"11Bolsas plásticas 9 (Compra)"]
["11LIMPIEZA INSTITUCIONAL LASU S.A.S.Bolsas plásticas 11 (Compra)",11,"LIMPIEZA INSTITUCIONAL LASU S.A.S.","Bien",115,"Bolsas plásticas 11 (Compra)",null,null,null,null,1615,null,null,null,null,"11Bolsas plásticas 11 (Compra)"]
["11CONSORCIO KIOSBolsas plásticas 16 (Compra)",11,"CONSORCIO KIOS","Bien",119,"Bolsas plásticas 16 (Compra)",null,null,null,null,5192,null,null,null,null,"11Bolsas plásticas 16 (Compra)"]
["11CONSORCIO ELITEBolsas plásticas 22 (Compra)",11,"CONSORCIO ELITE","Bien",125,"Bolsas plásticas 22 (Compra)",null,null,null,null,6879,null,null,null,null,"11Bolsas plásticas 22 (Compra)"]
["11CLEANER S.A.Bolsas plásticas 26 (Compra)",11,"CLEANER S.A.","Bien",129,"Bolsas plásticas 26 (Compra)",null,null,null,null,3240,null,null,null,null,"11Bolsas plásticas 26 (Compra)"]
["11BRILLASEO S.A.SGuantes 6 (Compra)",11,"BRILLASEO S.A.S","Bien",135,"Guantes 6 (Compra)",null,null,null,null,29101,null,null,null,null,"11Guantes 6 (Compra)"]
["11UNIÓN TEMPORAL EMINSER SOLOASEO 2023Guantes 7 (Compra)",11,"UNIÓN TEMPORAL EMINSER SOLOASEO 2023","Bien",136,"Guantes 7 (Compra)",null,null,null,null,8642,null,null,null,null,"11Guantes 7 (Compra)"]
["11UNIÓN TEMPORAL CCE AMP IV 2022Tapabocas 2 (Compra)",11,"UNIÓN TEMPORAL CCE AMP IV 2022","Bien",140,"Tapabocas 2 (Compra)",null,null,null,null,70610,null,null,null,null,"11Tapabocas 2 (Compra)"]
["11UNIÓN TEMPORAL ASEO COLOMBIA AMP4Toallas para manos 1 (Compra)",11,"UNIÓN TEMPORAL ASEO COLOMBIA AMP4","Bien",146,"Toallas para manos 1 (Compra)",null,null,null,null,21045,null,null,null,null,"11Toallas para manos 1 (Compra)"]
["11LIMPIEZA INSTITUCIONAL LASU S.A.S.Toallas para manos 5 (Compra)",11,"LIMPIEZA INSTITUCIONAL LASU S.A.S.","Bien",150,"Toallas para manos 5 (Compra)",null,null,null,null,5125,null,null,null,null,"11Toallas para manos 5 (Compra)"]
["11INTERASEO SAS ESPVasos biodegradables 2 (Compra)",11,"INTERASEO SAS ESP","Bien",156,"Vasos biodegradables 2 (Compra)",null,null,null,null,10075,null,null,null,null,"11Vasos biodegradables 2 (Compra)"]
["11CLEANER S.A.Vasos biodegradables 4 (Compra)",11,"CLEANER S.A.","Bien",158,"Vasos biodegradables 4 (Compra)",null,null,null,null,10093,null,null,null,null,"11Vasos biodegradables 4 (Compra)"]
["11UT EASYCLEAN ASEO PROFESIONALFiltro para greca 1 (Compra)",11,"UT EASYCLEAN ASEO PROFESIONAL","Bien",161,"Filtro para greca 1 (Compra)",null,null,null,null,4385,null,null,null,null,"11Filtro para greca 1 (Compra)"]
["11SERVIASEO S.ATermo para café 2 (Compra)",11,"SERVIASEO S.A","Bien",169,"Termo para café 2 (Compra)",null,null,null,null,148341,null,null,null,null,"11Termo para café 2 (Compra)"]
["11UNION TEMPORAL SERVICIOS A y C COLOMBIACafé Social (Compra)",11,"UNION TEMPORAL SERVICIOS A y C COLOMBIA","Bien",173,"Café Social (Compra)",null,null,null,null,44094,null,null,null,null,"11Café Social (Compra)"]
["11UNIÓN TEMPORAL EMINSER SOLOASEO 2023Azúcar 3 (Compra)",11,"UNIÓN TEMPORAL EMINSER SOLOASEO 2023","Bien",177,"Azúcar 3 (Compra)",null,null,null,null,3620,null,null,null,null,"11Azúcar 3 (Compra)"]
["11SERVIASEO S.AEndulzante (Compra)",11,"SERVIASEO S.A","Bien",179,"Endulzante (Compra)",null,null,null,null,33376,null,null,null,null,"11Endulzante (Compra)"]
["11GRUPO GECSal 3 (Compra)",11,"GRUPO GEC","Bien",183,"Sal 3 (Compra)",null,null,null,null,1978,null,null,null,null,"11Sal 3 (Compra)"]
["11CONSORCIO KIOSInfusión frutal (Compra)",11,"CONSORCIO KIOS","Bien",189,"Infusión frutal (Compra)",null,null,null,null,14710,null,null,null,null,"11Infusión frutal (Compra)"]
["11CONSORCIO ELITEServilleta de tela (Compra)",11,"CONSORCIO ELITE","Bien",195,"Servilleta de tela (Compra)",null,null,null,null,17198,null,null,null,null,"11Servilleta de tela (Compra)"]
["11CLEANER S.A.Repuestos brillador 1 (Compra)",11,"CLEANER S.A.","Bien",199,"Repuestos brillador 1 (Compra)",null,null,null,null,20673,null,null,null,null,"11Repuestos brillador 1 (Compra)"]
["11UNION TEMPORAL OUTSOURCING GIAFRepuestos brillador 2 (Compra)",11,"UNION TEMPORAL OUTSOURCING GIAF","Bien",200,"Repuestos brillador 2 (Compra)",null,null,null,null,20542,null,null,null,null,"11Repuestos brillador 2 (Compra)"]
["11UNIÓN TEMPORAL CLEAN BOGOTÁRastrillo 2 (Compra)",11,"UNIÓN TEMPORAL CLEAN BOGOTÁ","Bien",204,"Rastrillo 2 (Compra)",null,null,null,null,26392,null,null,null,null,"11Rastrillo 2 (Compra)"]
["11UNIÓN TEMPORAL CCE AMP IV 2022Vasos  1 (Arrendamiento)",11,"UNIÓN TEMPORAL CCE AMP IV 2022","Bien",210,"Vasos  1 (Arrendamiento)",null,null,null,null,789,null,null,null,null,"11Vasos  1 (Arrendamiento)"]
["11UNIÓN TEMPORAL ASEO COLOMBIA AMP4Cuchillo  (Compra)",11,"UNIÓN TEMPORAL ASEO COLOMBIA AMP4","Bien",216,"Cuchillo  (Compra)",null,null,null,null,6241,null,null,null,null,"11Cuchillo  (Compra)"]
["11LIMPIEZA INSTITUCIONAL LASU S.A.S.Platos  2 (Arrendamiento)",11,"LIMPIEZA INSTITUCIONAL LASU S.A.S.","Bien",220,"Platos  2 (Arrendamiento)",null,null,null,null,2156,null,null,null,null,"11Platos  2 (Arrendamiento)"]
["11COMPAÑÍA DE SERVICIOS Y ADMINISTRACIÓN SA SERDAN SAPlatos  3 (Arrendamiento)",11,"COMPAÑÍA DE SERVICIOS Y ADMINISTRACIÓN SA SERDAN SA","Bien",222,"Platos  3 (Arrendamiento)",null,null,null,null,1085,null,null,null,null,"11Platos  3 (Arrendamiento)"]
["11CLEANER S.A.Pocillos  (Arrendamiento)",11,"CLEANER S.A.","Bien",228,"Pocillos  (Arrendamiento)",null,null,null,null,541,null,null,null,null,"11Pocillos  (Arrendamiento)"]
["11UT EASYCLEAN ASEO PROFESIONALTerno para café (Arrendamiento)",11,"UT EASYCLEAN ASEO PROFESIONAL","Bien",231,"Terno para café (Arrendamiento)",null,null,null,null,3320,null,null,null,null,"11Terno para café (Arrendamiento)"]
["11UNIÓN TEMPORAL CLEAN BOGOTÁVajilla  1 (Arrendamiento)",11,"UNIÓN TEMPORAL CLEAN BOGOTÁ","Bien",233,"Vajilla  1 (Arrendamiento)",null,null,null,null,60783,null,null,null,null,"11Vajilla  1 (Arrendamiento)"]
["11UNIÓN TEMPORAL EMINSER SOLOASEO 2023Combustible para Cortadora de césped, sopladora de hojas y guadañas (Compra)",11,"UNIÓN TEMPORAL EMINSER SOLOASEO 2023","Bien",241,"Combustible para Cortadora de césped, sopladora de hojas y guadañas (Compra)",null,null,null,null,22801,null,null,null,null,"11Combustible para Cortadora de césped, sopladora de hojas y guadañas (Compra)"]
["11SERVIASEO S.AEspátula  (Compra)",11,"SERVIASEO S.A","Bien",243,"Espátula  (Compra)",null,null,null,null,5562,null,null,null,null,"11Espátula  (Compra)"]
["11LIMPIEZA INSTITUCIONAL LASU S.A.S.Balde (Compra)",11,"LIMPIEZA INSTITUCIONAL LASU S.A.S.","Bien",249,"Balde (Compra)",null,null,null,null,4630,null,null,null,null,"11Balde (Compra)"]
["11CONSORCIO KIOSPocillos 1 (Compra)",11,"CONSORCIO KIOS","Bien",253,"Pocillos 1 (Compra)",null,null,null,null,8468,null,null,null,null,"11Pocillos 1 (Compra)"]
["11UT GRUPO ADINTerno para café  (Arrendamiento)",11,"UT GRUPO ADIN","Bien",254,"Terno para café  (Arrendamiento)",null,null,null,null,6198,null,null,null,null,"11Terno para café  (Arrendamiento)"]
["11COMPAÑÍA DE SERVICIOS Y ADMINISTRACIÓN SA SERDAN SAPortavasos (Compra)",11,"COMPAÑÍA DE SERVICIOS Y ADMINISTRACIÓN SA SERDAN SA","Bien",263,"Portavasos (Compra)",null,null,null,null,11566,null,null,null,null,"11Portavasos (Compra)"]
["11UNION TEMPORAL SERVIASEAMOSBandeja 1 (Arrendamiento)",11,"UNION TEMPORAL SERVIASEAMOS","Bien",264,"Bandeja 1 (Arrendamiento)",null,null,null,null,5627,null,null,null,null,"11Bandeja 1 (Arrendamiento)"]
["11UNION TEMPORAL OUTSOURCING GIAFBandeja 4 (Arrendamiento)",11,"UNION TEMPORAL OUTSOURCING GIAF","Bien",270,"Bandeja 4 (Arrendamiento)",null,null,null,null,838,null,null,null,null,"11Bandeja 4 (Arrendamiento)"]
["11UNIÓN TEMPORAL CLEAN BOGOTÁOlla 1 (Arrendamiento)",11,"UNIÓN TEMPORAL CLEAN BOGOTÁ","Bien",274,"Olla 1 (Arrendamiento)",null,null,null,null,5899,null,null,null,null,"11Olla 1 (Arrendamiento)"]
["11INTERASEO SAS ESPOlla 2 (Arrendamiento)",11,"INTERASEO SAS ESP","Bien",276,"Olla 2 (Arrendamiento)",null,null,null,null,31893,null,null,null,null,"11Olla 2 (Arrendamiento)"]
["11GRUPO GECCarro exprimidor de trapero 1 (Compra)",11,"GRUPO GEC","Bien",282,"Carro exprimidor de trapero 1 (Compra)",null,null,null,null,531555,null,null,null,null,"11Carro exprimidor de trapero 1 (Compra)"]
["11CONSERJES INMOBILIARIOS LTDACarros para limpieza (Compra)",11,"CONSERJES INMOBILIARIOS LTDA","Bien",286,"Carros para limpieza (Compra)",null,null,null,null,27172,null,null,null,null,"11Carros para limpieza (Compra)"]
["11COMPAÑÍA DE SERVICIOS Y ADMINISTRACIÓN SA SERDAN SAEscalera 2 (Compra)",11,"COMPAÑÍA DE SERVICIOS Y ADMINISTRACIÓN SA SERDAN SA","Bien",292,"Escalera 2 (Compra)",null,null,null,null,284197,null,null,null,null,"11Escalera 2 (Compra)"]
["11UT GRUPO ADINEscalera 4 (Arrendamiento)",11,"UT GRUPO ADIN","Bien",295,"Escalera 4 (Arrendamiento)",null,null,null,null,13580,null,null,null,null,"11Escalera 4 (Arrendamiento)"]
["11UNION TEMPORAL ECOLIMPIEZA 4GEscalera de tipo industrial (Arrendamiento)",11,"UNION TEMPORAL ECOLIMPIEZA 4G","Bien",297,"Escalera de tipo industrial (Arrendamiento)",null,null,null,null,17661,null,null,null,null,"11Escalera de tipo industrial (Arrendamiento)"]
["11UNIÓN TEMPORAL CLEAN BOGOTÁMangueras 3 (Arrendamiento)",11,"UNIÓN TEMPORAL CLEAN BOGOTÁ","Bien",303,"Mangueras 3 (Arrendamiento)",null,null,null,null,27575,null,null,null,null,"11Mangueras 3 (Arrendamiento)"]
["11UNION  TEMPORAL LADOINSA 2022Contenedor de basura 3 (Compra)",11,"UNION  TEMPORAL LADOINSA 2022","Bien",307,"Contenedor de basura 3 (Compra)",null,null,null,null,87151,null,null,null,null,"11Contenedor de basura 3 (Compra)"]
["11SERVIASEO S.AContenedor de basura 9 (Compra)",11,"SERVIASEO S.A","Bien",313,"Contenedor de basura 9 (Compra)",null,null,null,null,111256,null,null,null,null,"11Contenedor de basura 9 (Compra)"]
["11CONSERJES INMOBILIARIOS LTDAContenedor de basura 11 (Compra)",11,"CONSERJES INMOBILIARIOS LTDA","Bien",315,"Contenedor de basura 11 (Compra)",null,null,null,null,2838,null,null,null,null,"11Contenedor de basura 11 (Compra)"]
["11BRILLASEO S.A.SContenedor de basura 15 (Compra)",11,"BRILLASEO S.A.S","Bien",319,"Contenedor de basura 15 (Compra)",null,null,null,null,525128,null,null,null,null,"11Contenedor de basura 15 (Compra)"]
["11UT GRUPO ADINContenedor de basura 20 (Compra)",11,"UT GRUPO ADIN","Bien",324,"Contenedor de basura 20 (Compra)",null,null,null,null,581621,null,null,null,null,"11Contenedor de basura 20 (Compra)"]
["11UNION TEMPORAL SERVIASEAMOSContenedor de basura 24 (Compra)",11,"UNION TEMPORAL SERVIASEAMOS","Bien",328,"Contenedor de basura 24 (Compra)",null,null,null,null,1006897,null,null,null,null,"11Contenedor de basura 24 (Compra)"]
["11UNION TEMPORAL OUTSOURCING GIAFContenedor de basura 30 (Compra)",11,"UNION TEMPORAL OUTSOURCING GIAF","Bien",334,"Contenedor de basura 30 (Compra)",null,null,null,null,1774654,null,null,null,null,"11Contenedor de basura 30 (Compra)"]
["11UNION  TEMPORAL LADOINSA 2022Punto Ecológico 2 (Compra)",11,"UNION  TEMPORAL LADOINSA 2022","Bien",336,"Punto Ecológico 2 (Compra)",null,null,null,null,418322,null,null,null,null,"11Punto Ecológico 2 (Compra)"]
["11INTERASEO SAS ESPPunto Ecológico 6 (Compra)",11,"INTERASEO SAS ESP","Bien",340,"Punto Ecológico 6 (Compra)",null,null,null,null,1710867,null,null,null,null,"11Punto Ecológico 6 (Compra)"]
["11GRUPO GECPapelera residuos peligrosos 2 (Compra)",11,"GRUPO GEC","Bien",346,"Papelera residuos peligrosos 2 (Compra)",null,null,null,null,52167,null,null,null,null,"11Papelera residuos peligrosos 2 (Compra)"]
["11BRILLASEO S.A.SSeñales peatonales de prevención y atención 2 (Compra)",11,"BRILLASEO S.A.S","Bien",348,"Señales peatonales de prevención y atención 2 (Compra)",null,null,null,null,35009,null,null,null,null,"11Señales peatonales de prevención y atención 2 (Compra)"]
["11COMPAÑÍA DE SERVICIOS Y ADMINISTRACIÓN SA SERDAN SADispensador de jabón líquido 2 (Compra)",11,"COMPAÑÍA DE SERVICIOS Y ADMINISTRACIÓN SA SERDAN SA","Bien",356,"Dispensador de jabón líquido 2 (Compra)",null,null,null,null,50313,null,null,null,null,"11Dispensador de jabón líquido 2 (Compra)"]
["11UNIÓN TEMPORAL CLEAN BOGOTÁDispensador para ambientador (Compra)",11,"UNIÓN TEMPORAL CLEAN BOGOTÁ","Bien",359,"Dispensador para ambientador (Compra)",null,null,null,null,39618,null,null,null,null,"11Dispensador para ambientador (Compra)"]
["11UNIÓN TEMPORAL EMINSER SOLOASEO 2023Dispensador de agua (Compra)",11,"UNIÓN TEMPORAL EMINSER SOLOASEO 2023","Bien",361,"Dispensador de agua (Compra)",null,null,null,null,1439341,null,null,null,null,"11Dispensador de agua (Compra)"]
["11UNION TEMPORAL ECOLIMPIEZA 4GGreca para tintos 3 (Arrendamiento)",11,"UNION TEMPORAL ECOLIMPIEZA 4G","Bien",367,"Greca para tintos 3 (Arrendamiento)",null,null,null,null,30688,null,null,null,null,"11Greca para tintos 3 (Arrendamiento)"]
["11LIMPIEZA INSTITUCIONAL LASU S.A.S.Máquina de filtrado para café (Compra)",11,"LIMPIEZA INSTITUCIONAL LASU S.A.S.","Bien",369,"Máquina de filtrado para café (Compra)",null,null,null,null,1088215,null,null,null,null,"11Máquina de filtrado para café (Compra)"]
["11UNION  TEMPORAL LADOINSA 2022Estufa 2 (Compra)",11,"UNION  TEMPORAL LADOINSA 2022","Bien",377,"Estufa 2 (Compra)",null,null,null,null,306695,null,null,null,null,"11Estufa 2 (Compra)"]
["11CONSORCIO ELITEExtensión eléctrica 2 (Compra)",11,"CONSORCIO ELITE","Bien",379,"Extensión eléctrica 2 (Compra)",null,null,null,null,851332,null,null,null,null,"11Extensión eléctrica 2 (Compra)"]
["11CLEANER S.A.Aspiradora 2 (Compra)",11,"CLEANER S.A.","Bien",383,"Aspiradora 2 (Compra)",null,null,null,null,963344,null,null,null,null,"11Aspiradora 2 (Compra)"]
["11BRILLASEO S.A.SBrilladora de alta revolución (Compra)",11,"BRILLASEO S.A.S","Bien",389,"Brilladora de alta revolución (Compra)",null,null,null,null,7876909,null,null,null,null,"11Brilladora de alta revolución (Compra)"]
["11UNIÓN TEMPORAL EMINSER SOLOASEO 2023Lavadora de alfombras y tapetes 1 (Arrendamiento)",11,"UNIÓN TEMPORAL EMINSER SOLOASEO 2023","Bien",390,"Lavadora de alfombras y tapetes 1 (Arrendamiento)",null,null,null,null,216671,null,null,null,null,"11Lavadora de alfombras y tapetes 1 (Arrendamiento)"]
["11UNION TEMPORAL SERVIASEAMOSSonda para inodoro (Arrendamiento)",11,"UNION TEMPORAL SERVIASEAMOS","Bien",398,"Sonda para inodoro (Arrendamiento)",null,null,null,null,11373,null,null,null,null,"11Sonda para inodoro (Arrendamiento)"]
["11UNIÓN TEMPORAL ASEO COLOMBIA AMP4Girador Manual (Compra)",11,"UNIÓN TEMPORAL ASEO COLOMBIA AMP4","Bien",400,"Girador Manual (Compra)",null,null,null,null,166043,null,null,null,null,"11Girador Manual (Compra)"]
["11UNION  TEMPORAL LADOINSA 2022Motobombas (Arrendamiento)",11,"UNION  TEMPORAL LADOINSA 2022","Bien",406,"Motobombas (Arrendamiento)",null,null,null,null,82206,null,null,null,null,"11Motobombas (Arrendamiento)"]
["12CONSORCIO KIOSOperario de aseo y cafetería con compromiso social",12,"CONSORCIO KIOS","Servicio","Operario de aseo y cafetería con compromiso social","Operario de aseo y cafetería con compromiso social",null,null,null,null,2627978,null,null,null,null,"12Operario de aseo y cafetería con compromiso social"]
["12ASECOLBAS LTDAOperario de mantenimiento",12,"ASECOLBAS LTDA","Servicio","Operario de mantenimiento","Operario de mantenimiento",null,null,null,null,2465868,null,null,null,null,"12Operario de mantenimiento"]
["12UNION TEMPORAL SERVICIOS A y C COLOMBIAJardinero",12,"UNION TEMPORAL SERVICIOS A y C COLOMBIA","Servicio","Jardinero","Jardinero",null,null,null,null,2465868,null,null,null,null,"12Jardinero"]
["12UNION TEMPORAL SERVIASEAMOSTurno operario de mantenimiento capacitado para trabajo en alturas nivel básico",12,"UNION TEMPORAL SERVIASEAMOS","Servicio","Turno operario de mantenimiento capacitado para trabajo en alturas nivel básico","Turno operario de mantenimiento capacitado para trabajo en alturas nivel básico",null,null,null,null,345478,null,null,null,null,"12Turno operario de mantenimiento capacitado para trabajo en alturas nivel básico"]
["12UNIÓN TEMPORAL EMINSER SOLOASEO 2023Jardinero MT",12,"UNIÓN TEMPORAL EMINSER SOLOASEO 2023","Servicio","Jardinero MT","Jardinero MT",null,null,null,null,1527017,null,null,null,null,"12Jardinero MT"]
["12UNIÓN TEMPORAL CCE AMP IV 2022Coordinador de trabajo en alturas MT",12,"UNIÓN TEMPORAL CCE AMP IV 2022","Servicio","Coordinador de trabajo en alturas MT","Coordinador de trabajo en alturas MT",null,null,null,null,1500286,null,null,null,null,"12Coordinador de trabajo en alturas MT"]
["12GRUPO GECJabón para loza 2 (Compra)",12,"GRUPO GEC","Bien",2,"Jabón para loza 2 (Compra)",null,null,null,null,7714,null,null,null,null,"12Jabón para loza 2 (Compra)"]
["12CONSERJES INMOBILIARIOS LTDAJabón en barra azul (Compra)",12,"CONSERJES INMOBILIARIOS LTDA","Bien",6,"Jabón en barra azul (Compra)",null,null,null,null,4600,null,null,null,null,"12Jabón en barra azul (Compra)"]
["12COMPAÑÍA DE SERVICIOS Y ADMINISTRACIÓN SA SERDAN SAJabón de dispensador para manos 3 (Compra)",12,"COMPAÑÍA DE SERVICIOS Y ADMINISTRACIÓN SA SERDAN SA","Bien",12,"Jabón de dispensador para manos 3 (Compra)",null,null,null,null,12205,null,null,null,null,"12Jabón de dispensador para manos 3 (Compra)"]
["12CLEANER S.A.Limpiador desinfectante para pisos (Compra)",12,"CLEANER S.A.","Bien",18,"Limpiador desinfectante para pisos (Compra)",null,null,null,null,11308,null,null,null,null,"12Limpiador desinfectante para pisos (Compra)"]
["12UNIÓN TEMPORAL ASEO COLOMBIA AMP4Detergente multiusos en polvo (Compra)",12,"UNIÓN TEMPORAL ASEO COLOMBIA AMP4","Bien",21,"Detergente multiusos en polvo (Compra)",null,null,null,null,9193,null,null,null,null,"12Detergente multiusos en polvo (Compra)"]
["12UNION TEMPORAL ECOLIMPIEZA 4GLimpiador desinfectante para uso general 2 (Compra)",12,"UNION TEMPORAL ECOLIMPIEZA 4G","Bien",23,"Limpiador desinfectante para uso general 2 (Compra)",null,null,null,null,5341,null,null,null,null,"12Limpiador desinfectante para uso general 2 (Compra)"]
["12UNIÓN TEMPORAL CLEAN BOGOTÁLíquido para limpiar vidrios 3 (Compra)",12,"UNIÓN TEMPORAL CLEAN BOGOTÁ","Bien",29,"Líquido para limpiar vidrios 3 (Compra)",null,null,null,null,17484,null,null,null,null,"12Líquido para limpiar vidrios 3 (Compra)"]
["12SOSEGE SASAlcohol industrial 1 (Compra)",12,"SOSEGE SAS","Bien",33,"Alcohol industrial 1 (Compra)",null,null,null,null,22781,null,null,null,null,"12Alcohol industrial 1 (Compra)"]
["12SERVIASEO S.AChampú para alfombras y tapizados 1 (Compra)",12,"SERVIASEO S.A","Bien",39,"Champú para alfombras y tapizados 1 (Compra)",null,null,null,null,43143,null,null,null,null,"12Champú para alfombras y tapizados 1 (Compra)"]
["12GRUPO GECCrema para cuero (Compra)",12,"GRUPO GEC","Bien",43,"Crema para cuero (Compra)",null,null,null,null,36962,null,null,null,null,"12Crema para cuero (Compra)"]
["12BRILLASEO S.A.SCera emulsionada Neutra (Compra)",12,"BRILLASEO S.A.S","Bien",45,"Cera emulsionada Neutra (Compra)",null,null,null,null,15675,null,null,null,null,"12Cera emulsionada Neutra (Compra)"]
["12ASECOLBAS LTDAAbrillantador para piso laminado (Compra)",12,"ASECOLBAS LTDA","Bien",51,"Abrillantador para piso laminado (Compra)",null,null,null,null,21507,null,null,null,null,"12Abrillantador para piso laminado (Compra)"]
["12UNION TEMPORAL SERVICIOS A y C COLOMBIAVarsol  ecológico 1 (Compra)",12,"UNION TEMPORAL SERVICIOS A y C COLOMBIA","Bien",54,"Varsol  ecológico 1 (Compra)",null,null,null,null,52537,null,null,null,null,"12Varsol  ecológico 1 (Compra)"]
["12UNION TEMPORAL SERVIASEAMOSAmbientador 1 (Compra)",12,"UNION TEMPORAL SERVIASEAMOS","Bien",60,"Ambientador 1 (Compra)",null,null,null,null,14034,null,null,null,null,"12Ambientador 1 (Compra)"]
["12SOSEGE SASInsecticida 1 (Compra)",12,"SOSEGE SAS","Bien",62,"Insecticida 1 (Compra)",null,null,null,null,23738,null,null,null,null,"12Insecticida 1 (Compra)"]
["12INTERASEO SAS ESPLimpiones 3 (Compra)",12,"INTERASEO SAS ESP","Bien",66,"Limpiones 3 (Compra)",null,null,null,null,4407,null,null,null,null,"12Limpiones 3 (Compra)"]
["12GRUPO GECPaño absorbente multiusos 1 (Compra)",12,"GRUPO GEC","Bien",72,"Paño absorbente multiusos 1 (Compra)",null,null,null,null,4580,null,null,null,null,"12Paño absorbente multiusos 1 (Compra)"]
["12CONSERJES INMOBILIARIOS LTDAEsponjilla 2 (Compra)",12,"CONSERJES INMOBILIARIOS LTDA","Bien",76,"Esponjilla 2 (Compra)",null,null,null,null,599,null,null,null,null,"12Esponjilla 2 (Compra)"]
["12COMPAÑÍA DE SERVICIOS Y ADMINISTRACIÓN SA SERDAN SAEscoba 1 (Compra)",12,"COMPAÑÍA DE SERVICIOS Y ADMINISTRACIÓN SA SERDAN SA","Bien",82,"Escoba 1 (Compra)",null,null,null,null,4119,null,null,null,null,"12Escoba 1 (Compra)"]
["12UNION TEMPORAL SERVICIOS A y C COLOMBIAEscoba 2 (Compra)",12,"UNION TEMPORAL SERVICIOS A y C COLOMBIA","Bien",83,"Escoba 2 (Compra)",null,null,null,null,20830,null,null,null,null,"12Escoba 2 (Compra)"]
["12UNION TEMPORAL ECOLIMPIEZA 4GMango metálico escoba 1 (Compra)",12,"UNION TEMPORAL ECOLIMPIEZA 4G","Bien",87,"Mango metálico escoba 1 (Compra)",null,null,null,null,10112,null,null,null,null,"12Mango metálico escoba 1 (Compra)"]
["12UNIÓN TEMPORAL CLEAN BOGOTÁTrapero 2 (Compra)",12,"UNIÓN TEMPORAL CLEAN BOGOTÁ","Bien",93,"Trapero 2 (Compra)",null,null,null,null,45086,null,null,null,null,"12Trapero 2 (Compra)"]
["12SOSEGE SASMango madera trapero (Compra)",12,"SOSEGE SAS","Bien",97,"Mango madera trapero (Compra)",null,null,null,null,3752,null,null,null,null,"12Mango madera trapero (Compra)"]
["12SERVIASEO S.APads 5 (Compra)",12,"SERVIASEO S.A","Bien",103,"Pads 5 (Compra)",null,null,null,null,17307,null,null,null,null,"12Pads 5 (Compra)"]
["12CONSERJES INMOBILIARIOS LTDABoneth 2 (Compra)",12,"CONSERJES INMOBILIARIOS LTDA","Bien",105,"Boneth 2 (Compra)",null,null,null,null,90994,null,null,null,null,"12Boneth 2 (Compra)"]
["12BRILLASEO S.A.SBolsas plásticas 4 (Compra)",12,"BRILLASEO S.A.S","Bien",109,"Bolsas plásticas 4 (Compra)",null,null,null,null,1629,null,null,null,null,"12Bolsas plásticas 4 (Compra)"]
["12CONSORCIO ELITEBolsas plásticas 11 (Compra)",12,"CONSORCIO ELITE","Bien",115,"Bolsas plásticas 11 (Compra)",null,null,null,null,16399,null,null,null,null,"12Bolsas plásticas 11 (Compra)"]
["12UNIÓN TEMPORAL EMINSER SOLOASEO 2023Bolsas plásticas 12 (Compra)",12,"UNIÓN TEMPORAL EMINSER SOLOASEO 2023","Bien",116,"Bolsas plásticas 12 (Compra)",null,null,null,null,4138,null,null,null,null,"12Bolsas plásticas 12 (Compra)"]
["12UNIÓN TEMPORAL CCE AMP IV 2022Bolsas plásticas 17 (Compra)",12,"UNIÓN TEMPORAL CCE AMP IV 2022","Bien",120,"Bolsas plásticas 17 (Compra)",null,null,null,null,6992,null,null,null,null,"12Bolsas plásticas 17 (Compra)"]
["12UNIÓN TEMPORAL ASEO COLOMBIA AMP4Bolsas plásticas 23 (Compra)",12,"UNIÓN TEMPORAL ASEO COLOMBIA AMP4","Bien",126,"Bolsas plásticas 23 (Compra)",null,null,null,null,5103,null,null,null,null,"12Bolsas plásticas 23 (Compra)"]
["12LIMPIEZA INSTITUCIONAL LASU S.A.S.Guantes 1 (Compra)",12,"LIMPIEZA INSTITUCIONAL LASU S.A.S.","Bien",130,"Guantes 1 (Compra)",null,null,null,null,3938,null,null,null,null,"12Guantes 1 (Compra)"]
["12INTERASEO SAS ESPGuantes 7 (Compra)",12,"INTERASEO SAS ESP","Bien",136,"Guantes 7 (Compra)",null,null,null,null,8813,null,null,null,null,"12Guantes 7 (Compra)"]
["12CLEANER S.A.Guantes 9 (Compra)",12,"CLEANER S.A.","Bien",138,"Guantes 9 (Compra)",null,null,null,null,4943,null,null,null,null,"12Guantes 9 (Compra)"]
["12AMERICANA DE SERVICIOS LTDAPapel higiénico 2 (Compra)",12,"AMERICANA DE SERVICIOS LTDA","Bien",142,"Papel higiénico 2 (Compra)",null,null,null,null,22565,null,null,null,null,"12Papel higiénico 2 (Compra)"]
["12UT GRUPO ADINToallas para manos 2 (Compra)",12,"UT GRUPO ADIN","Bien",147,"Toallas para manos 2 (Compra)",null,null,null,null,24566,null,null,null,null,"12Toallas para manos 2 (Compra)"]
["12UNIÓN TEMPORAL EMINSER SOLOASEO 2023Toallas para manos 6 (Compra)",12,"UNIÓN TEMPORAL EMINSER SOLOASEO 2023","Bien",151,"Toallas para manos 6 (Compra)",null,null,null,null,13144,null,null,null,null,"12Toallas para manos 6 (Compra)"]
["12UNION TEMPORAL ECOLIMPIEZA 4GVasos biodegradables 3 (Compra)",12,"UNION TEMPORAL ECOLIMPIEZA 4G","Bien",157,"Vasos biodegradables 3 (Compra)",null,null,null,null,16165,null,null,null,null,"12Vasos biodegradables 3 (Compra)"]
["12LIMPIEZA INSTITUCIONAL LASU S.A.S.Mezclador 1 (Compra)",12,"LIMPIEZA INSTITUCIONAL LASU S.A.S.","Bien",159,"Mezclador 1 (Compra)",null,null,null,null,5489,null,null,null,null,"12Mezclador 1 (Compra)"]
["12CONSORCIO KIOSFiltro para greca 3 (Compra)",12,"CONSORCIO KIOS","Bien",163,"Filtro para greca 3 (Compra)",null,null,null,null,9865,null,null,null,null,"12Filtro para greca 3 (Compra)"]
["12CONSORCIO ELITETermo para café 2 (Compra)",12,"CONSORCIO ELITE","Bien",169,"Termo para café 2 (Compra)",null,null,null,null,725665,null,null,null,null,"12Termo para café 2 (Compra)"]
["12CONSERJES INMOBILIARIOS LTDAAzúcar 1 (Compra)",12,"CONSERJES INMOBILIARIOS LTDA","Bien",175,"Azúcar 1 (Compra)",null,null,null,null,10927,null,null,null,null,"12Azúcar 1 (Compra)"]
["12BRILLASEO S.A.SEndulzante (Compra)",12,"BRILLASEO S.A.S","Bien",179,"Endulzante (Compra)",null,null,null,null,22564,null,null,null,null,"12Endulzante (Compra)"]
["12UNIÓN TEMPORAL EMINSER SOLOASEO 2023Panela (Compra)",12,"UNIÓN TEMPORAL EMINSER SOLOASEO 2023","Bien",180,"Panela (Compra)",null,null,null,null,12872,null,null,null,null,"12Panela (Compra)"]
["12UNIÓN TEMPORAL CCE AMP IV 2022Aromática (Compra)",12,"UNIÓN TEMPORAL CCE AMP IV 2022","Bien",184,"Aromática (Compra)",null,null,null,null,4149,null,null,null,null,"12Aromática (Compra)"]
["12UNIÓN TEMPORAL ASEO COLOMBIA AMP4Agua potable 1 (Compra)",12,"UNIÓN TEMPORAL ASEO COLOMBIA AMP4","Bien",190,"Agua potable 1 (Compra)",null,null,null,null,1929,null,null,null,null,"12Agua potable 1 (Compra)"]
["12SOSEGE SASCepillo para paredes y techos (Compra)",12,"SOSEGE SAS","Bien",196,"Cepillo para paredes y techos (Compra)",null,null,null,null,28489,null,null,null,null,"12Cepillo para paredes y techos (Compra)"]
["12INTERASEO SAS ESPRepuestos brillador 2 (Compra)",12,"INTERASEO SAS ESP","Bien",200,"Repuestos brillador 2 (Compra)",null,null,null,null,51178,null,null,null,null,"12Repuestos brillador 2 (Compra)"]
["12CLEANER S.A.Plumero o limpia polvo (Compra)",12,"CLEANER S.A.","Bien",202,"Plumero o limpia polvo (Compra)",null,null,null,null,15638,null,null,null,null,"12Plumero o limpia polvo (Compra)"]
["12UT GRUPO ADINCaneca para almacenar ropa sucia  (Arrendamiento)",12,"UT GRUPO ADIN","Bien",208,"Caneca para almacenar ropa sucia  (Arrendamiento)",null,null,null,null,10566,null,null,null,null,"12Caneca para almacenar ropa sucia  (Arrendamiento)"]
["12AMERICANA DE SERVICIOS LTDAVasos  2 (Arrendamiento)",12,"AMERICANA DE SERVICIOS LTDA","Bien",212,"Vasos  2 (Arrendamiento)",null,null,null,null,470,null,null,null,null,"12Vasos  2 (Arrendamiento)"]
["12UT GRUPO ADINCuchara pequeña  (Compra)",12,"UT GRUPO ADIN","Bien",217,"Cuchara pequeña  (Compra)",null,null,null,null,3343,null,null,null,null,"12Cuchara pequeña  (Compra)"]
["12UNIÓN TEMPORAL EMINSER SOLOASEO 2023Platos  2 (Compra)",12,"UNIÓN TEMPORAL EMINSER SOLOASEO 2023","Bien",221,"Platos  2 (Compra)",null,null,null,null,41144,null,null,null,null,"12Platos  2 (Compra)"]
["12SERVIASEO S.APlatos  3 (Compra)",12,"SERVIASEO S.A","Bien",223,"Platos  3 (Compra)",null,null,null,null,14834,null,null,null,null,"12Platos  3 (Compra)"]
["12LIMPIEZA INSTITUCIONAL LASU S.A.S.Pocillos  (Compra)",12,"LIMPIEZA INSTITUCIONAL LASU S.A.S.","Bien",229,"Pocillos  (Compra)",null,null,null,null,5050,null,null,null,null,"12Pocillos  (Compra)"]
["12CONSORCIO KIOSVajilla  1 (Arrendamiento)",12,"CONSORCIO KIOS","Bien",233,"Vajilla  1 (Arrendamiento)",null,null,null,null,83881,null,null,null,null,"12Vajilla  1 (Arrendamiento)"]
["12ASECOLBAS LTDAVajilla  2 (Arrendamiento)",12,"ASECOLBAS LTDA","Bien",235,"Vajilla  2 (Arrendamiento)",null,null,null,null,4696,null,null,null,null,"12Vajilla  2 (Arrendamiento)"]
["12CLEANER S.A.Espátula  (Compra)",12,"CLEANER S.A.","Bien",243,"Espátula  (Compra)",null,null,null,null,4361,null,null,null,null,"12Espátula  (Compra)"]
["12UNION TEMPORAL SERVIASEAMOSHaraganes 1  (Compra)",12,"UNION TEMPORAL SERVIASEAMOS","Bien",244,"Haraganes 1  (Compra)",null,null,null,null,18222,null,null,null,null,"12Haraganes 1  (Compra)"]
["12UNIÓN TEMPORAL EMINSER SOLOASEO 2023Plato Biodegradable 1 (Compra)",12,"UNIÓN TEMPORAL EMINSER SOLOASEO 2023","Bien",250,"Plato Biodegradable 1 (Compra)",null,null,null,null,9424,null,null,null,null,"12Plato Biodegradable 1 (Compra)"]
["12UNIÓN TEMPORAL CCE AMP IV 2022Terno para café  (Arrendamiento)",12,"UNIÓN TEMPORAL CCE AMP IV 2022","Bien",254,"Terno para café  (Arrendamiento)",null,null,null,null,4315,null,null,null,null,"12Terno para café  (Arrendamiento)"]
["12GRUPO GECCafetera 1 (Arrendamiento)",12,"GRUPO GEC","Bien",256,"Cafetera 1 (Arrendamiento)",null,null,null,null,72316,null,null,null,null,"12Cafetera 1 (Arrendamiento)"]
["12CONSORCIO KIOSPortavasos (Arrendamiento)",12,"CONSORCIO KIOS","Bien",262,"Portavasos (Arrendamiento)",null,null,null,null,8203,null,null,null,null,"12Portavasos (Arrendamiento)"]
["12COMPAÑÍA DE SERVICIOS Y ADMINISTRACIÓN SA SERDAN SABandeja 2 (Arrendamiento)",12,"COMPAÑÍA DE SERVICIOS Y ADMINISTRACIÓN SA SERDAN SA","Bien",266,"Bandeja 2 (Arrendamiento)",null,null,null,null,6273,null,null,null,null,"12Bandeja 2 (Arrendamiento)"]
["12CLEANER S.A.Olleta (Arrendamiento)",12,"CLEANER S.A.","Bien",272,"Olleta (Arrendamiento)",null,null,null,null,4419,null,null,null,null,"12Olleta (Arrendamiento)"]
["12AMERICANA DE SERVICIOS LTDAOlla 2 (Arrendamiento)",12,"AMERICANA DE SERVICIOS LTDA","Bien",276,"Olla 2 (Arrendamiento)",null,null,null,null,23488,null,null,null,null,"12Olla 2 (Arrendamiento)"]
["12UNIÓN TEMPORAL CLEAN BOGOTÁOlla 2 (Compra)",12,"UNIÓN TEMPORAL CLEAN BOGOTÁ","Bien",277,"Olla 2 (Compra)",null,null,null,null,302608,null,null,null,null,"12Olla 2 (Compra)"]
["12UNIÓN TEMPORAL CCE AMP IV 2022Carro exprimidor de trapero 2 (Arrendamiento)",12,"UNIÓN TEMPORAL CCE AMP IV 2022","Bien",283,"Carro exprimidor de trapero 2 (Arrendamiento)",null,null,null,null,56861,null,null,null,null,"12Carro exprimidor de trapero 2 (Arrendamiento)"]
["12SERVIASEO S.ACarro de bebidas (Arrendamiento)",12,"SERVIASEO S.A","Bien",287,"Carro de bebidas (Arrendamiento)",null,null,null,null,59337,null,null,null,null,"12Carro de bebidas (Arrendamiento)"]
["12LIMPIEZA INSTITUCIONAL LASU S.A.S.Escalera 3 (Arrendamiento)",12,"LIMPIEZA INSTITUCIONAL LASU S.A.S.","Bien",293,"Escalera 3 (Arrendamiento)",null,null,null,null,20142,null,null,null,null,"12Escalera 3 (Arrendamiento)"]
["12COMPAÑÍA DE SERVICIOS Y ADMINISTRACIÓN SA SERDAN SAEscalera 4 (Arrendamiento)",12,"COMPAÑÍA DE SERVICIOS Y ADMINISTRACIÓN SA SERDAN SA","Bien",295,"Escalera 4 (Arrendamiento)",null,null,null,null,173740,null,null,null,null,"12Escalera 4 (Arrendamiento)"]
["12UT GRUPO ADINMangueras 2 (Arrendamiento)",12,"UT GRUPO ADIN","Bien",301,"Mangueras 2 (Arrendamiento)",null,null,null,null,14216,null,null,null,null,"12Mangueras 2 (Arrendamiento)"]
["12ASECOLBAS LTDAContenedor de basura 1 (Compra)",12,"ASECOLBAS LTDA","Bien",305,"Contenedor de basura 1 (Compra)",null,null,null,null,1324,null,null,null,null,"12Contenedor de basura 1 (Compra)"]
["12UNION TEMPORAL SERVICIOS A y C COLOMBIAContenedor de basura 4 (Compra)",12,"UNION TEMPORAL SERVICIOS A y C COLOMBIA","Bien",308,"Contenedor de basura 4 (Compra)",null,null,null,null,340665,null,null,null,null,"12Contenedor de basura 4 (Compra)"]
["12UNION TEMPORAL SERVIASEAMOSContenedor de basura 10 (Compra)",12,"UNION TEMPORAL SERVIASEAMOS","Bien",314,"Contenedor de basura 10 (Compra)",null,null,null,null,139298,null,null,null,null,"12Contenedor de basura 10 (Compra)"]
["12SOSEGE SASContenedor de basura 12 (Compra)",12,"SOSEGE SAS","Bien",316,"Contenedor de basura 12 (Compra)",null,null,null,null,121046,null,null,null,null,"12Contenedor de basura 12 (Compra)"]
["12INTERASEO SAS ESPContenedor de basura 16 (Compra)",12,"INTERASEO SAS ESP","Bien",320,"Contenedor de basura 16 (Compra)",null,null,null,null,211819,null,null,null,null,"12Contenedor de basura 16 (Compra)"]
["12GRUPO GECContenedor de basura 22 (Compra)",12,"GRUPO GEC","Bien",326,"Contenedor de basura 22 (Compra)",null,null,null,null,819585,null,null,null,null,"12Contenedor de basura 22 (Compra)"]
["12CONSERJES INMOBILIARIOS LTDAContenedor de basura 26 (Compra)",12,"CONSERJES INMOBILIARIOS LTDA","Bien",330,"Contenedor de basura 26 (Compra)",null,null,null,null,98950,null,null,null,null,"12Contenedor de basura 26 (Compra)"]
["12COMPAÑÍA DE SERVICIOS Y ADMINISTRACIÓN SA SERDAN SAPunto Ecológico 2 (Compra)",12,"COMPAÑÍA DE SERVICIOS Y ADMINISTRACIÓN SA SERDAN SA","Bien",336,"Punto Ecológico 2 (Compra)",null,null,null,null,494470,null,null,null,null,"12Punto Ecológico 2 (Compra)"]
["12UNION TEMPORAL SERVICIOS A y C COLOMBIAPunto Ecológico 3 (Compra)",12,"UNION TEMPORAL SERVICIOS A y C COLOMBIA","Bien",337,"Punto Ecológico 3 (Compra)",null,null,null,null,2391406,null,null,null,null,"12Punto Ecológico 3 (Compra)"]
["12UNION TEMPORAL ECOLIMPIEZA 4GPapelera 1 (Compra)",12,"UNION TEMPORAL ECOLIMPIEZA 4G","Bien",341,"Papelera 1 (Compra)",null,null,null,null,43093,null,null,null,null,"12Papelera 1 (Compra)"]
["12UNIÓN TEMPORAL CLEAN BOGOTÁSeñales peatonales de prevención y atención 1 (Compra)",12,"UNIÓN TEMPORAL CLEAN BOGOTÁ","Bien",347,"Señales peatonales de prevención y atención 1 (Compra)",null,null,null,null,492574,null,null,null,null,"12Señales peatonales de prevención y atención 1 (Compra)"]
["12UNIÓN TEMPORAL CCE AMP IV 2022Dispensador de toallas de manos 2 (Compra)",12,"UNIÓN TEMPORAL CCE AMP IV 2022","Bien",353,"Dispensador de toallas de manos 2 (Compra)",null,null,null,null,129452,null,null,null,null,"12Dispensador de toallas de manos 2 (Compra)"]
["12SERVIASEO S.ADispensador de jabón líquido 3 (Compra)",12,"SERVIASEO S.A","Bien",357,"Dispensador de jabón líquido 3 (Compra)",null,null,null,null,74417,null,null,null,null,"12Dispensador de jabón líquido 3 (Compra)"]
["12CONSERJES INMOBILIARIOS LTDADispensador para ambientador (Compra)",12,"CONSERJES INMOBILIARIOS LTDA","Bien",359,"Dispensador para ambientador (Compra)",null,null,null,null,1461,null,null,null,null,"12Dispensador para ambientador (Compra)"]
["12BRILLASEO S.A.SGreca para tintos 1 (Arrendamiento)",12,"BRILLASEO S.A.S","Bien",363,"Greca para tintos 1 (Arrendamiento)",null,null,null,null,121146,null,null,null,null,"12Greca para tintos 1 (Arrendamiento)"]
["12ASECOLBAS LTDAMáquina de filtrado para café (Compra)",12,"ASECOLBAS LTDA","Bien",369,"Máquina de filtrado para café (Compra)",null,null,null,null,194698,null,null,null,null,"12Máquina de filtrado para café (Compra)"]
["12UNION TEMPORAL ECOLIMPIEZA 4GHorno microondas (Arrendamiento)",12,"UNION TEMPORAL ECOLIMPIEZA 4G","Bien",370,"Horno microondas (Arrendamiento)",null,null,null,null,30998,null,null,null,null,"12Horno microondas (Arrendamiento)"]
["12UNION TEMPORAL SERVIASEAMOSExtensión eléctrica 1 (Compra)",12,"UNION TEMPORAL SERVIASEAMOS","Bien",378,"Extensión eléctrica 1 (Compra)",null,null,null,null,339258,null,null,null,null,"12Extensión eléctrica 1 (Compra)"]
["12SOSEGE SASAspiradora 1 (Arrendamiento)",12,"SOSEGE SAS","Bien",380,"Aspiradora 1 (Arrendamiento)",null,null,null,null,23481,null,null,null,null,"12Aspiradora 1 (Arrendamiento)"]
["12INTERASEO SAS ESPLavabrilladora de pisos 1 (Arrendamiento)",12,"INTERASEO SAS ESP","Bien",384,"Lavabrilladora de pisos 1 (Arrendamiento)",null,null,null,null,369617,null,null,null,null,"12Lavabrilladora de pisos 1 (Arrendamiento)"]
["12GRUPO GECLavadora de alfombras y tapetes 1 (Arrendamiento)",12,"GRUPO GEC","Bien",390,"Lavadora de alfombras y tapetes 1 (Arrendamiento)",null,null,null,null,323013,null,null,null,null,"12Lavadora de alfombras y tapetes 1 (Arrendamiento)"]
["12BRILLASEO S.A.SLavadora de alfombras y tapetes 2 (Arrendamiento)",12,"BRILLASEO S.A.S","Bien",392,"Lavadora de alfombras y tapetes 2 (Arrendamiento)",null,null,null,null,761484,null,null,null,null,"12Lavadora de alfombras y tapetes 2 (Arrendamiento)"]
["12LIMPIEZA INSTITUCIONAL LASU S.A.S.Sonda para inodoro (Arrendamiento)",12,"LIMPIEZA INSTITUCIONAL LASU S.A.S.","Bien",398,"Sonda para inodoro (Arrendamiento)",null,null,null,null,8507,null,null,null,null,"12Sonda para inodoro (Arrendamiento)"]
["12UT GRUPO ADINSonda para fregaderos (Compra)",12,"UT GRUPO ADIN","Bien",401,"Sonda para fregaderos (Compra)",null,null,null,null,1854263,null,null,null,null,"12Sonda para fregaderos (Compra)"]
["12UNION TEMPORAL SERVICIOS A y C COLOMBIAMotobombas (Compra)",12,"UNION TEMPORAL SERVICIOS A y C COLOMBIA","Bien",407,"Motobombas (Compra)",null,null,null,null,6396465,null,null,null,null,"12Motobombas (Compra)"]
["13UT GRUPO ADINOperario de aseo y cafetería",13,"UT GRUPO ADIN","Servicio","Operario de aseo y cafetería","Operario de aseo y cafetería",null,null,null,null,2465868,null,null,null,null,"13Operario de aseo y cafetería"]
["13UNION TEMPORAL ECOLIMPIEZA 4GOperario auxiliar",13,"UNION TEMPORAL ECOLIMPIEZA 4G","Servicio","Operario auxiliar","Operario auxiliar",null,null,null,null,3385218,null,null,null,null,"13Operario auxiliar"]
["13CONSERJES INMOBILIARIOS LTDATurno coordinador de trabajo en alturas nivel básico",13,"CONSERJES INMOBILIARIOS LTDA","Servicio","Turno coordinador de trabajo en alturas nivel básico","Turno coordinador de trabajo en alturas nivel básico",null,null,null,null,82196,null,null,null,null,"13Turno coordinador de trabajo en alturas nivel básico"]
["13ASECOLBAS LTDAOperario de mantenimiento MT",13,"ASECOLBAS LTDA","Servicio","Operario de mantenimiento MT","Operario de mantenimiento MT",null,null,null,null,1527017,null,null,null,null,"13Operario de mantenimiento MT"]
["13CONSORCIO ELITEJardinero capacitado para trabajo en alturas MT",13,"CONSORCIO ELITE","Servicio","Jardinero capacitado para trabajo en alturas MT","Jardinero capacitado para trabajo en alturas MT",null,null,null,null,2478563,null,null,null,null,"13Jardinero capacitado para trabajo en alturas MT"]
["13CONSORCIO KIOSJabón para loza 3 (Compra)",13,"CONSORCIO KIOS","Bien",3,"Jabón para loza 3 (Compra)",null,null,null,null,17009,null,null,null,null,"13Jabón para loza 3 (Compra)"]
["13CLEANER S.A.Jabón en barra (Compra)",13,"CLEANER S.A.","Bien",5,"Jabón en barra (Compra)",null,null,null,null,3905,null,null,null,null,"13Jabón en barra (Compra)"]
["13GRUPO GECJabón de dispensador para manos 2 (Compra)",13,"GRUPO GEC","Bien",11,"Jabón de dispensador para manos 2 (Compra)",null,null,null,null,24105,null,null,null,null,"13Jabón de dispensador para manos 2 (Compra)"]
["13INTERASEO SAS ESPLimpiador multiusos 1 (Compra)",13,"INTERASEO SAS ESP","Bien",15,"Limpiador multiusos 1 (Compra)",null,null,null,null,11302,null,null,null,null,"13Limpiador multiusos 1 (Compra)"]
["13UNIÓN TEMPORAL CLEAN BOGOTÁDetergente multiusos en polvo (Compra)",13,"UNIÓN TEMPORAL CLEAN BOGOTÁ","Bien",21,"Detergente multiusos en polvo (Compra)",null,null,null,null,38821,null,null,null,null,"13Detergente multiusos en polvo (Compra)"]
["13UNION TEMPORAL ECOLIMPIEZA 4GDesinfectante de alto nivel de desinfección para uso hospitalario (Compra)",13,"UNION TEMPORAL ECOLIMPIEZA 4G","Bien",25,"Desinfectante de alto nivel de desinfección para uso hospitalario (Compra)",null,null,null,null,19260,null,null,null,null,"13Desinfectante de alto nivel de desinfección para uso hospitalario (Compra)"]
["13SERVIASEO S.ALíquido para limpiar vidrios 1 (Compra)",13,"SERVIASEO S.A","Bien",27,"Líquido para limpiar vidrios 1 (Compra)",null,null,null,null,50189,null,null,null,null,"13Líquido para limpiar vidrios 1 (Compra)"]
["13UNIÓN TEMPORAL EMINSER SOLOASEO 2023Alcohol industrial 1 (Compra)",13,"UNIÓN TEMPORAL EMINSER SOLOASEO 2023","Bien",33,"Alcohol industrial 1 (Compra)",null,null,null,null,52866,null,null,null,null,"13Alcohol industrial 1 (Compra)"]
["13UNION TEMPORAL SERVIASEAMOSLíquido para limpiar equipos de oficina 1 (Compra)",13,"UNION TEMPORAL SERVIASEAMOS","Bien",37,"Líquido para limpiar equipos de oficina 1 (Compra)",null,null,null,null,9748,null,null,null,null,"13Líquido para limpiar equipos de oficina 1 (Compra)"]
["13BRILLASEO S.A.SCera polimérica (Compra)",13,"BRILLASEO S.A.S","Bien",44,"Cera polimérica (Compra)",null,null,null,null,35700,null,null,null,null,"13Cera polimérica (Compra)"]
["13CLEANER S.A.Sellante para pisos (Compra)",13,"CLEANER S.A.","Bien",48,"Sellante para pisos (Compra)",null,null,null,null,81941,null,null,null,null,"13Sellante para pisos (Compra)"]
["13UT GRUPO ADINMantenedor de pisos (Compra)",13,"UT GRUPO ADIN","Bien",49,"Mantenedor de pisos (Compra)",null,null,null,null,35608,null,null,null,null,"13Mantenedor de pisos (Compra)"]
["13COMPAÑÍA DE SERVICIOS Y ADMINISTRACIÓN SA SERDAN SADesmanchador multiusos (Compra)",13,"COMPAÑÍA DE SERVICIOS Y ADMINISTRACIÓN SA SERDAN SA","Bien",56,"Desmanchador multiusos (Compra)",null,null,null,null,9102,null,null,null,null,"13Desmanchador multiusos (Compra)"]
["13CONSERJES INMOBILIARIOS LTDAAmbientador 1 (Compra)",13,"CONSERJES INMOBILIARIOS LTDA","Bien",60,"Ambientador 1 (Compra)",null,null,null,null,8000,null,null,null,null,"13Ambientador 1 (Compra)"]
["13CONSORCIO KIOSLimpiones 2 (Compra)",13,"CONSORCIO KIOS","Bien",65,"Limpiones 2 (Compra)",null,null,null,null,20891,null,null,null,null,"13Limpiones 2 (Compra)"]
["13CONSORCIO KIOSLimpiones 5 (Compra)",13,"CONSORCIO KIOS","Bien",68,"Limpiones 5 (Compra)",null,null,null,null,22610,null,null,null,null,"13Limpiones 5 (Compra)"]
["13GRUPO GECPaño absorbente multiusos 1 (Compra)",13,"GRUPO GEC","Bien",72,"Paño absorbente multiusos 1 (Compra)",null,null,null,null,4580,null,null,null,null,"13Paño absorbente multiusos 1 (Compra)"]
["13UNIÓN TEMPORAL CCE AMP IV 2022Esponjilla 4 (Compra)",13,"UNIÓN TEMPORAL CCE AMP IV 2022","Bien",78,"Esponjilla 4 (Compra)",null,null,null,null,2825,null,null,null,null,"13Esponjilla 4 (Compra)"]
["13UNIÓN TEMPORAL CLEAN BOGOTÁEscoba 1 (Compra)",13,"UNIÓN TEMPORAL CLEAN BOGOTÁ","Bien",82,"Escoba 1 (Compra)",null,null,null,null,20265,null,null,null,null,"13Escoba 1 (Compra)"]
["13UT GRUPO ADINMango madera escoba 1 (Compra)",13,"UT GRUPO ADIN","Bien",88,"Mango madera escoba 1 (Compra)",null,null,null,null,4689,null,null,null,null,"13Mango madera escoba 1 (Compra)"]
["13UNION TEMPORAL ECOLIMPIEZA 4GCepillos 2 (Compra)",13,"UNION TEMPORAL ECOLIMPIEZA 4G","Bien",90,"Cepillos 2 (Compra)",null,null,null,null,18985,null,null,null,null,"13Cepillos 2 (Compra)"]
["13UNIÓN TEMPORAL EMINSER SOLOASEO 2023Trapero 3 (Compra)",13,"UNIÓN TEMPORAL EMINSER SOLOASEO 2023","Bien",94,"Trapero 3 (Compra)",null,null,null,null,14071,null,null,null,null,"13Trapero 3 (Compra)"]
["13ASECOLBAS LTDAPads 3 (Compra)",13,"ASECOLBAS LTDA","Bien",101,"Pads 3 (Compra)",null,null,null,null,31338,null,null,null,null,"13Pads 3 (Compra)"]
["13UNION TEMPORAL SERVIASEAMOSPads 4 (Compra)",13,"UNION TEMPORAL SERVIASEAMOS","Bien",102,"Pads 4 (Compra)",null,null,null,null,50629,null,null,null,null,"13Pads 4 (Compra)"]
["13CONSORCIO KIOSBolsas plásticas 7 (Compra)",13,"CONSORCIO KIOS","Bien",111,"Bolsas plásticas 7 (Compra)",null,null,null,null,2064,null,null,null,null,"13Bolsas plásticas 7 (Compra)"]
["13CLEANER S.A.Bolsas plásticas 9 (Compra)",13,"CLEANER S.A.","Bien",113,"Bolsas plásticas 9 (Compra)",null,null,null,null,2721,null,null,null,null,"13Bolsas plásticas 9 (Compra)"]
["13COMPAÑÍA DE SERVICIOS Y ADMINISTRACIÓN SA SERDAN SABolsas plásticas 14 (Compra)",13,"COMPAÑÍA DE SERVICIOS Y ADMINISTRACIÓN SA SERDAN SA","Bien",117,"Bolsas plásticas 14 (Compra)",null,null,null,null,3101,null,null,null,null,"13Bolsas plásticas 14 (Compra)"]
["13INTERASEO SAS ESPBolsas plásticas 20 (Compra)",13,"INTERASEO SAS ESP","Bien",123,"Bolsas plásticas 20 (Compra)",null,null,null,null,2217,null,null,null,null,"13Bolsas plásticas 20 (Compra)"]
["13CONSERJES INMOBILIARIOS LTDABolsas plásticas 22 (Compra)",13,"CONSERJES INMOBILIARIOS LTDA","Bien",125,"Bolsas plásticas 22 (Compra)",null,null,null,null,5749,null,null,null,null,"13Bolsas plásticas 22 (Compra)"]
["13CONSORCIO ELITEBolsas plásticas 26 (Compra)",13,"CONSORCIO ELITE","Bien",129,"Bolsas plásticas 26 (Compra)",null,null,null,null,31255,null,null,null,null,"13Bolsas plásticas 26 (Compra)"]
["13SERVIASEO S.AGuantes 6 (Compra)",13,"SERVIASEO S.A","Bien",135,"Guantes 6 (Compra)",null,null,null,null,43143,null,null,null,null,"13Guantes 6 (Compra)"]
["13UNIÓN TEMPORAL ASEO COLOMBIA AMP4Tapabocas 1 (Compra)",13,"UNIÓN TEMPORAL ASEO COLOMBIA AMP4","Bien",139,"Tapabocas 1 (Compra)",null,null,null,null,22096,null,null,null,null,"13Tapabocas 1 (Compra)"]
["13UNION TEMPORAL SERVIASEAMOSPapel higiénico 5 (Compra)",13,"UNION TEMPORAL SERVIASEAMOS","Bien",145,"Papel higiénico 5 (Compra)",null,null,null,null,24468,null,null,null,null,"13Papel higiénico 5 (Compra)"]
["13UNIÓN TEMPORAL CCE AMP IV 2022Toallas para manos 2 (Compra)",13,"UNIÓN TEMPORAL CCE AMP IV 2022","Bien",147,"Toallas para manos 2 (Compra)",null,null,null,null,30338,null,null,null,null,"13Toallas para manos 2 (Compra)"]
["13UNIÓN TEMPORAL CLEAN BOGOTÁToallas para manos 6 (Compra)",13,"UNIÓN TEMPORAL CLEAN BOGOTÁ","Bien",151,"Toallas para manos 6 (Compra)",null,null,null,null,43708,null,null,null,null,"13Toallas para manos 6 (Compra)"]
["13UT GRUPO ADINVasos biodegradables 3 (Compra)",13,"UT GRUPO ADIN","Bien",157,"Vasos biodegradables 3 (Compra)",null,null,null,null,7965,null,null,null,null,"13Vasos biodegradables 3 (Compra)"]
["13UNIÓN TEMPORAL CLEAN BOGOTÁFiltro para greca 3 (Compra)",13,"UNIÓN TEMPORAL CLEAN BOGOTÁ","Bien",163,"Filtro para greca 3 (Compra)",null,null,null,null,25534,null,null,null,null,"13Filtro para greca 3 (Compra)"]
["13CONSORCIO ELITETermo para café 1 (Compra)",13,"CONSORCIO ELITE","Bien",168,"Termo para café 1 (Compra)",null,null,null,null,200884,null,null,null,null,"13Termo para café 1 (Compra)"]
["13BRILLASEO S.A.SCafé 1 (Compra)",13,"BRILLASEO S.A.S","Bien",170,"Café 1 (Compra)",null,null,null,null,22499,null,null,null,null,"13Café 1 (Compra)"]
["13CLEANER S.A.Crema para café (Compra)",13,"CLEANER S.A.","Bien",174,"Crema para café (Compra)",null,null,null,null,17105,null,null,null,null,"13Crema para café (Compra)"]
["13GRUPO GECPanela (Compra)",13,"GRUPO GEC","Bien",180,"Panela (Compra)",null,null,null,null,16874,null,null,null,null,"13Panela (Compra)"]
["13UNIÓN TEMPORAL CCE AMP IV 2022Bebida de frutas (Compra)",13,"UNIÓN TEMPORAL CCE AMP IV 2022","Bien",186,"Bebida de frutas (Compra)",null,null,null,null,26494,null,null,null,null,"13Bebida de frutas (Compra)"]
["13UNIÓN TEMPORAL CLEAN BOGOTÁAgua potable 1 (Compra)",13,"UNIÓN TEMPORAL CLEAN BOGOTÁ","Bien",190,"Agua potable 1 (Compra)",null,null,null,null,7937,null,null,null,null,"13Agua potable 1 (Compra)"]
["13LIMPIEZA INSTITUCIONAL LASU S.A.S.Agua potable 3 (Compra)",13,"LIMPIEZA INSTITUCIONAL LASU S.A.S.","Bien",192,"Agua potable 3 (Compra)",null,null,null,null,1860,null,null,null,null,"13Agua potable 3 (Compra)"]
["13SERVIASEO S.ACepillo para paredes y techos (Compra)",13,"SERVIASEO S.A","Bien",196,"Cepillo para paredes y techos (Compra)",null,null,null,null,13474,null,null,null,null,"13Cepillo para paredes y techos (Compra)"]
["13UNIÓN TEMPORAL EMINSER SOLOASEO 2023Plumero o limpia polvo (Compra)",13,"UNIÓN TEMPORAL EMINSER SOLOASEO 2023","Bien",202,"Plumero o limpia polvo (Compra)",null,null,null,null,14055,null,null,null,null,"13Plumero o limpia polvo (Compra)"]
["13ASECOLBAS LTDACaneca para almacenar ropa sucia  (Compra)",13,"ASECOLBAS LTDA","Bien",209,"Caneca para almacenar ropa sucia  (Compra)",null,null,null,null,27105,null,null,null,null,"13Caneca para almacenar ropa sucia  (Compra)"]
["13BRILLASEO S.A.SVasos  2 (Compra)",13,"BRILLASEO S.A.S","Bien",213,"Vasos  2 (Compra)",null,null,null,null,6923,null,null,null,null,"13Vasos  2 (Compra)"]
["13UNION TEMPORAL SERVICIOS A y C COLOMBIACuchara  (Compra)",13,"UNION TEMPORAL SERVICIOS A y C COLOMBIA","Bien",214,"Cuchara  (Compra)",null,null,null,null,17875,null,null,null,null,"13Cuchara  (Compra)"]
["13CLEANER S.A.Platos  2 (Compra)",13,"CLEANER S.A.","Bien",221,"Platos  2 (Compra)",null,null,null,null,17653,null,null,null,null,"13Platos  2 (Compra)"]
["13COMPAÑÍA DE SERVICIOS Y ADMINISTRACIÓN SA SERDAN SAPlatos  4 (Compra)",13,"COMPAÑÍA DE SERVICIOS Y ADMINISTRACIÓN SA SERDAN SA","Bien",225,"Platos  4 (Compra)",null,null,null,null,24739,null,null,null,null,"13Platos  4 (Compra)"]
["13INTERASEO SAS ESPTerno para café (Arrendamiento)",13,"INTERASEO SAS ESP","Bien",231,"Terno para café (Arrendamiento)",null,null,null,null,1422,null,null,null,null,"13Terno para café (Arrendamiento)"]
["13LIMPIEZA INSTITUCIONAL LASU S.A.S.Vajilla  2 (Arrendamiento)",13,"LIMPIEZA INSTITUCIONAL LASU S.A.S.","Bien",235,"Vajilla  2 (Arrendamiento)",null,null,null,null,8611,null,null,null,null,"13Vajilla  2 (Arrendamiento)"]
["13CONSORCIO ELITECuchillo de cocina  (Compra)",13,"CONSORCIO ELITE","Bien",237,"Cuchillo de cocina  (Compra)",null,null,null,null,139495,null,null,null,null,"13Cuchillo de cocina  (Compra)"]
["13SERVIASEO S.AEspátula  (Compra)",13,"SERVIASEO S.A","Bien",243,"Espátula  (Compra)",null,null,null,null,7664,null,null,null,null,"13Espátula  (Compra)"]
["13UNIÓN TEMPORAL ASEO COLOMBIA AMP4Haraganes 4  (Compra)",13,"UNIÓN TEMPORAL ASEO COLOMBIA AMP4","Bien",247,"Haraganes 4  (Compra)",null,null,null,null,97225,null,null,null,null,"13Haraganes 4  (Compra)"]
["13UNION TEMPORAL SERVIASEAMOSPocillos 1 (Compra)",13,"UNION TEMPORAL SERVIASEAMOS","Bien",253,"Pocillos 1 (Compra)",null,null,null,null,14963,null,null,null,null,"13Pocillos 1 (Compra)"]
["13UNIÓN TEMPORAL CCE AMP IV 2022Terno para café  (Compra)",13,"UNIÓN TEMPORAL CCE AMP IV 2022","Bien",255,"Terno para café  (Compra)",null,null,null,null,25891,null,null,null,null,"13Terno para café  (Compra)"]
["13CONSORCIO KIOSVajilla  4 (Compra)",13,"CONSORCIO KIOS","Bien",261,"Vajilla  4 (Compra)",null,null,null,null,189938,null,null,null,null,"13Vajilla  4 (Compra)"]
["13AMERICANA DE SERVICIOS LTDABandeja 2 (Arrendamiento)",13,"AMERICANA DE SERVICIOS LTDA","Bien",266,"Bandeja 2 (Arrendamiento)",null,null,null,null,9828,null,null,null,null,"13Bandeja 2 (Arrendamiento)"]
["13ASECOLBAS LTDABandeja 4 (Arrendamiento)",13,"ASECOLBAS LTDA","Bien",270,"Bandeja 4 (Arrendamiento)",null,null,null,null,220,null,null,null,null,"13Bandeja 4 (Arrendamiento)"]
["13UNION TEMPORAL SERVIASEAMOSBandeja 4 (Compra)",13,"UNION TEMPORAL SERVIASEAMOS","Bien",271,"Bandeja 4 (Compra)",null,null,null,null,20486,null,null,null,null,"13Bandeja 4 (Compra)"]
["13BRILLASEO S.A.SEscurridor para platos (Arrendamiento)",13,"BRILLASEO S.A.S","Bien",278,"Escurridor para platos (Arrendamiento)",null,null,null,null,6606,null,null,null,null,"13Escurridor para platos (Arrendamiento)"]
["13CLEANER S.A.Carro exprimidor de trapero 1 (Compra)",13,"CLEANER S.A.","Bien",282,"Carro exprimidor de trapero 1 (Compra)",null,null,null,null,743448,null,null,null,null,"13Carro exprimidor de trapero 1 (Compra)"]
["13GRUPO GECCarro de bebidas (Compra)",13,"GRUPO GEC","Bien",288,"Carro de bebidas (Compra)",null,null,null,null,803514,null,null,null,null,"13Carro de bebidas (Compra)"]
["13INTERASEO SAS ESPEscalera 2 (Compra)",13,"INTERASEO SAS ESP","Bien",292,"Escalera 2 (Compra)",null,null,null,null,213098,null,null,null,null,"13Escalera 2 (Compra)"]
["13CONSERJES INMOBILIARIOS LTDAEscalera 3 (Compra)",13,"CONSERJES INMOBILIARIOS LTDA","Bien",294,"Escalera 3 (Compra)",null,null,null,null,13692,null,null,null,null,"13Escalera 3 (Compra)"]
["13LIMPIEZA INSTITUCIONAL LASU S.A.S.Mangueras 1 (Compra)",13,"LIMPIEZA INSTITUCIONAL LASU S.A.S.","Bien",300,"Mangueras 1 (Compra)",null,null,null,null,70580,null,null,null,null,"13Mangueras 1 (Compra)"]
["13SERVIASEO S.AMangueras 3 (Compra)",13,"SERVIASEO S.A","Bien",304,"Mangueras 3 (Compra)",null,null,null,null,180481,null,null,null,null,"13Mangueras 3 (Compra)"]
["13UNIÓN TEMPORAL EMINSER SOLOASEO 2023Contenedor de basura 6 (Compra)",13,"UNIÓN TEMPORAL EMINSER SOLOASEO 2023","Bien",310,"Contenedor de basura 6 (Compra)",null,null,null,null,102681,null,null,null,null,"13Contenedor de basura 6 (Compra)"]
["13UNIÓN TEMPORAL ASEO COLOMBIA AMP4Contenedor de basura 8 (Compra)",13,"UNIÓN TEMPORAL ASEO COLOMBIA AMP4","Bien",312,"Contenedor de basura 8 (Compra)",null,null,null,null,136934,null,null,null,null,"13Contenedor de basura 8 (Compra)"]
["13UNIÓN TEMPORAL CCE AMP IV 2022Contenedor de basura 12 (Compra)",13,"UNIÓN TEMPORAL CCE AMP IV 2022","Bien",316,"Contenedor de basura 12 (Compra)",null,null,null,null,141220,null,null,null,null,"13Contenedor de basura 12 (Compra)"]
["13UNION TEMPORAL SERVICIOS A y C COLOMBIAContenedor de basura 18 (Compra)",13,"UNION TEMPORAL SERVICIOS A y C COLOMBIA","Bien",322,"Contenedor de basura 18 (Compra)",null,null,null,null,1998376,null,null,null,null,"13Contenedor de basura 18 (Compra)"]
["13UT GRUPO ADINContenedor de basura 22 (Compra)",13,"UT GRUPO ADIN","Bien",326,"Contenedor de basura 22 (Compra)",null,null,null,null,581621,null,null,null,null,"13Contenedor de basura 22 (Compra)"]
["13COMPAÑÍA DE SERVICIOS Y ADMINISTRACIÓN SA SERDAN SAContenedor de basura 29 (Compra)",13,"COMPAÑÍA DE SERVICIOS Y ADMINISTRACIÓN SA SERDAN SA","Bien",333,"Contenedor de basura 29 (Compra)",null,null,null,null,2472351,null,null,null,null,"13Contenedor de basura 29 (Compra)"]
["13AMERICANA DE SERVICIOS LTDAPunto Ecológico 1 (Compra)",13,"AMERICANA DE SERVICIOS LTDA","Bien",335,"Punto Ecológico 1 (Compra)",null,null,null,null,185426,null,null,null,null,"13Punto Ecológico 1 (Compra)"]
["13ASECOLBAS LTDAPunto Ecológico 5 (Compra)",13,"ASECOLBAS LTDA","Bien",339,"Punto Ecológico 5 (Compra)",null,null,null,null,15434,null,null,null,null,"13Punto Ecológico 5 (Compra)"]
["13CONSORCIO ELITEPapelera residuos peligrosos 1 (Compra)",13,"CONSORCIO ELITE","Bien",345,"Papelera residuos peligrosos 1 (Compra)",null,null,null,null,328067,null,null,null,null,"13Papelera residuos peligrosos 1 (Compra)"]
["13CONSORCIO KIOSSeñales peatonales de prevención y atención 3 (Compra)",13,"CONSORCIO KIOS","Bien",349,"Señales peatonales de prevención y atención 3 (Compra)",null,null,null,null,38754,null,null,null,null,"13Señales peatonales de prevención y atención 3 (Compra)"]
["13UNIÓN TEMPORAL ASEO COLOMBIA AMP4Dispensador de jabón líquido 1 (Compra)",13,"UNIÓN TEMPORAL ASEO COLOMBIA AMP4","Bien",355,"Dispensador de jabón líquido 1 (Compra)",null,null,null,null,194692,null,null,null,null,"13Dispensador de jabón líquido 1 (Compra)"]
["13GRUPO GECDispensador de jabón líquido 3 (Compra)",13,"GRUPO GEC","Bien",357,"Dispensador de jabón líquido 3 (Compra)",null,null,null,null,219359,null,null,null,null,"13Dispensador de jabón líquido 3 (Compra)"]
["13UNIÓN TEMPORAL CLEAN BOGOTÁDispensador de agua con botellón (Compra)",13,"UNIÓN TEMPORAL CLEAN BOGOTÁ","Bien",362,"Dispensador de agua con botellón (Compra)",null,null,null,null,7936574,null,null,null,null,"13Dispensador de agua con botellón (Compra)"]
["13UNION TEMPORAL ECOLIMPIEZA 4GGreca para tintos 3 (Arrendamiento)",13,"UNION TEMPORAL ECOLIMPIEZA 4G","Bien",367,"Greca para tintos 3 (Arrendamiento)",null,null,null,null,42963,null,null,null,null,"13Greca para tintos 3 (Arrendamiento)"]
["13AMERICANA DE SERVICIOS LTDAEstufa 1 (Arrendamiento)",13,"AMERICANA DE SERVICIOS LTDA","Bien",374,"Estufa 1 (Arrendamiento)",null,null,null,null,17307,null,null,null,null,"13Estufa 1 (Arrendamiento)"]
["13ASECOLBAS LTDAExtensión eléctrica 1 (Compra)",13,"ASECOLBAS LTDA","Bien",378,"Extensión eléctrica 1 (Compra)",null,null,null,null,8869,null,null,null,null,"13Extensión eléctrica 1 (Compra)"]
["13UNION TEMPORAL SERVIASEAMOSExtensión eléctrica 2 (Compra)",13,"UNION TEMPORAL SERVIASEAMOS","Bien",379,"Extensión eléctrica 2 (Compra)",null,null,null,null,467275,null,null,null,null,"13Extensión eléctrica 2 (Compra)"]
["13UNION TEMPORAL SERVICIOS A y C COLOMBIAAspiradora 2 (Compra)",13,"UNION TEMPORAL SERVICIOS A y C COLOMBIA","Bien",383,"Aspiradora 2 (Compra)",null,null,null,null,8886581,null,null,null,null,"13Aspiradora 2 (Compra)"]
["13CLEANER S.A.Lavadora de alfombras y tapetes 1 (Arrendamiento)",13,"CLEANER S.A.","Bien",390,"Lavadora de alfombras y tapetes 1 (Arrendamiento)",null,null,null,null,110870,null,null,null,null,"13Lavadora de alfombras y tapetes 1 (Arrendamiento)"]
["13GRUPO GECSopladora de hojas (Arrendamiento)",13,"GRUPO GEC","Bien",396,"Sopladora de hojas (Arrendamiento)",null,null,null,null,176774,null,null,null,null,"13Sopladora de hojas (Arrendamiento)"]
["13INTERASEO SAS ESPGirador Manual (Compra)",13,"INTERASEO SAS ESP","Bien",400,"Girador Manual (Compra)",null,null,null,null,90982,null,null,null,null,"13Girador Manual (Compra)"]
["13CONSERJES INMOBILIARIOS LTDACortadora de cesped  (Arrendamiento)",13,"CONSERJES INMOBILIARIOS LTDA","Bien",402,"Cortadora de cesped  (Arrendamiento)",null,null,null,null,160006,null,null,null,null,"13Cortadora de cesped  (Arrendamiento)"]
["14LIMPIEZA INSTITUCIONAL LASU S.A.S.Porcentaje de AIU",14,"LIMPIEZA INSTITUCIONAL LASU S.A.S.","Administracion","Porcentaje de AIU","Porcentaje de AIU",null,null,null,null,0.1,null,null,null,null,"14Porcentaje de AIU"]
["14SERVIASEO S.AOperario de mantenimiento",14,"SERVIASEO S.A","Servicio","Operario de mantenimiento","Operario de mantenimiento",null,null,null,null,2465868,null,null,null,null,"14Operario de mantenimiento"]
["14CONSORCIO KIOSCoordinador de tiempo completo",14,"CONSORCIO KIOS","Servicio","Coordinador de tiempo completo","Coordinador de tiempo completo",null,null,null,null,2465868,null,null,null,null,"14Coordinador de tiempo completo"]
["14UNION TEMPORAL SERVIASEAMOSTurno coordinador de trabajo en alturas nivel básico",14,"UNION TEMPORAL SERVIASEAMOS","Servicio","Turno coordinador de trabajo en alturas nivel básico","Turno coordinador de trabajo en alturas nivel básico",null,null,null,null,277098,null,null,null,null,"14Turno coordinador de trabajo en alturas nivel básico"]
["14UNIÓN TEMPORAL CCE AMP IV 2022Operario de mantenimiento MT",14,"UNIÓN TEMPORAL CCE AMP IV 2022","Servicio","Operario de mantenimiento MT","Operario de mantenimiento MT",null,null,null,null,1527017,null,null,null,null,"14Operario de mantenimiento MT"]
["14UNION TEMPORAL SERVICIOS A y C COLOMBIAJardinero capacitado para trabajo en alturas MT",14,"UNION TEMPORAL SERVICIOS A y C COLOMBIA","Servicio","Jardinero capacitado para trabajo en alturas MT","Jardinero capacitado para trabajo en alturas MT",null,null,null,null,2534846,null,null,null,null,"14Jardinero capacitado para trabajo en alturas MT"]
["14UT GRUPO ADINJabón para loza 3 (Compra)",14,"UT GRUPO ADIN","Bien",3,"Jabón para loza 3 (Compra)",null,null,null,null,10976,null,null,null,null,"14Jabón para loza 3 (Compra)"]
["14UNION TEMPORAL ECOLIMPIEZA 4GJabón en barra (Compra)",14,"UNION TEMPORAL ECOLIMPIEZA 4G","Bien",5,"Jabón en barra (Compra)",null,null,null,null,3760,null,null,null,null,"14Jabón en barra (Compra)"]
["14CONSERJES INMOBILIARIOS LTDADispensador de gel antibacterial para manos (Compra)",14,"CONSERJES INMOBILIARIOS LTDA","Bien",14,"Dispensador de gel antibacterial para manos (Compra)",null,null,null,null,32038,null,null,null,null,"14Dispensador de gel antibacterial para manos (Compra)"]
["14ASECOLBAS LTDALimpiador multiusos 2 (Compra)",14,"ASECOLBAS LTDA","Bien",16,"Limpiador multiusos 2 (Compra)",null,null,null,null,4265,null,null,null,null,"14Limpiador multiusos 2 (Compra)"]
["14CONSORCIO ELITELimpiador desinfectante para uso general 1 (Compra)",14,"CONSORCIO ELITE","Bien",22,"Limpiador desinfectante para uso general 1 (Compra)",null,null,null,null,53120,null,null,null,null,"14Limpiador desinfectante para uso general 1 (Compra)"]
["14CONSORCIO KIOSPastilla desinfectante para sanitario (Compra)",14,"CONSORCIO KIOS","Bien",26,"Pastilla desinfectante para sanitario (Compra)",null,null,null,null,9642,null,null,null,null,"14Pastilla desinfectante para sanitario (Compra)"]
["14ASECOLBAS LTDABlanqueador o hipoclorito 1 (Compra)",14,"ASECOLBAS LTDA","Bien",30,"Blanqueador o hipoclorito 1 (Compra)",null,null,null,null,7052,null,null,null,null,"14Blanqueador o hipoclorito 1 (Compra)"]
["14INTERASEO SAS ESPAlcohol industrial 2 (Compra)",14,"INTERASEO SAS ESP","Bien",34,"Alcohol industrial 2 (Compra)",null,null,null,null,13505,null,null,null,null,"14Alcohol industrial 2 (Compra)"]
["14LIMPIEZA INSTITUCIONAL LASU S.A.S.Líquido para limpiar equipos de oficina 2 (Compra)",14,"LIMPIEZA INSTITUCIONAL LASU S.A.S.","Bien",38,"Líquido para limpiar equipos de oficina 2 (Compra)",null,null,null,null,2463,null,null,null,null,"14Líquido para limpiar equipos de oficina 2 (Compra)"]
["14UNION TEMPORAL ECOLIMPIEZA 4GCera polimérica (Compra)",14,"UNION TEMPORAL ECOLIMPIEZA 4G","Bien",44,"Cera polimérica (Compra)",null,null,null,null,35414,null,null,null,null,"14Cera polimérica (Compra)"]
["14UNIÓN TEMPORAL EMINSER SOLOASEO 2023Sellante para pisos (Compra)",14,"UNIÓN TEMPORAL EMINSER SOLOASEO 2023","Bien",48,"Sellante para pisos (Compra)",null,null,null,null,133766,null,null,null,null,"14Sellante para pisos (Compra)"]
["14UNIÓN TEMPORAL ASEO COLOMBIA AMP4Removedor de cera (Compra)",14,"UNIÓN TEMPORAL ASEO COLOMBIA AMP4","Bien",50,"Removedor de cera (Compra)",null,null,null,null,24749,null,null,null,null,"14Removedor de cera (Compra)"]
["14UNION TEMPORAL SERVIASEAMOSDesmanchador multiusos (Compra)",14,"UNION TEMPORAL SERVIASEAMOS","Bien",56,"Desmanchador multiusos (Compra)",null,null,null,null,14241,null,null,null,null,"14Desmanchador multiusos (Compra)"]
["14UNION TEMPORAL SERVICIOS A y C COLOMBIAAmbientador 1 (Compra)",14,"UNION TEMPORAL SERVICIOS A y C COLOMBIA","Bien",60,"Ambientador 1 (Compra)",null,null,null,null,46122,null,null,null,null,"14Ambientador 1 (Compra)"]
["14CLEANER S.A.Limpiones 4 (Compra)",14,"CLEANER S.A.","Bien",67,"Limpiones 4 (Compra)",null,null,null,null,9722,null,null,null,null,"14Limpiones 4 (Compra)"]
["14UT GRUPO ADINLimpiones 5 (Compra)",14,"UT GRUPO ADIN","Bien",68,"Limpiones 5 (Compra)",null,null,null,null,13803,null,null,null,null,"14Limpiones 5 (Compra)"]
["14AMERICANA DE SERVICIOS LTDAPaño absorbente multiusos 2 (Compra)",14,"AMERICANA DE SERVICIOS LTDA","Bien",73,"Paño absorbente multiusos 2 (Compra)",null,null,null,null,23920,null,null,null,null,"14Paño absorbente multiusos 2 (Compra)"]
["14CONSERJES INMOBILIARIOS LTDAEsponjilla 5 (Compra)",14,"CONSERJES INMOBILIARIOS LTDA","Bien",79,"Esponjilla 5 (Compra)",null,null,null,null,226,null,null,null,null,"14Esponjilla 5 (Compra)"]
["14CONSORCIO ELITEEscoba 2 (Compra)",14,"CONSORCIO ELITE","Bien",83,"Escoba 2 (Compra)",null,null,null,null,19384,null,null,null,null,"14Escoba 2 (Compra)"]
["14SERVIASEO S.ACepillos 1 (Compra)",14,"SERVIASEO S.A","Bien",89,"Cepillos 1 (Compra)",null,null,null,null,2967,null,null,null,null,"14Cepillos 1 (Compra)"]
["14CONSORCIO KIOSCepillos 3 (Compra)",14,"CONSORCIO KIOS","Bien",91,"Cepillos 3 (Compra)",null,null,null,null,32512,null,null,null,null,"14Cepillos 3 (Compra)"]
["14GRUPO GECTrapero 4 (Compra)",14,"GRUPO GEC","Bien",95,"Trapero 4 (Compra)",null,null,null,null,23302,null,null,null,null,"14Trapero 4 (Compra)"]
["14UNIÓN TEMPORAL CCE AMP IV 2022Pads 3 (Compra)",14,"UNIÓN TEMPORAL CCE AMP IV 2022","Bien",101,"Pads 3 (Compra)",null,null,null,null,49427,null,null,null,null,"14Pads 3 (Compra)"]
["14UNIÓN TEMPORAL CLEAN BOGOTÁBoneth 2 (Compra)",14,"UNIÓN TEMPORAL CLEAN BOGOTÁ","Bien",105,"Boneth 2 (Compra)",null,null,null,null,650218,null,null,null,null,"14Boneth 2 (Compra)"]
["14UT GRUPO ADINBolsas plásticas 7 (Compra)",14,"UT GRUPO ADIN","Bien",111,"Bolsas plásticas 7 (Compra)",null,null,null,null,1285,null,null,null,null,"14Bolsas plásticas 7 (Compra)"]
["14UNION TEMPORAL ECOLIMPIEZA 4GBolsas plásticas 9 (Compra)",14,"UNION TEMPORAL ECOLIMPIEZA 4G","Bien",113,"Bolsas plásticas 9 (Compra)",null,null,null,null,4253,null,null,null,null,"14Bolsas plásticas 9 (Compra)"]
["14UNIÓN TEMPORAL EMINSER SOLOASEO 2023Bolsas plásticas 14 (Compra)",14,"UNIÓN TEMPORAL EMINSER SOLOASEO 2023","Bien",117,"Bolsas plásticas 14 (Compra)",null,null,null,null,4138,null,null,null,null,"14Bolsas plásticas 14 (Compra)"]
["14ASECOLBAS LTDABolsas plásticas 21 (Compra)",14,"ASECOLBAS LTDA","Bien",124,"Bolsas plásticas 21 (Compra)",null,null,null,null,5495,null,null,null,null,"14Bolsas plásticas 21 (Compra)"]
["14GRUPO GECBolsas plásticas 25 (Compra)",14,"GRUPO GEC","Bien",128,"Bolsas plásticas 25 (Compra)",null,null,null,null,9320,null,null,null,null,"14Bolsas plásticas 25 (Compra)"]
["14GRUPO GECGuantes 5 (Compra)",14,"GRUPO GEC","Bien",134,"Guantes 5 (Compra)",null,null,null,null,8999,null,null,null,null,"14Guantes 5 (Compra)"]
["14COMPAÑÍA DE SERVICIOS Y ADMINISTRACIÓN SA SERDAN SAGuantes 7 (Compra)",14,"COMPAÑÍA DE SERVICIOS Y ADMINISTRACIÓN SA SERDAN SA","Bien",136,"Guantes 7 (Compra)",null,null,null,null,10372,null,null,null,null,"14Guantes 7 (Compra)"]
["14CONSERJES INMOBILIARIOS LTDATapabocas 2 (Compra)",14,"CONSERJES INMOBILIARIOS LTDA","Bien",140,"Tapabocas 2 (Compra)",null,null,null,null,37779,null,null,null,null,"14Tapabocas 2 (Compra)"]
["14LIMPIEZA INSTITUCIONAL LASU S.A.S.Toallas para manos 1 (Compra)",14,"LIMPIEZA INSTITUCIONAL LASU S.A.S.","Bien",146,"Toallas para manos 1 (Compra)",null,null,null,null,21594,null,null,null,null,"14Toallas para manos 1 (Compra)"]
["14CONSORCIO ELITEToallas para manos 3 (Compra)",14,"CONSORCIO ELITE","Bien",148,"Toallas para manos 3 (Compra)",null,null,null,null,166338,null,null,null,null,"14Toallas para manos 3 (Compra)"]
["14UNIÓN TEMPORAL EMINSER SOLOASEO 2023Vasos biodegradables 2 (Compra)",14,"UNIÓN TEMPORAL EMINSER SOLOASEO 2023","Bien",156,"Vasos biodegradables 2 (Compra)",null,null,null,null,11900,null,null,null,null,"14Vasos biodegradables 2 (Compra)"]
["14UNIÓN TEMPORAL ASEO COLOMBIA AMP4Vasos biodegradables 4 (Compra)",14,"UNIÓN TEMPORAL ASEO COLOMBIA AMP4","Bien",158,"Vasos biodegradables 4 (Compra)",null,null,null,null,29698,null,null,null,null,"14Vasos biodegradables 4 (Compra)"]
["14UNIÓN TEMPORAL CCE AMP IV 2022Filtro para greca 2 (Compra)",14,"UNIÓN TEMPORAL CCE AMP IV 2022","Bien",162,"Filtro para greca 2 (Compra)",null,null,null,null,9414,null,null,null,null,"14Filtro para greca 2 (Compra)"]
["14UNION TEMPORAL SERVICIOS A y C COLOMBIATermo para café 1 (Compra)",14,"UNION TEMPORAL SERVICIOS A y C COLOMBIA","Bien",168,"Termo para café 1 (Compra)",null,null,null,null,207492,null,null,null,null,"14Termo para café 1 (Compra)"]
["14UNIÓN TEMPORAL CLEAN BOGOTÁCafé 1 (Compra)",14,"UNIÓN TEMPORAL CLEAN BOGOTÁ","Bien",170,"Café 1 (Compra)",null,null,null,null,158772,null,null,null,null,"14Café 1 (Compra)"]
["14UNION TEMPORAL ECOLIMPIEZA 4GCrema para café (Compra)",14,"UNION TEMPORAL ECOLIMPIEZA 4G","Bien",174,"Crema para café (Compra)",null,null,null,null,23199,null,null,null,null,"14Crema para café (Compra)"]
["14AMERICANA DE SERVICIOS LTDASal 1 (Compra)",14,"AMERICANA DE SERVICIOS LTDA","Bien",181,"Sal 1 (Compra)",null,null,null,null,1520,null,null,null,null,"14Sal 1 (Compra)"]
["14CONSERJES INMOBILIARIOS LTDABebida de panela (Compra)",14,"CONSERJES INMOBILIARIOS LTDA","Bien",187,"Bebida de panela (Compra)",null,null,null,null,6969,null,null,null,null,"14Bebida de panela (Compra)"]
["14CONSORCIO ELITEAgua potable 2 (Compra)",14,"CONSORCIO ELITE","Bien",191,"Agua potable 2 (Compra)",null,null,null,null,13122,null,null,null,null,"14Agua potable 2 (Compra)"]
["14BRILLASEO S.A.SAgua potable 4 (Compra)",14,"BRILLASEO S.A.S","Bien",193,"Agua potable 4 (Compra)",null,null,null,null,22499,null,null,null,null,"14Agua potable 4 (Compra)"]
["14CLEANER S.A.Brillador 1 (Compra)",14,"CLEANER S.A.","Bien",197,"Brillador 1 (Compra)",null,null,null,null,69883,null,null,null,null,"14Brillador 1 (Compra)"]
["14GRUPO GECRastrillo 1 (Compra)",14,"GRUPO GEC","Bien",203,"Rastrillo 1 (Compra)",null,null,null,null,22499,null,null,null,null,"14Rastrillo 1 (Compra)"]
["14UNIÓN TEMPORAL CCE AMP IV 2022Caneca para almacenar ropa sucia  (Compra)",14,"UNIÓN TEMPORAL CCE AMP IV 2022","Bien",209,"Caneca para almacenar ropa sucia  (Compra)",null,null,null,null,61325,null,null,null,null,"14Caneca para almacenar ropa sucia  (Compra)"]
["14UNIÓN TEMPORAL CLEAN BOGOTÁVasos  2 (Compra)",14,"UNIÓN TEMPORAL CLEAN BOGOTÁ","Bien",213,"Vasos  2 (Compra)",null,null,null,null,22303,null,null,null,null,"14Vasos  2 (Compra)"]
["14LIMPIEZA INSTITUCIONAL LASU S.A.S.Tenedor  (Compra)",14,"LIMPIEZA INSTITUCIONAL LASU S.A.S.","Bien",215,"Tenedor  (Compra)",null,null,null,null,5382,null,null,null,null,"14Tenedor  (Compra)"]
["14UNION TEMPORAL ECOLIMPIEZA 4GPlatos  2 (Compra)",14,"UNION TEMPORAL ECOLIMPIEZA 4G","Bien",221,"Platos  2 (Compra)",null,null,null,null,21287,null,null,null,null,"14Platos  2 (Compra)"]
["14ASECOLBAS LTDAPlatos  5 (Arrendamiento)",14,"ASECOLBAS LTDA","Bien",226,"Platos  5 (Arrendamiento)",null,null,null,null,12136,null,null,null,null,"14Platos  5 (Arrendamiento)"]
["14BRILLASEO S.A.STerno para café (Compra)",14,"BRILLASEO S.A.S","Bien",232,"Terno para café (Compra)",null,null,null,null,18821,null,null,null,null,"14Terno para café (Compra)"]
["14CLEANER S.A.Vajilla  2 (Compra)",14,"CLEANER S.A.","Bien",236,"Vajilla  2 (Compra)",null,null,null,null,155758,null,null,null,null,"14Vajilla  2 (Compra)"]
["14UT GRUPO ADINCuchillo de cocina  (Compra)",14,"UT GRUPO ADIN","Bien",237,"Cuchillo de cocina  (Compra)",null,null,null,null,39371,null,null,null,null,"14Cuchillo de cocina  (Compra)"]
["14COMPAÑÍA DE SERVICIOS Y ADMINISTRACIÓN SA SERDAN SAHaraganes 1  (Compra)",14,"COMPAÑÍA DE SERVICIOS Y ADMINISTRACIÓN SA SERDAN SA","Bien",244,"Haraganes 1  (Compra)",null,null,null,null,15241,null,null,null,null,"14Haraganes 1  (Compra)"]
["14CONSERJES INMOBILIARIOS LTDABalde (Arrendamiento)",14,"CONSERJES INMOBILIARIOS LTDA","Bien",248,"Balde (Arrendamiento)",null,null,null,null,8694,null,null,null,null,"14Balde (Arrendamiento)"]
["14LIMPIEZA INSTITUCIONAL LASU S.A.S.Terno para café  (Arrendamiento)",14,"LIMPIEZA INSTITUCIONAL LASU S.A.S.","Bien",254,"Terno para café  (Arrendamiento)",null,null,null,null,7976,null,null,null,null,"14Terno para café  (Arrendamiento)"]
["14SERVIASEO S.AVajilla  3 (Arrendamiento)",14,"SERVIASEO S.A","Bien",258,"Vajilla  3 (Arrendamiento)",null,null,null,null,75406,null,null,null,null,"14Vajilla  3 (Arrendamiento)"]
["14CONSORCIO KIOSVajilla  4 (Arrendamiento)",14,"CONSORCIO KIOS","Bien",260,"Vajilla  4 (Arrendamiento)",null,null,null,null,45497,null,null,null,null,"14Vajilla  4 (Arrendamiento)"]
["14UNIÓN TEMPORAL ASEO COLOMBIA AMP4Bandeja 2 (Arrendamiento)",14,"UNIÓN TEMPORAL ASEO COLOMBIA AMP4","Bien",266,"Bandeja 2 (Arrendamiento)",null,null,null,null,22877,null,null,null,null,"14Bandeja 2 (Arrendamiento)"]
["14UNIÓN TEMPORAL CCE AMP IV 2022Bandeja 4 (Arrendamiento)",14,"UNIÓN TEMPORAL CCE AMP IV 2022","Bien",270,"Bandeja 4 (Arrendamiento)",null,null,null,null,9414,null,null,null,null,"14Bandeja 4 (Arrendamiento)"]
["14UNION TEMPORAL SERVICIOS A y C COLOMBIAOlla 2 (Arrendamiento)",14,"UNION TEMPORAL SERVICIOS A y C COLOMBIA","Bien",276,"Olla 2 (Arrendamiento)",null,null,null,null,39743,null,null,null,null,"14Olla 2 (Arrendamiento)"]
["14UNIÓN TEMPORAL CLEAN BOGOTÁEscurridor para platos (Arrendamiento)",14,"UNIÓN TEMPORAL CLEAN BOGOTÁ","Bien",278,"Escurridor para platos (Arrendamiento)",null,null,null,null,33118,null,null,null,null,"14Escurridor para platos (Arrendamiento)"]
["14UNION TEMPORAL ECOLIMPIEZA 4GCarro exprimidor de trapero 1 (Compra)",14,"UNION TEMPORAL ECOLIMPIEZA 4G","Bien",282,"Carro exprimidor de trapero 1 (Compra)",null,null,null,null,311343,null,null,null,null,"14Carro exprimidor de trapero 1 (Compra)"]
["14AMERICANA DE SERVICIOS LTDAEscalera 1 (Arrendamiento)",14,"AMERICANA DE SERVICIOS LTDA","Bien",289,"Escalera 1 (Arrendamiento)",null,null,null,null,5192,null,null,null,null,"14Escalera 1 (Arrendamiento)"]
["14ASECOLBAS LTDAEscalera 3 (Arrendamiento)",14,"ASECOLBAS LTDA","Bien",293,"Escalera 3 (Arrendamiento)",null,null,null,null,11980,null,null,null,null,"14Escalera 3 (Arrendamiento)"]
["14CONSORCIO ELITEMangueras 1 (Arrendamiento)",14,"CONSORCIO ELITE","Bien",299,"Mangueras 1 (Arrendamiento)",null,null,null,null,62198,null,null,null,null,"14Mangueras 1 (Arrendamiento)"]
["14BRILLASEO S.A.SMangueras 2 (Arrendamiento)",14,"BRILLASEO S.A.S","Bien",301,"Mangueras 2 (Arrendamiento)",null,null,null,null,30286,null,null,null,null,"14Mangueras 2 (Arrendamiento)"]
["14CLEANER S.A.Contenedor de basura 1 (Compra)",14,"CLEANER S.A.","Bien",305,"Contenedor de basura 1 (Compra)",null,null,null,null,101569,null,null,null,null,"14Contenedor de basura 1 (Compra)"]
["14GRUPO GECContenedor de basura 7 (Compra)",14,"GRUPO GEC","Bien",311,"Contenedor de basura 7 (Compra)",null,null,null,null,65888,null,null,null,null,"14Contenedor de basura 7 (Compra)"]
["14COMPAÑÍA DE SERVICIOS Y ADMINISTRACIÓN SA SERDAN SAContenedor de basura 9 (Compra)",14,"COMPAÑÍA DE SERVICIOS Y ADMINISTRACIÓN SA SERDAN SA","Bien",313,"Contenedor de basura 9 (Compra)",null,null,null,null,96576,null,null,null,null,"14Contenedor de basura 9 (Compra)"]
["14CONSERJES INMOBILIARIOS LTDAContenedor de basura 13 (Compra)",14,"CONSERJES INMOBILIARIOS LTDA","Bien",317,"Contenedor de basura 13 (Compra)",null,null,null,null,6538,null,null,null,null,"14Contenedor de basura 13 (Compra)"]
["14GRUPO GECContenedor de basura 20 (Compra)",14,"GRUPO GEC","Bien",324,"Contenedor de basura 20 (Compra)",null,null,null,null,819585,null,null,null,null,"14Contenedor de basura 20 (Compra)"]
["14UNIÓN TEMPORAL ASEO COLOMBIA AMP4Contenedor de basura 23 (Compra)",14,"UNIÓN TEMPORAL ASEO COLOMBIA AMP4","Bien",327,"Contenedor de basura 23 (Compra)",null,null,null,null,1379275,null,null,null,null,"14Contenedor de basura 23 (Compra)"]
["14UNION TEMPORAL SERVIASEAMOSContenedor de basura 29 (Compra)",14,"UNION TEMPORAL SERVIASEAMOS","Bien",333,"Contenedor de basura 29 (Compra)",null,null,null,null,4916357,null,null,null,null,"14Contenedor de basura 29 (Compra)"]
["14UNIÓN TEMPORAL CCE AMP IV 2022Punto Ecológico 1 (Compra)",14,"UNIÓN TEMPORAL CCE AMP IV 2022","Bien",335,"Punto Ecológico 1 (Compra)",null,null,null,null,470736,null,null,null,null,"14Punto Ecológico 1 (Compra)"]
["14UNIÓN TEMPORAL CLEAN BOGOTÁPunto Ecológico 5 (Compra)",14,"UNIÓN TEMPORAL CLEAN BOGOTÁ","Bien",339,"Punto Ecológico 5 (Compra)",null,null,null,null,5088819,null,null,null,null,"14Punto Ecológico 5 (Compra)"]
["14UT GRUPO ADINPapelera residuos peligrosos 1 (Compra)",14,"UT GRUPO ADIN","Bien",345,"Papelera residuos peligrosos 1 (Compra)",null,null,null,null,59954,null,null,null,null,"14Papelera residuos peligrosos 1 (Compra)"]
["14AMERICANA DE SERVICIOS LTDADispensador para papel higiénico 1 (Compra)",14,"AMERICANA DE SERVICIOS LTDA","Bien",350,"Dispensador para papel higiénico 1 (Compra)",null,null,null,null,51919,null,null,null,null,"14Dispensador para papel higiénico 1 (Compra)"]
["14CONSERJES INMOBILIARIOS LTDADispensador de jabón líquido 2 (Compra)",14,"CONSERJES INMOBILIARIOS LTDA","Bien",356,"Dispensador de jabón líquido 2 (Compra)",null,null,null,null,4162,null,null,null,null,"14Dispensador de jabón líquido 2 (Compra)"]
["14ASECOLBAS LTDADispensador de jabón líquido 4 (Compra)",14,"ASECOLBAS LTDA","Bien",358,"Dispensador de jabón líquido 4 (Compra)",null,null,null,null,17129,null,null,null,null,"14Dispensador de jabón líquido 4 (Compra)"]
["14BRILLASEO S.A.SDispensador de agua con botellón (Compra)",14,"BRILLASEO S.A.S","Bien",362,"Dispensador de agua con botellón (Compra)",null,null,null,null,1176839,null,null,null,null,"14Dispensador de agua con botellón (Compra)"]
["14CONSORCIO KIOSGreca para tintos 3 (Compra)",14,"CONSORCIO KIOS","Bien",368,"Greca para tintos 3 (Compra)",null,null,null,null,1155824,null,null,null,null,"14Greca para tintos 3 (Compra)"]
["14UNIÓN TEMPORAL ASEO COLOMBIA AMP4Estufa 1 (Arrendamiento)",14,"UNIÓN TEMPORAL ASEO COLOMBIA AMP4","Bien",374,"Estufa 1 (Arrendamiento)",null,null,null,null,53440,null,null,null,null,"14Estufa 1 (Arrendamiento)"]
["14UNIÓN TEMPORAL CCE AMP IV 2022Extensión eléctrica 1 (Compra)",14,"UNIÓN TEMPORAL CCE AMP IV 2022","Bien",378,"Extensión eléctrica 1 (Compra)",null,null,null,null,941471,null,null,null,null,"14Extensión eléctrica 1 (Compra)"]
["14INTERASEO SAS ESPAspiradora 1 (Arrendamiento)",14,"INTERASEO SAS ESP","Bien",380,"Aspiradora 1 (Arrendamiento)",null,null,null,null,92404,null,null,null,null,"14Aspiradora 1 (Arrendamiento)"]
["14LIMPIEZA INSTITUCIONAL LASU S.A.S.Lavabrilladora de pisos 1 (Arrendamiento)",14,"LIMPIEZA INSTITUCIONAL LASU S.A.S.","Bien",384,"Lavabrilladora de pisos 1 (Arrendamiento)",null,null,null,null,275668,null,null,null,null,"14Lavabrilladora de pisos 1 (Arrendamiento)"]
["14UNION TEMPORAL ECOLIMPIEZA 4GLavadora de alfombras y tapetes 1 (Arrendamiento)",14,"UNION TEMPORAL ECOLIMPIEZA 4G","Bien",390,"Lavadora de alfombras y tapetes 1 (Arrendamiento)",null,null,null,null,209046,null,null,null,null,"14Lavadora de alfombras y tapetes 1 (Arrendamiento)"]
["14AMERICANA DE SERVICIOS LTDASopladora de hojas (Compra)",14,"AMERICANA DE SERVICIOS LTDA","Bien",397,"Sopladora de hojas (Compra)",null,null,null,null,1483410,null,null,null,null,"14Sopladora de hojas (Compra)"]
["14ASECOLBAS LTDASonda para fregaderos (Compra)",14,"ASECOLBAS LTDA","Bien",401,"Sonda para fregaderos (Compra)",null,null,null,null,87133,null,null,null,null,"14Sonda para fregaderos (Compra)"]
["14UNION TEMPORAL SERVIASEAMOSCortadora de cesped  (Arrendamiento)",14,"UNION TEMPORAL SERVIASEAMOS","Bien",402,"Cortadora de cesped  (Arrendamiento)",null,null,null,null,205514,null,null,null,null,"14Cortadora de cesped  (Arrendamiento)"]
["14UNION TEMPORAL SERVICIOS A y C COLOMBIAMotobombas (Arrendamiento)",14,"UNION TEMPORAL SERVICIOS A y C COLOMBIA","Bien",406,"Motobombas (Arrendamiento)",null,null,null,null,596071,null,null,null,null,"14Motobombas (Arrendamiento)"]
["15CLEANER S.A.Operario auxiliar",15,"CLEANER S.A.","Servicio","Operario auxiliar","Operario auxiliar",null,null,null,null,2465868,null,null,null,null,"15Operario auxiliar"]
["15GRUPO GECCoordinador de trabajo en alturas",15,"GRUPO GEC","Servicio","Coordinador de trabajo en alturas","Coordinador de trabajo en alturas",null,null,null,null,5329264,null,null,null,null,"15Coordinador de trabajo en alturas"]
["15INTERASEO SAS ESPOperario de aseo y cafetería MT",15,"INTERASEO SAS ESP","Servicio","Operario de aseo y cafetería MT","Operario de aseo y cafetería MT",null,null,null,null,1578156,null,null,null,null,"15Operario de aseo y cafetería MT"]
["15UNION TEMPORAL ECOLIMPIEZA 4GOperario auxiliar MT",15,"UNION TEMPORAL ECOLIMPIEZA 4G","Servicio","Operario auxiliar MT","Operario auxiliar MT",null,null,null,null,1527017,null,null,null,null,"15Operario auxiliar MT"]
["15SERVIASEO S.ACoordinador de trabajo en alturas MT",15,"SERVIASEO S.A","Servicio","Coordinador de trabajo en alturas MT","Coordinador de trabajo en alturas MT",null,null,null,null,1500286,null,null,null,null,"15Coordinador de trabajo en alturas MT"]
["15UNIÓN TEMPORAL ASEO COLOMBIA AMP4Jabón para loza 4 (Compra)",15,"UNIÓN TEMPORAL ASEO COLOMBIA AMP4","Bien",4,"Jabón para loza 4 (Compra)",null,null,null,null,12261,null,null,null,null,"15Jabón para loza 4 (Compra)"]
["15GRUPO GECJabón en barra azul (Compra)",15,"GRUPO GEC","Bien",6,"Jabón en barra azul (Compra)",null,null,null,null,4178,null,null,null,null,"15Jabón en barra azul (Compra)"]
["15UNION TEMPORAL SERVICIOS A y C COLOMBIADispensador de gel antibacterial para manos (Compra)",15,"UNION TEMPORAL SERVICIOS A y C COLOMBIA","Bien",14,"Dispensador de gel antibacterial para manos (Compra)",null,null,null,null,149874,null,null,null,null,"15Dispensador de gel antibacterial para manos (Compra)"]
["15UNIÓN TEMPORAL CLEAN BOGOTÁLimpiador multiusos 2 (Compra)",15,"UNIÓN TEMPORAL CLEAN BOGOTÁ","Bien",16,"Limpiador multiusos 2 (Compra)",null,null,null,null,21589,null,null,null,null,"15Limpiador multiusos 2 (Compra)"]
["15UT GRUPO ADINLimpiador desinfectante para uso general 1 (Compra)",15,"UT GRUPO ADIN","Bien",22,"Limpiador desinfectante para uso general 1 (Compra)",null,null,null,null,14738,null,null,null,null,"15Limpiador desinfectante para uso general 1 (Compra)"]
["15AMERICANA DE SERVICIOS LTDALíquido para limpiar vidrios 1 (Compra)",15,"AMERICANA DE SERVICIOS LTDA","Bien",27,"Líquido para limpiar vidrios 1 (Compra)",null,null,null,null,13293,null,null,null,null,"15Líquido para limpiar vidrios 1 (Compra)"]
["15UNIÓN TEMPORAL EMINSER SOLOASEO 2023Líquido para limpiar vidrios 2 (Compra)",15,"UNIÓN TEMPORAL EMINSER SOLOASEO 2023","Bien",28,"Líquido para limpiar vidrios 2 (Compra)",null,null,null,null,8735,null,null,null,null,"15Líquido para limpiar vidrios 2 (Compra)"]
["15ASECOLBAS LTDACreolina 1 (Compra)",15,"ASECOLBAS LTDA","Bien",35,"Creolina 1 (Compra)",null,null,null,null,3613,null,null,null,null,"15Creolina 1 (Compra)"]
["15BRILLASEO S.A.SChampú para alfombras y tapizados 1 (Compra)",15,"BRILLASEO S.A.S","Bien",39,"Champú para alfombras y tapizados 1 (Compra)",null,null,null,null,17260,null,null,null,null,"15Champú para alfombras y tapizados 1 (Compra)"]
["15CONSORCIO KIOSCera emulsionada Neutra (Compra)",15,"CONSORCIO KIOS","Bien",45,"Cera emulsionada Neutra (Compra)",null,null,null,null,20211,null,null,null,null,"15Cera emulsionada Neutra (Compra)"]
["15GRUPO GECMantenedor de pisos (Compra)",15,"GRUPO GEC","Bien",49,"Mantenedor de pisos (Compra)",null,null,null,null,44997,null,null,null,null,"15Mantenedor de pisos (Compra)"]
["15COMPAÑÍA DE SERVICIOS Y ADMINISTRACIÓN SA SERDAN SAAbrillantador para piso laminado (Compra)",15,"COMPAÑÍA DE SERVICIOS Y ADMINISTRACIÓN SA SERDAN SA","Bien",51,"Abrillantador para piso laminado (Compra)",null,null,null,null,24610,null,null,null,null,"15Abrillantador para piso laminado (Compra)"]
["15INTERASEO SAS ESPBrillametal en crema (Compra)",15,"INTERASEO SAS ESP","Bien",57,"Brillametal en crema (Compra)",null,null,null,null,8245,null,null,null,null,"15Brillametal en crema (Compra)"]
["15LIMPIEZA INSTITUCIONAL LASU S.A.S.Ambientador 2 (Compra)",15,"LIMPIEZA INSTITUCIONAL LASU S.A.S.","Bien",61,"Ambientador 2 (Compra)",null,null,null,null,9642,null,null,null,null,"15Ambientador 2 (Compra)"]
["15UNION TEMPORAL ECOLIMPIEZA 4GLimpiones 4 (Compra)",15,"UNION TEMPORAL ECOLIMPIEZA 4G","Bien",67,"Limpiones 4 (Compra)",null,null,null,null,14210,null,null,null,null,"15Limpiones 4 (Compra)"]
["15UNIÓN TEMPORAL EMINSER SOLOASEO 2023Toalla en tela blanca para pisos por metro (repuesto de haraganes) (Compra)",15,"UNIÓN TEMPORAL EMINSER SOLOASEO 2023","Bien",71,"Toalla en tela blanca para pisos por metro (repuesto de haraganes) (Compra)",null,null,null,null,27582,null,null,null,null,"15Toalla en tela blanca para pisos por metro (repuesto de haraganes) (Compra)"]
["15UNIÓN TEMPORAL ASEO COLOMBIA AMP4Paño absorbente multiusos 2 (Compra)",15,"UNIÓN TEMPORAL ASEO COLOMBIA AMP4","Bien",73,"Paño absorbente multiusos 2 (Compra)",null,null,null,null,160703,null,null,null,null,"15Paño absorbente multiusos 2 (Compra)"]
["15UNION TEMPORAL SERVIASEAMOSEsponjilla 5 (Compra)",15,"UNION TEMPORAL SERVIASEAMOS","Bien",79,"Esponjilla 5 (Compra)",null,null,null,null,647,null,null,null,null,"15Esponjilla 5 (Compra)"]
["15UNION TEMPORAL SERVICIOS A y C COLOMBIAEscoba 2 (Compra)",15,"UNION TEMPORAL SERVICIOS A y C COLOMBIA","Bien",83,"Escoba 2 (Compra)",null,null,null,null,20830,null,null,null,null,"15Escoba 2 (Compra)"]
["15CLEANER S.A.Cepillos 2 (Compra)",15,"CLEANER S.A.","Bien",90,"Cepillos 2 (Compra)",null,null,null,null,5524,null,null,null,null,"15Cepillos 2 (Compra)"]
["15BRILLASEO S.A.STrapero 2 (Compra)",15,"BRILLASEO S.A.S","Bien",93,"Trapero 2 (Compra)",null,null,null,null,12721,null,null,null,null,"15Trapero 2 (Compra)"]
["15ASECOLBAS LTDAMango metálico trapero (Compra)",15,"ASECOLBAS LTDA","Bien",96,"Mango metálico trapero (Compra)",null,null,null,null,8994,null,null,null,null,"15Mango metálico trapero (Compra)"]
["15CONSORCIO ELITEPads 4 (Compra)",15,"CONSORCIO ELITE","Bien",102,"Pads 4 (Compra)",null,null,null,null,155239,null,null,null,null,"15Pads 4 (Compra)"]
["15CONSORCIO KIOSBolsas plásticas 1 (Compra)",15,"CONSORCIO KIOS","Bien",106,"Bolsas plásticas 1 (Compra)",null,null,null,null,1768,null,null,null,null,"15Bolsas plásticas 1 (Compra)"]
["15UNIÓN TEMPORAL ASEO COLOMBIA AMP4Bolsas plásticas 8 (Compra)",15,"UNIÓN TEMPORAL ASEO COLOMBIA AMP4","Bien",112,"Bolsas plásticas 8 (Compra)",null,null,null,null,2192,null,null,null,null,"15Bolsas plásticas 8 (Compra)"]
["15GRUPO GECBolsas plásticas 10 (Compra)",15,"GRUPO GEC","Bien",114,"Bolsas plásticas 10 (Compra)",null,null,null,null,3856,null,null,null,null,"15Bolsas plásticas 10 (Compra)"]
["15INTERASEO SAS ESPBolsas plásticas 15 (Compra)",15,"INTERASEO SAS ESP","Bien",118,"Bolsas plásticas 15 (Compra)",null,null,null,null,2217,null,null,null,null,"15Bolsas plásticas 15 (Compra)"]
["15UNIÓN TEMPORAL CLEAN BOGOTÁBolsas plásticas 21 (Compra)",15,"UNIÓN TEMPORAL CLEAN BOGOTÁ","Bien",124,"Bolsas plásticas 21 (Compra)",null,null,null,null,26081,null,null,null,null,"15Bolsas plásticas 21 (Compra)"]
["15UNION TEMPORAL ECOLIMPIEZA 4GBolsas plásticas 25 (Compra)",15,"UNION TEMPORAL ECOLIMPIEZA 4G","Bien",128,"Bolsas plásticas 25 (Compra)",null,null,null,null,11472,null,null,null,null,"15Bolsas plásticas 25 (Compra)"]
["15AMERICANA DE SERVICIOS LTDAGuantes 6 (Compra)",15,"AMERICANA DE SERVICIOS LTDA","Bien",135,"Guantes 6 (Compra)",null,null,null,null,33501,null,null,null,null,"15Guantes 6 (Compra)"]
["15UNIÓN TEMPORAL EMINSER SOLOASEO 2023Guantes 7 (Compra)",15,"UNIÓN TEMPORAL EMINSER SOLOASEO 2023","Bien",136,"Guantes 7 (Compra)",null,null,null,null,10803,null,null,null,null,"15Guantes 7 (Compra)"]
["15UNION TEMPORAL SERVIASEAMOSTapabocas 2 (Compra)",15,"UNION TEMPORAL SERVIASEAMOS","Bien",140,"Tapabocas 2 (Compra)",null,null,null,null,63947,null,null,null,null,"15Tapabocas 2 (Compra)"]
["15BRILLASEO S.A.SToallas para manos 2 (Compra)",15,"BRILLASEO S.A.S","Bien",147,"Toallas para manos 2 (Compra)",null,null,null,null,23231,null,null,null,null,"15Toallas para manos 2 (Compra)"]
["15UNION TEMPORAL SERVICIOS A y C COLOMBIAToallas para manos 3 (Compra)",15,"UNION TEMPORAL SERVICIOS A y C COLOMBIA","Bien",148,"Toallas para manos 3 (Compra)",null,null,null,null,182904,null,null,null,null,"15Toallas para manos 3 (Compra)"]
["15GRUPO GECVasos biodegradables 3 (Compra)",15,"GRUPO GEC","Bien",157,"Vasos biodegradables 3 (Compra)",null,null,null,null,14303,null,null,null,null,"15Vasos biodegradables 3 (Compra)"]
["15COMPAÑÍA DE SERVICIOS Y ADMINISTRACIÓN SA SERDAN SAMezclador 1 (Compra)",15,"COMPAÑÍA DE SERVICIOS Y ADMINISTRACIÓN SA SERDAN SA","Bien",159,"Mezclador 1 (Compra)",null,null,null,null,5257,null,null,null,null,"15Mezclador 1 (Compra)"]
["15CONSERJES INMOBILIARIOS LTDAFiltro para greca 3 (Compra)",15,"CONSERJES INMOBILIARIOS LTDA","Bien",163,"Filtro para greca 3 (Compra)",null,null,null,null,4747,null,null,null,null,"15Filtro para greca 3 (Compra)"]
["15LIMPIEZA INSTITUCIONAL LASU S.A.S.Termo para café 2 (Compra)",15,"LIMPIEZA INSTITUCIONAL LASU S.A.S.","Bien",169,"Termo para café 2 (Compra)",null,null,null,null,157408,null,null,null,null,"15Termo para café 2 (Compra)"]
["15CONSORCIO ELITECafé 2 (Compra)",15,"CONSORCIO ELITE","Bien",171,"Café 2 (Compra)",null,null,null,null,129194,null,null,null,null,"15Café 2 (Compra)"]
["15UNIÓN TEMPORAL EMINSER SOLOASEO 2023Endulzante (Compra)",15,"UNIÓN TEMPORAL EMINSER SOLOASEO 2023","Bien",179,"Endulzante (Compra)",null,null,null,null,31515,null,null,null,null,"15Endulzante (Compra)"]
["15UNIÓN TEMPORAL ASEO COLOMBIA AMP4Sal 1 (Compra)",15,"UNIÓN TEMPORAL ASEO COLOMBIA AMP4","Bien",181,"Sal 1 (Compra)",null,null,null,null,1944,null,null,null,null,"15Sal 1 (Compra)"]
["15UNION TEMPORAL SERVIASEAMOSBebida de panela (Compra)",15,"UNION TEMPORAL SERVIASEAMOS","Bien",187,"Bebida de panela (Compra)",null,null,null,null,9840,null,null,null,null,"15Bebida de panela (Compra)"]
["15UNION TEMPORAL ECOLIMPIEZA 4GAgua potable 1 (Compra)",15,"UNION TEMPORAL ECOLIMPIEZA 4G","Bien",190,"Agua potable 1 (Compra)",null,null,null,null,2466,null,null,null,null,"15Agua potable 1 (Compra)"]
["15UNION TEMPORAL ECOLIMPIEZA 4GAgua potable 4 (Compra)",15,"UNION TEMPORAL ECOLIMPIEZA 4G","Bien",193,"Agua potable 4 (Compra)",null,null,null,null,19037,null,null,null,null,"15Agua potable 4 (Compra)"]
["15CONSERJES INMOBILIARIOS LTDAPlumero o limpia polvo (Compra)",15,"CONSERJES INMOBILIARIOS LTDA","Bien",202,"Plumero o limpia polvo (Compra)",null,null,null,null,12702,null,null,null,null,"15Plumero o limpia polvo (Compra)"]
["15ASECOLBAS LTDARastrillo 2 (Compra)",15,"ASECOLBAS LTDA","Bien",204,"Rastrillo 2 (Compra)",null,null,null,null,36434,null,null,null,null,"15Rastrillo 2 (Compra)"]
["15CONSORCIO ELITEVasos  1 (Arrendamiento)",15,"CONSORCIO ELITE","Bien",210,"Vasos  1 (Arrendamiento)",null,null,null,null,3548,null,null,null,null,"15Vasos  1 (Arrendamiento)"]
["15CONSORCIO KIOSCuchara  (Compra)",15,"CONSORCIO KIOS","Bien",214,"Cuchara  (Compra)",null,null,null,null,4920,null,null,null,null,"15Cuchara  (Compra)"]
["15CLEANER S.A.Cuchillo  (Compra)",15,"CLEANER S.A.","Bien",216,"Cuchillo  (Compra)",null,null,null,null,9532,null,null,null,null,"15Cuchillo  (Compra)"]
["15COMPAÑÍA DE SERVICIOS Y ADMINISTRACIÓN SA SERDAN SAPlatos  2 (Arrendamiento)",15,"COMPAÑÍA DE SERVICIOS Y ADMINISTRACIÓN SA SERDAN SA","Bien",220,"Platos  2 (Arrendamiento)",null,null,null,null,2610,null,null,null,null,"15Platos  2 (Arrendamiento)"]
["15INTERASEO SAS ESPPlatos  5 (Arrendamiento)",15,"INTERASEO SAS ESP","Bien",226,"Platos  5 (Arrendamiento)",null,null,null,null,853,null,null,null,null,"15Platos  5 (Arrendamiento)"]
["15UNIÓN TEMPORAL CLEAN BOGOTÁTerno para café (Compra)",15,"UNIÓN TEMPORAL CLEAN BOGOTÁ","Bien",232,"Terno para café (Compra)",null,null,null,null,84026,null,null,null,null,"15Terno para café (Compra)"]
["15UNION TEMPORAL ECOLIMPIEZA 4GVajilla  2 (Compra)",15,"UNION TEMPORAL ECOLIMPIEZA 4G","Bien",236,"Vajilla  2 (Compra)",null,null,null,null,160777,null,null,null,null,"15Vajilla  2 (Compra)"]
["15SERVIASEO S.ATijeras de cocina  (Compra)",15,"SERVIASEO S.A","Bien",238,"Tijeras de cocina  (Compra)",null,null,null,null,21757,null,null,null,null,"15Tijeras de cocina  (Compra)"]
["15UNIÓN TEMPORAL EMINSER SOLOASEO 2023Haraganes 1  (Compra)",15,"UNIÓN TEMPORAL EMINSER SOLOASEO 2023","Bien",244,"Haraganes 1  (Compra)",null,null,null,null,10860,null,null,null,null,"15Haraganes 1  (Compra)"]
["15UNION TEMPORAL SERVIASEAMOSBalde (Arrendamiento)",15,"UNION TEMPORAL SERVIASEAMOS","Bien",248,"Balde (Arrendamiento)",null,null,null,null,2120,null,null,null,null,"15Balde (Arrendamiento)"]
["15BRILLASEO S.A.STerno para café  (Compra)",15,"BRILLASEO S.A.S","Bien",255,"Terno para café  (Compra)",null,null,null,null,21677,null,null,null,null,"15Terno para café  (Compra)"]
["15CLEANER S.A.Vajilla  3 (Compra)",15,"CLEANER S.A.","Bien",259,"Vajilla  3 (Compra)",null,null,null,null,311516,null,null,null,null,"15Vajilla  3 (Compra)"]
["15UT GRUPO ADINVajilla  4 (Arrendamiento)",15,"UT GRUPO ADIN","Bien",260,"Vajilla  4 (Arrendamiento)",null,null,null,null,36159,null,null,null,null,"15Vajilla  4 (Arrendamiento)"]
["15COMPAÑÍA DE SERVICIOS Y ADMINISTRACIÓN SA SERDAN SABandeja 2 (Compra)",15,"COMPAÑÍA DE SERVICIOS Y ADMINISTRACIÓN SA SERDAN SA","Bien",267,"Bandeja 2 (Compra)",null,null,null,null,37632,null,null,null,null,"15Bandeja 2 (Compra)"]
["15CONSERJES INMOBILIARIOS LTDABandeja 4 (Compra)",15,"CONSERJES INMOBILIARIOS LTDA","Bien",271,"Bandeja 4 (Compra)",null,null,null,null,251,null,null,null,null,"15Bandeja 4 (Compra)"]
["15LIMPIEZA INSTITUCIONAL LASU S.A.S.Olla 2 (Compra)",15,"LIMPIEZA INSTITUCIONAL LASU S.A.S.","Bien",277,"Olla 2 (Compra)",null,null,null,null,41297,null,null,null,null,"15Olla 2 (Compra)"]
["15CONSORCIO ELITEEscurridor para platos (Compra)",15,"CONSORCIO ELITE","Bien",279,"Escurridor para platos (Compra)",null,null,null,null,332656,null,null,null,null,"15Escurridor para platos (Compra)"]
["15CONSORCIO KIOSCarro exprimidor de trapero 2 (Arrendamiento)",15,"CONSORCIO KIOS","Bien",283,"Carro exprimidor de trapero 2 (Arrendamiento)",null,null,null,null,60577,null,null,null,null,"15Carro exprimidor de trapero 2 (Arrendamiento)"]
["15BRILLASEO S.A.SEscalera 1 (Arrendamiento)",15,"BRILLASEO S.A.S","Bien",289,"Escalera 1 (Arrendamiento)",null,null,null,null,8622,null,null,null,null,"15Escalera 1 (Arrendamiento)"]
["15UNIÓN TEMPORAL CLEAN BOGOTÁEscalera 3 (Arrendamiento)",15,"UNIÓN TEMPORAL CLEAN BOGOTÁ","Bien",293,"Escalera 3 (Arrendamiento)",null,null,null,null,231777,null,null,null,null,"15Escalera 3 (Arrendamiento)"]
["15UT GRUPO ADINMangueras 1 (Arrendamiento)",15,"UT GRUPO ADIN","Bien",299,"Mangueras 1 (Arrendamiento)",null,null,null,null,10817,null,null,null,null,"15Mangueras 1 (Arrendamiento)"]
["15UNION TEMPORAL ECOLIMPIEZA 4GMangueras 2 (Arrendamiento)",15,"UNION TEMPORAL ECOLIMPIEZA 4G","Bien",301,"Mangueras 2 (Arrendamiento)",null,null,null,null,12250,null,null,null,null,"15Mangueras 2 (Arrendamiento)"]
["15UNIÓN TEMPORAL EMINSER SOLOASEO 2023Contenedor de basura 1 (Compra)",15,"UNIÓN TEMPORAL EMINSER SOLOASEO 2023","Bien",305,"Contenedor de basura 1 (Compra)",null,null,null,null,73009,null,null,null,null,"15Contenedor de basura 1 (Compra)"]
["15ASECOLBAS LTDAContenedor de basura 8 (Compra)",15,"ASECOLBAS LTDA","Bien",312,"Contenedor de basura 8 (Compra)",null,null,null,null,1656,null,null,null,null,"15Contenedor de basura 8 (Compra)"]
["15BRILLASEO S.A.SContenedor de basura 12 (Compra)",15,"BRILLASEO S.A.S","Bien",316,"Contenedor de basura 12 (Compra)",null,null,null,null,145374,null,null,null,null,"15Contenedor de basura 12 (Compra)"]
["15CONSORCIO KIOSContenedor de basura 18 (Compra)",15,"CONSORCIO KIOS","Bien",322,"Contenedor de basura 18 (Compra)",null,null,null,null,779161,null,null,null,null,"15Contenedor de basura 18 (Compra)"]
["15CLEANER S.A.Contenedor de basura 20 (Compra)",15,"CLEANER S.A.","Bien",324,"Contenedor de basura 20 (Compra)",null,null,null,null,1225297,null,null,null,null,"15Contenedor de basura 20 (Compra)"]
["15COMPAÑÍA DE SERVICIOS Y ADMINISTRACIÓN SA SERDAN SAContenedor de basura 24 (Compra)",15,"COMPAÑÍA DE SERVICIOS Y ADMINISTRACIÓN SA SERDAN SA","Bien",328,"Contenedor de basura 24 (Compra)",null,null,null,null,849871,null,null,null,null,"15Contenedor de basura 24 (Compra)"]
["15INTERASEO SAS ESPContenedor de basura 30 (Compra)",15,"INTERASEO SAS ESP","Bien",334,"Contenedor de basura 30 (Compra)",null,null,null,null,3554004,null,null,null,null,"15Contenedor de basura 30 (Compra)"]
["15CONSERJES INMOBILIARIOS LTDAPunto Ecológico 2 (Compra)",15,"CONSERJES INMOBILIARIOS LTDA","Bien",336,"Punto Ecológico 2 (Compra)",null,null,null,null,15967,null,null,null,null,"15Punto Ecológico 2 (Compra)"]
["15CONSORCIO ELITEPunto Ecológico 6 (Compra)",15,"CONSORCIO ELITE","Bien",340,"Punto Ecológico 6 (Compra)",null,null,null,null,4802331,null,null,null,null,"15Punto Ecológico 6 (Compra)"]
["15SERVIASEO S.APapelera residuos peligrosos 2 (Compra)",15,"SERVIASEO S.A","Bien",346,"Papelera residuos peligrosos 2 (Compra)",null,null,null,null,63292,null,null,null,null,"15Papelera residuos peligrosos 2 (Compra)"]
["15UNIÓN TEMPORAL ASEO COLOMBIA AMP4Dispensador para papel higiénico 1 (Compra)",15,"UNIÓN TEMPORAL ASEO COLOMBIA AMP4","Bien",350,"Dispensador para papel higiénico 1 (Compra)",null,null,null,null,197986,null,null,null,null,"15Dispensador para papel higiénico 1 (Compra)"]
["15UNION TEMPORAL SERVIASEAMOSDispensador de jabón líquido 2 (Compra)",15,"UNION TEMPORAL SERVIASEAMOS","Bien",356,"Dispensador de jabón líquido 2 (Compra)",null,null,null,null,232524,null,null,null,null,"15Dispensador de jabón líquido 2 (Compra)"]
["15UNIÓN TEMPORAL CCE AMP IV 2022Dispensador de jabón líquido 4 (Compra)",15,"UNIÓN TEMPORAL CCE AMP IV 2022","Bien",358,"Dispensador de jabón líquido 4 (Compra)",null,null,null,null,282442,null,null,null,null,"15Dispensador de jabón líquido 4 (Compra)"]
["15UNIÓN TEMPORAL CLEAN BOGOTÁDispensador de agua con botellón (Compra)",15,"UNIÓN TEMPORAL CLEAN BOGOTÁ","Bien",362,"Dispensador de agua con botellón (Compra)",null,null,null,null,7936574,null,null,null,null,"15Dispensador de agua con botellón (Compra)"]
["15UT GRUPO ADINGreca para tintos 3 (Compra)",15,"UT GRUPO ADIN","Bien",368,"Greca para tintos 3 (Compra)",null,null,null,null,597320,null,null,null,null,"15Greca para tintos 3 (Compra)"]
["15AMERICANA DE SERVICIOS LTDAHorno microondas de tipo industrial (Compra)",15,"AMERICANA DE SERVICIOS LTDA","Bien",373,"Horno microondas de tipo industrial (Compra)",null,null,null,null,2595968,null,null,null,null,"15Horno microondas de tipo industrial (Compra)"]
["15CONSERJES INMOBILIARIOS LTDAExtensión eléctrica 2 (Compra)",15,"CONSERJES INMOBILIARIOS LTDA","Bien",379,"Extensión eléctrica 2 (Compra)",null,null,null,null,14093,null,null,null,null,"15Extensión eléctrica 2 (Compra)"]
["15ASECOLBAS LTDAAspiradora 1 (Compra)",15,"ASECOLBAS LTDA","Bien",381,"Aspiradora 1 (Compra)",null,null,null,null,35782,null,null,null,null,"15Aspiradora 1 (Compra)"]
["15BRILLASEO S.A.SLavabrilladora de pisos 1 (Compra)",15,"BRILLASEO S.A.S","Bien",385,"Lavabrilladora de pisos 1 (Compra)",null,null,null,null,3807420,null,null,null,null,"15Lavabrilladora de pisos 1 (Compra)"]
["15INTERASEO SAS ESPLavadora de alfombras y tapetes 1 (Arrendamiento)",15,"INTERASEO SAS ESP","Bien",390,"Lavadora de alfombras y tapetes 1 (Arrendamiento)",null,null,null,null,597073,null,null,null,null,"15Lavadora de alfombras y tapetes 1 (Arrendamiento)"]
["15UNIÓN TEMPORAL CCE AMP IV 2022Sopladora de hojas (Compra)",15,"UNIÓN TEMPORAL CCE AMP IV 2022","Bien",397,"Sopladora de hojas (Compra)",null,null,null,null,3530517,null,null,null,null,"15Sopladora de hojas (Compra)"]
["15UNIÓN TEMPORAL CLEAN BOGOTÁSonda para fregaderos (Compra)",15,"UNIÓN TEMPORAL CLEAN BOGOTÁ","Bien",401,"Sonda para fregaderos (Compra)",null,null,null,null,27473109,null,null,null,null,"15Sonda para fregaderos (Compra)"]
["15LIMPIEZA INSTITUCIONAL LASU S.A.S.Cortadora de cesped  (Compra)",15,"LIMPIEZA INSTITUCIONAL LASU S.A.S.","Bien",403,"Cortadora de cesped  (Compra)",null,null,null,null,1312530,null,null,null,null,"15Cortadora de cesped  (Compra)"]
["15SERVIASEO S.AMotobombas (Compra)",15,"SERVIASEO S.A","Bien",407,"Motobombas (Compra)",null,null,null,null,2767178,null,null,null,null,"15Motobombas (Compra)"]
["16UNIÓN TEMPORAL EMINSER SOLOASEO 2023Operario auxiliar",16,"UNIÓN TEMPORAL EMINSER SOLOASEO 2023","Servicio","Operario auxiliar","Operario auxiliar",null,null,null,null,2465868,null,null,null,null,"16Operario auxiliar"]
["16ASECOLBAS LTDATurno operario de mantenimiento",16,"ASECOLBAS LTDA","Servicio","Turno operario de mantenimiento","Turno operario de mantenimiento",null,null,null,null,82196,null,null,null,null,"16Turno operario de mantenimiento"]
["16BRILLASEO S.A.SOperario de mantenimiento MT",16,"BRILLASEO S.A.S","Servicio","Operario de mantenimiento MT","Operario de mantenimiento MT",null,null,null,null,1527017,null,null,null,null,"16Operario de mantenimiento MT"]
["16UNION TEMPORAL SERVICIOS A y C COLOMBIAOperario auxiliar MT",16,"UNION TEMPORAL SERVICIOS A y C COLOMBIA","Servicio","Operario auxiliar MT","Operario auxiliar MT",null,null,null,null,2534846,null,null,null,null,"16Operario auxiliar MT"]
["16CLEANER S.A.Jabón para loza 1 (Compra)",16,"CLEANER S.A.","Bien",1,"Jabón para loza 1 (Compra)",null,null,null,null,18463,null,null,null,null,"16Jabón para loza 1 (Compra)"]
["16COMPAÑÍA DE SERVICIOS Y ADMINISTRACIÓN SA SERDAN SAJabón en barra (Compra)",16,"COMPAÑÍA DE SERVICIOS Y ADMINISTRACIÓN SA SERDAN SA","Bien",5,"Jabón en barra (Compra)",null,null,null,null,2880,null,null,null,null,"16Jabón en barra (Compra)"]
["16INTERASEO SAS ESPJabón de dispensador para manos 2 (Compra)",16,"INTERASEO SAS ESP","Bien",11,"Jabón de dispensador para manos 2 (Compra)",null,null,null,null,1848,null,null,null,null,"16Jabón de dispensador para manos 2 (Compra)"]
["16LIMPIEZA INSTITUCIONAL LASU S.A.S.Limpiador multiusos 1 (Compra)",16,"LIMPIEZA INSTITUCIONAL LASU S.A.S.","Bien",15,"Limpiador multiusos 1 (Compra)",null,null,null,null,7044,null,null,null,null,"16Limpiador multiusos 1 (Compra)"]
["16CONSORCIO ELITELimpiador multiusos 3 (Compra)",16,"CONSORCIO ELITE","Bien",17,"Limpiador multiusos 3 (Compra)",null,null,null,null,15859,null,null,null,null,"16Limpiador multiusos 3 (Compra)"]
["16SERVIASEO S.ALimpiador desinfectante para uso general 2 (Compra)",16,"SERVIASEO S.A","Bien",23,"Limpiador desinfectante para uso general 2 (Compra)",null,null,null,null,9024,null,null,null,null,"16Limpiador desinfectante para uso general 2 (Compra)"]
["16UNIÓN TEMPORAL ASEO COLOMBIA AMP4Líquido para limpiar vidrios 1 (Compra)",16,"UNIÓN TEMPORAL ASEO COLOMBIA AMP4","Bien",27,"Líquido para limpiar vidrios 1 (Compra)",null,null,null,null,13435,null,null,null,null,"16Líquido para limpiar vidrios 1 (Compra)"]
["16UNION TEMPORAL SERVIASEAMOSAlcohol industrial 1 (Compra)",16,"UNION TEMPORAL SERVIASEAMOS","Bien",33,"Alcohol industrial 1 (Compra)",null,null,null,null,33453,null,null,null,null,"16Alcohol industrial 1 (Compra)"]
["16UNION TEMPORAL SERVICIOS A y C COLOMBIALíquido para limpiar equipos de oficina 1 (Compra)",16,"UNION TEMPORAL SERVICIOS A y C COLOMBIA","Bien",37,"Líquido para limpiar equipos de oficina 1 (Compra)",null,null,null,null,25255,null,null,null,null,"16Líquido para limpiar equipos de oficina 1 (Compra)"]
["16UNIÓN TEMPORAL CLEAN BOGOTÁChampú para alfombras y tapizados 1 (Compra)",16,"UNIÓN TEMPORAL CLEAN BOGOTÁ","Bien",39,"Champú para alfombras y tapizados 1 (Compra)",null,null,null,null,70723,null,null,null,null,"16Champú para alfombras y tapizados 1 (Compra)"]
["16UT GRUPO ADINCera emulsionada Neutra (Compra)",16,"UT GRUPO ADIN","Bien",45,"Cera emulsionada Neutra (Compra)",null,null,null,null,16290,null,null,null,null,"16Cera emulsionada Neutra (Compra)"]
["16AMERICANA DE SERVICIOS LTDARemovedor de cera (Compra)",16,"AMERICANA DE SERVICIOS LTDA","Bien",50,"Removedor de cera (Compra)",null,null,null,null,37331,null,null,null,null,"16Removedor de cera (Compra)"]
["16UNIÓN TEMPORAL EMINSER SOLOASEO 2023Abrillantador para piso laminado (Compra)",16,"UNIÓN TEMPORAL EMINSER SOLOASEO 2023","Bien",51,"Abrillantador para piso laminado (Compra)",null,null,null,null,65048,null,null,null,null,"16Abrillantador para piso laminado (Compra)"]
["16UNIÓN TEMPORAL EMINSER SOLOASEO 2023Brillametal en crema (Compra)",16,"UNIÓN TEMPORAL EMINSER SOLOASEO 2023","Bien",57,"Brillametal en crema (Compra)",null,null,null,null,20850,null,null,null,null,"16Brillametal en crema (Compra)"]
["16CLEANER S.A.Insecticida 1 (Compra)",16,"CLEANER S.A.","Bien",62,"Insecticida 1 (Compra)",null,null,null,null,21681,null,null,null,null,"16Insecticida 1 (Compra)"]
["16GRUPO GECLimpiones 5 (Compra)",16,"GRUPO GEC","Bien",68,"Limpiones 5 (Compra)",null,null,null,null,18803,null,null,null,null,"16Limpiones 5 (Compra)"]
["16INTERASEO SAS ESPPaño absorbente multiusos 1 (Compra)",16,"INTERASEO SAS ESP","Bien",72,"Paño absorbente multiusos 1 (Compra)",null,null,null,null,142160,null,null,null,null,"16Paño absorbente multiusos 1 (Compra)"]
["16CONSERJES INMOBILIARIOS LTDAEstopa (Compra)",16,"CONSERJES INMOBILIARIOS LTDA","Bien",74,"Estopa (Compra)",null,null,null,null,12977,null,null,null,null,"16Estopa (Compra)"]
["16LIMPIEZA INSTITUCIONAL LASU S.A.S.Esponjilla 6 (Compra)",16,"LIMPIEZA INSTITUCIONAL LASU S.A.S.","Bien",80,"Esponjilla 6 (Compra)",null,null,null,null,281,null,null,null,null,"16Esponjilla 6 (Compra)"]
["16SERVIASEO S.AEscoba 3 (Compra)",16,"SERVIASEO S.A","Bien",84,"Escoba 3 (Compra)",null,null,null,null,6057,null,null,null,null,"16Escoba 3 (Compra)"]
["16UNIÓN TEMPORAL EMINSER SOLOASEO 2023Cepillos 2 (Compra)",16,"UNIÓN TEMPORAL EMINSER SOLOASEO 2023","Bien",90,"Cepillos 2 (Compra)",null,null,null,null,18454,null,null,null,null,"16Cepillos 2 (Compra)"]
["16UNION TEMPORAL SERVIASEAMOSTrapero 3 (Compra)",16,"UNION TEMPORAL SERVIASEAMOS","Bien",94,"Trapero 3 (Compra)",null,null,null,null,14313,null,null,null,null,"16Trapero 3 (Compra)"]
["16UNIÓN TEMPORAL CCE AMP IV 2022Mango metálico trapero (Compra)",16,"UNIÓN TEMPORAL CCE AMP IV 2022","Bien",96,"Mango metálico trapero (Compra)",null,null,null,null,14122,null,null,null,null,"16Mango metálico trapero (Compra)"]
["16UNION TEMPORAL SERVICIOS A y C COLOMBIAPads 4 (Compra)",16,"UNION TEMPORAL SERVICIOS A y C COLOMBIA","Bien",102,"Pads 4 (Compra)",null,null,null,null,157192,null,null,null,null,"16Pads 4 (Compra)"]
["16UT GRUPO ADINBolsas plásticas 1 (Compra)",16,"UT GRUPO ADIN","Bien",106,"Bolsas plásticas 1 (Compra)",null,null,null,null,1193,null,null,null,null,"16Bolsas plásticas 1 (Compra)"]
["16COMPAÑÍA DE SERVICIOS Y ADMINISTRACIÓN SA SERDAN SABolsas plásticas 9 (Compra)",16,"COMPAÑÍA DE SERVICIOS Y ADMINISTRACIÓN SA SERDAN SA","Bien",113,"Bolsas plásticas 9 (Compra)",null,null,null,null,3101,null,null,null,null,"16Bolsas plásticas 9 (Compra)"]
["16AMERICANA DE SERVICIOS LTDABolsas plásticas 11 (Compra)",16,"AMERICANA DE SERVICIOS LTDA","Bien",115,"Bolsas plásticas 11 (Compra)",null,null,null,null,3704,null,null,null,null,"16Bolsas plásticas 11 (Compra)"]
["16ASECOLBAS LTDABolsas plásticas 16 (Compra)",16,"ASECOLBAS LTDA","Bien",119,"Bolsas plásticas 16 (Compra)",null,null,null,null,4067,null,null,null,null,"16Bolsas plásticas 16 (Compra)"]
["16CONSORCIO ELITEBolsas plásticas 22 (Compra)",16,"CONSORCIO ELITE","Bien",125,"Bolsas plásticas 22 (Compra)",null,null,null,null,26657,null,null,null,null,"16Bolsas plásticas 22 (Compra)"]
["16CONSORCIO KIOSBolsas plásticas 26 (Compra)",16,"CONSORCIO KIOS","Bien",129,"Bolsas plásticas 26 (Compra)",null,null,null,null,12033,null,null,null,null,"16Bolsas plásticas 26 (Compra)"]
["16UNIÓN TEMPORAL ASEO COLOMBIA AMP4Guantes 6 (Compra)",16,"UNIÓN TEMPORAL ASEO COLOMBIA AMP4","Bien",135,"Guantes 6 (Compra)",null,null,null,null,70710,null,null,null,null,"16Guantes 6 (Compra)"]
["16GRUPO GECGuantes 8 (Compra)",16,"GRUPO GEC","Bien",137,"Guantes 8 (Compra)",null,null,null,null,40176,null,null,null,null,"16Guantes 8 (Compra)"]
["16INTERASEO SAS ESPPapel higiénico 1 (Compra)",16,"INTERASEO SAS ESP","Bien",141,"Papel higiénico 1 (Compra)",null,null,null,null,2488,null,null,null,null,"16Papel higiénico 1 (Compra)"]
["16UNIÓN TEMPORAL CLEAN BOGOTÁToallas para manos 2 (Compra)",16,"UNIÓN TEMPORAL CLEAN BOGOTÁ","Bien",147,"Toallas para manos 2 (Compra)",null,null,null,null,116318,null,null,null,null,"16Toallas para manos 2 (Compra)"]
["16UT GRUPO ADINToallas para manos 8 (Compra)",16,"UT GRUPO ADIN","Bien",153,"Toallas para manos 8 (Compra)",null,null,null,null,9271,null,null,null,null,"16Toallas para manos 8 (Compra)"]
["16INTERASEO SAS ESPVasos biodegradables 1 (Compra)",16,"INTERASEO SAS ESP","Bien",155,"Vasos biodegradables 1 (Compra)",null,null,null,null,9028,null,null,null,null,"16Vasos biodegradables 1 (Compra)"]
["16UNION TEMPORAL SERVIASEAMOSMezclador 1 (Compra)",16,"UNION TEMPORAL SERVIASEAMOS","Bien",159,"Mezclador 1 (Compra)",null,null,null,null,9112,null,null,null,null,"16Mezclador 1 (Compra)"]
["16UNION TEMPORAL SERVICIOS A y C COLOMBIAFiltro para greca 3 (Compra)",16,"UNION TEMPORAL SERVICIOS A y C COLOMBIA","Bien",163,"Filtro para greca 3 (Compra)",null,null,null,null,24909,null,null,null,null,"16Filtro para greca 3 (Compra)"]
["16CLEANER S.A.Café 1 (Compra)",16,"CLEANER S.A.","Bien",170,"Café 1 (Compra)",null,null,null,null,26432,null,null,null,null,"16Café 1 (Compra)"]
["16GRUPO GECAzúcar 2 (Compra)",16,"GRUPO GEC","Bien",176,"Azúcar 2 (Compra)",null,null,null,null,12534,null,null,null,null,"16Azúcar 2 (Compra)"]
["16INTERASEO SAS ESPPanela (Compra)",16,"INTERASEO SAS ESP","Bien",180,"Panela (Compra)",null,null,null,null,15069,null,null,null,null,"16Panela (Compra)"]
["16CONSERJES INMOBILIARIOS LTDASal 2 (Compra)",16,"CONSERJES INMOBILIARIOS LTDA","Bien",182,"Sal 2 (Compra)",null,null,null,null,2346,null,null,null,null,"16Sal 2 (Compra)"]
["16CONSORCIO ELITEBebida de frutas (Compra)",16,"CONSORCIO ELITE","Bien",186,"Bebida de frutas (Compra)",null,null,null,null,69612,null,null,null,null,"16Bebida de frutas (Compra)"]
["16SERVIASEO S.AAgua potable 3 (Compra)",16,"SERVIASEO S.A","Bien",192,"Agua potable 3 (Compra)",null,null,null,null,7417,null,null,null,null,"16Agua potable 3 (Compra)"]
["16CONSORCIO KIOSVálvula dispensadora para botellón de agua (Compra)",16,"CONSORCIO KIOS","Bien",194,"Válvula dispensadora para botellón de agua (Compra)",null,null,null,null,34613,null,null,null,null,"16Válvula dispensadora para botellón de agua (Compra)"]
["16UNION TEMPORAL SERVIASEAMOSPlumero o limpia polvo (Compra)",16,"UNION TEMPORAL SERVIASEAMOS","Bien",202,"Plumero o limpia polvo (Compra)",null,null,null,null,15792,null,null,null,null,"16Plumero o limpia polvo (Compra)"]
["16UNIÓN TEMPORAL CCE AMP IV 2022Rastrillo 2 (Compra)",16,"UNIÓN TEMPORAL CCE AMP IV 2022","Bien",204,"Rastrillo 2 (Compra)",null,null,null,null,30597,null,null,null,null,"16Rastrillo 2 (Compra)"]
["16UNION TEMPORAL SERVICIOS A y C COLOMBIAVasos  1 (Arrendamiento)",16,"UNION TEMPORAL SERVICIOS A y C COLOMBIA","Bien",210,"Vasos  1 (Arrendamiento)",null,null,null,null,3746,null,null,null,null,"16Vasos  1 (Arrendamiento)"]
["16UT GRUPO ADINCuchara  (Compra)",16,"UT GRUPO ADIN","Bien",214,"Cuchara  (Compra)",null,null,null,null,3869,null,null,null,null,"16Cuchara  (Compra)"]
["16UNION TEMPORAL ECOLIMPIEZA 4GCuchillo  (Compra)",16,"UNION TEMPORAL ECOLIMPIEZA 4G","Bien",216,"Cuchillo  (Compra)",null,null,null,null,7442,null,null,null,null,"16Cuchillo  (Compra)"]
["16CONSERJES INMOBILIARIOS LTDAPlatos  4 (Compra)",16,"CONSERJES INMOBILIARIOS LTDA","Bien",225,"Platos  4 (Compra)",null,null,null,null,9035,null,null,null,null,"16Platos  4 (Compra)"]
["16ASECOLBAS LTDAPlatos  5 (Compra)",16,"ASECOLBAS LTDA","Bien",227,"Platos  5 (Compra)",null,null,null,null,12136,null,null,null,null,"16Platos  5 (Compra)"]
["16CONSORCIO ELITEVajilla  1 (Arrendamiento)",16,"CONSORCIO ELITE","Bien",233,"Vajilla  1 (Arrendamiento)",null,null,null,null,263819,null,null,null,null,"16Vajilla  1 (Arrendamiento)"]
["16CONSORCIO KIOSCuchillo de cocina  (Compra)",16,"CONSORCIO KIOS","Bien",237,"Cuchillo de cocina  (Compra)",null,null,null,null,43625,null,null,null,null,"16Cuchillo de cocina  (Compra)"]
["16CLEANER S.A.Jarra  (Arrendamiento)",16,"CLEANER S.A.","Bien",239,"Jarra  (Arrendamiento)",null,null,null,null,1260,null,null,null,null,"16Jarra  (Arrendamiento)"]
["16GRUPO GECHaraganes 2  (Compra)",16,"GRUPO GEC","Bien",245,"Haraganes 2  (Compra)",null,null,null,null,93207,null,null,null,null,"16Haraganes 2  (Compra)"]
["16INTERASEO SAS ESPBalde (Compra)",16,"INTERASEO SAS ESP","Bien",249,"Balde (Compra)",null,null,null,null,6823,null,null,null,null,"16Balde (Compra)"]
["16UNIÓN TEMPORAL EMINSER SOLOASEO 2023Pocillos 1 (Compra)",16,"UNIÓN TEMPORAL EMINSER SOLOASEO 2023","Bien",253,"Pocillos 1 (Compra)",null,null,null,null,10575,null,null,null,null,"16Pocillos 1 (Compra)"]
["16UNIÓN TEMPORAL EMINSER SOLOASEO 2023Vajilla  3 (Compra)",16,"UNIÓN TEMPORAL EMINSER SOLOASEO 2023","Bien",259,"Vajilla  3 (Compra)",null,null,null,null,1080301,null,null,null,null,"16Vajilla  3 (Compra)"]
["16UNIÓN TEMPORAL ASEO COLOMBIA AMP4Vajilla  4 (Compra)",16,"UNIÓN TEMPORAL ASEO COLOMBIA AMP4","Bien",261,"Vajilla  4 (Compra)",null,null,null,null,229805,null,null,null,null,"16Vajilla  4 (Compra)"]
["16UNION TEMPORAL SERVIASEAMOSBandeja 2 (Compra)",16,"UNION TEMPORAL SERVIASEAMOS","Bien",267,"Bandeja 2 (Compra)",null,null,null,null,63675,null,null,null,null,"16Bandeja 2 (Compra)"]
["16UNION TEMPORAL SERVICIOS A y C COLOMBIABandeja 4 (Compra)",16,"UNION TEMPORAL SERVICIOS A y C COLOMBIA","Bien",271,"Bandeja 4 (Compra)",null,null,null,null,115508,null,null,null,null,"16Bandeja 4 (Compra)"]
["16CLEANER S.A.Escurridor para platos (Arrendamiento)",16,"CLEANER S.A.","Bien",278,"Escurridor para platos (Arrendamiento)",null,null,null,null,6923,null,null,null,null,"16Escurridor para platos (Arrendamiento)"]
["16COMPAÑÍA DE SERVICIOS Y ADMINISTRACIÓN SA SERDAN SACarro exprimidor de trapero 1 (Compra)",16,"COMPAÑÍA DE SERVICIOS Y ADMINISTRACIÓN SA SERDAN SA","Bien",282,"Carro exprimidor de trapero 1 (Compra)",null,null,null,null,355400,null,null,null,null,"16Carro exprimidor de trapero 1 (Compra)"]
["16AMERICANA DE SERVICIOS LTDACarro exprimidor de trapero 2 (Compra)",16,"AMERICANA DE SERVICIOS LTDA","Bien",284,"Carro exprimidor de trapero 2 (Compra)",null,null,null,null,482108,null,null,null,null,"16Carro exprimidor de trapero 2 (Compra)"]
["16CONSERJES INMOBILIARIOS LTDAEscalera 1 (Compra)",16,"CONSERJES INMOBILIARIOS LTDA","Bien",290,"Escalera 1 (Compra)",null,null,null,null,2961,null,null,null,null,"16Escalera 1 (Compra)"]
["16CONSORCIO ELITEEscalera 3 (Compra)",16,"CONSORCIO ELITE","Bien",294,"Escalera 3 (Compra)",null,null,null,null,2591652,null,null,null,null,"16Escalera 3 (Compra)"]
["16SERVIASEO S.AMangueras 1 (Compra)",16,"SERVIASEO S.A","Bien",300,"Mangueras 1 (Compra)",null,null,null,null,89623,null,null,null,null,"16Mangueras 1 (Compra)"]
["16CONSORCIO KIOSMangueras 2 (Compra)",16,"CONSORCIO KIOS","Bien",302,"Mangueras 2 (Compra)",null,null,null,null,183201,null,null,null,null,"16Mangueras 2 (Compra)"]
["16GRUPO GECContenedor de basura 2 (Compra)",16,"GRUPO GEC","Bien",306,"Contenedor de basura 2 (Compra)",null,null,null,null,43390,null,null,null,null,"16Contenedor de basura 2 (Compra)"]
["16UNIÓN TEMPORAL CCE AMP IV 2022Contenedor de basura 8 (Compra)",16,"UNIÓN TEMPORAL CCE AMP IV 2022","Bien",312,"Contenedor de basura 8 (Compra)",null,null,null,null,112977,null,null,null,null,"16Contenedor de basura 8 (Compra)"]
["16UNIÓN TEMPORAL CLEAN BOGOTÁContenedor de basura 12 (Compra)",16,"UNIÓN TEMPORAL CLEAN BOGOTÁ","Bien",316,"Contenedor de basura 12 (Compra)",null,null,null,null,600336,null,null,null,null,"16Contenedor de basura 12 (Compra)"]
["16UT GRUPO ADINContenedor de basura 18 (Compra)",16,"UT GRUPO ADIN","Bien",322,"Contenedor de basura 18 (Compra)",null,null,null,null,477163,null,null,null,null,"16Contenedor de basura 18 (Compra)"]
["16UNION TEMPORAL ECOLIMPIEZA 4GContenedor de basura 20 (Compra)",16,"UNION TEMPORAL ECOLIMPIEZA 4G","Bien",324,"Contenedor de basura 20 (Compra)",null,null,null,null,1458934,null,null,null,null,"16Contenedor de basura 20 (Compra)"]
["16UNIÓN TEMPORAL EMINSER SOLOASEO 2023Contenedor de basura 24 (Compra)",16,"UNIÓN TEMPORAL EMINSER SOLOASEO 2023","Bien",328,"Contenedor de basura 24 (Compra)",null,null,null,null,1528269,null,null,null,null,"16Contenedor de basura 24 (Compra)"]
["16ASECOLBAS LTDAPunto Ecológico 1 (Compra)",16,"ASECOLBAS LTDA","Bien",335,"Punto Ecológico 1 (Compra)",null,null,null,null,12846,null,null,null,null,"16Punto Ecológico 1 (Compra)"]
["16BRILLASEO S.A.SPunto Ecológico 5 (Compra)",16,"BRILLASEO S.A.S","Bien",339,"Punto Ecológico 5 (Compra)",null,null,null,null,951855,null,null,null,null,"16Punto Ecológico 5 (Compra)"]
["16CONSORCIO KIOSPapelera residuos peligrosos 1 (Compra)",16,"CONSORCIO KIOS","Bien",345,"Papelera residuos peligrosos 1 (Compra)",null,null,null,null,65542,null,null,null,null,"16Papelera residuos peligrosos 1 (Compra)"]
["16CLEANER S.A.Señales peatonales de prevención y atención 1 (Compra)",16,"CLEANER S.A.","Bien",347,"Señales peatonales de prevención y atención 1 (Compra)",null,null,null,null,46946,null,null,null,null,"16Señales peatonales de prevención y atención 1 (Compra)"]
["16INTERASEO SAS ESPDispensador para papel higiénico 2 (Compra)",16,"INTERASEO SAS ESP","Bien",351,"Dispensador para papel higiénico 2 (Compra)",null,null,null,null,187225,null,null,null,null,"16Dispensador para papel higiénico 2 (Compra)"]
["16LIMPIEZA INSTITUCIONAL LASU S.A.S.Dispensador de jabón líquido 3 (Compra)",16,"LIMPIEZA INSTITUCIONAL LASU S.A.S.","Bien",357,"Dispensador de jabón líquido 3 (Compra)",null,null,null,null,51394,null,null,null,null,"16Dispensador de jabón líquido 3 (Compra)"]
["16CONSORCIO ELITEDispensador para ambientador (Compra)",16,"CONSORCIO ELITE","Bien",359,"Dispensador para ambientador (Compra)",null,null,null,null,208134,null,null,null,null,"16Dispensador para ambientador (Compra)"]
["16UNIÓN TEMPORAL EMINSER SOLOASEO 2023Greca para tintos 3 (Arrendamiento)",16,"UNIÓN TEMPORAL EMINSER SOLOASEO 2023","Bien",367,"Greca para tintos 3 (Arrendamiento)",null,null,null,null,214437,null,null,null,null,"16Greca para tintos 3 (Arrendamiento)"]
["16UNIÓN TEMPORAL ASEO COLOMBIA AMP4Máquina de filtrado para café (Compra)",16,"UNIÓN TEMPORAL ASEO COLOMBIA AMP4","Bien",369,"Máquina de filtrado para café (Compra)",null,null,null,null,873303,null,null,null,null,"16Máquina de filtrado para café (Compra)"]
["16UNIÓN TEMPORAL CCE AMP IV 2022Horno microondas de tipo industrial (Compra)",16,"UNIÓN TEMPORAL CCE AMP IV 2022","Bien",373,"Horno microondas de tipo industrial (Compra)",null,null,null,null,5413459,null,null,null,null,"16Horno microondas de tipo industrial (Compra)"]
["16UNION TEMPORAL SERVICIOS A y C COLOMBIAExtensión eléctrica 2 (Compra)",16,"UNION TEMPORAL SERVICIOS A y C COLOMBIA","Bien",379,"Extensión eléctrica 2 (Compra)",null,null,null,null,2326272,null,null,null,null,"16Extensión eléctrica 2 (Compra)"]
["16UNIÓN TEMPORAL CLEAN BOGOTÁAspiradora 1 (Compra)",16,"UNIÓN TEMPORAL CLEAN BOGOTÁ","Bien",381,"Aspiradora 1 (Compra)",null,null,null,null,9078239,null,null,null,null,"16Aspiradora 1 (Compra)"]
["16UNION TEMPORAL ECOLIMPIEZA 4GLavabrilladora de pisos 1 (Compra)",16,"UNION TEMPORAL ECOLIMPIEZA 4G","Bien",385,"Lavabrilladora de pisos 1 (Compra)",null,null,null,null,5624598,null,null,null,null,"16Lavabrilladora de pisos 1 (Compra)"]
["16AMERICANA DE SERVICIOS LTDALavadora de alfombras y tapetes 2 (Arrendamiento)",16,"AMERICANA DE SERVICIOS LTDA","Bien",392,"Lavadora de alfombras y tapetes 2 (Arrendamiento)",null,null,null,null,381360,null,null,null,null,"16Lavadora de alfombras y tapetes 2 (Arrendamiento)"]
["16CONSERJES INMOBILIARIOS LTDASonda para inodoro (Arrendamiento)",16,"CONSERJES INMOBILIARIOS LTDA","Bien",398,"Sonda para inodoro (Arrendamiento)",null,null,null,null,72979,null,null,null,null,"16Sonda para inodoro (Arrendamiento)"]
["16CONSORCIO ELITECortadora de cesped  (Arrendamiento)",16,"CONSORCIO ELITE","Bien",402,"Cortadora de cesped  (Arrendamiento)",null,null,null,null,1151847,null,null,null,null,"16Cortadora de cesped  (Arrendamiento)"]
["16BRILLASEO S.A.SGuadañas (Arrendamiento)",16,"BRILLASEO S.A.S","Bien",404,"Guadañas (Arrendamiento)",null,null,null,null,274020,null,null,null,null,"16Guadañas (Arrendamiento)"]
["17CLEANER S.A.Porcentaje de AIU",17,"CLEANER S.A.","Administracion","Porcentaje de AIU","Porcentaje de AIU",null,null,null,null,0.1,null,null,null,null,"17Porcentaje de AIU"]
["17GRUPO GECCoordinador de tiempo completo",17,"GRUPO GEC","Servicio","Coordinador de tiempo completo","Coordinador de tiempo completo",null,null,null,null,5121516,null,null,null,null,"17Coordinador de tiempo completo"]
["17UNIÓN TEMPORAL CCE AMP IV 2022Turno operario de mantenimiento",17,"UNIÓN TEMPORAL CCE AMP IV 2022","Servicio","Turno operario de mantenimiento","Turno operario de mantenimiento",null,null,null,null,195002,null,null,null,null,"17Turno operario de mantenimiento"]
["17UNIÓN TEMPORAL CLEAN BOGOTÁOperario de mantenimiento MT",17,"UNIÓN TEMPORAL CLEAN BOGOTÁ","Servicio","Operario de mantenimiento MT","Operario de mantenimiento MT",null,null,null,null,2015662,null,null,null,null,"17Operario de mantenimiento MT"]
["17LIMPIEZA INSTITUCIONAL LASU S.A.S.Coordinador MT",17,"LIMPIEZA INSTITUCIONAL LASU S.A.S.","Servicio","Coordinador MT","Coordinador MT",null,null,null,null,1578155,null,null,null,null,"17Coordinador MT"]
["17SERVIASEO S.AJardinero capacitado para trabajo en alturas MT",17,"SERVIASEO S.A","Servicio","Jardinero capacitado para trabajo en alturas MT","Jardinero capacitado para trabajo en alturas MT",null,null,null,null,1527017,null,null,null,null,"17Jardinero capacitado para trabajo en alturas MT"]
["17UNIÓN TEMPORAL EMINSER SOLOASEO 2023Jabón en barra (Compra)",17,"UNIÓN TEMPORAL EMINSER SOLOASEO 2023","Bien",5,"Jabón en barra (Compra)",null,null,null,null,4790,null,null,null,null,"17Jabón en barra (Compra)"]
["17ASECOLBAS LTDAJabón de dispensador para manos 3 (Compra)",17,"ASECOLBAS LTDA","Bien",12,"Jabón de dispensador para manos 3 (Compra)",null,null,null,null,8359,null,null,null,null,"17Jabón de dispensador para manos 3 (Compra)"]
["17BRILLASEO S.A.SLimpiador multiusos 2 (Compra)",17,"BRILLASEO S.A.S","Bien",16,"Limpiador multiusos 2 (Compra)",null,null,null,null,5949,null,null,null,null,"17Limpiador multiusos 2 (Compra)"]
["17UNION TEMPORAL SERVICIOS A y C COLOMBIALimpiador multiusos 3 (Compra)",17,"UNION TEMPORAL SERVICIOS A y C COLOMBIA","Bien",17,"Limpiador multiusos 3 (Compra)",null,null,null,null,15860,null,null,null,null,"17Limpiador multiusos 3 (Compra)"]
["17LIMPIEZA INSTITUCIONAL LASU S.A.S.Limpiador desinfectante para uso general 1 (Compra)",17,"LIMPIEZA INSTITUCIONAL LASU S.A.S.","Bien",22,"Limpiador desinfectante para uso general 1 (Compra)",null,null,null,null,7149,null,null,null,null,"17Limpiador desinfectante para uso general 1 (Compra)"]
["17CONSERJES INMOBILIARIOS LTDALíquido para limpiar vidrios 2 (Compra)",17,"CONSERJES INMOBILIARIOS LTDA","Bien",28,"Líquido para limpiar vidrios 2 (Compra)",null,null,null,null,3356,null,null,null,null,"17Líquido para limpiar vidrios 2 (Compra)"]
["17LIMPIEZA INSTITUCIONAL LASU S.A.S.Alcohol industrial 2 (Compra)",17,"LIMPIEZA INSTITUCIONAL LASU S.A.S.","Bien",34,"Alcohol industrial 2 (Compra)",null,null,null,null,4044,null,null,null,null,"17Alcohol industrial 2 (Compra)"]
["17SERVIASEO S.ALíquido para limpiar equipos de oficina 2 (Compra)",17,"SERVIASEO S.A","Bien",38,"Líquido para limpiar equipos de oficina 2 (Compra)",null,null,null,null,9271,null,null,null,null,"17Líquido para limpiar equipos de oficina 2 (Compra)"]
["17CONSORCIO KIOSChampú para alfombras y tapizados 2 (Compra)",17,"CONSORCIO KIOS","Bien",40,"Champú para alfombras y tapizados 2 (Compra)",null,null,null,null,18049,null,null,null,null,"17Champú para alfombras y tapizados 2 (Compra)"]
["17UNIÓN TEMPORAL ASEO COLOMBIA AMP4Cera emulsionada roja (Compra)",17,"UNIÓN TEMPORAL ASEO COLOMBIA AMP4","Bien",46,"Cera emulsionada roja (Compra)",null,null,null,null,23865,null,null,null,null,"17Cera emulsionada roja (Compra)"]
["17UNIÓN TEMPORAL CCE AMP IV 2022Removedor de cera (Compra)",17,"UNIÓN TEMPORAL CCE AMP IV 2022","Bien",50,"Removedor de cera (Compra)",null,null,null,null,18021,null,null,null,null,"17Removedor de cera (Compra)"]
["17UNION TEMPORAL SERVICIOS A y C COLOMBIADesmanchador multiusos (Compra)",17,"UNION TEMPORAL SERVICIOS A y C COLOMBIA","Bien",56,"Desmanchador multiusos (Compra)",null,null,null,null,45442,null,null,null,null,"17Desmanchador multiusos (Compra)"]
["17UNIÓN TEMPORAL CLEAN BOGOTÁBrillametal líquido (Compra)",17,"UNIÓN TEMPORAL CLEAN BOGOTÁ","Bien",58,"Brillametal líquido (Compra)",null,null,null,null,174114,null,null,null,null,"17Brillametal líquido (Compra)"]
["17UNION TEMPORAL ECOLIMPIEZA 4GInsecticida 1 (Compra)",17,"UNION TEMPORAL ECOLIMPIEZA 4G","Bien",62,"Insecticida 1 (Compra)",null,null,null,null,18172,null,null,null,null,"17Insecticida 1 (Compra)"]
["17AMERICANA DE SERVICIOS LTDABayetilla 1 (Compra)",17,"AMERICANA DE SERVICIOS LTDA","Bien",69,"Bayetilla 1 (Compra)",null,null,null,null,7479,null,null,null,null,"17Bayetilla 1 (Compra)"]
["17ASECOLBAS LTDAPaño absorbente multiusos 2 (Compra)",17,"ASECOLBAS LTDA","Bien",73,"Paño absorbente multiusos 2 (Compra)",null,null,null,null,20027,null,null,null,null,"17Paño absorbente multiusos 2 (Compra)"]
["17CONSORCIO ELITEEsponjilla 5 (Compra)",17,"CONSORCIO ELITE","Bien",79,"Esponjilla 5 (Compra)",null,null,null,null,2810,null,null,null,null,"17Esponjilla 5 (Compra)"]
["17BRILLASEO S.A.SEsponjilla 7 (Compra)",17,"BRILLASEO S.A.S","Bien",81,"Esponjilla 7 (Compra)",null,null,null,null,620,null,null,null,null,"17Esponjilla 7 (Compra)"]
["17CLEANER S.A.Escoba 4 (Compra)",17,"CLEANER S.A.","Bien",85,"Escoba 4 (Compra)",null,null,null,null,4361,null,null,null,null,"17Escoba 4 (Compra)"]
["17GRUPO GECCepillos 3 (Compra)",17,"GRUPO GEC","Bien",91,"Cepillos 3 (Compra)",null,null,null,null,25231,null,null,null,null,"17Cepillos 3 (Compra)"]
["17INTERASEO SAS ESPTrapero 4 (Compra)",17,"INTERASEO SAS ESP","Bien",95,"Trapero 4 (Compra)",null,null,null,null,5260,null,null,null,null,"17Trapero 4 (Compra)"]
["17CONSERJES INMOBILIARIOS LTDAMango madera trapero (Compra)",17,"CONSERJES INMOBILIARIOS LTDA","Bien",97,"Mango madera trapero (Compra)",null,null,null,null,4154,null,null,null,null,"17Mango madera trapero (Compra)"]
["17LIMPIEZA INSTITUCIONAL LASU S.A.S.Pads 5 (Compra)",17,"LIMPIEZA INSTITUCIONAL LASU S.A.S.","Bien",103,"Pads 5 (Compra)",null,null,null,null,15018,null,null,null,null,"17Pads 5 (Compra)"]
["17SERVIASEO S.ABolsas plásticas 2 (Compra)",17,"SERVIASEO S.A","Bien",107,"Bolsas plásticas 2 (Compra)",null,null,null,null,1236,null,null,null,null,"17Bolsas plásticas 2 (Compra)"]
["17UNIÓN TEMPORAL EMINSER SOLOASEO 2023Bolsas plásticas 9 (Compra)",17,"UNIÓN TEMPORAL EMINSER SOLOASEO 2023","Bien",113,"Bolsas plásticas 9 (Compra)",null,null,null,null,4138,null,null,null,null,"17Bolsas plásticas 9 (Compra)"]
["17UNIÓN TEMPORAL ASEO COLOMBIA AMP4Bolsas plásticas 11 (Compra)",17,"UNIÓN TEMPORAL ASEO COLOMBIA AMP4","Bien",115,"Bolsas plásticas 11 (Compra)",null,null,null,null,3158,null,null,null,null,"17Bolsas plásticas 11 (Compra)"]
["17CLEANER S.A.Bolsas plásticas 17 (Compra)",17,"CLEANER S.A.","Bien",120,"Bolsas plásticas 17 (Compra)",null,null,null,null,2721,null,null,null,null,"17Bolsas plásticas 17 (Compra)"]
["17UT GRUPO ADINBolsas plásticas 22 (Compra)",17,"UT GRUPO ADIN","Bien",125,"Bolsas plásticas 22 (Compra)",null,null,null,null,7153,null,null,null,null,"17Bolsas plásticas 22 (Compra)"]
["17AMERICANA DE SERVICIOS LTDAGuantes 1 (Compra)",17,"AMERICANA DE SERVICIOS LTDA","Bien",130,"Guantes 1 (Compra)",null,null,null,null,7393,null,null,null,null,"17Guantes 1 (Compra)"]
["17CONSERJES INMOBILIARIOS LTDAGuantes 7 (Compra)",17,"CONSERJES INMOBILIARIOS LTDA","Bien",136,"Guantes 7 (Compra)",null,null,null,null,8526,null,null,null,null,"17Guantes 7 (Compra)"]
["17ASECOLBAS LTDAGuantes 9 (Compra)",17,"ASECOLBAS LTDA","Bien",138,"Guantes 9 (Compra)",null,null,null,null,4945,null,null,null,null,"17Guantes 9 (Compra)"]
["17BRILLASEO S.A.SPapel higiénico 2 (Compra)",17,"BRILLASEO S.A.S","Bien",142,"Papel higiénico 2 (Compra)",null,null,null,null,15351,null,null,null,null,"17Papel higiénico 2 (Compra)"]
["17CONSORCIO KIOSToallas para manos 3 (Compra)",17,"CONSORCIO KIOS","Bien",148,"Toallas para manos 3 (Compra)",null,null,null,null,55702,null,null,null,null,"17Toallas para manos 3 (Compra)"]
["17GRUPO GECToallas para manos 7 (Compra)",17,"GRUPO GEC","Bien",152,"Toallas para manos 7 (Compra)",null,null,null,null,38568,null,null,null,null,"17Toallas para manos 7 (Compra)"]
["17UNIÓN TEMPORAL CCE AMP IV 2022Vasos biodegradables 4 (Compra)",17,"UNIÓN TEMPORAL CCE AMP IV 2022","Bien",158,"Vasos biodegradables 4 (Compra)",null,null,null,null,23656,null,null,null,null,"17Vasos biodegradables 4 (Compra)"]
["17INTERASEO SAS ESPServilleta papel (Compra)",17,"INTERASEO SAS ESP","Bien",160,"Servilleta papel (Compra)",null,null,null,null,2380,null,null,null,null,"17Servilleta papel (Compra)"]
["17LIMPIEZA INSTITUCIONAL LASU S.A.S.Churrusco para tubos de greca (Compra)",17,"LIMPIEZA INSTITUCIONAL LASU S.A.S.","Bien",164,"Churrusco para tubos de greca (Compra)",null,null,null,null,4747,null,null,null,null,"17Churrusco para tubos de greca (Compra)"]
["17UNION TEMPORAL ECOLIMPIEZA 4GCafé 1 (Compra)",17,"UNION TEMPORAL ECOLIMPIEZA 4G","Bien",170,"Café 1 (Compra)",null,null,null,null,40464,null,null,null,null,"17Café 1 (Compra)"]
["17AMERICANA DE SERVICIOS LTDAAzúcar 3 (Compra)",17,"AMERICANA DE SERVICIOS LTDA","Bien",177,"Azúcar 3 (Compra)",null,null,null,null,3832,null,null,null,null,"17Azúcar 3 (Compra)"]
["17ASECOLBAS LTDASal 1 (Compra)",17,"ASECOLBAS LTDA","Bien",181,"Sal 1 (Compra)",null,null,null,null,1368,null,null,null,null,"17Sal 1 (Compra)"]
["17UNION TEMPORAL SERVIASEAMOSSal 2 (Compra)",17,"UNION TEMPORAL SERVIASEAMOS","Bien",182,"Sal 2 (Compra)",null,null,null,null,3965,null,null,null,null,"17Sal 2 (Compra)"]
["17UNION TEMPORAL SERVICIOS A y C COLOMBIABebida de frutas (Compra)",17,"UNION TEMPORAL SERVICIOS A y C COLOMBIA","Bien",186,"Bebida de frutas (Compra)",null,null,null,null,69077,null,null,null,null,"17Bebida de frutas (Compra)"]
["17CLEANER S.A.Agua potable 4 (Compra)",17,"CLEANER S.A.","Bien",193,"Agua potable 4 (Compra)",null,null,null,null,31151,null,null,null,null,"17Agua potable 4 (Compra)"]
["17GRUPO GECRepuestos brillador 1 (Compra)",17,"GRUPO GEC","Bien",199,"Repuestos brillador 1 (Compra)",null,null,null,null,62674,null,null,null,null,"17Repuestos brillador 1 (Compra)"]
["17INTERASEO SAS ESPRastrillo 1 (Compra)",17,"INTERASEO SAS ESP","Bien",203,"Rastrillo 1 (Compra)",null,null,null,null,13505,null,null,null,null,"17Rastrillo 1 (Compra)"]
["17CONSERJES INMOBILIARIOS LTDARecogedor de basura 1 (Compra)",17,"CONSERJES INMOBILIARIOS LTDA","Bien",205,"Recogedor de basura 1 (Compra)",null,null,null,null,5401,null,null,null,null,"17Recogedor de basura 1 (Compra)"]
["17LIMPIEZA INSTITUCIONAL LASU S.A.S.Vasos  1 (Compra)",17,"LIMPIEZA INSTITUCIONAL LASU S.A.S.","Bien",211,"Vasos  1 (Compra)",null,null,null,null,2018,null,null,null,null,"17Vasos  1 (Compra)"]
["17SERVIASEO S.ATenedor  (Compra)",17,"SERVIASEO S.A","Bien",215,"Tenedor  (Compra)",null,null,null,null,6057,null,null,null,null,"17Tenedor  (Compra)"]
["17LIMPIEZA INSTITUCIONAL LASU S.A.S.Platos  1 (Arrendamiento)",17,"LIMPIEZA INSTITUCIONAL LASU S.A.S.","Bien",218,"Platos  1 (Arrendamiento)",null,null,null,null,3211,null,null,null,null,"17Platos  1 (Arrendamiento)"]
["17UNION TEMPORAL SERVICIOS A y C COLOMBIAPlatos  4 (Compra)",17,"UNION TEMPORAL SERVICIOS A y C COLOMBIA","Bien",225,"Platos  4 (Compra)",null,null,null,null,83170,null,null,null,null,"17Platos  4 (Compra)"]
["17UNIÓN TEMPORAL CLEAN BOGOTÁPlatos  5 (Compra)",17,"UNIÓN TEMPORAL CLEAN BOGOTÁ","Bien",227,"Platos  5 (Compra)",null,null,null,null,92042,null,null,null,null,"17Platos  5 (Compra)"]
["17UT GRUPO ADINVajilla  1 (Arrendamiento)",17,"UT GRUPO ADIN","Bien",233,"Vajilla  1 (Arrendamiento)",null,null,null,null,68342,null,null,null,null,"17Vajilla  1 (Arrendamiento)"]
["17AMERICANA DE SERVICIOS LTDATijeras de cocina  (Compra)",17,"AMERICANA DE SERVICIOS LTDA","Bien",238,"Tijeras de cocina  (Compra)",null,null,null,null,45738,null,null,null,null,"17Tijeras de cocina  (Compra)"]
["17UNIÓN TEMPORAL EMINSER SOLOASEO 2023Jarra  (Arrendamiento)",17,"UNIÓN TEMPORAL EMINSER SOLOASEO 2023","Bien",239,"Jarra  (Arrendamiento)",null,null,null,null,7104,null,null,null,null,"17Jarra  (Arrendamiento)"]
["17CONSORCIO ELITEBalde (Arrendamiento)",17,"CONSORCIO ELITE","Bien",248,"Balde (Arrendamiento)",null,null,null,null,5900,null,null,null,null,"17Balde (Arrendamiento)"]
["17BRILLASEO S.A.SPlato Biodegradable 1 (Compra)",17,"BRILLASEO S.A.S","Bien",250,"Plato Biodegradable 1 (Compra)",null,null,null,null,2616,null,null,null,null,"17Plato Biodegradable 1 (Compra)"]
["17CONSORCIO KIOSCafetera 1 (Arrendamiento)",17,"CONSORCIO KIOS","Bien",256,"Cafetera 1 (Arrendamiento)",null,null,null,null,57349,null,null,null,null,"17Cafetera 1 (Arrendamiento)"]
["17GRUPO GECVajilla  4 (Arrendamiento)",17,"GRUPO GEC","Bien",260,"Vajilla  4 (Arrendamiento)",null,null,null,null,48211,null,null,null,null,"17Vajilla  4 (Arrendamiento)"]
["17COMPAÑÍA DE SERVICIOS Y ADMINISTRACIÓN SA SERDAN SAPortavasos (Arrendamiento)",17,"COMPAÑÍA DE SERVICIOS Y ADMINISTRACIÓN SA SERDAN SA","Bien",262,"Portavasos (Arrendamiento)",null,null,null,null,1314,null,null,null,null,"17Portavasos (Arrendamiento)"]
["17INTERASEO SAS ESPBandeja 3 (Arrendamiento)",17,"INTERASEO SAS ESP","Bien",268,"Bandeja 3 (Arrendamiento)",null,null,null,null,1706,null,null,null,null,"17Bandeja 3 (Arrendamiento)"]
["17LIMPIEZA INSTITUCIONAL LASU S.A.S.Olleta (Arrendamiento)",17,"LIMPIEZA INSTITUCIONAL LASU S.A.S.","Bien",272,"Olleta (Arrendamiento)",null,null,null,null,2172,null,null,null,null,"17Olleta (Arrendamiento)"]
["17UNION TEMPORAL ECOLIMPIEZA 4GEscurridor para platos (Arrendamiento)",17,"UNION TEMPORAL ECOLIMPIEZA 4G","Bien",278,"Escurridor para platos (Arrendamiento)",null,null,null,null,2411,null,null,null,null,"17Escurridor para platos (Arrendamiento)"]
["17UNIÓN TEMPORAL EMINSER SOLOASEO 2023Carro exprimidor de trapero 1 (Compra)",17,"UNIÓN TEMPORAL EMINSER SOLOASEO 2023","Bien",282,"Carro exprimidor de trapero 1 (Compra)",null,null,null,null,425226,null,null,null,null,"17Carro exprimidor de trapero 1 (Compra)"]
["17UNIÓN TEMPORAL ASEO COLOMBIA AMP4Carro exprimidor de trapero 2 (Compra)",17,"UNIÓN TEMPORAL ASEO COLOMBIA AMP4","Bien",284,"Carro exprimidor de trapero 2 (Compra)",null,null,null,null,445645,null,null,null,null,"17Carro exprimidor de trapero 2 (Compra)"]
["17UNION TEMPORAL SERVIASEAMOSEscalera 1 (Compra)",17,"UNION TEMPORAL SERVIASEAMOS","Bien",290,"Escalera 1 (Compra)",null,null,null,null,99357,null,null,null,null,"17Escalera 1 (Compra)"]
["17UNION TEMPORAL SERVICIOS A y C COLOMBIAEscalera 3 (Compra)",17,"UNION TEMPORAL SERVICIOS A y C COLOMBIA","Bien",294,"Escalera 3 (Compra)",null,null,null,null,1827562,null,null,null,null,"17Escalera 3 (Compra)"]
["17CLEANER S.A.Mangueras 2 (Arrendamiento)",17,"CLEANER S.A.","Bien",301,"Mangueras 2 (Arrendamiento)",null,null,null,null,15998,null,null,null,null,"17Mangueras 2 (Arrendamiento)"]
["17COMPAÑÍA DE SERVICIOS Y ADMINISTRACIÓN SA SERDAN SAContenedor de basura 1 (Compra)",17,"COMPAÑÍA DE SERVICIOS Y ADMINISTRACIÓN SA SERDAN SA","Bien",305,"Contenedor de basura 1 (Compra)",null,null,null,null,49447,null,null,null,null,"17Contenedor de basura 1 (Compra)"]
["17AMERICANA DE SERVICIOS LTDAContenedor de basura 3 (Compra)",17,"AMERICANA DE SERVICIOS LTDA","Bien",307,"Contenedor de basura 3 (Compra)",null,null,null,null,37085,null,null,null,null,"17Contenedor de basura 3 (Compra)"]
["17CONSERJES INMOBILIARIOS LTDAContenedor de basura 9 (Compra)",17,"CONSERJES INMOBILIARIOS LTDA","Bien",313,"Contenedor de basura 9 (Compra)",null,null,null,null,2838,null,null,null,null,"17Contenedor de basura 9 (Compra)"]
["17CLEANER S.A.Contenedor de basura 12 (Compra)",17,"CLEANER S.A.","Bien",316,"Contenedor de basura 12 (Compra)",null,null,null,null,138936,null,null,null,null,"17Contenedor de basura 12 (Compra)"]
["17UNIÓN TEMPORAL ASEO COLOMBIA AMP4Contenedor de basura 19 (Compra)",17,"UNIÓN TEMPORAL ASEO COLOMBIA AMP4","Bien",323,"Contenedor de basura 19 (Compra)",null,null,null,null,889098,null,null,null,null,"17Contenedor de basura 19 (Compra)"]
["17GRUPO GECContenedor de basura 21 (Compra)",17,"GRUPO GEC","Bien",325,"Contenedor de basura 21 (Compra)",null,null,null,null,819585,null,null,null,null,"17Contenedor de basura 21 (Compra)"]
["17INTERASEO SAS ESPContenedor de basura 25 (Compra)",17,"INTERASEO SAS ESP","Bien",329,"Contenedor de basura 25 (Compra)",null,null,null,null,1050563,null,null,null,null,"17Contenedor de basura 25 (Compra)"]
["17UNIÓN TEMPORAL CLEAN BOGOTÁPunto Ecológico 1 (Compra)",17,"UNIÓN TEMPORAL CLEAN BOGOTÁ","Bien",335,"Punto Ecológico 1 (Compra)",null,null,null,null,1986659,null,null,null,null,"17Punto Ecológico 1 (Compra)"]
["17UNION TEMPORAL ECOLIMPIEZA 4GPunto Ecológico 5 (Compra)",17,"UNION TEMPORAL ECOLIMPIEZA 4G","Bien",339,"Punto Ecológico 5 (Compra)",null,null,null,null,1193973,null,null,null,null,"17Punto Ecológico 5 (Compra)"]
["17AMERICANA DE SERVICIOS LTDAPapelera residuos peligrosos 2 (Compra)",17,"AMERICANA DE SERVICIOS LTDA","Bien",346,"Papelera residuos peligrosos 2 (Compra)",null,null,null,null,37085,null,null,null,null,"17Papelera residuos peligrosos 2 (Compra)"]
["17UNIÓN TEMPORAL EMINSER SOLOASEO 2023Señales peatonales de prevención y atención 1 (Compra)",17,"UNIÓN TEMPORAL EMINSER SOLOASEO 2023","Bien",347,"Señales peatonales de prevención y atención 1 (Compra)",null,null,null,null,54327,null,null,null,null,"17Señales peatonales de prevención y atención 1 (Compra)"]
["17UNION TEMPORAL SERVIASEAMOSDispensador para papel higiénico 2 (Compra)",17,"UNION TEMPORAL SERVIASEAMOS","Bien",351,"Dispensador para papel higiénico 2 (Compra)",null,null,null,null,201987,null,null,null,null,"17Dispensador para papel higiénico 2 (Compra)"]
["17BRILLASEO S.A.SDispensador de jabón líquido 4 (Compra)",17,"BRILLASEO S.A.S","Bien",358,"Dispensador de jabón líquido 4 (Compra)",null,null,null,null,181717,null,null,null,null,"17Dispensador de jabón líquido 4 (Compra)"]
["17UNION TEMPORAL SERVICIOS A y C COLOMBIADispensador para ambientador (Compra)",17,"UNION TEMPORAL SERVICIOS A y C COLOMBIA","Bien",359,"Dispensador para ambientador (Compra)",null,null,null,null,184412,null,null,null,null,"17Dispensador para ambientador (Compra)"]
["17GRUPO GECGreca para tintos 3 (Compra)",17,"GRUPO GEC","Bien",368,"Greca para tintos 3 (Compra)",null,null,null,null,1431541,null,null,null,null,"17Greca para tintos 3 (Compra)"]
["17COMPAÑÍA DE SERVICIOS Y ADMINISTRACIÓN SA SERDAN SAHorno microondas (Arrendamiento)",17,"COMPAÑÍA DE SERVICIOS Y ADMINISTRACIÓN SA SERDAN SA","Bien",370,"Horno microondas (Arrendamiento)",null,null,null,null,84022,null,null,null,null,"17Horno microondas (Arrendamiento)"]
["17CONSERJES INMOBILIARIOS LTDAEstufa 1 (Arrendamiento)",17,"CONSERJES INMOBILIARIOS LTDA","Bien",374,"Estufa 1 (Arrendamiento)",null,null,null,null,6277,null,null,null,null,"17Estufa 1 (Arrendamiento)"]
["17LIMPIEZA INSTITUCIONAL LASU S.A.S.Aspiradora 1 (Arrendamiento)",17,"LIMPIEZA INSTITUCIONAL LASU S.A.S.","Bien",380,"Aspiradora 1 (Arrendamiento)",null,null,null,null,108412,null,null,null,null,"17Aspiradora 1 (Arrendamiento)"]
["17CONSORCIO ELITEAspiradora 2 (Arrendamiento)",17,"CONSORCIO ELITE","Bien",382,"Aspiradora 2 (Arrendamiento)",null,null,null,null,675889,null,null,null,null,"17Aspiradora 2 (Arrendamiento)"]
["17UNIÓN TEMPORAL EMINSER SOLOASEO 2023Lavadora de alfombras y tapetes 1 (Arrendamiento)",17,"UNIÓN TEMPORAL EMINSER SOLOASEO 2023","Bien",390,"Lavadora de alfombras y tapetes 1 (Arrendamiento)",null,null,null,null,270838,null,null,null,null,"17Lavadora de alfombras y tapetes 1 (Arrendamiento)"]
["17UNIÓN TEMPORAL ASEO COLOMBIA AMP4Lavadora de alfombras y tapetes 2 (Arrendamiento)",17,"UNIÓN TEMPORAL ASEO COLOMBIA AMP4","Bien",392,"Lavadora de alfombras y tapetes 2 (Arrendamiento)",null,null,null,null,552144,null,null,null,null,"17Lavadora de alfombras y tapetes 2 (Arrendamiento)"]
["17UNIÓN TEMPORAL CCE AMP IV 2022Sopladora de hojas (Arrendamiento)",17,"UNIÓN TEMPORAL CCE AMP IV 2022","Bien",396,"Sopladora de hojas (Arrendamiento)",null,null,null,null,294210,null,null,null,null,"17Sopladora de hojas (Arrendamiento)"]
["17UNION TEMPORAL SERVICIOS A y C COLOMBIACortadora de cesped  (Arrendamiento)",17,"UNION TEMPORAL SERVICIOS A y C COLOMBIA","Bien",402,"Cortadora de cesped  (Arrendamiento)",null,null,null,null,1164923,null,null,null,null,"17Cortadora de cesped  (Arrendamiento)"]
["17UNIÓN TEMPORAL CLEAN BOGOTÁGuadañas (Arrendamiento)",17,"UNIÓN TEMPORAL CLEAN BOGOTÁ","Bien",404,"Guadañas (Arrendamiento)",null,null,null,null,1059552,null,null,null,null,"17Guadañas (Arrendamiento)"]
["18COMPAÑÍA DE SERVICIOS Y ADMINISTRACIÓN SA SERDAN SAOperario auxiliar",18,"COMPAÑÍA DE SERVICIOS Y ADMINISTRACIÓN SA SERDAN SA","Servicio","Operario auxiliar","Operario auxiliar",null,null,null,null,3160375,null,null,null,null,"18Operario auxiliar"]
["18AMERICANA DE SERVICIOS LTDAJardinero",18,"AMERICANA DE SERVICIOS LTDA","Servicio","Jardinero","Jardinero",null,null,null,null,3587928,null,null,null,null,"18Jardinero"]
["18COMPAÑÍA DE SERVICIOS Y ADMINISTRACIÓN SA SERDAN SAJardinero capacitado para trabajo en alturas",18,"COMPAÑÍA DE SERVICIOS Y ADMINISTRACIÓN SA SERDAN SA","Servicio","Jardinero capacitado para trabajo en alturas","Jardinero capacitado para trabajo en alturas",null,null,null,null,3954566,null,null,null,null,"18Jardinero capacitado para trabajo en alturas"]
["18CONSORCIO KIOSOperario auxiliar MT",18,"CONSORCIO KIOS","Servicio","Operario auxiliar MT","Operario auxiliar MT",null,null,null,null,1527017,null,null,null,null,"18Operario auxiliar MT"]
["18CLEANER S.A.Jardinero MT",18,"CLEANER S.A.","Servicio","Jardinero MT","Jardinero MT",null,null,null,null,1527017,null,null,null,null,"18Jardinero MT"]
["18COMPAÑÍA DE SERVICIOS Y ADMINISTRACIÓN SA SERDAN SACoordinador de trabajo en alturas MT",18,"COMPAÑÍA DE SERVICIOS Y ADMINISTRACIÓN SA SERDAN SA","Servicio","Coordinador de trabajo en alturas MT","Coordinador de trabajo en alturas MT",null,null,null,null,3222162,null,null,null,null,"18Coordinador de trabajo en alturas MT"]
["18INTERASEO SAS ESPJabón en barra azul (Compra)",18,"INTERASEO SAS ESP","Bien",6,"Jabón en barra azul (Compra)",null,null,null,null,2274,null,null,null,null,"18Jabón en barra azul (Compra)"]
["18UNIÓN TEMPORAL CLEAN BOGOTÁJabón de dispensador para manos 3 (Compra)",18,"UNIÓN TEMPORAL CLEAN BOGOTÁ","Bien",12,"Jabón de dispensador para manos 3 (Compra)",null,null,null,null,64805,null,null,null,null,"18Jabón de dispensador para manos 3 (Compra)"]
["18UNION TEMPORAL ECOLIMPIEZA 4GLimpiador multiusos 2 (Compra)",18,"UNION TEMPORAL ECOLIMPIEZA 4G","Bien",16,"Limpiador multiusos 2 (Compra)",null,null,null,null,4839,null,null,null,null,"18Limpiador multiusos 2 (Compra)"]
["18SERVIASEO S.ALimpiador desinfectante para pisos (Compra)",18,"SERVIASEO S.A","Bien",18,"Limpiador desinfectante para pisos (Compra)",null,null,null,null,44379,null,null,null,null,"18Limpiador desinfectante para pisos (Compra)"]
["18UNIÓN TEMPORAL EMINSER SOLOASEO 2023Limpiador desinfectante para uso general 3 (Compra)",18,"UNIÓN TEMPORAL EMINSER SOLOASEO 2023","Bien",24,"Limpiador desinfectante para uso general 3 (Compra)",null,null,null,null,6897,null,null,null,null,"18Limpiador desinfectante para uso general 3 (Compra)"]
["18UNION TEMPORAL SERVIASEAMOSLíquido para limpiar vidrios 2 (Compra)",18,"UNION TEMPORAL SERVIASEAMOS","Bien",28,"Líquido para limpiar vidrios 2 (Compra)",null,null,null,null,5332,null,null,null,null,"18Líquido para limpiar vidrios 2 (Compra)"]
["18BRILLASEO S.A.SCreolina 1 (Compra)",18,"BRILLASEO S.A.S","Bien",35,"Creolina 1 (Compra)",null,null,null,null,8445,null,null,null,null,"18Creolina 1 (Compra)"]
["18CLEANER S.A.Champú para alfombras y tapizados 1 (Compra)",18,"CLEANER S.A.","Bien",39,"Champú para alfombras y tapizados 1 (Compra)",null,null,null,null,16238,null,null,null,null,"18Champú para alfombras y tapizados 1 (Compra)"]
["18UT GRUPO ADINChampú para alfombras y tapizados 2 (Compra)",18,"UT GRUPO ADIN","Bien",40,"Champú para alfombras y tapizados 2 (Compra)",null,null,null,null,10140,null,null,null,null,"18Champú para alfombras y tapizados 2 (Compra)"]
["18COMPAÑÍA DE SERVICIOS Y ADMINISTRACIÓN SA SERDAN SACera solvente (Compra)",18,"COMPAÑÍA DE SERVICIOS Y ADMINISTRACIÓN SA SERDAN SA","Bien",47,"Cera solvente (Compra)",null,null,null,null,93305,null,null,null,null,"18Cera solvente (Compra)"]
["18CONSERJES INMOBILIARIOS LTDAAbrillantador para piso laminado (Compra)",18,"CONSERJES INMOBILIARIOS LTDA","Bien",51,"Abrillantador para piso laminado (Compra)",null,null,null,null,21764,null,null,null,null,"18Abrillantador para piso laminado (Compra)"]
["18LIMPIEZA INSTITUCIONAL LASU S.A.S.Brillametal en crema (Compra)",18,"LIMPIEZA INSTITUCIONAL LASU S.A.S.","Bien",57,"Brillametal en crema (Compra)",null,null,null,null,9158,null,null,null,null,"18Brillametal en crema (Compra)"]
["18SERVIASEO S.AAmbientador 2 (Compra)",18,"SERVIASEO S.A","Bien",61,"Ambientador 2 (Compra)",null,null,null,null,16565,null,null,null,null,"18Ambientador 2 (Compra)"]
["18CONSORCIO KIOSInsecticida 2 (Compra)",18,"CONSORCIO KIOS","Bien",63,"Insecticida 2 (Compra)",null,null,null,null,28061,null,null,null,null,"18Insecticida 2 (Compra)"]
["18UNIÓN TEMPORAL ASEO COLOMBIA AMP4Bayetilla 1 (Compra)",18,"UNIÓN TEMPORAL ASEO COLOMBIA AMP4","Bien",69,"Bayetilla 1 (Compra)",null,null,null,null,9369,null,null,null,null,"18Bayetilla 1 (Compra)"]
["18UNIÓN TEMPORAL CCE AMP IV 2022Paño absorbente multiusos 2 (Compra)",18,"UNIÓN TEMPORAL CCE AMP IV 2022","Bien",73,"Paño absorbente multiusos 2 (Compra)",null,null,null,null,51781,null,null,null,null,"18Paño absorbente multiusos 2 (Compra)"]
["18UNION TEMPORAL SERVICIOS A y C COLOMBIAEsponjilla 5 (Compra)",18,"UNION TEMPORAL SERVICIOS A y C COLOMBIA","Bien",79,"Esponjilla 5 (Compra)",null,null,null,null,2881,null,null,null,null,"18Esponjilla 5 (Compra)"]
["18UNIÓN TEMPORAL CLEAN BOGOTÁEsponjilla 7 (Compra)",18,"UNIÓN TEMPORAL CLEAN BOGOTÁ","Bien",81,"Esponjilla 7 (Compra)",null,null,null,null,2800,null,null,null,null,"18Esponjilla 7 (Compra)"]
["18UNION TEMPORAL SERVIASEAMOSEscoba 3 (Compra)",18,"UNION TEMPORAL SERVIASEAMOS","Bien",84,"Escoba 3 (Compra)",null,null,null,null,7247,null,null,null,null,"18Escoba 3 (Compra)"]
["18ASECOLBAS LTDATrapero 1 (Compra)",18,"ASECOLBAS LTDA","Bien",92,"Trapero 1 (Compra)",null,null,null,null,5369,null,null,null,null,"18Trapero 1 (Compra)"]
["18BRILLASEO S.A.SMango metálico trapero (Compra)",18,"BRILLASEO S.A.S","Bien",96,"Mango metálico trapero (Compra)",null,null,null,null,9129,null,null,null,null,"18Mango metálico trapero (Compra)"]
["18CONSORCIO KIOSPads 4 (Compra)",18,"CONSORCIO KIOS","Bien",102,"Pads 4 (Compra)",null,null,null,null,50436,null,null,null,null,"18Pads 4 (Compra)"]
["18CLEANER S.A.Boneth 1 (Compra)",18,"CLEANER S.A.","Bien",104,"Boneth 1 (Compra)",null,null,null,null,58150,null,null,null,null,"18Boneth 1 (Compra)"]
["18COMPAÑÍA DE SERVICIOS Y ADMINISTRACIÓN SA SERDAN SABolsas plásticas 3 (Compra)",18,"COMPAÑÍA DE SERVICIOS Y ADMINISTRACIÓN SA SERDAN SA","Bien",108,"Bolsas plásticas 3 (Compra)",null,null,null,null,1477,null,null,null,null,"18Bolsas plásticas 3 (Compra)"]
["18INTERASEO SAS ESPBolsas plásticas 10 (Compra)",18,"INTERASEO SAS ESP","Bien",114,"Bolsas plásticas 10 (Compra)",null,null,null,null,1629,null,null,null,null,"18Bolsas plásticas 10 (Compra)"]
["18LIMPIEZA INSTITUCIONAL LASU S.A.S.Bolsas plásticas 15 (Compra)",18,"LIMPIEZA INSTITUCIONAL LASU S.A.S.","Bien",118,"Bolsas plásticas 15 (Compra)",null,null,null,null,2280,null,null,null,null,"18Bolsas plásticas 15 (Compra)"]
["18CONSORCIO ELITEBolsas plásticas 17 (Compra)",18,"CONSORCIO ELITE","Bien",120,"Bolsas plásticas 17 (Compra)",null,null,null,null,19203,null,null,null,null,"18Bolsas plásticas 17 (Compra)"]
["18SERVIASEO S.ABolsas plásticas 23 (Compra)",18,"SERVIASEO S.A","Bien",126,"Bolsas plásticas 23 (Compra)",null,null,null,null,8035,null,null,null,null,"18Bolsas plásticas 23 (Compra)"]
["18UNIÓN TEMPORAL ASEO COLOMBIA AMP4Guantes 1 (Compra)",18,"UNIÓN TEMPORAL ASEO COLOMBIA AMP4","Bien",130,"Guantes 1 (Compra)",null,null,null,null,5833,null,null,null,null,"18Guantes 1 (Compra)"]
["18UNION TEMPORAL SERVIASEAMOSGuantes 7 (Compra)",18,"UNION TEMPORAL SERVIASEAMOS","Bien",136,"Guantes 7 (Compra)",null,null,null,null,13440,null,null,null,null,"18Guantes 7 (Compra)"]
["18UNIÓN TEMPORAL CCE AMP IV 2022Guantes 9 (Compra)",18,"UNIÓN TEMPORAL CCE AMP IV 2022","Bien",138,"Guantes 9 (Compra)",null,null,null,null,11874,null,null,null,null,"18Guantes 9 (Compra)"]
["18UNIÓN TEMPORAL CLEAN BOGOTÁPapel higiénico 2 (Compra)",18,"UNIÓN TEMPORAL CLEAN BOGOTÁ","Bien",142,"Papel higiénico 2 (Compra)",null,null,null,null,77875,null,null,null,null,"18Papel higiénico 2 (Compra)"]
["18UT GRUPO ADINToallas para manos 3 (Compra)",18,"UT GRUPO ADIN","Bien",148,"Toallas para manos 3 (Compra)",null,null,null,null,39546,null,null,null,null,"18Toallas para manos 3 (Compra)"]
["18AMERICANA DE SERVICIOS LTDAToallas para manos 8 (Compra)",18,"AMERICANA DE SERVICIOS LTDA","Bien",153,"Toallas para manos 8 (Compra)",null,null,null,null,26825,null,null,null,null,"18Toallas para manos 8 (Compra)"]
["18CONSERJES INMOBILIARIOS LTDAMezclador 1 (Compra)",18,"CONSERJES INMOBILIARIOS LTDA","Bien",159,"Mezclador 1 (Compra)",null,null,null,null,5341,null,null,null,null,"18Mezclador 1 (Compra)"]
["18ASECOLBAS LTDAFiltro para greca 1 (Compra)",18,"ASECOLBAS LTDA","Bien",161,"Filtro para greca 1 (Compra)",null,null,null,null,3128,null,null,null,null,"18Filtro para greca 1 (Compra)"]
["18BRILLASEO S.A.SPapel Aluminio 1 (Compra)",18,"BRILLASEO S.A.S","Bien",165,"Papel Aluminio 1 (Compra)",null,null,null,null,18171,null,null,null,null,"18Papel Aluminio 1 (Compra)"]
["18CONSORCIO KIOSCafé 2 (Compra)",18,"CONSORCIO KIOS","Bien",171,"Café 2 (Compra)",null,null,null,null,37456,null,null,null,null,"18Café 2 (Compra)"]
["18UNIÓN TEMPORAL ASEO COLOMBIA AMP4Azúcar 3 (Compra)",18,"UNIÓN TEMPORAL ASEO COLOMBIA AMP4","Bien",177,"Azúcar 3 (Compra)",null,null,null,null,4146,null,null,null,null,"18Azúcar 3 (Compra)"]
["18UNIÓN TEMPORAL CCE AMP IV 2022Sal 1 (Compra)",18,"UNIÓN TEMPORAL CCE AMP IV 2022","Bien",181,"Sal 1 (Compra)",null,null,null,null,2571,null,null,null,null,"18Sal 1 (Compra)"]
["18COMPAÑÍA DE SERVICIOS Y ADMINISTRACIÓN SA SERDAN SASal 3 (Compra)",18,"COMPAÑÍA DE SERVICIOS Y ADMINISTRACIÓN SA SERDAN SA","Bien",183,"Sal 3 (Compra)",null,null,null,null,2541,null,null,null,null,"18Sal 3 (Compra)"]
["18SERVIASEO S.ABebida de panela (Compra)",18,"SERVIASEO S.A","Bien",187,"Bebida de panela (Compra)",null,null,null,null,7046,null,null,null,null,"18Bebida de panela (Compra)"]
["18UNIÓN TEMPORAL EMINSER SOLOASEO 2023Agua potable 4 (Compra)",18,"UNIÓN TEMPORAL EMINSER SOLOASEO 2023","Bien",193,"Agua potable 4 (Compra)",null,null,null,null,19315,null,null,null,null,"18Agua potable 4 (Compra)"]
["18ASECOLBAS LTDARepuestos brillador 2 (Compra)",18,"ASECOLBAS LTDA","Bien",200,"Repuestos brillador 2 (Compra)",null,null,null,null,27060,null,null,null,null,"18Repuestos brillador 2 (Compra)"]
["18BRILLASEO S.A.SRastrillo 2 (Compra)",18,"BRILLASEO S.A.S","Bien",204,"Rastrillo 2 (Compra)",null,null,null,null,12270,null,null,null,null,"18Rastrillo 2 (Compra)"]
["18UNION TEMPORAL SERVICIOS A y C COLOMBIARecogedor de basura 1 (Compra)",18,"UNION TEMPORAL SERVICIOS A y C COLOMBIA","Bien",205,"Recogedor de basura 1 (Compra)",null,null,null,null,26887,null,null,null,null,"18Recogedor de basura 1 (Compra)"]
["18UT GRUPO ADINCaneca para almacenar ropa sucia  (Compra)",18,"UT GRUPO ADIN","Bien",209,"Caneca para almacenar ropa sucia  (Compra)",null,null,null,null,42266,null,null,null,null,"18Caneca para almacenar ropa sucia  (Compra)"]
["18COMPAÑÍA DE SERVICIOS Y ADMINISTRACIÓN SA SERDAN SACuchillo  (Compra)",18,"COMPAÑÍA DE SERVICIOS Y ADMINISTRACIÓN SA SERDAN SA","Bien",216,"Cuchillo  (Compra)",null,null,null,null,6639,null,null,null,null,"18Cuchillo  (Compra)"]
["18INTERASEO SAS ESPPlatos  3 (Arrendamiento)",18,"INTERASEO SAS ESP","Bien",222,"Platos  3 (Arrendamiento)",null,null,null,null,853,null,null,null,null,"18Platos  3 (Arrendamiento)"]
["18LIMPIEZA INSTITUCIONAL LASU S.A.S.Platos  5 (Arrendamiento)",18,"LIMPIEZA INSTITUCIONAL LASU S.A.S.","Bien",226,"Platos  5 (Arrendamiento)",null,null,null,null,3211,null,null,null,null,"18Platos  5 (Arrendamiento)"]
["18CONSORCIO ELITEPocillos  (Arrendamiento)",18,"CONSORCIO ELITE","Bien",228,"Pocillos  (Arrendamiento)",null,null,null,null,6147,null,null,null,null,"18Pocillos  (Arrendamiento)"]
["18SERVIASEO S.AVajilla  1 (Compra)",18,"SERVIASEO S.A","Bien",234,"Vajilla  1 (Compra)",null,null,null,null,305335,null,null,null,null,"18Vajilla  1 (Compra)"]
["18UNIÓN TEMPORAL ASEO COLOMBIA AMP4Tijeras de cocina  (Compra)",18,"UNIÓN TEMPORAL ASEO COLOMBIA AMP4","Bien",238,"Tijeras de cocina  (Compra)",null,null,null,null,22980,null,null,null,null,"18Tijeras de cocina  (Compra)"]
["18UNION TEMPORAL SERVIASEAMOSHaraganes 1  (Compra)",18,"UNION TEMPORAL SERVIASEAMOS","Bien",244,"Haraganes 1  (Compra)",null,null,null,null,18222,null,null,null,null,"18Haraganes 1  (Compra)"]
["18UNION TEMPORAL SERVICIOS A y C COLOMBIABalde (Arrendamiento)",18,"UNION TEMPORAL SERVICIOS A y C COLOMBIA","Bien",248,"Balde (Arrendamiento)",null,null,null,null,6342,null,null,null,null,"18Balde (Arrendamiento)"]
["18UNIÓN TEMPORAL CLEAN BOGOTÁPlato Biodegradable 1 (Compra)",18,"UNIÓN TEMPORAL CLEAN BOGOTÁ","Bien",250,"Plato Biodegradable 1 (Compra)",null,null,null,null,16931,null,null,null,null,"18Plato Biodegradable 1 (Compra)"]
["18UT GRUPO ADINCafetera 1 (Arrendamiento)",18,"UT GRUPO ADIN","Bien",256,"Cafetera 1 (Arrendamiento)",null,null,null,null,26269,null,null,null,null,"18Cafetera 1 (Arrendamiento)"]
["18AMERICANA DE SERVICIOS LTDAVajilla  4 (Compra)",18,"AMERICANA DE SERVICIOS LTDA","Bien",261,"Vajilla  4 (Compra)",null,null,null,null,148341,null,null,null,null,"18Vajilla  4 (Compra)"]
["18UNIÓN TEMPORAL EMINSER SOLOASEO 2023Portavasos (Arrendamiento)",18,"UNIÓN TEMPORAL EMINSER SOLOASEO 2023","Bien",262,"Portavasos (Arrendamiento)",null,null,null,null,1916,null,null,null,null,"18Portavasos (Arrendamiento)"]
["18CONSORCIO ELITEBandeja 4 (Compra)",18,"CONSORCIO ELITE","Bien",271,"Bandeja 4 (Compra)",null,null,null,null,112977,null,null,null,null,"18Bandeja 4 (Compra)"]
["18BRILLASEO S.A.SOlleta (Compra)",18,"BRILLASEO S.A.S","Bien",273,"Olleta (Compra)",null,null,null,null,79609,null,null,null,null,"18Olleta (Compra)"]
["18CONSORCIO KIOSEscurridor para platos (Compra)",18,"CONSORCIO KIOS","Bien",279,"Escurridor para platos (Compra)",null,null,null,null,63973,null,null,null,null,"18Escurridor para platos (Compra)"]
["18UNION TEMPORAL SERVIASEAMOSSoporte para Botellón de agua (Compra)",18,"UNION TEMPORAL SERVIASEAMOS","Bien",280,"Soporte para Botellón de agua (Compra)",null,null,null,null,74166,null,null,null,null,"18Soporte para Botellón de agua (Compra)"]
["18CONSERJES INMOBILIARIOS LTDACarros para limpieza (Arrendamiento)",18,"CONSERJES INMOBILIARIOS LTDA","Bien",285,"Carros para limpieza (Arrendamiento)",null,null,null,null,27172,null,null,null,null,"18Carros para limpieza (Arrendamiento)"]
["18LIMPIEZA INSTITUCIONAL LASU S.A.S.Escalera 2 (Arrendamiento)",18,"LIMPIEZA INSTITUCIONAL LASU S.A.S.","Bien",291,"Escalera 2 (Arrendamiento)",null,null,null,null,16413,null,null,null,null,"18Escalera 2 (Arrendamiento)"]
["18SERVIASEO S.AEscalera 4 (Arrendamiento)",18,"SERVIASEO S.A","Bien",295,"Escalera 4 (Arrendamiento)",null,null,null,null,107547,null,null,null,null,"18Escalera 4 (Arrendamiento)"]
["18UNIÓN TEMPORAL EMINSER SOLOASEO 2023Mangueras 2 (Arrendamiento)",18,"UNIÓN TEMPORAL EMINSER SOLOASEO 2023","Bien",301,"Mangueras 2 (Arrendamiento)",null,null,null,null,19247,null,null,null,null,"18Mangueras 2 (Arrendamiento)"]
["18UNION TEMPORAL SERVIASEAMOSContenedor de basura 1 (Compra)",18,"UNION TEMPORAL SERVIASEAMOS","Bien",305,"Contenedor de basura 1 (Compra)",null,null,null,null,75311,null,null,null,null,"18Contenedor de basura 1 (Compra)"]
["18UNIÓN TEMPORAL CCE AMP IV 2022Contenedor de basura 3 (Compra)",18,"UNIÓN TEMPORAL CCE AMP IV 2022","Bien",307,"Contenedor de basura 3 (Compra)",null,null,null,null,94147,null,null,null,null,"18Contenedor de basura 3 (Compra)"]
["18UNION TEMPORAL SERVICIOS A y C COLOMBIAContenedor de basura 9 (Compra)",18,"UNION TEMPORAL SERVICIOS A y C COLOMBIA","Bien",313,"Contenedor de basura 9 (Compra)",null,null,null,null,610213,null,null,null,null,"18Contenedor de basura 9 (Compra)"]
["18UT GRUPO ADINContenedor de basura 13 (Compra)",18,"UT GRUPO ADIN","Bien",317,"Contenedor de basura 13 (Compra)",null,null,null,null,197788,null,null,null,null,"18Contenedor de basura 13 (Compra)"]
["18COMPAÑÍA DE SERVICIOS Y ADMINISTRACIÓN SA SERDAN SAContenedor de basura 20 (Compra)",18,"COMPAÑÍA DE SERVICIOS Y ADMINISTRACIÓN SA SERDAN SA","Bien",324,"Contenedor de basura 20 (Compra)",null,null,null,null,905344,null,null,null,null,"18Contenedor de basura 20 (Compra)"]
["18AMERICANA DE SERVICIOS LTDAContenedor de basura 22 (Compra)",18,"AMERICANA DE SERVICIOS LTDA","Bien",326,"Contenedor de basura 22 (Compra)",null,null,null,null,1001302,null,null,null,null,"18Contenedor de basura 22 (Compra)"]
["18ASECOLBAS LTDAContenedor de basura 26 (Compra)",18,"ASECOLBAS LTDA","Bien",330,"Contenedor de basura 26 (Compra)",null,null,null,null,86581,null,null,null,null,"18Contenedor de basura 26 (Compra)"]
["18CONSORCIO ELITEPunto Ecológico 2 (Compra)",18,"CONSORCIO ELITE","Bien",336,"Punto Ecológico 2 (Compra)",null,null,null,null,1998536,null,null,null,null,"18Punto Ecológico 2 (Compra)"]
["18CONSORCIO KIOSPunto Ecológico 6 (Compra)",18,"CONSORCIO KIOS","Bien",340,"Punto Ecológico 6 (Compra)",null,null,null,null,1025284,null,null,null,null,"18Punto Ecológico 6 (Compra)"]
["18UNIÓN TEMPORAL ASEO COLOMBIA AMP4Papelera residuos peligrosos 2 (Compra)",18,"UNIÓN TEMPORAL ASEO COLOMBIA AMP4","Bien",346,"Papelera residuos peligrosos 2 (Compra)",null,null,null,null,120960,null,null,null,null,"18Papelera residuos peligrosos 2 (Compra)"]
["18GRUPO GECSeñales peatonales de prevención y atención 2 (Compra)",18,"GRUPO GEC","Bien",348,"Señales peatonales de prevención y atención 2 (Compra)",null,null,null,null,44676,null,null,null,null,"18Señales peatonales de prevención y atención 2 (Compra)"]
["18INTERASEO SAS ESPDispensador de toallas de manos 1 (Compra)",18,"INTERASEO SAS ESP","Bien",352,"Dispensador de toallas de manos 1 (Compra)",null,null,null,null,209459,null,null,null,null,"18Dispensador de toallas de manos 1 (Compra)"]
["18UNIÓN TEMPORAL CLEAN BOGOTÁDispensador de jabón líquido 4 (Compra)",18,"UNIÓN TEMPORAL CLEAN BOGOTÁ","Bien",358,"Dispensador de jabón líquido 4 (Compra)",null,null,null,null,712217,null,null,null,null,"18Dispensador de jabón líquido 4 (Compra)"]
["18UNION TEMPORAL ECOLIMPIEZA 4GDispensador de agua con botellón (Compra)",18,"UNION TEMPORAL ECOLIMPIEZA 4G","Bien",362,"Dispensador de agua con botellón (Compra)",null,null,null,null,1365480,null,null,null,null,"18Dispensador de agua con botellón (Compra)"]
["18AMERICANA DE SERVICIOS LTDAMáquina de filtrado para café (Compra)",18,"AMERICANA DE SERVICIOS LTDA","Bien",369,"Máquina de filtrado para café (Compra)",null,null,null,null,8035140,null,null,null,null,"18Máquina de filtrado para café (Compra)"]
["18UNIÓN TEMPORAL EMINSER SOLOASEO 2023Horno microondas (Arrendamiento)",18,"UNIÓN TEMPORAL EMINSER SOLOASEO 2023","Bien",370,"Horno microondas (Arrendamiento)",null,null,null,null,88888,null,null,null,null,"18Horno microondas (Arrendamiento)"]
["18UNION TEMPORAL SERVIASEAMOSEstufa 1 (Arrendamiento)",18,"UNION TEMPORAL SERVIASEAMOS","Bien",374,"Estufa 1 (Arrendamiento)",null,null,null,null,28123,null,null,null,null,"18Estufa 1 (Arrendamiento)"]
["18COMPAÑÍA DE SERVICIOS Y ADMINISTRACIÓN SA SERDAN SAExtensión eléctrica 2 (Compra)",18,"COMPAÑÍA DE SERVICIOS Y ADMINISTRACIÓN SA SERDAN SA","Bien",379,"Extensión eléctrica 2 (Compra)",null,null,null,null,687623,null,null,null,null,"18Extensión eléctrica 2 (Compra)"]
["18AMERICANA DE SERVICIOS LTDAAspiradora 2 (Compra)",18,"AMERICANA DE SERVICIOS LTDA","Bien",383,"Aspiradora 2 (Compra)",null,null,null,null,3090438,null,null,null,null,"18Aspiradora 2 (Compra)"]
["18ASECOLBAS LTDAAspiradora 2 (Compra)",18,"ASECOLBAS LTDA","Bien",383,"Aspiradora 2 (Compra)",null,null,null,null,69009,null,null,null,null,"18Aspiradora 2 (Compra)"]
["18BRILLASEO S.A.SAspiradora 2 (Compra)",18,"BRILLASEO S.A.S","Bien",383,"Aspiradora 2 (Compra)",null,null,null,null,1730646,null,null,null,null,"18Aspiradora 2 (Compra)"]
["18CLEANER S.A.Aspiradora 2 (Compra)",18,"CLEANER S.A.","Bien",383,"Aspiradora 2 (Compra)",null,null,null,null,1605573,null,null,null,null,"18Aspiradora 2 (Compra)"]
["18COMPAÑÍA DE SERVICIOS Y ADMINISTRACIÓN SA SERDAN SAAspiradora 2 (Compra)",18,"COMPAÑÍA DE SERVICIOS Y ADMINISTRACIÓN SA SERDAN SA","Bien",383,"Aspiradora 2 (Compra)",null,null,null,null,1931524,null,null,null,null,"18Aspiradora 2 (Compra)"]
["18CONSERJES INMOBILIARIOS LTDAAspiradora 2 (Compra)",18,"CONSERJES INMOBILIARIOS LTDA","Bien",383,"Aspiradora 2 (Compra)",null,null,null,null,78868,null,null,null,null,"18Aspiradora 2 (Compra)"]
["18CONSORCIO ELITEAspiradora 2 (Compra)",18,"CONSORCIO ELITE","Bien",383,"Aspiradora 2 (Compra)",null,null,null,null,14935693,null,null,null,null,"18Aspiradora 2 (Compra)"]
["18CONSORCIO KIOSAspiradora 2 (Compra)",18,"CONSORCIO KIOS","Bien",383,"Aspiradora 2 (Compra)",null,null,null,null,3823119,null,null,null,null,"18Aspiradora 2 (Compra)"]
["18GRUPO GECAspiradora 2 (Compra)",18,"GRUPO GEC","Bien",383,"Aspiradora 2 (Compra)",null,null,null,null,5765213,null,null,null,null,"18Aspiradora 2 (Compra)"]
["18INTERASEO SAS ESPAspiradora 2 (Compra)",18,"INTERASEO SAS ESP","Bien",383,"Aspiradora 2 (Compra)",null,null,null,null,213240,null,null,null,null,"18Aspiradora 2 (Compra)"]
["18LIMPIEZA INSTITUCIONAL LASU S.A.S.Aspiradora 2 (Compra)",18,"LIMPIEZA INSTITUCIONAL LASU S.A.S.","Bien",383,"Aspiradora 2 (Compra)",null,null,null,null,2042656,null,null,null,null,"18Aspiradora 2 (Compra)"]
["18SERVIASEO S.AAspiradora 2 (Compra)",18,"SERVIASEO S.A","Bien",383,"Aspiradora 2 (Compra)",null,null,null,null,1630516,null,null,null,null,"18Aspiradora 2 (Compra)"]
["18UNIÓN TEMPORAL ASEO COLOMBIA AMP4Aspiradora 2 (Compra)",18,"UNIÓN TEMPORAL ASEO COLOMBIA AMP4","Bien",383,"Aspiradora 2 (Compra)",null,null,null,null,2996658,null,null,null,null,"18Aspiradora 2 (Compra)"]
["18UNIÓN TEMPORAL CCE AMP IV 2022Aspiradora 2 (Compra)",18,"UNIÓN TEMPORAL CCE AMP IV 2022","Bien",383,"Aspiradora 2 (Compra)",null,null,null,null,3641140,null,null,null,null,"18Aspiradora 2 (Compra)"]
["18UNIÓN TEMPORAL CLEAN BOGOTÁAspiradora 2 (Compra)",18,"UNIÓN TEMPORAL CLEAN BOGOTÁ","Bien",383,"Aspiradora 2 (Compra)",null,null,null,null,16028772,null,null,null,null,"18Aspiradora 2 (Compra)"]
["18UNION TEMPORAL ECOLIMPIEZA 4GAspiradora 2 (Compra)",18,"UNION TEMPORAL ECOLIMPIEZA 4G","Bien",383,"Aspiradora 2 (Compra)",null,null,null,null,2525012,null,null,null,null,"18Aspiradora 2 (Compra)"]
["18UNIÓN TEMPORAL EMINSER SOLOASEO 2023Aspiradora 2 (Compra)",18,"UNIÓN TEMPORAL EMINSER SOLOASEO 2023","Bien",383,"Aspiradora 2 (Compra)",null,null,null,null,7814946,null,null,null,null,"18Aspiradora 2 (Compra)"]
["18UNION TEMPORAL SERVIASEAMOSAspiradora 2 (Compra)",18,"UNION TEMPORAL SERVIASEAMOS","Bien",383,"Aspiradora 2 (Compra)",null,null,null,null,3569456,null,null,null,null,"18Aspiradora 2 (Compra)"]
["18UNION TEMPORAL SERVICIOS A y C COLOMBIAAspiradora 2 (Compra)",18,"UNION TEMPORAL SERVICIOS A y C COLOMBIA","Bien",383,"Aspiradora 2 (Compra)",null,null,null,null,8886581,null,null,null,null,"18Aspiradora 2 (Compra)"]
["18UT GRUPO ADINAspiradora 2 (Compra)",18,"UT GRUPO ADIN","Bien",383,"Aspiradora 2 (Compra)",null,null,null,null,1607028,null,null,null,null,"18Aspiradora 2 (Compra)"]
["18AMERICANA DE SERVICIOS LTDALavabrilladora de pisos 1 (Arrendamiento)",18,"AMERICANA DE SERVICIOS LTDA","Bien",384,"Lavabrilladora de pisos 1 (Arrendamiento)",null,null,null,null,278139,null,null,null,null,"18Lavabrilladora de pisos 1 (Arrendamiento)"]
["18ASECOLBAS LTDALavabrilladora de pisos 1 (Arrendamiento)",18,"ASECOLBAS LTDA","Bien",384,"Lavabrilladora de pisos 1 (Arrendamiento)",null,null,null,null,90989,null,null,null,null,"18Lavabrilladora de pisos 1 (Arrendamiento)"]
["18BRILLASEO S.A.SLavabrilladora de pisos 1 (Arrendamiento)",18,"BRILLASEO S.A.S","Bien",384,"Lavabrilladora de pisos 1 (Arrendamiento)",null,null,null,null,317286,null,null,null,null,"18Lavabrilladora de pisos 1 (Arrendamiento)"]
["18CLEANER S.A.Lavabrilladora de pisos 1 (Arrendamiento)",18,"CLEANER S.A.","Bien",384,"Lavabrilladora de pisos 1 (Arrendamiento)",null,null,null,null,122438,null,null,null,null,"18Lavabrilladora de pisos 1 (Arrendamiento)"]
["18COMPAÑÍA DE SERVICIOS Y ADMINISTRACIÓN SA SERDAN SALavabrilladora de pisos 1 (Arrendamiento)",18,"COMPAÑÍA DE SERVICIOS Y ADMINISTRACIÓN SA SERDAN SA","Bien",384,"Lavabrilladora de pisos 1 (Arrendamiento)",null,null,null,null,138426,null,null,null,null,"18Lavabrilladora de pisos 1 (Arrendamiento)"]
["18CONSERJES INMOBILIARIOS LTDALavabrilladora de pisos 1 (Arrendamiento)",18,"CONSERJES INMOBILIARIOS LTDA","Bien",384,"Lavabrilladora de pisos 1 (Arrendamiento)",null,null,null,null,103988,null,null,null,null,"18Lavabrilladora de pisos 1 (Arrendamiento)"]
["18CONSORCIO ELITELavabrilladora de pisos 1 (Arrendamiento)",18,"CONSORCIO ELITE","Bien",384,"Lavabrilladora de pisos 1 (Arrendamiento)",null,null,null,null,987298,null,null,null,null,"18Lavabrilladora de pisos 1 (Arrendamiento)"]
["18CONSORCIO KIOSLavabrilladora de pisos 1 (Arrendamiento)",18,"CONSORCIO KIOS","Bien",384,"Lavabrilladora de pisos 1 (Arrendamiento)",null,null,null,null,333767,null,null,null,null,"18Lavabrilladora de pisos 1 (Arrendamiento)"]
["18GRUPO GECLavabrilladora de pisos 1 (Arrendamiento)",18,"GRUPO GEC","Bien",384,"Lavabrilladora de pisos 1 (Arrendamiento)",null,null,null,null,449968,null,null,null,null,"18Lavabrilladora de pisos 1 (Arrendamiento)"]
["18INTERASEO SAS ESPLavabrilladora de pisos 1 (Arrendamiento)",18,"INTERASEO SAS ESP","Bien",384,"Lavabrilladora de pisos 1 (Arrendamiento)",null,null,null,null,369617,null,null,null,null,"18Lavabrilladora de pisos 1 (Arrendamiento)"]
["18LIMPIEZA INSTITUCIONAL LASU S.A.S.Lavabrilladora de pisos 1 (Arrendamiento)",18,"LIMPIEZA INSTITUCIONAL LASU S.A.S.","Bien",384,"Lavabrilladora de pisos 1 (Arrendamiento)",null,null,null,null,275668,null,null,null,null,"18Lavabrilladora de pisos 1 (Arrendamiento)"]
["18SERVIASEO S.ALavabrilladora de pisos 1 (Arrendamiento)",18,"SERVIASEO S.A","Bien",384,"Lavabrilladora de pisos 1 (Arrendamiento)",null,null,null,null,576058,null,null,null,null,"18Lavabrilladora de pisos 1 (Arrendamiento)"]
["18UNIÓN TEMPORAL ASEO COLOMBIA AMP4Lavabrilladora de pisos 1 (Arrendamiento)",18,"UNIÓN TEMPORAL ASEO COLOMBIA AMP4","Bien",384,"Lavabrilladora de pisos 1 (Arrendamiento)",null,null,null,null,347159,null,null,null,null,"18Lavabrilladora de pisos 1 (Arrendamiento)"]
["18UNIÓN TEMPORAL CCE AMP IV 2022Lavabrilladora de pisos 1 (Arrendamiento)",18,"UNIÓN TEMPORAL CCE AMP IV 2022","Bien",384,"Lavabrilladora de pisos 1 (Arrendamiento)",null,null,null,null,145490,null,null,null,null,"18Lavabrilladora de pisos 1 (Arrendamiento)"]
["18UNIÓN TEMPORAL CLEAN BOGOTÁLavabrilladora de pisos 1 (Arrendamiento)",18,"UNIÓN TEMPORAL CLEAN BOGOTÁ","Bien",384,"Lavabrilladora de pisos 1 (Arrendamiento)",null,null,null,null,1059552,null,null,null,null,"18Lavabrilladora de pisos 1 (Arrendamiento)"]
["18UNION TEMPORAL ECOLIMPIEZA 4GLavabrilladora de pisos 1 (Arrendamiento)",18,"UNION TEMPORAL ECOLIMPIEZA 4G","Bien",384,"Lavabrilladora de pisos 1 (Arrendamiento)",null,null,null,null,234356,null,null,null,null,"18Lavabrilladora de pisos 1 (Arrendamiento)"]
["18UNIÓN TEMPORAL EMINSER SOLOASEO 2023Lavabrilladora de pisos 1 (Arrendamiento)",18,"UNIÓN TEMPORAL EMINSER SOLOASEO 2023","Bien",384,"Lavabrilladora de pisos 1 (Arrendamiento)",null,null,null,null,270838,null,null,null,null,"18Lavabrilladora de pisos 1 (Arrendamiento)"]
["18UNION TEMPORAL SERVIASEAMOSLavabrilladora de pisos 1 (Arrendamiento)",18,"UNION TEMPORAL SERVIASEAMOS","Bien",384,"Lavabrilladora de pisos 1 (Arrendamiento)",null,null,null,null,173065,null,null,null,null,"18Lavabrilladora de pisos 1 (Arrendamiento)"]
["18UNION TEMPORAL SERVICIOS A y C COLOMBIALavabrilladora de pisos 1 (Arrendamiento)",18,"UNION TEMPORAL SERVICIOS A y C COLOMBIA","Bien",384,"Lavabrilladora de pisos 1 (Arrendamiento)",null,null,null,null,1067388,null,null,null,null,"18Lavabrilladora de pisos 1 (Arrendamiento)"]
["18UT GRUPO ADINLavabrilladora de pisos 1 (Arrendamiento)",18,"UT GRUPO ADIN","Bien",384,"Lavabrilladora de pisos 1 (Arrendamiento)",null,null,null,null,86587,null,null,null,null,"18Lavabrilladora de pisos 1 (Arrendamiento)"]
["18AMERICANA DE SERVICIOS LTDALavabrilladora de pisos 1 (Compra)",18,"AMERICANA DE SERVICIOS LTDA","Bien",385,"Lavabrilladora de pisos 1 (Compra)",null,null,null,null,3337673,null,null,null,null,"18Lavabrilladora de pisos 1 (Compra)"]
["18ASECOLBAS LTDALavabrilladora de pisos 1 (Compra)",18,"ASECOLBAS LTDA","Bien",385,"Lavabrilladora de pisos 1 (Compra)",null,null,null,null,90989,null,null,null,null,"18Lavabrilladora de pisos 1 (Compra)"]
["18BRILLASEO S.A.SLavabrilladora de pisos 1 (Compra)",18,"BRILLASEO S.A.S","Bien",385,"Lavabrilladora de pisos 1 (Compra)",null,null,null,null,3807420,null,null,null,null,"18Lavabrilladora de pisos 1 (Compra)"]
["18CLEANER S.A.Lavabrilladora de pisos 1 (Compra)",18,"CLEANER S.A.","Bien",385,"Lavabrilladora de pisos 1 (Compra)",null,null,null,null,5877064,null,null,null,null,"18Lavabrilladora de pisos 1 (Compra)"]
["18COMPAÑÍA DE SERVICIOS Y ADMINISTRACIÓN SA SERDAN SALavabrilladora de pisos 1 (Compra)",18,"COMPAÑÍA DE SERVICIOS Y ADMINISTRACIÓN SA SERDAN SA","Bien",385,"Lavabrilladora de pisos 1 (Compra)",null,null,null,null,3322221,null,null,null,null,"18Lavabrilladora de pisos 1 (Compra)"]
["18CONSERJES INMOBILIARIOS LTDALavabrilladora de pisos 1 (Compra)",18,"CONSERJES INMOBILIARIOS LTDA","Bien",385,"Lavabrilladora de pisos 1 (Compra)",null,null,null,null,103988,null,null,null,null,"18Lavabrilladora de pisos 1 (Compra)"]
["18CONSORCIO ELITELavabrilladora de pisos 1 (Compra)",18,"CONSORCIO ELITE","Bien",385,"Lavabrilladora de pisos 1 (Compra)",null,null,null,null,20848287,null,null,null,null,"18Lavabrilladora de pisos 1 (Compra)"]
["18CONSORCIO KIOSLavabrilladora de pisos 1 (Compra)",18,"CONSORCIO KIOS","Bien",385,"Lavabrilladora de pisos 1 (Compra)",null,null,null,null,5447824,null,null,null,null,"18Lavabrilladora de pisos 1 (Compra)"]
["18GRUPO GECLavabrilladora de pisos 1 (Compra)",18,"GRUPO GEC","Bien",385,"Lavabrilladora de pisos 1 (Compra)",null,null,null,null,5142490,null,null,null,null,"18Lavabrilladora de pisos 1 (Compra)"]
["18INTERASEO SAS ESPLavabrilladora de pisos 1 (Compra)",18,"INTERASEO SAS ESP","Bien",385,"Lavabrilladora de pisos 1 (Compra)",null,null,null,null,7079576,null,null,null,null,"18Lavabrilladora de pisos 1 (Compra)"]
["18LIMPIEZA INSTITUCIONAL LASU S.A.S.Lavabrilladora de pisos 1 (Compra)",18,"LIMPIEZA INSTITUCIONAL LASU S.A.S.","Bien",385,"Lavabrilladora de pisos 1 (Compra)",null,null,null,null,2679484,null,null,null,null,"18Lavabrilladora de pisos 1 (Compra)"]
["18SERVIASEO S.ALavabrilladora de pisos 1 (Compra)",18,"SERVIASEO S.A","Bien",385,"Lavabrilladora de pisos 1 (Compra)",null,null,null,null,6509699,null,null,null,null,"18Lavabrilladora de pisos 1 (Compra)"]
["18UNIÓN TEMPORAL ASEO COLOMBIA AMP4Lavabrilladora de pisos 1 (Compra)",18,"UNIÓN TEMPORAL ASEO COLOMBIA AMP4","Bien",385,"Lavabrilladora de pisos 1 (Compra)",null,null,null,null,4165904,null,null,null,null,"18Lavabrilladora de pisos 1 (Compra)"]
["18UNIÓN TEMPORAL CCE AMP IV 2022Lavabrilladora de pisos 1 (Compra)",18,"UNIÓN TEMPORAL CCE AMP IV 2022","Bien",385,"Lavabrilladora de pisos 1 (Compra)",null,null,null,null,5237640,null,null,null,null,"18Lavabrilladora de pisos 1 (Compra)"]
["18UNIÓN TEMPORAL CLEAN BOGOTÁLavabrilladora de pisos 1 (Compra)",18,"UNIÓN TEMPORAL CLEAN BOGOTÁ","Bien",385,"Lavabrilladora de pisos 1 (Compra)",null,null,null,null,22374080,null,null,null,null,"18Lavabrilladora de pisos 1 (Compra)"]
["18UNION TEMPORAL ECOLIMPIEZA 4GLavabrilladora de pisos 1 (Compra)",18,"UNION TEMPORAL ECOLIMPIEZA 4G","Bien",385,"Lavabrilladora de pisos 1 (Compra)",null,null,null,null,5624598,null,null,null,null,"18Lavabrilladora de pisos 1 (Compra)"]
["18UNIÓN TEMPORAL EMINSER SOLOASEO 2023Lavabrilladora de pisos 1 (Compra)",18,"UNIÓN TEMPORAL EMINSER SOLOASEO 2023","Bien",385,"Lavabrilladora de pisos 1 (Compra)",null,null,null,null,5746284,null,null,null,null,"18Lavabrilladora de pisos 1 (Compra)"]
["18UNION TEMPORAL SERVIASEAMOSLavabrilladora de pisos 1 (Compra)",18,"UNION TEMPORAL SERVIASEAMOS","Bien",385,"Lavabrilladora de pisos 1 (Compra)",null,null,null,null,5118385,null,null,null,null,"18Lavabrilladora de pisos 1 (Compra)"]
["18UNION TEMPORAL SERVICIOS A y C COLOMBIALavabrilladora de pisos 1 (Compra)",18,"UNION TEMPORAL SERVICIOS A y C COLOMBIA","Bien",385,"Lavabrilladora de pisos 1 (Compra)",null,null,null,null,11485651,null,null,null,null,"18Lavabrilladora de pisos 1 (Compra)"]
["18UT GRUPO ADINLavabrilladora de pisos 1 (Compra)",18,"UT GRUPO ADIN","Bien",385,"Lavabrilladora de pisos 1 (Compra)",null,null,null,null,346350,null,null,null,null,"18Lavabrilladora de pisos 1 (Compra)"]
["18AMERICANA DE SERVICIOS LTDALavabrilladora de pisos 2 (Arrendamiento)",18,"AMERICANA DE SERVICIOS LTDA","Bien",386,"Lavabrilladora de pisos 2 (Arrendamiento)",null,null,null,null,321406,null,null,null,null,"18Lavabrilladora de pisos 2 (Arrendamiento)"]
["18ASECOLBAS LTDALavabrilladora de pisos 2 (Arrendamiento)",18,"ASECOLBAS LTDA","Bien",386,"Lavabrilladora de pisos 2 (Arrendamiento)",null,null,null,null,99296,null,null,null,null,"18Lavabrilladora de pisos 2 (Arrendamiento)"]
["18BRILLASEO S.A.SLavabrilladora de pisos 2 (Arrendamiento)",18,"BRILLASEO S.A.S","Bien",386,"Lavabrilladora de pisos 2 (Arrendamiento)",null,null,null,null,403818,null,null,null,null,"18Lavabrilladora de pisos 2 (Arrendamiento)"]
["18CLEANER S.A.Lavabrilladora de pisos 2 (Arrendamiento)",18,"CLEANER S.A.","Bien",386,"Lavabrilladora de pisos 2 (Arrendamiento)",null,null,null,null,125684,null,null,null,null,"18Lavabrilladora de pisos 2 (Arrendamiento)"]
["18COMPAÑÍA DE SERVICIOS Y ADMINISTRACIÓN SA SERDAN SALavabrilladora de pisos 2 (Arrendamiento)",18,"COMPAÑÍA DE SERVICIOS Y ADMINISTRACIÓN SA SERDAN SA","Bien",386,"Lavabrilladora de pisos 2 (Arrendamiento)",null,null,null,null,144865,null,null,null,null,"18Lavabrilladora de pisos 2 (Arrendamiento)"]
["18CONSERJES INMOBILIARIOS LTDALavabrilladora de pisos 2 (Arrendamiento)",18,"CONSERJES INMOBILIARIOS LTDA","Bien",386,"Lavabrilladora de pisos 2 (Arrendamiento)",null,null,null,null,113481,null,null,null,null,"18Lavabrilladora de pisos 2 (Arrendamiento)"]
["18CONSORCIO ELITELavabrilladora de pisos 2 (Arrendamiento)",18,"CONSORCIO ELITE","Bien",386,"Lavabrilladora de pisos 2 (Arrendamiento)",null,null,null,null,1028431,null,null,null,null,"18Lavabrilladora de pisos 2 (Arrendamiento)"]
["18CONSORCIO KIOSLavabrilladora de pisos 2 (Arrendamiento)",18,"CONSORCIO KIOS","Bien",386,"Lavabrilladora de pisos 2 (Arrendamiento)",null,null,null,null,356019,null,null,null,null,"18Lavabrilladora de pisos 2 (Arrendamiento)"]
["18GRUPO GECLavabrilladora de pisos 2 (Arrendamiento)",18,"GRUPO GEC","Bien",386,"Lavabrilladora de pisos 2 (Arrendamiento)",null,null,null,null,287658,null,null,null,null,"18Lavabrilladora de pisos 2 (Arrendamiento)"]
["18INTERASEO SAS ESPLavabrilladora de pisos 2 (Arrendamiento)",18,"INTERASEO SAS ESP","Bien",386,"Lavabrilladora de pisos 2 (Arrendamiento)",null,null,null,null,369617,null,null,null,null,"18Lavabrilladora de pisos 2 (Arrendamiento)"]
["18LIMPIEZA INSTITUCIONAL LASU S.A.S.Lavabrilladora de pisos 2 (Arrendamiento)",18,"LIMPIEZA INSTITUCIONAL LASU S.A.S.","Bien",386,"Lavabrilladora de pisos 2 (Arrendamiento)",null,null,null,null,301008,null,null,null,null,"18Lavabrilladora de pisos 2 (Arrendamiento)"]
["18SERVIASEO S.ALavabrilladora de pisos 2 (Arrendamiento)",18,"SERVIASEO S.A","Bien",386,"Lavabrilladora de pisos 2 (Arrendamiento)",null,null,null,null,576058,null,null,null,null,"18Lavabrilladora de pisos 2 (Arrendamiento)"]
["18UNIÓN TEMPORAL ASEO COLOMBIA AMP4Lavabrilladora de pisos 2 (Arrendamiento)",18,"UNIÓN TEMPORAL ASEO COLOMBIA AMP4","Bien",386,"Lavabrilladora de pisos 2 (Arrendamiento)",null,null,null,null,362480,null,null,null,null,"18Lavabrilladora de pisos 2 (Arrendamiento)"]
["18UNIÓN TEMPORAL CCE AMP IV 2022Lavabrilladora de pisos 2 (Arrendamiento)",18,"UNIÓN TEMPORAL CCE AMP IV 2022","Bien",386,"Lavabrilladora de pisos 2 (Arrendamiento)",null,null,null,null,151713,null,null,null,null,"18Lavabrilladora de pisos 2 (Arrendamiento)"]
["18UNIÓN TEMPORAL CLEAN BOGOTÁLavabrilladora de pisos 2 (Arrendamiento)",18,"UNIÓN TEMPORAL CLEAN BOGOTÁ","Bien",386,"Lavabrilladora de pisos 2 (Arrendamiento)",null,null,null,null,1103703,null,null,null,null,"18Lavabrilladora de pisos 2 (Arrendamiento)"]
["18UNION TEMPORAL ECOLIMPIEZA 4GLavabrilladora de pisos 2 (Arrendamiento)",18,"UNION TEMPORAL ECOLIMPIEZA 4G","Bien",386,"Lavabrilladora de pisos 2 (Arrendamiento)",null,null,null,null,263194,null,null,null,null,"18Lavabrilladora de pisos 2 (Arrendamiento)"]
["18UNIÓN TEMPORAL EMINSER SOLOASEO 2023Lavabrilladora de pisos 2 (Arrendamiento)",18,"UNIÓN TEMPORAL EMINSER SOLOASEO 2023","Bien",386,"Lavabrilladora de pisos 2 (Arrendamiento)",null,null,null,null,282946,null,null,null,null,"18Lavabrilladora de pisos 2 (Arrendamiento)"]
["18UNION TEMPORAL SERVIASEAMOSLavabrilladora de pisos 2 (Arrendamiento)",18,"UNION TEMPORAL SERVIASEAMOS","Bien",386,"Lavabrilladora de pisos 2 (Arrendamiento)",null,null,null,null,183881,null,null,null,null,"18Lavabrilladora de pisos 2 (Arrendamiento)"]
["18UNION TEMPORAL SERVICIOS A y C COLOMBIALavabrilladora de pisos 2 (Arrendamiento)",18,"UNION TEMPORAL SERVICIOS A y C COLOMBIA","Bien",386,"Lavabrilladora de pisos 2 (Arrendamiento)",null,null,null,null,1046695,null,null,null,null,"18Lavabrilladora de pisos 2 (Arrendamiento)"]
["18UT GRUPO ADINLavabrilladora de pisos 2 (Arrendamiento)",18,"UT GRUPO ADIN","Bien",386,"Lavabrilladora de pisos 2 (Arrendamiento)",null,null,null,null,92713,null,null,null,null,"18Lavabrilladora de pisos 2 (Arrendamiento)"]
["18AMERICANA DE SERVICIOS LTDALavabrilladora de pisos 2 (Compra)",18,"AMERICANA DE SERVICIOS LTDA","Bien",387,"Lavabrilladora de pisos 2 (Compra)",null,null,null,null,3832144,null,null,null,null,"18Lavabrilladora de pisos 2 (Compra)"]
["18ASECOLBAS LTDALavabrilladora de pisos 2 (Compra)",18,"ASECOLBAS LTDA","Bien",387,"Lavabrilladora de pisos 2 (Compra)",null,null,null,null,99296,null,null,null,null,"18Lavabrilladora de pisos 2 (Compra)"]
["18BRILLASEO S.A.SLavabrilladora de pisos 2 (Compra)",18,"BRILLASEO S.A.S","Bien",387,"Lavabrilladora de pisos 2 (Compra)",null,null,null,null,4845807,null,null,null,null,"18Lavabrilladora de pisos 2 (Compra)"]
["18CLEANER S.A.Lavabrilladora de pisos 2 (Compra)",18,"CLEANER S.A.","Bien",387,"Lavabrilladora de pisos 2 (Compra)",null,null,null,null,6032822,null,null,null,null,"18Lavabrilladora de pisos 2 (Compra)"]
["18COMPAÑÍA DE SERVICIOS Y ADMINISTRACIÓN SA SERDAN SALavabrilladora de pisos 2 (Compra)",18,"COMPAÑÍA DE SERVICIOS Y ADMINISTRACIÓN SA SERDAN SA","Bien",387,"Lavabrilladora de pisos 2 (Compra)",null,null,null,null,3476743,null,null,null,null,"18Lavabrilladora de pisos 2 (Compra)"]
["18CONSERJES INMOBILIARIOS LTDALavabrilladora de pisos 2 (Compra)",18,"CONSERJES INMOBILIARIOS LTDA","Bien",387,"Lavabrilladora de pisos 2 (Compra)",null,null,null,null,113481,null,null,null,null,"18Lavabrilladora de pisos 2 (Compra)"]
["18CONSORCIO ELITELavabrilladora de pisos 2 (Compra)",18,"CONSORCIO ELITE","Bien",387,"Lavabrilladora de pisos 2 (Compra)",null,null,null,null,22469624,null,null,null,null,"18Lavabrilladora de pisos 2 (Compra)"]
["18CONSORCIO KIOSLavabrilladora de pisos 2 (Compra)",18,"CONSORCIO KIOS","Bien",387,"Lavabrilladora de pisos 2 (Compra)",null,null,null,null,5780479,null,null,null,null,"18Lavabrilladora de pisos 2 (Compra)"]
["18GRUPO GECLavabrilladora de pisos 2 (Compra)",18,"GRUPO GEC","Bien",387,"Lavabrilladora de pisos 2 (Compra)",null,null,null,null,8718127,null,null,null,null,"18Lavabrilladora de pisos 2 (Compra)"]
["18INTERASEO SAS ESPLavabrilladora de pisos 2 (Compra)",18,"INTERASEO SAS ESP","Bien",387,"Lavabrilladora de pisos 2 (Compra)",null,null,null,null,7079576,null,null,null,null,"18Lavabrilladora de pisos 2 (Compra)"]
["18LIMPIEZA INSTITUCIONAL LASU S.A.S.Lavabrilladora de pisos 2 (Compra)",18,"LIMPIEZA INSTITUCIONAL LASU S.A.S.","Bien",387,"Lavabrilladora de pisos 2 (Compra)",null,null,null,null,2925805,null,null,null,null,"18Lavabrilladora de pisos 2 (Compra)"]
["18SERVIASEO S.ALavabrilladora de pisos 2 (Compra)",18,"SERVIASEO S.A","Bien",387,"Lavabrilladora de pisos 2 (Compra)",null,null,null,null,6509699,null,null,null,null,"18Lavabrilladora de pisos 2 (Compra)"]
["18UNIÓN TEMPORAL ASEO COLOMBIA AMP4Lavabrilladora de pisos 2 (Compra)",18,"UNIÓN TEMPORAL ASEO COLOMBIA AMP4","Bien",387,"Lavabrilladora de pisos 2 (Compra)",null,null,null,null,4349748,null,null,null,null,"18Lavabrilladora de pisos 2 (Compra)"]
["18UNIÓN TEMPORAL CCE AMP IV 2022Lavabrilladora de pisos 2 (Compra)",18,"UNIÓN TEMPORAL CCE AMP IV 2022","Bien",387,"Lavabrilladora de pisos 2 (Compra)",null,null,null,null,5461709,null,null,null,null,"18Lavabrilladora de pisos 2 (Compra)"]
["18UNIÓN TEMPORAL CLEAN BOGOTÁLavabrilladora de pisos 2 (Compra)",18,"UNIÓN TEMPORAL CLEAN BOGOTÁ","Bien",387,"Lavabrilladora de pisos 2 (Compra)",null,null,null,null,24114080,null,null,null,null,"18Lavabrilladora de pisos 2 (Compra)"]
["18UNION TEMPORAL ECOLIMPIEZA 4GLavabrilladora de pisos 2 (Compra)",18,"UNION TEMPORAL ECOLIMPIEZA 4G","Bien",387,"Lavabrilladora de pisos 2 (Compra)",null,null,null,null,6316683,null,null,null,null,"18Lavabrilladora de pisos 2 (Compra)"]
["18UNIÓN TEMPORAL EMINSER SOLOASEO 2023Lavabrilladora de pisos 2 (Compra)",18,"UNIÓN TEMPORAL EMINSER SOLOASEO 2023","Bien",387,"Lavabrilladora de pisos 2 (Compra)",null,null,null,null,5976135,null,null,null,null,"18Lavabrilladora de pisos 2 (Compra)"]
["18UNION TEMPORAL SERVIASEAMOSLavabrilladora de pisos 2 (Compra)",18,"UNION TEMPORAL SERVIASEAMOS","Bien",387,"Lavabrilladora de pisos 2 (Compra)",null,null,null,null,5334715,null,null,null,null,"18Lavabrilladora de pisos 2 (Compra)"]
["18UNION TEMPORAL SERVICIOS A y C COLOMBIALavabrilladora de pisos 2 (Compra)",18,"UNION TEMPORAL SERVICIOS A y C COLOMBIA","Bien",387,"Lavabrilladora de pisos 2 (Compra)",null,null,null,null,14359499,null,null,null,null,"18Lavabrilladora de pisos 2 (Compra)"]
["18UT GRUPO ADINLavabrilladora de pisos 2 (Compra)",18,"UT GRUPO ADIN","Bien",387,"Lavabrilladora de pisos 2 (Compra)",null,null,null,null,370853,null,null,null,null,"18Lavabrilladora de pisos 2 (Compra)"]
["18AMERICANA DE SERVICIOS LTDABrilladora de alta revolución (Arrendamiento)",18,"AMERICANA DE SERVICIOS LTDA","Bien",388,"Brilladora de alta revolución (Arrendamiento)",null,null,null,null,877685,null,null,null,null,"18Brilladora de alta revolución (Arrendamiento)"]
["18ASECOLBAS LTDABrilladora de alta revolución (Arrendamiento)",18,"ASECOLBAS LTDA","Bien",388,"Brilladora de alta revolución (Arrendamiento)",null,null,null,null,114655,null,null,null,null,"18Brilladora de alta revolución (Arrendamiento)"]
["18BRILLASEO S.A.SBrilladora de alta revolución (Arrendamiento)",18,"BRILLASEO S.A.S","Bien",388,"Brilladora de alta revolución (Arrendamiento)",null,null,null,null,553807,null,null,null,null,"18Brilladora de alta revolución (Arrendamiento)"]
["18CLEANER S.A.Brilladora de alta revolución (Arrendamiento)",18,"CLEANER S.A.","Bien",388,"Brilladora de alta revolución (Arrendamiento)",null,null,null,null,194698,null,null,null,null,"18Brilladora de alta revolución (Arrendamiento)"]
["18COMPAÑÍA DE SERVICIOS Y ADMINISTRACIÓN SA SERDAN SABrilladora de alta revolución (Arrendamiento)",18,"COMPAÑÍA DE SERVICIOS Y ADMINISTRACIÓN SA SERDAN SA","Bien",388,"Brilladora de alta revolución (Arrendamiento)",null,null,null,null,202208,null,null,null,null,"18Brilladora de alta revolución (Arrendamiento)"]
["18CONSERJES INMOBILIARIOS LTDABrilladora de alta revolución (Arrendamiento)",18,"CONSERJES INMOBILIARIOS LTDA","Bien",388,"Brilladora de alta revolución (Arrendamiento)",null,null,null,null,131034,null,null,null,null,"18Brilladora de alta revolución (Arrendamiento)"]
["18CONSORCIO ELITEBrilladora de alta revolución (Arrendamiento)",18,"CONSORCIO ELITE","Bien",388,"Brilladora de alta revolución (Arrendamiento)",null,null,null,null,958498,null,null,null,null,"18Brilladora de alta revolución (Arrendamiento)"]
["18CONSORCIO KIOSBrilladora de alta revolución (Arrendamiento)",18,"CONSORCIO KIOS","Bien",388,"Brilladora de alta revolución (Arrendamiento)",null,null,null,null,442551,null,null,null,null,"18Brilladora de alta revolución (Arrendamiento)"]
["18GRUPO GECBrilladora de alta revolución (Arrendamiento)",18,"GRUPO GEC","Bien",388,"Brilladora de alta revolución (Arrendamiento)",null,null,null,null,456396,null,null,null,null,"18Brilladora de alta revolución (Arrendamiento)"]
["18INTERASEO SAS ESPBrilladora de alta revolución (Arrendamiento)",18,"INTERASEO SAS ESP","Bien",388,"Brilladora de alta revolución (Arrendamiento)",null,null,null,null,511777,null,null,null,null,"18Brilladora de alta revolución (Arrendamiento)"]
["18LIMPIEZA INSTITUCIONAL LASU S.A.S.Brilladora de alta revolución (Arrendamiento)",18,"LIMPIEZA INSTITUCIONAL LASU S.A.S.","Bien",388,"Brilladora de alta revolución (Arrendamiento)",null,null,null,null,358491,null,null,null,null,"18Brilladora de alta revolución (Arrendamiento)"]
["18SERVIASEO S.ABrilladora de alta revolución (Arrendamiento)",18,"SERVIASEO S.A","Bien",388,"Brilladora de alta revolución (Arrendamiento)",null,null,null,null,576058,null,null,null,null,"18Brilladora de alta revolución (Arrendamiento)"]
["18UNIÓN TEMPORAL ASEO COLOMBIA AMP4Brilladora de alta revolución (Arrendamiento)",18,"UNIÓN TEMPORAL ASEO COLOMBIA AMP4","Bien",388,"Brilladora de alta revolución (Arrendamiento)",null,null,null,null,528551,null,null,null,null,"18Brilladora de alta revolución (Arrendamiento)"]
["18UNIÓN TEMPORAL CCE AMP IV 2022Brilladora de alta revolución (Arrendamiento)",18,"UNIÓN TEMPORAL CCE AMP IV 2022","Bien",388,"Brilladora de alta revolución (Arrendamiento)",null,null,null,null,264188,null,null,null,null,"18Brilladora de alta revolución (Arrendamiento)"]
["18UNIÓN TEMPORAL CLEAN BOGOTÁBrilladora de alta revolución (Arrendamiento)",18,"UNIÓN TEMPORAL CLEAN BOGOTÁ","Bien",388,"Brilladora de alta revolución (Arrendamiento)",null,null,null,null,1028645,null,null,null,null,"18Brilladora de alta revolución (Arrendamiento)"]
["18UNION TEMPORAL ECOLIMPIEZA 4GBrilladora de alta revolución (Arrendamiento)",18,"UNION TEMPORAL ECOLIMPIEZA 4G","Bien",388,"Brilladora de alta revolución (Arrendamiento)",null,null,null,null,305738,null,null,null,null,"18Brilladora de alta revolución (Arrendamiento)"]
["18UNIÓN TEMPORAL EMINSER SOLOASEO 2023Brilladora de alta revolución (Arrendamiento)",18,"UNIÓN TEMPORAL EMINSER SOLOASEO 2023","Bien",388,"Brilladora de alta revolución (Arrendamiento)",null,null,null,null,376496,null,null,null,null,"18Brilladora de alta revolución (Arrendamiento)"]
["18UNION TEMPORAL SERVIASEAMOSBrilladora de alta revolución (Arrendamiento)",18,"UNION TEMPORAL SERVIASEAMOS","Bien",388,"Brilladora de alta revolución (Arrendamiento)",null,null,null,null,183881,null,null,null,null,"18Brilladora de alta revolución (Arrendamiento)"]
["18UNION TEMPORAL SERVICIOS A y C COLOMBIABrilladora de alta revolución (Arrendamiento)",18,"UNION TEMPORAL SERVICIOS A y C COLOMBIA","Bien",388,"Brilladora de alta revolución (Arrendamiento)",null,null,null,null,958543,null,null,null,null,"18Brilladora de alta revolución (Arrendamiento)"]
["18UT GRUPO ADINBrilladora de alta revolución (Arrendamiento)",18,"UT GRUPO ADIN","Bien",388,"Brilladora de alta revolución (Arrendamiento)",null,null,null,null,958036,null,null,null,null,"18Brilladora de alta revolución (Arrendamiento)"]
["18AMERICANA DE SERVICIOS LTDABrilladora de alta revolución (Compra)",18,"AMERICANA DE SERVICIOS LTDA","Bien",389,"Brilladora de alta revolución (Compra)",null,null,null,null,10507491,null,null,null,null,"18Brilladora de alta revolución (Compra)"]
["18ASECOLBAS LTDABrilladora de alta revolución (Compra)",18,"ASECOLBAS LTDA","Bien",389,"Brilladora de alta revolución (Compra)",null,null,null,null,114655,null,null,null,null,"18Brilladora de alta revolución (Compra)"]
["18BRILLASEO S.A.SBrilladora de alta revolución (Compra)",18,"BRILLASEO S.A.S","Bien",389,"Brilladora de alta revolución (Compra)",null,null,null,null,9345486,null,null,null,null,"18Brilladora de alta revolución (Compra)"]
["18CLEANER S.A.Brilladora de alta revolución (Compra)",18,"CLEANER S.A.","Bien",389,"Brilladora de alta revolución (Compra)",null,null,null,null,9345486,null,null,null,null,"18Brilladora de alta revolución (Compra)"]
["18COMPAÑÍA DE SERVICIOS Y ADMINISTRACIÓN SA SERDAN SABrilladora de alta revolución (Compra)",18,"COMPAÑÍA DE SERVICIOS Y ADMINISTRACIÓN SA SERDAN SA","Bien",389,"Brilladora de alta revolución (Compra)",null,null,null,null,7279528,null,null,null,null,"18Brilladora de alta revolución (Compra)"]
["18CONSERJES INMOBILIARIOS LTDABrilladora de alta revolución (Compra)",18,"CONSERJES INMOBILIARIOS LTDA","Bien",389,"Brilladora de alta revolución (Compra)",null,null,null,null,131034,null,null,null,null,"18Brilladora de alta revolución (Compra)"]
["18CONSORCIO ELITEBrilladora de alta revolución (Compra)",18,"CONSORCIO ELITE","Bien",389,"Brilladora de alta revolución (Compra)",null,null,null,null,28741453,null,null,null,null,"18Brilladora de alta revolución (Compra)"]
["18CONSORCIO KIOSBrilladora de alta revolución (Compra)",18,"CONSORCIO KIOS","Bien",389,"Brilladora de alta revolución (Compra)",null,null,null,null,6262959,null,null,null,null,"18Brilladora de alta revolución (Compra)"]
["18GRUPO GECBrilladora de alta revolución (Compra)",18,"GRUPO GEC","Bien",389,"Brilladora de alta revolución (Compra)",null,null,null,null,8718127,null,null,null,null,"18Brilladora de alta revolución (Compra)"]
["18INTERASEO SAS ESPBrilladora de alta revolución (Compra)",18,"INTERASEO SAS ESP","Bien",389,"Brilladora de alta revolución (Compra)",null,null,null,null,13604728,null,null,null,null,"18Brilladora de alta revolución (Compra)"]
["18LIMPIEZA INSTITUCIONAL LASU S.A.S.Brilladora de alta revolución (Compra)",18,"LIMPIEZA INSTITUCIONAL LASU S.A.S.","Bien",389,"Brilladora de alta revolución (Compra)",null,null,null,null,3484532,null,null,null,null,"18Brilladora de alta revolución (Compra)"]
["18SERVIASEO S.ABrilladora de alta revolución (Compra)",18,"SERVIASEO S.A","Bien",389,"Brilladora de alta revolución (Compra)",null,null,null,null,6509699,null,null,null,null,"18Brilladora de alta revolución (Compra)"]
["18UNIÓN TEMPORAL ASEO COLOMBIA AMP4Brilladora de alta revolución (Compra)",18,"UNIÓN TEMPORAL ASEO COLOMBIA AMP4","Bien",389,"Brilladora de alta revolución (Compra)",null,null,null,null,6342618,null,null,null,null,"18Brilladora de alta revolución (Compra)"]
["18UNIÓN TEMPORAL CCE AMP IV 2022Brilladora de alta revolución (Compra)",18,"UNIÓN TEMPORAL CCE AMP IV 2022","Bien",389,"Brilladora de alta revolución (Compra)",null,null,null,null,9510718,null,null,null,null,"18Brilladora de alta revolución (Compra)"]
["18UNIÓN TEMPORAL CLEAN BOGOTÁBrilladora de alta revolución (Compra)",18,"UNIÓN TEMPORAL CLEAN BOGOTÁ","Bien",389,"Brilladora de alta revolución (Compra)",null,null,null,null,30844920,null,null,null,null,"18Brilladora de alta revolución (Compra)"]
["18UNION TEMPORAL ECOLIMPIEZA 4GBrilladora de alta revolución (Compra)",18,"UNION TEMPORAL ECOLIMPIEZA 4G","Bien",389,"Brilladora de alta revolución (Compra)",null,null,null,null,7337764,null,null,null,null,"18Brilladora de alta revolución (Compra)"]
["18UNIÓN TEMPORAL EMINSER SOLOASEO 2023Brilladora de alta revolución (Compra)",18,"UNIÓN TEMPORAL EMINSER SOLOASEO 2023","Bien",389,"Brilladora de alta revolución (Compra)",null,null,null,null,6895541,null,null,null,null,"18Brilladora de alta revolución (Compra)"]
["18UNION TEMPORAL SERVIASEAMOSBrilladora de alta revolución (Compra)",18,"UNION TEMPORAL SERVIASEAMOS","Bien",389,"Brilladora de alta revolución (Compra)",null,null,null,null,8328731,null,null,null,null,"18Brilladora de alta revolución (Compra)"]
["18UNION TEMPORAL SERVICIOS A y C COLOMBIABrilladora de alta revolución (Compra)",18,"UNION TEMPORAL SERVICIOS A y C COLOMBIA","Bien",389,"Brilladora de alta revolución (Compra)",null,null,null,null,16467487,null,null,null,null,"18Brilladora de alta revolución (Compra)"]
["18UT GRUPO ADINBrilladora de alta revolución (Compra)",18,"UT GRUPO ADIN","Bien",389,"Brilladora de alta revolución (Compra)",null,null,null,null,3832144,null,null,null,null,"18Brilladora de alta revolución (Compra)"]
["18AMERICANA DE SERVICIOS LTDALavadora de alfombras y tapetes 1 (Arrendamiento)",18,"AMERICANA DE SERVICIOS LTDA","Bien",390,"Lavadora de alfombras y tapetes 1 (Arrendamiento)",null,null,null,null,360963,null,null,null,null,"18Lavadora de alfombras y tapetes 1 (Arrendamiento)"]
["18ASECOLBAS LTDALavadora de alfombras y tapetes 1 (Arrendamiento)",18,"ASECOLBAS LTDA","Bien",390,"Lavadora de alfombras y tapetes 1 (Arrendamiento)",null,null,null,null,97479,null,null,null,null,"18Lavadora de alfombras y tapetes 1 (Arrendamiento)"]
["18BRILLASEO S.A.SLavadora de alfombras y tapetes 1 (Arrendamiento)",18,"BRILLASEO S.A.S","Bien",390,"Lavadora de alfombras y tapetes 1 (Arrendamiento)",null,null,null,null,570319,null,null,null,null,"18Lavadora de alfombras y tapetes 1 (Arrendamiento)"]
["18CLEANER S.A.Lavadora de alfombras y tapetes 1 (Arrendamiento)",18,"CLEANER S.A.","Bien",390,"Lavadora de alfombras y tapetes 1 (Arrendamiento)",null,null,null,null,110870,null,null,null,null,"18Lavadora de alfombras y tapetes 1 (Arrendamiento)"]
["18COMPAÑÍA DE SERVICIOS Y ADMINISTRACIÓN SA SERDAN SALavadora de alfombras y tapetes 1 (Arrendamiento)",18,"COMPAÑÍA DE SERVICIOS Y ADMINISTRACIÓN SA SERDAN SA","Bien",390,"Lavadora de alfombras y tapetes 1 (Arrendamiento)",null,null,null,null,139499,null,null,null,null,"18Lavadora de alfombras y tapetes 1 (Arrendamiento)"]
["18CONSERJES INMOBILIARIOS LTDALavadora de alfombras y tapetes 1 (Arrendamiento)",18,"CONSERJES INMOBILIARIOS LTDA","Bien",390,"Lavadora de alfombras y tapetes 1 (Arrendamiento)",null,null,null,null,111404,null,null,null,null,"18Lavadora de alfombras y tapetes 1 (Arrendamiento)"]
["18CONSORCIO ELITELavadora de alfombras y tapetes 1 (Arrendamiento)",18,"CONSORCIO ELITE","Bien",390,"Lavadora de alfombras y tapetes 1 (Arrendamiento)",null,null,null,null,808129,null,null,null,null,"18Lavadora de alfombras y tapetes 1 (Arrendamiento)"]
["18CONSORCIO KIOSLavadora de alfombras y tapetes 1 (Arrendamiento)",18,"CONSORCIO KIOS","Bien",390,"Lavadora de alfombras y tapetes 1 (Arrendamiento)",null,null,null,null,441314,null,null,null,null,"18Lavadora de alfombras y tapetes 1 (Arrendamiento)"]
["18GRUPO GECLavadora de alfombras y tapetes 1 (Arrendamiento)",18,"GRUPO GEC","Bien",390,"Lavadora de alfombras y tapetes 1 (Arrendamiento)",null,null,null,null,323013,null,null,null,null,"18Lavadora de alfombras y tapetes 1 (Arrendamiento)"]
["18INTERASEO SAS ESPLavadora de alfombras y tapetes 1 (Arrendamiento)",18,"INTERASEO SAS ESP","Bien",390,"Lavadora de alfombras y tapetes 1 (Arrendamiento)",null,null,null,null,597073,null,null,null,null,"18Lavadora de alfombras y tapetes 1 (Arrendamiento)"]
["18LIMPIEZA INSTITUCIONAL LASU S.A.S.Lavadora de alfombras y tapetes 1 (Arrendamiento)",18,"LIMPIEZA INSTITUCIONAL LASU S.A.S.","Bien",390,"Lavadora de alfombras y tapetes 1 (Arrendamiento)",null,null,null,null,294210,null,null,null,null,"18Lavadora de alfombras y tapetes 1 (Arrendamiento)"]
["18SERVIASEO S.ALavadora de alfombras y tapetes 1 (Arrendamiento)",18,"SERVIASEO S.A","Bien",390,"Lavadora de alfombras y tapetes 1 (Arrendamiento)",null,null,null,null,452440,null,null,null,null,"18Lavadora de alfombras y tapetes 1 (Arrendamiento)"]
["18UNIÓN TEMPORAL ASEO COLOMBIA AMP4Lavadora de alfombras y tapetes 1 (Arrendamiento)",18,"UNIÓN TEMPORAL ASEO COLOMBIA AMP4","Bien",390,"Lavadora de alfombras y tapetes 1 (Arrendamiento)",null,null,null,null,205485,null,null,null,null,"18Lavadora de alfombras y tapetes 1 (Arrendamiento)"]
["18UNIÓN TEMPORAL CCE AMP IV 2022Lavadora de alfombras y tapetes 1 (Arrendamiento)",18,"UNIÓN TEMPORAL CCE AMP IV 2022","Bien",390,"Lavadora de alfombras y tapetes 1 (Arrendamiento)",null,null,null,null,153644,null,null,null,null,"18Lavadora de alfombras y tapetes 1 (Arrendamiento)"]
["18UNIÓN TEMPORAL CLEAN BOGOTÁLavadora de alfombras y tapetes 1 (Arrendamiento)",18,"UNIÓN TEMPORAL CLEAN BOGOTÁ","Bien",390,"Lavadora de alfombras y tapetes 1 (Arrendamiento)",null,null,null,null,867279,null,null,null,null,"18Lavadora de alfombras y tapetes 1 (Arrendamiento)"]
["18UNION TEMPORAL ECOLIMPIEZA 4GLavadora de alfombras y tapetes 1 (Arrendamiento)",18,"UNION TEMPORAL ECOLIMPIEZA 4G","Bien",390,"Lavadora de alfombras y tapetes 1 (Arrendamiento)",null,null,null,null,209046,null,null,null,null,"18Lavadora de alfombras y tapetes 1 (Arrendamiento)"]
["18UNIÓN TEMPORAL EMINSER SOLOASEO 2023Lavadora de alfombras y tapetes 1 (Arrendamiento)",18,"UNIÓN TEMPORAL EMINSER SOLOASEO 2023","Bien",390,"Lavadora de alfombras y tapetes 1 (Arrendamiento)",null,null,null,null,270838,null,null,null,null,"18Lavadora de alfombras y tapetes 1 (Arrendamiento)"]
["18UNION TEMPORAL SERVIASEAMOSLavadora de alfombras y tapetes 1 (Arrendamiento)",18,"UNION TEMPORAL SERVIASEAMOS","Bien",390,"Lavadora de alfombras y tapetes 1 (Arrendamiento)",null,null,null,null,173065,null,null,null,null,"18Lavadora de alfombras y tapetes 1 (Arrendamiento)"]
["18UNION TEMPORAL SERVICIOS A y C COLOMBIALavadora de alfombras y tapetes 1 (Arrendamiento)",18,"UNION TEMPORAL SERVICIOS A y C COLOMBIA","Bien",390,"Lavadora de alfombras y tapetes 1 (Arrendamiento)",null,null,null,null,838263,null,null,null,null,"18Lavadora de alfombras y tapetes 1 (Arrendamiento)"]
["18UT GRUPO ADINLavadora de alfombras y tapetes 1 (Arrendamiento)",18,"UT GRUPO ADIN","Bien",390,"Lavadora de alfombras y tapetes 1 (Arrendamiento)",null,null,null,null,247235,null,null,null,null,"18Lavadora de alfombras y tapetes 1 (Arrendamiento)"]
["18AMERICANA DE SERVICIOS LTDALavadora de alfombras y tapetes 1 (Compra)",18,"AMERICANA DE SERVICIOS LTDA","Bien",391,"Lavadora de alfombras y tapetes 1 (Compra)",null,null,null,null,4326614,null,null,null,null,"18Lavadora de alfombras y tapetes 1 (Compra)"]
["18ASECOLBAS LTDALavadora de alfombras y tapetes 1 (Compra)",18,"ASECOLBAS LTDA","Bien",391,"Lavadora de alfombras y tapetes 1 (Compra)",null,null,null,null,97479,null,null,null,null,"18Lavadora de alfombras y tapetes 1 (Compra)"]
["18BRILLASEO S.A.SLavadora de alfombras y tapetes 1 (Compra)",18,"BRILLASEO S.A.S","Bien",391,"Lavadora de alfombras y tapetes 1 (Compra)",null,null,null,null,6843838,null,null,null,null,"18Lavadora de alfombras y tapetes 1 (Compra)"]
["18CLEANER S.A.Lavadora de alfombras y tapetes 1 (Compra)",18,"CLEANER S.A.","Bien",391,"Lavadora de alfombras y tapetes 1 (Compra)",null,null,null,null,5321735,null,null,null,null,"18Lavadora de alfombras y tapetes 1 (Compra)"]
["18COMPAÑÍA DE SERVICIOS Y ADMINISTRACIÓN SA SERDAN SALavadora de alfombras y tapetes 1 (Compra)",18,"COMPAÑÍA DE SERVICIOS Y ADMINISTRACIÓN SA SERDAN SA","Bien",391,"Lavadora de alfombras y tapetes 1 (Compra)",null,null,null,null,5021962,null,null,null,null,"18Lavadora de alfombras y tapetes 1 (Compra)"]
["18CONSERJES INMOBILIARIOS LTDALavadora de alfombras y tapetes 1 (Compra)",18,"CONSERJES INMOBILIARIOS LTDA","Bien",391,"Lavadora de alfombras y tapetes 1 (Compra)",null,null,null,null,111404,null,null,null,null,"18Lavadora de alfombras y tapetes 1 (Compra)"]
["18CONSORCIO ELITELavadora de alfombras y tapetes 1 (Compra)",18,"CONSORCIO ELITE","Bien",391,"Lavadora de alfombras y tapetes 1 (Compra)",null,null,null,null,21309564,null,null,null,null,"18Lavadora de alfombras y tapetes 1 (Compra)"]
["18CONSORCIO KIOSLavadora de alfombras y tapetes 1 (Compra)",18,"CONSORCIO KIOS","Bien",391,"Lavadora de alfombras y tapetes 1 (Compra)",null,null,null,null,4644558,null,null,null,null,"18Lavadora de alfombras y tapetes 1 (Compra)"]
["18GRUPO GECLavadora de alfombras y tapetes 1 (Compra)",18,"GRUPO GEC","Bien",391,"Lavadora de alfombras y tapetes 1 (Compra)",null,null,null,null,4017570,null,null,null,null,"18Lavadora de alfombras y tapetes 1 (Compra)"]
["18INTERASEO SAS ESPLavadora de alfombras y tapetes 1 (Compra)",18,"INTERASEO SAS ESP","Bien",391,"Lavadora de alfombras y tapetes 1 (Compra)",null,null,null,null,10656326,null,null,null,null,"18Lavadora de alfombras y tapetes 1 (Compra)"]
["18LIMPIEZA INSTITUCIONAL LASU S.A.S.Lavadora de alfombras y tapetes 1 (Compra)",18,"LIMPIEZA INSTITUCIONAL LASU S.A.S.","Bien",391,"Lavadora de alfombras y tapetes 1 (Compra)",null,null,null,null,2859719,null,null,null,null,"18Lavadora de alfombras y tapetes 1 (Compra)"]
["18SERVIASEO S.ALavadora de alfombras y tapetes 1 (Compra)",18,"SERVIASEO S.A","Bien",391,"Lavadora de alfombras y tapetes 1 (Compra)",null,null,null,null,2801173,null,null,null,null,"18Lavadora de alfombras y tapetes 1 (Compra)"]
["18UNIÓN TEMPORAL ASEO COLOMBIA AMP4Lavadora de alfombras y tapetes 1 (Compra)",18,"UNIÓN TEMPORAL ASEO COLOMBIA AMP4","Bien",391,"Lavadora de alfombras y tapetes 1 (Compra)",null,null,null,null,2465808,null,null,null,null,"18Lavadora de alfombras y tapetes 1 (Compra)"]
["18UNIÓN TEMPORAL CCE AMP IV 2022Lavadora de alfombras y tapetes 1 (Compra)",18,"UNIÓN TEMPORAL CCE AMP IV 2022","Bien",391,"Lavadora de alfombras y tapetes 1 (Compra)",null,null,null,null,5531143,null,null,null,null,"18Lavadora de alfombras y tapetes 1 (Compra)"]
["18UNIÓN TEMPORAL CLEAN BOGOTÁLavadora de alfombras y tapetes 1 (Compra)",18,"UNIÓN TEMPORAL CLEAN BOGOTÁ","Bien",391,"Lavadora de alfombras y tapetes 1 (Compra)",null,null,null,null,22869118,null,null,null,null,"18Lavadora de alfombras y tapetes 1 (Compra)"]
["18UNION TEMPORAL ECOLIMPIEZA 4GLavadora de alfombras y tapetes 1 (Compra)",18,"UNION TEMPORAL ECOLIMPIEZA 4G","Bien",391,"Lavadora de alfombras y tapetes 1 (Compra)",null,null,null,null,5017141,null,null,null,null,"18Lavadora de alfombras y tapetes 1 (Compra)"]
["18UNIÓN TEMPORAL EMINSER SOLOASEO 2023Lavadora de alfombras y tapetes 1 (Compra)",18,"UNIÓN TEMPORAL EMINSER SOLOASEO 2023","Bien",391,"Lavadora de alfombras y tapetes 1 (Compra)",null,null,null,null,6205987,null,null,null,null,"18Lavadora de alfombras y tapetes 1 (Compra)"]
["18UNION TEMPORAL SERVIASEAMOSLavadora de alfombras y tapetes 1 (Compra)",18,"UNION TEMPORAL SERVIASEAMOS","Bien",391,"Lavadora de alfombras y tapetes 1 (Compra)",null,null,null,null,5624598,null,null,null,null,"18Lavadora de alfombras y tapetes 1 (Compra)"]
["18UNION TEMPORAL SERVICIOS A y C COLOMBIALavadora de alfombras y tapetes 1 (Compra)",18,"UNION TEMPORAL SERVICIOS A y C COLOMBIA","Bien",391,"Lavadora de alfombras y tapetes 1 (Compra)",null,null,null,null,12209370,null,null,null,null,"18Lavadora de alfombras y tapetes 1 (Compra)"]
["18UT GRUPO ADINLavadora de alfombras y tapetes 1 (Compra)",18,"UT GRUPO ADIN","Bien",391,"Lavadora de alfombras y tapetes 1 (Compra)",null,null,null,null,988940,null,null,null,null,"18Lavadora de alfombras y tapetes 1 (Compra)"]
["18AMERICANA DE SERVICIOS LTDALavadora de alfombras y tapetes 2 (Arrendamiento)",18,"AMERICANA DE SERVICIOS LTDA","Bien",392,"Lavadora de alfombras y tapetes 2 (Arrendamiento)",null,null,null,null,381360,null,null,null,null,"18Lavadora de alfombras y tapetes 2 (Arrendamiento)"]
["18ASECOLBAS LTDALavadora de alfombras y tapetes 2 (Arrendamiento)",18,"ASECOLBAS LTDA","Bien",392,"Lavadora de alfombras y tapetes 2 (Arrendamiento)",null,null,null,null,97132,null,null,null,null,"18Lavadora de alfombras y tapetes 2 (Arrendamiento)"]
["18BRILLASEO S.A.SLavadora de alfombras y tapetes 2 (Arrendamiento)",18,"BRILLASEO S.A.S","Bien",392,"Lavadora de alfombras y tapetes 2 (Arrendamiento)",null,null,null,null,761484,null,null,null,null,"18Lavadora de alfombras y tapetes 2 (Arrendamiento)"]
["18CLEANER S.A.Lavadora de alfombras y tapetes 2 (Arrendamiento)",18,"CLEANER S.A.","Bien",392,"Lavadora de alfombras y tapetes 2 (Arrendamiento)",null,null,null,null,128073,null,null,null,null,"18Lavadora de alfombras y tapetes 2 (Arrendamiento)"]
["18COMPAÑÍA DE SERVICIOS Y ADMINISTRACIÓN SA SERDAN SALavadora de alfombras y tapetes 2 (Arrendamiento)",18,"COMPAÑÍA DE SERVICIOS Y ADMINISTRACIÓN SA SERDAN SA","Bien",392,"Lavadora de alfombras y tapetes 2 (Arrendamiento)",null,null,null,null,256763,null,null,null,null,"18Lavadora de alfombras y tapetes 2 (Arrendamiento)"]
["18CONSERJES INMOBILIARIOS LTDALavadora de alfombras y tapetes 2 (Arrendamiento)",18,"CONSERJES INMOBILIARIOS LTDA","Bien",392,"Lavadora de alfombras y tapetes 2 (Arrendamiento)",null,null,null,null,111009,null,null,null,null,"18Lavadora de alfombras y tapetes 2 (Arrendamiento)"]
["18CONSORCIO ELITELavadora de alfombras y tapetes 2 (Arrendamiento)",18,"CONSORCIO ELITE","Bien",392,"Lavadora de alfombras y tapetes 2 (Arrendamiento)",null,null,null,null,1714847,null,null,null,null,"18Lavadora de alfombras y tapetes 2 (Arrendamiento)"]
["18CONSORCIO KIOSLavadora de alfombras y tapetes 2 (Arrendamiento)",18,"CONSORCIO KIOS","Bien",392,"Lavadora de alfombras y tapetes 2 (Arrendamiento)",null,null,null,null,525375,null,null,null,null,"18Lavadora de alfombras y tapetes 2 (Arrendamiento)"]
["18GRUPO GECLavadora de alfombras y tapetes 2 (Arrendamiento)",18,"GRUPO GEC","Bien",392,"Lavadora de alfombras y tapetes 2 (Arrendamiento)",null,null,null,null,515856,null,null,null,null,"18Lavadora de alfombras y tapetes 2 (Arrendamiento)"]
["18INTERASEO SAS ESPLavadora de alfombras y tapetes 2 (Arrendamiento)",18,"INTERASEO SAS ESP","Bien",392,"Lavadora de alfombras y tapetes 2 (Arrendamiento)",null,null,null,null,597073,null,null,null,null,"18Lavadora de alfombras y tapetes 2 (Arrendamiento)"]
["18LIMPIEZA INSTITUCIONAL LASU S.A.S.Lavadora de alfombras y tapetes 2 (Arrendamiento)",18,"LIMPIEZA INSTITUCIONAL LASU S.A.S.","Bien",392,"Lavadora de alfombras y tapetes 2 (Arrendamiento)",null,null,null,null,319551,null,null,null,null,"18Lavadora de alfombras y tapetes 2 (Arrendamiento)"]
["18SERVIASEO S.ALavadora de alfombras y tapetes 2 (Arrendamiento)",18,"SERVIASEO S.A","Bien",392,"Lavadora de alfombras y tapetes 2 (Arrendamiento)",null,null,null,null,588419,null,null,null,null,"18Lavadora de alfombras y tapetes 2 (Arrendamiento)"]
["18UNIÓN TEMPORAL ASEO COLOMBIA AMP4Lavadora de alfombras y tapetes 2 (Arrendamiento)",18,"UNIÓN TEMPORAL ASEO COLOMBIA AMP4","Bien",392,"Lavadora de alfombras y tapetes 2 (Arrendamiento)",null,null,null,null,552144,null,null,null,null,"18Lavadora de alfombras y tapetes 2 (Arrendamiento)"]
["18UNIÓN TEMPORAL CCE AMP IV 2022Lavadora de alfombras y tapetes 2 (Arrendamiento)",18,"UNIÓN TEMPORAL CCE AMP IV 2022","Bien",392,"Lavadora de alfombras y tapetes 2 (Arrendamiento)",null,null,null,null,235367,null,null,null,null,"18Lavadora de alfombras y tapetes 2 (Arrendamiento)"]
["18UNIÓN TEMPORAL CLEAN BOGOTÁLavadora de alfombras y tapetes 2 (Arrendamiento)",18,"UNIÓN TEMPORAL CLEAN BOGOTÁ","Bien",392,"Lavadora de alfombras y tapetes 2 (Arrendamiento)",null,null,null,null,1840351,null,null,null,null,"18Lavadora de alfombras y tapetes 2 (Arrendamiento)"]
["18UNION TEMPORAL ECOLIMPIEZA 4GLavadora de alfombras y tapetes 2 (Arrendamiento)",18,"UNION TEMPORAL ECOLIMPIEZA 4G","Bien",392,"Lavadora de alfombras y tapetes 2 (Arrendamiento)",null,null,null,null,237964,null,null,null,null,"18Lavadora de alfombras y tapetes 2 (Arrendamiento)"]
["18UNIÓN TEMPORAL EMINSER SOLOASEO 2023Lavadora de alfombras y tapetes 2 (Arrendamiento)",18,"UNIÓN TEMPORAL EMINSER SOLOASEO 2023","Bien",392,"Lavadora de alfombras y tapetes 2 (Arrendamiento)",null,null,null,null,268160,null,null,null,null,"18Lavadora de alfombras y tapetes 2 (Arrendamiento)"]
["18UNION TEMPORAL SERVIASEAMOSLavadora de alfombras y tapetes 2 (Arrendamiento)",18,"UNION TEMPORAL SERVIASEAMOS","Bien",392,"Lavadora de alfombras y tapetes 2 (Arrendamiento)",null,null,null,null,183881,null,null,null,null,"18Lavadora de alfombras y tapetes 2 (Arrendamiento)"]
["18UNION TEMPORAL SERVICIOS A y C COLOMBIALavadora de alfombras y tapetes 2 (Arrendamiento)",18,"UNION TEMPORAL SERVICIOS A y C COLOMBIA","Bien",392,"Lavadora de alfombras y tapetes 2 (Arrendamiento)",null,null,null,null,1247054,null,null,null,null,"18Lavadora de alfombras y tapetes 2 (Arrendamiento)"]
["18UT GRUPO ADINLavadora de alfombras y tapetes 2 (Arrendamiento)",18,"UT GRUPO ADIN","Bien",392,"Lavadora de alfombras y tapetes 2 (Arrendamiento)",null,null,null,null,339948,null,null,null,null,"18Lavadora de alfombras y tapetes 2 (Arrendamiento)"]
["18AMERICANA DE SERVICIOS LTDALavadora de alfombras y tapetes 2 (Compra)",18,"AMERICANA DE SERVICIOS LTDA","Bien",393,"Lavadora de alfombras y tapetes 2 (Compra)",null,null,null,null,4573849,null,null,null,null,"18Lavadora de alfombras y tapetes 2 (Compra)"]
["18ASECOLBAS LTDALavadora de alfombras y tapetes 2 (Compra)",18,"ASECOLBAS LTDA","Bien",393,"Lavadora de alfombras y tapetes 2 (Compra)",null,null,null,null,97132,null,null,null,null,"18Lavadora de alfombras y tapetes 2 (Compra)"]
["18BRILLASEO S.A.SLavadora de alfombras y tapetes 2 (Compra)",18,"BRILLASEO S.A.S","Bien",393,"Lavadora de alfombras y tapetes 2 (Compra)",null,null,null,null,9137808,null,null,null,null,"18Lavadora de alfombras y tapetes 2 (Compra)"]
["18CLEANER S.A.Lavadora de alfombras y tapetes 2 (Compra)",18,"CLEANER S.A.","Bien",393,"Lavadora de alfombras y tapetes 2 (Compra)",null,null,null,null,6147513,null,null,null,null,"18Lavadora de alfombras y tapetes 2 (Compra)"]
["18COMPAÑÍA DE SERVICIOS Y ADMINISTRACIÓN SA SERDAN SALavadora de alfombras y tapetes 2 (Compra)",18,"COMPAÑÍA DE SERVICIOS Y ADMINISTRACIÓN SA SERDAN SA","Bien",393,"Lavadora de alfombras y tapetes 2 (Compra)",null,null,null,null,9243501,null,null,null,null,"18Lavadora de alfombras y tapetes 2 (Compra)"]
["18CONSERJES INMOBILIARIOS LTDALavadora de alfombras y tapetes 2 (Compra)",18,"CONSERJES INMOBILIARIOS LTDA","Bien",393,"Lavadora de alfombras y tapetes 2 (Compra)",null,null,null,null,111009,null,null,null,null,"18Lavadora de alfombras y tapetes 2 (Compra)"]
["18CONSORCIO ELITELavadora de alfombras y tapetes 2 (Compra)",18,"CONSORCIO ELITE","Bien",393,"Lavadora de alfombras y tapetes 2 (Compra)",null,null,null,null,33484143,null,null,null,null,"18Lavadora de alfombras y tapetes 2 (Compra)"]
["18CONSORCIO KIOSLavadora de alfombras y tapetes 2 (Compra)",18,"CONSORCIO KIOS","Bien",393,"Lavadora de alfombras y tapetes 2 (Compra)",null,null,null,null,7181066,null,null,null,null,"18Lavadora de alfombras y tapetes 2 (Compra)"]
["18GRUPO GECLavadora de alfombras y tapetes 2 (Compra)",18,"GRUPO GEC","Bien",393,"Lavadora de alfombras y tapetes 2 (Compra)",null,null,null,null,4017570,null,null,null,null,"18Lavadora de alfombras y tapetes 2 (Compra)"]
["18INTERASEO SAS ESPLavadora de alfombras y tapetes 2 (Compra)",18,"INTERASEO SAS ESP","Bien",393,"Lavadora de alfombras y tapetes 2 (Compra)",null,null,null,null,10656326,null,null,null,null,"18Lavadora de alfombras y tapetes 2 (Compra)"]
["18LIMPIEZA INSTITUCIONAL LASU S.A.S.Lavadora de alfombras y tapetes 2 (Compra)",18,"LIMPIEZA INSTITUCIONAL LASU S.A.S.","Bien",393,"Lavadora de alfombras y tapetes 2 (Compra)",null,null,null,null,3106039,null,null,null,null,"18Lavadora de alfombras y tapetes 2 (Compra)"]
["18SERVIASEO S.ALavadora de alfombras y tapetes 2 (Compra)",18,"SERVIASEO S.A","Bien",393,"Lavadora de alfombras y tapetes 2 (Compra)",null,null,null,null,2924791,null,null,null,null,"18Lavadora de alfombras y tapetes 2 (Compra)"]
["18UNIÓN TEMPORAL ASEO COLOMBIA AMP4Lavadora de alfombras y tapetes 2 (Compra)",18,"UNIÓN TEMPORAL ASEO COLOMBIA AMP4","Bien",393,"Lavadora de alfombras y tapetes 2 (Compra)",null,null,null,null,6625738,null,null,null,null,"18Lavadora de alfombras y tapetes 2 (Compra)"]
["18UNIÓN TEMPORAL CCE AMP IV 2022Lavadora de alfombras y tapetes 2 (Compra)",18,"UNIÓN TEMPORAL CCE AMP IV 2022","Bien",393,"Lavadora de alfombras y tapetes 2 (Compra)",null,null,null,null,8473240,null,null,null,null,"18Lavadora de alfombras y tapetes 2 (Compra)"]
["18UNIÓN TEMPORAL CLEAN BOGOTÁLavadora de alfombras y tapetes 2 (Compra)",18,"UNIÓN TEMPORAL CLEAN BOGOTÁ","Bien",393,"Lavadora de alfombras y tapetes 2 (Compra)",null,null,null,null,35934704,null,null,null,null,"18Lavadora de alfombras y tapetes 2 (Compra)"]
["18UNION TEMPORAL ECOLIMPIEZA 4GLavadora de alfombras y tapetes 2 (Compra)",18,"UNION TEMPORAL ECOLIMPIEZA 4G","Bien",393,"Lavadora de alfombras y tapetes 2 (Compra)",null,null,null,null,5711130,null,null,null,null,"18Lavadora de alfombras y tapetes 2 (Compra)"]
["18UNIÓN TEMPORAL EMINSER SOLOASEO 2023Lavadora de alfombras y tapetes 2 (Compra)",18,"UNIÓN TEMPORAL EMINSER SOLOASEO 2023","Bien",393,"Lavadora de alfombras y tapetes 2 (Compra)",null,null,null,null,6435838,null,null,null,null,"18Lavadora de alfombras y tapetes 2 (Compra)"]
["18UNION TEMPORAL SERVIASEAMOSLavadora de alfombras y tapetes 2 (Compra)",18,"UNION TEMPORAL SERVIASEAMOS","Bien",393,"Lavadora de alfombras y tapetes 2 (Compra)",null,null,null,null,6165425,null,null,null,null,"18Lavadora de alfombras y tapetes 2 (Compra)"]
["18UNION TEMPORAL SERVICIOS A y C COLOMBIALavadora de alfombras y tapetes 2 (Compra)",18,"UNION TEMPORAL SERVICIOS A y C COLOMBIA","Bien",393,"Lavadora de alfombras y tapetes 2 (Compra)",null,null,null,null,18446950,null,null,null,null,"18Lavadora de alfombras y tapetes 2 (Compra)"]
["18UT GRUPO ADINLavadora de alfombras y tapetes 2 (Compra)",18,"UT GRUPO ADIN","Bien",393,"Lavadora de alfombras y tapetes 2 (Compra)",null,null,null,null,1359793,null,null,null,null,"18Lavadora de alfombras y tapetes 2 (Compra)"]
["18AMERICANA DE SERVICIOS LTDAHidrolavadora Industrial (Arrendamiento)",18,"AMERICANA DE SERVICIOS LTDA","Bien",394,"Hidrolavadora Industrial (Arrendamiento)",null,null,null,null,432661,null,null,null,null,"18Hidrolavadora Industrial (Arrendamiento)"]
["18ASECOLBAS LTDAHidrolavadora Industrial (Arrendamiento)",18,"ASECOLBAS LTDA","Bien",394,"Hidrolavadora Industrial (Arrendamiento)",null,null,null,null,112449,null,null,null,null,"18Hidrolavadora Industrial (Arrendamiento)"]
["18BRILLASEO S.A.SHidrolavadora Industrial (Arrendamiento)",18,"BRILLASEO S.A.S","Bien",394,"Hidrolavadora Industrial (Arrendamiento)",null,null,null,null,605726,null,null,null,null,"18Hidrolavadora Industrial (Arrendamiento)"]
["18CLEANER S.A.Hidrolavadora Industrial (Arrendamiento)",18,"CLEANER S.A.","Bien",394,"Hidrolavadora Industrial (Arrendamiento)",null,null,null,null,145432,null,null,null,null,"18Hidrolavadora Industrial (Arrendamiento)"]
["18COMPAÑÍA DE SERVICIOS Y ADMINISTRACIÓN SA SERDAN SAHidrolavadora Industrial (Arrendamiento)",18,"COMPAÑÍA DE SERVICIOS Y ADMINISTRACIÓN SA SERDAN SA","Bien",394,"Hidrolavadora Industrial (Arrendamiento)",null,null,null,null,254832,null,null,null,null,"18Hidrolavadora Industrial (Arrendamiento)"]
["18CONSERJES INMOBILIARIOS LTDAHidrolavadora Industrial (Arrendamiento)",18,"CONSERJES INMOBILIARIOS LTDA","Bien",394,"Hidrolavadora Industrial (Arrendamiento)",null,null,null,null,128513,null,null,null,null,"18Hidrolavadora Industrial (Arrendamiento)"]
["18CONSORCIO ELITEHidrolavadora Industrial (Arrendamiento)",18,"CONSORCIO ELITE","Bien",394,"Hidrolavadora Industrial (Arrendamiento)",null,null,null,null,1707201,null,null,null,null,"18Hidrolavadora Industrial (Arrendamiento)"]
["18CONSORCIO KIOSHidrolavadora Industrial (Arrendamiento)",18,"CONSORCIO KIOS","Bien",394,"Hidrolavadora Industrial (Arrendamiento)",null,null,null,null,639102,null,null,null,null,"18Hidrolavadora Industrial (Arrendamiento)"]
["18GRUPO GECHidrolavadora Industrial (Arrendamiento)",18,"GRUPO GEC","Bien",394,"Hidrolavadora Industrial (Arrendamiento)",null,null,null,null,310156,null,null,null,null,"18Hidrolavadora Industrial (Arrendamiento)"]
["18INTERASEO SAS ESPHidrolavadora Industrial (Arrendamiento)",18,"INTERASEO SAS ESP","Bien",394,"Hidrolavadora Industrial (Arrendamiento)",null,null,null,null,255888,null,null,null,null,"18Hidrolavadora Industrial (Arrendamiento)"]
["18LIMPIEZA INSTITUCIONAL LASU S.A.S.Hidrolavadora Industrial (Arrendamiento)",18,"LIMPIEZA INSTITUCIONAL LASU S.A.S.","Bien",394,"Hidrolavadora Industrial (Arrendamiento)",null,null,null,null,238913,null,null,null,null,"18Hidrolavadora Industrial (Arrendamiento)"]
["18SERVIASEO S.AHidrolavadora Industrial (Arrendamiento)",18,"SERVIASEO S.A","Bien",394,"Hidrolavadora Industrial (Arrendamiento)",null,null,null,null,420300,null,null,null,null,"18Hidrolavadora Industrial (Arrendamiento)"]
["18UNIÓN TEMPORAL ASEO COLOMBIA AMP4Hidrolavadora Industrial (Arrendamiento)",18,"UNIÓN TEMPORAL ASEO COLOMBIA AMP4","Bien",394,"Hidrolavadora Industrial (Arrendamiento)",null,null,null,null,471248,null,null,null,null,"18Hidrolavadora Industrial (Arrendamiento)"]
["18UNIÓN TEMPORAL CCE AMP IV 2022Hidrolavadora Industrial (Arrendamiento)",18,"UNIÓN TEMPORAL CCE AMP IV 2022","Bien",394,"Hidrolavadora Industrial (Arrendamiento)",null,null,null,null,258905,null,null,null,null,"18Hidrolavadora Industrial (Arrendamiento)"]
["18UNIÓN TEMPORAL CLEAN BOGOTÁHidrolavadora Industrial (Arrendamiento)",18,"UNIÓN TEMPORAL CLEAN BOGOTÁ","Bien",394,"Hidrolavadora Industrial (Arrendamiento)",null,null,null,null,1832144,null,null,null,null,"18Hidrolavadora Industrial (Arrendamiento)"]
["18UNION TEMPORAL ECOLIMPIEZA 4GHidrolavadora Industrial (Arrendamiento)",18,"UNION TEMPORAL ECOLIMPIEZA 4G","Bien",394,"Hidrolavadora Industrial (Arrendamiento)",null,null,null,null,258290,null,null,null,null,"18Hidrolavadora Industrial (Arrendamiento)"]
["18UNIÓN TEMPORAL EMINSER SOLOASEO 2023Hidrolavadora Industrial (Arrendamiento)",18,"UNIÓN TEMPORAL EMINSER SOLOASEO 2023","Bien",394,"Hidrolavadora Industrial (Arrendamiento)",null,null,null,null,368721,null,null,null,null,"18Hidrolavadora Industrial (Arrendamiento)"]
["18UNION TEMPORAL SERVIASEAMOSHidrolavadora Industrial (Arrendamiento)",18,"UNION TEMPORAL SERVIASEAMOS","Bien",394,"Hidrolavadora Industrial (Arrendamiento)",null,null,null,null,162248,null,null,null,null,"18Hidrolavadora Industrial (Arrendamiento)"]
["18UNION TEMPORAL SERVICIOS A y C COLOMBIAHidrolavadora Industrial (Arrendamiento)",18,"UNION TEMPORAL SERVICIOS A y C COLOMBIA","Bien",394,"Hidrolavadora Industrial (Arrendamiento)",null,null,null,null,1241491,null,null,null,null,"18Hidrolavadora Industrial (Arrendamiento)"]
["18UT GRUPO ADINHidrolavadora Industrial (Arrendamiento)",18,"UT GRUPO ADIN","Bien",394,"Hidrolavadora Industrial (Arrendamiento)",null,null,null,null,95804,null,null,null,null,"18Hidrolavadora Industrial (Arrendamiento)"]
["18AMERICANA DE SERVICIOS LTDAHidrolavadora Industrial (Compra)",18,"AMERICANA DE SERVICIOS LTDA","Bien",395,"Hidrolavadora Industrial (Compra)",null,null,null,null,5133218,null,null,null,null,"18Hidrolavadora Industrial (Compra)"]
["18ASECOLBAS LTDAHidrolavadora Industrial (Compra)",18,"ASECOLBAS LTDA","Bien",395,"Hidrolavadora Industrial (Compra)",null,null,null,null,112449,null,null,null,null,"18Hidrolavadora Industrial (Compra)"]
["18BRILLASEO S.A.SHidrolavadora Industrial (Compra)",18,"BRILLASEO S.A.S","Bien",395,"Hidrolavadora Industrial (Compra)",null,null,null,null,7268711,null,null,null,null,"18Hidrolavadora Industrial (Compra)"]
["18CLEANER S.A.Hidrolavadora Industrial (Compra)",18,"CLEANER S.A.","Bien",395,"Hidrolavadora Industrial (Compra)",null,null,null,null,6980756,null,null,null,null,"18Hidrolavadora Industrial (Compra)"]
["18COMPAÑÍA DE SERVICIOS Y ADMINISTRACIÓN SA SERDAN SAHidrolavadora Industrial (Compra)",18,"COMPAÑÍA DE SERVICIOS Y ADMINISTRACIÓN SA SERDAN SA","Bien",395,"Hidrolavadora Industrial (Compra)",null,null,null,null,6115978,null,null,null,null,"18Hidrolavadora Industrial (Compra)"]
["18CONSERJES INMOBILIARIOS LTDAHidrolavadora Industrial (Compra)",18,"CONSERJES INMOBILIARIOS LTDA","Bien",395,"Hidrolavadora Industrial (Compra)",null,null,null,null,128513,null,null,null,null,"18Hidrolavadora Industrial (Compra)"]
["18CONSORCIO ELITEHidrolavadora Industrial (Compra)",18,"CONSORCIO ELITE","Bien",395,"Hidrolavadora Industrial (Compra)",null,null,null,null,37008793,null,null,null,null,"18Hidrolavadora Industrial (Compra)"]
["18CONSORCIO KIOSHidrolavadora Industrial (Compra)",18,"CONSORCIO KIOS","Bien",395,"Hidrolavadora Industrial (Compra)",null,null,null,null,8086688,null,null,null,null,"18Hidrolavadora Industrial (Compra)"]
["18GRUPO GECHidrolavadora Industrial (Compra)",18,"GRUPO GEC","Bien",395,"Hidrolavadora Industrial (Compra)",null,null,null,null,2106492,null,null,null,null,"18Hidrolavadora Industrial (Compra)"]
["18INTERASEO SAS ESPHidrolavadora Industrial (Compra)",18,"INTERASEO SAS ESP","Bien",395,"Hidrolavadora Industrial (Compra)",null,null,null,null,2587315,null,null,null,null,"18Hidrolavadora Industrial (Compra)"]
["18LIMPIEZA INSTITUCIONAL LASU S.A.S.Hidrolavadora Industrial (Compra)",18,"LIMPIEZA INSTITUCIONAL LASU S.A.S.","Bien",395,"Hidrolavadora Industrial (Compra)",null,null,null,null,2322247,null,null,null,null,"18Hidrolavadora Industrial (Compra)"]
["18SERVIASEO S.AHidrolavadora Industrial (Compra)",18,"SERVIASEO S.A","Bien",395,"Hidrolavadora Industrial (Compra)",null,null,null,null,6972029,null,null,null,null,"18Hidrolavadora Industrial (Compra)"]
["18UNIÓN TEMPORAL ASEO COLOMBIA AMP4Hidrolavadora Industrial (Compra)",18,"UNIÓN TEMPORAL ASEO COLOMBIA AMP4","Bien",395,"Hidrolavadora Industrial (Compra)",null,null,null,null,5654983,null,null,null,null,"18Hidrolavadora Industrial (Compra)"]
["18UNIÓN TEMPORAL CCE AMP IV 2022Hidrolavadora Industrial (Compra)",18,"UNIÓN TEMPORAL CCE AMP IV 2022","Bien",395,"Hidrolavadora Industrial (Compra)",null,null,null,null,9320564,null,null,null,null,"18Hidrolavadora Industrial (Compra)"]
["18UNIÓN TEMPORAL CLEAN BOGOTÁHidrolavadora Industrial (Compra)",18,"UNIÓN TEMPORAL CLEAN BOGOTÁ","Bien",395,"Hidrolavadora Industrial (Compra)",null,null,null,null,39717306,null,null,null,null,"18Hidrolavadora Industrial (Compra)"]
["18UNION TEMPORAL ECOLIMPIEZA 4GHidrolavadora Industrial (Compra)",18,"UNION TEMPORAL ECOLIMPIEZA 4G","Bien",395,"Hidrolavadora Industrial (Compra)",null,null,null,null,6198999,null,null,null,null,"18Hidrolavadora Industrial (Compra)"]
["18UNIÓN TEMPORAL EMINSER SOLOASEO 2023Hidrolavadora Industrial (Compra)",18,"UNIÓN TEMPORAL EMINSER SOLOASEO 2023","Bien",395,"Hidrolavadora Industrial (Compra)",null,null,null,null,8849278,null,null,null,null,"18Hidrolavadora Industrial (Compra)"]
["18UNION TEMPORAL SERVIASEAMOSHidrolavadora Industrial (Compra)",18,"UNION TEMPORAL SERVIASEAMOS","Bien",395,"Hidrolavadora Industrial (Compra)",null,null,null,null,3893952,null,null,null,null,"18Hidrolavadora Industrial (Compra)"]
["18UNION TEMPORAL SERVICIOS A y C COLOMBIAHidrolavadora Industrial (Compra)",18,"UNION TEMPORAL SERVICIOS A y C COLOMBIA","Bien",395,"Hidrolavadora Industrial (Compra)",null,null,null,null,20388735,null,null,null,null,"18Hidrolavadora Industrial (Compra)"]
["18UT GRUPO ADINHidrolavadora Industrial (Compra)",18,"UT GRUPO ADIN","Bien",395,"Hidrolavadora Industrial (Compra)",null,null,null,null,383214,null,null,null,null,"18Hidrolavadora Industrial (Compra)"]
["18AMERICANA DE SERVICIOS LTDASopladora de hojas (Arrendamiento)",18,"AMERICANA DE SERVICIOS LTDA","Bien",396,"Sopladora de hojas (Arrendamiento)",null,null,null,null,123618,null,null,null,null,"18Sopladora de hojas (Arrendamiento)"]
["18ASECOLBAS LTDASopladora de hojas (Arrendamiento)",18,"ASECOLBAS LTDA","Bien",396,"Sopladora de hojas (Arrendamiento)",null,null,null,null,63857,null,null,null,null,"18Sopladora de hojas (Arrendamiento)"]
["18BRILLASEO S.A.SSopladora de hojas (Arrendamiento)",18,"BRILLASEO S.A.S","Bien",396,"Sopladora de hojas (Arrendamiento)",null,null,null,null,259597,null,null,null,null,"18Sopladora de hojas (Arrendamiento)"]
["18CLEANER S.A.Sopladora de hojas (Arrendamiento)",18,"CLEANER S.A.","Bien",396,"Sopladora de hojas (Arrendamiento)",null,null,null,null,66414,null,null,null,null,"18Sopladora de hojas (Arrendamiento)"]
["18COMPAÑÍA DE SERVICIOS Y ADMINISTRACIÓN SA SERDAN SASopladora de hojas (Arrendamiento)",18,"COMPAÑÍA DE SERVICIOS Y ADMINISTRACIÓN SA SERDAN SA","Bien",396,"Sopladora de hojas (Arrendamiento)",null,null,null,null,125550,null,null,null,null,"18Sopladora de hojas (Arrendamiento)"]
["18CONSERJES INMOBILIARIOS LTDASopladora de hojas (Arrendamiento)",18,"CONSERJES INMOBILIARIOS LTDA","Bien",396,"Sopladora de hojas (Arrendamiento)",null,null,null,null,72979,null,null,null,null,"18Sopladora de hojas (Arrendamiento)"]
["18CONSORCIO ELITESopladora de hojas (Arrendamiento)",18,"CONSORCIO ELITE","Bien",396,"Sopladora de hojas (Arrendamiento)",null,null,null,null,779551,null,null,null,null,"18Sopladora de hojas (Arrendamiento)"]
["18CONSORCIO KIOSSopladora de hojas (Arrendamiento)",18,"CONSORCIO KIOS","Bien",396,"Sopladora de hojas (Arrendamiento)",null,null,null,null,284197,null,null,null,null,"18Sopladora de hojas (Arrendamiento)"]
["18GRUPO GECSopladora de hojas (Arrendamiento)",18,"GRUPO GEC","Bien",396,"Sopladora de hojas (Arrendamiento)",null,null,null,null,176774,null,null,null,null,"18Sopladora de hojas (Arrendamiento)"]
["18INTERASEO SAS ESPSopladora de hojas (Arrendamiento)",18,"INTERASEO SAS ESP","Bien",396,"Sopladora de hojas (Arrendamiento)",null,null,null,null,227456,null,null,null,null,"18Sopladora de hojas (Arrendamiento)"]
["18LIMPIEZA INSTITUCIONAL LASU S.A.S.Sopladora de hojas (Arrendamiento)",18,"LIMPIEZA INSTITUCIONAL LASU S.A.S.","Bien",396,"Sopladora de hojas (Arrendamiento)",null,null,null,null,118621,null,null,null,null,"18Sopladora de hojas (Arrendamiento)"]
["18SERVIASEO S.ASopladora de hojas (Arrendamiento)",18,"SERVIASEO S.A","Bien",396,"Sopladora de hojas (Arrendamiento)",null,null,null,null,161939,null,null,null,null,"18Sopladora de hojas (Arrendamiento)"]
["18UNIÓN TEMPORAL ASEO COLOMBIA AMP4Sopladora de hojas (Arrendamiento)",18,"UNIÓN TEMPORAL ASEO COLOMBIA AMP4","Bien",396,"Sopladora de hojas (Arrendamiento)",null,null,null,null,160167,null,null,null,null,"18Sopladora de hojas (Arrendamiento)"]
["18UNIÓN TEMPORAL CCE AMP IV 2022Sopladora de hojas (Arrendamiento)",18,"UNIÓN TEMPORAL CCE AMP IV 2022","Bien",396,"Sopladora de hojas (Arrendamiento)",null,null,null,null,294210,null,null,null,null,"18Sopladora de hojas (Arrendamiento)"]
["18UNIÓN TEMPORAL CLEAN BOGOTÁSopladora de hojas (Arrendamiento)",18,"UNIÓN TEMPORAL CLEAN BOGOTÁ","Bien",396,"Sopladora de hojas (Arrendamiento)",null,null,null,null,836605,null,null,null,null,"18Sopladora de hojas (Arrendamiento)"]
["18UNION TEMPORAL ECOLIMPIEZA 4GSopladora de hojas (Arrendamiento)",18,"UNION TEMPORAL ECOLIMPIEZA 4G","Bien",396,"Sopladora de hojas (Arrendamiento)",null,null,null,null,89553,null,null,null,null,"18Sopladora de hojas (Arrendamiento)"]
["18UNIÓN TEMPORAL EMINSER SOLOASEO 2023Sopladora de hojas (Arrendamiento)",18,"UNIÓN TEMPORAL EMINSER SOLOASEO 2023","Bien",396,"Sopladora de hojas (Arrendamiento)",null,null,null,null,125144,null,null,null,null,"18Sopladora de hojas (Arrendamiento)"]
["18UNION TEMPORAL SERVIASEAMOSSopladora de hojas (Arrendamiento)",18,"UNION TEMPORAL SERVIASEAMOS","Bien",396,"Sopladora de hojas (Arrendamiento)",null,null,null,null,129798,null,null,null,null,"18Sopladora de hojas (Arrendamiento)"]
["18UNION TEMPORAL SERVICIOS A y C COLOMBIASopladora de hojas (Arrendamiento)",18,"UNION TEMPORAL SERVICIOS A y C COLOMBIA","Bien",396,"Sopladora de hojas (Arrendamiento)",null,null,null,null,808570,null,null,null,null,"18Sopladora de hojas (Arrendamiento)"]
["18UT GRUPO ADINSopladora de hojas (Arrendamiento)",18,"UT GRUPO ADIN","Bien",396,"Sopladora de hojas (Arrendamiento)",null,null,null,null,92713,null,null,null,null,"18Sopladora de hojas (Arrendamiento)"]
["18AMERICANA DE SERVICIOS LTDASopladora de hojas (Compra)",18,"AMERICANA DE SERVICIOS LTDA","Bien",397,"Sopladora de hojas (Compra)",null,null,null,null,1483410,null,null,null,null,"18Sopladora de hojas (Compra)"]
["18ASECOLBAS LTDASopladora de hojas (Compra)",18,"ASECOLBAS LTDA","Bien",397,"Sopladora de hojas (Compra)",null,null,null,null,63857,null,null,null,null,"18Sopladora de hojas (Compra)"]
["18BRILLASEO S.A.SSopladora de hojas (Compra)",18,"BRILLASEO S.A.S","Bien",397,"Sopladora de hojas (Compra)",null,null,null,null,3115162,null,null,null,null,"18Sopladora de hojas (Compra)"]
["18CLEANER S.A.Sopladora de hojas (Compra)",18,"CLEANER S.A.","Bien",397,"Sopladora de hojas (Compra)",null,null,null,null,2390910,null,null,null,null,"18Sopladora de hojas (Compra)"]
["18COMPAÑÍA DE SERVICIOS Y ADMINISTRACIÓN SA SERDAN SASopladora de hojas (Compra)",18,"COMPAÑÍA DE SERVICIOS Y ADMINISTRACIÓN SA SERDAN SA","Bien",397,"Sopladora de hojas (Compra)",null,null,null,null,2240568,null,null,null,null,"18Sopladora de hojas (Compra)"]
["18CONSERJES INMOBILIARIOS LTDASopladora de hojas (Compra)",18,"CONSERJES INMOBILIARIOS LTDA","Bien",397,"Sopladora de hojas (Compra)",null,null,null,null,72979,null,null,null,null,"18Sopladora de hojas (Compra)"]
["18CONSORCIO ELITESopladora de hojas (Compra)",18,"CONSORCIO ELITE","Bien",397,"Sopladora de hojas (Compra)",null,null,null,null,15860909,null,null,null,null,"18Sopladora de hojas (Compra)"]
["18CONSORCIO KIOSSopladora de hojas (Compra)",18,"CONSORCIO KIOS","Bien",397,"Sopladora de hojas (Compra)",null,null,null,null,3569456,null,null,null,null,"18Sopladora de hojas (Compra)"]
["18GRUPO GECSopladora de hojas (Compra)",18,"GRUPO GEC","Bien",397,"Sopladora de hojas (Compra)",null,null,null,null,1546764,null,null,null,null,"18Sopladora de hojas (Compra)"]
["18INTERASEO SAS ESPSopladora de hojas (Compra)",18,"INTERASEO SAS ESP","Bien",397,"Sopladora de hojas (Compra)",null,null,null,null,2302995,null,null,null,null,"18Sopladora de hojas (Compra)"]
["18LIMPIEZA INSTITUCIONAL LASU S.A.S.Sopladora de hojas (Compra)",18,"LIMPIEZA INSTITUCIONAL LASU S.A.S.","Bien",397,"Sopladora de hojas (Compra)",null,null,null,null,1152996,null,null,null,null,"18Sopladora de hojas (Compra)"]
["18SERVIASEO S.ASopladora de hojas (Compra)",18,"SERVIASEO S.A","Bien",397,"Sopladora de hojas (Compra)",null,null,null,null,342420,null,null,null,null,"18Sopladora de hojas (Compra)"]
["18UNIÓN TEMPORAL ASEO COLOMBIA AMP4Sopladora de hojas (Compra)",18,"UNIÓN TEMPORAL ASEO COLOMBIA AMP4","Bien",397,"Sopladora de hojas (Compra)",null,null,null,null,1922006,null,null,null,null,"18Sopladora de hojas (Compra)"]
["18UNIÓN TEMPORAL CCE AMP IV 2022Sopladora de hojas (Compra)",18,"UNIÓN TEMPORAL CCE AMP IV 2022","Bien",397,"Sopladora de hojas (Compra)",null,null,null,null,3530517,null,null,null,null,"18Sopladora de hojas (Compra)"]
["18UNIÓN TEMPORAL CLEAN BOGOTÁSopladora de hojas (Compra)",18,"UNIÓN TEMPORAL CLEAN BOGOTÁ","Bien",397,"Sopladora de hojas (Compra)",null,null,null,null,17021702,null,null,null,null,"18Sopladora de hojas (Compra)"]
["18UNION TEMPORAL ECOLIMPIEZA 4GSopladora de hojas (Compra)",18,"UNION TEMPORAL ECOLIMPIEZA 4G","Bien",397,"Sopladora de hojas (Compra)",null,null,null,null,2149288,null,null,null,null,"18Sopladora de hojas (Compra)"]
["18UNIÓN TEMPORAL EMINSER SOLOASEO 2023Sopladora de hojas (Compra)",18,"UNIÓN TEMPORAL EMINSER SOLOASEO 2023","Bien",397,"Sopladora de hojas (Compra)",null,null,null,null,2896128,null,null,null,null,"18Sopladora de hojas (Compra)"]
["18UNION TEMPORAL SERVIASEAMOSSopladora de hojas (Compra)",18,"UNION TEMPORAL SERVIASEAMOS","Bien",397,"Sopladora de hojas (Compra)",null,null,null,null,2920464,null,null,null,null,"18Sopladora de hojas (Compra)"]
["18UNION TEMPORAL SERVICIOS A y C COLOMBIASopladora de hojas (Compra)",18,"UNION TEMPORAL SERVICIOS A y C COLOMBIA","Bien",397,"Sopladora de hojas (Compra)",null,null,null,null,9087546,null,null,null,null,"18Sopladora de hojas (Compra)"]
["18UT GRUPO ADINSopladora de hojas (Compra)",18,"UT GRUPO ADIN","Bien",397,"Sopladora de hojas (Compra)",null,null,null,null,370853,null,null,null,null,"18Sopladora de hojas (Compra)"]
["18AMERICANA DE SERVICIOS LTDASonda para inodoro (Arrendamiento)",18,"AMERICANA DE SERVICIOS LTDA","Bien",398,"Sonda para inodoro (Arrendamiento)",null,null,null,null,3090,null,null,null,null,"18Sonda para inodoro (Arrendamiento)"]
["18ASECOLBAS LTDASonda para inodoro (Arrendamiento)",18,"ASECOLBAS LTDA","Bien",398,"Sonda para inodoro (Arrendamiento)",null,null,null,null,63857,null,null,null,null,"18Sonda para inodoro (Arrendamiento)"]
["18BRILLASEO S.A.SSonda para inodoro (Arrendamiento)",18,"BRILLASEO S.A.S","Bien",398,"Sonda para inodoro (Arrendamiento)",null,null,null,null,12478,null,null,null,null,"18Sonda para inodoro (Arrendamiento)"]
["18CLEANER S.A.Sonda para inodoro (Arrendamiento)",18,"CLEANER S.A.","Bien",398,"Sonda para inodoro (Arrendamiento)",null,null,null,null,8307,null,null,null,null,"18Sonda para inodoro (Arrendamiento)"]
["18COMPAÑÍA DE SERVICIOS Y ADMINISTRACIÓN SA SERDAN SASonda para inodoro (Arrendamiento)",18,"COMPAÑÍA DE SERVICIOS Y ADMINISTRACIÓN SA SERDAN SA","Bien",398,"Sonda para inodoro (Arrendamiento)",null,null,null,null,59234,null,null,null,null,"18Sonda para inodoro (Arrendamiento)"]
["18CONSERJES INMOBILIARIOS LTDASonda para inodoro (Arrendamiento)",18,"CONSERJES INMOBILIARIOS LTDA","Bien",398,"Sonda para inodoro (Arrendamiento)",null,null,null,null,72979,null,null,null,null,"18Sonda para inodoro (Arrendamiento)"]
["18CONSORCIO ELITESonda para inodoro (Arrendamiento)",18,"CONSORCIO ELITE","Bien",398,"Sonda para inodoro (Arrendamiento)",null,null,null,null,3517241,null,null,null,null,"18Sonda para inodoro (Arrendamiento)"]
["18CONSORCIO KIOSSonda para inodoro (Arrendamiento)",18,"CONSORCIO KIOS","Bien",398,"Sonda para inodoro (Arrendamiento)",null,null,null,null,489525,null,null,null,null,"18Sonda para inodoro (Arrendamiento)"]
["18GRUPO GECSonda para inodoro (Arrendamiento)",18,"GRUPO GEC","Bien",398,"Sonda para inodoro (Arrendamiento)",null,null,null,null,70710,null,null,null,null,"18Sonda para inodoro (Arrendamiento)"]
["18INTERASEO SAS ESPSonda para inodoro (Arrendamiento)",18,"INTERASEO SAS ESP","Bien",398,"Sonda para inodoro (Arrendamiento)",null,null,null,null,24025,null,null,null,null,"18Sonda para inodoro (Arrendamiento)"]
["18LIMPIEZA INSTITUCIONAL LASU S.A.S.Sonda para inodoro (Arrendamiento)",18,"LIMPIEZA INSTITUCIONAL LASU S.A.S.","Bien",398,"Sonda para inodoro (Arrendamiento)",null,null,null,null,8507,null,null,null,null,"18Sonda para inodoro (Arrendamiento)"]
["18SERVIASEO S.ASonda para inodoro (Arrendamiento)",18,"SERVIASEO S.A","Bien",398,"Sonda para inodoro (Arrendamiento)",null,null,null,null,35849,null,null,null,null,"18Sonda para inodoro (Arrendamiento)"]
["18UNIÓN TEMPORAL ASEO COLOMBIA AMP4Sonda para inodoro (Arrendamiento)",18,"UNIÓN TEMPORAL ASEO COLOMBIA AMP4","Bien",398,"Sonda para inodoro (Arrendamiento)",null,null,null,null,56303,null,null,null,null,"18Sonda para inodoro (Arrendamiento)"]
["18UNIÓN TEMPORAL CCE AMP IV 2022Sonda para inodoro (Arrendamiento)",18,"UNIÓN TEMPORAL CCE AMP IV 2022","Bien",398,"Sonda para inodoro (Arrendamiento)",null,null,null,null,451121,null,null,null,null,"18Sonda para inodoro (Arrendamiento)"]
["18UNIÓN TEMPORAL CLEAN BOGOTÁSonda para inodoro (Arrendamiento)",18,"UNIÓN TEMPORAL CLEAN BOGOTÁ","Bien",398,"Sonda para inodoro (Arrendamiento)",null,null,null,null,2195924,null,null,null,null,"18Sonda para inodoro (Arrendamiento)"]
["18UNION TEMPORAL ECOLIMPIEZA 4GSonda para inodoro (Arrendamiento)",18,"UNION TEMPORAL ECOLIMPIEZA 4G","Bien",398,"Sonda para inodoro (Arrendamiento)",null,null,null,null,6481,null,null,null,null,"18Sonda para inodoro (Arrendamiento)"]
["18UNIÓN TEMPORAL EMINSER SOLOASEO 2023Sonda para inodoro (Arrendamiento)",18,"UNIÓN TEMPORAL EMINSER SOLOASEO 2023","Bien",398,"Sonda para inodoro (Arrendamiento)",null,null,null,null,28835,null,null,null,null,"18Sonda para inodoro (Arrendamiento)"]
["18UNION TEMPORAL SERVIASEAMOSSonda para inodoro (Arrendamiento)",18,"UNION TEMPORAL SERVIASEAMOS","Bien",398,"Sonda para inodoro (Arrendamiento)",null,null,null,null,17307,null,null,null,null,"18Sonda para inodoro (Arrendamiento)"]
["18UNION TEMPORAL SERVICIOS A y C COLOMBIASonda para inodoro (Arrendamiento)",18,"UNION TEMPORAL SERVICIOS A y C COLOMBIA","Bien",398,"Sonda para inodoro (Arrendamiento)",null,null,null,null,123988,null,null,null,null,"18Sonda para inodoro (Arrendamiento)"]
["18UT GRUPO ADINSonda para inodoro (Arrendamiento)",18,"UT GRUPO ADIN","Bien",398,"Sonda para inodoro (Arrendamiento)",null,null,null,null,6799,null,null,null,null,"18Sonda para inodoro (Arrendamiento)"]
["18AMERICANA DE SERVICIOS LTDASonda para inodoro (Compra)",18,"AMERICANA DE SERVICIOS LTDA","Bien",399,"Sonda para inodoro (Compra)",null,null,null,null,30904,null,null,null,null,"18Sonda para inodoro (Compra)"]
["18ASECOLBAS LTDASonda para inodoro (Compra)",18,"ASECOLBAS LTDA","Bien",399,"Sonda para inodoro (Compra)",null,null,null,null,13888,null,null,null,null,"18Sonda para inodoro (Compra)"]
["18BRILLASEO S.A.SSonda para inodoro (Compra)",18,"BRILLASEO S.A.S","Bien",399,"Sonda para inodoro (Compra)",null,null,null,null,99823,null,null,null,null,"18Sonda para inodoro (Compra)"]
["18CLEANER S.A.Sonda para inodoro (Compra)",18,"CLEANER S.A.","Bien",399,"Sonda para inodoro (Compra)",null,null,null,null,99685,null,null,null,null,"18Sonda para inodoro (Compra)"]
["18COMPAÑÍA DE SERVICIOS Y ADMINISTRACIÓN SA SERDAN SASonda para inodoro (Compra)",18,"COMPAÑÍA DE SERVICIOS Y ADMINISTRACIÓN SA SERDAN SA","Bien",399,"Sonda para inodoro (Compra)",null,null,null,null,710801,null,null,null,null,"18Sonda para inodoro (Compra)"]
["18CONSERJES INMOBILIARIOS LTDASonda para inodoro (Compra)",18,"CONSERJES INMOBILIARIOS LTDA","Bien",399,"Sonda para inodoro (Compra)",null,null,null,null,15873,null,null,null,null,"18Sonda para inodoro (Compra)"]
["18CONSORCIO ELITESonda para inodoro (Compra)",18,"CONSORCIO ELITE","Bien",399,"Sonda para inodoro (Compra)",null,null,null,null,25024314,null,null,null,null,"18Sonda para inodoro (Compra)"]
["18CONSORCIO KIOSSonda para inodoro (Compra)",18,"CONSORCIO KIOS","Bien",399,"Sonda para inodoro (Compra)",null,null,null,null,4990439,null,null,null,null,"18Sonda para inodoro (Compra)"]
["18GRUPO GECSonda para inodoro (Compra)",18,"GRUPO GEC","Bien",399,"Sonda para inodoro (Compra)",null,null,null,null,140294,null,null,null,null,"18Sonda para inodoro (Compra)"]
["18INTERASEO SAS ESPSonda para inodoro (Compra)",18,"INTERASEO SAS ESP","Bien",399,"Sonda para inodoro (Compra)",null,null,null,null,24025,null,null,null,null,"18Sonda para inodoro (Compra)"]
["18LIMPIEZA INSTITUCIONAL LASU S.A.S.Sonda para inodoro (Compra)",18,"LIMPIEZA INSTITUCIONAL LASU S.A.S.","Bien",399,"Sonda para inodoro (Compra)",null,null,null,null,82695,null,null,null,null,"18Sonda para inodoro (Compra)"]
["18SERVIASEO S.ASonda para inodoro (Compra)",18,"SERVIASEO S.A","Bien",399,"Sonda para inodoro (Compra)",null,null,null,null,48211,null,null,null,null,"18Sonda para inodoro (Compra)"]
["18UNIÓN TEMPORAL ASEO COLOMBIA AMP4Sonda para inodoro (Compra)",18,"UNIÓN TEMPORAL ASEO COLOMBIA AMP4","Bien",399,"Sonda para inodoro (Compra)",null,null,null,null,225209,null,null,null,null,"18Sonda para inodoro (Compra)"]
["18UNIÓN TEMPORAL CCE AMP IV 2022Sonda para inodoro (Compra)",18,"UNIÓN TEMPORAL CCE AMP IV 2022","Bien",399,"Sonda para inodoro (Compra)",null,null,null,null,5413459,null,null,null,null,"18Sonda para inodoro (Compra)"]
["18UNIÓN TEMPORAL CLEAN BOGOTÁSonda para inodoro (Compra)",18,"UNIÓN TEMPORAL CLEAN BOGOTÁ","Bien",399,"Sonda para inodoro (Compra)",null,null,null,null,26855739,null,null,null,null,"18Sonda para inodoro (Compra)"]
["18UNION TEMPORAL ECOLIMPIEZA 4GSonda para inodoro (Compra)",18,"UNION TEMPORAL ECOLIMPIEZA 4G","Bien",399,"Sonda para inodoro (Compra)",null,null,null,null,155585,null,null,null,null,"18Sonda para inodoro (Compra)"]
["18UNIÓN TEMPORAL EMINSER SOLOASEO 2023Sonda para inodoro (Compra)",18,"UNIÓN TEMPORAL EMINSER SOLOASEO 2023","Bien",399,"Sonda para inodoro (Compra)",null,null,null,null,229852,null,null,null,null,"18Sonda para inodoro (Compra)"]
["18UNION TEMPORAL SERVIASEAMOSSonda para inodoro (Compra)",18,"UNION TEMPORAL SERVIASEAMOS","Bien",399,"Sonda para inodoro (Compra)",null,null,null,null,118982,null,null,null,null,"18Sonda para inodoro (Compra)"]
["18UNION TEMPORAL SERVICIOS A y C COLOMBIASonda para inodoro (Compra)",18,"UNION TEMPORAL SERVICIOS A y C COLOMBIA","Bien",399,"Sonda para inodoro (Compra)",null,null,null,null,13786297,null,null,null,null,"18Sonda para inodoro (Compra)"]
["18UT GRUPO ADINSonda para inodoro (Compra)",18,"UT GRUPO ADIN","Bien",399,"Sonda para inodoro (Compra)",null,null,null,null,27195,null,null,null,null,"18Sonda para inodoro (Compra)"]
["18AMERICANA DE SERVICIOS LTDAGirador Manual (Compra)",18,"AMERICANA DE SERVICIOS LTDA","Bien",400,"Girador Manual (Compra)",null,null,null,null,55628,null,null,null,null,"18Girador Manual (Compra)"]
["18ASECOLBAS LTDAGirador Manual (Compra)",18,"ASECOLBAS LTDA","Bien",400,"Girador Manual (Compra)",null,null,null,null,4106,null,null,null,null,"18Girador Manual (Compra)"]
["18BRILLASEO S.A.SGirador Manual (Compra)",18,"BRILLASEO S.A.S","Bien",400,"Girador Manual (Compra)",null,null,null,null,93915,null,null,null,null,"18Girador Manual (Compra)"]
["18CLEANER S.A.Girador Manual (Compra)",18,"CLEANER S.A.","Bien",400,"Girador Manual (Compra)",null,null,null,null,143090,null,null,null,null,"18Girador Manual (Compra)"]
["18COMPAÑÍA DE SERVICIOS Y ADMINISTRACIÓN SA SERDAN SAGirador Manual (Compra)",18,"COMPAÑÍA DE SERVICIOS Y ADMINISTRACIÓN SA SERDAN SA","Bien",400,"Girador Manual (Compra)",null,null,null,null,176001,null,null,null,null,"18Girador Manual (Compra)"]
["18CONSERJES INMOBILIARIOS LTDAGirador Manual (Compra)",18,"CONSERJES INMOBILIARIOS LTDA","Bien",400,"Girador Manual (Compra)",null,null,null,null,4692,null,null,null,null,"18Girador Manual (Compra)"]
["18CONSORCIO ELITEGirador Manual (Compra)",18,"CONSORCIO ELITE","Bien",400,"Girador Manual (Compra)",null,null,null,null,5757806,null,null,null,null,"18Girador Manual (Compra)"]
["18CONSORCIO KIOSGirador Manual (Compra)",18,"CONSORCIO KIOS","Bien",400,"Girador Manual (Compra)",null,null,null,null,1150385,null,null,null,null,"18Girador Manual (Compra)"]
["18GRUPO GECGirador Manual (Compra)",18,"GRUPO GEC","Bien",400,"Girador Manual (Compra)",null,null,null,null,160060,null,null,null,null,"18Girador Manual (Compra)"]
["18INTERASEO SAS ESPGirador Manual (Compra)",18,"INTERASEO SAS ESP","Bien",400,"Girador Manual (Compra)",null,null,null,null,90982,null,null,null,null,"18Girador Manual (Compra)"]
["18LIMPIEZA INSTITUCIONAL LASU S.A.S.Girador Manual (Compra)",18,"LIMPIEZA INSTITUCIONAL LASU S.A.S.","Bien",400,"Girador Manual (Compra)",null,null,null,null,90861,null,null,null,null,"18Girador Manual (Compra)"]
["18SERVIASEO S.AGirador Manual (Compra)",18,"SERVIASEO S.A","Bien",400,"Girador Manual (Compra)",null,null,null,null,128562,null,null,null,null,"18Girador Manual (Compra)"]
["18UNIÓN TEMPORAL ASEO COLOMBIA AMP4Girador Manual (Compra)",18,"UNIÓN TEMPORAL ASEO COLOMBIA AMP4","Bien",400,"Girador Manual (Compra)",null,null,null,null,215856,null,null,null,null,"18Girador Manual (Compra)"]
["18UNIÓN TEMPORAL CCE AMP IV 2022Girador Manual (Compra)",18,"UNIÓN TEMPORAL CCE AMP IV 2022","Bien",400,"Girador Manual (Compra)",null,null,null,null,1412207,null,null,null,null,"18Girador Manual (Compra)"]
["18UNIÓN TEMPORAL CLEAN BOGOTÁGirador Manual (Compra)",18,"UNIÓN TEMPORAL CLEAN BOGOTÁ","Bien",400,"Girador Manual (Compra)",null,null,null,null,6179193,null,null,null,null,"18Girador Manual (Compra)"]
["18UNION TEMPORAL ECOLIMPIEZA 4GGirador Manual (Compra)",18,"UNION TEMPORAL ECOLIMPIEZA 4G","Bien",400,"Girador Manual (Compra)",null,null,null,null,136548,null,null,null,null,"18Girador Manual (Compra)"]
["18UNIÓN TEMPORAL EMINSER SOLOASEO 2023Girador Manual (Compra)",18,"UNIÓN TEMPORAL EMINSER SOLOASEO 2023","Bien",400,"Girador Manual (Compra)",null,null,null,null,231783,null,null,null,null,"18Girador Manual (Compra)"]
["18UNION TEMPORAL SERVIASEAMOSGirador Manual (Compra)",18,"UNION TEMPORAL SERVIASEAMOS","Bien",400,"Girador Manual (Compra)",null,null,null,null,182746,null,null,null,null,"18Girador Manual (Compra)"]
["18UNION TEMPORAL SERVICIOS A y C COLOMBIAGirador Manual (Compra)",18,"UNION TEMPORAL SERVICIOS A y C COLOMBIA","Bien",400,"Girador Manual (Compra)",null,null,null,null,3679600,null,null,null,null,"18Girador Manual (Compra)"]
["18UT GRUPO ADINGirador Manual (Compra)",18,"UT GRUPO ADIN","Bien",400,"Girador Manual (Compra)",null,null,null,null,80021,null,null,null,null,"18Girador Manual (Compra)"]
["18AMERICANA DE SERVICIOS LTDASonda para fregaderos (Compra)",18,"AMERICANA DE SERVICIOS LTDA","Bien",401,"Sonda para fregaderos (Compra)",null,null,null,null,30904,null,null,null,null,"18Sonda para fregaderos (Compra)"]
["18ASECOLBAS LTDASonda para fregaderos (Compra)",18,"ASECOLBAS LTDA","Bien",401,"Sonda para fregaderos (Compra)",null,null,null,null,87133,null,null,null,null,"18Sonda para fregaderos (Compra)"]
["18BRILLASEO S.A.SSonda para fregaderos (Compra)",18,"BRILLASEO S.A.S","Bien",401,"Sonda para fregaderos (Compra)",null,null,null,null,92749,null,null,null,null,"18Sonda para fregaderos (Compra)"]
["18CLEANER S.A.Sonda para fregaderos (Compra)",18,"CLEANER S.A.","Bien",401,"Sonda para fregaderos (Compra)",null,null,null,null,5791917,null,null,null,null,"18Sonda para fregaderos (Compra)"]
["18COMPAÑÍA DE SERVICIOS Y ADMINISTRACIÓN SA SERDAN SASonda para fregaderos (Compra)",18,"COMPAÑÍA DE SERVICIOS Y ADMINISTRACIÓN SA SERDAN SA","Bien",401,"Sonda para fregaderos (Compra)",null,null,null,null,8962271,null,null,null,null,"18Sonda para fregaderos (Compra)"]
["18CONSERJES INMOBILIARIOS LTDASonda para fregaderos (Compra)",18,"CONSERJES INMOBILIARIOS LTDA","Bien",401,"Sonda para fregaderos (Compra)",null,null,null,null,99581,null,null,null,null,"18Sonda para fregaderos (Compra)"]
["18CONSORCIO ELITESonda para fregaderos (Compra)",18,"CONSORCIO ELITE","Bien",401,"Sonda para fregaderos (Compra)",null,null,null,null,25599586,null,null,null,null,"18Sonda para fregaderos (Compra)"]
["18CONSORCIO KIOSSonda para fregaderos (Compra)",18,"CONSORCIO KIOS","Bien",401,"Sonda para fregaderos (Compra)",null,null,null,null,5099223,null,null,null,null,"18Sonda para fregaderos (Compra)"]
["18GRUPO GECSonda para fregaderos (Compra)",18,"GRUPO GEC","Bien",401,"Sonda para fregaderos (Compra)",null,null,null,null,5722787,null,null,null,null,"18Sonda para fregaderos (Compra)"]
["18INTERASEO SAS ESPSonda para fregaderos (Compra)",18,"INTERASEO SAS ESP","Bien",401,"Sonda para fregaderos (Compra)",null,null,null,null,216794,null,null,null,null,"18Sonda para fregaderos (Compra)"]
["18LIMPIEZA INSTITUCIONAL LASU S.A.S.Sonda para fregaderos (Compra)",18,"LIMPIEZA INSTITUCIONAL LASU S.A.S.","Bien",401,"Sonda para fregaderos (Compra)",null,null,null,null,1777000,null,null,null,null,"18Sonda para fregaderos (Compra)"]
["18SERVIASEO S.ASonda para fregaderos (Compra)",18,"SERVIASEO S.A","Bien",401,"Sonda para fregaderos (Compra)",null,null,null,null,1663892,null,null,null,null,"18Sonda para fregaderos (Compra)"]
["18UNIÓN TEMPORAL ASEO COLOMBIA AMP4Sonda para fregaderos (Compra)",18,"UNIÓN TEMPORAL ASEO COLOMBIA AMP4","Bien",401,"Sonda para fregaderos (Compra)",null,null,null,null,7115116,null,null,null,null,"18Sonda para fregaderos (Compra)"]
["18UNIÓN TEMPORAL CCE AMP IV 2022Sonda para fregaderos (Compra)",18,"UNIÓN TEMPORAL CCE AMP IV 2022","Bien",401,"Sonda para fregaderos (Compra)",null,null,null,null,7061033,null,null,null,null,"18Sonda para fregaderos (Compra)"]
["18UNIÓN TEMPORAL CLEAN BOGOTÁSonda para fregaderos (Compra)",18,"UNIÓN TEMPORAL CLEAN BOGOTÁ","Bien",401,"Sonda para fregaderos (Compra)",null,null,null,null,27473109,null,null,null,null,"18Sonda para fregaderos (Compra)"]
["18UNION TEMPORAL ECOLIMPIEZA 4GSonda para fregaderos (Compra)",18,"UNION TEMPORAL ECOLIMPIEZA 4G","Bien",401,"Sonda para fregaderos (Compra)",null,null,null,null,8237873,null,null,null,null,"18Sonda para fregaderos (Compra)"]
["18UNIÓN TEMPORAL EMINSER SOLOASEO 2023Sonda para fregaderos (Compra)",18,"UNIÓN TEMPORAL EMINSER SOLOASEO 2023","Bien",401,"Sonda para fregaderos (Compra)",null,null,null,null,4597027,null,null,null,null,"18Sonda para fregaderos (Compra)"]
["18UNION TEMPORAL SERVIASEAMOSSonda para fregaderos (Compra)",18,"UNION TEMPORAL SERVIASEAMOS","Bien",401,"Sonda para fregaderos (Compra)",null,null,null,null,5624598,null,null,null,null,"18Sonda para fregaderos (Compra)"]
["18UNION TEMPORAL SERVICIOS A y C COLOMBIASonda para fregaderos (Compra)",18,"UNION TEMPORAL SERVICIOS A y C COLOMBIA","Bien",401,"Sonda para fregaderos (Compra)",null,null,null,null,15795614,null,null,null,null,"18Sonda para fregaderos (Compra)"]
["18UT GRUPO ADINSonda para fregaderos (Compra)",18,"UT GRUPO ADIN","Bien",401,"Sonda para fregaderos (Compra)",null,null,null,null,1854263,null,null,null,null,"18Sonda para fregaderos (Compra)"]
["18AMERICANA DE SERVICIOS LTDACortadora de cesped  (Arrendamiento)",18,"AMERICANA DE SERVICIOS LTDA","Bien",402,"Cortadora de cesped  (Arrendamiento)",null,null,null,null,247235,null,null,null,null,"18Cortadora de cesped  (Arrendamiento)"]
["18ASECOLBAS LTDACortadora de cesped  (Arrendamiento)",18,"ASECOLBAS LTDA","Bien",402,"Cortadora de cesped  (Arrendamiento)",null,null,null,null,140005,null,null,null,null,"18Cortadora de cesped  (Arrendamiento)"]
["18BRILLASEO S.A.SCortadora de cesped  (Arrendamiento)",18,"BRILLASEO S.A.S","Bien",402,"Cortadora de cesped  (Arrendamiento)",null,null,null,null,173065,null,null,null,null,"18Cortadora de cesped  (Arrendamiento)"]
["18CLEANER S.A.Cortadora de cesped  (Arrendamiento)",18,"CLEANER S.A.","Bien",402,"Cortadora de cesped  (Arrendamiento)",null,null,null,null,90547,null,null,null,null,"18Cortadora de cesped  (Arrendamiento)"]
["18COMPAÑÍA DE SERVICIOS Y ADMINISTRACIÓN SA SERDAN SACortadora de cesped  (Arrendamiento)",18,"COMPAÑÍA DE SERVICIOS Y ADMINISTRACIÓN SA SERDAN SA","Bien",402,"Cortadora de cesped  (Arrendamiento)",null,null,null,null,212468,null,null,null,null,"18Cortadora de cesped  (Arrendamiento)"]
["18CONSERJES INMOBILIARIOS LTDACortadora de cesped  (Arrendamiento)",18,"CONSERJES INMOBILIARIOS LTDA","Bien",402,"Cortadora de cesped  (Arrendamiento)",null,null,null,null,160006,null,null,null,null,"18Cortadora de cesped  (Arrendamiento)"]
["18CONSORCIO ELITECortadora de cesped  (Arrendamiento)",18,"CONSORCIO ELITE","Bien",402,"Cortadora de cesped  (Arrendamiento)",null,null,null,null,1151847,null,null,null,null,"18Cortadora de cesped  (Arrendamiento)"]
["18CONSORCIO KIOSCortadora de cesped  (Arrendamiento)",18,"CONSORCIO KIOS","Bien",402,"Cortadora de cesped  (Arrendamiento)",null,null,null,null,500404,null,null,null,null,"18Cortadora de cesped  (Arrendamiento)"]
["18GRUPO GECCortadora de cesped  (Arrendamiento)",18,"GRUPO GEC","Bien",402,"Cortadora de cesped  (Arrendamiento)",null,null,null,null,303728,null,null,null,null,"18Cortadora de cesped  (Arrendamiento)"]
["18INTERASEO SAS ESPCortadora de cesped  (Arrendamiento)",18,"INTERASEO SAS ESP","Bien",402,"Cortadora de cesped  (Arrendamiento)",null,null,null,null,359666,null,null,null,null,"18Cortadora de cesped  (Arrendamiento)"]
["18LIMPIEZA INSTITUCIONAL LASU S.A.S.Cortadora de cesped  (Arrendamiento)",18,"LIMPIEZA INSTITUCIONAL LASU S.A.S.","Bien",402,"Cortadora de cesped  (Arrendamiento)",null,null,null,null,135034,null,null,null,null,"18Cortadora de cesped  (Arrendamiento)"]
["18SERVIASEO S.ACortadora de cesped  (Arrendamiento)",18,"SERVIASEO S.A","Bien",402,"Cortadora de cesped  (Arrendamiento)",null,null,null,null,191607,null,null,null,null,"18Cortadora de cesped  (Arrendamiento)"]
["18UNIÓN TEMPORAL ASEO COLOMBIA AMP4Cortadora de cesped  (Arrendamiento)",18,"UNIÓN TEMPORAL ASEO COLOMBIA AMP4","Bien",402,"Cortadora de cesped  (Arrendamiento)",null,null,null,null,272110,null,null,null,null,"18Cortadora de cesped  (Arrendamiento)"]
["18UNIÓN TEMPORAL CCE AMP IV 2022Cortadora de cesped  (Arrendamiento)",18,"UNIÓN TEMPORAL CCE AMP IV 2022","Bien",402,"Cortadora de cesped  (Arrendamiento)",null,null,null,null,393586,null,null,null,null,"18Cortadora de cesped  (Arrendamiento)"]
["18UNIÓN TEMPORAL CLEAN BOGOTÁCortadora de cesped  (Arrendamiento)",18,"UNIÓN TEMPORAL CLEAN BOGOTÁ","Bien",402,"Cortadora de cesped  (Arrendamiento)",null,null,null,null,1236141,null,null,null,null,"18Cortadora de cesped  (Arrendamiento)"]
["18UNION TEMPORAL ECOLIMPIEZA 4GCortadora de cesped  (Arrendamiento)",18,"UNION TEMPORAL ECOLIMPIEZA 4G","Bien",402,"Cortadora de cesped  (Arrendamiento)",null,null,null,null,134116,null,null,null,null,"18Cortadora de cesped  (Arrendamiento)"]
["18UNIÓN TEMPORAL EMINSER SOLOASEO 2023Cortadora de cesped  (Arrendamiento)",18,"UNIÓN TEMPORAL EMINSER SOLOASEO 2023","Bien",402,"Cortadora de cesped  (Arrendamiento)",null,null,null,null,287315,null,null,null,null,"18Cortadora de cesped  (Arrendamiento)"]
["18UNION TEMPORAL SERVIASEAMOSCortadora de cesped  (Arrendamiento)",18,"UNION TEMPORAL SERVIASEAMOS","Bien",402,"Cortadora de cesped  (Arrendamiento)",null,null,null,null,205514,null,null,null,null,"18Cortadora de cesped  (Arrendamiento)"]
["18UNION TEMPORAL SERVICIOS A y C COLOMBIACortadora de cesped  (Arrendamiento)",18,"UNION TEMPORAL SERVICIOS A y C COLOMBIA","Bien",402,"Cortadora de cesped  (Arrendamiento)",null,null,null,null,1164923,null,null,null,null,"18Cortadora de cesped  (Arrendamiento)"]
["18UT GRUPO ADINCortadora de cesped  (Arrendamiento)",18,"UT GRUPO ADIN","Bien",402,"Cortadora de cesped  (Arrendamiento)",null,null,null,null,462824,null,null,null,null,"18Cortadora de cesped  (Arrendamiento)"]
["18AMERICANA DE SERVICIOS LTDACortadora de cesped  (Compra)",18,"AMERICANA DE SERVICIOS LTDA","Bien",403,"Cortadora de cesped  (Compra)",null,null,null,null,1977881,null,null,null,null,"18Cortadora de cesped  (Compra)"]
["18ASECOLBAS LTDACortadora de cesped  (Compra)",18,"ASECOLBAS LTDA","Bien",403,"Cortadora de cesped  (Compra)",null,null,null,null,140005,null,null,null,null,"18Cortadora de cesped  (Compra)"]
["18BRILLASEO S.A.SCortadora de cesped  (Compra)",18,"BRILLASEO S.A.S","Bien",403,"Cortadora de cesped  (Compra)",null,null,null,null,2076775,null,null,null,null,"18Cortadora de cesped  (Compra)"]
["18CLEANER S.A.Cortadora de cesped  (Compra)",18,"CLEANER S.A.","Bien",403,"Cortadora de cesped  (Compra)",null,null,null,null,5432842,null,null,null,null,"18Cortadora de cesped  (Compra)"]
["18COMPAÑÍA DE SERVICIOS Y ADMINISTRACIÓN SA SERDAN SACortadora de cesped  (Compra)",18,"COMPAÑÍA DE SERVICIOS Y ADMINISTRACIÓN SA SERDAN SA","Bien",403,"Cortadora de cesped  (Compra)",null,null,null,null,5099223,null,null,null,null,"18Cortadora de cesped  (Compra)"]
["18CONSERJES INMOBILIARIOS LTDACortadora de cesped  (Compra)",18,"CONSERJES INMOBILIARIOS LTDA","Bien",403,"Cortadora de cesped  (Compra)",null,null,null,null,160006,null,null,null,null,"18Cortadora de cesped  (Compra)"]
["18CONSORCIO ELITECortadora de cesped  (Compra)",18,"CONSORCIO ELITE","Bien",403,"Cortadora de cesped  (Compra)",null,null,null,null,30311962,null,null,null,null,"18Cortadora de cesped  (Compra)"]
["18CONSORCIO KIOSCortadora de cesped  (Compra)",18,"CONSORCIO KIOS","Bien",403,"Cortadora de cesped  (Compra)",null,null,null,null,6119068,null,null,null,null,"18Cortadora de cesped  (Compra)"]
["18GRUPO GECCortadora de cesped  (Compra)",18,"GRUPO GEC","Bien",403,"Cortadora de cesped  (Compra)",null,null,null,null,3374759,null,null,null,null,"18Cortadora de cesped  (Compra)"]
["18INTERASEO SAS ESPCortadora de cesped  (Compra)",18,"INTERASEO SAS ESP","Bien",403,"Cortadora de cesped  (Compra)",null,null,null,null,3554004,null,null,null,null,"18Cortadora de cesped  (Compra)"]
["18LIMPIEZA INSTITUCIONAL LASU S.A.S.Cortadora de cesped  (Compra)",18,"LIMPIEZA INSTITUCIONAL LASU S.A.S.","Bien",403,"Cortadora de cesped  (Compra)",null,null,null,null,1312530,null,null,null,null,"18Cortadora de cesped  (Compra)"]
["18SERVIASEO S.ACortadora de cesped  (Compra)",18,"SERVIASEO S.A","Bien",403,"Cortadora de cesped  (Compra)",null,null,null,null,2188030,null,null,null,null,"18Cortadora de cesped  (Compra)"]
["18UNIÓN TEMPORAL ASEO COLOMBIA AMP4Cortadora de cesped  (Compra)",18,"UNIÓN TEMPORAL ASEO COLOMBIA AMP4","Bien",403,"Cortadora de cesped  (Compra)",null,null,null,null,3265320,null,null,null,null,"18Cortadora de cesped  (Compra)"]
["18UNIÓN TEMPORAL CCE AMP IV 2022Cortadora de cesped  (Compra)",18,"UNIÓN TEMPORAL CCE AMP IV 2022","Bien",403,"Cortadora de cesped  (Compra)",null,null,null,null,7084570,null,null,null,null,"18Cortadora de cesped  (Compra)"]
["18UNIÓN TEMPORAL CLEAN BOGOTÁCortadora de cesped  (Compra)",18,"UNIÓN TEMPORAL CLEAN BOGOTÁ","Bien",403,"Cortadora de cesped  (Compra)",null,null,null,null,32530368,null,null,null,null,"18Cortadora de cesped  (Compra)"]
["18UNION TEMPORAL ECOLIMPIEZA 4GCortadora de cesped  (Compra)",18,"UNION TEMPORAL ECOLIMPIEZA 4G","Bien",403,"Cortadora de cesped  (Compra)",null,null,null,null,3218827,null,null,null,null,"18Cortadora de cesped  (Compra)"]
["18UNIÓN TEMPORAL EMINSER SOLOASEO 2023Cortadora de cesped  (Compra)",18,"UNIÓN TEMPORAL EMINSER SOLOASEO 2023","Bien",403,"Cortadora de cesped  (Compra)",null,null,null,null,6895541,null,null,null,null,"18Cortadora de cesped  (Compra)"]
["18UNION TEMPORAL SERVIASEAMOSCortadora de cesped  (Compra)",18,"UNION TEMPORAL SERVIASEAMOS","Bien",403,"Cortadora de cesped  (Compra)",null,null,null,null,4542944,null,null,null,null,"18Cortadora de cesped  (Compra)"]
["18UNION TEMPORAL SERVICIOS A y C COLOMBIACortadora de cesped  (Compra)",18,"UNION TEMPORAL SERVICIOS A y C COLOMBIA","Bien",403,"Cortadora de cesped  (Compra)",null,null,null,null,15363398,null,null,null,null,"18Cortadora de cesped  (Compra)"]
["18UT GRUPO ADINCortadora de cesped  (Compra)",18,"UT GRUPO ADIN","Bien",403,"Cortadora de cesped  (Compra)",null,null,null,null,1851296,null,null,null,null,"18Cortadora de cesped  (Compra)"]
["18AMERICANA DE SERVICIOS LTDAGuadañas (Arrendamiento)",18,"AMERICANA DE SERVICIOS LTDA","Bien",404,"Guadañas (Arrendamiento)",null,null,null,null,370853,null,null,null,null,"18Guadañas (Arrendamiento)"]
["18ASECOLBAS LTDAGuadañas (Arrendamiento)",18,"ASECOLBAS LTDA","Bien",404,"Guadañas (Arrendamiento)",null,null,null,null,82999,null,null,null,null,"18Guadañas (Arrendamiento)"]
["18BRILLASEO S.A.SGuadañas (Arrendamiento)",18,"BRILLASEO S.A.S","Bien",404,"Guadañas (Arrendamiento)",null,null,null,null,274020,null,null,null,null,"18Guadañas (Arrendamiento)"]
["18CLEANER S.A.Guadañas (Arrendamiento)",18,"CLEANER S.A.","Bien",404,"Guadañas (Arrendamiento)",null,null,null,null,75274,null,null,null,null,"18Guadañas (Arrendamiento)"]
["18COMPAÑÍA DE SERVICIOS Y ADMINISTRACIÓN SA SERDAN SAGuadañas (Arrendamiento)",18,"COMPAÑÍA DE SERVICIOS Y ADMINISTRACIÓN SA SERDAN SA","Bien",404,"Guadañas (Arrendamiento)",null,null,null,null,207640,null,null,null,null,"18Guadañas (Arrendamiento)"]
["18CONSERJES INMOBILIARIOS LTDAGuadañas (Arrendamiento)",18,"CONSERJES INMOBILIARIOS LTDA","Bien",404,"Guadañas (Arrendamiento)",null,null,null,null,94857,null,null,null,null,"18Guadañas (Arrendamiento)"]
["18CONSORCIO ELITEGuadañas (Arrendamiento)",18,"CONSORCIO ELITE","Bien",404,"Guadañas (Arrendamiento)",null,null,null,null,987298,null,null,null,null,"18Guadañas (Arrendamiento)"]
["18CONSORCIO KIOSGuadañas (Arrendamiento)",18,"CONSORCIO KIOS","Bien",404,"Guadañas (Arrendamiento)",null,null,null,null,244763,null,null,null,null,"18Guadañas (Arrendamiento)"]
["18GRUPO GECGuadañas (Arrendamiento)",18,"GRUPO GEC","Bien",404,"Guadañas (Arrendamiento)",null,null,null,null,284444,null,null,null,null,"18Guadañas (Arrendamiento)"]
["18INTERASEO SAS ESPGuadañas (Arrendamiento)",18,"INTERASEO SAS ESP","Bien",404,"Guadañas (Arrendamiento)",null,null,null,null,277213,null,null,null,null,"18Guadañas (Arrendamiento)"]
["18LIMPIEZA INSTITUCIONAL LASU S.A.S.Guadañas (Arrendamiento)",18,"LIMPIEZA INSTITUCIONAL LASU S.A.S.","Bien",404,"Guadañas (Arrendamiento)",null,null,null,null,153420,null,null,null,null,"18Guadañas (Arrendamiento)"]
["18SERVIASEO S.AGuadañas (Arrendamiento)",18,"SERVIASEO S.A","Bien",404,"Guadañas (Arrendamiento)",null,null,null,null,181717,null,null,null,null,"18Guadañas (Arrendamiento)"]
["18UNIÓN TEMPORAL ASEO COLOMBIA AMP4Guadañas (Arrendamiento)",18,"UNIÓN TEMPORAL ASEO COLOMBIA AMP4","Bien",404,"Guadañas (Arrendamiento)",null,null,null,null,411399,null,null,null,null,"18Guadañas (Arrendamiento)"]
["18UNIÓN TEMPORAL CCE AMP IV 2022Guadañas (Arrendamiento)",18,"UNIÓN TEMPORAL CCE AMP IV 2022","Bien",404,"Guadañas (Arrendamiento)",null,null,null,null,392279,null,null,null,null,"18Guadañas (Arrendamiento)"]
["18UNIÓN TEMPORAL CLEAN BOGOTÁGuadañas (Arrendamiento)",18,"UNIÓN TEMPORAL CLEAN BOGOTÁ","Bien",404,"Guadañas (Arrendamiento)",null,null,null,null,1059552,null,null,null,null,"18Guadañas (Arrendamiento)"]
["18UNION TEMPORAL ECOLIMPIEZA 4GGuadañas (Arrendamiento)",18,"UNION TEMPORAL ECOLIMPIEZA 4G","Bien",404,"Guadañas (Arrendamiento)",null,null,null,null,125824,null,null,null,null,"18Guadañas (Arrendamiento)"]
["18UNIÓN TEMPORAL EMINSER SOLOASEO 2023Guadañas (Arrendamiento)",18,"UNIÓN TEMPORAL EMINSER SOLOASEO 2023","Bien",404,"Guadañas (Arrendamiento)",null,null,null,null,260522,null,null,null,null,"18Guadañas (Arrendamiento)"]
["18UNION TEMPORAL SERVIASEAMOSGuadañas (Arrendamiento)",18,"UNION TEMPORAL SERVIASEAMOS","Bien",404,"Guadañas (Arrendamiento)",null,null,null,null,177391,null,null,null,null,"18Guadañas (Arrendamiento)"]
["18UNION TEMPORAL SERVICIOS A y C COLOMBIAGuadañas (Arrendamiento)",18,"UNION TEMPORAL SERVICIOS A y C COLOMBIA","Bien",404,"Guadañas (Arrendamiento)",null,null,null,null,1023677,null,null,null,null,"18Guadañas (Arrendamiento)"]
["18UT GRUPO ADINGuadañas (Arrendamiento)",18,"UT GRUPO ADIN","Bien",404,"Guadañas (Arrendamiento)",null,null,null,null,208914,null,null,null,null,"18Guadañas (Arrendamiento)"]
["18AMERICANA DE SERVICIOS LTDAGuadañas (Compra)",18,"AMERICANA DE SERVICIOS LTDA","Bien",405,"Guadañas (Compra)",null,null,null,null,2719586,null,null,null,null,"18Guadañas (Compra)"]
["18ASECOLBAS LTDAGuadañas (Compra)",18,"ASECOLBAS LTDA","Bien",405,"Guadañas (Compra)",null,null,null,null,82999,null,null,null,null,"18Guadañas (Compra)"]
["18BRILLASEO S.A.SGuadañas (Compra)",18,"BRILLASEO S.A.S","Bien",405,"Guadañas (Compra)",null,null,null,null,3288226,null,null,null,null,"18Guadañas (Compra)"]
["18CLEANER S.A.Guadañas (Compra)",18,"CLEANER S.A.","Bien",405,"Guadañas (Compra)",null,null,null,null,1806586,null,null,null,null,"18Guadañas (Compra)"]
["18COMPAÑÍA DE SERVICIOS Y ADMINISTRACIÓN SA SERDAN SAGuadañas (Compra)",18,"COMPAÑÍA DE SERVICIOS Y ADMINISTRACIÓN SA SERDAN SA","Bien",405,"Guadañas (Compra)",null,null,null,null,3322221,null,null,null,null,"18Guadañas (Compra)"]
["18CONSERJES INMOBILIARIOS LTDAGuadañas (Compra)",18,"CONSERJES INMOBILIARIOS LTDA","Bien",405,"Guadañas (Compra)",null,null,null,null,94857,null,null,null,null,"18Guadañas (Compra)"]
["18CONSORCIO ELITEGuadañas (Compra)",18,"CONSORCIO ELITE","Bien",405,"Guadañas (Compra)",null,null,null,null,18504397,null,null,null,null,"18Guadañas (Compra)"]
["18CONSORCIO KIOSGuadañas (Compra)",18,"CONSORCIO KIOS","Bien",405,"Guadañas (Compra)",null,null,null,null,2651596,null,null,null,null,"18Guadañas (Compra)"]
["18GRUPO GECGuadañas (Compra)",18,"GRUPO GEC","Bien",405,"Guadañas (Compra)",null,null,null,null,3535462,null,null,null,null,"18Guadañas (Compra)"]
["18INTERASEO SAS ESPGuadañas (Compra)",18,"INTERASEO SAS ESP","Bien",405,"Guadañas (Compra)",null,null,null,null,2834674,null,null,null,null,"18Guadañas (Compra)"]
["18LIMPIEZA INSTITUCIONAL LASU S.A.S.Guadañas (Compra)",18,"LIMPIEZA INSTITUCIONAL LASU S.A.S.","Bien",405,"Guadañas (Compra)",null,null,null,null,1491250,null,null,null,null,"18Guadañas (Compra)"]
["18SERVIASEO S.AGuadañas (Compra)",18,"SERVIASEO S.A","Bien",405,"Guadañas (Compra)",null,null,null,null,1058166,null,null,null,null,"18Guadañas (Compra)"]
["18UNIÓN TEMPORAL ASEO COLOMBIA AMP4Guadañas (Compra)",18,"UNIÓN TEMPORAL ASEO COLOMBIA AMP4","Bien",405,"Guadañas (Compra)",null,null,null,null,3856867,null,null,null,null,"18Guadañas (Compra)"]
["18UNIÓN TEMPORAL CCE AMP IV 2022Guadañas (Compra)",18,"UNIÓN TEMPORAL CCE AMP IV 2022","Bien",405,"Guadañas (Compra)",null,null,null,null,4707356,null,null,null,null,"18Guadañas (Compra)"]
["18UNIÓN TEMPORAL CLEAN BOGOTÁGuadañas (Compra)",18,"UNIÓN TEMPORAL CLEAN BOGOTÁ","Bien",405,"Guadañas (Compra)",null,null,null,null,19858652,null,null,null,null,"18Guadañas (Compra)"]
["18UNION TEMPORAL ECOLIMPIEZA 4GGuadañas (Compra)",18,"UNION TEMPORAL ECOLIMPIEZA 4G","Bien",405,"Guadañas (Compra)",null,null,null,null,3019803,null,null,null,null,"18Guadañas (Compra)"]
["18UNIÓN TEMPORAL EMINSER SOLOASEO 2023Guadañas (Compra)",18,"UNIÓN TEMPORAL EMINSER SOLOASEO 2023","Bien",405,"Guadañas (Compra)",null,null,null,null,4966044,null,null,null,null,"18Guadañas (Compra)"]
["18UNION TEMPORAL SERVIASEAMOSGuadañas (Compra)",18,"UNION TEMPORAL SERVIASEAMOS","Bien",405,"Guadañas (Compra)",null,null,null,null,4651110,null,null,null,null,"18Guadañas (Compra)"]
["18UNION TEMPORAL SERVICIOS A y C COLOMBIAGuadañas (Compra)",18,"UNION TEMPORAL SERVICIOS A y C COLOMBIA","Bien",405,"Guadañas (Compra)",null,null,null,null,10602145,null,null,null,null,"18Guadañas (Compra)"]
["18UT GRUPO ADINGuadañas (Compra)",18,"UT GRUPO ADIN","Bien",405,"Guadañas (Compra)",null,null,null,null,835654,null,null,null,null,"18Guadañas (Compra)"]
["18AMERICANA DE SERVICIOS LTDAMotobombas (Arrendamiento)",18,"AMERICANA DE SERVICIOS LTDA","Bien",406,"Motobombas (Arrendamiento)",null,null,null,null,33376,null,null,null,null,"18Motobombas (Arrendamiento)"]
["18ASECOLBAS LTDAMotobombas (Arrendamiento)",18,"ASECOLBAS LTDA","Bien",406,"Motobombas (Arrendamiento)",null,null,null,null,71989,null,null,null,null,"18Motobombas (Arrendamiento)"]
["18BRILLASEO S.A.SMotobombas (Arrendamiento)",18,"BRILLASEO S.A.S","Bien",406,"Motobombas (Arrendamiento)",null,null,null,null,173065,null,null,null,null,"18Motobombas (Arrendamiento)"]
["18CLEANER S.A.Motobombas (Arrendamiento)",18,"CLEANER S.A.","Bien",406,"Motobombas (Arrendamiento)",null,null,null,null,55663,null,null,null,null,"18Motobombas (Arrendamiento)"]
["18COMPAÑÍA DE SERVICIOS Y ADMINISTRACIÓN SA SERDAN SAMotobombas (Arrendamiento)",18,"COMPAÑÍA DE SERVICIOS Y ADMINISTRACIÓN SA SERDAN SA","Bien",406,"Motobombas (Arrendamiento)",null,null,null,null,226993,null,null,null,null,"18Motobombas (Arrendamiento)"]
["18CONSERJES INMOBILIARIOS LTDAMotobombas (Arrendamiento)",18,"CONSERJES INMOBILIARIOS LTDA","Bien",406,"Motobombas (Arrendamiento)",null,null,null,null,82274,null,null,null,null,"18Motobombas (Arrendamiento)"]
["18CONSORCIO ELITEMotobombas (Arrendamiento)",18,"CONSORCIO ELITE","Bien",406,"Motobombas (Arrendamiento)",null,null,null,null,1169948,null,null,null,null,"18Motobombas (Arrendamiento)"]
["18CONSORCIO KIOSMotobombas (Arrendamiento)",18,"CONSORCIO KIOS","Bien",406,"Motobombas (Arrendamiento)",null,null,null,null,211386,null,null,null,null,"18Motobombas (Arrendamiento)"]
["18GRUPO GECMotobombas (Arrendamiento)",18,"GRUPO GEC","Bien",406,"Motobombas (Arrendamiento)",null,null,null,null,239447,null,null,null,null,"18Motobombas (Arrendamiento)"]
["18INTERASEO SAS ESPMotobombas (Arrendamiento)",18,"INTERASEO SAS ESP","Bien",406,"Motobombas (Arrendamiento)",null,null,null,null,444251,null,null,null,null,"18Motobombas (Arrendamiento)"]
["18LIMPIEZA INSTITUCIONAL LASU S.A.S.Motobombas (Arrendamiento)",18,"LIMPIEZA INSTITUCIONAL LASU S.A.S.","Bien",406,"Motobombas (Arrendamiento)",null,null,null,null,134306,null,null,null,null,"18Motobombas (Arrendamiento)"]
["18SERVIASEO S.AMotobombas (Arrendamiento)",18,"SERVIASEO S.A","Bien",406,"Motobombas (Arrendamiento)",null,null,null,null,386923,null,null,null,null,"18Motobombas (Arrendamiento)"]
["18UNIÓN TEMPORAL ASEO COLOMBIA AMP4Motobombas (Arrendamiento)",18,"UNIÓN TEMPORAL ASEO COLOMBIA AMP4","Bien",406,"Motobombas (Arrendamiento)",null,null,null,null,562460,null,null,null,null,"18Motobombas (Arrendamiento)"]
["18UNIÓN TEMPORAL CCE AMP IV 2022Motobombas (Arrendamiento)",18,"UNIÓN TEMPORAL CCE AMP IV 2022","Bien",406,"Motobombas (Arrendamiento)",null,null,null,null,205947,null,null,null,null,"18Motobombas (Arrendamiento)"]
["18UNIÓN TEMPORAL CLEAN BOGOTÁMotobombas (Arrendamiento)",18,"UNIÓN TEMPORAL CLEAN BOGOTÁ","Bien",406,"Motobombas (Arrendamiento)",null,null,null,null,618071,null,null,null,null,"18Motobombas (Arrendamiento)"]
["18UNION TEMPORAL ECOLIMPIEZA 4GMotobombas (Arrendamiento)",18,"UNION TEMPORAL ECOLIMPIEZA 4G","Bien",406,"Motobombas (Arrendamiento)",null,null,null,null,82197,null,null,null,null,"18Motobombas (Arrendamiento)"]
["18UNIÓN TEMPORAL EMINSER SOLOASEO 2023Motobombas (Arrendamiento)",18,"UNIÓN TEMPORAL EMINSER SOLOASEO 2023","Bien",406,"Motobombas (Arrendamiento)",null,null,null,null,239428,null,null,null,null,"18Motobombas (Arrendamiento)"]
["18UNION TEMPORAL SERVIASEAMOSMotobombas (Arrendamiento)",18,"UNION TEMPORAL SERVIASEAMOS","Bien",406,"Motobombas (Arrendamiento)",null,null,null,null,175228,null,null,null,null,"18Motobombas (Arrendamiento)"]
["18UNION TEMPORAL SERVICIOS A y C COLOMBIAMotobombas (Arrendamiento)",18,"UNION TEMPORAL SERVICIOS A y C COLOMBIA","Bien",406,"Motobombas (Arrendamiento)",null,null,null,null,596071,null,null,null,null,"18Motobombas (Arrendamiento)"]
["18UT GRUPO ADINMotobombas (Arrendamiento)",18,"UT GRUPO ADIN","Bien",406,"Motobombas (Arrendamiento)",null,null,null,null,205144,null,null,null,null,"18Motobombas (Arrendamiento)"]
["18AMERICANA DE SERVICIOS LTDAMotobombas (Compra)",18,"AMERICANA DE SERVICIOS LTDA","Bien",407,"Motobombas (Compra)",null,null,null,null,395576,null,null,null,null,"18Motobombas (Compra)"]
["18ASECOLBAS LTDAMotobombas (Compra)",18,"ASECOLBAS LTDA","Bien",407,"Motobombas (Compra)",null,null,null,null,71989,null,null,null,null,"18Motobombas (Compra)"]
["18BRILLASEO S.A.SMotobombas (Compra)",18,"BRILLASEO S.A.S","Bien",407,"Motobombas (Compra)",null,null,null,null,2076775,null,null,null,null,"18Motobombas (Compra)"]
["18CLEANER S.A.Motobombas (Compra)",18,"CLEANER S.A.","Bien",407,"Motobombas (Compra)",null,null,null,null,2003879,null,null,null,null,"18Motobombas (Compra)"]
["18COMPAÑÍA DE SERVICIOS Y ADMINISTRACIÓN SA SERDAN SAMotobombas (Compra)",18,"COMPAÑÍA DE SERVICIOS Y ADMINISTRACIÓN SA SERDAN SA","Bien",407,"Motobombas (Compra)",null,null,null,null,2269927,null,null,null,null,"18Motobombas (Compra)"]
["18CONSERJES INMOBILIARIOS LTDAMotobombas (Compra)",18,"CONSERJES INMOBILIARIOS LTDA","Bien",407,"Motobombas (Compra)",null,null,null,null,82274,null,null,null,null,"18Motobombas (Compra)"]
["18CONSORCIO ELITEMotobombas (Compra)",18,"CONSORCIO ELITE","Bien",407,"Motobombas (Compra)",null,null,null,null,10366609,null,null,null,null,"18Motobombas (Compra)"]
["18CONSORCIO KIOSMotobombas (Compra)",18,"CONSORCIO KIOS","Bien",407,"Motobombas (Compra)",null,null,null,null,2243658,null,null,null,null,"18Motobombas (Compra)"]
["18GRUPO GECMotobombas (Compra)",18,"GRUPO GEC","Bien",407,"Motobombas (Compra)",null,null,null,null,2390454,null,null,null,null,"18Motobombas (Compra)"]
["18INTERASEO SAS ESPMotobombas (Compra)",18,"INTERASEO SAS ESP","Bien",407,"Motobombas (Compra)",null,null,null,null,5331006,null,null,null,null,"18Motobombas (Compra)"]
["18LIMPIEZA INSTITUCIONAL LASU S.A.S.Motobombas (Compra)",18,"LIMPIEZA INSTITUCIONAL LASU S.A.S.","Bien",407,"Motobombas (Compra)",null,null,null,null,1305462,null,null,null,null,"18Motobombas (Compra)"]
["18SERVIASEO S.AMotobombas (Compra)",18,"SERVIASEO S.A","Bien",407,"Motobombas (Compra)",null,null,null,null,3022449,null,null,null,null,"18Motobombas (Compra)"]
["18UNIÓN TEMPORAL ASEO COLOMBIA AMP4Motobombas (Compra)",18,"UNIÓN TEMPORAL ASEO COLOMBIA AMP4","Bien",407,"Motobombas (Compra)",null,null,null,null,3374759,null,null,null,null,"18Motobombas (Compra)"]
["18UNIÓN TEMPORAL CCE AMP IV 2022Motobombas (Compra)",18,"UNIÓN TEMPORAL CCE AMP IV 2022","Bien",407,"Motobombas (Compra)",null,null,null,null,2471362,null,null,null,null,"18Motobombas (Compra)"]
["18UNIÓN TEMPORAL CLEAN BOGOTÁMotobombas (Compra)",18,"UNIÓN TEMPORAL CLEAN BOGOTÁ","Bien",407,"Motobombas (Compra)",null,null,null,null,11125296,null,null,null,null,"18Motobombas (Compra)"]
["18UNION TEMPORAL ECOLIMPIEZA 4GMotobombas (Compra)",18,"UNION TEMPORAL ECOLIMPIEZA 4G","Bien",407,"Motobombas (Compra)",null,null,null,null,1972763,null,null,null,null,"18Motobombas (Compra)"]
["18UNIÓN TEMPORAL EMINSER SOLOASEO 2023Motobombas (Compra)",18,"UNIÓN TEMPORAL EMINSER SOLOASEO 2023","Bien",407,"Motobombas (Compra)",null,null,null,null,5746284,null,null,null,null,"18Motobombas (Compra)"]
["18UNION TEMPORAL SERVIASEAMOSMotobombas (Compra)",18,"UNION TEMPORAL SERVIASEAMOS","Bien",407,"Motobombas (Compra)",null,null,null,null,4088650,null,null,null,null,"18Motobombas (Compra)"]
["18UNION TEMPORAL SERVICIOS A y C COLOMBIAMotobombas (Compra)",18,"UNION TEMPORAL SERVICIOS A y C COLOMBIA","Bien",407,"Motobombas (Compra)",null,null,null,null,6396465,null,null,null,null,"18Motobombas (Compra)"]
["18UT GRUPO ADINMotobombas (Compra)",18,"UT GRUPO ADIN","Bien",407,"Motobombas (Compra)",null,null,null,null,820574,null,null,null,null,"18Motobombas (Compra)"]

{"sheet":"solCotizacionCSV_es","index":10,"n_rows":44,"n_cols":7,"rows_kept":44,"cut":false,"hidden":true,"merged":[]}
["Tipo","Cantidad","CÃ³digo de unidad de medida*","Precio base","Divisa","DescripciÃ³n","MercancÃ­a"]
["item",7,"Mes","\"9863472\"","COP","ays04--R10 - Operario de aseo y cafeterÃ­a Tiempo Completo - 4"]
["item",7,"Und","\"11736\"","COP","ays04--R10 - JabÃ³n para loza 2 (Compra)  - 4"]
["item",7,"Und","\"26472\"","COP","ays04--R10 - JabÃ³n en barra (Compra)  - 8"]
["item",7,"Und","\"16900\"","COP","ays04--R10 - JabÃ³n abrasivo (Compra)  - 4"]
["item",7,"Und","\"9836\"","COP","ays04--R10 - JabÃ³n de dispensador para manos 1 (Compra)  - 4"]
["item",7,"Und","\"8732\"","COP","ays04--R10 - Limpiador multiusos 2 (Compra)  - 4"]
["item",7,"Und","\"7784\"","COP","ays04--R10 - Limpiador multiusos 3 (Compra)  - 4"]
["item",7,"Und","\"11904\"","COP","ays04--R10 - Limpiador desinfectante para uso general 2 (Compra)  - 4"]
["item",7,"Und","\"42264\"","COP","ays04--R10 - Pastilla desinfectante para sanitario (Compra)  - 12"]
["item",7,"Und","\"12328\"","COP","ays04--R10 - LÃ­quido para limpiar vidrios 2 (Compra)  - 4"]
["item",7,"Und","\"23248\"","COP","ays04--R10 - Blanqueador o hipoclorito 1 (Compra)  - 4"]
["item",7,"Und","\"14424\"","COP","ays04--R10 - LÃ­quido para limpiar equipos de oficina 1 (Compra)  - 4"]
["item",7,"Und","\"7968\"","COP","ays04--R10 - Lustrador de muebles (Compra)  - 4"]
["item",7,"Und","\"33744\"","COP","ays04--R10 - Ambientador 2 (Compra)  - 4"]
["item",7,"Und","\"48556\"","COP","ays04--R10 - Insecticida 1 (Compra)  - 4"]
["item",7,"Und","\"10512\"","COP","ays04--R10 - Limpiones 1 (Compra)  - 8"]
["item",7,"Und","\"6488\"","COP","ays04--R10 - Bayetilla 1 (Compra)  - 4"]
["item",7,"Und","\"6488\"","COP","ays04--R10 - Bayetilla 2 (Compra)  - 4"]
["item",7,"Und","\"15576\"","COP","ays04--R10 - Toalla en tela blanca para pisos por metro (repuesto de haraganes) (Compra)  - 4"]
["item",7,"Und","\"10392\"","COP","ays04--R10 - PaÃ±o absorbente multiusos 2 (Compra)  - 8"]
["item",7,"Und","\"16216\"","COP","ays04--R10 - Escoba 3 (Compra)  - 4"]
["item",7,"Und","\"25236\"","COP","ays04--R10 - Trapero 4 (Compra)  - 4"]
["item",7,"Und","\"21168\"","COP","ays04--R10 - Bolsas plÃ¡sticas 8 (Compra)  - 12"]
["item",7,"Und","\"96860\"","COP","ays04--R10 - Bolsas plÃ¡sticas 21 (Compra)  - 20"]
["item",7,"Und","\"73940\"","COP","ays04--R10 - Bolsas plÃ¡sticas 22 (Compra)  - 20"]
["item",7,"Und","\"73940\"","COP","ays04--R10 - Bolsas plÃ¡sticas 23 (Compra)  - 20"]
["item",7,"Und","\"45612\"","COP","ays04--R10 - Papel higiÃ©nico 2 (Compra)  - 4"]
["item",7,"Und","\"47236\"","COP","ays04--R10 - Papel higiÃ©nico 5 (Compra)  - 4"]
["item",7,"Und","\"97456\"","COP","ays04--R10 - Toallas para manos 4 (Compra)  - 4"]
["item",7,"Und","\"24368\"","COP","ays04--R10 - Toallas para manos 6 (Compra)  - 4"]
["item",7,"Und","\"35356\"","COP","ays04--R10 - Vasos biodegradables 2 (Compra)  - 4"]
["item",7,"Und","\"334500\"","COP","ays04--R10 - CafÃ© 1 (Compra)  - 20"]
["item",7,"Und","\"42700\"","COP","ays04--R10 - AzÃºcar 1 (Compra)  - 5"]
["item",7,"Und","\"5984\"","COP","ays04--R10 - AromÃ¡tica (Compra)  - 4"]
["item",7,"Und","\"14804\"","COP","ays04--R10 - AromÃ¡tica de panela (Compra)  - 4"]
["item",7,"Und","\"38556\"","COP","ays04--R10 - Bebida de frutas (Compra)  - 4"]
["item",7,"Und","\"479732\"","COP","ays04--R10 - Agua potable 4 (Compra)  - 44"]
["item",7,"Und","\"6264\"","COP","ays04--R10 - Atomizadores (Compra)  - 4"]
["item",7,"Und","\"36331\"","COP","ays04--R10 - Greca para tintos 1 (Arrendamiento)  - 1"]
["item",1,"Und","\"0\"","COP","ays04--R10 - Recargo por Trabajo nocturno, extra, dominical y festivo"]
["item",1,"Und","\"0\"","COP","ays04--R10 - Recargo por dotaciÃ³n especial"]
["item",1,"Und","\"8193558,1\"","COP","ays04--R10 - AIU"]
["item",1,"Und","\"1556776\"","COP","ays04--R10 - IVA"]

{"sheet":"Listas","index":11,"n_rows":30,"n_cols":28,"rows_kept":30,"cut":false,"hidden":true,"merged":[]}
["RegionCobertura","TipoInstalacion","TipoServicioSede","check","Confirmacion","Hora","meridiano","PersonalTC","PersonalMT","PersonalTurno","regioncobertura1","regioncobertura2","regioncobertura3","regioncobertura4","regioncobertura5","regioncobertura6","regioncobertura7","regioncobertura8","regioncobertura9","regioncobertura10","regioncobertura11","regioncobertura12","regioncobertura13","regioncobertura14","regioncobertura15","regioncobertura16","regioncobertura17","regioncobertura18"]
[1,"Batallón","Aseo","X","Sí","08:00:00","a.m.","Operario de aseo y cafetería con compromiso social","Operario de aseo y cafetería MT","Turno operario de mantenimiento","ASECOLBAS LTDA","ASECOLBAS LTDA","ASECOLBAS LTDA","ASECOLBAS LTDA","ASECOLBAS LTDA","ASECOLBAS LTDA","ASECOLBAS LTDA","ASECOLBAS LTDA","ASECOLBAS LTDA","ASECOLBAS LTDA","BRILLASEO S.A.S","AMERICANA DE SERVICIOS LTDA","AMERICANA DE SERVICIOS LTDA","AMERICANA DE SERVICIOS LTDA","AMERICANA DE SERVICIOS LTDA","AMERICANA DE SERVICIOS LTDA","AMERICANA DE SERVICIOS LTDA","AMERICANA DE SERVICIOS LTDA"]
[2,"Campestre","Aseo y cafetería",null,"No","08:30:00","p.m.","Operario de aseo y cafetería","Operario de mantenimiento MT","Turno operario de mantenimiento capacitado para trabajo en alturas nivel básico","CLEANER S.A.","BRILLASEO S.A.S","ASSERVI SAS","ASSERVI SAS","ASSERVI SAS","CLEANER S.A.","CLEANER S.A.","BRILLASEO S.A.S","BRILLASEO S.A.S","CLEANER S.A.","CLEANER S.A.","ASECOLBAS LTDA","ASECOLBAS LTDA","ASECOLBAS LTDA","ASECOLBAS LTDA","ASECOLBAS LTDA","ASECOLBAS LTDA","ASECOLBAS LTDA"]
[3,"Club","Aseo, cafetería y mantenimiento",null,null,"09:00:00",null,"Operario de mantenimiento","Operario auxiliar MT","Turno coordinador de trabajo en alturas nivel básico","COMPAÑÍA DE SERVICIOS Y ADMINISTRACIÓN SA SERDAN SA","CLEANER S.A.","BRILLASEO S.A.S","BRILLASEO S.A.S","BRILLASEO S.A.S","COMPAÑÍA DE SERVICIOS Y ADMINISTRACIÓN SA SERDAN SA","COMPAÑÍA DE SERVICIOS Y ADMINISTRACIÓN SA SERDAN SA","CLEANER S.A.","CLEANER S.A.","CONSERJES INMOBILIARIOS LTDA","COMPAÑÍA DE SERVICIOS Y ADMINISTRACIÓN SA SERDAN SA","BRILLASEO S.A.S","BRILLASEO S.A.S","BRILLASEO S.A.S","BRILLASEO S.A.S","BRILLASEO S.A.S","BRILLASEO S.A.S","BRILLASEO S.A.S"]
[4,"Colegio","Aseo y mantenimiento",null,null,"09:30:00",null,"Operario auxiliar","Coordinador MT",null,"CONSERJES INMOBILIARIOS LTDA","COMPAÑÍA DE SERVICIOS Y ADMINISTRACIÓN SA SERDAN SA","CLEANER S.A.","CLEANER S.A.","CLEANER S.A.","CONSERJES INMOBILIARIOS LTDA","CONSERJES INMOBILIARIOS LTDA","COMPAÑÍA DE SERVICIOS Y ADMINISTRACIÓN SA SERDAN SA","COMPAÑÍA DE SERVICIOS Y ADMINISTRACIÓN SA SERDAN SA","CONSORCIO ELITE","CONSERJES INMOBILIARIOS LTDA","CLEANER S.A.","CLEANER S.A.","CLEANER S.A.","CLEANER S.A.","CLEANER S.A.","CLEANER S.A.","CLEANER S.A."]
[5,"Edificio administrativo",null,null,null,"10:00:00",null,"Coordinador de tiempo completo","Jardinero MT",null,"CONSORCIO ELITE","CONSERJES INMOBILIARIOS LTDA","COMPAÑÍA DE SERVICIOS Y ADMINISTRACIÓN SA SERDAN SA","COMPAÑÍA DE SERVICIOS Y ADMINISTRACIÓN SA SERDAN SA","COMPAÑÍA DE SERVICIOS Y ADMINISTRACIÓN SA SERDAN SA","CONSORCIO ELITE","CONSORCIO ELITE","CONSERJES INMOBILIARIOS LTDA","CONSERJES INMOBILIARIOS LTDA","CONSORCIO KIOS","CONSORCIO ELITE","COMPAÑÍA DE SERVICIOS Y ADMINISTRACIÓN SA SERDAN SA","COMPAÑÍA DE SERVICIOS Y ADMINISTRACIÓN SA SERDAN SA","COMPAÑÍA DE SERVICIOS Y ADMINISTRACIÓN SA SERDAN SA","COMPAÑÍA DE SERVICIOS Y ADMINISTRACIÓN SA SERDAN SA","COMPAÑÍA DE SERVICIOS Y ADMINISTRACIÓN SA SERDAN SA","COMPAÑÍA DE SERVICIOS Y ADMINISTRACIÓN SA SERDAN SA","COMPAÑÍA DE SERVICIOS Y ADMINISTRACIÓN SA SERDAN SA"]
[6,"Otro",null,null,null,"10:30:00",null,"Jardinero","Operario de mantenimiento capacitado para trabajo en alturas MT",null,"GRUPO GEC","CONSORCIO ELITE","CONSERJES INMOBILIARIOS LTDA","CONSERJES INMOBILIARIOS LTDA","CONSERJES INMOBILIARIOS LTDA","GRUPO GEC","GRUPO GEC","CONSORCIO ELITE","CONSORCIO ELITE","INCINERADOS DEL HUILA","CONSORCIO KIOS","CONSERJES INMOBILIARIOS LTDA","CONSERJES INMOBILIARIOS LTDA","CONSERJES INMOBILIARIOS LTDA","CONSERJES INMOBILIARIOS LTDA","CONSERJES INMOBILIARIOS LTDA","CONSERJES INMOBILIARIOS LTDA","CONSERJES INMOBILIARIOS LTDA"]
[7,null,null,null,null,"11:00:00",null,"Operario de mantenimiento capacitado para trabajo en alturas","Operario auxiliar capacitado para trabajo en alturas MT",null,"INCIHUILSA SAS ESP","GRUPO GEC","CONSORCIO ELITE","CONSORCIO ELITE","CONSORCIO ELITE","INCINERADOS DEL HUILA","INCINERADOS DEL HUILA","CONSORCIO KIOS","GRUPO GEC","INTERASEO SAS ESP","GRUPO GEC","CONSORCIO ELITE","CONSORCIO ELITE","CONSORCIO ELITE","CONSORCIO ELITE","CONSORCIO ELITE","CONSORCIO ELITE","CONSORCIO ELITE"]
[8,null,null,null,null,"11:30:00",null,"Operario auxiliar capacitado para trabajo en alturas","Jardinero capacitado para trabajo en alturas MT",null,"INTERASEO S.A.S. E.S.P.","INCIHUILSA SAS ESP","GRUPO GEC","GRUPO GEC","GRUPO GEC","INTERASEO SAS ESP","INTERASEO SAS ESP","INCINERADOS DEL HUILA","INCINERADOS DEL HUILA","LIMPIEZA INSTITUCIONAL LASU S.A.S.","INTERASEO SAS ESP","CONSORCIO KIOS","CONSORCIO KIOS","CONSORCIO KIOS","CONSORCIO KIOS","CONSORCIO KIOS","CONSORCIO KIOS","CONSORCIO KIOS"]
[9,null,null,null,null,"12:00:00",null,"Jardinero capacitado para trabajo en alturas","Coordinador de trabajo en alturas MT",null,"KIOS SAS","INTERASEO S.A.S. E.S.P.","INCIHUILSA SAS ESP","INCINERADOS DEL HUILA","INCINERADOS DEL HUILA","INTERNEGOCIOS SAS","INTERNEGOCIOS SAS","INTERASEO SAS ESP","INTERASEO SAS ESP","SERVIASEO S.A","LIMPIEZA INSTITUCIONAL LASU S.A.S.","GRUPO GEC","GRUPO GEC","GRUPO GEC","GRUPO GEC","GRUPO GEC","GRUPO GEC","GRUPO GEC"]
[10,null,null,null,null,"12:30:00",null,"Coordinador de trabajo en alturas",null,null,"LIMPIEZA INSTITUCIONAL LASU S.A.S.","INTERNEGOCIOS SAS","INTERASEO S.A.S. E.S.P.","INTERNEGOCIOS SAS","INTERNEGOCIOS SAS","KIOS SAS","LIMPIEZA INSTITUCIONAL LASU S.A.S.","LIMPIEZA INSTITUCIONAL LASU S.A.S.","INTERNEGOCIOS SAS","SERVITALENTOS","SERVIASEO S.A","INTERASEO SAS ESP","INTERASEO SAS ESP","INTERASEO SAS ESP","INTERASEO SAS ESP","INTERASEO SAS ESP","INTERASEO SAS ESP","INTERASEO SAS ESP"]
[11,null,null,null,null,"01:00:00",null,null,null,null,"N&R INTEGRAL SERVICE COMPANY S.A.S.","LIMPIEZA INSTITUCIONAL LASU S.A.S.","INTERNEGOCIOS SAS","INTERSAEO SAS ESP","INTERSAEO SAS ESP","LIMPIEZA INSTITUCIONAL LASU S.A.S.","LIMPIEZA TOTAL SAS","SERVIASEO S.A","LIMPIEZA INSTITUCIONAL LASU S.A.S.","SOSEGE SAS","UNION  TEMPORAL LADOINSA 2022","LIMPIEZA INSTITUCIONAL LASU S.A.S.","LIMPIEZA INSTITUCIONAL LASU S.A.S.","LIMPIEZA INSTITUCIONAL LASU S.A.S.","LIMPIEZA INSTITUCIONAL LASU S.A.S.","LIMPIEZA INSTITUCIONAL LASU S.A.S.","LIMPIEZA INSTITUCIONAL LASU S.A.S.","LIMPIEZA INSTITUCIONAL LASU S.A.S."]
[12,null,null,null,null,"01:30:00",null,null,null,null,"SOSEGE SAS","SERVITALENTOS","LIMPIEZA INSTITUCIONAL LASU S.A.S.","LIMPIEZA INSTITUCIONAL LASU S.A.S.","LIMPIEZA INSTITUCIONAL LASU S.A.S.","N&R INTEGRAL SERVICE COMPANY S.A.S.","SERVIASEO S.A","SERVITALENTOS","SERVIASEO S.A","UNION  TEMPORAL LADOINSA 2022","UNIÓN TEMPORAL ASEO COLOMBIA AMP4","SERVIASEO S.A","SERVIASEO S.A","SERVIASEO S.A","SERVIASEO S.A","SERVIASEO S.A","SERVIASEO S.A","SERVIASEO S.A"]
[13,null,null,null,null,"02:00:00",null,null,null,null,"UNION  TEMPORAL LADOINSA 2022","SOSEGE SAS","SERVIASEO S.A ","SERVIASEO S.A.","N&R INTEGRAL SERVICE COMPANY S.A.S.","SERVICIOS KVAL SAS","SERVITALENTOS","SOSEGE SAS","SERVICIOS KVAL SAS","UNIÓN TEMPORAL ASEO COLOMBIA AMP4","UNIÓN TEMPORAL CCE AMP IV 2022","SOSEGE SAS","UNIÓN TEMPORAL ASEO COLOMBIA AMP4","UNIÓN TEMPORAL ASEO COLOMBIA AMP4","UNIÓN TEMPORAL ASEO COLOMBIA AMP4","UNIÓN TEMPORAL ASEO COLOMBIA AMP4","UNIÓN TEMPORAL ASEO COLOMBIA AMP4","UNIÓN TEMPORAL ASEO COLOMBIA AMP4"]
[14,null,null,null,null,"02:30:00",null,null,null,null,"UNIÓN TEMPORAL ASEO COLOMBIA AMP4","UNION  TEMPORAL LADOINSA 2022","SERVITALENTOS","SERVICIOS PRAIS SAS","SERVITALENTOS","SOSEGE SAS","SOSEGE SAS","UNION  TEMPORAL LADOINSA 2022","SERVITALENTOS","UNIÓN TEMPORAL CCE AMP IV 2022","UNIÓN TEMPORAL CLEAN BOGOTÁ","UNIÓN TEMPORAL ASEO COLOMBIA AMP4","UNIÓN TEMPORAL CCE AMP IV 2022","UNIÓN TEMPORAL CCE AMP IV 2022","UNIÓN TEMPORAL CCE AMP IV 2022","UNIÓN TEMPORAL CCE AMP IV 2022","UNIÓN TEMPORAL CCE AMP IV 2022","UNIÓN TEMPORAL CCE AMP IV 2022"]
[15,null,null,null,null,"03:00:00",null,null,null,null,"UNIÓN TEMPORAL CCE AMP IV 2022","UNION TEMPORAL  CONASEAR ","SOSEGE SAS","SERVITALENTOS","SOSEGE SAS","UNION  TEMPORAL LADOINSA 2022","UNION  TEMPORAL LADOINSA 2022","UNIÓN TEMPORAL ASEO COLOMBIA AMP4","SOSEGE SAS","UNION TEMPORAL CLEAN COLOMBIA","UNION TEMPORAL ECOLIMPIEZA 4G","UNIÓN TEMPORAL CCE AMP IV 2022","UNIÓN TEMPORAL CLEAN BOGOTÁ","UNIÓN TEMPORAL CLEAN BOGOTÁ","UNIÓN TEMPORAL CLEAN BOGOTÁ","UNIÓN TEMPORAL CLEAN BOGOTÁ","UNIÓN TEMPORAL CLEAN BOGOTÁ","UNIÓN TEMPORAL CLEAN BOGOTÁ"]
[16,null,null,null,null,"03:30:00",null,null,null,null,"UNION TEMPORAL ECOLIMPIEZA 4G","UNIÓN TEMPORAL ASEO COLOMBIA AMP4","UNION  TEMPORAL LADOINSA 2022","SOSEGE SAS","UNION  TEMPORAL LADOINSA 2022","UNIÓN TEMPORAL ASEO COLOMBIA AMP4","UNIÓN TEMPORAL ASEO COLOMBIA AMP4","UNIÓN TEMPORAL CCE AMP IV 2022","UNION  TEMPORAL LADOINSA 2022","UNION TEMPORAL ECOLIMPIEZA 4G","UNIÓN TEMPORAL EMINSER SOLOASEO 2023","UNIÓN TEMPORAL CLEAN BOGOTÁ","UNION TEMPORAL ECOLIMPIEZA 4G","UNION TEMPORAL ECOLIMPIEZA 4G","UNION TEMPORAL ECOLIMPIEZA 4G","UNION TEMPORAL ECOLIMPIEZA 4G","UNION TEMPORAL ECOLIMPIEZA 4G","UNION TEMPORAL ECOLIMPIEZA 4G"]
[17,null,null,null,null,"04:00:00",null,null,null,null,"UNIÓN TEMPORAL EMINSER SOLOASEO 2023","UNIÓN TEMPORAL CCE AMP IV 2022","UNION TEMPORAL  CONASEAR ","UNION  TEMPORAL LADOINSA 2022","UNION TEMPORAL  CONASEAR ","UNIÓN TEMPORAL CCE AMP IV 2022","UNIÓN TEMPORAL CCE AMP IV 2022","UNION TEMPORAL CLEAN COLOMBIA","UNIÓN TEMPORAL ASEO COLOMBIA AMP4","UNIÓN TEMPORAL EMINSER SOLOASEO 2023","UNION TEMPORAL OUTSOURCING GIAF","UNION TEMPORAL ECOLIMPIEZA 4G","UNIÓN TEMPORAL EMINSER SOLOASEO 2023","UNIÓN TEMPORAL EMINSER SOLOASEO 2023","UNIÓN TEMPORAL EMINSER SOLOASEO 2023","UNIÓN TEMPORAL EMINSER SOLOASEO 2023","UNIÓN TEMPORAL EMINSER SOLOASEO 2023","UNIÓN TEMPORAL EMINSER SOLOASEO 2023"]
[18,null,null,null,null,"04:30:00",null,null,null,null,"UNION TEMPORAL OUTSOURCING GIAF","UNION TEMPORAL CLEAN COLOMBIA","UNIÓN TEMPORAL CCE AMP IV 2022","UNIÓN TEMPORAL CCE AMP IV 2022","UNIÓN TEMPORAL CCE AMP IV 2022","UNION TEMPORAL ECOLIMPIEZA 4G","UNION TEMPORAL CLEAN COLOMBIA","UNION TEMPORAL ECOLIMPIEZA 4G","UNIÓN TEMPORAL CCE AMP IV 2022","UNION TEMPORAL OUTSOURCING GIAF","UNION TEMPORAL SERVIASEAMOS","UNIÓN TEMPORAL EMINSER SOLOASEO 2023","UNION TEMPORAL SERVIASEAMOS","UNION TEMPORAL SERVIASEAMOS","UNION TEMPORAL SERVIASEAMOS","UNION TEMPORAL SERVIASEAMOS","UNION TEMPORAL SERVIASEAMOS","UNION TEMPORAL SERVIASEAMOS"]
[null,null,null,null,null,"05:00:00",null,null,null,null,"UNION TEMPORAL R&J 2022","UNION TEMPORAL ECOLIMPIEZA 4G","UNION TEMPORAL CLEAN COLOMBIA","UNION TEMPORAL CLEAN COLOMBIA","UNION TEMPORAL ECOLIMPIEZA 4G","UNIÓN TEMPORAL EMINSER SOLOASEO 2023","UNION TEMPORAL ECOLIMPIEZA 4G","UNIÓN TEMPORAL EMINSER SOLOASEO 2023","UNION TEMPORAL CLEAN COLOMBIA","UNION TEMPORAL R&J 2022","UNION TEMPORAL SERVICIOS A y C COLOMBIA","UNION TEMPORAL SERVIASEAMOS","UNION TEMPORAL SERVICIOS A y C COLOMBIA","UNION TEMPORAL SERVICIOS A y C COLOMBIA","UNION TEMPORAL SERVICIOS A y C COLOMBIA","UNION TEMPORAL SERVICIOS A y C COLOMBIA","UNION TEMPORAL SERVICIOS A y C COLOMBIA","UNION TEMPORAL SERVICIOS A y C COLOMBIA"]
[null,null,null,null,null,null,null,null,null,null,"UNION TEMPORAL SERVICIOS INTEGRALES","UNIÓN TEMPORAL EMINSER SOLOASEO 2023","UNION TEMPORAL ECOLIMPIEZA 4G","UNION TEMPORAL ECOLIMPIEZA 4G","UNIÓN TEMPORAL EMINSER SOLOASEO 2023","UNION TEMPORAL OUTSOURCING GIAF","UNIÓN TEMPORAL EMINSER SOLOASEO 2023","UNION TEMPORAL OUTSOURCING GIAF","UNION TEMPORAL ECOLIMPIEZA 4G","UNION TEMPORAL SERVICIOS INTEGRALES","UT EASYCLEAN ASEO PROFESIONAL","UNION TEMPORAL SERVICIOS A y C COLOMBIA","UT GRUPO ADIN","UT GRUPO ADIN","UT GRUPO ADIN","UT GRUPO ADIN","UT GRUPO ADIN","UT GRUPO ADIN"]
[null,null,null,null,null,null,null,null,null,null,"UT EASYCLEAN ASEO PROFESIONAL","UNION TEMPORAL OUTSOURCING GIAF","UNIÓN TEMPORAL EMINSER SOLOASEO 2023","UNIÓN TEMPORAL EMINSER SOLOASEO 2023","UNION TEMPORAL OUTSOURCING GIAF","UNION TEMPORAL R&J 2022","UNION TEMPORAL OUTSOURCING GIAF","UNION TEMPORAL R&J 2022","UNIÓN TEMPORAL EMINSER SOLOASEO 2023","UT EASYCLEAN ASEO PROFESIONAL","UT GRUPO ADIN","UT GRUPO ADIN"]
[null,null,null,null,null,null,null,null,null,null,"UT GRUPO ADIN","UNION TEMPORAL R&J 2022","UNION TEMPORAL OUTSOURCING GIAF","UNION TEMPORAL OUTSOURCING GIAF","UNION TEMPORAL R&J 2022","UNION TEMPORAL SERVICIOS A y C COLOMBIA","UNION TEMPORAL R&J 2022","UNION TEMPORAL SERVIASEAMOS","UNION TEMPORAL OUTSOURCING GIAF","UT GRUPO ADIN"]
[null,null,null,null,null,null,null,null,null,null,null,"UNION TEMPORAL SERVIASEAMOS","UNION TEMPORAL R&J 2022","UNION TEMPORAL R&J 2022","UNIÓN TEMPORAL SERTOP","UT EASYCLEAN ASEO PROFESIONAL","UNION TEMPORAL SERVIASEAMOS","UNION TEMPORAL SERVICIOS INTEGRALES","UNION TEMPORAL R&J 2022"]
[null,null,null,null,null,null,null,null,null,null,null,"UNION TEMPORAL SERVICIOS INTEGRALES","UNIÓN TEMPORAL SERTOP","UNIÓN TEMPORAL SERTOP","UNION TEMPORAL SERVIASEAMOS","UT GRUPO ADIN","UNION TEMPORAL SERVICIOS INTEGRALES","UT ASEAMOS 2022 ACUERDO 4","UNION TEMPORAL SERVIASEAMOS"]
[null,null,null,null,null,null,null,null,null,null,null,"UT EASYCLEAN ASEO PROFESIONAL","UNION TEMPORAL SERVIASEAMOS","UNION TEMPORAL SERVIASEAMOS","UNION TEMPORAL SERVICIOS A y C COLOMBIA",null,"UT EASYCLEAN ASEO PROFESIONAL","UT EASYCLEAN ASEO PROFESIONAL","UNION TEMPORAL SERVICIOS INTEGRALES"]
[null,null,null,null,null,null,null,null,null,null,null,"UT GRUPO ADIN","UNION TEMPORAL SERVICIOS INTEGRALES","UNION TEMPORAL SERVICIOS INTEGRALES","UT EASYCLEAN ASEO PROFESIONAL",null,"UT GRUPO ADIN","UT GRUPO ADIN","UT EASYCLEAN ASEO PROFESIONAL"]
[null,null,null,null,null,null,null,null,null,null,null,null,"UT EASYCLEAN ASEO PROFESIONAL","UT ASEAMOS 2022 ACUERDO 4","UT GRUPO ADIN",null,null,null,"UT GRUPO ADIN"]
[null,null,null,null,null,null,null,null,null,null,null,null,"UT GRUPO ADIN","UT EASYCLEAN ASEO PROFESIONAL"]
[null,null,null,null,null,null,null,null,null,null,null,null,null,"UT GRUPO ADIN"]

{"sheet":"ClasifiPersonal","index":12,"n_rows":25,"n_cols":9,"rows_kept":25,"cut":false,"hidden":true,"merged":[]}
["Perfil","clasificacion","PisoTC","PisoMT","TechoTC","TechoMT"]
["Jardineria mt2","Jardineria mt2",{"$f":"VLOOKUP(A2,Minimos!A:B,2,)","v":223},{"$f":"VLOOKUP(A2,Minimos!A:B,2,)","v":223},{"$f":"VLOOKUP(A2,Maximos!A:B,2,)","v":4326},{"$f":"VLOOKUP(A2,Maximos!A:B,2,)","v":4326}]
["Operario de aseo y cafetería con compromiso social","Operario de aseo y cafetería con compromiso social",{"$f":"VLOOKUP(A3,Minimos!A:B,2,)","v":2627978},{"$f":"VLOOKUP(A3,Minimos!A:B,2,)","v":2627978},{"$f":"VLOOKUP(A3,Maximos!A:B,2,)","v":2879854},{"$f":"VLOOKUP(A3,Maximos!A:B,2,)","v":2879854}]
["Operario de aseo y cafetería","Operario de aseo y cafetería",{"$f":"VLOOKUP(A4,Minimos!A:B,2,)","v":2465868},{"$f":"VLOOKUP(A4,Minimos!A:B,2,)","v":2465868},{"$f":"VLOOKUP(A4,Maximos!A:B,2,)","v":2717743},{"$f":"VLOOKUP(A4,Maximos!A:B,2,)","v":2717743}]
["Operario de mantenimiento","Operario de mantenimiento",{"$f":"VLOOKUP(A5,Minimos!A:B,2,)","v":2465868},{"$f":"VLOOKUP(A5,Minimos!A:B,2,)","v":2465868},{"$f":"VLOOKUP(A5,Maximos!A:B,2,)","v":3116632},{"$f":"VLOOKUP(A5,Maximos!A:B,2,)","v":3116632}]
["Operario auxiliar","Operario auxiliar",{"$f":"VLOOKUP(A6,Minimos!A:B,2,)","v":2465868},{"$f":"VLOOKUP(A6,Minimos!A:B,2,)","v":2465868},{"$f":"VLOOKUP(A6,Maximos!A:B,2,)","v":2925544},{"$f":"VLOOKUP(A6,Maximos!A:B,2,)","v":2925544}]
["Coordinador de tiempo completo","Coordinador de tiempo completo",{"$f":"VLOOKUP(A7,Minimos!A:B,2,)","v":2465868},{"$f":"VLOOKUP(A7,Minimos!A:B,2,)","v":2465868},{"$f":"VLOOKUP(A7,Maximos!A:B,2,)","v":3793692},{"$f":"VLOOKUP(A7,Maximos!A:B,2,)","v":3793692}]
["Jardinero","Jardinero",{"$f":"VLOOKUP(A8,Minimos!A:B,2,)","v":2465868},{"$f":"VLOOKUP(A8,Minimos!A:B,2,)","v":2465868},{"$f":"VLOOKUP(A8,Maximos!A:B,2,)","v":3076679},{"$f":"VLOOKUP(A8,Maximos!A:B,2,)","v":3076679}]
["Operario de mantenimiento capacitado para trabajo en alturas","Operario de mantenimiento capacitado para trabajo en alturas",{"$f":"VLOOKUP(A9,Minimos!A:B,2,)","v":2465868},{"$f":"VLOOKUP(A9,Minimos!A:B,2,)","v":2465868},{"$f":"VLOOKUP(A9,Maximos!A:B,2,)","v":3234160},{"$f":"VLOOKUP(A9,Maximos!A:B,2,)","v":3234160}]
["Operario auxiliar capacitado para trabajo en alturas","Operario auxiliar capacitado para trabajo en alturas",{"$f":"VLOOKUP(A10,Minimos!A:B,2,)","v":2465868},{"$f":"VLOOKUP(A10,Minimos!A:B,2,)","v":2465868},{"$f":"VLOOKUP(A10,Maximos!A:B,2,)","v":2987955},{"$f":"VLOOKUP(A10,Maximos!A:B,2,)","v":2987955}]
["Jardinero capacitado para trabajo en alturas","Jardinero capacitado para trabajo en alturas",{"$f":"VLOOKUP(A11,Minimos!A:B,2,)","v":2465868},{"$f":"VLOOKUP(A11,Minimos!A:B,2,)","v":2465868},{"$f":"VLOOKUP(A11,Maximos!A:B,2,)","v":3234160},{"$f":"VLOOKUP(A11,Maximos!A:B,2,)","v":3234160}]
["Coordinador de trabajo en alturas","Coordinador de trabajo en alturas",{"$f":"VLOOKUP(A12,Minimos!A:B,2,)","v":2465868},{"$f":"VLOOKUP(A12,Minimos!A:B,2,)","v":2465868},{"$f":"VLOOKUP(A12,Maximos!A:B,2,)","v":3897566},{"$f":"VLOOKUP(A12,Maximos!A:B,2,)","v":3897566}]
["Turno operario de mantenimiento","Turno operario de mantenimiento",{"$f":"VLOOKUP(A13,Minimos!A:B,2,)","v":82196},{"$f":"VLOOKUP(A13,Minimos!A:B,2,)","v":82196},{"$f":"VLOOKUP(A13,Maximos!A:B,2,)","v":260002},{"$f":"VLOOKUP(A13,Maximos!A:B,2,)","v":260002}]
["Turno operario de mantenimiento capacitado para trabajo en alturas nivel básico","Turno operario de mantenimiento capacitado para trabajo en alturas nivel básico",{"$f":"VLOOKUP(A14,Minimos!A:B,2,)","v":82196},{"$f":"VLOOKUP(A14,Minimos!A:B,2,)","v":82196},{"$f":"VLOOKUP(A14,Maximos!A:B,2,)","v":260002},{"$f":"VLOOKUP(A14,Maximos!A:B,2,)","v":260002}]
["Turno coordinador de trabajo en alturas nivel básico","Turno coordinador de trabajo en alturas nivel básico",{"$f":"VLOOKUP(A15,Minimos!A:B,2,)","v":82196},{"$f":"VLOOKUP(A15,Minimos!A:B,2,)","v":82196},{"$f":"VLOOKUP(A15,Maximos!A:B,2,)","v":260002},{"$f":"VLOOKUP(A15,Maximos!A:B,2,)","v":260002}]
["Operario de aseo y cafetería MT","Operario de aseo y cafetería MT",{"$f":"VLOOKUP(A16,Minimos!A:B,2,)","v":1578155},{"$f":"VLOOKUP(A16,Minimos!A:B,2,)","v":1578155},{"$f":"VLOOKUP(A16,Maximos!A:B,2,)","v":2619737},{"$f":"VLOOKUP(A16,Maximos!A:B,2,)","v":2619737}]
["Operario de mantenimiento MT","Operario de mantenimiento MT",{"$f":"VLOOKUP(A17,Minimos!A:B,2,)","v":1527017},{"$f":"VLOOKUP(A17,Minimos!A:B,2,)","v":1527017},{"$f":"VLOOKUP(A17,Maximos!A:B,2,)","v":2534846},{"$f":"VLOOKUP(A17,Maximos!A:B,2,)","v":2534846}]
["Operario auxiliar MT","Operario auxiliar MT",{"$f":"VLOOKUP(A18,Minimos!A:B,2,)","v":1527017},{"$f":"VLOOKUP(A18,Minimos!A:B,2,)","v":1527017},{"$f":"VLOOKUP(A18,Maximos!A:B,2,)","v":2534846},{"$f":"VLOOKUP(A18,Maximos!A:B,2,)","v":2534846}]
["Coordinador MT","Coordinador MT",{"$f":"VLOOKUP(A19,Minimos!A:B,2,)","v":1578155},{"$f":"VLOOKUP(A19,Minimos!A:B,2,)","v":1578155},{"$f":"VLOOKUP(A19,Maximos!A:B,2,)","v":3277768},{"$f":"VLOOKUP(A19,Maximos!A:B,2,)","v":3277768}]
["Jardinero MT","Jardinero MT",{"$f":"VLOOKUP(A20,Minimos!A:B,2,)","v":1527017},{"$f":"VLOOKUP(A20,Minimos!A:B,2,)","v":1527017},{"$f":"VLOOKUP(A20,Maximos!A:B,2,)","v":2534846},{"$f":"VLOOKUP(A20,Maximos!A:B,2,)","v":2534846}]
["Operario de mantenimiento capacitado para trabajo en alturas MT","Operario de mantenimiento capacitado para trabajo en alturas MT",{"$f":"VLOOKUP(A21,Minimos!A:B,2,)","v":1527017},{"$f":"VLOOKUP(A21,Minimos!A:B,2,)","v":1527017},{"$f":"VLOOKUP(A21,Maximos!A:B,2,)","v":2534846},{"$f":"VLOOKUP(A21,Maximos!A:B,2,)","v":2534846}]
["Operario auxiliar capacitado para trabajo en alturas MT","Operario auxiliar capacitado para trabajo en alturas MT",{"$f":"VLOOKUP(A22,Minimos!A:B,2,)","v":1527017},{"$f":"VLOOKUP(A22,Minimos!A:B,2,)","v":1527017},{"$f":"VLOOKUP(A22,Maximos!A:B,2,)","v":2534846},{"$f":"VLOOKUP(A22,Maximos!A:B,2,)","v":2534846}]
["Jardinero capacitado para trabajo en alturas MT","Jardinero capacitado para trabajo en alturas MT",{"$f":"VLOOKUP(A23,Minimos!A:B,2,)","v":1527017},{"$f":"VLOOKUP(A23,Minimos!A:B,2,)","v":1527017},{"$f":"VLOOKUP(A23,Maximos!A:B,2,)","v":2534846},{"$f":"VLOOKUP(A23,Maximos!A:B,2,)","v":2534846}]
["Coordinador de trabajo en alturas MT","Coordinador de trabajo en alturas MT",{"$f":"VLOOKUP(A24,Minimos!A:B,2,)","v":1500286},{"$f":"VLOOKUP(A24,Minimos!A:B,2,)","v":1500286},{"$f":"VLOOKUP(A24,Maximos!A:B,2,)","v":3242435},{"$f":"VLOOKUP(A24,Maximos!A:B,2,)","v":3242435}]
[null,null,null,null,null,null,null,null,"BUSCARV(A2;Minimos!A:B;2;)"]

{"sheet":"Maximos","index":13,"n_rows":435,"n_cols":5,"rows_kept":435,"cut":false,"hidden":true,"merged":[]}
["region",3,null,"Filtro",{"$f":"'Solicitud de Cotización General'!H9","v":10}]
[]
["Etiquetas de fila","Máx. de Precio unitario"]
["Abrillantador para piso laminado (Compra)",82897]
["Agua potable 1 (Compra)",2225]
["Agua potable 2 (Compra)",3584]
["Agua potable 3 (Compra)",4607]
["Agua potable 4 (Compra)",53773]
["Alcohol industrial 1 (Compra)",55264]
["Alcohol industrial 2 (Compra)",23038]
["Ambientador 1 (Compra)",45368]
["Ambientador 2 (Compra)",20725]
["Aromática (Compra)",4016]
["Aromática de panela (Compra)",16071]
["Aspiradora 1 (Arrendamiento)",296682]
["Aspiradora 1 (Compra)",2704134]
["Aspiradora 2 (Arrendamiento)",3448929]
["Aspiradora 2 (Compra)",6251957]
["Atomizadores (Compra)",5296]
["Azúcar 1 (Compra)",15659]
["Azúcar 2 (Compra)",16711]
["Azúcar 3 (Compra)",6199]
["Azúcar 4 (Compra)",7421]
["Balde (Arrendamiento)",9925]
["Balde (Compra)",30050]
["Bandeja 1 (Arrendamiento)",34304]
["Bandeja 1 (Compra)",193426]
["Bandeja 2 (Arrendamiento)",38940]
["Bandeja 2 (Compra)",241781]
["Bandeja 3 (Arrendamiento)",21677]
["Bandeja 3 (Compra)",65626]
["Bandeja 4 (Arrendamiento)",273805]
["Bandeja 4 (Compra)",82897]
["Bayetilla 1 (Compra)",61932]
["Bayetilla 2 (Compra)",61932]
["Bebida de frutas (Compra)",26724]
["Bebida de panela (Compra)",9499]
["Betún (Compra)",21139]
["Blanqueador o hipoclorito 1 (Compra)",38705]
["Blanqueador o hipoclorito 2 (Compra)",22452]
["Blanqueador o hipoclorito 3 (Compra)",63256]
["Bolsas plásticas 1 (Compra)",15104]
["Bolsas plásticas 10 (Compra)",29397]
["Bolsas plásticas 11 (Compra)",27546]
["Bolsas plásticas 12 (Compra)",29397]
["Bolsas plásticas 14 (Compra)",27546]
["Bolsas plásticas 15 (Compra)",31425]
["Bolsas plásticas 16 (Compra)",29446]
["Bolsas plásticas 17 (Compra)",31425]
["Bolsas plásticas 18 (Compra)",29446]
["Bolsas plásticas 19 (Compra)",31425]
["Bolsas plásticas 2 (Compra)",14153]
["Bolsas plásticas 20 (Compra)",29446]
["Bolsas plásticas 21 (Compra)",33452]
["Bolsas plásticas 22 (Compra)",31346]
["Bolsas plásticas 23 (Compra)",33452]
["Bolsas plásticas 24 (Compra)",31346]
["Bolsas plásticas 25 (Compra)",33452]
["Bolsas plásticas 26 (Compra)",31346]
["Bolsas plásticas 3 (Compra)",15104]
["Bolsas plásticas 4 (Compra)",14153]
["Bolsas plásticas 5 (Compra)",15104]
["Bolsas plásticas 7 (Compra)",14153]
["Bolsas plásticas 8 (Compra)",29397]
["Bolsas plásticas 9 (Compra)",27546]
["Boneth 1 (Compra)",157489]
["Boneth 2 (Compra)",186415]
["Brillador 1 (Compra)",185426]
["Brillador 2 (Compra)",111256]
["Brilladora de alta revolución (Arrendamiento)",1081653]
["Brilladora de alta revolución (Compra)",14239257]
["Brillametal en crema (Compra)",18997]
["Brillametal líquido (Compra)",44242]
["Café 1 (Compra)",72316]
["Café 2 (Compra)",48931]
["Café 3 (Compra)",108419]
["Café Social (Compra)",68505]
["Cafetera 1 (Arrendamiento)",103839]
["Cafetera 1 (Compra)",346129]
["Caneca para almacenar ropa sucia  (Arrendamiento)",46975]
["Caneca para almacenar ropa sucia  (Compra)",96675]
["Carro de bebidas (Arrendamiento)",299773]
["Carro de bebidas (Compra)",2027371]
["Carro exprimidor de trapero 1 (Arrendamiento)",120898]
["Carro exprimidor de trapero 1 (Compra)",788832]
["Carro exprimidor de trapero 2 (Arrendamiento)",134743]
["Carro exprimidor de trapero 2 (Compra)",875455]
["Carros para limpieza (Arrendamiento)",265778]
["Carros para limpieza (Compra)",1750911]
["Cepillo para paredes y techos (Compra)",73724]
["Cepillo para sanitario (churrusco) (Compra)",19779]
["Cepillos 1 (Compra)",12089]
["Cepillos 2 (Compra)",21243]
["Cepillos 3 (Compra)",63899]
["Cera emulsionada Neutra (Compra)",74262]
["Cera emulsionada roja (Compra)",82937]
["Cera polimérica (Compra)",99526]
["Cera solvente (Compra)",84414]
["Champú para alfombras y tapizados 1 (Compra)",50084]
["Champú para alfombras y tapizados 2 (Compra)",53449]
["Churrusco para tubos de greca (Compra)",16153]
["Combustible para Cortadora de césped, sopladora de hojas y guadañas (Compra)",28432]
["Contenedor de basura 1 (Compra)",99388]
["Contenedor de basura 10 (Compra)",167131]
["Contenedor de basura 11 (Compra)",188928]
["Contenedor de basura 12 (Compra)",167131]
["Contenedor de basura 13 (Compra)",742613]
["Contenedor de basura 14 (Compra)",792518]
["Contenedor de basura 15 (Compra)",742613]
["Contenedor de basura 16 (Compra)",792518]
["Contenedor de basura 17 (Compra)",1081653]
["Contenedor de basura 18 (Compra)",1081653]
["Contenedor de basura 19 (Compra)",1081653]
["Contenedor de basura 2 (Compra)",99388]
["Contenedor de basura 20 (Compra)",1465236]
["Contenedor de basura 21 (Compra)",1372973]
["Contenedor de basura 22 (Compra)",1465236]
["Contenedor de basura 23 (Compra)",2406451]
["Contenedor de basura 24 (Compra)",2404593]
["Contenedor de basura 25 (Compra)",2405683]
["Contenedor de basura 26 (Compra)",5779855]
["Contenedor de basura 27 (Compra)",5779855]
["Contenedor de basura 28 (Compra)",5782000]
["Contenedor de basura 29 (Compra)",8876492]
["Contenedor de basura 3 (Compra)",99388]
["Contenedor de basura 30 (Compra)",8734717]
["Contenedor de basura 4 (Compra)",99388]
["Contenedor de basura 5 (Compra)",137215]
["Contenedor de basura 6 (Compra)",137215]
["Contenedor de basura 7 (Compra)",137215]
["Contenedor de basura 8 (Compra)",137215]
["Contenedor de basura 9 (Compra)",167131]
["Coordinador de tiempo completo",3793692]
["Coordinador de trabajo en alturas",3897566]
["Coordinador de trabajo en alturas MT",3242435]
["Coordinador MT",3277768]
["Cortadora de cesped  (Arrendamiento)",1250442]
["Cortadora de cesped  (Compra)",8265784]
["Crema desengrasante (Compra)",30225]
["Crema para café (Compra)",26206]
["Crema para cuero (Compra)",28432]
["Creolina 1 (Compra)",16924]
["Creolina 2 (Compra)",51605]
["Cuchara  (Compra)",12902]
["Cuchara pequeña  (Compra)",6908]
["Cuchillo  (Compra)",64323]
["Cuchillo de cocina  (Compra)",172701]
["Desinfectante de alto nivel de desinfección para uso hospitalario (Compra)",210150]
["Desmanchador multiusos (Compra)",33175]
["Destapador para sanitario (chupa) (Compra)",8035]
["Detergente multiusos en polvo (Compra)",18997]
["Dispensador de agua (Compra)",3389863]
["Dispensador de agua con botellón (Compra)",2016639]
["Dispensador de gel antibacterial para manos (Compra)",74141]
["Dispensador de jabón líquido 1 (Compra)",345281]
["Dispensador de jabón líquido 2 (Compra)",598996]
["Dispensador de jabón líquido 3 (Compra)",371307]
["Dispensador de jabón líquido 4 (Compra)",1340830]
["Dispensador de toallas de manos 1 (Compra)",605602]
["Dispensador de toallas de manos 2 (Compra)",561278]
["Dispensador de toallas de manos 3 (Compra)",469336]
["Dispensador goteo por gravedad y recarga (Compra)",4607662]
["Dispensador para ambientador (Compra)",995740]
["Dispensador para papel higiénico 1 (Compra)",347141]
["Dispensador para papel higiénico 2 (Compra)",736252]
["Endulzante (Compra)",60790]
["Escalera 1 (Arrendamiento)",43575]
["Escalera 1 (Compra)",124829]
["Escalera 2 (Arrendamiento)",56840]
["Escalera 2 (Compra)",350735]
["Escalera 3 (Arrendamiento)",160703]
["Escalera 3 (Compra)",706720]
["Escalera 4 (Arrendamiento)",179245]
["Escalera 4 (Compra)",829379]
["Escalera de tipo industrial (Arrendamiento)",338659]
["Escalera de tipo industrial (Compra)",2530343]
["Escoba 1 (Compra)",14745]
["Escoba 2 (Compra)",11225]
["Escoba 3 (Compra)",16587]
["Escoba 4 (Compra)",15544]
["Escoba 5 (Compra)",22116]
["Escurridor para platos (Arrendamiento)",43575]
["Escurridor para platos (Compra)",90712]
["Espátula  (Compra)",31086]
["Esponjilla 1 (Compra)",8116]
["Esponjilla 2 (Compra)",6451]
["Esponjilla 3 (Compra)",4318]
["Esponjilla 4 (Compra)",20026]
["Esponjilla 5 (Compra)",8290]
["Esponjilla 6 (Compra)",8662]
["Esponjilla 7 (Compra)",5527]
["Estopa (Compra)",46077]
["Estufa 1 (Arrendamiento)",139070]
["Estufa 1 (Compra)",360200]
["Estufa 2 (Arrendamiento)",64899]
["Estufa 2 (Compra)",350209]
["Extensión eléctrica 1 (Compra)",769754]
["Extensión eléctrica 2 (Compra)",912298]
["Filtro para greca 1 (Compra)",14649]
["Filtro para greca 2 (Compra)",17986]
["Filtro para greca 3 (Compra)",22499]
["Gel antibacterial para manos (Compra)",103621]
["Girador Manual (Compra)",2788790]
["Greca para tintos 1 (Arrendamiento)",352310]
["Greca para tintos 1 (Compra)",1344790]
["Greca para tintos 2 (Arrendamiento)",383214]
["Greca para tintos 2 (Compra)",1491162]
["Greca para tintos 3 (Arrendamiento)",407938]
["Greca para tintos 3 (Compra)",1576444]
["Guadañas (Arrendamiento)",658128]
["Guadañas (Compra)",5045972]
["Guantes 1 (Compra)",11059]
["Guantes 2 (Compra)",10362]
["Guantes 3 (Compra)",13823]
["Guantes 4 (Compra)",14680]
["Guantes 5 (Compra)",14745]
["Guantes 6 (Compra)",113982]
["Guantes 7 (Compra)",17779]
["Guantes 8 (Compra)",55264]
["Guantes 9 (Compra)",9087]
["Haraganes 1  (Compra)",108289]
["Haraganes 2  (Compra)",190742]
["Haraganes 3  (Compra)",77589]
["Haraganes 4  (Compra)",96116]
["Hidrolavadora Industrial (Arrendamiento)",1297984]
["Hidrolavadora Industrial (Compra)",10091948]
["Horno microondas (Arrendamiento)",268322]
["Horno microondas (Compra)",2898737]
["Horno microondas de tipo industrial (Arrendamiento)",778790]
["Horno microondas de tipo industrial (Compra)",5018872]
["Infusión frutal (Compra)",25042]
["Insecticida 1 (Compra)",34096]
["Insecticida 2 (Compra)",39548]
["Jabón abrasivo (Compra)",10189]
["Jabón de dispensador para manos 1 (Compra)",16035]
["Jabón de dispensador para manos 2 (Compra)",53537]
["Jabón de dispensador para manos 3 (Compra)",57135]
["Jabón de tocador 1 (Compra)",7702]
["Jabón de tocador 2 (Compra)",141615]
["Jabón en barra (Compra)",8298]
["Jabón en barra azul (Compra)",6451]
["Jabón neutro para pisos 1 (Compra)",64507]
["Jabón neutro para pisos 2 (Compra)",302226]
["Jabón para loza 1 (Compra)",65623]
["Jabón para loza 2 (Compra)",11979]
["Jabón para loza 3 (Compra)",17098]
["Jabón para loza 4 (Compra)",18246]
["Jardineria mt2",4326]
["Jardinero",3076679]
["Jardinero capacitado para trabajo en alturas",3234160]
["Jardinero capacitado para trabajo en alturas MT",2534846]
["Jardinero MT",2534846]
["Jarra  (Arrendamiento)",32070]
["Jarra  (Compra)",110584]
["Juego de cubiertos  (Compra)",549233]
["Lavabrilladora de pisos 1 (Arrendamiento)",731198]
["Lavabrilladora de pisos 1 (Compra)",6232549]
["Lavabrilladora de pisos 2 (Arrendamiento)",788062]
["Lavabrilladora de pisos 2 (Compra)",6706251]
["Lavadora de alfombras y tapetes 1 (Arrendamiento)",823911]
["Lavadora de alfombras y tapetes 1 (Compra)",9266370]
["Lavadora de alfombras y tapetes 2 (Arrendamiento)",1174367]
["Lavadora de alfombras y tapetes 2 (Compra)",20767746]
["Limpiador desinfectante para pisos (Compra)",38705]
["Limpiador desinfectante para uso general 1 (Compra)",33175]
["Limpiador desinfectante para uso general 2 (Compra)",18997]
["Limpiador desinfectante para uso general 3 (Compra)",17509]
["Limpiador multiusos 1 (Compra)",36267]
["Limpiador multiusos 2 (Compra)",17141]
["Limpiador multiusos 3 (Compra)",16062]
["Limpiones 1 (Compra)",15452]
["Limpiones 2 (Compra)",51919]
["Limpiones 3 (Compra)",13823]
["Limpiones 4 (Compra)",27814]
["Limpiones 5 (Compra)",33346]
["Líquido cubre rasguños para madera (Compra)",35939]
["Líquido desengrasante (Compra)",119509]
["Líquido para limpiar equipos de oficina 1 (Compra)",23314]
["Líquido para limpiar equipos de oficina 2 (Compra)",19352]
["Líquido para limpiar vidrios 1 (Compra)",37993]
["Líquido para limpiar vidrios 2 (Compra)",15666]
["Líquido para limpiar vidrios 3 (Compra)",11225]
["Lustrador de muebles (Compra)",18997]
["Mango madera escoba 1 (Compra)",6451]
["Mango madera trapero (Compra)",6215]
["Mango metálico escoba 1 (Compra)",14216]
["Mango metálico trapero (Compra)",14745]
["Mangueras 1 (Arrendamiento)",53511]
["Mangueras 1 (Compra)",390459]
["Mangueras 2 (Arrendamiento)",77337]
["Mangueras 2 (Compra)",364926]
["Mangueras 3 (Arrendamiento)",109365]
["Mangueras 3 (Compra)",516058]
["Mantenedor de pisos (Compra)",100166]
["Máquina de filtrado para café (Compra)",12674869]
["Mezclador 1 (Compra)",15223]
["Motobombas (Arrendamiento)",512840]
["Motobombas (Compra)",4635658]
["Olla 1 (Arrendamiento)",38789]
["Olla 1 (Compra)",117437]
["Olla 2 (Arrendamiento)",53620]
["Olla 2 (Compra)",162340]
["Olleta (Arrendamiento)",22818]
["Olleta (Compra)",72218]
["Operario auxiliar",2925544]
["Operario auxiliar capacitado para trabajo en alturas",2987955]
["Operario auxiliar capacitado para trabajo en alturas MT",2534846]
["Operario auxiliar MT",2534846]
["Operario de aseo y cafetería",2717743]
["Operario de aseo y cafetería con compromiso social",2879854]
["Operario de aseo y cafetería MT",2619737]
["Operario de mantenimiento",3116632]
["Operario de mantenimiento capacitado para trabajo en alturas",3234160]
["Operario de mantenimiento capacitado para trabajo en alturas MT",2534846]
["Operario de mantenimiento MT",2534846]
["Organizador  porta escobas  (Compra)",43143]
["Pads 1 (Compra)",31523]
["Pads 2 (Compra)",33175]
["Pads 3 (Compra)",43143]
["Pads 4 (Compra)",44234]
["Pads 5 (Compra)",248673]
["Panela (Compra)",27876]
["Paño absorbente multiusos 1 (Compra)",123618]
["Paño absorbente multiusos 2 (Compra)",123618]
["Pañuelos (Compra)",25803]
["Papel Aluminio 1 (Compra)",25959]
["Papel Aluminio 2 (Compra)",67368]
["Papel higiénico 1 (Compra)",4446]
["Papel higiénico 2 (Compra)",27646]
["Papel higiénico 3 (Compra)",29704]
["Papel higiénico 4 (Compra)",33809]
["Papel higiénico 5 (Compra)",40857]
["Papelera 1 (Compra)",188928]
["Papelera 2 (Compra)",89460]
["Papelera 3 (Compra)",71574]
["Papelera 4 (Compra)",61190]
["Papelera residuos peligrosos 1 (Compra)",115335]
["Papelera residuos peligrosos 2 (Compra)",149207]
["Pastilla desinfectante para sanitario (Compra)",47902]
["Película transparente para alimentos (Compra)",38707]
["Plato Biodegradable 1 (Compra)",73724]
["Plato Biodegradable 2 (Compra)",86351]
["Platos  1 (Arrendamiento)",27895]
["Platos  1 (Compra)",84450]
["Platos  2 (Arrendamiento)",17627]
["Platos  2 (Compra)",53365]
["Platos  3 (Arrendamiento)",27895]
["Platos  3 (Compra)",34366]
["Platos  4 (Arrendamiento)",14774]
["Platos  4 (Compra)",44729]
["Platos  5 (Arrendamiento)",20478]
["Platos  5 (Compra)",61999]
["Plumero o limpia polvo (Compra)",27138]
["Pocillos  (Arrendamiento)",9641]
["Pocillos  (Compra)",19223]
["Porcentaje de AIU",0.1]
["Portavasos (Arrendamiento)",8653]
["Portavasos (Compra)",53031]
["Punto Ecológico 1 (Compra)",673018]
["Punto Ecológico 2 (Compra)",791691]
["Punto Ecológico 3 (Compra)",924755]
["Punto Ecológico 4 (Compra)",1220638]
["Punto Ecológico 5 (Compra)",2039689]
["Punto Ecológico 6 (Compra)",2574335]
["Rastrillo 1 (Compra)",25743]
["Rastrillo 2 (Compra)",36434]
["Recogedor de basura 1 (Compra)",13815]
["Recogedor de basura 2 (Compra)",93882]
["Removedor de cera (Compra)",97682]
["Repuestos brillador 1 (Compra)",105075]
["Repuestos brillador 2 (Compra)",61809]
["Sal 1 (Compra)",2672]
["Sal 2 (Compra)",4825]
["Sal 3 (Compra)",2967]
["Sellante para pisos (Compra)",230383]
["Señales peatonales de prevención y atención 1 (Compra)",125311]
["Señales peatonales de prevención y atención 2 (Compra)",135925]
["Señales peatonales de prevención y atención 3 (Compra)",73552]
["Servilleta de tela (Compra)",52216]
["Servilleta papel (Compra)",4671]
["Sonda para fregaderos (Compra)",9197145]
["Sonda para inodoro (Arrendamiento)",1390697]
["Sonda para inodoro (Compra)",10812800]
["Sopladora de hojas (Arrendamiento)",556279]
["Sopladora de hojas (Compra)",4325121]
["Soporte para Botellón de agua (Compra)",125329]
["Tapabocas 1 (Compra)",27582]
["Tapabocas 2 (Compra)",593467]
["Té (Compra)",15564]
["Tenedor  (Compra)",13297]
["Termo para café 1 (Compra)",56488]
["Termo para café 2 (Compra)",309044]
["Terno para café  (Arrendamiento)",41071]
["Terno para café  (Compra)",124344]
["Terno para café (Arrendamiento)",38485]
["Terno para café (Compra)",132701]
["Tijeras de cocina  (Compra)",82937]
["Toalla en tela blanca para pisos por metro (repuesto de haraganes) (Compra)",146796]
["Toallas para manos 1 (Compra)",46445]
["Toallas para manos 2 (Compra)",37131]
["Toallas para manos 3 (Compra)",64139]
["Toallas para manos 4 (Compra)",52155]
["Toallas para manos 5 (Compra)",67283]
["Toallas para manos 6 (Compra)",16366]
["Toallas para manos 7 (Compra)",49427]
["Toallas para manos 8 (Compra)",46480]
["Trapero 1 (Compra)",19168]
["Trapero 2 (Compra)",21587]
["Trapero 3 (Compra)",27277]
["Trapero 4 (Compra)",35923]
["Turno coordinador de trabajo en alturas nivel básico",260002]
["Turno operario de mantenimiento",260002]
["Turno operario de mantenimiento capacitado para trabajo en alturas nivel básico",260002]
["Vajilla  1 (Arrendamiento)",252181]
["Vajilla  1 (Compra)",869557]
["Vajilla  2 (Arrendamiento)",126092]
["Vajilla  2 (Compra)",574451]
["Válvula dispensadora para botellón de agua (Compra)",103212]
["Varsol  ecológico 1 (Compra)",22116]
["Varsol ecológico 2 (Compra)",60445]
["Vasos  1 (Arrendamiento)",4318]
["Vasos  1 (Compra)",8529]
["Vasos  2 (Arrendamiento)",6673]
["Vasos  2 (Compra)",13351]
["Vasos biodegradables 1 (Compra)",13471]
["Vasos biodegradables 2 (Compra)",15218]
["Vasos biodegradables 3 (Compra)",15411]
["Vasos biodegradables 4 (Compra)",22845]
["Pocillos 1 (Arrendamiento)",18666]
["Pocillos 1 (Compra)",55628]
["Vajilla  3 (Arrendamiento)",269128]
["Vajilla  3 (Compra)",864241]
["Vajilla  4 (Arrendamiento)",134564]
["Vajilla  4 (Compra)",574451]
["Total general",20767746]

{"sheet":"TablaDinamica","index":14,"n_rows":26,"n_cols":4,"rows_kept":26,"cut":false,"hidden":true,"merged":[]}
[]
[]
[null,null,"Etiquetas de fila","Suma de valorCantidadVigencia"]
[null,null,"LIMPIEZA INSTITUCIONAL LASU S.A.S.",11705083]
[null,null,"UNION TEMPORAL OUTSOURCING GIAF",12397722]
[null,null,"UNION TEMPORAL ECOLIMPIEZA 4G",12426035]
[null,null,"SOSEGE SAS",12594174]
[null,null,"UT GRUPO ADIN",12825198]
[null,null,"UNION TEMPORAL CLEAN COLOMBIA",12995219]
[null,null,"CLEANER S.A.",12999999]
[null,null,"ASECOLBAS LTDA",13359866]
[null,null,"CONSERJES INMOBILIARIOS LTDA",13367872]
[null,null,"UNION TEMPORAL R&J 2022",13534327]
[null,null,"UNIÓN TEMPORAL EMINSER SOLOASEO 2023",13604037]
[null,null,"UNION  TEMPORAL LADOINSA 2022",13705629]
[null,null,"UNIÓN TEMPORAL CCE AMP IV 2022",13714746]
[null,null,"CONSORCIO KIOS",13751840]
[null,null,"SERVITALENTOS",13981022]
[null,null,"UNION TEMPORAL SERVICIOS INTEGRALES",14017985]
[null,null,"UT EASYCLEAN ASEO PROFESIONAL",14030383]
[null,null,"CONSORCIO ELITE",14043243]
[null,null,"INTERASEO SAS ESP",14420253]
[null,null,"UNIÓN TEMPORAL ASEO COLOMBIA AMP4",14426640]
[null,null,"SERVIASEO S.A",14957559]
[null,null,"INCINERADOS DEL HUILA",18899305]
[null,null,"Total general",301758137]

{"sheet":"temp","index":15,"n_rows":9483,"n_cols":18,"rows_kept":4500,"cut":true,"hidden":true,"merged":[],"bounds":{"rows_first":2000,"rows_last":500,"rows_between":2000,"halvings":0}}
["regionproveedorbien","region","proveedor","tipoBSO","id_bien_o_servicio","bien_o_servicio","Especificaciones","Presentación ","Marca 1 ","Marca 2","Precio unitario","check","cantidad","vigencia","valorCantidadVigencia","llaveMinimo","MenorValor","orden"]
["10ASECOLBAS LTDAPorcentaje de AIU",10,"ASECOLBAS LTDA","Administracion","Porcentaje de AIU","Porcentaje de AIU",null,null,null,null,0.1,{"$f":"IF($D2=\"Bien\",$K2*$M2,\"\")","v":""},{"$f":"IF($D2=\"Servicio\",SUMIF('Resumen - CSV'!$D:$D,$E2,'Resumen - CSV'!$G:$G),SUMIF('Detalle Bienes de Aseo y Caf'!$A:$A,$E2,'Detalle Bienes de Aseo y Caf'!$E:$E))","v":0},1,{"$f":"$K2*M2*N2","v":0},"10Porcentaje de AIU"]
["10CLEANER S.A.Porcentaje de AIU",10,"CLEANER S.A.","Administracion","Porcentaje de AIU","Porcentaje de AIU",null,null,null,null,0.1,{"$f":"IF($D3=\"Bien\",$K3*$M3,\"\")","v":""},{"$f":"IF($D3=\"Servicio\",SUMIF('Resumen - CSV'!$D:$D,$E3,'Resumen - CSV'!$G:$G),SUMIF('Detalle Bienes de Aseo y Caf'!$A:$A,$E3,'Detalle Bienes de Aseo y Caf'!$E:$E))","v":0},1,{"$f":"$K3*M3*N3","v":0},"10Porcentaje de AIU"]
["10CONSERJES INMOBILIARIOS LTDAPorcentaje de AIU",10,"CONSERJES INMOBILIARIOS LTDA","Administracion","Porcentaje de AIU","Porcentaje de AIU",null,null,null,null,0.1,"",{"$f":"IF($D4=\"Servicio\",SUMIF('Resumen - CSV'!$D:$D,$E4,'Resumen - CSV'!$G:$G),SUMIF('Detalle Bienes de Aseo y Caf'!$A:$A,$E4,'Detalle Bienes de Aseo y Caf'!$E:$E))","v":0},1,0,"10Porcentaje de AIU"]
["10CONSORCIO ELITEPorcentaje de AIU",10,"CONSORCIO ELITE","Administracion","Porcentaje de AIU","Porcentaje de AIU",null,null,null,null,0.1,"",{"$f":"IF($D5=\"Servicio\",SUMIF('Resumen - CSV'!$D:$D,$E5,'Resumen - CSV'!$G:$G),SUMIF('Detalle Bienes de Aseo y Caf'!$A:$A,$E5,'Detalle Bienes de Aseo y Caf'!$E:$E))","v":0},1,0,"10Porcentaje de AIU"]
["10CONSORCIO KIOSPorcentaje de AIU",10,"CONSORCIO KIOS","Administracion","Porcentaje de AIU","Porcentaje de AIU",null,null,null,null,0.1,"",{"$f":"IF($D6=\"Servicio\",SUMIF('Resumen - CSV'!$D:$D,$E6,'Resumen - CSV'!$G:$G),SUMIF('Detalle Bienes de Aseo y Caf'!$A:$A,$E6,'Detalle Bienes de Aseo y Caf'!$E:$E))","v":0},1,0,"10Porcentaje de AIU"]
["10INCINERADOS DEL HUILAPorcentaje de AIU",10,"INCINERADOS DEL HUILA","Administracion","Porcentaje de AIU","Porcentaje de AIU",null,null,null,null,0.1,"",{"$f":"IF($D7=\"Servicio\",SUMIF('Resumen - CSV'!$D:$D,$E7,'Resumen - CSV'!$G:$G),SUMIF('Detalle Bienes de Aseo y Caf'!$A:$A,$E7,'Detalle Bienes de Aseo y Caf'!$E:$E))","v":0},1,0,"10Porcentaje de AIU"]
["10INTERASEO SAS ESPPorcentaje de AIU",10,"INTERASEO SAS ESP","Administracion","Porcentaje de AIU","Porcentaje de AIU",null,null,null,null,0.1,"",{"$f":"IF($D8=\"Servicio\",SUMIF('Resumen - CSV'!$D:$D,$E8,'Resumen - CSV'!$G:$G),SUMIF('Detalle Bienes de Aseo y Caf'!$A:$A,$E8,'Detalle Bienes de Aseo y Caf'!$E:$E))","v":0},1,0,"10Porcentaje de AIU"]
["10LIMPIEZA INSTITUCIONAL LASU S.A.S.Porcentaje de AIU",10,"LIMPIEZA INSTITUCIONAL LASU S.A.S.","Administracion","Porcentaje de AIU","Porcentaje de AIU",null,null,null,null,0.1,"",{"$f":"IF($D9=\"Servicio\",SUMIF('Resumen - CSV'!$D:$D,$E9,'Resumen - CSV'!$G:$G),SUMIF('Detalle Bienes de Aseo y Caf'!$A:$A,$E9,'Detalle Bienes de Aseo y Caf'!$E:$E))","v":0},1,0,"10Porcentaje de AIU"]
["10SERVIASEO S.APorcentaje de AIU",10,"SERVIASEO S.A","Administracion","Porcentaje de AIU","Porcentaje de AIU",null,null,null,null,0.1,"",{"$f":"IF($D10=\"Servicio\",SUMIF('Resumen - CSV'!$D:$D,$E10,'Resumen - CSV'!$G:$G),SUMIF('Detalle Bienes de Aseo y Caf'!$A:$A,$E10,'Detalle Bienes de Aseo y Caf'!$E:$E))","v":0},1,0,"10Porcentaje de AIU"]
["10SERVITALENTOSPorcentaje de AIU",10,"SERVITALENTOS","Administracion","Porcentaje de AIU","Porcentaje de AIU",null,null,null,null,0.1,"",{"$f":"IF($D11=\"Servicio\",SUMIF('Resumen - CSV'!$D:$D,$E11,'Resumen - CSV'!$G:$G),SUMIF('Detalle Bienes de Aseo y Caf'!$A:$A,$E11,'Detalle Bienes de Aseo y Caf'!$E:$E))","v":0},1,0,"10Porcentaje de AIU"]
["10SOSEGE SASPorcentaje de AIU",10,"SOSEGE SAS","Administracion","Porcentaje de AIU","Porcentaje de AIU",null,null,null,null,0.1,"",{"$f":"IF($D12=\"Servicio\",SUMIF('Resumen - CSV'!$D:$D,$E12,'Resumen - CSV'!$G:$G),SUMIF('Detalle Bienes de Aseo y Caf'!$A:$A,$E12,'Detalle Bienes de Aseo y Caf'!$E:$E))","v":0},1,0,"10Porcentaje de AIU"]
["10UNION  TEMPORAL LADOINSA 2022Porcentaje de AIU",10,"UNION  TEMPORAL LADOINSA 2022","Administracion","Porcentaje de AIU","Porcentaje de AIU",null,null,null,null,0.1,"",{"$f":"IF($D13=\"Servicio\",SUMIF('Resumen - CSV'!$D:$D,$E13,'Resumen - CSV'!$G:$G),SUMIF('Detalle Bienes de Aseo y Caf'!$A:$A,$E13,'Detalle Bienes de Aseo y Caf'!$E:$E))","v":0},1,0,"10Porcentaje de AIU"]
["10UNIÓN TEMPORAL ASEO COLOMBIA AMP4Porcentaje de AIU",10,"UNIÓN TEMPORAL ASEO COLOMBIA AMP4","Administracion","Porcentaje de AIU","Porcentaje de AIU",null,null,null,null,0.1,"",{"$f":"IF($D14=\"Servicio\",SUMIF('Resumen - CSV'!$D:$D,$E14,'Resumen - CSV'!$G:$G),SUMIF('Detalle Bienes de Aseo y Caf'!$A:$A,$E14,'Detalle Bienes de Aseo y Caf'!$E:$E))","v":0},1,0,"10Porcentaje de AIU"]
["10UNIÓN TEMPORAL CCE AMP IV 2022Porcentaje de AIU",10,"UNIÓN TEMPORAL CCE AMP IV 2022","Administracion","Porcentaje de AIU","Porcentaje de AIU",null,null,null,null,0.1,"",{"$f":"IF($D15=\"Servicio\",SUMIF('Resumen - CSV'!$D:$D,$E15,'Resumen - CSV'!$G:$G),SUMIF('Detalle Bienes de Aseo y Caf'!$A:$A,$E15,'Detalle Bienes de Aseo y Caf'!$E:$E))","v":0},1,0,"10Porcentaje de AIU"]
["10UNION TEMPORAL CLEAN COLOMBIAPorcentaje de AIU",10,"UNION TEMPORAL CLEAN COLOMBIA","Administracion","Porcentaje de AIU","Porcentaje de AIU",null,null,null,null,0.1,"",{"$f":"IF($D16=\"Servicio\",SUMIF('Resumen - CSV'!$D:$D,$E16,'Resumen - CSV'!$G:$G),SUMIF('Detalle Bienes de Aseo y Caf'!$A:$A,$E16,'Detalle Bienes de Aseo y Caf'!$E:$E))","v":0},1,0,"10Porcentaje de AIU"]
["10UNION TEMPORAL ECOLIMPIEZA 4GPorcentaje de AIU",10,"UNION TEMPORAL ECOLIMPIEZA 4G","Administracion","Porcentaje de AIU","Porcentaje de AIU",null,null,null,null,0.1,"",{"$f":"IF($D17=\"Servicio\",SUMIF('Resumen - CSV'!$D:$D,$E17,'Resumen - CSV'!$G:$G),SUMIF('Detalle Bienes de Aseo y Caf'!$A:$A,$E17,'Detalle Bienes de Aseo y Caf'!$E:$E))","v":0},1,0,"10Porcentaje de AIU"]
["10UNIÓN TEMPORAL EMINSER SOLOASEO 2023Porcentaje de AIU",10,"UNIÓN TEMPORAL EMINSER SOLOASEO 2023","Administracion","Porcentaje de AIU","Porcentaje de AIU",null,null,null,null,0.1,"",{"$f":"IF($D18=\"Servicio\",SUMIF('Resumen - CSV'!$D:$D,$E18,'Resumen - CSV'!$G:$G),SUMIF('Detalle Bienes de Aseo y Caf'!$A:$A,$E18,'Detalle Bienes de Aseo y Caf'!$E:$E))","v":0},1,0,"10Porcentaje de AIU"]
["10UNION TEMPORAL OUTSOURCING GIAFPorcentaje de AIU",10,"UNION TEMPORAL OUTSOURCING GIAF","Administracion","Porcentaje de AIU","Porcentaje de AIU",null,null,null,null,0.1,"",{"$f":"IF($D19=\"Servicio\",SUMIF('Resumen - CSV'!$D:$D,$E19,'Resumen - CSV'!$G:$G),SUMIF('Detalle Bienes de Aseo y Caf'!$A:$A,$E19,'Detalle Bienes de Aseo y Caf'!$E:$E))","v":0},1,0,"10Porcentaje de AIU"]
["10UNION TEMPORAL R&J 2022Porcentaje de AIU",10,"UNION TEMPORAL R&J 2022","Administracion","Porcentaje de AIU","Porcentaje de AIU",null,null,null,null,0.1,"",{"$f":"IF($D20=\"Servicio\",SUMIF('Resumen - CSV'!$D:$D,$E20,'Resumen - CSV'!$G:$G),SUMIF('Detalle Bienes de Aseo y Caf'!$A:$A,$E20,'Detalle Bienes de Aseo y Caf'!$E:$E))","v":0},1,0,"10Porcentaje de AIU"]
["10UNION TEMPORAL SERVICIOS INTEGRALESPorcentaje de AIU",10,"UNION TEMPORAL SERVICIOS INTEGRALES","Administracion","Porcentaje de AIU","Porcentaje de AIU",null,null,null,null,0.1,"",{"$f":"IF($D21=\"Servicio\",SUMIF('Resumen - CSV'!$D:$D,$E21,'Resumen - CSV'!$G:$G),SUMIF('Detalle Bienes de Aseo y Caf'!$A:$A,$E21,'Detalle Bienes de Aseo y Caf'!$E:$E))","v":0},1,0,"10Porcentaje de AIU"]
["10UT EASYCLEAN ASEO PROFESIONALPorcentaje de AIU",10,"UT EASYCLEAN ASEO PROFESIONAL","Administracion","Porcentaje de AIU","Porcentaje de AIU",null,null,null,null,0.1,"",{"$f":"IF($D22=\"Servicio\",SUMIF('Resumen - CSV'!$D:$D,$E22,'Resumen - CSV'!$G:$G),SUMIF('Detalle Bienes de Aseo y Caf'!$A:$A,$E22,'Detalle Bienes de Aseo y Caf'!$E:$E))","v":0},1,0,"10Porcentaje de AIU"]
["10UT GRUPO ADINPorcentaje de AIU",10,"UT GRUPO ADIN","Administracion","Porcentaje de AIU","Porcentaje de AIU",null,null,null,null,0.1,"",{"$f":"IF($D23=\"Servicio\",SUMIF('Resumen - CSV'!$D:$D,$E23,'Resumen - CSV'!$G:$G),SUMIF('Detalle Bienes de Aseo y Caf'!$A:$A,$E23,'Detalle Bienes de Aseo y Caf'!$E:$E))","v":0},1,0,"10Porcentaje de AIU"]
["10ASECOLBAS LTDAJardineria mt2",10,"ASECOLBAS LTDA","Servicio","Jardineria mt2","Jardineria mt2",null,null,null,null,927,"",{"$f":"IF($D24=\"Servicio\",SUMIF('Resumen - CSV'!$D:$D,$E24,'Resumen - CSV'!$G:$G),SUMIF('Detalle Bienes de Aseo y Caf'!$A:$A,$E24,'Detalle Bienes de Aseo y Caf'!$E:$E))","v":0},1,0,"10Jardineria mt2"]
["10CLEANER S.A.Jardineria mt2",10,"CLEANER S.A.","Servicio","Jardineria mt2","Jardineria mt2",null,null,null,null,1051,"",{"$f":"IF($D25=\"Servicio\",SUMIF('Resumen - CSV'!$D:$D,$E25,'Resumen - CSV'!$G:$G),SUMIF('Detalle Bienes de Aseo y Caf'!$A:$A,$E25,'Detalle Bienes de Aseo y Caf'!$E:$E))","v":0},1,0,"10Jardineria mt2"]
["10CONSERJES INMOBILIARIOS LTDAJardineria mt2",10,"CONSERJES INMOBILIARIOS LTDA","Servicio","Jardineria mt2","Jardineria mt2",null,null,null,null,865,"",{"$f":"IF($D26=\"Servicio\",SUMIF('Resumen - CSV'!$D:$D,$E26,'Resumen - CSV'!$G:$G),SUMIF('Detalle Bienes de Aseo y Caf'!$A:$A,$E26,'Detalle Bienes de Aseo y Caf'!$E:$E))","v":0},1,0,"10Jardineria mt2"]
["10CONSORCIO ELITEJardineria mt2",10,"CONSORCIO ELITE","Servicio","Jardineria mt2","Jardineria mt2",null,null,null,null,1608,"",{"$f":"IF($D27=\"Servicio\",SUMIF('Resumen - CSV'!$D:$D,$E27,'Resumen - CSV'!$G:$G),SUMIF('Detalle Bienes de Aseo y Caf'!$A:$A,$E27,'Detalle Bienes de Aseo y Caf'!$E:$E))","v":0},1,0,"10Jardineria mt2"]
["10CONSORCIO KIOSJardineria mt2",10,"CONSORCIO KIOS","Servicio","Jardineria mt2","Jardineria mt2",null,null,null,null,927,"",{"$f":"IF($D28=\"Servicio\",SUMIF('Resumen - CSV'!$D:$D,$E28,'Resumen - CSV'!$G:$G),SUMIF('Detalle Bienes de Aseo y Caf'!$A:$A,$E28,'Detalle Bienes de Aseo y Caf'!$E:$E))","v":0},1,0,"10Jardineria mt2"]
["10INCINERADOS DEL HUILAJardineria mt2",10,"INCINERADOS DEL HUILA","Servicio","Jardineria mt2","Jardineria mt2",null,null,null,null,1854,"",{"$f":"IF($D29=\"Servicio\",SUMIF('Resumen - CSV'!$D:$D,$E29,'Resumen - CSV'!$G:$G),SUMIF('Detalle Bienes de Aseo y Caf'!$A:$A,$E29,'Detalle Bienes de Aseo y Caf'!$E:$E))","v":0},1,0,"10Jardineria mt2"]
["10INTERASEO SAS ESPJardineria mt2",10,"INTERASEO SAS ESP","Servicio","Jardineria mt2","Jardineria mt2",null,null,null,null,464,"",{"$f":"IF($D30=\"Servicio\",SUMIF('Resumen - CSV'!$D:$D,$E30,'Resumen - CSV'!$G:$G),SUMIF('Detalle Bienes de Aseo y Caf'!$A:$A,$E30,'Detalle Bienes de Aseo y Caf'!$E:$E))","v":0},1,0,"10Jardineria mt2"]
["10LIMPIEZA INSTITUCIONAL LASU S.A.S.Jardineria mt2",10,"LIMPIEZA INSTITUCIONAL LASU S.A.S.","Servicio","Jardineria mt2","Jardineria mt2",null,null,null,null,470,"",{"$f":"IF($D31=\"Servicio\",SUMIF('Resumen - CSV'!$D:$D,$E31,'Resumen - CSV'!$G:$G),SUMIF('Detalle Bienes de Aseo y Caf'!$A:$A,$E31,'Detalle Bienes de Aseo y Caf'!$E:$E))","v":0},1,0,"10Jardineria mt2"]
["10SERVIASEO S.AJardineria mt2",10,"SERVIASEO S.A","Servicio","Jardineria mt2","Jardineria mt2",null,null,null,null,1236,"",{"$f":"IF($D32=\"Servicio\",SUMIF('Resumen - CSV'!$D:$D,$E32,'Resumen - CSV'!$G:$G),SUMIF('Detalle Bienes de Aseo y Caf'!$A:$A,$E32,'Detalle Bienes de Aseo y Caf'!$E:$E))","v":0},1,0,"10Jardineria mt2"]
["10SERVITALENTOSJardineria mt2",10,"SERVITALENTOS","Servicio","Jardineria mt2","Jardineria mt2",null,null,null,null,619,"",{"$f":"IF($D33=\"Servicio\",SUMIF('Resumen - CSV'!$D:$D,$E33,'Resumen - CSV'!$G:$G),SUMIF('Detalle Bienes de Aseo y Caf'!$A:$A,$E33,'Detalle Bienes de Aseo y Caf'!$E:$E))","v":0},1,0,"10Jardineria mt2"]
["10SOSEGE SASJardineria mt2",10,"SOSEGE SAS","Servicio","Jardineria mt2","Jardineria mt2",null,null,null,null,927,"",{"$f":"IF($D34=\"Servicio\",SUMIF('Resumen - CSV'!$D:$D,$E34,'Resumen - CSV'!$G:$G),SUMIF('Detalle Bienes de Aseo y Caf'!$A:$A,$E34,'Detalle Bienes de Aseo y Caf'!$E:$E))","v":0},1,0,"10Jardineria mt2"]
["10UNION  TEMPORAL LADOINSA 2022Jardineria mt2",10,"UNION  TEMPORAL LADOINSA 2022","Servicio","Jardineria mt2","Jardineria mt2",null,null,null,null,4326,"",{"$f":"IF($D35=\"Servicio\",SUMIF('Resumen - CSV'!$D:$D,$E35,'Resumen - CSV'!$G:$G),SUMIF('Detalle Bienes de Aseo y Caf'!$A:$A,$E35,'Detalle Bienes de Aseo y Caf'!$E:$E))","v":0},1,0,"10Jardineria mt2"]
["10UNIÓN TEMPORAL ASEO COLOMBIA AMP4Jardineria mt2",10,"UNIÓN TEMPORAL ASEO COLOMBIA AMP4","Servicio","Jardineria mt2","Jardineria mt2",null,null,null,null,619,"",{"$f":"IF($D36=\"Servicio\",SUMIF('Resumen - CSV'!$D:$D,$E36,'Resumen - CSV'!$G:$G),SUMIF('Detalle Bienes de Aseo y Caf'!$A:$A,$E36,'Detalle Bienes de Aseo y Caf'!$E:$E))","v":0},1,0,"10Jardineria mt2"]
["10UNIÓN TEMPORAL CCE AMP IV 2022Jardineria mt2",10,"UNIÓN TEMPORAL CCE AMP IV 2022","Servicio","Jardineria mt2","Jardineria mt2",null,null,null,null,989,"",{"$f":"IF($D37=\"Servicio\",SUMIF('Resumen - CSV'!$D:$D,$E37,'Resumen - CSV'!$G:$G),SUMIF('Detalle Bienes de Aseo y Caf'!$A:$A,$E37,'Detalle Bienes de Aseo y Caf'!$E:$E))","v":0},1,0,"10Jardineria mt2"]
["10UNION TEMPORAL CLEAN COLOMBIAJardineria mt2",10,"UNION TEMPORAL CLEAN COLOMBIA","Servicio","Jardineria mt2","Jardineria mt2",null,null,null,null,433,"",{"$f":"IF($D38=\"Servicio\",SUMIF('Resumen - CSV'!$D:$D,$E38,'Resumen - CSV'!$G:$G),SUMIF('Detalle Bienes de Aseo y Caf'!$A:$A,$E38,'Detalle Bienes de Aseo y Caf'!$E:$E))","v":0},1,0,"10Jardineria mt2"]
["10UNION TEMPORAL ECOLIMPIEZA 4GJardineria mt2",10,"UNION TEMPORAL ECOLIMPIEZA 4G","Servicio","Jardineria mt2","Jardineria mt2",null,null,null,null,494,"",{"$f":"IF($D39=\"Servicio\",SUMIF('Resumen - CSV'!$D:$D,$E39,'Resumen - CSV'!$G:$G),SUMIF('Detalle Bienes de Aseo y Caf'!$A:$A,$E39,'Detalle Bienes de Aseo y Caf'!$E:$E))","v":0},1,0,"10Jardineria mt2"]
["10UNIÓN TEMPORAL EMINSER SOLOASEO 2023Jardineria mt2",10,"UNIÓN TEMPORAL EMINSER SOLOASEO 2023","Servicio","Jardineria mt2","Jardineria mt2",null,null,null,null,223,"",{"$f":"IF($D40=\"Servicio\",SUMIF('Resumen - CSV'!$D:$D,$E40,'Resumen - CSV'!$G:$G),SUMIF('Detalle Bienes de Aseo y Caf'!$A:$A,$E40,'Detalle Bienes de Aseo y Caf'!$E:$E))","v":0},1,0,"10Jardineria mt2"]
["10UNION TEMPORAL OUTSOURCING GIAFJardineria mt2",10,"UNION TEMPORAL OUTSOURCING GIAF","Servicio","Jardineria mt2","Jardineria mt2",null,null,null,null,564,"",{"$f":"IF($D41=\"Servicio\",SUMIF('Resumen - CSV'!$D:$D,$E41,'Resumen - CSV'!$G:$G),SUMIF('Detalle Bienes de Aseo y Caf'!$A:$A,$E41,'Detalle Bienes de Aseo y Caf'!$E:$E))","v":0},1,0,"10Jardineria mt2"]
["10UNION TEMPORAL R&J 2022Jardineria mt2",10,"UNION TEMPORAL R&J 2022","Servicio","Jardineria mt2","Jardineria mt2",null,null,null,null,1236,"",{"$f":"IF($D42=\"Servicio\",SUMIF('Resumen - CSV'!$D:$D,$E42,'Resumen - CSV'!$G:$G),SUMIF('Detalle Bienes de Aseo y Caf'!$A:$A,$E42,'Detalle Bienes de Aseo y Caf'!$E:$E))","v":0},1,0,"10Jardineria mt2"]
["10UNION TEMPORAL SERVICIOS INTEGRALESJardineria mt2",10,"UNION TEMPORAL SERVICIOS INTEGRALES","Servicio","Jardineria mt2","Jardineria mt2",null,null,null,null,720,"",{"$f":"IF($D43=\"Servicio\",SUMIF('Resumen - CSV'!$D:$D,$E43,'Resumen - CSV'!$G:$G),SUMIF('Detalle Bienes de Aseo y Caf'!$A:$A,$E43,'Detalle Bienes de Aseo y Caf'!$E:$E))","v":0},1,0,"10Jardineria mt2"]
["10UT EASYCLEAN ASEO PROFESIONALJardineria mt2",10,"UT EASYCLEAN ASEO PROFESIONAL","Servicio","Jardineria mt2","Jardineria mt2",null,null,null,null,604,"",{"$f":"IF($D44=\"Servicio\",SUMIF('Resumen - CSV'!$D:$D,$E44,'Resumen - CSV'!$G:$G),SUMIF('Detalle Bienes de Aseo y Caf'!$A:$A,$E44,'Detalle Bienes de Aseo y Caf'!$E:$E))","v":0},1,0,"10Jardineria mt2"]
["10UT GRUPO ADINJardineria mt2",10,"UT GRUPO ADIN","Servicio","Jardineria mt2","Jardineria mt2",null,null,null,null,751,"",{"$f":"IF($D45=\"Servicio\",SUMIF('Resumen - CSV'!$D:$D,$E45,'Resumen - CSV'!$G:$G),SUMIF('Detalle Bienes de Aseo y Caf'!$A:$A,$E45,'Detalle Bienes de Aseo y Caf'!$E:$E))","v":0},1,0,"10Jardineria mt2"]
["10ASECOLBAS LTDAOperario de aseo y cafetería con compromiso social",10,"ASECOLBAS LTDA","Servicio","Operario de aseo y cafetería con compromiso social","Operario de aseo y cafetería con compromiso social",null,null,null,null,2627978,"",{"$f":"IF($D46=\"Servicio\",SUMIF('Resumen - CSV'!$D:$D,$E46,'Resumen - CSV'!$G:$G),SUMIF('Detalle Bienes de Aseo y Caf'!$A:$A,$E46,'Detalle Bienes de Aseo y Caf'!$E:$E))","v":0},1,0,"10Operario de aseo y cafetería con compromiso social"]
["10CLEANER S.A.Operario de aseo y cafetería con compromiso social",10,"CLEANER S.A.","Servicio","Operario de aseo y cafetería con compromiso social","Operario de aseo y cafetería con compromiso social",null,null,null,null,2627978,"",{"$f":"IF($D47=\"Servicio\",SUMIF('Resumen - CSV'!$D:$D,$E47,'Resumen - CSV'!$G:$G),SUMIF('Detalle Bienes de Aseo y Caf'!$A:$A,$E47,'Detalle Bienes de Aseo y Caf'!$E:$E))","v":0},1,0,"10Operario de aseo y cafetería con compromiso social"]
["10CONSERJES INMOBILIARIOS LTDAOperario de aseo y cafetería con compromiso social",10,"CONSERJES INMOBILIARIOS LTDA","Servicio","Operario de aseo y cafetería con compromiso social","Operario de aseo y cafetería con compromiso social",null,null,null,null,2627978,"",{"$f":"IF($D48=\"Servicio\",SUMIF('Resumen - CSV'!$D:$D,$E48,'Resumen - CSV'!$G:$G),SUMIF('Detalle Bienes de Aseo y Caf'!$A:$A,$E48,'Detalle Bienes de Aseo y Caf'!$E:$E))","v":0},1,0,"10Operario de aseo y cafetería con compromiso social"]
["10CONSORCIO ELITEOperario de aseo y cafetería con compromiso social",10,"CONSORCIO ELITE","Servicio","Operario de aseo y cafetería con compromiso social","Operario de aseo y cafetería con compromiso social",null,null,null,null,2627978,"",{"$f":"IF($D49=\"Servicio\",SUMIF('Resumen - CSV'!$D:$D,$E49,'Resumen - CSV'!$G:$G),SUMIF('Detalle Bienes de Aseo y Caf'!$A:$A,$E49,'Detalle Bienes de Aseo y Caf'!$E:$E))","v":0},1,0,"10Operario de aseo y cafetería con compromiso social"]
["10CONSORCIO KIOSOperario de aseo y cafetería con compromiso social",10,"CONSORCIO KIOS","Servicio","Operario de aseo y cafetería con compromiso social","Operario de aseo y cafetería con compromiso social",null,null,null,null,2627978,"",{"$f":"IF($D50=\"Servicio\",SUMIF('Resumen - CSV'!$D:$D,$E50,'Resumen - CSV'!$G:$G),SUMIF('Detalle Bienes de Aseo y Caf'!$A:$A,$E50,'Detalle Bienes de Aseo y Caf'!$E:$E))","v":0},1,0,"10Operario de aseo y cafetería con compromiso social"]
["10INCINERADOS DEL HUILAOperario de aseo y cafetería con compromiso social",10,"INCINERADOS DEL HUILA","Servicio","Operario de aseo y cafetería con compromiso social","Operario de aseo y cafetería con compromiso social",null,null,null,null,2627978,"",{"$f":"IF($D51=\"Servicio\",SUMIF('Resumen - CSV'!$D:$D,$E51,'Resumen - CSV'!$G:$G),SUMIF('Detalle Bienes de Aseo y Caf'!$A:$A,$E51,'Detalle Bienes de Aseo y Caf'!$E:$E))","v":0},1,0,"10Operario de aseo y cafetería con compromiso social"]
["10INTERASEO SAS ESPOperario de aseo y cafetería con compromiso social",10,"INTERASEO SAS ESP","Servicio","Operario de aseo y cafetería con compromiso social","Operario de aseo y cafetería con compromiso social",null,null,null,null,2627978,"",{"$f":"IF($D52=\"Servicio\",SUMIF('Resumen - CSV'!$D:$D,$E52,'Resumen - CSV'!$G:$G),SUMIF('Detalle Bienes de Aseo y Caf'!$A:$A,$E52,'Detalle Bienes de Aseo y Caf'!$E:$E))","v":0},1,0,"10Operario de aseo y cafetería con compromiso social"]
["10LIMPIEZA INSTITUCIONAL LASU S.A.S.Operario de aseo y cafetería con compromiso social",10,"LIMPIEZA INSTITUCIONAL LASU S.A.S.","Servicio","Operario de aseo y cafetería con compromiso social","Operario de aseo y cafetería con compromiso social",null,null,null,null,2627978,"",{"$f":"IF($D53=\"Servicio\",SUMIF('Resumen - CSV'!$D:$D,$E53,'Resumen - CSV'!$G:$G),SUMIF('Detalle Bienes de Aseo y Caf'!$A:$A,$E53,'Detalle Bienes de Aseo y Caf'!$E:$E))","v":0},1,0,"10Operario de aseo y cafetería con compromiso social"]
["10SERVIASEO S.AOperario de aseo y cafetería con compromiso social",10,"SERVIASEO S.A","Servicio","Operario de aseo y cafetería con compromiso social","Operario de aseo y cafetería con compromiso social",null,null,null,null,2627978,"",{"$f":"IF($D54=\"Servicio\",SUMIF('Resumen - CSV'!$D:$D,$E54,'Resumen - CSV'!$G:$G),SUMIF('Detalle Bienes de Aseo y Caf'!$A:$A,$E54,'Detalle Bienes de Aseo y Caf'!$E:$E))","v":0},1,0,"10Operario de aseo y cafetería con compromiso social"]
["10SERVITALENTOSOperario de aseo y cafetería con compromiso social",10,"SERVITALENTOS","Servicio","Operario de aseo y cafetería con compromiso social","Operario de aseo y cafetería con compromiso social",null,null,null,null,2627978,"",{"$f":"IF($D55=\"Servicio\",SUMIF('Resumen - CSV'!$D:$D,$E55,'Resumen - CSV'!$G:$G),SUMIF('Detalle Bienes de Aseo y Caf'!$A:$A,$E55,'Detalle Bienes de Aseo y Caf'!$E:$E))","v":0},1,0,"10Operario de aseo y cafetería con compromiso social"]
["10SOSEGE SASOperario de aseo y cafetería con compromiso social",10,"SOSEGE SAS","Servicio","Operario de aseo y cafetería con compromiso social","Operario de aseo y cafetería con compromiso social",null,null,null,null,2627978,"",{"$f":"IF($D56=\"Servicio\",SUMIF('Resumen - CSV'!$D:$D,$E56,'Resumen - CSV'!$G:$G),SUMIF('Detalle Bienes de Aseo y Caf'!$A:$A,$E56,'Detalle Bienes de Aseo y Caf'!$E:$E))","v":0},1,0,"10Operario de aseo y cafetería con compromiso social"]
["10UNION  TEMPORAL LADOINSA 2022Operario de aseo y cafetería con compromiso social",10,"UNION  TEMPORAL LADOINSA 2022","Servicio","Operario de aseo y cafetería con compromiso social","Operario de aseo y cafetería con compromiso social",null,null,null,null,2627978,"",{"$f":"IF($D57=\"Servicio\",SUMIF('Resumen - CSV'!$D:$D,$E57,'Resumen - CSV'!$G:$G),SUMIF('Detalle Bienes de Aseo y Caf'!$A:$A,$E57,'Detalle Bienes de Aseo y Caf'!$E:$E))","v":0},1,0,"10Operario de aseo y cafetería con compromiso social"]
["10UNIÓN TEMPORAL ASEO COLOMBIA AMP4Operario de aseo y cafetería con compromiso social",10,"UNIÓN TEMPORAL ASEO COLOMBIA AMP4","Servicio","Operario de aseo y cafetería con compromiso social","Operario de aseo y cafetería con compromiso social",null,null,null,null,2627978,"",{"$f":"IF($D58=\"Servicio\",SUMIF('Resumen - CSV'!$D:$D,$E58,'Resumen - CSV'!$G:$G),SUMIF('Detalle Bienes de Aseo y Caf'!$A:$A,$E58,'Detalle Bienes de Aseo y Caf'!$E:$E))","v":0},1,0,"10Operario de aseo y cafetería con compromiso social"]
["10UNIÓN TEMPORAL CCE AMP IV 2022Operario de aseo y cafetería con compromiso social",10,"UNIÓN TEMPORAL CCE AMP IV 2022","Servicio","Operario de aseo y cafetería con compromiso social","Operario de aseo y cafetería con compromiso social",null,null,null,null,2627978,"",{"$f":"IF($D59=\"Servicio\",SUMIF('Resumen - CSV'!$D:$D,$E59,'Resumen - CSV'!$G:$G),SUMIF('Detalle Bienes de Aseo y Caf'!$A:$A,$E59,'Detalle Bienes de Aseo y Caf'!$E:$E))","v":0},1,0,"10Operario de aseo y cafetería con compromiso social"]
["10UNION TEMPORAL CLEAN COLOMBIAOperario de aseo y cafetería con compromiso social",10,"UNION TEMPORAL CLEAN COLOMBIA","Servicio","Operario de aseo y cafetería con compromiso social","Operario de aseo y cafetería con compromiso social",null,null,null,null,2627978,"",{"$f":"IF($D60=\"Servicio\",SUMIF('Resumen - CSV'!$D:$D,$E60,'Resumen - CSV'!$G:$G),SUMIF('Detalle Bienes de Aseo y Caf'!$A:$A,$E60,'Detalle Bienes de Aseo y Caf'!$E:$E))","v":0},1,0,"10Operario de aseo y cafetería con compromiso social"]
["10UNION TEMPORAL ECOLIMPIEZA 4GOperario de aseo y cafetería con compromiso social",10,"UNION TEMPORAL ECOLIMPIEZA 4G","Servicio","Operario de aseo y cafetería con compromiso social","Operario de aseo y cafetería con compromiso social",null,null,null,null,2627978,"",{"$f":"IF($D61=\"Servicio\",SUMIF('Resumen - CSV'!$D:$D,$E61,'Resumen - CSV'!$G:$G),SUMIF('Detalle Bienes de Aseo y Caf'!$A:$A,$E61,'Detalle Bienes de Aseo y Caf'!$E:$E))","v":0},1,0,"10Operario de aseo y cafetería con compromiso social"]
["10UNIÓN TEMPORAL EMINSER SOLOASEO 2023Operario de aseo y cafetería con compromiso social",10,"UNIÓN TEMPORAL EMINSER SOLOASEO 2023","Servicio","Operario de aseo y cafetería con compromiso social","Operario de aseo y cafetería con compromiso social",null,null,null,null,2627978,"",{"$f":"IF($D62=\"Servicio\",SUMIF('Resumen - CSV'!$D:$D,$E62,'Resumen - CSV'!$G:$G),SUMIF('Detalle Bienes de Aseo y Caf'!$A:$A,$E62,'Detalle Bienes de Aseo y Caf'!$E:$E))","v":0},1,0,"10Operario de aseo y cafetería con compromiso social"]
["10UNION TEMPORAL OUTSOURCING GIAFOperario de aseo y cafetería con compromiso social",10,"UNION TEMPORAL OUTSOURCING GIAF","Servicio","Operario de aseo y cafetería con compromiso social","Operario de aseo y cafetería con compromiso social",null,null,null,null,2627978,"",{"$f":"IF($D63=\"Servicio\",SUMIF('Resumen - CSV'!$D:$D,$E63,'Resumen - CSV'!$G:$G),SUMIF('Detalle Bienes de Aseo y Caf'!$A:$A,$E63,'Detalle Bienes de Aseo y Caf'!$E:$E))","v":0},1,0,"10Operario de aseo y cafetería con compromiso social"]
["10UNION TEMPORAL R&J 2022Operario de aseo y cafetería con compromiso social",10,"UNION TEMPORAL R&J 2022","Servicio","Operario de aseo y cafetería con compromiso social","Operario de aseo y cafetería con compromiso social",null,null,null,null,2627978,"",{"$f":"IF($D64=\"Servicio\",SUMIF('Resumen - CSV'!$D:$D,$E64,'Resumen - CSV'!$G:$G),SUMIF('Detalle Bienes de Aseo y Caf'!$A:$A,$E64,'Detalle Bienes de Aseo y Caf'!$E:$E))","v":0},1,0,"10Operario de aseo y cafetería con compromiso social"]
["10UNION TEMPORAL SERVICIOS INTEGRALESOperario de aseo y cafetería con compromiso social",10,"UNION TEMPORAL SERVICIOS INTEGRALES","Servicio","Operario de aseo y cafetería con compromiso social","Operario de aseo y cafetería con compromiso social",null,null,null,null,2627978,"",{"$f":"IF($D65=\"Servicio\",SUMIF('Resumen - CSV'!$D:$D,$E65,'Resumen - CSV'!$G:$G),SUMIF('Detalle Bienes de Aseo y Caf'!$A:$A,$E65,'Detalle Bienes de Aseo y Caf'!$E:$E))","v":0},1,0,"10Operario de aseo y cafetería con compromiso social"]
["10UT EASYCLEAN ASEO PROFESIONALOperario de aseo y cafetería con compromiso social",10,"UT EASYCLEAN ASEO PROFESIONAL","Servicio","Operario de aseo y cafetería con compromiso social","Operario de aseo y cafetería con compromiso social",null,null,null,null,2627978,"",{"$f":"IF($D66=\"Servicio\",SUMIF('Resumen - CSV'!$D:$D,$E66,'Resumen - CSV'!$G:$G),SUMIF('Detalle Bienes de Aseo y Caf'!$A:$A,$E66,'Detalle Bienes de Aseo y Caf'!$E:$E))","v":0},1,0,"10Operario de aseo y cafetería con compromiso social"]
["10UT GRUPO ADINOperario de aseo y cafetería con compromiso social",10,"UT GRUPO ADIN","Servicio","Operario de aseo y cafetería con compromiso social","Operario de aseo y cafetería con compromiso social",null,null,null,null,2627978,{"$f":"IF($D67=\"Bien\",$K67*$M67,\"\")","v":""},{"$f":"IF($D67=\"Servicio\",SUMIF('Resumen - CSV'!$D:$D,$E67,'Resumen - CSV'!$G:$G),SUMIF('Detalle Bienes de Aseo y Caf'!$A:$A,$E67,'Detalle Bienes de Aseo y Caf'!$E:$E))","v":0},1,{"$f":"$K67*M67*N67","v":0},"10Operario de aseo y cafetería con compromiso social"]
["10ASECOLBAS LTDAOperario de aseo y cafetería",10,"ASECOLBAS LTDA","Servicio","Operario de aseo y cafetería","Operario de aseo y cafetería",null,null,null,null,2465868,"",{"$f":"IF($D68=\"Servicio\",SUMIF('Resumen - CSV'!$D:$D,$E68,'Resumen - CSV'!$G:$G),SUMIF('Detalle Bienes de Aseo y Caf'!$A:$A,$E68,'Detalle Bienes de Aseo y Caf'!$E:$E))","v":4},1,9863472,"10Operario de aseo y cafetería"]
["10CLEANER S.A.Operario de aseo y cafetería",10,"CLEANER S.A.","Servicio","Operario de aseo y cafetería","Operario de aseo y cafetería",null,null,null,null,2465868,"",{"$f":"IF($D69=\"Servicio\",SUMIF('Resumen - CSV'!$D:$D,$E69,'Resumen - CSV'!$G:$G),SUMIF('Detalle Bienes de Aseo y Caf'!$A:$A,$E69,'Detalle Bienes de Aseo y Caf'!$E:$E))","v":4},1,9863472,"10Operario de aseo y cafetería"]
["10CONSERJES INMOBILIARIOS LTDAOperario de aseo y cafetería",10,"CONSERJES INMOBILIARIOS LTDA","Servicio","Operario de aseo y cafetería","Operario de aseo y cafetería",null,null,null,null,2465868,"",{"$f":"IF($D70=\"Servicio\",SUMIF('Resumen - CSV'!$D:$D,$E70,'Resumen - CSV'!$G:$G),SUMIF('Detalle Bienes de Aseo y Caf'!$A:$A,$E70,'Detalle Bienes de Aseo y Caf'!$E:$E))","v":4},1,9863472,"10Operario de aseo y cafetería"]
["10CONSORCIO ELITEOperario de aseo y cafetería",10,"CONSORCIO ELITE","Servicio","Operario de aseo y cafetería","Operario de aseo y cafetería",null,null,null,null,2465868,"",{"$f":"IF($D71=\"Servicio\",SUMIF('Resumen - CSV'!$D:$D,$E71,'Resumen - CSV'!$G:$G),SUMIF('Detalle Bienes de Aseo y Caf'!$A:$A,$E71,'Detalle Bienes de Aseo y Caf'!$E:$E))","v":4},1,9863472,"10Operario de aseo y cafetería"]
["10CONSORCIO KIOSOperario de aseo y cafetería",10,"CONSORCIO KIOS","Servicio","Operario de aseo y cafetería","Operario de aseo y cafetería",null,null,null,null,2465868,"",{"$f":"IF($D72=\"Servicio\",SUMIF('Resumen - CSV'!$D:$D,$E72,'Resumen - CSV'!$G:$G),SUMIF('Detalle Bienes de Aseo y Caf'!$A:$A,$E72,'Detalle Bienes de Aseo y Caf'!$E:$E))","v":4},1,9863472,"10Operario de aseo y cafetería"]
["10INCINERADOS DEL HUILAOperario de aseo y cafetería",10,"INCINERADOS DEL HUILA","Servicio","Operario de aseo y cafetería","Operario de aseo y cafetería",null,null,null,null,2465868,"",{"$f":"IF($D73=\"Servicio\",SUMIF('Resumen - CSV'!$D:$D,$E73,'Resumen - CSV'!$G:$G),SUMIF('Detalle Bienes de Aseo y Caf'!$A:$A,$E73,'Detalle Bienes de Aseo y Caf'!$E:$E))","v":4},1,9863472,"10Operario de aseo y cafetería"]
["10INTERASEO SAS ESPOperario de aseo y cafetería",10,"INTERASEO SAS ESP","Servicio","Operario de aseo y cafetería","Operario de aseo y cafetería",null,null,null,null,2465868,"",{"$f":"IF($D74=\"Servicio\",SUMIF('Resumen - CSV'!$D:$D,$E74,'Resumen - CSV'!$G:$G),SUMIF('Detalle Bienes de Aseo y Caf'!$A:$A,$E74,'Detalle Bienes de Aseo y Caf'!$E:$E))","v":4},1,9863472,"10Operario de aseo y cafetería"]
["10LIMPIEZA INSTITUCIONAL LASU S.A.S.Operario de aseo y cafetería",10,"LIMPIEZA INSTITUCIONAL LASU S.A.S.","Servicio","Operario de aseo y cafetería","Operario de aseo y cafetería",null,null,null,null,2465868,"",{"$f":"IF($D75=\"Servicio\",SUMIF('Resumen - CSV'!$D:$D,$E75,'Resumen - CSV'!$G:$G),SUMIF('Detalle Bienes de Aseo y Caf'!$A:$A,$E75,'Detalle Bienes de Aseo y Caf'!$E:$E))","v":4},1,9863472,"10Operario de aseo y cafetería"]
["10SERVIASEO S.AOperario de aseo y cafetería",10,"SERVIASEO S.A","Servicio","Operario de aseo y cafetería","Operario de aseo y cafetería",null,null,null,null,2465868,"",{"$f":"IF($D76=\"Servicio\",SUMIF('Resumen - CSV'!$D:$D,$E76,'Resumen - CSV'!$G:$G),SUMIF('Detalle Bienes de Aseo y Caf'!$A:$A,$E76,'Detalle Bienes de Aseo y Caf'!$E:$E))","v":4},1,9863472,"10Operario de aseo y cafetería"]
["10SERVITALENTOSOperario de aseo y cafetería",10,"SERVITALENTOS","Servicio","Operario de aseo y cafetería","Operario de aseo y cafetería",null,null,null,null,2465868,"",{"$f":"IF($D77=\"Servicio\",SUMIF('Resumen - CSV'!$D:$D,$E77,'Resumen - CSV'!$G:$G),SUMIF('Detalle Bienes de Aseo y Caf'!$A:$A,$E77,'Detalle Bienes de Aseo y Caf'!$E:$E))","v":4},1,9863472,"10Operario de aseo y cafetería"]
["10SOSEGE SASOperario de aseo y cafetería",10,"SOSEGE SAS","Servicio","Operario de aseo y cafetería","Operario de aseo y cafetería",null,null,null,null,2465868,"",{"$f":"IF($D78=\"Servicio\",SUMIF('Resumen - CSV'!$D:$D,$E78,'Resumen - CSV'!$G:$G),SUMIF('Detalle Bienes de Aseo y Caf'!$A:$A,$E78,'Detalle Bienes de Aseo y Caf'!$E:$E))","v":4},1,9863472,"10Operario de aseo y cafetería"]
["10UNION  TEMPORAL LADOINSA 2022Operario de aseo y cafetería",10,"UNION  TEMPORAL LADOINSA 2022","Servicio","Operario de aseo y cafetería","Operario de aseo y cafetería",null,null,null,null,2465868,"",{"$f":"IF($D79=\"Servicio\",SUMIF('Resumen - CSV'!$D:$D,$E79,'Resumen - CSV'!$G:$G),SUMIF('Detalle Bienes de Aseo y Caf'!$A:$A,$E79,'Detalle Bienes de Aseo y Caf'!$E:$E))","v":4},1,9863472,"10Operario de aseo y cafetería"]
["10UNIÓN TEMPORAL ASEO COLOMBIA AMP4Operario de aseo y cafetería",10,"UNIÓN TEMPORAL ASEO COLOMBIA AMP4","Servicio","Operario de aseo y cafetería","Operario de aseo y cafetería",null,null,null,null,2465868,"",{"$f":"IF($D80=\"Servicio\",SUMIF('Resumen - CSV'!$D:$D,$E80,'Resumen - CSV'!$G:$G),SUMIF('Detalle Bienes de Aseo y Caf'!$A:$A,$E80,'Detalle Bienes de Aseo y Caf'!$E:$E))","v":4},1,9863472,"10Operario de aseo y cafetería"]
["10UNIÓN TEMPORAL CCE AMP IV 2022Operario de aseo y cafetería",10,"UNIÓN TEMPORAL CCE AMP IV 2022","Servicio","Operario de aseo y cafetería","Operario de aseo y cafetería",null,null,null,null,2465868,"",{"$f":"IF($D81=\"Servicio\",SUMIF('Resumen - CSV'!$D:$D,$E81,'Resumen - CSV'!$G:$G),SUMIF('Detalle Bienes de Aseo y Caf'!$A:$A,$E81,'Detalle Bienes de Aseo y Caf'!$E:$E))","v":4},1,9863472,"10Operario de aseo y cafetería"]
["10UNION TEMPORAL CLEAN COLOMBIAOperario de aseo y cafetería",10,"UNION TEMPORAL CLEAN COLOMBIA","Servicio","Operario de aseo y cafetería","Operario de aseo y cafetería",null,null,null,null,2465868,"",{"$f":"IF($D82=\"Servicio\",SUMIF('Resumen - CSV'!$D:$D,$E82,'Resumen - CSV'!$G:$G),SUMIF('Detalle Bienes de Aseo y Caf'!$A:$A,$E82,'Detalle Bienes de Aseo y Caf'!$E:$E))","v":4},1,9863472,"10Operario de aseo y cafetería"]
["10UNION TEMPORAL ECOLIMPIEZA 4GOperario de aseo y cafetería",10,"UNION TEMPORAL ECOLIMPIEZA 4G","Servicio","Operario de aseo y cafetería","Operario de aseo y cafetería",null,null,null,null,2465868,"",{"$f":"IF($D83=\"Servicio\",SUMIF('Resumen - CSV'!$D:$D,$E83,'Resumen - CSV'!$G:$G),SUMIF('Detalle Bienes de Aseo y Caf'!$A:$A,$E83,'Detalle Bienes de Aseo y Caf'!$E:$E))","v":4},1,9863472,"10Operario de aseo y cafetería"]
["10UNIÓN TEMPORAL EMINSER SOLOASEO 2023Operario de aseo y cafetería",10,"UNIÓN TEMPORAL EMINSER SOLOASEO 2023","Servicio","Operario de aseo y cafetería","Operario de aseo y cafetería",null,null,null,null,2465868,"",{"$f":"IF($D84=\"Servicio\",SUMIF('Resumen - CSV'!$D:$D,$E84,'Resumen - CSV'!$G:$G),SUMIF('Detalle Bienes de Aseo y Caf'!$A:$A,$E84,'Detalle Bienes de Aseo y Caf'!$E:$E))","v":4},1,9863472,"10Operario de aseo y cafetería"]
["10UNION TEMPORAL OUTSOURCING GIAFOperario de aseo y cafetería",10,"UNION TEMPORAL OUTSOURCING GIAF","Servicio","Operario de aseo y cafetería","Operario de aseo y cafetería",null,null,null,null,2465868,"",{"$f":"IF($D85=\"Servicio\",SUMIF('Resumen - CSV'!$D:$D,$E85,'Resumen - CSV'!$G:$G),SUMIF('Detalle Bienes de Aseo y Caf'!$A:$A,$E85,'Detalle Bienes de Aseo y Caf'!$E:$E))","v":4},1,9863472,"10Operario de aseo y cafetería"]
["10UNION TEMPORAL R&J 2022Operario de aseo y cafetería",10,"UNION TEMPORAL R&J 2022","Servicio","Operario de aseo y cafetería","Operario de aseo y cafetería",null,null,null,null,2465868,"",{"$f":"IF($D86=\"Servicio\",SUMIF('Resumen - CSV'!$D:$D,$E86,'Resumen - CSV'!$G:$G),SUMIF('Detalle Bienes de Aseo y Caf'!$A:$A,$E86,'Detalle Bienes de Aseo y Caf'!$E:$E))","v":4},1,9863472,"10Operario de aseo y cafetería"]
["10UNION TEMPORAL SERVICIOS INTEGRALESOperario de aseo y cafetería",10,"UNION TEMPORAL SERVICIOS INTEGRALES","Servicio","Operario de aseo y cafetería","Operario de aseo y cafetería",null,null,null,null,2465868,"",{"$f":"IF($D87=\"Servicio\",SUMIF('Resumen - CSV'!$D:$D,$E87,'Resumen - CSV'!$G:$G),SUMIF('Detalle Bienes de Aseo y Caf'!$A:$A,$E87,'Detalle Bienes de Aseo y Caf'!$E:$E))","v":4},1,9863472,"10Operario de aseo y cafetería"]
["10UT EASYCLEAN ASEO PROFESIONALOperario de aseo y cafetería",10,"UT EASYCLEAN ASEO PROFESIONAL","Servicio","Operario de aseo y cafetería","Operario de aseo y cafetería",null,null,null,null,2465868,"",{"$f":"IF($D88=\"Servicio\",SUMIF('Resumen - CSV'!$D:$D,$E88,'Resumen - CSV'!$G:$G),SUMIF('Detalle Bienes de Aseo y Caf'!$A:$A,$E88,'Detalle Bienes de Aseo y Caf'!$E:$E))","v":4},1,9863472,"10Operario de aseo y cafetería"]
["10UT GRUPO ADINOperario de aseo y cafetería",10,"UT GRUPO ADIN","Servicio","Operario de aseo y cafetería","Operario de aseo y cafetería",null,null,null,null,2465868,"",{"$f":"IF($D89=\"Servicio\",SUMIF('Resumen - CSV'!$D:$D,$E89,'Resumen - CSV'!$G:$G),SUMIF('Detalle Bienes de Aseo y Caf'!$A:$A,$E89,'Detalle Bienes de Aseo y Caf'!$E:$E))","v":4},1,9863472,"10Operario de aseo y cafetería"]
["10ASECOLBAS LTDAOperario de mantenimiento",10,"ASECOLBAS LTDA","Servicio","Operario de mantenimiento","Operario de mantenimiento",null,null,null,null,2465868,"",{"$f":"IF($D90=\"Servicio\",SUMIF('Resumen - CSV'!$D:$D,$E90,'Resumen - CSV'!$G:$G),SUMIF('Detalle Bienes de Aseo y Caf'!$A:$A,$E90,'Detalle Bienes de Aseo y Caf'!$E:$E))","v":0},1,0,"10Operario de mantenimiento"]
["10CLEANER S.A.Operario de mantenimiento",10,"CLEANER S.A.","Servicio","Operario de mantenimiento","Operario de mantenimiento",null,null,null,null,2465868,"",{"$f":"IF($D91=\"Servicio\",SUMIF('Resumen - CSV'!$D:$D,$E91,'Resumen - CSV'!$G:$G),SUMIF('Detalle Bienes de Aseo y Caf'!$A:$A,$E91,'Detalle Bienes de Aseo y Caf'!$E:$E))","v":0},1,0,"10Operario de mantenimiento"]
["10CONSERJES INMOBILIARIOS LTDAOperario de mantenimiento",10,"CONSERJES INMOBILIARIOS LTDA","Servicio","Operario de mantenimiento","Operario de mantenimiento",null,null,null,null,2465868,"",{"$f":"IF($D92=\"Servicio\",SUMIF('Resumen - CSV'!$D:$D,$E92,'Resumen - CSV'!$G:$G),SUMIF('Detalle Bienes de Aseo y Caf'!$A:$A,$E92,'Detalle Bienes de Aseo y Caf'!$E:$E))","v":0},1,0,"10Operario de mantenimiento"]
["10CONSORCIO ELITEOperario de mantenimiento",10,"CONSORCIO ELITE","Servicio","Operario de mantenimiento","Operario de mantenimiento",null,null,null,null,2465868,"",{"$f":"IF($D93=\"Servicio\",SUMIF('Resumen - CSV'!$D:$D,$E93,'Resumen - CSV'!$G:$G),SUMIF('Detalle Bienes de Aseo y Caf'!$A:$A,$E93,'Detalle Bienes de Aseo y Caf'!$E:$E))","v":0},1,0,"10Operario de mantenimiento"]
["10CONSORCIO KIOSOperario de mantenimiento",10,"CONSORCIO KIOS","Servicio","Operario de mantenimiento","Operario de mantenimiento",null,null,null,null,2465868,"",{"$f":"IF($D94=\"Servicio\",SUMIF('Resumen - CSV'!$D:$D,$E94,'Resumen - CSV'!$G:$G),SUMIF('Detalle Bienes de Aseo y Caf'!$A:$A,$E94,'Detalle Bienes de Aseo y Caf'!$E:$E))","v":0},1,0,"10Operario de mantenimiento"]
["10INCINERADOS DEL HUILAOperario de mantenimiento",10,"INCINERADOS DEL HUILA","Servicio","Operario de mantenimiento","Operario de mantenimiento",null,null,null,null,2465868,"",{"$f":"IF($D95=\"Servicio\",SUMIF('Resumen - CSV'!$D:$D,$E95,'Resumen - CSV'!$G:$G),SUMIF('Detalle Bienes de Aseo y Caf'!$A:$A,$E95,'Detalle Bienes de Aseo y Caf'!$E:$E))","v":0},1,0,"10Operario de mantenimiento"]
["10INTERASEO SAS ESPOperario de mantenimiento",10,"INTERASEO SAS ESP","Servicio","Operario de mantenimiento","Operario de mantenimiento",null,null,null,null,2465868,"",{"$f":"IF($D96=\"Servicio\",SUMIF('Resumen - CSV'!$D:$D,$E96,'Resumen - CSV'!$G:$G),SUMIF('Detalle Bienes de Aseo y Caf'!$A:$A,$E96,'Detalle Bienes de Aseo y Caf'!$E:$E))","v":0},1,0,"10Operario de mantenimiento"]
["10LIMPIEZA INSTITUCIONAL LASU S.A.S.Operario de mantenimiento",10,"LIMPIEZA INSTITUCIONAL LASU S.A.S.","Servicio","Operario de mantenimiento","Operario de mantenimiento",null,null,null,null,2465868,"",{"$f":"IF($D97=\"Servicio\",SUMIF('Resumen - CSV'!$D:$D,$E97,'Resumen - CSV'!$G:$G),SUMIF('Detalle Bienes de Aseo y Caf'!$A:$A,$E97,'Detalle Bienes de Aseo y Caf'!$E:$E))","v":0},1,0,"10Operario de mantenimiento"]
["10SERVIASEO S.AOperario de mantenimiento",10,"SERVIASEO S.A","Servicio","Operario de mantenimiento","Operario de mantenimiento",null,null,null,null,2465868,"",{"$f":"IF($D98=\"Servicio\",SUMIF('Resumen - CSV'!$D:$D,$E98,'Resumen - CSV'!$G:$G),SUMIF('Detalle Bienes de Aseo y Caf'!$A:$A,$E98,'Detalle Bienes de Aseo y Caf'!$E:$E))","v":0},1,0,"10Operario de mantenimiento"]
["10SERVITALENTOSOperario de mantenimiento",10,"SERVITALENTOS","Servicio","Operario de mantenimiento","Operario de mantenimiento",null,null,null,null,2465868,"",{"$f":"IF($D99=\"Servicio\",SUMIF('Resumen - CSV'!$D:$D,$E99,'Resumen - CSV'!$G:$G),SUMIF('Detalle Bienes de Aseo y Caf'!$A:$A,$E99,'Detalle Bienes de Aseo y Caf'!$E:$E))","v":0},1,0,"10Operario de mantenimiento"]
["10SOSEGE SASOperario de mantenimiento",10,"SOSEGE SAS","Servicio","Operario de mantenimiento","Operario de mantenimiento",null,null,null,null,2465868,"",{"$f":"IF($D100=\"Servicio\",SUMIF('Resumen - CSV'!$D:$D,$E100,'Resumen - CSV'!$G:$G),SUMIF('Detalle Bienes de Aseo y Caf'!$A:$A,$E100,'Detalle Bienes de Aseo y Caf'!$E:$E))","v":0},1,0,"10Operario de mantenimiento"]
["10UNION  TEMPORAL LADOINSA 2022Operario de mantenimiento",10,"UNION  TEMPORAL LADOINSA 2022","Servicio","Operario de mantenimiento","Operario de mantenimiento",null,null,null,null,2665025,"",{"$f":"IF($D101=\"Servicio\",SUMIF('Resumen - CSV'!$D:$D,$E101,'Resumen - CSV'!$G:$G),SUMIF('Detalle Bienes de Aseo y Caf'!$A:$A,$E101,'Detalle Bienes de Aseo y Caf'!$E:$E))","v":0},1,0,"10Operario de mantenimiento"]
["10UNIÓN TEMPORAL ASEO COLOMBIA AMP4Operario de mantenimiento",10,"UNIÓN TEMPORAL ASEO COLOMBIA AMP4","Servicio","Operario de mantenimiento","Operario de mantenimiento",null,null,null,null,2465868,"",{"$f":"IF($D102=\"Servicio\",SUMIF('Resumen - CSV'!$D:$D,$E102,'Resumen - CSV'!$G:$G),SUMIF('Detalle Bienes de Aseo y Caf'!$A:$A,$E102,'Detalle Bienes de Aseo y Caf'!$E:$E))","v":0},1,0,"10Operario de mantenimiento"]
["10UNIÓN TEMPORAL CCE AMP IV 2022Operario de mantenimiento",10,"UNIÓN TEMPORAL CCE AMP IV 2022","Servicio","Operario de mantenimiento","Operario de mantenimiento",null,null,null,null,2465868,"",{"$f":"IF($D103=\"Servicio\",SUMIF('Resumen - CSV'!$D:$D,$E103,'Resumen - CSV'!$G:$G),SUMIF('Detalle Bienes de Aseo y Caf'!$A:$A,$E103,'Detalle Bienes de Aseo y Caf'!$E:$E))","v":0},1,0,"10Operario de mantenimiento"]
["10UNION TEMPORAL CLEAN COLOMBIAOperario de mantenimiento",10,"UNION TEMPORAL CLEAN COLOMBIA","Servicio","Operario de mantenimiento","Operario de mantenimiento",null,null,null,null,2465868,"",{"$f":"IF($D104=\"Servicio\",SUMIF('Resumen - CSV'!$D:$D,$E104,'Resumen - CSV'!$G:$G),SUMIF('Detalle Bienes de Aseo y Caf'!$A:$A,$E104,'Detalle Bienes de Aseo y Caf'!$E:$E))","v":0},1,0,"10Operario de mantenimiento"]
["10UNION TEMPORAL ECOLIMPIEZA 4GOperario de mantenimiento",10,"UNION TEMPORAL ECOLIMPIEZA 4G","Servicio","Operario de mantenimiento","Operario de mantenimiento",null,null,null,null,2465868,"",{"$f":"IF($D105=\"Servicio\",SUMIF('Resumen - CSV'!$D:$D,$E105,'Resumen - CSV'!$G:$G),SUMIF('Detalle Bienes de Aseo y Caf'!$A:$A,$E105,'Detalle Bienes de Aseo y Caf'!$E:$E))","v":0},1,0,"10Operario de mantenimiento"]
["10UNIÓN TEMPORAL EMINSER SOLOASEO 2023Operario de mantenimiento",10,"UNIÓN TEMPORAL EMINSER SOLOASEO 2023","Servicio","Operario de mantenimiento","Operario de mantenimiento",null,null,null,null,2465868,"",{"$f":"IF($D106=\"Servicio\",SUMIF('Resumen - CSV'!$D:$D,$E106,'Resumen - CSV'!$G:$G),SUMIF('Detalle Bienes de Aseo y Caf'!$A:$A,$E106,'Detalle Bienes de Aseo y Caf'!$E:$E))","v":0},1,0,"10Operario de mantenimiento"]
["10UNION TEMPORAL OUTSOURCING GIAFOperario de mantenimiento",10,"UNION TEMPORAL OUTSOURCING GIAF","Servicio","Operario de mantenimiento","Operario de mantenimiento",null,null,null,null,2465868,"",{"$f":"IF($D107=\"Servicio\",SUMIF('Resumen - CSV'!$D:$D,$E107,'Resumen - CSV'!$G:$G),SUMIF('Detalle Bienes de Aseo y Caf'!$A:$A,$E107,'Detalle Bienes de Aseo y Caf'!$E:$E))","v":0},1,0,"10Operario de mantenimiento"]
["10UNION TEMPORAL R&J 2022Operario de mantenimiento",10,"UNION TEMPORAL R&J 2022","Servicio","Operario de mantenimiento","Operario de mantenimiento",null,null,null,null,2465868,"",{"$f":"IF($D108=\"Servicio\",SUMIF('Resumen - CSV'!$D:$D,$E108,'Resumen - CSV'!$G:$G),SUMIF('Detalle Bienes de Aseo y Caf'!$A:$A,$E108,'Detalle Bienes de Aseo y Caf'!$E:$E))","v":0},1,0,"10Operario de mantenimiento"]
["10UNION TEMPORAL SERVICIOS INTEGRALESOperario de mantenimiento",10,"UNION TEMPORAL SERVICIOS INTEGRALES","Servicio","Operario de mantenimiento","Operario de mantenimiento",null,null,null,null,2465868,"",{"$f":"IF($D109=\"Servicio\",SUMIF('Resumen - CSV'!$D:$D,$E109,'Resumen - CSV'!$G:$G),SUMIF('Detalle Bienes de Aseo y Caf'!$A:$A,$E109,'Detalle Bienes de Aseo y Caf'!$E:$E))","v":0},1,0,"10Operario de mantenimiento"]
["10UT EASYCLEAN ASEO PROFESIONALOperario de mantenimiento",10,"UT EASYCLEAN ASEO PROFESIONAL","Servicio","Operario de mantenimiento","Operario de mantenimiento",null,null,null,null,2465868,"",{"$f":"IF($D110=\"Servicio\",SUMIF('Resumen - CSV'!$D:$D,$E110,'Resumen - CSV'!$G:$G),SUMIF('Detalle Bienes de Aseo y Caf'!$A:$A,$E110,'Detalle Bienes de Aseo y Caf'!$E:$E))","v":0},1,0,"10Operario de mantenimiento"]
["10UT GRUPO ADINOperario de mantenimiento",10,"UT GRUPO ADIN","Servicio","Operario de mantenimiento","Operario de mantenimiento",null,null,null,null,2465868,"",{"$f":"IF($D111=\"Servicio\",SUMIF('Resumen - CSV'!$D:$D,$E111,'Resumen - CSV'!$G:$G),SUMIF('Detalle Bienes de Aseo y Caf'!$A:$A,$E111,'Detalle Bienes de Aseo y Caf'!$E:$E))","v":0},1,0,"10Operario de mantenimiento"]
["10ASECOLBAS LTDAOperario auxiliar",10,"ASECOLBAS LTDA","Servicio","Operario auxiliar","Operario auxiliar",null,null,null,null,2465868,"",{"$f":"IF($D112=\"Servicio\",SUMIF('Resumen - CSV'!$D:$D,$E112,'Resumen - CSV'!$G:$G),SUMIF('Detalle Bienes de Aseo y Caf'!$A:$A,$E112,'Detalle Bienes de Aseo y Caf'!$E:$E))","v":0},1,0,"10Operario auxiliar"]
["10CLEANER S.A.Operario auxiliar",10,"CLEANER S.A.","Servicio","Operario auxiliar","Operario auxiliar",null,null,null,null,2465868,"",{"$f":"IF($D113=\"Servicio\",SUMIF('Resumen - CSV'!$D:$D,$E113,'Resumen - CSV'!$G:$G),SUMIF('Detalle Bienes de Aseo y Caf'!$A:$A,$E113,'Detalle Bienes de Aseo y Caf'!$E:$E))","v":0},1,0,"10Operario auxiliar"]
["10CONSERJES INMOBILIARIOS LTDAOperario auxiliar",10,"CONSERJES INMOBILIARIOS LTDA","Servicio","Operario auxiliar","Operario auxiliar",null,null,null,null,2465868,"",{"$f":"IF($D114=\"Servicio\",SUMIF('Resumen - CSV'!$D:$D,$E114,'Resumen - CSV'!$G:$G),SUMIF('Detalle Bienes de Aseo y Caf'!$A:$A,$E114,'Detalle Bienes de Aseo y Caf'!$E:$E))","v":0},1,0,"10Operario auxiliar"]
["10CONSORCIO ELITEOperario auxiliar",10,"CONSORCIO ELITE","Servicio","Operario auxiliar","Operario auxiliar",null,null,null,null,2465868,"",{"$f":"IF($D115=\"Servicio\",SUMIF('Resumen - CSV'!$D:$D,$E115,'Resumen - CSV'!$G:$G),SUMIF('Detalle Bienes de Aseo y Caf'!$A:$A,$E115,'Detalle Bienes de Aseo y Caf'!$E:$E))","v":0},1,0,"10Operario auxiliar"]
["10CONSORCIO KIOSOperario auxiliar",10,"CONSORCIO KIOS","Servicio","Operario auxiliar","Operario auxiliar",null,null,null,null,2465868,"",{"$f":"IF($D116=\"Servicio\",SUMIF('Resumen - CSV'!$D:$D,$E116,'Resumen - CSV'!$G:$G),SUMIF('Detalle Bienes de Aseo y Caf'!$A:$A,$E116,'Detalle Bienes de Aseo y Caf'!$E:$E))","v":0},1,0,"10Operario auxiliar"]
["10INCINERADOS DEL HUILAOperario auxiliar",10,"INCINERADOS DEL HUILA","Servicio","Operario auxiliar","Operario auxiliar",null,null,null,null,2465868,"",{"$f":"IF($D117=\"Servicio\",SUMIF('Resumen - CSV'!$D:$D,$E117,'Resumen - CSV'!$G:$G),SUMIF('Detalle Bienes de Aseo y Caf'!$A:$A,$E117,'Detalle Bienes de Aseo y Caf'!$E:$E))","v":0},1,0,"10Operario auxiliar"]
["10INTERASEO SAS ESPOperario auxiliar",10,"INTERASEO SAS ESP","Servicio","Operario auxiliar","Operario auxiliar",null,null,null,null,2465868,"",{"$f":"IF($D118=\"Servicio\",SUMIF('Resumen - CSV'!$D:$D,$E118,'Resumen - CSV'!$G:$G),SUMIF('Detalle Bienes de Aseo y Caf'!$A:$A,$E118,'Detalle Bienes de Aseo y Caf'!$E:$E))","v":0},1,0,"10Operario auxiliar"]
["10LIMPIEZA INSTITUCIONAL LASU S.A.S.Operario auxiliar",10,"LIMPIEZA INSTITUCIONAL LASU S.A.S.","Servicio","Operario auxiliar","Operario auxiliar",null,null,null,null,2465868,"",{"$f":"IF($D119=\"Servicio\",SUMIF('Resumen - CSV'!$D:$D,$E119,'Resumen - CSV'!$G:$G),SUMIF('Detalle Bienes de Aseo y Caf'!$A:$A,$E119,'Detalle Bienes de Aseo y Caf'!$E:$E))","v":0},1,0,"10Operario auxiliar"]
["10SERVIASEO S.AOperario auxiliar",10,"SERVIASEO S.A","Servicio","Operario auxiliar","Operario auxiliar",null,null,null,null,2465868,"",{"$f":"IF($D120=\"Servicio\",SUMIF('Resumen - CSV'!$D:$D,$E120,'Resumen - CSV'!$G:$G),SUMIF('Detalle Bienes de Aseo y Caf'!$A:$A,$E120,'Detalle Bienes de Aseo y Caf'!$E:$E))","v":0},1,0,"10Operario auxiliar"]
["10SERVITALENTOSOperario auxiliar",10,"SERVITALENTOS","Servicio","Operario auxiliar","Operario auxiliar",null,null,null,null,2465868,"",{"$f":"IF($D121=\"Servicio\",SUMIF('Resumen - CSV'!$D:$D,$E121,'Resumen - CSV'!$G:$G),SUMIF('Detalle Bienes de Aseo y Caf'!$A:$A,$E121,'Detalle Bienes de Aseo y Caf'!$E:$E))","v":0},1,0,"10Operario auxiliar"]
["10SOSEGE SASOperario auxiliar",10,"SOSEGE SAS","Servicio","Operario auxiliar","Operario auxiliar",null,null,null,null,2465868,"",{"$f":"IF($D122=\"Servicio\",SUMIF('Resumen - CSV'!$D:$D,$E122,'Resumen - CSV'!$G:$G),SUMIF('Detalle Bienes de Aseo y Caf'!$A:$A,$E122,'Detalle Bienes de Aseo y Caf'!$E:$E))","v":0},1,0,"10Operario auxiliar"]
["10UNION  TEMPORAL LADOINSA 2022Operario auxiliar",10,"UNION  TEMPORAL LADOINSA 2022","Servicio","Operario auxiliar","Operario auxiliar",null,null,null,null,2465868,"",{"$f":"IF($D123=\"Servicio\",SUMIF('Resumen - CSV'!$D:$D,$E123,'Resumen - CSV'!$G:$G),SUMIF('Detalle Bienes de Aseo y Caf'!$A:$A,$E123,'Detalle Bienes de Aseo y Caf'!$E:$E))","v":0},1,0,"10Operario auxiliar"]
["10UNIÓN TEMPORAL ASEO COLOMBIA AMP4Operario auxiliar",10,"UNIÓN TEMPORAL ASEO COLOMBIA AMP4","Servicio","Operario auxiliar","Operario auxiliar",null,null,null,null,2465868,"",{"$f":"IF($D124=\"Servicio\",SUMIF('Resumen - CSV'!$D:$D,$E124,'Resumen - CSV'!$G:$G),SUMIF('Detalle Bienes de Aseo y Caf'!$A:$A,$E124,'Detalle Bienes de Aseo y Caf'!$E:$E))","v":0},1,0,"10Operario auxiliar"]
["10UNIÓN TEMPORAL CCE AMP IV 2022Operario auxiliar",10,"UNIÓN TEMPORAL CCE AMP IV 2022","Servicio","Operario auxiliar","Operario auxiliar",null,null,null,null,2465868,"",{"$f":"IF($D125=\"Servicio\",SUMIF('Resumen - CSV'!$D:$D,$E125,'Resumen - CSV'!$G:$G),SUMIF('Detalle Bienes de Aseo y Caf'!$A:$A,$E125,'Detalle Bienes de Aseo y Caf'!$E:$E))","v":0},1,0,"10Operario auxiliar"]
["10UNION TEMPORAL CLEAN COLOMBIAOperario auxiliar",10,"UNION TEMPORAL CLEAN COLOMBIA","Servicio","Operario auxiliar","Operario auxiliar",null,null,null,null,2465868,"",{"$f":"IF($D126=\"Servicio\",SUMIF('Resumen - CSV'!$D:$D,$E126,'Resumen - CSV'!$G:$G),SUMIF('Detalle Bienes de Aseo y Caf'!$A:$A,$E126,'Detalle Bienes de Aseo y Caf'!$E:$E))","v":0},1,0,"10Operario auxiliar"]
["10UNION TEMPORAL ECOLIMPIEZA 4GOperario auxiliar",10,"UNION TEMPORAL ECOLIMPIEZA 4G","Servicio","Operario auxiliar","Operario auxiliar",null,null,null,null,2465868,"",{"$f":"IF($D127=\"Servicio\",SUMIF('Resumen - CSV'!$D:$D,$E127,'Resumen - CSV'!$G:$G),SUMIF('Detalle Bienes de Aseo y Caf'!$A:$A,$E127,'Detalle Bienes de Aseo y Caf'!$E:$E))","v":0},1,0,"10Operario auxiliar"]
["10UNIÓN TEMPORAL EMINSER SOLOASEO 2023Operario auxiliar",10,"UNIÓN TEMPORAL EMINSER SOLOASEO 2023","Servicio","Operario auxiliar","Operario auxiliar",null,null,null,null,2465868,"",{"$f":"IF($D128=\"Servicio\",SUMIF('Resumen - CSV'!$D:$D,$E128,'Resumen - CSV'!$G:$G),SUMIF('Detalle Bienes de Aseo y Caf'!$A:$A,$E128,'Detalle Bienes de Aseo y Caf'!$E:$E))","v":0},1,0,"10Operario auxiliar"]
["10UNION TEMPORAL OUTSOURCING GIAFOperario auxiliar",10,"UNION TEMPORAL OUTSOURCING GIAF","Servicio","Operario auxiliar","Operario auxiliar",null,null,null,null,2465868,"",{"$f":"IF($D129=\"Servicio\",SUMIF('Resumen - CSV'!$D:$D,$E129,'Resumen - CSV'!$G:$G),SUMIF('Detalle Bienes de Aseo y Caf'!$A:$A,$E129,'Detalle Bienes de Aseo y Caf'!$E:$E))","v":0},1,0,"10Operario auxiliar"]
["10UNION TEMPORAL R&J 2022Operario auxiliar",10,"UNION TEMPORAL R&J 2022","Servicio","Operario auxiliar","Operario auxiliar",null,null,null,null,2465868,"",{"$f":"IF($D130=\"Servicio\",SUMIF('Resumen - CSV'!$D:$D,$E130,'Resumen - CSV'!$G:$G),SUMIF('Detalle Bienes de Aseo y Caf'!$A:$A,$E130,'Detalle Bienes de Aseo y Caf'!$E:$E))","v":0},1,0,"10Operario auxiliar"]
["10UNION TEMPORAL SERVICIOS INTEGRALESOperario auxiliar",10,"UNION TEMPORAL SERVICIOS INTEGRALES","Servicio","Operario auxiliar","Operario auxiliar",null,null,null,null,2465868,{"$f":"IF($D131=\"Bien\",$K131*$M131,\"\")","v":""},{"$f":"IF($D131=\"Servicio\",SUMIF('Resumen - CSV'!$D:$D,$E131,'Resumen - CSV'!$G:$G),SUMIF('Detalle Bienes de Aseo y Caf'!$A:$A,$E131,'Detalle Bienes de Aseo y Caf'!$E:$E))","v":0},1,{"$f":"$K131*M131*N131","v":0},"10Operario auxiliar"]
["10UT EASYCLEAN ASEO PROFESIONALOperario auxiliar",10,"UT EASYCLEAN ASEO PROFESIONAL","Servicio","Operario auxiliar","Operario auxiliar",null,null,null,null,2465868,"",{"$f":"IF($D132=\"Servicio\",SUMIF('Resumen - CSV'!$D:$D,$E132,'Resumen - CSV'!$G:$G),SUMIF('Detalle Bienes de Aseo y Caf'!$A:$A,$E132,'Detalle Bienes de Aseo y Caf'!$E:$E))","v":0},1,0,"10Operario auxiliar"]
["10UT GRUPO ADINOperario auxiliar",10,"UT GRUPO ADIN","Servicio","Operario auxiliar","Operario auxiliar",null,null,null,null,2465868,"",{"$f":"IF($D133=\"Servicio\",SUMIF('Resumen - CSV'!$D:$D,$E133,'Resumen - CSV'!$G:$G),SUMIF('Detalle Bienes de Aseo y Caf'!$A:$A,$E133,'Detalle Bienes de Aseo y Caf'!$E:$E))","v":0},1,0,"10Operario auxiliar"]
["10ASECOLBAS LTDACoordinador de tiempo completo",10,"ASECOLBAS LTDA","Servicio","Coordinador de tiempo completo","Coordinador de tiempo completo",null,null,null,null,2465868,"",{"$f":"IF($D134=\"Servicio\",SUMIF('Resumen - CSV'!$D:$D,$E134,'Resumen - CSV'!$G:$G),SUMIF('Detalle Bienes de Aseo y Caf'!$A:$A,$E134,'Detalle Bienes de Aseo y Caf'!$E:$E))","v":0},1,0,"10Coordinador de tiempo completo"]
["10CLEANER S.A.Coordinador de tiempo completo",10,"CLEANER S.A.","Servicio","Coordinador de tiempo completo","Coordinador de tiempo completo",null,null,null,null,2465868,"",{"$f":"IF($D135=\"Servicio\",SUMIF('Resumen - CSV'!$D:$D,$E135,'Resumen - CSV'!$G:$G),SUMIF('Detalle Bienes de Aseo y Caf'!$A:$A,$E135,'Detalle Bienes de Aseo y Caf'!$E:$E))","v":0},1,0,"10Coordinador de tiempo completo"]
["10CONSERJES INMOBILIARIOS LTDACoordinador de tiempo completo",10,"CONSERJES INMOBILIARIOS LTDA","Servicio","Coordinador de tiempo completo","Coordinador de tiempo completo",null,null,null,null,2465868,"",{"$f":"IF($D136=\"Servicio\",SUMIF('Resumen - CSV'!$D:$D,$E136,'Resumen - CSV'!$G:$G),SUMIF('Detalle Bienes de Aseo y Caf'!$A:$A,$E136,'Detalle Bienes de Aseo y Caf'!$E:$E))","v":0},1,0,"10Coordinador de tiempo completo"]
["10CONSORCIO ELITECoordinador de tiempo completo",10,"CONSORCIO ELITE","Servicio","Coordinador de tiempo completo","Coordinador de tiempo completo",null,null,null,null,2465868,"",{"$f":"IF($D137=\"Servicio\",SUMIF('Resumen - CSV'!$D:$D,$E137,'Resumen - CSV'!$G:$G),SUMIF('Detalle Bienes de Aseo y Caf'!$A:$A,$E137,'Detalle Bienes de Aseo y Caf'!$E:$E))","v":0},1,0,"10Coordinador de tiempo completo"]
["10CONSORCIO KIOSCoordinador de tiempo completo",10,"CONSORCIO KIOS","Servicio","Coordinador de tiempo completo","Coordinador de tiempo completo",null,null,null,null,2465868,"",{"$f":"IF($D138=\"Servicio\",SUMIF('Resumen - CSV'!$D:$D,$E138,'Resumen - CSV'!$G:$G),SUMIF('Detalle Bienes de Aseo y Caf'!$A:$A,$E138,'Detalle Bienes de Aseo y Caf'!$E:$E))","v":0},1,0,"10Coordinador de tiempo completo"]
["10INCINERADOS DEL HUILACoordinador de tiempo completo",10,"INCINERADOS DEL HUILA","Servicio","Coordinador de tiempo completo","Coordinador de tiempo completo",null,null,null,null,2465868,"",{"$f":"IF($D139=\"Servicio\",SUMIF('Resumen - CSV'!$D:$D,$E139,'Resumen - CSV'!$G:$G),SUMIF('Detalle Bienes de Aseo y Caf'!$A:$A,$E139,'Detalle Bienes de Aseo y Caf'!$E:$E))","v":0},1,0,"10Coordinador de tiempo completo"]
["10INTERASEO SAS ESPCoordinador de tiempo completo",10,"INTERASEO SAS ESP","Servicio","Coordinador de tiempo completo","Coordinador de tiempo completo",null,null,null,null,2465868,"",{"$f":"IF($D140=\"Servicio\",SUMIF('Resumen - CSV'!$D:$D,$E140,'Resumen - CSV'!$G:$G),SUMIF('Detalle Bienes de Aseo y Caf'!$A:$A,$E140,'Detalle Bienes de Aseo y Caf'!$E:$E))","v":0},1,0,"10Coordinador de tiempo completo"]
["10LIMPIEZA INSTITUCIONAL LASU S.A.S.Coordinador de tiempo completo",10,"LIMPIEZA INSTITUCIONAL LASU S.A.S.","Servicio","Coordinador de tiempo completo","Coordinador de tiempo completo",null,null,null,null,2465868,"",{"$f":"IF($D141=\"Servicio\",SUMIF('Resumen - CSV'!$D:$D,$E141,'Resumen - CSV'!$G:$G),SUMIF('Detalle Bienes de Aseo y Caf'!$A:$A,$E141,'Detalle Bienes de Aseo y Caf'!$E:$E))","v":0},1,0,"10Coordinador de tiempo completo"]
["10SERVIASEO S.ACoordinador de tiempo completo",10,"SERVIASEO S.A","Servicio","Coordinador de tiempo completo","Coordinador de tiempo completo",null,null,null,null,2465868,"",{"$f":"IF($D142=\"Servicio\",SUMIF('Resumen - CSV'!$D:$D,$E142,'Resumen - CSV'!$G:$G),SUMIF('Detalle Bienes de Aseo y Caf'!$A:$A,$E142,'Detalle Bienes de Aseo y Caf'!$E:$E))","v":0},1,0,"10Coordinador de tiempo completo"]
["10SERVITALENTOSCoordinador de tiempo completo",10,"SERVITALENTOS","Servicio","Coordinador de tiempo completo","Coordinador de tiempo completo",null,null,null,null,2465868,"",{"$f":"IF($D143=\"Servicio\",SUMIF('Resumen - CSV'!$D:$D,$E143,'Resumen - CSV'!$G:$G),SUMIF('Detalle Bienes de Aseo y Caf'!$A:$A,$E143,'Detalle Bienes de Aseo y Caf'!$E:$E))","v":0},1,0,"10Coordinador de tiempo completo"]
["10SOSEGE SASCoordinador de tiempo completo",10,"SOSEGE SAS","Servicio","Coordinador de tiempo completo","Coordinador de tiempo completo",null,null,null,null,2465868,"",{"$f":"IF($D144=\"Servicio\",SUMIF('Resumen - CSV'!$D:$D,$E144,'Resumen - CSV'!$G:$G),SUMIF('Detalle Bienes de Aseo y Caf'!$A:$A,$E144,'Detalle Bienes de Aseo y Caf'!$E:$E))","v":0},1,0,"10Coordinador de tiempo completo"]
["10UNION  TEMPORAL LADOINSA 2022Coordinador de tiempo completo",10,"UNION  TEMPORAL LADOINSA 2022","Servicio","Coordinador de tiempo completo","Coordinador de tiempo completo",null,null,null,null,2730025,"",{"$f":"IF($D145=\"Servicio\",SUMIF('Resumen - CSV'!$D:$D,$E145,'Resumen - CSV'!$G:$G),SUMIF('Detalle Bienes de Aseo y Caf'!$A:$A,$E145,'Detalle Bienes de Aseo y Caf'!$E:$E))","v":0},1,0,"10Coordinador de tiempo completo"]
["10UNIÓN TEMPORAL ASEO COLOMBIA AMP4Coordinador de tiempo completo",10,"UNIÓN TEMPORAL ASEO COLOMBIA AMP4","Servicio","Coordinador de tiempo completo","Coordinador de tiempo completo",null,null,null,null,2465868,"",{"$f":"IF($D146=\"Servicio\",SUMIF('Resumen - CSV'!$D:$D,$E146,'Resumen - CSV'!$G:$G),SUMIF('Detalle Bienes de Aseo y Caf'!$A:$A,$E146,'Detalle Bienes de Aseo y Caf'!$E:$E))","v":0},1,0,"10Coordinador de tiempo completo"]
["10UNIÓN TEMPORAL CCE AMP IV 2022Coordinador de tiempo completo",10,"UNIÓN TEMPORAL CCE AMP IV 2022","Servicio","Coordinador de tiempo completo","Coordinador de tiempo completo",null,null,null,null,2465868,"",{"$f":"IF($D147=\"Servicio\",SUMIF('Resumen - CSV'!$D:$D,$E147,'Resumen - CSV'!$G:$G),SUMIF('Detalle Bienes de Aseo y Caf'!$A:$A,$E147,'Detalle Bienes de Aseo y Caf'!$E:$E))","v":0},1,0,"10Coordinador de tiempo completo"]
["10UNION TEMPORAL CLEAN COLOMBIACoordinador de tiempo completo",10,"UNION TEMPORAL CLEAN COLOMBIA","Servicio","Coordinador de tiempo completo","Coordinador de tiempo completo",null,null,null,null,2465868,"",{"$f":"IF($D148=\"Servicio\",SUMIF('Resumen - CSV'!$D:$D,$E148,'Resumen - CSV'!$G:$G),SUMIF('Detalle Bienes de Aseo y Caf'!$A:$A,$E148,'Detalle Bienes de Aseo y Caf'!$E:$E))","v":0},1,0,"10Coordinador de tiempo completo"]
["10UNION TEMPORAL ECOLIMPIEZA 4GCoordinador de tiempo completo",10,"UNION TEMPORAL ECOLIMPIEZA 4G","Servicio","Coordinador de tiempo completo","Coordinador de tiempo completo",null,null,null,null,2465868,"",{"$f":"IF($D149=\"Servicio\",SUMIF('Resumen - CSV'!$D:$D,$E149,'Resumen - CSV'!$G:$G),SUMIF('Detalle Bienes de Aseo y Caf'!$A:$A,$E149,'Detalle Bienes de Aseo y Caf'!$E:$E))","v":0},1,0,"10Coordinador de tiempo completo"]
["10UNIÓN TEMPORAL EMINSER SOLOASEO 2023Coordinador de tiempo completo",10,"UNIÓN TEMPORAL EMINSER SOLOASEO 2023","Servicio","Coordinador de tiempo completo","Coordinador de tiempo completo",null,null,null,null,2465868,"",{"$f":"IF($D150=\"Servicio\",SUMIF('Resumen - CSV'!$D:$D,$E150,'Resumen - CSV'!$G:$G),SUMIF('Detalle Bienes de Aseo y Caf'!$A:$A,$E150,'Detalle Bienes de Aseo y Caf'!$E:$E))","v":0},1,0,"10Coordinador de tiempo completo"]
["10UNION TEMPORAL OUTSOURCING GIAFCoordinador de tiempo completo",10,"UNION TEMPORAL OUTSOURCING GIAF","Servicio","Coordinador de tiempo completo","Coordinador de tiempo completo",null,null,null,null,2465868,"",{"$f":"IF($D151=\"Servicio\",SUMIF('Resumen - CSV'!$D:$D,$E151,'Resumen - CSV'!$G:$G),SUMIF('Detalle Bienes de Aseo y Caf'!$A:$A,$E151,'Detalle Bienes de Aseo y Caf'!$E:$E))","v":0},1,0,"10Coordinador de tiempo completo"]
["10UNION TEMPORAL R&J 2022Coordinador de tiempo completo",10,"UNION TEMPORAL R&J 2022","Servicio","Coordinador de tiempo completo","Coordinador de tiempo completo",null,null,null,null,2465868,"",{"$f":"IF($D152=\"Servicio\",SUMIF('Resumen - CSV'!$D:$D,$E152,'Resumen - CSV'!$G:$G),SUMIF('Detalle Bienes de Aseo y Caf'!$A:$A,$E152,'Detalle Bienes de Aseo y Caf'!$E:$E))","v":0},1,0,"10Coordinador de tiempo completo"]
["10UNION TEMPORAL SERVICIOS INTEGRALESCoordinador de tiempo completo",10,"UNION TEMPORAL SERVICIOS INTEGRALES","Servicio","Coordinador de tiempo completo","Coordinador de tiempo completo",null,null,null,null,2465868,"",{"$f":"IF($D153=\"Servicio\",SUMIF('Resumen - CSV'!$D:$D,$E153,'Resumen - CSV'!$G:$G),SUMIF('Detalle Bienes de Aseo y Caf'!$A:$A,$E153,'Detalle Bienes de Aseo y Caf'!$E:$E))","v":0},1,0,"10Coordinador de tiempo completo"]
["10UT EASYCLEAN ASEO PROFESIONALCoordinador de tiempo completo",10,"UT EASYCLEAN ASEO PROFESIONAL","Servicio","Coordinador de tiempo completo","Coordinador de tiempo completo",null,null,null,null,2465868,"",{"$f":"IF($D154=\"Servicio\",SUMIF('Resumen - CSV'!$D:$D,$E154,'Resumen - CSV'!$G:$G),SUMIF('Detalle Bienes de Aseo y Caf'!$A:$A,$E154,'Detalle Bienes de Aseo y Caf'!$E:$E))","v":0},1,0,"10Coordinador de tiempo completo"]
["10UT GRUPO ADINCoordinador de tiempo completo",10,"UT GRUPO ADIN","Servicio","Coordinador de tiempo completo","Coordinador de tiempo completo",null,null,null,null,2465868,"",{"$f":"IF($D155=\"Servicio\",SUMIF('Resumen - CSV'!$D:$D,$E155,'Resumen - CSV'!$G:$G),SUMIF('Detalle Bienes de Aseo y Caf'!$A:$A,$E155,'Detalle Bienes de Aseo y Caf'!$E:$E))","v":0},1,0,"10Coordinador de tiempo completo"]
["10ASECOLBAS LTDAJardinero",10,"ASECOLBAS LTDA","Servicio","Jardinero","Jardinero",null,null,null,null,2465868,"",{"$f":"IF($D156=\"Servicio\",SUMIF('Resumen - CSV'!$D:$D,$E156,'Resumen - CSV'!$G:$G),SUMIF('Detalle Bienes de Aseo y Caf'!$A:$A,$E156,'Detalle Bienes de Aseo y Caf'!$E:$E))","v":0},1,0,"10Jardinero"]
["10CLEANER S.A.Jardinero",10,"CLEANER S.A.","Servicio","Jardinero","Jardinero",null,null,null,null,2465868,"",{"$f":"IF($D157=\"Servicio\",SUMIF('Resumen - CSV'!$D:$D,$E157,'Resumen - CSV'!$G:$G),SUMIF('Detalle Bienes de Aseo y Caf'!$A:$A,$E157,'Detalle Bienes de Aseo y Caf'!$E:$E))","v":0},1,0,"10Jardinero"]
["10CONSERJES INMOBILIARIOS LTDAJardinero",10,"CONSERJES INMOBILIARIOS LTDA","Servicio","Jardinero","Jardinero",null,null,null,null,2465868,"",{"$f":"IF($D158=\"Servicio\",SUMIF('Resumen - CSV'!$D:$D,$E158,'Resumen - CSV'!$G:$G),SUMIF('Detalle Bienes de Aseo y Caf'!$A:$A,$E158,'Detalle Bienes de Aseo y Caf'!$E:$E))","v":0},1,0,"10Jardinero"]
["10CONSORCIO ELITEJardinero",10,"CONSORCIO ELITE","Servicio","Jardinero","Jardinero",null,null,null,null,2465868,"",{"$f":"IF($D159=\"Servicio\",SUMIF('Resumen - CSV'!$D:$D,$E159,'Resumen - CSV'!$G:$G),SUMIF('Detalle Bienes de Aseo y Caf'!$A:$A,$E159,'Detalle Bienes de Aseo y Caf'!$E:$E))","v":0},1,0,"10Jardinero"]
["10CONSORCIO KIOSJardinero",10,"CONSORCIO KIOS","Servicio","Jardinero","Jardinero",null,null,null,null,2465868,"",{"$f":"IF($D160=\"Servicio\",SUMIF('Resumen - CSV'!$D:$D,$E160,'Resumen - CSV'!$G:$G),SUMIF('Detalle Bienes de Aseo y Caf'!$A:$A,$E160,'Detalle Bienes de Aseo y Caf'!$E:$E))","v":0},1,0,"10Jardinero"]
["10INCINERADOS DEL HUILAJardinero",10,"INCINERADOS DEL HUILA","Servicio","Jardinero","Jardinero",null,null,null,null,2465868,"",{"$f":"IF($D161=\"Servicio\",SUMIF('Resumen - CSV'!$D:$D,$E161,'Resumen - CSV'!$G:$G),SUMIF('Detalle Bienes de Aseo y Caf'!$A:$A,$E161,'Detalle Bienes de Aseo y Caf'!$E:$E))","v":0},1,0,"10Jardinero"]
["10INTERASEO SAS ESPJardinero",10,"INTERASEO SAS ESP","Servicio","Jardinero","Jardinero",null,null,null,null,2465868,"",{"$f":"IF($D162=\"Servicio\",SUMIF('Resumen - CSV'!$D:$D,$E162,'Resumen - CSV'!$G:$G),SUMIF('Detalle Bienes de Aseo y Caf'!$A:$A,$E162,'Detalle Bienes de Aseo y Caf'!$E:$E))","v":0},1,0,"10Jardinero"]
["10LIMPIEZA INSTITUCIONAL LASU S.A.S.Jardinero",10,"LIMPIEZA INSTITUCIONAL LASU S.A.S.","Servicio","Jardinero","Jardinero",null,null,null,null,2465868,"",{"$f":"IF($D163=\"Servicio\",SUMIF('Resumen - CSV'!$D:$D,$E163,'Resumen - CSV'!$G:$G),SUMIF('Detalle Bienes de Aseo y Caf'!$A:$A,$E163,'Detalle Bienes de Aseo y Caf'!$E:$E))","v":0},1,0,"10Jardinero"]
["10SERVIASEO S.AJardinero",10,"SERVIASEO S.A","Servicio","Jardinero","Jardinero",null,null,null,null,2465868,"",{"$f":"IF($D164=\"Servicio\",SUMIF('Resumen - CSV'!$D:$D,$E164,'Resumen - CSV'!$G:$G),SUMIF('Detalle Bienes de Aseo y Caf'!$A:$A,$E164,'Detalle Bienes de Aseo y Caf'!$E:$E))","v":0},1,0,"10Jardinero"]
["10SERVITALENTOSJardinero",10,"SERVITALENTOS","Servicio","Jardinero","Jardinero",null,null,null,null,2465868,"",{"$f":"IF($D165=\"Servicio\",SUMIF('Resumen - CSV'!$D:$D,$E165,'Resumen - CSV'!$G:$G),SUMIF('Detalle Bienes de Aseo y Caf'!$A:$A,$E165,'Detalle Bienes de Aseo y Caf'!$E:$E))","v":0},1,0,"10Jardinero"]
["10SOSEGE SASJardinero",10,"SOSEGE SAS","Servicio","Jardinero","Jardinero",null,null,null,null,2465868,"",{"$f":"IF($D166=\"Servicio\",SUMIF('Resumen - CSV'!$D:$D,$E166,'Resumen - CSV'!$G:$G),SUMIF('Detalle Bienes de Aseo y Caf'!$A:$A,$E166,'Detalle Bienes de Aseo y Caf'!$E:$E))","v":0},1,0,"10Jardinero"]
["10UNION  TEMPORAL LADOINSA 2022Jardinero",10,"UNION  TEMPORAL LADOINSA 2022","Servicio","Jardinero","Jardinero",null,null,null,null,2730025,"",{"$f":"IF($D167=\"Servicio\",SUMIF('Resumen - CSV'!$D:$D,$E167,'Resumen - CSV'!$G:$G),SUMIF('Detalle Bienes de Aseo y Caf'!$A:$A,$E167,'Detalle Bienes de Aseo y Caf'!$E:$E))","v":0},1,0,"10Jardinero"]
["10UNIÓN TEMPORAL ASEO COLOMBIA AMP4Jardinero",10,"UNIÓN TEMPORAL ASEO COLOMBIA AMP4","Servicio","Jardinero","Jardinero",null,null,null,null,2465868,"",{"$f":"IF($D168=\"Servicio\",SUMIF('Resumen - CSV'!$D:$D,$E168,'Resumen - CSV'!$G:$G),SUMIF('Detalle Bienes de Aseo y Caf'!$A:$A,$E168,'Detalle Bienes de Aseo y Caf'!$E:$E))","v":0},1,0,"10Jardinero"]
["10UNIÓN TEMPORAL CCE AMP IV 2022Jardinero",10,"UNIÓN TEMPORAL CCE AMP IV 2022","Servicio","Jardinero","Jardinero",null,null,null,null,2465868,"",{"$f":"IF($D169=\"Servicio\",SUMIF('Resumen - CSV'!$D:$D,$E169,'Resumen - CSV'!$G:$G),SUMIF('Detalle Bienes de Aseo y Caf'!$A:$A,$E169,'Detalle Bienes de Aseo y Caf'!$E:$E))","v":0},1,0,"10Jardinero"]
["10UNION TEMPORAL CLEAN COLOMBIAJardinero",10,"UNION TEMPORAL CLEAN COLOMBIA","Servicio","Jardinero","Jardinero",null,null,null,null,2465868,"",{"$f":"IF($D170=\"Servicio\",SUMIF('Resumen - CSV'!$D:$D,$E170,'Resumen - CSV'!$G:$G),SUMIF('Detalle Bienes de Aseo y Caf'!$A:$A,$E170,'Detalle Bienes de Aseo y Caf'!$E:$E))","v":0},1,0,"10Jardinero"]
["10UNION TEMPORAL ECOLIMPIEZA 4GJardinero",10,"UNION TEMPORAL ECOLIMPIEZA 4G","Servicio","Jardinero","Jardinero",null,null,null,null,2465868,"",{"$f":"IF($D171=\"Servicio\",SUMIF('Resumen - CSV'!$D:$D,$E171,'Resumen - CSV'!$G:$G),SUMIF('Detalle Bienes de Aseo y Caf'!$A:$A,$E171,'Detalle Bienes de Aseo y Caf'!$E:$E))","v":0},1,0,"10Jardinero"]
["10UNIÓN TEMPORAL EMINSER SOLOASEO 2023Jardinero",10,"UNIÓN TEMPORAL EMINSER SOLOASEO 2023","Servicio","Jardinero","Jardinero",null,null,null,null,2465868,"",{"$f":"IF($D172=\"Servicio\",SUMIF('Resumen - CSV'!$D:$D,$E172,'Resumen - CSV'!$G:$G),SUMIF('Detalle Bienes de Aseo y Caf'!$A:$A,$E172,'Detalle Bienes de Aseo y Caf'!$E:$E))","v":0},1,0,"10Jardinero"]
["10UNION TEMPORAL OUTSOURCING GIAFJardinero",10,"UNION TEMPORAL OUTSOURCING GIAF","Servicio","Jardinero","Jardinero",null,null,null,null,2465868,"",{"$f":"IF($D173=\"Servicio\",SUMIF('Resumen - CSV'!$D:$D,$E173,'Resumen - CSV'!$G:$G),SUMIF('Detalle Bienes de Aseo y Caf'!$A:$A,$E173,'Detalle Bienes de Aseo y Caf'!$E:$E))","v":0},1,0,"10Jardinero"]
["10UNION TEMPORAL R&J 2022Jardinero",10,"UNION TEMPORAL R&J 2022","Servicio","Jardinero","Jardinero",null,null,null,null,2465868,"",{"$f":"IF($D174=\"Servicio\",SUMIF('Resumen - CSV'!$D:$D,$E174,'Resumen - CSV'!$G:$G),SUMIF('Detalle Bienes de Aseo y Caf'!$A:$A,$E174,'Detalle Bienes de Aseo y Caf'!$E:$E))","v":0},1,0,"10Jardinero"]
["10UNION TEMPORAL SERVICIOS INTEGRALESJardinero",10,"UNION TEMPORAL SERVICIOS INTEGRALES","Servicio","Jardinero","Jardinero",null,null,null,null,2465868,"",{"$f":"IF($D175=\"Servicio\",SUMIF('Resumen - CSV'!$D:$D,$E175,'Resumen - CSV'!$G:$G),SUMIF('Detalle Bienes de Aseo y Caf'!$A:$A,$E175,'Detalle Bienes de Aseo y Caf'!$E:$E))","v":0},1,0,"10Jardinero"]
["10UT EASYCLEAN ASEO PROFESIONALJardinero",10,"UT EASYCLEAN ASEO PROFESIONAL","Servicio","Jardinero","Jardinero",null,null,null,null,2465868,"",{"$f":"IF($D176=\"Servicio\",SUMIF('Resumen - CSV'!$D:$D,$E176,'Resumen - CSV'!$G:$G),SUMIF('Detalle Bienes de Aseo y Caf'!$A:$A,$E176,'Detalle Bienes de Aseo y Caf'!$E:$E))","v":0},1,0,"10Jardinero"]
["10UT GRUPO ADINJardinero",10,"UT GRUPO ADIN","Servicio","Jardinero","Jardinero",null,null,null,null,2465868,"",{"$f":"IF($D177=\"Servicio\",SUMIF('Resumen - CSV'!$D:$D,$E177,'Resumen - CSV'!$G:$G),SUMIF('Detalle Bienes de Aseo y Caf'!$A:$A,$E177,'Detalle Bienes de Aseo y Caf'!$E:$E))","v":0},1,0,"10Jardinero"]
["10ASECOLBAS LTDAOperario de mantenimiento capacitado para trabajo en alturas",10,"ASECOLBAS LTDA","Servicio","Operario de mantenimiento capacitado para trabajo en alturas","Operario de mantenimiento capacitado para trabajo en alturas",null,null,null,null,2465868,"",{"$f":"IF($D178=\"Servicio\",SUMIF('Resumen - CSV'!$D:$D,$E178,'Resumen - CSV'!$G:$G),SUMIF('Detalle Bienes de Aseo y Caf'!$A:$A,$E178,'Detalle Bienes de Aseo y Caf'!$E:$E))","v":0},1,0,"10Operario de mantenimiento capacitado para trabajo en alturas"]
["10CLEANER S.A.Operario de mantenimiento capacitado para trabajo en alturas",10,"CLEANER S.A.","Servicio","Operario de mantenimiento capacitado para trabajo en alturas","Operario de mantenimiento capacitado para trabajo en alturas",null,null,null,null,2465868,"",{"$f":"IF($D179=\"Servicio\",SUMIF('Resumen - CSV'!$D:$D,$E179,'Resumen - CSV'!$G:$G),SUMIF('Detalle Bienes de Aseo y Caf'!$A:$A,$E179,'Detalle Bienes de Aseo y Caf'!$E:$E))","v":0},1,0,"10Operario de mantenimiento capacitado para trabajo en alturas"]
["10CONSERJES INMOBILIARIOS LTDAOperario de mantenimiento capacitado para trabajo en alturas",10,"CONSERJES INMOBILIARIOS LTDA","Servicio","Operario de mantenimiento capacitado para trabajo en alturas","Operario de mantenimiento capacitado para trabajo en alturas",null,null,null,null,2465868,"",{"$f":"IF($D180=\"Servicio\",SUMIF('Resumen - CSV'!$D:$D,$E180,'Resumen - CSV'!$G:$G),SUMIF('Detalle Bienes de Aseo y Caf'!$A:$A,$E180,'Detalle Bienes de Aseo y Caf'!$E:$E))","v":0},1,0,"10Operario de mantenimiento capacitado para trabajo en alturas"]
["10CONSORCIO ELITEOperario de mantenimiento capacitado para trabajo en alturas",10,"CONSORCIO ELITE","Servicio","Operario de mantenimiento capacitado para trabajo en alturas","Operario de mantenimiento capacitado para trabajo en alturas",null,null,null,null,2465868,"",{"$f":"IF($D181=\"Servicio\",SUMIF('Resumen - CSV'!$D:$D,$E181,'Resumen - CSV'!$G:$G),SUMIF('Detalle Bienes de Aseo y Caf'!$A:$A,$E181,'Detalle Bienes de Aseo y Caf'!$E:$E))","v":0},1,0,"10Operario de mantenimiento capacitado para trabajo en alturas"]
["10CONSORCIO KIOSOperario de mantenimiento capacitado para trabajo en alturas",10,"CONSORCIO KIOS","Servicio","Operario de mantenimiento capacitado para trabajo en alturas","Operario de mantenimiento capacitado para trabajo en alturas",null,null,null,null,2465868,"",{"$f":"IF($D182=\"Servicio\",SUMIF('Resumen - CSV'!$D:$D,$E182,'Resumen - CSV'!$G:$G),SUMIF('Detalle Bienes de Aseo y Caf'!$A:$A,$E182,'Detalle Bienes de Aseo y Caf'!$E:$E))","v":0},1,0,"10Operario de mantenimiento capacitado para trabajo en alturas"]
["10INCINERADOS DEL HUILAOperario de mantenimiento capacitado para trabajo en alturas",10,"INCINERADOS DEL HUILA","Servicio","Operario de mantenimiento capacitado para trabajo en alturas","Operario de mantenimiento capacitado para trabajo en alturas",null,null,null,null,2465868,"",{"$f":"IF($D183=\"Servicio\",SUMIF('Resumen - CSV'!$D:$D,$E183,'Resumen - CSV'!$G:$G),SUMIF('Detalle Bienes de Aseo y Caf'!$A:$A,$E183,'Detalle Bienes de Aseo y Caf'!$E:$E))","v":0},1,0,"10Operario de mantenimiento capacitado para trabajo en alturas"]
["10INTERASEO SAS ESPOperario de mantenimiento capacitado para trabajo en alturas",10,"INTERASEO SAS ESP","Servicio","Operario de mantenimiento capacitado para trabajo en alturas","Operario de mantenimiento capacitado para trabajo en alturas",null,null,null,null,2627978,"",{"$f":"IF($D184=\"Servicio\",SUMIF('Resumen - CSV'!$D:$D,$E184,'Resumen - CSV'!$G:$G),SUMIF('Detalle Bienes de Aseo y Caf'!$A:$A,$E184,'Detalle Bienes de Aseo y Caf'!$E:$E))","v":0},1,0,"10Operario de mantenimiento capacitado para trabajo en alturas"]
["10LIMPIEZA INSTITUCIONAL LASU S.A.S.Operario de mantenimiento capacitado para trabajo en alturas",10,"LIMPIEZA INSTITUCIONAL LASU S.A.S.","Servicio","Operario de mantenimiento capacitado para trabajo en alturas","Operario de mantenimiento capacitado para trabajo en alturas",null,null,null,null,2465868,"",{"$f":"IF($D185=\"Servicio\",SUMIF('Resumen - CSV'!$D:$D,$E185,'Resumen - CSV'!$G:$G),SUMIF('Detalle Bienes de Aseo y Caf'!$A:$A,$E185,'Detalle Bienes de Aseo y Caf'!$E:$E))","v":0},1,0,"10Operario de mantenimiento capacitado para trabajo en alturas"]
["10SERVIASEO S.AOperario de mantenimiento capacitado para trabajo en alturas",10,"SERVIASEO S.A","Servicio","Operario de mantenimiento capacitado para trabajo en alturas","Operario de mantenimiento capacitado para trabajo en alturas",null,null,null,null,2465868,"",{"$f":"IF($D186=\"Servicio\",SUMIF('Resumen - CSV'!$D:$D,$E186,'Resumen - CSV'!$G:$G),SUMIF('Detalle Bienes de Aseo y Caf'!$A:$A,$E186,'Detalle Bienes de Aseo y Caf'!$E:$E))","v":0},1,0,"10Operario de mantenimiento capacitado para trabajo en alturas"]
["10SERVITALENTOSOperario de mantenimiento capacitado para trabajo en alturas",10,"SERVITALENTOS","Servicio","Operario de mantenimiento capacitado para trabajo en alturas","Operario de mantenimiento capacitado para trabajo en alturas",null,null,null,null,2465868,"",{"$f":"IF($D187=\"Servicio\",SUMIF('Resumen - CSV'!$D:$D,$E187,'Resumen - CSV'!$G:$G),SUMIF('Detalle Bienes de Aseo y Caf'!$A:$A,$E187,'Detalle Bienes de Aseo y Caf'!$E:$E))","v":0},1,0,"10Operario de mantenimiento capacitado para trabajo en alturas"]
["10SOSEGE SASOperario de mantenimiento capacitado para trabajo en alturas",10,"SOSEGE SAS","Servicio","Operario de mantenimiento capacitado para trabajo en alturas","Operario de mantenimiento capacitado para trabajo en alturas",null,null,null,null,2465868,"",{"$f":"IF($D188=\"Servicio\",SUMIF('Resumen - CSV'!$D:$D,$E188,'Resumen - CSV'!$G:$G),SUMIF('Detalle Bienes de Aseo y Caf'!$A:$A,$E188,'Detalle Bienes de Aseo y Caf'!$E:$E))","v":0},1,0,"10Operario de mantenimiento capacitado para trabajo en alturas"]
["10UNION  TEMPORAL LADOINSA 2022Operario de mantenimiento capacitado para trabajo en alturas",10,"UNION  TEMPORAL LADOINSA 2022","Servicio","Operario de mantenimiento capacitado para trabajo en alturas","Operario de mantenimiento capacitado para trabajo en alturas",null,null,null,null,2990028,"",{"$f":"IF($D189=\"Servicio\",SUMIF('Resumen - CSV'!$D:$D,$E189,'Resumen - CSV'!$G:$G),SUMIF('Detalle Bienes de Aseo y Caf'!$A:$A,$E189,'Detalle Bienes de Aseo y Caf'!$E:$E))","v":0},1,0,"10Operario de mantenimiento capacitado para trabajo en alturas"]
["10UNIÓN TEMPORAL ASEO COLOMBIA AMP4Operario de mantenimiento capacitado para trabajo en alturas",10,"UNIÓN TEMPORAL ASEO COLOMBIA AMP4","Servicio","Operario de mantenimiento capacitado para trabajo en alturas","Operario de mantenimiento capacitado para trabajo en alturas",null,null,null,null,2465868,"",{"$f":"IF($D190=\"Servicio\",SUMIF('Resumen - CSV'!$D:$D,$E190,'Resumen - CSV'!$G:$G),SUMIF('Detalle Bienes de Aseo y Caf'!$A:$A,$E190,'Detalle Bienes de Aseo y Caf'!$E:$E))","v":0},1,0,"10Operario de mantenimiento capacitado para trabajo en alturas"]
["10UNIÓN TEMPORAL CCE AMP IV 2022Operario de mantenimiento capacitado para trabajo en alturas",10,"UNIÓN TEMPORAL CCE AMP IV 2022","Servicio","Operario de mantenimiento capacitado para trabajo en alturas","Operario de mantenimiento capacitado para trabajo en alturas",null,null,null,null,2465868,"",{"$f":"IF($D191=\"Servicio\",SUMIF('Resumen - CSV'!$D:$D,$E191,'Resumen - CSV'!$G:$G),SUMIF('Detalle Bienes de Aseo y Caf'!$A:$A,$E191,'Detalle Bienes de Aseo y Caf'!$E:$E))","v":0},1,0,"10Operario de mantenimiento capacitado para trabajo en alturas"]
["10UNION TEMPORAL CLEAN COLOMBIAOperario de mantenimiento capacitado para trabajo en alturas",10,"UNION TEMPORAL CLEAN COLOMBIA","Servicio","Operario de mantenimiento capacitado para trabajo en alturas","Operario de mantenimiento capacitado para trabajo en alturas",null,null,null,null,2465868,"",{"$f":"IF($D192=\"Servicio\",SUMIF('Resumen - CSV'!$D:$D,$E192,'Resumen - CSV'!$G:$G),SUMIF('Detalle Bienes de Aseo y Caf'!$A:$A,$E192,'Detalle Bienes de Aseo y Caf'!$E:$E))","v":0},1,0,"10Operario de mantenimiento capacitado para trabajo en alturas"]
["10UNION TEMPORAL ECOLIMPIEZA 4GOperario de mantenimiento capacitado para trabajo en alturas",10,"UNION TEMPORAL ECOLIMPIEZA 4G","Servicio","Operario de mantenimiento capacitado para trabajo en alturas","Operario de mantenimiento capacitado para trabajo en alturas",null,null,null,null,2465868,"",{"$f":"IF($D193=\"Servicio\",SUMIF('Resumen - CSV'!$D:$D,$E193,'Resumen - CSV'!$G:$G),SUMIF('Detalle Bienes de Aseo y Caf'!$A:$A,$E193,'Detalle Bienes de Aseo y Caf'!$E:$E))","v":0},1,0,"10Operario de mantenimiento capacitado para trabajo en alturas"]
["10UNIÓN TEMPORAL EMINSER SOLOASEO 2023Operario de mantenimiento capacitado para trabajo en alturas",10,"UNIÓN TEMPORAL EMINSER SOLOASEO 2023","Servicio","Operario de mantenimiento capacitado para trabajo en alturas","Operario de mantenimiento capacitado para trabajo en alturas",null,null,null,null,2465868,"",{"$f":"IF($D194=\"Servicio\",SUMIF('Resumen - CSV'!$D:$D,$E194,'Resumen - CSV'!$G:$G),SUMIF('Detalle Bienes de Aseo y Caf'!$A:$A,$E194,'Detalle Bienes de Aseo y Caf'!$E:$E))","v":0},1,0,"10Operario de mantenimiento capacitado para trabajo en alturas"]
["10UNION TEMPORAL OUTSOURCING GIAFOperario de mantenimiento capacitado para trabajo en alturas",10,"UNION TEMPORAL OUTSOURCING GIAF","Servicio","Operario de mantenimiento capacitado para trabajo en alturas","Operario de mantenimiento capacitado para trabajo en alturas",null,null,null,null,2465868,{"$f":"IF($D195=\"Bien\",$K195*$M195,\"\")","v":""},{"$f":"IF($D195=\"Servicio\",SUMIF('Resumen - CSV'!$D:$D,$E195,'Resumen - CSV'!$G:$G),SUMIF('Detalle Bienes de Aseo y Caf'!$A:$A,$E195,'Detalle Bienes de Aseo y Caf'!$E:$E))","v":0},1,{"$f":"$K195*M195*N195","v":0},"10Operario de mantenimiento capacitado para trabajo en alturas"]
["10UNION TEMPORAL R&J 2022Operario de mantenimiento capacitado para trabajo en alturas",10,"UNION TEMPORAL R&J 2022","Servicio","Operario de mantenimiento capacitado para trabajo en alturas","Operario de mantenimiento capacitado para trabajo en alturas",null,null,null,null,2465868,"",{"$f":"IF($D196=\"Servicio\",SUMIF('Resumen - CSV'!$D:$D,$E196,'Resumen - CSV'!$G:$G),SUMIF('Detalle Bienes de Aseo y Caf'!$A:$A,$E196,'Detalle Bienes de Aseo y Caf'!$E:$E))","v":0},1,0,"10Operario de mantenimiento capacitado para trabajo en alturas"]
["10UNION TEMPORAL SERVICIOS INTEGRALESOperario de mantenimiento capacitado para trabajo en alturas",10,"UNION TEMPORAL SERVICIOS INTEGRALES","Servicio","Operario de mantenimiento capacitado para trabajo en alturas","Operario de mantenimiento capacitado para trabajo en alturas",null,null,null,null,2465868,"",{"$f":"IF($D197=\"Servicio\",SUMIF('Resumen - CSV'!$D:$D,$E197,'Resumen - CSV'!$G:$G),SUMIF('Detalle Bienes de Aseo y Caf'!$A:$A,$E197,'Detalle Bienes de Aseo y Caf'!$E:$E))","v":0},1,0,"10Operario de mantenimiento capacitado para trabajo en alturas"]
["10UT EASYCLEAN ASEO PROFESIONALOperario de mantenimiento capacitado para trabajo en alturas",10,"UT EASYCLEAN ASEO PROFESIONAL","Servicio","Operario de mantenimiento capacitado para trabajo en alturas","Operario de mantenimiento capacitado para trabajo en alturas",null,null,null,null,2465868,"",{"$f":"IF($D198=\"Servicio\",SUMIF('Resumen - CSV'!$D:$D,$E198,'Resumen - CSV'!$G:$G),SUMIF('Detalle Bienes de Aseo y Caf'!$A:$A,$E198,'Detalle Bienes de Aseo y Caf'!$E:$E))","v":0},1,0,"10Operario de mantenimiento capacitado para trabajo en alturas"]
["10UT GRUPO ADINOperario de mantenimiento capacitado para trabajo en alturas",10,"UT GRUPO ADIN","Servicio","Operario de mantenimiento capacitado para trabajo en alturas","Operario de mantenimiento capacitado para trabajo en alturas",null,null,null,null,2465868,"",{"$f":"IF($D199=\"Servicio\",SUMIF('Resumen - CSV'!$D:$D,$E199,'Resumen - CSV'!$G:$G),SUMIF('Detalle Bienes de Aseo y Caf'!$A:$A,$E199,'Detalle Bienes de Aseo y Caf'!$E:$E))","v":0},1,0,"10Operario de mantenimiento capacitado para trabajo en alturas"]
["10ASECOLBAS LTDAOperario auxiliar capacitado para trabajo en alturas",10,"ASECOLBAS LTDA","Servicio","Operario auxiliar capacitado para trabajo en alturas","Operario auxiliar capacitado para trabajo en alturas",null,null,null,null,2465868,"",{"$f":"IF($D200=\"Servicio\",SUMIF('Resumen - CSV'!$D:$D,$E200,'Resumen - CSV'!$G:$G),SUMIF('Detalle Bienes de Aseo y Caf'!$A:$A,$E200,'Detalle Bienes de Aseo y Caf'!$E:$E))","v":0},1,0,"10Operario auxiliar capacitado para trabajo en alturas"]
["10CLEANER S.A.Operario auxiliar capacitado para trabajo en alturas",10,"CLEANER S.A.","Servicio","Operario auxiliar capacitado para trabajo en alturas","Operario auxiliar capacitado para trabajo en alturas",null,null,null,null,2465868,"",{"$f":"IF($D201=\"Servicio\",SUMIF('Resumen - CSV'!$D:$D,$E201,'Resumen - CSV'!$G:$G),SUMIF('Detalle Bienes de Aseo y Caf'!$A:$A,$E201,'Detalle Bienes de Aseo y Caf'!$E:$E))","v":0},1,0,"10Operario auxiliar capacitado para trabajo en alturas"]
["10CONSERJES INMOBILIARIOS LTDAOperario auxiliar capacitado para trabajo en alturas",10,"CONSERJES INMOBILIARIOS LTDA","Servicio","Operario auxiliar capacitado para trabajo en alturas","Operario auxiliar capacitado para trabajo en alturas",null,null,null,null,2465868,"",{"$f":"IF($D202=\"Servicio\",SUMIF('Resumen - CSV'!$D:$D,$E202,'Resumen - CSV'!$G:$G),SUMIF('Detalle Bienes de Aseo y Caf'!$A:$A,$E202,'Detalle Bienes de Aseo y Caf'!$E:$E))","v":0},1,0,"10Operario auxiliar capacitado para trabajo en alturas"]
["10CONSORCIO ELITEOperario auxiliar capacitado para trabajo en alturas",10,"CONSORCIO ELITE","Servicio","Operario auxiliar capacitado para trabajo en alturas","Operario auxiliar capacitado para trabajo en alturas",null,null,null,null,2465868,"",{"$f":"IF($D203=\"Servicio\",SUMIF('Resumen - CSV'!$D:$D,$E203,'Resumen - CSV'!$G:$G),SUMIF('Detalle Bienes de Aseo y Caf'!$A:$A,$E203,'Detalle Bienes de Aseo y Caf'!$E:$E))","v":0},1,0,"10Operario auxiliar capacitado para trabajo en alturas"]
["10CONSORCIO KIOSOperario auxiliar capacitado para trabajo en alturas",10,"CONSORCIO KIOS","Servicio","Operario auxiliar capacitado para trabajo en alturas","Operario auxiliar capacitado para trabajo en alturas",null,null,null,null,2465868,"",{"$f":"IF($D204=\"Servicio\",SUMIF('Resumen - CSV'!$D:$D,$E204,'Resumen - CSV'!$G:$G),SUMIF('Detalle Bienes de Aseo y Caf'!$A:$A,$E204,'Detalle Bienes de Aseo y Caf'!$E:$E))","v":0},1,0,"10Operario auxiliar capacitado para trabajo en alturas"]
["10INCINERADOS DEL HUILAOperario auxiliar capacitado para trabajo en alturas",10,"INCINERADOS DEL HUILA","Servicio","Operario auxiliar capacitado para trabajo en alturas","Operario auxiliar capacitado para trabajo en alturas",null,null,null,null,2465868,"",{"$f":"IF($D205=\"Servicio\",SUMIF('Resumen - CSV'!$D:$D,$E205,'Resumen - CSV'!$G:$G),SUMIF('Detalle Bienes de Aseo y Caf'!$A:$A,$E205,'Detalle Bienes de Aseo y Caf'!$E:$E))","v":0},1,0,"10Operario auxiliar capacitado para trabajo en alturas"]
["10INTERASEO SAS ESPOperario auxiliar capacitado para trabajo en alturas",10,"INTERASEO SAS ESP","Servicio","Operario auxiliar capacitado para trabajo en alturas","Operario auxiliar capacitado para trabajo en alturas",null,null,null,null,2471323,"",{"$f":"IF($D206=\"Servicio\",SUMIF('Resumen - CSV'!$D:$D,$E206,'Resumen - CSV'!$G:$G),SUMIF('Detalle Bienes de Aseo y Caf'!$A:$A,$E206,'Detalle Bienes de Aseo y Caf'!$E:$E))","v":0},1,0,"10Operario auxiliar capacitado para trabajo en alturas"]
["10LIMPIEZA INSTITUCIONAL LASU S.A.S.Operario auxiliar capacitado para trabajo en alturas",10,"LIMPIEZA INSTITUCIONAL LASU S.A.S.","Servicio","Operario auxiliar capacitado para trabajo en alturas","Operario auxiliar capacitado para trabajo en alturas",null,null,null,null,2465868,"",{"$f":"IF($D207=\"Servicio\",SUMIF('Resumen - CSV'!$D:$D,$E207,'Resumen - CSV'!$G:$G),SUMIF('Detalle Bienes de Aseo y Caf'!$A:$A,$E207,'Detalle Bienes de Aseo y Caf'!$E:$E))","v":0},1,0,"10Operario auxiliar capacitado para trabajo en alturas"]
["10SERVIASEO S.AOperario auxiliar capacitado para trabajo en alturas",10,"SERVIASEO S.A","Servicio","Operario auxiliar capacitado para trabajo en alturas","Operario auxiliar capacitado para trabajo en alturas",null,null,null,null,2465868,"",{"$f":"IF($D208=\"Servicio\",SUMIF('Resumen - CSV'!$D:$D,$E208,'Resumen - CSV'!$G:$G),SUMIF('Detalle Bienes de Aseo y Caf'!$A:$A,$E208,'Detalle Bienes de Aseo y Caf'!$E:$E))","v":0},1,0,"10Operario auxiliar capacitado para trabajo en alturas"]
["10SERVITALENTOSOperario auxiliar capacitado para trabajo en alturas",10,"SERVITALENTOS","Servicio","Operario auxiliar capacitado para trabajo en alturas","Operario auxiliar capacitado para trabajo en alturas",null,null,null,null,2465868,"",{"$f":"IF($D209=\"Servicio\",SUMIF('Resumen - CSV'!$D:$D,$E209,'Resumen - CSV'!$G:$G),SUMIF('Detalle Bienes de Aseo y Caf'!$A:$A,$E209,'Detalle Bienes de Aseo y Caf'!$E:$E))","v":0},1,0,"10Operario auxiliar capacitado para trabajo en alturas"]
["10SOSEGE SASOperario auxiliar capacitado para trabajo en alturas",10,"SOSEGE SAS","Servicio","Operario auxiliar capacitado para trabajo en alturas","Operario auxiliar capacitado para trabajo en alturas",null,null,null,null,2465868,"",{"$f":"IF($D210=\"Servicio\",SUMIF('Resumen - CSV'!$D:$D,$E210,'Resumen - CSV'!$G:$G),SUMIF('Detalle Bienes de Aseo y Caf'!$A:$A,$E210,'Detalle Bienes de Aseo y Caf'!$E:$E))","v":0},1,0,"10Operario auxiliar capacitado para trabajo en alturas"]
["10UNION  TEMPORAL LADOINSA 2022Operario auxiliar capacitado para trabajo en alturas",10,"UNION  TEMPORAL LADOINSA 2022","Servicio","Operario auxiliar capacitado para trabajo en alturas","Operario auxiliar capacitado para trabajo en alturas",null,null,null,null,2925027,"",{"$f":"IF($D211=\"Servicio\",SUMIF('Resumen - CSV'!$D:$D,$E211,'Resumen - CSV'!$G:$G),SUMIF('Detalle Bienes de Aseo y Caf'!$A:$A,$E211,'Detalle Bienes de Aseo y Caf'!$E:$E))","v":0},1,0,"10Operario auxiliar capacitado para trabajo en alturas"]
["10UNIÓN TEMPORAL ASEO COLOMBIA AMP4Operario auxiliar capacitado para trabajo en alturas",10,"UNIÓN TEMPORAL ASEO COLOMBIA AMP4","Servicio","Operario auxiliar capacitado para trabajo en alturas","Operario auxiliar capacitado para trabajo en alturas",null,null,null,null,2465868,"",{"$f":"IF($D212=\"Servicio\",SUMIF('Resumen - CSV'!$D:$D,$E212,'Resumen - CSV'!$G:$G),SUMIF('Detalle Bienes de Aseo y Caf'!$A:$A,$E212,'Detalle Bienes de Aseo y Caf'!$E:$E))","v":0},1,0,"10Operario auxiliar capacitado para trabajo en alturas"]
["10UNIÓN TEMPORAL CCE AMP IV 2022Operario auxiliar capacitado para trabajo en alturas",10,"UNIÓN TEMPORAL CCE AMP IV 2022","Servicio","Operario auxiliar capacitado para trabajo en alturas","Operario auxiliar capacitado para trabajo en alturas",null,null,null,null,2465868,"",{"$f":"IF($D213=\"Servicio\",SUMIF('Resumen - CSV'!$D:$D,$E213,'Resumen - CSV'!$G:$G),SUMIF('Detalle Bienes de Aseo y Caf'!$A:$A,$E213,'Detalle Bienes de Aseo y Caf'!$E:$E))","v":0},1,0,"10Operario auxiliar capacitado para trabajo en alturas"]
["10UNION TEMPORAL CLEAN COLOMBIAOperario auxiliar capacitado para trabajo en alturas",10,"UNION TEMPORAL CLEAN COLOMBIA","Servicio","Operario auxiliar capacitado para trabajo en alturas","Operario auxiliar capacitado para trabajo en alturas",null,null,null,null,2465868,"",{"$f":"IF($D214=\"Servicio\",SUMIF('Resumen - CSV'!$D:$D,$E214,'Resumen - CSV'!$G:$G),SUMIF('Detalle Bienes de Aseo y Caf'!$A:$A,$E214,'Detalle Bienes de Aseo y Caf'!$E:$E))","v":0},1,0,"10Operario auxiliar capacitado para trabajo en alturas"]
["10UNION TEMPORAL ECOLIMPIEZA 4GOperario auxiliar capacitado para trabajo en alturas",10,"UNION TEMPORAL ECOLIMPIEZA 4G","Servicio","Operario auxiliar capacitado para trabajo en alturas","Operario auxiliar capacitado para trabajo en alturas",null,null,null,null,2465868,"",{"$f":"IF($D215=\"Servicio\",SUMIF('Resumen - CSV'!$D:$D,$E215,'Resumen - CSV'!$G:$G),SUMIF('Detalle Bienes de Aseo y Caf'!$A:$A,$E215,'Detalle Bienes de Aseo y Caf'!$E:$E))","v":0},1,0,"10Operario auxiliar capacitado para trabajo en alturas"]
["10UNIÓN TEMPORAL EMINSER SOLOASEO 2023Operario auxiliar capacitado para trabajo en alturas",10,"UNIÓN TEMPORAL EMINSER SOLOASEO 2023","Servicio","Operario auxiliar capacitado para trabajo en alturas","Operario auxiliar capacitado para trabajo en alturas",null,null,null,null,2465868,"",{"$f":"IF($D216=\"Servicio\",SUMIF('Resumen - CSV'!$D:$D,$E216,'Resumen - CSV'!$G:$G),SUMIF('Detalle Bienes de Aseo y Caf'!$A:$A,$E216,'Detalle Bienes de Aseo y Caf'!$E:$E))","v":0},1,0,"10Operario auxiliar capacitado para trabajo en alturas"]
["10UNION TEMPORAL OUTSOURCING GIAFOperario auxiliar capacitado para trabajo en alturas",10,"UNION TEMPORAL OUTSOURCING GIAF","Servicio","Operario auxiliar capacitado para trabajo en alturas","Operario auxiliar capacitado para trabajo en alturas",null,null,null,null,2465868,"",{"$f":"IF($D217=\"Servicio\",SUMIF('Resumen - CSV'!$D:$D,$E217,'Resumen - CSV'!$G:$G),SUMIF('Detalle Bienes de Aseo y Caf'!$A:$A,$E217,'Detalle Bienes de Aseo y Caf'!$E:$E))","v":0},1,0,"10Operario auxiliar capacitado para trabajo en alturas"]
["10UNION TEMPORAL R&J 2022Operario auxiliar capacitado para trabajo en alturas",10,"UNION TEMPORAL R&J 2022","Servicio","Operario auxiliar capacitado para trabajo en alturas","Operario auxiliar capacitado para trabajo en alturas",null,null,null,null,2465868,"",{"$f":"IF($D218=\"Servicio\",SUMIF('Resumen - CSV'!$D:$D,$E218,'Resumen - CSV'!$G:$G),SUMIF('Detalle Bienes de Aseo y Caf'!$A:$A,$E218,'Detalle Bienes de Aseo y Caf'!$E:$E))","v":0},1,0,"10Operario auxiliar capacitado para trabajo en alturas"]
["10UNION TEMPORAL SERVICIOS INTEGRALESOperario auxiliar capacitado para trabajo en alturas",10,"UNION TEMPORAL SERVICIOS INTEGRALES","Servicio","Operario auxiliar capacitado para trabajo en alturas","Operario auxiliar capacitado para trabajo en alturas",null,null,null,null,2465868,"",{"$f":"IF($D219=\"Servicio\",SUMIF('Resumen - CSV'!$D:$D,$E219,'Resumen - CSV'!$G:$G),SUMIF('Detalle Bienes de Aseo y Caf'!$A:$A,$E219,'Detalle Bienes de Aseo y Caf'!$E:$E))","v":0},1,0,"10Operario auxiliar capacitado para trabajo en alturas"]
["10UT EASYCLEAN ASEO PROFESIONALOperario auxiliar capacitado para trabajo en alturas",10,"UT EASYCLEAN ASEO PROFESIONAL","Servicio","Operario auxiliar capacitado para trabajo en alturas","Operario auxiliar capacitado para trabajo en alturas",null,null,null,null,2465868,"",{"$f":"IF($D220=\"Servicio\",SUMIF('Resumen - CSV'!$D:$D,$E220,'Resumen - CSV'!$G:$G),SUMIF('Detalle Bienes de Aseo y Caf'!$A:$A,$E220,'Detalle Bienes de Aseo y Caf'!$E:$E))","v":0},1,0,"10Operario auxiliar capacitado para trabajo en alturas"]
["10UT GRUPO ADINOperario auxiliar capacitado para trabajo en alturas",10,"UT GRUPO ADIN","Servicio","Operario auxiliar capacitado para trabajo en alturas","Operario auxiliar capacitado para trabajo en alturas",null,null,null,null,2465868,"",{"$f":"IF($D221=\"Servicio\",SUMIF('Resumen - CSV'!$D:$D,$E221,'Resumen - CSV'!$G:$G),SUMIF('Detalle Bienes de Aseo y Caf'!$A:$A,$E221,'Detalle Bienes de Aseo y Caf'!$E:$E))","v":0},1,0,"10Operario auxiliar capacitado para trabajo en alturas"]
["10ASECOLBAS LTDAJardinero capacitado para trabajo en alturas",10,"ASECOLBAS LTDA","Servicio","Jardinero capacitado para trabajo en alturas","Jardinero capacitado para trabajo en alturas",null,null,null,null,2465868,"",{"$f":"IF($D222=\"Servicio\",SUMIF('Resumen - CSV'!$D:$D,$E222,'Resumen - CSV'!$G:$G),SUMIF('Detalle Bienes de Aseo y Caf'!$A:$A,$E222,'Detalle Bienes de Aseo y Caf'!$E:$E))","v":0},1,0,"10Jardinero capacitado para trabajo en alturas"]
["10CLEANER S.A.Jardinero capacitado para trabajo en alturas",10,"CLEANER S.A.","Servicio","Jardinero capacitado para trabajo en alturas","Jardinero capacitado para trabajo en alturas",null,null,null,null,2465868,"",{"$f":"IF($D223=\"Servicio\",SUMIF('Resumen - CSV'!$D:$D,$E223,'Resumen - CSV'!$G:$G),SUMIF('Detalle Bienes de Aseo y Caf'!$A:$A,$E223,'Detalle Bienes de Aseo y Caf'!$E:$E))","v":0},1,0,"10Jardinero capacitado para trabajo en alturas"]
["10CONSERJES INMOBILIARIOS LTDAJardinero capacitado para trabajo en alturas",10,"CONSERJES INMOBILIARIOS LTDA","Servicio","Jardinero capacitado para trabajo en alturas","Jardinero capacitado para trabajo en alturas",null,null,null,null,2465868,"",{"$f":"IF($D224=\"Servicio\",SUMIF('Resumen - CSV'!$D:$D,$E224,'Resumen - CSV'!$G:$G),SUMIF('Detalle Bienes de Aseo y Caf'!$A:$A,$E224,'Detalle Bienes de Aseo y Caf'!$E:$E))","v":0},1,0,"10Jardinero capacitado para trabajo en alturas"]
["10CONSORCIO ELITEJardinero capacitado para trabajo en alturas",10,"CONSORCIO ELITE","Servicio","Jardinero capacitado para trabajo en alturas","Jardinero capacitado para trabajo en alturas",null,null,null,null,2465868,"",{"$f":"IF($D225=\"Servicio\",SUMIF('Resumen - CSV'!$D:$D,$E225,'Resumen - CSV'!$G:$G),SUMIF('Detalle Bienes de Aseo y Caf'!$A:$A,$E225,'Detalle Bienes de Aseo y Caf'!$E:$E))","v":0},1,0,"10Jardinero capacitado para trabajo en alturas"]
["10CONSORCIO KIOSJardinero capacitado para trabajo en alturas",10,"CONSORCIO KIOS","Servicio","Jardinero capacitado para trabajo en alturas","Jardinero capacitado para trabajo en alturas",null,null,null,null,2465868,"",{"$f":"IF($D226=\"Servicio\",SUMIF('Resumen - CSV'!$D:$D,$E226,'Resumen - CSV'!$G:$G),SUMIF('Detalle Bienes de Aseo y Caf'!$A:$A,$E226,'Detalle Bienes de Aseo y Caf'!$E:$E))","v":0},1,0,"10Jardinero capacitado para trabajo en alturas"]
["10INCINERADOS DEL HUILAJardinero capacitado para trabajo en alturas",10,"INCINERADOS DEL HUILA","Servicio","Jardinero capacitado para trabajo en alturas","Jardinero capacitado para trabajo en alturas",null,null,null,null,2465868,"",{"$f":"IF($D227=\"Servicio\",SUMIF('Resumen - CSV'!$D:$D,$E227,'Resumen - CSV'!$G:$G),SUMIF('Detalle Bienes de Aseo y Caf'!$A:$A,$E227,'Detalle Bienes de Aseo y Caf'!$E:$E))","v":0},1,0,"10Jardinero capacitado para trabajo en alturas"]
["10INTERASEO SAS ESPJardinero capacitado para trabajo en alturas",10,"INTERASEO SAS ESP","Servicio","Jardinero capacitado para trabajo en alturas","Jardinero capacitado para trabajo en alturas",null,null,null,null,2627978,"",{"$f":"IF($D228=\"Servicio\",SUMIF('Resumen - CSV'!$D:$D,$E228,'Resumen - CSV'!$G:$G),SUMIF('Detalle Bienes de Aseo y Caf'!$A:$A,$E228,'Detalle Bienes de Aseo y Caf'!$E:$E))","v":0},1,0,"10Jardinero capacitado para trabajo en alturas"]
["10LIMPIEZA INSTITUCIONAL LASU S.A.S.Jardinero capacitado para trabajo en alturas",10,"LIMPIEZA INSTITUCIONAL LASU S.A.S.","Servicio","Jardinero capacitado para trabajo en alturas","Jardinero capacitado para trabajo en alturas",null,null,null,null,2465868,"",{"$f":"IF($D229=\"Servicio\",SUMIF('Resumen - CSV'!$D:$D,$E229,'Resumen - CSV'!$G:$G),SUMIF('Detalle Bienes de Aseo y Caf'!$A:$A,$E229,'Detalle Bienes de Aseo y Caf'!$E:$E))","v":0},1,0,"10Jardinero capacitado para trabajo en alturas"]
["10SERVIASEO S.AJardinero capacitado para trabajo en alturas",10,"SERVIASEO S.A","Servicio","Jardinero capacitado para trabajo en alturas","Jardinero capacitado para trabajo en alturas",null,null,null,null,2465868,"",{"$f":"IF($D230=\"Servicio\",SUMIF('Resumen - CSV'!$D:$D,$E230,'Resumen - CSV'!$G:$G),SUMIF('Detalle Bienes de Aseo y Caf'!$A:$A,$E230,'Detalle Bienes de Aseo y Caf'!$E:$E))","v":0},1,0,"10Jardinero capacitado para trabajo en alturas"]
["10SERVITALENTOSJardinero capacitado para trabajo en alturas",10,"SERVITALENTOS","Servicio","Jardinero capacitado para trabajo en alturas","Jardinero capacitado para trabajo en alturas",null,null,null,null,2465868,"",{"$f":"IF($D231=\"Servicio\",SUMIF('Resumen - CSV'!$D:$D,$E231,'Resumen - CSV'!$G:$G),SUMIF('Detalle Bienes de Aseo y Caf'!$A:$A,$E231,'Detalle Bienes de Aseo y Caf'!$E:$E))","v":0},1,0,"10Jardinero capacitado para trabajo en alturas"]
["10SOSEGE SASJardinero capacitado para trabajo en alturas",10,"SOSEGE SAS","Servicio","Jardinero capacitado para trabajo en alturas","Jardinero capacitado para trabajo en alturas",null,null,null,null,2465868,"",{"$f":"IF($D232=\"Servicio\",SUMIF('Resumen - CSV'!$D:$D,$E232,'Resumen - CSV'!$G:$G),SUMIF('Detalle Bienes de Aseo y Caf'!$A:$A,$E232,'Detalle Bienes de Aseo y Caf'!$E:$E))","v":0},1,0,"10Jardinero capacitado para trabajo en alturas"]
["10UNION  TEMPORAL LADOINSA 2022Jardinero capacitado para trabajo en alturas",10,"UNION  TEMPORAL LADOINSA 2022","Servicio","Jardinero capacitado para trabajo en alturas","Jardinero capacitado para trabajo en alturas",null,null,null,null,3055028,"",{"$f":"IF($D233=\"Servicio\",SUMIF('Resumen - CSV'!$D:$D,$E233,'Resumen - CSV'!$G:$G),SUMIF('Detalle Bienes de Aseo y Caf'!$A:$A,$E233,'Detalle Bienes de Aseo y Caf'!$E:$E))","v":0},1,0,"10Jardinero capacitado para trabajo en alturas"]
["10UNIÓN TEMPORAL ASEO COLOMBIA AMP4Jardinero capacitado para trabajo en alturas",10,"UNIÓN TEMPORAL ASEO COLOMBIA AMP4","Servicio","Jardinero capacitado para trabajo en alturas","Jardinero capacitado para trabajo en alturas",null,null,null,null,2465868,"",{"$f":"IF($D234=\"Servicio\",SUMIF('Resumen - CSV'!$D:$D,$E234,'Resumen - CSV'!$G:$G),SUMIF('Detalle Bienes de Aseo y Caf'!$A:$A,$E234,'Detalle Bienes de Aseo y Caf'!$E:$E))","v":0},1,0,"10Jardinero capacitado para trabajo en alturas"]
["10UNIÓN TEMPORAL CCE AMP IV 2022Jardinero capacitado para trabajo en alturas",10,"UNIÓN TEMPORAL CCE AMP IV 2022","Servicio","Jardinero capacitado para trabajo en alturas","Jardinero capacitado para trabajo en alturas",null,null,null,null,2465868,"",{"$f":"IF($D235=\"Servicio\",SUMIF('Resumen - CSV'!$D:$D,$E235,'Resumen - CSV'!$G:$G),SUMIF('Detalle Bienes de Aseo y Caf'!$A:$A,$E235,'Detalle Bienes de Aseo y Caf'!$E:$E))","v":0},1,0,"10Jardinero capacitado para trabajo en alturas"]
["10UNION TEMPORAL CLEAN COLOMBIAJardinero capacitado para trabajo en alturas",10,"UNION TEMPORAL CLEAN COLOMBIA","Servicio","Jardinero capacitado para trabajo en alturas","Jardinero capacitado para trabajo en alturas",null,null,null,null,2465868,"",{"$f":"IF($D236=\"Servicio\",SUMIF('Resumen - CSV'!$D:$D,$E236,'Resumen - CSV'!$G:$G),SUMIF('Detalle Bienes de Aseo y Caf'!$A:$A,$E236,'Detalle Bienes de Aseo y Caf'!$E:$E))","v":0},1,0,"10Jardinero capacitado para trabajo en alturas"]
["10UNION TEMPORAL ECOLIMPIEZA 4GJardinero capacitado para trabajo en alturas",10,"UNION TEMPORAL ECOLIMPIEZA 4G","Servicio","Jardinero capacitado para trabajo en alturas","Jardinero capacitado para trabajo en alturas",null,null,null,null,2465868,"",{"$f":"IF($D237=\"Servicio\",SUMIF('Resumen - CSV'!$D:$D,$E237,'Resumen - CSV'!$G:$G),SUMIF('Detalle Bienes de Aseo y Caf'!$A:$A,$E237,'Detalle Bienes de Aseo y Caf'!$E:$E))","v":0},1,0,"10Jardinero capacitado para trabajo en alturas"]
["10UNIÓN TEMPORAL EMINSER SOLOASEO 2023Jardinero capacitado para trabajo en alturas",10,"UNIÓN TEMPORAL EMINSER SOLOASEO 2023","Servicio","Jardinero capacitado para trabajo en alturas","Jardinero capacitado para trabajo en alturas",null,null,null,null,2465868,"",{"$f":"IF($D238=\"Servicio\",SUMIF('Resumen - CSV'!$D:$D,$E238,'Resumen - CSV'!$G:$G),SUMIF('Detalle Bienes de Aseo y Caf'!$A:$A,$E238,'Detalle Bienes de Aseo y Caf'!$E:$E))","v":0},1,0,"10Jardinero capacitado para trabajo en alturas"]
["10UNION TEMPORAL OUTSOURCING GIAFJardinero capacitado para trabajo en alturas",10,"UNION TEMPORAL OUTSOURCING GIAF","Servicio","Jardinero capacitado para trabajo en alturas","Jardinero capacitado para trabajo en alturas",null,null,null,null,2465868,"",{"$f":"IF($D239=\"Servicio\",SUMIF('Resumen - CSV'!$D:$D,$E239,'Resumen - CSV'!$G:$G),SUMIF('Detalle Bienes de Aseo y Caf'!$A:$A,$E239,'Detalle Bienes de Aseo y Caf'!$E:$E))","v":0},1,0,"10Jardinero capacitado para trabajo en alturas"]
["10UNION TEMPORAL R&J 2022Jardinero capacitado para trabajo en alturas",10,"UNION TEMPORAL R&J 2022","Servicio","Jardinero capacitado para trabajo en alturas","Jardinero capacitado para trabajo en alturas",null,null,null,null,2465868,"",{"$f":"IF($D240=\"Servicio\",SUMIF('Resumen - CSV'!$D:$D,$E240,'Resumen - CSV'!$G:$G),SUMIF('Detalle Bienes de Aseo y Caf'!$A:$A,$E240,'Detalle Bienes de Aseo y Caf'!$E:$E))","v":0},1,0,"10Jardinero capacitado para trabajo en alturas"]
["10UNION TEMPORAL SERVICIOS INTEGRALESJardinero capacitado para trabajo en alturas",10,"UNION TEMPORAL SERVICIOS INTEGRALES","Servicio","Jardinero capacitado para trabajo en alturas","Jardinero capacitado para trabajo en alturas",null,null,null,null,2465868,"",{"$f":"IF($D241=\"Servicio\",SUMIF('Resumen - CSV'!$D:$D,$E241,'Resumen - CSV'!$G:$G),SUMIF('Detalle Bienes de Aseo y Caf'!$A:$A,$E241,'Detalle Bienes de Aseo y Caf'!$E:$E))","v":0},1,0,"10Jardinero capacitado para trabajo en alturas"]
["10UT EASYCLEAN ASEO PROFESIONALJardinero capacitado para trabajo en alturas",10,"UT EASYCLEAN ASEO PROFESIONAL","Servicio","Jardinero capacitado para trabajo en alturas","Jardinero capacitado para trabajo en alturas",null,null,null,null,2465868,"",{"$f":"IF($D242=\"Servicio\",SUMIF('Resumen - CSV'!$D:$D,$E242,'Resumen - CSV'!$G:$G),SUMIF('Detalle Bienes de Aseo y Caf'!$A:$A,$E242,'Detalle Bienes de Aseo y Caf'!$E:$E))","v":0},1,0,"10Jardinero capacitado para trabajo en alturas"]
["10UT GRUPO ADINJardinero capacitado para trabajo en alturas",10,"UT GRUPO ADIN","Servicio","Jardinero capacitado para trabajo en alturas","Jardinero capacitado para trabajo en alturas",null,null,null,null,2465868,"",{"$f":"IF($D243=\"Servicio\",SUMIF('Resumen - CSV'!$D:$D,$E243,'Resumen - CSV'!$G:$G),SUMIF('Detalle Bienes de Aseo y Caf'!$A:$A,$E243,'Detalle Bienes de Aseo y Caf'!$E:$E))","v":0},1,0,"10Jardinero capacitado para trabajo en alturas"]
["10ASECOLBAS LTDACoordinador de trabajo en alturas",10,"ASECOLBAS LTDA","Servicio","Coordinador de trabajo en alturas","Coordinador de trabajo en alturas",null,null,null,null,2465868,"",{"$f":"IF($D244=\"Servicio\",SUMIF('Resumen - CSV'!$D:$D,$E244,'Resumen - CSV'!$G:$G),SUMIF('Detalle Bienes de Aseo y Caf'!$A:$A,$E244,'Detalle Bienes de Aseo y Caf'!$E:$E))","v":0},1,0,"10Coordinador de trabajo en alturas"]
["10CLEANER S.A.Coordinador de trabajo en alturas",10,"CLEANER S.A.","Servicio","Coordinador de trabajo en alturas","Coordinador de trabajo en alturas",null,null,null,null,2465868,"",{"$f":"IF($D245=\"Servicio\",SUMIF('Resumen - CSV'!$D:$D,$E245,'Resumen - CSV'!$G:$G),SUMIF('Detalle Bienes de Aseo y Caf'!$A:$A,$E245,'Detalle Bienes de Aseo y Caf'!$E:$E))","v":0},1,0,"10Coordinador de trabajo en alturas"]
["10CONSERJES INMOBILIARIOS LTDACoordinador de trabajo en alturas",10,"CONSERJES INMOBILIARIOS LTDA","Servicio","Coordinador de trabajo en alturas","Coordinador de trabajo en alturas",null,null,null,null,2465868,"",{"$f":"IF($D246=\"Servicio\",SUMIF('Resumen - CSV'!$D:$D,$E246,'Resumen - CSV'!$G:$G),SUMIF('Detalle Bienes de Aseo y Caf'!$A:$A,$E246,'Detalle Bienes de Aseo y Caf'!$E:$E))","v":0},1,0,"10Coordinador de trabajo en alturas"]
["10CONSORCIO ELITECoordinador de trabajo en alturas",10,"CONSORCIO ELITE","Servicio","Coordinador de trabajo en alturas","Coordinador de trabajo en alturas",null,null,null,null,2465868,"",{"$f":"IF($D247=\"Servicio\",SUMIF('Resumen - CSV'!$D:$D,$E247,'Resumen - CSV'!$G:$G),SUMIF('Detalle Bienes de Aseo y Caf'!$A:$A,$E247,'Detalle Bienes de Aseo y Caf'!$E:$E))","v":0},1,0,"10Coordinador de trabajo en alturas"]
["10CONSORCIO KIOSCoordinador de trabajo en alturas",10,"CONSORCIO KIOS","Servicio","Coordinador de trabajo en alturas","Coordinador de trabajo en alturas",null,null,null,null,2465868,"",{"$f":"IF($D248=\"Servicio\",SUMIF('Resumen - CSV'!$D:$D,$E248,'Resumen - CSV'!$G:$G),SUMIF('Detalle Bienes de Aseo y Caf'!$A:$A,$E248,'Detalle Bienes de Aseo y Caf'!$E:$E))","v":0},1,0,"10Coordinador de trabajo en alturas"]
["10INCINERADOS DEL HUILACoordinador de trabajo en alturas",10,"INCINERADOS DEL HUILA","Servicio","Coordinador de trabajo en alturas","Coordinador de trabajo en alturas",null,null,null,null,2465868,"",{"$f":"IF($D249=\"Servicio\",SUMIF('Resumen - CSV'!$D:$D,$E249,'Resumen - CSV'!$G:$G),SUMIF('Detalle Bienes de Aseo y Caf'!$A:$A,$E249,'Detalle Bienes de Aseo y Caf'!$E:$E))","v":0},1,0,"10Coordinador de trabajo en alturas"]
["10INTERASEO SAS ESPCoordinador de trabajo en alturas",10,"INTERASEO SAS ESP","Servicio","Coordinador de trabajo en alturas","Coordinador de trabajo en alturas",null,null,null,null,3640034,"",{"$f":"IF($D250=\"Servicio\",SUMIF('Resumen - CSV'!$D:$D,$E250,'Resumen - CSV'!$G:$G),SUMIF('Detalle Bienes de Aseo y Caf'!$A:$A,$E250,'Detalle Bienes de Aseo y Caf'!$E:$E))","v":0},1,0,"10Coordinador de trabajo en alturas"]
["10LIMPIEZA INSTITUCIONAL LASU S.A.S.Coordinador de trabajo en alturas",10,"LIMPIEZA INSTITUCIONAL LASU S.A.S.","Servicio","Coordinador de trabajo en alturas","Coordinador de trabajo en alturas",null,null,null,null,2465868,"",{"$f":"IF($D251=\"Servicio\",SUMIF('Resumen - CSV'!$D:$D,$E251,'Resumen - CSV'!$G:$G),SUMIF('Detalle Bienes de Aseo y Caf'!$A:$A,$E251,'Detalle Bienes de Aseo y Caf'!$E:$E))","v":0},1,0,"10Coordinador de trabajo en alturas"]
["10SERVIASEO S.ACoordinador de trabajo en alturas",10,"SERVIASEO S.A","Servicio","Coordinador de trabajo en alturas","Coordinador de trabajo en alturas",null,null,null,null,2465868,"",{"$f":"IF($D252=\"Servicio\",SUMIF('Resumen - CSV'!$D:$D,$E252,'Resumen - CSV'!$G:$G),SUMIF('Detalle Bienes de Aseo y Caf'!$A:$A,$E252,'Detalle Bienes de Aseo y Caf'!$E:$E))","v":0},1,0,"10Coordinador de trabajo en alturas"]
["10SERVITALENTOSCoordinador de trabajo en alturas",10,"SERVITALENTOS","Servicio","Coordinador de trabajo en alturas","Coordinador de trabajo en alturas",null,null,null,null,2465868,"",{"$f":"IF($D253=\"Servicio\",SUMIF('Resumen - CSV'!$D:$D,$E253,'Resumen - CSV'!$G:$G),SUMIF('Detalle Bienes de Aseo y Caf'!$A:$A,$E253,'Detalle Bienes de Aseo y Caf'!$E:$E))","v":0},1,0,"10Coordinador de trabajo en alturas"]
["10SOSEGE SASCoordinador de trabajo en alturas",10,"SOSEGE SAS","Servicio","Coordinador de trabajo en alturas","Coordinador de trabajo en alturas",null,null,null,null,2465868,"",{"$f":"IF($D254=\"Servicio\",SUMIF('Resumen - CSV'!$D:$D,$E254,'Resumen - CSV'!$G:$G),SUMIF('Detalle Bienes de Aseo y Caf'!$A:$A,$E254,'Detalle Bienes de Aseo y Caf'!$E:$E))","v":0},1,0,"10Coordinador de trabajo en alturas"]
["10UNION  TEMPORAL LADOINSA 2022Coordinador de trabajo en alturas",10,"UNION  TEMPORAL LADOINSA 2022","Servicio","Coordinador de trabajo en alturas","Coordinador de trabajo en alturas",null,null,null,null,3510032,"",{"$f":"IF($D255=\"Servicio\",SUMIF('Resumen - CSV'!$D:$D,$E255,'Resumen - CSV'!$G:$G),SUMIF('Detalle Bienes de Aseo y Caf'!$A:$A,$E255,'Detalle Bienes de Aseo y Caf'!$E:$E))","v":0},1,0,"10Coordinador de trabajo en alturas"]
["10UNIÓN TEMPORAL ASEO COLOMBIA AMP4Coordinador de trabajo en alturas",10,"UNIÓN TEMPORAL ASEO COLOMBIA AMP4","Servicio","Coordinador de trabajo en alturas","Coordinador de trabajo en alturas",null,null,null,null,2465868,"",{"$f":"IF($D256=\"Servicio\",SUMIF('Resumen - CSV'!$D:$D,$E256,'Resumen - CSV'!$G:$G),SUMIF('Detalle Bienes de Aseo y Caf'!$A:$A,$E256,'Detalle Bienes de Aseo y Caf'!$E:$E))","v":0},1,0,"10Coordinador de trabajo en alturas"]
["10UNIÓN TEMPORAL CCE AMP IV 2022Coordinador de trabajo en alturas",10,"UNIÓN TEMPORAL CCE AMP IV 2022","Servicio","Coordinador de trabajo en alturas","Coordinador de trabajo en alturas",null,null,null,null,2465868,"",{"$f":"IF($D257=\"Servicio\",SUMIF('Resumen - CSV'!$D:$D,$E257,'Resumen - CSV'!$G:$G),SUMIF('Detalle Bienes de Aseo y Caf'!$A:$A,$E257,'Detalle Bienes de Aseo y Caf'!$E:$E))","v":0},1,0,"10Coordinador de trabajo en alturas"]
["10UNION TEMPORAL CLEAN COLOMBIACoordinador de trabajo en alturas",10,"UNION TEMPORAL CLEAN COLOMBIA","Servicio","Coordinador de trabajo en alturas","Coordinador de trabajo en alturas",null,null,null,null,2465868,"",{"$f":"IF($D258=\"Servicio\",SUMIF('Resumen - CSV'!$D:$D,$E258,'Resumen - CSV'!$G:$G),SUMIF('Detalle Bienes de Aseo y Caf'!$A:$A,$E258,'Detalle Bienes de Aseo y Caf'!$E:$E))","v":0},1,0,"10Coordinador de trabajo en alturas"]
["10UNION TEMPORAL ECOLIMPIEZA 4GCoordinador de trabajo en alturas",10,"UNION TEMPORAL ECOLIMPIEZA 4G","Servicio","Coordinador de trabajo en alturas","Coordinador de trabajo en alturas",null,null,null,null,2465868,{"$f":"IF($D259=\"Bien\",$K259*$M259,\"\")","v":""},{"$f":"IF($D259=\"Servicio\",SUMIF('Resumen - CSV'!$D:$D,$E259,'Resumen - CSV'!$G:$G),SUMIF('Detalle Bienes de Aseo y Caf'!$A:$A,$E259,'Detalle Bienes de Aseo y Caf'!$E:$E))","v":0},1,{"$f":"$K259*M259*N259","v":0},"10Coordinador de trabajo en alturas"]
["10UNIÓN TEMPORAL EMINSER SOLOASEO 2023Coordinador de trabajo en alturas",10,"UNIÓN TEMPORAL EMINSER SOLOASEO 2023","Servicio","Coordinador de trabajo en alturas","Coordinador de trabajo en alturas",null,null,null,null,2465868,"",{"$f":"IF($D260=\"Servicio\",SUMIF('Resumen - CSV'!$D:$D,$E260,'Resumen - CSV'!$G:$G),SUMIF('Detalle Bienes de Aseo y Caf'!$A:$A,$E260,'Detalle Bienes de Aseo y Caf'!$E:$E))","v":0},1,0,"10Coordinador de trabajo en alturas"]
["10UNION TEMPORAL OUTSOURCING GIAFCoordinador de trabajo en alturas",10,"UNION TEMPORAL OUTSOURCING GIAF","Servicio","Coordinador de trabajo en alturas","Coordinador de trabajo en alturas",null,null,null,null,2465868,"",{"$f":"IF($D261=\"Servicio\",SUMIF('Resumen - CSV'!$D:$D,$E261,'Resumen - CSV'!$G:$G),SUMIF('Detalle Bienes de Aseo y Caf'!$A:$A,$E261,'Detalle Bienes de Aseo y Caf'!$E:$E))","v":0},1,0,"10Coordinador de trabajo en alturas"]
["10UNION TEMPORAL R&J 2022Coordinador de trabajo en alturas",10,"UNION TEMPORAL R&J 2022","Servicio","Coordinador de trabajo en alturas","Coordinador de trabajo en alturas",null,null,null,null,2465868,"",{"$f":"IF($D262=\"Servicio\",SUMIF('Resumen - CSV'!$D:$D,$E262,'Resumen - CSV'!$G:$G),SUMIF('Detalle Bienes de Aseo y Caf'!$A:$A,$E262,'Detalle Bienes de Aseo y Caf'!$E:$E))","v":0},1,0,"10Coordinador de trabajo en alturas"]
["10UNION TEMPORAL SERVICIOS INTEGRALESCoordinador de trabajo en alturas",10,"UNION TEMPORAL SERVICIOS INTEGRALES","Servicio","Coordinador de trabajo en alturas","Coordinador de trabajo en alturas",null,null,null,null,2465868,"",{"$f":"IF($D263=\"Servicio\",SUMIF('Resumen - CSV'!$D:$D,$E263,'Resumen - CSV'!$G:$G),SUMIF('Detalle Bienes de Aseo y Caf'!$A:$A,$E263,'Detalle Bienes de Aseo y Caf'!$E:$E))","v":0},1,0,"10Coordinador de trabajo en alturas"]
["10UT EASYCLEAN ASEO PROFESIONALCoordinador de trabajo en alturas",10,"UT EASYCLEAN ASEO PROFESIONAL","Servicio","Coordinador de trabajo en alturas","Coordinador de trabajo en alturas",null,null,null,null,2465868,"",{"$f":"IF($D264=\"Servicio\",SUMIF('Resumen - CSV'!$D:$D,$E264,'Resumen - CSV'!$G:$G),SUMIF('Detalle Bienes de Aseo y Caf'!$A:$A,$E264,'Detalle Bienes de Aseo y Caf'!$E:$E))","v":0},1,0,"10Coordinador de trabajo en alturas"]
["10UT GRUPO ADINCoordinador de trabajo en alturas",10,"UT GRUPO ADIN","Servicio","Coordinador de trabajo en alturas","Coordinador de trabajo en alturas",null,null,null,null,2465868,"",{"$f":"IF($D265=\"Servicio\",SUMIF('Resumen - CSV'!$D:$D,$E265,'Resumen - CSV'!$G:$G),SUMIF('Detalle Bienes de Aseo y Caf'!$A:$A,$E265,'Detalle Bienes de Aseo y Caf'!$E:$E))","v":0},1,0,"10Coordinador de trabajo en alturas"]
["10ASECOLBAS LTDATurno operario de mantenimiento",10,"ASECOLBAS LTDA","Servicio","Turno operario de mantenimiento","Turno operario de mantenimiento",null,null,null,null,82196,"",{"$f":"IF($D266=\"Servicio\",SUMIF('Resumen - CSV'!$D:$D,$E266,'Resumen - CSV'!$G:$G),SUMIF('Detalle Bienes de Aseo y Caf'!$A:$A,$E266,'Detalle Bienes de Aseo y Caf'!$E:$E))","v":0},1,0,"10Turno operario de mantenimiento"]
["10CLEANER S.A.Turno operario de mantenimiento",10,"CLEANER S.A.","Servicio","Turno operario de mantenimiento","Turno operario de mantenimiento",null,null,null,null,82196,"",{"$f":"IF($D267=\"Servicio\",SUMIF('Resumen - CSV'!$D:$D,$E267,'Resumen - CSV'!$G:$G),SUMIF('Detalle Bienes de Aseo y Caf'!$A:$A,$E267,'Detalle Bienes de Aseo y Caf'!$E:$E))","v":0},1,0,"10Turno operario de mantenimiento"]
["10CONSERJES INMOBILIARIOS LTDATurno operario de mantenimiento",10,"CONSERJES INMOBILIARIOS LTDA","Servicio","Turno operario de mantenimiento","Turno operario de mantenimiento",null,null,null,null,82196,"",{"$f":"IF($D268=\"Servicio\",SUMIF('Resumen - CSV'!$D:$D,$E268,'Resumen - CSV'!$G:$G),SUMIF('Detalle Bienes de Aseo y Caf'!$A:$A,$E268,'Detalle Bienes de Aseo y Caf'!$E:$E))","v":0},1,0,"10Turno operario de mantenimiento"]
["10CONSORCIO ELITETurno operario de mantenimiento",10,"CONSORCIO ELITE","Servicio","Turno operario de mantenimiento","Turno operario de mantenimiento",null,null,null,null,82196,"",{"$f":"IF($D269=\"Servicio\",SUMIF('Resumen - CSV'!$D:$D,$E269,'Resumen - CSV'!$G:$G),SUMIF('Detalle Bienes de Aseo y Caf'!$A:$A,$E269,'Detalle Bienes de Aseo y Caf'!$E:$E))","v":0},1,0,"10Turno operario de mantenimiento"]
["10CONSORCIO KIOSTurno operario de mantenimiento",10,"CONSORCIO KIOS","Servicio","Turno operario de mantenimiento","Turno operario de mantenimiento",null,null,null,null,82196,"",{"$f":"IF($D270=\"Servicio\",SUMIF('Resumen - CSV'!$D:$D,$E270,'Resumen - CSV'!$G:$G),SUMIF('Detalle Bienes de Aseo y Caf'!$A:$A,$E270,'Detalle Bienes de Aseo y Caf'!$E:$E))","v":0},1,0,"10Turno operario de mantenimiento"]
["10INCINERADOS DEL HUILATurno operario de mantenimiento",10,"INCINERADOS DEL HUILA","Servicio","Turno operario de mantenimiento","Turno operario de mantenimiento",null,null,null,null,82196,"",{"$f":"IF($D271=\"Servicio\",SUMIF('Resumen - CSV'!$D:$D,$E271,'Resumen - CSV'!$G:$G),SUMIF('Detalle Bienes de Aseo y Caf'!$A:$A,$E271,'Detalle Bienes de Aseo y Caf'!$E:$E))","v":0},1,0,"10Turno operario de mantenimiento"]
["10INTERASEO SAS ESPTurno operario de mantenimiento",10,"INTERASEO SAS ESP","Servicio","Turno operario de mantenimiento","Turno operario de mantenimiento",null,null,null,null,82196,"",{"$f":"IF($D272=\"Servicio\",SUMIF('Resumen - CSV'!$D:$D,$E272,'Resumen - CSV'!$G:$G),SUMIF('Detalle Bienes de Aseo y Caf'!$A:$A,$E272,'Detalle Bienes de Aseo y Caf'!$E:$E))","v":0},1,0,"10Turno operario de mantenimiento"]
["10LIMPIEZA INSTITUCIONAL LASU S.A.S.Turno operario de mantenimiento",10,"LIMPIEZA INSTITUCIONAL LASU S.A.S.","Servicio","Turno operario de mantenimiento","Turno operario de mantenimiento",null,null,null,null,82196,"",{"$f":"IF($D273=\"Servicio\",SUMIF('Resumen - CSV'!$D:$D,$E273,'Resumen - CSV'!$G:$G),SUMIF('Detalle Bienes de Aseo y Caf'!$A:$A,$E273,'Detalle Bienes de Aseo y Caf'!$E:$E))","v":0},1,0,"10Turno operario de mantenimiento"]
["10SERVIASEO S.ATurno operario de mantenimiento",10,"SERVIASEO S.A","Servicio","Turno operario de mantenimiento","Turno operario de mantenimiento",null,null,null,null,82196,"",{"$f":"IF($D274=\"Servicio\",SUMIF('Resumen - CSV'!$D:$D,$E274,'Resumen - CSV'!$G:$G),SUMIF('Detalle Bienes de Aseo y Caf'!$A:$A,$E274,'Detalle Bienes de Aseo y Caf'!$E:$E))","v":0},1,0,"10Turno operario de mantenimiento"]
["10SERVITALENTOSTurno operario de mantenimiento",10,"SERVITALENTOS","Servicio","Turno operario de mantenimiento","Turno operario de mantenimiento",null,null,null,null,82196,"",{"$f":"IF($D275=\"Servicio\",SUMIF('Resumen - CSV'!$D:$D,$E275,'Resumen - CSV'!$G:$G),SUMIF('Detalle Bienes de Aseo y Caf'!$A:$A,$E275,'Detalle Bienes de Aseo y Caf'!$E:$E))","v":0},1,0,"10Turno operario de mantenimiento"]
["10SOSEGE SASTurno operario de mantenimiento",10,"SOSEGE SAS","Servicio","Turno operario de mantenimiento","Turno operario de mantenimiento",null,null,null,null,82196,"",{"$f":"IF($D276=\"Servicio\",SUMIF('Resumen - CSV'!$D:$D,$E276,'Resumen - CSV'!$G:$G),SUMIF('Detalle Bienes de Aseo y Caf'!$A:$A,$E276,'Detalle Bienes de Aseo y Caf'!$E:$E))","v":0},1,0,"10Turno operario de mantenimiento"]
["10UNION  TEMPORAL LADOINSA 2022Turno operario de mantenimiento",10,"UNION  TEMPORAL LADOINSA 2022","Servicio","Turno operario de mantenimiento","Turno operario de mantenimiento",null,null,null,null,260002,"",{"$f":"IF($D277=\"Servicio\",SUMIF('Resumen - CSV'!$D:$D,$E277,'Resumen - CSV'!$G:$G),SUMIF('Detalle Bienes de Aseo y Caf'!$A:$A,$E277,'Detalle Bienes de Aseo y Caf'!$E:$E))","v":0},1,0,"10Turno operario de mantenimiento"]
["10UNIÓN TEMPORAL ASEO COLOMBIA AMP4Turno operario de mantenimiento",10,"UNIÓN TEMPORAL ASEO COLOMBIA AMP4","Servicio","Turno operario de mantenimiento","Turno operario de mantenimiento",null,null,null,null,82196,"",{"$f":"IF($D278=\"Servicio\",SUMIF('Resumen - CSV'!$D:$D,$E278,'Resumen - CSV'!$G:$G),SUMIF('Detalle Bienes de Aseo y Caf'!$A:$A,$E278,'Detalle Bienes de Aseo y Caf'!$E:$E))","v":0},1,0,"10Turno operario de mantenimiento"]
["10UNIÓN TEMPORAL CCE AMP IV 2022Turno operario de mantenimiento",10,"UNIÓN TEMPORAL CCE AMP IV 2022","Servicio","Turno operario de mantenimiento","Turno operario de mantenimiento",null,null,null,null,82196,"",{"$f":"IF($D279=\"Servicio\",SUMIF('Resumen - CSV'!$D:$D,$E279,'Resumen - CSV'!$G:$G),SUMIF('Detalle Bienes de Aseo y Caf'!$A:$A,$E279,'Detalle Bienes de Aseo y Caf'!$E:$E))","v":0},1,0,"10Turno operario de mantenimiento"]
["10UNION TEMPORAL CLEAN COLOMBIATurno operario de mantenimiento",10,"UNION TEMPORAL CLEAN COLOMBIA","Servicio","Turno operario de mantenimiento","Turno operario de mantenimiento",null,null,null,null,82196,"",{"$f":"IF($D280=\"Servicio\",SUMIF('Resumen - CSV'!$D:$D,$E280,'Resumen - CSV'!$G:$G),SUMIF('Detalle Bienes de Aseo y Caf'!$A:$A,$E280,'Detalle Bienes de Aseo y Caf'!$E:$E))","v":0},1,0,"10Turno operario de mantenimiento"]
["10UNION TEMPORAL ECOLIMPIEZA 4GTurno operario de mantenimiento",10,"UNION TEMPORAL ECOLIMPIEZA 4G","Servicio","Turno operario de mantenimiento","Turno operario de mantenimiento",null,null,null,null,82196,"",{"$f":"IF($D281=\"Servicio\",SUMIF('Resumen - CSV'!$D:$D,$E281,'Resumen - CSV'!$G:$G),SUMIF('Detalle Bienes de Aseo y Caf'!$A:$A,$E281,'Detalle Bienes de Aseo y Caf'!$E:$E))","v":0},1,0,"10Turno operario de mantenimiento"]
["10UNIÓN TEMPORAL EMINSER SOLOASEO 2023Turno operario de mantenimiento",10,"UNIÓN TEMPORAL EMINSER SOLOASEO 2023","Servicio","Turno operario de mantenimiento","Turno operario de mantenimiento",null,null,null,null,82196,"",{"$f":"IF($D282=\"Servicio\",SUMIF('Resumen - CSV'!$D:$D,$E282,'Resumen - CSV'!$G:$G),SUMIF('Detalle Bienes de Aseo y Caf'!$A:$A,$E282,'Detalle Bienes de Aseo y Caf'!$E:$E))","v":0},1,0,"10Turno operario de mantenimiento"]
["10UNION TEMPORAL OUTSOURCING GIAFTurno operario de mantenimiento",10,"UNION TEMPORAL OUTSOURCING GIAF","Servicio","Turno operario de mantenimiento","Turno operario de mantenimiento",null,null,null,null,82196,"",{"$f":"IF($D283=\"Servicio\",SUMIF('Resumen - CSV'!$D:$D,$E283,'Resumen - CSV'!$G:$G),SUMIF('Detalle Bienes de Aseo y Caf'!$A:$A,$E283,'Detalle Bienes de Aseo y Caf'!$E:$E))","v":0},1,0,"10Turno operario de mantenimiento"]
["10UNION TEMPORAL R&J 2022Turno operario de mantenimiento",10,"UNION TEMPORAL R&J 2022","Servicio","Turno operario de mantenimiento","Turno operario de mantenimiento",null,null,null,null,82196,"",{"$f":"IF($D284=\"Servicio\",SUMIF('Resumen - CSV'!$D:$D,$E284,'Resumen - CSV'!$G:$G),SUMIF('Detalle Bienes de Aseo y Caf'!$A:$A,$E284,'Detalle Bienes de Aseo y Caf'!$E:$E))","v":0},1,0,"10Turno operario de mantenimiento"]
["10UNION TEMPORAL SERVICIOS INTEGRALESTurno operario de mantenimiento",10,"UNION TEMPORAL SERVICIOS INTEGRALES","Servicio","Turno operario de mantenimiento","Turno operario de mantenimiento",null,null,null,null,82196,"",{"$f":"IF($D285=\"Servicio\",SUMIF('Resumen - CSV'!$D:$D,$E285,'Resumen - CSV'!$G:$G),SUMIF('Detalle Bienes de Aseo y Caf'!$A:$A,$E285,'Detalle Bienes de Aseo y Caf'!$E:$E))","v":0},1,0,"10Turno operario de mantenimiento"]
["10UT EASYCLEAN ASEO PROFESIONALTurno operario de mantenimiento",10,"UT EASYCLEAN ASEO PROFESIONAL","Servicio","Turno operario de mantenimiento","Turno operario de mantenimiento",null,null,null,null,82196,"",{"$f":"IF($D286=\"Servicio\",SUMIF('Resumen - CSV'!$D:$D,$E286,'Resumen - CSV'!$G:$G),SUMIF('Detalle Bienes de Aseo y Caf'!$A:$A,$E286,'Detalle Bienes de Aseo y Caf'!$E:$E))","v":0},1,0,"10Turno operario de mantenimiento"]
["10UT GRUPO ADINTurno operario de mantenimiento",10,"UT GRUPO ADIN","Servicio","Turno operario de mantenimiento","Turno operario de mantenimiento",null,null,null,null,82196,"",{"$f":"IF($D287=\"Servicio\",SUMIF('Resumen - CSV'!$D:$D,$E287,'Resumen - CSV'!$G:$G),SUMIF('Detalle Bienes de Aseo y Caf'!$A:$A,$E287,'Detalle Bienes de Aseo y Caf'!$E:$E))","v":0},1,0,"10Turno operario de mantenimiento"]
["10ASECOLBAS LTDATurno operario de mantenimiento capacitado para trabajo en alturas nivel básico",10,"ASECOLBAS LTDA","Servicio","Turno operario de mantenimiento capacitado para trabajo en alturas nivel básico","Turno operario de mantenimiento capacitado para trabajo en alturas nivel básico",null,null,null,null,82196,"",{"$f":"IF($D288=\"Servicio\",SUMIF('Resumen - CSV'!$D:$D,$E288,'Resumen - CSV'!$G:$G),SUMIF('Detalle Bienes de Aseo y Caf'!$A:$A,$E288,'Detalle Bienes de Aseo y Caf'!$E:$E))","v":0},1,0,"10Turno operario de mantenimiento capacitado para trabajo en alturas nivel básico"]
["10CLEANER S.A.Turno operario de mantenimiento capacitado para trabajo en alturas nivel básico",10,"CLEANER S.A.","Servicio","Turno operario de mantenimiento capacitado para trabajo en alturas nivel básico","Turno operario de mantenimiento capacitado para trabajo en alturas nivel básico",null,null,null,null,82196,"",{"$f":"IF($D289=\"Servicio\",SUMIF('Resumen - CSV'!$D:$D,$E289,'Resumen - CSV'!$G:$G),SUMIF('Detalle Bienes de Aseo y Caf'!$A:$A,$E289,'Detalle Bienes de Aseo y Caf'!$E:$E))","v":0},1,0,"10Turno operario de mantenimiento capacitado para trabajo en alturas nivel básico"]
["10CONSERJES INMOBILIARIOS LTDATurno operario de mantenimiento capacitado para trabajo en alturas nivel básico",10,"CONSERJES INMOBILIARIOS LTDA","Servicio","Turno operario de mantenimiento capacitado para trabajo en alturas nivel básico","Turno operario de mantenimiento capacitado para trabajo en alturas nivel básico",null,null,null,null,82196,"",{"$f":"IF($D290=\"Servicio\",SUMIF('Resumen - CSV'!$D:$D,$E290,'Resumen - CSV'!$G:$G),SUMIF('Detalle Bienes de Aseo y Caf'!$A:$A,$E290,'Detalle Bienes de Aseo y Caf'!$E:$E))","v":0},1,0,"10Turno operario de mantenimiento capacitado para trabajo en alturas nivel básico"]
["10CONSORCIO ELITETurno operario de mantenimiento capacitado para trabajo en alturas nivel básico",10,"CONSORCIO ELITE","Servicio","Turno operario de mantenimiento capacitado para trabajo en alturas nivel básico","Turno operario de mantenimiento capacitado para trabajo en alturas nivel básico",null,null,null,null,82196,"",{"$f":"IF($D291=\"Servicio\",SUMIF('Resumen - CSV'!$D:$D,$E291,'Resumen - CSV'!$G:$G),SUMIF('Detalle Bienes de Aseo y Caf'!$A:$A,$E291,'Detalle Bienes de Aseo y Caf'!$E:$E))","v":0},1,0,"10Turno operario de mantenimiento capacitado para trabajo en alturas nivel básico"]
["10CONSORCIO KIOSTurno operario de mantenimiento capacitado para trabajo en alturas nivel básico",10,"CONSORCIO KIOS","Servicio","Turno operario de mantenimiento capacitado para trabajo en alturas nivel básico","Turno operario de mantenimiento capacitado para trabajo en alturas nivel básico",null,null,null,null,82196,"",{"$f":"IF($D292=\"Servicio\",SUMIF('Resumen - CSV'!$D:$D,$E292,'Resumen - CSV'!$G:$G),SUMIF('Detalle Bienes de Aseo y Caf'!$A:$A,$E292,'Detalle Bienes de Aseo y Caf'!$E:$E))","v":0},1,0,"10Turno operario de mantenimiento capacitado para trabajo en alturas nivel básico"]
["10INCINERADOS DEL HUILATurno operario de mantenimiento capacitado para trabajo en alturas nivel básico",10,"INCINERADOS DEL HUILA","Servicio","Turno operario de mantenimiento capacitado para trabajo en alturas nivel básico","Turno operario de mantenimiento capacitado para trabajo en alturas nivel básico",null,null,null,null,82196,"",{"$f":"IF($D293=\"Servicio\",SUMIF('Resumen - CSV'!$D:$D,$E293,'Resumen - CSV'!$G:$G),SUMIF('Detalle Bienes de Aseo y Caf'!$A:$A,$E293,'Detalle Bienes de Aseo y Caf'!$E:$E))","v":0},1,0,"10Turno operario de mantenimiento capacitado para trabajo en alturas nivel básico"]
["10INTERASEO SAS ESPTurno operario de mantenimiento capacitado para trabajo en alturas nivel básico",10,"INTERASEO SAS ESP","Servicio","Turno operario de mantenimiento capacitado para trabajo en alturas nivel básico","Turno operario de mantenimiento capacitado para trabajo en alturas nivel básico",null,null,null,null,97501,"",{"$f":"IF($D294=\"Servicio\",SUMIF('Resumen - CSV'!$D:$D,$E294,'Resumen - CSV'!$G:$G),SUMIF('Detalle Bienes de Aseo y Caf'!$A:$A,$E294,'Detalle Bienes de Aseo y Caf'!$E:$E))","v":0},1,0,"10Turno operario de mantenimiento capacitado para trabajo en alturas nivel básico"]
["10LIMPIEZA INSTITUCIONAL LASU S.A.S.Turno operario de mantenimiento capacitado para trabajo en alturas nivel básico",10,"LIMPIEZA INSTITUCIONAL LASU S.A.S.","Servicio","Turno operario de mantenimiento capacitado para trabajo en alturas nivel básico","Turno operario de mantenimiento capacitado para trabajo en alturas nivel básico",null,null,null,null,82196,"",{"$f":"IF($D295=\"Servicio\",SUMIF('Resumen - CSV'!$D:$D,$E295,'Resumen - CSV'!$G:$G),SUMIF('Detalle Bienes de Aseo y Caf'!$A:$A,$E295,'Detalle Bienes de Aseo y Caf'!$E:$E))","v":0},1,0,"10Turno operario de mantenimiento capacitado para trabajo en alturas nivel básico"]
["10SERVIASEO S.ATurno operario de mantenimiento capacitado para trabajo en alturas nivel básico",10,"SERVIASEO S.A","Servicio","Turno operario de mantenimiento capacitado para trabajo en alturas nivel básico","Turno operario de mantenimiento capacitado para trabajo en alturas nivel básico",null,null,null,null,82196,"",{"$f":"IF($D296=\"Servicio\",SUMIF('Resumen - CSV'!$D:$D,$E296,'Resumen - CSV'!$G:$G),SUMIF('Detalle Bienes de Aseo y Caf'!$A:$A,$E296,'Detalle Bienes de Aseo y Caf'!$E:$E))","v":0},1,0,"10Turno operario de mantenimiento capacitado para trabajo en alturas nivel básico"]
["10SERVITALENTOSTurno operario de mantenimiento capacitado para trabajo en alturas nivel básico",10,"SERVITALENTOS","Servicio","Turno operario de mantenimiento capacitado para trabajo en alturas nivel básico","Turno operario de mantenimiento capacitado para trabajo en alturas nivel básico",null,null,null,null,82196,"",{"$f":"IF($D297=\"Servicio\",SUMIF('Resumen - CSV'!$D:$D,$E297,'Resumen - CSV'!$G:$G),SUMIF('Detalle Bienes de Aseo y Caf'!$A:$A,$E297,'Detalle Bienes de Aseo y Caf'!$E:$E))","v":0},1,0,"10Turno operario de mantenimiento capacitado para trabajo en alturas nivel básico"]
["10SOSEGE SASTurno operario de mantenimiento capacitado para trabajo en alturas nivel básico",10,"SOSEGE SAS","Servicio","Turno operario de mantenimiento capacitado para trabajo en alturas nivel básico","Turno operario de mantenimiento capacitado para trabajo en alturas nivel básico",null,null,null,null,82196,"",{"$f":"IF($D298=\"Servicio\",SUMIF('Resumen - CSV'!$D:$D,$E298,'Resumen - CSV'!$G:$G),SUMIF('Detalle Bienes de Aseo y Caf'!$A:$A,$E298,'Detalle Bienes de Aseo y Caf'!$E:$E))","v":0},1,0,"10Turno operario de mantenimiento capacitado para trabajo en alturas nivel básico"]
["10UNION  TEMPORAL LADOINSA 2022Turno operario de mantenimiento capacitado para trabajo en alturas nivel básico",10,"UNION  TEMPORAL LADOINSA 2022","Servicio","Turno operario de mantenimiento capacitado para trabajo en alturas nivel básico","Turno operario de mantenimiento capacitado para trabajo en alturas nivel básico",null,null,null,null,260002,"",{"$f":"IF($D299=\"Servicio\",SUMIF('Resumen - CSV'!$D:$D,$E299,'Resumen - CSV'!$G:$G),SUMIF('Detalle Bienes de Aseo y Caf'!$A:$A,$E299,'Detalle Bienes de Aseo y Caf'!$E:$E))","v":0},1,0,"10Turno operario de mantenimiento capacitado para trabajo en alturas nivel básico"]
["10UNIÓN TEMPORAL ASEO COLOMBIA AMP4Turno operario de mantenimiento capacitado para trabajo en alturas nivel básico",10,"UNIÓN TEMPORAL ASEO COLOMBIA AMP4","Servicio","Turno operario de mantenimiento capacitado para trabajo en alturas nivel básico","Turno operario de mantenimiento capacitado para trabajo en alturas nivel básico",null,null,null,null,82196,"",{"$f":"IF($D300=\"Servicio\",SUMIF('Resumen - CSV'!$D:$D,$E300,'Resumen - CSV'!$G:$G),SUMIF('Detalle Bienes de Aseo y Caf'!$A:$A,$E300,'Detalle Bienes de Aseo y Caf'!$E:$E))","v":0},1,0,"10Turno operario de mantenimiento capacitado para trabajo en alturas nivel básico"]
["10UNIÓN TEMPORAL CCE AMP IV 2022Turno operario de mantenimiento capacitado para trabajo en alturas nivel básico",10,"UNIÓN TEMPORAL CCE AMP IV 2022","Servicio","Turno operario de mantenimiento capacitado para trabajo en alturas nivel básico","Turno operario de mantenimiento capacitado para trabajo en alturas nivel básico",null,null,null,null,82196,"",{"$f":"IF($D301=\"Servicio\",SUMIF('Resumen - CSV'!$D:$D,$E301,'Resumen - CSV'!$G:$G),SUMIF('Detalle Bienes de Aseo y Caf'!$A:$A,$E301,'Detalle Bienes de Aseo y Caf'!$E:$E))","v":0},1,0,"10Turno operario de mantenimiento capacitado para trabajo en alturas nivel básico"]
["10UNION TEMPORAL CLEAN COLOMBIATurno operario de mantenimiento capacitado para trabajo en alturas nivel básico",10,"UNION TEMPORAL CLEAN COLOMBIA","Servicio","Turno operario de mantenimiento capacitado para trabajo en alturas nivel básico","Turno operario de mantenimiento capacitado para trabajo en alturas nivel básico",null,null,null,null,82196,"",{"$f":"IF($D302=\"Servicio\",SUMIF('Resumen - CSV'!$D:$D,$E302,'Resumen - CSV'!$G:$G),SUMIF('Detalle Bienes de Aseo y Caf'!$A:$A,$E302,'Detalle Bienes de Aseo y Caf'!$E:$E))","v":0},1,0,"10Turno operario de mantenimiento capacitado para trabajo en alturas nivel básico"]
["10UNION TEMPORAL ECOLIMPIEZA 4GTurno operario de mantenimiento capacitado para trabajo en alturas nivel básico",10,"UNION TEMPORAL ECOLIMPIEZA 4G","Servicio","Turno operario de mantenimiento capacitado para trabajo en alturas nivel básico","Turno operario de mantenimiento capacitado para trabajo en alturas nivel básico",null,null,null,null,82196,"",{"$f":"IF($D303=\"Servicio\",SUMIF('Resumen - CSV'!$D:$D,$E303,'Resumen - CSV'!$G:$G),SUMIF('Detalle Bienes de Aseo y Caf'!$A:$A,$E303,'Detalle Bienes de Aseo y Caf'!$E:$E))","v":0},1,0,"10Turno operario de mantenimiento capacitado para trabajo en alturas nivel básico"]
["10UNIÓN TEMPORAL EMINSER SOLOASEO 2023Turno operario de mantenimiento capacitado para trabajo en alturas nivel básico",10,"UNIÓN TEMPORAL EMINSER SOLOASEO 2023","Servicio","Turno operario de mantenimiento capacitado para trabajo en alturas nivel básico","Turno operario de mantenimiento capacitado para trabajo en alturas nivel básico",null,null,null,null,82196,"",{"$f":"IF($D304=\"Servicio\",SUMIF('Resumen - CSV'!$D:$D,$E304,'Resumen - CSV'!$G:$G),SUMIF('Detalle Bienes de Aseo y Caf'!$A:$A,$E304,'Detalle Bienes de Aseo y Caf'!$E:$E))","v":0},1,0,"10Turno operario de mantenimiento capacitado para trabajo en alturas nivel básico"]
["10UNION TEMPORAL OUTSOURCING GIAFTurno operario de mantenimiento capacitado para trabajo en alturas nivel básico",10,"UNION TEMPORAL OUTSOURCING GIAF","Servicio","Turno operario de mantenimiento capacitado para trabajo en alturas nivel básico","Turno operario de mantenimiento capacitado para trabajo en alturas nivel básico",null,null,null,null,82196,"",{"$f":"IF($D305=\"Servicio\",SUMIF('Resumen - CSV'!$D:$D,$E305,'Resumen - CSV'!$G:$G),SUMIF('Detalle Bienes de Aseo y Caf'!$A:$A,$E305,'Detalle Bienes de Aseo y Caf'!$E:$E))","v":0},1,0,"10Turno operario de mantenimiento capacitado para trabajo en alturas nivel básico"]
["10UNION TEMPORAL R&J 2022Turno operario de mantenimiento capacitado para trabajo en alturas nivel básico",10,"UNION TEMPORAL R&J 2022","Servicio","Turno operario de mantenimiento capacitado para trabajo en alturas nivel básico","Turno operario de mantenimiento capacitado para trabajo en alturas nivel básico",null,null,null,null,82196,"",{"$f":"IF($D306=\"Servicio\",SUMIF('Resumen - CSV'!$D:$D,$E306,'Resumen - CSV'!$G:$G),SUMIF('Detalle Bienes de Aseo y Caf'!$A:$A,$E306,'Detalle Bienes de Aseo y Caf'!$E:$E))","v":0},1,0,"10Turno operario de mantenimiento capacitado para trabajo en alturas nivel básico"]
["10UNION TEMPORAL SERVICIOS INTEGRALESTurno operario de mantenimiento capacitado para trabajo en alturas nivel básico",10,"UNION TEMPORAL SERVICIOS INTEGRALES","Servicio","Turno operario de mantenimiento capacitado para trabajo en alturas nivel básico","Turno operario de mantenimiento capacitado para trabajo en alturas nivel básico",null,null,null,null,82196,"",{"$f":"IF($D307=\"Servicio\",SUMIF('Resumen - CSV'!$D:$D,$E307,'Resumen - CSV'!$G:$G),SUMIF('Detalle Bienes de Aseo y Caf'!$A:$A,$E307,'Detalle Bienes de Aseo y Caf'!$E:$E))","v":0},1,0,"10Turno operario de mantenimiento capacitado para trabajo en alturas nivel básico"]
["10UT EASYCLEAN ASEO PROFESIONALTurno operario de mantenimiento capacitado para trabajo en alturas nivel básico",10,"UT EASYCLEAN ASEO PROFESIONAL","Servicio","Turno operario de mantenimiento capacitado para trabajo en alturas nivel básico","Turno operario de mantenimiento capacitado para trabajo en alturas nivel básico",null,null,null,null,82196,"",{"$f":"IF($D308=\"Servicio\",SUMIF('Resumen - CSV'!$D:$D,$E308,'Resumen - CSV'!$G:$G),SUMIF('Detalle Bienes de Aseo y Caf'!$A:$A,$E308,'Detalle Bienes de Aseo y Caf'!$E:$E))","v":0},1,0,"10Turno operario de mantenimiento capacitado para trabajo en alturas nivel básico"]
["10UT GRUPO ADINTurno operario de mantenimiento capacitado para trabajo en alturas nivel básico",10,"UT GRUPO ADIN","Servicio","Turno operario de mantenimiento capacitado para trabajo en alturas nivel básico","Turno operario de mantenimiento capacitado para trabajo en alturas nivel básico",null,null,null,null,82196,"",{"$f":"IF($D309=\"Servicio\",SUMIF('Resumen - CSV'!$D:$D,$E309,'Resumen - CSV'!$G:$G),SUMIF('Detalle Bienes de Aseo y Caf'!$A:$A,$E309,'Detalle Bienes de Aseo y Caf'!$E:$E))","v":0},1,0,"10Turno operario de mantenimiento capacitado para trabajo en alturas nivel básico"]
["10ASECOLBAS LTDATurno coordinador de trabajo en alturas nivel básico",10,"ASECOLBAS LTDA","Servicio","Turno coordinador de trabajo en alturas nivel básico","Turno coordinador de trabajo en alturas nivel básico",null,null,null,null,82196,"",{"$f":"IF($D310=\"Servicio\",SUMIF('Resumen - CSV'!$D:$D,$E310,'Resumen - CSV'!$G:$G),SUMIF('Detalle Bienes de Aseo y Caf'!$A:$A,$E310,'Detalle Bienes de Aseo y Caf'!$E:$E))","v":0},1,0,"10Turno coordinador de trabajo en alturas nivel básico"]
["10CLEANER S.A.Turno coordinador de trabajo en alturas nivel básico",10,"CLEANER S.A.","Servicio","Turno coordinador de trabajo en alturas nivel básico","Turno coordinador de trabajo en alturas nivel básico",null,null,null,null,82196,"",{"$f":"IF($D311=\"Servicio\",SUMIF('Resumen - CSV'!$D:$D,$E311,'Resumen - CSV'!$G:$G),SUMIF('Detalle Bienes de Aseo y Caf'!$A:$A,$E311,'Detalle Bienes de Aseo y Caf'!$E:$E))","v":0},1,0,"10Turno coordinador de trabajo en alturas nivel básico"]
["10CONSERJES INMOBILIARIOS LTDATurno coordinador de trabajo en alturas nivel básico",10,"CONSERJES INMOBILIARIOS LTDA","Servicio","Turno coordinador de trabajo en alturas nivel básico","Turno coordinador de trabajo en alturas nivel básico",null,null,null,null,82196,"",{"$f":"IF($D312=\"Servicio\",SUMIF('Resumen - CSV'!$D:$D,$E312,'Resumen - CSV'!$G:$G),SUMIF('Detalle Bienes de Aseo y Caf'!$A:$A,$E312,'Detalle Bienes de Aseo y Caf'!$E:$E))","v":0},1,0,"10Turno coordinador de trabajo en alturas nivel básico"]
["10CONSORCIO ELITETurno coordinador de trabajo en alturas nivel básico",10,"CONSORCIO ELITE","Servicio","Turno coordinador de trabajo en alturas nivel básico","Turno coordinador de trabajo en alturas nivel básico",null,null,null,null,82196,"",{"$f":"IF($D313=\"Servicio\",SUMIF('Resumen - CSV'!$D:$D,$E313,'Resumen - CSV'!$G:$G),SUMIF('Detalle Bienes de Aseo y Caf'!$A:$A,$E313,'Detalle Bienes de Aseo y Caf'!$E:$E))","v":0},1,0,"10Turno coordinador de trabajo en alturas nivel básico"]
["10CONSORCIO KIOSTurno coordinador de trabajo en alturas nivel básico",10,"CONSORCIO KIOS","Servicio","Turno coordinador de trabajo en alturas nivel básico","Turno coordinador de trabajo en alturas nivel básico",null,null,null,null,82196,"",{"$f":"IF($D314=\"Servicio\",SUMIF('Resumen - CSV'!$D:$D,$E314,'Resumen - CSV'!$G:$G),SUMIF('Detalle Bienes de Aseo y Caf'!$A:$A,$E314,'Detalle Bienes de Aseo y Caf'!$E:$E))","v":0},1,0,"10Turno coordinador de trabajo en alturas nivel básico"]
["10INCINERADOS DEL HUILATurno coordinador de trabajo en alturas nivel básico",10,"INCINERADOS DEL HUILA","Servicio","Turno coordinador de trabajo en alturas nivel básico","Turno coordinador de trabajo en alturas nivel básico",null,null,null,null,82196,"",{"$f":"IF($D315=\"Servicio\",SUMIF('Resumen - CSV'!$D:$D,$E315,'Resumen - CSV'!$G:$G),SUMIF('Detalle Bienes de Aseo y Caf'!$A:$A,$E315,'Detalle Bienes de Aseo y Caf'!$E:$E))","v":0},1,0,"10Turno coordinador de trabajo en alturas nivel básico"]
["10INTERASEO SAS ESPTurno coordinador de trabajo en alturas nivel básico",10,"INTERASEO SAS ESP","Servicio","Turno coordinador de trabajo en alturas nivel básico","Turno coordinador de trabajo en alturas nivel básico",null,null,null,null,123501,"",{"$f":"IF($D316=\"Servicio\",SUMIF('Resumen - CSV'!$D:$D,$E316,'Resumen - CSV'!$G:$G),SUMIF('Detalle Bienes de Aseo y Caf'!$A:$A,$E316,'Detalle Bienes de Aseo y Caf'!$E:$E))","v":0},1,0,"10Turno coordinador de trabajo en alturas nivel básico"]
["10LIMPIEZA INSTITUCIONAL LASU S.A.S.Turno coordinador de trabajo en alturas nivel básico",10,"LIMPIEZA INSTITUCIONAL LASU S.A.S.","Servicio","Turno coordinador de trabajo en alturas nivel básico","Turno coordinador de trabajo en alturas nivel básico",null,null,null,null,82196,"",{"$f":"IF($D317=\"Servicio\",SUMIF('Resumen - CSV'!$D:$D,$E317,'Resumen - CSV'!$G:$G),SUMIF('Detalle Bienes de Aseo y Caf'!$A:$A,$E317,'Detalle Bienes de Aseo y Caf'!$E:$E))","v":0},1,0,"10Turno coordinador de trabajo en alturas nivel básico"]
["10SERVIASEO S.ATurno coordinador de trabajo en alturas nivel básico",10,"SERVIASEO S.A","Servicio","Turno coordinador de trabajo en alturas nivel básico","Turno coordinador de trabajo en alturas nivel básico",null,null,null,null,82196,"",{"$f":"IF($D318=\"Servicio\",SUMIF('Resumen - CSV'!$D:$D,$E318,'Resumen - CSV'!$G:$G),SUMIF('Detalle Bienes de Aseo y Caf'!$A:$A,$E318,'Detalle Bienes de Aseo y Caf'!$E:$E))","v":0},1,0,"10Turno coordinador de trabajo en alturas nivel básico"]
["10SERVITALENTOSTurno coordinador de trabajo en alturas nivel básico",10,"SERVITALENTOS","Servicio","Turno coordinador de trabajo en alturas nivel básico","Turno coordinador de trabajo en alturas nivel básico",null,null,null,null,82196,"",{"$f":"IF($D319=\"Servicio\",SUMIF('Resumen - CSV'!$D:$D,$E319,'Resumen - CSV'!$G:$G),SUMIF('Detalle Bienes de Aseo y Caf'!$A:$A,$E319,'Detalle Bienes de Aseo y Caf'!$E:$E))","v":0},1,0,"10Turno coordinador de trabajo en alturas nivel básico"]
["10SOSEGE SASTurno coordinador de trabajo en alturas nivel básico",10,"SOSEGE SAS","Servicio","Turno coordinador de trabajo en alturas nivel básico","Turno coordinador de trabajo en alturas nivel básico",null,null,null,null,82196,"",{"$f":"IF($D320=\"Servicio\",SUMIF('Resumen - CSV'!$D:$D,$E320,'Resumen - CSV'!$G:$G),SUMIF('Detalle Bienes de Aseo y Caf'!$A:$A,$E320,'Detalle Bienes de Aseo y Caf'!$E:$E))","v":0},1,0,"10Turno coordinador de trabajo en alturas nivel básico"]
["10UNION  TEMPORAL LADOINSA 2022Turno coordinador de trabajo en alturas nivel básico",10,"UNION  TEMPORAL LADOINSA 2022","Servicio","Turno coordinador de trabajo en alturas nivel básico","Turno coordinador de trabajo en alturas nivel básico",null,null,null,null,260002,"",{"$f":"IF($D321=\"Servicio\",SUMIF('Resumen - CSV'!$D:$D,$E321,'Resumen - CSV'!$G:$G),SUMIF('Detalle Bienes de Aseo y Caf'!$A:$A,$E321,'Detalle Bienes de Aseo y Caf'!$E:$E))","v":0},1,0,"10Turno coordinador de trabajo en alturas nivel básico"]
["10UNIÓN TEMPORAL ASEO COLOMBIA AMP4Turno coordinador de trabajo en alturas nivel básico",10,"UNIÓN TEMPORAL ASEO COLOMBIA AMP4","Servicio","Turno coordinador de trabajo en alturas nivel básico","Turno coordinador de trabajo en alturas nivel básico",null,null,null,null,82196,"",{"$f":"IF($D322=\"Servicio\",SUMIF('Resumen - CSV'!$D:$D,$E322,'Resumen - CSV'!$G:$G),SUMIF('Detalle Bienes de Aseo y Caf'!$A:$A,$E322,'Detalle Bienes de Aseo y Caf'!$E:$E))","v":0},1,0,"10Turno coordinador de trabajo en alturas nivel básico"]
["10UNIÓN TEMPORAL CCE AMP IV 2022Turno coordinador de trabajo en alturas nivel básico",10,"UNIÓN TEMPORAL CCE AMP IV 2022","Servicio","Turno coordinador de trabajo en alturas nivel básico","Turno coordinador de trabajo en alturas nivel básico",null,null,null,null,82196,{"$f":"IF($D323=\"Bien\",$K323*$M323,\"\")","v":""},{"$f":"IF($D323=\"Servicio\",SUMIF('Resumen - CSV'!$D:$D,$E323,'Resumen - CSV'!$G:$G),SUMIF('Detalle Bienes de Aseo y Caf'!$A:$A,$E323,'Detalle Bienes de Aseo y Caf'!$E:$E))","v":0},1,{"$f":"$K323*M323*N323","v":0},"10Turno coordinador de trabajo en alturas nivel básico"]
["10UNION TEMPORAL CLEAN COLOMBIATurno coordinador de trabajo en alturas nivel básico",10,"UNION TEMPORAL CLEAN COLOMBIA","Servicio","Turno coordinador de trabajo en alturas nivel básico","Turno coordinador de trabajo en alturas nivel básico",null,null,null,null,82196,"",{"$f":"IF($D324=\"Servicio\",SUMIF('Resumen - CSV'!$D:$D,$E324,'Resumen - CSV'!$G:$G),SUMIF('Detalle Bienes de Aseo y Caf'!$A:$A,$E324,'Detalle Bienes de Aseo y Caf'!$E:$E))","v":0},1,0,"10Turno coordinador de trabajo en alturas nivel básico"]
["10UNION TEMPORAL ECOLIMPIEZA 4GTurno coordinador de trabajo en alturas nivel básico",10,"UNION TEMPORAL ECOLIMPIEZA 4G","Servicio","Turno coordinador de trabajo en alturas nivel básico","Turno coordinador de trabajo en alturas nivel básico",null,null,null,null,82196,"",{"$f":"IF($D325=\"Servicio\",SUMIF('Resumen - CSV'!$D:$D,$E325,'Resumen - CSV'!$G:$G),SUMIF('Detalle Bienes de Aseo y Caf'!$A:$A,$E325,'Detalle Bienes de Aseo y Caf'!$E:$E))","v":0},1,0,"10Turno coordinador de trabajo en alturas nivel básico"]
["10UNIÓN TEMPORAL EMINSER SOLOASEO 2023Turno coordinador de trabajo en alturas nivel básico",10,"UNIÓN TEMPORAL EMINSER SOLOASEO 2023","Servicio","Turno coordinador de trabajo en alturas nivel básico","Turno coordinador de trabajo en alturas nivel básico",null,null,null,null,82196,"",{"$f":"IF($D326=\"Servicio\",SUMIF('Resumen - CSV'!$D:$D,$E326,'Resumen - CSV'!$G:$G),SUMIF('Detalle Bienes de Aseo y Caf'!$A:$A,$E326,'Detalle Bienes de Aseo y Caf'!$E:$E))","v":0},1,0,"10Turno coordinador de trabajo en alturas nivel básico"]
["10UNION TEMPORAL OUTSOURCING GIAFTurno coordinador de trabajo en alturas nivel básico",10,"UNION TEMPORAL OUTSOURCING GIAF","Servicio","Turno coordinador de trabajo en alturas nivel básico","Turno coordinador de trabajo en alturas nivel básico",null,null,null,null,82196,"",{"$f":"IF($D327=\"Servicio\",SUMIF('Resumen - CSV'!$D:$D,$E327,'Resumen - CSV'!$G:$G),SUMIF('Detalle Bienes de Aseo y Caf'!$A:$A,$E327,'Detalle Bienes de Aseo y Caf'!$E:$E))","v":0},1,0,"10Turno coordinador de trabajo en alturas nivel básico"]
["10UNION TEMPORAL R&J 2022Turno coordinador de trabajo en alturas nivel básico",10,"UNION TEMPORAL R&J 2022","Servicio","Turno coordinador de trabajo en alturas nivel básico","Turno coordinador de trabajo en alturas nivel básico",null,null,null,null,82196,"",{"$f":"IF($D328=\"Servicio\",SUMIF('Resumen - CSV'!$D:$D,$E328,'Resumen - CSV'!$G:$G),SUMIF('Detalle Bienes de Aseo y Caf'!$A:$A,$E328,'Detalle Bienes de Aseo y Caf'!$E:$E))","v":0},1,0,"10Turno coordinador de trabajo en alturas nivel básico"]
["10UNION TEMPORAL SERVICIOS INTEGRALESTurno coordinador de trabajo en alturas nivel básico",10,"UNION TEMPORAL SERVICIOS INTEGRALES","Servicio","Turno coordinador de trabajo en alturas nivel básico","Turno coordinador de trabajo en alturas nivel básico",null,null,null,null,82196,"",{"$f":"IF($D329=\"Servicio\",SUMIF('Resumen - CSV'!$D:$D,$E329,'Resumen - CSV'!$G:$G),SUMIF('Detalle Bienes de Aseo y Caf'!$A:$A,$E329,'Detalle Bienes de Aseo y Caf'!$E:$E))","v":0},1,0,"10Turno coordinador de trabajo en alturas nivel básico"]
["10UT EASYCLEAN ASEO PROFESIONALTurno coordinador de trabajo en alturas nivel básico",10,"UT EASYCLEAN ASEO PROFESIONAL","Servicio","Turno coordinador de trabajo en alturas nivel básico","Turno coordinador de trabajo en alturas nivel básico",null,null,null,null,82196,"",{"$f":"IF($D330=\"Servicio\",SUMIF('Resumen - CSV'!$D:$D,$E330,'Resumen - CSV'!$G:$G),SUMIF('Detalle Bienes de Aseo y Caf'!$A:$A,$E330,'Detalle Bienes de Aseo y Caf'!$E:$E))","v":0},1,0,"10Turno coordinador de trabajo en alturas nivel básico"]
["10UT GRUPO ADINTurno coordinador de trabajo en alturas nivel básico",10,"UT GRUPO ADIN","Servicio","Turno coordinador de trabajo en alturas nivel básico","Turno coordinador de trabajo en alturas nivel básico",null,null,null,null,82196,"",{"$f":"IF($D331=\"Servicio\",SUMIF('Resumen - CSV'!$D:$D,$E331,'Resumen - CSV'!$G:$G),SUMIF('Detalle Bienes de Aseo y Caf'!$A:$A,$E331,'Detalle Bienes de Aseo y Caf'!$E:$E))","v":0},1,0,"10Turno coordinador de trabajo en alturas nivel básico"]
["10ASECOLBAS LTDAOperario de aseo y cafetería MT",10,"ASECOLBAS LTDA","Servicio","Operario de aseo y cafetería MT","Operario de aseo y cafetería MT",null,null,null,null,1578155,"",{"$f":"IF($D332=\"Servicio\",SUMIF('Resumen - CSV'!$D:$D,$E332,'Resumen - CSV'!$G:$G),SUMIF('Detalle Bienes de Aseo y Caf'!$A:$A,$E332,'Detalle Bienes de Aseo y Caf'!$E:$E))","v":0},1,0,"10Operario de aseo y cafetería MT"]
["10CLEANER S.A.Operario de aseo y cafetería MT",10,"CLEANER S.A.","Servicio","Operario de aseo y cafetería MT","Operario de aseo y cafetería MT",null,null,null,null,1578155,"",{"$f":"IF($D333=\"Servicio\",SUMIF('Resumen - CSV'!$D:$D,$E333,'Resumen - CSV'!$G:$G),SUMIF('Detalle Bienes de Aseo y Caf'!$A:$A,$E333,'Detalle Bienes de Aseo y Caf'!$E:$E))","v":0},1,0,"10Operario de aseo y cafetería MT"]
["10CONSERJES INMOBILIARIOS LTDAOperario de aseo y cafetería MT",10,"CONSERJES INMOBILIARIOS LTDA","Servicio","Operario de aseo y cafetería MT","Operario de aseo y cafetería MT",null,null,null,null,1578155,"",{"$f":"IF($D334=\"Servicio\",SUMIF('Resumen - CSV'!$D:$D,$E334,'Resumen - CSV'!$G:$G),SUMIF('Detalle Bienes de Aseo y Caf'!$A:$A,$E334,'Detalle Bienes de Aseo y Caf'!$E:$E))","v":0},1,0,"10Operario de aseo y cafetería MT"]
["10CONSORCIO ELITEOperario de aseo y cafetería MT",10,"CONSORCIO ELITE","Servicio","Operario de aseo y cafetería MT","Operario de aseo y cafetería MT",null,null,null,null,1900555,"",{"$f":"IF($D335=\"Servicio\",SUMIF('Resumen - CSV'!$D:$D,$E335,'Resumen - CSV'!$G:$G),SUMIF('Detalle Bienes de Aseo y Caf'!$A:$A,$E335,'Detalle Bienes de Aseo y Caf'!$E:$E))","v":0},1,0,"10Operario de aseo y cafetería MT"]
["10CONSORCIO KIOSOperario de aseo y cafetería MT",10,"CONSORCIO KIOS","Servicio","Operario de aseo y cafetería MT","Operario de aseo y cafetería MT",null,null,null,null,1578155,"",{"$f":"IF($D336=\"Servicio\",SUMIF('Resumen - CSV'!$D:$D,$E336,'Resumen - CSV'!$G:$G),SUMIF('Detalle Bienes de Aseo y Caf'!$A:$A,$E336,'Detalle Bienes de Aseo y Caf'!$E:$E))","v":0},1,0,"10Operario de aseo y cafetería MT"]
["10INCINERADOS DEL HUILAOperario de aseo y cafetería MT",10,"INCINERADOS DEL HUILA","Servicio","Operario de aseo y cafetería MT","Operario de aseo y cafetería MT",null,null,null,null,1578155,"",{"$f":"IF($D337=\"Servicio\",SUMIF('Resumen - CSV'!$D:$D,$E337,'Resumen - CSV'!$G:$G),SUMIF('Detalle Bienes de Aseo y Caf'!$A:$A,$E337,'Detalle Bienes de Aseo y Caf'!$E:$E))","v":0},1,0,"10Operario de aseo y cafetería MT"]
["10INTERASEO SAS ESPOperario de aseo y cafetería MT",10,"INTERASEO SAS ESP","Servicio","Operario de aseo y cafetería MT","Operario de aseo y cafetería MT",null,null,null,null,1578156,"",{"$f":"IF($D338=\"Servicio\",SUMIF('Resumen - CSV'!$D:$D,$E338,'Resumen - CSV'!$G:$G),SUMIF('Detalle Bienes de Aseo y Caf'!$A:$A,$E338,'Detalle Bienes de Aseo y Caf'!$E:$E))","v":0},1,0,"10Operario de aseo y cafetería MT"]
["10LIMPIEZA INSTITUCIONAL LASU S.A.S.Operario de aseo y cafetería MT",10,"LIMPIEZA INSTITUCIONAL LASU S.A.S.","Servicio","Operario de aseo y cafetería MT","Operario de aseo y cafetería MT",null,null,null,null,1578155,"",{"$f":"IF($D339=\"Servicio\",SUMIF('Resumen - CSV'!$D:$D,$E339,'Resumen - CSV'!$G:$G),SUMIF('Detalle Bienes de Aseo y Caf'!$A:$A,$E339,'Detalle Bienes de Aseo y Caf'!$E:$E))","v":0},1,0,"10Operario de aseo y cafetería MT"]
["10SERVIASEO S.AOperario de aseo y cafetería MT",10,"SERVIASEO S.A","Servicio","Operario de aseo y cafetería MT","Operario de aseo y cafetería MT",null,null,null,null,1578155,"",{"$f":"IF($D340=\"Servicio\",SUMIF('Resumen - CSV'!$D:$D,$E340,'Resumen - CSV'!$G:$G),SUMIF('Detalle Bienes de Aseo y Caf'!$A:$A,$E340,'Detalle Bienes de Aseo y Caf'!$E:$E))","v":0},1,0,"10Operario de aseo y cafetería MT"]
["10SERVITALENTOSOperario de aseo y cafetería MT",10,"SERVITALENTOS","Servicio","Operario de aseo y cafetería MT","Operario de aseo y cafetería MT",null,null,null,null,1578155,"",{"$f":"IF($D341=\"Servicio\",SUMIF('Resumen - CSV'!$D:$D,$E341,'Resumen - CSV'!$G:$G),SUMIF('Detalle Bienes de Aseo y Caf'!$A:$A,$E341,'Detalle Bienes de Aseo y Caf'!$E:$E))","v":0},1,0,"10Operario de aseo y cafetería MT"]
["10SOSEGE SASOperario de aseo y cafetería MT",10,"SOSEGE SAS","Servicio","Operario de aseo y cafetería MT","Operario de aseo y cafetería MT",null,null,null,null,1578155,"",{"$f":"IF($D342=\"Servicio\",SUMIF('Resumen - CSV'!$D:$D,$E342,'Resumen - CSV'!$G:$G),SUMIF('Detalle Bienes de Aseo y Caf'!$A:$A,$E342,'Detalle Bienes de Aseo y Caf'!$E:$E))","v":0},1,0,"10Operario de aseo y cafetería MT"]
["10UNION  TEMPORAL LADOINSA 2022Operario de aseo y cafetería MT",10,"UNION  TEMPORAL LADOINSA 2022","Servicio","Operario de aseo y cafetería MT","Operario de aseo y cafetería MT",null,null,null,null,1625015,"",{"$f":"IF($D343=\"Servicio\",SUMIF('Resumen - CSV'!$D:$D,$E343,'Resumen - CSV'!$G:$G),SUMIF('Detalle Bienes de Aseo y Caf'!$A:$A,$E343,'Detalle Bienes de Aseo y Caf'!$E:$E))","v":0},1,0,"10Operario de aseo y cafetería MT"]
["10UNIÓN TEMPORAL ASEO COLOMBIA AMP4Operario de aseo y cafetería MT",10,"UNIÓN TEMPORAL ASEO COLOMBIA AMP4","Servicio","Operario de aseo y cafetería MT","Operario de aseo y cafetería MT",null,null,null,null,2051602,"",{"$f":"IF($D344=\"Servicio\",SUMIF('Resumen - CSV'!$D:$D,$E344,'Resumen - CSV'!$G:$G),SUMIF('Detalle Bienes de Aseo y Caf'!$A:$A,$E344,'Detalle Bienes de Aseo y Caf'!$E:$E))","v":0},1,0,"10Operario de aseo y cafetería MT"]
["10UNIÓN TEMPORAL CCE AMP IV 2022Operario de aseo y cafetería MT",10,"UNIÓN TEMPORAL CCE AMP IV 2022","Servicio","Operario de aseo y cafetería MT","Operario de aseo y cafetería MT",null,null,null,null,1578155,"",{"$f":"IF($D345=\"Servicio\",SUMIF('Resumen - CSV'!$D:$D,$E345,'Resumen - CSV'!$G:$G),SUMIF('Detalle Bienes de Aseo y Caf'!$A:$A,$E345,'Detalle Bienes de Aseo y Caf'!$E:$E))","v":0},1,0,"10Operario de aseo y cafetería MT"]
["10UNION TEMPORAL CLEAN COLOMBIAOperario de aseo y cafetería MT",10,"UNION TEMPORAL CLEAN COLOMBIA","Servicio","Operario de aseo y cafetería MT","Operario de aseo y cafetería MT",null,null,null,null,1578155,"",{"$f":"IF($D346=\"Servicio\",SUMIF('Resumen - CSV'!$D:$D,$E346,'Resumen - CSV'!$G:$G),SUMIF('Detalle Bienes de Aseo y Caf'!$A:$A,$E346,'Detalle Bienes de Aseo y Caf'!$E:$E))","v":0},1,0,"10Operario de aseo y cafetería MT"]
["10UNION TEMPORAL ECOLIMPIEZA 4GOperario de aseo y cafetería MT",10,"UNION TEMPORAL ECOLIMPIEZA 4G","Servicio","Operario de aseo y cafetería MT","Operario de aseo y cafetería MT",null,null,null,null,1578155,"",{"$f":"IF($D347=\"Servicio\",SUMIF('Resumen - CSV'!$D:$D,$E347,'Resumen - CSV'!$G:$G),SUMIF('Detalle Bienes de Aseo y Caf'!$A:$A,$E347,'Detalle Bienes de Aseo y Caf'!$E:$E))","v":0},1,0,"10Operario de aseo y cafetería MT"]
["10UNIÓN TEMPORAL EMINSER SOLOASEO 2023Operario de aseo y cafetería MT",10,"UNIÓN TEMPORAL EMINSER SOLOASEO 2023","Servicio","Operario de aseo y cafetería MT","Operario de aseo y cafetería MT",null,null,null,null,1578155,"",{"$f":"IF($D348=\"Servicio\",SUMIF('Resumen - CSV'!$D:$D,$E348,'Resumen - CSV'!$G:$G),SUMIF('Detalle Bienes de Aseo y Caf'!$A:$A,$E348,'Detalle Bienes de Aseo y Caf'!$E:$E))","v":0},1,0,"10Operario de aseo y cafetería MT"]
["10UNION TEMPORAL OUTSOURCING GIAFOperario de aseo y cafetería MT",10,"UNION TEMPORAL OUTSOURCING GIAF","Servicio","Operario de aseo y cafetería MT","Operario de aseo y cafetería MT",null,null,null,null,1578155,"",{"$f":"IF($D349=\"Servicio\",SUMIF('Resumen - CSV'!$D:$D,$E349,'Resumen - CSV'!$G:$G),SUMIF('Detalle Bienes de Aseo y Caf'!$A:$A,$E349,'Detalle Bienes de Aseo y Caf'!$E:$E))","v":0},1,0,"10Operario de aseo y cafetería MT"]
["10UNION TEMPORAL R&J 2022Operario de aseo y cafetería MT",10,"UNION TEMPORAL R&J 2022","Servicio","Operario de aseo y cafetería MT","Operario de aseo y cafetería MT",null,null,null,null,1968159,"",{"$f":"IF($D350=\"Servicio\",SUMIF('Resumen - CSV'!$D:$D,$E350,'Resumen - CSV'!$G:$G),SUMIF('Detalle Bienes de Aseo y Caf'!$A:$A,$E350,'Detalle Bienes de Aseo y Caf'!$E:$E))","v":0},1,0,"10Operario de aseo y cafetería MT"]
["10UNION TEMPORAL SERVICIOS INTEGRALESOperario de aseo y cafetería MT",10,"UNION TEMPORAL SERVICIOS INTEGRALES","Servicio","Operario de aseo y cafetería MT","Operario de aseo y cafetería MT",null,null,null,null,2619737,"",{"$f":"IF($D351=\"Servicio\",SUMIF('Resumen - CSV'!$D:$D,$E351,'Resumen - CSV'!$G:$G),SUMIF('Detalle Bienes de Aseo y Caf'!$A:$A,$E351,'Detalle Bienes de Aseo y Caf'!$E:$E))","v":0},1,0,"10Operario de aseo y cafetería MT"]
["10UT EASYCLEAN ASEO PROFESIONALOperario de aseo y cafetería MT",10,"UT EASYCLEAN ASEO PROFESIONAL","Servicio","Operario de aseo y cafetería MT","Operario de aseo y cafetería MT",null,null,null,null,1838158,"",{"$f":"IF($D352=\"Servicio\",SUMIF('Resumen - CSV'!$D:$D,$E352,'Resumen - CSV'!$G:$G),SUMIF('Detalle Bienes de Aseo y Caf'!$A:$A,$E352,'Detalle Bienes de Aseo y Caf'!$E:$E))","v":0},1,0,"10Operario de aseo y cafetería MT"]
["10UT GRUPO ADINOperario de aseo y cafetería MT",10,"UT GRUPO ADIN","Servicio","Operario de aseo y cafetería MT","Operario de aseo y cafetería MT",null,null,null,null,1578155,"",{"$f":"IF($D353=\"Servicio\",SUMIF('Resumen - CSV'!$D:$D,$E353,'Resumen - CSV'!$G:$G),SUMIF('Detalle Bienes de Aseo y Caf'!$A:$A,$E353,'Detalle Bienes de Aseo y Caf'!$E:$E))","v":0},1,0,"10Operario de aseo y cafetería MT"]
["10ASECOLBAS LTDAOperario de mantenimiento MT",10,"ASECOLBAS LTDA","Servicio","Operario de mantenimiento MT","Operario de mantenimiento MT",null,null,null,null,1527017,"",{"$f":"IF($D354=\"Servicio\",SUMIF('Resumen - CSV'!$D:$D,$E354,'Resumen - CSV'!$G:$G),SUMIF('Detalle Bienes de Aseo y Caf'!$A:$A,$E354,'Detalle Bienes de Aseo y Caf'!$E:$E))","v":0},1,0,"10Operario de mantenimiento MT"]
["10CLEANER S.A.Operario de mantenimiento MT",10,"CLEANER S.A.","Servicio","Operario de mantenimiento MT","Operario de mantenimiento MT",null,null,null,null,1527017,"",{"$f":"IF($D355=\"Servicio\",SUMIF('Resumen - CSV'!$D:$D,$E355,'Resumen - CSV'!$G:$G),SUMIF('Detalle Bienes de Aseo y Caf'!$A:$A,$E355,'Detalle Bienes de Aseo y Caf'!$E:$E))","v":0},1,0,"10Operario de mantenimiento MT"]
["10CONSERJES INMOBILIARIOS LTDAOperario de mantenimiento MT",10,"CONSERJES INMOBILIARIOS LTDA","Servicio","Operario de mantenimiento MT","Operario de mantenimiento MT",null,null,null,null,1527017,"",{"$f":"IF($D356=\"Servicio\",SUMIF('Resumen - CSV'!$D:$D,$E356,'Resumen - CSV'!$G:$G),SUMIF('Detalle Bienes de Aseo y Caf'!$A:$A,$E356,'Detalle Bienes de Aseo y Caf'!$E:$E))","v":0},1,0,"10Operario de mantenimiento MT"]
["10CONSORCIO ELITEOperario de mantenimiento MT",10,"CONSORCIO ELITE","Servicio","Operario de mantenimiento MT","Operario de mantenimiento MT",null,null,null,null,2333002,"",{"$f":"IF($D357=\"Servicio\",SUMIF('Resumen - CSV'!$D:$D,$E357,'Resumen - CSV'!$G:$G),SUMIF('Detalle Bienes de Aseo y Caf'!$A:$A,$E357,'Detalle Bienes de Aseo y Caf'!$E:$E))","v":0},1,0,"10Operario de mantenimiento MT"]
["10CONSORCIO KIOSOperario de mantenimiento MT",10,"CONSORCIO KIOS","Servicio","Operario de mantenimiento MT","Operario de mantenimiento MT",null,null,null,null,1527017,"",{"$f":"IF($D358=\"Servicio\",SUMIF('Resumen - CSV'!$D:$D,$E358,'Resumen - CSV'!$G:$G),SUMIF('Detalle Bienes de Aseo y Caf'!$A:$A,$E358,'Detalle Bienes de Aseo y Caf'!$E:$E))","v":0},1,0,"10Operario de mantenimiento MT"]
["10INCINERADOS DEL HUILAOperario de mantenimiento MT",10,"INCINERADOS DEL HUILA","Servicio","Operario de mantenimiento MT","Operario de mantenimiento MT",null,null,null,null,1527017,"",{"$f":"IF($D359=\"Servicio\",SUMIF('Resumen - CSV'!$D:$D,$E359,'Resumen - CSV'!$G:$G),SUMIF('Detalle Bienes de Aseo y Caf'!$A:$A,$E359,'Detalle Bienes de Aseo y Caf'!$E:$E))","v":0},1,0,"10Operario de mantenimiento MT"]
["10INTERASEO SAS ESPOperario de mantenimiento MT",10,"INTERASEO SAS ESP","Servicio","Operario de mantenimiento MT","Operario de mantenimiento MT",null,null,null,null,1527018,"",{"$f":"IF($D360=\"Servicio\",SUMIF('Resumen - CSV'!$D:$D,$E360,'Resumen - CSV'!$G:$G),SUMIF('Detalle Bienes de Aseo y Caf'!$A:$A,$E360,'Detalle Bienes de Aseo y Caf'!$E:$E))","v":0},1,0,"10Operario de mantenimiento MT"]
["10LIMPIEZA INSTITUCIONAL LASU S.A.S.Operario de mantenimiento MT",10,"LIMPIEZA INSTITUCIONAL LASU S.A.S.","Servicio","Operario de mantenimiento MT","Operario de mantenimiento MT",null,null,null,null,1527017,"",{"$f":"IF($D361=\"Servicio\",SUMIF('Resumen - CSV'!$D:$D,$E361,'Resumen - CSV'!$G:$G),SUMIF('Detalle Bienes de Aseo y Caf'!$A:$A,$E361,'Detalle Bienes de Aseo y Caf'!$E:$E))","v":0},1,0,"10Operario de mantenimiento MT"]
["10SERVIASEO S.AOperario de mantenimiento MT",10,"SERVIASEO S.A","Servicio","Operario de mantenimiento MT","Operario de mantenimiento MT",null,null,null,null,1527017,"",{"$f":"IF($D362=\"Servicio\",SUMIF('Resumen - CSV'!$D:$D,$E362,'Resumen - CSV'!$G:$G),SUMIF('Detalle Bienes de Aseo y Caf'!$A:$A,$E362,'Detalle Bienes de Aseo y Caf'!$E:$E))","v":0},1,0,"10Operario de mantenimiento MT"]
["10SERVITALENTOSOperario de mantenimiento MT",10,"SERVITALENTOS","Servicio","Operario de mantenimiento MT","Operario de mantenimiento MT",null,null,null,null,1527017,"",{"$f":"IF($D363=\"Servicio\",SUMIF('Resumen - CSV'!$D:$D,$E363,'Resumen - CSV'!$G:$G),SUMIF('Detalle Bienes de Aseo y Caf'!$A:$A,$E363,'Detalle Bienes de Aseo y Caf'!$E:$E))","v":0},1,0,"10Operario de mantenimiento MT"]
["10SOSEGE SASOperario de mantenimiento MT",10,"SOSEGE SAS","Servicio","Operario de mantenimiento MT","Operario de mantenimiento MT",null,null,null,null,1527017,"",{"$f":"IF($D364=\"Servicio\",SUMIF('Resumen - CSV'!$D:$D,$E364,'Resumen - CSV'!$G:$G),SUMIF('Detalle Bienes de Aseo y Caf'!$A:$A,$E364,'Detalle Bienes de Aseo y Caf'!$E:$E))","v":0},1,0,"10Operario de mantenimiento MT"]
["10UNION  TEMPORAL LADOINSA 2022Operario de mantenimiento MT",10,"UNION  TEMPORAL LADOINSA 2022","Servicio","Operario de mantenimiento MT","Operario de mantenimiento MT",null,null,null,null,1625015,"",{"$f":"IF($D365=\"Servicio\",SUMIF('Resumen - CSV'!$D:$D,$E365,'Resumen - CSV'!$G:$G),SUMIF('Detalle Bienes de Aseo y Caf'!$A:$A,$E365,'Detalle Bienes de Aseo y Caf'!$E:$E))","v":0},1,0,"10Operario de mantenimiento MT"]
["10UNIÓN TEMPORAL ASEO COLOMBIA AMP4Operario de mantenimiento MT",10,"UNIÓN TEMPORAL ASEO COLOMBIA AMP4","Servicio","Operario de mantenimiento MT","Operario de mantenimiento MT",null,null,null,null,1985121,"",{"$f":"IF($D366=\"Servicio\",SUMIF('Resumen - CSV'!$D:$D,$E366,'Resumen - CSV'!$G:$G),SUMIF('Detalle Bienes de Aseo y Caf'!$A:$A,$E366,'Detalle Bienes de Aseo y Caf'!$E:$E))","v":0},1,0,"10Operario de mantenimiento MT"]
["10UNIÓN TEMPORAL CCE AMP IV 2022Operario de mantenimiento MT",10,"UNIÓN TEMPORAL CCE AMP IV 2022","Servicio","Operario de mantenimiento MT","Operario de mantenimiento MT",null,null,null,null,1527017,"",{"$f":"IF($D367=\"Servicio\",SUMIF('Resumen - CSV'!$D:$D,$E367,'Resumen - CSV'!$G:$G),SUMIF('Detalle Bienes de Aseo y Caf'!$A:$A,$E367,'Detalle Bienes de Aseo y Caf'!$E:$E))","v":0},1,0,"10Operario de mantenimiento MT"]
["10UNION TEMPORAL CLEAN COLOMBIAOperario de mantenimiento MT",10,"UNION TEMPORAL CLEAN COLOMBIA","Servicio","Operario de mantenimiento MT","Operario de mantenimiento MT",null,null,null,null,1527017,"",{"$f":"IF($D368=\"Servicio\",SUMIF('Resumen - CSV'!$D:$D,$E368,'Resumen - CSV'!$G:$G),SUMIF('Detalle Bienes de Aseo y Caf'!$A:$A,$E368,'Detalle Bienes de Aseo y Caf'!$E:$E))","v":0},1,0,"10Operario de mantenimiento MT"]
["10UNION TEMPORAL ECOLIMPIEZA 4GOperario de mantenimiento MT",10,"UNION TEMPORAL ECOLIMPIEZA 4G","Servicio","Operario de mantenimiento MT","Operario de mantenimiento MT",null,null,null,null,1527017,"",{"$f":"IF($D369=\"Servicio\",SUMIF('Resumen - CSV'!$D:$D,$E369,'Resumen - CSV'!$G:$G),SUMIF('Detalle Bienes de Aseo y Caf'!$A:$A,$E369,'Detalle Bienes de Aseo y Caf'!$E:$E))","v":0},1,0,"10Operario de mantenimiento MT"]
["10UNIÓN TEMPORAL EMINSER SOLOASEO 2023Operario de mantenimiento MT",10,"UNIÓN TEMPORAL EMINSER SOLOASEO 2023","Servicio","Operario de mantenimiento MT","Operario de mantenimiento MT",null,null,null,null,1527017,"",{"$f":"IF($D370=\"Servicio\",SUMIF('Resumen - CSV'!$D:$D,$E370,'Resumen - CSV'!$G:$G),SUMIF('Detalle Bienes de Aseo y Caf'!$A:$A,$E370,'Detalle Bienes de Aseo y Caf'!$E:$E))","v":0},1,0,"10Operario de mantenimiento MT"]
["10UNION TEMPORAL OUTSOURCING GIAFOperario de mantenimiento MT",10,"UNION TEMPORAL OUTSOURCING GIAF","Servicio","Operario de mantenimiento MT","Operario de mantenimiento MT",null,null,null,null,1527017,"",{"$f":"IF($D371=\"Servicio\",SUMIF('Resumen - CSV'!$D:$D,$E371,'Resumen - CSV'!$G:$G),SUMIF('Detalle Bienes de Aseo y Caf'!$A:$A,$E371,'Detalle Bienes de Aseo y Caf'!$E:$E))","v":0},1,0,"10Operario de mantenimiento MT"]
["10UNION TEMPORAL R&J 2022Operario de mantenimiento MT",10,"UNION TEMPORAL R&J 2022","Servicio","Operario de mantenimiento MT","Operario de mantenimiento MT",null,null,null,null,1917020,"",{"$f":"IF($D372=\"Servicio\",SUMIF('Resumen - CSV'!$D:$D,$E372,'Resumen - CSV'!$G:$G),SUMIF('Detalle Bienes de Aseo y Caf'!$A:$A,$E372,'Detalle Bienes de Aseo y Caf'!$E:$E))","v":0},1,0,"10Operario de mantenimiento MT"]
["10UNION TEMPORAL SERVICIOS INTEGRALESOperario de mantenimiento MT",10,"UNION TEMPORAL SERVICIOS INTEGRALES","Servicio","Operario de mantenimiento MT","Operario de mantenimiento MT",null,null,null,null,2534846,"",{"$f":"IF($D373=\"Servicio\",SUMIF('Resumen - CSV'!$D:$D,$E373,'Resumen - CSV'!$G:$G),SUMIF('Detalle Bienes de Aseo y Caf'!$A:$A,$E373,'Detalle Bienes de Aseo y Caf'!$E:$E))","v":0},1,0,"10Operario de mantenimiento MT"]
["10UT EASYCLEAN ASEO PROFESIONALOperario de mantenimiento MT",10,"UT EASYCLEAN ASEO PROFESIONAL","Servicio","Operario de mantenimiento MT","Operario de mantenimiento MT",null,null,null,null,1787019,"",{"$f":"IF($D374=\"Servicio\",SUMIF('Resumen - CSV'!$D:$D,$E374,'Resumen - CSV'!$G:$G),SUMIF('Detalle Bienes de Aseo y Caf'!$A:$A,$E374,'Detalle Bienes de Aseo y Caf'!$E:$E))","v":0},1,0,"10Operario de mantenimiento MT"]
["10UT GRUPO ADINOperario de mantenimiento MT",10,"UT GRUPO ADIN","Servicio","Operario de mantenimiento MT","Operario de mantenimiento MT",null,null,null,null,1527017,"",{"$f":"IF($D375=\"Servicio\",SUMIF('Resumen - CSV'!$D:$D,$E375,'Resumen - CSV'!$G:$G),SUMIF('Detalle Bienes de Aseo y Caf'!$A:$A,$E375,'Detalle Bienes de Aseo y Caf'!$E:$E))","v":0},1,0,"10Operario de mantenimiento MT"]
["10ASECOLBAS LTDAOperario auxiliar MT",10,"ASECOLBAS LTDA","Servicio","Operario auxiliar MT","Operario auxiliar MT",null,null,null,null,1527017,"",{"$f":"IF($D376=\"Servicio\",SUMIF('Resumen - CSV'!$D:$D,$E376,'Resumen - CSV'!$G:$G),SUMIF('Detalle Bienes de Aseo y Caf'!$A:$A,$E376,'Detalle Bienes de Aseo y Caf'!$E:$E))","v":0},1,0,"10Operario auxiliar MT"]
["10CLEANER S.A.Operario auxiliar MT",10,"CLEANER S.A.","Servicio","Operario auxiliar MT","Operario auxiliar MT",null,null,null,null,1527017,"",{"$f":"IF($D377=\"Servicio\",SUMIF('Resumen - CSV'!$D:$D,$E377,'Resumen - CSV'!$G:$G),SUMIF('Detalle Bienes de Aseo y Caf'!$A:$A,$E377,'Detalle Bienes de Aseo y Caf'!$E:$E))","v":0},1,0,"10Operario auxiliar MT"]
["10CONSERJES INMOBILIARIOS LTDAOperario auxiliar MT",10,"CONSERJES INMOBILIARIOS LTDA","Servicio","Operario auxiliar MT","Operario auxiliar MT",null,null,null,null,1527017,"",{"$f":"IF($D378=\"Servicio\",SUMIF('Resumen - CSV'!$D:$D,$E378,'Resumen - CSV'!$G:$G),SUMIF('Detalle Bienes de Aseo y Caf'!$A:$A,$E378,'Detalle Bienes de Aseo y Caf'!$E:$E))","v":0},1,0,"10Operario auxiliar MT"]
["10CONSORCIO ELITEOperario auxiliar MT",10,"CONSORCIO ELITE","Servicio","Operario auxiliar MT","Operario auxiliar MT",null,null,null,null,2096334,"",{"$f":"IF($D379=\"Servicio\",SUMIF('Resumen - CSV'!$D:$D,$E379,'Resumen - CSV'!$G:$G),SUMIF('Detalle Bienes de Aseo y Caf'!$A:$A,$E379,'Detalle Bienes de Aseo y Caf'!$E:$E))","v":0},1,0,"10Operario auxiliar MT"]
["10CONSORCIO KIOSOperario auxiliar MT",10,"CONSORCIO KIOS","Servicio","Operario auxiliar MT","Operario auxiliar MT",null,null,null,null,1527017,"",{"$f":"IF($D380=\"Servicio\",SUMIF('Resumen - CSV'!$D:$D,$E380,'Resumen - CSV'!$G:$G),SUMIF('Detalle Bienes de Aseo y Caf'!$A:$A,$E380,'Detalle Bienes de Aseo y Caf'!$E:$E))","v":0},1,0,"10Operario auxiliar MT"]
["10INCINERADOS DEL HUILAOperario auxiliar MT",10,"INCINERADOS DEL HUILA","Servicio","Operario auxiliar MT","Operario auxiliar MT",null,null,null,null,1527017,"",{"$f":"IF($D381=\"Servicio\",SUMIF('Resumen - CSV'!$D:$D,$E381,'Resumen - CSV'!$G:$G),SUMIF('Detalle Bienes de Aseo y Caf'!$A:$A,$E381,'Detalle Bienes de Aseo y Caf'!$E:$E))","v":0},1,0,"10Operario auxiliar MT"]
["10INTERASEO SAS ESPOperario auxiliar MT",10,"INTERASEO SAS ESP","Servicio","Operario auxiliar MT","Operario auxiliar MT",null,null,null,null,1527018,"",{"$f":"IF($D382=\"Servicio\",SUMIF('Resumen - CSV'!$D:$D,$E382,'Resumen - CSV'!$G:$G),SUMIF('Detalle Bienes de Aseo y Caf'!$A:$A,$E382,'Detalle Bienes de Aseo y Caf'!$E:$E))","v":0},1,0,"10Operario auxiliar MT"]
["10LIMPIEZA INSTITUCIONAL LASU S.A.S.Operario auxiliar MT",10,"LIMPIEZA INSTITUCIONAL LASU S.A.S.","Servicio","Operario auxiliar MT","Operario auxiliar MT",null,null,null,null,1527017,"",{"$f":"IF($D383=\"Servicio\",SUMIF('Resumen - CSV'!$D:$D,$E383,'Resumen - CSV'!$G:$G),SUMIF('Detalle Bienes de Aseo y Caf'!$A:$A,$E383,'Detalle Bienes de Aseo y Caf'!$E:$E))","v":0},1,0,"10Operario auxiliar MT"]
["10SERVIASEO S.AOperario auxiliar MT",10,"SERVIASEO S.A","Servicio","Operario auxiliar MT","Operario auxiliar MT",null,null,null,null,1527017,"",{"$f":"IF($D384=\"Servicio\",SUMIF('Resumen - CSV'!$D:$D,$E384,'Resumen - CSV'!$G:$G),SUMIF('Detalle Bienes de Aseo y Caf'!$A:$A,$E384,'Detalle Bienes de Aseo y Caf'!$E:$E))","v":0},1,0,"10Operario auxiliar MT"]
["10SERVITALENTOSOperario auxiliar MT",10,"SERVITALENTOS","Servicio","Operario auxiliar MT","Operario auxiliar MT",null,null,null,null,1527017,"",{"$f":"IF($D385=\"Servicio\",SUMIF('Resumen - CSV'!$D:$D,$E385,'Resumen - CSV'!$G:$G),SUMIF('Detalle Bienes de Aseo y Caf'!$A:$A,$E385,'Detalle Bienes de Aseo y Caf'!$E:$E))","v":0},1,0,"10Operario auxiliar MT"]
["10SOSEGE SASOperario auxiliar MT",10,"SOSEGE SAS","Servicio","Operario auxiliar MT","Operario auxiliar MT",null,null,null,null,1527017,"",{"$f":"IF($D386=\"Servicio\",SUMIF('Resumen - CSV'!$D:$D,$E386,'Resumen - CSV'!$G:$G),SUMIF('Detalle Bienes de Aseo y Caf'!$A:$A,$E386,'Detalle Bienes de Aseo y Caf'!$E:$E))","v":0},1,0,"10Operario auxiliar MT"]
["10UNION  TEMPORAL LADOINSA 2022Operario auxiliar MT",10,"UNION  TEMPORAL LADOINSA 2022","Servicio","Operario auxiliar MT","Operario auxiliar MT",null,null,null,null,1625015,{"$f":"IF($D387=\"Bien\",$K387*$M387,\"\")","v":""},{"$f":"IF($D387=\"Servicio\",SUMIF('Resumen - CSV'!$D:$D,$E387,'Resumen - CSV'!$G:$G),SUMIF('Detalle Bienes de Aseo y Caf'!$A:$A,$E387,'Detalle Bienes de Aseo y Caf'!$E:$E))","v":0},1,{"$f":"$K387*M387*N387","v":0},"10Operario auxiliar MT"]
["10UNIÓN TEMPORAL ASEO COLOMBIA AMP4Operario auxiliar MT",10,"UNIÓN TEMPORAL ASEO COLOMBIA AMP4","Servicio","Operario auxiliar MT","Operario auxiliar MT",null,null,null,null,1985121,"",{"$f":"IF($D388=\"Servicio\",SUMIF('Resumen - CSV'!$D:$D,$E388,'Resumen - CSV'!$G:$G),SUMIF('Detalle Bienes de Aseo y Caf'!$A:$A,$E388,'Detalle Bienes de Aseo y Caf'!$E:$E))","v":0},1,0,"10Operario auxiliar MT"]
["10UNIÓN TEMPORAL CCE AMP IV 2022Operario auxiliar MT",10,"UNIÓN TEMPORAL CCE AMP IV 2022","Servicio","Operario auxiliar MT","Operario auxiliar MT",null,null,null,null,1527017,"",{"$f":"IF($D389=\"Servicio\",SUMIF('Resumen - CSV'!$D:$D,$E389,'Resumen - CSV'!$G:$G),SUMIF('Detalle Bienes de Aseo y Caf'!$A:$A,$E389,'Detalle Bienes de Aseo y Caf'!$E:$E))","v":0},1,0,"10Operario auxiliar MT"]
["10UNION TEMPORAL CLEAN COLOMBIAOperario auxiliar MT",10,"UNION TEMPORAL CLEAN COLOMBIA","Servicio","Operario auxiliar MT","Operario auxiliar MT",null,null,null,null,1527017,"",{"$f":"IF($D390=\"Servicio\",SUMIF('Resumen - CSV'!$D:$D,$E390,'Resumen - CSV'!$G:$G),SUMIF('Detalle Bienes de Aseo y Caf'!$A:$A,$E390,'Detalle Bienes de Aseo y Caf'!$E:$E))","v":0},1,0,"10Operario auxiliar MT"]
["10UNION TEMPORAL ECOLIMPIEZA 4GOperario auxiliar MT",10,"UNION TEMPORAL ECOLIMPIEZA 4G","Servicio","Operario auxiliar MT","Operario auxiliar MT",null,null,null,null,1527017,"",{"$f":"IF($D391=\"Servicio\",SUMIF('Resumen - CSV'!$D:$D,$E391,'Resumen - CSV'!$G:$G),SUMIF('Detalle Bienes de Aseo y Caf'!$A:$A,$E391,'Detalle Bienes de Aseo y Caf'!$E:$E))","v":0},1,0,"10Operario auxiliar MT"]
["10UNIÓN TEMPORAL EMINSER SOLOASEO 2023Operario auxiliar MT",10,"UNIÓN TEMPORAL EMINSER SOLOASEO 2023","Servicio","Operario auxiliar MT","Operario auxiliar MT",null,null,null,null,1527017,"",{"$f":"IF($D392=\"Servicio\",SUMIF('Resumen - CSV'!$D:$D,$E392,'Resumen - CSV'!$G:$G),SUMIF('Detalle Bienes de Aseo y Caf'!$A:$A,$E392,'Detalle Bienes de Aseo y Caf'!$E:$E))","v":0},1,0,"10Operario auxiliar MT"]
["10UNION TEMPORAL OUTSOURCING GIAFOperario auxiliar MT",10,"UNION TEMPORAL OUTSOURCING GIAF","Servicio","Operario auxiliar MT","Operario auxiliar MT",null,null,null,null,1527017,"",{"$f":"IF($D393=\"Servicio\",SUMIF('Resumen - CSV'!$D:$D,$E393,'Resumen - CSV'!$G:$G),SUMIF('Detalle Bienes de Aseo y Caf'!$A:$A,$E393,'Detalle Bienes de Aseo y Caf'!$E:$E))","v":0},1,0,"10Operario auxiliar MT"]
["10UNION TEMPORAL R&J 2022Operario auxiliar MT",10,"UNION TEMPORAL R&J 2022","Servicio","Operario auxiliar MT","Operario auxiliar MT",null,null,null,null,1917020,"",{"$f":"IF($D394=\"Servicio\",SUMIF('Resumen - CSV'!$D:$D,$E394,'Resumen - CSV'!$G:$G),SUMIF('Detalle Bienes de Aseo y Caf'!$A:$A,$E394,'Detalle Bienes de Aseo y Caf'!$E:$E))","v":0},1,0,"10Operario auxiliar MT"]
["10UNION TEMPORAL SERVICIOS INTEGRALESOperario auxiliar MT",10,"UNION TEMPORAL SERVICIOS INTEGRALES","Servicio","Operario auxiliar MT","Operario auxiliar MT",null,null,null,null,2534846,"",{"$f":"IF($D395=\"Servicio\",SUMIF('Resumen - CSV'!$D:$D,$E395,'Resumen - CSV'!$G:$G),SUMIF('Detalle Bienes de Aseo y Caf'!$A:$A,$E395,'Detalle Bienes de Aseo y Caf'!$E:$E))","v":0},1,0,"10Operario auxiliar MT"]
["10UT EASYCLEAN ASEO PROFESIONALOperario auxiliar MT",10,"UT EASYCLEAN ASEO PROFESIONAL","Servicio","Operario auxiliar MT","Operario auxiliar MT",null,null,null,null,1787019,"",{"$f":"IF($D396=\"Servicio\",SUMIF('Resumen - CSV'!$D:$D,$E396,'Resumen - CSV'!$G:$G),SUMIF('Detalle Bienes de Aseo y Caf'!$A:$A,$E396,'Detalle Bienes de Aseo y Caf'!$E:$E))","v":0},1,0,"10Operario auxiliar MT"]
["10UT GRUPO ADINOperario auxiliar MT",10,"UT GRUPO ADIN","Servicio","Operario auxiliar MT","Operario auxiliar MT",null,null,null,null,1527017,"",{"$f":"IF($D397=\"Servicio\",SUMIF('Resumen - CSV'!$D:$D,$E397,'Resumen - CSV'!$G:$G),SUMIF('Detalle Bienes de Aseo y Caf'!$A:$A,$E397,'Detalle Bienes de Aseo y Caf'!$E:$E))","v":0},1,0,"10Operario auxiliar MT"]
["10ASECOLBAS LTDACoordinador MT",10,"ASECOLBAS LTDA","Servicio","Coordinador MT","Coordinador MT",null,null,null,null,1578155,"",{"$f":"IF($D398=\"Servicio\",SUMIF('Resumen - CSV'!$D:$D,$E398,'Resumen - CSV'!$G:$G),SUMIF('Detalle Bienes de Aseo y Caf'!$A:$A,$E398,'Detalle Bienes de Aseo y Caf'!$E:$E))","v":0},1,0,"10Coordinador MT"]
["10CLEANER S.A.Coordinador MT",10,"CLEANER S.A.","Servicio","Coordinador MT","Coordinador MT",null,null,null,null,1578155,"",{"$f":"IF($D399=\"Servicio\",SUMIF('Resumen - CSV'!$D:$D,$E399,'Resumen - CSV'!$G:$G),SUMIF('Detalle Bienes de Aseo y Caf'!$A:$A,$E399,'Detalle Bienes de Aseo y Caf'!$E:$E))","v":0},1,0,"10Coordinador MT"]
["10CONSERJES INMOBILIARIOS LTDACoordinador MT",10,"CONSERJES INMOBILIARIOS LTDA","Servicio","Coordinador MT","Coordinador MT",null,null,null,null,1578155,"",{"$f":"IF($D400=\"Servicio\",SUMIF('Resumen - CSV'!$D:$D,$E400,'Resumen - CSV'!$G:$G),SUMIF('Detalle Bienes de Aseo y Caf'!$A:$A,$E400,'Detalle Bienes de Aseo y Caf'!$E:$E))","v":0},1,0,"10Coordinador MT"]
["10CONSORCIO ELITECoordinador MT",10,"CONSORCIO ELITE","Servicio","Coordinador MT","Coordinador MT",null,null,null,null,3277768,"",{"$f":"IF($D401=\"Servicio\",SUMIF('Resumen - CSV'!$D:$D,$E401,'Resumen - CSV'!$G:$G),SUMIF('Detalle Bienes de Aseo y Caf'!$A:$A,$E401,'Detalle Bienes de Aseo y Caf'!$E:$E))","v":0},1,0,"10Coordinador MT"]
["10CONSORCIO KIOSCoordinador MT",10,"CONSORCIO KIOS","Servicio","Coordinador MT","Coordinador MT",null,null,null,null,1578155,"",{"$f":"IF($D402=\"Servicio\",SUMIF('Resumen - CSV'!$D:$D,$E402,'Resumen - CSV'!$G:$G),SUMIF('Detalle Bienes de Aseo y Caf'!$A:$A,$E402,'Detalle Bienes de Aseo y Caf'!$E:$E))","v":0},1,0,"10Coordinador MT"]
["10INCINERADOS DEL HUILACoordinador MT",10,"INCINERADOS DEL HUILA","Servicio","Coordinador MT","Coordinador MT",null,null,null,null,1578155,"",{"$f":"IF($D403=\"Servicio\",SUMIF('Resumen - CSV'!$D:$D,$E403,'Resumen - CSV'!$G:$G),SUMIF('Detalle Bienes de Aseo y Caf'!$A:$A,$E403,'Detalle Bienes de Aseo y Caf'!$E:$E))","v":0},1,0,"10Coordinador MT"]
["10INTERASEO SAS ESPCoordinador MT",10,"INTERASEO SAS ESP","Servicio","Coordinador MT","Coordinador MT",null,null,null,null,1578156,"",{"$f":"IF($D404=\"Servicio\",SUMIF('Resumen - CSV'!$D:$D,$E404,'Resumen - CSV'!$G:$G),SUMIF('Detalle Bienes de Aseo y Caf'!$A:$A,$E404,'Detalle Bienes de Aseo y Caf'!$E:$E))","v":0},1,0,"10Coordinador MT"]
["10LIMPIEZA INSTITUCIONAL LASU S.A.S.Coordinador MT",10,"LIMPIEZA INSTITUCIONAL LASU S.A.S.","Servicio","Coordinador MT","Coordinador MT",null,null,null,null,1578155,"",{"$f":"IF($D405=\"Servicio\",SUMIF('Resumen - CSV'!$D:$D,$E405,'Resumen - CSV'!$G:$G),SUMIF('Detalle Bienes de Aseo y Caf'!$A:$A,$E405,'Detalle Bienes de Aseo y Caf'!$E:$E))","v":0},1,0,"10Coordinador MT"]
["10SERVIASEO S.ACoordinador MT",10,"SERVIASEO S.A","Servicio","Coordinador MT","Coordinador MT",null,null,null,null,1578155,"",{"$f":"IF($D406=\"Servicio\",SUMIF('Resumen - CSV'!$D:$D,$E406,'Resumen - CSV'!$G:$G),SUMIF('Detalle Bienes de Aseo y Caf'!$A:$A,$E406,'Detalle Bienes de Aseo y Caf'!$E:$E))","v":0},1,0,"10Coordinador MT"]
["10SERVITALENTOSCoordinador MT",10,"SERVITALENTOS","Servicio","Coordinador MT","Coordinador MT",null,null,null,null,1578155,"",{"$f":"IF($D407=\"Servicio\",SUMIF('Resumen - CSV'!$D:$D,$E407,'Resumen - CSV'!$G:$G),SUMIF('Detalle Bienes de Aseo y Caf'!$A:$A,$E407,'Detalle Bienes de Aseo y Caf'!$E:$E))","v":0},1,0,"10Coordinador MT"]
["10SOSEGE SASCoordinador MT",10,"SOSEGE SAS","Servicio","Coordinador MT","Coordinador MT",null,null,null,null,1578155,"",{"$f":"IF($D408=\"Servicio\",SUMIF('Resumen - CSV'!$D:$D,$E408,'Resumen - CSV'!$G:$G),SUMIF('Detalle Bienes de Aseo y Caf'!$A:$A,$E408,'Detalle Bienes de Aseo y Caf'!$E:$E))","v":0},1,0,"10Coordinador MT"]
["10UNION  TEMPORAL LADOINSA 2022Coordinador MT",10,"UNION  TEMPORAL LADOINSA 2022","Servicio","Coordinador MT","Coordinador MT",null,null,null,null,1625015,"",{"$f":"IF($D409=\"Servicio\",SUMIF('Resumen - CSV'!$D:$D,$E409,'Resumen - CSV'!$G:$G),SUMIF('Detalle Bienes de Aseo y Caf'!$A:$A,$E409,'Detalle Bienes de Aseo y Caf'!$E:$E))","v":0},1,0,"10Coordinador MT"]
["10UNIÓN TEMPORAL ASEO COLOMBIA AMP4Coordinador MT",10,"UNIÓN TEMPORAL ASEO COLOMBIA AMP4","Servicio","Coordinador MT","Coordinador MT",null,null,null,null,2051602,"",{"$f":"IF($D410=\"Servicio\",SUMIF('Resumen - CSV'!$D:$D,$E410,'Resumen - CSV'!$G:$G),SUMIF('Detalle Bienes de Aseo y Caf'!$A:$A,$E410,'Detalle Bienes de Aseo y Caf'!$E:$E))","v":0},1,0,"10Coordinador MT"]
["10UNIÓN TEMPORAL CCE AMP IV 2022Coordinador MT",10,"UNIÓN TEMPORAL CCE AMP IV 2022","Servicio","Coordinador MT","Coordinador MT",null,null,null,null,1578155,"",{"$f":"IF($D411=\"Servicio\",SUMIF('Resumen - CSV'!$D:$D,$E411,'Resumen - CSV'!$G:$G),SUMIF('Detalle Bienes de Aseo y Caf'!$A:$A,$E411,'Detalle Bienes de Aseo y Caf'!$E:$E))","v":0},1,0,"10Coordinador MT"]
["10UNION TEMPORAL CLEAN COLOMBIACoordinador MT",10,"UNION TEMPORAL CLEAN COLOMBIA","Servicio","Coordinador MT","Coordinador MT",null,null,null,null,1578155,"",{"$f":"IF($D412=\"Servicio\",SUMIF('Resumen - CSV'!$D:$D,$E412,'Resumen - CSV'!$G:$G),SUMIF('Detalle Bienes de Aseo y Caf'!$A:$A,$E412,'Detalle Bienes de Aseo y Caf'!$E:$E))","v":0},1,0,"10Coordinador MT"]
["10UNION TEMPORAL ECOLIMPIEZA 4GCoordinador MT",10,"UNION TEMPORAL ECOLIMPIEZA 4G","Servicio","Coordinador MT","Coordinador MT",null,null,null,null,1578155,"",{"$f":"IF($D413=\"Servicio\",SUMIF('Resumen - CSV'!$D:$D,$E413,'Resumen - CSV'!$G:$G),SUMIF('Detalle Bienes de Aseo y Caf'!$A:$A,$E413,'Detalle Bienes de Aseo y Caf'!$E:$E))","v":0},1,0,"10Coordinador MT"]
["10UNIÓN TEMPORAL EMINSER SOLOASEO 2023Coordinador MT",10,"UNIÓN TEMPORAL EMINSER SOLOASEO 2023","Servicio","Coordinador MT","Coordinador MT",null,null,null,null,1578155,"",{"$f":"IF($D414=\"Servicio\",SUMIF('Resumen - CSV'!$D:$D,$E414,'Resumen - CSV'!$G:$G),SUMIF('Detalle Bienes de Aseo y Caf'!$A:$A,$E414,'Detalle Bienes de Aseo y Caf'!$E:$E))","v":0},1,0,"10Coordinador MT"]
["10UNION TEMPORAL OUTSOURCING GIAFCoordinador MT",10,"UNION TEMPORAL OUTSOURCING GIAF","Servicio","Coordinador MT","Coordinador MT",null,null,null,null,1578155,"",{"$f":"IF($D415=\"Servicio\",SUMIF('Resumen - CSV'!$D:$D,$E415,'Resumen - CSV'!$G:$G),SUMIF('Detalle Bienes de Aseo y Caf'!$A:$A,$E415,'Detalle Bienes de Aseo y Caf'!$E:$E))","v":0},1,0,"10Coordinador MT"]
["10UNION TEMPORAL R&J 2022Coordinador MT",10,"UNION TEMPORAL R&J 2022","Servicio","Coordinador MT","Coordinador MT",null,null,null,null,1968159,"",{"$f":"IF($D416=\"Servicio\",SUMIF('Resumen - CSV'!$D:$D,$E416,'Resumen - CSV'!$G:$G),SUMIF('Detalle Bienes de Aseo y Caf'!$A:$A,$E416,'Detalle Bienes de Aseo y Caf'!$E:$E))","v":0},1,0,"10Coordinador MT"]
["10UNION TEMPORAL SERVICIOS INTEGRALESCoordinador MT",10,"UNION TEMPORAL SERVICIOS INTEGRALES","Servicio","Coordinador MT","Coordinador MT",null,null,null,null,2619737,"",{"$f":"IF($D417=\"Servicio\",SUMIF('Resumen - CSV'!$D:$D,$E417,'Resumen - CSV'!$G:$G),SUMIF('Detalle Bienes de Aseo y Caf'!$A:$A,$E417,'Detalle Bienes de Aseo y Caf'!$E:$E))","v":0},1,0,"10Coordinador MT"]
["10UT EASYCLEAN ASEO PROFESIONALCoordinador MT",10,"UT EASYCLEAN ASEO PROFESIONAL","Servicio","Coordinador MT","Coordinador MT",null,null,null,null,1838158,"",{"$f":"IF($D418=\"Servicio\",SUMIF('Resumen - CSV'!$D:$D,$E418,'Resumen - CSV'!$G:$G),SUMIF('Detalle Bienes de Aseo y Caf'!$A:$A,$E418,'Detalle Bienes de Aseo y Caf'!$E:$E))","v":0},1,0,"10Coordinador MT"]
["10UT GRUPO ADINCoordinador MT",10,"UT GRUPO ADIN","Servicio","Coordinador MT","Coordinador MT",null,null,null,null,1578155,"",{"$f":"IF($D419=\"Servicio\",SUMIF('Resumen - CSV'!$D:$D,$E419,'Resumen - CSV'!$G:$G),SUMIF('Detalle Bienes de Aseo y Caf'!$A:$A,$E419,'Detalle Bienes de Aseo y Caf'!$E:$E))","v":0},1,0,"10Coordinador MT"]
["10ASECOLBAS LTDAJardinero MT",10,"ASECOLBAS LTDA","Servicio","Jardinero MT","Jardinero MT",null,null,null,null,1527017,"",{"$f":"IF($D420=\"Servicio\",SUMIF('Resumen - CSV'!$D:$D,$E420,'Resumen - CSV'!$G:$G),SUMIF('Detalle Bienes de Aseo y Caf'!$A:$A,$E420,'Detalle Bienes de Aseo y Caf'!$E:$E))","v":0},1,0,"10Jardinero MT"]
["10CLEANER S.A.Jardinero MT",10,"CLEANER S.A.","Servicio","Jardinero MT","Jardinero MT",null,null,null,null,1527017,"",{"$f":"IF($D421=\"Servicio\",SUMIF('Resumen - CSV'!$D:$D,$E421,'Resumen - CSV'!$G:$G),SUMIF('Detalle Bienes de Aseo y Caf'!$A:$A,$E421,'Detalle Bienes de Aseo y Caf'!$E:$E))","v":0},1,0,"10Jardinero MT"]
["10CONSERJES INMOBILIARIOS LTDAJardinero MT",10,"CONSERJES INMOBILIARIOS LTDA","Servicio","Jardinero MT","Jardinero MT",null,null,null,null,1527017,"",{"$f":"IF($D422=\"Servicio\",SUMIF('Resumen - CSV'!$D:$D,$E422,'Resumen - CSV'!$G:$G),SUMIF('Detalle Bienes de Aseo y Caf'!$A:$A,$E422,'Detalle Bienes de Aseo y Caf'!$E:$E))","v":0},1,0,"10Jardinero MT"]
["10CONSORCIO ELITEJardinero MT",10,"CONSORCIO ELITE","Servicio","Jardinero MT","Jardinero MT",null,null,null,null,2283519,"",{"$f":"IF($D423=\"Servicio\",SUMIF('Resumen - CSV'!$D:$D,$E423,'Resumen - CSV'!$G:$G),SUMIF('Detalle Bienes de Aseo y Caf'!$A:$A,$E423,'Detalle Bienes de Aseo y Caf'!$E:$E))","v":0},1,0,"10Jardinero MT"]
["10CONSORCIO KIOSJardinero MT",10,"CONSORCIO KIOS","Servicio","Jardinero MT","Jardinero MT",null,null,null,null,1527017,"",{"$f":"IF($D424=\"Servicio\",SUMIF('Resumen - CSV'!$D:$D,$E424,'Resumen - CSV'!$G:$G),SUMIF('Detalle Bienes de Aseo y Caf'!$A:$A,$E424,'Detalle Bienes de Aseo y Caf'!$E:$E))","v":0},1,0,"10Jardinero MT"]
["10INCINERADOS DEL HUILAJardinero MT",10,"INCINERADOS DEL HUILA","Servicio","Jardinero MT","Jardinero MT",null,null,null,null,1527017,"",{"$f":"IF($D425=\"Servicio\",SUMIF('Resumen - CSV'!$D:$D,$E425,'Resumen - CSV'!$G:$G),SUMIF('Detalle Bienes de Aseo y Caf'!$A:$A,$E425,'Detalle Bienes de Aseo y Caf'!$E:$E))","v":0},1,0,"10Jardinero MT"]
["10INTERASEO SAS ESPJardinero MT",10,"INTERASEO SAS ESP","Servicio","Jardinero MT","Jardinero MT",null,null,null,null,1527018,"",{"$f":"IF($D426=\"Servicio\",SUMIF('Resumen - CSV'!$D:$D,$E426,'Resumen - CSV'!$G:$G),SUMIF('Detalle Bienes de Aseo y Caf'!$A:$A,$E426,'Detalle Bienes de Aseo y Caf'!$E:$E))","v":0},1,0,"10Jardinero MT"]
["10LIMPIEZA INSTITUCIONAL LASU S.A.S.Jardinero MT",10,"LIMPIEZA INSTITUCIONAL LASU S.A.S.","Servicio","Jardinero MT","Jardinero MT",null,null,null,null,1527017,"",{"$f":"IF($D427=\"Servicio\",SUMIF('Resumen - CSV'!$D:$D,$E427,'Resumen - CSV'!$G:$G),SUMIF('Detalle Bienes de Aseo y Caf'!$A:$A,$E427,'Detalle Bienes de Aseo y Caf'!$E:$E))","v":0},1,0,"10Jardinero MT"]
["10SERVIASEO S.AJardinero MT",10,"SERVIASEO S.A","Servicio","Jardinero MT","Jardinero MT",null,null,null,null,1527017,"",{"$f":"IF($D428=\"Servicio\",SUMIF('Resumen - CSV'!$D:$D,$E428,'Resumen - CSV'!$G:$G),SUMIF('Detalle Bienes de Aseo y Caf'!$A:$A,$E428,'Detalle Bienes de Aseo y Caf'!$E:$E))","v":0},1,0,"10Jardinero MT"]
["10SERVITALENTOSJardinero MT",10,"SERVITALENTOS","Servicio","Jardinero MT","Jardinero MT",null,null,null,null,1527017,"",{"$f":"IF($D429=\"Servicio\",SUMIF('Resumen - CSV'!$D:$D,$E429,'Resumen - CSV'!$G:$G),SUMIF('Detalle Bienes de Aseo y Caf'!$A:$A,$E429,'Detalle Bienes de Aseo y Caf'!$E:$E))","v":0},1,0,"10Jardinero MT"]
["10SOSEGE SASJardinero MT",10,"SOSEGE SAS","Servicio","Jardinero MT","Jardinero MT",null,null,null,null,1527017,"",{"$f":"IF($D430=\"Servicio\",SUMIF('Resumen - CSV'!$D:$D,$E430,'Resumen - CSV'!$G:$G),SUMIF('Detalle Bienes de Aseo y Caf'!$A:$A,$E430,'Detalle Bienes de Aseo y Caf'!$E:$E))","v":0},1,0,"10Jardinero MT"]
["10UNION  TEMPORAL LADOINSA 2022Jardinero MT",10,"UNION  TEMPORAL LADOINSA 2022","Servicio","Jardinero MT","Jardinero MT",null,null,null,null,1625015,"",{"$f":"IF($D431=\"Servicio\",SUMIF('Resumen - CSV'!$D:$D,$E431,'Resumen - CSV'!$G:$G),SUMIF('Detalle Bienes de Aseo y Caf'!$A:$A,$E431,'Detalle Bienes de Aseo y Caf'!$E:$E))","v":0},1,0,"10Jardinero MT"]
["10UNIÓN TEMPORAL ASEO COLOMBIA AMP4Jardinero MT",10,"UNIÓN TEMPORAL ASEO COLOMBIA AMP4","Servicio","Jardinero MT","Jardinero MT",null,null,null,null,1985121,"",{"$f":"IF($D432=\"Servicio\",SUMIF('Resumen - CSV'!$D:$D,$E432,'Resumen - CSV'!$G:$G),SUMIF('Detalle Bienes de Aseo y Caf'!$A:$A,$E432,'Detalle Bienes de Aseo y Caf'!$E:$E))","v":0},1,0,"10Jardinero MT"]
["10UNIÓN TEMPORAL CCE AMP IV 2022Jardinero MT",10,"UNIÓN TEMPORAL CCE AMP IV 2022","Servicio","Jardinero MT","Jardinero MT",null,null,null,null,1527017,"",{"$f":"IF($D433=\"Servicio\",SUMIF('Resumen - CSV'!$D:$D,$E433,'Resumen - CSV'!$G:$G),SUMIF('Detalle Bienes de Aseo y Caf'!$A:$A,$E433,'Detalle Bienes de Aseo y Caf'!$E:$E))","v":0},1,0,"10Jardinero MT"]
["10UNION TEMPORAL CLEAN COLOMBIAJardinero MT",10,"UNION TEMPORAL CLEAN COLOMBIA","Servicio","Jardinero MT","Jardinero MT",null,null,null,null,1527017,"",{"$f":"IF($D434=\"Servicio\",SUMIF('Resumen - CSV'!$D:$D,$E434,'Resumen - CSV'!$G:$G),SUMIF('Detalle Bienes de Aseo y Caf'!$A:$A,$E434,'Detalle Bienes de Aseo y Caf'!$E:$E))","v":0},1,0,"10Jardinero MT"]
["10UNION TEMPORAL ECOLIMPIEZA 4GJardinero MT",10,"UNION TEMPORAL ECOLIMPIEZA 4G","Servicio","Jardinero MT","Jardinero MT",null,null,null,null,1527017,"",{"$f":"IF($D435=\"Servicio\",SUMIF('Resumen - CSV'!$D:$D,$E435,'Resumen - CSV'!$G:$G),SUMIF('Detalle Bienes de Aseo y Caf'!$A:$A,$E435,'Detalle Bienes de Aseo y Caf'!$E:$E))","v":0},1,0,"10Jardinero MT"]
["10UNIÓN TEMPORAL EMINSER SOLOASEO 2023Jardinero MT",10,"UNIÓN TEMPORAL EMINSER SOLOASEO 2023","Servicio","Jardinero MT","Jardinero MT",null,null,null,null,1527017,"",{"$f":"IF($D436=\"Servicio\",SUMIF('Resumen - CSV'!$D:$D,$E436,'Resumen - CSV'!$G:$G),SUMIF('Detalle Bienes de Aseo y Caf'!$A:$A,$E436,'Detalle Bienes de Aseo y Caf'!$E:$E))","v":0},1,0,"10Jardinero MT"]
["10UNION TEMPORAL OUTSOURCING GIAFJardinero MT",10,"UNION TEMPORAL OUTSOURCING GIAF","Servicio","Jardinero MT","Jardinero MT",null,null,null,null,1527017,"",{"$f":"IF($D437=\"Servicio\",SUMIF('Resumen - CSV'!$D:$D,$E437,'Resumen - CSV'!$G:$G),SUMIF('Detalle Bienes de Aseo y Caf'!$A:$A,$E437,'Detalle Bienes de Aseo y Caf'!$E:$E))","v":0},1,0,"10Jardinero MT"]
["10UNION TEMPORAL R&J 2022Jardinero MT",10,"UNION TEMPORAL R&J 2022","Servicio","Jardinero MT","Jardinero MT",null,null,null,null,1917020,"",{"$f":"IF($D438=\"Servicio\",SUMIF('Resumen - CSV'!$D:$D,$E438,'Resumen - CSV'!$G:$G),SUMIF('Detalle Bienes de Aseo y Caf'!$A:$A,$E438,'Detalle Bienes de Aseo y Caf'!$E:$E))","v":0},1,0,"10Jardinero MT"]
["10UNION TEMPORAL SERVICIOS INTEGRALESJardinero MT",10,"UNION TEMPORAL SERVICIOS INTEGRALES","Servicio","Jardinero MT","Jardinero MT",null,null,null,null,2534846,"",{"$f":"IF($D439=\"Servicio\",SUMIF('Resumen - CSV'!$D:$D,$E439,'Resumen - CSV'!$G:$G),SUMIF('Detalle Bienes de Aseo y Caf'!$A:$A,$E439,'Detalle Bienes de Aseo y Caf'!$E:$E))","v":0},1,0,"10Jardinero MT"]
["10UT EASYCLEAN ASEO PROFESIONALJardinero MT",10,"UT EASYCLEAN ASEO PROFESIONAL","Servicio","Jardinero MT","Jardinero MT",null,null,null,null,1787019,"",{"$f":"IF($D440=\"Servicio\",SUMIF('Resumen - CSV'!$D:$D,$E440,'Resumen - CSV'!$G:$G),SUMIF('Detalle Bienes de Aseo y Caf'!$A:$A,$E440,'Detalle Bienes de Aseo y Caf'!$E:$E))","v":0},1,0,"10Jardinero MT"]
["10UT GRUPO ADINJardinero MT",10,"UT GRUPO ADIN","Servicio","Jardinero MT","Jardinero MT",null,null,null,null,1527017,"",{"$f":"IF($D441=\"Servicio\",SUMIF('Resumen - CSV'!$D:$D,$E441,'Resumen - CSV'!$G:$G),SUMIF('Detalle Bienes de Aseo y Caf'!$A:$A,$E441,'Detalle Bienes de Aseo y Caf'!$E:$E))","v":0},1,0,"10Jardinero MT"]
["10ASECOLBAS LTDAOperario de mantenimiento capacitado para trabajo en alturas MT",10,"ASECOLBAS LTDA","Servicio","Operario de mantenimiento capacitado para trabajo en alturas MT","Operario de mantenimiento capacitado para trabajo en alturas MT",null,null,null,null,1527017,"",{"$f":"IF($D442=\"Servicio\",SUMIF('Resumen - CSV'!$D:$D,$E442,'Resumen - CSV'!$G:$G),SUMIF('Detalle Bienes de Aseo y Caf'!$A:$A,$E442,'Detalle Bienes de Aseo y Caf'!$E:$E))","v":0},1,0,"10Operario de mantenimiento capacitado para trabajo en alturas MT"]
["10CLEANER S.A.Operario de mantenimiento capacitado para trabajo en alturas MT",10,"CLEANER S.A.","Servicio","Operario de mantenimiento capacitado para trabajo en alturas MT","Operario de mantenimiento capacitado para trabajo en alturas MT",null,null,null,null,1527017,"",{"$f":"IF($D443=\"Servicio\",SUMIF('Resumen - CSV'!$D:$D,$E443,'Resumen - CSV'!$G:$G),SUMIF('Detalle Bienes de Aseo y Caf'!$A:$A,$E443,'Detalle Bienes de Aseo y Caf'!$E:$E))","v":0},1,0,"10Operario de mantenimiento capacitado para trabajo en alturas MT"]
["10CONSERJES INMOBILIARIOS LTDAOperario de mantenimiento capacitado para trabajo en alturas MT",10,"CONSERJES INMOBILIARIOS LTDA","Servicio","Operario de mantenimiento capacitado para trabajo en alturas MT","Operario de mantenimiento capacitado para trabajo en alturas MT",null,null,null,null,1527017,"",{"$f":"IF($D444=\"Servicio\",SUMIF('Resumen - CSV'!$D:$D,$E444,'Resumen - CSV'!$G:$G),SUMIF('Detalle Bienes de Aseo y Caf'!$A:$A,$E444,'Detalle Bienes de Aseo y Caf'!$E:$E))","v":0},1,0,"10Operario de mantenimiento capacitado para trabajo en alturas MT"]
["10CONSORCIO ELITEOperario de mantenimiento capacitado para trabajo en alturas MT",10,"CONSORCIO ELITE","Servicio","Operario de mantenimiento capacitado para trabajo en alturas MT","Operario de mantenimiento capacitado para trabajo en alturas MT",null,null,null,null,2478563,"",{"$f":"IF($D445=\"Servicio\",SUMIF('Resumen - CSV'!$D:$D,$E445,'Resumen - CSV'!$G:$G),SUMIF('Detalle Bienes de Aseo y Caf'!$A:$A,$E445,'Detalle Bienes de Aseo y Caf'!$E:$E))","v":0},1,0,"10Operario de mantenimiento capacitado para trabajo en alturas MT"]
["10CONSORCIO KIOSOperario de mantenimiento capacitado para trabajo en alturas MT",10,"CONSORCIO KIOS","Servicio","Operario de mantenimiento capacitado para trabajo en alturas MT","Operario de mantenimiento capacitado para trabajo en alturas MT",null,null,null,null,1527017,"",{"$f":"IF($D446=\"Servicio\",SUMIF('Resumen - CSV'!$D:$D,$E446,'Resumen - CSV'!$G:$G),SUMIF('Detalle Bienes de Aseo y Caf'!$A:$A,$E446,'Detalle Bienes de Aseo y Caf'!$E:$E))","v":0},1,0,"10Operario de mantenimiento capacitado para trabajo en alturas MT"]
["10INCINERADOS DEL HUILAOperario de mantenimiento capacitado para trabajo en alturas MT",10,"INCINERADOS DEL HUILA","Servicio","Operario de mantenimiento capacitado para trabajo en alturas MT","Operario de mantenimiento capacitado para trabajo en alturas MT",null,null,null,null,1527017,"",{"$f":"IF($D447=\"Servicio\",SUMIF('Resumen - CSV'!$D:$D,$E447,'Resumen - CSV'!$G:$G),SUMIF('Detalle Bienes de Aseo y Caf'!$A:$A,$E447,'Detalle Bienes de Aseo y Caf'!$E:$E))","v":0},1,0,"10Operario de mantenimiento capacitado para trabajo en alturas MT"]
["10INTERASEO SAS ESPOperario de mantenimiento capacitado para trabajo en alturas MT",10,"INTERASEO SAS ESP","Servicio","Operario de mantenimiento capacitado para trabajo en alturas MT","Operario de mantenimiento capacitado para trabajo en alturas MT",null,null,null,null,1527018,"",{"$f":"IF($D448=\"Servicio\",SUMIF('Resumen - CSV'!$D:$D,$E448,'Resumen - CSV'!$G:$G),SUMIF('Detalle Bienes de Aseo y Caf'!$A:$A,$E448,'Detalle Bienes de Aseo y Caf'!$E:$E))","v":0},1,0,"10Operario de mantenimiento capacitado para trabajo en alturas MT"]
["10LIMPIEZA INSTITUCIONAL LASU S.A.S.Operario de mantenimiento capacitado para trabajo en alturas MT",10,"LIMPIEZA INSTITUCIONAL LASU S.A.S.","Servicio","Operario de mantenimiento capacitado para trabajo en alturas MT","Operario de mantenimiento capacitado para trabajo en alturas MT",null,null,null,null,1527017,"",{"$f":"IF($D449=\"Servicio\",SUMIF('Resumen - CSV'!$D:$D,$E449,'Resumen - CSV'!$G:$G),SUMIF('Detalle Bienes de Aseo y Caf'!$A:$A,$E449,'Detalle Bienes de Aseo y Caf'!$E:$E))","v":0},1,0,"10Operario de mantenimiento capacitado para trabajo en alturas MT"]
["10SERVIASEO S.AOperario de mantenimiento capacitado para trabajo en alturas MT",10,"SERVIASEO S.A","Servicio","Operario de mantenimiento capacitado para trabajo en alturas MT","Operario de mantenimiento capacitado para trabajo en alturas MT",null,null,null,null,1527017,"",{"$f":"IF($D450=\"Servicio\",SUMIF('Resumen - CSV'!$D:$D,$E450,'Resumen - CSV'!$G:$G),SUMIF('Detalle Bienes de Aseo y Caf'!$A:$A,$E450,'Detalle Bienes de Aseo y Caf'!$E:$E))","v":0},1,0,"10Operario de mantenimiento capacitado para trabajo en alturas MT"]
["10SERVITALENTOSOperario de mantenimiento capacitado para trabajo en alturas MT",10,"SERVITALENTOS","Servicio","Operario de mantenimiento capacitado para trabajo en alturas MT","Operario de mantenimiento capacitado para trabajo en alturas MT",null,null,null,null,1527017,{"$f":"IF($D451=\"Bien\",$K451*$M451,\"\")","v":""},{"$f":"IF($D451=\"Servicio\",SUMIF('Resumen - CSV'!$D:$D,$E451,'Resumen - CSV'!$G:$G),SUMIF('Detalle Bienes de Aseo y Caf'!$A:$A,$E451,'Detalle Bienes de Aseo y Caf'!$E:$E))","v":0},1,{"$f":"$K451*M451*N451","v":0},"10Operario de mantenimiento capacitado para trabajo en alturas MT"]
["10SOSEGE SASOperario de mantenimiento capacitado para trabajo en alturas MT",10,"SOSEGE SAS","Servicio","Operario de mantenimiento capacitado para trabajo en alturas MT","Operario de mantenimiento capacitado para trabajo en alturas MT",null,null,null,null,1527017,"",{"$f":"IF($D452=\"Servicio\",SUMIF('Resumen - CSV'!$D:$D,$E452,'Resumen - CSV'!$G:$G),SUMIF('Detalle Bienes de Aseo y Caf'!$A:$A,$E452,'Detalle Bienes de Aseo y Caf'!$E:$E))","v":0},1,0,"10Operario de mantenimiento capacitado para trabajo en alturas MT"]
["10UNION  TEMPORAL LADOINSA 2022Operario de mantenimiento capacitado para trabajo en alturas MT",10,"UNION  TEMPORAL LADOINSA 2022","Servicio","Operario de mantenimiento capacitado para trabajo en alturas MT","Operario de mantenimiento capacitado para trabajo en alturas MT",null,null,null,null,1950018,"",{"$f":"IF($D453=\"Servicio\",SUMIF('Resumen - CSV'!$D:$D,$E453,'Resumen - CSV'!$G:$G),SUMIF('Detalle Bienes de Aseo y Caf'!$A:$A,$E453,'Detalle Bienes de Aseo y Caf'!$E:$E))","v":0},1,0,"10Operario de mantenimiento capacitado para trabajo en alturas MT"]
["10UNIÓN TEMPORAL ASEO COLOMBIA AMP4Operario de mantenimiento capacitado para trabajo en alturas MT",10,"UNIÓN TEMPORAL ASEO COLOMBIA AMP4","Servicio","Operario de mantenimiento capacitado para trabajo en alturas MT","Operario de mantenimiento capacitado para trabajo en alturas MT",null,null,null,null,1985121,"",{"$f":"IF($D454=\"Servicio\",SUMIF('Resumen - CSV'!$D:$D,$E454,'Resumen - CSV'!$G:$G),SUMIF('Detalle Bienes de Aseo y Caf'!$A:$A,$E454,'Detalle Bienes de Aseo y Caf'!$E:$E))","v":0},1,0,"10Operario de mantenimiento capacitado para trabajo en alturas MT"]
["10UNIÓN TEMPORAL CCE AMP IV 2022Operario de mantenimiento capacitado para trabajo en alturas MT",10,"UNIÓN TEMPORAL CCE AMP IV 2022","Servicio","Operario de mantenimiento capacitado para trabajo en alturas MT","Operario de mantenimiento capacitado para trabajo en alturas MT",null,null,null,null,1527017,"",{"$f":"IF($D455=\"Servicio\",SUMIF('Resumen - CSV'!$D:$D,$E455,'Resumen - CSV'!$G:$G),SUMIF('Detalle Bienes de Aseo y Caf'!$A:$A,$E455,'Detalle Bienes de Aseo y Caf'!$E:$E))","v":0},1,0,"10Operario de mantenimiento capacitado para trabajo en alturas MT"]
["10UNION TEMPORAL CLEAN COLOMBIAOperario de mantenimiento capacitado para trabajo en alturas MT",10,"UNION TEMPORAL CLEAN COLOMBIA","Servicio","Operario de mantenimiento capacitado para trabajo en alturas MT","Operario de mantenimiento capacitado para trabajo en alturas MT",null,null,null,null,1527017,"",{"$f":"IF($D456=\"Servicio\",SUMIF('Resumen - CSV'!$D:$D,$E456,'Resumen - CSV'!$G:$G),SUMIF('Detalle Bienes de Aseo y Caf'!$A:$A,$E456,'Detalle Bienes de Aseo y Caf'!$E:$E))","v":0},1,0,"10Operario de mantenimiento capacitado para trabajo en alturas MT"]
["10UNION TEMPORAL ECOLIMPIEZA 4GOperario de mantenimiento capacitado para trabajo en alturas MT",10,"UNION TEMPORAL ECOLIMPIEZA 4G","Servicio","Operario de mantenimiento capacitado para trabajo en alturas MT","Operario de mantenimiento capacitado para trabajo en alturas MT",null,null,null,null,1527017,"",{"$f":"IF($D457=\"Servicio\",SUMIF('Resumen - CSV'!$D:$D,$E457,'Resumen - CSV'!$G:$G),SUMIF('Detalle Bienes de Aseo y Caf'!$A:$A,$E457,'Detalle Bienes de Aseo y Caf'!$E:$E))","v":0},1,0,"10Operario de mantenimiento capacitado para trabajo en alturas MT"]
["10UNIÓN TEMPORAL EMINSER SOLOASEO 2023Operario de mantenimiento capacitado para trabajo en alturas MT",10,"UNIÓN TEMPORAL EMINSER SOLOASEO 2023","Servicio","Operario de mantenimiento capacitado para trabajo en alturas MT","Operario de mantenimiento capacitado para trabajo en alturas MT",null,null,null,null,1527017,"",{"$f":"IF($D458=\"Servicio\",SUMIF('Resumen - CSV'!$D:$D,$E458,'Resumen - CSV'!$G:$G),SUMIF('Detalle Bienes de Aseo y Caf'!$A:$A,$E458,'Detalle Bienes de Aseo y Caf'!$E:$E))","v":0},1,0,"10Operario de mantenimiento capacitado para trabajo en alturas MT"]
["10UNION TEMPORAL OUTSOURCING GIAFOperario de mantenimiento capacitado para trabajo en alturas MT",10,"UNION TEMPORAL OUTSOURCING GIAF","Servicio","Operario de mantenimiento capacitado para trabajo en alturas MT","Operario de mantenimiento capacitado para trabajo en alturas MT",null,null,null,null,1527017,"",{"$f":"IF($D459=\"Servicio\",SUMIF('Resumen - CSV'!$D:$D,$E459,'Resumen - CSV'!$G:$G),SUMIF('Detalle Bienes de Aseo y Caf'!$A:$A,$E459,'Detalle Bienes de Aseo y Caf'!$E:$E))","v":0},1,0,"10Operario de mantenimiento capacitado para trabajo en alturas MT"]
["10UNION TEMPORAL R&J 2022Operario de mantenimiento capacitado para trabajo en alturas MT",10,"UNION TEMPORAL R&J 2022","Servicio","Operario de mantenimiento capacitado para trabajo en alturas MT","Operario de mantenimiento capacitado para trabajo en alturas MT",null,null,null,null,1917020,"",{"$f":"IF($D460=\"Servicio\",SUMIF('Resumen - CSV'!$D:$D,$E460,'Resumen - CSV'!$G:$G),SUMIF('Detalle Bienes de Aseo y Caf'!$A:$A,$E460,'Detalle Bienes de Aseo y Caf'!$E:$E))","v":0},1,0,"10Operario de mantenimiento capacitado para trabajo en alturas MT"]
["10UNION TEMPORAL SERVICIOS INTEGRALESOperario de mantenimiento capacitado para trabajo en alturas MT",10,"UNION TEMPORAL SERVICIOS INTEGRALES","Servicio","Operario de mantenimiento capacitado para trabajo en alturas MT","Operario de mantenimiento capacitado para trabajo en alturas MT",null,null,null,null,2534846,"",{"$f":"IF($D461=\"Servicio\",SUMIF('Resumen - CSV'!$D:$D,$E461,'Resumen - CSV'!$G:$G),SUMIF('Detalle Bienes de Aseo y Caf'!$A:$A,$E461,'Detalle Bienes de Aseo y Caf'!$E:$E))","v":0},1,0,"10Operario de mantenimiento capacitado para trabajo en alturas MT"]
["10UT EASYCLEAN ASEO PROFESIONALOperario de mantenimiento capacitado para trabajo en alturas MT",10,"UT EASYCLEAN ASEO PROFESIONAL","Servicio","Operario de mantenimiento capacitado para trabajo en alturas MT","Operario de mantenimiento capacitado para trabajo en alturas MT",null,null,null,null,1787019,"",{"$f":"IF($D462=\"Servicio\",SUMIF('Resumen - CSV'!$D:$D,$E462,'Resumen - CSV'!$G:$G),SUMIF('Detalle Bienes de Aseo y Caf'!$A:$A,$E462,'Detalle Bienes de Aseo y Caf'!$E:$E))","v":0},1,0,"10Operario de mantenimiento capacitado para trabajo en alturas MT"]
["10UT GRUPO ADINOperario de mantenimiento capacitado para trabajo en alturas MT",10,"UT GRUPO ADIN","Servicio","Operario de mantenimiento capacitado para trabajo en alturas MT","Operario de mantenimiento capacitado para trabajo en alturas MT",null,null,null,null,1527017,"",{"$f":"IF($D463=\"Servicio\",SUMIF('Resumen - CSV'!$D:$D,$E463,'Resumen - CSV'!$G:$G),SUMIF('Detalle Bienes de Aseo y Caf'!$A:$A,$E463,'Detalle Bienes de Aseo y Caf'!$E:$E))","v":0},1,0,"10Operario de mantenimiento capacitado para trabajo en alturas MT"]
["10ASECOLBAS LTDAOperario auxiliar capacitado para trabajo en alturas MT",10,"ASECOLBAS LTDA","Servicio","Operario auxiliar capacitado para trabajo en alturas MT","Operario auxiliar capacitado para trabajo en alturas MT",null,null,null,null,1527017,"",{"$f":"IF($D464=\"Servicio\",SUMIF('Resumen - CSV'!$D:$D,$E464,'Resumen - CSV'!$G:$G),SUMIF('Detalle Bienes de Aseo y Caf'!$A:$A,$E464,'Detalle Bienes de Aseo y Caf'!$E:$E))","v":0},1,0,"10Operario auxiliar capacitado para trabajo en alturas MT"]
["10CLEANER S.A.Operario auxiliar capacitado para trabajo en alturas MT",10,"CLEANER S.A.","Servicio","Operario auxiliar capacitado para trabajo en alturas MT","Operario auxiliar capacitado para trabajo en alturas MT",null,null,null,null,1527017,"",{"$f":"IF($D465=\"Servicio\",SUMIF('Resumen - CSV'!$D:$D,$E465,'Resumen - CSV'!$G:$G),SUMIF('Detalle Bienes de Aseo y Caf'!$A:$A,$E465,'Detalle Bienes de Aseo y Caf'!$E:$E))","v":0},1,0,"10Operario auxiliar capacitado para trabajo en alturas MT"]
["10CONSERJES INMOBILIARIOS LTDAOperario auxiliar capacitado para trabajo en alturas MT",10,"CONSERJES INMOBILIARIOS LTDA","Servicio","Operario auxiliar capacitado para trabajo en alturas MT","Operario auxiliar capacitado para trabajo en alturas MT",null,null,null,null,1527017,"",{"$f":"IF($D466=\"Servicio\",SUMIF('Resumen - CSV'!$D:$D,$E466,'Resumen - CSV'!$G:$G),SUMIF('Detalle Bienes de Aseo y Caf'!$A:$A,$E466,'Detalle Bienes de Aseo y Caf'!$E:$E))","v":0},1,0,"10Operario auxiliar capacitado para trabajo en alturas MT"]
["10CONSORCIO ELITEOperario auxiliar capacitado para trabajo en alturas MT",10,"CONSORCIO ELITE","Servicio","Operario auxiliar capacitado para trabajo en alturas MT","Operario auxiliar capacitado para trabajo en alturas MT",null,null,null,null,2173634,"",{"$f":"IF($D467=\"Servicio\",SUMIF('Resumen - CSV'!$D:$D,$E467,'Resumen - CSV'!$G:$G),SUMIF('Detalle Bienes de Aseo y Caf'!$A:$A,$E467,'Detalle Bienes de Aseo y Caf'!$E:$E))","v":0},1,0,"10Operario auxiliar capacitado para trabajo en alturas MT"]
["10CONSORCIO KIOSOperario auxiliar capacitado para trabajo en alturas MT",10,"CONSORCIO KIOS","Servicio","Operario auxiliar capacitado para trabajo en alturas MT","Operario auxiliar capacitado para trabajo en alturas MT",null,null,null,null,1527017,"",{"$f":"IF($D468=\"Servicio\",SUMIF('Resumen - CSV'!$D:$D,$E468,'Resumen - CSV'!$G:$G),SUMIF('Detalle Bienes de Aseo y Caf'!$A:$A,$E468,'Detalle Bienes de Aseo y Caf'!$E:$E))","v":0},1,0,"10Operario auxiliar capacitado para trabajo en alturas MT"]
["10INCINERADOS DEL HUILAOperario auxiliar capacitado para trabajo en alturas MT",10,"INCINERADOS DEL HUILA","Servicio","Operario auxiliar capacitado para trabajo en alturas MT","Operario auxiliar capacitado para trabajo en alturas MT",null,null,null,null,1527017,"",{"$f":"IF($D469=\"Servicio\",SUMIF('Resumen - CSV'!$D:$D,$E469,'Resumen - CSV'!$G:$G),SUMIF('Detalle Bienes de Aseo y Caf'!$A:$A,$E469,'Detalle Bienes de Aseo y Caf'!$E:$E))","v":0},1,0,"10Operario auxiliar capacitado para trabajo en alturas MT"]
["10INTERASEO SAS ESPOperario auxiliar capacitado para trabajo en alturas MT",10,"INTERASEO SAS ESP","Servicio","Operario auxiliar capacitado para trabajo en alturas MT","Operario auxiliar capacitado para trabajo en alturas MT",null,null,null,null,1527018,"",{"$f":"IF($D470=\"Servicio\",SUMIF('Resumen - CSV'!$D:$D,$E470,'Resumen - CSV'!$G:$G),SUMIF('Detalle Bienes de Aseo y Caf'!$A:$A,$E470,'Detalle Bienes de Aseo y Caf'!$E:$E))","v":0},1,0,"10Operario auxiliar capacitado para trabajo en alturas MT"]
["10LIMPIEZA INSTITUCIONAL LASU S.A.S.Operario auxiliar capacitado para trabajo en alturas MT",10,"LIMPIEZA INSTITUCIONAL LASU S.A.S.","Servicio","Operario auxiliar capacitado para trabajo en alturas MT","Operario auxiliar capacitado para trabajo en alturas MT",null,null,null,null,1527017,"",{"$f":"IF($D471=\"Servicio\",SUMIF('Resumen - CSV'!$D:$D,$E471,'Resumen - CSV'!$G:$G),SUMIF('Detalle Bienes de Aseo y Caf'!$A:$A,$E471,'Detalle Bienes de Aseo y Caf'!$E:$E))","v":0},1,0,"10Operario auxiliar capacitado para trabajo en alturas MT"]
["10SERVIASEO S.AOperario auxiliar capacitado para trabajo en alturas MT",10,"SERVIASEO S.A","Servicio","Operario auxiliar capacitado para trabajo en alturas MT","Operario auxiliar capacitado para trabajo en alturas MT",null,null,null,null,1527017,"",{"$f":"IF($D472=\"Servicio\",SUMIF('Resumen - CSV'!$D:$D,$E472,'Resumen - CSV'!$G:$G),SUMIF('Detalle Bienes de Aseo y Caf'!$A:$A,$E472,'Detalle Bienes de Aseo y Caf'!$E:$E))","v":0},1,0,"10Operario auxiliar capacitado para trabajo en alturas MT"]
["10SERVITALENTOSOperario auxiliar capacitado para trabajo en alturas MT",10,"SERVITALENTOS","Servicio","Operario auxiliar capacitado para trabajo en alturas MT","Operario auxiliar capacitado para trabajo en alturas MT",null,null,null,null,1527017,"",{"$f":"IF($D473=\"Servicio\",SUMIF('Resumen - CSV'!$D:$D,$E473,'Resumen - CSV'!$G:$G),SUMIF('Detalle Bienes de Aseo y Caf'!$A:$A,$E473,'Detalle Bienes de Aseo y Caf'!$E:$E))","v":0},1,0,"10Operario auxiliar capacitado para trabajo en alturas MT"]
["10SOSEGE SASOperario auxiliar capacitado para trabajo en alturas MT",10,"SOSEGE SAS","Servicio","Operario auxiliar capacitado para trabajo en alturas MT","Operario auxiliar capacitado para trabajo en alturas MT",null,null,null,null,1527017,"",{"$f":"IF($D474=\"Servicio\",SUMIF('Resumen - CSV'!$D:$D,$E474,'Resumen - CSV'!$G:$G),SUMIF('Detalle Bienes de Aseo y Caf'!$A:$A,$E474,'Detalle Bienes de Aseo y Caf'!$E:$E))","v":0},1,0,"10Operario auxiliar capacitado para trabajo en alturas MT"]
["10UNION  TEMPORAL LADOINSA 2022Operario auxiliar capacitado para trabajo en alturas MT",10,"UNION  TEMPORAL LADOINSA 2022","Servicio","Operario auxiliar capacitado para trabajo en alturas MT","Operario auxiliar capacitado para trabajo en alturas MT",null,null,null,null,1885017,"",{"$f":"IF($D475=\"Servicio\",SUMIF('Resumen - CSV'!$D:$D,$E475,'Resumen - CSV'!$G:$G),SUMIF('Detalle Bienes de Aseo y Caf'!$A:$A,$E475,'Detalle Bienes de Aseo y Caf'!$E:$E))","v":0},1,0,"10Operario auxiliar capacitado para trabajo en alturas MT"]
["10UNIÓN TEMPORAL ASEO COLOMBIA AMP4Operario auxiliar capacitado para trabajo en alturas MT",10,"UNIÓN TEMPORAL ASEO COLOMBIA AMP4","Servicio","Operario auxiliar capacitado para trabajo en alturas MT","Operario auxiliar capacitado para trabajo en alturas MT",null,null,null,null,1985121,"",{"$f":"IF($D476=\"Servicio\",SUMIF('Resumen - CSV'!$D:$D,$E476,'Resumen - CSV'!$G:$G),SUMIF('Detalle Bienes de Aseo y Caf'!$A:$A,$E476,'Detalle Bienes de Aseo y Caf'!$E:$E))","v":0},1,0,"10Operario auxiliar capacitado para trabajo en alturas MT"]
["10UNIÓN TEMPORAL CCE AMP IV 2022Operario auxiliar capacitado para trabajo en alturas MT",10,"UNIÓN TEMPORAL CCE AMP IV 2022","Servicio","Operario auxiliar capacitado para trabajo en alturas MT","Operario auxiliar capacitado para trabajo en alturas MT",null,null,null,null,1527017,"",{"$f":"IF($D477=\"Servicio\",SUMIF('Resumen - CSV'!$D:$D,$E477,'Resumen - CSV'!$G:$G),SUMIF('Detalle Bienes de Aseo y Caf'!$A:$A,$E477,'Detalle Bienes de Aseo y Caf'!$E:$E))","v":0},1,0,"10Operario auxiliar capacitado para trabajo en alturas MT"]
["10UNION TEMPORAL CLEAN COLOMBIAOperario auxiliar capacitado para trabajo en alturas MT",10,"UNION TEMPORAL CLEAN COLOMBIA","Servicio","Operario auxiliar capacitado para trabajo en alturas MT","Operario auxiliar capacitado para trabajo en alturas MT",null,null,null,null,1527017,"",{"$f":"IF($D478=\"Servicio\",SUMIF('Resumen - CSV'!$D:$D,$E478,'Resumen - CSV'!$G:$G),SUMIF('Detalle Bienes de Aseo y Caf'!$A:$A,$E478,'Detalle Bienes de Aseo y Caf'!$E:$E))","v":0},1,0,"10Operario auxiliar capacitado para trabajo en alturas MT"]
["10UNION TEMPORAL ECOLIMPIEZA 4GOperario auxiliar capacitado para trabajo en alturas MT",10,"UNION TEMPORAL ECOLIMPIEZA 4G","Servicio","Operario auxiliar capacitado para trabajo en alturas MT","Operario auxiliar capacitado para trabajo en alturas MT",null,null,null,null,1527017,"",{"$f":"IF($D479=\"Servicio\",SUMIF('Resumen - CSV'!$D:$D,$E479,'Resumen - CSV'!$G:$G),SUMIF('Detalle Bienes de Aseo y Caf'!$A:$A,$E479,'Detalle Bienes de Aseo y Caf'!$E:$E))","v":0},1,0,"10Operario auxiliar capacitado para trabajo en alturas MT"]
["10UNIÓN TEMPORAL EMINSER SOLOASEO 2023Operario auxiliar capacitado para trabajo en alturas MT",10,"UNIÓN TEMPORAL EMINSER SOLOASEO 2023","Servicio","Operario auxiliar capacitado para trabajo en alturas MT","Operario auxiliar capacitado para trabajo en alturas MT",null,null,null,null,1527017,"",{"$f":"IF($D480=\"Servicio\",SUMIF('Resumen - CSV'!$D:$D,$E480,'Resumen - CSV'!$G:$G),SUMIF('Detalle Bienes de Aseo y Caf'!$A:$A,$E480,'Detalle Bienes de Aseo y Caf'!$E:$E))","v":0},1,0,"10Operario auxiliar capacitado para trabajo en alturas MT"]
["10UNION TEMPORAL OUTSOURCING GIAFOperario auxiliar capacitado para trabajo en alturas MT",10,"UNION TEMPORAL OUTSOURCING GIAF","Servicio","Operario auxiliar capacitado para trabajo en alturas MT","Operario auxiliar capacitado para trabajo en alturas MT",null,null,null,null,1527017,"",{"$f":"IF($D481=\"Servicio\",SUMIF('Resumen - CSV'!$D:$D,$E481,'Resumen - CSV'!$G:$G),SUMIF('Detalle Bienes de Aseo y Caf'!$A:$A,$E481,'Detalle Bienes de Aseo y Caf'!$E:$E))","v":0},1,0,"10Operario auxiliar capacitado para trabajo en alturas MT"]
["10UNION TEMPORAL R&J 2022Operario auxiliar capacitado para trabajo en alturas MT",10,"UNION TEMPORAL R&J 2022","Servicio","Operario auxiliar capacitado para trabajo en alturas MT","Operario auxiliar capacitado para trabajo en alturas MT",null,null,null,null,1917020,"",{"$f":"IF($D482=\"Servicio\",SUMIF('Resumen - CSV'!$D:$D,$E482,'Resumen - CSV'!$G:$G),SUMIF('Detalle Bienes de Aseo y Caf'!$A:$A,$E482,'Detalle Bienes de Aseo y Caf'!$E:$E))","v":0},1,0,"10Operario auxiliar capacitado para trabajo en alturas MT"]
["10UNION TEMPORAL SERVICIOS INTEGRALESOperario auxiliar capacitado para trabajo en alturas MT",10,"UNION TEMPORAL SERVICIOS INTEGRALES","Servicio","Operario auxiliar capacitado para trabajo en alturas MT","Operario auxiliar capacitado para trabajo en alturas MT",null,null,null,null,2534846,"",{"$f":"IF($D483=\"Servicio\",SUMIF('Resumen - CSV'!$D:$D,$E483,'Resumen - CSV'!$G:$G),SUMIF('Detalle Bienes de Aseo y Caf'!$A:$A,$E483,'Detalle Bienes de Aseo y Caf'!$E:$E))","v":0},1,0,"10Operario auxiliar capacitado para trabajo en alturas MT"]
["10UT EASYCLEAN ASEO PROFESIONALOperario auxiliar capacitado para trabajo en alturas MT",10,"UT EASYCLEAN ASEO PROFESIONAL","Servicio","Operario auxiliar capacitado para trabajo en alturas MT","Operario auxiliar capacitado para trabajo en alturas MT",null,null,null,null,1787019,"",{"$f":"IF($D484=\"Servicio\",SUMIF('Resumen - CSV'!$D:$D,$E484,'Resumen - CSV'!$G:$G),SUMIF('Detalle Bienes de Aseo y Caf'!$A:$A,$E484,'Detalle Bienes de Aseo y Caf'!$E:$E))","v":0},1,0,"10Operario auxiliar capacitado para trabajo en alturas MT"]
["10UT GRUPO ADINOperario auxiliar capacitado para trabajo en alturas MT",10,"UT GRUPO ADIN","Servicio","Operario auxiliar capacitado para trabajo en alturas MT","Operario auxiliar capacitado para trabajo en alturas MT",null,null,null,null,1527017,"",{"$f":"IF($D485=\"Servicio\",SUMIF('Resumen - CSV'!$D:$D,$E485,'Resumen - CSV'!$G:$G),SUMIF('Detalle Bienes de Aseo y Caf'!$A:$A,$E485,'Detalle Bienes de Aseo y Caf'!$E:$E))","v":0},1,0,"10Operario auxiliar capacitado para trabajo en alturas MT"]
["10ASECOLBAS LTDAJardinero capacitado para trabajo en alturas MT",10,"ASECOLBAS LTDA","Servicio","Jardinero capacitado para trabajo en alturas MT","Jardinero capacitado para trabajo en alturas MT",null,null,null,null,1527017,"",{"$f":"IF($D486=\"Servicio\",SUMIF('Resumen - CSV'!$D:$D,$E486,'Resumen - CSV'!$G:$G),SUMIF('Detalle Bienes de Aseo y Caf'!$A:$A,$E486,'Detalle Bienes de Aseo y Caf'!$E:$E))","v":0},1,0,"10Jardinero capacitado para trabajo en alturas MT"]
["10CLEANER S.A.Jardinero capacitado para trabajo en alturas MT",10,"CLEANER S.A.","Servicio","Jardinero capacitado para trabajo en alturas MT","Jardinero capacitado para trabajo en alturas MT",null,null,null,null,1527017,"",{"$f":"IF($D487=\"Servicio\",SUMIF('Resumen - CSV'!$D:$D,$E487,'Resumen - CSV'!$G:$G),SUMIF('Detalle Bienes de Aseo y Caf'!$A:$A,$E487,'Detalle Bienes de Aseo y Caf'!$E:$E))","v":0},1,0,"10Jardinero capacitado para trabajo en alturas MT"]
["10CONSERJES INMOBILIARIOS LTDAJardinero capacitado para trabajo en alturas MT",10,"CONSERJES INMOBILIARIOS LTDA","Servicio","Jardinero capacitado para trabajo en alturas MT","Jardinero capacitado para trabajo en alturas MT",null,null,null,null,1527017,"",{"$f":"IF($D488=\"Servicio\",SUMIF('Resumen - CSV'!$D:$D,$E488,'Resumen - CSV'!$G:$G),SUMIF('Detalle Bienes de Aseo y Caf'!$A:$A,$E488,'Detalle Bienes de Aseo y Caf'!$E:$E))","v":0},1,0,"10Jardinero capacitado para trabajo en alturas MT"]
["10CONSORCIO ELITEJardinero capacitado para trabajo en alturas MT",10,"CONSORCIO ELITE","Servicio","Jardinero capacitado para trabajo en alturas MT","Jardinero capacitado para trabajo en alturas MT",null,null,null,null,2478563,"",{"$f":"IF($D489=\"Servicio\",SUMIF('Resumen - CSV'!$D:$D,$E489,'Resumen - CSV'!$G:$G),SUMIF('Detalle Bienes de Aseo y Caf'!$A:$A,$E489,'Detalle Bienes de Aseo y Caf'!$E:$E))","v":0},1,0,"10Jardinero capacitado para trabajo en alturas MT"]
["10CONSORCIO KIOSJardinero capacitado para trabajo en alturas MT",10,"CONSORCIO KIOS","Servicio","Jardinero capacitado para trabajo en alturas MT","Jardinero capacitado para trabajo en alturas MT",null,null,null,null,1527017,"",{"$f":"IF($D490=\"Servicio\",SUMIF('Resumen - CSV'!$D:$D,$E490,'Resumen - CSV'!$G:$G),SUMIF('Detalle Bienes de Aseo y Caf'!$A:$A,$E490,'Detalle Bienes de Aseo y Caf'!$E:$E))","v":0},1,0,"10Jardinero capacitado para trabajo en alturas MT"]
["10INCINERADOS DEL HUILAJardinero capacitado para trabajo en alturas MT",10,"INCINERADOS DEL HUILA","Servicio","Jardinero capacitado para trabajo en alturas MT","Jardinero capacitado para trabajo en alturas MT",null,null,null,null,1527017,"",{"$f":"IF($D491=\"Servicio\",SUMIF('Resumen - CSV'!$D:$D,$E491,'Resumen - CSV'!$G:$G),SUMIF('Detalle Bienes de Aseo y Caf'!$A:$A,$E491,'Detalle Bienes de Aseo y Caf'!$E:$E))","v":0},1,0,"10Jardinero capacitado para trabajo en alturas MT"]
["10INTERASEO SAS ESPJardinero capacitado para trabajo en alturas MT",10,"INTERASEO SAS ESP","Servicio","Jardinero capacitado para trabajo en alturas MT","Jardinero capacitado para trabajo en alturas MT",null,null,null,null,1527018,"",{"$f":"IF($D492=\"Servicio\",SUMIF('Resumen - CSV'!$D:$D,$E492,'Resumen - CSV'!$G:$G),SUMIF('Detalle Bienes de Aseo y Caf'!$A:$A,$E492,'Detalle Bienes de Aseo y Caf'!$E:$E))","v":0},1,0,"10Jardinero capacitado para trabajo en alturas MT"]
["10LIMPIEZA INSTITUCIONAL LASU S.A.S.Jardinero capacitado para trabajo en alturas MT",10,"LIMPIEZA INSTITUCIONAL LASU S.A.S.","Servicio","Jardinero capacitado para trabajo en alturas MT","Jardinero capacitado para trabajo en alturas MT",null,null,null,null,1527017,"",{"$f":"IF($D493=\"Servicio\",SUMIF('Resumen - CSV'!$D:$D,$E493,'Resumen - CSV'!$G:$G),SUMIF('Detalle Bienes de Aseo y Caf'!$A:$A,$E493,'Detalle Bienes de Aseo y Caf'!$E:$E))","v":0},1,0,"10Jardinero capacitado para trabajo en alturas MT"]
["10SERVIASEO S.AJardinero capacitado para trabajo en alturas MT",10,"SERVIASEO S.A","Servicio","Jardinero capacitado para trabajo en alturas MT","Jardinero capacitado para trabajo en alturas MT",null,null,null,null,1527017,"",{"$f":"IF($D494=\"Servicio\",SUMIF('Resumen - CSV'!$D:$D,$E494,'Resumen - CSV'!$G:$G),SUMIF('Detalle Bienes de Aseo y Caf'!$A:$A,$E494,'Detalle Bienes de Aseo y Caf'!$E:$E))","v":0},1,0,"10Jardinero capacitado para trabajo en alturas MT"]
["10SERVITALENTOSJardinero capacitado para trabajo en alturas MT",10,"SERVITALENTOS","Servicio","Jardinero capacitado para trabajo en alturas MT","Jardinero capacitado para trabajo en alturas MT",null,null,null,null,1527017,"",{"$f":"IF($D495=\"Servicio\",SUMIF('Resumen - CSV'!$D:$D,$E495,'Resumen - CSV'!$G:$G),SUMIF('Detalle Bienes de Aseo y Caf'!$A:$A,$E495,'Detalle Bienes de Aseo y Caf'!$E:$E))","v":0},1,0,"10Jardinero capacitado para trabajo en alturas MT"]
["10SOSEGE SASJardinero capacitado para trabajo en alturas MT",10,"SOSEGE SAS","Servicio","Jardinero capacitado para trabajo en alturas MT","Jardinero capacitado para trabajo en alturas MT",null,null,null,null,1527017,"",{"$f":"IF($D496=\"Servicio\",SUMIF('Resumen - CSV'!$D:$D,$E496,'Resumen - CSV'!$G:$G),SUMIF('Detalle Bienes de Aseo y Caf'!$A:$A,$E496,'Detalle Bienes de Aseo y Caf'!$E:$E))","v":0},1,0,"10Jardinero capacitado para trabajo en alturas MT"]
["10UNION  TEMPORAL LADOINSA 2022Jardinero capacitado para trabajo en alturas MT",10,"UNION  TEMPORAL LADOINSA 2022","Servicio","Jardinero capacitado para trabajo en alturas MT","Jardinero capacitado para trabajo en alturas MT",null,null,null,null,1963018,"",{"$f":"IF($D497=\"Servicio\",SUMIF('Resumen - CSV'!$D:$D,$E497,'Resumen - CSV'!$G:$G),SUMIF('Detalle Bienes de Aseo y Caf'!$A:$A,$E497,'Detalle Bienes de Aseo y Caf'!$E:$E))","v":0},1,0,"10Jardinero capacitado para trabajo en alturas MT"]
["10UNIÓN TEMPORAL ASEO COLOMBIA AMP4Jardinero capacitado para trabajo en alturas MT",10,"UNIÓN TEMPORAL ASEO COLOMBIA AMP4","Servicio","Jardinero capacitado para trabajo en alturas MT","Jardinero capacitado para trabajo en alturas MT",null,null,null,null,1985121,"",{"$f":"IF($D498=\"Servicio\",SUMIF('Resumen - CSV'!$D:$D,$E498,'Resumen - CSV'!$G:$G),SUMIF('Detalle Bienes de Aseo y Caf'!$A:$A,$E498,'Detalle Bienes de Aseo y Caf'!$E:$E))","v":0},1,0,"10Jardinero capacitado para trabajo en alturas MT"]
["10UNIÓN TEMPORAL CCE AMP IV 2022Jardinero capacitado para trabajo en alturas MT",10,"UNIÓN TEMPORAL CCE AMP IV 2022","Servicio","Jardinero capacitado para trabajo en alturas MT","Jardinero capacitado para trabajo en alturas MT",null,null,null,null,1527017,"",{"$f":"IF($D499=\"Servicio\",SUMIF('Resumen - CSV'!$D:$D,$E499,'Resumen - CSV'!$G:$G),SUMIF('Detalle Bienes de Aseo y Caf'!$A:$A,$E499,'Detalle Bienes de Aseo y Caf'!$E:$E))","v":0},1,0,"10Jardinero capacitado para trabajo en alturas MT"]
["10UNION TEMPORAL CLEAN COLOMBIAJardinero capacitado para trabajo en alturas MT",10,"UNION TEMPORAL CLEAN COLOMBIA","Servicio","Jardinero capacitado para trabajo en alturas MT","Jardinero capacitado para trabajo en alturas MT",null,null,null,null,1527017,"",{"$f":"IF($D500=\"Servicio\",SUMIF('Resumen - CSV'!$D:$D,$E500,'Resumen - CSV'!$G:$G),SUMIF('Detalle Bienes de Aseo y Caf'!$A:$A,$E500,'Detalle Bienes de Aseo y Caf'!$E:$E))","v":0},1,0,"10Jardinero capacitado para trabajo en alturas MT"]
["10UNION TEMPORAL ECOLIMPIEZA 4GJardinero capacitado para trabajo en alturas MT",10,"UNION TEMPORAL ECOLIMPIEZA 4G","Servicio","Jardinero capacitado para trabajo en alturas MT","Jardinero capacitado para trabajo en alturas MT",null,null,null,null,1527017,"",{"$f":"IF($D501=\"Servicio\",SUMIF('Resumen - CSV'!$D:$D,$E501,'Resumen - CSV'!$G:$G),SUMIF('Detalle Bienes de Aseo y Caf'!$A:$A,$E501,'Detalle Bienes de Aseo y Caf'!$E:$E))","v":0},1,0,"10Jardinero capacitado para trabajo en alturas MT"]
["10UNIÓN TEMPORAL EMINSER SOLOASEO 2023Jardinero capacitado para trabajo en alturas MT",10,"UNIÓN TEMPORAL EMINSER SOLOASEO 2023","Servicio","Jardinero capacitado para trabajo en alturas MT","Jardinero capacitado para trabajo en alturas MT",null,null,null,null,1527017,"",{"$f":"IF($D502=\"Servicio\",SUMIF('Resumen - CSV'!$D:$D,$E502,'Resumen - CSV'!$G:$G),SUMIF('Detalle Bienes de Aseo y Caf'!$A:$A,$E502,'Detalle Bienes de Aseo y Caf'!$E:$E))","v":0},1,0,"10Jardinero capacitado para trabajo en alturas MT"]
["10UNION TEMPORAL OUTSOURCING GIAFJardinero capacitado para trabajo en alturas MT",10,"UNION TEMPORAL OUTSOURCING GIAF","Servicio","Jardinero capacitado para trabajo en alturas MT","Jardinero capacitado para trabajo en alturas MT",null,null,null,null,1527017,"",{"$f":"IF($D503=\"Servicio\",SUMIF('Resumen - CSV'!$D:$D,$E503,'Resumen - CSV'!$G:$G),SUMIF('Detalle Bienes de Aseo y Caf'!$A:$A,$E503,'Detalle Bienes de Aseo y Caf'!$E:$E))","v":0},1,0,"10Jardinero capacitado para trabajo en alturas MT"]
["10UNION TEMPORAL R&J 2022Jardinero capacitado para trabajo en alturas MT",10,"UNION TEMPORAL R&J 2022","Servicio","Jardinero capacitado para trabajo en alturas MT","Jardinero capacitado para trabajo en alturas MT",null,null,null,null,1917020,"",{"$f":"IF($D504=\"Servicio\",SUMIF('Resumen - CSV'!$D:$D,$E504,'Resumen - CSV'!$G:$G),SUMIF('Detalle Bienes de Aseo y Caf'!$A:$A,$E504,'Detalle Bienes de Aseo y Caf'!$E:$E))","v":0},1,0,"10Jardinero capacitado para trabajo en alturas MT"]
["10UNION TEMPORAL SERVICIOS INTEGRALESJardinero capacitado para trabajo en alturas MT",10,"UNION TEMPORAL SERVICIOS INTEGRALES","Servicio","Jardinero capacitado para trabajo en alturas MT","Jardinero capacitado para trabajo en alturas MT",null,null,null,null,2534846,"",{"$f":"IF($D505=\"Servicio\",SUMIF('Resumen - CSV'!$D:$D,$E505,'Resumen - CSV'!$G:$G),SUMIF('Detalle Bienes de Aseo y Caf'!$A:$A,$E505,'Detalle Bienes de Aseo y Caf'!$E:$E))","v":0},1,0,"10Jardinero capacitado para trabajo en alturas MT"]
["10UT EASYCLEAN ASEO PROFESIONALJardinero capacitado para trabajo en alturas MT",10,"UT EASYCLEAN ASEO PROFESIONAL","Servicio","Jardinero capacitado para trabajo en alturas MT","Jardinero capacitado para trabajo en alturas MT",null,null,null,null,1787019,"",{"$f":"IF($D506=\"Servicio\",SUMIF('Resumen - CSV'!$D:$D,$E506,'Resumen - CSV'!$G:$G),SUMIF('Detalle Bienes de Aseo y Caf'!$A:$A,$E506,'Detalle Bienes de Aseo y Caf'!$E:$E))","v":0},1,0,"10Jardinero capacitado para trabajo en alturas MT"]
["10UT GRUPO ADINJardinero capacitado para trabajo en alturas MT",10,"UT GRUPO ADIN","Servicio","Jardinero capacitado para trabajo en alturas MT","Jardinero capacitado para trabajo en alturas MT",null,null,null,null,1527017,"",{"$f":"IF($D507=\"Servicio\",SUMIF('Resumen - CSV'!$D:$D,$E507,'Resumen - CSV'!$G:$G),SUMIF('Detalle Bienes de Aseo y Caf'!$A:$A,$E507,'Detalle Bienes de Aseo y Caf'!$E:$E))","v":0},1,0,"10Jardinero capacitado para trabajo en alturas MT"]
["10ASECOLBAS LTDACoordinador de trabajo en alturas MT",10,"ASECOLBAS LTDA","Servicio","Coordinador de trabajo en alturas MT","Coordinador de trabajo en alturas MT",null,null,null,null,1500286,"",{"$f":"IF($D508=\"Servicio\",SUMIF('Resumen - CSV'!$D:$D,$E508,'Resumen - CSV'!$G:$G),SUMIF('Detalle Bienes de Aseo y Caf'!$A:$A,$E508,'Detalle Bienes de Aseo y Caf'!$E:$E))","v":0},1,0,"10Coordinador de trabajo en alturas MT"]
["10CLEANER S.A.Coordinador de trabajo en alturas MT",10,"CLEANER S.A.","Servicio","Coordinador de trabajo en alturas MT","Coordinador de trabajo en alturas MT",null,null,null,null,1500286,"",{"$f":"IF($D509=\"Servicio\",SUMIF('Resumen - CSV'!$D:$D,$E509,'Resumen - CSV'!$G:$G),SUMIF('Detalle Bienes de Aseo y Caf'!$A:$A,$E509,'Detalle Bienes de Aseo y Caf'!$E:$E))","v":0},1,0,"10Coordinador de trabajo en alturas MT"]
["10CONSERJES INMOBILIARIOS LTDACoordinador de trabajo en alturas MT",10,"CONSERJES INMOBILIARIOS LTDA","Servicio","Coordinador de trabajo en alturas MT","Coordinador de trabajo en alturas MT",null,null,null,null,1500286,"",{"$f":"IF($D510=\"Servicio\",SUMIF('Resumen - CSV'!$D:$D,$E510,'Resumen - CSV'!$G:$G),SUMIF('Detalle Bienes de Aseo y Caf'!$A:$A,$E510,'Detalle Bienes de Aseo y Caf'!$E:$E))","v":0},1,0,"10Coordinador de trabajo en alturas MT"]
["10CONSORCIO ELITECoordinador de trabajo en alturas MT",10,"CONSORCIO ELITE","Servicio","Coordinador de trabajo en alturas MT","Coordinador de trabajo en alturas MT",null,null,null,null,3242435,"",{"$f":"IF($D511=\"Servicio\",SUMIF('Resumen - CSV'!$D:$D,$E511,'Resumen - CSV'!$G:$G),SUMIF('Detalle Bienes de Aseo y Caf'!$A:$A,$E511,'Detalle Bienes de Aseo y Caf'!$E:$E))","v":0},1,0,"10Coordinador de trabajo en alturas MT"]
["10CONSORCIO KIOSCoordinador de trabajo en alturas MT",10,"CONSORCIO KIOS","Servicio","Coordinador de trabajo en alturas MT","Coordinador de trabajo en alturas MT",null,null,null,null,1500286,"",{"$f":"IF($D512=\"Servicio\",SUMIF('Resumen - CSV'!$D:$D,$E512,'Resumen - CSV'!$G:$G),SUMIF('Detalle Bienes de Aseo y Caf'!$A:$A,$E512,'Detalle Bienes de Aseo y Caf'!$E:$E))","v":0},1,0,"10Coordinador de trabajo en alturas MT"]
["10INCINERADOS DEL HUILACoordinador de trabajo en alturas MT",10,"INCINERADOS DEL HUILA","Servicio","Coordinador de trabajo en alturas MT","Coordinador de trabajo en alturas MT",null,null,null,null,1500286,"",{"$f":"IF($D513=\"Servicio\",SUMIF('Resumen - CSV'!$D:$D,$E513,'Resumen - CSV'!$G:$G),SUMIF('Detalle Bienes de Aseo y Caf'!$A:$A,$E513,'Detalle Bienes de Aseo y Caf'!$E:$E))","v":0},1,0,"10Coordinador de trabajo en alturas MT"]
["10INTERASEO SAS ESPCoordinador de trabajo en alturas MT",10,"INTERASEO SAS ESP","Servicio","Coordinador de trabajo en alturas MT","Coordinador de trabajo en alturas MT",null,null,null,null,1527018,"",{"$f":"IF($D514=\"Servicio\",SUMIF('Resumen - CSV'!$D:$D,$E514,'Resumen - CSV'!$G:$G),SUMIF('Detalle Bienes de Aseo y Caf'!$A:$A,$E514,'Detalle Bienes de Aseo y Caf'!$E:$E))","v":0},1,0,"10Coordinador de trabajo en alturas MT"]
["10LIMPIEZA INSTITUCIONAL LASU S.A.S.Coordinador de trabajo en alturas MT",10,"LIMPIEZA INSTITUCIONAL LASU S.A.S.","Servicio","Coordinador de trabajo en alturas MT","Coordinador de trabajo en alturas MT",null,null,null,null,1500286,{"$f":"IF($D515=\"Bien\",$K515*$M515,\"\")","v":""},{"$f":"IF($D515=\"Servicio\",SUMIF('Resumen - CSV'!$D:$D,$E515,'Resumen - CSV'!$G:$G),SUMIF('Detalle Bienes de Aseo y Caf'!$A:$A,$E515,'Detalle Bienes de Aseo y Caf'!$E:$E))","v":0},1,{"$f":"$K515*M515*N515","v":0},"10Coordinador de trabajo en alturas MT"]
["10SERVIASEO S.ACoordinador de trabajo en alturas MT",10,"SERVIASEO S.A","Servicio","Coordinador de trabajo en alturas MT","Coordinador de trabajo en alturas MT",null,null,null,null,1500286,"",{"$f":"IF($D516=\"Servicio\",SUMIF('Resumen - CSV'!$D:$D,$E516,'Resumen - CSV'!$G:$G),SUMIF('Detalle Bienes de Aseo y Caf'!$A:$A,$E516,'Detalle Bienes de Aseo y Caf'!$E:$E))","v":0},1,0,"10Coordinador de trabajo en alturas MT"]
["10SERVITALENTOSCoordinador de trabajo en alturas MT",10,"SERVITALENTOS","Servicio","Coordinador de trabajo en alturas MT","Coordinador de trabajo en alturas MT",null,null,null,null,1500286,"",{"$f":"IF($D517=\"Servicio\",SUMIF('Resumen - CSV'!$D:$D,$E517,'Resumen - CSV'!$G:$G),SUMIF('Detalle Bienes de Aseo y Caf'!$A:$A,$E517,'Detalle Bienes de Aseo y Caf'!$E:$E))","v":0},1,0,"10Coordinador de trabajo en alturas MT"]
["10SOSEGE SASCoordinador de trabajo en alturas MT",10,"SOSEGE SAS","Servicio","Coordinador de trabajo en alturas MT","Coordinador de trabajo en alturas MT",null,null,null,null,1500286,"",{"$f":"IF($D518=\"Servicio\",SUMIF('Resumen - CSV'!$D:$D,$E518,'Resumen - CSV'!$G:$G),SUMIF('Detalle Bienes de Aseo y Caf'!$A:$A,$E518,'Detalle Bienes de Aseo y Caf'!$E:$E))","v":0},1,0,"10Coordinador de trabajo en alturas MT"]
["10UNION  TEMPORAL LADOINSA 2022Coordinador de trabajo en alturas MT",10,"UNION  TEMPORAL LADOINSA 2022","Servicio","Coordinador de trabajo en alturas MT","Coordinador de trabajo en alturas MT",null,null,null,null,2340022,"",{"$f":"IF($D519=\"Servicio\",SUMIF('Resumen - CSV'!$D:$D,$E519,'Resumen - CSV'!$G:$G),SUMIF('Detalle Bienes de Aseo y Caf'!$A:$A,$E519,'Detalle Bienes de Aseo y Caf'!$E:$E))","v":0},1,0,"10Coordinador de trabajo en alturas MT"]
["10UNIÓN TEMPORAL ASEO COLOMBIA AMP4Coordinador de trabajo en alturas MT",10,"UNIÓN TEMPORAL ASEO COLOMBIA AMP4","Servicio","Coordinador de trabajo en alturas MT","Coordinador de trabajo en alturas MT",null,null,null,null,1950371,"",{"$f":"IF($D520=\"Servicio\",SUMIF('Resumen - CSV'!$D:$D,$E520,'Resumen - CSV'!$G:$G),SUMIF('Detalle Bienes de Aseo y Caf'!$A:$A,$E520,'Detalle Bienes de Aseo y Caf'!$E:$E))","v":0},1,0,"10Coordinador de trabajo en alturas MT"]
["10UNIÓN TEMPORAL CCE AMP IV 2022Coordinador de trabajo en alturas MT",10,"UNIÓN TEMPORAL CCE AMP IV 2022","Servicio","Coordinador de trabajo en alturas MT","Coordinador de trabajo en alturas MT",null,null,null,null,1500286,"",{"$f":"IF($D521=\"Servicio\",SUMIF('Resumen - CSV'!$D:$D,$E521,'Resumen - CSV'!$G:$G),SUMIF('Detalle Bienes de Aseo y Caf'!$A:$A,$E521,'Detalle Bienes de Aseo y Caf'!$E:$E))","v":0},1,0,"10Coordinador de trabajo en alturas MT"]
["10UNION TEMPORAL CLEAN COLOMBIACoordinador de trabajo en alturas MT",10,"UNION TEMPORAL CLEAN COLOMBIA","Servicio","Coordinador de trabajo en alturas MT","Coordinador de trabajo en alturas MT",null,null,null,null,1500286,"",{"$f":"IF($D522=\"Servicio\",SUMIF('Resumen - CSV'!$D:$D,$E522,'Resumen - CSV'!$G:$G),SUMIF('Detalle Bienes de Aseo y Caf'!$A:$A,$E522,'Detalle Bienes de Aseo y Caf'!$E:$E))","v":0},1,0,"10Coordinador de trabajo en alturas MT"]
["10UNION TEMPORAL ECOLIMPIEZA 4GCoordinador de trabajo en alturas MT",10,"UNION TEMPORAL ECOLIMPIEZA 4G","Servicio","Coordinador de trabajo en alturas MT","Coordinador de trabajo en alturas MT",null,null,null,null,1500286,"",{"$f":"IF($D523=\"Servicio\",SUMIF('Resumen - CSV'!$D:$D,$E523,'Resumen - CSV'!$G:$G),SUMIF('Detalle Bienes de Aseo y Caf'!$A:$A,$E523,'Detalle Bienes de Aseo y Caf'!$E:$E))","v":0},1,0,"10Coordinador de trabajo en alturas MT"]
["10UNIÓN TEMPORAL EMINSER SOLOASEO 2023Coordinador de trabajo en alturas MT",10,"UNIÓN TEMPORAL EMINSER SOLOASEO 2023","Servicio","Coordinador de trabajo en alturas MT","Coordinador de trabajo en alturas MT",null,null,null,null,1500286,"",{"$f":"IF($D524=\"Servicio\",SUMIF('Resumen - CSV'!$D:$D,$E524,'Resumen - CSV'!$G:$G),SUMIF('Detalle Bienes de Aseo y Caf'!$A:$A,$E524,'Detalle Bienes de Aseo y Caf'!$E:$E))","v":0},1,0,"10Coordinador de trabajo en alturas MT"]
["10UNION TEMPORAL OUTSOURCING GIAFCoordinador de trabajo en alturas MT",10,"UNION TEMPORAL OUTSOURCING GIAF","Servicio","Coordinador de trabajo en alturas MT","Coordinador de trabajo en alturas MT",null,null,null,null,1500286,"",{"$f":"IF($D525=\"Servicio\",SUMIF('Resumen - CSV'!$D:$D,$E525,'Resumen - CSV'!$G:$G),SUMIF('Detalle Bienes de Aseo y Caf'!$A:$A,$E525,'Detalle Bienes de Aseo y Caf'!$E:$E))","v":0},1,0,"10Coordinador de trabajo en alturas MT"]
["10UNION TEMPORAL R&J 2022Coordinador de trabajo en alturas MT",10,"UNION TEMPORAL R&J 2022","Servicio","Coordinador de trabajo en alturas MT","Coordinador de trabajo en alturas MT",null,null,null,null,1890289,"",{"$f":"IF($D526=\"Servicio\",SUMIF('Resumen - CSV'!$D:$D,$E526,'Resumen - CSV'!$G:$G),SUMIF('Detalle Bienes de Aseo y Caf'!$A:$A,$E526,'Detalle Bienes de Aseo y Caf'!$E:$E))","v":0},1,0,"10Coordinador de trabajo en alturas MT"]
["10UNION TEMPORAL SERVICIOS INTEGRALESCoordinador de trabajo en alturas MT",10,"UNION TEMPORAL SERVICIOS INTEGRALES","Servicio","Coordinador de trabajo en alturas MT","Coordinador de trabajo en alturas MT",null,null,null,null,2490473,"",{"$f":"IF($D527=\"Servicio\",SUMIF('Resumen - CSV'!$D:$D,$E527,'Resumen - CSV'!$G:$G),SUMIF('Detalle Bienes de Aseo y Caf'!$A:$A,$E527,'Detalle Bienes de Aseo y Caf'!$E:$E))","v":0},1,0,"10Coordinador de trabajo en alturas MT"]
["10UT EASYCLEAN ASEO PROFESIONALCoordinador de trabajo en alturas MT",10,"UT EASYCLEAN ASEO PROFESIONAL","Servicio","Coordinador de trabajo en alturas MT","Coordinador de trabajo en alturas MT",null,null,null,null,1760288,"",{"$f":"IF($D528=\"Servicio\",SUMIF('Resumen - CSV'!$D:$D,$E528,'Resumen - CSV'!$G:$G),SUMIF('Detalle Bienes de Aseo y Caf'!$A:$A,$E528,'Detalle Bienes de Aseo y Caf'!$E:$E))","v":0},1,0,"10Coordinador de trabajo en alturas MT"]
["10UT GRUPO ADINCoordinador de trabajo en alturas MT",10,"UT GRUPO ADIN","Servicio","Coordinador de trabajo en alturas MT","Coordinador de trabajo en alturas MT",null,null,null,null,1500286,"",{"$f":"IF($D529=\"Servicio\",SUMIF('Resumen - CSV'!$D:$D,$E529,'Resumen - CSV'!$G:$G),SUMIF('Detalle Bienes de Aseo y Caf'!$A:$A,$E529,'Detalle Bienes de Aseo y Caf'!$E:$E))","v":0},1,0,"10Coordinador de trabajo en alturas MT"]
["10ASECOLBAS LTDAJabón para loza 1 (Compra)",10,"ASECOLBAS LTDA","Bien",1,"Jabón para loza 1 (Compra)",null,null,null,null,12232,0,{"$f":"IF($D530=\"Servicio\",SUMIF('Resumen - CSV'!$D:$D,$E530,'Resumen - CSV'!$G:$G),SUMIF('Detalle Bienes de Aseo y Caf'!$A:$A,$E530,'Detalle Bienes de Aseo y Caf'!$E:$E))","v":0},1,0,"10Jabón para loza 1 (Compra)"]
["10CLEANER S.A.Jabón para loza 1 (Compra)",10,"CLEANER S.A.","Bien",1,"Jabón para loza 1 (Compra)",null,null,null,null,14770,0,{"$f":"IF($D531=\"Servicio\",SUMIF('Resumen - CSV'!$D:$D,$E531,'Resumen - CSV'!$G:$G),SUMIF('Detalle Bienes de Aseo y Caf'!$A:$A,$E531,'Detalle Bienes de Aseo y Caf'!$E:$E))","v":0},1,0,"10Jabón para loza 1 (Compra)"]
["10CONSERJES INMOBILIARIOS LTDAJabón para loza 1 (Compra)",10,"CONSERJES INMOBILIARIOS LTDA","Bien",1,"Jabón para loza 1 (Compra)",null,null,null,null,12377,0,{"$f":"IF($D532=\"Servicio\",SUMIF('Resumen - CSV'!$D:$D,$E532,'Resumen - CSV'!$G:$G),SUMIF('Detalle Bienes de Aseo y Caf'!$A:$A,$E532,'Detalle Bienes de Aseo y Caf'!$E:$E))","v":0},1,0,"10Jabón para loza 1 (Compra)"]
["10CONSORCIO ELITEJabón para loza 1 (Compra)",10,"CONSORCIO ELITE","Bien",1,"Jabón para loza 1 (Compra)",null,null,null,null,19665,0,{"$f":"IF($D533=\"Servicio\",SUMIF('Resumen - CSV'!$D:$D,$E533,'Resumen - CSV'!$G:$G),SUMIF('Detalle Bienes de Aseo y Caf'!$A:$A,$E533,'Detalle Bienes de Aseo y Caf'!$E:$E))","v":0},1,0,"10Jabón para loza 1 (Compra)"]
["10CONSORCIO KIOSJabón para loza 1 (Compra)",10,"CONSORCIO KIOS","Bien",1,"Jabón para loza 1 (Compra)",null,null,null,null,19037,0,{"$f":"IF($D534=\"Servicio\",SUMIF('Resumen - CSV'!$D:$D,$E534,'Resumen - CSV'!$G:$G),SUMIF('Detalle Bienes de Aseo y Caf'!$A:$A,$E534,'Detalle Bienes de Aseo y Caf'!$E:$E))","v":0},1,0,"10Jabón para loza 1 (Compra)"]
["10INCINERADOS DEL HUILAJabón para loza 1 (Compra)",10,"INCINERADOS DEL HUILA","Bien",1,"Jabón para loza 1 (Compra)",null,null,null,null,67596,0,{"$f":"IF($D535=\"Servicio\",SUMIF('Resumen - CSV'!$D:$D,$E535,'Resumen - CSV'!$G:$G),SUMIF('Detalle Bienes de Aseo y Caf'!$A:$A,$E535,'Detalle Bienes de Aseo y Caf'!$E:$E))","v":0},1,0,"10Jabón para loza 1 (Compra)"]
["10INTERASEO SAS ESPJabón para loza 1 (Compra)",10,"INTERASEO SAS ESP","Bien",1,"Jabón para loza 1 (Compra)",null,null,null,null,20274,0,{"$f":"IF($D536=\"Servicio\",SUMIF('Resumen - CSV'!$D:$D,$E536,'Resumen - CSV'!$G:$G),SUMIF('Detalle Bienes de Aseo y Caf'!$A:$A,$E536,'Detalle Bienes de Aseo y Caf'!$E:$E))","v":0},1,0,"10Jabón para loza 1 (Compra)"]
["10LIMPIEZA INSTITUCIONAL LASU S.A.S.Jabón para loza 1 (Compra)",10,"LIMPIEZA INSTITUCIONAL LASU S.A.S.","Bien",1,"Jabón para loza 1 (Compra)",null,null,null,null,10611,0,{"$f":"IF($D537=\"Servicio\",SUMIF('Resumen - CSV'!$D:$D,$E537,'Resumen - CSV'!$G:$G),SUMIF('Detalle Bienes de Aseo y Caf'!$A:$A,$E537,'Detalle Bienes de Aseo y Caf'!$E:$E))","v":0},1,0,"10Jabón para loza 1 (Compra)"]
["10SERVIASEO S.AJabón para loza 1 (Compra)",10,"SERVIASEO S.A","Bien",1,"Jabón para loza 1 (Compra)",null,null,null,null,20397,0,{"$f":"IF($D538=\"Servicio\",SUMIF('Resumen - CSV'!$D:$D,$E538,'Resumen - CSV'!$G:$G),SUMIF('Detalle Bienes de Aseo y Caf'!$A:$A,$E538,'Detalle Bienes de Aseo y Caf'!$E:$E))","v":0},1,0,"10Jabón para loza 1 (Compra)"]
["10SERVITALENTOSJabón para loza 1 (Compra)",10,"SERVITALENTOS","Bien",1,"Jabón para loza 1 (Compra)",null,null,null,null,19373,0,{"$f":"IF($D539=\"Servicio\",SUMIF('Resumen - CSV'!$D:$D,$E539,'Resumen - CSV'!$G:$G),SUMIF('Detalle Bienes de Aseo y Caf'!$A:$A,$E539,'Detalle Bienes de Aseo y Caf'!$E:$E))","v":0},1,0,"10Jabón para loza 1 (Compra)"]
["10SOSEGE SASJabón para loza 1 (Compra)",10,"SOSEGE SAS","Bien",1,"Jabón para loza 1 (Compra)",null,null,null,null,20090,0,{"$f":"IF($D540=\"Servicio\",SUMIF('Resumen - CSV'!$D:$D,$E540,'Resumen - CSV'!$G:$G),SUMIF('Detalle Bienes de Aseo y Caf'!$A:$A,$E540,'Detalle Bienes de Aseo y Caf'!$E:$E))","v":0},1,0,"10Jabón para loza 1 (Compra)"]
["10UNION  TEMPORAL LADOINSA 2022Jabón para loza 1 (Compra)",10,"UNION  TEMPORAL LADOINSA 2022","Bien",1,"Jabón para loza 1 (Compra)",null,null,null,null,15699,0,{"$f":"IF($D541=\"Servicio\",SUMIF('Resumen - CSV'!$D:$D,$E541,'Resumen - CSV'!$G:$G),SUMIF('Detalle Bienes de Aseo y Caf'!$A:$A,$E541,'Detalle Bienes de Aseo y Caf'!$E:$E))","v":0},1,0,"10Jabón para loza 1 (Compra)"]
["10UNIÓN TEMPORAL ASEO COLOMBIA AMP4Jabón para loza 1 (Compra)",10,"UNIÓN TEMPORAL ASEO COLOMBIA AMP4","Bien",1,"Jabón para loza 1 (Compra)",null,null,null,null,20274,0,{"$f":"IF($D542=\"Servicio\",SUMIF('Resumen - CSV'!$D:$D,$E542,'Resumen - CSV'!$G:$G),SUMIF('Detalle Bienes de Aseo y Caf'!$A:$A,$E542,'Detalle Bienes de Aseo y Caf'!$E:$E))","v":0},1,0,"10Jabón para loza 1 (Compra)"]
["10UNIÓN TEMPORAL CCE AMP IV 2022Jabón para loza 1 (Compra)",10,"UNIÓN TEMPORAL CCE AMP IV 2022","Bien",1,"Jabón para loza 1 (Compra)",null,null,null,null,17111,0,{"$f":"IF($D543=\"Servicio\",SUMIF('Resumen - CSV'!$D:$D,$E543,'Resumen - CSV'!$G:$G),SUMIF('Detalle Bienes de Aseo y Caf'!$A:$A,$E543,'Detalle Bienes de Aseo y Caf'!$E:$E))","v":0},1,0,"10Jabón para loza 1 (Compra)"]
["10UNION TEMPORAL CLEAN COLOMBIAJabón para loza 1 (Compra)",10,"UNION TEMPORAL CLEAN COLOMBIA","Bien",1,"Jabón para loza 1 (Compra)",null,null,null,null,14760,0,{"$f":"IF($D544=\"Servicio\",SUMIF('Resumen - CSV'!$D:$D,$E544,'Resumen - CSV'!$G:$G),SUMIF('Detalle Bienes de Aseo y Caf'!$A:$A,$E544,'Detalle Bienes de Aseo y Caf'!$E:$E))","v":0},1,0,"10Jabón para loza 1 (Compra)"]
["10UNION TEMPORAL ECOLIMPIEZA 4GJabón para loza 1 (Compra)",10,"UNION TEMPORAL ECOLIMPIEZA 4G","Bien",1,"Jabón para loza 1 (Compra)",null,null,null,null,13235,0,{"$f":"IF($D545=\"Servicio\",SUMIF('Resumen - CSV'!$D:$D,$E545,'Resumen - CSV'!$G:$G),SUMIF('Detalle Bienes de Aseo y Caf'!$A:$A,$E545,'Detalle Bienes de Aseo y Caf'!$E:$E))","v":0},1,0,"10Jabón para loza 1 (Compra)"]
["10UNIÓN TEMPORAL EMINSER SOLOASEO 2023Jabón para loza 1 (Compra)",10,"UNIÓN TEMPORAL EMINSER SOLOASEO 2023","Bien",1,"Jabón para loza 1 (Compra)",null,null,null,null,25743,0,{"$f":"IF($D546=\"Servicio\",SUMIF('Resumen - CSV'!$D:$D,$E546,'Resumen - CSV'!$G:$G),SUMIF('Detalle Bienes de Aseo y Caf'!$A:$A,$E546,'Detalle Bienes de Aseo y Caf'!$E:$E))","v":0},1,0,"10Jabón para loza 1 (Compra)"]
["10UNION TEMPORAL OUTSOURCING GIAFJabón para loza 1 (Compra)",10,"UNION TEMPORAL OUTSOURCING GIAF","Bien",1,"Jabón para loza 1 (Compra)",null,null,null,null,14359,0,{"$f":"IF($D547=\"Servicio\",SUMIF('Resumen - CSV'!$D:$D,$E547,'Resumen - CSV'!$G:$G),SUMIF('Detalle Bienes de Aseo y Caf'!$A:$A,$E547,'Detalle Bienes de Aseo y Caf'!$E:$E))","v":0},1,0,"10Jabón para loza 1 (Compra)"]
["10UNION TEMPORAL R&J 2022Jabón para loza 1 (Compra)",10,"UNION TEMPORAL R&J 2022","Bien",1,"Jabón para loza 1 (Compra)",null,null,null,null,12980,0,{"$f":"IF($D548=\"Servicio\",SUMIF('Resumen - CSV'!$D:$D,$E548,'Resumen - CSV'!$G:$G),SUMIF('Detalle Bienes de Aseo y Caf'!$A:$A,$E548,'Detalle Bienes de Aseo y Caf'!$E:$E))","v":0},1,0,"10Jabón para loza 1 (Compra)"]
["10UNION TEMPORAL SERVICIOS INTEGRALESJabón para loza 1 (Compra)",10,"UNION TEMPORAL SERVICIOS INTEGRALES","Bien",1,"Jabón para loza 1 (Compra)",null,null,null,null,19532,0,{"$f":"IF($D549=\"Servicio\",SUMIF('Resumen - CSV'!$D:$D,$E549,'Resumen - CSV'!$G:$G),SUMIF('Detalle Bienes de Aseo y Caf'!$A:$A,$E549,'Detalle Bienes de Aseo y Caf'!$E:$E))","v":0},1,0,"10Jabón para loza 1 (Compra)"]
["10UT EASYCLEAN ASEO PROFESIONALJabón para loza 1 (Compra)",10,"UT EASYCLEAN ASEO PROFESIONAL","Bien",1,"Jabón para loza 1 (Compra)",null,null,null,null,19606,0,{"$f":"IF($D550=\"Servicio\",SUMIF('Resumen - CSV'!$D:$D,$E550,'Resumen - CSV'!$G:$G),SUMIF('Detalle Bienes de Aseo y Caf'!$A:$A,$E550,'Detalle Bienes de Aseo y Caf'!$E:$E))","v":0},1,0,"10Jabón para loza 1 (Compra)"]
["10UT GRUPO ADINJabón para loza 1 (Compra)",10,"UT GRUPO ADIN","Bien",1,"Jabón para loza 1 (Compra)",null,null,null,null,19994,0,{"$f":"IF($D551=\"Servicio\",SUMIF('Resumen - CSV'!$D:$D,$E551,'Resumen - CSV'!$G:$G),SUMIF('Detalle Bienes de Aseo y Caf'!$A:$A,$E551,'Detalle Bienes de Aseo y Caf'!$E:$E))","v":0},1,0,"10Jabón para loza 1 (Compra)"]
["10ASECOLBAS LTDAJabón para loza 2 (Compra)",10,"ASECOLBAS LTDA","Bien",2,"Jabón para loza 2 (Compra)",null,null,null,null,3568,14272,{"$f":"IF($D552=\"Servicio\",SUMIF('Resumen - CSV'!$D:$D,$E552,'Resumen - CSV'!$G:$G),SUMIF('Detalle Bienes de Aseo y Caf'!$A:$A,$E552,'Detalle Bienes de Aseo y Caf'!$E:$E))","v":4},1,14272,"10Jabón para loza 2 (Compra)"]
["10CLEANER S.A.Jabón para loza 2 (Compra)",10,"CLEANER S.A.","Bien",2,"Jabón para loza 2 (Compra)",null,null,null,null,4403,17612,{"$f":"IF($D553=\"Servicio\",SUMIF('Resumen - CSV'!$D:$D,$E553,'Resumen - CSV'!$G:$G),SUMIF('Detalle Bienes de Aseo y Caf'!$A:$A,$E553,'Detalle Bienes de Aseo y Caf'!$E:$E))","v":4},1,17612,"10Jabón para loza 2 (Compra)"]
["10CONSERJES INMOBILIARIOS LTDAJabón para loza 2 (Compra)",10,"CONSERJES INMOBILIARIOS LTDA","Bien",2,"Jabón para loza 2 (Compra)",null,null,null,null,3526,14104,{"$f":"IF($D554=\"Servicio\",SUMIF('Resumen - CSV'!$D:$D,$E554,'Resumen - CSV'!$G:$G),SUMIF('Detalle Bienes de Aseo y Caf'!$A:$A,$E554,'Detalle Bienes de Aseo y Caf'!$E:$E))","v":4},1,14104,"10Jabón para loza 2 (Compra)"]
["10CONSORCIO ELITEJabón para loza 2 (Compra)",10,"CONSORCIO ELITE","Bien",2,"Jabón para loza 2 (Compra)",null,null,null,null,5783,23132,{"$f":"IF($D555=\"Servicio\",SUMIF('Resumen - CSV'!$D:$D,$E555,'Resumen - CSV'!$G:$G),SUMIF('Detalle Bienes de Aseo y Caf'!$A:$A,$E555,'Detalle Bienes de Aseo y Caf'!$E:$E))","v":4},1,23132,"10Jabón para loza 2 (Compra)"]
["10CONSORCIO KIOSJabón para loza 2 (Compra)",10,"CONSORCIO KIOS","Bien",2,"Jabón para loza 2 (Compra)",null,null,null,null,4573,18292,{"$f":"IF($D556=\"Servicio\",SUMIF('Resumen - CSV'!$D:$D,$E556,'Resumen - CSV'!$G:$G),SUMIF('Detalle Bienes de Aseo y Caf'!$A:$A,$E556,'Detalle Bienes de Aseo y Caf'!$E:$E))","v":4},1,18292,"10Jabón para loza 2 (Compra)"]
["10INCINERADOS DEL HUILAJabón para loza 2 (Compra)",10,"INCINERADOS DEL HUILA","Bien",2,"Jabón para loza 2 (Compra)",null,null,null,null,12341,49364,{"$f":"IF($D557=\"Servicio\",SUMIF('Resumen - CSV'!$D:$D,$E557,'Resumen - CSV'!$G:$G),SUMIF('Detalle Bienes de Aseo y Caf'!$A:$A,$E557,'Detalle Bienes de Aseo y Caf'!$E:$E))","v":4},1,49364,"10Jabón para loza 2 (Compra)"]
["10INTERASEO SAS ESPJabón para loza 2 (Compra)",10,"INTERASEO SAS ESP","Bien",2,"Jabón para loza 2 (Compra)",null,null,null,null,4636,18544,{"$f":"IF($D558=\"Servicio\",SUMIF('Resumen - CSV'!$D:$D,$E558,'Resumen - CSV'!$G:$G),SUMIF('Detalle Bienes de Aseo y Caf'!$A:$A,$E558,'Detalle Bienes de Aseo y Caf'!$E:$E))","v":4},1,18544,"10Jabón para loza 2 (Compra)"]
["10LIMPIEZA INSTITUCIONAL LASU S.A.S.Jabón para loza 2 (Compra)",10,"LIMPIEZA INSTITUCIONAL LASU S.A.S.","Bien",2,"Jabón para loza 2 (Compra)",null,null,null,null,2934,11736,{"$f":"IF($D559=\"Servicio\",SUMIF('Resumen - CSV'!$D:$D,$E559,'Resumen - CSV'!$G:$G),SUMIF('Detalle Bienes de Aseo y Caf'!$A:$A,$E559,'Detalle Bienes de Aseo y Caf'!$E:$E))","v":4},1,11736,"10Jabón para loza 2 (Compra)"]
["10SERVIASEO S.AJabón para loza 2 (Compra)",10,"SERVIASEO S.A","Bien",2,"Jabón para loza 2 (Compra)",null,null,null,null,4821,19284,{"$f":"IF($D560=\"Servicio\",SUMIF('Resumen - CSV'!$D:$D,$E560,'Resumen - CSV'!$G:$G),SUMIF('Detalle Bienes de Aseo y Caf'!$A:$A,$E560,'Detalle Bienes de Aseo y Caf'!$E:$E))","v":4},1,19284,"10Jabón para loza 2 (Compra)"]
["10SERVITALENTOSJabón para loza 2 (Compra)",10,"SERVITALENTOS","Bien",2,"Jabón para loza 2 (Compra)",null,null,null,null,5697,22788,{"$f":"IF($D561=\"Servicio\",SUMIF('Resumen - CSV'!$D:$D,$E561,'Resumen - CSV'!$G:$G),SUMIF('Detalle Bienes de Aseo y Caf'!$A:$A,$E561,'Detalle Bienes de Aseo y Caf'!$E:$E))","v":4},1,22788,"10Jabón para loza 2 (Compra)"]
["10SOSEGE SASJabón para loza 2 (Compra)",10,"SOSEGE SAS","Bien",2,"Jabón para loza 2 (Compra)",null,null,null,null,5279,21116,{"$f":"IF($D562=\"Servicio\",SUMIF('Resumen - CSV'!$D:$D,$E562,'Resumen - CSV'!$G:$G),SUMIF('Detalle Bienes de Aseo y Caf'!$A:$A,$E562,'Detalle Bienes de Aseo y Caf'!$E:$E))","v":4},1,21116,"10Jabón para loza 2 (Compra)"]
["10UNION  TEMPORAL LADOINSA 2022Jabón para loza 2 (Compra)",10,"UNION  TEMPORAL LADOINSA 2022","Bien",2,"Jabón para loza 2 (Compra)",null,null,null,null,4821,19284,{"$f":"IF($D563=\"Servicio\",SUMIF('Resumen - CSV'!$D:$D,$E563,'Resumen - CSV'!$G:$G),SUMIF('Detalle Bienes de Aseo y Caf'!$A:$A,$E563,'Detalle Bienes de Aseo y Caf'!$E:$E))","v":4},1,19284,"10Jabón para loza 2 (Compra)"]
["10UNIÓN TEMPORAL ASEO COLOMBIA AMP4Jabón para loza 2 (Compra)",10,"UNIÓN TEMPORAL ASEO COLOMBIA AMP4","Bien",2,"Jabón para loza 2 (Compra)",null,null,null,null,4636,18544,{"$f":"IF($D564=\"Servicio\",SUMIF('Resumen - CSV'!$D:$D,$E564,'Resumen - CSV'!$G:$G),SUMIF('Detalle Bienes de Aseo y Caf'!$A:$A,$E564,'Detalle Bienes de Aseo y Caf'!$E:$E))","v":4},1,18544,"10Jabón para loza 2 (Compra)"]
["10UNIÓN TEMPORAL CCE AMP IV 2022Jabón para loza 2 (Compra)",10,"UNIÓN TEMPORAL CCE AMP IV 2022","Bien",2,"Jabón para loza 2 (Compra)",null,null,null,null,5473,21892,{"$f":"IF($D565=\"Servicio\",SUMIF('Resumen - CSV'!$D:$D,$E565,'Resumen - CSV'!$G:$G),SUMIF('Detalle Bienes de Aseo y Caf'!$A:$A,$E565,'Detalle Bienes de Aseo y Caf'!$E:$E))","v":4},1,21892,"10Jabón para loza 2 (Compra)"]
["10UNION TEMPORAL CLEAN COLOMBIAJabón para loza 2 (Compra)",10,"UNION TEMPORAL CLEAN COLOMBIA","Bien",2,"Jabón para loza 2 (Compra)",null,null,null,null,4341,17364,{"$f":"IF($D566=\"Servicio\",SUMIF('Resumen - CSV'!$D:$D,$E566,'Resumen - CSV'!$G:$G),SUMIF('Detalle Bienes de Aseo y Caf'!$A:$A,$E566,'Detalle Bienes de Aseo y Caf'!$E:$E))","v":4},1,17364,"10Jabón para loza 2 (Compra)"]
["10UNION TEMPORAL ECOLIMPIEZA 4GJabón para loza 2 (Compra)",10,"UNION TEMPORAL ECOLIMPIEZA 4G","Bien",2,"Jabón para loza 2 (Compra)",null,null,null,null,3824,15296,{"$f":"IF($D567=\"Servicio\",SUMIF('Resumen - CSV'!$D:$D,$E567,'Resumen - CSV'!$G:$G),SUMIF('Detalle Bienes de Aseo y Caf'!$A:$A,$E567,'Detalle Bienes de Aseo y Caf'!$E:$E))","v":4},1,15296,"10Jabón para loza 2 (Compra)"]
["10UNIÓN TEMPORAL EMINSER SOLOASEO 2023Jabón para loza 2 (Compra)",10,"UNIÓN TEMPORAL EMINSER SOLOASEO 2023","Bien",2,"Jabón para loza 2 (Compra)",null,null,null,null,6988,27952,{"$f":"IF($D568=\"Servicio\",SUMIF('Resumen - CSV'!$D:$D,$E568,'Resumen - CSV'!$G:$G),SUMIF('Detalle Bienes de Aseo y Caf'!$A:$A,$E568,'Detalle Bienes de Aseo y Caf'!$E:$E))","v":4},1,27952,"10Jabón para loza 2 (Compra)"]
["10UNION TEMPORAL OUTSOURCING GIAFJabón para loza 2 (Compra)",10,"UNION TEMPORAL OUTSOURCING GIAF","Bien",2,"Jabón para loza 2 (Compra)",null,null,null,null,3950,15800,{"$f":"IF($D569=\"Servicio\",SUMIF('Resumen - CSV'!$D:$D,$E569,'Resumen - CSV'!$G:$G),SUMIF('Detalle Bienes de Aseo y Caf'!$A:$A,$E569,'Detalle Bienes de Aseo y Caf'!$E:$E))","v":4},1,15800,"10Jabón para loza 2 (Compra)"]
["10UNION TEMPORAL R&J 2022Jabón para loza 2 (Compra)",10,"UNION TEMPORAL R&J 2022","Bien",2,"Jabón para loza 2 (Compra)",null,null,null,null,3709,14836,{"$f":"IF($D570=\"Servicio\",SUMIF('Resumen - CSV'!$D:$D,$E570,'Resumen - CSV'!$G:$G),SUMIF('Detalle Bienes de Aseo y Caf'!$A:$A,$E570,'Detalle Bienes de Aseo y Caf'!$E:$E))","v":4},1,14836,"10Jabón para loza 2 (Compra)"]
["10UNION TEMPORAL SERVICIOS INTEGRALESJabón para loza 2 (Compra)",10,"UNION TEMPORAL SERVICIOS INTEGRALES","Bien",2,"Jabón para loza 2 (Compra)",null,null,null,null,5736,22944,{"$f":"IF($D571=\"Servicio\",SUMIF('Resumen - CSV'!$D:$D,$E571,'Resumen - CSV'!$G:$G),SUMIF('Detalle Bienes de Aseo y Caf'!$A:$A,$E571,'Detalle Bienes de Aseo y Caf'!$E:$E))","v":4},1,22944,"10Jabón para loza 2 (Compra)"]
["10UT EASYCLEAN ASEO PROFESIONALJabón para loza 2 (Compra)",10,"UT EASYCLEAN ASEO PROFESIONAL","Bien",2,"Jabón para loza 2 (Compra)",null,null,null,null,5765,23060,{"$f":"IF($D572=\"Servicio\",SUMIF('Resumen - CSV'!$D:$D,$E572,'Resumen - CSV'!$G:$G),SUMIF('Detalle Bienes de Aseo y Caf'!$A:$A,$E572,'Detalle Bienes de Aseo y Caf'!$E:$E))","v":4},1,23060,"10Jabón para loza 2 (Compra)"]
["10UT GRUPO ADINJabón para loza 2 (Compra)",10,"UT GRUPO ADIN","Bien",2,"Jabón para loza 2 (Compra)",null,null,null,null,5285,21140,{"$f":"IF($D573=\"Servicio\",SUMIF('Resumen - CSV'!$D:$D,$E573,'Resumen - CSV'!$G:$G),SUMIF('Detalle Bienes de Aseo y Caf'!$A:$A,$E573,'Detalle Bienes de Aseo y Caf'!$E:$E))","v":4},1,21140,"10Jabón para loza 2 (Compra)"]
["10ASECOLBAS LTDAJabón para loza 3 (Compra)",10,"ASECOLBAS LTDA","Bien",3,"Jabón para loza 3 (Compra)",null,null,null,null,10895,0,{"$f":"IF($D574=\"Servicio\",SUMIF('Resumen - CSV'!$D:$D,$E574,'Resumen - CSV'!$G:$G),SUMIF('Detalle Bienes de Aseo y Caf'!$A:$A,$E574,'Detalle Bienes de Aseo y Caf'!$E:$E))","v":0},1,0,"10Jabón para loza 3 (Compra)"]
["10CLEANER S.A.Jabón para loza 3 (Compra)",10,"CLEANER S.A.","Bien",3,"Jabón para loza 3 (Compra)",null,null,null,null,9819,0,{"$f":"IF($D575=\"Servicio\",SUMIF('Resumen - CSV'!$D:$D,$E575,'Resumen - CSV'!$G:$G),SUMIF('Detalle Bienes de Aseo y Caf'!$A:$A,$E575,'Detalle Bienes de Aseo y Caf'!$E:$E))","v":0},1,0,"10Jabón para loza 3 (Compra)"]
["10CONSERJES INMOBILIARIOS LTDAJabón para loza 3 (Compra)",10,"CONSERJES INMOBILIARIOS LTDA","Bien",3,"Jabón para loza 3 (Compra)",null,null,null,null,11025,0,{"$f":"IF($D576=\"Servicio\",SUMIF('Resumen - CSV'!$D:$D,$E576,'Resumen - CSV'!$G:$G),SUMIF('Detalle Bienes de Aseo y Caf'!$A:$A,$E576,'Detalle Bienes de Aseo y Caf'!$E:$E))","v":0},1,0,"10Jabón para loza 3 (Compra)"]
["10CONSORCIO ELITEJabón para loza 3 (Compra)",10,"CONSORCIO ELITE","Bien",3,"Jabón para loza 3 (Compra)",null,null,null,null,13233,0,{"$f":"IF($D577=\"Servicio\",SUMIF('Resumen - CSV'!$D:$D,$E577,'Resumen - CSV'!$G:$G),SUMIF('Detalle Bienes de Aseo y Caf'!$A:$A,$E577,'Detalle Bienes de Aseo y Caf'!$E:$E))","v":0},1,0,"10Jabón para loza 3 (Compra)"]
["10CONSORCIO KIOSJabón para loza 3 (Compra)",10,"CONSORCIO KIOS","Bien",3,"Jabón para loza 3 (Compra)",null,null,null,null,13251,0,{"$f":"IF($D578=\"Servicio\",SUMIF('Resumen - CSV'!$D:$D,$E578,'Resumen - CSV'!$G:$G),SUMIF('Detalle Bienes de Aseo y Caf'!$A:$A,$E578,'Detalle Bienes de Aseo y Caf'!$E:$E))","v":0},1,0,"10Jabón para loza 3 (Compra)"]
["10INCINERADOS DEL HUILAJabón para loza 3 (Compra)",10,"INCINERADOS DEL HUILA","Bien",3,"Jabón para loza 3 (Compra)",null,null,null,null,17612,{"$f":"IF($D579=\"Bien\",$K579*$M579,\"\")","v":0},{"$f":"IF($D579=\"Servicio\",SUMIF('Resumen - CSV'!$D:$D,$E579,'Resumen - CSV'!$G:$G),SUMIF('Detalle Bienes de Aseo y Caf'!$A:$A,$E579,'Detalle Bienes de Aseo y Caf'!$E:$E))","v":0},1,{"$f":"$K579*M579*N579","v":0},"10Jabón para loza 3 (Compra)"]
["10INTERASEO SAS ESPJabón para loza 3 (Compra)",10,"INTERASEO SAS ESP","Bien",3,"Jabón para loza 3 (Compra)",null,null,null,null,7356,0,{"$f":"IF($D580=\"Servicio\",SUMIF('Resumen - CSV'!$D:$D,$E580,'Resumen - CSV'!$G:$G),SUMIF('Detalle Bienes de Aseo y Caf'!$A:$A,$E580,'Detalle Bienes de Aseo y Caf'!$E:$E))","v":0},1,0,"10Jabón para loza 3 (Compra)"]
["10LIMPIEZA INSTITUCIONAL LASU S.A.S.Jabón para loza 3 (Compra)",10,"LIMPIEZA INSTITUCIONAL LASU S.A.S.","Bien",3,"Jabón para loza 3 (Compra)",null,null,null,null,6426,0,{"$f":"IF($D581=\"Servicio\",SUMIF('Resumen - CSV'!$D:$D,$E581,'Resumen - CSV'!$G:$G),SUMIF('Detalle Bienes de Aseo y Caf'!$A:$A,$E581,'Detalle Bienes de Aseo y Caf'!$E:$E))","v":0},1,0,"10Jabón para loza 3 (Compra)"]
["10SERVIASEO S.AJabón para loza 3 (Compra)",10,"SERVIASEO S.A","Bien",3,"Jabón para loza 3 (Compra)",null,null,null,null,10260,0,{"$f":"IF($D582=\"Servicio\",SUMIF('Resumen - CSV'!$D:$D,$E582,'Resumen - CSV'!$G:$G),SUMIF('Detalle Bienes de Aseo y Caf'!$A:$A,$E582,'Detalle Bienes de Aseo y Caf'!$E:$E))","v":0},1,0,"10Jabón para loza 3 (Compra)"]
["10SERVITALENTOSJabón para loza 3 (Compra)",10,"SERVITALENTOS","Bien",3,"Jabón para loza 3 (Compra)",null,null,null,null,13034,0,{"$f":"IF($D583=\"Servicio\",SUMIF('Resumen - CSV'!$D:$D,$E583,'Resumen - CSV'!$G:$G),SUMIF('Detalle Bienes de Aseo y Caf'!$A:$A,$E583,'Detalle Bienes de Aseo y Caf'!$E:$E))","v":0},1,0,"10Jabón para loza 3 (Compra)"]
["10SOSEGE SASJabón para loza 3 (Compra)",10,"SOSEGE SAS","Bien",3,"Jabón para loza 3 (Compra)",null,null,null,null,9826,0,{"$f":"IF($D584=\"Servicio\",SUMIF('Resumen - CSV'!$D:$D,$E584,'Resumen - CSV'!$G:$G),SUMIF('Detalle Bienes de Aseo y Caf'!$A:$A,$E584,'Detalle Bienes de Aseo y Caf'!$E:$E))","v":0},1,0,"10Jabón para loza 3 (Compra)"]
["10UNION  TEMPORAL LADOINSA 2022Jabón para loza 3 (Compra)",10,"UNION  TEMPORAL LADOINSA 2022","Bien",3,"Jabón para loza 3 (Compra)",null,null,null,null,11126,0,{"$f":"IF($D585=\"Servicio\",SUMIF('Resumen - CSV'!$D:$D,$E585,'Resumen - CSV'!$G:$G),SUMIF('Detalle Bienes de Aseo y Caf'!$A:$A,$E585,'Detalle Bienes de Aseo y Caf'!$E:$E))","v":0},1,0,"10Jabón para loza 3 (Compra)"]
["10UNIÓN TEMPORAL ASEO COLOMBIA AMP4Jabón para loza 3 (Compra)",10,"UNIÓN TEMPORAL ASEO COLOMBIA AMP4","Bien",3,"Jabón para loza 3 (Compra)",null,null,null,null,9241,0,{"$f":"IF($D586=\"Servicio\",SUMIF('Resumen - CSV'!$D:$D,$E586,'Resumen - CSV'!$G:$G),SUMIF('Detalle Bienes de Aseo y Caf'!$A:$A,$E586,'Detalle Bienes de Aseo y Caf'!$E:$E))","v":0},1,0,"10Jabón para loza 3 (Compra)"]
["10UNIÓN TEMPORAL CCE AMP IV 2022Jabón para loza 3 (Compra)",10,"UNIÓN TEMPORAL CCE AMP IV 2022","Bien",3,"Jabón para loza 3 (Compra)",null,null,null,null,14828,0,{"$f":"IF($D587=\"Servicio\",SUMIF('Resumen - CSV'!$D:$D,$E587,'Resumen - CSV'!$G:$G),SUMIF('Detalle Bienes de Aseo y Caf'!$A:$A,$E587,'Detalle Bienes de Aseo y Caf'!$E:$E))","v":0},1,0,"10Jabón para loza 3 (Compra)"]
["10UNION TEMPORAL CLEAN COLOMBIAJabón para loza 3 (Compra)",10,"UNION TEMPORAL CLEAN COLOMBIA","Bien",3,"Jabón para loza 3 (Compra)",null,null,null,null,9931,0,{"$f":"IF($D588=\"Servicio\",SUMIF('Resumen - CSV'!$D:$D,$E588,'Resumen - CSV'!$G:$G),SUMIF('Detalle Bienes de Aseo y Caf'!$A:$A,$E588,'Detalle Bienes de Aseo y Caf'!$E:$E))","v":0},1,0,"10Jabón para loza 3 (Compra)"]
["10UNION TEMPORAL ECOLIMPIEZA 4GJabón para loza 3 (Compra)",10,"UNION TEMPORAL ECOLIMPIEZA 4G","Bien",3,"Jabón para loza 3 (Compra)",null,null,null,null,7044,0,{"$f":"IF($D589=\"Servicio\",SUMIF('Resumen - CSV'!$D:$D,$E589,'Resumen - CSV'!$G:$G),SUMIF('Detalle Bienes de Aseo y Caf'!$A:$A,$E589,'Detalle Bienes de Aseo y Caf'!$E:$E))","v":0},1,0,"10Jabón para loza 3 (Compra)"]
["10UNIÓN TEMPORAL EMINSER SOLOASEO 2023Jabón para loza 3 (Compra)",10,"UNIÓN TEMPORAL EMINSER SOLOASEO 2023","Bien",3,"Jabón para loza 3 (Compra)",null,null,null,null,10248,0,{"$f":"IF($D590=\"Servicio\",SUMIF('Resumen - CSV'!$D:$D,$E590,'Resumen - CSV'!$G:$G),SUMIF('Detalle Bienes de Aseo y Caf'!$A:$A,$E590,'Detalle Bienes de Aseo y Caf'!$E:$E))","v":0},1,0,"10Jabón para loza 3 (Compra)"]
["10UNION TEMPORAL OUTSOURCING GIAFJabón para loza 3 (Compra)",10,"UNION TEMPORAL OUTSOURCING GIAF","Bien",3,"Jabón para loza 3 (Compra)",null,null,null,null,6847,0,{"$f":"IF($D591=\"Servicio\",SUMIF('Resumen - CSV'!$D:$D,$E591,'Resumen - CSV'!$G:$G),SUMIF('Detalle Bienes de Aseo y Caf'!$A:$A,$E591,'Detalle Bienes de Aseo y Caf'!$E:$E))","v":0},1,0,"10Jabón para loza 3 (Compra)"]
["10UNION TEMPORAL R&J 2022Jabón para loza 3 (Compra)",10,"UNION TEMPORAL R&J 2022","Bien",3,"Jabón para loza 3 (Compra)",null,null,null,null,8901,0,{"$f":"IF($D592=\"Servicio\",SUMIF('Resumen - CSV'!$D:$D,$E592,'Resumen - CSV'!$G:$G),SUMIF('Detalle Bienes de Aseo y Caf'!$A:$A,$E592,'Detalle Bienes de Aseo y Caf'!$E:$E))","v":0},1,0,"10Jabón para loza 3 (Compra)"]
["10UNION TEMPORAL SERVICIOS INTEGRALESJabón para loza 3 (Compra)",10,"UNION TEMPORAL SERVICIOS INTEGRALES","Bien",3,"Jabón para loza 3 (Compra)",null,null,null,null,13178,0,{"$f":"IF($D593=\"Servicio\",SUMIF('Resumen - CSV'!$D:$D,$E593,'Resumen - CSV'!$G:$G),SUMIF('Detalle Bienes de Aseo y Caf'!$A:$A,$E593,'Detalle Bienes de Aseo y Caf'!$E:$E))","v":0},1,0,"10Jabón para loza 3 (Compra)"]
["10UT EASYCLEAN ASEO PROFESIONALJabón para loza 3 (Compra)",10,"UT EASYCLEAN ASEO PROFESIONAL","Bien",3,"Jabón para loza 3 (Compra)",null,null,null,null,13191,0,{"$f":"IF($D594=\"Servicio\",SUMIF('Resumen - CSV'!$D:$D,$E594,'Resumen - CSV'!$G:$G),SUMIF('Detalle Bienes de Aseo y Caf'!$A:$A,$E594,'Detalle Bienes de Aseo y Caf'!$E:$E))","v":0},1,0,"10Jabón para loza 3 (Compra)"]
["10UT GRUPO ADINJabón para loza 3 (Compra)",10,"UT GRUPO ADIN","Bien",3,"Jabón para loza 3 (Compra)",null,null,null,null,10976,0,{"$f":"IF($D595=\"Servicio\",SUMIF('Resumen - CSV'!$D:$D,$E595,'Resumen - CSV'!$G:$G),SUMIF('Detalle Bienes de Aseo y Caf'!$A:$A,$E595,'Detalle Bienes de Aseo y Caf'!$E:$E))","v":0},1,0,"10Jabón para loza 3 (Compra)"]
["10ASECOLBAS LTDAJabón para loza 4 (Compra)",10,"ASECOLBAS LTDA","Bien",4,"Jabón para loza 4 (Compra)",null,null,null,null,11892,0,{"$f":"IF($D596=\"Servicio\",SUMIF('Resumen - CSV'!$D:$D,$E596,'Resumen - CSV'!$G:$G),SUMIF('Detalle Bienes de Aseo y Caf'!$A:$A,$E596,'Detalle Bienes de Aseo y Caf'!$E:$E))","v":0},1,0,"10Jabón para loza 4 (Compra)"]
["10CLEANER S.A.Jabón para loza 4 (Compra)",10,"CLEANER S.A.","Bien",4,"Jabón para loza 4 (Compra)",null,null,null,null,10141,0,{"$f":"IF($D597=\"Servicio\",SUMIF('Resumen - CSV'!$D:$D,$E597,'Resumen - CSV'!$G:$G),SUMIF('Detalle Bienes de Aseo y Caf'!$A:$A,$E597,'Detalle Bienes de Aseo y Caf'!$E:$E))","v":0},1,0,"10Jabón para loza 4 (Compra)"]
["10CONSERJES INMOBILIARIOS LTDAJabón para loza 4 (Compra)",10,"CONSERJES INMOBILIARIOS LTDA","Bien",4,"Jabón para loza 4 (Compra)",null,null,null,null,11752,0,{"$f":"IF($D598=\"Servicio\",SUMIF('Resumen - CSV'!$D:$D,$E598,'Resumen - CSV'!$G:$G),SUMIF('Detalle Bienes de Aseo y Caf'!$A:$A,$E598,'Detalle Bienes de Aseo y Caf'!$E:$E))","v":0},1,0,"10Jabón para loza 4 (Compra)"]
["10CONSORCIO ELITEJabón para loza 4 (Compra)",10,"CONSORCIO ELITE","Bien",4,"Jabón para loza 4 (Compra)",null,null,null,null,14272,0,{"$f":"IF($D599=\"Servicio\",SUMIF('Resumen - CSV'!$D:$D,$E599,'Resumen - CSV'!$G:$G),SUMIF('Detalle Bienes de Aseo y Caf'!$A:$A,$E599,'Detalle Bienes de Aseo y Caf'!$E:$E))","v":0},1,0,"10Jabón para loza 4 (Compra)"]
["10CONSORCIO KIOSJabón para loza 4 (Compra)",10,"CONSORCIO KIOS","Bien",4,"Jabón para loza 4 (Compra)",null,null,null,null,12820,0,{"$f":"IF($D600=\"Servicio\",SUMIF('Resumen - CSV'!$D:$D,$E600,'Resumen - CSV'!$G:$G),SUMIF('Detalle Bienes de Aseo y Caf'!$A:$A,$E600,'Detalle Bienes de Aseo y Caf'!$E:$E))","v":0},1,0,"10Jabón para loza 4 (Compra)"]
["10INCINERADOS DEL HUILAJabón para loza 4 (Compra)",10,"INCINERADOS DEL HUILA","Bien",4,"Jabón para loza 4 (Compra)",null,null,null,null,18795,0,{"$f":"IF($D601=\"Servicio\",SUMIF('Resumen - CSV'!$D:$D,$E601,'Resumen - CSV'!$G:$G),SUMIF('Detalle Bienes de Aseo y Caf'!$A:$A,$E601,'Detalle Bienes de Aseo y Caf'!$E:$E))","v":0},1,0,"10Jabón para loza 4 (Compra)"]
["10INTERASEO SAS ESPJabón para loza 4 (Compra)",10,"INTERASEO SAS ESP","Bien",4,"Jabón para loza 4 (Compra)",null,null,null,null,7540,0,{"$f":"IF($D602=\"Servicio\",SUMIF('Resumen - CSV'!$D:$D,$E602,'Resumen - CSV'!$G:$G),SUMIF('Detalle Bienes de Aseo y Caf'!$A:$A,$E602,'Detalle Bienes de Aseo y Caf'!$E:$E))","v":0},1,0,"10Jabón para loza 4 (Compra)"]
["10LIMPIEZA INSTITUCIONAL LASU S.A.S.Jabón para loza 4 (Compra)",10,"LIMPIEZA INSTITUCIONAL LASU S.A.S.","Bien",4,"Jabón para loza 4 (Compra)",null,null,null,null,5841,0,{"$f":"IF($D603=\"Servicio\",SUMIF('Resumen - CSV'!$D:$D,$E603,'Resumen - CSV'!$G:$G),SUMIF('Detalle Bienes de Aseo y Caf'!$A:$A,$E603,'Detalle Bienes de Aseo y Caf'!$E:$E))","v":0},1,0,"10Jabón para loza 4 (Compra)"]
["10SERVIASEO S.AJabón para loza 4 (Compra)",10,"SERVIASEO S.A","Bien",4,"Jabón para loza 4 (Compra)",null,null,null,null,13598,0,{"$f":"IF($D604=\"Servicio\",SUMIF('Resumen - CSV'!$D:$D,$E604,'Resumen - CSV'!$G:$G),SUMIF('Detalle Bienes de Aseo y Caf'!$A:$A,$E604,'Detalle Bienes de Aseo y Caf'!$E:$E))","v":0},1,0,"10Jabón para loza 4 (Compra)"]
["10SERVITALENTOSJabón para loza 4 (Compra)",10,"SERVITALENTOS","Bien",4,"Jabón para loza 4 (Compra)",null,null,null,null,14059,0,{"$f":"IF($D605=\"Servicio\",SUMIF('Resumen - CSV'!$D:$D,$E605,'Resumen - CSV'!$G:$G),SUMIF('Detalle Bienes de Aseo y Caf'!$A:$A,$E605,'Detalle Bienes de Aseo y Caf'!$E:$E))","v":0},1,0,"10Jabón para loza 4 (Compra)"]
["10SOSEGE SASJabón para loza 4 (Compra)",10,"SOSEGE SAS","Bien",4,"Jabón para loza 4 (Compra)",null,null,null,null,7088,0,{"$f":"IF($D606=\"Servicio\",SUMIF('Resumen - CSV'!$D:$D,$E606,'Resumen - CSV'!$G:$G),SUMIF('Detalle Bienes de Aseo y Caf'!$A:$A,$E606,'Detalle Bienes de Aseo y Caf'!$E:$E))","v":0},1,0,"10Jabón para loza 4 (Compra)"]
["10UNION  TEMPORAL LADOINSA 2022Jabón para loza 4 (Compra)",10,"UNION  TEMPORAL LADOINSA 2022","Bien",4,"Jabón para loza 4 (Compra)",null,null,null,null,11620,0,{"$f":"IF($D607=\"Servicio\",SUMIF('Resumen - CSV'!$D:$D,$E607,'Resumen - CSV'!$G:$G),SUMIF('Detalle Bienes de Aseo y Caf'!$A:$A,$E607,'Detalle Bienes de Aseo y Caf'!$E:$E))","v":0},1,0,"10Jabón para loza 4 (Compra)"]
["10UNIÓN TEMPORAL ASEO COLOMBIA AMP4Jabón para loza 4 (Compra)",10,"UNIÓN TEMPORAL ASEO COLOMBIA AMP4","Bien",4,"Jabón para loza 4 (Compra)",null,null,null,null,9432,0,{"$f":"IF($D608=\"Servicio\",SUMIF('Resumen - CSV'!$D:$D,$E608,'Resumen - CSV'!$G:$G),SUMIF('Detalle Bienes de Aseo y Caf'!$A:$A,$E608,'Detalle Bienes de Aseo y Caf'!$E:$E))","v":0},1,0,"10Jabón para loza 4 (Compra)"]
["10UNIÓN TEMPORAL CCE AMP IV 2022Jabón para loza 4 (Compra)",10,"UNIÓN TEMPORAL CCE AMP IV 2022","Bien",4,"Jabón para loza 4 (Compra)",null,null,null,null,15710,0,{"$f":"IF($D609=\"Servicio\",SUMIF('Resumen - CSV'!$D:$D,$E609,'Resumen - CSV'!$G:$G),SUMIF('Detalle Bienes de Aseo y Caf'!$A:$A,$E609,'Detalle Bienes de Aseo y Caf'!$E:$E))","v":0},1,0,"10Jabón para loza 4 (Compra)"]
["10UNION TEMPORAL CLEAN COLOMBIAJabón para loza 4 (Compra)",10,"UNION TEMPORAL CLEAN COLOMBIA","Bien",4,"Jabón para loza 4 (Compra)",null,null,null,null,10711,0,{"$f":"IF($D610=\"Servicio\",SUMIF('Resumen - CSV'!$D:$D,$E610,'Resumen - CSV'!$G:$G),SUMIF('Detalle Bienes de Aseo y Caf'!$A:$A,$E610,'Detalle Bienes de Aseo y Caf'!$E:$E))","v":0},1,0,"10Jabón para loza 4 (Compra)"]
["10UNION TEMPORAL ECOLIMPIEZA 4GJabón para loza 4 (Compra)",10,"UNION TEMPORAL ECOLIMPIEZA 4G","Bien",4,"Jabón para loza 4 (Compra)",null,null,null,null,7356,0,{"$f":"IF($D611=\"Servicio\",SUMIF('Resumen - CSV'!$D:$D,$E611,'Resumen - CSV'!$G:$G),SUMIF('Detalle Bienes de Aseo y Caf'!$A:$A,$E611,'Detalle Bienes de Aseo y Caf'!$E:$E))","v":0},1,0,"10Jabón para loza 4 (Compra)"]
["10UNIÓN TEMPORAL EMINSER SOLOASEO 2023Jabón para loza 4 (Compra)",10,"UNIÓN TEMPORAL EMINSER SOLOASEO 2023","Bien",4,"Jabón para loza 4 (Compra)",null,null,null,null,12358,0,{"$f":"IF($D612=\"Servicio\",SUMIF('Resumen - CSV'!$D:$D,$E612,'Resumen - CSV'!$G:$G),SUMIF('Detalle Bienes de Aseo y Caf'!$A:$A,$E612,'Detalle Bienes de Aseo y Caf'!$E:$E))","v":0},1,0,"10Jabón para loza 4 (Compra)"]
["10UNION TEMPORAL OUTSOURCING GIAFJabón para loza 4 (Compra)",10,"UNION TEMPORAL OUTSOURCING GIAF","Bien",4,"Jabón para loza 4 (Compra)",null,null,null,null,6847,0,{"$f":"IF($D613=\"Servicio\",SUMIF('Resumen - CSV'!$D:$D,$E613,'Resumen - CSV'!$G:$G),SUMIF('Detalle Bienes de Aseo y Caf'!$A:$A,$E613,'Detalle Bienes de Aseo y Caf'!$E:$E))","v":0},1,0,"10Jabón para loza 4 (Compra)"]
["10UNION TEMPORAL R&J 2022Jabón para loza 4 (Compra)",10,"UNION TEMPORAL R&J 2022","Bien",4,"Jabón para loza 4 (Compra)",null,null,null,null,9271,0,{"$f":"IF($D614=\"Servicio\",SUMIF('Resumen - CSV'!$D:$D,$E614,'Resumen - CSV'!$G:$G),SUMIF('Detalle Bienes de Aseo y Caf'!$A:$A,$E614,'Detalle Bienes de Aseo y Caf'!$E:$E))","v":0},1,0,"10Jabón para loza 4 (Compra)"]
["10UNION TEMPORAL SERVICIOS INTEGRALESJabón para loza 4 (Compra)",10,"UNION TEMPORAL SERVICIOS INTEGRALES","Bien",4,"Jabón para loza 4 (Compra)",null,null,null,null,14167,0,{"$f":"IF($D615=\"Servicio\",SUMIF('Resumen - CSV'!$D:$D,$E615,'Resumen - CSV'!$G:$G),SUMIF('Detalle Bienes de Aseo y Caf'!$A:$A,$E615,'Detalle Bienes de Aseo y Caf'!$E:$E))","v":0},1,0,"10Jabón para loza 4 (Compra)"]
["10UT EASYCLEAN ASEO PROFESIONALJabón para loza 4 (Compra)",10,"UT EASYCLEAN ASEO PROFESIONAL","Bien",4,"Jabón para loza 4 (Compra)",null,null,null,null,14227,0,{"$f":"IF($D616=\"Servicio\",SUMIF('Resumen - CSV'!$D:$D,$E616,'Resumen - CSV'!$G:$G),SUMIF('Detalle Bienes de Aseo y Caf'!$A:$A,$E616,'Detalle Bienes de Aseo y Caf'!$E:$E))","v":0},1,0,"10Jabón para loza 4 (Compra)"]
["10UT GRUPO ADINJabón para loza 4 (Compra)",10,"UT GRUPO ADIN","Bien",4,"Jabón para loza 4 (Compra)",null,null,null,null,11126,0,{"$f":"IF($D617=\"Servicio\",SUMIF('Resumen - CSV'!$D:$D,$E617,'Resumen - CSV'!$G:$G),SUMIF('Detalle Bienes de Aseo y Caf'!$A:$A,$E617,'Detalle Bienes de Aseo y Caf'!$E:$E))","v":0},1,0,"10Jabón para loza 4 (Compra)"]
["10ASECOLBAS LTDAJabón en barra (Compra)",10,"ASECOLBAS LTDA","Bien",5,"Jabón en barra (Compra)",null,null,null,null,4789,38312,{"$f":"IF($D618=\"Servicio\",SUMIF('Resumen - CSV'!$D:$D,$E618,'Resumen - CSV'!$G:$G),SUMIF('Detalle Bienes de Aseo y Caf'!$A:$A,$E618,'Detalle Bienes de Aseo y Caf'!$E:$E))","v":8},1,38312,"10Jabón en barra (Compra)"]
["10CLEANER S.A.Jabón en barra (Compra)",10,"CLEANER S.A.","Bien",5,"Jabón en barra (Compra)",null,null,null,null,3123,24984,{"$f":"IF($D619=\"Servicio\",SUMIF('Resumen - CSV'!$D:$D,$E619,'Resumen - CSV'!$G:$G),SUMIF('Detalle Bienes de Aseo y Caf'!$A:$A,$E619,'Detalle Bienes de Aseo y Caf'!$E:$E))","v":8},1,24984,"10Jabón en barra (Compra)"]
["10CONSERJES INMOBILIARIOS LTDAJabón en barra (Compra)",10,"CONSERJES INMOBILIARIOS LTDA","Bien",5,"Jabón en barra (Compra)",null,null,null,null,4847,38776,{"$f":"IF($D620=\"Servicio\",SUMIF('Resumen - CSV'!$D:$D,$E620,'Resumen - CSV'!$G:$G),SUMIF('Detalle Bienes de Aseo y Caf'!$A:$A,$E620,'Detalle Bienes de Aseo y Caf'!$E:$E))","v":8},1,38776,"10Jabón en barra (Compra)"]
["10CONSORCIO ELITEJabón en barra (Compra)",10,"CONSORCIO ELITE","Bien",5,"Jabón en barra (Compra)",null,null,null,null,4105,32840,{"$f":"IF($D621=\"Servicio\",SUMIF('Resumen - CSV'!$D:$D,$E621,'Resumen - CSV'!$G:$G),SUMIF('Detalle Bienes de Aseo y Caf'!$A:$A,$E621,'Detalle Bienes de Aseo y Caf'!$E:$E))","v":8},1,32840,"10Jabón en barra (Compra)"]
["10CONSORCIO KIOSJabón en barra (Compra)",10,"CONSORCIO KIOS","Bien",5,"Jabón en barra (Compra)",null,null,null,null,3856,30848,{"$f":"IF($D622=\"Servicio\",SUMIF('Resumen - CSV'!$D:$D,$E622,'Resumen - CSV'!$G:$G),SUMIF('Detalle Bienes de Aseo y Caf'!$A:$A,$E622,'Detalle Bienes de Aseo y Caf'!$E:$E))","v":8},1,30848,"10Jabón en barra (Compra)"]
["10INCINERADOS DEL HUILAJabón en barra (Compra)",10,"INCINERADOS DEL HUILA","Bien",5,"Jabón en barra (Compra)",null,null,null,null,6227,49816,{"$f":"IF($D623=\"Servicio\",SUMIF('Resumen - CSV'!$D:$D,$E623,'Resumen - CSV'!$G:$G),SUMIF('Detalle Bienes de Aseo y Caf'!$A:$A,$E623,'Detalle Bienes de Aseo y Caf'!$E:$E))","v":8},1,49816,"10Jabón en barra (Compra)"]
["10INTERASEO SAS ESPJabón en barra (Compra)",10,"INTERASEO SAS ESP","Bien",5,"Jabón en barra (Compra)",null,null,null,null,2101,16808,{"$f":"IF($D624=\"Servicio\",SUMIF('Resumen - CSV'!$D:$D,$E624,'Resumen - CSV'!$G:$G),SUMIF('Detalle Bienes de Aseo y Caf'!$A:$A,$E624,'Detalle Bienes de Aseo y Caf'!$E:$E))","v":8},1,16808,"10Jabón en barra (Compra)"]
["10LIMPIEZA INSTITUCIONAL LASU S.A.S.Jabón en barra (Compra)",10,"LIMPIEZA INSTITUCIONAL LASU S.A.S.","Bien",5,"Jabón en barra (Compra)",null,null,null,null,3309,26472,{"$f":"IF($D625=\"Servicio\",SUMIF('Resumen - CSV'!$D:$D,$E625,'Resumen - CSV'!$G:$G),SUMIF('Detalle Bienes de Aseo y Caf'!$A:$A,$E625,'Detalle Bienes de Aseo y Caf'!$E:$E))","v":8},1,26472,"10Jabón en barra (Compra)"]
["10SERVIASEO S.AJabón en barra (Compra)",10,"SERVIASEO S.A","Bien",5,"Jabón en barra (Compra)",null,null,null,null,3584,28672,{"$f":"IF($D626=\"Servicio\",SUMIF('Resumen - CSV'!$D:$D,$E626,'Resumen - CSV'!$G:$G),SUMIF('Detalle Bienes de Aseo y Caf'!$A:$A,$E626,'Detalle Bienes de Aseo y Caf'!$E:$E))","v":8},1,28672,"10Jabón en barra (Compra)"]
["10SERVITALENTOSJabón en barra (Compra)",10,"SERVITALENTOS","Bien",5,"Jabón en barra (Compra)",null,null,null,null,4043,32344,{"$f":"IF($D627=\"Servicio\",SUMIF('Resumen - CSV'!$D:$D,$E627,'Resumen - CSV'!$G:$G),SUMIF('Detalle Bienes de Aseo y Caf'!$A:$A,$E627,'Detalle Bienes de Aseo y Caf'!$E:$E))","v":8},1,32344,"10Jabón en barra (Compra)"]
["10SOSEGE SASJabón en barra (Compra)",10,"SOSEGE SAS","Bien",5,"Jabón en barra (Compra)",null,null,null,null,2291,18328,{"$f":"IF($D628=\"Servicio\",SUMIF('Resumen - CSV'!$D:$D,$E628,'Resumen - CSV'!$G:$G),SUMIF('Detalle Bienes de Aseo y Caf'!$A:$A,$E628,'Detalle Bienes de Aseo y Caf'!$E:$E))","v":8},1,18328,"10Jabón en barra (Compra)"]
["10UNION  TEMPORAL LADOINSA 2022Jabón en barra (Compra)",10,"UNION  TEMPORAL LADOINSA 2022","Bien",5,"Jabón en barra (Compra)",null,null,null,null,4821,38568,{"$f":"IF($D629=\"Servicio\",SUMIF('Resumen - CSV'!$D:$D,$E629,'Resumen - CSV'!$G:$G),SUMIF('Detalle Bienes de Aseo y Caf'!$A:$A,$E629,'Detalle Bienes de Aseo y Caf'!$E:$E))","v":8},1,38568,"10Jabón en barra (Compra)"]
["10UNIÓN TEMPORAL ASEO COLOMBIA AMP4Jabón en barra (Compra)",10,"UNIÓN TEMPORAL ASEO COLOMBIA AMP4","Bien",5,"Jabón en barra (Compra)",null,null,null,null,2556,20448,{"$f":"IF($D630=\"Servicio\",SUMIF('Resumen - CSV'!$D:$D,$E630,'Resumen - CSV'!$G:$G),SUMIF('Detalle Bienes de Aseo y Caf'!$A:$A,$E630,'Detalle Bienes de Aseo y Caf'!$E:$E))","v":8},1,20448,"10Jabón en barra (Compra)"]
["10UNIÓN TEMPORAL CCE AMP IV 2022Jabón en barra (Compra)",10,"UNIÓN TEMPORAL CCE AMP IV 2022","Bien",5,"Jabón en barra (Compra)",null,null,null,null,8298,66384,{"$f":"IF($D631=\"Servicio\",SUMIF('Resumen - CSV'!$D:$D,$E631,'Resumen - CSV'!$G:$G),SUMIF('Detalle Bienes de Aseo y Caf'!$A:$A,$E631,'Detalle Bienes de Aseo y Caf'!$E:$E))","v":8},1,66384,"10Jabón en barra (Compra)"]
["10UNION TEMPORAL CLEAN COLOMBIAJabón en barra (Compra)",10,"UNION TEMPORAL CLEAN COLOMBIA","Bien",5,"Jabón en barra (Compra)",null,null,null,null,3081,24648,{"$f":"IF($D632=\"Servicio\",SUMIF('Resumen - CSV'!$D:$D,$E632,'Resumen - CSV'!$G:$G),SUMIF('Detalle Bienes de Aseo y Caf'!$A:$A,$E632,'Detalle Bienes de Aseo y Caf'!$E:$E))","v":8},1,24648,"10Jabón en barra (Compra)"]
["10UNION TEMPORAL ECOLIMPIEZA 4GJabón en barra (Compra)",10,"UNION TEMPORAL ECOLIMPIEZA 4G","Bien",5,"Jabón en barra (Compra)",null,null,null,null,2686,21488,{"$f":"IF($D633=\"Servicio\",SUMIF('Resumen - CSV'!$D:$D,$E633,'Resumen - CSV'!$G:$G),SUMIF('Detalle Bienes de Aseo y Caf'!$A:$A,$E633,'Detalle Bienes de Aseo y Caf'!$E:$E))","v":8},1,21488,"10Jabón en barra (Compra)"]
["10UNIÓN TEMPORAL EMINSER SOLOASEO 2023Jabón en barra (Compra)",10,"UNIÓN TEMPORAL EMINSER SOLOASEO 2023","Bien",5,"Jabón en barra (Compra)",null,null,null,null,3832,30656,{"$f":"IF($D634=\"Servicio\",SUMIF('Resumen - CSV'!$D:$D,$E634,'Resumen - CSV'!$G:$G),SUMIF('Detalle Bienes de Aseo y Caf'!$A:$A,$E634,'Detalle Bienes de Aseo y Caf'!$E:$E))","v":8},1,30656,"10Jabón en barra (Compra)"]
["10UNION TEMPORAL OUTSOURCING GIAFJabón en barra (Compra)",10,"UNION TEMPORAL OUTSOURCING GIAF","Bien",5,"Jabón en barra (Compra)",null,null,null,null,2086,16688,{"$f":"IF($D635=\"Servicio\",SUMIF('Resumen - CSV'!$D:$D,$E635,'Resumen - CSV'!$G:$G),SUMIF('Detalle Bienes de Aseo y Caf'!$A:$A,$E635,'Detalle Bienes de Aseo y Caf'!$E:$E))","v":8},1,16688,"10Jabón en barra (Compra)"]
["10UNION TEMPORAL R&J 2022Jabón en barra (Compra)",10,"UNION TEMPORAL R&J 2022","Bien",5,"Jabón en barra (Compra)",null,null,null,null,3153,25224,{"$f":"IF($D636=\"Servicio\",SUMIF('Resumen - CSV'!$D:$D,$E636,'Resumen - CSV'!$G:$G),SUMIF('Detalle Bienes de Aseo y Caf'!$A:$A,$E636,'Detalle Bienes de Aseo y Caf'!$E:$E))","v":8},1,25224,"10Jabón en barra (Compra)"]
["10UNION TEMPORAL SERVICIOS INTEGRALESJabón en barra (Compra)",10,"UNION TEMPORAL SERVICIOS INTEGRALES","Bien",5,"Jabón en barra (Compra)",null,null,null,null,4079,32632,{"$f":"IF($D637=\"Servicio\",SUMIF('Resumen - CSV'!$D:$D,$E637,'Resumen - CSV'!$G:$G),SUMIF('Detalle Bienes de Aseo y Caf'!$A:$A,$E637,'Detalle Bienes de Aseo y Caf'!$E:$E))","v":8},1,32632,"10Jabón en barra (Compra)"]
["10UT EASYCLEAN ASEO PROFESIONALJabón en barra (Compra)",10,"UT EASYCLEAN ASEO PROFESIONAL","Bien",5,"Jabón en barra (Compra)",null,null,null,null,4093,32744,{"$f":"IF($D638=\"Servicio\",SUMIF('Resumen - CSV'!$D:$D,$E638,'Resumen - CSV'!$G:$G),SUMIF('Detalle Bienes de Aseo y Caf'!$A:$A,$E638,'Detalle Bienes de Aseo y Caf'!$E:$E))","v":8},1,32744,"10Jabón en barra (Compra)"]
["10UT GRUPO ADINJabón en barra (Compra)",10,"UT GRUPO ADIN","Bien",5,"Jabón en barra (Compra)",null,null,null,null,2744,21952,{"$f":"IF($D639=\"Servicio\",SUMIF('Resumen - CSV'!$D:$D,$E639,'Resumen - CSV'!$G:$G),SUMIF('Detalle Bienes de Aseo y Caf'!$A:$A,$E639,'Detalle Bienes de Aseo y Caf'!$E:$E))","v":8},1,21952,"10Jabón en barra (Compra)"]
["10ASECOLBAS LTDAJabón en barra azul (Compra)",10,"ASECOLBAS LTDA","Bien",6,"Jabón en barra azul (Compra)",null,null,null,null,4655,0,{"$f":"IF($D640=\"Servicio\",SUMIF('Resumen - CSV'!$D:$D,$E640,'Resumen - CSV'!$G:$G),SUMIF('Detalle Bienes de Aseo y Caf'!$A:$A,$E640,'Detalle Bienes de Aseo y Caf'!$E:$E))","v":0},1,0,"10Jabón en barra azul (Compra)"]
["10CLEANER S.A.Jabón en barra azul (Compra)",10,"CLEANER S.A.","Bien",6,"Jabón en barra azul (Compra)",null,null,null,null,3123,0,{"$f":"IF($D641=\"Servicio\",SUMIF('Resumen - CSV'!$D:$D,$E641,'Resumen - CSV'!$G:$G),SUMIF('Detalle Bienes de Aseo y Caf'!$A:$A,$E641,'Detalle Bienes de Aseo y Caf'!$E:$E))","v":0},1,0,"10Jabón en barra azul (Compra)"]
["10CONSERJES INMOBILIARIOS LTDAJabón en barra azul (Compra)",10,"CONSERJES INMOBILIARIOS LTDA","Bien",6,"Jabón en barra azul (Compra)",null,null,null,null,4600,0,{"$f":"IF($D642=\"Servicio\",SUMIF('Resumen - CSV'!$D:$D,$E642,'Resumen - CSV'!$G:$G),SUMIF('Detalle Bienes de Aseo y Caf'!$A:$A,$E642,'Detalle Bienes de Aseo y Caf'!$E:$E))","v":0},1,0,"10Jabón en barra azul (Compra)"]
["10CONSORCIO ELITEJabón en barra azul (Compra)",10,"CONSORCIO ELITE","Bien",6,"Jabón en barra azul (Compra)",null,null,null,null,5040,{"$f":"IF($D643=\"Bien\",$K643*$M643,\"\")","v":0},{"$f":"IF($D643=\"Servicio\",SUMIF('Resumen - CSV'!$D:$D,$E643,'Resumen - CSV'!$G:$G),SUMIF('Detalle Bienes de Aseo y Caf'!$A:$A,$E643,'Detalle Bienes de Aseo y Caf'!$E:$E))","v":0},1,{"$f":"$K643*M643*N643","v":0},"10Jabón en barra azul (Compra)"]
["10CONSORCIO KIOSJabón en barra azul (Compra)",10,"CONSORCIO KIOS","Bien",6,"Jabón en barra azul (Compra)",null,null,null,null,3819,0,{"$f":"IF($D644=\"Servicio\",SUMIF('Resumen - CSV'!$D:$D,$E644,'Resumen - CSV'!$G:$G),SUMIF('Detalle Bienes de Aseo y Caf'!$A:$A,$E644,'Detalle Bienes de Aseo y Caf'!$E:$E))","v":0},1,0,"10Jabón en barra azul (Compra)"]
["10INCINERADOS DEL HUILAJabón en barra azul (Compra)",10,"INCINERADOS DEL HUILA","Bien",6,"Jabón en barra azul (Compra)",null,null,null,null,6644,0,{"$f":"IF($D645=\"Servicio\",SUMIF('Resumen - CSV'!$D:$D,$E645,'Resumen - CSV'!$G:$G),SUMIF('Detalle Bienes de Aseo y Caf'!$A:$A,$E645,'Detalle Bienes de Aseo y Caf'!$E:$E))","v":0},1,0,"10Jabón en barra azul (Compra)"]
["10INTERASEO SAS ESPJabón en barra azul (Compra)",10,"INTERASEO SAS ESP","Bien",6,"Jabón en barra azul (Compra)",null,null,null,null,1978,0,{"$f":"IF($D646=\"Servicio\",SUMIF('Resumen - CSV'!$D:$D,$E646,'Resumen - CSV'!$G:$G),SUMIF('Detalle Bienes de Aseo y Caf'!$A:$A,$E646,'Detalle Bienes de Aseo y Caf'!$E:$E))","v":0},1,0,"10Jabón en barra azul (Compra)"]
["10LIMPIEZA INSTITUCIONAL LASU S.A.S.Jabón en barra azul (Compra)",10,"LIMPIEZA INSTITUCIONAL LASU S.A.S.","Bien",6,"Jabón en barra azul (Compra)",null,null,null,null,2438,0,{"$f":"IF($D647=\"Servicio\",SUMIF('Resumen - CSV'!$D:$D,$E647,'Resumen - CSV'!$G:$G),SUMIF('Detalle Bienes de Aseo y Caf'!$A:$A,$E647,'Detalle Bienes de Aseo y Caf'!$E:$E))","v":0},1,0,"10Jabón en barra azul (Compra)"]
["10SERVIASEO S.AJabón en barra azul (Compra)",10,"SERVIASEO S.A","Bien",6,"Jabón en barra azul (Compra)",null,null,null,null,3709,0,{"$f":"IF($D648=\"Servicio\",SUMIF('Resumen - CSV'!$D:$D,$E648,'Resumen - CSV'!$G:$G),SUMIF('Detalle Bienes de Aseo y Caf'!$A:$A,$E648,'Detalle Bienes de Aseo y Caf'!$E:$E))","v":0},1,0,"10Jabón en barra azul (Compra)"]
["10SERVITALENTOSJabón en barra azul (Compra)",10,"SERVITALENTOS","Bien",6,"Jabón en barra azul (Compra)",null,null,null,null,4965,0,{"$f":"IF($D649=\"Servicio\",SUMIF('Resumen - CSV'!$D:$D,$E649,'Resumen - CSV'!$G:$G),SUMIF('Detalle Bienes de Aseo y Caf'!$A:$A,$E649,'Detalle Bienes de Aseo y Caf'!$E:$E))","v":0},1,0,"10Jabón en barra azul (Compra)"]
["10SOSEGE SASJabón en barra azul (Compra)",10,"SOSEGE SAS","Bien",6,"Jabón en barra azul (Compra)",null,null,null,null,5133,0,{"$f":"IF($D650=\"Servicio\",SUMIF('Resumen - CSV'!$D:$D,$E650,'Resumen - CSV'!$G:$G),SUMIF('Detalle Bienes de Aseo y Caf'!$A:$A,$E650,'Detalle Bienes de Aseo y Caf'!$E:$E))","v":0},1,0,"10Jabón en barra azul (Compra)"]
["10UNION  TEMPORAL LADOINSA 2022Jabón en barra azul (Compra)",10,"UNION  TEMPORAL LADOINSA 2022","Bien",6,"Jabón en barra azul (Compra)",null,null,null,null,4450,0,{"$f":"IF($D651=\"Servicio\",SUMIF('Resumen - CSV'!$D:$D,$E651,'Resumen - CSV'!$G:$G),SUMIF('Detalle Bienes de Aseo y Caf'!$A:$A,$E651,'Detalle Bienes de Aseo y Caf'!$E:$E))","v":0},1,0,"10Jabón en barra azul (Compra)"]
["10UNIÓN TEMPORAL ASEO COLOMBIA AMP4Jabón en barra azul (Compra)",10,"UNIÓN TEMPORAL ASEO COLOMBIA AMP4","Bien",6,"Jabón en barra azul (Compra)",null,null,null,null,2556,0,{"$f":"IF($D652=\"Servicio\",SUMIF('Resumen - CSV'!$D:$D,$E652,'Resumen - CSV'!$G:$G),SUMIF('Detalle Bienes de Aseo y Caf'!$A:$A,$E652,'Detalle Bienes de Aseo y Caf'!$E:$E))","v":0},1,0,"10Jabón en barra azul (Compra)"]
["10UNIÓN TEMPORAL CCE AMP IV 2022Jabón en barra azul (Compra)",10,"UNIÓN TEMPORAL CCE AMP IV 2022","Bien",6,"Jabón en barra azul (Compra)",null,null,null,null,4384,0,{"$f":"IF($D653=\"Servicio\",SUMIF('Resumen - CSV'!$D:$D,$E653,'Resumen - CSV'!$G:$G),SUMIF('Detalle Bienes de Aseo y Caf'!$A:$A,$E653,'Detalle Bienes de Aseo y Caf'!$E:$E))","v":0},1,0,"10Jabón en barra azul (Compra)"]
["10UNION TEMPORAL CLEAN COLOMBIAJabón en barra azul (Compra)",10,"UNION TEMPORAL CLEAN COLOMBIA","Bien",6,"Jabón en barra azul (Compra)",null,null,null,null,3782,0,{"$f":"IF($D654=\"Servicio\",SUMIF('Resumen - CSV'!$D:$D,$E654,'Resumen - CSV'!$G:$G),SUMIF('Detalle Bienes de Aseo y Caf'!$A:$A,$E654,'Detalle Bienes de Aseo y Caf'!$E:$E))","v":0},1,0,"10Jabón en barra azul (Compra)"]
["10UNION TEMPORAL ECOLIMPIEZA 4GJabón en barra azul (Compra)",10,"UNION TEMPORAL ECOLIMPIEZA 4G","Bien",6,"Jabón en barra azul (Compra)",null,null,null,null,2870,0,{"$f":"IF($D655=\"Servicio\",SUMIF('Resumen - CSV'!$D:$D,$E655,'Resumen - CSV'!$G:$G),SUMIF('Detalle Bienes de Aseo y Caf'!$A:$A,$E655,'Detalle Bienes de Aseo y Caf'!$E:$E))","v":0},1,0,"10Jabón en barra azul (Compra)"]
["10UNIÓN TEMPORAL EMINSER SOLOASEO 2023Jabón en barra azul (Compra)",10,"UNIÓN TEMPORAL EMINSER SOLOASEO 2023","Bien",6,"Jabón en barra azul (Compra)",null,null,null,null,3832,0,{"$f":"IF($D656=\"Servicio\",SUMIF('Resumen - CSV'!$D:$D,$E656,'Resumen - CSV'!$G:$G),SUMIF('Detalle Bienes de Aseo y Caf'!$A:$A,$E656,'Detalle Bienes de Aseo y Caf'!$E:$E))","v":0},1,0,"10Jabón en barra azul (Compra)"]
["10UNION TEMPORAL OUTSOURCING GIAFJabón en barra azul (Compra)",10,"UNION TEMPORAL OUTSOURCING GIAF","Bien",6,"Jabón en barra azul (Compra)",null,null,null,null,3347,0,{"$f":"IF($D657=\"Servicio\",SUMIF('Resumen - CSV'!$D:$D,$E657,'Resumen - CSV'!$G:$G),SUMIF('Detalle Bienes de Aseo y Caf'!$A:$A,$E657,'Detalle Bienes de Aseo y Caf'!$E:$E))","v":0},1,0,"10Jabón en barra azul (Compra)"]
["10UNION TEMPORAL R&J 2022Jabón en barra azul (Compra)",10,"UNION TEMPORAL R&J 2022","Bien",6,"Jabón en barra azul (Compra)",null,null,null,null,3153,0,{"$f":"IF($D658=\"Servicio\",SUMIF('Resumen - CSV'!$D:$D,$E658,'Resumen - CSV'!$G:$G),SUMIF('Detalle Bienes de Aseo y Caf'!$A:$A,$E658,'Detalle Bienes de Aseo y Caf'!$E:$E))","v":0},1,0,"10Jabón en barra azul (Compra)"]
["10UNION TEMPORAL SERVICIOS INTEGRALESJabón en barra azul (Compra)",10,"UNION TEMPORAL SERVICIOS INTEGRALES","Bien",6,"Jabón en barra azul (Compra)",null,null,null,null,4994,0,{"$f":"IF($D659=\"Servicio\",SUMIF('Resumen - CSV'!$D:$D,$E659,'Resumen - CSV'!$G:$G),SUMIF('Detalle Bienes de Aseo y Caf'!$A:$A,$E659,'Detalle Bienes de Aseo y Caf'!$E:$E))","v":0},1,0,"10Jabón en barra azul (Compra)"]
["10UT EASYCLEAN ASEO PROFESIONALJabón en barra azul (Compra)",10,"UT EASYCLEAN ASEO PROFESIONAL","Bien",6,"Jabón en barra azul (Compra)",null,null,null,null,5024,0,{"$f":"IF($D660=\"Servicio\",SUMIF('Resumen - CSV'!$D:$D,$E660,'Resumen - CSV'!$G:$G),SUMIF('Detalle Bienes de Aseo y Caf'!$A:$A,$E660,'Detalle Bienes de Aseo y Caf'!$E:$E))","v":0},1,0,"10Jabón en barra azul (Compra)"]
["10UT GRUPO ADINJabón en barra azul (Compra)",10,"UT GRUPO ADIN","Bien",6,"Jabón en barra azul (Compra)",null,null,null,null,3090,0,{"$f":"IF($D661=\"Servicio\",SUMIF('Resumen - CSV'!$D:$D,$E661,'Resumen - CSV'!$G:$G),SUMIF('Detalle Bienes de Aseo y Caf'!$A:$A,$E661,'Detalle Bienes de Aseo y Caf'!$E:$E))","v":0},1,0,"10Jabón en barra azul (Compra)"]
["10ASECOLBAS LTDAJabón abrasivo (Compra)",10,"ASECOLBAS LTDA","Bien",7,"Jabón abrasivo (Compra)",null,null,null,null,4367,17468,{"$f":"IF($D662=\"Servicio\",SUMIF('Resumen - CSV'!$D:$D,$E662,'Resumen - CSV'!$G:$G),SUMIF('Detalle Bienes de Aseo y Caf'!$A:$A,$E662,'Detalle Bienes de Aseo y Caf'!$E:$E))","v":4},1,17468,"10Jabón abrasivo (Compra)"]
["10CLEANER S.A.Jabón abrasivo (Compra)",10,"CLEANER S.A.","Bien",7,"Jabón abrasivo (Compra)",null,null,null,null,3672,14688,{"$f":"IF($D663=\"Servicio\",SUMIF('Resumen - CSV'!$D:$D,$E663,'Resumen - CSV'!$G:$G),SUMIF('Detalle Bienes de Aseo y Caf'!$A:$A,$E663,'Detalle Bienes de Aseo y Caf'!$E:$E))","v":4},1,14688,"10Jabón abrasivo (Compra)"]
["10CONSERJES INMOBILIARIOS LTDAJabón abrasivo (Compra)",10,"CONSERJES INMOBILIARIOS LTDA","Bien",7,"Jabón abrasivo (Compra)",null,null,null,null,4419,17676,{"$f":"IF($D664=\"Servicio\",SUMIF('Resumen - CSV'!$D:$D,$E664,'Resumen - CSV'!$G:$G),SUMIF('Detalle Bienes de Aseo y Caf'!$A:$A,$E664,'Detalle Bienes de Aseo y Caf'!$E:$E))","v":4},1,17676,"10Jabón abrasivo (Compra)"]
["10CONSORCIO ELITEJabón abrasivo (Compra)",10,"CONSORCIO ELITE","Bien",7,"Jabón abrasivo (Compra)",null,null,null,null,5553,22212,{"$f":"IF($D665=\"Servicio\",SUMIF('Resumen - CSV'!$D:$D,$E665,'Resumen - CSV'!$G:$G),SUMIF('Detalle Bienes de Aseo y Caf'!$A:$A,$E665,'Detalle Bienes de Aseo y Caf'!$E:$E))","v":4},1,22212,"10Jabón abrasivo (Compra)"]
["10CONSORCIO KIOSJabón abrasivo (Compra)",10,"CONSORCIO KIOS","Bien",7,"Jabón abrasivo (Compra)",null,null,null,null,5326,21304,{"$f":"IF($D666=\"Servicio\",SUMIF('Resumen - CSV'!$D:$D,$E666,'Resumen - CSV'!$G:$G),SUMIF('Detalle Bienes de Aseo y Caf'!$A:$A,$E666,'Detalle Bienes de Aseo y Caf'!$E:$E))","v":4},1,21304,"10Jabón abrasivo (Compra)"]
["10INCINERADOS DEL HUILAJabón abrasivo (Compra)",10,"INCINERADOS DEL HUILA","Bien",7,"Jabón abrasivo (Compra)",null,null,null,null,10496,41984,{"$f":"IF($D667=\"Servicio\",SUMIF('Resumen - CSV'!$D:$D,$E667,'Resumen - CSV'!$G:$G),SUMIF('Detalle Bienes de Aseo y Caf'!$A:$A,$E667,'Detalle Bienes de Aseo y Caf'!$E:$E))","v":4},1,41984,"10Jabón abrasivo (Compra)"]
["10INTERASEO SAS ESPJabón abrasivo (Compra)",10,"INTERASEO SAS ESP","Bien",7,"Jabón abrasivo (Compra)",null,null,null,null,3584,14336,{"$f":"IF($D668=\"Servicio\",SUMIF('Resumen - CSV'!$D:$D,$E668,'Resumen - CSV'!$G:$G),SUMIF('Detalle Bienes de Aseo y Caf'!$A:$A,$E668,'Detalle Bienes de Aseo y Caf'!$E:$E))","v":4},1,14336,"10Jabón abrasivo (Compra)"]
["10LIMPIEZA INSTITUCIONAL LASU S.A.S.Jabón abrasivo (Compra)",10,"LIMPIEZA INSTITUCIONAL LASU S.A.S.","Bien",7,"Jabón abrasivo (Compra)",null,null,null,null,4225,16900,{"$f":"IF($D669=\"Servicio\",SUMIF('Resumen - CSV'!$D:$D,$E669,'Resumen - CSV'!$G:$G),SUMIF('Detalle Bienes de Aseo y Caf'!$A:$A,$E669,'Detalle Bienes de Aseo y Caf'!$E:$E))","v":4},1,16900,"10Jabón abrasivo (Compra)"]
["10SERVIASEO S.AJabón abrasivo (Compra)",10,"SERVIASEO S.A","Bien",7,"Jabón abrasivo (Compra)",null,null,null,null,4945,19780,{"$f":"IF($D670=\"Servicio\",SUMIF('Resumen - CSV'!$D:$D,$E670,'Resumen - CSV'!$G:$G),SUMIF('Detalle Bienes de Aseo y Caf'!$A:$A,$E670,'Detalle Bienes de Aseo y Caf'!$E:$E))","v":4},1,19780,"10Jabón abrasivo (Compra)"]
["10SERVITALENTOSJabón abrasivo (Compra)",10,"SERVITALENTOS","Bien",7,"Jabón abrasivo (Compra)",null,null,null,null,5471,21884,{"$f":"IF($D671=\"Servicio\",SUMIF('Resumen - CSV'!$D:$D,$E671,'Resumen - CSV'!$G:$G),SUMIF('Detalle Bienes de Aseo y Caf'!$A:$A,$E671,'Detalle Bienes de Aseo y Caf'!$E:$E))","v":4},1,21884,"10Jabón abrasivo (Compra)"]
["10SOSEGE SASJabón abrasivo (Compra)",10,"SOSEGE SAS","Bien",7,"Jabón abrasivo (Compra)",null,null,null,null,3893,15572,{"$f":"IF($D672=\"Servicio\",SUMIF('Resumen - CSV'!$D:$D,$E672,'Resumen - CSV'!$G:$G),SUMIF('Detalle Bienes de Aseo y Caf'!$A:$A,$E672,'Detalle Bienes de Aseo y Caf'!$E:$E))","v":4},1,15572,"10Jabón abrasivo (Compra)"]
["10UNION  TEMPORAL LADOINSA 2022Jabón abrasivo (Compra)",10,"UNION  TEMPORAL LADOINSA 2022","Bien",7,"Jabón abrasivo (Compra)",null,null,null,null,4945,19780,{"$f":"IF($D673=\"Servicio\",SUMIF('Resumen - CSV'!$D:$D,$E673,'Resumen - CSV'!$G:$G),SUMIF('Detalle Bienes de Aseo y Caf'!$A:$A,$E673,'Detalle Bienes de Aseo y Caf'!$E:$E))","v":4},1,19780,"10Jabón abrasivo (Compra)"]
["10UNIÓN TEMPORAL ASEO COLOMBIA AMP4Jabón abrasivo (Compra)",10,"UNIÓN TEMPORAL ASEO COLOMBIA AMP4","Bien",7,"Jabón abrasivo (Compra)",null,null,null,null,3944,15776,{"$f":"IF($D674=\"Servicio\",SUMIF('Resumen - CSV'!$D:$D,$E674,'Resumen - CSV'!$G:$G),SUMIF('Detalle Bienes de Aseo y Caf'!$A:$A,$E674,'Detalle Bienes de Aseo y Caf'!$E:$E))","v":4},1,15776,"10Jabón abrasivo (Compra)"]
["10UNIÓN TEMPORAL CCE AMP IV 2022Jabón abrasivo (Compra)",10,"UNIÓN TEMPORAL CCE AMP IV 2022","Bien",7,"Jabón abrasivo (Compra)",null,null,null,null,5675,22700,{"$f":"IF($D675=\"Servicio\",SUMIF('Resumen - CSV'!$D:$D,$E675,'Resumen - CSV'!$G:$G),SUMIF('Detalle Bienes de Aseo y Caf'!$A:$A,$E675,'Detalle Bienes de Aseo y Caf'!$E:$E))","v":4},1,22700,"10Jabón abrasivo (Compra)"]
["10UNION TEMPORAL CLEAN COLOMBIAJabón abrasivo (Compra)",10,"UNION TEMPORAL CLEAN COLOMBIA","Bien",7,"Jabón abrasivo (Compra)",null,null,null,null,4168,16672,{"$f":"IF($D676=\"Servicio\",SUMIF('Resumen - CSV'!$D:$D,$E676,'Resumen - CSV'!$G:$G),SUMIF('Detalle Bienes de Aseo y Caf'!$A:$A,$E676,'Detalle Bienes de Aseo y Caf'!$E:$E))","v":4},1,16672,"10Jabón abrasivo (Compra)"]
["10UNION TEMPORAL ECOLIMPIEZA 4GJabón abrasivo (Compra)",10,"UNION TEMPORAL ECOLIMPIEZA 4G","Bien",7,"Jabón abrasivo (Compra)",null,null,null,null,4068,16272,{"$f":"IF($D677=\"Servicio\",SUMIF('Resumen - CSV'!$D:$D,$E677,'Resumen - CSV'!$G:$G),SUMIF('Detalle Bienes de Aseo y Caf'!$A:$A,$E677,'Detalle Bienes de Aseo y Caf'!$E:$E))","v":4},1,16272,"10Jabón abrasivo (Compra)"]
["10UNIÓN TEMPORAL EMINSER SOLOASEO 2023Jabón abrasivo (Compra)",10,"UNIÓN TEMPORAL EMINSER SOLOASEO 2023","Bien",7,"Jabón abrasivo (Compra)",null,null,null,null,4372,17488,{"$f":"IF($D678=\"Servicio\",SUMIF('Resumen - CSV'!$D:$D,$E678,'Resumen - CSV'!$G:$G),SUMIF('Detalle Bienes de Aseo y Caf'!$A:$A,$E678,'Detalle Bienes de Aseo y Caf'!$E:$E))","v":4},1,17488,"10Jabón abrasivo (Compra)"]
["10UNION TEMPORAL OUTSOURCING GIAFJabón abrasivo (Compra)",10,"UNION TEMPORAL OUTSOURCING GIAF","Bien",7,"Jabón abrasivo (Compra)",null,null,null,null,3446,13784,{"$f":"IF($D679=\"Servicio\",SUMIF('Resumen - CSV'!$D:$D,$E679,'Resumen - CSV'!$G:$G),SUMIF('Detalle Bienes de Aseo y Caf'!$A:$A,$E679,'Detalle Bienes de Aseo y Caf'!$E:$E))","v":4},1,13784,"10Jabón abrasivo (Compra)"]
["10UNION TEMPORAL R&J 2022Jabón abrasivo (Compra)",10,"UNION TEMPORAL R&J 2022","Bien",7,"Jabón abrasivo (Compra)",null,null,null,null,4265,17060,{"$f":"IF($D680=\"Servicio\",SUMIF('Resumen - CSV'!$D:$D,$E680,'Resumen - CSV'!$G:$G),SUMIF('Detalle Bienes de Aseo y Caf'!$A:$A,$E680,'Detalle Bienes de Aseo y Caf'!$E:$E))","v":4},1,17060,"10Jabón abrasivo (Compra)"]
["10UNION TEMPORAL SERVICIOS INTEGRALESJabón abrasivo (Compra)",10,"UNION TEMPORAL SERVICIOS INTEGRALES","Bien",7,"Jabón abrasivo (Compra)",null,null,null,null,5538,22152,{"$f":"IF($D681=\"Servicio\",SUMIF('Resumen - CSV'!$D:$D,$E681,'Resumen - CSV'!$G:$G),SUMIF('Detalle Bienes de Aseo y Caf'!$A:$A,$E681,'Detalle Bienes de Aseo y Caf'!$E:$E))","v":4},1,22152,"10Jabón abrasivo (Compra)"]
["10UT EASYCLEAN ASEO PROFESIONALJabón abrasivo (Compra)",10,"UT EASYCLEAN ASEO PROFESIONAL","Bien",7,"Jabón abrasivo (Compra)",null,null,null,null,5537,22148,{"$f":"IF($D682=\"Servicio\",SUMIF('Resumen - CSV'!$D:$D,$E682,'Resumen - CSV'!$G:$G),SUMIF('Detalle Bienes de Aseo y Caf'!$A:$A,$E682,'Detalle Bienes de Aseo y Caf'!$E:$E))","v":4},1,22148,"10Jabón abrasivo (Compra)"]
["10UT GRUPO ADINJabón abrasivo (Compra)",10,"UT GRUPO ADIN","Bien",7,"Jabón abrasivo (Compra)",null,null,null,null,4355,17420,{"$f":"IF($D683=\"Servicio\",SUMIF('Resumen - CSV'!$D:$D,$E683,'Resumen - CSV'!$G:$G),SUMIF('Detalle Bienes de Aseo y Caf'!$A:$A,$E683,'Detalle Bienes de Aseo y Caf'!$E:$E))","v":4},1,17420,"10Jabón abrasivo (Compra)"]
["10ASECOLBAS LTDAJabón de tocador 1 (Compra)",10,"ASECOLBAS LTDA","Bien",8,"Jabón de tocador 1 (Compra)",null,null,null,null,7702,0,{"$f":"IF($D684=\"Servicio\",SUMIF('Resumen - CSV'!$D:$D,$E684,'Resumen - CSV'!$G:$G),SUMIF('Detalle Bienes de Aseo y Caf'!$A:$A,$E684,'Detalle Bienes de Aseo y Caf'!$E:$E))","v":0},1,0,"10Jabón de tocador 1 (Compra)"]
["10CLEANER S.A.Jabón de tocador 1 (Compra)",10,"CLEANER S.A.","Bien",8,"Jabón de tocador 1 (Compra)",null,null,null,null,2791,0,{"$f":"IF($D685=\"Servicio\",SUMIF('Resumen - CSV'!$D:$D,$E685,'Resumen - CSV'!$G:$G),SUMIF('Detalle Bienes de Aseo y Caf'!$A:$A,$E685,'Detalle Bienes de Aseo y Caf'!$E:$E))","v":0},1,0,"10Jabón de tocador 1 (Compra)"]
["10CONSERJES INMOBILIARIOS LTDAJabón de tocador 1 (Compra)",10,"CONSERJES INMOBILIARIOS LTDA","Bien",8,"Jabón de tocador 1 (Compra)",null,null,null,null,7611,0,{"$f":"IF($D686=\"Servicio\",SUMIF('Resumen - CSV'!$D:$D,$E686,'Resumen - CSV'!$G:$G),SUMIF('Detalle Bienes de Aseo y Caf'!$A:$A,$E686,'Detalle Bienes de Aseo y Caf'!$E:$E))","v":0},1,0,"10Jabón de tocador 1 (Compra)"]
["10CONSORCIO ELITEJabón de tocador 1 (Compra)",10,"CONSORCIO ELITE","Bien",8,"Jabón de tocador 1 (Compra)",null,null,null,null,5275,0,{"$f":"IF($D687=\"Servicio\",SUMIF('Resumen - CSV'!$D:$D,$E687,'Resumen - CSV'!$G:$G),SUMIF('Detalle Bienes de Aseo y Caf'!$A:$A,$E687,'Detalle Bienes de Aseo y Caf'!$E:$E))","v":0},1,0,"10Jabón de tocador 1 (Compra)"]
["10CONSORCIO KIOSJabón de tocador 1 (Compra)",10,"CONSORCIO KIOS","Bien",8,"Jabón de tocador 1 (Compra)",null,null,null,null,3803,0,{"$f":"IF($D688=\"Servicio\",SUMIF('Resumen - CSV'!$D:$D,$E688,'Resumen - CSV'!$G:$G),SUMIF('Detalle Bienes de Aseo y Caf'!$A:$A,$E688,'Detalle Bienes de Aseo y Caf'!$E:$E))","v":0},1,0,"10Jabón de tocador 1 (Compra)"]
["10INCINERADOS DEL HUILAJabón de tocador 1 (Compra)",10,"INCINERADOS DEL HUILA","Bien",8,"Jabón de tocador 1 (Compra)",null,null,null,null,5601,0,{"$f":"IF($D689=\"Servicio\",SUMIF('Resumen - CSV'!$D:$D,$E689,'Resumen - CSV'!$G:$G),SUMIF('Detalle Bienes de Aseo y Caf'!$A:$A,$E689,'Detalle Bienes de Aseo y Caf'!$E:$E))","v":0},1,0,"10Jabón de tocador 1 (Compra)"]
["10INTERASEO SAS ESPJabón de tocador 1 (Compra)",10,"INTERASEO SAS ESP","Bien",8,"Jabón de tocador 1 (Compra)",null,null,null,null,2843,0,{"$f":"IF($D690=\"Servicio\",SUMIF('Resumen - CSV'!$D:$D,$E690,'Resumen - CSV'!$G:$G),SUMIF('Detalle Bienes de Aseo y Caf'!$A:$A,$E690,'Detalle Bienes de Aseo y Caf'!$E:$E))","v":0},1,0,"10Jabón de tocador 1 (Compra)"]
["10LIMPIEZA INSTITUCIONAL LASU S.A.S.Jabón de tocador 1 (Compra)",10,"LIMPIEZA INSTITUCIONAL LASU S.A.S.","Bien",8,"Jabón de tocador 1 (Compra)",null,null,null,null,2370,0,{"$f":"IF($D691=\"Servicio\",SUMIF('Resumen - CSV'!$D:$D,$E691,'Resumen - CSV'!$G:$G),SUMIF('Detalle Bienes de Aseo y Caf'!$A:$A,$E691,'Detalle Bienes de Aseo y Caf'!$E:$E))","v":0},1,0,"10Jabón de tocador 1 (Compra)"]
["10SERVIASEO S.AJabón de tocador 1 (Compra)",10,"SERVIASEO S.A","Bien",8,"Jabón de tocador 1 (Compra)",null,null,null,null,3214,0,{"$f":"IF($D692=\"Servicio\",SUMIF('Resumen - CSV'!$D:$D,$E692,'Resumen - CSV'!$G:$G),SUMIF('Detalle Bienes de Aseo y Caf'!$A:$A,$E692,'Detalle Bienes de Aseo y Caf'!$E:$E))","v":0},1,0,"10Jabón de tocador 1 (Compra)"]
["10SERVITALENTOSJabón de tocador 1 (Compra)",10,"SERVITALENTOS","Bien",8,"Jabón de tocador 1 (Compra)",null,null,null,null,5197,0,{"$f":"IF($D693=\"Servicio\",SUMIF('Resumen - CSV'!$D:$D,$E693,'Resumen - CSV'!$G:$G),SUMIF('Detalle Bienes de Aseo y Caf'!$A:$A,$E693,'Detalle Bienes de Aseo y Caf'!$E:$E))","v":0},1,0,"10Jabón de tocador 1 (Compra)"]
["10SOSEGE SASJabón de tocador 1 (Compra)",10,"SOSEGE SAS","Bien",8,"Jabón de tocador 1 (Compra)",null,null,null,null,3119,0,{"$f":"IF($D694=\"Servicio\",SUMIF('Resumen - CSV'!$D:$D,$E694,'Resumen - CSV'!$G:$G),SUMIF('Detalle Bienes de Aseo y Caf'!$A:$A,$E694,'Detalle Bienes de Aseo y Caf'!$E:$E))","v":0},1,0,"10Jabón de tocador 1 (Compra)"]
["10UNION  TEMPORAL LADOINSA 2022Jabón de tocador 1 (Compra)",10,"UNION  TEMPORAL LADOINSA 2022","Bien",8,"Jabón de tocador 1 (Compra)",null,null,null,null,5562,0,{"$f":"IF($D695=\"Servicio\",SUMIF('Resumen - CSV'!$D:$D,$E695,'Resumen - CSV'!$G:$G),SUMIF('Detalle Bienes de Aseo y Caf'!$A:$A,$E695,'Detalle Bienes de Aseo y Caf'!$E:$E))","v":0},1,0,"10Jabón de tocador 1 (Compra)"]
["10UNIÓN TEMPORAL ASEO COLOMBIA AMP4Jabón de tocador 1 (Compra)",10,"UNIÓN TEMPORAL ASEO COLOMBIA AMP4","Bien",8,"Jabón de tocador 1 (Compra)",null,null,null,null,2843,0,{"$f":"IF($D696=\"Servicio\",SUMIF('Resumen - CSV'!$D:$D,$E696,'Resumen - CSV'!$G:$G),SUMIF('Detalle Bienes de Aseo y Caf'!$A:$A,$E696,'Detalle Bienes de Aseo y Caf'!$E:$E))","v":0},1,0,"10Jabón de tocador 1 (Compra)"]
["10UNIÓN TEMPORAL CCE AMP IV 2022Jabón de tocador 1 (Compra)",10,"UNIÓN TEMPORAL CCE AMP IV 2022","Bien",8,"Jabón de tocador 1 (Compra)",null,null,null,null,4590,0,{"$f":"IF($D697=\"Servicio\",SUMIF('Resumen - CSV'!$D:$D,$E697,'Resumen - CSV'!$G:$G),SUMIF('Detalle Bienes de Aseo y Caf'!$A:$A,$E697,'Detalle Bienes de Aseo y Caf'!$E:$E))","v":0},1,0,"10Jabón de tocador 1 (Compra)"]
["10UNION TEMPORAL CLEAN COLOMBIAJabón de tocador 1 (Compra)",10,"UNION TEMPORAL CLEAN COLOMBIA","Bien",8,"Jabón de tocador 1 (Compra)",null,null,null,null,3959,0,{"$f":"IF($D698=\"Servicio\",SUMIF('Resumen - CSV'!$D:$D,$E698,'Resumen - CSV'!$G:$G),SUMIF('Detalle Bienes de Aseo y Caf'!$A:$A,$E698,'Detalle Bienes de Aseo y Caf'!$E:$E))","v":0},1,0,"10Jabón de tocador 1 (Compra)"]
["10UNION TEMPORAL ECOLIMPIEZA 4GJabón de tocador 1 (Compra)",10,"UNION TEMPORAL ECOLIMPIEZA 4G","Bien",8,"Jabón de tocador 1 (Compra)",null,null,null,null,2656,0,{"$f":"IF($D699=\"Servicio\",SUMIF('Resumen - CSV'!$D:$D,$E699,'Resumen - CSV'!$G:$G),SUMIF('Detalle Bienes de Aseo y Caf'!$A:$A,$E699,'Detalle Bienes de Aseo y Caf'!$E:$E))","v":0},1,0,"10Jabón de tocador 1 (Compra)"]
["10UNIÓN TEMPORAL EMINSER SOLOASEO 2023Jabón de tocador 1 (Compra)",10,"UNIÓN TEMPORAL EMINSER SOLOASEO 2023","Bien",8,"Jabón de tocador 1 (Compra)",null,null,null,null,2955,0,{"$f":"IF($D700=\"Servicio\",SUMIF('Resumen - CSV'!$D:$D,$E700,'Resumen - CSV'!$G:$G),SUMIF('Detalle Bienes de Aseo y Caf'!$A:$A,$E700,'Detalle Bienes de Aseo y Caf'!$E:$E))","v":0},1,0,"10Jabón de tocador 1 (Compra)"]
["10UNION TEMPORAL OUTSOURCING GIAFJabón de tocador 1 (Compra)",10,"UNION TEMPORAL OUTSOURCING GIAF","Bien",8,"Jabón de tocador 1 (Compra)",null,null,null,null,3157,0,{"$f":"IF($D701=\"Servicio\",SUMIF('Resumen - CSV'!$D:$D,$E701,'Resumen - CSV'!$G:$G),SUMIF('Detalle Bienes de Aseo y Caf'!$A:$A,$E701,'Detalle Bienes de Aseo y Caf'!$E:$E))","v":0},1,0,"10Jabón de tocador 1 (Compra)"]
["10UNION TEMPORAL R&J 2022Jabón de tocador 1 (Compra)",10,"UNION TEMPORAL R&J 2022","Bien",8,"Jabón de tocador 1 (Compra)",null,null,null,null,2967,0,{"$f":"IF($D702=\"Servicio\",SUMIF('Resumen - CSV'!$D:$D,$E702,'Resumen - CSV'!$G:$G),SUMIF('Detalle Bienes de Aseo y Caf'!$A:$A,$E702,'Detalle Bienes de Aseo y Caf'!$E:$E))","v":0},1,0,"10Jabón de tocador 1 (Compra)"]
["10UNION TEMPORAL SERVICIOS INTEGRALESJabón de tocador 1 (Compra)",10,"UNION TEMPORAL SERVICIOS INTEGRALES","Bien",8,"Jabón de tocador 1 (Compra)",null,null,null,null,5254,0,{"$f":"IF($D703=\"Servicio\",SUMIF('Resumen - CSV'!$D:$D,$E703,'Resumen - CSV'!$G:$G),SUMIF('Detalle Bienes de Aseo y Caf'!$A:$A,$E703,'Detalle Bienes de Aseo y Caf'!$E:$E))","v":0},1,0,"10Jabón de tocador 1 (Compra)"]
["10UT EASYCLEAN ASEO PROFESIONALJabón de tocador 1 (Compra)",10,"UT EASYCLEAN ASEO PROFESIONAL","Bien",8,"Jabón de tocador 1 (Compra)",null,null,null,null,5259,0,{"$f":"IF($D704=\"Servicio\",SUMIF('Resumen - CSV'!$D:$D,$E704,'Resumen - CSV'!$G:$G),SUMIF('Detalle Bienes de Aseo y Caf'!$A:$A,$E704,'Detalle Bienes de Aseo y Caf'!$E:$E))","v":0},1,0,"10Jabón de tocador 1 (Compra)"]
["10UT GRUPO ADINJabón de tocador 1 (Compra)",10,"UT GRUPO ADIN","Bien",8,"Jabón de tocador 1 (Compra)",null,null,null,null,3940,0,{"$f":"IF($D705=\"Servicio\",SUMIF('Resumen - CSV'!$D:$D,$E705,'Resumen - CSV'!$G:$G),SUMIF('Detalle Bienes de Aseo y Caf'!$A:$A,$E705,'Detalle Bienes de Aseo y Caf'!$E:$E))","v":0},1,0,"10Jabón de tocador 1 (Compra)"]
["10ASECOLBAS LTDAJabón de tocador 2 (Compra)",10,"ASECOLBAS LTDA","Bien",9,"Jabón de tocador 2 (Compra)",null,null,null,null,97161,0,{"$f":"IF($D706=\"Servicio\",SUMIF('Resumen - CSV'!$D:$D,$E706,'Resumen - CSV'!$G:$G),SUMIF('Detalle Bienes de Aseo y Caf'!$A:$A,$E706,'Detalle Bienes de Aseo y Caf'!$E:$E))","v":0},1,0,"10Jabón de tocador 2 (Compra)"]
["10CLEANER S.A.Jabón de tocador 2 (Compra)",10,"CLEANER S.A.","Bien",9,"Jabón de tocador 2 (Compra)",null,null,null,null,65211,{"$f":"IF($D707=\"Bien\",$K707*$M707,\"\")","v":0},{"$f":"IF($D707=\"Servicio\",SUMIF('Resumen - CSV'!$D:$D,$E707,'Resumen - CSV'!$G:$G),SUMIF('Detalle Bienes de Aseo y Caf'!$A:$A,$E707,'Detalle Bienes de Aseo y Caf'!$E:$E))","v":0},1,{"$f":"$K707*M707*N707","v":0},"10Jabón de tocador 2 (Compra)"]
["10CONSERJES INMOBILIARIOS LTDAJabón de tocador 2 (Compra)",10,"CONSERJES INMOBILIARIOS LTDA","Bien",9,"Jabón de tocador 2 (Compra)",null,null,null,null,98322,0,{"$f":"IF($D708=\"Servicio\",SUMIF('Resumen - CSV'!$D:$D,$E708,'Resumen - CSV'!$G:$G),SUMIF('Detalle Bienes de Aseo y Caf'!$A:$A,$E708,'Detalle Bienes de Aseo y Caf'!$E:$E))","v":0},1,0,"10Jabón de tocador 2 (Compra)"]
["10CONSORCIO ELITEJabón de tocador 2 (Compra)",10,"CONSORCIO ELITE","Bien",9,"Jabón de tocador 2 (Compra)",null,null,null,null,122081,0,{"$f":"IF($D709=\"Servicio\",SUMIF('Resumen - CSV'!$D:$D,$E709,'Resumen - CSV'!$G:$G),SUMIF('Detalle Bienes de Aseo y Caf'!$A:$A,$E709,'Detalle Bienes de Aseo y Caf'!$E:$E))","v":0},1,0,"10Jabón de tocador 2 (Compra)"]
["10CONSORCIO KIOSJabón de tocador 2 (Compra)",10,"CONSORCIO KIOS","Bien",9,"Jabón de tocador 2 (Compra)",null,null,null,null,94975,0,{"$f":"IF($D710=\"Servicio\",SUMIF('Resumen - CSV'!$D:$D,$E710,'Resumen - CSV'!$G:$G),SUMIF('Detalle Bienes de Aseo y Caf'!$A:$A,$E710,'Detalle Bienes de Aseo y Caf'!$E:$E))","v":0},1,0,"10Jabón de tocador 2 (Compra)"]
["10INCINERADOS DEL HUILAJabón de tocador 2 (Compra)",10,"INCINERADOS DEL HUILA","Bien",9,"Jabón de tocador 2 (Compra)",null,null,null,null,145874,0,{"$f":"IF($D711=\"Servicio\",SUMIF('Resumen - CSV'!$D:$D,$E711,'Resumen - CSV'!$G:$G),SUMIF('Detalle Bienes de Aseo y Caf'!$A:$A,$E711,'Detalle Bienes de Aseo y Caf'!$E:$E))","v":0},1,0,"10Jabón de tocador 2 (Compra)"]
["10INTERASEO SAS ESPJabón de tocador 2 (Compra)",10,"INTERASEO SAS ESP","Bien",9,"Jabón de tocador 2 (Compra)",null,null,null,null,34613,0,{"$f":"IF($D712=\"Servicio\",SUMIF('Resumen - CSV'!$D:$D,$E712,'Resumen - CSV'!$G:$G),SUMIF('Detalle Bienes de Aseo y Caf'!$A:$A,$E712,'Detalle Bienes de Aseo y Caf'!$E:$E))","v":0},1,0,"10Jabón de tocador 2 (Compra)"]
["10LIMPIEZA INSTITUCIONAL LASU S.A.S.Jabón de tocador 2 (Compra)",10,"LIMPIEZA INSTITUCIONAL LASU S.A.S.","Bien",9,"Jabón de tocador 2 (Compra)",null,null,null,null,58557,0,{"$f":"IF($D713=\"Servicio\",SUMIF('Resumen - CSV'!$D:$D,$E713,'Resumen - CSV'!$G:$G),SUMIF('Detalle Bienes de Aseo y Caf'!$A:$A,$E713,'Detalle Bienes de Aseo y Caf'!$E:$E))","v":0},1,0,"10Jabón de tocador 2 (Compra)"]
["10SERVIASEO S.AJabón de tocador 2 (Compra)",10,"SERVIASEO S.A","Bien",9,"Jabón de tocador 2 (Compra)",null,null,null,null,74047,0,{"$f":"IF($D714=\"Servicio\",SUMIF('Resumen - CSV'!$D:$D,$E714,'Resumen - CSV'!$G:$G),SUMIF('Detalle Bienes de Aseo y Caf'!$A:$A,$E714,'Detalle Bienes de Aseo y Caf'!$E:$E))","v":0},1,0,"10Jabón de tocador 2 (Compra)"]
["10SERVITALENTOSJabón de tocador 2 (Compra)",10,"SERVITALENTOS","Bien",9,"Jabón de tocador 2 (Compra)",null,null,null,null,120260,0,{"$f":"IF($D715=\"Servicio\",SUMIF('Resumen - CSV'!$D:$D,$E715,'Resumen - CSV'!$G:$G),SUMIF('Detalle Bienes de Aseo y Caf'!$A:$A,$E715,'Detalle Bienes de Aseo y Caf'!$E:$E))","v":0},1,0,"10Jabón de tocador 2 (Compra)"]
["10SOSEGE SASJabón de tocador 2 (Compra)",10,"SOSEGE SAS","Bien",9,"Jabón de tocador 2 (Compra)",null,null,null,null,63047,0,{"$f":"IF($D716=\"Servicio\",SUMIF('Resumen - CSV'!$D:$D,$E716,'Resumen - CSV'!$G:$G),SUMIF('Detalle Bienes de Aseo y Caf'!$A:$A,$E716,'Detalle Bienes de Aseo y Caf'!$E:$E))","v":0},1,0,"10Jabón de tocador 2 (Compra)"]
["10UNION  TEMPORAL LADOINSA 2022Jabón de tocador 2 (Compra)",10,"UNION  TEMPORAL LADOINSA 2022","Bien",9,"Jabón de tocador 2 (Compra)",null,null,null,null,97287,0,{"$f":"IF($D717=\"Servicio\",SUMIF('Resumen - CSV'!$D:$D,$E717,'Resumen - CSV'!$G:$G),SUMIF('Detalle Bienes de Aseo y Caf'!$A:$A,$E717,'Detalle Bienes de Aseo y Caf'!$E:$E))","v":0},1,0,"10Jabón de tocador 2 (Compra)"]
["10UNIÓN TEMPORAL ASEO COLOMBIA AMP4Jabón de tocador 2 (Compra)",10,"UNIÓN TEMPORAL ASEO COLOMBIA AMP4","Bien",9,"Jabón de tocador 2 (Compra)",null,null,null,null,67095,0,{"$f":"IF($D718=\"Servicio\",SUMIF('Resumen - CSV'!$D:$D,$E718,'Resumen - CSV'!$G:$G),SUMIF('Detalle Bienes de Aseo y Caf'!$A:$A,$E718,'Detalle Bienes de Aseo y Caf'!$E:$E))","v":0},1,0,"10Jabón de tocador 2 (Compra)"]
["10UNIÓN TEMPORAL CCE AMP IV 2022Jabón de tocador 2 (Compra)",10,"UNIÓN TEMPORAL CCE AMP IV 2022","Bien",9,"Jabón de tocador 2 (Compra)",null,null,null,null,120038,0,{"$f":"IF($D719=\"Servicio\",SUMIF('Resumen - CSV'!$D:$D,$E719,'Resumen - CSV'!$G:$G),SUMIF('Detalle Bienes de Aseo y Caf'!$A:$A,$E719,'Detalle Bienes de Aseo y Caf'!$E:$E))","v":0},1,0,"10Jabón de tocador 2 (Compra)"]
["10UNION TEMPORAL CLEAN COLOMBIAJabón de tocador 2 (Compra)",10,"UNION TEMPORAL CLEAN COLOMBIA","Bien",9,"Jabón de tocador 2 (Compra)",null,null,null,null,91625,0,{"$f":"IF($D720=\"Servicio\",SUMIF('Resumen - CSV'!$D:$D,$E720,'Resumen - CSV'!$G:$G),SUMIF('Detalle Bienes de Aseo y Caf'!$A:$A,$E720,'Detalle Bienes de Aseo y Caf'!$E:$E))","v":0},1,0,"10Jabón de tocador 2 (Compra)"]
["10UNION TEMPORAL ECOLIMPIEZA 4GJabón de tocador 2 (Compra)",10,"UNION TEMPORAL ECOLIMPIEZA 4G","Bien",9,"Jabón de tocador 2 (Compra)",null,null,null,null,49447,0,{"$f":"IF($D721=\"Servicio\",SUMIF('Resumen - CSV'!$D:$D,$E721,'Resumen - CSV'!$G:$G),SUMIF('Detalle Bienes de Aseo y Caf'!$A:$A,$E721,'Detalle Bienes de Aseo y Caf'!$E:$E))","v":0},1,0,"10Jabón de tocador 2 (Compra)"]
["10UNIÓN TEMPORAL EMINSER SOLOASEO 2023Jabón de tocador 2 (Compra)",10,"UNIÓN TEMPORAL EMINSER SOLOASEO 2023","Bien",9,"Jabón de tocador 2 (Compra)",null,null,null,null,88263,0,{"$f":"IF($D722=\"Servicio\",SUMIF('Resumen - CSV'!$D:$D,$E722,'Resumen - CSV'!$G:$G),SUMIF('Detalle Bienes de Aseo y Caf'!$A:$A,$E722,'Detalle Bienes de Aseo y Caf'!$E:$E))","v":0},1,0,"10Jabón de tocador 2 (Compra)"]
["10UNION TEMPORAL OUTSOURCING GIAFJabón de tocador 2 (Compra)",10,"UNION TEMPORAL OUTSOURCING GIAF","Bien",9,"Jabón de tocador 2 (Compra)",null,null,null,null,58397,0,{"$f":"IF($D723=\"Servicio\",SUMIF('Resumen - CSV'!$D:$D,$E723,'Resumen - CSV'!$G:$G),SUMIF('Detalle Bienes de Aseo y Caf'!$A:$A,$E723,'Detalle Bienes de Aseo y Caf'!$E:$E))","v":0},1,0,"10Jabón de tocador 2 (Compra)"]
["10UNION TEMPORAL R&J 2022Jabón de tocador 2 (Compra)",10,"UNION TEMPORAL R&J 2022","Bien",9,"Jabón de tocador 2 (Compra)",null,null,null,null,51919,0,{"$f":"IF($D724=\"Servicio\",SUMIF('Resumen - CSV'!$D:$D,$E724,'Resumen - CSV'!$G:$G),SUMIF('Detalle Bienes de Aseo y Caf'!$A:$A,$E724,'Detalle Bienes de Aseo y Caf'!$E:$E))","v":0},1,0,"10Jabón de tocador 2 (Compra)"]
["10UNION TEMPORAL SERVICIOS INTEGRALESJabón de tocador 2 (Compra)",10,"UNION TEMPORAL SERVICIOS INTEGRALES","Bien",9,"Jabón de tocador 2 (Compra)",null,null,null,null,121467,0,{"$f":"IF($D725=\"Servicio\",SUMIF('Resumen - CSV'!$D:$D,$E725,'Resumen - CSV'!$G:$G),SUMIF('Detalle Bienes de Aseo y Caf'!$A:$A,$E725,'Detalle Bienes de Aseo y Caf'!$E:$E))","v":0},1,0,"10Jabón de tocador 2 (Compra)"]
["10UT EASYCLEAN ASEO PROFESIONALJabón de tocador 2 (Compra)",10,"UT EASYCLEAN ASEO PROFESIONAL","Bien",9,"Jabón de tocador 2 (Compra)",null,null,null,null,121703,0,{"$f":"IF($D726=\"Servicio\",SUMIF('Resumen - CSV'!$D:$D,$E726,'Resumen - CSV'!$G:$G),SUMIF('Detalle Bienes de Aseo y Caf'!$A:$A,$E726,'Detalle Bienes de Aseo y Caf'!$E:$E))","v":0},1,0,"10Jabón de tocador 2 (Compra)"]
["10UT GRUPO ADINJabón de tocador 2 (Compra)",10,"UT GRUPO ADIN","Bien",9,"Jabón de tocador 2 (Compra)",null,null,null,null,48211,0,{"$f":"IF($D727=\"Servicio\",SUMIF('Resumen - CSV'!$D:$D,$E727,'Resumen - CSV'!$G:$G),SUMIF('Detalle Bienes de Aseo y Caf'!$A:$A,$E727,'Detalle Bienes de Aseo y Caf'!$E:$E))","v":0},1,0,"10Jabón de tocador 2 (Compra)"]
["10ASECOLBAS LTDAJabón de dispensador para manos 1 (Compra)",10,"ASECOLBAS LTDA","Bien",10,"Jabón de dispensador para manos 1 (Compra)",null,null,null,null,5137,20548,{"$f":"IF($D728=\"Servicio\",SUMIF('Resumen - CSV'!$D:$D,$E728,'Resumen - CSV'!$G:$G),SUMIF('Detalle Bienes de Aseo y Caf'!$A:$A,$E728,'Detalle Bienes de Aseo y Caf'!$E:$E))","v":4},1,20548,"10Jabón de dispensador para manos 1 (Compra)"]
["10CLEANER S.A.Jabón de dispensador para manos 1 (Compra)",10,"CLEANER S.A.","Bien",10,"Jabón de dispensador para manos 1 (Compra)",null,null,null,null,5137,20548,{"$f":"IF($D729=\"Servicio\",SUMIF('Resumen - CSV'!$D:$D,$E729,'Resumen - CSV'!$G:$G),SUMIF('Detalle Bienes de Aseo y Caf'!$A:$A,$E729,'Detalle Bienes de Aseo y Caf'!$E:$E))","v":4},1,20548,"10Jabón de dispensador para manos 1 (Compra)"]
["10CONSERJES INMOBILIARIOS LTDAJabón de dispensador para manos 1 (Compra)",10,"CONSERJES INMOBILIARIOS LTDA","Bien",10,"Jabón de dispensador para manos 1 (Compra)",null,null,null,null,5076,20304,{"$f":"IF($D730=\"Servicio\",SUMIF('Resumen - CSV'!$D:$D,$E730,'Resumen - CSV'!$G:$G),SUMIF('Detalle Bienes de Aseo y Caf'!$A:$A,$E730,'Detalle Bienes de Aseo y Caf'!$E:$E))","v":4},1,20304,"10Jabón de dispensador para manos 1 (Compra)"]
["10CONSORCIO ELITEJabón de dispensador para manos 1 (Compra)",10,"CONSORCIO ELITE","Bien",10,"Jabón de dispensador para manos 1 (Compra)",null,null,null,null,6046,24184,{"$f":"IF($D731=\"Servicio\",SUMIF('Resumen - CSV'!$D:$D,$E731,'Resumen - CSV'!$G:$G),SUMIF('Detalle Bienes de Aseo y Caf'!$A:$A,$E731,'Detalle Bienes de Aseo y Caf'!$E:$E))","v":4},1,24184,"10Jabón de dispensador para manos 1 (Compra)"]
["10CONSORCIO KIOSJabón de dispensador para manos 1 (Compra)",10,"CONSORCIO KIOS","Bien",10,"Jabón de dispensador para manos 1 (Compra)",null,null,null,null,5043,20172,{"$f":"IF($D732=\"Servicio\",SUMIF('Resumen - CSV'!$D:$D,$E732,'Resumen - CSV'!$G:$G),SUMIF('Detalle Bienes de Aseo y Caf'!$A:$A,$E732,'Detalle Bienes de Aseo y Caf'!$E:$E))","v":4},1,20172,"10Jabón de dispensador para manos 1 (Compra)"]
["10INCINERADOS DEL HUILAJabón de dispensador para manos 1 (Compra)",10,"INCINERADOS DEL HUILA","Bien",10,"Jabón de dispensador para manos 1 (Compra)",null,null,null,null,16517,66068,{"$f":"IF($D733=\"Servicio\",SUMIF('Resumen - CSV'!$D:$D,$E733,'Resumen - CSV'!$G:$G),SUMIF('Detalle Bienes de Aseo y Caf'!$A:$A,$E733,'Detalle Bienes de Aseo y Caf'!$E:$E))","v":4},1,66068,"10Jabón de dispensador para manos 1 (Compra)"]
["10INTERASEO SAS ESPJabón de dispensador para manos 1 (Compra)",10,"INTERASEO SAS ESP","Bien",10,"Jabón de dispensador para manos 1 (Compra)",null,null,null,null,4326,17304,{"$f":"IF($D734=\"Servicio\",SUMIF('Resumen - CSV'!$D:$D,$E734,'Resumen - CSV'!$G:$G),SUMIF('Detalle Bienes de Aseo y Caf'!$A:$A,$E734,'Detalle Bienes de Aseo y Caf'!$E:$E))","v":4},1,17304,"10Jabón de dispensador para manos 1 (Compra)"]
["10LIMPIEZA INSTITUCIONAL LASU S.A.S.Jabón de dispensador para manos 1 (Compra)",10,"LIMPIEZA INSTITUCIONAL LASU S.A.S.","Bien",10,"Jabón de dispensador para manos 1 (Compra)",null,null,null,null,2459,9836,{"$f":"IF($D735=\"Servicio\",SUMIF('Resumen - CSV'!$D:$D,$E735,'Resumen - CSV'!$G:$G),SUMIF('Detalle Bienes de Aseo y Caf'!$A:$A,$E735,'Detalle Bienes de Aseo y Caf'!$E:$E))","v":4},1,9836,"10Jabón de dispensador para manos 1 (Compra)"]
["10SERVIASEO S.AJabón de dispensador para manos 1 (Compra)",10,"SERVIASEO S.A","Bien",10,"Jabón de dispensador para manos 1 (Compra)",null,null,null,null,5439,21756,{"$f":"IF($D736=\"Servicio\",SUMIF('Resumen - CSV'!$D:$D,$E736,'Resumen - CSV'!$G:$G),SUMIF('Detalle Bienes de Aseo y Caf'!$A:$A,$E736,'Detalle Bienes de Aseo y Caf'!$E:$E))","v":4},1,21756,"10Jabón de dispensador para manos 1 (Compra)"]
["10SERVITALENTOSJabón de dispensador para manos 1 (Compra)",10,"SERVITALENTOS","Bien",10,"Jabón de dispensador para manos 1 (Compra)",null,null,null,null,5956,23824,{"$f":"IF($D737=\"Servicio\",SUMIF('Resumen - CSV'!$D:$D,$E737,'Resumen - CSV'!$G:$G),SUMIF('Detalle Bienes de Aseo y Caf'!$A:$A,$E737,'Detalle Bienes de Aseo y Caf'!$E:$E))","v":4},1,23824,"10Jabón de dispensador para manos 1 (Compra)"]
["10SOSEGE SASJabón de dispensador para manos 1 (Compra)",10,"SOSEGE SAS","Bien",10,"Jabón de dispensador para manos 1 (Compra)",null,null,null,null,4900,19600,{"$f":"IF($D738=\"Servicio\",SUMIF('Resumen - CSV'!$D:$D,$E738,'Resumen - CSV'!$G:$G),SUMIF('Detalle Bienes de Aseo y Caf'!$A:$A,$E738,'Detalle Bienes de Aseo y Caf'!$E:$E))","v":4},1,19600,"10Jabón de dispensador para manos 1 (Compra)"]
["10UNION  TEMPORAL LADOINSA 2022Jabón de dispensador para manos 1 (Compra)",10,"UNION  TEMPORAL LADOINSA 2022","Bien",10,"Jabón de dispensador para manos 1 (Compra)",null,null,null,null,5562,22248,{"$f":"IF($D739=\"Servicio\",SUMIF('Resumen - CSV'!$D:$D,$E739,'Resumen - CSV'!$G:$G),SUMIF('Detalle Bienes de Aseo y Caf'!$A:$A,$E739,'Detalle Bienes de Aseo y Caf'!$E:$E))","v":4},1,22248,"10Jabón de dispensador para manos 1 (Compra)"]
["10UNIÓN TEMPORAL ASEO COLOMBIA AMP4Jabón de dispensador para manos 1 (Compra)",10,"UNIÓN TEMPORAL ASEO COLOMBIA AMP4","Bien",10,"Jabón de dispensador para manos 1 (Compra)",null,null,null,null,5275,21100,{"$f":"IF($D740=\"Servicio\",SUMIF('Resumen - CSV'!$D:$D,$E740,'Resumen - CSV'!$G:$G),SUMIF('Detalle Bienes de Aseo y Caf'!$A:$A,$E740,'Detalle Bienes de Aseo y Caf'!$E:$E))","v":4},1,21100,"10Jabón de dispensador para manos 1 (Compra)"]
["10UNIÓN TEMPORAL CCE AMP IV 2022Jabón de dispensador para manos 1 (Compra)",10,"UNIÓN TEMPORAL CCE AMP IV 2022","Bien",10,"Jabón de dispensador para manos 1 (Compra)",null,null,null,null,5260,21040,{"$f":"IF($D741=\"Servicio\",SUMIF('Resumen - CSV'!$D:$D,$E741,'Resumen - CSV'!$G:$G),SUMIF('Detalle Bienes de Aseo y Caf'!$A:$A,$E741,'Detalle Bienes de Aseo y Caf'!$E:$E))","v":4},1,21040,"10Jabón de dispensador para manos 1 (Compra)"]
["10UNION TEMPORAL CLEAN COLOMBIAJabón de dispensador para manos 1 (Compra)",10,"UNION TEMPORAL CLEAN COLOMBIA","Bien",10,"Jabón de dispensador para manos 1 (Compra)",null,null,null,null,4538,18152,{"$f":"IF($D742=\"Servicio\",SUMIF('Resumen - CSV'!$D:$D,$E742,'Resumen - CSV'!$G:$G),SUMIF('Detalle Bienes de Aseo y Caf'!$A:$A,$E742,'Detalle Bienes de Aseo y Caf'!$E:$E))","v":4},1,18152,"10Jabón de dispensador para manos 1 (Compra)"]
["10UNION TEMPORAL ECOLIMPIEZA 4GJabón de dispensador para manos 1 (Compra)",10,"UNION TEMPORAL ECOLIMPIEZA 4G","Bien",10,"Jabón de dispensador para manos 1 (Compra)",null,null,null,null,3296,13184,{"$f":"IF($D743=\"Servicio\",SUMIF('Resumen - CSV'!$D:$D,$E743,'Resumen - CSV'!$G:$G),SUMIF('Detalle Bienes de Aseo y Caf'!$A:$A,$E743,'Detalle Bienes de Aseo y Caf'!$E:$E))","v":4},1,13184,"10Jabón de dispensador para manos 1 (Compra)"]
["10UNIÓN TEMPORAL EMINSER SOLOASEO 2023Jabón de dispensador para manos 1 (Compra)",10,"UNIÓN TEMPORAL EMINSER SOLOASEO 2023","Bien",10,"Jabón de dispensador para manos 1 (Compra)",null,null,null,null,4597,18388,{"$f":"IF($D744=\"Servicio\",SUMIF('Resumen - CSV'!$D:$D,$E744,'Resumen - CSV'!$G:$G),SUMIF('Detalle Bienes de Aseo y Caf'!$A:$A,$E744,'Detalle Bienes de Aseo y Caf'!$E:$E))","v":4},1,18388,"10Jabón de dispensador para manos 1 (Compra)"]
["10UNION TEMPORAL OUTSOURCING GIAFJabón de dispensador para manos 1 (Compra)",10,"UNION TEMPORAL OUTSOURCING GIAF","Bien",10,"Jabón de dispensador para manos 1 (Compra)",null,null,null,null,4102,16408,{"$f":"IF($D745=\"Servicio\",SUMIF('Resumen - CSV'!$D:$D,$E745,'Resumen - CSV'!$G:$G),SUMIF('Detalle Bienes de Aseo y Caf'!$A:$A,$E745,'Detalle Bienes de Aseo y Caf'!$E:$E))","v":4},1,16408,"10Jabón de dispensador para manos 1 (Compra)"]
["10UNION TEMPORAL R&J 2022Jabón de dispensador para manos 1 (Compra)",10,"UNION TEMPORAL R&J 2022","Bien",10,"Jabón de dispensador para manos 1 (Compra)",null,null,null,null,4636,18544,{"$f":"IF($D746=\"Servicio\",SUMIF('Resumen - CSV'!$D:$D,$E746,'Resumen - CSV'!$G:$G),SUMIF('Detalle Bienes de Aseo y Caf'!$A:$A,$E746,'Detalle Bienes de Aseo y Caf'!$E:$E))","v":4},1,18544,"10Jabón de dispensador para manos 1 (Compra)"]
["10UNION TEMPORAL SERVICIOS INTEGRALESJabón de dispensador para manos 1 (Compra)",10,"UNION TEMPORAL SERVICIOS INTEGRALES","Bien",10,"Jabón de dispensador para manos 1 (Compra)",null,null,null,null,6008,24032,{"$f":"IF($D747=\"Servicio\",SUMIF('Resumen - CSV'!$D:$D,$E747,'Resumen - CSV'!$G:$G),SUMIF('Detalle Bienes de Aseo y Caf'!$A:$A,$E747,'Detalle Bienes de Aseo y Caf'!$E:$E))","v":4},1,24032,"10Jabón de dispensador para manos 1 (Compra)"]
["10UT EASYCLEAN ASEO PROFESIONALJabón de dispensador para manos 1 (Compra)",10,"UT EASYCLEAN ASEO PROFESIONAL","Bien",10,"Jabón de dispensador para manos 1 (Compra)",null,null,null,null,6028,24112,{"$f":"IF($D748=\"Servicio\",SUMIF('Resumen - CSV'!$D:$D,$E748,'Resumen - CSV'!$G:$G),SUMIF('Detalle Bienes de Aseo y Caf'!$A:$A,$E748,'Detalle Bienes de Aseo y Caf'!$E:$E))","v":4},1,24112,"10Jabón de dispensador para manos 1 (Compra)"]
["10UT GRUPO ADINJabón de dispensador para manos 1 (Compra)",10,"UT GRUPO ADIN","Bien",10,"Jabón de dispensador para manos 1 (Compra)",null,null,null,null,6268,25072,{"$f":"IF($D749=\"Servicio\",SUMIF('Resumen - CSV'!$D:$D,$E749,'Resumen - CSV'!$G:$G),SUMIF('Detalle Bienes de Aseo y Caf'!$A:$A,$E749,'Detalle Bienes de Aseo y Caf'!$E:$E))","v":4},1,25072,"10Jabón de dispensador para manos 1 (Compra)"]
["10ASECOLBAS LTDAJabón de dispensador para manos 2 (Compra)",10,"ASECOLBAS LTDA","Bien",11,"Jabón de dispensador para manos 2 (Compra)",null,null,null,null,8086,0,{"$f":"IF($D750=\"Servicio\",SUMIF('Resumen - CSV'!$D:$D,$E750,'Resumen - CSV'!$G:$G),SUMIF('Detalle Bienes de Aseo y Caf'!$A:$A,$E750,'Detalle Bienes de Aseo y Caf'!$E:$E))","v":0},1,0,"10Jabón de dispensador para manos 2 (Compra)"]
["10CLEANER S.A.Jabón de dispensador para manos 2 (Compra)",10,"CLEANER S.A.","Bien",11,"Jabón de dispensador para manos 2 (Compra)",null,null,null,null,14695,0,{"$f":"IF($D751=\"Servicio\",SUMIF('Resumen - CSV'!$D:$D,$E751,'Resumen - CSV'!$G:$G),SUMIF('Detalle Bienes de Aseo y Caf'!$A:$A,$E751,'Detalle Bienes de Aseo y Caf'!$E:$E))","v":0},1,0,"10Jabón de dispensador para manos 2 (Compra)"]
["10CONSERJES INMOBILIARIOS LTDAJabón de dispensador para manos 2 (Compra)",10,"CONSERJES INMOBILIARIOS LTDA","Bien",11,"Jabón de dispensador para manos 2 (Compra)",null,null,null,null,8183,0,{"$f":"IF($D752=\"Servicio\",SUMIF('Resumen - CSV'!$D:$D,$E752,'Resumen - CSV'!$G:$G),SUMIF('Detalle Bienes de Aseo y Caf'!$A:$A,$E752,'Detalle Bienes de Aseo y Caf'!$E:$E))","v":0},1,0,"10Jabón de dispensador para manos 2 (Compra)"]
["10CONSORCIO ELITEJabón de dispensador para manos 2 (Compra)",10,"CONSORCIO ELITE","Bien",11,"Jabón de dispensador para manos 2 (Compra)",null,null,null,null,14487,0,{"$f":"IF($D753=\"Servicio\",SUMIF('Resumen - CSV'!$D:$D,$E753,'Resumen - CSV'!$G:$G),SUMIF('Detalle Bienes de Aseo y Caf'!$A:$A,$E753,'Detalle Bienes de Aseo y Caf'!$E:$E))","v":0},1,0,"10Jabón de dispensador para manos 2 (Compra)"]
["10CONSORCIO KIOSJabón de dispensador para manos 2 (Compra)",10,"CONSORCIO KIOS","Bien",11,"Jabón de dispensador para manos 2 (Compra)",null,null,null,null,13098,0,{"$f":"IF($D754=\"Servicio\",SUMIF('Resumen - CSV'!$D:$D,$E754,'Resumen - CSV'!$G:$G),SUMIF('Detalle Bienes de Aseo y Caf'!$A:$A,$E754,'Detalle Bienes de Aseo y Caf'!$E:$E))","v":0},1,0,"10Jabón de dispensador para manos 2 (Compra)"]
["10INCINERADOS DEL HUILAJabón de dispensador para manos 2 (Compra)",10,"INCINERADOS DEL HUILA","Bien",11,"Jabón de dispensador para manos 2 (Compra)",null,null,null,null,55147,0,{"$f":"IF($D755=\"Servicio\",SUMIF('Resumen - CSV'!$D:$D,$E755,'Resumen - CSV'!$G:$G),SUMIF('Detalle Bienes de Aseo y Caf'!$A:$A,$E755,'Detalle Bienes de Aseo y Caf'!$E:$E))","v":0},1,0,"10Jabón de dispensador para manos 2 (Compra)"]
["10INTERASEO SAS ESPJabón de dispensador para manos 2 (Compra)",10,"INTERASEO SAS ESP","Bien",11,"Jabón de dispensador para manos 2 (Compra)",null,null,null,null,1608,0,{"$f":"IF($D756=\"Servicio\",SUMIF('Resumen - CSV'!$D:$D,$E756,'Resumen - CSV'!$G:$G),SUMIF('Detalle Bienes de Aseo y Caf'!$A:$A,$E756,'Detalle Bienes de Aseo y Caf'!$E:$E))","v":0},1,0,"10Jabón de dispensador para manos 2 (Compra)"]
["10LIMPIEZA INSTITUCIONAL LASU S.A.S.Jabón de dispensador para manos 2 (Compra)",10,"LIMPIEZA INSTITUCIONAL LASU S.A.S.","Bien",11,"Jabón de dispensador para manos 2 (Compra)",null,null,null,null,7815,0,{"$f":"IF($D757=\"Servicio\",SUMIF('Resumen - CSV'!$D:$D,$E757,'Resumen - CSV'!$G:$G),SUMIF('Detalle Bienes de Aseo y Caf'!$A:$A,$E757,'Detalle Bienes de Aseo y Caf'!$E:$E))","v":0},1,0,"10Jabón de dispensador para manos 2 (Compra)"]
["10SERVIASEO S.AJabón de dispensador para manos 2 (Compra)",10,"SERVIASEO S.A","Bien",11,"Jabón de dispensador para manos 2 (Compra)",null,null,null,null,16812,0,{"$f":"IF($D758=\"Servicio\",SUMIF('Resumen - CSV'!$D:$D,$E758,'Resumen - CSV'!$G:$G),SUMIF('Detalle Bienes de Aseo y Caf'!$A:$A,$E758,'Detalle Bienes de Aseo y Caf'!$E:$E))","v":0},1,0,"10Jabón de dispensador para manos 2 (Compra)"]
["10SERVITALENTOSJabón de dispensador para manos 2 (Compra)",10,"SERVITALENTOS","Bien",11,"Jabón de dispensador para manos 2 (Compra)",null,null,null,null,14271,0,{"$f":"IF($D759=\"Servicio\",SUMIF('Resumen - CSV'!$D:$D,$E759,'Resumen - CSV'!$G:$G),SUMIF('Detalle Bienes de Aseo y Caf'!$A:$A,$E759,'Detalle Bienes de Aseo y Caf'!$E:$E))","v":0},1,0,"10Jabón de dispensador para manos 2 (Compra)"]
["10SOSEGE SASJabón de dispensador para manos 2 (Compra)",10,"SOSEGE SAS","Bien",11,"Jabón de dispensador para manos 2 (Compra)",null,null,null,null,15920,0,{"$f":"IF($D760=\"Servicio\",SUMIF('Resumen - CSV'!$D:$D,$E760,'Resumen - CSV'!$G:$G),SUMIF('Detalle Bienes de Aseo y Caf'!$A:$A,$E760,'Detalle Bienes de Aseo y Caf'!$E:$E))","v":0},1,0,"10Jabón de dispensador para manos 2 (Compra)"]
["10UNION  TEMPORAL LADOINSA 2022Jabón de dispensador para manos 2 (Compra)",10,"UNION  TEMPORAL LADOINSA 2022","Bien",11,"Jabón de dispensador para manos 2 (Compra)",null,null,null,null,12362,0,{"$f":"IF($D761=\"Servicio\",SUMIF('Resumen - CSV'!$D:$D,$E761,'Resumen - CSV'!$G:$G),SUMIF('Detalle Bienes de Aseo y Caf'!$A:$A,$E761,'Detalle Bienes de Aseo y Caf'!$E:$E))","v":0},1,0,"10Jabón de dispensador para manos 2 (Compra)"]
["10UNIÓN TEMPORAL ASEO COLOMBIA AMP4Jabón de dispensador para manos 2 (Compra)",10,"UNIÓN TEMPORAL ASEO COLOMBIA AMP4","Bien",11,"Jabón de dispensador para manos 2 (Compra)",null,null,null,null,16989,0,{"$f":"IF($D762=\"Servicio\",SUMIF('Resumen - CSV'!$D:$D,$E762,'Resumen - CSV'!$G:$G),SUMIF('Detalle Bienes de Aseo y Caf'!$A:$A,$E762,'Detalle Bienes de Aseo y Caf'!$E:$E))","v":0},1,0,"10Jabón de dispensador para manos 2 (Compra)"]
["10UNIÓN TEMPORAL CCE AMP IV 2022Jabón de dispensador para manos 2 (Compra)",10,"UNIÓN TEMPORAL CCE AMP IV 2022","Bien",11,"Jabón de dispensador para manos 2 (Compra)",null,null,null,null,12544,0,{"$f":"IF($D763=\"Servicio\",SUMIF('Resumen - CSV'!$D:$D,$E763,'Resumen - CSV'!$G:$G),SUMIF('Detalle Bienes de Aseo y Caf'!$A:$A,$E763,'Detalle Bienes de Aseo y Caf'!$E:$E))","v":0},1,0,"10Jabón de dispensador para manos 2 (Compra)"]
["10UNION TEMPORAL CLEAN COLOMBIAJabón de dispensador para manos 2 (Compra)",10,"UNION TEMPORAL CLEAN COLOMBIA","Bien",11,"Jabón de dispensador para manos 2 (Compra)",null,null,null,null,10873,0,{"$f":"IF($D764=\"Servicio\",SUMIF('Resumen - CSV'!$D:$D,$E764,'Resumen - CSV'!$G:$G),SUMIF('Detalle Bienes de Aseo y Caf'!$A:$A,$E764,'Detalle Bienes de Aseo y Caf'!$E:$E))","v":0},1,0,"10Jabón de dispensador para manos 2 (Compra)"]
["10UNION TEMPORAL ECOLIMPIEZA 4GJabón de dispensador para manos 2 (Compra)",10,"UNION TEMPORAL ECOLIMPIEZA 4G","Bien",11,"Jabón de dispensador para manos 2 (Compra)",null,null,null,null,9935,0,{"$f":"IF($D765=\"Servicio\",SUMIF('Resumen - CSV'!$D:$D,$E765,'Resumen - CSV'!$G:$G),SUMIF('Detalle Bienes de Aseo y Caf'!$A:$A,$E765,'Detalle Bienes de Aseo y Caf'!$E:$E))","v":0},1,0,"10Jabón de dispensador para manos 2 (Compra)"]
["10UNIÓN TEMPORAL EMINSER SOLOASEO 2023Jabón de dispensador para manos 2 (Compra)",10,"UNIÓN TEMPORAL EMINSER SOLOASEO 2023","Bien",11,"Jabón de dispensador para manos 2 (Compra)",null,null,null,null,19964,0,{"$f":"IF($D766=\"Servicio\",SUMIF('Resumen - CSV'!$D:$D,$E766,'Resumen - CSV'!$G:$G),SUMIF('Detalle Bienes de Aseo y Caf'!$A:$A,$E766,'Detalle Bienes de Aseo y Caf'!$E:$E))","v":0},1,0,"10Jabón de dispensador para manos 2 (Compra)"]
["10UNION TEMPORAL OUTSOURCING GIAFJabón de dispensador para manos 2 (Compra)",10,"UNION TEMPORAL OUTSOURCING GIAF","Bien",11,"Jabón de dispensador para manos 2 (Compra)",null,null,null,null,9737,0,{"$f":"IF($D767=\"Servicio\",SUMIF('Resumen - CSV'!$D:$D,$E767,'Resumen - CSV'!$G:$G),SUMIF('Detalle Bienes de Aseo y Caf'!$A:$A,$E767,'Detalle Bienes de Aseo y Caf'!$E:$E))","v":0},1,0,"10Jabón de dispensador para manos 2 (Compra)"]
["10UNION TEMPORAL R&J 2022Jabón de dispensador para manos 2 (Compra)",10,"UNION TEMPORAL R&J 2022","Bien",11,"Jabón de dispensador para manos 2 (Compra)",null,null,null,null,11126,0,{"$f":"IF($D768=\"Servicio\",SUMIF('Resumen - CSV'!$D:$D,$E768,'Resumen - CSV'!$G:$G),SUMIF('Detalle Bienes de Aseo y Caf'!$A:$A,$E768,'Detalle Bienes de Aseo y Caf'!$E:$E))","v":0},1,0,"10Jabón de dispensador para manos 2 (Compra)"]
["10UNION TEMPORAL SERVICIOS INTEGRALESJabón de dispensador para manos 2 (Compra)",10,"UNION TEMPORAL SERVICIOS INTEGRALES","Bien",11,"Jabón de dispensador para manos 2 (Compra)",null,null,null,null,14365,0,{"$f":"IF($D769=\"Servicio\",SUMIF('Resumen - CSV'!$D:$D,$E769,'Resumen - CSV'!$G:$G),SUMIF('Detalle Bienes de Aseo y Caf'!$A:$A,$E769,'Detalle Bienes de Aseo y Caf'!$E:$E))","v":0},1,0,"10Jabón de dispensador para manos 2 (Compra)"]
["10UT EASYCLEAN ASEO PROFESIONALJabón de dispensador para manos 2 (Compra)",10,"UT EASYCLEAN ASEO PROFESIONAL","Bien",11,"Jabón de dispensador para manos 2 (Compra)",null,null,null,null,14441,0,{"$f":"IF($D770=\"Servicio\",SUMIF('Resumen - CSV'!$D:$D,$E770,'Resumen - CSV'!$G:$G),SUMIF('Detalle Bienes de Aseo y Caf'!$A:$A,$E770,'Detalle Bienes de Aseo y Caf'!$E:$E))","v":0},1,0,"10Jabón de dispensador para manos 2 (Compra)"]
["10UT GRUPO ADINJabón de dispensador para manos 2 (Compra)",10,"UT GRUPO ADIN","Bien",11,"Jabón de dispensador para manos 2 (Compra)",null,null,null,null,17645,{"$f":"IF($D771=\"Bien\",$K771*$M771,\"\")","v":0},{"$f":"IF($D771=\"Servicio\",SUMIF('Resumen - CSV'!$D:$D,$E771,'Resumen - CSV'!$G:$G),SUMIF('Detalle Bienes de Aseo y Caf'!$A:$A,$E771,'Detalle Bienes de Aseo y Caf'!$E:$E))","v":0},1,{"$f":"$K771*M771*N771","v":0},"10Jabón de dispensador para manos 2 (Compra)"]
["10ASECOLBAS LTDAJabón de dispensador para manos 3 (Compra)",10,"ASECOLBAS LTDA","Bien",12,"Jabón de dispensador para manos 3 (Compra)",null,null,null,null,8359,0,{"$f":"IF($D772=\"Servicio\",SUMIF('Resumen - CSV'!$D:$D,$E772,'Resumen - CSV'!$G:$G),SUMIF('Detalle Bienes de Aseo y Caf'!$A:$A,$E772,'Detalle Bienes de Aseo y Caf'!$E:$E))","v":0},1,0,"10Jabón de dispensador para manos 3 (Compra)"]
["10CLEANER S.A.Jabón de dispensador para manos 3 (Compra)",10,"CLEANER S.A.","Bien",12,"Jabón de dispensador para manos 3 (Compra)",null,null,null,null,14695,0,{"$f":"IF($D773=\"Servicio\",SUMIF('Resumen - CSV'!$D:$D,$E773,'Resumen - CSV'!$G:$G),SUMIF('Detalle Bienes de Aseo y Caf'!$A:$A,$E773,'Detalle Bienes de Aseo y Caf'!$E:$E))","v":0},1,0,"10Jabón de dispensador para manos 3 (Compra)"]
["10CONSERJES INMOBILIARIOS LTDAJabón de dispensador para manos 3 (Compra)",10,"CONSERJES INMOBILIARIOS LTDA","Bien",12,"Jabón de dispensador para manos 3 (Compra)",null,null,null,null,8259,0,{"$f":"IF($D774=\"Servicio\",SUMIF('Resumen - CSV'!$D:$D,$E774,'Resumen - CSV'!$G:$G),SUMIF('Detalle Bienes de Aseo y Caf'!$A:$A,$E774,'Detalle Bienes de Aseo y Caf'!$E:$E))","v":0},1,0,"10Jabón de dispensador para manos 3 (Compra)"]
["10CONSORCIO ELITEJabón de dispensador para manos 3 (Compra)",10,"CONSORCIO ELITE","Bien",12,"Jabón de dispensador para manos 3 (Compra)",null,null,null,null,16546,0,{"$f":"IF($D775=\"Servicio\",SUMIF('Resumen - CSV'!$D:$D,$E775,'Resumen - CSV'!$G:$G),SUMIF('Detalle Bienes de Aseo y Caf'!$A:$A,$E775,'Detalle Bienes de Aseo y Caf'!$E:$E))","v":0},1,0,"10Jabón de dispensador para manos 3 (Compra)"]
["10CONSORCIO KIOSJabón de dispensador para manos 3 (Compra)",10,"CONSORCIO KIOS","Bien",12,"Jabón de dispensador para manos 3 (Compra)",null,null,null,null,14451,0,{"$f":"IF($D776=\"Servicio\",SUMIF('Resumen - CSV'!$D:$D,$E776,'Resumen - CSV'!$G:$G),SUMIF('Detalle Bienes de Aseo y Caf'!$A:$A,$E776,'Detalle Bienes de Aseo y Caf'!$E:$E))","v":0},1,0,"10Jabón de dispensador para manos 3 (Compra)"]
["10INCINERADOS DEL HUILAJabón de dispensador para manos 3 (Compra)",10,"INCINERADOS DEL HUILA","Bien",12,"Jabón de dispensador para manos 3 (Compra)",null,null,null,null,58853,0,{"$f":"IF($D777=\"Servicio\",SUMIF('Resumen - CSV'!$D:$D,$E777,'Resumen - CSV'!$G:$G),SUMIF('Detalle Bienes de Aseo y Caf'!$A:$A,$E777,'Detalle Bienes de Aseo y Caf'!$E:$E))","v":0},1,0,"10Jabón de dispensador para manos 3 (Compra)"]
["10INTERASEO SAS ESPJabón de dispensador para manos 3 (Compra)",10,"INTERASEO SAS ESP","Bien",12,"Jabón de dispensador para manos 3 (Compra)",null,null,null,null,32140,0,{"$f":"IF($D778=\"Servicio\",SUMIF('Resumen - CSV'!$D:$D,$E778,'Resumen - CSV'!$G:$G),SUMIF('Detalle Bienes de Aseo y Caf'!$A:$A,$E778,'Detalle Bienes de Aseo y Caf'!$E:$E))","v":0},1,0,"10Jabón de dispensador para manos 3 (Compra)"]
["10LIMPIEZA INSTITUCIONAL LASU S.A.S.Jabón de dispensador para manos 3 (Compra)",10,"LIMPIEZA INSTITUCIONAL LASU S.A.S.","Bien",12,"Jabón de dispensador para manos 3 (Compra)",null,null,null,null,7105,0,{"$f":"IF($D779=\"Servicio\",SUMIF('Resumen - CSV'!$D:$D,$E779,'Resumen - CSV'!$G:$G),SUMIF('Detalle Bienes de Aseo y Caf'!$A:$A,$E779,'Detalle Bienes de Aseo y Caf'!$E:$E))","v":0},1,0,"10Jabón de dispensador para manos 3 (Compra)"]
["10SERVIASEO S.AJabón de dispensador para manos 3 (Compra)",10,"SERVIASEO S.A","Bien",12,"Jabón de dispensador para manos 3 (Compra)",null,null,null,null,16812,0,{"$f":"IF($D780=\"Servicio\",SUMIF('Resumen - CSV'!$D:$D,$E780,'Resumen - CSV'!$G:$G),SUMIF('Detalle Bienes de Aseo y Caf'!$A:$A,$E780,'Detalle Bienes de Aseo y Caf'!$E:$E))","v":0},1,0,"10Jabón de dispensador para manos 3 (Compra)"]
["10SERVITALENTOSJabón de dispensador para manos 3 (Compra)",10,"SERVITALENTOS","Bien",12,"Jabón de dispensador para manos 3 (Compra)",null,null,null,null,16299,0,{"$f":"IF($D781=\"Servicio\",SUMIF('Resumen - CSV'!$D:$D,$E781,'Resumen - CSV'!$G:$G),SUMIF('Detalle Bienes de Aseo y Caf'!$A:$A,$E781,'Detalle Bienes de Aseo y Caf'!$E:$E))","v":0},1,0,"10Jabón de dispensador para manos 3 (Compra)"]
["10SOSEGE SASJabón de dispensador para manos 3 (Compra)",10,"SOSEGE SAS","Bien",12,"Jabón de dispensador para manos 3 (Compra)",null,null,null,null,20812,0,{"$f":"IF($D782=\"Servicio\",SUMIF('Resumen - CSV'!$D:$D,$E782,'Resumen - CSV'!$G:$G),SUMIF('Detalle Bienes de Aseo y Caf'!$A:$A,$E782,'Detalle Bienes de Aseo y Caf'!$E:$E))","v":0},1,0,"10Jabón de dispensador para manos 3 (Compra)"]
["10UNION  TEMPORAL LADOINSA 2022Jabón de dispensador para manos 3 (Compra)",10,"UNION  TEMPORAL LADOINSA 2022","Bien",12,"Jabón de dispensador para manos 3 (Compra)",null,null,null,null,13104,0,{"$f":"IF($D783=\"Servicio\",SUMIF('Resumen - CSV'!$D:$D,$E783,'Resumen - CSV'!$G:$G),SUMIF('Detalle Bienes de Aseo y Caf'!$A:$A,$E783,'Detalle Bienes de Aseo y Caf'!$E:$E))","v":0},1,0,"10Jabón de dispensador para manos 3 (Compra)"]
["10UNIÓN TEMPORAL ASEO COLOMBIA AMP4Jabón de dispensador para manos 3 (Compra)",10,"UNIÓN TEMPORAL ASEO COLOMBIA AMP4","Bien",12,"Jabón de dispensador para manos 3 (Compra)",null,null,null,null,19760,0,{"$f":"IF($D784=\"Servicio\",SUMIF('Resumen - CSV'!$D:$D,$E784,'Resumen - CSV'!$G:$G),SUMIF('Detalle Bienes de Aseo y Caf'!$A:$A,$E784,'Detalle Bienes de Aseo y Caf'!$E:$E))","v":0},1,0,"10Jabón de dispensador para manos 3 (Compra)"]
["10UNIÓN TEMPORAL CCE AMP IV 2022Jabón de dispensador para manos 3 (Compra)",10,"UNIÓN TEMPORAL CCE AMP IV 2022","Bien",12,"Jabón de dispensador para manos 3 (Compra)",null,null,null,null,14395,0,{"$f":"IF($D785=\"Servicio\",SUMIF('Resumen - CSV'!$D:$D,$E785,'Resumen - CSV'!$G:$G),SUMIF('Detalle Bienes de Aseo y Caf'!$A:$A,$E785,'Detalle Bienes de Aseo y Caf'!$E:$E))","v":0},1,0,"10Jabón de dispensador para manos 3 (Compra)"]
["10UNION TEMPORAL CLEAN COLOMBIAJabón de dispensador para manos 3 (Compra)",10,"UNION TEMPORAL CLEAN COLOMBIA","Bien",12,"Jabón de dispensador para manos 3 (Compra)",null,null,null,null,12419,0,{"$f":"IF($D786=\"Servicio\",SUMIF('Resumen - CSV'!$D:$D,$E786,'Resumen - CSV'!$G:$G),SUMIF('Detalle Bienes de Aseo y Caf'!$A:$A,$E786,'Detalle Bienes de Aseo y Caf'!$E:$E))","v":0},1,0,"10Jabón de dispensador para manos 3 (Compra)"]
["10UNION TEMPORAL ECOLIMPIEZA 4GJabón de dispensador para manos 3 (Compra)",10,"UNION TEMPORAL ECOLIMPIEZA 4G","Bien",12,"Jabón de dispensador para manos 3 (Compra)",null,null,null,null,10297,0,{"$f":"IF($D787=\"Servicio\",SUMIF('Resumen - CSV'!$D:$D,$E787,'Resumen - CSV'!$G:$G),SUMIF('Detalle Bienes de Aseo y Caf'!$A:$A,$E787,'Detalle Bienes de Aseo y Caf'!$E:$E))","v":0},1,0,"10Jabón de dispensador para manos 3 (Compra)"]
["10UNIÓN TEMPORAL EMINSER SOLOASEO 2023Jabón de dispensador para manos 3 (Compra)",10,"UNIÓN TEMPORAL EMINSER SOLOASEO 2023","Bien",12,"Jabón de dispensador para manos 3 (Compra)",null,null,null,null,22066,0,{"$f":"IF($D788=\"Servicio\",SUMIF('Resumen - CSV'!$D:$D,$E788,'Resumen - CSV'!$G:$G),SUMIF('Detalle Bienes de Aseo y Caf'!$A:$A,$E788,'Detalle Bienes de Aseo y Caf'!$E:$E))","v":0},1,0,"10Jabón de dispensador para manos 3 (Compra)"]
["10UNION TEMPORAL OUTSOURCING GIAFJabón de dispensador para manos 3 (Compra)",10,"UNION TEMPORAL OUTSOURCING GIAF","Bien",12,"Jabón de dispensador para manos 3 (Compra)",null,null,null,null,10650,0,{"$f":"IF($D789=\"Servicio\",SUMIF('Resumen - CSV'!$D:$D,$E789,'Resumen - CSV'!$G:$G),SUMIF('Detalle Bienes de Aseo y Caf'!$A:$A,$E789,'Detalle Bienes de Aseo y Caf'!$E:$E))","v":0},1,0,"10Jabón de dispensador para manos 3 (Compra)"]
["10UNION TEMPORAL R&J 2022Jabón de dispensador para manos 3 (Compra)",10,"UNION TEMPORAL R&J 2022","Bien",12,"Jabón de dispensador para manos 3 (Compra)",null,null,null,null,11496,0,{"$f":"IF($D790=\"Servicio\",SUMIF('Resumen - CSV'!$D:$D,$E790,'Resumen - CSV'!$G:$G),SUMIF('Detalle Bienes de Aseo y Caf'!$A:$A,$E790,'Detalle Bienes de Aseo y Caf'!$E:$E))","v":0},1,0,"10Jabón de dispensador para manos 3 (Compra)"]
["10UNION TEMPORAL SERVICIOS INTEGRALESJabón de dispensador para manos 3 (Compra)",10,"UNION TEMPORAL SERVICIOS INTEGRALES","Bien",12,"Jabón de dispensador para manos 3 (Compra)",null,null,null,null,16466,0,{"$f":"IF($D791=\"Servicio\",SUMIF('Resumen - CSV'!$D:$D,$E791,'Resumen - CSV'!$G:$G),SUMIF('Detalle Bienes de Aseo y Caf'!$A:$A,$E791,'Detalle Bienes de Aseo y Caf'!$E:$E))","v":0},1,0,"10Jabón de dispensador para manos 3 (Compra)"]
["10UT EASYCLEAN ASEO PROFESIONALJabón de dispensador para manos 3 (Compra)",10,"UT EASYCLEAN ASEO PROFESIONAL","Bien",12,"Jabón de dispensador para manos 3 (Compra)",null,null,null,null,16495,0,{"$f":"IF($D792=\"Servicio\",SUMIF('Resumen - CSV'!$D:$D,$E792,'Resumen - CSV'!$G:$G),SUMIF('Detalle Bienes de Aseo y Caf'!$A:$A,$E792,'Detalle Bienes de Aseo y Caf'!$E:$E))","v":0},1,0,"10Jabón de dispensador para manos 3 (Compra)"]
["10UT GRUPO ADINJabón de dispensador para manos 3 (Compra)",10,"UT GRUPO ADIN","Bien",12,"Jabón de dispensador para manos 3 (Compra)",null,null,null,null,19596,0,{"$f":"IF($D793=\"Servicio\",SUMIF('Resumen - CSV'!$D:$D,$E793,'Resumen - CSV'!$G:$G),SUMIF('Detalle Bienes de Aseo y Caf'!$A:$A,$E793,'Detalle Bienes de Aseo y Caf'!$E:$E))","v":0},1,0,"10Jabón de dispensador para manos 3 (Compra)"]
["10ASECOLBAS LTDAGel antibacterial para manos (Compra)",10,"ASECOLBAS LTDA","Bien",13,"Gel antibacterial para manos (Compra)",null,null,null,null,30712,0,{"$f":"IF($D794=\"Servicio\",SUMIF('Resumen - CSV'!$D:$D,$E794,'Resumen - CSV'!$G:$G),SUMIF('Detalle Bienes de Aseo y Caf'!$A:$A,$E794,'Detalle Bienes de Aseo y Caf'!$E:$E))","v":0},1,0,"10Gel antibacterial para manos (Compra)"]
["10CLEANER S.A.Gel antibacterial para manos (Compra)",10,"CLEANER S.A.","Bien",13,"Gel antibacterial para manos (Compra)",null,null,null,null,34393,0,{"$f":"IF($D795=\"Servicio\",SUMIF('Resumen - CSV'!$D:$D,$E795,'Resumen - CSV'!$G:$G),SUMIF('Detalle Bienes de Aseo y Caf'!$A:$A,$E795,'Detalle Bienes de Aseo y Caf'!$E:$E))","v":0},1,0,"10Gel antibacterial para manos (Compra)"]
["10CONSERJES INMOBILIARIOS LTDAGel antibacterial para manos (Compra)",10,"CONSERJES INMOBILIARIOS LTDA","Bien",13,"Gel antibacterial para manos (Compra)",null,null,null,null,31078,0,{"$f":"IF($D796=\"Servicio\",SUMIF('Resumen - CSV'!$D:$D,$E796,'Resumen - CSV'!$G:$G),SUMIF('Detalle Bienes de Aseo y Caf'!$A:$A,$E796,'Detalle Bienes de Aseo y Caf'!$E:$E))","v":0},1,0,"10Gel antibacterial para manos (Compra)"]
["10CONSORCIO ELITEGel antibacterial para manos (Compra)",10,"CONSORCIO ELITE","Bien",13,"Gel antibacterial para manos (Compra)",null,null,null,null,44634,0,{"$f":"IF($D797=\"Servicio\",SUMIF('Resumen - CSV'!$D:$D,$E797,'Resumen - CSV'!$G:$G),SUMIF('Detalle Bienes de Aseo y Caf'!$A:$A,$E797,'Detalle Bienes de Aseo y Caf'!$E:$E))","v":0},1,0,"10Gel antibacterial para manos (Compra)"]
["10CONSORCIO KIOSGel antibacterial para manos (Compra)",10,"CONSORCIO KIOS","Bien",13,"Gel antibacterial para manos (Compra)",null,null,null,null,35750,0,{"$f":"IF($D798=\"Servicio\",SUMIF('Resumen - CSV'!$D:$D,$E798,'Resumen - CSV'!$G:$G),SUMIF('Detalle Bienes de Aseo y Caf'!$A:$A,$E798,'Detalle Bienes de Aseo y Caf'!$E:$E))","v":0},1,0,"10Gel antibacterial para manos (Compra)"]
["10INCINERADOS DEL HUILAGel antibacterial para manos (Compra)",10,"INCINERADOS DEL HUILA","Bien",13,"Gel antibacterial para manos (Compra)",null,null,null,null,106737,0,{"$f":"IF($D799=\"Servicio\",SUMIF('Resumen - CSV'!$D:$D,$E799,'Resumen - CSV'!$G:$G),SUMIF('Detalle Bienes de Aseo y Caf'!$A:$A,$E799,'Detalle Bienes de Aseo y Caf'!$E:$E))","v":0},1,0,"10Gel antibacterial para manos (Compra)"]
["10INTERASEO SAS ESPGel antibacterial para manos (Compra)",10,"INTERASEO SAS ESP","Bien",13,"Gel antibacterial para manos (Compra)",null,null,null,null,32140,0,{"$f":"IF($D800=\"Servicio\",SUMIF('Resumen - CSV'!$D:$D,$E800,'Resumen - CSV'!$G:$G),SUMIF('Detalle Bienes de Aseo y Caf'!$A:$A,$E800,'Detalle Bienes de Aseo y Caf'!$E:$E))","v":0},1,0,"10Gel antibacterial para manos (Compra)"]
["10LIMPIEZA INSTITUCIONAL LASU S.A.S.Gel antibacterial para manos (Compra)",10,"LIMPIEZA INSTITUCIONAL LASU S.A.S.","Bien",13,"Gel antibacterial para manos (Compra)",null,null,null,null,15163,0,{"$f":"IF($D801=\"Servicio\",SUMIF('Resumen - CSV'!$D:$D,$E801,'Resumen - CSV'!$G:$G),SUMIF('Detalle Bienes de Aseo y Caf'!$A:$A,$E801,'Detalle Bienes de Aseo y Caf'!$E:$E))","v":0},1,0,"10Gel antibacterial para manos (Compra)"]
["10SERVIASEO S.AGel antibacterial para manos (Compra)",10,"SERVIASEO S.A","Bien",13,"Gel antibacterial para manos (Compra)",null,null,null,null,40052,0,{"$f":"IF($D802=\"Servicio\",SUMIF('Resumen - CSV'!$D:$D,$E802,'Resumen - CSV'!$G:$G),SUMIF('Detalle Bienes de Aseo y Caf'!$A:$A,$E802,'Detalle Bienes de Aseo y Caf'!$E:$E))","v":0},1,0,"10Gel antibacterial para manos (Compra)"]
["10SERVITALENTOSGel antibacterial para manos (Compra)",10,"SERVITALENTOS","Bien",13,"Gel antibacterial para manos (Compra)",null,null,null,null,43970,0,{"$f":"IF($D803=\"Servicio\",SUMIF('Resumen - CSV'!$D:$D,$E803,'Resumen - CSV'!$G:$G),SUMIF('Detalle Bienes de Aseo y Caf'!$A:$A,$E803,'Detalle Bienes de Aseo y Caf'!$E:$E))","v":0},1,0,"10Gel antibacterial para manos (Compra)"]
["10SOSEGE SASGel antibacterial para manos (Compra)",10,"SOSEGE SAS","Bien",13,"Gel antibacterial para manos (Compra)",null,null,null,null,36791,0,{"$f":"IF($D804=\"Servicio\",SUMIF('Resumen - CSV'!$D:$D,$E804,'Resumen - CSV'!$G:$G),SUMIF('Detalle Bienes de Aseo y Caf'!$A:$A,$E804,'Detalle Bienes de Aseo y Caf'!$E:$E))","v":0},1,0,"10Gel antibacterial para manos (Compra)"]
["10UNION  TEMPORAL LADOINSA 2022Gel antibacterial para manos (Compra)",10,"UNION  TEMPORAL LADOINSA 2022","Bien",13,"Gel antibacterial para manos (Compra)",null,null,null,null,30286,0,{"$f":"IF($D805=\"Servicio\",SUMIF('Resumen - CSV'!$D:$D,$E805,'Resumen - CSV'!$G:$G),SUMIF('Detalle Bienes de Aseo y Caf'!$A:$A,$E805,'Detalle Bienes de Aseo y Caf'!$E:$E))","v":0},1,0,"10Gel antibacterial para manos (Compra)"]
["10UNIÓN TEMPORAL ASEO COLOMBIA AMP4Gel antibacterial para manos (Compra)",10,"UNIÓN TEMPORAL ASEO COLOMBIA AMP4","Bien",13,"Gel antibacterial para manos (Compra)",null,null,null,null,46233,0,{"$f":"IF($D806=\"Servicio\",SUMIF('Resumen - CSV'!$D:$D,$E806,'Resumen - CSV'!$G:$G),SUMIF('Detalle Bienes de Aseo y Caf'!$A:$A,$E806,'Detalle Bienes de Aseo y Caf'!$E:$E))","v":0},1,0,"10Gel antibacterial para manos (Compra)"]
["10UNIÓN TEMPORAL CCE AMP IV 2022Gel antibacterial para manos (Compra)",10,"UNIÓN TEMPORAL CCE AMP IV 2022","Bien",13,"Gel antibacterial para manos (Compra)",null,null,null,null,38490,0,{"$f":"IF($D807=\"Servicio\",SUMIF('Resumen - CSV'!$D:$D,$E807,'Resumen - CSV'!$G:$G),SUMIF('Detalle Bienes de Aseo y Caf'!$A:$A,$E807,'Detalle Bienes de Aseo y Caf'!$E:$E))","v":0},1,0,"10Gel antibacterial para manos (Compra)"]
["10UNION TEMPORAL CLEAN COLOMBIAGel antibacterial para manos (Compra)",10,"UNION TEMPORAL CLEAN COLOMBIA","Bien",13,"Gel antibacterial para manos (Compra)",null,null,null,null,33501,0,{"$f":"IF($D808=\"Servicio\",SUMIF('Resumen - CSV'!$D:$D,$E808,'Resumen - CSV'!$G:$G),SUMIF('Detalle Bienes de Aseo y Caf'!$A:$A,$E808,'Detalle Bienes de Aseo y Caf'!$E:$E))","v":0},1,0,"10Gel antibacterial para manos (Compra)"]
["10UNION TEMPORAL ECOLIMPIEZA 4GGel antibacterial para manos (Compra)",10,"UNION TEMPORAL ECOLIMPIEZA 4G","Bien",13,"Gel antibacterial para manos (Compra)",null,null,null,null,32075,0,{"$f":"IF($D809=\"Servicio\",SUMIF('Resumen - CSV'!$D:$D,$E809,'Resumen - CSV'!$G:$G),SUMIF('Detalle Bienes de Aseo y Caf'!$A:$A,$E809,'Detalle Bienes de Aseo y Caf'!$E:$E))","v":0},1,0,"10Gel antibacterial para manos (Compra)"]
["10UNIÓN TEMPORAL EMINSER SOLOASEO 2023Gel antibacterial para manos (Compra)",10,"UNIÓN TEMPORAL EMINSER SOLOASEO 2023","Bien",13,"Gel antibacterial para manos (Compra)",null,null,null,null,23905,0,{"$f":"IF($D810=\"Servicio\",SUMIF('Resumen - CSV'!$D:$D,$E810,'Resumen - CSV'!$G:$G),SUMIF('Detalle Bienes de Aseo y Caf'!$A:$A,$E810,'Detalle Bienes de Aseo y Caf'!$E:$E))","v":0},1,0,"10Gel antibacterial para manos (Compra)"]
["10UNION TEMPORAL OUTSOURCING GIAFGel antibacterial para manos (Compra)",10,"UNION TEMPORAL OUTSOURCING GIAF","Bien",13,"Gel antibacterial para manos (Compra)",null,null,null,null,29937,0,{"$f":"IF($D811=\"Servicio\",SUMIF('Resumen - CSV'!$D:$D,$E811,'Resumen - CSV'!$G:$G),SUMIF('Detalle Bienes de Aseo y Caf'!$A:$A,$E811,'Detalle Bienes de Aseo y Caf'!$E:$E))","v":0},1,0,"10Gel antibacterial para manos (Compra)"]
["10UNION TEMPORAL R&J 2022Gel antibacterial para manos (Compra)",10,"UNION TEMPORAL R&J 2022","Bien",13,"Gel antibacterial para manos (Compra)",null,null,null,null,22252,0,{"$f":"IF($D812=\"Servicio\",SUMIF('Resumen - CSV'!$D:$D,$E812,'Resumen - CSV'!$G:$G),SUMIF('Detalle Bienes de Aseo y Caf'!$A:$A,$E812,'Detalle Bienes de Aseo y Caf'!$E:$E))","v":0},1,0,"10Gel antibacterial para manos (Compra)"]
["10UNION TEMPORAL SERVICIOS INTEGRALESGel antibacterial para manos (Compra)",10,"UNION TEMPORAL SERVICIOS INTEGRALES","Bien",13,"Gel antibacterial para manos (Compra)",null,null,null,null,44341,0,{"$f":"IF($D813=\"Servicio\",SUMIF('Resumen - CSV'!$D:$D,$E813,'Resumen - CSV'!$G:$G),SUMIF('Detalle Bienes de Aseo y Caf'!$A:$A,$E813,'Detalle Bienes de Aseo y Caf'!$E:$E))","v":0},1,0,"10Gel antibacterial para manos (Compra)"]
["10UT EASYCLEAN ASEO PROFESIONALGel antibacterial para manos (Compra)",10,"UT EASYCLEAN ASEO PROFESIONAL","Bien",13,"Gel antibacterial para manos (Compra)",null,null,null,null,44498,0,{"$f":"IF($D814=\"Servicio\",SUMIF('Resumen - CSV'!$D:$D,$E814,'Resumen - CSV'!$G:$G),SUMIF('Detalle Bienes de Aseo y Caf'!$A:$A,$E814,'Detalle Bienes de Aseo y Caf'!$E:$E))","v":0},1,0,"10Gel antibacterial para manos (Compra)"]
["10UT GRUPO ADINGel antibacterial para manos (Compra)",10,"UT GRUPO ADIN","Bien",13,"Gel antibacterial para manos (Compra)",null,null,null,null,46694,0,{"$f":"IF($D815=\"Servicio\",SUMIF('Resumen - CSV'!$D:$D,$E815,'Resumen - CSV'!$G:$G),SUMIF('Detalle Bienes de Aseo y Caf'!$A:$A,$E815,'Detalle Bienes de Aseo y Caf'!$E:$E))","v":0},1,0,"10Gel antibacterial para manos (Compra)"]
["10ASECOLBAS LTDADispensador de gel antibacterial para manos (Compra)",10,"ASECOLBAS LTDA","Bien",14,"Dispensador de gel antibacterial para manos (Compra)",null,null,null,null,32421,0,{"$f":"IF($D816=\"Servicio\",SUMIF('Resumen - CSV'!$D:$D,$E816,'Resumen - CSV'!$G:$G),SUMIF('Detalle Bienes de Aseo y Caf'!$A:$A,$E816,'Detalle Bienes de Aseo y Caf'!$E:$E))","v":0},1,0,"10Dispensador de gel antibacterial para manos (Compra)"]
["10CLEANER S.A.Dispensador de gel antibacterial para manos (Compra)",10,"CLEANER S.A.","Bien",14,"Dispensador de gel antibacterial para manos (Compra)",null,null,null,null,29075,0,{"$f":"IF($D817=\"Servicio\",SUMIF('Resumen - CSV'!$D:$D,$E817,'Resumen - CSV'!$G:$G),SUMIF('Detalle Bienes de Aseo y Caf'!$A:$A,$E817,'Detalle Bienes de Aseo y Caf'!$E:$E))","v":0},1,0,"10Dispensador de gel antibacterial para manos (Compra)"]
["10CONSERJES INMOBILIARIOS LTDADispensador de gel antibacterial para manos (Compra)",10,"CONSERJES INMOBILIARIOS LTDA","Bien",14,"Dispensador de gel antibacterial para manos (Compra)",null,null,null,null,32038,0,{"$f":"IF($D818=\"Servicio\",SUMIF('Resumen - CSV'!$D:$D,$E818,'Resumen - CSV'!$G:$G),SUMIF('Detalle Bienes de Aseo y Caf'!$A:$A,$E818,'Detalle Bienes de Aseo y Caf'!$E:$E))","v":0},1,0,"10Dispensador de gel antibacterial para manos (Compra)"]
["10CONSORCIO ELITEDispensador de gel antibacterial para manos (Compra)",10,"CONSORCIO ELITE","Bien",14,"Dispensador de gel antibacterial para manos (Compra)",null,null,null,null,39837,0,{"$f":"IF($D819=\"Servicio\",SUMIF('Resumen - CSV'!$D:$D,$E819,'Resumen - CSV'!$G:$G),SUMIF('Detalle Bienes de Aseo y Caf'!$A:$A,$E819,'Detalle Bienes de Aseo y Caf'!$E:$E))","v":0},1,0,"10Dispensador de gel antibacterial para manos (Compra)"]
["10CONSORCIO KIOSDispensador de gel antibacterial para manos (Compra)",10,"CONSORCIO KIOS","Bien",14,"Dispensador de gel antibacterial para manos (Compra)",null,null,null,null,53509,0,{"$f":"IF($D820=\"Servicio\",SUMIF('Resumen - CSV'!$D:$D,$E820,'Resumen - CSV'!$G:$G),SUMIF('Detalle Bienes de Aseo y Caf'!$A:$A,$E820,'Detalle Bienes de Aseo y Caf'!$E:$E))","v":0},1,0,"10Dispensador de gel antibacterial para manos (Compra)"]
["10INCINERADOS DEL HUILADispensador de gel antibacterial para manos (Compra)",10,"INCINERADOS DEL HUILA","Bien",14,"Dispensador de gel antibacterial para manos (Compra)",null,null,null,null,5315,0,{"$f":"IF($D821=\"Servicio\",SUMIF('Resumen - CSV'!$D:$D,$E821,'Resumen - CSV'!$G:$G),SUMIF('Detalle Bienes de Aseo y Caf'!$A:$A,$E821,'Detalle Bienes de Aseo y Caf'!$E:$E))","v":0},1,0,"10Dispensador de gel antibacterial para manos (Compra)"]
["10INTERASEO SAS ESPDispensador de gel antibacterial para manos (Compra)",10,"INTERASEO SAS ESP","Bien",14,"Dispensador de gel antibacterial para manos (Compra)",null,null,null,null,5934,0,{"$f":"IF($D822=\"Servicio\",SUMIF('Resumen - CSV'!$D:$D,$E822,'Resumen - CSV'!$G:$G),SUMIF('Detalle Bienes de Aseo y Caf'!$A:$A,$E822,'Detalle Bienes de Aseo y Caf'!$E:$E))","v":0},1,0,"10Dispensador de gel antibacterial para manos (Compra)"]
["10LIMPIEZA INSTITUCIONAL LASU S.A.S.Dispensador de gel antibacterial para manos (Compra)",10,"LIMPIEZA INSTITUCIONAL LASU S.A.S.","Bien",14,"Dispensador de gel antibacterial para manos (Compra)",null,null,null,null,19253,0,{"$f":"IF($D823=\"Servicio\",SUMIF('Resumen - CSV'!$D:$D,$E823,'Resumen - CSV'!$G:$G),SUMIF('Detalle Bienes de Aseo y Caf'!$A:$A,$E823,'Detalle Bienes de Aseo y Caf'!$E:$E))","v":0},1,0,"10Dispensador de gel antibacterial para manos (Compra)"]
["10SERVIASEO S.ADispensador de gel antibacterial para manos (Compra)",10,"SERVIASEO S.A","Bien",14,"Dispensador de gel antibacterial para manos (Compra)",null,null,null,null,65023,0,{"$f":"IF($D824=\"Servicio\",SUMIF('Resumen - CSV'!$D:$D,$E824,'Resumen - CSV'!$G:$G),SUMIF('Detalle Bienes de Aseo y Caf'!$A:$A,$E824,'Detalle Bienes de Aseo y Caf'!$E:$E))","v":0},1,0,"10Dispensador de gel antibacterial para manos (Compra)"]
["10SERVITALENTOSDispensador de gel antibacterial para manos (Compra)",10,"SERVITALENTOS","Bien",14,"Dispensador de gel antibacterial para manos (Compra)",null,null,null,null,39244,0,{"$f":"IF($D825=\"Servicio\",SUMIF('Resumen - CSV'!$D:$D,$E825,'Resumen - CSV'!$G:$G),SUMIF('Detalle Bienes de Aseo y Caf'!$A:$A,$E825,'Detalle Bienes de Aseo y Caf'!$E:$E))","v":0},1,0,"10Dispensador de gel antibacterial para manos (Compra)"]
["10SOSEGE SASDispensador de gel antibacterial para manos (Compra)",10,"SOSEGE SAS","Bien",14,"Dispensador de gel antibacterial para manos (Compra)",null,null,null,null,54738,0,{"$f":"IF($D826=\"Servicio\",SUMIF('Resumen - CSV'!$D:$D,$E826,'Resumen - CSV'!$G:$G),SUMIF('Detalle Bienes de Aseo y Caf'!$A:$A,$E826,'Detalle Bienes de Aseo y Caf'!$E:$E))","v":0},1,0,"10Dispensador de gel antibacterial para manos (Compra)"]
["10UNION  TEMPORAL LADOINSA 2022Dispensador de gel antibacterial para manos (Compra)",10,"UNION  TEMPORAL LADOINSA 2022","Bien",14,"Dispensador de gel antibacterial para manos (Compra)",null,null,null,null,40423,0,{"$f":"IF($D827=\"Servicio\",SUMIF('Resumen - CSV'!$D:$D,$E827,'Resumen - CSV'!$G:$G),SUMIF('Detalle Bienes de Aseo y Caf'!$A:$A,$E827,'Detalle Bienes de Aseo y Caf'!$E:$E))","v":0},1,0,"10Dispensador de gel antibacterial para manos (Compra)"]
["10UNIÓN TEMPORAL ASEO COLOMBIA AMP4Dispensador de gel antibacterial para manos (Compra)",10,"UNIÓN TEMPORAL ASEO COLOMBIA AMP4","Bien",14,"Dispensador de gel antibacterial para manos (Compra)",null,null,null,null,29746,0,{"$f":"IF($D828=\"Servicio\",SUMIF('Resumen - CSV'!$D:$D,$E828,'Resumen - CSV'!$G:$G),SUMIF('Detalle Bienes de Aseo y Caf'!$A:$A,$E828,'Detalle Bienes de Aseo y Caf'!$E:$E))","v":0},1,0,"10Dispensador de gel antibacterial para manos (Compra)"]
["10UNIÓN TEMPORAL CCE AMP IV 2022Dispensador de gel antibacterial para manos (Compra)",10,"UNIÓN TEMPORAL CCE AMP IV 2022","Bien",14,"Dispensador de gel antibacterial para manos (Compra)",null,null,null,null,74141,0,{"$f":"IF($D829=\"Servicio\",SUMIF('Resumen - CSV'!$D:$D,$E829,'Resumen - CSV'!$G:$G),SUMIF('Detalle Bienes de Aseo y Caf'!$A:$A,$E829,'Detalle Bienes de Aseo y Caf'!$E:$E))","v":0},1,0,"10Dispensador de gel antibacterial para manos (Compra)"]
["10UNION TEMPORAL CLEAN COLOMBIADispensador de gel antibacterial para manos (Compra)",10,"UNION TEMPORAL CLEAN COLOMBIA","Bien",14,"Dispensador de gel antibacterial para manos (Compra)",null,null,null,null,29899,0,{"$f":"IF($D830=\"Servicio\",SUMIF('Resumen - CSV'!$D:$D,$E830,'Resumen - CSV'!$G:$G),SUMIF('Detalle Bienes de Aseo y Caf'!$A:$A,$E830,'Detalle Bienes de Aseo y Caf'!$E:$E))","v":0},1,0,"10Dispensador de gel antibacterial para manos (Compra)"]
["10UNION TEMPORAL ECOLIMPIEZA 4GDispensador de gel antibacterial para manos (Compra)",10,"UNION TEMPORAL ECOLIMPIEZA 4G","Bien",14,"Dispensador de gel antibacterial para manos (Compra)",null,null,null,null,23904,0,{"$f":"IF($D831=\"Servicio\",SUMIF('Resumen - CSV'!$D:$D,$E831,'Resumen - CSV'!$G:$G),SUMIF('Detalle Bienes de Aseo y Caf'!$A:$A,$E831,'Detalle Bienes de Aseo y Caf'!$E:$E))","v":0},1,0,"10Dispensador de gel antibacterial para manos (Compra)"]
["10UNIÓN TEMPORAL EMINSER SOLOASEO 2023Dispensador de gel antibacterial para manos (Compra)",10,"UNIÓN TEMPORAL EMINSER SOLOASEO 2023","Bien",14,"Dispensador de gel antibacterial para manos (Compra)",null,null,null,null,54083,0,{"$f":"IF($D832=\"Servicio\",SUMIF('Resumen - CSV'!$D:$D,$E832,'Resumen - CSV'!$G:$G),SUMIF('Detalle Bienes de Aseo y Caf'!$A:$A,$E832,'Detalle Bienes de Aseo y Caf'!$E:$E))","v":0},1,0,"10Dispensador de gel antibacterial para manos (Compra)"]
["10UNION TEMPORAL OUTSOURCING GIAFDispensador de gel antibacterial para manos (Compra)",10,"UNION TEMPORAL OUTSOURCING GIAF","Bien",14,"Dispensador de gel antibacterial para manos (Compra)",null,null,null,null,58338,0,{"$f":"IF($D833=\"Servicio\",SUMIF('Resumen - CSV'!$D:$D,$E833,'Resumen - CSV'!$G:$G),SUMIF('Detalle Bienes de Aseo y Caf'!$A:$A,$E833,'Detalle Bienes de Aseo y Caf'!$E:$E))","v":0},1,0,"10Dispensador de gel antibacterial para manos (Compra)"]
["10UNION TEMPORAL R&J 2022Dispensador de gel antibacterial para manos (Compra)",10,"UNION TEMPORAL R&J 2022","Bien",14,"Dispensador de gel antibacterial para manos (Compra)",null,null,null,null,30595,0,{"$f":"IF($D834=\"Servicio\",SUMIF('Resumen - CSV'!$D:$D,$E834,'Resumen - CSV'!$G:$G),SUMIF('Detalle Bienes de Aseo y Caf'!$A:$A,$E834,'Detalle Bienes de Aseo y Caf'!$E:$E))","v":0},1,0,"10Dispensador de gel antibacterial para manos (Compra)"]
["10UNION TEMPORAL SERVICIOS INTEGRALESDispensador de gel antibacterial para manos (Compra)",10,"UNION TEMPORAL SERVICIOS INTEGRALES","Bien",14,"Dispensador de gel antibacterial para manos (Compra)",null,null,null,null,39422,{"$f":"IF($D835=\"Bien\",$K835*$M835,\"\")","v":0},{"$f":"IF($D835=\"Servicio\",SUMIF('Resumen - CSV'!$D:$D,$E835,'Resumen - CSV'!$G:$G),SUMIF('Detalle Bienes de Aseo y Caf'!$A:$A,$E835,'Detalle Bienes de Aseo y Caf'!$E:$E))","v":0},1,{"$f":"$K835*M835*N835","v":0},"10Dispensador de gel antibacterial para manos (Compra)"]
["10UT EASYCLEAN ASEO PROFESIONALDispensador de gel antibacterial para manos (Compra)",10,"UT EASYCLEAN ASEO PROFESIONAL","Bien",14,"Dispensador de gel antibacterial para manos (Compra)",null,null,null,null,39713,0,{"$f":"IF($D836=\"Servicio\",SUMIF('Resumen - CSV'!$D:$D,$E836,'Resumen - CSV'!$G:$G),SUMIF('Detalle Bienes de Aseo y Caf'!$A:$A,$E836,'Detalle Bienes de Aseo y Caf'!$E:$E))","v":0},1,0,"10Dispensador de gel antibacterial para manos (Compra)"]
["10UT GRUPO ADINDispensador de gel antibacterial para manos (Compra)",10,"UT GRUPO ADIN","Bien",14,"Dispensador de gel antibacterial para manos (Compra)",null,null,null,null,33376,0,{"$f":"IF($D837=\"Servicio\",SUMIF('Resumen - CSV'!$D:$D,$E837,'Resumen - CSV'!$G:$G),SUMIF('Detalle Bienes de Aseo y Caf'!$A:$A,$E837,'Detalle Bienes de Aseo y Caf'!$E:$E))","v":0},1,0,"10Dispensador de gel antibacterial para manos (Compra)"]
["10ASECOLBAS LTDALimpiador multiusos 1 (Compra)",10,"ASECOLBAS LTDA","Bien",15,"Limpiador multiusos 1 (Compra)",null,null,null,null,7398,0,{"$f":"IF($D838=\"Servicio\",SUMIF('Resumen - CSV'!$D:$D,$E838,'Resumen - CSV'!$G:$G),SUMIF('Detalle Bienes de Aseo y Caf'!$A:$A,$E838,'Detalle Bienes de Aseo y Caf'!$E:$E))","v":0},1,0,"10Limpiador multiusos 1 (Compra)"]
["10CLEANER S.A.Limpiador multiusos 1 (Compra)",10,"CLEANER S.A.","Bien",15,"Limpiador multiusos 1 (Compra)",null,null,null,null,11032,0,{"$f":"IF($D839=\"Servicio\",SUMIF('Resumen - CSV'!$D:$D,$E839,'Resumen - CSV'!$G:$G),SUMIF('Detalle Bienes de Aseo y Caf'!$A:$A,$E839,'Detalle Bienes de Aseo y Caf'!$E:$E))","v":0},1,0,"10Limpiador multiusos 1 (Compra)"]
["10CONSERJES INMOBILIARIOS LTDALimpiador multiusos 1 (Compra)",10,"CONSERJES INMOBILIARIOS LTDA","Bien",15,"Limpiador multiusos 1 (Compra)",null,null,null,null,7487,0,{"$f":"IF($D840=\"Servicio\",SUMIF('Resumen - CSV'!$D:$D,$E840,'Resumen - CSV'!$G:$G),SUMIF('Detalle Bienes de Aseo y Caf'!$A:$A,$E840,'Detalle Bienes de Aseo y Caf'!$E:$E))","v":0},1,0,"10Limpiador multiusos 1 (Compra)"]
["10CONSORCIO ELITELimpiador multiusos 1 (Compra)",10,"CONSORCIO ELITE","Bien",15,"Limpiador multiusos 1 (Compra)",null,null,null,null,15115,0,{"$f":"IF($D841=\"Servicio\",SUMIF('Resumen - CSV'!$D:$D,$E841,'Resumen - CSV'!$G:$G),SUMIF('Detalle Bienes de Aseo y Caf'!$A:$A,$E841,'Detalle Bienes de Aseo y Caf'!$E:$E))","v":0},1,0,"10Limpiador multiusos 1 (Compra)"]
["10CONSORCIO KIOSLimpiador multiusos 1 (Compra)",10,"CONSORCIO KIOS","Bien",15,"Limpiador multiusos 1 (Compra)",null,null,null,null,13235,0,{"$f":"IF($D842=\"Servicio\",SUMIF('Resumen - CSV'!$D:$D,$E842,'Resumen - CSV'!$G:$G),SUMIF('Detalle Bienes de Aseo y Caf'!$A:$A,$E842,'Detalle Bienes de Aseo y Caf'!$E:$E))","v":0},1,0,"10Limpiador multiusos 1 (Compra)"]
["10INCINERADOS DEL HUILALimpiador multiusos 1 (Compra)",10,"INCINERADOS DEL HUILA","Bien",15,"Limpiador multiusos 1 (Compra)",null,null,null,null,37358,0,{"$f":"IF($D843=\"Servicio\",SUMIF('Resumen - CSV'!$D:$D,$E843,'Resumen - CSV'!$G:$G),SUMIF('Detalle Bienes de Aseo y Caf'!$A:$A,$E843,'Detalle Bienes de Aseo y Caf'!$E:$E))","v":0},1,0,"10Limpiador multiusos 1 (Compra)"]
["10INTERASEO SAS ESPLimpiador multiusos 1 (Compra)",10,"INTERASEO SAS ESP","Bien",15,"Limpiador multiusos 1 (Compra)",null,null,null,null,9828,0,{"$f":"IF($D844=\"Servicio\",SUMIF('Resumen - CSV'!$D:$D,$E844,'Resumen - CSV'!$G:$G),SUMIF('Detalle Bienes de Aseo y Caf'!$A:$A,$E844,'Detalle Bienes de Aseo y Caf'!$E:$E))","v":0},1,0,"10Limpiador multiusos 1 (Compra)"]
["10LIMPIEZA INSTITUCIONAL LASU S.A.S.Limpiador multiusos 1 (Compra)",10,"LIMPIEZA INSTITUCIONAL LASU S.A.S.","Bien",15,"Limpiador multiusos 1 (Compra)",null,null,null,null,6163,0,{"$f":"IF($D845=\"Servicio\",SUMIF('Resumen - CSV'!$D:$D,$E845,'Resumen - CSV'!$G:$G),SUMIF('Detalle Bienes de Aseo y Caf'!$A:$A,$E845,'Detalle Bienes de Aseo y Caf'!$E:$E))","v":0},1,0,"10Limpiador multiusos 1 (Compra)"]
["10SERVIASEO S.ALimpiador multiusos 1 (Compra)",10,"SERVIASEO S.A","Bien",15,"Limpiador multiusos 1 (Compra)",null,null,null,null,15823,0,{"$f":"IF($D846=\"Servicio\",SUMIF('Resumen - CSV'!$D:$D,$E846,'Resumen - CSV'!$G:$G),SUMIF('Detalle Bienes de Aseo y Caf'!$A:$A,$E846,'Detalle Bienes de Aseo y Caf'!$E:$E))","v":0},1,0,"10Limpiador multiusos 1 (Compra)"]
["10SERVITALENTOSLimpiador multiusos 1 (Compra)",10,"SERVITALENTOS","Bien",15,"Limpiador multiusos 1 (Compra)",null,null,null,null,14889,0,{"$f":"IF($D847=\"Servicio\",SUMIF('Resumen - CSV'!$D:$D,$E847,'Resumen - CSV'!$G:$G),SUMIF('Detalle Bienes de Aseo y Caf'!$A:$A,$E847,'Detalle Bienes de Aseo y Caf'!$E:$E))","v":0},1,0,"10Limpiador multiusos 1 (Compra)"]
["10SOSEGE SASLimpiador multiusos 1 (Compra)",10,"SOSEGE SAS","Bien",15,"Limpiador multiusos 1 (Compra)",null,null,null,null,11662,0,{"$f":"IF($D848=\"Servicio\",SUMIF('Resumen - CSV'!$D:$D,$E848,'Resumen - CSV'!$G:$G),SUMIF('Detalle Bienes de Aseo y Caf'!$A:$A,$E848,'Detalle Bienes de Aseo y Caf'!$E:$E))","v":0},1,0,"10Limpiador multiusos 1 (Compra)"]
["10UNION  TEMPORAL LADOINSA 2022Limpiador multiusos 1 (Compra)",10,"UNION  TEMPORAL LADOINSA 2022","Bien",15,"Limpiador multiusos 1 (Compra)",null,null,null,null,11373,0,{"$f":"IF($D849=\"Servicio\",SUMIF('Resumen - CSV'!$D:$D,$E849,'Resumen - CSV'!$G:$G),SUMIF('Detalle Bienes de Aseo y Caf'!$A:$A,$E849,'Detalle Bienes de Aseo y Caf'!$E:$E))","v":0},1,0,"10Limpiador multiusos 1 (Compra)"]
["10UNIÓN TEMPORAL ASEO COLOMBIA AMP4Limpiador multiusos 1 (Compra)",10,"UNIÓN TEMPORAL ASEO COLOMBIA AMP4","Bien",15,"Limpiador multiusos 1 (Compra)",null,null,null,null,12102,0,{"$f":"IF($D850=\"Servicio\",SUMIF('Resumen - CSV'!$D:$D,$E850,'Resumen - CSV'!$G:$G),SUMIF('Detalle Bienes de Aseo y Caf'!$A:$A,$E850,'Detalle Bienes de Aseo y Caf'!$E:$E))","v":0},1,0,"10Limpiador multiusos 1 (Compra)"]
["10UNIÓN TEMPORAL CCE AMP IV 2022Limpiador multiusos 1 (Compra)",10,"UNIÓN TEMPORAL CCE AMP IV 2022","Bien",15,"Limpiador multiusos 1 (Compra)",null,null,null,null,13152,0,{"$f":"IF($D851=\"Servicio\",SUMIF('Resumen - CSV'!$D:$D,$E851,'Resumen - CSV'!$G:$G),SUMIF('Detalle Bienes de Aseo y Caf'!$A:$A,$E851,'Detalle Bienes de Aseo y Caf'!$E:$E))","v":0},1,0,"10Limpiador multiusos 1 (Compra)"]
["10UNION TEMPORAL CLEAN COLOMBIALimpiador multiusos 1 (Compra)",10,"UNION TEMPORAL CLEAN COLOMBIA","Bien",15,"Limpiador multiusos 1 (Compra)",null,null,null,null,11345,0,{"$f":"IF($D852=\"Servicio\",SUMIF('Resumen - CSV'!$D:$D,$E852,'Resumen - CSV'!$G:$G),SUMIF('Detalle Bienes de Aseo y Caf'!$A:$A,$E852,'Detalle Bienes de Aseo y Caf'!$E:$E))","v":0},1,0,"10Limpiador multiusos 1 (Compra)"]
["10UNION TEMPORAL ECOLIMPIEZA 4GLimpiador multiusos 1 (Compra)",10,"UNION TEMPORAL ECOLIMPIEZA 4G","Bien",15,"Limpiador multiusos 1 (Compra)",null,null,null,null,9877,0,{"$f":"IF($D853=\"Servicio\",SUMIF('Resumen - CSV'!$D:$D,$E853,'Resumen - CSV'!$G:$G),SUMIF('Detalle Bienes de Aseo y Caf'!$A:$A,$E853,'Detalle Bienes de Aseo y Caf'!$E:$E))","v":0},1,0,"10Limpiador multiusos 1 (Compra)"]
["10UNIÓN TEMPORAL EMINSER SOLOASEO 2023Limpiador multiusos 1 (Compra)",10,"UNIÓN TEMPORAL EMINSER SOLOASEO 2023","Bien",15,"Limpiador multiusos 1 (Compra)",null,null,null,null,21146,0,{"$f":"IF($D854=\"Servicio\",SUMIF('Resumen - CSV'!$D:$D,$E854,'Resumen - CSV'!$G:$G),SUMIF('Detalle Bienes de Aseo y Caf'!$A:$A,$E854,'Detalle Bienes de Aseo y Caf'!$E:$E))","v":0},1,0,"10Limpiador multiusos 1 (Compra)"]
["10UNION TEMPORAL OUTSOURCING GIAFLimpiador multiusos 1 (Compra)",10,"UNION TEMPORAL OUTSOURCING GIAF","Bien",15,"Limpiador multiusos 1 (Compra)",null,null,null,null,9099,0,{"$f":"IF($D855=\"Servicio\",SUMIF('Resumen - CSV'!$D:$D,$E855,'Resumen - CSV'!$G:$G),SUMIF('Detalle Bienes de Aseo y Caf'!$A:$A,$E855,'Detalle Bienes de Aseo y Caf'!$E:$E))","v":0},1,0,"10Limpiador multiusos 1 (Compra)"]
["10UNION TEMPORAL R&J 2022Limpiador multiusos 1 (Compra)",10,"UNION TEMPORAL R&J 2022","Bien",15,"Limpiador multiusos 1 (Compra)",null,null,null,null,10198,0,{"$f":"IF($D856=\"Servicio\",SUMIF('Resumen - CSV'!$D:$D,$E856,'Resumen - CSV'!$G:$G),SUMIF('Detalle Bienes de Aseo y Caf'!$A:$A,$E856,'Detalle Bienes de Aseo y Caf'!$E:$E))","v":0},1,0,"10Limpiador multiusos 1 (Compra)"]
["10UNION TEMPORAL SERVICIOS INTEGRALESLimpiador multiusos 1 (Compra)",10,"UNION TEMPORAL SERVICIOS INTEGRALES","Bien",15,"Limpiador multiusos 1 (Compra)",null,null,null,null,15045,0,{"$f":"IF($D857=\"Servicio\",SUMIF('Resumen - CSV'!$D:$D,$E857,'Resumen - CSV'!$G:$G),SUMIF('Detalle Bienes de Aseo y Caf'!$A:$A,$E857,'Detalle Bienes de Aseo y Caf'!$E:$E))","v":0},1,0,"10Limpiador multiusos 1 (Compra)"]
["10UT EASYCLEAN ASEO PROFESIONALLimpiador multiusos 1 (Compra)",10,"UT EASYCLEAN ASEO PROFESIONAL","Bien",15,"Limpiador multiusos 1 (Compra)",null,null,null,null,15068,0,{"$f":"IF($D858=\"Servicio\",SUMIF('Resumen - CSV'!$D:$D,$E858,'Resumen - CSV'!$G:$G),SUMIF('Detalle Bienes de Aseo y Caf'!$A:$A,$E858,'Detalle Bienes de Aseo y Caf'!$E:$E))","v":0},1,0,"10Limpiador multiusos 1 (Compra)"]
["10UT GRUPO ADINLimpiador multiusos 1 (Compra)",10,"UT GRUPO ADIN","Bien",15,"Limpiador multiusos 1 (Compra)",null,null,null,null,13182,0,{"$f":"IF($D859=\"Servicio\",SUMIF('Resumen - CSV'!$D:$D,$E859,'Resumen - CSV'!$G:$G),SUMIF('Detalle Bienes de Aseo y Caf'!$A:$A,$E859,'Detalle Bienes de Aseo y Caf'!$E:$E))","v":0},1,0,"10Limpiador multiusos 1 (Compra)"]
["10ASECOLBAS LTDALimpiador multiusos 2 (Compra)",10,"ASECOLBAS LTDA","Bien",16,"Limpiador multiusos 2 (Compra)",null,null,null,null,4265,17060,{"$f":"IF($D860=\"Servicio\",SUMIF('Resumen - CSV'!$D:$D,$E860,'Resumen - CSV'!$G:$G),SUMIF('Detalle Bienes de Aseo y Caf'!$A:$A,$E860,'Detalle Bienes de Aseo y Caf'!$E:$E))","v":4},1,17060,"10Limpiador multiusos 2 (Compra)"]
["10CLEANER S.A.Limpiador multiusos 2 (Compra)",10,"CLEANER S.A.","Bien",16,"Limpiador multiusos 2 (Compra)",null,null,null,null,5233,20932,{"$f":"IF($D861=\"Servicio\",SUMIF('Resumen - CSV'!$D:$D,$E861,'Resumen - CSV'!$G:$G),SUMIF('Detalle Bienes de Aseo y Caf'!$A:$A,$E861,'Detalle Bienes de Aseo y Caf'!$E:$E))","v":4},1,20932,"10Limpiador multiusos 2 (Compra)"]
["10CONSERJES INMOBILIARIOS LTDALimpiador multiusos 2 (Compra)",10,"CONSERJES INMOBILIARIOS LTDA","Bien",16,"Limpiador multiusos 2 (Compra)",null,null,null,null,4215,16860,{"$f":"IF($D862=\"Servicio\",SUMIF('Resumen - CSV'!$D:$D,$E862,'Resumen - CSV'!$G:$G),SUMIF('Detalle Bienes de Aseo y Caf'!$A:$A,$E862,'Detalle Bienes de Aseo y Caf'!$E:$E))","v":4},1,16860,"10Limpiador multiusos 2 (Compra)"]
["10CONSORCIO ELITELimpiador multiusos 2 (Compra)",10,"CONSORCIO ELITE","Bien",16,"Limpiador multiusos 2 (Compra)",null,null,null,null,5512,22048,{"$f":"IF($D863=\"Servicio\",SUMIF('Resumen - CSV'!$D:$D,$E863,'Resumen - CSV'!$G:$G),SUMIF('Detalle Bienes de Aseo y Caf'!$A:$A,$E863,'Detalle Bienes de Aseo y Caf'!$E:$E))","v":4},1,22048,"10Limpiador multiusos 2 (Compra)"]
["10CONSORCIO KIOSLimpiador multiusos 2 (Compra)",10,"CONSORCIO KIOS","Bien",16,"Limpiador multiusos 2 (Compra)",null,null,null,null,4724,18896,{"$f":"IF($D864=\"Servicio\",SUMIF('Resumen - CSV'!$D:$D,$E864,'Resumen - CSV'!$G:$G),SUMIF('Detalle Bienes de Aseo y Caf'!$A:$A,$E864,'Detalle Bienes de Aseo y Caf'!$E:$E))","v":4},1,18896,"10Limpiador multiusos 2 (Compra)"]
["10INCINERADOS DEL HUILALimpiador multiusos 2 (Compra)",10,"INCINERADOS DEL HUILA","Bien",16,"Limpiador multiusos 2 (Compra)",null,null,null,null,17656,70624,{"$f":"IF($D865=\"Servicio\",SUMIF('Resumen - CSV'!$D:$D,$E865,'Resumen - CSV'!$G:$G),SUMIF('Detalle Bienes de Aseo y Caf'!$A:$A,$E865,'Detalle Bienes de Aseo y Caf'!$E:$E))","v":4},1,70624,"10Limpiador multiusos 2 (Compra)"]
["10INTERASEO SAS ESPLimpiador multiusos 2 (Compra)",10,"INTERASEO SAS ESP","Bien",16,"Limpiador multiusos 2 (Compra)",null,null,null,null,4326,17304,{"$f":"IF($D866=\"Servicio\",SUMIF('Resumen - CSV'!$D:$D,$E866,'Resumen - CSV'!$G:$G),SUMIF('Detalle Bienes de Aseo y Caf'!$A:$A,$E866,'Detalle Bienes de Aseo y Caf'!$E:$E))","v":4},1,17304,"10Limpiador multiusos 2 (Compra)"]
["10LIMPIEZA INSTITUCIONAL LASU S.A.S.Limpiador multiusos 2 (Compra)",10,"LIMPIEZA INSTITUCIONAL LASU S.A.S.","Bien",16,"Limpiador multiusos 2 (Compra)",null,null,null,null,2183,8732,{"$f":"IF($D867=\"Servicio\",SUMIF('Resumen - CSV'!$D:$D,$E867,'Resumen - CSV'!$G:$G),SUMIF('Detalle Bienes de Aseo y Caf'!$A:$A,$E867,'Detalle Bienes de Aseo y Caf'!$E:$E))","v":4},1,8732,"10Limpiador multiusos 2 (Compra)"]
["10SERVIASEO S.ALimpiador multiusos 2 (Compra)",10,"SERVIASEO S.A","Bien",16,"Limpiador multiusos 2 (Compra)",null,null,null,null,6675,26700,{"$f":"IF($D868=\"Servicio\",SUMIF('Resumen - CSV'!$D:$D,$E868,'Resumen - CSV'!$G:$G),SUMIF('Detalle Bienes de Aseo y Caf'!$A:$A,$E868,'Detalle Bienes de Aseo y Caf'!$E:$E))","v":4},1,26700,"10Limpiador multiusos 2 (Compra)"]
["10SERVITALENTOSLimpiador multiusos 2 (Compra)",10,"SERVITALENTOS","Bien",16,"Limpiador multiusos 2 (Compra)",null,null,null,null,5430,21720,{"$f":"IF($D869=\"Servicio\",SUMIF('Resumen - CSV'!$D:$D,$E869,'Resumen - CSV'!$G:$G),SUMIF('Detalle Bienes de Aseo y Caf'!$A:$A,$E869,'Detalle Bienes de Aseo y Caf'!$E:$E))","v":4},1,21720,"10Limpiador multiusos 2 (Compra)"]
["10SOSEGE SASLimpiador multiusos 2 (Compra)",10,"SOSEGE SAS","Bien",16,"Limpiador multiusos 2 (Compra)",null,null,null,null,5190,20760,{"$f":"IF($D870=\"Servicio\",SUMIF('Resumen - CSV'!$D:$D,$E870,'Resumen - CSV'!$G:$G),SUMIF('Detalle Bienes de Aseo y Caf'!$A:$A,$E870,'Detalle Bienes de Aseo y Caf'!$E:$E))","v":4},1,20760,"10Limpiador multiusos 2 (Compra)"]
["10UNION  TEMPORAL LADOINSA 2022Limpiador multiusos 2 (Compra)",10,"UNION  TEMPORAL LADOINSA 2022","Bien",16,"Limpiador multiusos 2 (Compra)",null,null,null,null,5687,22748,{"$f":"IF($D871=\"Servicio\",SUMIF('Resumen - CSV'!$D:$D,$E871,'Resumen - CSV'!$G:$G),SUMIF('Detalle Bienes de Aseo y Caf'!$A:$A,$E871,'Detalle Bienes de Aseo y Caf'!$E:$E))","v":4},1,22748,"10Limpiador multiusos 2 (Compra)"]
["10UNIÓN TEMPORAL ASEO COLOMBIA AMP4Limpiador multiusos 2 (Compra)",10,"UNIÓN TEMPORAL ASEO COLOMBIA AMP4","Bien",16,"Limpiador multiusos 2 (Compra)",null,null,null,null,4624,18496,{"$f":"IF($D872=\"Servicio\",SUMIF('Resumen - CSV'!$D:$D,$E872,'Resumen - CSV'!$G:$G),SUMIF('Detalle Bienes de Aseo y Caf'!$A:$A,$E872,'Detalle Bienes de Aseo y Caf'!$E:$E))","v":4},1,18496,"10Limpiador multiusos 2 (Compra)"]
["10UNIÓN TEMPORAL CCE AMP IV 2022Limpiador multiusos 2 (Compra)",10,"UNIÓN TEMPORAL CCE AMP IV 2022","Bien",16,"Limpiador multiusos 2 (Compra)",null,null,null,null,4237,16948,{"$f":"IF($D873=\"Servicio\",SUMIF('Resumen - CSV'!$D:$D,$E873,'Resumen - CSV'!$G:$G),SUMIF('Detalle Bienes de Aseo y Caf'!$A:$A,$E873,'Detalle Bienes de Aseo y Caf'!$E:$E))","v":4},1,16948,"10Limpiador multiusos 2 (Compra)"]
["10UNION TEMPORAL CLEAN COLOMBIALimpiador multiusos 2 (Compra)",10,"UNION TEMPORAL CLEAN COLOMBIA","Bien",16,"Limpiador multiusos 2 (Compra)",null,null,null,null,4137,16548,{"$f":"IF($D874=\"Servicio\",SUMIF('Resumen - CSV'!$D:$D,$E874,'Resumen - CSV'!$G:$G),SUMIF('Detalle Bienes de Aseo y Caf'!$A:$A,$E874,'Detalle Bienes de Aseo y Caf'!$E:$E))","v":4},1,16548,"10Limpiador multiusos 2 (Compra)"]
["10UNION TEMPORAL ECOLIMPIEZA 4GLimpiador multiusos 2 (Compra)",10,"UNION TEMPORAL ECOLIMPIEZA 4G","Bien",16,"Limpiador multiusos 2 (Compra)",null,null,null,null,3457,13828,{"$f":"IF($D875=\"Servicio\",SUMIF('Resumen - CSV'!$D:$D,$E875,'Resumen - CSV'!$G:$G),SUMIF('Detalle Bienes de Aseo y Caf'!$A:$A,$E875,'Detalle Bienes de Aseo y Caf'!$E:$E))","v":4},1,13828,"10Limpiador multiusos 2 (Compra)"]
["10UNIÓN TEMPORAL EMINSER SOLOASEO 2023Limpiador multiusos 2 (Compra)",10,"UNIÓN TEMPORAL EMINSER SOLOASEO 2023","Bien",16,"Limpiador multiusos 2 (Compra)",null,null,null,null,6436,25744,{"$f":"IF($D876=\"Servicio\",SUMIF('Resumen - CSV'!$D:$D,$E876,'Resumen - CSV'!$G:$G),SUMIF('Detalle Bienes de Aseo y Caf'!$A:$A,$E876,'Detalle Bienes de Aseo y Caf'!$E:$E))","v":4},1,25744,"10Limpiador multiusos 2 (Compra)"]
["10UNION TEMPORAL OUTSOURCING GIAFLimpiador multiusos 2 (Compra)",10,"UNION TEMPORAL OUTSOURCING GIAF","Bien",16,"Limpiador multiusos 2 (Compra)",null,null,null,null,4379,17516,{"$f":"IF($D877=\"Servicio\",SUMIF('Resumen - CSV'!$D:$D,$E877,'Resumen - CSV'!$G:$G),SUMIF('Detalle Bienes de Aseo y Caf'!$A:$A,$E877,'Detalle Bienes de Aseo y Caf'!$E:$E))","v":4},1,17516,"10Limpiador multiusos 2 (Compra)"]
["10UNION TEMPORAL R&J 2022Limpiador multiusos 2 (Compra)",10,"UNION TEMPORAL R&J 2022","Bien",16,"Limpiador multiusos 2 (Compra)",null,null,null,null,4450,17800,{"$f":"IF($D878=\"Servicio\",SUMIF('Resumen - CSV'!$D:$D,$E878,'Resumen - CSV'!$G:$G),SUMIF('Detalle Bienes de Aseo y Caf'!$A:$A,$E878,'Detalle Bienes de Aseo y Caf'!$E:$E))","v":4},1,17800,"10Limpiador multiusos 2 (Compra)"]
["10UNION TEMPORAL SERVICIOS INTEGRALESLimpiador multiusos 2 (Compra)",10,"UNION TEMPORAL SERVICIOS INTEGRALES","Bien",16,"Limpiador multiusos 2 (Compra)",null,null,null,null,5489,21956,{"$f":"IF($D879=\"Servicio\",SUMIF('Resumen - CSV'!$D:$D,$E879,'Resumen - CSV'!$G:$G),SUMIF('Detalle Bienes de Aseo y Caf'!$A:$A,$E879,'Detalle Bienes de Aseo y Caf'!$E:$E))","v":4},1,21956,"10Limpiador multiusos 2 (Compra)"]
["10UT EASYCLEAN ASEO PROFESIONALLimpiador multiusos 2 (Compra)",10,"UT EASYCLEAN ASEO PROFESIONAL","Bien",16,"Limpiador multiusos 2 (Compra)",null,null,null,null,5495,21980,{"$f":"IF($D880=\"Servicio\",SUMIF('Resumen - CSV'!$D:$D,$E880,'Resumen - CSV'!$G:$G),SUMIF('Detalle Bienes de Aseo y Caf'!$A:$A,$E880,'Detalle Bienes de Aseo y Caf'!$E:$E))","v":4},1,21980,"10Limpiador multiusos 2 (Compra)"]
["10UT GRUPO ADINLimpiador multiusos 2 (Compra)",10,"UT GRUPO ADIN","Bien",16,"Limpiador multiusos 2 (Compra)",null,null,null,null,5303,21212,{"$f":"IF($D881=\"Servicio\",SUMIF('Resumen - CSV'!$D:$D,$E881,'Resumen - CSV'!$G:$G),SUMIF('Detalle Bienes de Aseo y Caf'!$A:$A,$E881,'Detalle Bienes de Aseo y Caf'!$E:$E))","v":4},1,21212,"10Limpiador multiusos 2 (Compra)"]
["10ASECOLBAS LTDALimpiador multiusos 3 (Compra)",10,"ASECOLBAS LTDA","Bien",17,"Limpiador multiusos 3 (Compra)",null,null,null,null,3424,13696,{"$f":"IF($D882=\"Servicio\",SUMIF('Resumen - CSV'!$D:$D,$E882,'Resumen - CSV'!$G:$G),SUMIF('Detalle Bienes de Aseo y Caf'!$A:$A,$E882,'Detalle Bienes de Aseo y Caf'!$E:$E))","v":4},1,13696,"10Limpiador multiusos 3 (Compra)"]
["10CLEANER S.A.Limpiador multiusos 3 (Compra)",10,"CLEANER S.A.","Bien",17,"Limpiador multiusos 3 (Compra)",null,null,null,null,2641,10564,{"$f":"IF($D883=\"Servicio\",SUMIF('Resumen - CSV'!$D:$D,$E883,'Resumen - CSV'!$G:$G),SUMIF('Detalle Bienes de Aseo y Caf'!$A:$A,$E883,'Detalle Bienes de Aseo y Caf'!$E:$E))","v":4},1,10564,"10Limpiador multiusos 3 (Compra)"]
["10CONSERJES INMOBILIARIOS LTDALimpiador multiusos 3 (Compra)",10,"CONSERJES INMOBILIARIOS LTDA","Bien",17,"Limpiador multiusos 3 (Compra)",null,null,null,null,3465,13860,{"$f":"IF($D884=\"Servicio\",SUMIF('Resumen - CSV'!$D:$D,$E884,'Resumen - CSV'!$G:$G),SUMIF('Detalle Bienes de Aseo y Caf'!$A:$A,$E884,'Detalle Bienes de Aseo y Caf'!$E:$E))","v":4},1,13860,"10Limpiador multiusos 3 (Compra)"]
["10CONSORCIO ELITELimpiador multiusos 3 (Compra)",10,"CONSORCIO ELITE","Bien",17,"Limpiador multiusos 3 (Compra)",null,null,null,null,4345,17380,{"$f":"IF($D885=\"Servicio\",SUMIF('Resumen - CSV'!$D:$D,$E885,'Resumen - CSV'!$G:$G),SUMIF('Detalle Bienes de Aseo y Caf'!$A:$A,$E885,'Detalle Bienes de Aseo y Caf'!$E:$E))","v":4},1,17380,"10Limpiador multiusos 3 (Compra)"]
["10CONSORCIO KIOSLimpiador multiusos 3 (Compra)",10,"CONSORCIO KIOS","Bien",17,"Limpiador multiusos 3 (Compra)",null,null,null,null,3647,14588,{"$f":"IF($D886=\"Servicio\",SUMIF('Resumen - CSV'!$D:$D,$E886,'Resumen - CSV'!$G:$G),SUMIF('Detalle Bienes de Aseo y Caf'!$A:$A,$E886,'Detalle Bienes de Aseo y Caf'!$E:$E))","v":4},1,14588,"10Limpiador multiusos 3 (Compra)"]
["10INCINERADOS DEL HUILALimpiador multiusos 3 (Compra)",10,"INCINERADOS DEL HUILA","Bien",17,"Limpiador multiusos 3 (Compra)",null,null,null,null,16544,66176,{"$f":"IF($D887=\"Servicio\",SUMIF('Resumen - CSV'!$D:$D,$E887,'Resumen - CSV'!$G:$G),SUMIF('Detalle Bienes de Aseo y Caf'!$A:$A,$E887,'Detalle Bienes de Aseo y Caf'!$E:$E))","v":4},1,66176,"10Limpiador multiusos 3 (Compra)"]
["10INTERASEO SAS ESPLimpiador multiusos 3 (Compra)",10,"INTERASEO SAS ESP","Bien",17,"Limpiador multiusos 3 (Compra)",null,null,null,null,4326,17304,{"$f":"IF($D888=\"Servicio\",SUMIF('Resumen - CSV'!$D:$D,$E888,'Resumen - CSV'!$G:$G),SUMIF('Detalle Bienes de Aseo y Caf'!$A:$A,$E888,'Detalle Bienes de Aseo y Caf'!$E:$E))","v":4},1,17304,"10Limpiador multiusos 3 (Compra)"]
["10LIMPIEZA INSTITUCIONAL LASU S.A.S.Limpiador multiusos 3 (Compra)",10,"LIMPIEZA INSTITUCIONAL LASU S.A.S.","Bien",17,"Limpiador multiusos 3 (Compra)",null,null,null,null,1946,7784,{"$f":"IF($D889=\"Servicio\",SUMIF('Resumen - CSV'!$D:$D,$E889,'Resumen - CSV'!$G:$G),SUMIF('Detalle Bienes de Aseo y Caf'!$A:$A,$E889,'Detalle Bienes de Aseo y Caf'!$E:$E))","v":4},1,7784,"10Limpiador multiusos 3 (Compra)"]
["10SERVIASEO S.ALimpiador multiusos 3 (Compra)",10,"SERVIASEO S.A","Bien",17,"Limpiador multiusos 3 (Compra)",null,null,null,null,5192,20768,{"$f":"IF($D890=\"Servicio\",SUMIF('Resumen - CSV'!$D:$D,$E890,'Resumen - CSV'!$G:$G),SUMIF('Detalle Bienes de Aseo y Caf'!$A:$A,$E890,'Detalle Bienes de Aseo y Caf'!$E:$E))","v":4},1,20768,"10Limpiador multiusos 3 (Compra)"]
["10SERVITALENTOSLimpiador multiusos 3 (Compra)",10,"SERVITALENTOS","Bien",17,"Limpiador multiusos 3 (Compra)",null,null,null,null,4282,17128,{"$f":"IF($D891=\"Servicio\",SUMIF('Resumen - CSV'!$D:$D,$E891,'Resumen - CSV'!$G:$G),SUMIF('Detalle Bienes de Aseo y Caf'!$A:$A,$E891,'Detalle Bienes de Aseo y Caf'!$E:$E))","v":4},1,17128,"10Limpiador multiusos 3 (Compra)"]
["10SOSEGE SASLimpiador multiusos 3 (Compra)",10,"SOSEGE SAS","Bien",17,"Limpiador multiusos 3 (Compra)",null,null,null,null,3624,14496,{"$f":"IF($D892=\"Servicio\",SUMIF('Resumen - CSV'!$D:$D,$E892,'Resumen - CSV'!$G:$G),SUMIF('Detalle Bienes de Aseo y Caf'!$A:$A,$E892,'Detalle Bienes de Aseo y Caf'!$E:$E))","v":4},1,14496,"10Limpiador multiusos 3 (Compra)"]
["10UNION  TEMPORAL LADOINSA 2022Limpiador multiusos 3 (Compra)",10,"UNION  TEMPORAL LADOINSA 2022","Bien",17,"Limpiador multiusos 3 (Compra)",null,null,null,null,4573,18292,{"$f":"IF($D893=\"Servicio\",SUMIF('Resumen - CSV'!$D:$D,$E893,'Resumen - CSV'!$G:$G),SUMIF('Detalle Bienes de Aseo y Caf'!$A:$A,$E893,'Detalle Bienes de Aseo y Caf'!$E:$E))","v":4},1,18292,"10Limpiador multiusos 3 (Compra)"]
["10UNIÓN TEMPORAL ASEO COLOMBIA AMP4Limpiador multiusos 3 (Compra)",10,"UNIÓN TEMPORAL ASEO COLOMBIA AMP4","Bien",17,"Limpiador multiusos 3 (Compra)",null,null,null,null,4624,18496,{"$f":"IF($D894=\"Servicio\",SUMIF('Resumen - CSV'!$D:$D,$E894,'Resumen - CSV'!$G:$G),SUMIF('Detalle Bienes de Aseo y Caf'!$A:$A,$E894,'Detalle Bienes de Aseo y Caf'!$E:$E))","v":4},1,18496,"10Limpiador multiusos 3 (Compra)"]
["10UNIÓN TEMPORAL CCE AMP IV 2022Limpiador multiusos 3 (Compra)",10,"UNIÓN TEMPORAL CCE AMP IV 2022","Bien",17,"Limpiador multiusos 3 (Compra)",null,null,null,null,3583,14332,{"$f":"IF($D895=\"Servicio\",SUMIF('Resumen - CSV'!$D:$D,$E895,'Resumen - CSV'!$G:$G),SUMIF('Detalle Bienes de Aseo y Caf'!$A:$A,$E895,'Detalle Bienes de Aseo y Caf'!$E:$E))","v":4},1,14332,"10Limpiador multiusos 3 (Compra)"]
["10UNION TEMPORAL CLEAN COLOMBIALimpiador multiusos 3 (Compra)",10,"UNION TEMPORAL CLEAN COLOMBIA","Bien",17,"Limpiador multiusos 3 (Compra)",null,null,null,null,3262,13048,{"$f":"IF($D896=\"Servicio\",SUMIF('Resumen - CSV'!$D:$D,$E896,'Resumen - CSV'!$G:$G),SUMIF('Detalle Bienes de Aseo y Caf'!$A:$A,$E896,'Detalle Bienes de Aseo y Caf'!$E:$E))","v":4},1,13048,"10Limpiador multiusos 3 (Compra)"]
["10UNION TEMPORAL ECOLIMPIEZA 4GLimpiador multiusos 3 (Compra)",10,"UNION TEMPORAL ECOLIMPIEZA 4G","Bien",17,"Limpiador multiusos 3 (Compra)",null,null,null,null,2779,11116,{"$f":"IF($D897=\"Servicio\",SUMIF('Resumen - CSV'!$D:$D,$E897,'Resumen - CSV'!$G:$G),SUMIF('Detalle Bienes de Aseo y Caf'!$A:$A,$E897,'Detalle Bienes de Aseo y Caf'!$E:$E))","v":4},1,11116,"10Limpiador multiusos 3 (Compra)"]
["10UNIÓN TEMPORAL EMINSER SOLOASEO 2023Limpiador multiusos 3 (Compra)",10,"UNIÓN TEMPORAL EMINSER SOLOASEO 2023","Bien",17,"Limpiador multiusos 3 (Compra)",null,null,null,null,6253,25012,{"$f":"IF($D898=\"Servicio\",SUMIF('Resumen - CSV'!$D:$D,$E898,'Resumen - CSV'!$G:$G),SUMIF('Detalle Bienes de Aseo y Caf'!$A:$A,$E898,'Detalle Bienes de Aseo y Caf'!$E:$E))","v":4},1,25012,"10Limpiador multiusos 3 (Compra)"]
["10UNION TEMPORAL OUTSOURCING GIAFLimpiador multiusos 3 (Compra)",10,"UNION TEMPORAL OUTSOURCING GIAF","Bien",17,"Limpiador multiusos 3 (Compra)",null,null,null,null,3540,{"$f":"IF($D899=\"Bien\",$K899*$M899,\"\")","v":14160},{"$f":"IF($D899=\"Servicio\",SUMIF('Resumen - CSV'!$D:$D,$E899,'Resumen - CSV'!$G:$G),SUMIF('Detalle Bienes de Aseo y Caf'!$A:$A,$E899,'Detalle Bienes de Aseo y Caf'!$E:$E))","v":4},1,{"$f":"$K899*M899*N899","v":14160},"10Limpiador multiusos 3 (Compra)"]
["10UNION TEMPORAL R&J 2022Limpiador multiusos 3 (Compra)",10,"UNION TEMPORAL R&J 2022","Bien",17,"Limpiador multiusos 3 (Compra)",null,null,null,null,3337,13348,{"$f":"IF($D900=\"Servicio\",SUMIF('Resumen - CSV'!$D:$D,$E900,'Resumen - CSV'!$G:$G),SUMIF('Detalle Bienes de Aseo y Caf'!$A:$A,$E900,'Detalle Bienes de Aseo y Caf'!$E:$E))","v":4},1,13348,"10Limpiador multiusos 3 (Compra)"]
["10UNION TEMPORAL SERVICIOS INTEGRALESLimpiador multiusos 3 (Compra)",10,"UNION TEMPORAL SERVICIOS INTEGRALES","Bien",17,"Limpiador multiusos 3 (Compra)",null,null,null,null,4326,17304,{"$f":"IF($D901=\"Servicio\",SUMIF('Resumen - CSV'!$D:$D,$E901,'Resumen - CSV'!$G:$G),SUMIF('Detalle Bienes de Aseo y Caf'!$A:$A,$E901,'Detalle Bienes de Aseo y Caf'!$E:$E))","v":4},1,17304,"10Limpiador multiusos 3 (Compra)"]
["10UT EASYCLEAN ASEO PROFESIONALLimpiador multiusos 3 (Compra)",10,"UT EASYCLEAN ASEO PROFESIONAL","Bien",17,"Limpiador multiusos 3 (Compra)",null,null,null,null,4333,17332,{"$f":"IF($D902=\"Servicio\",SUMIF('Resumen - CSV'!$D:$D,$E902,'Resumen - CSV'!$G:$G),SUMIF('Detalle Bienes de Aseo y Caf'!$A:$A,$E902,'Detalle Bienes de Aseo y Caf'!$E:$E))","v":4},1,17332,"10Limpiador multiusos 3 (Compra)"]
["10UT GRUPO ADINLimpiador multiusos 3 (Compra)",10,"UT GRUPO ADIN","Bien",17,"Limpiador multiusos 3 (Compra)",null,null,null,null,4334,17336,{"$f":"IF($D903=\"Servicio\",SUMIF('Resumen - CSV'!$D:$D,$E903,'Resumen - CSV'!$G:$G),SUMIF('Detalle Bienes de Aseo y Caf'!$A:$A,$E903,'Detalle Bienes de Aseo y Caf'!$E:$E))","v":4},1,17336,"10Limpiador multiusos 3 (Compra)"]
["10ASECOLBAS LTDALimpiador desinfectante para pisos (Compra)",10,"ASECOLBAS LTDA","Bien",18,"Limpiador desinfectante para pisos (Compra)",null,null,null,null,8794,0,{"$f":"IF($D904=\"Servicio\",SUMIF('Resumen - CSV'!$D:$D,$E904,'Resumen - CSV'!$G:$G),SUMIF('Detalle Bienes de Aseo y Caf'!$A:$A,$E904,'Detalle Bienes de Aseo y Caf'!$E:$E))","v":0},1,0,"10Limpiador desinfectante para pisos (Compra)"]
["10CLEANER S.A.Limpiador desinfectante para pisos (Compra)",10,"CLEANER S.A.","Bien",18,"Limpiador desinfectante para pisos (Compra)",null,null,null,null,9046,0,{"$f":"IF($D905=\"Servicio\",SUMIF('Resumen - CSV'!$D:$D,$E905,'Resumen - CSV'!$G:$G),SUMIF('Detalle Bienes de Aseo y Caf'!$A:$A,$E905,'Detalle Bienes de Aseo y Caf'!$E:$E))","v":0},1,0,"10Limpiador desinfectante para pisos (Compra)"]
["10CONSERJES INMOBILIARIOS LTDALimpiador desinfectante para pisos (Compra)",10,"CONSERJES INMOBILIARIOS LTDA","Bien",18,"Limpiador desinfectante para pisos (Compra)",null,null,null,null,8689,0,{"$f":"IF($D906=\"Servicio\",SUMIF('Resumen - CSV'!$D:$D,$E906,'Resumen - CSV'!$G:$G),SUMIF('Detalle Bienes de Aseo y Caf'!$A:$A,$E906,'Detalle Bienes de Aseo y Caf'!$E:$E))","v":0},1,0,"10Limpiador desinfectante para pisos (Compra)"]
["10CONSORCIO ELITELimpiador desinfectante para pisos (Compra)",10,"CONSORCIO ELITE","Bien",18,"Limpiador desinfectante para pisos (Compra)",null,null,null,null,16637,0,{"$f":"IF($D907=\"Servicio\",SUMIF('Resumen - CSV'!$D:$D,$E907,'Resumen - CSV'!$G:$G),SUMIF('Detalle Bienes de Aseo y Caf'!$A:$A,$E907,'Detalle Bienes de Aseo y Caf'!$E:$E))","v":0},1,0,"10Limpiador desinfectante para pisos (Compra)"]
["10CONSORCIO KIOSLimpiador desinfectante para pisos (Compra)",10,"CONSORCIO KIOS","Bien",18,"Limpiador desinfectante para pisos (Compra)",null,null,null,null,13292,0,{"$f":"IF($D908=\"Servicio\",SUMIF('Resumen - CSV'!$D:$D,$E908,'Resumen - CSV'!$G:$G),SUMIF('Detalle Bienes de Aseo y Caf'!$A:$A,$E908,'Detalle Bienes de Aseo y Caf'!$E:$E))","v":0},1,0,"10Limpiador desinfectante para pisos (Compra)"]
["10INCINERADOS DEL HUILALimpiador desinfectante para pisos (Compra)",10,"INCINERADOS DEL HUILA","Bien",18,"Limpiador desinfectante para pisos (Compra)",null,null,null,null,39868,0,{"$f":"IF($D909=\"Servicio\",SUMIF('Resumen - CSV'!$D:$D,$E909,'Resumen - CSV'!$G:$G),SUMIF('Detalle Bienes de Aseo y Caf'!$A:$A,$E909,'Detalle Bienes de Aseo y Caf'!$E:$E))","v":0},1,0,"10Limpiador desinfectante para pisos (Compra)"]
["10INTERASEO SAS ESPLimpiador desinfectante para pisos (Compra)",10,"INTERASEO SAS ESP","Bien",18,"Limpiador desinfectante para pisos (Compra)",null,null,null,null,11743,0,{"$f":"IF($D910=\"Servicio\",SUMIF('Resumen - CSV'!$D:$D,$E910,'Resumen - CSV'!$G:$G),SUMIF('Detalle Bienes de Aseo y Caf'!$A:$A,$E910,'Detalle Bienes de Aseo y Caf'!$E:$E))","v":0},1,0,"10Limpiador desinfectante para pisos (Compra)"]
["10LIMPIEZA INSTITUCIONAL LASU S.A.S.Limpiador desinfectante para pisos (Compra)",10,"LIMPIEZA INSTITUCIONAL LASU S.A.S.","Bien",18,"Limpiador desinfectante para pisos (Compra)",null,null,null,null,7299,0,{"$f":"IF($D911=\"Servicio\",SUMIF('Resumen - CSV'!$D:$D,$E911,'Resumen - CSV'!$G:$G),SUMIF('Detalle Bienes de Aseo y Caf'!$A:$A,$E911,'Detalle Bienes de Aseo y Caf'!$E:$E))","v":0},1,0,"10Limpiador desinfectante para pisos (Compra)"]
["10SERVIASEO S.ALimpiador desinfectante para pisos (Compra)",10,"SERVIASEO S.A","Bien",18,"Limpiador desinfectante para pisos (Compra)",null,null,null,null,15205,0,{"$f":"IF($D912=\"Servicio\",SUMIF('Resumen - CSV'!$D:$D,$E912,'Resumen - CSV'!$G:$G),SUMIF('Detalle Bienes de Aseo y Caf'!$A:$A,$E912,'Detalle Bienes de Aseo y Caf'!$E:$E))","v":0},1,0,"10Limpiador desinfectante para pisos (Compra)"]
["10SERVITALENTOSLimpiador desinfectante para pisos (Compra)",10,"SERVITALENTOS","Bien",18,"Limpiador desinfectante para pisos (Compra)",null,null,null,null,16389,0,{"$f":"IF($D913=\"Servicio\",SUMIF('Resumen - CSV'!$D:$D,$E913,'Resumen - CSV'!$G:$G),SUMIF('Detalle Bienes de Aseo y Caf'!$A:$A,$E913,'Detalle Bienes de Aseo y Caf'!$E:$E))","v":0},1,0,"10Limpiador desinfectante para pisos (Compra)"]
["10SOSEGE SASLimpiador desinfectante para pisos (Compra)",10,"SOSEGE SAS","Bien",18,"Limpiador desinfectante para pisos (Compra)",null,null,null,null,9077,0,{"$f":"IF($D914=\"Servicio\",SUMIF('Resumen - CSV'!$D:$D,$E914,'Resumen - CSV'!$G:$G),SUMIF('Detalle Bienes de Aseo y Caf'!$A:$A,$E914,'Detalle Bienes de Aseo y Caf'!$E:$E))","v":0},1,0,"10Limpiador desinfectante para pisos (Compra)"]
["10UNION  TEMPORAL LADOINSA 2022Limpiador desinfectante para pisos (Compra)",10,"UNION  TEMPORAL LADOINSA 2022","Bien",18,"Limpiador desinfectante para pisos (Compra)",null,null,null,null,10879,0,{"$f":"IF($D915=\"Servicio\",SUMIF('Resumen - CSV'!$D:$D,$E915,'Resumen - CSV'!$G:$G),SUMIF('Detalle Bienes de Aseo y Caf'!$A:$A,$E915,'Detalle Bienes de Aseo y Caf'!$E:$E))","v":0},1,0,"10Limpiador desinfectante para pisos (Compra)"]
["10UNIÓN TEMPORAL ASEO COLOMBIA AMP4Limpiador desinfectante para pisos (Compra)",10,"UNIÓN TEMPORAL ASEO COLOMBIA AMP4","Bien",18,"Limpiador desinfectante para pisos (Compra)",null,null,null,null,11798,0,{"$f":"IF($D916=\"Servicio\",SUMIF('Resumen - CSV'!$D:$D,$E916,'Resumen - CSV'!$G:$G),SUMIF('Detalle Bienes de Aseo y Caf'!$A:$A,$E916,'Detalle Bienes de Aseo y Caf'!$E:$E))","v":0},1,0,"10Limpiador desinfectante para pisos (Compra)"]
["10UNIÓN TEMPORAL CCE AMP IV 2022Limpiador desinfectante para pisos (Compra)",10,"UNIÓN TEMPORAL CCE AMP IV 2022","Bien",18,"Limpiador desinfectante para pisos (Compra)",null,null,null,null,15887,0,{"$f":"IF($D917=\"Servicio\",SUMIF('Resumen - CSV'!$D:$D,$E917,'Resumen - CSV'!$G:$G),SUMIF('Detalle Bienes de Aseo y Caf'!$A:$A,$E917,'Detalle Bienes de Aseo y Caf'!$E:$E))","v":0},1,0,"10Limpiador desinfectante para pisos (Compra)"]
["10UNION TEMPORAL CLEAN COLOMBIALimpiador desinfectante para pisos (Compra)",10,"UNION TEMPORAL CLEAN COLOMBIA","Bien",18,"Limpiador desinfectante para pisos (Compra)",null,null,null,null,12487,0,{"$f":"IF($D918=\"Servicio\",SUMIF('Resumen - CSV'!$D:$D,$E918,'Resumen - CSV'!$G:$G),SUMIF('Detalle Bienes de Aseo y Caf'!$A:$A,$E918,'Detalle Bienes de Aseo y Caf'!$E:$E))","v":0},1,0,"10Limpiador desinfectante para pisos (Compra)"]
["10UNION TEMPORAL ECOLIMPIEZA 4GLimpiador desinfectante para pisos (Compra)",10,"UNION TEMPORAL ECOLIMPIEZA 4G","Bien",18,"Limpiador desinfectante para pisos (Compra)",null,null,null,null,7356,0,{"$f":"IF($D919=\"Servicio\",SUMIF('Resumen - CSV'!$D:$D,$E919,'Resumen - CSV'!$G:$G),SUMIF('Detalle Bienes de Aseo y Caf'!$A:$A,$E919,'Detalle Bienes de Aseo y Caf'!$E:$E))","v":0},1,0,"10Limpiador desinfectante para pisos (Compra)"]
["10UNIÓN TEMPORAL EMINSER SOLOASEO 2023Limpiador desinfectante para pisos (Compra)",10,"UNIÓN TEMPORAL EMINSER SOLOASEO 2023","Bien",18,"Limpiador desinfectante para pisos (Compra)",null,null,null,null,18389,0,{"$f":"IF($D920=\"Servicio\",SUMIF('Resumen - CSV'!$D:$D,$E920,'Resumen - CSV'!$G:$G),SUMIF('Detalle Bienes de Aseo y Caf'!$A:$A,$E920,'Detalle Bienes de Aseo y Caf'!$E:$E))","v":0},1,0,"10Limpiador desinfectante para pisos (Compra)"]
["10UNION TEMPORAL OUTSOURCING GIAFLimpiador desinfectante para pisos (Compra)",10,"UNION TEMPORAL OUTSOURCING GIAF","Bien",18,"Limpiador desinfectante para pisos (Compra)",null,null,null,null,9433,0,{"$f":"IF($D921=\"Servicio\",SUMIF('Resumen - CSV'!$D:$D,$E921,'Resumen - CSV'!$G:$G),SUMIF('Detalle Bienes de Aseo y Caf'!$A:$A,$E921,'Detalle Bienes de Aseo y Caf'!$E:$E))","v":0},1,0,"10Limpiador desinfectante para pisos (Compra)"]
["10UNION TEMPORAL R&J 2022Limpiador desinfectante para pisos (Compra)",10,"UNION TEMPORAL R&J 2022","Bien",18,"Limpiador desinfectante para pisos (Compra)",null,null,null,null,9271,0,{"$f":"IF($D922=\"Servicio\",SUMIF('Resumen - CSV'!$D:$D,$E922,'Resumen - CSV'!$G:$G),SUMIF('Detalle Bienes de Aseo y Caf'!$A:$A,$E922,'Detalle Bienes de Aseo y Caf'!$E:$E))","v":0},1,0,"10Limpiador desinfectante para pisos (Compra)"]
["10UNION TEMPORAL SERVICIOS INTEGRALESLimpiador desinfectante para pisos (Compra)",10,"UNION TEMPORAL SERVICIOS INTEGRALES","Bien",18,"Limpiador desinfectante para pisos (Compra)",null,null,null,null,16466,0,{"$f":"IF($D923=\"Servicio\",SUMIF('Resumen - CSV'!$D:$D,$E923,'Resumen - CSV'!$G:$G),SUMIF('Detalle Bienes de Aseo y Caf'!$A:$A,$E923,'Detalle Bienes de Aseo y Caf'!$E:$E))","v":0},1,0,"10Limpiador desinfectante para pisos (Compra)"]
["10UT EASYCLEAN ASEO PROFESIONALLimpiador desinfectante para pisos (Compra)",10,"UT EASYCLEAN ASEO PROFESIONAL","Bien",18,"Limpiador desinfectante para pisos (Compra)",null,null,null,null,16585,0,{"$f":"IF($D924=\"Servicio\",SUMIF('Resumen - CSV'!$D:$D,$E924,'Resumen - CSV'!$G:$G),SUMIF('Detalle Bienes de Aseo y Caf'!$A:$A,$E924,'Detalle Bienes de Aseo y Caf'!$E:$E))","v":0},1,0,"10Limpiador desinfectante para pisos (Compra)"]
["10UT GRUPO ADINLimpiador desinfectante para pisos (Compra)",10,"UT GRUPO ADIN","Bien",18,"Limpiador desinfectante para pisos (Compra)",null,null,null,null,21015,0,{"$f":"IF($D925=\"Servicio\",SUMIF('Resumen - CSV'!$D:$D,$E925,'Resumen - CSV'!$G:$G),SUMIF('Detalle Bienes de Aseo y Caf'!$A:$A,$E925,'Detalle Bienes de Aseo y Caf'!$E:$E))","v":0},1,0,"10Limpiador desinfectante para pisos (Compra)"]
["10ASECOLBAS LTDALíquido desengrasante (Compra)",10,"ASECOLBAS LTDA","Bien",19,"Líquido desengrasante (Compra)",null,null,null,null,8585,0,{"$f":"IF($D926=\"Servicio\",SUMIF('Resumen - CSV'!$D:$D,$E926,'Resumen - CSV'!$G:$G),SUMIF('Detalle Bienes de Aseo y Caf'!$A:$A,$E926,'Detalle Bienes de Aseo y Caf'!$E:$E))","v":0},1,0,"10Líquido desengrasante (Compra)"]
["10CLEANER S.A.Líquido desengrasante (Compra)",10,"CLEANER S.A.","Bien",19,"Líquido desengrasante (Compra)",null,null,null,null,15218,0,{"$f":"IF($D927=\"Servicio\",SUMIF('Resumen - CSV'!$D:$D,$E927,'Resumen - CSV'!$G:$G),SUMIF('Detalle Bienes de Aseo y Caf'!$A:$A,$E927,'Detalle Bienes de Aseo y Caf'!$E:$E))","v":0},1,0,"10Líquido desengrasante (Compra)"]
["10CONSERJES INMOBILIARIOS LTDALíquido desengrasante (Compra)",10,"CONSERJES INMOBILIARIOS LTDA","Bien",19,"Líquido desengrasante (Compra)",null,null,null,null,8688,0,{"$f":"IF($D928=\"Servicio\",SUMIF('Resumen - CSV'!$D:$D,$E928,'Resumen - CSV'!$G:$G),SUMIF('Detalle Bienes de Aseo y Caf'!$A:$A,$E928,'Detalle Bienes de Aseo y Caf'!$E:$E))","v":0},1,0,"10Líquido desengrasante (Compra)"]
["10CONSORCIO ELITELíquido desengrasante (Compra)",10,"CONSORCIO ELITE","Bien",19,"Líquido desengrasante (Compra)",null,null,null,null,16389,0,{"$f":"IF($D929=\"Servicio\",SUMIF('Resumen - CSV'!$D:$D,$E929,'Resumen - CSV'!$G:$G),SUMIF('Detalle Bienes de Aseo y Caf'!$A:$A,$E929,'Detalle Bienes de Aseo y Caf'!$E:$E))","v":0},1,0,"10Líquido desengrasante (Compra)"]
["10CONSORCIO KIOSLíquido desengrasante (Compra)",10,"CONSORCIO KIOS","Bien",19,"Líquido desengrasante (Compra)",null,null,null,null,15527,0,{"$f":"IF($D930=\"Servicio\",SUMIF('Resumen - CSV'!$D:$D,$E930,'Resumen - CSV'!$G:$G),SUMIF('Detalle Bienes de Aseo y Caf'!$A:$A,$E930,'Detalle Bienes de Aseo y Caf'!$E:$E))","v":0},1,0,"10Líquido desengrasante (Compra)"]
["10INCINERADOS DEL HUILALíquido desengrasante (Compra)",10,"INCINERADOS DEL HUILA","Bien",19,"Líquido desengrasante (Compra)",null,null,null,null,123103,0,{"$f":"IF($D931=\"Servicio\",SUMIF('Resumen - CSV'!$D:$D,$E931,'Resumen - CSV'!$G:$G),SUMIF('Detalle Bienes de Aseo y Caf'!$A:$A,$E931,'Detalle Bienes de Aseo y Caf'!$E:$E))","v":0},1,0,"10Líquido desengrasante (Compra)"]
["10INTERASEO SAS ESPLíquido desengrasante (Compra)",10,"INTERASEO SAS ESP","Bien",19,"Líquido desengrasante (Compra)",null,null,null,null,10507,0,{"$f":"IF($D932=\"Servicio\",SUMIF('Resumen - CSV'!$D:$D,$E932,'Resumen - CSV'!$G:$G),SUMIF('Detalle Bienes de Aseo y Caf'!$A:$A,$E932,'Detalle Bienes de Aseo y Caf'!$E:$E))","v":0},1,0,"10Líquido desengrasante (Compra)"]
["10LIMPIEZA INSTITUCIONAL LASU S.A.S.Líquido desengrasante (Compra)",10,"LIMPIEZA INSTITUCIONAL LASU S.A.S.","Bien",19,"Líquido desengrasante (Compra)",null,null,null,null,7866,0,{"$f":"IF($D933=\"Servicio\",SUMIF('Resumen - CSV'!$D:$D,$E933,'Resumen - CSV'!$G:$G),SUMIF('Detalle Bienes de Aseo y Caf'!$A:$A,$E933,'Detalle Bienes de Aseo y Caf'!$E:$E))","v":0},1,0,"10Líquido desengrasante (Compra)"]
["10SERVIASEO S.ALíquido desengrasante (Compra)",10,"SERVIASEO S.A","Bien",19,"Líquido desengrasante (Compra)",null,null,null,null,16688,0,{"$f":"IF($D934=\"Servicio\",SUMIF('Resumen - CSV'!$D:$D,$E934,'Resumen - CSV'!$G:$G),SUMIF('Detalle Bienes de Aseo y Caf'!$A:$A,$E934,'Detalle Bienes de Aseo y Caf'!$E:$E))","v":0},1,0,"10Líquido desengrasante (Compra)"]
["10SERVITALENTOSLíquido desengrasante (Compra)",10,"SERVITALENTOS","Bien",19,"Líquido desengrasante (Compra)",null,null,null,null,16144,0,{"$f":"IF($D935=\"Servicio\",SUMIF('Resumen - CSV'!$D:$D,$E935,'Resumen - CSV'!$G:$G),SUMIF('Detalle Bienes de Aseo y Caf'!$A:$A,$E935,'Detalle Bienes de Aseo y Caf'!$E:$E))","v":0},1,0,"10Líquido desengrasante (Compra)"]
["10SOSEGE SASLíquido desengrasante (Compra)",10,"SOSEGE SAS","Bien",19,"Líquido desengrasante (Compra)",null,null,null,null,18314,0,{"$f":"IF($D936=\"Servicio\",SUMIF('Resumen - CSV'!$D:$D,$E936,'Resumen - CSV'!$G:$G),SUMIF('Detalle Bienes de Aseo y Caf'!$A:$A,$E936,'Detalle Bienes de Aseo y Caf'!$E:$E))","v":0},1,0,"10Líquido desengrasante (Compra)"]
["10UNION  TEMPORAL LADOINSA 2022Líquido desengrasante (Compra)",10,"UNION  TEMPORAL LADOINSA 2022","Bien",19,"Líquido desengrasante (Compra)",null,null,null,null,11868,0,{"$f":"IF($D937=\"Servicio\",SUMIF('Resumen - CSV'!$D:$D,$E937,'Resumen - CSV'!$G:$G),SUMIF('Detalle Bienes de Aseo y Caf'!$A:$A,$E937,'Detalle Bienes de Aseo y Caf'!$E:$E))","v":0},1,0,"10Líquido desengrasante (Compra)"]
["10UNIÓN TEMPORAL ASEO COLOMBIA AMP4Líquido desengrasante (Compra)",10,"UNIÓN TEMPORAL ASEO COLOMBIA AMP4","Bien",19,"Líquido desengrasante (Compra)",null,null,null,null,14822,0,{"$f":"IF($D938=\"Servicio\",SUMIF('Resumen - CSV'!$D:$D,$E938,'Resumen - CSV'!$G:$G),SUMIF('Detalle Bienes de Aseo y Caf'!$A:$A,$E938,'Detalle Bienes de Aseo y Caf'!$E:$E))","v":0},1,0,"10Líquido desengrasante (Compra)"]
["10UNIÓN TEMPORAL CCE AMP IV 2022Líquido desengrasante (Compra)",10,"UNIÓN TEMPORAL CCE AMP IV 2022","Bien",19,"Líquido desengrasante (Compra)",null,null,null,null,14261,0,{"$f":"IF($D939=\"Servicio\",SUMIF('Resumen - CSV'!$D:$D,$E939,'Resumen - CSV'!$G:$G),SUMIF('Detalle Bienes de Aseo y Caf'!$A:$A,$E939,'Detalle Bienes de Aseo y Caf'!$E:$E))","v":0},1,0,"10Líquido desengrasante (Compra)"]
["10UNION TEMPORAL CLEAN COLOMBIALíquido desengrasante (Compra)",10,"UNION TEMPORAL CLEAN COLOMBIA","Bien",19,"Líquido desengrasante (Compra)",null,null,null,null,12301,0,{"$f":"IF($D940=\"Servicio\",SUMIF('Resumen - CSV'!$D:$D,$E940,'Resumen - CSV'!$G:$G),SUMIF('Detalle Bienes de Aseo y Caf'!$A:$A,$E940,'Detalle Bienes de Aseo y Caf'!$E:$E))","v":0},1,0,"10Líquido desengrasante (Compra)"]
["10UNION TEMPORAL ECOLIMPIEZA 4GLíquido desengrasante (Compra)",10,"UNION TEMPORAL ECOLIMPIEZA 4G","Bien",19,"Líquido desengrasante (Compra)",null,null,null,null,10869,0,{"$f":"IF($D941=\"Servicio\",SUMIF('Resumen - CSV'!$D:$D,$E941,'Resumen - CSV'!$G:$G),SUMIF('Detalle Bienes de Aseo y Caf'!$A:$A,$E941,'Detalle Bienes de Aseo y Caf'!$E:$E))","v":0},1,0,"10Líquido desengrasante (Compra)"]
["10UNIÓN TEMPORAL EMINSER SOLOASEO 2023Líquido desengrasante (Compra)",10,"UNIÓN TEMPORAL EMINSER SOLOASEO 2023","Bien",19,"Líquido desengrasante (Compra)",null,null,null,null,31261,0,{"$f":"IF($D942=\"Servicio\",SUMIF('Resumen - CSV'!$D:$D,$E942,'Resumen - CSV'!$G:$G),SUMIF('Detalle Bienes de Aseo y Caf'!$A:$A,$E942,'Detalle Bienes de Aseo y Caf'!$E:$E))","v":0},1,0,"10Líquido desengrasante (Compra)"]
["10UNION TEMPORAL OUTSOURCING GIAFLíquido desengrasante (Compra)",10,"UNION TEMPORAL OUTSOURCING GIAF","Bien",19,"Líquido desengrasante (Compra)",null,null,null,null,14359,0,{"$f":"IF($D943=\"Servicio\",SUMIF('Resumen - CSV'!$D:$D,$E943,'Resumen - CSV'!$G:$G),SUMIF('Detalle Bienes de Aseo y Caf'!$A:$A,$E943,'Detalle Bienes de Aseo y Caf'!$E:$E))","v":0},1,0,"10Líquido desengrasante (Compra)"]
["10UNION TEMPORAL R&J 2022Líquido desengrasante (Compra)",10,"UNION TEMPORAL R&J 2022","Bien",19,"Líquido desengrasante (Compra)",null,null,null,null,10754,0,{"$f":"IF($D944=\"Servicio\",SUMIF('Resumen - CSV'!$D:$D,$E944,'Resumen - CSV'!$G:$G),SUMIF('Detalle Bienes de Aseo y Caf'!$A:$A,$E944,'Detalle Bienes de Aseo y Caf'!$E:$E))","v":0},1,0,"10Líquido desengrasante (Compra)"]
["10UNION TEMPORAL SERVICIOS INTEGRALESLíquido desengrasante (Compra)",10,"UNION TEMPORAL SERVICIOS INTEGRALES","Bien",19,"Líquido desengrasante (Compra)",null,null,null,null,16269,0,{"$f":"IF($D945=\"Servicio\",SUMIF('Resumen - CSV'!$D:$D,$E945,'Resumen - CSV'!$G:$G),SUMIF('Detalle Bienes de Aseo y Caf'!$A:$A,$E945,'Detalle Bienes de Aseo y Caf'!$E:$E))","v":0},1,0,"10Líquido desengrasante (Compra)"]
["10UT EASYCLEAN ASEO PROFESIONALLíquido desengrasante (Compra)",10,"UT EASYCLEAN ASEO PROFESIONAL","Bien",19,"Líquido desengrasante (Compra)",null,null,null,null,16338,0,{"$f":"IF($D946=\"Servicio\",SUMIF('Resumen - CSV'!$D:$D,$E946,'Resumen - CSV'!$G:$G),SUMIF('Detalle Bienes de Aseo y Caf'!$A:$A,$E946,'Detalle Bienes de Aseo y Caf'!$E:$E))","v":0},1,0,"10Líquido desengrasante (Compra)"]
["10UT GRUPO ADINLíquido desengrasante (Compra)",10,"UT GRUPO ADIN","Bien",19,"Líquido desengrasante (Compra)",null,null,null,null,15920,0,{"$f":"IF($D947=\"Servicio\",SUMIF('Resumen - CSV'!$D:$D,$E947,'Resumen - CSV'!$G:$G),SUMIF('Detalle Bienes de Aseo y Caf'!$A:$A,$E947,'Detalle Bienes de Aseo y Caf'!$E:$E))","v":0},1,0,"10Líquido desengrasante (Compra)"]
["10ASECOLBAS LTDACrema desengrasante (Compra)",10,"ASECOLBAS LTDA","Bien",20,"Crema desengrasante (Compra)",null,null,null,null,11869,0,{"$f":"IF($D948=\"Servicio\",SUMIF('Resumen - CSV'!$D:$D,$E948,'Resumen - CSV'!$G:$G),SUMIF('Detalle Bienes de Aseo y Caf'!$A:$A,$E948,'Detalle Bienes de Aseo y Caf'!$E:$E))","v":0},1,0,"10Crema desengrasante (Compra)"]
["10CLEANER S.A.Crema desengrasante (Compra)",10,"CLEANER S.A.","Bien",20,"Crema desengrasante (Compra)",null,null,null,null,12960,0,{"$f":"IF($D949=\"Servicio\",SUMIF('Resumen - CSV'!$D:$D,$E949,'Resumen - CSV'!$G:$G),SUMIF('Detalle Bienes de Aseo y Caf'!$A:$A,$E949,'Detalle Bienes de Aseo y Caf'!$E:$E))","v":0},1,0,"10Crema desengrasante (Compra)"]
["10CONSERJES INMOBILIARIOS LTDACrema desengrasante (Compra)",10,"CONSERJES INMOBILIARIOS LTDA","Bien",20,"Crema desengrasante (Compra)",null,null,null,null,11729,0,{"$f":"IF($D950=\"Servicio\",SUMIF('Resumen - CSV'!$D:$D,$E950,'Resumen - CSV'!$G:$G),SUMIF('Detalle Bienes de Aseo y Caf'!$A:$A,$E950,'Detalle Bienes de Aseo y Caf'!$E:$E))","v":0},1,0,"10Crema desengrasante (Compra)"]
["10CONSORCIO ELITECrema desengrasante (Compra)",10,"CONSORCIO ELITE","Bien",20,"Crema desengrasante (Compra)",null,null,null,null,16901,0,{"$f":"IF($D951=\"Servicio\",SUMIF('Resumen - CSV'!$D:$D,$E951,'Resumen - CSV'!$G:$G),SUMIF('Detalle Bienes de Aseo y Caf'!$A:$A,$E951,'Detalle Bienes de Aseo y Caf'!$E:$E))","v":0},1,0,"10Crema desengrasante (Compra)"]
["10CONSORCIO KIOSCrema desengrasante (Compra)",10,"CONSORCIO KIOS","Bien",20,"Crema desengrasante (Compra)",null,null,null,null,20033,0,{"$f":"IF($D952=\"Servicio\",SUMIF('Resumen - CSV'!$D:$D,$E952,'Resumen - CSV'!$G:$G),SUMIF('Detalle Bienes de Aseo y Caf'!$A:$A,$E952,'Detalle Bienes de Aseo y Caf'!$E:$E))","v":0},1,0,"10Crema desengrasante (Compra)"]
["10INCINERADOS DEL HUILACrema desengrasante (Compra)",10,"INCINERADOS DEL HUILA","Bien",20,"Crema desengrasante (Compra)",null,null,null,null,23731,0,{"$f":"IF($D953=\"Servicio\",SUMIF('Resumen - CSV'!$D:$D,$E953,'Resumen - CSV'!$G:$G),SUMIF('Detalle Bienes de Aseo y Caf'!$A:$A,$E953,'Detalle Bienes de Aseo y Caf'!$E:$E))","v":0},1,0,"10Crema desengrasante (Compra)"]
["10INTERASEO SAS ESPCrema desengrasante (Compra)",10,"INTERASEO SAS ESP","Bien",20,"Crema desengrasante (Compra)",null,null,null,null,10507,0,{"$f":"IF($D954=\"Servicio\",SUMIF('Resumen - CSV'!$D:$D,$E954,'Resumen - CSV'!$G:$G),SUMIF('Detalle Bienes de Aseo y Caf'!$A:$A,$E954,'Detalle Bienes de Aseo y Caf'!$E:$E))","v":0},1,0,"10Crema desengrasante (Compra)"]
["10LIMPIEZA INSTITUCIONAL LASU S.A.S.Crema desengrasante (Compra)",10,"LIMPIEZA INSTITUCIONAL LASU S.A.S.","Bien",20,"Crema desengrasante (Compra)",null,null,null,null,10222,0,{"$f":"IF($D955=\"Servicio\",SUMIF('Resumen - CSV'!$D:$D,$E955,'Resumen - CSV'!$G:$G),SUMIF('Detalle Bienes de Aseo y Caf'!$A:$A,$E955,'Detalle Bienes de Aseo y Caf'!$E:$E))","v":0},1,0,"10Crema desengrasante (Compra)"]
["10SERVIASEO S.ACrema desengrasante (Compra)",10,"SERVIASEO S.A","Bien",20,"Crema desengrasante (Compra)",null,null,null,null,10260,0,{"$f":"IF($D956=\"Servicio\",SUMIF('Resumen - CSV'!$D:$D,$E956,'Resumen - CSV'!$G:$G),SUMIF('Detalle Bienes de Aseo y Caf'!$A:$A,$E956,'Detalle Bienes de Aseo y Caf'!$E:$E))","v":0},1,0,"10Crema desengrasante (Compra)"]
["10SERVITALENTOSCrema desengrasante (Compra)",10,"SERVITALENTOS","Bien",20,"Crema desengrasante (Compra)",null,null,null,null,16649,0,{"$f":"IF($D957=\"Servicio\",SUMIF('Resumen - CSV'!$D:$D,$E957,'Resumen - CSV'!$G:$G),SUMIF('Detalle Bienes de Aseo y Caf'!$A:$A,$E957,'Detalle Bienes de Aseo y Caf'!$E:$E))","v":0},1,0,"10Crema desengrasante (Compra)"]
["10SOSEGE SASCrema desengrasante (Compra)",10,"SOSEGE SAS","Bien",20,"Crema desengrasante (Compra)",null,null,null,null,29142,0,{"$f":"IF($D958=\"Servicio\",SUMIF('Resumen - CSV'!$D:$D,$E958,'Resumen - CSV'!$G:$G),SUMIF('Detalle Bienes de Aseo y Caf'!$A:$A,$E958,'Detalle Bienes de Aseo y Caf'!$E:$E))","v":0},1,0,"10Crema desengrasante (Compra)"]
["10UNION  TEMPORAL LADOINSA 2022Crema desengrasante (Compra)",10,"UNION  TEMPORAL LADOINSA 2022","Bien",20,"Crema desengrasante (Compra)",null,null,null,null,12609,0,{"$f":"IF($D959=\"Servicio\",SUMIF('Resumen - CSV'!$D:$D,$E959,'Resumen - CSV'!$G:$G),SUMIF('Detalle Bienes de Aseo y Caf'!$A:$A,$E959,'Detalle Bienes de Aseo y Caf'!$E:$E))","v":0},1,0,"10Crema desengrasante (Compra)"]
["10UNIÓN TEMPORAL ASEO COLOMBIA AMP4Crema desengrasante (Compra)",10,"UNIÓN TEMPORAL ASEO COLOMBIA AMP4","Bien",20,"Crema desengrasante (Compra)",null,null,null,null,11559,0,{"$f":"IF($D960=\"Servicio\",SUMIF('Resumen - CSV'!$D:$D,$E960,'Resumen - CSV'!$G:$G),SUMIF('Detalle Bienes de Aseo y Caf'!$A:$A,$E960,'Detalle Bienes de Aseo y Caf'!$E:$E))","v":0},1,0,"10Crema desengrasante (Compra)"]
["10UNIÓN TEMPORAL CCE AMP IV 2022Crema desengrasante (Compra)",10,"UNIÓN TEMPORAL CCE AMP IV 2022","Bien",20,"Crema desengrasante (Compra)",null,null,null,null,16593,0,{"$f":"IF($D961=\"Servicio\",SUMIF('Resumen - CSV'!$D:$D,$E961,'Resumen - CSV'!$G:$G),SUMIF('Detalle Bienes de Aseo y Caf'!$A:$A,$E961,'Detalle Bienes de Aseo y Caf'!$E:$E))","v":0},1,0,"10Crema desengrasante (Compra)"]
["10UNION TEMPORAL CLEAN COLOMBIACrema desengrasante (Compra)",10,"UNION TEMPORAL CLEAN COLOMBIA","Bien",20,"Crema desengrasante (Compra)",null,null,null,null,12684,0,{"$f":"IF($D962=\"Servicio\",SUMIF('Resumen - CSV'!$D:$D,$E962,'Resumen - CSV'!$G:$G),SUMIF('Detalle Bienes de Aseo y Caf'!$A:$A,$E962,'Detalle Bienes de Aseo y Caf'!$E:$E))","v":0},1,0,"10Crema desengrasante (Compra)"]
["10UNION TEMPORAL ECOLIMPIEZA 4GCrema desengrasante (Compra)",10,"UNION TEMPORAL ECOLIMPIEZA 4G","Bien",20,"Crema desengrasante (Compra)",null,null,null,null,9298,{"$f":"IF($D963=\"Bien\",$K963*$M963,\"\")","v":0},{"$f":"IF($D963=\"Servicio\",SUMIF('Resumen - CSV'!$D:$D,$E963,'Resumen - CSV'!$G:$G),SUMIF('Detalle Bienes de Aseo y Caf'!$A:$A,$E963,'Detalle Bienes de Aseo y Caf'!$E:$E))","v":0},1,{"$f":"$K963*M963*N963","v":0},"10Crema desengrasante (Compra)"]
["10UNIÓN TEMPORAL EMINSER SOLOASEO 2023Crema desengrasante (Compra)",10,"UNIÓN TEMPORAL EMINSER SOLOASEO 2023","Bien",20,"Crema desengrasante (Compra)",null,null,null,null,27582,0,{"$f":"IF($D964=\"Servicio\",SUMIF('Resumen - CSV'!$D:$D,$E964,'Resumen - CSV'!$G:$G),SUMIF('Detalle Bienes de Aseo y Caf'!$A:$A,$E964,'Detalle Bienes de Aseo y Caf'!$E:$E))","v":0},1,0,"10Crema desengrasante (Compra)"]
["10UNION TEMPORAL OUTSOURCING GIAFCrema desengrasante (Compra)",10,"UNION TEMPORAL OUTSOURCING GIAF","Bien",20,"Crema desengrasante (Compra)",null,null,null,null,12539,0,{"$f":"IF($D965=\"Servicio\",SUMIF('Resumen - CSV'!$D:$D,$E965,'Resumen - CSV'!$G:$G),SUMIF('Detalle Bienes de Aseo y Caf'!$A:$A,$E965,'Detalle Bienes de Aseo y Caf'!$E:$E))","v":0},1,0,"10Crema desengrasante (Compra)"]
["10UNION TEMPORAL R&J 2022Crema desengrasante (Compra)",10,"UNION TEMPORAL R&J 2022","Bien",20,"Crema desengrasante (Compra)",null,null,null,null,9642,0,{"$f":"IF($D966=\"Servicio\",SUMIF('Resumen - CSV'!$D:$D,$E966,'Resumen - CSV'!$G:$G),SUMIF('Detalle Bienes de Aseo y Caf'!$A:$A,$E966,'Detalle Bienes de Aseo y Caf'!$E:$E))","v":0},1,0,"10Crema desengrasante (Compra)"]
["10UNION TEMPORAL SERVICIOS INTEGRALESCrema desengrasante (Compra)",10,"UNION TEMPORAL SERVICIOS INTEGRALES","Bien",20,"Crema desengrasante (Compra)",null,null,null,null,16750,0,{"$f":"IF($D967=\"Servicio\",SUMIF('Resumen - CSV'!$D:$D,$E967,'Resumen - CSV'!$G:$G),SUMIF('Detalle Bienes de Aseo y Caf'!$A:$A,$E967,'Detalle Bienes de Aseo y Caf'!$E:$E))","v":0},1,0,"10Crema desengrasante (Compra)"]
["10UT EASYCLEAN ASEO PROFESIONALCrema desengrasante (Compra)",10,"UT EASYCLEAN ASEO PROFESIONAL","Bien",20,"Crema desengrasante (Compra)",null,null,null,null,16848,0,{"$f":"IF($D968=\"Servicio\",SUMIF('Resumen - CSV'!$D:$D,$E968,'Resumen - CSV'!$G:$G),SUMIF('Detalle Bienes de Aseo y Caf'!$A:$A,$E968,'Detalle Bienes de Aseo y Caf'!$E:$E))","v":0},1,0,"10Crema desengrasante (Compra)"]
["10UT GRUPO ADINCrema desengrasante (Compra)",10,"UT GRUPO ADIN","Bien",20,"Crema desengrasante (Compra)",null,null,null,null,24724,0,{"$f":"IF($D969=\"Servicio\",SUMIF('Resumen - CSV'!$D:$D,$E969,'Resumen - CSV'!$G:$G),SUMIF('Detalle Bienes de Aseo y Caf'!$A:$A,$E969,'Detalle Bienes de Aseo y Caf'!$E:$E))","v":0},1,0,"10Crema desengrasante (Compra)"]
["10ASECOLBAS LTDADetergente multiusos en polvo (Compra)",10,"ASECOLBAS LTDA","Bien",21,"Detergente multiusos en polvo (Compra)",null,null,null,null,5751,0,{"$f":"IF($D970=\"Servicio\",SUMIF('Resumen - CSV'!$D:$D,$E970,'Resumen - CSV'!$G:$G),SUMIF('Detalle Bienes de Aseo y Caf'!$A:$A,$E970,'Detalle Bienes de Aseo y Caf'!$E:$E))","v":0},1,0,"10Detergente multiusos en polvo (Compra)"]
["10CLEANER S.A.Detergente multiusos en polvo (Compra)",10,"CLEANER S.A.","Bien",21,"Detergente multiusos en polvo (Compra)",null,null,null,null,6098,0,{"$f":"IF($D971=\"Servicio\",SUMIF('Resumen - CSV'!$D:$D,$E971,'Resumen - CSV'!$G:$G),SUMIF('Detalle Bienes de Aseo y Caf'!$A:$A,$E971,'Detalle Bienes de Aseo y Caf'!$E:$E))","v":0},1,0,"10Detergente multiusos en polvo (Compra)"]
["10CONSERJES INMOBILIARIOS LTDADetergente multiusos en polvo (Compra)",10,"CONSERJES INMOBILIARIOS LTDA","Bien",21,"Detergente multiusos en polvo (Compra)",null,null,null,null,5820,0,{"$f":"IF($D972=\"Servicio\",SUMIF('Resumen - CSV'!$D:$D,$E972,'Resumen - CSV'!$G:$G),SUMIF('Detalle Bienes de Aseo y Caf'!$A:$A,$E972,'Detalle Bienes de Aseo y Caf'!$E:$E))","v":0},1,0,"10Detergente multiusos en polvo (Compra)"]
["10CONSORCIO ELITEDetergente multiusos en polvo (Compra)",10,"CONSORCIO ELITE","Bien",21,"Detergente multiusos en polvo (Compra)",null,null,null,null,9912,0,{"$f":"IF($D973=\"Servicio\",SUMIF('Resumen - CSV'!$D:$D,$E973,'Resumen - CSV'!$G:$G),SUMIF('Detalle Bienes de Aseo y Caf'!$A:$A,$E973,'Detalle Bienes de Aseo y Caf'!$E:$E))","v":0},1,0,"10Detergente multiusos en polvo (Compra)"]
["10CONSORCIO KIOSDetergente multiusos en polvo (Compra)",10,"CONSORCIO KIOS","Bien",21,"Detergente multiusos en polvo (Compra)",null,null,null,null,8498,0,{"$f":"IF($D974=\"Servicio\",SUMIF('Resumen - CSV'!$D:$D,$E974,'Resumen - CSV'!$G:$G),SUMIF('Detalle Bienes de Aseo y Caf'!$A:$A,$E974,'Detalle Bienes de Aseo y Caf'!$E:$E))","v":0},1,0,"10Detergente multiusos en polvo (Compra)"]
["10INCINERADOS DEL HUILADetergente multiusos en polvo (Compra)",10,"INCINERADOS DEL HUILA","Bien",21,"Detergente multiusos en polvo (Compra)",null,null,null,null,19569,0,{"$f":"IF($D975=\"Servicio\",SUMIF('Resumen - CSV'!$D:$D,$E975,'Resumen - CSV'!$G:$G),SUMIF('Detalle Bienes de Aseo y Caf'!$A:$A,$E975,'Detalle Bienes de Aseo y Caf'!$E:$E))","v":0},1,0,"10Detergente multiusos en polvo (Compra)"]
["10INTERASEO SAS ESPDetergente multiusos en polvo (Compra)",10,"INTERASEO SAS ESP","Bien",21,"Detergente multiusos en polvo (Compra)",null,null,null,null,5562,0,{"$f":"IF($D976=\"Servicio\",SUMIF('Resumen - CSV'!$D:$D,$E976,'Resumen - CSV'!$G:$G),SUMIF('Detalle Bienes de Aseo y Caf'!$A:$A,$E976,'Detalle Bienes de Aseo y Caf'!$E:$E))","v":0},1,0,"10Detergente multiusos en polvo (Compra)"]
["10LIMPIEZA INSTITUCIONAL LASU S.A.S.Detergente multiusos en polvo (Compra)",10,"LIMPIEZA INSTITUCIONAL LASU S.A.S.","Bien",21,"Detergente multiusos en polvo (Compra)",null,null,null,null,5004,0,{"$f":"IF($D977=\"Servicio\",SUMIF('Resumen - CSV'!$D:$D,$E977,'Resumen - CSV'!$G:$G),SUMIF('Detalle Bienes de Aseo y Caf'!$A:$A,$E977,'Detalle Bienes de Aseo y Caf'!$E:$E))","v":0},1,0,"10Detergente multiusos en polvo (Compra)"]
["10SERVIASEO S.ADetergente multiusos en polvo (Compra)",10,"SERVIASEO S.A","Bien",21,"Detergente multiusos en polvo (Compra)",null,null,null,null,9890,0,{"$f":"IF($D978=\"Servicio\",SUMIF('Resumen - CSV'!$D:$D,$E978,'Resumen - CSV'!$G:$G),SUMIF('Detalle Bienes de Aseo y Caf'!$A:$A,$E978,'Detalle Bienes de Aseo y Caf'!$E:$E))","v":0},1,0,"10Detergente multiusos en polvo (Compra)"]
["10SERVITALENTOSDetergente multiusos en polvo (Compra)",10,"SERVITALENTOS","Bien",21,"Detergente multiusos en polvo (Compra)",null,null,null,null,9763,0,{"$f":"IF($D979=\"Servicio\",SUMIF('Resumen - CSV'!$D:$D,$E979,'Resumen - CSV'!$G:$G),SUMIF('Detalle Bienes de Aseo y Caf'!$A:$A,$E979,'Detalle Bienes de Aseo y Caf'!$E:$E))","v":0},1,0,"10Detergente multiusos en polvo (Compra)"]
["10SOSEGE SASDetergente multiusos en polvo (Compra)",10,"SOSEGE SAS","Bien",21,"Detergente multiusos en polvo (Compra)",null,null,null,null,8151,0,{"$f":"IF($D980=\"Servicio\",SUMIF('Resumen - CSV'!$D:$D,$E980,'Resumen - CSV'!$G:$G),SUMIF('Detalle Bienes de Aseo y Caf'!$A:$A,$E980,'Detalle Bienes de Aseo y Caf'!$E:$E))","v":0},1,0,"10Detergente multiusos en polvo (Compra)"]
["10UNION  TEMPORAL LADOINSA 2022Detergente multiusos en polvo (Compra)",10,"UNION  TEMPORAL LADOINSA 2022","Bien",21,"Detergente multiusos en polvo (Compra)",null,null,null,null,8282,0,{"$f":"IF($D981=\"Servicio\",SUMIF('Resumen - CSV'!$D:$D,$E981,'Resumen - CSV'!$G:$G),SUMIF('Detalle Bienes de Aseo y Caf'!$A:$A,$E981,'Detalle Bienes de Aseo y Caf'!$E:$E))","v":0},1,0,"10Detergente multiusos en polvo (Compra)"]
["10UNIÓN TEMPORAL ASEO COLOMBIA AMP4Detergente multiusos en polvo (Compra)",10,"UNIÓN TEMPORAL ASEO COLOMBIA AMP4","Bien",21,"Detergente multiusos en polvo (Compra)",null,null,null,null,7070,0,{"$f":"IF($D982=\"Servicio\",SUMIF('Resumen - CSV'!$D:$D,$E982,'Resumen - CSV'!$G:$G),SUMIF('Detalle Bienes de Aseo y Caf'!$A:$A,$E982,'Detalle Bienes de Aseo y Caf'!$E:$E))","v":0},1,0,"10Detergente multiusos en polvo (Compra)"]
["10UNIÓN TEMPORAL CCE AMP IV 2022Detergente multiusos en polvo (Compra)",10,"UNIÓN TEMPORAL CCE AMP IV 2022","Bien",21,"Detergente multiusos en polvo (Compra)",null,null,null,null,8658,0,{"$f":"IF($D983=\"Servicio\",SUMIF('Resumen - CSV'!$D:$D,$E983,'Resumen - CSV'!$G:$G),SUMIF('Detalle Bienes de Aseo y Caf'!$A:$A,$E983,'Detalle Bienes de Aseo y Caf'!$E:$E))","v":0},1,0,"10Detergente multiusos en polvo (Compra)"]
["10UNION TEMPORAL CLEAN COLOMBIADetergente multiusos en polvo (Compra)",10,"UNION TEMPORAL CLEAN COLOMBIA","Bien",21,"Detergente multiusos en polvo (Compra)",null,null,null,null,7439,0,{"$f":"IF($D984=\"Servicio\",SUMIF('Resumen - CSV'!$D:$D,$E984,'Resumen - CSV'!$G:$G),SUMIF('Detalle Bienes de Aseo y Caf'!$A:$A,$E984,'Detalle Bienes de Aseo y Caf'!$E:$E))","v":0},1,0,"10Detergente multiusos en polvo (Compra)"]
["10UNION TEMPORAL ECOLIMPIEZA 4GDetergente multiusos en polvo (Compra)",10,"UNION TEMPORAL ECOLIMPIEZA 4G","Bien",21,"Detergente multiusos en polvo (Compra)",null,null,null,null,6633,0,{"$f":"IF($D985=\"Servicio\",SUMIF('Resumen - CSV'!$D:$D,$E985,'Resumen - CSV'!$G:$G),SUMIF('Detalle Bienes de Aseo y Caf'!$A:$A,$E985,'Detalle Bienes de Aseo y Caf'!$E:$E))","v":0},1,0,"10Detergente multiusos en polvo (Compra)"]
["10UNIÓN TEMPORAL EMINSER SOLOASEO 2023Detergente multiusos en polvo (Compra)",10,"UNIÓN TEMPORAL EMINSER SOLOASEO 2023","Bien",21,"Detergente multiusos en polvo (Compra)",null,null,null,null,6105,0,{"$f":"IF($D986=\"Servicio\",SUMIF('Resumen - CSV'!$D:$D,$E986,'Resumen - CSV'!$G:$G),SUMIF('Detalle Bienes de Aseo y Caf'!$A:$A,$E986,'Detalle Bienes de Aseo y Caf'!$E:$E))","v":0},1,0,"10Detergente multiusos en polvo (Compra)"]
["10UNION TEMPORAL OUTSOURCING GIAFDetergente multiusos en polvo (Compra)",10,"UNION TEMPORAL OUTSOURCING GIAF","Bien",21,"Detergente multiusos en polvo (Compra)",null,null,null,null,6804,0,{"$f":"IF($D987=\"Servicio\",SUMIF('Resumen - CSV'!$D:$D,$E987,'Resumen - CSV'!$G:$G),SUMIF('Detalle Bienes de Aseo y Caf'!$A:$A,$E987,'Detalle Bienes de Aseo y Caf'!$E:$E))","v":0},1,0,"10Detergente multiusos en polvo (Compra)"]
["10UNION TEMPORAL R&J 2022Detergente multiusos en polvo (Compra)",10,"UNION TEMPORAL R&J 2022","Bien",21,"Detergente multiusos en polvo (Compra)",null,null,null,null,6675,0,{"$f":"IF($D988=\"Servicio\",SUMIF('Resumen - CSV'!$D:$D,$E988,'Resumen - CSV'!$G:$G),SUMIF('Detalle Bienes de Aseo y Caf'!$A:$A,$E988,'Detalle Bienes de Aseo y Caf'!$E:$E))","v":0},1,0,"10Detergente multiusos en polvo (Compra)"]
["10UNION TEMPORAL SERVICIOS INTEGRALESDetergente multiusos en polvo (Compra)",10,"UNION TEMPORAL SERVICIOS INTEGRALES","Bien",21,"Detergente multiusos en polvo (Compra)",null,null,null,null,9877,0,{"$f":"IF($D989=\"Servicio\",SUMIF('Resumen - CSV'!$D:$D,$E989,'Resumen - CSV'!$G:$G),SUMIF('Detalle Bienes de Aseo y Caf'!$A:$A,$E989,'Detalle Bienes de Aseo y Caf'!$E:$E))","v":0},1,0,"10Detergente multiusos en polvo (Compra)"]
["10UT EASYCLEAN ASEO PROFESIONALDetergente multiusos en polvo (Compra)",10,"UT EASYCLEAN ASEO PROFESIONAL","Bien",21,"Detergente multiusos en polvo (Compra)",null,null,null,null,9881,0,{"$f":"IF($D990=\"Servicio\",SUMIF('Resumen - CSV'!$D:$D,$E990,'Resumen - CSV'!$G:$G),SUMIF('Detalle Bienes de Aseo y Caf'!$A:$A,$E990,'Detalle Bienes de Aseo y Caf'!$E:$E))","v":0},1,0,"10Detergente multiusos en polvo (Compra)"]
["10UT GRUPO ADINDetergente multiusos en polvo (Compra)",10,"UT GRUPO ADIN","Bien",21,"Detergente multiusos en polvo (Compra)",null,null,null,null,7744,0,{"$f":"IF($D991=\"Servicio\",SUMIF('Resumen - CSV'!$D:$D,$E991,'Resumen - CSV'!$G:$G),SUMIF('Detalle Bienes de Aseo y Caf'!$A:$A,$E991,'Detalle Bienes de Aseo y Caf'!$E:$E))","v":0},1,0,"10Detergente multiusos en polvo (Compra)"]
["10ASECOLBAS LTDALimpiador desinfectante para uso general 1 (Compra)",10,"ASECOLBAS LTDA","Bien",22,"Limpiador desinfectante para uso general 1 (Compra)",null,null,null,null,8794,0,{"$f":"IF($D992=\"Servicio\",SUMIF('Resumen - CSV'!$D:$D,$E992,'Resumen - CSV'!$G:$G),SUMIF('Detalle Bienes de Aseo y Caf'!$A:$A,$E992,'Detalle Bienes de Aseo y Caf'!$E:$E))","v":0},1,0,"10Limpiador desinfectante para uso general 1 (Compra)"]
["10CLEANER S.A.Limpiador desinfectante para uso general 1 (Compra)",10,"CLEANER S.A.","Bien",22,"Limpiador desinfectante para uso general 1 (Compra)",null,null,null,null,9679,0,{"$f":"IF($D993=\"Servicio\",SUMIF('Resumen - CSV'!$D:$D,$E993,'Resumen - CSV'!$G:$G),SUMIF('Detalle Bienes de Aseo y Caf'!$A:$A,$E993,'Detalle Bienes de Aseo y Caf'!$E:$E))","v":0},1,0,"10Limpiador desinfectante para uso general 1 (Compra)"]
["10CONSERJES INMOBILIARIOS LTDALimpiador desinfectante para uso general 1 (Compra)",10,"CONSERJES INMOBILIARIOS LTDA","Bien",22,"Limpiador desinfectante para uso general 1 (Compra)",null,null,null,null,8689,0,{"$f":"IF($D994=\"Servicio\",SUMIF('Resumen - CSV'!$D:$D,$E994,'Resumen - CSV'!$G:$G),SUMIF('Detalle Bienes de Aseo y Caf'!$A:$A,$E994,'Detalle Bienes de Aseo y Caf'!$E:$E))","v":0},1,0,"10Limpiador desinfectante para uso general 1 (Compra)"]
["10CONSORCIO ELITELimpiador desinfectante para uso general 1 (Compra)",10,"CONSORCIO ELITE","Bien",22,"Limpiador desinfectante para uso general 1 (Compra)",null,null,null,null,14555,0,{"$f":"IF($D995=\"Servicio\",SUMIF('Resumen - CSV'!$D:$D,$E995,'Resumen - CSV'!$G:$G),SUMIF('Detalle Bienes de Aseo y Caf'!$A:$A,$E995,'Detalle Bienes de Aseo y Caf'!$E:$E))","v":0},1,0,"10Limpiador desinfectante para uso general 1 (Compra)"]
["10CONSORCIO KIOSLimpiador desinfectante para uso general 1 (Compra)",10,"CONSORCIO KIOS","Bien",22,"Limpiador desinfectante para uso general 1 (Compra)",null,null,null,null,11929,0,{"$f":"IF($D996=\"Servicio\",SUMIF('Resumen - CSV'!$D:$D,$E996,'Resumen - CSV'!$G:$G),SUMIF('Detalle Bienes de Aseo y Caf'!$A:$A,$E996,'Detalle Bienes de Aseo y Caf'!$E:$E))","v":0},1,0,"10Limpiador desinfectante para uso general 1 (Compra)"]
["10INCINERADOS DEL HUILALimpiador desinfectante para uso general 1 (Compra)",10,"INCINERADOS DEL HUILA","Bien",22,"Limpiador desinfectante para uso general 1 (Compra)",null,null,null,null,34173,0,{"$f":"IF($D997=\"Servicio\",SUMIF('Resumen - CSV'!$D:$D,$E997,'Resumen - CSV'!$G:$G),SUMIF('Detalle Bienes de Aseo y Caf'!$A:$A,$E997,'Detalle Bienes de Aseo y Caf'!$E:$E))","v":0},1,0,"10Limpiador desinfectante para uso general 1 (Compra)"]
["10INTERASEO SAS ESPLimpiador desinfectante para uso general 1 (Compra)",10,"INTERASEO SAS ESP","Bien",22,"Limpiador desinfectante para uso general 1 (Compra)",null,null,null,null,11743,0,{"$f":"IF($D998=\"Servicio\",SUMIF('Resumen - CSV'!$D:$D,$E998,'Resumen - CSV'!$G:$G),SUMIF('Detalle Bienes de Aseo y Caf'!$A:$A,$E998,'Detalle Bienes de Aseo y Caf'!$E:$E))","v":0},1,0,"10Limpiador desinfectante para uso general 1 (Compra)"]
["10LIMPIEZA INSTITUCIONAL LASU S.A.S.Limpiador desinfectante para uso general 1 (Compra)",10,"LIMPIEZA INSTITUCIONAL LASU S.A.S.","Bien",22,"Limpiador desinfectante para uso general 1 (Compra)",null,null,null,null,6255,0,{"$f":"IF($D999=\"Servicio\",SUMIF('Resumen - CSV'!$D:$D,$E999,'Resumen - CSV'!$G:$G),SUMIF('Detalle Bienes de Aseo y Caf'!$A:$A,$E999,'Detalle Bienes de Aseo y Caf'!$E:$E))","v":0},1,0,"10Limpiador desinfectante para uso general 1 (Compra)"]
["10SERVIASEO S.ALimpiador desinfectante para uso general 1 (Compra)",10,"SERVIASEO S.A","Bien",22,"Limpiador desinfectante para uso general 1 (Compra)",null,null,null,null,16071,0,{"$f":"IF($D1000=\"Servicio\",SUMIF('Resumen - CSV'!$D:$D,$E1000,'Resumen - CSV'!$G:$G),SUMIF('Detalle Bienes de Aseo y Caf'!$A:$A,$E1000,'Detalle Bienes de Aseo y Caf'!$E:$E))","v":0},1,0,"10Limpiador desinfectante para uso general 1 (Compra)"]
["10SERVITALENTOSLimpiador desinfectante para uso general 1 (Compra)",10,"SERVITALENTOS","Bien",22,"Limpiador desinfectante para uso general 1 (Compra)",null,null,null,null,14339,0,{"$f":"IF($D1001=\"Servicio\",SUMIF('Resumen - CSV'!$D:$D,$E1001,'Resumen - CSV'!$G:$G),SUMIF('Detalle Bienes de Aseo y Caf'!$A:$A,$E1001,'Detalle Bienes de Aseo y Caf'!$E:$E))","v":0},1,0,"10Limpiador desinfectante para uso general 1 (Compra)"]
["10SOSEGE SASLimpiador desinfectante para uso general 1 (Compra)",10,"SOSEGE SAS","Bien",22,"Limpiador desinfectante para uso general 1 (Compra)",null,null,null,null,11692,0,{"$f":"IF($D1002=\"Servicio\",SUMIF('Resumen - CSV'!$D:$D,$E1002,'Resumen - CSV'!$G:$G),SUMIF('Detalle Bienes de Aseo y Caf'!$A:$A,$E1002,'Detalle Bienes de Aseo y Caf'!$E:$E))","v":0},1,0,"10Limpiador desinfectante para uso general 1 (Compra)"]
["10UNION  TEMPORAL LADOINSA 2022Limpiador desinfectante para uso general 1 (Compra)",10,"UNION  TEMPORAL LADOINSA 2022","Bien",22,"Limpiador desinfectante para uso general 1 (Compra)",null,null,null,null,10879,0,{"$f":"IF($D1003=\"Servicio\",SUMIF('Resumen - CSV'!$D:$D,$E1003,'Resumen - CSV'!$G:$G),SUMIF('Detalle Bienes de Aseo y Caf'!$A:$A,$E1003,'Detalle Bienes de Aseo y Caf'!$E:$E))","v":0},1,0,"10Limpiador desinfectante para uso general 1 (Compra)"]
["10UNIÓN TEMPORAL ASEO COLOMBIA AMP4Limpiador desinfectante para uso general 1 (Compra)",10,"UNIÓN TEMPORAL ASEO COLOMBIA AMP4","Bien",22,"Limpiador desinfectante para uso general 1 (Compra)",null,null,null,null,11150,0,{"$f":"IF($D1004=\"Servicio\",SUMIF('Resumen - CSV'!$D:$D,$E1004,'Resumen - CSV'!$G:$G),SUMIF('Detalle Bienes de Aseo y Caf'!$A:$A,$E1004,'Detalle Bienes de Aseo y Caf'!$E:$E))","v":0},1,0,"10Limpiador desinfectante para uso general 1 (Compra)"]
["10UNIÓN TEMPORAL CCE AMP IV 2022Limpiador desinfectante para uso general 1 (Compra)",10,"UNIÓN TEMPORAL CCE AMP IV 2022","Bien",22,"Limpiador desinfectante para uso general 1 (Compra)",null,null,null,null,12663,0,{"$f":"IF($D1005=\"Servicio\",SUMIF('Resumen - CSV'!$D:$D,$E1005,'Resumen - CSV'!$G:$G),SUMIF('Detalle Bienes de Aseo y Caf'!$A:$A,$E1005,'Detalle Bienes de Aseo y Caf'!$E:$E))","v":0},1,0,"10Limpiador desinfectante para uso general 1 (Compra)"]
["10UNION TEMPORAL CLEAN COLOMBIALimpiador desinfectante para uso general 1 (Compra)",10,"UNION TEMPORAL CLEAN COLOMBIA","Bien",22,"Limpiador desinfectante para uso general 1 (Compra)",null,null,null,null,10925,0,{"$f":"IF($D1006=\"Servicio\",SUMIF('Resumen - CSV'!$D:$D,$E1006,'Resumen - CSV'!$G:$G),SUMIF('Detalle Bienes de Aseo y Caf'!$A:$A,$E1006,'Detalle Bienes de Aseo y Caf'!$E:$E))","v":0},1,0,"10Limpiador desinfectante para uso general 1 (Compra)"]
["10UNION TEMPORAL ECOLIMPIEZA 4GLimpiador desinfectante para uso general 1 (Compra)",10,"UNION TEMPORAL ECOLIMPIEZA 4G","Bien",22,"Limpiador desinfectante para uso general 1 (Compra)",null,null,null,null,8851,0,{"$f":"IF($D1007=\"Servicio\",SUMIF('Resumen - CSV'!$D:$D,$E1007,'Resumen - CSV'!$G:$G),SUMIF('Detalle Bienes de Aseo y Caf'!$A:$A,$E1007,'Detalle Bienes de Aseo y Caf'!$E:$E))","v":0},1,0,"10Limpiador desinfectante para uso general 1 (Compra)"]
["10UNIÓN TEMPORAL EMINSER SOLOASEO 2023Limpiador desinfectante para uso general 1 (Compra)",10,"UNIÓN TEMPORAL EMINSER SOLOASEO 2023","Bien",22,"Limpiador desinfectante para uso general 1 (Compra)",null,null,null,null,18389,0,{"$f":"IF($D1008=\"Servicio\",SUMIF('Resumen - CSV'!$D:$D,$E1008,'Resumen - CSV'!$G:$G),SUMIF('Detalle Bienes de Aseo y Caf'!$A:$A,$E1008,'Detalle Bienes de Aseo y Caf'!$E:$E))","v":0},1,0,"10Limpiador desinfectante para uso general 1 (Compra)"]
["10UNION TEMPORAL OUTSOURCING GIAFLimpiador desinfectante para uso general 1 (Compra)",10,"UNION TEMPORAL OUTSOURCING GIAF","Bien",22,"Limpiador desinfectante para uso general 1 (Compra)",null,null,null,null,14111,0,{"$f":"IF($D1009=\"Servicio\",SUMIF('Resumen - CSV'!$D:$D,$E1009,'Resumen - CSV'!$G:$G),SUMIF('Detalle Bienes de Aseo y Caf'!$A:$A,$E1009,'Detalle Bienes de Aseo y Caf'!$E:$E))","v":0},1,0,"10Limpiador desinfectante para uso general 1 (Compra)"]
["10UNION TEMPORAL R&J 2022Limpiador desinfectante para uso general 1 (Compra)",10,"UNION TEMPORAL R&J 2022","Bien",22,"Limpiador desinfectante para uso general 1 (Compra)",null,null,null,null,9271,0,{"$f":"IF($D1010=\"Servicio\",SUMIF('Resumen - CSV'!$D:$D,$E1010,'Resumen - CSV'!$G:$G),SUMIF('Detalle Bienes de Aseo y Caf'!$A:$A,$E1010,'Detalle Bienes de Aseo y Caf'!$E:$E))","v":0},1,0,"10Limpiador desinfectante para uso general 1 (Compra)"]
["10UNION TEMPORAL SERVICIOS INTEGRALESLimpiador desinfectante para uso general 1 (Compra)",10,"UNION TEMPORAL SERVICIOS INTEGRALES","Bien",22,"Limpiador desinfectante para uso general 1 (Compra)",null,null,null,null,14463,0,{"$f":"IF($D1011=\"Servicio\",SUMIF('Resumen - CSV'!$D:$D,$E1011,'Resumen - CSV'!$G:$G),SUMIF('Detalle Bienes de Aseo y Caf'!$A:$A,$E1011,'Detalle Bienes de Aseo y Caf'!$E:$E))","v":0},1,0,"10Limpiador desinfectante para uso general 1 (Compra)"]
["10UT EASYCLEAN ASEO PROFESIONALLimpiador desinfectante para uso general 1 (Compra)",10,"UT EASYCLEAN ASEO PROFESIONAL","Bien",22,"Limpiador desinfectante para uso general 1 (Compra)",null,null,null,null,14510,0,{"$f":"IF($D1012=\"Servicio\",SUMIF('Resumen - CSV'!$D:$D,$E1012,'Resumen - CSV'!$G:$G),SUMIF('Detalle Bienes de Aseo y Caf'!$A:$A,$E1012,'Detalle Bienes de Aseo y Caf'!$E:$E))","v":0},1,0,"10Limpiador desinfectante para uso general 1 (Compra)"]
["10UT GRUPO ADINLimpiador desinfectante para uso general 1 (Compra)",10,"UT GRUPO ADIN","Bien",22,"Limpiador desinfectante para uso general 1 (Compra)",null,null,null,null,14738,0,{"$f":"IF($D1013=\"Servicio\",SUMIF('Resumen - CSV'!$D:$D,$E1013,'Resumen - CSV'!$G:$G),SUMIF('Detalle Bienes de Aseo y Caf'!$A:$A,$E1013,'Detalle Bienes de Aseo y Caf'!$E:$E))","v":0},1,0,"10Limpiador desinfectante para uso general 1 (Compra)"]
["10ASECOLBAS LTDALimpiador desinfectante para uso general 2 (Compra)",10,"ASECOLBAS LTDA","Bien",23,"Limpiador desinfectante para uso general 2 (Compra)",null,null,null,null,3956,15824,{"$f":"IF($D1014=\"Servicio\",SUMIF('Resumen - CSV'!$D:$D,$E1014,'Resumen - CSV'!$G:$G),SUMIF('Detalle Bienes de Aseo y Caf'!$A:$A,$E1014,'Detalle Bienes de Aseo y Caf'!$E:$E))","v":4},1,15824,"10Limpiador desinfectante para uso general 2 (Compra)"]
["10CLEANER S.A.Limpiador desinfectante para uso general 2 (Compra)",10,"CLEANER S.A.","Bien",23,"Limpiador desinfectante para uso general 2 (Compra)",null,null,null,null,6928,27712,{"$f":"IF($D1015=\"Servicio\",SUMIF('Resumen - CSV'!$D:$D,$E1015,'Resumen - CSV'!$G:$G),SUMIF('Detalle Bienes de Aseo y Caf'!$A:$A,$E1015,'Detalle Bienes de Aseo y Caf'!$E:$E))","v":4},1,27712,"10Limpiador desinfectante para uso general 2 (Compra)"]
["10CONSERJES INMOBILIARIOS LTDALimpiador desinfectante para uso general 2 (Compra)",10,"CONSERJES INMOBILIARIOS LTDA","Bien",23,"Limpiador desinfectante para uso general 2 (Compra)",null,null,null,null,4003,16012,{"$f":"IF($D1016=\"Servicio\",SUMIF('Resumen - CSV'!$D:$D,$E1016,'Resumen - CSV'!$G:$G),SUMIF('Detalle Bienes de Aseo y Caf'!$A:$A,$E1016,'Detalle Bienes de Aseo y Caf'!$E:$E))","v":4},1,16012,"10Limpiador desinfectante para uso general 2 (Compra)"]
["10CONSORCIO ELITELimpiador desinfectante para uso general 2 (Compra)",10,"CONSORCIO ELITE","Bien",23,"Limpiador desinfectante para uso general 2 (Compra)",null,null,null,null,5794,23176,{"$f":"IF($D1017=\"Servicio\",SUMIF('Resumen - CSV'!$D:$D,$E1017,'Resumen - CSV'!$G:$G),SUMIF('Detalle Bienes de Aseo y Caf'!$A:$A,$E1017,'Detalle Bienes de Aseo y Caf'!$E:$E))","v":4},1,23176,"10Limpiador desinfectante para uso general 2 (Compra)"]
["10CONSORCIO KIOSLimpiador desinfectante para uso general 2 (Compra)",10,"CONSORCIO KIOS","Bien",23,"Limpiador desinfectante para uso general 2 (Compra)",null,null,null,null,5031,20124,{"$f":"IF($D1018=\"Servicio\",SUMIF('Resumen - CSV'!$D:$D,$E1018,'Resumen - CSV'!$G:$G),SUMIF('Detalle Bienes de Aseo y Caf'!$A:$A,$E1018,'Detalle Bienes de Aseo y Caf'!$E:$E))","v":4},1,20124,"10Limpiador desinfectante para uso general 2 (Compra)"]
["10INCINERADOS DEL HUILALimpiador desinfectante para uso general 2 (Compra)",10,"INCINERADOS DEL HUILA","Bien",23,"Limpiador desinfectante para uso general 2 (Compra)",null,null,null,null,19569,78276,{"$f":"IF($D1019=\"Servicio\",SUMIF('Resumen - CSV'!$D:$D,$E1019,'Resumen - CSV'!$G:$G),SUMIF('Detalle Bienes de Aseo y Caf'!$A:$A,$E1019,'Detalle Bienes de Aseo y Caf'!$E:$E))","v":4},1,78276,"10Limpiador desinfectante para uso general 2 (Compra)"]
["10INTERASEO SAS ESPLimpiador desinfectante para uso general 2 (Compra)",10,"INTERASEO SAS ESP","Bien",23,"Limpiador desinfectante para uso general 2 (Compra)",null,null,null,null,4326,17304,{"$f":"IF($D1020=\"Servicio\",SUMIF('Resumen - CSV'!$D:$D,$E1020,'Resumen - CSV'!$G:$G),SUMIF('Detalle Bienes de Aseo y Caf'!$A:$A,$E1020,'Detalle Bienes de Aseo y Caf'!$E:$E))","v":4},1,17304,"10Limpiador desinfectante para uso general 2 (Compra)"]
["10LIMPIEZA INSTITUCIONAL LASU S.A.S.Limpiador desinfectante para uso general 2 (Compra)",10,"LIMPIEZA INSTITUCIONAL LASU S.A.S.","Bien",23,"Limpiador desinfectante para uso general 2 (Compra)",null,null,null,null,2976,11904,{"$f":"IF($D1021=\"Servicio\",SUMIF('Resumen - CSV'!$D:$D,$E1021,'Resumen - CSV'!$G:$G),SUMIF('Detalle Bienes de Aseo y Caf'!$A:$A,$E1021,'Detalle Bienes de Aseo y Caf'!$E:$E))","v":4},1,11904,"10Limpiador desinfectante para uso general 2 (Compra)"]
["10SERVIASEO S.ALimpiador desinfectante para uso general 2 (Compra)",10,"SERVIASEO S.A","Bien",23,"Limpiador desinfectante para uso general 2 (Compra)",null,null,null,null,5439,21756,{"$f":"IF($D1022=\"Servicio\",SUMIF('Resumen - CSV'!$D:$D,$E1022,'Resumen - CSV'!$G:$G),SUMIF('Detalle Bienes de Aseo y Caf'!$A:$A,$E1022,'Detalle Bienes de Aseo y Caf'!$E:$E))","v":4},1,21756,"10Limpiador desinfectante para uso general 2 (Compra)"]
["10SERVITALENTOSLimpiador desinfectante para uso general 2 (Compra)",10,"SERVITALENTOS","Bien",23,"Limpiador desinfectante para uso general 2 (Compra)",null,null,null,null,5709,22836,{"$f":"IF($D1023=\"Servicio\",SUMIF('Resumen - CSV'!$D:$D,$E1023,'Resumen - CSV'!$G:$G),SUMIF('Detalle Bienes de Aseo y Caf'!$A:$A,$E1023,'Detalle Bienes de Aseo y Caf'!$E:$E))","v":4},1,22836,"10Limpiador desinfectante para uso general 2 (Compra)"]
["10SOSEGE SASLimpiador desinfectante para uso general 2 (Compra)",10,"SOSEGE SAS","Bien",23,"Limpiador desinfectante para uso general 2 (Compra)",null,null,null,null,5214,20856,{"$f":"IF($D1024=\"Servicio\",SUMIF('Resumen - CSV'!$D:$D,$E1024,'Resumen - CSV'!$G:$G),SUMIF('Detalle Bienes de Aseo y Caf'!$A:$A,$E1024,'Detalle Bienes de Aseo y Caf'!$E:$E))","v":4},1,20856,"10Limpiador desinfectante para uso general 2 (Compra)"]
["10UNION  TEMPORAL LADOINSA 2022Limpiador desinfectante para uso general 2 (Compra)",10,"UNION  TEMPORAL LADOINSA 2022","Bien",23,"Limpiador desinfectante para uso general 2 (Compra)",null,null,null,null,5562,22248,{"$f":"IF($D1025=\"Servicio\",SUMIF('Resumen - CSV'!$D:$D,$E1025,'Resumen - CSV'!$G:$G),SUMIF('Detalle Bienes de Aseo y Caf'!$A:$A,$E1025,'Detalle Bienes de Aseo y Caf'!$E:$E))","v":4},1,22248,"10Limpiador desinfectante para uso general 2 (Compra)"]
["10UNIÓN TEMPORAL ASEO COLOMBIA AMP4Limpiador desinfectante para uso general 2 (Compra)",10,"UNIÓN TEMPORAL ASEO COLOMBIA AMP4","Bien",23,"Limpiador desinfectante para uso general 2 (Compra)",null,null,null,null,5671,22684,{"$f":"IF($D1026=\"Servicio\",SUMIF('Resumen - CSV'!$D:$D,$E1026,'Resumen - CSV'!$G:$G),SUMIF('Detalle Bienes de Aseo y Caf'!$A:$A,$E1026,'Detalle Bienes de Aseo y Caf'!$E:$E))","v":4},1,22684,"10Limpiador desinfectante para uso general 2 (Compra)"]
["10UNIÓN TEMPORAL CCE AMP IV 2022Limpiador desinfectante para uso general 2 (Compra)",10,"UNIÓN TEMPORAL CCE AMP IV 2022","Bien",23,"Limpiador desinfectante para uso general 2 (Compra)",null,null,null,null,5260,{"$f":"IF($D1027=\"Bien\",$K1027*$M1027,\"\")","v":21040},{"$f":"IF($D1027=\"Servicio\",SUMIF('Resumen - CSV'!$D:$D,$E1027,'Resumen - CSV'!$G:$G),SUMIF('Detalle Bienes de Aseo y Caf'!$A:$A,$E1027,'Detalle Bienes de Aseo y Caf'!$E:$E))","v":4},1,{"$f":"$K1027*M1027*N1027","v":21040},"10Limpiador desinfectante para uso general 2 (Compra)"]
["10UNION TEMPORAL CLEAN COLOMBIALimpiador desinfectante para uso general 2 (Compra)",10,"UNION TEMPORAL CLEAN COLOMBIA","Bien",23,"Limpiador desinfectante para uso general 2 (Compra)",null,null,null,null,4348,17392,{"$f":"IF($D1028=\"Servicio\",SUMIF('Resumen - CSV'!$D:$D,$E1028,'Resumen - CSV'!$G:$G),SUMIF('Detalle Bienes de Aseo y Caf'!$A:$A,$E1028,'Detalle Bienes de Aseo y Caf'!$E:$E))","v":4},1,17392,"10Limpiador desinfectante para uso general 2 (Compra)"]
["10UNION TEMPORAL ECOLIMPIEZA 4GLimpiador desinfectante para uso general 2 (Compra)",10,"UNION TEMPORAL ECOLIMPIEZA 4G","Bien",23,"Limpiador desinfectante para uso general 2 (Compra)",null,null,null,null,3815,15260,{"$f":"IF($D1029=\"Servicio\",SUMIF('Resumen - CSV